{"text_format":"2","workbook":"xlsx","n_sheets":17,"sheets":["1 - RESUMO","2 - ORÇAMENTO","3 - CRONOGRAMA","CURVA S","TABELA_CPU ADM-CANTEIRO-SERVICO","CPU ADM-CANTEIRO","CPU-SERVIÇO","5 - CURVA ABC","APOIO ABC","6 - CURVA ABC ADM","APOIO ABC ADM","ANEXO I - MEM. CÁLC","ANEXO II - MAPA DE COTAÇÃO","BDI ONERADO SERV","BDI ONERADO MAT. E EQUIP","BDI DESONERADO SERV","BDI DESONERADO MAT. E EQUIP"],"not_rendered":{"charts":2,"images":24,"macros":0,"external_links":44,"defined_names":4759,"comments":0,"pivot_tables":0},"unopened":[],"bounds":{"document_bytes":16777216,"sheet_cells":100000,"run_cost":"one","rows_first":2000,"rows_last":500,"rows_between":2000,"halvings":0,"cell_chars":16384,"cell_head_chars":4096},"cells_cut":0,"cells_raw":0,"read":"whole","date_system":"1900"}

{"sheet":"1 - RESUMO","index":0,"n_rows":23,"n_cols":9,"rows_kept":23,"cut":false,"hidden":false,"merged":[[0,6,0,8],[1,0,1,4],[2,1,2,2],[4,1,4,2],[19,1,19,2],[10,1,10,2],[11,1,11,2],[12,1,12,2],[13,1,13,2],[14,1,14,2],[15,1,15,2],[16,1,16,2],[17,1,17,2],[18,1,18,2],[3,1,3,2],[5,1,5,2],[9,1,9,2],[6,1,6,2],[7,1,7,2],[8,1,8,2],[0,0,0,4]]}
[{"$f":"'2 - ORÇAMENTO'!A1:A1","v":"MINISTÉRIO DA INTEGRAÇÃO E DO DESENVOLVIMENTO REGIONAL – MIDR\nCOMPANHIA DE DESENVOLVIMENTO DOS VALES DO SÃO FRANCISCO\nE DO PARAÍBA - CODEVASF"},{"$nulls":5},"COSNTRUÇÃO DE REDES DE ABASTECIMENTO DE ÁGUA, COLETA DE ESGOTO E CONSTRUÇÕES CORRELATAS"]
["RESUMO",{"$nulls":5},"1º","2º","3º"]
[{"$f":"'2 - ORÇAMENTO'!A3","v":"OBJETO:"},{"$f":"'2 - ORÇAMENTO'!B3:B3","v":"ORÇAMENTO PROJETO BÁSICO DO CANAL DO SERTÃO BAIANO (CSB) - ETAPA 2A: PROJETO BÁSICO DO CANAL PRINCIPAL DO PIS - CANAL CP-500/2"},null,{"$f":"'2 - ORÇAMENTO'!I3","v":"BDI: SERV."},{"$f":"'2 - ORÇAMENTO'!J3","v":0.22559999999999999},null,4.13,7.65,10.89]
[{"$f":"'2 - ORÇAMENTO'!A4","v":"LOCALIDADE:"},{"$f":"'2 - ORÇAMENTO'!B4:B4","v":"ESTADO DA BAHIA"},null,{"$f":"'2 - ORÇAMENTO'!I4","v":"BDI: MAT. EQUIP."},{"$f":"'2 - ORÇAMENTO'!J4","v":0.14015}]
[{"$f":"'2 - ORÇAMENTO'!A5","v":"REFERÊNCIA:"},{"$f":"'2 - ORÇAMENTO'!B5:B5","v":"SICRO3 BA 04/2024, SINAPI BA 07/2024, DNIT 04/2024, AGESUL 06/2024, AGETOP 04/2024, COMPESA  07/2023, CPOS 06/2024, EMBASA 05/2024, EMOP 07/2024, FDE 04/2024, IOPES 06/2024, ORSE 06/2024, SBC 08/2024, SEDOP 05/2024, SEINFRA 028, SETOP 04/2024, SIURB 01/2024, SUDECAP 04/2024"},null,{"$f":"'2 - ORÇAMENTO'!I5","v":"REVISÃO"},{"$f":"'2 - ORÇAMENTO'!J5","v":"0C"}]
[{"$f":"'2 - ORÇAMENTO'!I6","v":"DATA BASE:"},{"$f":"'2 - ORÇAMENTO'!J6","v":"2024-09-01"},null,{"$f":"'2 - ORÇAMENTO'!A6","v":"MODALIDADE:"},{"$f":"'2 - ORÇAMENTO'!B6","v":"ONERADO"},null,null,{"$f":"D8/D9","v":8.9030957262020496E-2}]
["ITEM","UNIDADE",null,"VALOR","%"]
[1,{"$f":"VLOOKUP(A8,'2 - ORÇAMENTO'!A:J,4,0)","v":"ADMINISTRAÇÃO DE OBRAS"},null,{"$f":"VLOOKUP(A8,'2 - ORÇAMENTO'!A:J,10,0)","v":9949397.0400000028},{"$f":"D8/$D$20","v":8.1752457694919026E-2}]
[null,"SERVIÇOS",null,{"$f":"TRUNC(SUM(D10:D19),2)","v":111752106.75},{"$f":"D9/$D$20","v":0.91824754230508099}]
[2,{"$f":"VLOOKUP(A10,'2 - ORÇAMENTO'!A:J,4,0)","v":"MOBILIZAÇÃO E DESMOBILIZAÇÃO"},null,{"$f":"VLOOKUP(A10,'2 - ORÇAMENTO'!A:J,10,0)","v":625434.93999999983},{"$f":"D10/$D$20","v":5.1390896621886333E-3}]
[3,{"$f":"VLOOKUP(A11,'2 - ORÇAMENTO'!A:J,4,0)","v":"INSTALAÇÃO DA OBRA"},null,{"$f":"VLOOKUP(A11,'2 - ORÇAMENTO'!A:J,10,0)","v":2677856.2999999993},2.2003477497046623E-2]
[4,{"$f":"VLOOKUP(A12,'2 - ORÇAMENTO'!A:J,4,0)","v":"ENSECADEIRA PROVISÓRIA"},null,{"$f":"VLOOKUP(A12,'2 - ORÇAMENTO'!A:J,10,0)","v":1219600.6299999999},1.0021245358680706E-2]
[5,{"$f":"VLOOKUP(A13,'2 - ORÇAMENTO'!A:J,4,0)","v":"ESTRUTURA DE TOMADA D'ÁGUA DO RC-500"},null,{"$f":"VLOOKUP(A13,'2 - ORÇAMENTO'!A:J,10,0)","v":4303174.7700000023},3.5358435483470063E-2]
[6,{"$f":"VLOOKUP(A14,'2 - ORÇAMENTO'!A:J,4,0)","v":"CANAL PRINCIPAL PIS - CP500-2"},null,{"$f":"VLOOKUP(A14,'2 - ORÇAMENTO'!A:J,10,0)","v":68042229.62000002},0.55909111638759335]
[7,{"$f":"VLOOKUP(A15,'2 - ORÇAMENTO'!A:J,4,0)","v":"SISTEMA DE DRENAGEM DO SISTEMA ADUTOR"},null,{"$f":"VLOOKUP(A15,'2 - ORÇAMENTO'!A:J,10,0)","v":24573414.720000003},0.20191545670957564]
[8,{"$f":"VLOOKUP(A16,'2 - ORÇAMENTO'!A:J,4,0)","v":"SISTEMA VIÁRIO DO SISTEMA ADUTOR"},null,{"$f":"VLOOKUP(A16,'2 - ORÇAMENTO'!A:J,10,0)","v":2461800.9},2.0228188011940422E-2]
[9,{"$f":"VLOOKUP(A17,'2 - ORÇAMENTO'!A:J,4,0)","v":"OBRAS DE ARTES ESPECIAIS"},null,{"$f":"VLOOKUP(A17,'2 - ORÇAMENTO'!A:J,10,0)","v":3681329.56},3.0248842005701562E-2]
[10,{"$f":"VLOOKUP(A18,'2 - ORÇAMENTO'!A:J,4,0)","v":"SERVIÇOS COMPLEMENTARES"},null,{"$f":"VLOOKUP(A18,'2 - ORÇAMENTO'!A:J,10,0)","v":3865989.6500000004},3.1766161712109116E-2]
[11,{"$f":"VLOOKUP(A19,'2 - ORÇAMENTO'!A:J,4,0)","v":"FINALIZAÇÃO DA OBRA"},null,{"$f":"VLOOKUP(A19,'2 - ORÇAMENTO'!A:J,10,0)","v":301275.65999999997},2.475529476775087E-3]
[null,"TOTAL ",null,{"$f":"TRUNC(SUM(D8:D9),2)","v":121701503.79000001},{"$f":"SUM(E8:E9)","v":1}]
[]
[null,null,null,1990814.58]
[null,null,null,{"$f":"D20+D22","v":123692318.37}]

{"sheet":"2 - ORÇAMENTO","index":1,"n_rows":1093,"n_cols":14,"rows_kept":1093,"cut":false,"hidden":false,"merged":[[5,4,5,7],[0,0,0,9],[1,0,1,9],[2,1,2,7],[3,1,3,4],[4,1,4,4]]}
["MINISTÉRIO DA INTEGRAÇÃO E DO DESENVOLVIMENTO REGIONAL – MIDR\nCOMPANHIA DE DESENVOLVIMENTO DOS VALES DO SÃO FRANCISCO\nE DO PARAÍBA - CODEVASF"]
[{"$f":"UPPER(CONCATENATE(\"ORÇAMENTO \",B6))","v":"ORÇAMENTO ONERADO"}]
["OBJETO:","ORÇAMENTO PROJETO BÁSICO DO CANAL DO SERTÃO BAIANO (CSB) - ETAPA 2A: PROJETO BÁSICO DO CANAL PRINCIPAL DO PIS - CANAL CP-500/2",{"$nulls":6},"BDI: SERV.",{"$f":"TRUNC('BDI ONERADO SERV'!D16,4)","v":0.22559999999999999}]
["LOCALIDADE:","ESTADO DA BAHIA",{"$nulls":6},"BDI: MAT. EQUIP.",{"$f":"TRUNC('BDI ONERADO MAT. E EQUIP'!D16,5)","v":0.14015}]
["REFERÊNCIA:","SICRO3 BA 04/2024, SINAPI BA 07/2024, DNIT 04/2024, AGESUL 06/2024, AGETOP 04/2024, COMPESA  07/2023, CPOS 06/2024, EMBASA 05/2024, EMOP 07/2024, FDE 04/2024, IOPES 06/2024, ORSE 06/2024, SBC 08/2024, SEDOP 05/2024, SEINFRA 028, SETOP 04/2024, SIURB 01/2024, SUDECAP 04/2024",{"$nulls":6},"REVISÃO","0C"]
["MODALIDADE:","ONERADO",{"$nulls":6},"DATA BASE:","2024-09-01"]
[]
["Item","Banco","Código","Descrição","Und","Quant.","Valor Unit","BDI","Valor Unit com BDI","Total"]
[1,null,null,"ADMINISTRAÇÃO DE OBRAS",{"$nulls":5},{"$f":"SUM(J11:J84)","v":9949397.0400000028},{"$f":"J9/$J$1093","v":8.1752456501168316E-2}]
[" 1.1 ",null,null,"PARCELA FIXA DA ADMINISTRAÇÃO LOCAL",{"$nulls":6},{"$f":"J10/$J$1093","v":0}]
[" 1.1 .1",null,null,"GERÊNCIA TÉCNICA GERAL - MÃO DE OBRA",{"$nulls":6},0]
[" 1.1.1.1 ","SINAPI",93568,"ENGENHEIRO CIVIL DE OBRA SENIOR COM ENCARGOS COMPLEMENTARES","MES",{"$f":"IFERROR(VLOOKUP(A12,'ANEXO I - MEM. CÁLC'!$A:$O,4,0),0)","v":20},{"$f":"VLOOKUP(C12,'TABELA_CPU ADM-CANTEIRO-SERVICO'!B:K,9,0)","v":24274.91},{"$f":"$J$3","v":0.22559999999999999},{"$f":"IFERROR(TRUNC((G12*(1+H12)),2),\"\")","v":29751.32},{"$f":"IFERROR(TRUNC((F12*I12),2),\"\")","v":595026.4},4.8892279288360535E-3]
[" 1.1.1.2 ","SINAPI",93572,"ENCARREGADO GERAL DE OBRAS COM ENCARGOS COMPLEMENTARES","MES",{"$f":"IFERROR(VLOOKUP(A13,'ANEXO I - MEM. CÁLC'!$A:$O,4,0),0)","v":20},{"$f":"VLOOKUP(C13,'TABELA_CPU ADM-CANTEIRO-SERVICO'!B:K,9,0)","v":6778.92},0.22559999999999999,{"$f":"IFERROR(TRUNC((G13*(1+H13)),2),\"\")","v":8308.24},{"$f":"IFERROR(TRUNC((F13*I13),2),\"\")","v":166164.79999999999},1.3653471189672543E-3]
[" 1.1.1.3","Próprio"," COMP-TEC-020 ","TÉCNICO DE MEIO AMBIENTE COM ENCARGOS COMPLEMENTARES E ENCARGOS SOCIAIS","MÊS",{"$f":"IFERROR(VLOOKUP(A14,'ANEXO I - MEM. CÁLC'!$A:$O,4,0),0)","v":18},{"$f":"VLOOKUP(C14,'TABELA_CPU ADM-CANTEIRO-SERVICO'!B:K,9,0)","v":6414.23},0.22559999999999999,7861.28,141503.04000000001,1.1627057474814652E-3]
[" 1.1.1.4","Próprio"," COMP-TEC-028 ","MOTORISTA DE ÔNIBUS COM ENCARGOS COMPLEMENTARES","MÊS",{"$f":"IFERROR(VLOOKUP(A15,'ANEXO I - MEM. CÁLC'!$A:$O,4,0),0)","v":20},{"$f":"VLOOKUP(C15,'TABELA_CPU ADM-CANTEIRO-SERVICO'!B:K,9,0)","v":6929.31},0.22559999999999999,8492.56,169851.2,1.3956376234505196E-3]
[" 1.1.1.5","Próprio"," COMP-TEC-011 ","SECRETÁRIA COM ENCARGOS SOCIAIS E COMPLEMENTARES","MÊS",{"$f":"IFERROR(VLOOKUP(A16,'ANEXO I - MEM. CÁLC'!$A:$O,4,0),0)","v":19},{"$f":"VLOOKUP(C16,'TABELA_CPU ADM-CANTEIRO-SERVICO'!B:K,9,0)","v":5177.6400000000003},0.22559999999999999,6345.71,120568.49,9.9069020911608362E-4]
[" 1.1.2 ",null,null,"GERÊNCIA TÉCNICA GERAL - VEÍCULOS",{"$nulls":5},0,0]
["1.1.2.1","Próprio"," E9684 MÊS ","VEÍCULO LEVE PICK UP 4X4 - 147 KW (SEM MOTORISTA)","MÊS",{"$f":"IFERROR(VLOOKUP(A18,'ANEXO I - MEM. CÁLC'!$A:$O,4,0),0)","v":20},{"$f":"VLOOKUP(C18,'TABELA_CPU ADM-CANTEIRO-SERVICO'!B:K,9,0)","v":7535.72},{"$f":"$J$3","v":0.22559999999999999},9235.77,184715.4,1.5177741568544237E-3]
["1.1.2.2","Próprio"," E9560-MÊS ","ÔNIBUS COM CAPACIDADE PARA 80 PASSAGEIROS - 175 KW","MÊS",{"$f":"IFERROR(VLOOKUP(A19,'ANEXO I - MEM. CÁLC'!$A:$O,4,0),0)","v":20},{"$f":"VLOOKUP(C19,'TABELA_CPU ADM-CANTEIRO-SERVICO'!B:K,9,0)","v":33858.43},0.22559999999999999,41496.89,829937.8,6.8194538443281695E-3]
[" 1.1.3 ",null,null,"GERÊNCIA TÉCNICA AUXILIAR - MÃO DE OBRA",null,{"$f":"IFERROR(VLOOKUP(A20,'ANEXO I - MEM. CÁLC'!$A:$O,4,0),0)","v":0},null,null,0,0,0]
[" 1.1.3.1 ","SINAPI",101390,"AUXILIAR TÉCNICO / ASSISTENTE DE ENGENHARIA COM ENCARGOS COMPLEMENTARES","MES",{"$f":"IFERROR(VLOOKUP(A21,'ANEXO I - MEM. CÁLC'!$A:$O,4,0),0)","v":40},{"$f":"VLOOKUP(C21,'TABELA_CPU ADM-CANTEIRO-SERVICO'!B:K,9,0)","v":7705.77},{"$f":"$J$3","v":0.22559999999999999},9444.19,377767.6,3.1040503421854333E-3]
[" 1.1.4 ",null,null,"GERÊNCIA ADMINISTRATIVA GERAL - MÃO DE OBRA",{"$nulls":6},0]
[" 1.1.4.1","Próprio"," COMP-TEC-029 ","CHEFE DO SETOR ADMINISTRATIVO COM ENCARGOS SOCIAIS E COMPLEMENTARES","MÊS",{"$f":"IFERROR(VLOOKUP(A23,'ANEXO I - MEM. CÁLC'!$A:$O,4,0),0)","v":19},{"$f":"VLOOKUP(C23,'TABELA_CPU ADM-CANTEIRO-SERVICO'!B:K,9,0)","v":6979.82},{"$f":"$J$3","v":0.22559999999999999},8554.4599999999991,162534.74,1.3355195504167654E-3]
[" 1.1.4.2","Próprio"," COMP-TEC-012 ","PORTEIRO COM ENCARGOS SOCIAIS E COMPLEMENTARES","MÊS",{"$f":"IFERROR(VLOOKUP(A24,'ANEXO I - MEM. CÁLC'!$A:$O,4,0),0)","v":38},{"$f":"VLOOKUP(C24,'TABELA_CPU ADM-CANTEIRO-SERVICO'!B:K,9,0)","v":4131.04},0.22559999999999999,5063,192394,1.5808678709725882E-3]
[" 1.1.4.3","Próprio"," COMP-TEC-013 ","VIGIA COM ENCARGOS COMPLEMENTARES E ADICIONAL DE PERICULOSIDADE","MÊS",{"$f":"IFERROR(VLOOKUP(A25,'ANEXO I - MEM. CÁLC'!$A:$O,4,0),0)","v":40},{"$f":"VLOOKUP(C25,'TABELA_CPU ADM-CANTEIRO-SERVICO'!B:K,9,0)","v":5010.46},0.22559999999999999,6140.81,245632.4,2.0183184986532175E-3]
[" 1.1.5 ",null,null,"GERÊNCIA ADMINISTRATIVA GERAL - VEÍCULOS",{"$nulls":6},0]
[" 1.1.5.1","Próprio"," E9093 MÊS ","VEICULO LEVE - 53 KW SEM MOTORISTA","MÊS",{"$f":"IFERROR(VLOOKUP(A27,'ANEXO I - MEM. CÁLC'!$A:$O,4,0),0)","v":19},{"$f":"VLOOKUP(C27,'TABELA_CPU ADM-CANTEIRO-SERVICO'!B:K,9,0)","v":2583.39},{"$f":"$J$3","v":0.22559999999999999},3166.2,60157.8,4.9430612809336449E-4]
[" 1.1.6 ",null,null,"GERÊNCIA ADMINISTRATIVA AUXILIAR - MÃO DE OBRA",{"$nulls":4},0,0,0]
[" 1.1.6.1","Próprio"," COMP-TEC-014 ","AUXILIAR ADMINISTRATIVO COM ENCARGOS SOCIAIS E COMPLEMENTARES","MÊS",{"$f":"IFERROR(VLOOKUP(A29,'ANEXO I - MEM. CÁLC'!$A:$O,4,0),0)","v":38},{"$f":"VLOOKUP(C29,'TABELA_CPU ADM-CANTEIRO-SERVICO'!B:K,9,0)","v":4478.32},{"$f":"$J$3","v":0.22559999999999999},5488.62,208567.56,1.7137631866438014E-3]
[" 1.1.6.2","Próprio"," COMP-TEC-015 ","FAXINEIRO COM ENCARGOS SOCIAIS E COMPLEMENTARES","MÊS",{"$f":"IFERROR(VLOOKUP(A30,'ANEXO I - MEM. CÁLC'!$A:$O,4,0),0)","v":19},{"$f":"VLOOKUP(C30,'TABELA_CPU ADM-CANTEIRO-SERVICO'!B:K,9,0)","v":2914.74},0.22559999999999999,3572.3,67873.7,5.5770632979215652E-4]
[" 1.2 ",null,null,"PARCELA VINCULADA DA ADMINISTRAÇÃO LOCAL",{"$nulls":6},0]
[" 1.2.1 ",null,null,"TERRAPLENAGEM - MÃO DE OBRA",{"$nulls":6},0]
["1.2.1.1","Próprio"," COMP-TEC-018 ","ENCARREGADO DE TERRAPLENAGEM COM ENCARGOS COMPLEMENTARES","MÊS",{"$f":"IFERROR(VLOOKUP(A33,'ANEXO I - MEM. CÁLC'!$A:$O,4,0),0)","v":18},{"$f":"VLOOKUP(C33,'TABELA_CPU ADM-CANTEIRO-SERVICO'!B:K,9,0)","v":7477.97},{"$f":"$J$3","v":0.22559999999999999},9165,164970,1.3555296561969079E-3]
[" 1.2.2 ",null,null,"TOPOGRAFIA - MÃO DE OBRA",{"$nulls":4},0,0,0]
[" 1.2.2.1 ","SINAPI",94296,"TOPOGRAFO COM ENCARGOS COMPLEMENTARES","MES",{"$f":"IFERROR(VLOOKUP(A35,'ANEXO I - MEM. CÁLC'!$A:$O,4,0),0)","v":19},{"$f":"VLOOKUP(C35,'TABELA_CPU ADM-CANTEIRO-SERVICO'!B:K,9,0)","v":6803.05},{"$f":"$J$3","v":0.22559999999999999},8337.81,158418.39000000001,1.3016962219310642E-3]
[" 1.2.2.2 ","SINAPI",101389,"AUXILIAR DE TOPÓGRAFO COM ENCARGOS COMPLEMENTARES","MES",{"$f":"IFERROR(VLOOKUP(A36,'ANEXO I - MEM. CÁLC'!$A:$O,4,0),0)","v":57},{"$f":"VLOOKUP(C36,'TABELA_CPU ADM-CANTEIRO-SERVICO'!B:K,9,0)","v":3284.36},0.22559999999999999,4025.31,229442.67,1.8852903169182312E-3]
[" 1.2.3 ",null,null,"MEDICINA E SEGURANÇA DO TRABALHO",{"$nulls":6},0]
[" 1.2.3.1 ","SINAPI",100321,"TÉCNICO EM SEGURANÇA DO TRABALHO COM ENCARGOS COMPLEMENTARES","MES",{"$f":"IFERROR(VLOOKUP(A38,'ANEXO I - MEM. CÁLC'!$A:$O,4,0),0)","v":40},{"$f":"VLOOKUP(C38,'TABELA_CPU ADM-CANTEIRO-SERVICO'!B:K,9,0)","v":7926.08},{"$f":"$J$3","v":0.22559999999999999},9714.2000000000007,388568,3.192795341268837E-3]
["1.2.3.2","Próprio"," COMP-TEC-021 ","ENGENHEIRO DE SEGURANÇA DO TRABALHO COM ENCARGOS COMPLEMENTARES E SOCIAIS","MÊS",{"$f":"IFERROR(VLOOKUP(A39,'ANEXO I - MEM. CÁLC'!$A:$O,4,0),0)","v":9},{"$f":"VLOOKUP(C39,'TABELA_CPU ADM-CANTEIRO-SERVICO'!B:K,9,0)","v":21005.74},0.22559999999999999,25744.63,231701.67,1.9038521250854664E-3]
["1.2.3.3","Próprio"," COMP-TEC-022 ","MÉDICO DE SEGURANÇA DO TRABALHO COM ENCARGOS COMPLEMENTARES E SOCIAIS","MÊS",{"$f":"IFERROR(VLOOKUP(A40,'ANEXO I - MEM. CÁLC'!$A:$O,4,0),0)","v":9},{"$f":"VLOOKUP(C40,'TABELA_CPU ADM-CANTEIRO-SERVICO'!B:K,9,0)","v":16959.84},0.22559999999999999,20785.97,187073.73,1.5371521422705532E-3]
[" 1.2.4 ",null,null,"ESPECIALISTAS / CONSULTORES",{"$nulls":6},0]
["1.2.4.1","Próprio"," COMP-TEC-032 ","ENGENHEIRO MECÂNICO DE OBRA PLENO COM ENCARGOS COMPLEMENTARES","MÊS",{"$f":"IFERROR(VLOOKUP(A42,'ANEXO I - MEM. CÁLC'!$A:$O,4,0),0)","v":3},{"$f":"VLOOKUP(C42,'TABELA_CPU ADM-CANTEIRO-SERVICO'!B:K,9,0)","v":21998.41},{"$f":"$J$3","v":0.22559999999999999},26961.25,80883.75,6.6460763671829202E-4]
["1.2.4.2","Próprio"," COMP-TEC-033 ","ENGENHEIRO ELETRICISTA DE OBRA PLENO COM ENCARGOS COMPLEMENTARES","MÊS",{"$f":"IFERROR(VLOOKUP(A43,'ANEXO I - MEM. CÁLC'!$A:$O,4,0),0)","v":3},{"$f":"VLOOKUP(C43,'TABELA_CPU ADM-CANTEIRO-SERVICO'!B:K,9,0)","v":21998.41},0.22559999999999999,26961.25,80883.75,6.6460763671829202E-4]
["1.2.4.3","Próprio"," COMP-TEC-017 ","GEOTECNICO COM ENCARGOS SOCIAIS E COMPLEMENTARES","MÊS",{"$f":"IFERROR(VLOOKUP(A44,'ANEXO I - MEM. CÁLC'!$A:$O,4,0),0)","v":18},{"$f":"VLOOKUP(C44,'TABELA_CPU ADM-CANTEIRO-SERVICO'!B:K,9,0)","v":12092.81},0.22559999999999999,14820.94,266776.92,2.1920593238096016E-3]
["1.2.4.4","Próprio"," COMP-TEC-016 ","GEÓLOGO COM ENCARGOS SOCIAIS E COMPLEMENTARES","MÊS",{"$f":"IFERROR(VLOOKUP(A45,'ANEXO I - MEM. CÁLC'!$A:$O,4,0),0)","v":18},{"$f":"VLOOKUP(C45,'TABELA_CPU ADM-CANTEIRO-SERVICO'!B:K,9,0)","v":20852.37},0.22559999999999999,25556.66,460019.88,3.7799029507191778E-3]
["1.2.4.5","Próprio"," COMP-CANT-01 ","ENGENHEIRO DE MINAS COM ENCARGOS SOCIAIS E COMPLEMENTARES","MÊS",{"$f":"IFERROR(VLOOKUP(A46,'ANEXO I - MEM. CÁLC'!$A:$O,4,0),0)","v":9},{"$f":"VLOOKUP(C46,'TABELA_CPU ADM-CANTEIRO-SERVICO'!B:K,9,0)","v":22097.82},0.22559999999999999,27083.08,243747.72,2.0028324125015468E-3]
[" 1.2.4.6 ","SINAPI",93567,"ENGENHEIRO CIVIL DE OBRA PLENO COM ENCARGOS COMPLEMENTARES","MES",{"$f":"IFERROR(VLOOKUP(A47,'ANEXO I - MEM. CÁLC'!$A:$O,4,0),0)","v":18},{"$f":"VLOOKUP(C47,'TABELA_CPU ADM-CANTEIRO-SERVICO'!B:K,9,0)","v":21998.41},0.22559999999999999,26961.25,485302.5,3.9876458203097521E-3]
[" 1.2.5 ",null,null,"ALMOXARIFADO",{"$nulls":6},0]
[" 1.2.5.1 ","SINAPI",93563,"ALMOXARIFE COM ENCARGOS COMPLEMENTARES","MES",{"$f":"IFERROR(VLOOKUP(A49,'ANEXO I - MEM. CÁLC'!$A:$O,4,0),0)","v":20},{"$f":"VLOOKUP(C49,'TABELA_CPU ADM-CANTEIRO-SERVICO'!B:K,9,0)","v":5501.31},0.22559999999999999,6742.4,134848,1.108022446983334E-3]
["1.2.5.2","SINAPI",100316,"AUXILIAR DE ALMOXARIFE COM ENCARGOS COMPLEMENTARES","MÊS",{"$f":"IFERROR(VLOOKUP(A50,'ANEXO I - MEM. CÁLC'!$A:$O,4,0),0)","v":20},{"$f":"VLOOKUP(C50,'TABELA_CPU ADM-CANTEIRO-SERVICO'!B:K,9,0)","v":3447.87},0.22559999999999999,4225.7,84514,6.9443676646557232E-4]
[" 1.2.6 ",null,null,"VEÍCULOS",{"$nulls":4},0,0,0]
["1.2.6.1","Próprio"," E9093 MÊS ","VEICULO LEVE - 53 KW SEM MOTORISTA","MÊS",{"$f":"IFERROR(VLOOKUP(A52,'ANEXO I - MEM. CÁLC'!$A:$O,4,0),0)","v":90},{"$f":"VLOOKUP(C52,'TABELA_CPU ADM-CANTEIRO-SERVICO'!B:K,9,0)","v":2583.39},{"$f":"$J$3","v":0.22559999999999999},3166.2,284958,2.3414500804422528E-3]
[" 1.3 ",null,null,"PARCELA VARIÁVEL DA ADMINISTRAÇÃO LOCAL",{"$nulls":6},0]
[" 1.3.1 ",null,null,"ACOMPANHAMENTOS DAS FRENTES DE SERVIÇO",{"$nulls":6},0]
[" 1.3.1.1 ","SINAPI",93567,"ENGENHEIRO CIVIL DE OBRA PLENO COM ENCARGOS COMPLEMENTARES","MES",{"$f":"IFERROR(VLOOKUP(A55,'ANEXO I - MEM. CÁLC'!$A:$O,4,0),0)","v":18},{"$f":"VLOOKUP(C55,'TABELA_CPU ADM-CANTEIRO-SERVICO'!B:K,9,0)","v":21998.41},0.22559999999999999,26961.25,485302.5,3.9876458203097521E-3]
["1.3.1.2","Próprio"," COMP-TEC-040 ","ENCARREGADO DE TURMA COM ENCARGOS COMPLEMENTARES","MÊS",{"$f":"IFERROR(VLOOKUP(A56,'ANEXO I - MEM. CÁLC'!$A:$O,4,0),0)","v":36},{"$f":"VLOOKUP(C56,'TABELA_CPU ADM-CANTEIRO-SERVICO'!B:K,9,0)","v":4718.3999999999996},0.22559999999999999,5782.87,208183.32,1.7106059537220757E-3]
[" 1.3.2 ",null,null,"CONTROLE TECNOLÓGICO / SOLOS - MÃO DE OBRA",{"$nulls":6},0]
[" 1.3.2.1 ","SINAPI",101456,"TÉCNICO DE LABORATÓRIO E CAMPO DE CONSTRUÇÃO COM ENCARGOS COMPLEMENTARES","MES",{"$f":"IFERROR(VLOOKUP(A58,'ANEXO I - MEM. CÁLC'!$A:$O,4,0),0)","v":18},{"$f":"VLOOKUP(C58,'TABELA_CPU ADM-CANTEIRO-SERVICO'!B:K,9,0)","v":7864.49},0.22559999999999999,9638.7099999999991,173496.78,1.4255927171283904E-3]
[" 1.3.2.2 ","SINAPI",101385,"AUXILIAR DE LABORATORISTA DE SOLOS E DE CONCRETO COM ENCARGOS COMPLEMENTARES","MES",{"$f":"IFERROR(VLOOKUP(A59,'ANEXO I - MEM. CÁLC'!$A:$O,4,0),0)","v":18},{"$f":"VLOOKUP(C59,'TABELA_CPU ADM-CANTEIRO-SERVICO'!B:K,9,0)","v":5583.61},0.22559999999999999,6843.27,123178.86,1.0121391631601323E-3]
[" 1.3.3 ",null,null,"CONTROLE TECNOLÓGICO / CONCRETO - MÃO DE OBRA",{"$nulls":4},0,0,0]
[" 1.3.3.1 ","SINAPI",101456,"TÉCNICO DE LABORATÓRIO E CAMPO DE CONSTRUÇÃO COM ENCARGOS COMPLEMENTARES","MES",{"$f":"IFERROR(VLOOKUP(A61,'ANEXO I - MEM. CÁLC'!$A:$O,4,0),0)","v":18},{"$f":"VLOOKUP(C61,'TABELA_CPU ADM-CANTEIRO-SERVICO'!B:K,9,0)","v":7864.49},0.22559999999999999,9638.7099999999991,173496.78,1.4255927171283904E-3]
[" 1.3.3.2 ","SINAPI",101385,"AUXILIAR DE LABORATORISTA DE SOLOS E DE CONCRETO COM ENCARGOS COMPLEMENTARES","MES",{"$f":"IFERROR(VLOOKUP(A62,'ANEXO I - MEM. CÁLC'!$A:$O,4,0),0)","v":18},{"$f":"VLOOKUP(C62,'TABELA_CPU ADM-CANTEIRO-SERVICO'!B:K,9,0)","v":5583.61},0.22559999999999999,6843.27,123178.86,1.0121391631601323E-3]
[" 1.3.4 ",null,null,"MANEJO FLORESTAL - MÃO DE OBRA",{"$nulls":6},0]
["1.3.4.1","Próprio"," COMP-TEC-019 ","TÉCNICO FLORESTAL COM ENCARGOS COMPLEMENTARES","MÊS",{"$f":"IFERROR(VLOOKUP(A64,'ANEXO I - MEM. CÁLC'!$A:$O,4,0),0)","v":6.66},{"$f":"VLOOKUP(C64,'TABELA_CPU ADM-CANTEIRO-SERVICO'!B:K,9,0)","v":6476.86},{"$f":"$J$3","v":0.22559999999999999},7938.03,52867.27,4.3440111733751043E-4]
[" 1.3.5 ",null,null,"VEÍCULOS",{"$nulls":6},0]
["1.3.5.1","Próprio"," 13617 - MÊS ","CAMINHONETE CABINE SIMPLES COM MOTOR 1.6 FLEX, CÂMBIO MANUAL, POTÊNCIA 101/104 CV, 2 PORTAS (SEM MOTORISTA)","MÊS",{"$f":"IFERROR(VLOOKUP(A66,'ANEXO I - MEM. CÁLC'!$A:$O,4,0),0)","v":19},{"$f":"VLOOKUP(C66,'TABELA_CPU ADM-CANTEIRO-SERVICO'!B:K,9,0)","v":3607.56},0.22559999999999999,4421.42,84006.98,6.9027067174359281E-4]
["1.3.5.2","Próprio"," E9093 MÊS ","VEICULO LEVE - 53 KW SEM MOTORISTA","MÊS",{"$f":"IFERROR(VLOOKUP(A67,'ANEXO I - MEM. CÁLC'!$A:$O,4,0),0)","v":19},{"$f":"VLOOKUP(C67,'TABELA_CPU ADM-CANTEIRO-SERVICO'!B:K,9,0)","v":2583.39},0.22559999999999999,3166.2,60157.8,4.9430612809336449E-4]
[" 1.4 ",null,null,"DESPESAS COM RESIDÊNCIA",{"$nulls":6},0]
["1.4.1","Próprio"," B8952 JAN/24 ","IMÓVEL RESIDENCIAL (1,70% DO CMCC - SINAPI)","M²XMÊS",{"$f":"IFERROR(VLOOKUP(A69,'ANEXO I - MEM. CÁLC'!$A:$O,4,0),0)","v":5214.43},{"$f":"VLOOKUP(C69,'TABELA_CPU ADM-CANTEIRO-SERVICO'!B:K,9,0)","v":31.22},{"$f":"$J$4","v":0.14015},35.590000000000003,185581.56,1.5248912421851597E-3]
["1.4.2","Próprio"," B8954 JAN/24 ","MOBILIÁRIO DE RESIDÊNCIA","OCUPANTEXMÊS",{"$f":"IFERROR(VLOOKUP(A70,'ANEXO I - MEM. CÁLC'!$A:$O,4,0),0)","v":550.36},{"$f":"VLOOKUP(C70,'TABELA_CPU ADM-CANTEIRO-SERVICO'!B:K,9,0)","v":43.98},{"$f":"$J$4","v":0.14015},50.14,27595.05,2.2674370272920215E-4]
["1.4.3","Próprio"," B8960 JAN/24 ","CUSTOS DIVEROS DA RESIDÊNCIA","OCUPANTEXMÊS",{"$f":"IFERROR(VLOOKUP(A71,'ANEXO I - MEM. CÁLC'!$A:$O,4,0),0)","v":550.36},{"$f":"VLOOKUP(C71,'TABELA_CPU ADM-CANTEIRO-SERVICO'!B:K,9,0)","v":206.13},0.14015,235.01,129340.1,1.0627649953656646E-3]
[" 1.5 ",null,null,"DESPESAS COM ESCRITÓRIO",{"$nulls":6},0]
["1.5.1","Próprio"," B8953 JAN/24 ","MOBILIÁRIO DE ESCRITÓRIO","OCUPANTEXMÊS",{"$f":"IFERROR(VLOOKUP(A73,'ANEXO I - MEM. CÁLC'!$A:$O,4,0),0)","v":331},{"$f":"VLOOKUP(C73,'TABELA_CPU ADM-CANTEIRO-SERVICO'!B:K,9,0)","v":490.4},{"$f":"$J$4","v":0.14015},559.12,185068.72,1.5206773255404121E-3]
["1.5.2","Próprio"," B8959 JAN/24 ","CUSTOS DIVERSOS DO ESCRITÓRIO","OCUPANTEXMÊS",{"$f":"IFERROR(VLOOKUP(A74,'ANEXO I - MEM. CÁLC'!$A:$O,4,0),0)","v":331},{"$f":"VLOOKUP(C74,'TABELA_CPU ADM-CANTEIRO-SERVICO'!B:K,9,0)","v":135.22},0.14015,154.16999999999999,51030.27,{"$f":"J74/$J$1093","v":4.1930680941222874E-4}]
[" 1.6 ",null,null,"DESPESAS COM LABORATÓRIOS E TOPOGRAFIA",{"$nulls":4},0,0,0]
["1.6.1","Próprio"," B8958 JAN/24 ","CESTAS DAS INSTALAÇÕES DA TOPOGRAFIA","MÊS",{"$f":"IFERROR(VLOOKUP(A76,'ANEXO I - MEM. CÁLC'!$A:$O,4,0),0)","v":19},{"$f":"VLOOKUP(C76,'TABELA_CPU ADM-CANTEIRO-SERVICO'!B:K,9,0)","v":3020.19},{"$f":"$J$4","v":0.14015},3443.46,65425.74,5.375918703317468E-4]
["1.6.2","Próprio"," B8953 JAN/24 ","MOBILIÁRIO DE ESCRITÓRIO","OCUPANTEXMÊS",{"$f":"IFERROR(VLOOKUP(A77,'ANEXO I - MEM. CÁLC'!$A:$O,4,0),0)","v":148},{"$f":"VLOOKUP(C77,'TABELA_CPU ADM-CANTEIRO-SERVICO'!B:K,9,0)","v":490.4},0.14015,{"$f":"IFERROR(TRUNC((G77*(1+H77)),2),\"\")","v":559.12},{"$f":"IFERROR(TRUNC((F77*I77),2),\"\")","v":82749.759999999995},6.7994031474314493E-4]
["1.6.3","Próprio"," B8959 JAN/24 ","CUSTOS DIVERSOS DO ESCRITÓRIO","OCUPANTEXMÊS",{"$f":"IFERROR(VLOOKUP(A78,'ANEXO I - MEM. CÁLC'!$A:$O,4,0),0)","v":148},{"$f":"VLOOKUP(C78,'TABELA_CPU ADM-CANTEIRO-SERVICO'!B:K,9,0)","v":135.22},0.14015,154.16999999999999,22817.16,1.8748461568885154E-4]
["1.6.4","Próprio"," B8957 JAN/24 ","CESTAS DAS INSTALAÇÕES DE LABORATÓRIO DE SOLOS","MÊS",{"$f":"IFERROR(VLOOKUP(A79,'ANEXO I - MEM. CÁLC'!$A:$O,4,0),0)","v":18},{"$f":"VLOOKUP(C79,'TABELA_CPU ADM-CANTEIRO-SERVICO'!B:K,9,0)","v":4145.63},0.14015,4726.6400000000003,85079.52,6.9908354546279893E-4]
["1.6.5","Próprio"," B8956 JAN/24 ","CESTAS DAS INSTALAÇÕES DO LABORATÓRIO DE CONCRETO","MÊS",{"$f":"IFERROR(VLOOKUP(A80,'ANEXO I - MEM. CÁLC'!$A:$O,4,0),0)","v":18},{"$f":"VLOOKUP(C80,'TABELA_CPU ADM-CANTEIRO-SERVICO'!B:K,9,0)","v":4394.12},0.14015,5009.95,90179.1,7.4098590300749581E-4]
[" 1.7 ",null,null,"COMBATE A INCÊNDIO",{"$nulls":6},0]
[" 1.7.1 ","SINAPI",101907,"EXTINTOR DE INCÊNDIO PORTÁTIL COM CARGA DE CO2 DE 6 KG, CLASSE BC - FORNECIMENTO E INSTALAÇÃO. AF_10/2020_PE","UN",{"$f":"IFERROR(VLOOKUP(A82,'ANEXO I - MEM. CÁLC'!$A:$O,4,0),0)","v":8},{"$f":"VLOOKUP(C82,'TABELA_CPU ADM-CANTEIRO-SERVICO'!B:K,9,0)","v":746.54},{"$f":"$J$3","v":0.22559999999999999},914.95,7319.6,6.0143873864938395E-5]
[" 1.8 ",null,null,"MANUTENÇÃO DO CANTEIRO DE OBRAS",{"$nulls":6},0]
["1.8.1","Próprio"," COMP-TEC-030 ","MANUTENÇÃO DO CANTEIRO DE OBRAS, PEDREIRO, SERVENTE, ELETRICISTA, EQUIPAMENTOS","MÊS",{"$f":"IFERROR(VLOOKUP(A84,'ANEXO I - MEM. CÁLC'!$A:$O,4,0),0)","v":20},{"$f":"VLOOKUP(C84,'TABELA_CPU ADM-CANTEIRO-SERVICO'!B:K,9,0)","v":21562.400000000001},{"$f":"$J$3","v":0.22559999999999999},26426.87,528537.4,4.3428994369231226E-3]
[2,null,null,"MOBILIZAÇÃO E DESMOBILIZAÇÃO",{"$nulls":5},{"$f":"SUM(J86:J128)","v":625434.93999999983},5.1390895871475627E-3]
[" 2.1 ",null,null,"MOBILIZAÇÃO E DESMOBILIZAÇÃO DE EQUIPAMENTO",{"$nulls":6},0]
[" 2.1.1 ","Próprio"," MOB 92 ","MOBILIZAÇÃO E DESMOBILIZAÇÃO DE CAMINHÃO BASCULANTE COM CAÇAMBA ESTANQUE COM CAPACIDADE DE 14 M³ - 188 KW","KM",{"$f":"IFERROR(VLOOKUP(A87,'ANEXO I - MEM. CÁLC'!$A:$O,4,0),0)","v":3792},{"$f":"VLOOKUP(C87,'TABELA_CPU ADM-CANTEIRO-SERVICO'!B:K,9,0)","v":4.96},{"$f":"$J$3","v":0.22559999999999999},6.07,23017.439999999999,1.8913028144349245E-4]
[" 2.1.2","Próprio"," MOB 10 ","MOBILIZAÇÃO E DESMOBILIZAÇÃO DE CAMINHÃO BASCULANTE COM CAPACIDADE DE 10 M³ - 188 KW","KM",{"$f":"IFERROR(VLOOKUP(A88,'ANEXO I - MEM. CÁLC'!$A:$O,4,0),0)","v":1896},{"$f":"VLOOKUP(C88,'TABELA_CPU ADM-CANTEIRO-SERVICO'!B:K,9,0)","v":4.93},0.22559999999999999,6.04,11451.84,9.4097767703352106E-5]
[" 2.1.3","Próprio"," MOB 70 ","MOBILIZAÇÃO E DESMOBILIZAÇÃO DE CAMINHÃO BASCULANTE COM CAPACIDADE DE 14 M³ - 188 KW","KM",{"$f":"IFERROR(VLOOKUP(A89,'ANEXO I - MEM. CÁLC'!$A:$O,4,0),0)","v":10428},{"$f":"VLOOKUP(C89,'TABELA_CPU ADM-CANTEIRO-SERVICO'!B:K,9,0)","v":4.95},0.22559999999999999,6.06,63193.68,5.1925142343588171E-4]
[" 2.1.4","Próprio"," MOB 15 ","MOBILIZAÇÃO E DESMOBILIZAÇÃO DE CAMINHÃO BASCULANTE COM CAPACIDADE DE 6 M³ - 136 KW","KM",{"$f":"IFERROR(VLOOKUP(A90,'ANEXO I - MEM. CÁLC'!$A:$O,4,0),0)","v":948},{"$f":"VLOOKUP(C90,'TABELA_CPU ADM-CANTEIRO-SERVICO'!B:K,9,0)","v":3.06},0.22559999999999999,3.75,3555,2.9210813649633312E-5]
[" 2.1.5","Próprio"," MOB 74 ","MOBILIZAÇÃO E DESMOBILIZAÇÃO DE CAMINHÃO BASCULANTE PARA ROCHA COM CAPACIDADE DE 12 M³ - 188 KW","KM",{"$f":"IFERROR(VLOOKUP(A91,'ANEXO I - MEM. CÁLC'!$A:$O,4,0),0)","v":7584},{"$f":"VLOOKUP(C91,'TABELA_CPU ADM-CANTEIRO-SERVICO'!B:K,9,0)","v":5.16},0.22559999999999999,6.32,47930.879999999997,3.9383966350012268E-4]
[" 2.1.6","Próprio"," MOB 52 ","MOBILIZAÇÃO DE CENTRAL DE CONCRETO COM CAPACIDADE DE 30 M³/H - DOSADORA RS","KM",{"$f":"IFERROR(VLOOKUP(A92,'ANEXO I - MEM. CÁLC'!$A:$O,4,0),0)","v":948},{"$f":"VLOOKUP(C92,'TABELA_CPU ADM-CANTEIRO-SERVICO'!B:K,9,0)","v":12.96},0.22559999999999999,15.88,15054.24,1.2369805886831386E-4]
[" 2.1.7","Próprio"," MOB 72 ","MOBILIZAÇÃO E DESMOBILIZAÇÃO DE CAMINHÃO BASCULANTE PARA ROCHA COM CAPACIDADE DE 8 M³ - 210 KW","KM",{"$f":"IFERROR(VLOOKUP(A93,'ANEXO I - MEM. CÁLC'!$A:$O,4,0),0)","v":3792},{"$f":"VLOOKUP(C93,'TABELA_CPU ADM-CANTEIRO-SERVICO'!B:K,9,0)","v":4.95},0.22559999999999999,6.06,22979.52,1.8881869943122972E-4]
[" 2.1.8","Próprio"," MOB 42 ","MOBILIZAÇÃO DE CAMINHÃO BETONEIRA COM CAPACIDADE DE 8 M³ - 188 KW","KM",{"$f":"IFERROR(VLOOKUP(A94,'ANEXO I - MEM. CÁLC'!$A:$O,4,0),0)","v":948},{"$f":"VLOOKUP(C94,'TABELA_CPU ADM-CANTEIRO-SERVICO'!B:K,9,0)","v":5.12},0.22559999999999999,6.27,5943.96,4.8840480422186896E-5]
[" 2.1.9","Próprio"," MOB 9 ","MOBILIZAÇÃO E DESMOBILIZAÇÃO DE CAMINHÃO CARROCERIA COM CAPACIDADE DE 15 T - 188 KW","KM",{"$f":"IFERROR(VLOOKUP(A95,'ANEXO I - MEM. CÁLC'!$A:$O,4,0),0)","v":948},{"$f":"VLOOKUP(C95,'TABELA_CPU ADM-CANTEIRO-SERVICO'!B:K,9,0)","v":4.3899999999999997},0.22559999999999999,5.38,5100.24,4.1907780649340584E-5]
[" 2.1.10","Próprio"," MOB 44 ","MOBILIZAÇÃO E DESMOBILIZAÇÃO DE CAMINHÃO CARROCERIA COM CAPACIDADE DE 5 T - 115 KW","KM",{"$f":"IFERROR(VLOOKUP(A96,'ANEXO I - MEM. CÁLC'!$A:$O,4,0),0)","v":948},{"$f":"VLOOKUP(C96,'TABELA_CPU ADM-CANTEIRO-SERVICO'!B:K,9,0)","v":2.5099999999999998},0.22559999999999999,3.07,2910.36,2.3913919441166472E-5]
[" 2.1.11","Próprio"," MOB 43 ","MOBILIZAÇÃO E DESMOBILIZAÇÃO DE CAMINHÃO CARROCERIA COM GUINDAUTO COM CAPACIDADE DE 20 T.M - 136 KW","KM",{"$f":"IFERROR(VLOOKUP(A97,'ANEXO I - MEM. CÁLC'!$A:$O,4,0),0)","v":948},{"$f":"VLOOKUP(C97,'TABELA_CPU ADM-CANTEIRO-SERVICO'!B:K,9,0)","v":5.23},0.22559999999999999,6.4,6067.2,4.9853121962040848E-5]
[" 2.1.12","Próprio"," MOB 46 ","MOBILIZAÇÃO E DESMOBILIZAÇÃO DE CAMINHÃO TANQUE COM CAPACIDADE DE 10.000 L - 188 KW","KM",{"$f":"IFERROR(VLOOKUP(A98,'ANEXO I - MEM. CÁLC'!$A:$O,4,0),0)","v":948},{"$f":"VLOOKUP(C98,'TABELA_CPU ADM-CANTEIRO-SERVICO'!B:K,9,0)","v":5.36},0.22559999999999999,6.56,6218.88,5.1099450011091874E-5]
[" 2.1.13","Próprio"," MOB 47 ","MOBILIZAÇÃO E DESMOBILIZAÇÃO DE CAMINHÃO TANQUE COM CAPACIDADE DE 6.000 L - 136 KW","KM",{"$f":"IFERROR(VLOOKUP(A99,'ANEXO I - MEM. CÁLC'!$A:$O,4,0),0)","v":948},{"$f":"VLOOKUP(C99,'TABELA_CPU ADM-CANTEIRO-SERVICO'!B:K,9,0)","v":4.0999999999999996},0.22559999999999999,5.0199999999999996,4758.96,3.910354253897579E-5]
[" 2.1.14","Próprio"," MOB 48 ","MOBILIZAÇÃO E DESMOBILIZAÇÃO DE CARREGADEIRA DE PNEUS COM CAPACIDADE DE 1,72 M³ - 113 KW","KM",{"$f":"IFERROR(VLOOKUP(A100,'ANEXO I - MEM. CÁLC'!$A:$O,4,0),0)","v":948},{"$f":"VLOOKUP(C100,'TABELA_CPU ADM-CANTEIRO-SERVICO'!B:K,9,0)","v":6.48},0.22559999999999999,7.94,7527.12,6.1849029434156932E-5]
[" 2.1.15","Próprio"," MOB 49 ","MOBILIZAÇÃO E DESMOBILIZAÇÃO DE CARREGADEIRA DE PNEUS COM CAPACIDADE DE 3,40 M³ - 195 KW","KM",{"$f":"IFERROR(VLOOKUP(A101,'ANEXO I - MEM. CÁLC'!$A:$O,4,0),0)","v":948},{"$f":"VLOOKUP(C101,'TABELA_CPU ADM-CANTEIRO-SERVICO'!B:K,9,0)","v":6.48},0.22559999999999999,7.94,7527.12,6.1849029434156932E-5]
[" 2.1.16","Próprio"," MOB 50 ","MOBILIZAÇÃO E DESMOBILIZAÇÃO DE CARREGADEIRA DE PNEUS PARA ROCHA COM CAPACIDADE DE 2,50 M³ - 105 KW","KM",{"$f":"IFERROR(VLOOKUP(A102,'ANEXO I - MEM. CÁLC'!$A:$O,4,0),0)","v":2844},{"$f":"VLOOKUP(C102,'TABELA_CPU ADM-CANTEIRO-SERVICO'!B:K,9,0)","v":6.48},0.22559999999999999,7.94,22581.360000000001,1.8554708830247079E-4]
[" 2.1.17","Próprio"," MOB 51 ","MOBILIZAÇÃO DE CONJUNTO DE BRITAGEM COM CAPACIDADE DE 80 M³/H - 313 KW","KM",{"$f":"IFERROR(VLOOKUP(A103,'ANEXO I - MEM. CÁLC'!$A:$O,4,0),0)","v":948},{"$f":"VLOOKUP(C103,'TABELA_CPU ADM-CANTEIRO-SERVICO'!B:K,9,0)","v":12.96},0.22559999999999999,15.88,15054.24,1.2369805886831386E-4]
[" 2.1.18","Próprio"," MOB 20 ","MOBILIZAÇÃO E DESMOBILIZAÇÃO DE CAVALO MECANICO TRACAO 4X2, PESO BRUTO TOTAL 16000 KG, CAPACIDADE MAXIMA DE TRACAO *36000* KG, DISTANCIA ENTRE EIXOS *3,56* M, POTENCIA *286* CV (INCLUI CABINE E CHASSI, NAO INCLUI SEMIRREBOQUE)","KM",{"$f":"IFERROR(VLOOKUP(A104,'ANEXO I - MEM. CÁLC'!$A:$O,4,0),0)","v":948},{"$f":"VLOOKUP(C104,'TABELA_CPU ADM-CANTEIRO-SERVICO'!B:K,9,0)","v":5.39},0.22559999999999999,6.6,6256.8,5.141103202335463E-5]
[" 2.1.19","Próprio"," MOB 71 ","MOBILIZAÇÃO E DESMOBILIZAÇÃO DE ESCAVADEIRA HIDRÁULICA COM MARTELO HIDRÁULICO DE 1.700 KG - 103 KW","KM",{"$f":"IFERROR(VLOOKUP(A105,'ANEXO I - MEM. CÁLC'!$A:$O,4,0),0)","v":1896},{"$f":"VLOOKUP(C105,'TABELA_CPU ADM-CANTEIRO-SERVICO'!B:K,9,0)","v":12.95},0.22559999999999999,15.87,30089.52,2.4724032673049636E-4]
[" 2.1.20","Próprio"," MOB 53 ","MOBILIZAÇÃO E DESMOBILIZAÇÃO DE ESCAVADEIRA HIDRÁULICA COM MARTELO HIDRÁULICO DE 520 KG - 75 KW","KM",{"$f":"IFERROR(VLOOKUP(A106,'ANEXO I - MEM. CÁLC'!$A:$O,4,0),0)","v":948},{"$f":"VLOOKUP(C106,'TABELA_CPU ADM-CANTEIRO-SERVICO'!B:K,9,0)","v":12.96},0.22559999999999999,15.88,15054.24,1.2369805886831386E-4]
[" 2.1.21","Próprio"," MOB 96 ","MOBILIZAÇÃO E DESMOBILIZAÇÃO DE ESCAVADEIRA HIDRÁULICA SOBRE ESTEIRA COM CAPACIDADE DE 0,4 M³ - 64 KW","KM",{"$f":"IFERROR(VLOOKUP(A107,'ANEXO I - MEM. CÁLC'!$A:$O,4,0),0)","v":948},{"$f":"VLOOKUP(C107,'TABELA_CPU ADM-CANTEIRO-SERVICO'!B:K,9,0)","v":6.47},0.22559999999999999,7.92,7508.16,6.1693238428025553E-5]
[" 2.1.22","Próprio"," MOB 55 ","MOBILIZAÇÃO E DESMOBILIZAÇÃO DE ESCAVADEIRA HIDRÁULICA SOBRE ESTEIRAS COM CAÇAMBA COM CAPACIDADE DE 1,56 M³ - 118 KW","KM",{"$f":"IFERROR(VLOOKUP(A108,'ANEXO I - MEM. CÁLC'!$A:$O,4,0),0)","v":1896},{"$f":"VLOOKUP(C108,'TABELA_CPU ADM-CANTEIRO-SERVICO'!B:K,9,0)","v":12.96},0.22559999999999999,15.88,30108.48,2.4739611773662773E-4]
[" 2.1.23","Próprio"," MOB 24 ","MOBILIZAÇÃO E DESMOBILIZAÇÃO DE ESCAVADEIRA HIDRAULICA SOBRE ESTEIRAS, CACAMBA 0,80M3, PESO OPERACIONAL 17T, POTENCIA BRUTA 111HP","KM",{"$f":"IFERROR(VLOOKUP(A109,'ANEXO I - MEM. CÁLC'!$A:$O,4,0),0)","v":948},{"$f":"VLOOKUP(C109,'TABELA_CPU ADM-CANTEIRO-SERVICO'!B:K,9,0)","v":3.22},0.22559999999999999,3.94,3735.12,3.0690828207881398E-5]
[" 2.1.24","Próprio"," MOB 12 ","MOBILIZAÇÃO E DESMOBILIZAÇÃO DE MOTONIVELADORA - 93 KW","KM",{"$f":"IFERROR(VLOOKUP(A110,'ANEXO I - MEM. CÁLC'!$A:$O,4,0),0)","v":948},{"$f":"VLOOKUP(C110,'TABELA_CPU ADM-CANTEIRO-SERVICO'!B:K,9,0)","v":6.48},0.22559999999999999,7.94,7527.12,6.1849029434156932E-5]
[" 2.1.25","Próprio"," MOB 97 ","MOBILIZAÇÃO E DESMOBILIZAÇÃO DE MOTONIVELADORA 15000 KG COM ESCARIFICADOR (CAT - 140M - 185,0 HP OU EQUIVALENTE)","KM",{"$f":"IFERROR(VLOOKUP(A111,'ANEXO I - MEM. CÁLC'!$A:$O,4,0),0)","v":948},{"$f":"VLOOKUP(C111,'TABELA_CPU ADM-CANTEIRO-SERVICO'!B:K,9,0)","v":6.48},0.22559999999999999,7.94,7527.12,6.1849029434156932E-5]
[" 2.1.26","Próprio"," MOB 77 ","MOBILIZAÇÃO E DESMOBILIZAÇÃO DE PERFURATRIZ DE SUPERFÍCIE SOBRE PNEUS COM MARTELO DE TOPO E CONTROLE REMOTO VIA RÁDIO - 60 KW","KM",{"$f":"IFERROR(VLOOKUP(A112,'ANEXO I - MEM. CÁLC'!$A:$O,4,0),0)","v":948},{"$f":"VLOOKUP(C112,'TABELA_CPU ADM-CANTEIRO-SERVICO'!B:K,9,0)","v":4.2699999999999996},0.22559999999999999,5.23,4958.04,4.0739348103355254E-5]
[" 2.1.27","Próprio"," MOB 75 ","MOBILIZAÇÃO E DESMOBILIZAÇÃO DE PERFURATRIZ HIDRÁULICA ROTOPERCUSSIVA - 123 KW","KM",{"$f":"IFERROR(VLOOKUP(A113,'ANEXO I - MEM. CÁLC'!$A:$O,4,0),0)","v":1896},{"$f":"VLOOKUP(C113,'TABELA_CPU ADM-CANTEIRO-SERVICO'!B:K,9,0)","v":12.95},0.22559999999999999,15.87,30089.52,2.4724032673049636E-4]
[" 2.1.28","Próprio"," MOB 56 ","MOBILIZAÇÃO E DESMOBILIZAÇÃO DE PERFURATRIZ SOBRE ESTEIRAS - 145 KW","KM",{"$f":"IFERROR(VLOOKUP(A114,'ANEXO I - MEM. CÁLC'!$A:$O,4,0),0)","v":1896},{"$f":"VLOOKUP(C114,'TABELA_CPU ADM-CANTEIRO-SERVICO'!B:K,9,0)","v":6.48},0.22559999999999999,7.94,15054.24,1.2369805886831386E-4]
[" 2.1.29","Próprio"," MOB 13 ","MOBILIZAÇÃO E DESMOBILIZAÇÃO DE RETROESCAVADEIRA DE PNEUS COM CAPACIDADE DE 0,76 M³ - 58 KW","KM",{"$f":"IFERROR(VLOOKUP(A115,'ANEXO I - MEM. CÁLC'!$A:$O,4,0),0)","v":1896},{"$f":"VLOOKUP(C115,'TABELA_CPU ADM-CANTEIRO-SERVICO'!B:K,9,0)","v":3.23},0.22559999999999999,3.95,7489.2,6.1537447421894175E-5]
[" 2.1.30","Próprio"," MOB 29 ","MOBILIZAÇÃO E DESMOBILIZAÇÃO DE RETROESCAVADEIRA SOBRE RODAS COM CARREGADEIRA, TRACAO 4 X 4, POTENCIA LIQUIDA 88 HP, PESO OPERACIONAL MINIMO DE 6674 KG, CAPACIDADE DA CARREGADEIRA DE 1,00 M3 E DA  RETROESCAVADEIRA MINIMA DE 0,26 M3, PROFUNDIDADE DE ESCAVACAO MAXIMA DE 4,37 M","KM",{"$f":"IFERROR(VLOOKUP(A116,'ANEXO I - MEM. CÁLC'!$A:$O,4,0),0)","v":948},{"$f":"VLOOKUP(C116,'TABELA_CPU ADM-CANTEIRO-SERVICO'!B:K,9,0)","v":3.23},0.22559999999999999,3.95,3744.6,3.0768723710947088E-5]
[" 2.1.31","Próprio"," MOB 98 ","MOBILIZAÇÃO E DESMOBILIZAÇÃO DE ROLO COMPACTADOR DE PNEUS AUTOPROPELIDO DE 27 T - 85 KW","KM",{"$f":"IFERROR(VLOOKUP(A117,'ANEXO I - MEM. CÁLC'!$A:$O,4,0),0)","v":948},{"$f":"VLOOKUP(C117,'TABELA_CPU ADM-CANTEIRO-SERVICO'!B:K,9,0)","v":12.96},0.22559999999999999,15.88,15054.24,1.2369805886831386E-4]
[" 2.1.32","Próprio"," MOB 58 ","MOBILIZAÇÃO E DESMOBILIZAÇÃO DE ROLO COMPACTADOR LISO VIBRATÓRIO AUTOPROPELIDO POR PNEUS DE 11 T - 97 KW","KM",{"$f":"IFERROR(VLOOKUP(A118,'ANEXO I - MEM. CÁLC'!$A:$O,4,0),0)","v":948},{"$f":"VLOOKUP(C118,'TABELA_CPU ADM-CANTEIRO-SERVICO'!B:K,9,0)","v":6.48},0.22559999999999999,7.94,7527.12,6.1849029434156932E-5]
[" 2.1.33","Próprio"," MOB 59 ","MOBILIZAÇÃO E DESMOBILIZAÇÃO DE ROLO COMPACTADOR PÉ DE CARNEIRO VIBRATÓRIO AUTOPROPELIDO POR PNEUS DE 11,6 T - 82 KW","KM",{"$f":"IFERROR(VLOOKUP(A119,'ANEXO I - MEM. CÁLC'!$A:$O,4,0),0)","v":948},{"$f":"VLOOKUP(C119,'TABELA_CPU ADM-CANTEIRO-SERVICO'!B:K,9,0)","v":6.48},0.22559999999999999,7.94,7527.12,6.1849029434156932E-5]
[" 2.1.34","Próprio"," MOB 35 ","MOBILIZAÇÃO DE TRATOR AGRÍCOLA SOBRE PNEUS - 77 KW","KM",{"$f":"IFERROR(VLOOKUP(A120,'ANEXO I - MEM. CÁLC'!$A:$O,4,0),0)","v":948},{"$f":"VLOOKUP(C120,'TABELA_CPU ADM-CANTEIRO-SERVICO'!B:K,9,0)","v":3.23},0.22559999999999999,3.95,3744.6,3.0768723710947088E-5]
[" 2.1.35","Próprio"," MOB 37 ","MOBILIZAÇÃO E DESMOBILIZAÇÃO DE TRATOR DE ESTEIRAS, POTENCIA DE 150 HP, PESO OPERACIONAL DE 16,7 T, COM RODA MOTRIZ ELEVADA E LAMINA COM CONTATO DE 3,18M3","KM",{"$f":"IFERROR(VLOOKUP(A121,'ANEXO I - MEM. CÁLC'!$A:$O,4,0),0)","v":948},{"$f":"VLOOKUP(C121,'TABELA_CPU ADM-CANTEIRO-SERVICO'!B:K,9,0)","v":6.48},0.22559999999999999,7.94,7527.12,6.1849029434156932E-5]
[" 2.1.36","Próprio"," MOB 76 ","MOBILIZAÇÃO E DESMOBILIZAÇÃO DE TRATOR SOBRE ESTEIRAS COM LÂMINA - 127 KW","KM",{"$f":"IFERROR(VLOOKUP(A122,'ANEXO I - MEM. CÁLC'!$A:$O,4,0),0)","v":2844},{"$f":"VLOOKUP(C122,'TABELA_CPU ADM-CANTEIRO-SERVICO'!B:K,9,0)","v":6.47},0.22559999999999999,7.92,22524.48,1.8507971528407665E-4]
[" 2.1.37","Próprio"," MOB 11 ","MOBILIZAÇÃO E DESMOBILIZAÇÃO DE TRATOR SOBRE ESTEIRAS COM LÂMINA - 259 KW","KM",{"$f":"IFERROR(VLOOKUP(A123,'ANEXO I - MEM. CÁLC'!$A:$O,4,0),0)","v":948},{"$f":"VLOOKUP(C123,'TABELA_CPU ADM-CANTEIRO-SERVICO'!B:K,9,0)","v":12.95},0.22559999999999999,15.87,15044.76,1.2362016336524818E-4]
[" 2.1.38","Próprio"," MOB 63 ","MOBILIZAÇÃO E DESMOBILIZAÇÃO DE TRATOR SOBRE ESTEIRAS COM LÂMINA - 97 KW","KM",{"$f":"IFERROR(VLOOKUP(A124,'ANEXO I - MEM. CÁLC'!$A:$O,4,0),0)","v":948},{"$f":"VLOOKUP(C124,'TABELA_CPU ADM-CANTEIRO-SERVICO'!B:K,9,0)","v":6.47},0.22559999999999999,7.92,7508.16,6.1693238428025553E-5]
[" 2.1.39","Próprio"," MOB 99 ","MOBILIZAÇÃO E DESMOBILIZAÇÃO DE TRATOR SOBRE ESTEIRAS COM LÂMINA E ESCARIFICADOR - 259 KW","KM",{"$f":"IFERROR(VLOOKUP(A125,'ANEXO I - MEM. CÁLC'!$A:$O,4,0),0)","v":948},{"$f":"VLOOKUP(C125,'TABELA_CPU ADM-CANTEIRO-SERVICO'!B:K,9,0)","v":12.95},0.22559999999999999,15.87,15044.76,1.2362016336524818E-4]
[" 2.1.40","Próprio"," MOB 1 ","MOBILIZAÇÃO DE EQUIPAMENTOS DE PEQUENO PORTE COM CAMINHÃO CARROCERIA COM CAPACIDADE DE 15 T - 188 KW","KM",{"$f":"IFERROR(VLOOKUP(A126,'ANEXO I - MEM. CÁLC'!$A:$O,4,0),0)","v":1896},{"$f":"VLOOKUP(C126,'TABELA_CPU ADM-CANTEIRO-SERVICO'!B:K,9,0)","v":8.7899999999999991},0.22559999999999999,10.77,20419.919999999998,1.6778691360349373E-4]
[" 2.2 ",null,null,"MOBILIZAÇÃO E DESMOBILIZAÇÃO DE PESSOAL",{"$nulls":4},0,0,0]
[" 2.2.1 ","Próprio"," COT.NETS-01 ","PASSAGEM TERRESTRE ARACAJU ATÉ JUAZEIRO","UN",{"$f":"IFERROR(VLOOKUP(A128,'ANEXO I - MEM. CÁLC'!$A:$O,4,0),0)","v":358},{"$f":"VLOOKUP(C128,'TABELA_CPU ADM-CANTEIRO-SERVICO'!B:K,9,0)","v":155.57},{"$f":"$J$4","v":0.14015},177.37,63498.46,5.2175574742579318E-4]
[3,null,null,"INSTALAÇÃO DA OBRA",{"$nulls":5},{"$f":"SUM(J131:J163)","v":2677856.2999999993},2.2003477175751487E-2]
[" 3.1 ",null,null,"SERVIÇOS PRELIMINARES",{"$nulls":6},0]
[" 3.1.1 ","SINAPI",99059,"LOCAÇÃO CONVENCIONAL DE OBRA, UTILIZANDO GABARITO DE TÁBUAS CORRIDAS PONTALETADAS A CADA 2,00M -  2 UTILIZAÇÕES. AF_03/2024","M",{"$f":"IFERROR(VLOOKUP(A131,'ANEXO I - MEM. CÁLC'!$A:$O,4,0),0)","v":9964.34},{"$f":"VLOOKUP(C131,'TABELA_CPU ADM-CANTEIRO-SERVICO'!B:K,9,0)","v":68.849999999999994},{"$f":"$J$3","v":0.22559999999999999},84.38,840791,6.9086326917830775E-3]
[" 3.1.2 ","SINAPI",98525,"LIMPEZA MECANIZADA DE CAMADA VEGETAL, VEGETAÇÃO E PEQUENAS ÁRVORES (DIÂMETRO DE TRONCO MENOR QUE 0,20 M), COM TRATOR DE ESTEIRAS. AF_03/2024","m²",{"$f":"IFERROR(VLOOKUP(A132,'ANEXO I - MEM. CÁLC'!$A:$O,4,0),0)","v":27466.43},{"$f":"VLOOKUP(C132,'TABELA_CPU ADM-CANTEIRO-SERVICO'!B:K,9,0)","v":0.69},0.22559999999999999,0.84,23071.8,1.8957694806233749E-4]
[" 3.1.3 ","SINAPI",100575,"REGULARIZAÇÃO DE SUPERFÍCIES COM MOTONIVELADORA. AF_11/2019","m²",{"$f":"IFERROR(VLOOKUP(A133,'ANEXO I - MEM. CÁLC'!$A:$O,4,0),0)","v":27466.43},{"$f":"VLOOKUP(C133,'TABELA_CPU ADM-CANTEIRO-SERVICO'!B:K,9,0)","v":0.18},0.22559999999999999,0.22,6042.61,4.9651070229932692E-5]
[" 3.1.4 ","SINAPI",101205,"PORTÃO COM MOURÕES DE MADEIRA ROLIÇA, DIÂMETRO 11 CM, COM 5 FIOS DE ARAME FARPADO Nº 14 CLASSE 250, SEM DOBRADIÇAS - FORNECIMENTO E INSTALAÇÃO. AF_05/2020","M",{"$f":"IFERROR(VLOOKUP(A134,'ANEXO I - MEM. CÁLC'!$A:$O,4,0),0)","v":12},{"$f":"VLOOKUP(C134,'TABELA_CPU ADM-CANTEIRO-SERVICO'!B:K,9,0)","v":45.96},0.22559999999999999,56.32,675.84,5.5532591552653102E-6]
[" 3.1.5 ","SICRO3",3713608,"Cerca com 4 fios de arame farpado e mourão de madeira a cada 2,5 m e esticador a cada 50 m","m",{"$f":"IFERROR(VLOOKUP(A135,'ANEXO I - MEM. CÁLC'!$A:$O,4,0),0)","v":401.04},{"$f":"VLOOKUP(C135,'TABELA_CPU ADM-CANTEIRO-SERVICO'!B:K,9,0)","v":21.88},0.22559999999999999,26.81,10751.88,8.8346318723831044E-5]
["3.1.6","SICRO3",903804,"INSTALAÇÃO DA CENTRAL DE CONCRETO COM CAPACIDADE DE 30 M³/H","UN",{"$f":"IFERROR(VLOOKUP(A136,'ANEXO I - MEM. CÁLC'!$A:$O,4,0),0)","v":1},{"$f":"VLOOKUP(C136,'TABELA_CPU ADM-CANTEIRO-SERVICO'!B:K,9,0)","v":65698.77},0.22559999999999999,80520.41,80520.41,6.6162213544362046E-4]
["3.1.7","SICRO3",903807,"INSTALAÇÃO DA CENTRAL DE BRITAGEM COM CAPACIDADE DE 80 M³/H","UN",{"$f":"IFERROR(VLOOKUP(A137,'ANEXO I - MEM. CÁLC'!$A:$O,4,0),0)","v":1},{"$f":"VLOOKUP(C137,'TABELA_CPU ADM-CANTEIRO-SERVICO'!B:K,9,0)","v":105309.04},0.22559999999999999,129066.75,129066.75,1.0605189261923516E-3]
[" 3.2 ",null,null,"CANTEIRO",{"$nulls":6},{"$f":"J138/$J$1093","v":0}]
[" 3.2.1 ","ORSE",9416,"Instalação provisória de energia elétrica, aerea, trifasica, em poste galvanizado, exclusive fornecimento do medidor","un",{"$f":"IFERROR(VLOOKUP(A139,'ANEXO I - MEM. CÁLC'!$A:$O,4,0),0)","v":1},{"$f":"VLOOKUP(C139,'TABELA_CPU ADM-CANTEIRO-SERVICO'!B:K,9,0)","v":1642.85},{"$f":"$J$3","v":0.22559999999999999},2013.47,2013.47,1.6544331071484439E-5]
[" 3.2.2 ","SINAPI",95637,"KIT CAVALETE PARA MEDIÇÃO DE ÁGUA - ENTRADA PRINCIPAL, EM AÇO GALVANIZADO DN 32 MM (1 1/4\") - FORNECIMENTO E INSTALAÇÃO (EXCLUSIVE HIDRÔMETRO). AF_03/2024","UN",{"$f":"IFERROR(VLOOKUP(A140,'ANEXO I - MEM. CÁLC'!$A:$O,4,0),0)","v":1},{"$f":"VLOOKUP(C140,'TABELA_CPU ADM-CANTEIRO-SERVICO'!B:K,9,0)","v":529.54999999999995},0.22559999999999999,649.01,649.01,5.3328017346690617E-6]
[" 3.2.3 ","SINAPI",98054,"TANQUE SÉPTICO CIRCULAR, EM CONCRETO PRÉ-MOLDADO, DIÂMETRO INTERNO = 1,88 M, ALTURA INTERNA = 2,50 M, VOLUME ÚTIL: 6245,8 L (PARA 32 CONTRIBUINTES). AF_12/2020_PA","UN",{"$f":"IFERROR(VLOOKUP(A141,'ANEXO I - MEM. CÁLC'!$A:$O,4,0),0)","v":1},{"$f":"VLOOKUP(C141,'TABELA_CPU ADM-CANTEIRO-SERVICO'!B:K,9,0)","v":5141.92},0.22559999999999999,{"$f":"IFERROR(TRUNC((G141*(1+H141)),2),\"\")","v":6301.93},{"$f":"IFERROR(TRUNC((F141*I141),2),\"\")","v":6301.93},5.1781857345438442E-5]
[" 3.2.4 ","SINAPI",98100,"SUMIDOURO RETANGULAR, EM ALVENARIA COM BLOCOS DE CONCRETO, DIMENSÕES INTERNAS: 1,6 X 3,4 X H=3,0 M, ÁREA DE INFILTRAÇÃO: 32,9 M² (PARA 13 CONTRIBUINTES). . AF_12/2020","UN",{"$f":"IFERROR(VLOOKUP(A142,'ANEXO I - MEM. CÁLC'!$A:$O,4,0),0)","v":3},{"$f":"VLOOKUP(C142,'TABELA_CPU ADM-CANTEIRO-SERVICO'!B:K,9,0)","v":5949.88},0.22559999999999999,7292.17,21876.51,1.7975545904763419E-4]
[" 3.2.5 ","EMBASA"," 03.01.10 ","PLACA DE IDENTIFICACAO DA OBRA PADRAO EMBASA,INCL.FORNEC.,TRANSP. E INST. (DP0301-04)","m²",{"$f":"IFERROR(VLOOKUP(A143,'ANEXO I - MEM. CÁLC'!$A:$O,4,0),0)","v":8},{"$f":"VLOOKUP(C143,'TABELA_CPU ADM-CANTEIRO-SERVICO'!B:K,9,0)","v":322.42},0.22559999999999999,395.15,3161.2,2.597502787882442E-5]
[" 3.2.6 ","SINAPI",98458,"TAPUME COM COMPENSADO DE MADEIRA. AF_03/2024","m²",{"$f":"IFERROR(VLOOKUP(A144,'ANEXO I - MEM. CÁLC'!$A:$O,4,0),0)","v":882.28},{"$f":"VLOOKUP(C144,'TABELA_CPU ADM-CANTEIRO-SERVICO'!B:K,9,0)","v":94.01},0.22559999999999999,115.21,101647.47,8.352194948316997E-4]
[" 3.2.7 ","EMBASA"," 55.04.09 ","GUARITA","m²",{"$f":"IFERROR(VLOOKUP(A145,'ANEXO I - MEM. CÁLC'!$A:$O,4,0),0)","v":6.1},{"$f":"VLOOKUP(C145,'TABELA_CPU ADM-CANTEIRO-SERVICO'!B:K,9,0)","v":354.88},0.22559999999999999,434.94,2653.13,2.1800305490366139E-5]
["3.2.8","SINAPI",93207,"EXECUÇÃO DE ESCRITÓRIO EM CANTEIRO DE OBRA EM CHAPA DE MADEIRA COMPENSADA, NÃO INCLUSO MOBILIÁRIO E EQUIPAMENTOS. AF_02/2016","M²",{"$f":"IFERROR(VLOOKUP(A146,'ANEXO I - MEM. CÁLC'!$A:$O,4,0),0)","v":154.02000000000001},{"$f":"VLOOKUP(C146,'TABELA_CPU ADM-CANTEIRO-SERVICO'!B:K,9,0)","v":1030.02},0.22559999999999999,1262.3900000000001,194433.3,1.5976244426394509E-3]
[" 3.2.9 ","EMBASA"," 55.04.15 ","COZINHA E REFEITORIO","m²",{"$f":"IFERROR(VLOOKUP(A147,'ANEXO I - MEM. CÁLC'!$A:$O,4,0),0)","v":257.14999999999998},{"$f":"VLOOKUP(C147,'TABELA_CPU ADM-CANTEIRO-SERVICO'!B:K,9,0)","v":423.24},0.22559999999999999,518.72,133388.84,1.0960327842983837E-3]
[" 3.2.10 ","SEINFRA"," C0043 ","ALOJAMENTO","m²",{"$f":"IFERROR(VLOOKUP(A148,'ANEXO I - MEM. CÁLC'!$A:$O,4,0),0)","v":468.06},{"$f":"VLOOKUP(C148,'TABELA_CPU ADM-CANTEIRO-SERVICO'!B:K,9,0)","v":375.57},0.22559999999999999,460.29,215443.33,1.7702601869722795E-3]
["3.2.11","SINAPI",93212,"EXECUÇÃO DE SANITÁRIO E VESTIÁRIO EM CANTEIRO DE OBRA EM CHAPA DE MADEIRA COMPENSADA, NÃO INCLUSO MOBILIÁRIO. AF_02/2016","M²",{"$f":"IFERROR(VLOOKUP(A149,'ANEXO I - MEM. CÁLC'!$A:$O,4,0),0)","v":231.77},{"$f":"VLOOKUP(C149,'TABELA_CPU ADM-CANTEIRO-SERVICO'!B:K,9,0)","v":965.41},0.22559999999999999,1183.2,274230.26,2.2533021158791821E-3]
["3.2.12","SINAPI",93208,"EXECUÇÃO DE ALMOXARIFADO EM CANTEIRO DE OBRA EM CHAPA DE MADEIRA COMPENSADA, INCLUSO PRATELEIRAS. AF_02/2016","M²",{"$f":"IFERROR(VLOOKUP(A150,'ANEXO I - MEM. CÁLC'!$A:$O,4,0),0)","v":104.88},{"$f":"VLOOKUP(C150,'TABELA_CPU ADM-CANTEIRO-SERVICO'!B:K,9,0)","v":831.45},0.22559999999999999,1019.02,106874.81,8.7817163396623538E-4]
[" 3.2.13 ","EMBASA"," 55.04.08 ","AMBULATORIO","m²",{"$f":"IFERROR(VLOOKUP(A151,'ANEXO I - MEM. CÁLC'!$A:$O,4,0),0)","v":83},{"$f":"VLOOKUP(C151,'TABELA_CPU ADM-CANTEIRO-SERVICO'!B:K,9,0)","v":499.15},0.22559999999999999,611.75,50775.25,4.1721135464515999E-4]
[" 3.2.14 ","EMBASA"," 55.04.14 ","CANTINA","m²",{"$f":"IFERROR(VLOOKUP(A152,'ANEXO I - MEM. CÁLC'!$A:$O,4,0),0)","v":135.75},{"$f":"VLOOKUP(C152,'TABELA_CPU ADM-CANTEIRO-SERVICO'!B:K,9,0)","v":420.58},0.22559999999999999,515.46,69973.69,5.7496158058149361E-4]
[" 3.2.15 ","EMBASA"," 55.04.23 ","OFICINA MECANICA","m²",{"$f":"IFERROR(VLOOKUP(A153,'ANEXO I - MEM. CÁLC'!$A:$O,4,0),0)","v":215.14},{"$f":"VLOOKUP(C153,'TABELA_CPU ADM-CANTEIRO-SERVICO'!B:K,9,0)","v":312.83999999999997},0.22559999999999999,383.41,82486.820000000007,6.7777978272035055E-4]
[" 3.2.16 ","EMBASA"," 55.04.19 ","DEPOSITO DE CIMENTO","m²",{"$f":"IFERROR(VLOOKUP(A154,'ANEXO I - MEM. CÁLC'!$A:$O,4,0),0)","v":111.45},{"$f":"VLOOKUP(C154,'TABELA_CPU ADM-CANTEIRO-SERVICO'!B:K,9,0)","v":535.20000000000005},0.22559999999999999,655.94,73104.509999999995,6.0068698131019826E-4]
[" 3.2.17 ","EMBASA"," 55.04.17 ","CENTRAL DE FORMA","m²",{"$f":"IFERROR(VLOOKUP(A155,'ANEXO I - MEM. CÁLC'!$A:$O,4,0),0)","v":111.3},{"$f":"VLOOKUP(C155,'TABELA_CPU ADM-CANTEIRO-SERVICO'!B:K,9,0)","v":186.98},0.22559999999999999,229.16,25505.5,2.0957423559513991E-4]
[" 3.2.18 ","EMBASA"," 55.04.18 ","CENTRAL DE ARMACAO","m²",{"$f":"IFERROR(VLOOKUP(A156,'ANEXO I - MEM. CÁLC'!$A:$O,4,0),0)","v":84.79},{"$f":"VLOOKUP(C156,'TABELA_CPU ADM-CANTEIRO-SERVICO'!B:K,9,0)","v":186.98},0.22559999999999999,229.16,19430.47,1.5965677589164292E-4]
[" 3.2.19 ","EMBASA"," 55.04.24 ","POSTO P/COMBUSTIVEL E LUBRIFICANTE","m²",{"$f":"IFERROR(VLOOKUP(A157,'ANEXO I - MEM. CÁLC'!$A:$O,4,0),0)","v":7.69},{"$f":"VLOOKUP(C157,'TABELA_CPU ADM-CANTEIRO-SERVICO'!B:K,9,0)","v":312.83999999999997},0.22559999999999999,383.41,2948.42,2.4226651808959733E-5]
[" 3.2.20 ","EMBASA"," 55.04.25 ","POSTO P/LAVAGEM DE VEICULOS E EQUIPAMENTOS","m²",{"$f":"IFERROR(VLOOKUP(A158,'ANEXO I - MEM. CÁLC'!$A:$O,4,0),0)","v":59.9},{"$f":"VLOOKUP(C158,'TABELA_CPU ADM-CANTEIRO-SERVICO'!B:K,9,0)","v":225.38},0.22559999999999999,276.22000000000003,16545.57,1.3595205682052417E-4]
[" 3.2.21 ","EMBASA"," 55.04.21 ","LABORATORIOS","m²",{"$f":"IFERROR(VLOOKUP(A159,'ANEXO I - MEM. CÁLC'!$A:$O,4,0),0)","v":22.34},{"$f":"VLOOKUP(C159,'TABELA_CPU ADM-CANTEIRO-SERVICO'!B:K,9,0)","v":499.15},0.22559999999999999,611.75,13666.49,1.122951596721736E-4]
[" 3.2.22 ","EMOP"," 17.040.0021-0 ","MARCACAO DE QUADRA DE ESPORTE OU VAGA DE GARAGEM COM TINTA A CRILICA PROPRIA PARA PINTURA DE PISOS,COM UTILIZACAO DE SELA DOR E SOLVENTE PROPRIO E FITA CREPE COMO LIMITADOR DE LINHAS ,MEDIDA PELA AREA REAL DE PINTURA","m²",{"$f":"IFERROR(VLOOKUP(A160,'ANEXO I - MEM. CÁLC'!$A:$O,4,0),0)","v":451.01},{"$f":"VLOOKUP(C160,'TABELA_CPU ADM-CANTEIRO-SERVICO'!B:K,9,0)","v":76.56},0.22559999999999999,93.83,42318.26,3.4772174594563469E-4]
[" 3.2.23 ","COMPESA"," 01.08.04U ","EXECUÇÃO DE RESERVATÓRIO ELEVADO DE ÁGUA (3000 LITROS) EM CANTEIRO DE OBRA, APOIADO EM ESTRUTURA DE MADEIRA  (FORNECIMENTO E INSTALAÇÃO). (EM PROCESSO DE DESCONTINUAÇÃO).","UN",{"$f":"IFERROR(VLOOKUP(A161,'ANEXO I - MEM. CÁLC'!$A:$O,4,0),0)","v":7},{"$f":"VLOOKUP(C161,'TABELA_CPU ADM-CANTEIRO-SERVICO'!B:K,9,0)","v":2572.84},0.22559999999999999,3153.27,22072.89,1.8136907918392533E-4]
[" 3.2.24 ","COMPESA"," 01.08.42U ","CANTEIRO ITINERANTE COMPOSTO DE TOLDO, CONJUNTO DE MESA E CADEIRAS E BANHEIRO QUÍMICO COM LIMPEZA DIÁRIA INCLUSO COLETA E DESTINAÇÃO FINAL DE EFLUENTES","MÊS",{"$f":"IFERROR(VLOOKUP(A162,'ANEXO I - MEM. CÁLC'!$A:$O,4,0),0)","v":36},{"$f":"VLOOKUP(C162,'TABELA_CPU ADM-CANTEIRO-SERVICO'!B:K,9,0)","v":1924.35},0.22559999999999999,2358.48,84905.279999999999,6.9765184583683209E-4]
[" 3.2.25 ","EMBASA"," F020000013 ","LOCAÇÃO DE BANHEIRO QUIMICO COM 3 LIMPEZAS SEMANAIS","MES",{"$f":"IFERROR(VLOOKUP(A163,'ANEXO I - MEM. CÁLC'!$A:$O,4,0),0)","v":42},{"$f":"VLOOKUP(C163,'TABELA_CPU ADM-CANTEIRO-SERVICO'!B:K,9,0)","v":428.72},{"$f":"$J$4","v":0.14015},488.8,20529.599999999999,1.6868813499339296E-4]
[4,null,null,"ENSECADEIRA PROVISÓRIA",{"$nulls":5},{"$f":"J165+J169+J176+J178","v":1219600.6299999999},1.0021245212350318E-2]
[" 4.1 ",null,null,"ENROCAMENTO DE PEDRA RACHÃO LANÇADA",{"$nulls":5},{"$f":"SUM(J166:J168)","v":900984.06999999983},7.4032286273018758E-3]
[" 4.1.1 ","SICRO3",5914657,"Carga, manobra e descarga de blocos de rocha em caminhão basculante de 8 m³ - carga com retroescavadeira de 0,29 m³ e descarga livre","t",{"$f":"IFERROR(VLOOKUP(A166,'ANEXO I - MEM. CÁLC'!$A:$O,4,0),0)","v":31466.965783419295},{"$f":"VLOOKUP(C166,'TABELA_CPU ADM-CANTEIRO-SERVICO'!B:K,9,0)","v":17.600000000000001},{"$f":"$J$3","v":0.22559999999999999},21.57,678742.45,5.5771080796190023E-3]
[" 4.1.2 ","SICRO3",5914346,"Transporte de material de 3ª categoria com caminhão basculante de 8 m³ para rocha - rodovia em leito natural","tkm",{"$f":"IFERROR(VLOOKUP(A167,'ANEXO I - MEM. CÁLC'!$A:$O,4,0),0)","v":99120.942217770775},{"$f":"VLOOKUP(C167,'TABELA_CPU ADM-CANTEIRO-SERVICO'!B:K,9,0)","v":1.68},0.22559999999999999,2.0499999999999998,203197.93,1.6696418754490109E-3]
[" 4.1.3 ","SINAPI",100574,"ESPALHAMENTO DE MATERIAL COM TRATOR DE ESTEIRAS. AF_11/2019","m³",{"$f":"IFERROR(VLOOKUP(A168,'ANEXO I - MEM. CÁLC'!$A:$O,4,0),0)","v":9970.5199999999986},{"$f":"VLOOKUP(C168,'TABELA_CPU ADM-CANTEIRO-SERVICO'!B:K,9,0)","v":1.56},0.22559999999999999,1.91,19043.689999999999,1.5647867223386367E-4]
[" 4.2 ",null,null,"BRITA GRADUADA LANÇADA",{"$nulls":5},{"$f":"SUM(J170:J175)","v":266485.28999999998},2.1896630510713053E-3]
[" 4.2.1 ","SICRO3",5914657,"Carga, manobra e descarga de blocos de rocha em caminhão basculante de 8 m³ - carga com retroescavadeira de 0,29 m³ e descarga livre","t",{"$f":"IFERROR(VLOOKUP(A170,'ANEXO I - MEM. CÁLC'!$A:$O,4,0),0)","v":3431.9980738237473},{"$f":"VLOOKUP(C170,'TABELA_CPU ADM-CANTEIRO-SERVICO'!B:K,9,0)","v":17.600000000000001},0.22559999999999999,21.57,74028.19,6.0827669842746781E-4]
[" 4.2.2 ","SICRO3",5914346,"Transporte de material de 3ª categoria com caminhão basculante de 8 m³ para rocha - rodovia em leito natural","tkm",{"$f":"IFERROR(VLOOKUP(A171,'ANEXO I - MEM. CÁLC'!$A:$O,4,0),0)","v":10810.793932544804},{"$f":"VLOOKUP(C171,'TABELA_CPU ADM-CANTEIRO-SERVICO'!B:K,9,0)","v":1.68},0.22559999999999999,2.0499999999999998,22162.12,1.8210226649811853E-4]
[" 4.2.3 ","SICRO3",4816012,"Brita produzida em central de britagem de 80 m³/h","m³",{"$f":"IFERROR(VLOOKUP(A172,'ANEXO I - MEM. CÁLC'!$A:$O,4,0),0)","v":2289.3719999999998},{"$f":"VLOOKUP(C172,'TABELA_CPU ADM-CANTEIRO-SERVICO'!B:K,9,0)","v":53.94},0.22559999999999999,66.099999999999994,151327.48000000001,1.2434314538252074E-3]
[" 4.2.4 ","SICRO3",5914351,"Carga, manobra e descarga de agregados ou solos em caminhão basculante de 14 m³ - carga com carregadeira de 3,40 m³ e descarga livre","t",{"$f":"IFERROR(VLOOKUP(A173,'ANEXO I - MEM. CÁLC'!$A:$O,4,0),0)","v":3434.0746347347158},{"$f":"VLOOKUP(C173,'TABELA_CPU ADM-CANTEIRO-SERVICO'!B:K,9,0)","v":2.61},0.22559999999999999,3.19,10954.69,9.0012773046273294E-5]
[" 4.2.5 ","SICRO3",5901639,"Transporte com caminhão basculante com caçamba estanque com capacidade de 14 m³ - rodovia em leito natural","tkm",{"$f":"IFERROR(VLOOKUP(A174,'ANEXO I - MEM. CÁLC'!$A:$O,4,0),0)","v":3434.0746347347158},{"$f":"VLOOKUP(C174,'TABELA_CPU ADM-CANTEIRO-SERVICO'!B:K,9,0)","v":0.87},0.22559999999999999,1.06,3640.11,2.9910147643928753E-5]
[" 4.2.6 ","SINAPI",100574,"ESPALHAMENTO DE MATERIAL COM TRATOR DE ESTEIRAS. AF_11/2019","m³",{"$f":"IFERROR(VLOOKUP(A175,'ANEXO I - MEM. CÁLC'!$A:$O,4,0),0)","v":2289.3719999999998},{"$f":"VLOOKUP(C175,'TABELA_CPU ADM-CANTEIRO-SERVICO'!B:K,9,0)","v":1.56},0.22559999999999999,1.91,4372.7,3.5929711630309863E-5]
[" 4.3 ",null,null,"ATERRO LANÇADO NO SELO DA ENSECADEIRA",{"$nulls":5},{"$f":"SUM(J177)","v":47929.99},3.9383235052567879E-4]
[" 4.3.1 ","ORSE",2531,"Aterro de áreas sem aquisição de material, com espalhamento mecânico, sem compactação e sem transporte","m³",{"$f":"IFERROR(VLOOKUP(A177,'ANEXO I - MEM. CÁLC'!$A:$O,4,0),0)","v":4657.920000000001},{"$f":"VLOOKUP(C177,'TABELA_CPU ADM-CANTEIRO-SERVICO'!B:K,9,0)","v":8.4},0.22559999999999999,10.29,47929.99,3.9383235052567879E-4]
[" 4.4 ",null,null,"ESGOTAMENTO",null,{"$f":"IFERROR(VLOOKUP(A178,'ANEXO I - MEM. CÁLC'!$A:$O,4,0),0)","v":0},null,null,0,{"$f":"SUM(J179)","v":4201.28},3.4521183451457506E-5]
[" 4.4.1 ","SICRO3",2003864,"Esgotamento de água com bomba submersa","h",{"$f":"IFERROR(VLOOKUP(A179,'ANEXO I - MEM. CÁLC'!$A:$O,4,0),0)","v":263.89999999999998},{"$f":"VLOOKUP(C179,'TABELA_CPU ADM-CANTEIRO-SERVICO'!B:K,9,0)","v":12.99},0.22559999999999999,15.92,4201.28,3.4521183451457506E-5]
[5,null,null,"ESTRUTURA DE TOMADA D'ÁGUA DO RC-500",{"$nulls":5},{"$f":"J181+J186+J194+J258+J451+J458","v":4303174.7700000023},3.5358434967165613E-2]
[" 5.1 ",null,null,"SEVIÇOS PRELIMINARES",{"$nulls":5},{"$f":"SUM(J182:J185)","v":12061.339999999998},9.9105922673661941E-5]
[" 5.1.1 ","SICRO3",5501700,"Desmatamento, destocamento e limpeza de área com árvores de diâmetro até 0,15 m","m²",{"$f":"IFERROR(VLOOKUP(A182,'ANEXO I - MEM. CÁLC'!$A:$O,4,0),0)","v":4114.5420000000004},{"$f":"VLOOKUP(C182,'TABELA_CPU ADM-CANTEIRO-SERVICO'!B:K,9,0)","v":0.53},{"$f":"$J$3","v":0.22559999999999999},0.64,2633.3,2.163736584629519E-5]
[" 5.1.2 ","SINAPI",100983,"CARGA, MANOBRA E DESCARGA DE ENTULHO EM CAMINHÃO BASCULANTE 14 M³ - CARGA COM ESCAVADEIRA HIDRÁULICA  (CAÇAMBA DE 0,80 M³ / 111 HP) E DESCARGA LIVRE (UNIDADE: M3). AF_07/2020","m³",{"$f":"IFERROR(VLOOKUP(A183,'ANEXO I - MEM. CÁLC'!$A:$O,4,0),0)","v":617.18130000000008},{"$f":"VLOOKUP(C183,'TABELA_CPU ADM-CANTEIRO-SERVICO'!B:K,9,0)","v":9.1199999999999992},0.22559999999999999,11.17,6893.91,5.664605353793068E-5]
[" 5.1.3 ","SICRO3",5901639,"Transporte com caminhão basculante com caçamba estanque com capacidade de 14 m³ - rodovia em leito natural","tkm",{"$f":"IFERROR(VLOOKUP(A184,'ANEXO I - MEM. CÁLC'!$A:$O,4,0),0)","v":987.49008000000015},{"$f":"VLOOKUP(C184,'TABELA_CPU ADM-CANTEIRO-SERVICO'!B:K,9,0)","v":0.87},0.22559999999999999,1.06,1046.73,8.6007974603321161E-6]
[" 5.1.4 ","SICRO3",4413942,"Espalhamento de material em bota-fora","m³",{"$f":"IFERROR(VLOOKUP(A185,'ANEXO I - MEM. CÁLC'!$A:$O,4,0),0)","v":617.18130000000008},{"$f":"VLOOKUP(C185,'TABELA_CPU ADM-CANTEIRO-SERVICO'!B:K,9,0)","v":1.97},0.22559999999999999,2.41,1487.4,1.2221705829103962E-5]
[" 5.2 ",null,null,"MOVIMENTO DE TERRA",{"$nulls":5},{"$f":"SUM(J187:J193)","v":74524.22},6.123524902403026E-4]
[" 5.2.1 ",null,null,"CORTE",{"$nulls":6},0]
[" 5.2.1.1 ","SICRO3",5502113,"Escavação, carga e transporte de material de 1ª categoria - DMT de 800 a 1.000 m - caminho de serviço em leito natural - com escavadeira e caminhão basculante de 14 m³","m³",{"$f":"IFERROR(VLOOKUP(A188,'ANEXO I - MEM. CÁLC'!$A:$O,4,0),0)","v":3811.29},{"$f":"VLOOKUP(C188,'TABELA_CPU ADM-CANTEIRO-SERVICO'!B:K,9,0)","v":7.46},{"$f":"$J$3","v":0.22559999999999999},9.14,34835.19,2.8623466766232626E-4]
[" 5.2.1.2 ","SICRO3",5502589,"Escavação, carga e transporte de material de 2ª categoria - DMT de 800 a 1.000 m - caminho de serviço em leito natural - com escavadeira e caminhão basculante de 14 m³","m³",{"$f":"IFERROR(VLOOKUP(A189,'ANEXO I - MEM. CÁLC'!$A:$O,4,0),0)","v":627.505},{"$f":"VLOOKUP(C189,'TABELA_CPU ADM-CANTEIRO-SERVICO'!B:K,9,0)","v":10.24},0.22559999999999999,12.55,7875.18,6.4708977619499085E-5]
[" 5.2.2 ",null,null,"ATERRO",null,{"$f":"IFERROR(VLOOKUP(A190,'ANEXO I - MEM. CÁLC'!$A:$O,4,0),0)","v":0},null,null,0,0,0]
[" 5.2.2.1 ","SICRO3",4016096,"Escavação e carga de material de jazida com escavadeira hidráulica de 1,56 m³","m³",{"$f":"IFERROR(VLOOKUP(A191,'ANEXO I - MEM. CÁLC'!$A:$O,4,0),0)","v":485.99300000000051},{"$f":"VLOOKUP(C191,'TABELA_CPU ADM-CANTEIRO-SERVICO'!B:K,9,0)","v":1.36},{"$f":"$J$3","v":0.22559999999999999},1.66,806.74,6.6288415762883758E-6]
[" 5.2.2.2 ","SICRO3",5901639,"Transporte com caminhão basculante com caçamba estanque com capacidade de 14 m³ - rodovia em leito natural","tkm",{"$f":"IFERROR(VLOOKUP(A192,'ANEXO I - MEM. CÁLC'!$A:$O,4,0),0)","v":911.23766426743327},{"$f":"VLOOKUP(C192,'TABELA_CPU ADM-CANTEIRO-SERVICO'!B:K,9,0)","v":0.87},0.22559999999999999,1.06,965.91,7.9367136462214647E-6]
[" 5.2.2.3 ","SICRO3",5502978,"Compactação de aterros a 100% do Proctor normal","m³",{"$f":"IFERROR(VLOOKUP(A193,'ANEXO I - MEM. CÁLC'!$A:$O,4,0),0)","v":4924.7880000000005},{"$f":"VLOOKUP(C193,'TABELA_CPU ADM-CANTEIRO-SERVICO'!B:K,9,0)","v":4.9800000000000004},0.22559999999999999,6.1,30041.200000000001,2.4684328973596743E-4]
[" 5.3 ",null,null,"ESTRUTURAS EM CONCRETO",{"$nulls":5},{"$f":"SUM(J195:J257)","v":1328649.4700000002},1.0917280470845026E-2]
[" 5.3.1 ",null,null,"TRANSIÇÃO MONTANTE",{"$nulls":6},0]
[" 5.3.1.1 ","SICRO3",1106382,"Concreto para bombeamento fck = 35 MPa - confecção em central dosadora de 30 m³/h - areia extraída e brita produzida","m³",{"$f":"IFERROR(VLOOKUP(A196,'ANEXO I - MEM. CÁLC'!$A:$O,4,0),0)","v":66.14},{"$f":"VLOOKUP(C196,'TABELA_CPU ADM-CANTEIRO-SERVICO'!B:K,9,0)","v":373.41},{"$f":"$J$3","v":0.22559999999999999},457.65,30268.97,2.4871483601584843E-4]
[" 5.3.1.2 ","SICRO3",1106058,"Concreto magro - confecção em betoneira e lançamento manual - areia extraída e brita produzida","m³",{"$f":"IFERROR(VLOOKUP(A197,'ANEXO I - MEM. CÁLC'!$A:$O,4,0),0)","v":5.25},{"$f":"VLOOKUP(C197,'TABELA_CPU ADM-CANTEIRO-SERVICO'!B:K,9,0)","v":321.32},0.22559999999999999,393.8,2067.4499999999998,1.6987875296746662E-5]
[" 5.3.1.3 ","SICRO3",5914657,"Carga, manobra e descarga de blocos de rocha em caminhão basculante de 8 m³ - carga com retroescavadeira de 0,29 m³ e descarga livre","t",{"$f":"IFERROR(VLOOKUP(A198,'ANEXO I - MEM. CÁLC'!$A:$O,4,0),0)","v":42.187813782007467},{"$f":"VLOOKUP(C198,'TABELA_CPU ADM-CANTEIRO-SERVICO'!B:K,9,0)","v":17.600000000000001},0.22559999999999999,21.57,909.99,7.4772287800365164E-6]
[" 5.3.1.4 ","SICRO3",5914346,"Transporte de material de 3ª categoria com caminhão basculante de 8 m³ para rocha - rodovia em leito natural","tkm",{"$f":"IFERROR(VLOOKUP(A199,'ANEXO I - MEM. CÁLC'!$A:$O,4,0),0)","v":558.1447763359588},{"$f":"VLOOKUP(C199,'TABELA_CPU ADM-CANTEIRO-SERVICO'!B:K,9,0)","v":1.68},0.22559999999999999,2.0499999999999998,1144.19,9.4016092460686188E-6]
[" 5.3.1.5 ","SICRO3",5914351,"Carga, manobra e descarga de agregados ou solos em caminhão basculante de 14 m³ - carga com carregadeira de 3,40 m³ e descarga livre","t",{"$f":"IFERROR(VLOOKUP(A200,'ANEXO I - MEM. CÁLC'!$A:$O,4,0),0)","v":133.1246498409952},{"$f":"VLOOKUP(C200,'TABELA_CPU ADM-CANTEIRO-SERVICO'!B:K,9,0)","v":2.61},0.22559999999999999,3.19,424.66,3.4893569970332721E-6]
[" 5.3.1.6 ","SICRO3",5901639,"Transporte com caminhão basculante com caçamba estanque com capacidade de 14 m³ - rodovia em leito natural","tkm",{"$f":"IFERROR(VLOOKUP(A201,'ANEXO I - MEM. CÁLC'!$A:$O,4,0),0)","v":782.67176260819929},{"$f":"VLOOKUP(C201,'TABELA_CPU ADM-CANTEIRO-SERVICO'!B:K,9,0)","v":0.87},0.22559999999999999,1.06,829.63,6.816924705526099E-6]
[" 5.3.1.7 ","SICRO3",5914539,"Transporte com caminhão betoneira - rodovia em leito natural","tkm",{"$f":"IFERROR(VLOOKUP(A202,'ANEXO I - MEM. CÁLC'!$A:$O,4,0),0)","v":158.73599999999999},{"$f":"VLOOKUP(C202,'TABELA_CPU ADM-CANTEIRO-SERVICO'!B:K,9,0)","v":0.98},0.22559999999999999,1.2,190.48,{"$f":"J202/$J$1093","v":1.5651408675055283E-6}]
[" 5.3.1.8 ","SICRO3",1106088,"Lançamento mecânico de concreto com bomba rebocável com capacidade de 30 m³/h - confecção em central dosadora de 30 m³/h","m³",{"$f":"IFERROR(VLOOKUP(A203,'ANEXO I - MEM. CÁLC'!$A:$O,4,0),0)","v":66.14},{"$f":"VLOOKUP(C203,'TABELA_CPU ADM-CANTEIRO-SERVICO'!B:K,9,0)","v":57.76},0.22559999999999999,70.790000000000006,4682.05,3.8471586511467131E-5]
[" 5.3.1.9 ","SICRO3",1100657,"Adensamento de concreto por vibrador de imersão","m³",{"$f":"IFERROR(VLOOKUP(A204,'ANEXO I - MEM. CÁLC'!$A:$O,4,0),0)","v":66.14},{"$f":"VLOOKUP(C204,'TABELA_CPU ADM-CANTEIRO-SERVICO'!B:K,9,0)","v":3.32},0.22559999999999999,4.0599999999999996,268.52,2.2063819075104181E-6]
["5.3.1.10","SICRO3",407819,"ARMAÇÃO EM AÇO CA-50 - FORNECIMENTO, PREPARO E COLOCAÇÃO.","KG",{"$f":"IFERROR(VLOOKUP(A205,'ANEXO I - MEM. CÁLC'!$A:$O,4,0),0)","v":7936.8},{"$f":"VLOOKUP(C205,'TABELA_CPU ADM-CANTEIRO-SERVICO'!B:K,9,0)","v":11.88},0.22559999999999999,{"$f":"IFERROR(TRUNC((G205*(1+H205)),2),\"\")","v":14.56},{"$f":"IFERROR(TRUNC((F205*I205),2),\"\")","v":115559.8},9.4953467881544182E-4,null,null,{"$f":"L205-J205","v":-115559.8}]
[" 5.3.1.11 ","SICRO3",3107997,"Fôrmas de compensado resinado 10 mm - uso geral - utilização de 3 vezes - confecção, instalação e retirada","m²",{"$f":"IFERROR(VLOOKUP(A206,'ANEXO I - MEM. CÁLC'!$A:$O,4,0),0)","v":69.042000000000002},{"$f":"VLOOKUP(C206,'TABELA_CPU ADM-CANTEIRO-SERVICO'!B:K,9,0)","v":81.96},0.22559999999999999,100.45,6935.26,5.6985819260690833E-5]
[" 5.3.2 ",null,null,"ESTRUTURA DAS COMPORTAS",{"$nulls":6},0]
[" 5.3.2.1 ","SICRO3",1106382,"Concreto para bombeamento fck = 35 MPa - confecção em central dosadora de 30 m³/h - areia extraída e brita produzida","m³",{"$f":"IFERROR(VLOOKUP(A208,'ANEXO I - MEM. CÁLC'!$A:$O,4,0),0)","v":239.95},{"$f":"VLOOKUP(C208,'TABELA_CPU ADM-CANTEIRO-SERVICO'!B:K,9,0)","v":373.41},{"$f":"$J$3","v":0.22559999999999999},457.65,109813.11,9.0231513150398999E-4]
[" 5.3.2.2 ","SICRO3",1106058,"Concreto magro - confecção em betoneira e lançamento manual - areia extraída e brita produzida","m³",{"$f":"IFERROR(VLOOKUP(A209,'ANEXO I - MEM. CÁLC'!$A:$O,4,0),0)","v":7.7},{"$f":"VLOOKUP(C209,'TABELA_CPU ADM-CANTEIRO-SERVICO'!B:K,9,0)","v":321.32},0.22559999999999999,393.8,3032.26,2.4915550435228441E-5]
[" 5.3.2.3 ","SICRO3",5914657,"Carga, manobra e descarga de blocos de rocha em caminhão basculante de 8 m³ - carga com retroescavadeira de 0,29 m³ e descarga livre","t",{"$f":"IFERROR(VLOOKUP(A210,'ANEXO I - MEM. CÁLC'!$A:$O,4,0),0)","v":145.92667069432849},{"$f":"VLOOKUP(C210,'TABELA_CPU ADM-CANTEIRO-SERVICO'!B:K,9,0)","v":17.600000000000001},0.22559999999999999,21.57,3147.63,2.5863525560617524E-5]
[" 5.3.2.4 ","SICRO3",5914346,"Transporte de material de 3ª categoria com caminhão basculante de 8 m³ para rocha - rodovia em leito natural","tkm",{"$f":"IFERROR(VLOOKUP(A211,'ANEXO I - MEM. CÁLC'!$A:$O,4,0),0)","v":1930.609853285966},{"$f":"VLOOKUP(C211,'TABELA_CPU ADM-CANTEIRO-SERVICO'!B:K,9,0)","v":1.68},0.22559999999999999,2.0499999999999998,3957.75,3.2520140006142402E-5]
[" 5.3.2.5 ","SICRO3",5914351,"Carga, manobra e descarga de agregados ou solos em caminhão basculante de 14 m³ - carga com carregadeira de 3,40 m³ e descarga livre","t",{"$f":"IFERROR(VLOOKUP(A212,'ANEXO I - MEM. CÁLC'!$A:$O,4,0),0)","v":460.25031562679294},{"$f":"VLOOKUP(C212,'TABELA_CPU ADM-CANTEIRO-SERVICO'!B:K,9,0)","v":2.61},0.22559999999999999,3.19,1468.19,1.2063860616668111E-5]
[" 5.3.2.6 ","SICRO3",5901639,"Transporte com caminhão basculante com caçamba estanque com capacidade de 14 m³ - rodovia em leito natural","tkm",{"$f":"IFERROR(VLOOKUP(A213,'ANEXO I - MEM. CÁLC'!$A:$O,4,0),0)","v":2704.3215575253589},{"$f":"VLOOKUP(C213,'TABELA_CPU ADM-CANTEIRO-SERVICO'!B:K,9,0)","v":0.87},0.22559999999999999,1.06,2866.58,2.3554186833126822E-5]
[" 5.3.2.7 ","SICRO3",5914539,"Transporte com caminhão betoneira - rodovia em leito natural","tkm",{"$f":"IFERROR(VLOOKUP(A214,'ANEXO I - MEM. CÁLC'!$A:$O,4,0),0)","v":575.88},{"$f":"VLOOKUP(C214,'TABELA_CPU ADM-CANTEIRO-SERVICO'!B:K,9,0)","v":0.98},0.22559999999999999,1.2,691.05,5.6782370668295634E-6]
[" 5.3.2.8 ","SICRO3",1106088,"Lançamento mecânico de concreto com bomba rebocável com capacidade de 30 m³/h - confecção em central dosadora de 30 m³/h","m³",{"$f":"IFERROR(VLOOKUP(A215,'ANEXO I - MEM. CÁLC'!$A:$O,4,0),0)","v":239.95},{"$f":"VLOOKUP(C215,'TABELA_CPU ADM-CANTEIRO-SERVICO'!B:K,9,0)","v":57.76},0.22559999999999999,70.790000000000006,16986.060000000001,1.3957148616075679E-4]
[" 5.3.2.9 ","SICRO3",1100657,"Adensamento de concreto por vibrador de imersão","m³",{"$f":"IFERROR(VLOOKUP(A216,'ANEXO I - MEM. CÁLC'!$A:$O,4,0),0)","v":239.95},{"$f":"VLOOKUP(C216,'TABELA_CPU ADM-CANTEIRO-SERVICO'!B:K,9,0)","v":3.32},0.22559999999999999,4.0599999999999996,974.19,8.0047489590256761E-6]
["5.3.2.10","SICRO3",407819,"ARMAÇÃO EM AÇO CA-50 - FORNECIMENTO, PREPARO E COLOCAÇÃO.","KG",{"$f":"IFERROR(VLOOKUP(A217,'ANEXO I - MEM. CÁLC'!$A:$O,4,0),0)","v":28794},{"$f":"VLOOKUP(C217,'TABELA_CPU ADM-CANTEIRO-SERVICO'!B:K,9,0)","v":11.88},0.22559999999999999,14.56,419240.64,3.4448270631203953E-3,null,null,{"$f":"L217-J217","v":-419240.64}]
[" 5.3.2.11 ","SICRO3",3107997,"Fôrmas de compensado resinado 10 mm - uso geral - utilização de 3 vezes - confecção, instalação e retirada","m²",{"$f":"IFERROR(VLOOKUP(A218,'ANEXO I - MEM. CÁLC'!$A:$O,4,0),0)","v":379.36500000000001},{"$f":"VLOOKUP(C218,'TABELA_CPU ADM-CANTEIRO-SERVICO'!B:K,9,0)","v":81.96},0.22559999999999999,100.45,38107.21,3.1312028411179828E-4]
[" 5.3.3 ",null,null,"ESTRUTURA DE PASSAGEM DE VEÍCULOS",{"$nulls":6},0]
[" 5.3.3.1 ","SICRO3",1106382,"Concreto para bombeamento fck = 35 MPa - confecção em central dosadora de 30 m³/h - areia extraída e brita produzida","m³",{"$f":"IFERROR(VLOOKUP(A220,'ANEXO I - MEM. CÁLC'!$A:$O,4,0),0)","v":91.789999999999992},{"$f":"VLOOKUP(C220,'TABELA_CPU ADM-CANTEIRO-SERVICO'!B:K,9,0)","v":373.41},{"$f":"$J$3","v":0.22559999999999999},457.65,42007.69,3.4516984653771161E-4]
[" 5.3.3.2 ","SICRO3",1106058,"Concreto magro - confecção em betoneira e lançamento manual - areia extraída e brita produzida","m³",{"$f":"IFERROR(VLOOKUP(A221,'ANEXO I - MEM. CÁLC'!$A:$O,4,0),0)","v":4.22},{"$f":"VLOOKUP(C221,'TABELA_CPU ADM-CANTEIRO-SERVICO'!B:K,9,0)","v":321.32},0.22559999999999999,393.8,1661.83,1.36549666518622E-5]
[" 5.3.3.3 ","SICRO3",5914657,"Carga, manobra e descarga de blocos de rocha em caminhão basculante de 8 m³ - carga com retroescavadeira de 0,29 m³ e descarga livre","t",{"$f":"IFERROR(VLOOKUP(A222,'ANEXO I - MEM. CÁLC'!$A:$O,4,0),0)","v":56.623008401532871},{"$f":"VLOOKUP(C222,'TABELA_CPU ADM-CANTEIRO-SERVICO'!B:K,9,0)","v":17.600000000000001},0.22559999999999999,21.57,1221.3499999999999,1.0035619479881756E-5]
[" 5.3.3.4 ","SICRO3",5914346,"Transporte de material de 3ª categoria com caminhão basculante de 8 m³ para rocha - rodovia em leito natural","tkm",{"$f":"IFERROR(VLOOKUP(A223,'ANEXO I - MEM. CÁLC'!$A:$O,4,0),0)","v":749.12240115227996},{"$f":"VLOOKUP(C223,'TABELA_CPU ADM-CANTEIRO-SERVICO'!B:K,9,0)","v":1.68},0.22559999999999999,2.0499999999999998,1535.7,1.2618578487128517E-5]
[" 5.3.3.5 ","SICRO3",5914351,"Carga, manobra e descarga de agregados ou solos em caminhão basculante de 14 m³ - carga com carregadeira de 3,40 m³ e descarga livre","t",{"$f":"IFERROR(VLOOKUP(A224,'ANEXO I - MEM. CÁLC'!$A:$O,4,0),0)","v":178.61451463961896},{"$f":"VLOOKUP(C224,'TABELA_CPU ADM-CANTEIRO-SERVICO'!B:K,9,0)","v":2.61},0.22559999999999999,3.19,569.78,4.6817826726548713E-6]
[" 5.3.3.6 ","SICRO3",5901639,"Transporte com caminhão basculante com caçamba estanque com capacidade de 14 m³ - rodovia em leito natural","tkm",{"$f":"IFERROR(VLOOKUP(A225,'ANEXO I - MEM. CÁLC'!$A:$O,4,0),0)","v":1049.6851134879239},{"$f":"VLOOKUP(C225,'TABELA_CPU ADM-CANTEIRO-SERVICO'!B:K,9,0)","v":0.87},0.22559999999999999,1.06,1112.6600000000001,9.1425327469482425E-6]
[" 5.3.3.7 ","SICRO3",5914539,"Transporte com caminhão betoneira - rodovia em leito natural","tkm",{"$f":"IFERROR(VLOOKUP(A226,'ANEXO I - MEM. CÁLC'!$A:$O,4,0),0)","v":220.29599999999996},{"$f":"VLOOKUP(C226,'TABELA_CPU ADM-CANTEIRO-SERVICO'!B:K,9,0)","v":0.98},0.22559999999999999,1.2,264.35000000000002,2.1721177463517767E-6]
[" 5.3.3.8 ","SICRO3",1106088,"Lançamento mecânico de concreto com bomba rebocável com capacidade de 30 m³/h - confecção em central dosadora de 30 m³/h","m³",{"$f":"IFERROR(VLOOKUP(A227,'ANEXO I - MEM. CÁLC'!$A:$O,4,0),0)","v":91.789999999999992},{"$f":"VLOOKUP(C227,'TABELA_CPU ADM-CANTEIRO-SERVICO'!B:K,9,0)","v":57.76},0.22559999999999999,70.790000000000006,6497.81,5.3391369069120626E-5]
[" 5.3.3.9 ","SICRO3",1100657,"Adensamento de concreto por vibrador de imersão","m³",{"$f":"IFERROR(VLOOKUP(A228,'ANEXO I - MEM. CÁLC'!$A:$O,4,0),0)","v":91.789999999999992},{"$f":"VLOOKUP(C228,'TABELA_CPU ADM-CANTEIRO-SERVICO'!B:K,9,0)","v":3.32},0.22559999999999999,4.0599999999999996,372.66,3.0620820857024893E-6]
["5.3.3.10","SICRO3",407819,"ARMAÇÃO EM AÇO CA-50 - FORNECIMENTO, PREPARO E COLOCAÇÃO.","KG",{"$f":"IFERROR(VLOOKUP(A229,'ANEXO I - MEM. CÁLC'!$A:$O,4,0),0)","v":11014.8},{"$f":"VLOOKUP(C229,'TABELA_CPU ADM-CANTEIRO-SERVICO'!B:K,9,0)","v":11.88},0.22559999999999999,14.56,160375.48000000001,1.3177772883967635E-3,null,null,{"$f":"L229-J229","v":-160375.48000000001}]
[" 5.3.3.11 ","SICRO3",3107997,"Fôrmas de compensado resinado 10 mm - uso geral - utilização de 3 vezes - confecção, instalação e retirada","m²",{"$f":"IFERROR(VLOOKUP(A230,'ANEXO I - MEM. CÁLC'!$A:$O,4,0),0)","v":233.32400000000001},{"$f":"VLOOKUP(C230,'TABELA_CPU ADM-CANTEIRO-SERVICO'!B:K,9,0)","v":81.96},0.22559999999999999,100.45,23437.39,1.9258093719374942E-4]
[" 5.3.4 ",null,null,"TRANSIÇÃO JUSANTE",{"$nulls":4},0,0,0]
[" 5.3.4.1 ","SICRO3",1106382,"Concreto para bombeamento fck = 35 MPa - confecção em central dosadora de 30 m³/h - areia extraída e brita produzida","m³",{"$f":"IFERROR(VLOOKUP(A232,'ANEXO I - MEM. CÁLC'!$A:$O,4,0),0)","v":111.5},{"$f":"VLOOKUP(C232,'TABELA_CPU ADM-CANTEIRO-SERVICO'!B:K,9,0)","v":373.41},{"$f":"$J$3","v":0.22559999999999999},457.65,51027.97,4.1928791071422762E-4]
[" 5.3.4.2 ","SICRO3",1107889,"Concreto fck = 15 MPa - confecção em betoneira e lançamento manual - areia extraída e brita produzida","m³",{"$f":"IFERROR(VLOOKUP(A233,'ANEXO I - MEM. CÁLC'!$A:$O,4,0),0)","v":59.51},{"$f":"VLOOKUP(C233,'TABELA_CPU ADM-CANTEIRO-SERVICO'!B:K,9,0)","v":307.18},0.22559999999999999,376.47,22403.72,1.8408745147076311E-4]
[" 5.3.4.3 ","SICRO3",1106058,"Concreto magro - confecção em betoneira e lançamento manual - areia extraída e brita produzida","m³",{"$f":"IFERROR(VLOOKUP(A234,'ANEXO I - MEM. CÁLC'!$A:$O,4,0),0)","v":7.3},{"$f":"VLOOKUP(C234,'TABELA_CPU ADM-CANTEIRO-SERVICO'!B:K,9,0)","v":321.32},0.22559999999999999,393.8,2874.74,2.3621236126904884E-5]
[" 5.3.4.4 ","SICRO3",5914657,"Carga, manobra e descarga de blocos de rocha em caminhão basculante de 8 m³ - carga com retroescavadeira de 0,29 m³ e descarga livre","t",{"$f":"IFERROR(VLOOKUP(A235,'ANEXO I - MEM. CÁLC'!$A:$O,4,0),0)","v":107.52625873607529},{"$f":"VLOOKUP(C235,'TABELA_CPU ADM-CANTEIRO-SERVICO'!B:K,9,0)","v":17.600000000000001},0.22559999999999999,21.57,2319.34,1.905761140088341E-5]
[" 5.3.4.5 ","SICRO3",5914346,"Transporte de material de 3ª categoria com caminhão basculante de 8 m³ para rocha - rodovia em leito natural","tkm",{"$f":"IFERROR(VLOOKUP(A236,'ANEXO I - MEM. CÁLC'!$A:$O,4,0),0)","v":1422.5724030782762},{"$f":"VLOOKUP(C236,'TABELA_CPU ADM-CANTEIRO-SERVICO'!B:K,9,0)","v":1.68},0.22559999999999999,2.0499999999999998,2916.27,2.3962480878204256E-5]
[" 5.3.4.6 ","SICRO3",5914351,"Carga, manobra e descarga de agregados ou solos em caminhão basculante de 14 m³ - carga com carregadeira de 3,40 m³ e descarga livre","t",{"$f":"IFERROR(VLOOKUP(A237,'ANEXO I - MEM. CÁLC'!$A:$O,4,0),0)","v":344.97017184169272},{"$f":"VLOOKUP(C237,'TABELA_CPU ADM-CANTEIRO-SERVICO'!B:K,9,0)","v":2.61},0.22559999999999999,3.19,1100.45,9.0422053110376878E-6]
[" 5.3.4.7 ","SICRO3",5901639,"Transporte com caminhão basculante com caçamba estanque com capacidade de 14 m³ - rodovia em leito natural","tkm",{"$f":"IFERROR(VLOOKUP(A238,'ANEXO I - MEM. CÁLC'!$A:$O,4,0),0)","v":2068.5264862083391},{"$f":"VLOOKUP(C238,'TABELA_CPU ADM-CANTEIRO-SERVICO'!B:K,9,0)","v":0.87},0.22559999999999999,1.06,2192.63,1.8016457477523344E-5]
[" 5.3.4.8 ","SICRO3",5914539,"Transporte com caminhão betoneira - rodovia em leito natural","tkm",{"$f":"IFERROR(VLOOKUP(A239,'ANEXO I - MEM. CÁLC'!$A:$O,4,0),0)","v":267.59999999999997},{"$f":"VLOOKUP(C239,'TABELA_CPU ADM-CANTEIRO-SERVICO'!B:K,9,0)","v":0.98},0.22559999999999999,1.2,321.12,2.6385869139719405E-6]
[" 5.3.4.9 ","SICRO3",1106088,"Lançamento mecânico de concreto com bomba rebocável com capacidade de 30 m³/h - confecção em central dosadora de 30 m³/h","m³",{"$f":"IFERROR(VLOOKUP(A240,'ANEXO I - MEM. CÁLC'!$A:$O,4,0),0)","v":111.5},{"$f":"VLOOKUP(C240,'TABELA_CPU ADM-CANTEIRO-SERVICO'!B:K,9,0)","v":57.76},0.22559999999999999,70.790000000000006,7893.08,6.4856058790899494E-5]
[" 5.3.4.10 ","SICRO3",1100657,"Adensamento de concreto por vibrador de imersão","m³",{"$f":"IFERROR(VLOOKUP(A241,'ANEXO I - MEM. CÁLC'!$A:$O,4,0),0)","v":111.5},{"$f":"VLOOKUP(C241,'TABELA_CPU ADM-CANTEIRO-SERVICO'!B:K,9,0)","v":3.32},0.22559999999999999,4.0599999999999996,452.69,3.7196746078909995E-6]
["5.3.4.11","SICRO3",407819,"ARMAÇÃO EM AÇO CA-50 - FORNECIMENTO, PREPARO E COLOCAÇÃO.","KG",{"$f":"IFERROR(VLOOKUP(A242,'ANEXO I - MEM. CÁLC'!$A:$O,4,0),0)","v":13380},{"$f":"VLOOKUP(C242,'TABELA_CPU ADM-CANTEIRO-SERVICO'!B:K,9,0)","v":11.88},0.22559999999999999,14.56,194812.79999999999,1.6007427278096438E-3,null,null,{"$f":"L242-J242","v":-194812.79999999999}]
[" 5.3.4.12 ","SICRO3",3107997,"Fôrmas de compensado resinado 10 mm - uso geral - utilização de 3 vezes - confecção, instalação e retirada","m²",{"$f":"IFERROR(VLOOKUP(A243,'ANEXO I - MEM. CÁLC'!$A:$O,4,0),0)","v":202.21799999999999},{"$f":"VLOOKUP(C243,'TABELA_CPU ADM-CANTEIRO-SERVICO'!B:K,9,0)","v":81.96},0.22559999999999999,100.45,20312.79,1.6690664511790016E-4]
[" 5.3.5 ",null,null,"JUNTA DE DILATAÇÃO",{"$nulls":6},0]
[" 5.3.5.1 ","SBC",160082,"JUNTA DE DILATACAO TIPO FUNGENBAND EM ESTRUTURA","M",{"$f":"IFERROR(VLOOKUP(A245,'ANEXO I - MEM. CÁLC'!$A:$O,4,0),0)","v":66.63},{"$f":"VLOOKUP(C245,'TABELA_CPU ADM-CANTEIRO-SERVICO'!B:K,9,0)","v":103.88},{"$f":"$J$3","v":0.22559999999999999},127.31,8482.66,6.9700534602868769E-5]
[" 5.3.6 ",null,null,"CASA DE CONTROLE",{"$nulls":4},0,0,0]
[" 5.3.6.1 ","SICRO3",1106135,"Concreto fck = 25 MPa - confecção em central dosadora de 30 m³/h - areia extraída e brita produzida","m³",{"$f":"IFERROR(VLOOKUP(A247,'ANEXO I - MEM. CÁLC'!$A:$O,4,0),0)","v":6.52},{"$f":"VLOOKUP(C247,'TABELA_CPU ADM-CANTEIRO-SERVICO'!B:K,9,0)","v":281.93},{"$f":"$J$3","v":0.22559999999999999},345.53,2252.85,1.851127469214526E-5]
[" 5.3.6.2 ","SICRO3",1106058,"Concreto magro - confecção em betoneira e lançamento manual - areia extraída e brita produzida","m³",{"$f":"IFERROR(VLOOKUP(A248,'ANEXO I - MEM. CÁLC'!$A:$O,4,0),0)","v":1},{"$f":"VLOOKUP(C248,'TABELA_CPU ADM-CANTEIRO-SERVICO'!B:K,9,0)","v":321.32},0.22559999999999999,393.8,393.8,3.2357857708088884E-6]
[" 5.3.6.3 ","SICRO3",5914657,"Carga, manobra e descarga de blocos de rocha em caminhão basculante de 8 m³ - carga com retroescavadeira de 0,29 m³ e descarga livre","t",{"$f":"IFERROR(VLOOKUP(A249,'ANEXO I - MEM. CÁLC'!$A:$O,4,0),0)","v":4.4618648335116902},{"$f":"VLOOKUP(C249,'TABELA_CPU ADM-CANTEIRO-SERVICO'!B:K,9,0)","v":17.600000000000001},0.22559999999999999,21.57,96.24,7.9078725897066371E-7]
[" 5.3.6.4 ","SICRO3",5914346,"Transporte de material de 3ª categoria com caminhão basculante de 8 m³ para rocha - rodovia em leito natural","tkm",{"$f":"IFERROR(VLOOKUP(A250,'ANEXO I - MEM. CÁLC'!$A:$O,4,0),0)","v":59.030471747359663},{"$f":"VLOOKUP(C250,'TABELA_CPU ADM-CANTEIRO-SERVICO'!B:K,9,0)","v":1.68},0.22559999999999999,2.0499999999999998,121.01,9.9431801961803864E-7]
[" 5.3.6.5 ","SICRO3",5914351,"Carga, manobra e descarga de agregados ou solos em caminhão basculante de 14 m³ - carga com carregadeira de 3,40 m³ e descarga livre","t",{"$f":"IFERROR(VLOOKUP(A251,'ANEXO I - MEM. CÁLC'!$A:$O,4,0),0)","v":14.529471141141936},{"$f":"VLOOKUP(C251,'TABELA_CPU ADM-CANTEIRO-SERVICO'!B:K,9,0)","v":2.61},0.22559999999999999,3.19,46.34,3.8076768059747051E-7]
[" 5.3.6.6 ","SICRO3",5901639,"Transporte com caminhão basculante com caçamba estanque com capacidade de 14 m³ - rodovia em leito natural","tkm",{"$f":"IFERROR(VLOOKUP(A252,'ANEXO I - MEM. CÁLC'!$A:$O,4,0),0)","v":88.626237268228394},{"$f":"VLOOKUP(C252,'TABELA_CPU ADM-CANTEIRO-SERVICO'!B:K,9,0)","v":0.87},0.22559999999999999,1.06,93.94,7.7188856096949451E-7]
[" 5.3.6.7 ","SICRO3",5914539,"Transporte com caminhão betoneira - rodovia em leito natural","tkm",{"$f":"IFERROR(VLOOKUP(A253,'ANEXO I - MEM. CÁLC'!$A:$O,4,0),0)","v":15.647999999999998},{"$f":"VLOOKUP(C253,'TABELA_CPU ADM-CANTEIRO-SERVICO'!B:K,9,0)","v":0.98},0.22559999999999999,1.2,18.77,1.5422980933997671E-7]
[" 5.3.6.8 ","SICRO3",1106088,"Lançamento mecânico de concreto com bomba rebocável com capacidade de 30 m³/h - confecção em central dosadora de 30 m³/h","m³",{"$f":"IFERROR(VLOOKUP(A254,'ANEXO I - MEM. CÁLC'!$A:$O,4,0),0)","v":6.52},{"$f":"VLOOKUP(C254,'TABELA_CPU ADM-CANTEIRO-SERVICO'!B:K,9,0)","v":57.76},0.22559999999999999,70.790000000000006,461.55,3.7924756793215905E-6]
[" 5.3.6.9 ","SICRO3",1100657,"Adensamento de concreto por vibrador de imersão","m³",{"$f":"IFERROR(VLOOKUP(A255,'ANEXO I - MEM. CÁLC'!$A:$O,4,0),0)","v":6.52},{"$f":"VLOOKUP(C255,'TABELA_CPU ADM-CANTEIRO-SERVICO'!B:K,9,0)","v":3.32},0.22559999999999999,4.0599999999999996,26.47,2.1749936351780413E-7]
["5.3.6.10","SICRO3",407819,"ARMAÇÃO EM AÇO CA-50 - FORNECIMENTO, PREPARO E COLOCAÇÃO.","KG",{"$f":"IFERROR(VLOOKUP(A256,'ANEXO I - MEM. CÁLC'!$A:$O,4,0),0)","v":176.04},{"$f":"VLOOKUP(C256,'TABELA_CPU ADM-CANTEIRO-SERVICO'!B:K,9,0)","v":11.88},0.22559999999999999,14.56,2563.14,2.1060873389007348E-5,null,null,{"$f":"L256-J256","v":-2563.14}]
[" 5.3.6.11 ","SICRO3",3107997,"Fôrmas de compensado resinado 10 mm - uso geral - utilização de 3 vezes - confecção, instalação e retirada","m²",{"$f":"IFERROR(VLOOKUP(A257,'ANEXO I - MEM. CÁLC'!$A:$O,4,0),0)","v":28.299999999999997},{"$f":"VLOOKUP(C257,'TABELA_CPU ADM-CANTEIRO-SERVICO'!B:K,9,0)","v":81.96},0.22559999999999999,100.45,2842.73,2.3358215551679915E-5]
[" 5.5 ",null,null,"EQUIPAMENTOS HIDROMECÂNICOS E ELÉTRICOS",{"$nulls":5},{"$f":"SUM(J260:J450)","v":2664710.3900000015},2.1895459530951265E-2]
[" 5.5.1 ",null,null,"HIDROMECÂNICO",{"$nulls":6},0]
[" 5.5.1.1 ",null,null,"FORNECIMENTO DE MATERIAIS E EQUIPAMENTOS",{"$nulls":6},0]
["5.5.1.1.1","PRÓPRIO"," COT.NETS-02","COMPORTA SEGMENTO, COM DIMENSÕES DE 4760 x 5250mm, COMPLETA, COM TABULEIRO, BRAÇO E TERMINAL, MANCAL DE ARTICULAÇÃO, SUPORTE DO CILINDRO, CILNDRO HIDRAULICO, DISPOSITIVO DE CALAGEM,  COM AS RESPECTIVAS  GUIAS, PEÇAS DE SEGUNDA CONCRETAGEM PARA GUIAMENTO, DESLIZAMENTO, APOIO E VEDAÇÃO, UNIDADE HIDRAULICA DE ACIONAMENTO, COMPLETA, COM TODO SISTEMA DE INTERLIGAÇÃO, SERVO MOTOR, CILINDRO HIDRÁULICO, INDICADOR DE POSIÇÃO, VEDAÇÕES E TUBULAÇÕES,  COM TODOS OS PINOS, PARAFUSOS, PORCAS E ARRUELAS, NECESSARIOS À MONTAGEM DOS EQUIPAMENTOS NA OBRA.","UN",{"$f":"IFERROR(VLOOKUP(A261,'ANEXO I - MEM. CÁLC'!$A:$O,4,0),0)","v":2},{"$f":"VLOOKUP(C261,'ANEXO II - MAPA DE COTAÇÃO'!A:I,9,0)","v":552573.5},{"$f":"$J$4","v":0.14015},630016.67000000004,1260033.3400000001,1.0353473723506344E-2,null,null,{"$f":"L261-J261","v":-1260033.3400000001}]
["5.5.1.1.2","PRÓPRIO"," COT.NETS-03","CONJUNTO COMPLETO DE COMPORTA ENSECADEIRA, CONSTITUÍDO DE 2 PAINÉIS, FABRICADOS EM AÇO CARBONO ASTM A 36, COM VÁLVULA \"BY PASS\", CADA PAINEL COM LARGURA ENTRE PATINS DE DESLIZAMENTO DE 5110mm E ALTURA DE 2050 mm, COM AS RESPECTIVAS PEÇAS FIXAS DE 2ª CONCRETAGEM PARA GUIAMENTO, DESLIZAMENTO, APOIO E VEDAÇÃO, DISPOSITIVOS DE CALAGEM, CAVALETE DE ESTOCAGEM PARA APOIO DOS PAINEIS DE COMPORTA E COM TODOS OS PINOS, PARAFUSOS, PORCAS E ARRUELAS, NECESSARIOS À MONTAGEM DOS EQUIPAMENTOS NA OBRA.","UN",{"$f":"IFERROR(VLOOKUP(A262,'ANEXO I - MEM. CÁLC'!$A:$O,4,0),0)","v":2},{"$f":"VLOOKUP(C262,'ANEXO II - MAPA DE COTAÇÃO'!A:I,9,0)","v":379978.685},{"$f":"$J$4","v":0.14015},433232.69,866465.38,7.1195945848210162E-3,null,null,-866465.38]
["5.5.1.1.3","PRÓPRIO"," COT.NETS-04","MEDIDOR DE NÍVEL ULTRASSÔNICO MICRO PROCESSADO (COMPOSTO DE SENSOR E TRANSMISSOR DE NÍVEL COM SAÍDA DE 4 A 20 MA), TENSÃO DE ALIMENTAÇÃO 24Vcc, COM RANGE MÍNIMO DE LEITURA DE 10M, COM COMPRIMENTO DO CABO DE SINAL ENTRE O SENSOR E CONTROLADOR DE 15M.","UN",{"$f":"IFERROR(VLOOKUP(A263,'ANEXO I - MEM. CÁLC'!$A:$O,4,0),0)","v":2},{"$f":"VLOOKUP(C263,'ANEXO II - MAPA DE COTAÇÃO'!A:I,9,0)","v":6703.74},{"$f":"$J$4","v":0.14015},7643.26,15286.52,1.256066630299276E-4,null,null,-15286.52]
["5.5.1.1.4","SINAPI",99837,"GUARDA-CORPO DE AÇO GALVANIZADO DE 1,10M, MONTANTES TUBULARES DE 1.1/4\u0094 ESPAÇADOS DE 1,20M, TRAVESSA SUPERIOR DE 1.1/2\u0094, GRADIL FORMADO POR TUBOS HORIZONTAIS DE 1\u0094 E VERTICAIS DE 3/4\u0094, FIXADO COM CHUMBADOR MECÂNICO. AF_04/2019_PS","M",{"$f":"IFERROR(VLOOKUP(A264,'ANEXO I - MEM. CÁLC'!$A:$O,4,0),0)","v":60},{"$f":"VLOOKUP(C264,'TABELA_CPU ADM-CANTEIRO-SERVICO'!B:K,9,0)","v":647.17999999999995},{"$f":"$J$3","v":0.22559999999999999},793.18,47590.8,3.910452855800194E-4,null,null,-47590.8]
["5.5.1.1.5","PRÓPRIO"," COT.NETS-05","VIGA PESCADORA COMPLETA, EM AÇO CARBONO ASTM A36, COM DISTÂNCIA ENTRE RODAS DE 5110mm, COM CAVALETE DE ESTOCAGEM PARA APOIO.","UN",{"$f":"IFERROR(VLOOKUP(A265,'ANEXO I - MEM. CÁLC'!$A:$O,4,0),0)","v":1},{"$f":"VLOOKUP(C265,'ANEXO II - MAPA DE COTAÇÃO'!A:I,9,0)","v":42725.966666666667},{"$f":"$J$4","v":0.14015},48714.01,48714.01,4.0027450583301647E-4,null,null,-48714.01]
["5.5.1.1.6","PRÓPRIO"," COT.NETS-06","MEDIDOR DE VAZÃO DOPPLER PARA CANAL ABERTO IP68, CATEGORIA DE MEDIÇÃO: VELOCIDADE, VAZÃO, PROFUNDIDADE E TEMPERATURA, FAIXA DE MEDIÇÃO 0,04 A 5,00m/s COM RANGE DE VAZÃO 10L/s A 50m³/s TENSÃO DE ALIMENTAÇÃO 24Vcc, SAÍDA DE SINAL 4 - 20mA, COMPRIMENTO DO CABO ATÉ O TRANSMISSOR 20m, INCLUSOS: SENSOR, TRANSMISSOR E FONTE DE ALIMENTAÇÃO.","UN",{"$f":"IFERROR(VLOOKUP(A266,'ANEXO I - MEM. CÁLC'!$A:$O,4,0),0)","v":1},{"$f":"VLOOKUP(C266,'ANEXO II - MAPA DE COTAÇÃO'!A:I,9,0)","v":65667},0.14015,74870.23,74870.23,{"$f":"J266/$J$1093","v":6.1519559393394805E-4},null,null,-74870.23]
[" 5.5.1.2 ",null,null,"MONTAGEM DE MATERIAIS E EQUIPAMENTOS",null,{"$f":"IFERROR(VLOOKUP(A267,'ANEXO I - MEM. CÁLC'!$A:$O,4,0),0)","v":0},null,null,0,0,0]
["5.5.1.2.1","PRÓPRIO","COMP-0042","MONTAGEM E INSTALAÇÃO DE COMPORTAS E GUIAS EM AÇO ASTM A36 DE 25,00M² (4760 x 5250mm)","UN",{"$f":"IFERROR(VLOOKUP(A268,'ANEXO I - MEM. CÁLC'!$A:$O,4,0),0)","v":2},18012.849999999999,{"$f":"$J$3","v":0.22559999999999999},22076.54,44153.08,3.6279814119194139E-4,null,null,{"$f":"L268-J268","v":-44153.08}]
["5.5.1.2.2","PRÓPRIO","COMP-0041","MONTAGEM E INSTALAÇÃO DE COMPORTAS E GUIAS EM AÇO ASTM A36 DE 10,47M² (2050 x 5110mm)","UN",{"$f":"IFERROR(VLOOKUP(A269,'ANEXO I - MEM. CÁLC'!$A:$O,4,0),0)","v":4},7690.65,0.22559999999999999,{"$f":"IFERROR(TRUNC((G269*(1+H269)),2),\"\")","v":9425.66},{"$f":"IFERROR(TRUNC((F269*I269),2),\"\")","v":37702.639999999999},3.0979600313339262E-4,null,null,-37702.639999999999]
["5.5.1.2.3","PRÓPRIO","COMP-0027","MONTAGEM E INSTALAÇÃO DE VIGA PESCADORA EM AÇO ASTM A36","KG",{"$f":"IFERROR(VLOOKUP(A270,'ANEXO I - MEM. CÁLC'!$A:$O,4,0),0)","v":594.79999999999995},6.54,0.22559999999999999,8.01,4764.34,3.9147749058648092E-5,null,null,-4764.34]
[" 5.5.1.2.4 ","SICRO3",2408149,"Estrutura em perfil de aço ASTM A36 corte, solda e montagem - fornecimento e instalação","kg",{"$f":"IFERROR(VLOOKUP(A271,'ANEXO I - MEM. CÁLC'!$A:$O,4,0),0)","v":1554.3999999999996},{"$f":"VLOOKUP(C271,'TABELA_CPU ADM-CANTEIRO-SERVICO'!B:K,9,0)","v":15.62},0.22559999999999999,19.14,29751.21,2.4446049259102868E-4]
[" 5.5.2 ",null,null,"ELÉTRICO",{"$nulls":6},0]
[" 5.5.2.1 ",null,null,"SUBESTAÇÃO AÉREA 45KVA - RC-500",{"$nulls":6},0]
[" 5.5.2.1.1 ",null,null,"TRANSFORMADOR",{"$nulls":6},0]
[" 5.5.2.1.1.1 ","SINAPI",102103,"TRANSFORMADOR DE DISTRIBUIÇÃO, 45 KVA, TRIFÁSICO, 60 HZ, CLASSE 15 KV, IMERSO EM ÓLEO MINERAL, INSTALAÇÃO EM POSTE (NÃO INCLUSO SUPORTE) - FORNECIMENTO E INSTALAÇÃO. AF_12/2020","UN",{"$f":"IFERROR(VLOOKUP(A275,'ANEXO I - MEM. CÁLC'!$A:$O,4,0),0)","v":1},{"$f":"VLOOKUP(C275,'TABELA_CPU ADM-CANTEIRO-SERVICO'!B:K,9,0)","v":12850.05},{"$f":"$J$3","v":0.22559999999999999},15749.02,15749.02,1.2940694469320619E-4]
[" 5.5.2.1.2 ",null,null,"ESTRUTURA DE APOIO",{"$nulls":6},0]
[" 5.5.2.1.2.1 ","SINAPI",41204,"POSTE DE CONCRETO ARMADO DE SECAO DUPLO T, EXTENSAO DE 11,00 M, RESISTENCIA DE 600 DAN, TIPO B","UN",{"$f":"IFERROR(VLOOKUP(A277,'ANEXO I - MEM. CÁLC'!$A:$O,4,0),0)","v":1},{"$f":"VLOOKUP(C277,'TABELA_CPU ADM-CANTEIRO-SERVICO'!B:K,9,0)","v":2062.8200000000002},{"$f":"$J$4","v":0.14015},2351.92,2351.92,1.9325315566482581E-5]
[" 5.5.2.1.2.2 ","SINAPI",100612,"ASSENTAMENTO DE POSTE DE CONCRETO COM COMPRIMENTO NOMINAL DE 11 M, CARGA NOMINAL DE 600 DAN, ENGASTAMENTO BASE CONCRETADA COM 1 M DE CONCRETO E 0,7 M DE SOLO (NÃO INCLUI FORNECIMENTO). AF_11/2019","UN",{"$f":"IFERROR(VLOOKUP(A278,'ANEXO I - MEM. CÁLC'!$A:$O,4,0),0)","v":1},{"$f":"VLOOKUP(C278,'TABELA_CPU ADM-CANTEIRO-SERVICO'!B:K,9,0)","v":1133},{"$f":"$J$3","v":0.22559999999999999},1388.6,1388.6,1.1409883497575475E-5]
[" 5.5.2.1.2.3 ","SINAPI",101009,"CARGA, MANOBRA E DESCARGA DE POSTE DE CONCRETO EM CAMINHÃO CARROCERIA COM GUINDAUTO (MUNCK) 11,7 TM. AF_07/2020","T",{"$f":"IFERROR(VLOOKUP(A279,'ANEXO I - MEM. CÁLC'!$A:$O,4,0),0)","v":1.05},{"$f":"VLOOKUP(C279,'TABELA_CPU ADM-CANTEIRO-SERVICO'!B:K,9,0)","v":43.92},0.22559999999999999,53.82,56.51,4.6433279306351005E-7]
[" 5.5.2.1.2.4 ","ORSE",2864,"Fornecimento de cruzeta de concreto tipo \"t\"  1900mm","un",{"$f":"IFERROR(VLOOKUP(A280,'ANEXO I - MEM. CÁLC'!$A:$O,4,0),0)","v":4},{"$f":"VLOOKUP(C280,'TABELA_CPU ADM-CANTEIRO-SERVICO'!B:K,9,0)","v":284},0.22559999999999999,348.07,1392.28,1.1440121414377345E-5]
[" 5.5.2.1.2.5 ","ORSE",2917,"Fornecimento de parafuso cabeça quadrada 16 x 400mm","un",{"$f":"IFERROR(VLOOKUP(A281,'ANEXO I - MEM. CÁLC'!$A:$O,4,0),0)","v":8},{"$f":"VLOOKUP(C281,'TABELA_CPU ADM-CANTEIRO-SERVICO'!B:K,9,0)","v":19.7},0.22559999999999999,24.14,193.12,1.5868332860807835E-6]
[" 5.5.2.1.2.6 ","AGETOP CIVIL",70250,"ARRUELA QUADRADA EM ACO GALVANIZADO 3X38X38MM FURO 18MM","Un",{"$f":"IFERROR(VLOOKUP(A282,'ANEXO I - MEM. CÁLC'!$A:$O,4,0),0)","v":8},{"$f":"VLOOKUP(C282,'TABELA_CPU ADM-CANTEIRO-SERVICO'!B:K,9,0)","v":1.21},0.22559999999999999,1.48,11.84,9.7287210579932036E-8]
[" 5.5.2.1.2.7 ","AGETOP CIVIL",71980,"PORCA QUADRADA DE ACO GALVANIZADO 16 X 2","Un",{"$f":"IFERROR(VLOOKUP(A283,'ANEXO I - MEM. CÁLC'!$A:$O,4,0),0)","v":8},{"$f":"VLOOKUP(C283,'TABELA_CPU ADM-CANTEIRO-SERVICO'!B:K,9,0)","v":1.6},0.22559999999999999,1.96,15.68,1.2883981941666674E-7]
[" 5.5.2.1.2.8 ","AGESUL",1201008134,"GANCHO OLHAL EM ACO GALVANIZADO, ESPESSURA 16MM, ABERTURA 21MM","UN",{"$f":"IFERROR(VLOOKUP(A284,'ANEXO I - MEM. CÁLC'!$A:$O,4,0),0)","v":3},{"$f":"VLOOKUP(C284,'TABELA_CPU ADM-CANTEIRO-SERVICO'!B:K,9,0)","v":21.99},0.22559999999999999,26.95,80.849999999999994,6.6433031886718789E-7]
[" 5.5.2.1.2.9 ","ORSE",4135,"Gancho suspensão com olhal, fornecimento","un",{"$f":"IFERROR(VLOOKUP(A285,'ANEXO I - MEM. CÁLC'!$A:$O,4,0),0)","v":3},{"$f":"VLOOKUP(C285,'TABELA_CPU ADM-CANTEIRO-SERVICO'!B:K,9,0)","v":11.93},0.22559999999999999,14.62,43.86,3.6038995405707933E-7]
[" 5.5.2.1.2.10 ","AGETOP CIVIL",71750,"MANILHA-SAPATILHA EM AÇO GALVANIZADO","un",{"$f":"IFERROR(VLOOKUP(A286,'ANEXO I - MEM. CÁLC'!$A:$O,4,0),0)","v":3},{"$f":"VLOOKUP(C286,'TABELA_CPU ADM-CANTEIRO-SERVICO'!B:K,9,0)","v":34.92},0.22559999999999999,42.79,128.37,1.05479385322178E-6]
[" 5.5.2.1.2.11 ","CAEMA",170497,"EXECUÇÃO MURETA EM ALVENARIA DE BLOCO DE CONCRETO, PARA A INSTALAÇÃO DE QUADRO DE MEDIÇÃO TRIFÁSICO PADRÃO CEMAR, NAS DIMENSÕES 2,10 X 2,05 X 0,40M MONTAGEM E INSTALAÇÃO","UN",{"$f":"IFERROR(VLOOKUP(A287,'ANEXO I - MEM. CÁLC'!$A:$O,4,0),0)","v":1},{"$f":"VLOOKUP(C287,'TABELA_CPU ADM-CANTEIRO-SERVICO'!B:K,9,0)","v":774.31},0.22559999999999999,948.99,948.99,7.7976849635346037E-6]
[" 5.5.2.1.3 ",null,null,"CABOS",{"$nulls":4},0,0,0]
[" 5.5.2.1.3.1 ","AGETOP CIVIL",70543,"CABO DE COBRE NU 35 MM2","M",{"$f":"IFERROR(VLOOKUP(A289,'ANEXO I - MEM. CÁLC'!$A:$O,4,0),0)","v":12},{"$f":"VLOOKUP(C289,'TABELA_CPU ADM-CANTEIRO-SERVICO'!B:K,9,0)","v":38.74},{"$f":"$J$3","v":0.22559999999999999},47.47,569.64,4.6806323171243656E-6]
[" 5.5.2.1.3.2 ","SINAPI",92984,"CABO DE COBRE FLEXÍVEL ISOLADO, 25 MM², ANTI-CHAMA 0,6/1,0 KV, PARA REDE ENTERRADA DE DISTRIBUIÇÃO DE ENERGIA ELÉTRICA - FORNECIMENTO E INSTALAÇÃO. AF_12/2021","M",{"$f":"IFERROR(VLOOKUP(A290,'ANEXO I - MEM. CÁLC'!$A:$O,4,0),0)","v":89},{"$f":"VLOOKUP(C290,'TABELA_CPU ADM-CANTEIRO-SERVICO'!B:K,9,0)","v":26.86},0.22559999999999999,32.909999999999997,2928.99,2.406699889497594E-5]
[" 5.5.2.1.4 ",null,null,"ELETRODUTOS E CONEXÕES",{"$nulls":6},0]
[" 5.5.2.1.4.1 ","SINAPI",21128,"ELETRODUTO EM ACO GALVANIZADO ELETROLITICO, LEVE, DIAMETRO 3/4\", PAREDE DE 0,90 MM","M",{"$f":"IFERROR(VLOOKUP(A292,'ANEXO I - MEM. CÁLC'!$A:$O,4,0),0)","v":18},{"$f":"VLOOKUP(C292,'TABELA_CPU ADM-CANTEIRO-SERVICO'!B:K,9,0)","v":7.92},{"$f":"$J$4","v":0.14015},9.02,162.36000000000001,1.3340837423781898E-6]
["5.5.2.1.4.2","SINAPI",21135,"ELETRODUTO EM ACO GALVANIZADO ELETROLITICO, SEMI-PESADO, DIAMETRO 1 1/4\", PAREDE DE 1,20 MM","M",{"$f":"IFERROR(VLOOKUP(A293,'ANEXO I - MEM. CÁLC'!$A:$O,4,0),0)","v":13},{"$f":"VLOOKUP(C293,'TABELA_CPU ADM-CANTEIRO-SERVICO'!B:K,9,0)","v":19.690000000000001},0.14015,22.44,291.72000000000003,2.3970122525656906E-6,null,null,{"$f":"L293-J293","v":-291.72000000000003}]
[" 5.5.2.1.4.3 ","SINAPI",39247,"ELETRODUTO/DUTO PEAD FLEXIVEL PAREDE SIMPLES, CORRUGACAO HELICOIDAL, COR PRETA, SEM ROSCA, DE 1 1/4\", CRC 680 N, PARA CABEAMENTO SUBTERRANEO (NBR 15715)","M",{"$f":"IFERROR(VLOOKUP(A294,'ANEXO I - MEM. CÁLC'!$A:$O,4,0),0)","v":5},{"$f":"VLOOKUP(C294,'TABELA_CPU ADM-CANTEIRO-SERVICO'!B:K,9,0)","v":4.47},0.14015,5.09,25.45,2.0911820179554647E-7]
[" 5.5.2.1.4.4 ","ORSE",7893,"Cabeçote de alumínio de 1 1/4\"","un",{"$f":"IFERROR(VLOOKUP(A295,'ANEXO I - MEM. CÁLC'!$A:$O,4,0),0)","v":1},{"$f":"VLOOKUP(C295,'TABELA_CPU ADM-CANTEIRO-SERVICO'!B:K,9,0)","v":13.79},{"$f":"$J$3","v":0.22559999999999999},16.899999999999999,16.899999999999999,1.3886434618250434E-7]
[" 5.5.2.1.4.5 ","AGETOP CIVIL",71153,"CURVA DE 90 GRAUS AÇO GALVANIZADO DIAM.1.1/4\"","Un",{"$f":"IFERROR(VLOOKUP(A296,'ANEXO I - MEM. CÁLC'!$A:$O,4,0),0)","v":4},{"$f":"VLOOKUP(C296,'TABELA_CPU ADM-CANTEIRO-SERVICO'!B:K,9,0)","v":32.130000000000003},0.22559999999999999,39.369999999999997,157.47999999999999,1.2939856353148393E-6]
[" 5.5.2.1.4.6 ","AGETOP CIVIL",71151,"CURVA DE 90 GRAUS AÇO GALVANIZADO DIAM.3/4\"","Un",{"$f":"IFERROR(VLOOKUP(A297,'ANEXO I - MEM. CÁLC'!$A:$O,4,0),0)","v":3},{"$f":"VLOOKUP(C297,'TABELA_CPU ADM-CANTEIRO-SERVICO'!B:K,9,0)","v":12.26},0.22559999999999999,15.02,45.06,3.7025014431855894E-7]
[" 5.5.2.1.4.7 ","AGETOP CIVIL",71703,"LUVA EM AÇO GALVANIZADO DIÂMETRO 1.1/4\"","Un",{"$f":"IFERROR(VLOOKUP(A298,'ANEXO I - MEM. CÁLC'!$A:$O,4,0),0)","v":14},{"$f":"VLOOKUP(C298,'TABELA_CPU ADM-CANTEIRO-SERVICO'!B:K,9,0)","v":8.44},0.22559999999999999,10.34,144.76,1.1894676185431555E-6]
[" 5.5.2.1.4.8 ","AGETOP CIVIL",71701,"LUVA EM AÇO GALVANIZADO DIÂMETRO 3/4\"","Un",{"$f":"IFERROR(VLOOKUP(A299,'ANEXO I - MEM. CÁLC'!$A:$O,4,0),0)","v":10},{"$f":"VLOOKUP(C299,'TABELA_CPU ADM-CANTEIRO-SERVICO'!B:K,9,0)","v":4.97},0.22559999999999999,6.09,60.9,5.0040465577008959E-7]
[" 5.5.2.1.5 ",null,null,"EQUIPAMENTOS E ACESSÓRIOS",{"$nulls":6},0]
[" 5.5.2.1.5.1 ","AGETOP CIVIL",71833,"PARA RAIOS DISTRIBUIDOR POLIMÉRICO ÓXIDO DE ZINCO S/CENTELHADOR C/ DESLIGAMENTO AUTOMÁTICO 15KV,10KA","Un",{"$f":"IFERROR(VLOOKUP(A301,'ANEXO I - MEM. CÁLC'!$A:$O,4,0),0)","v":3},{"$f":"VLOOKUP(C301,'TABELA_CPU ADM-CANTEIRO-SERVICO'!B:K,9,0)","v":260.70999999999998},{"$f":"$J$3","v":0.22559999999999999},319.52,958.56,7.8763199808699023E-6]
[" 5.5.2.1.5.2 ","AGESUL",1201008133,"ISOLADOR SUSPENSAO POLIMERICO, CLASSE 15 KV","UN",{"$f":"IFERROR(VLOOKUP(A302,'ANEXO I - MEM. CÁLC'!$A:$O,4,0),0)","v":3},{"$f":"VLOOKUP(C302,'TABELA_CPU ADM-CANTEIRO-SERVICO'!B:K,9,0)","v":91.23},0.22559999999999999,111.81,335.43,2.7561696828400846E-6]
[" 5.5.2.1.5.3 ","SINAPI",101546,"ISOLADOR, TIPO PINO, PARA TENSÃO 15 KV - FORNECIMENTO E INSTALAÇÃO. AF_07/2020","UN",{"$f":"IFERROR(VLOOKUP(A303,'ANEXO I - MEM. CÁLC'!$A:$O,4,0),0)","v":3},{"$f":"VLOOKUP(C303,'TABELA_CPU ADM-CANTEIRO-SERVICO'!B:K,9,0)","v":26.34},0.22559999999999999,32.28,96.84,7.9571735410140363E-7]
[" 5.5.2.1.5.4 ","SINAPI",11927,"ABRACADEIRA, GALVANIZADA/ZINCADA, ROSCA SEM FIM, PARAFUSO INOX, LARGURA FITA *12,6 A *14 MM, D = 2\" A 2 1/2\"","UN",{"$f":"IFERROR(VLOOKUP(A304,'ANEXO I - MEM. CÁLC'!$A:$O,4,0),0)","v":3},{"$f":"VLOOKUP(C304,'TABELA_CPU ADM-CANTEIRO-SERVICO'!B:K,9,0)","v":8.9499999999999993},{"$f":"$J$4","v":0.14015},10.199999999999999,30.6,2.5143485166772977E-7]
["5.5.2.1.5.5","SBC",78037,"CONECTOR PARALELO EM BRONZE PARA CABO DE COBRE BITOLA 16 À 50MM2","UN",{"$f":"IFERROR(VLOOKUP(A305,'ANEXO I - MEM. CÁLC'!$A:$O,4,0),0)","v":3},{"$f":"VLOOKUP(C305,'TABELA_CPU ADM-CANTEIRO-SERVICO'!B:K,9,0)","v":36.28},0.22559999999999999,44.46,133.38,1.0959601475634573E-6,null,null,{"$f":"L305-J305","v":-133.38}]
[" 5.5.2.1.5.6 ","AGESUL",1201008444,"GRAMPO DE ANCORAGEM DIELETRICO 16-50MM","UN",{"$f":"IFERROR(VLOOKUP(A306,'ANEXO I - MEM. CÁLC'!$A:$O,4,0),0)","v":3},{"$f":"VLOOKUP(C306,'TABELA_CPU ADM-CANTEIRO-SERVICO'!B:K,9,0)","v":63.38},0.22559999999999999,77.67,233.01,1.9146024440228011E-6]
[" 5.5.2.1.5.7 ","EMBASA"," M109600108 ","CONECTOR TIPO CUNHA COBRE 35mm=CA-2","PC",{"$f":"IFERROR(VLOOKUP(A307,'ANEXO I - MEM. CÁLC'!$A:$O,4,0),0)","v":3},{"$f":"VLOOKUP(C307,'TABELA_CPU ADM-CANTEIRO-SERVICO'!B:K,9,0)","v":15.68},{"$f":"$J$4","v":0.14015},17.87,53.61,4.4050399993160104E-7]
[" 5.5.2.1.5.8 ","FDE"," 09.80.029 ","CHAVE FUSIVEL INDIC 'MATHEUS' P/100 A/15 KV RUPTURA 1200A POSTE/ESTAL","UN",{"$f":"IFERROR(VLOOKUP(A308,'ANEXO I - MEM. CÁLC'!$A:$O,4,0),0)","v":3},{"$f":"VLOOKUP(C308,'TABELA_CPU ADM-CANTEIRO-SERVICO'!B:K,9,0)","v":410.93},0.22559999999999999,503.63,1510.89,1.2414719053472426E-5]
[" 5.5.2.1.5.9 ","SINAPI",102110,"SUPORTE PARA TRANSFORMADOR EM POSTE DE CONCRETO DUPLO T - FORNECIMENTO E INSTALAÇÃO. AF_12/2020","UN",{"$f":"IFERROR(VLOOKUP(A309,'ANEXO I - MEM. CÁLC'!$A:$O,4,0),0)","v":2},{"$f":"VLOOKUP(C309,'TABELA_CPU ADM-CANTEIRO-SERVICO'!B:K,9,0)","v":278.29000000000002},0.22559999999999999,341.07,682.14,5.6050251541380775E-6]
[" 5.5.2.1.6 ",null,null,"ATERRAMENTO DA SUBESTAÇÃO",{"$nulls":6},0]
[" 5.5.2.1.6.1 ","AGETOP CIVIL",70544,"CABO DE COBRE NU 50 MM2","M",{"$f":"IFERROR(VLOOKUP(A311,'ANEXO I - MEM. CÁLC'!$A:$O,4,0),0)","v":40},{"$f":"VLOOKUP(C311,'TABELA_CPU ADM-CANTEIRO-SERVICO'!B:K,9,0)","v":45.24},{"$f":"$J$3","v":0.22559999999999999},55.44,2217.6,1.8221631603214297E-5]
[" 5.5.2.1.6.2 ","SINAPI",98111,"CAIXA DE INSPEÇÃO PARA ATERRAMENTO, CIRCULAR, EM POLIETILENO, DIÂMETRO INTERNO = 0,3 M. AF_12/2020","UN",{"$f":"IFERROR(VLOOKUP(A312,'ANEXO I - MEM. CÁLC'!$A:$O,4,0),0)","v":4},{"$f":"VLOOKUP(C312,'TABELA_CPU ADM-CANTEIRO-SERVICO'!B:K,9,0)","v":43.34},0.22559999999999999,53.11,212.44,1.7455823492906048E-6]
["5.5.2.1.6.3","SBC",59230,"HASTE DE ATERRAMENTO TIPO COPPERWELD, ALTA CAMADA, 5/8\"X2,40M","UN",{"$f":"IFERROR(VLOOKUP(A313,'ANEXO I - MEM. CÁLC'!$A:$O,4,0),0)","v":4},{"$f":"VLOOKUP(C313,'TABELA_CPU ADM-CANTEIRO-SERVICO'!B:K,9,0)","v":126.45},0.22559999999999999,154.97,619.88,5.0934456160716443E-6,null,null,{"$f":"L313-J313","v":-619.88}]
[" 5.5.2.1.6.4 ","SUDECAP"," 11.92.04 ","MOLDE P/ SOLDA EXOTERMICA HCL 5/8\".50-5","UN",{"$f":"IFERROR(VLOOKUP(A314,'ANEXO I - MEM. CÁLC'!$A:$O,4,0),0)","v":1},{"$f":"VLOOKUP(C314,'TABELA_CPU ADM-CANTEIRO-SERVICO'!B:K,9,0)","v":205.61},0.22559999999999999,251.99,251.99,2.0705577866585369E-6]
["5.5.2.1.6.5","SIURB",91727,"CARTUCHO PARA CONEXÃO EXOTERMICA CABO/ HASTE","UN",{"$f":"IFERROR(VLOOKUP(A315,'ANEXO I - MEM. CÁLC'!$A:$O,4,0),0)","v":1},{"$f":"VLOOKUP(C315,'TABELA_CPU ADM-CANTEIRO-SERVICO'!B:K,9,0)","v":165.5},0.22559999999999999,202.83,202.83,1.6666186589465892E-6,null,null,{"$f":"L315-J315","v":-202.83}]
[" 5.5.2.1.6.6 ","SUDECAP"," 11.92.45 ","FORNECIMENTO DE ALICATE PEQUENO Z-200 PARA UTILIZAÇÃO EM MOLDE DE SOLDA EXOTÉRMICA","UN",{"$f":"IFERROR(VLOOKUP(A316,'ANEXO I - MEM. CÁLC'!$A:$O,4,0),0)","v":1},{"$f":"VLOOKUP(C316,'TABELA_CPU ADM-CANTEIRO-SERVICO'!B:K,9,0)","v":92},0.22559999999999999,112.75,112.75,9.264470433181873E-7]
[" 5.5.2.1.7 ",null,null,"CAIXA DE PASSAGEM",{"$nulls":6},0]
[" 5.5.2.1.7.1 ","SINAPI",97888,"CAIXA ENTERRADA ELÉTRICA RETANGULAR, EM ALVENARIA COM TIJOLOS CERÂMICOS MACIÇOS, FUNDO COM BRITA, DIMENSÕES INTERNAS: 0,6X0,6X0,6 M. AF_12/2020","UN",{"$f":"IFERROR(VLOOKUP(A318,'ANEXO I - MEM. CÁLC'!$A:$O,4,0),0)","v":1},{"$f":"VLOOKUP(C318,'TABELA_CPU ADM-CANTEIRO-SERVICO'!B:K,9,0)","v":547.28},{"$f":"$J$3","v":0.22559999999999999},670.74,670.74,5.5113533466540215E-6]
[" 5.5.2.1.7.2 ","ORSE",10431,"Tampa de concreto para caixas de passagem 0,70x0,70mx0,07m","un",{"$f":"IFERROR(VLOOKUP(A319,'ANEXO I - MEM. CÁLC'!$A:$O,4,0),0)","v":1},{"$f":"VLOOKUP(C319,'TABELA_CPU ADM-CANTEIRO-SERVICO'!B:K,9,0)","v":80.91},0.22559999999999999,99.16,99.16,8.1478038860693079E-7]
[" 5.5.2.1.8 ",null,null,"QUADROS E DISJUNTORES",{"$nulls":4},0,0,0]
["5.5.2.1.8.1","PRÓPRIO"," COT.NETS-07","QUADRO DE MEDIÇÃO DIRETA SEM TC, COM VISOR, PADRÃO COELBA, TIPO F3, DIM. APROX. 850X550X250mm.","UN",{"$f":"IFERROR(VLOOKUP(A321,'ANEXO I - MEM. CÁLC'!$A:$O,4,0),0)","v":1},{"$f":"VLOOKUP(C321,'ANEXO II - MAPA DE COTAÇÃO'!A:I,9,0)","v":1386.0249999999999},{"$f":"$J$4","v":0.14015},1580.27,1580.27,1.2984802387090305E-5,null,null,{"$f":"L321-J321","v":-1580.27}]
[" 5.5.2.1.8.2 ","SINAPI",101895,"DISJUNTOR TERMOMAGNÉTICO TRIPOLAR , CORRENTE NOMINAL DE 125A - FORNECIMENTO E INSTALAÇÃO. AF_10/2020","UN",{"$f":"IFERROR(VLOOKUP(A322,'ANEXO I - MEM. CÁLC'!$A:$O,4,0),0)","v":2},{"$f":"VLOOKUP(C322,'TABELA_CPU ADM-CANTEIRO-SERVICO'!B:K,9,0)","v":404.22},{"$f":"$J$3","v":0.22559999999999999},495.41,990.82,8.1413947623993463E-6]
[" 5.5.2.2 ",null,null,"VIA DE CABOS",{"$nulls":6},0]
[" 5.5.2.2.1 ",null,null,"CABOS",{"$nulls":6},0]
[" 5.5.2.2.1.1 ","SINAPI",91931,"CABO DE COBRE FLEXÍVEL ISOLADO, 6 MM², ANTI-CHAMA 0,6/1,0 KV, PARA CIRCUITOS TERMINAIS - FORNECIMENTO E INSTALAÇÃO. AF_03/2023","M",{"$f":"IFERROR(VLOOKUP(A325,'ANEXO I - MEM. CÁLC'!$A:$O,4,0),0)","v":110},{"$f":"VLOOKUP(C325,'TABELA_CPU ADM-CANTEIRO-SERVICO'!B:K,9,0)","v":10},{"$f":"$J$3","v":0.22559999999999999},12.25,1347.5,1.1072171981119799E-5]
[" 5.5.2.2.1.2 ","SINAPI",92984,"CABO DE COBRE FLEXÍVEL ISOLADO, 25 MM², ANTI-CHAMA 0,6/1,0 KV, PARA REDE ENTERRADA DE DISTRIBUIÇÃO DE ENERGIA ELÉTRICA - FORNECIMENTO E INSTALAÇÃO. AF_12/2021","M",{"$f":"IFERROR(VLOOKUP(A326,'ANEXO I - MEM. CÁLC'!$A:$O,4,0),0)","v":660},{"$f":"VLOOKUP(C326,'TABELA_CPU ADM-CANTEIRO-SERVICO'!B:K,9,0)","v":26.86},0.22559999999999999,32.909999999999997,21720.6,1.7847437382791147E-4]
[" 5.5.2.2.1.3 ","SINAPI",91929,"CABO DE COBRE FLEXÍVEL ISOLADO, 4 MM², ANTI-CHAMA 0,6/1,0 KV, PARA CIRCUITOS TERMINAIS - FORNECIMENTO E INSTALAÇÃO. AF_03/2023","M",{"$f":"IFERROR(VLOOKUP(A327,'ANEXO I - MEM. CÁLC'!$A:$O,4,0),0)","v":28},{"$f":"VLOOKUP(C327,'TABELA_CPU ADM-CANTEIRO-SERVICO'!B:K,9,0)","v":7.11},0.22559999999999999,8.7100000000000009,243.88,2.0039193341413703E-6]
[" 5.5.2.2.1.4 ","SINAPI",91927,"CABO DE COBRE FLEXÍVEL ISOLADO, 2,5 MM², ANTI-CHAMA 0,6/1,0 KV, PARA CIRCUITOS TERMINAIS - FORNECIMENTO E INSTALAÇÃO. AF_03/2023","M",{"$f":"IFERROR(VLOOKUP(A328,'ANEXO I - MEM. CÁLC'!$A:$O,4,0),0)","v":138},{"$f":"VLOOKUP(C328,'TABELA_CPU ADM-CANTEIRO-SERVICO'!B:K,9,0)","v":4.84},0.22559999999999999,5.93,818.34,6.7241567488160122E-6]
[" 5.5.2.2.2 ",null,null,"ELETRODUTOS E CONEXÕES",null,{"$f":"IFERROR(VLOOKUP(A329,'ANEXO I - MEM. CÁLC'!$A:$O,4,0),0)","v":0},{"$nulls":4},0]
[" 5.5.2.2.2.1 ","AGETOP CIVIL",71213,"ELETRODUTO EM AÇO GALVANIZADO A FOGO DIÂMETRO 1 1/4\" - PESADO","M",{"$f":"IFERROR(VLOOKUP(A330,'ANEXO I - MEM. CÁLC'!$A:$O,4,0),0)","v":13},{"$f":"VLOOKUP(C330,'TABELA_CPU ADM-CANTEIRO-SERVICO'!B:K,9,0)","v":75.75},{"$f":"$J$3","v":0.22559999999999999},92.83,1206.79,{"$f":"J330/$J$1093","v":9.9159825047091373E-6}]
["5.5.2.2.2.2","SBC",67005,"ELETRODUTO RÍGIDO Ø 1\" EM AÇO GALVANIZADO À FOGO, TIPO PESADO, ROSCA BSP","M",{"$f":"IFERROR(VLOOKUP(A331,'ANEXO I - MEM. CÁLC'!$A:$O,4,0),0)","v":15},{"$f":"VLOOKUP(C331,'TABELA_CPU ADM-CANTEIRO-SERVICO'!B:K,9,0)","v":28.01},0.22559999999999999,34.32,514.79999999999995,4.2300216221747472E-6,null,null,{"$f":"L331-J331","v":-514.79999999999995}]
["5.5.2.2.2.3","SBC",61385,"LUVA Ø 1.1/4\" PARA ELETRODUTO, EM AÇO GALVANIZADO À FOGO, TIPO PESADO, ROSCA BSP.","UN",{"$f":"IFERROR(VLOOKUP(A332,'ANEXO I - MEM. CÁLC'!$A:$O,4,0),0)","v":13},{"$f":"VLOOKUP(C332,'TABELA_CPU ADM-CANTEIRO-SERVICO'!B:K,9,0)","v":8.2799999999999994},0.22559999999999999,10.14,131.82,1.0831419002235339E-6,null,null,-131.82]
[" 5.5.2.2.2.4 ","ORSE",13364,"Luva de emenda para eletroduto, aço galvanizado, dn 25 mm (1\"), aparente, instalada em teto - fornecimento e instalaçâo","un",{"$f":"IFERROR(VLOOKUP(A333,'ANEXO I - MEM. CÁLC'!$A:$O,4,0),0)","v":13},{"$f":"VLOOKUP(C333,'TABELA_CPU ADM-CANTEIRO-SERVICO'!B:K,9,0)","v":20.39},0.22559999999999999,{"$f":"IFERROR(TRUNC((G333*(1+H333)),2),\"\")","v":24.98},{"$f":"IFERROR(TRUNC((F333*I333),2),\"\")","v":324.74},2.6683318212607376E-6]
[" 5.5.2.2.2.5 ","AGETOP CIVIL",71153,"CURVA DE 90 GRAUS AÇO GALVANIZADO DIAM.1.1/4\"","Un",{"$f":"IFERROR(VLOOKUP(A334,'ANEXO I - MEM. CÁLC'!$A:$O,4,0),0)","v":4},{"$f":"VLOOKUP(C334,'TABELA_CPU ADM-CANTEIRO-SERVICO'!B:K,9,0)","v":32.130000000000003},0.22559999999999999,39.369999999999997,157.47999999999999,1.2939856353148393E-6]
[" 5.5.2.2.2.6 ","AGETOP CIVIL",71152,"CURVA DE 90 GRAUS AÇO GALVANIZADO DIAM.1\"","Un",{"$f":"IFERROR(VLOOKUP(A335,'ANEXO I - MEM. CÁLC'!$A:$O,4,0),0)","v":4},{"$f":"VLOOKUP(C335,'TABELA_CPU ADM-CANTEIRO-SERVICO'!B:K,9,0)","v":14.64},0.22559999999999999,17.940000000000001,71.760000000000005,5.8963937763647998E-7]
["5.5.2.2.2.7","SBC",59263,"ELETRODUTO PVC 1\"","M",{"$f":"IFERROR(VLOOKUP(A336,'ANEXO I - MEM. CÁLC'!$A:$O,4,0),0)","v":7},{"$f":"VLOOKUP(C336,'TABELA_CPU ADM-CANTEIRO-SERVICO'!B:K,9,0)","v":18.71},0.22559999999999999,22.93,160.51,1.3188826157250752E-6,null,null,{"$f":"L336-J336","v":-160.51}]
["5.5.2.2.2.8","SBC",59262,"ELETRODUTO PVC 1.1/2\"","M",{"$f":"IFERROR(VLOOKUP(A337,'ANEXO I - MEM. CÁLC'!$A:$O,4,0),0)","v":4},{"$f":"VLOOKUP(C337,'TABELA_CPU ADM-CANTEIRO-SERVICO'!B:K,9,0)","v":23.83},0.22559999999999999,29.2,116.8,9.5972518545068091E-7,null,null,-116.8]
[" 5.5.2.2.2.9 ","IOPES",151138,"Eletroduto PEAD parede simples, corrugado, cor preta, diâmetro 1.1/4\", referencia Kanaflex, Plastibras ou equivalente","m",{"$f":"IFERROR(VLOOKUP(A338,'ANEXO I - MEM. CÁLC'!$A:$O,4,0),0)","v":264},{"$f":"VLOOKUP(C338,'TABELA_CPU ADM-CANTEIRO-SERVICO'!B:K,9,0)","v":22.68},0.22559999999999999,27.79,7336.56,6.0283231220633974E-5]
[" 5.5.2.2.2.10 ","IOPES",151137,"Eletroduto PEAD parede simples, corrugado, cor preta, diâmetro 1.1/2\", referencia Kanaflex, Plastibras ou equivalente","m",{"$f":"IFERROR(VLOOKUP(A339,'ANEXO I - MEM. CÁLC'!$A:$O,4,0),0)","v":264},{"$f":"VLOOKUP(C339,'TABELA_CPU ADM-CANTEIRO-SERVICO'!B:K,9,0)","v":25.79},0.22559999999999999,31.6,8342.4,6.8548042697806169E-5]
[" 5.5.2.2.3 ",null,null,"ELETROCALHA, PERFILADO E CONEXÕES",null,{"$f":"IFERROR(VLOOKUP(A340,'ANEXO I - MEM. CÁLC'!$A:$O,4,0),0)","v":0},{"$nulls":4},0]
["5.5.2.2.3.1","SBC",60107,"ELETROCALHA PERFURADA TIPO \"\"U\"\" 100X50 CHAPA 20 SEM TAMPA","M",{"$f":"IFERROR(VLOOKUP(A341,'ANEXO I - MEM. CÁLC'!$A:$O,4,0),0)","v":40},{"$f":"VLOOKUP(C341,'TABELA_CPU ADM-CANTEIRO-SERVICO'!B:K,9,0)","v":55.33},{"$f":"$J$3","v":0.22559999999999999},67.81,2712.4,2.2287316721031053E-5,null,null,{"$f":"L341-J341","v":-2712.4}]
[" 5.5.2.2.3.2 ","SEDOP",1716010,"Curva horizontal 100 x 50mm para eletrocalha metálica, com ângulo 90o","un",{"$f":"IFERROR(VLOOKUP(A342,'ANEXO I - MEM. CÁLC'!$A:$O,4,0),0)","v":3},{"$f":"VLOOKUP(C342,'TABELA_CPU ADM-CANTEIRO-SERVICO'!B:K,9,0)","v":67.09},0.22559999999999999,82.22,246.66,2.0267621082471316E-6]
[" 5.5.2.2.3.3 ","ORSE",8113,"Tê horizontal 100 x 50 mm com base lisa perfurada para eletrocalha metálica (ref. Mopa ou similar)","un",{"$f":"IFERROR(VLOOKUP(A343,'ANEXO I - MEM. CÁLC'!$A:$O,4,0),0)","v":2},{"$f":"VLOOKUP(C343,'TABELA_CPU ADM-CANTEIRO-SERVICO'!B:K,9,0)","v":26.33},0.22559999999999999,32.270000000000003,64.540000000000006,5.3031389956324446E-7]
[" 5.5.2.2.3.4 ","ORSE",2003,"Bacia turca (celite ref 003006), caixa de descarga de embutir (montana) ou similares","un",{"$f":"IFERROR(VLOOKUP(A344,'ANEXO I - MEM. CÁLC'!$A:$O,4,0),0)","v":6},{"$f":"VLOOKUP(C344,'TABELA_CPU ADM-CANTEIRO-SERVICO'!B:K,9,0)","v":4.5},{"$f":"$J$4","v":0.14015},5.13,30.78,2.5291388020695169E-7]
["5.5.2.2.3.5","SBC",78028,"PERFILADO 38X38","M",{"$f":"IFERROR(VLOOKUP(A345,'ANEXO I - MEM. CÁLC'!$A:$O,4,0),0)","v":45},{"$f":"VLOOKUP(C345,'TABELA_CPU ADM-CANTEIRO-SERVICO'!B:K,9,0)","v":17.14},0.22559999999999999,21,945,7.7648998309151839E-6,null,null,{"$f":"L345-J345","v":-945}]
["5.5.2.2.3.6","SBC",60525,"EMENDA INTERNA \"\"T\"\" PARA PERFILADO 38x38mm","UN",{"$f":"IFERROR(VLOOKUP(A346,'ANEXO I - MEM. CÁLC'!$A:$O,4,0),0)","v":2},{"$f":"VLOOKUP(C346,'TABELA_CPU ADM-CANTEIRO-SERVICO'!B:K,9,0)","v":11.02},0.22559999999999999,13.5,27,2.2185428088329097E-7,null,null,-27]
["5.5.2.2.3.7","SBC",60523,"EMENDA INTERNA \"\"L\"\" PARA PERFILADO 38x38mm","UN",{"$f":"IFERROR(VLOOKUP(A347,'ANEXO I - MEM. CÁLC'!$A:$O,4,0),0)","v":3},{"$f":"VLOOKUP(C347,'TABELA_CPU ADM-CANTEIRO-SERVICO'!B:K,9,0)","v":8.5},0.22559999999999999,10.41,31.23,2.5661145155500658E-7,null,null,-31.23]
[" 5.5.2.2.3.8 ","ORSE",12352,"Emboço ou reboco especial de parede, espessura 3cm, com argamassa 1:4 cal e areia","m²",{"$f":"IFERROR(VLOOKUP(A348,'ANEXO I - MEM. CÁLC'!$A:$O,4,0),0)","v":4},{"$f":"VLOOKUP(C348,'TABELA_CPU ADM-CANTEIRO-SERVICO'!B:K,9,0)","v":2.2599999999999998},{"$f":"$J$4","v":0.14015},2.57,10.28,8.4468963240008557E-8]
[" 5.5.2.2.3.9 ","EMBASA"," 60.15.20 ","PARAFUSO CABEÇA LENTILHA, 1/4\" X 1/2\"","UN",{"$f":"IFERROR(VLOOKUP(A349,'ANEXO I - MEM. CÁLC'!$A:$O,4,0),0)","v":90},{"$f":"VLOOKUP(C349,'TABELA_CPU ADM-CANTEIRO-SERVICO'!B:K,9,0)","v":4.59},0.22559999999999999,5.62,505.8,4.1560701952136508E-6]
[" 5.5.2.2.3.10 ","AGETOP CIVIL",71981,"PORCA SEXTAVADA DIAMETRO 1/4\"","Un",{"$f":"IFERROR(VLOOKUP(A350,'ANEXO I - MEM. CÁLC'!$A:$O,4,0),0)","v":90},{"$f":"VLOOKUP(C350,'TABELA_CPU ADM-CANTEIRO-SERVICO'!B:K,9,0)","v":0.38},0.22559999999999999,0.46,41.4,3.4017656402104612E-7]
[" 5.5.2.2.3.11 ","AGETOP CIVIL",70251,"ARRUELA LISA D=1/4\"","Un",{"$f":"IFERROR(VLOOKUP(A351,'ANEXO I - MEM. CÁLC'!$A:$O,4,0),0)","v":90},{"$f":"VLOOKUP(C351,'TABELA_CPU ADM-CANTEIRO-SERVICO'!B:K,9,0)","v":0.1},0.22559999999999999,0.12,10.8,8.8741712353316397E-8]
[" 5.5.2.2.3.12 ","SINAPI",11033,"SUPORTE PARA CALHA DE 150 MM EM ACO GALVANIZADO","UN",{"$f":"IFERROR(VLOOKUP(A352,'ANEXO I - MEM. CÁLC'!$A:$O,4,0),0)","v":270},{"$f":"VLOOKUP(C352,'TABELA_CPU ADM-CANTEIRO-SERVICO'!B:K,9,0)","v":7.59},{"$f":"$J$4","v":0.14015},8.65,2335.5,1.919039529640467E-5]
["5.5.2.2.3.13","SBC",78390,"CHUMBADOR TIPO \"CB\" EM AÇO GALV. COM ARRUELA E PARAFUSO, ROSCA INTERNA Ø3/8\"","UN",{"$f":"IFERROR(VLOOKUP(A353,'ANEXO I - MEM. CÁLC'!$A:$O,4,0),0)","v":1080},{"$f":"VLOOKUP(C353,'TABELA_CPU ADM-CANTEIRO-SERVICO'!B:K,9,0)","v":9.15},0.22559999999999999,11.21,12106.8,9.9479459548067664E-5,null,null,{"$f":"L353-J353","v":-12106.8}]
[" 5.5.2.2.3.14 ","SIURB",54965,"SAÍDA LATERAL P/ ELETRODUTO EM PERFILADO - 3/4\"","Un",{"$f":"IFERROR(VLOOKUP(A354,'ANEXO I - MEM. CÁLC'!$A:$O,4,0),0)","v":5},{"$f":"VLOOKUP(C354,'TABELA_CPU ADM-CANTEIRO-SERVICO'!B:K,9,0)","v":2.2000000000000002},{"$f":"$J$4","v":0.14015},2.5,12.5,1.0271031522374582E-7]
[" 5.5.2.2.4 ",null,null,"CAIXA DE PASSAGEM",null,{"$f":"IFERROR(VLOOKUP(A355,'ANEXO I - MEM. CÁLC'!$A:$O,4,0),0)","v":0},{"$nulls":4},0]
[" 5.5.2.2.4.1 ","SINAPI",97886,"CAIXA ENTERRADA ELÉTRICA RETANGULAR, EM ALVENARIA COM TIJOLOS CERÂMICOS MACIÇOS, FUNDO COM BRITA, DIMENSÕES INTERNAS: 0,3X0,3X0,3 M. AF_12/2020","UN",{"$f":"IFERROR(VLOOKUP(A356,'ANEXO I - MEM. CÁLC'!$A:$O,4,0),0)","v":20},{"$f":"VLOOKUP(C356,'TABELA_CPU ADM-CANTEIRO-SERVICO'!B:K,9,0)","v":180.07},{"$f":"$J$3","v":0.22559999999999999},220.69,4413.8,3.6267423146765542E-5]
[" 5.5.2.2.4.2 ","ORSE",10431,"Tampa de concreto para caixas de passagem 0,70x0,70mx0,07m","un",{"$f":"IFERROR(VLOOKUP(A357,'ANEXO I - MEM. CÁLC'!$A:$O,4,0),0)","v":20},{"$f":"VLOOKUP(C357,'TABELA_CPU ADM-CANTEIRO-SERVICO'!B:K,9,0)","v":80.91},0.22559999999999999,99.16,1983.2,1.6295607772138615E-5]
[" 5.5.2.2.4.3 ","SINAPI",97888,"CAIXA ENTERRADA ELÉTRICA RETANGULAR, EM ALVENARIA COM TIJOLOS CERÂMICOS MACIÇOS, FUNDO COM BRITA, DIMENSÕES INTERNAS: 0,6X0,6X0,6 M. AF_12/2020","UN",{"$f":"IFERROR(VLOOKUP(A358,'ANEXO I - MEM. CÁLC'!$A:$O,4,0),0)","v":1},{"$f":"VLOOKUP(C358,'TABELA_CPU ADM-CANTEIRO-SERVICO'!B:K,9,0)","v":547.28},0.22559999999999999,670.74,670.74,5.5113533466540215E-6]
[" 5.5.2.2.4.4 ","ORSE",10431,"Tampa de concreto para caixas de passagem 0,70x0,70mx0,07m","un",{"$f":"IFERROR(VLOOKUP(A359,'ANEXO I - MEM. CÁLC'!$A:$O,4,0),0)","v":1},{"$f":"VLOOKUP(C359,'TABELA_CPU ADM-CANTEIRO-SERVICO'!B:K,9,0)","v":80.91},0.22559999999999999,99.16,99.16,8.1478038860693079E-7]
[" 5.5.2.3 ",null,null,"ILUMINAÇÃO EXTERNA",null,{"$f":"IFERROR(VLOOKUP(A360,'ANEXO I - MEM. CÁLC'!$A:$O,4,0),0)","v":0},{"$nulls":4},0]
[" 5.5.2.3.1 ",null,null,"LUMINÁRIAS E ACESSÓRIOS",null,{"$f":"IFERROR(VLOOKUP(A361,'ANEXO I - MEM. CÁLC'!$A:$O,4,0),0)","v":0},{"$nulls":4},0]
[" 5.5.2.3.1.1 ","SINAPI",101655,"LUMINÁRIA DE LED PARA ILUMINAÇÃO PÚBLICA, DE 51 W ATÉ 67 W - FORNECIMENTO E INSTALAÇÃO. AF_08/2020","UN",{"$f":"IFERROR(VLOOKUP(A362,'ANEXO I - MEM. CÁLC'!$A:$O,4,0),0)","v":26},{"$f":"VLOOKUP(C362,'TABELA_CPU ADM-CANTEIRO-SERVICO'!B:K,9,0)","v":339.53},{"$f":"$J$3","v":0.22559999999999999},416.12,10819.12,8.8898818051482635E-5]
[" 5.5.2.3.1.2 ","SINAPI",101632,"RELÉ FOTOELÉTRICO PARA COMANDO DE ILUMINAÇÃO EXTERNA 1000 W - FORNECIMENTO E INSTALAÇÃO. AF_08/2020","UN",{"$f":"IFERROR(VLOOKUP(A363,'ANEXO I - MEM. CÁLC'!$A:$O,4,0),0)","v":19},{"$f":"VLOOKUP(C363,'TABELA_CPU ADM-CANTEIRO-SERVICO'!B:K,9,0)","v":38.049999999999997},0.22559999999999999,46.63,885.97,7.2798606383025671E-6]
[" 5.5.2.3.1.3 ","ORSE",10794,"Poste circular de concreto  7/150 - fornecimento e assentamento","un",{"$f":"IFERROR(VLOOKUP(A364,'ANEXO I - MEM. CÁLC'!$A:$O,4,0),0)","v":19},{"$f":"VLOOKUP(C364,'TABELA_CPU ADM-CANTEIRO-SERVICO'!B:K,9,0)","v":759.09},0.22559999999999999,930.34,17676.46,1.4524438229119471E-4]
[" 5.5.2.3.1.4 ","ORSE",3243,"Assentamento de poste circular de concreto","un",{"$f":"IFERROR(VLOOKUP(A365,'ANEXO I - MEM. CÁLC'!$A:$O,4,0),0)","v":19},{"$f":"VLOOKUP(C365,'TABELA_CPU ADM-CANTEIRO-SERVICO'!B:K,9,0)","v":627.46},0.22559999999999999,769.01,14611.19,1.2005759445552341E-4]
[" 5.5.2.3.1.5 ","SINAPI",101009,"CARGA, MANOBRA E DESCARGA DE POSTE DE CONCRETO EM CAMINHÃO CARROCERIA COM GUINDAUTO (MUNCK) 11,7 TM. AF_07/2020","T",{"$f":"IFERROR(VLOOKUP(A366,'ANEXO I - MEM. CÁLC'!$A:$O,4,0),0)","v":5.1300000000000008},{"$f":"VLOOKUP(C366,'TABELA_CPU ADM-CANTEIRO-SERVICO'!B:K,9,0)","v":43.92},0.22559999999999999,53.82,276.08999999999997,2.2685832744099185E-6]
[" 5.5.2.3.1.6 ","SINAPI",101636,"BRAÇO PARA ILUMINAÇÃO PÚBLICA, EM TUBO DE AÇO GALVANIZADO, COMPRIMENTO DE 1,50 M, PARA FIXAÇÃO EM POSTE DE CONCRETO - FORNECIMENTO E INSTALAÇÃO. AF_08/2020","UN",{"$f":"IFERROR(VLOOKUP(A367,'ANEXO I - MEM. CÁLC'!$A:$O,4,0),0)","v":26},{"$f":"VLOOKUP(C367,'TABELA_CPU ADM-CANTEIRO-SERVICO'!B:K,9,0)","v":158.63},0.22559999999999999,194.41,5054.66,4.1533257755908723E-5]
[" 5.5.2.3.1.7 ","SINAPI",406,"FITA ACO INOX PARA CINTAR POSTE, L = 19 MM, E = 0,5 MM (ROLO DE 30M)","UN",{"$f":"IFERROR(VLOOKUP(A368,'ANEXO I - MEM. CÁLC'!$A:$O,4,0),0)","v":57},{"$f":"VLOOKUP(C368,'TABELA_CPU ADM-CANTEIRO-SERVICO'!B:K,9,0)","v":74.08},{"$f":"$J$4","v":0.14015},84.46,4814.22,3.9557604300516929E-5]
[" 5.5.2.3.2 ",null,null,"CABOS",null,{"$f":"IFERROR(VLOOKUP(A369,'ANEXO I - MEM. CÁLC'!$A:$O,4,0),0)","v":0},{"$nulls":4},0]
[" 5.5.2.3.2.1 ","SINAPI",91929,"CABO DE COBRE FLEXÍVEL ISOLADO, 4 MM², ANTI-CHAMA 0,6/1,0 KV, PARA CIRCUITOS TERMINAIS - FORNECIMENTO E INSTALAÇÃO. AF_03/2023","M",{"$f":"IFERROR(VLOOKUP(A370,'ANEXO I - MEM. CÁLC'!$A:$O,4,0),0)","v":1320},{"$f":"VLOOKUP(C370,'TABELA_CPU ADM-CANTEIRO-SERVICO'!B:K,9,0)","v":7.11},{"$f":"$J$3","v":0.22559999999999999},8.7100000000000009,11497.2,9.4470482895236041E-5]
[" 5.5.2.3.2.2 ","SINAPI",91927,"CABO DE COBRE FLEXÍVEL ISOLADO, 2,5 MM², ANTI-CHAMA 0,6/1,0 KV, PARA CIRCUITOS TERMINAIS - FORNECIMENTO E INSTALAÇÃO. AF_03/2023","M",{"$f":"IFERROR(VLOOKUP(A371,'ANEXO I - MEM. CÁLC'!$A:$O,4,0),0)","v":138},{"$f":"VLOOKUP(C371,'TABELA_CPU ADM-CANTEIRO-SERVICO'!B:K,9,0)","v":4.84},0.22559999999999999,5.93,818.34,6.7241567488160122E-6]
[" 5.5.2.3.3 ",null,null,"ELETRODUTOS E CONEXÕES",null,{"$f":"IFERROR(VLOOKUP(A372,'ANEXO I - MEM. CÁLC'!$A:$O,4,0),0)","v":0},{"$nulls":4},0]
[" 5.5.2.3.3.1 ","IOPES",151138,"Eletroduto PEAD parede simples, corrugado, cor preta, diâmetro 1.1/4\", referencia Kanaflex, Plastibras ou equivalente","m",{"$f":"IFERROR(VLOOKUP(A373,'ANEXO I - MEM. CÁLC'!$A:$O,4,0),0)","v":286},{"$f":"VLOOKUP(C373,'TABELA_CPU ADM-CANTEIRO-SERVICO'!B:K,9,0)","v":22.68},{"$f":"$J$3","v":0.22559999999999999},27.79,7947.94,6.5306833822353463E-5]
[" 5.5.2.3.3.2 ","IOPES",151137,"Eletroduto PEAD parede simples, corrugado, cor preta, diâmetro 1.1/2\", referencia Kanaflex, Plastibras ou equivalente","m",{"$f":"IFERROR(VLOOKUP(A374,'ANEXO I - MEM. CÁLC'!$A:$O,4,0),0)","v":39},{"$f":"VLOOKUP(C374,'TABELA_CPU ADM-CANTEIRO-SERVICO'!B:K,9,0)","v":25.79},0.22559999999999999,31.6,1232.4000000000001,1.0126415398539548E-5]
["5.5.2.3.3.3","SBC",67005,"ELETRODUTO RÍGIDO Ø 1\" EM AÇO GALVANIZADO À FOGO, TIPO PESADO, ROSCA BSP","M",{"$f":"IFERROR(VLOOKUP(A375,'ANEXO I - MEM. CÁLC'!$A:$O,4,0),0)","v":128},{"$f":"VLOOKUP(C375,'TABELA_CPU ADM-CANTEIRO-SERVICO'!B:K,9,0)","v":28.01},0.22559999999999999,34.32,4392.96,3.6096184509224517E-5,null,null,{"$f":"L375-J375","v":-4392.96}]
[" 5.5.2.3.3.4 ","SINAPI",97562,"CURVA 135 GRAUS PARA ELETRODUTO, PVC, ROSCÁVEL, DN 25 MM (3/4\"), PARA CIRCUITOS TERMINAIS, INSTALADA EM LAJE - FORNECIMENTO E INSTALAÇÃO. AF_03/2023","UN",{"$f":"IFERROR(VLOOKUP(A376,'ANEXO I - MEM. CÁLC'!$A:$O,4,0),0)","v":19},{"$f":"VLOOKUP(C376,'TABELA_CPU ADM-CANTEIRO-SERVICO'!B:K,9,0)","v":11.48},0.22559999999999999,14.06,267.14,2.1950426887097166E-6]
[" 5.5.2.3.3.5 ","CPOS/CDHU"," 69.20.070 ","Fita em aço inoxidável para poste de 0,50 m x 19 mm, com fecho em aço inoxidável","UN",{"$f":"IFERROR(VLOOKUP(A377,'ANEXO I - MEM. CÁLC'!$A:$O,4,0),0)","v":57},{"$f":"VLOOKUP(C377,'TABELA_CPU ADM-CANTEIRO-SERVICO'!B:K,9,0)","v":13.94},0.22559999999999999,17.079999999999998,973.56,7.9995723591383974E-6]
[" 5.5.2.3.4 ",null,null,"TOMADA TRIFÁSICA",null,{"$f":"IFERROR(VLOOKUP(A378,'ANEXO I - MEM. CÁLC'!$A:$O,4,0),0)","v":0},null,null,0,0,0]
[" 5.5.2.3.4.1 ","SEINFRA"," C2489 ","TOMADA TRIPOLAR (3P+T) - 32A/380V","UN",{"$f":"IFERROR(VLOOKUP(A379,'ANEXO I - MEM. CÁLC'!$A:$O,4,0),0)","v":2},{"$f":"VLOOKUP(C379,'TABELA_CPU ADM-CANTEIRO-SERVICO'!B:K,9,0)","v":90.81},{"$f":"$J$3","v":0.22559999999999999},111.29,222.58,1.8289009570001077E-6]
[" 5.5.2.4 ",null,null,"ILUMINAÇÃO INTERNA",null,{"$f":"IFERROR(VLOOKUP(A380,'ANEXO I - MEM. CÁLC'!$A:$O,4,0),0)","v":0},{"$nulls":4},0]
[" 5.5.2.4.1 ",null,null,"LUMINÁRIAS E ACESSÓRIOS",null,{"$f":"IFERROR(VLOOKUP(A381,'ANEXO I - MEM. CÁLC'!$A:$O,4,0),0)","v":0},{"$nulls":4},0]
["5.5.2.4.1.1","SBC",60988,"LUMINÁRIA HERMÉTICA LED DE SOBREBOR, COM FIXAÇÃO EM PERFILADO, 35W, IP66, 4000K, 100 A 250V","UN",{"$f":"IFERROR(VLOOKUP(A382,'ANEXO I - MEM. CÁLC'!$A:$O,4,0),0)","v":2},{"$f":"VLOOKUP(C382,'TABELA_CPU ADM-CANTEIRO-SERVICO'!B:K,9,0)","v":162},{"$f":"$J$3","v":0.22559999999999999},198.54,397.08,3.2627369575235992E-6,null,null,{"$f":"L382-J382","v":-397.08}]
["5.5.2.4.1.2","SBC",60871,"BLOCO AUTÔNOMO DE ILUMINAÇÃO DE EMERGÊNCIA, FIXAÇÃO EM PAREDE, GRAU DE PROTEÇÃO IP-41, COM LÂMPADA LED 9 A 15W, 220V, AUTONOMIA 2 HORAS","UN",{"$f":"IFERROR(VLOOKUP(A383,'ANEXO I - MEM. CÁLC'!$A:$O,4,0),0)","v":1},{"$f":"VLOOKUP(C383,'TABELA_CPU ADM-CANTEIRO-SERVICO'!B:K,9,0)","v":316.48},0.22559999999999999,387.87,387.87,3.1870599972667434E-6,null,null,-387.87]
[" 5.5.2.4.2 ",null,null,"CABOS",null,{"$f":"IFERROR(VLOOKUP(A384,'ANEXO I - MEM. CÁLC'!$A:$O,4,0),0)","v":0},{"$nulls":4},0]
[" 5.5.2.4.2.1 ","SINAPI",91924,"CABO DE COBRE FLEXÍVEL ISOLADO, 1,5 MM², ANTI-CHAMA 450/750 V, PARA CIRCUITOS TERMINAIS - FORNECIMENTO E INSTALAÇÃO. AF_03/2023","M",{"$f":"IFERROR(VLOOKUP(A385,'ANEXO I - MEM. CÁLC'!$A:$O,4,0),0)","v":85},{"$f":"VLOOKUP(C385,'TABELA_CPU ADM-CANTEIRO-SERVICO'!B:K,9,0)","v":3.01},{"$f":"$J$3","v":0.22559999999999999},3.68,312.8,2.5702229281590153E-6]
[" 5.5.2.4.2.2 ","SINAPI",91926,"CABO DE COBRE FLEXÍVEL ISOLADO, 2,5 MM², ANTI-CHAMA 450/750 V, PARA CIRCUITOS TERMINAIS - FORNECIMENTO E INSTALAÇÃO. AF_03/2023","M",{"$f":"IFERROR(VLOOKUP(A386,'ANEXO I - MEM. CÁLC'!$A:$O,4,0),0)","v":185},{"$f":"VLOOKUP(C386,'TABELA_CPU ADM-CANTEIRO-SERVICO'!B:K,9,0)","v":4.34},0.22559999999999999,5.31,982.35,8.0717982528037364E-6]
[" 5.5.2.4.3 ",null,null,"ELETRODUTOS E CONEXÕES",null,{"$f":"IFERROR(VLOOKUP(A387,'ANEXO I - MEM. CÁLC'!$A:$O,4,0),0)","v":0},{"$nulls":4},0]
[" 5.5.2.4.3.1 ","AGETOP CIVIL",71211,"ELETRODUTO EM AÇO GALVANIZADO A FOGO DIÂMETRO 3/4\" - PESADO","M",{"$f":"IFERROR(VLOOKUP(A388,'ANEXO I - MEM. CÁLC'!$A:$O,4,0),0)","v":27},{"$f":"VLOOKUP(C388,'TABELA_CPU ADM-CANTEIRO-SERVICO'!B:K,9,0)","v":45.76},{"$f":"$J$3","v":0.22559999999999999},56.08,1514.16,1.2441588071934958E-5]
["5.5.2.4.3.2","SBC",67005,"ELETRODUTO RÍGIDO Ø 1\" EM AÇO GALVANIZADO À FOGO, TIPO PESADO, ROSCA BSP","M",{"$f":"IFERROR(VLOOKUP(A389,'ANEXO I - MEM. CÁLC'!$A:$O,4,0),0)","v":6},{"$f":"VLOOKUP(C389,'TABELA_CPU ADM-CANTEIRO-SERVICO'!B:K,9,0)","v":28.01},0.22559999999999999,34.32,205.92,1.6920086488698989E-6,null,null,{"$f":"L389-J389","v":-205.92}]
[" 5.5.2.4.3.3 ","AGETOP CIVIL",71701,"LUVA EM AÇO GALVANIZADO DIÂMETRO 3/4\"","Un",{"$f":"IFERROR(VLOOKUP(A390,'ANEXO I - MEM. CÁLC'!$A:$O,4,0),0)","v":27},{"$f":"VLOOKUP(C390,'TABELA_CPU ADM-CANTEIRO-SERVICO'!B:K,9,0)","v":4.97},0.22559999999999999,6.09,164.43,1.351092570579242E-6]
[" 5.5.2.4.3.4 ","ORSE",13364,"Luva de emenda para eletroduto, aço galvanizado, dn 25 mm (1\"), aparente, instalada em teto - fornecimento e instalaçâo","un",{"$f":"IFERROR(VLOOKUP(A391,'ANEXO I - MEM. CÁLC'!$A:$O,4,0),0)","v":4},{"$f":"VLOOKUP(C391,'TABELA_CPU ADM-CANTEIRO-SERVICO'!B:K,9,0)","v":20.39},0.22559999999999999,24.98,99.92,8.2102517577253461E-7]
[" 5.5.2.4.3.5 ","AGETOP CIVIL",71151,"CURVA DE 90 GRAUS AÇO GALVANIZADO DIAM.3/4\"","Un",{"$f":"IFERROR(VLOOKUP(A392,'ANEXO I - MEM. CÁLC'!$A:$O,4,0),0)","v":9},{"$f":"VLOOKUP(C392,'TABELA_CPU ADM-CANTEIRO-SERVICO'!B:K,9,0)","v":12.26},0.22559999999999999,15.02,135.18,1.1107504329556768E-6]
[" 5.5.2.4.3.6 ","AGETOP CIVIL",71152,"CURVA DE 90 GRAUS AÇO GALVANIZADO DIAM.1\"","Un",{"$f":"IFERROR(VLOOKUP(A393,'ANEXO I - MEM. CÁLC'!$A:$O,4,0),0)","v":1},{"$f":"VLOOKUP(C393,'TABELA_CPU ADM-CANTEIRO-SERVICO'!B:K,9,0)","v":14.64},0.22559999999999999,17.940000000000001,17.940000000000001,1.4740984440911999E-7]
[" 5.5.2.4.4 ",null,null,"CONDULETES E ACESSÓRIOS",null,{"$f":"IFERROR(VLOOKUP(A394,'ANEXO I - MEM. CÁLC'!$A:$O,4,0),0)","v":0},{"$nulls":4},{"$f":"J394/$J$1093","v":0}]
["5.5.2.4.4.1","SBC",61542,"CONDULETE PARA ELETRODUTO Ø 3/4\" TIPO \"E\" A PROVA DE TGVP, IP54, COPPER FREE, , TAMPA DE ALUMÍNIO, COM VEDAÇÃO, PARAFUSOS EM AÇO INOX, PINTURA A PÓ EM POLIÉSTER NA COR CINZA, ROSCA BSP","UN",{"$f":"IFERROR(VLOOKUP(A395,'ANEXO I - MEM. CÁLC'!$A:$O,4,0),0)","v":4},{"$f":"VLOOKUP(C395,'TABELA_CPU ADM-CANTEIRO-SERVICO'!B:K,9,0)","v":25.74},{"$f":"$J$3","v":0.22559999999999999},31.54,126.16,1.0366346694902218E-6,null,null,{"$f":"L395-J395","v":-126.16}]
["5.5.2.4.4.2","SBC",61543,"CONDULETE PARA ELETRODUTO Ø 3/4\" TIPO \"LR\" A PROVA DE TGVP, IP54, COPPER FREE, , TAMPA DE ALUMÍNIO, COM VEDAÇÃO, PARAFUSOS EM AÇO INOX, PINTURA A PÓ EM POLIÉSTER NA COR CINZA, ROSCA BSP","UN",{"$f":"IFERROR(VLOOKUP(A396,'ANEXO I - MEM. CÁLC'!$A:$O,4,0),0)","v":3},{"$f":"VLOOKUP(C396,'TABELA_CPU ADM-CANTEIRO-SERVICO'!B:K,9,0)","v":27.64},0.22559999999999999,33.869999999999997,101.61,8.3491161039078502E-7,null,null,-101.61]
[" 5.5.2.4.4.3 ","SEDOP",170902,"Condulete de aluminio tipo LL 3/4\"","un",{"$f":"IFERROR(VLOOKUP(A397,'ANEXO I - MEM. CÁLC'!$A:$O,4,0),0)","v":3},{"$f":"VLOOKUP(C397,'TABELA_CPU ADM-CANTEIRO-SERVICO'!B:K,9,0)","v":48.74},0.22559999999999999,{"$f":"IFERROR(TRUNC((G397*(1+H397)),2),\"\")","v":59.73},{"$f":"IFERROR(TRUNC((F397*I397),2),\"\")","v":179.19},1.4723729107954411E-6]
[" 5.5.2.4.4.4 ","SEDOP",170909,"Condulete de aluminio tipo T 3/4\"","un",{"$f":"IFERROR(VLOOKUP(A398,'ANEXO I - MEM. CÁLC'!$A:$O,4,0),0)","v":4},{"$f":"VLOOKUP(C398,'TABELA_CPU ADM-CANTEIRO-SERVICO'!B:K,9,0)","v":60.41},0.22559999999999999,74.03,296.12,2.433166283524449E-6]
[" 5.5.2.4.5 ",null,null,"TOMADAS, PEÇAS E ACESSÓRIOS PARA ELETRODUTOS",null,{"$f":"IFERROR(VLOOKUP(A399,'ANEXO I - MEM. CÁLC'!$A:$O,4,0),0)","v":0},{"$nulls":4},0]
["5.5.2.4.5.1","SBC",62871,"INTERRUPTOR SIMPLES COM TAMPA PARA CONDULETE, 10A - 250V, COM PARAFUSOS","UN",{"$f":"IFERROR(VLOOKUP(A400,'ANEXO I - MEM. CÁLC'!$A:$O,4,0),0)","v":1},{"$f":"VLOOKUP(C400,'TABELA_CPU ADM-CANTEIRO-SERVICO'!B:K,9,0)","v":58.42},{"$f":"$J$3","v":0.22559999999999999},71.59,71.59,5.8824251734943709E-7,null,null,{"$f":"L400-J400","v":-71.59}]
["5.5.2.4.5.2","PRÓPRIO","COMP-0028","INTERRUPTOR SIMPLES E UMA TOMADA 2P+T COM TAMPA PARA CONDULETE, 20A - 250V, COM PARAFUSOS","CJ",{"$f":"IFERROR(VLOOKUP(A401,'ANEXO I - MEM. CÁLC'!$A:$O,4,0),0)","v":1},21.19,0.22559999999999999,25.97,25.97,2.1339095090885429E-7,null,null,-25.97]
["5.5.2.4.5.3","SBC",63452,"CAIXA PARA TOMADA, FIXAÇÃO EM PERFILADO 38X38MM, FABRICADA EM CHAPA DE AÇO GALVANIZADO A FOGO, PARA TOMADA 2P+T 10A -250V","UN",{"$f":"IFERROR(VLOOKUP(A402,'ANEXO I - MEM. CÁLC'!$A:$O,4,0),0)","v":2},{"$f":"VLOOKUP(C402,'TABELA_CPU ADM-CANTEIRO-SERVICO'!B:K,9,0)","v":15.58},0.22559999999999999,19.09,38.18,3.1371838681940925E-7,null,null,-38.18]
[" 5.5.2.4.5.4 ","AGESUL",1201002035,"TOMADA SIMPLES (1 MODULO) 2P+T 10 A, INCLUSO CONDULETE 3/4\", COM PLACA E SUPORTE - FORNECIMENTO E INSTALACAO","UN",{"$f":"IFERROR(VLOOKUP(A403,'ANEXO I - MEM. CÁLC'!$A:$O,4,0),0)","v":3},{"$f":"VLOOKUP(C403,'TABELA_CPU ADM-CANTEIRO-SERVICO'!B:K,9,0)","v":69.87},0.22559999999999999,85.63,256.89,2.1108202302262451E-6]
["5.5.2.4.5.5","SIURB",98294,"PLUG PARA TOMADA UNIVERSAL + TERRA SUPORTE PARA PERFILADO","UN",{"$f":"IFERROR(VLOOKUP(A404,'ANEXO I - MEM. CÁLC'!$A:$O,4,0),0)","v":2},{"$f":"VLOOKUP(C404,'TABELA_CPU ADM-CANTEIRO-SERVICO'!B:K,9,0)","v":28.03},0.22559999999999999,34.35,68.7,5.6449589246970707E-7,null,null,{"$f":"L404-J404","v":-68.7}]
[" 5.5.2.4.5.6 ","SEINFRA"," C2489 ","TOMADA TRIPOLAR (3P+T) - 32A/380V","UN",{"$f":"IFERROR(VLOOKUP(A405,'ANEXO I - MEM. CÁLC'!$A:$O,4,0),0)","v":1},{"$f":"VLOOKUP(C405,'TABELA_CPU ADM-CANTEIRO-SERVICO'!B:K,9,0)","v":90.81},0.22559999999999999,111.29,111.29,9.1445047850005387E-7]
[" 5.5.2.4.6 ",null,null,"PERFILADO E DERIVAÇÕES",null,{"$f":"IFERROR(VLOOKUP(A406,'ANEXO I - MEM. CÁLC'!$A:$O,4,0),0)","v":0},{"$nulls":4},0]
["5.5.2.4.6.1","SBC",78028,"PERFILADO 38X38","M",{"$f":"IFERROR(VLOOKUP(A407,'ANEXO I - MEM. CÁLC'!$A:$O,4,0),0)","v":6},{"$f":"VLOOKUP(C407,'TABELA_CPU ADM-CANTEIRO-SERVICO'!B:K,9,0)","v":17.14},{"$f":"$J$3","v":0.22559999999999999},21,126,1.0353199774553579E-6,null,null,{"$f":"L407-J407","v":-126}]
["5.5.2.4.6.2","SBC",62572,"SAÍDA LATERAL PARA ELETRODUTO Ø 3/4\"","UN",{"$f":"IFERROR(VLOOKUP(A408,'ANEXO I - MEM. CÁLC'!$A:$O,4,0),0)","v":3},{"$f":"VLOOKUP(C408,'TABELA_CPU ADM-CANTEIRO-SERVICO'!B:K,9,0)","v":10.38},0.22559999999999999,12.72,38.159999999999997,3.1355405031505123E-7,null,null,-38.159999999999997]
[" 5.5.2.4.6.3 ","ORSE",12578,"Saída para perfilado 38x38mm (mopa ou similar)","un",{"$f":"IFERROR(VLOOKUP(A409,'ANEXO I - MEM. CÁLC'!$A:$O,4,0),0)","v":2},{"$f":"VLOOKUP(C409,'TABELA_CPU ADM-CANTEIRO-SERVICO'!B:K,9,0)","v":14.03},0.22559999999999999,17.190000000000001,34.380000000000003,2.8249445099139053E-7]
[" 5.5.2.4.7 ",null,null,"ACESSÓRIOS DE FIXAÇÃO",{"$nulls":6},0]
[" 5.5.2.4.7.1 ","ORSE",8441,"Abraçadeira metálica tipo \"D\" de 3/4\"","un",{"$f":"IFERROR(VLOOKUP(A411,'ANEXO I - MEM. CÁLC'!$A:$O,4,0),0)","v":18},{"$f":"VLOOKUP(C411,'TABELA_CPU ADM-CANTEIRO-SERVICO'!B:K,9,0)","v":5.49},{"$f":"$J$3","v":0.22559999999999999},6.72,120.96,9.9390717835714352E-7]
[" 5.5.2.4.7.2 ","ORSE",12140,"Abraçadeira metálica tipo \"D\" de 1\"","un",{"$f":"IFERROR(VLOOKUP(A412,'ANEXO I - MEM. CÁLC'!$A:$O,4,0),0)","v":4},{"$f":"VLOOKUP(C412,'TABELA_CPU ADM-CANTEIRO-SERVICO'!B:K,9,0)","v":5.71},0.22559999999999999,6.99,27.96,2.2974243309247464E-7]
[" 5.5.2.4.7.3 ","ORSE",9526,"Gancho curto para perfilado, ( ref.: Mopa ou similar)","un",{"$f":"IFERROR(VLOOKUP(A413,'ANEXO I - MEM. CÁLC'!$A:$O,4,0),0)","v":4},{"$f":"VLOOKUP(C413,'TABELA_CPU ADM-CANTEIRO-SERVICO'!B:K,9,0)","v":10.34},0.22559999999999999,12.67,50.68,4.1642870204315504E-7]
["5.5.2.4.7.4","SBC",78390,"CHUMBADOR TIPO \"CB\" EM AÇO GALV. COM ARRUELA E PARAFUSO, ROSCA INTERNA Ø3/8\"","UN",{"$f":"IFERROR(VLOOKUP(A414,'ANEXO I - MEM. CÁLC'!$A:$O,4,0),0)","v":24},{"$f":"VLOOKUP(C414,'TABELA_CPU ADM-CANTEIRO-SERVICO'!B:K,9,0)","v":9.15},0.22559999999999999,11.21,269.04000000000002,2.210654656623726E-6,null,null,{"$f":"L414-J414","v":-269.04000000000002}]
[" 5.5.2.4.7.5 ","AGETOP CIVIL",71981,"PORCA SEXTAVADA DIAMETRO 1/4\"","Un",{"$f":"IFERROR(VLOOKUP(A415,'ANEXO I - MEM. CÁLC'!$A:$O,4,0),0)","v":176},{"$f":"VLOOKUP(C415,'TABELA_CPU ADM-CANTEIRO-SERVICO'!B:K,9,0)","v":0.38},0.22559999999999999,0.46,80.959999999999994,6.6523416964115689E-7]
[" 5.5.2.4.7.6 ","AGETOP CIVIL",70251,"ARRUELA LISA D=1/4\"","Un",{"$f":"IFERROR(VLOOKUP(A416,'ANEXO I - MEM. CÁLC'!$A:$O,4,0),0)","v":88},{"$f":"VLOOKUP(C416,'TABELA_CPU ADM-CANTEIRO-SERVICO'!B:K,9,0)","v":0.1},0.22559999999999999,0.12,10.56,8.6769674301020472E-8]
[" 5.5.2.4.7.7 ","EMOP",13603,"REBITE POP, DE (1/8\"X3/8\"), REF.440, REF AL OU SIMILAR","UN",{"$f":"IFERROR(VLOOKUP(A417,'ANEXO I - MEM. CÁLC'!$A:$O,4,0),0)","v":8},{"$f":"VLOOKUP(C417,'TABELA_CPU ADM-CANTEIRO-SERVICO'!B:K,9,0)","v":0.06},{"$f":"$J$4","v":0.14015},0.06,0.48,3.9440761045918391E-9]
[" 5.5.2.4.7.8 ","ORSE",5014,"Fornecimento e Instalação de Carpete Berber Point 650 da Beaulieu e=6mm","m²",{"$f":"IFERROR(VLOOKUP(A418,'ANEXO I - MEM. CÁLC'!$A:$O,4,0),0)","v":40},{"$f":"VLOOKUP(C418,'TABELA_CPU ADM-CANTEIRO-SERVICO'!B:K,9,0)","v":2.85},0.14015,3.24,129.6,1.0649005482397966E-6]
[" 5.5.2.5 ",null,null,"SPDA E ATERRAMENTO",{"$nulls":6},0]
[" 5.5.2.5.1 ",null,null,"CABOS",{"$nulls":6},0]
[" 5.5.2.5.1.1 ","AGETOP CIVIL",70544,"CABO DE COBRE NU 50 MM2","M",{"$f":"IFERROR(VLOOKUP(A421,'ANEXO I - MEM. CÁLC'!$A:$O,4,0),0)","v":180},{"$f":"VLOOKUP(C421,'TABELA_CPU ADM-CANTEIRO-SERVICO'!B:K,9,0)","v":45.24},{"$f":"$J$3","v":0.22559999999999999},55.44,9979.2000000000007,8.1997342214464348E-5]
[" 5.5.2.5.1.2 ","AGETOP CIVIL",70543,"CABO DE COBRE NU 35 MM2","M",{"$f":"IFERROR(VLOOKUP(A422,'ANEXO I - MEM. CÁLC'!$A:$O,4,0),0)","v":35},{"$f":"VLOOKUP(C422,'TABELA_CPU ADM-CANTEIRO-SERVICO'!B:K,9,0)","v":38.74},0.22559999999999999,47.47,1661.45,1.3651844258279399E-5]
[" 5.5.2.5.2 ",null,null,"CONEXÕES DOS CABOS",{"$nulls":6},0]
[" 5.5.2.5.2.1 ","CPOS/CDHU"," 42.20.160 ","Solda exotérmica conexão cabo-cabo horizontal em T, bitola do cabo de 50-50mm² a 95-50mm²","UN",{"$f":"IFERROR(VLOOKUP(A424,'ANEXO I - MEM. CÁLC'!$A:$O,4,0),0)","v":2},{"$f":"VLOOKUP(C424,'TABELA_CPU ADM-CANTEIRO-SERVICO'!B:K,9,0)","v":46.53},{"$f":"$J$3","v":0.22559999999999999},57.02,114.04,9.3704674784927784E-7]
[" 5.5.2.5.2.2 ","CPOS/CDHU"," 42.20.120 ","Solda exotérmica conexão cabo-cabo horizontal em X sobreposto, bitola do cabo de 35-35mm² a 50-35mm²","UN",{"$f":"IFERROR(VLOOKUP(A425,'ANEXO I - MEM. CÁLC'!$A:$O,4,0),0)","v":1},{"$f":"VLOOKUP(C425,'TABELA_CPU ADM-CANTEIRO-SERVICO'!B:K,9,0)","v":46.86},0.22559999999999999,57.43,57.43,4.7189227226397777E-7]
[" 5.5.2.5.2.3 ","CPOS/CDHU"," 42.20.220 ","Solda exotérmica conexão cabo-haste em T, bitola do cabo de 50mm² a 95mm² para haste de 5/8\" e 3/4\"","UN",{"$f":"IFERROR(VLOOKUP(A426,'ANEXO I - MEM. CÁLC'!$A:$O,4,0),0)","v":1},{"$f":"VLOOKUP(C426,'TABELA_CPU ADM-CANTEIRO-SERVICO'!B:K,9,0)","v":64.040000000000006},0.22559999999999999,78.48,78.48,6.4485644310076583E-7]
[" 5.5.2.5.3 ",null,null,"POÇO DE INSPEÇÃO E HASTE DE ATERRAMENTO",null,{"$f":"IFERROR(VLOOKUP(A427,'ANEXO I - MEM. CÁLC'!$A:$O,4,0),0)","v":0},{"$nulls":4},0]
[" 5.5.2.5.3.1 ","SINAPI",98111,"CAIXA DE INSPEÇÃO PARA ATERRAMENTO, CIRCULAR, EM POLIETILENO, DIÂMETRO INTERNO = 0,3 M. AF_12/2020","UN",{"$f":"IFERROR(VLOOKUP(A428,'ANEXO I - MEM. CÁLC'!$A:$O,4,0),0)","v":6},{"$f":"VLOOKUP(C428,'TABELA_CPU ADM-CANTEIRO-SERVICO'!B:K,9,0)","v":43.34},{"$f":"$J$3","v":0.22559999999999999},53.11,318.66000000000003,2.6183735239359074E-6]
["5.5.2.5.3.2","SBC",59230,"HASTE DE ATERRAMENTO TIPO COPPERWELD, ALTA CAMADA, 5/8\"X2,40M","UN",{"$f":"IFERROR(VLOOKUP(A429,'ANEXO I - MEM. CÁLC'!$A:$O,4,0),0)","v":6},{"$f":"VLOOKUP(C429,'TABELA_CPU ADM-CANTEIRO-SERVICO'!B:K,9,0)","v":126.45},0.22559999999999999,154.97,929.82,7.6401684241074681E-6,null,null,{"$f":"L429-J429","v":-929.82}]
[" 5.5.2.5.4 ",null,null,"CAPTORES E ACESSÓRIOS DE FIXAÇÃO",{"$nulls":6},0]
[" 5.5.2.5.4.1 ","SINAPI",104752,"CONECTOR SPLIT-BOLT, PARA SPDA, PARA CABOS ATÉ 35 MM2 - FORNECIMENTO E INSTALAÇÃO. AF_08/2023","UN",{"$f":"IFERROR(VLOOKUP(A431,'ANEXO I - MEM. CÁLC'!$A:$O,4,0),0)","v":8},{"$f":"VLOOKUP(C431,'TABELA_CPU ADM-CANTEIRO-SERVICO'!B:K,9,0)","v":20.190000000000001},{"$f":"$J$3","v":0.22559999999999999},24.74,197.92,1.6262740471267017E-6]
[" 5.5.2.5.4.2 ","SINAPI",104753,"CONECTOR SPLIT-BOLT, PARA SPDA, PARA CABOS ATÉ 50 MM2 - FORNECIMENTO E INSTALAÇÃO. AF_08/2023","UN",{"$f":"IFERROR(VLOOKUP(A432,'ANEXO I - MEM. CÁLC'!$A:$O,4,0),0)","v":8},{"$f":"VLOOKUP(C432,'TABELA_CPU ADM-CANTEIRO-SERVICO'!B:K,9,0)","v":24.04},0.22559999999999999,29.46,235.68,1.9365413673545932E-6]
["5.5.2.5.4.3","SBC",61302,"TERMINAL DE COMPRESSÃO OLHAL COM UM FURO PARA CABO DE COBRE 50MM² PARA PARAFUSO 3/8”","UN",{"$f":"IFERROR(VLOOKUP(A433,'ANEXO I - MEM. CÁLC'!$A:$O,4,0),0)","v":7},{"$f":"VLOOKUP(C433,'TABELA_CPU ADM-CANTEIRO-SERVICO'!B:K,9,0)","v":25.35},0.22559999999999999,31.06,217.42,1.7865021388757451E-6,null,null,{"$f":"L433-J433","v":-217.42}]
[" 5.5.2.5.4.4 ","SUDECAP"," 11.92.19 ","TERMINAL DE 1 COMPRESSAO 1 FURO 35 MM2","UN",{"$f":"IFERROR(VLOOKUP(A434,'ANEXO I - MEM. CÁLC'!$A:$O,4,0),0)","v":25},{"$f":"VLOOKUP(C434,'TABELA_CPU ADM-CANTEIRO-SERVICO'!B:K,9,0)","v":6.66},0.22559999999999999,8.16,204,1.6762323444515318E-6]
[" 5.5.2.5.4.5 ","ORSE",5014,"Fornecimento e Instalação de Carpete Berber Point 650 da Beaulieu e=6mm","m²",{"$f":"IFERROR(VLOOKUP(A435,'ANEXO I - MEM. CÁLC'!$A:$O,4,0),0)","v":10},{"$f":"VLOOKUP(C435,'TABELA_CPU ADM-CANTEIRO-SERVICO'!B:K,9,0)","v":2.85},{"$f":"$J$4","v":0.14015},3.24,32.4,2.6622513705994914E-7]
[" 5.5.2.5.4.6 ","ORSE",12506,"Arruela de lisa 3/8\"","un",{"$f":"IFERROR(VLOOKUP(A436,'ANEXO I - MEM. CÁLC'!$A:$O,4,0),0)","v":10},{"$f":"VLOOKUP(C436,'TABELA_CPU ADM-CANTEIRO-SERVICO'!B:K,9,0)","v":0.5},0.22559999999999999,0.61,6.1,5.0122633829187959E-8]
[" 5.5.2.5.4.7 ","ORSE",428,"Arruela de pressão 3/8\" - Rev 02","un",{"$f":"IFERROR(VLOOKUP(A437,'ANEXO I - MEM. CÁLC'!$A:$O,4,0),0)","v":10},{"$f":"VLOOKUP(C437,'TABELA_CPU ADM-CANTEIRO-SERVICO'!B:K,9,0)","v":0.66},0.22559999999999999,0.8,8,6.5734601743197317E-8]
["5.5.2.5.4.8","SBC",63002,"PORCA SEXTAVADA 3/8\"","UN",{"$f":"IFERROR(VLOOKUP(A438,'ANEXO I - MEM. CÁLC'!$A:$O,4,0),0)","v":10},{"$f":"VLOOKUP(C438,'TABELA_CPU ADM-CANTEIRO-SERVICO'!B:K,9,0)","v":392.5},{"$f":"$J$4","v":0.14015},447.5,4475,3.6770292850101003E-5,null,null,{"$f":"L438-J438","v":-4475}]
[" 5.5.2.5.4.9 ","SEDOP"," D00545 ","Parafuso diametro 1/4\"","un",{"$f":"IFERROR(VLOOKUP(A439,'ANEXO I - MEM. CÁLC'!$A:$O,4,0),0)","v":30},{"$f":"VLOOKUP(C439,'TABELA_CPU ADM-CANTEIRO-SERVICO'!B:K,9,0)","v":0.56000000000000005},0.14015,0.63,18.899999999999999,1.5529799661830367E-7]
[" 5.5.2.5.4.10 ","ORSE",5005,"Demolição de madeiramento de telhado de fibro-cimento 4mm e reassentamento para telha de fibro-cimento 8mm","m²",{"$f":"IFERROR(VLOOKUP(A440,'ANEXO I - MEM. CÁLC'!$A:$O,4,0),0)","v":30},{"$f":"VLOOKUP(C440,'TABELA_CPU ADM-CANTEIRO-SERVICO'!B:K,9,0)","v":0.05},0.14015,0.05,1.5,1.2325237826849498E-8]
[" 5.5.2.5.4.11 ","ORSE",6555,"Fornecimento de tubo em ferro fundido, ponta e flange PN 16, diam. =  300mm, L=1,00m","un",{"$f":"IFERROR(VLOOKUP(A441,'ANEXO I - MEM. CÁLC'!$A:$O,4,0),0)","v":30},{"$f":"VLOOKUP(C441,'TABELA_CPU ADM-CANTEIRO-SERVICO'!B:K,9,0)","v":0.32},0.14015,0.36,10.8,8.8741712353316397E-8]
["5.5.2.5.4.12","SBC",78039,"PRESILHA PARA FIXAÇÃO DE CABO DE COBRE NU #35mm² COM FURO ∅7mm ","UN",{"$f":"IFERROR(VLOOKUP(A442,'ANEXO I - MEM. CÁLC'!$A:$O,4,0),0)","v":26},{"$f":"VLOOKUP(C442,'TABELA_CPU ADM-CANTEIRO-SERVICO'!B:K,9,0)","v":1.42},0.22559999999999999,1.74,45.24,3.7172917285778086E-7,null,null,{"$f":"L442-J442","v":-45.24}]
["5.5.2.5.4.13","SBC",49205,"ABRAÇADEIRA TIPO UNHA PARA CABO 35MM², COM BUCHA DE NYLON , TIPO S-12, FIXAÇÃO COM PARAFUSO CABEÇA REDONDA ∅3/8\"X2\"","UN",{"$f":"IFERROR(VLOOKUP(A443,'ANEXO I - MEM. CÁLC'!$A:$O,4,0),0)","v":10},{"$f":"VLOOKUP(C443,'TABELA_CPU ADM-CANTEIRO-SERVICO'!B:K,9,0)","v":2.52},{"$f":"$J$4","v":0.14015},2.87,28.7,2.3582288375372039E-7,null,null,-28.7]
[" 5.5.2.5.4.14 ","SINAPI",104746,"MINI CAPTOR PARA SPDA - FORNECIMENTO E INSTALAÇÃO. AF_08/2023","UN",{"$f":"IFERROR(VLOOKUP(A444,'ANEXO I - MEM. CÁLC'!$A:$O,4,0),0)","v":4},{"$f":"VLOOKUP(C444,'TABELA_CPU ADM-CANTEIRO-SERVICO'!B:K,9,0)","v":27.38},0.22559999999999999,33.549999999999997,134.19999999999999,1.102697944242135E-6]
["5.5.2.5.4.15","SBC",61086,"ELETRODUTO DE PVC RÍGIDO ROSCÁVEL Ø 1\" - FORNECIMENTO E INSTALAÇÃO","M",{"$f":"IFERROR(VLOOKUP(A445,'ANEXO I - MEM. CÁLC'!$A:$O,4,0),0)","v":16},{"$f":"VLOOKUP(C445,'TABELA_CPU ADM-CANTEIRO-SERVICO'!B:K,9,0)","v":18.82},0.22559999999999999,23.06,368.96,3.0316798323962605E-6,null,null,{"$f":"L445-J445","v":-368.96}]
[" 5.5.2.5.4.16 ","CPOS/CDHU"," 69.20.070 ","Fita em aço inoxidável para poste de 0,50 m x 19 mm, com fecho em aço inoxidável","UN",{"$f":"IFERROR(VLOOKUP(A446,'ANEXO I - MEM. CÁLC'!$A:$O,4,0),0)","v":7},{"$f":"VLOOKUP(C446,'TABELA_CPU ADM-CANTEIRO-SERVICO'!B:K,9,0)","v":13.94},0.22559999999999999,17.079999999999998,119.56,9.8240362305208408E-7]
[" 5.5.2.6 ",null,null,"QUADROS DE DISTRIBUIÇÃO",{"$nulls":6},0]
[" 5.5.2.6.1 ",null,null,"QUADROS",{"$nulls":6},0]
["5.5.2.6.1.1","PRÓPRIO"," COT.NETS-08","(QDL-RC500) QUADRO PARA ILUMINAÇÃO E TOMADAS EM CHAPA DE AÇO ZINCADO, PINTADO A PÓ ELETROSTÁTICAMENTE, PLACA INTERNA NA COR LARANJA, IP65, PORTA REMOVÍVEL, DIM. APROX. 500X500X250MM (HxLxC). CONFORME DESENHO E ESPECIFICAÇÕES DE REFERÊNCIA.","CJ",{"$f":"IFERROR(VLOOKUP(A449,'ANEXO I - MEM. CÁLC'!$A:$O,4,0),0)","v":1},{"$f":"VLOOKUP(C449,'ANEXO II - MAPA DE COTAÇÃO'!A:I,9,0)","v":2264.62},{"$f":"$J$4","v":0.14015},2582,2582,2.1215842712616936E-5,null,null,{"$f":"L449-J449","v":-2582}]
["5.5.2.6.1.2","PRÓPRIO"," COT.NETS-09","(PGBT-RC500) PAINEL DE CONTROLE DAS INSTALAÇÕES DE FORÇA COM ARMÁRIOS, AUTOPORTANTE, EM AÇO GALVANIZADO, IP41, COMBINÁVEL COM OUTROS MÓDULOS, COM PORTA. DIM. APROX. 2000X800X600mm (HxLxC). CONFORME DESENHO E ESPECIFICAÇÕES DE REFERÊNCIA.","CJ",{"$f":"IFERROR(VLOOKUP(A450,'ANEXO I - MEM. CÁLC'!$A:$O,4,0),0)","v":1},{"$f":"VLOOKUP(C450,'ANEXO II - MAPA DE COTAÇÃO'!A:I,9,0)","v":16824.643333333333},0.14015,19182.61,19182.61,1.576201535931343E-4,null,null,-19182.61]
[" 5.6 ",null,null,"DRENAGEM SUPERCIAL",{"$nulls":5},{"$f":"SUM(J452:J457)","v":52829.719999999994},4.3409257555057824E-4]
[" 5.6.1 ","SICRO3",2003258,"Sarjeta triangular de concreto - STC 100-20 - escavação mecânica - areia extraída e brita produzida","m",{"$f":"IFERROR(VLOOKUP(A452,'ANEXO I - MEM. CÁLC'!$A:$O,4,0),0)","v":154.75},{"$f":"VLOOKUP(C452,'TABELA_CPU ADM-CANTEIRO-SERVICO'!B:K,9,0)","v":53.85},{"$f":"$J$3","v":0.22559999999999999},65.989999999999995,10211.950000000001,8.3909808283930495E-5]
[" 5.6.2 ","SICRO3",2003813,"Canaleta de concreto - CAU 03 - seção de 30 x 30 cm - espessura de 10 cm - apoiada em toda a extensão","m",{"$f":"IFERROR(VLOOKUP(A453,'ANEXO I - MEM. CÁLC'!$A:$O,4,0),0)","v":118.1514},{"$f":"VLOOKUP(C453,'TABELA_CPU ADM-CANTEIRO-SERVICO'!B:K,9,0)","v":203.55},0.22559999999999999,249.47,29475.22,2.4219273099914057E-4]
[" 5.6.3 ","SICRO3",2003408,"Descida d'água de aterros em degraus - DAD 03 - areia extraída e brita produzida","m",{"$f":"IFERROR(VLOOKUP(A454,'ANEXO I - MEM. CÁLC'!$A:$O,4,0),0)","v":5.4},{"$f":"VLOOKUP(C454,'TABELA_CPU ADM-CANTEIRO-SERVICO'!B:K,9,0)","v":384.76},0.22559999999999999,471.56,2546.42,2.0923488071364065E-5]
[" 5.6.4 ","SICRO3",2003410,"Descida d'água de aterros em degraus - DAD 04 - areia extraída e brita produzida","m",{"$f":"IFERROR(VLOOKUP(A455,'ANEXO I - MEM. CÁLC'!$A:$O,4,0),0)","v":4.68},{"$f":"VLOOKUP(C455,'TABELA_CPU ADM-CANTEIRO-SERVICO'!B:K,9,0)","v":541.91},0.22559999999999999,664.16,3108.26,2.5540029151788814E-5]
[" 5.6.5 ","SICRO3",2003412,"Descida d'água de aterros em degraus - DAD 05 - areia extraída e brita produzida","m",{"$f":"IFERROR(VLOOKUP(A456,'ANEXO I - MEM. CÁLC'!$A:$O,4,0),0)","v":3.5},{"$f":"VLOOKUP(C456,'TABELA_CPU ADM-CANTEIRO-SERVICO'!B:K,9,0)","v":539.51},0.22559999999999999,661.22,2314.27,1.9015952097028658E-5]
[" 5.6.6 ","SICRO3",2003414,"Descida d'água de aterros em degraus - DAD 06 - areia extraída e brita produzida","m",{"$f":"IFERROR(VLOOKUP(A457,'ANEXO I - MEM. CÁLC'!$A:$O,4,0),0)","v":5.8},{"$f":"VLOOKUP(C457,'TABELA_CPU ADM-CANTEIRO-SERVICO'!B:K,9,0)","v":727.81},0.22559999999999999,892,5173.6000000000004,4.2510566947325713E-5]
[" 5.7 ",null,null,"ARQUITETURA E URBANISMO",{"$nulls":5},{"$f":"SUM(J459:J469)","v":170399.63},{"$f":"J458/$J$1093","v":1.4001439769047723E-3}]
[" 5.7.1 ","SICRO3",2009618,"Alvenaria de blocos de concreto 19 x 19 x 39 cm com espessura de 20 cm - areia extraída","m²",{"$f":"IFERROR(VLOOKUP(A459,'ANEXO I - MEM. CÁLC'!$A:$O,4,0),0)","v":45.437999999999995},{"$f":"VLOOKUP(C459,'TABELA_CPU ADM-CANTEIRO-SERVICO'!B:K,9,0)","v":119.41},{"$f":"$J$3","v":0.22559999999999999},146.34,6649.39,5.4636875435649858E-5]
["5.7.2","SICRO3",903788,"CHAPISCO COM ARGAMASSA DE CIMENTO E AREIA 1:3 - APLICAÇÃO MANUAL","M²",{"$f":"IFERROR(VLOOKUP(A460,'ANEXO I - MEM. CÁLC'!$A:$O,4,0),0)","v":90.875999999999991},{"$f":"VLOOKUP(C460,'TABELA_CPU ADM-CANTEIRO-SERVICO'!B:K,9,0)","v":4.5999999999999996},0.22559999999999999,5.63,511.63,4.2039742862340056E-6,null,null,{"$f":"L460-J460","v":-511.63}]
["5.7.3","SICRO3",903789,"EMBOÇO COM ARGAMASSA DE CIMENTO, CAL HIDRATADA E AREIA 1:2:8 COM ESPESSURA DE 2 CM - APLICAÇÃO MANUAL","M²",{"$f":"IFERROR(VLOOKUP(A461,'ANEXO I - MEM. CÁLC'!$A:$O,4,0),0)","v":90.875999999999991},{"$f":"VLOOKUP(C461,'TABELA_CPU ADM-CANTEIRO-SERVICO'!B:K,9,0)","v":34.19},0.22559999999999999,{"$f":"IFERROR(TRUNC((G461*(1+H461)),2),\"\")","v":41.9},{"$f":"IFERROR(TRUNC((F461*I461),2),\"\")","v":3807.7},3.1287205382196554E-5,null,null,-3807.7]
[" 5.7.4 ","SINAPI",88495,"EMASSAMENTO COM MASSA LÁTEX, APLICAÇÃO EM PAREDE, UMA DEMÃO, LIXAMENTO MANUAL. AF_04/2023","m²",{"$f":"IFERROR(VLOOKUP(A462,'ANEXO I - MEM. CÁLC'!$A:$O,4,0),0)","v":90.875999999999991},{"$f":"VLOOKUP(C462,'TABELA_CPU ADM-CANTEIRO-SERVICO'!B:K,9,0)","v":12.26},0.22559999999999999,15.02,1364.95,1.1215555581172148E-5]
[" 5.7.5 ","SINAPI",104641,"PINTURA LÁTEX ACRÍLICA ECONÔMICA, APLICAÇÃO MANUAL EM PAREDES, DUAS DEMÃOS. AF_04/2023","m²",{"$f":"IFERROR(VLOOKUP(A463,'ANEXO I - MEM. CÁLC'!$A:$O,4,0),0)","v":90.875999999999991},{"$f":"VLOOKUP(C463,'TABELA_CPU ADM-CANTEIRO-SERVICO'!B:K,9,0)","v":10.130000000000001},0.22559999999999999,12.41,1127.77,9.2666889759907059E-6]
[" 5.7.6 ","SINAPI",92544,"TRAMA DE MADEIRA COMPOSTA POR TERÇAS PARA TELHADOS DE ATÉ 2 ÁGUAS PARA TELHA ESTRUTURAL DE FIBROCIMENTO, INCLUSO TRANSPORTE VERTICAL. AF_07/2019","m²",{"$f":"IFERROR(VLOOKUP(A464,'ANEXO I - MEM. CÁLC'!$A:$O,4,0),0)","v":33.274000000000001},{"$f":"VLOOKUP(C464,'TABELA_CPU ADM-CANTEIRO-SERVICO'!B:K,9,0)","v":19.510000000000002},0.22559999999999999,23.91,795.58,6.5371418068566162E-6]
[" 5.7.7 ","SINAPI",94210,"TELHAMENTO COM TELHA ONDULADA DE FIBROCIMENTO E = 6 MM, COM RECOBRIMENTO LATERAL DE 1 1/4 DE ONDA PARA TELHADO COM INCLINAÇÃO MÁXIMA DE 10°, COM ATÉ 2 ÁGUAS, INCLUSO IÇAMENTO. AF_07/2019","m²",{"$f":"IFERROR(VLOOKUP(A465,'ANEXO I - MEM. CÁLC'!$A:$O,4,0),0)","v":33.274000000000001},{"$f":"VLOOKUP(C465,'TABELA_CPU ADM-CANTEIRO-SERVICO'!B:K,9,0)","v":53.08},0.22559999999999999,65.05,2164.4699999999998,1.7785071679387286E-5]
[" 5.7.8 ","SINAPI",92400,"EXECUÇÃO DE PAVIMENTO EM PISO INTERTRAVADO, COM BLOCO RETANGULAR DE 20 X 10 CM, ESPESSURA 10 CM. AF_10/2022","m²",{"$f":"IFERROR(VLOOKUP(A466,'ANEXO I - MEM. CÁLC'!$A:$O,4,0),0)","v":1255.095},{"$f":"VLOOKUP(C466,'TABELA_CPU ADM-CANTEIRO-SERVICO'!B:K,9,0)","v":95.44},0.22559999999999999,116.97,146808.46,1.2062994563290142E-3]
[" 5.7.9 ","ORSE",10891,"Portão de abrir, 2 folhas, com quadro em tubo galvanizado 2\",  com barra quadrada de 3/4\" na vertical e esticador redondo de 3/4\", inclusive fechadura e dobradiças","m²",{"$f":"IFERROR(VLOOKUP(A467,'ANEXO I - MEM. CÁLC'!$A:$O,4,0),0)","v":3.7800000000000002},{"$f":"VLOOKUP(C467,'TABELA_CPU ADM-CANTEIRO-SERVICO'!B:K,9,0)","v":203.07},0.22559999999999999,248.88,940.76,7.7300604919912893E-6]
[" 5.7.10 ","SINAPI",94559,"JANELA DE AÇO TIPO BASCULANTE PARA VIDROS, COM BATENTE, FERRAGENS E PINTURA ANTICORROSIVA. EXCLUSIVE VIDROS, ACABAMENTO, ALIZAR E CONTRAMARCO. FORNECIMENTO E INSTALAÇÃO. AF_12/2019","m²",{"$f":"IFERROR(VLOOKUP(A468,'ANEXO I - MEM. CÁLC'!$A:$O,4,0),0)","v":4.2},{"$f":"VLOOKUP(C468,'TABELA_CPU ADM-CANTEIRO-SERVICO'!B:K,9,0)","v":701.64},0.22559999999999999,859.92,3611.66,2.9676378966479503E-5]
[" 5.7.11 ","SINAPI",1337,"CHAPA DE ACO XADREZ PARA PISOS, E = 1/4\" (6,30 MM) 54,53 KG/M2","KG",{"$f":"IFERROR(VLOOKUP(A469,'ANEXO I - MEM. CÁLC'!$A:$O,4,0),0)","v":227.39009999999999},{"$f":"VLOOKUP(C469,'TABELA_CPU ADM-CANTEIRO-SERVICO'!B:K,9,0)","v":10.1},{"$f":"$J$4","v":0.14015},11.51,2617.2600000000002,2.1505567969800079E-5]
[6,null,null,"CANAL PRINCIPAL PIS - CP500-2",{"$nulls":5},{"$f":"J471+J534+J614+J691","v":68042229.62000002},0.55909110822373576]
[" 6.1 ",null,null,"SEGMENTO DE CANAL - SUBTRECHO 1.1 (E0+11,44 ATÉ E75)",{"$nulls":5},{"$f":"SUM(J472:J533)","v":5348782.5600000015},4.3950011424069943E-2]
[" 6.1.1 ",null,null,"SEVIÇOS PRELIMINARES",{"$nulls":6},0]
[" 6.1.1.1 ","SICRO3",5501700,"Desmatamento, destocamento e limpeza de área com árvores de diâmetro até 0,15 m","m²",{"$f":"IFERROR(VLOOKUP(A473,'ANEXO I - MEM. CÁLC'!$A:$O,4,0),0)","v":153844.74900000001},{"$f":"VLOOKUP(C473,'TABELA_CPU ADM-CANTEIRO-SERVICO'!B:K,9,0)","v":0.53},{"$f":"$J$3","v":0.22559999999999999},0.64,98460.63,8.090337875542884E-4]
[" 6.1.1.2 ","SICRO3",5501701,"Destocamento de árvores com diâmetro de 0,15 a 0,30 m","un",{"$f":"IFERROR(VLOOKUP(A474,'ANEXO I - MEM. CÁLC'!$A:$O,4,0),0)","v":924},{"$f":"VLOOKUP(C474,'TABELA_CPU ADM-CANTEIRO-SERVICO'!B:K,9,0)","v":38.81},0.22559999999999999,47.56,43945.440000000002,3.6109199960369671E-4]
[" 6.1.1.3 ","SICRO3",5501702,"Destocamento de árvores com diâmetro maior que 0,30 m","un",{"$f":"IFERROR(VLOOKUP(A475,'ANEXO I - MEM. CÁLC'!$A:$O,4,0),0)","v":385},{"$f":"VLOOKUP(C475,'TABELA_CPU ADM-CANTEIRO-SERVICO'!B:K,9,0)","v":97.03},0.22559999999999999,118.91,45780.35,3.7616913436427295E-4]
[" 6.1.1.4 ","SICRO3",5502109,"Escavação, carga e transporte de material de 1ª categoria - DMT de 50 a 200 m - caminho de serviço em leito natural - com escavadeira e caminhão basculante de 14 m³","m³",{"$f":"IFERROR(VLOOKUP(A476,'ANEXO I - MEM. CÁLC'!$A:$O,4,0),0)","v":8522},{"$f":"VLOOKUP(C476,'TABELA_CPU ADM-CANTEIRO-SERVICO'!B:K,9,0)","v":5.73},0.22559999999999999,7.02,59824.44,4.9156696723872545E-4]
[" 6.1.1.5 ","SINAPI",100983,"CARGA, MANOBRA E DESCARGA DE ENTULHO EM CAMINHÃO BASCULANTE 14 M³ - CARGA COM ESCAVADEIRA HIDRÁULICA  (CAÇAMBA DE 0,80 M³ / 111 HP) E DESCARGA LIVRE (UNIDADE: M3). AF_07/2020","m³",{"$f":"IFERROR(VLOOKUP(A477,'ANEXO I - MEM. CÁLC'!$A:$O,4,0),0)","v":61537.899600000004},{"$f":"VLOOKUP(C477,'TABELA_CPU ADM-CANTEIRO-SERVICO'!B:K,9,0)","v":9.1199999999999992},0.22559999999999999,11.17,687378.33,5.6480675961817581E-3]
[" 6.1.1.6 ","SICRO3",5901639,"Transporte com caminhão basculante com caçamba estanque com capacidade de 14 m³ - rodovia em leito natural","tkm",{"$f":"IFERROR(VLOOKUP(A478,'ANEXO I - MEM. CÁLC'!$A:$O,4,0),0)","v":19692.127872000005},{"$f":"VLOOKUP(C478,'TABELA_CPU ADM-CANTEIRO-SERVICO'!B:K,9,0)","v":0.87},0.22559999999999999,1.06,20873.650000000001,1.7151513370961138E-4]
[" 6.1.1.7 ","SICRO3",4413942,"Espalhamento de material em bota-fora","m³",{"$f":"IFERROR(VLOOKUP(A479,'ANEXO I - MEM. CÁLC'!$A:$O,4,0),0)","v":70059.899600000004},{"$f":"VLOOKUP(C479,'TABELA_CPU ADM-CANTEIRO-SERVICO'!B:K,9,0)","v":1.97},0.22559999999999999,2.41,168844.35,1.3873645129798774E-3]
[" 6.1.2 ",null,null,"MOVIMENTO DE TERRA",{"$nulls":6},0]
[" 6.1.2.1 ",null,null,"CORTE",{"$nulls":6},0]
[" 6.1.2.1.1 ","SICRO3",5502109,"Escavação, carga e transporte de material de 1ª categoria - DMT de 50 a 200 m - caminho de serviço em leito natural - com escavadeira e caminhão basculante de 14 m³","m³",{"$f":"IFERROR(VLOOKUP(A482,'ANEXO I - MEM. CÁLC'!$A:$O,4,0),0)","v":17947.209999999992},{"$f":"VLOOKUP(C482,'TABELA_CPU ADM-CANTEIRO-SERVICO'!B:K,9,0)","v":5.73},{"$f":"$J$3","v":0.22559999999999999},7.02,125989.41,1.0352329612763004E-3]
[" 6.1.2.1.2 ","SICRO3",5502110,"Escavação, carga e transporte de material de 1ª categoria - DMT de 200 a 400 m - caminho de serviço em leito natural - com escavadeira e caminhão basculante de 14 m³","m³",{"$f":"IFERROR(VLOOKUP(A483,'ANEXO I - MEM. CÁLC'!$A:$O,4,0),0)","v":227.5},{"$f":"VLOOKUP(C483,'TABELA_CPU ADM-CANTEIRO-SERVICO'!B:K,9,0)","v":6.13},0.22559999999999999,7.51,1708.52,1.4038610221285937E-5]
[" 6.1.2.1.3 ","SICRO3",5502187,"Escavação, carga e transporte de material de 2ª categoria - DMT de 50 m","m³",{"$f":"IFERROR(VLOOKUP(A484,'ANEXO I - MEM. CÁLC'!$A:$O,4,0),0)","v":1622.47},{"$f":"VLOOKUP(C484,'TABELA_CPU ADM-CANTEIRO-SERVICO'!B:K,9,0)","v":7.16},0.22559999999999999,8.77,14229.06,1.1691769903500742E-4]
[" 6.1.2.1.4 ","SICRO3",5502742,"Escavação, carga e transporte de material de 3ª categoria - DMT de 50 a 200 m - caminho de serviço em leito natural com caminhão basculante de 12 m³","m³",{"$f":"IFERROR(VLOOKUP(A485,'ANEXO I - MEM. CÁLC'!$A:$O,4,0),0)","v":1130.74},{"$f":"VLOOKUP(C485,'TABELA_CPU ADM-CANTEIRO-SERVICO'!B:K,9,0)","v":40.99},0.22559999999999999,50.23,56797.07,4.6669159707881253E-4]
[" 6.1.2.1.5 ","SICRO3",5505768,"Pré-fissuramento de material de 3ª categoria","m²",{"$f":"IFERROR(VLOOKUP(A486,'ANEXO I - MEM. CÁLC'!$A:$O,4,0),0)","v":1540},{"$f":"VLOOKUP(C486,'TABELA_CPU ADM-CANTEIRO-SERVICO'!B:K,9,0)","v":80.91},0.22559999999999999,99.16,152706.4,1.2547617984546733E-3]
[" 6.1.2.2 ",null,null,"EXPLORAÇÃO DE JAZIDAS",{"$nulls":6},0]
[" 6.1.2.2.1 ","SICRO3",4016096,"Escavação e carga de material de jazida com escavadeira hidráulica de 1,56 m³","m³",{"$f":"IFERROR(VLOOKUP(A488,'ANEXO I - MEM. CÁLC'!$A:$O,4,0),0)","v":14995.029999999995},{"$f":"VLOOKUP(C488,'TABELA_CPU ADM-CANTEIRO-SERVICO'!B:K,9,0)","v":1.36},{"$f":"$J$3","v":0.22559999999999999},1.66,24891.74,2.0453107694940183E-4]
[" 6.1.2.2.2 ","SICRO3",5901639,"Transporte com caminhão basculante com caçamba estanque com capacidade de 14 m³ - rodovia em leito natural","tkm",{"$f":"IFERROR(VLOOKUP(A489,'ANEXO I - MEM. CÁLC'!$A:$O,4,0),0)","v":38171.571812262067},{"$f":"VLOOKUP(C489,'TABELA_CPU ADM-CANTEIRO-SERVICO'!B:K,9,0)","v":0.87},0.22559999999999999,1.06,40461.86,3.3246803161112576E-4]
[" 6.1.2.3 ",null,null,"ATERRO",{"$nulls":4},0,0,0]
[" 6.1.2.3.1 ","SICRO3",5502978,"Compactação de aterros a 100% do Proctor normal","m³",{"$f":"IFERROR(VLOOKUP(A491,'ANEXO I - MEM. CÁLC'!$A:$O,4,0),0)","v":34792.209999999992},{"$f":"VLOOKUP(C491,'TABELA_CPU ADM-CANTEIRO-SERVICO'!B:K,9,0)","v":4.9800000000000004},{"$f":"$J$3","v":0.22559999999999999},6.1,212232.48,1.7438771937213864E-3]
[" 6.1.3 ",null,null,"ENROCAMENTO DE PROTEÇÃO DO TALUDE EXTERNO DO DIQUE",{"$nulls":6},0]
[" 6.1.3.1 ","SICRO3",5914657,"Carga, manobra e descarga de blocos de rocha em caminhão basculante de 8 m³ - carga com retroescavadeira de 0,29 m³ e descarga livre","t",{"$f":"IFERROR(VLOOKUP(A493,'ANEXO I - MEM. CÁLC'!$A:$O,4,0),0)","v":985.22365701061449},{"$f":"VLOOKUP(C493,'TABELA_CPU ADM-CANTEIRO-SERVICO'!B:K,9,0)","v":17.600000000000001},{"$f":"$J$3","v":0.22559999999999999},21.57,21251.27,1.7461797124839463E-4]
[" 6.1.3.2 ","SICRO3",5914346,"Transporte de material de 3ª categoria com caminhão basculante de 8 m³ para rocha - rodovia em leito natural","tkm",{"$f":"IFERROR(VLOOKUP(A494,'ANEXO I - MEM. CÁLC'!$A:$O,4,0),0)","v":13034.508982250431},{"$f":"VLOOKUP(C494,'TABELA_CPU ADM-CANTEIRO-SERVICO'!B:K,9,0)","v":1.68},0.22559999999999999,2.0499999999999998,26720.74,2.1955965027294032E-4]
["6.1.3.3","PRÓPRIO","COMP-0022","RACHÃO OU PEDRA DE MÃO PRODUZIDA.","M³",{"$f":"IFERROR(VLOOKUP(A495,'ANEXO I - MEM. CÁLC'!$A:$O,4,0),0)","v":2301},20.05,0.22559999999999999,24.57,56535.57,4.6454289728433177E-4,null,null,{"$f":"L495-J495","v":-56535.57}]
[" 6.1.3.4 ","SICRO3",4816012,"Brita produzida em central de britagem de 80 m³/h","m³",{"$f":"IFERROR(VLOOKUP(A496,'ANEXO I - MEM. CÁLC'!$A:$O,4,0),0)","v":1153},{"$f":"VLOOKUP(C496,'TABELA_CPU ADM-CANTEIRO-SERVICO'!B:K,9,0)","v":53.94},0.22559999999999999,66.099999999999994,76213.3,6.2623136537935263E-4]
[" 6.1.3.5 ","SICRO3",5914351,"Carga, manobra e descarga de agregados ou solos em caminhão basculante de 14 m³ - carga com carregadeira de 3,40 m³ e descarga livre","t",{"$f":"IFERROR(VLOOKUP(A497,'ANEXO I - MEM. CÁLC'!$A:$O,4,0),0)","v":1729.5083777774548},{"$f":"VLOOKUP(C497,'TABELA_CPU ADM-CANTEIRO-SERVICO'!B:K,9,0)","v":2.61},0.22559999999999999,3.19,5517.13,4.5333292914430783E-5]
[" 6.1.3.6 ","SICRO3",5901639,"Transporte com caminhão basculante com caçamba estanque com capacidade de 14 m³ - rodovia em leito natural","tkm",{"$f":"IFERROR(VLOOKUP(A498,'ANEXO I - MEM. CÁLC'!$A:$O,4,0),0)","v":864.75418888872741},{"$f":"VLOOKUP(C498,'TABELA_CPU ADM-CANTEIRO-SERVICO'!B:K,9,0)","v":0.87},0.22559999999999999,1.06,916.63,7.5317884994833699E-6]
["6.1.3.7","PRÓPRIO","COMP-0021","ENROCAMENTO DE PEDRA ESPALHADA E COMPACTADA MECANICAMENTE - PEDRA DE MÃO PRODUZIDA - SEM FORNECIMENTO E COM ASSENTAMENTO","M³",{"$f":"IFERROR(VLOOKUP(A499,'ANEXO I - MEM. CÁLC'!$A:$O,4,0),0)","v":2301},22,0.22559999999999999,26.96,62034.96,5.0973042371939704E-4,null,null,{"$f":"L499-J499","v":-62034.96}]
["6.1.3.8","PRÓPRIO","COMP-0040","TRANSIÇÃO COMPACTADA EM BRITA, INCLUINDO OS SERVIÇOS DE DESCARGA OU LANÇAMENTO, ESPALHAMENTO E COMPACTAÇÃO SEM  FORNECIMENTO DE MATERIAL (ENSECADEIRA, BARRAGEM, ETC)","M³",{"$f":"IFERROR(VLOOKUP(A500,'ANEXO I - MEM. CÁLC'!$A:$O,4,0),0)","v":1153},5.84,0.22559999999999999,7.15,8243.9500000000007,6.7739096255103954E-5,null,null,-8243.9500000000007]
[" 6.1.4 ",null,null,"REGULARIZAÇÃO DOS TALUDES",{"$nulls":6},0]
[" 6.1.4.1 ","SICRO3",4015612,"Execução de revestimento primário com material de jazida","m³",{"$f":"IFERROR(VLOOKUP(A502,'ANEXO I - MEM. CÁLC'!$A:$O,4,0),0)","v":2471.0759999999996},{"$f":"VLOOKUP(C502,'TABELA_CPU ADM-CANTEIRO-SERVICO'!B:K,9,0)","v":12.06},{"$f":"$J$3","v":0.22559999999999999},14.78,36522.5,3.0009899902074054E-4]
[" 6.1.4.2 ","SICRO3",5914359,"Transporte com caminhão basculante de 10 m³ - rodovia em leito natural","tkm",{"$f":"IFERROR(VLOOKUP(A503,'ANEXO I - MEM. CÁLC'!$A:$O,4,0),0)","v":4633.2759220554935},{"$f":"VLOOKUP(C503,'TABELA_CPU ADM-CANTEIRO-SERVICO'!B:K,9,0)","v":1.21},0.22559999999999999,1.48,6857.24,5.6344742557190298E-5]
[" 6.1.4.3 ","SICRO3",1103852,"Concreto poroso para tubos de drenagem fck = 25 MPa - confecção em betoneira e lançamento manual - areia extraída e brita produzida","m³",{"$f":"IFERROR(VLOOKUP(A504,'ANEXO I - MEM. CÁLC'!$A:$O,4,0),0)","v":77},{"$f":"VLOOKUP(C504,'TABELA_CPU ADM-CANTEIRO-SERVICO'!B:K,9,0)","v":367.78},0.22559999999999999,450.75,34707.75,2.8518751545655711E-4]
[" 6.1.4.4 ","EMBASA"," 09.90.01 ","EXECUCAO DE SOLO-CIMENTO PARA REPAVIMENTACAO, C/ FORNEC. DO MAT.","m³",{"$f":"IFERROR(VLOOKUP(A505,'ANEXO I - MEM. CÁLC'!$A:$O,4,0),0)","v":933.55000000000007},{"$f":"VLOOKUP(C505,'TABELA_CPU ADM-CANTEIRO-SERVICO'!B:K,9,0)","v":543.33000000000004},0.22559999999999999,665.9,621650.93999999994,5.1079971205230312E-3]
[" 6.1.5 ",null,null,"REVESTIMENTO DO CANAL",{"$nulls":6},0]
[" 6.1.5.1 ","EMBASA"," 11.11.01 ","IMPERMEABILIZAÇÃO COM MANTA PEAD, GEOMEMBRANA LISA, E=1,00 MM","m²",{"$f":"IFERROR(VLOOKUP(A507,'ANEXO I - MEM. CÁLC'!$A:$O,4,0),0)","v":29772},{"$f":"VLOOKUP(C507,'TABELA_CPU ADM-CANTEIRO-SERVICO'!B:K,9,0)","v":33.44},{"$f":"$J$3","v":0.22559999999999999},40.98,1220056.56,1.0024991509471917E-2]
[" 6.1.5.2 ","SICRO3",1107929,"Concreto fck = 20 MPa - confecção em central dosadora de 30 m³/h - areia extraída e brita produzida","m³",{"$f":"IFERROR(VLOOKUP(A508,'ANEXO I - MEM. CÁLC'!$A:$O,4,0),0)","v":1367},{"$f":"VLOOKUP(C508,'TABELA_CPU ADM-CANTEIRO-SERVICO'!B:K,9,0)","v":265.60000000000002},0.22559999999999999,325.51,444972.17,3.6562585477195367E-3]
[" 6.1.5.3 ","SICRO3",5914657,"Carga, manobra e descarga de blocos de rocha em caminhão basculante de 8 m³ - carga com retroescavadeira de 0,29 m³ e descarga livre","t",{"$f":"IFERROR(VLOOKUP(A509,'ANEXO I - MEM. CÁLC'!$A:$O,4,0),0)","v":858.63511476345229},{"$f":"VLOOKUP(C509,'TABELA_CPU ADM-CANTEIRO-SERVICO'!B:K,9,0)","v":17.600000000000001},0.22559999999999999,21.57,18520.75,1.5218176565441523E-4]
[" 6.1.5.4 ","SICRO3",5914346,"Transporte de material de 3ª categoria com caminhão basculante de 8 m³ para rocha - rodovia em leito natural","tkm",{"$f":"IFERROR(VLOOKUP(A510,'ANEXO I - MEM. CÁLC'!$A:$O,4,0),0)","v":11359.742568320475},{"$f":"VLOOKUP(C510,'TABELA_CPU ADM-CANTEIRO-SERVICO'!B:K,9,0)","v":1.68},0.22559999999999999,2.0499999999999998,23287.47,1.9134907075708194E-4]
[" 6.1.5.5 ","SICRO3",5914351,"Carga, manobra e descarga de agregados ou solos em caminhão basculante de 14 m³ - carga com carregadeira de 3,40 m³ e descarga livre","t",{"$f":"IFERROR(VLOOKUP(A511,'ANEXO I - MEM. CÁLC'!$A:$O,4,0),0)","v":2814.667136341026},{"$f":"VLOOKUP(C511,'TABELA_CPU ADM-CANTEIRO-SERVICO'!B:K,9,0)","v":2.61},0.22559999999999999,3.19,8978.7800000000007,7.377706592997316E-5]
[" 6.1.5.6 ","SICRO3",5901639,"Transporte com caminhão basculante com caçamba estanque com capacidade de 14 m³ - rodovia em leito natural","tkm",{"$f":"IFERROR(VLOOKUP(A512,'ANEXO I - MEM. CÁLC'!$A:$O,4,0),0)","v":17297.37560326821},{"$f":"VLOOKUP(C512,'TABELA_CPU ADM-CANTEIRO-SERVICO'!B:K,9,0)","v":0.87},0.22559999999999999,1.06,18335.21,1.5065721590348612E-4]
[" 6.1.5.7 ","SICRO3",5914539,"Transporte com caminhão betoneira - rodovia em leito natural","tkm",{"$f":"IFERROR(VLOOKUP(A513,'ANEXO I - MEM. CÁLC'!$A:$O,4,0),0)","v":3280.7999999999997},{"$f":"VLOOKUP(C513,'TABELA_CPU ADM-CANTEIRO-SERVICO'!B:K,9,0)","v":0.98},0.22559999999999999,1.2,3936.96,3.234931220986227E-5]
[" 6.1.5.8 ","SICRO3",1106088,"Lançamento mecânico de concreto com bomba rebocável com capacidade de 30 m³/h - confecção em central dosadora de 30 m³/h","m³",{"$f":"IFERROR(VLOOKUP(A514,'ANEXO I - MEM. CÁLC'!$A:$O,4,0),0)","v":1367},{"$f":"VLOOKUP(C514,'TABELA_CPU ADM-CANTEIRO-SERVICO'!B:K,9,0)","v":57.76},0.22559999999999999,70.790000000000006,96769.93,7.951416011583853E-4]
[" 6.1.5.9 ","SICRO3",1100657,"Adensamento de concreto por vibrador de imersão","m³",{"$f":"IFERROR(VLOOKUP(A515,'ANEXO I - MEM. CÁLC'!$A:$O,4,0),0)","v":1367},{"$f":"VLOOKUP(C515,'TABELA_CPU ADM-CANTEIRO-SERVICO'!B:K,9,0)","v":3.32},0.22559999999999999,4.0599999999999996,5550.02,4.5603544295847506E-5]
[" 6.1.5.10 ","SICRO3"," M0006 ","Fibra de poliamida para concreto","kg",{"$f":"IFERROR(VLOOKUP(A516,'ANEXO I - MEM. CÁLC'!$A:$O,4,0),0)","v":820.19999999999993},{"$f":"VLOOKUP(C516,'TABELA_CPU ADM-CANTEIRO-SERVICO'!B:K,9,0)","v":27.662600000000001},{"$f":"$J$4","v":0.14015},31.53,25860.9,2.1249449527758148E-4]
[" 6.1.5.11 ","EMBASA"," 09.90.01 ","EXECUCAO DE SOLO-CIMENTO PARA REPAVIMENTACAO, C/ FORNEC. DO MAT.","m³",{"$f":"IFERROR(VLOOKUP(A517,'ANEXO I - MEM. CÁLC'!$A:$O,4,0),0)","v":476.35199999999998},{"$f":"VLOOKUP(C517,'TABELA_CPU ADM-CANTEIRO-SERVICO'!B:K,9,0)","v":543.33000000000004},{"$f":"$J$3","v":0.22559999999999999},665.9,317202.78999999998,2.6063998840601317E-3]
[" 6.1.6.2 ",null,null,"DRENAGEM SUB-SUPERFICAL",{"$nulls":6},0]
[" 6.1.6.2.1 ",null,null,"DRENO FINGER",{"$nulls":6},0]
[" 6.1.6.2.1.1 ","SICRO3",4816018,"Areia extraída com trator e carregadeira","m³",{"$f":"IFERROR(VLOOKUP(A520,'ANEXO I - MEM. CÁLC'!$A:$O,4,0),0)","v":251.20124999999999},{"$f":"VLOOKUP(C520,'TABELA_CPU ADM-CANTEIRO-SERVICO'!B:K,9,0)","v":4.99},{"$f":"$J$3","v":0.22559999999999999},6.11,1534.83,1.2611429849188943E-5]
[" 6.1.6.2.1.2 ","SICRO3",5914351,"Carga, manobra e descarga de agregados ou solos em caminhão basculante de 14 m³ - carga com carregadeira de 3,40 m³ e descarga livre","t",{"$f":"IFERROR(VLOOKUP(A521,'ANEXO I - MEM. CÁLC'!$A:$O,4,0),0)","v":376.80187500000005},{"$f":"VLOOKUP(C521,'TABELA_CPU ADM-CANTEIRO-SERVICO'!B:K,9,0)","v":2.61},0.22559999999999999,3.19,1201.99,9.8765417436632197E-6]
[" 6.1.6.2.1.3 ","SICRO3",5901639,"Transporte com caminhão basculante com caçamba estanque com capacidade de 14 m³ - rodovia em leito natural","tkm",{"$f":"IFERROR(VLOOKUP(A522,'ANEXO I - MEM. CÁLC'!$A:$O,4,0),0)","v":4898.4243750000005},{"$f":"VLOOKUP(C522,'TABELA_CPU ADM-CANTEIRO-SERVICO'!B:K,9,0)","v":0.87},0.22559999999999999,1.06,5192.32,{"$f":"J522/$J$1093","v":4.2664385915404786E-5}]
[" 6.1.6.2.2 ",null,null,"DRENO DE FUNDO",{"$nulls":6},0]
[" 6.1.6.2.2.1 ","SICRO3",5502585,"Escavação, carga e transporte de material de 2ª categoria - DMT de 50 a 200 m - caminho de serviço em leito natural - com escavadeira e caminhão basculante de 14 m³","m³",{"$f":"IFERROR(VLOOKUP(A524,'ANEXO I - MEM. CÁLC'!$A:$O,4,0),0)","v":272},{"$f":"VLOOKUP(C524,'TABELA_CPU ADM-CANTEIRO-SERVICO'!B:K,9,0)","v":8.0399999999999991},0.22559999999999999,9.85,2679.2,2.2014518123796782E-5]
[" 6.1.6.2.2.2 ","SICRO3",5502742,"Escavação, carga e transporte de material de 3ª categoria - DMT de 50 a 200 m - caminho de serviço em leito natural com caminhão basculante de 12 m³","m³",{"$f":"IFERROR(VLOOKUP(A525,'ANEXO I - MEM. CÁLC'!$A:$O,4,0),0)","v":332},{"$f":"VLOOKUP(C525,'TABELA_CPU ADM-CANTEIRO-SERVICO'!B:K,9,0)","v":40.99},0.22559999999999999,{"$f":"IFERROR(TRUNC((G525*(1+H525)),2),\"\")","v":50.23},{"$f":"IFERROR(TRUNC((F525*I525),2),\"\")","v":16676.36},1.3702673539077326E-4]
[" 6.1.6.2.2.3 ","SICRO3",4816018,"Areia extraída com trator e carregadeira","m³",{"$f":"IFERROR(VLOOKUP(A526,'ANEXO I - MEM. CÁLC'!$A:$O,4,0),0)","v":494.22},{"$f":"VLOOKUP(C526,'TABELA_CPU ADM-CANTEIRO-SERVICO'!B:K,9,0)","v":4.99},0.22559999999999999,6.11,3019.68,2.4812182773987259E-5]
[" 6.1.6.2.2.4 ","SICRO3",5914657,"Carga, manobra e descarga de blocos de rocha em caminhão basculante de 8 m³ - carga com retroescavadeira de 0,29 m³ e descarga livre","t",{"$f":"IFERROR(VLOOKUP(A527,'ANEXO I - MEM. CÁLC'!$A:$O,4,0),0)","v":139.05069011737839},{"$f":"VLOOKUP(C527,'TABELA_CPU ADM-CANTEIRO-SERVICO'!B:K,9,0)","v":17.600000000000001},0.22559999999999999,21.57,2999.32,2.4644888212550825E-5]
[" 6.1.6.2.2.5 ","SICRO3",5914346,"Transporte de material de 3ª categoria com caminhão basculante de 8 m³ para rocha - rodovia em leito natural","tkm",{"$f":"IFERROR(VLOOKUP(A528,'ANEXO I - MEM. CÁLC'!$A:$O,4,0),0)","v":1839.6406302529163},{"$f":"VLOOKUP(C528,'TABELA_CPU ADM-CANTEIRO-SERVICO'!B:K,9,0)","v":1.68},0.22559999999999999,2.0499999999999998,3771.26,3.0987784271256295E-5]
[" 6.1.6.2.2.6 ","SICRO3",4816012,"Brita produzida em central de britagem de 80 m³/h","m³",{"$f":"IFERROR(VLOOKUP(A529,'ANEXO I - MEM. CÁLC'!$A:$O,4,0),0)","v":162.72999999999999},{"$f":"VLOOKUP(C529,'TABELA_CPU ADM-CANTEIRO-SERVICO'!B:K,9,0)","v":53.94},0.22559999999999999,66.099999999999994,10756.45,8.8383869615076859E-5]
[" 6.1.6.2.2.7 ","SICRO3",5914351,"Carga, manobra e descarga de agregados ou solos em caminhão basculante de 14 m³ - carga com carregadeira de 3,40 m³ e descarga livre","t",{"$f":"IFERROR(VLOOKUP(A530,'ANEXO I - MEM. CÁLC'!$A:$O,4,0),0)","v":985.42618240739409},{"$f":"VLOOKUP(C530,'TABELA_CPU ADM-CANTEIRO-SERVICO'!B:K,9,0)","v":2.61},0.22559999999999999,3.19,3143.5,2.5829590072467599E-5]
[" 6.1.6.2.2.8 ","SICRO3",5901639,"Transporte com caminhão basculante com caçamba estanque com capacidade de 14 m³ - rodovia em leito natural","tkm",{"$f":"IFERROR(VLOOKUP(A531,'ANEXO I - MEM. CÁLC'!$A:$O,4,0),0)","v":9881.3861824073974},{"$f":"VLOOKUP(C531,'TABELA_CPU ADM-CANTEIRO-SERVICO'!B:K,9,0)","v":0.87},0.22559999999999999,1.06,10474.26,8.6065163706837755E-5]
[" 6.1.6.2.2.9 ","EMBASA"," 11.10.01 ","FORNEC. E COLOCACAO DE MANTA GEOTEXTIL NAO TECIDA C/ GRAMATURA DE 200 g/m² A 220 g/m²","m²",{"$f":"IFERROR(VLOOKUP(A532,'ANEXO I - MEM. CÁLC'!$A:$O,4,0),0)","v":3721.5},{"$f":"VLOOKUP(C532,'TABELA_CPU ADM-CANTEIRO-SERVICO'!B:K,9,0)","v":7.13},0.22559999999999999,8.73,32488.69,2.6695388728852467E-4]
[" 6.1.6.2.2.10 ","SINAPI",41780,"TUBO CORRUGADO PEAD, PAREDE DUPLA, INTERNA LISA, JEI, DN/DI 300 MM, PARA SANEAMENTO (DRENAGEM/ESGOTO)","M",{"$f":"IFERROR(VLOOKUP(A533,'ANEXO I - MEM. CÁLC'!$A:$O,4,0),0)","v":1488.6},{"$f":"VLOOKUP(C533,'TABELA_CPU ADM-CANTEIRO-SERVICO'!B:K,9,0)","v":212.16},{"$f":"$J$4","v":0.14015},241.89,360077.45,2.9586934715570058E-3]
[" 6.2 ",null,null,"SEGMENTO DE CANAL - SUBTRECHO 1.2 (E75 A E235)",{"$nulls":5},{"$f":"SUM(J535:J613)","v":17246814.93},0.14171406384527244]
[" 6.2.1 ",null,null,"SEVIÇOS PRELIMINARES",{"$nulls":6},0]
[" 6.2.1.1 ","SICRO3",5501700,"Desmatamento, destocamento e limpeza de área com árvores de diâmetro até 0,15 m","m²",{"$f":"IFERROR(VLOOKUP(A536,'ANEXO I - MEM. CÁLC'!$A:$O,4,0),0)","v":320023.58100000001},{"$f":"VLOOKUP(C536,'TABELA_CPU ADM-CANTEIRO-SERVICO'!B:K,9,0)","v":0.53},{"$f":"$J$3","v":0.22559999999999999},0.64,204815.09,1.6829297965183895E-3]
[" 6.2.1.2 ","SICRO3",5501701,"Destocamento de árvores com diâmetro de 0,15 a 0,30 m","un",{"$f":"IFERROR(VLOOKUP(A537,'ANEXO I - MEM. CÁLC'!$A:$O,4,0),0)","v":2401},{"$f":"VLOOKUP(C537,'TABELA_CPU ADM-CANTEIRO-SERVICO'!B:K,9,0)","v":38.81},0.22559999999999999,47.56,114191.56,9.3829208987930275E-4]
[" 6.2.1.3 ","SICRO3",5501702,"Destocamento de árvores com diâmetro maior que 0,30 m","un",{"$f":"IFERROR(VLOOKUP(A538,'ANEXO I - MEM. CÁLC'!$A:$O,4,0),0)","v":961},{"$f":"VLOOKUP(C538,'TABELA_CPU ADM-CANTEIRO-SERVICO'!B:K,9,0)","v":97.03},0.22559999999999999,118.91,114272.51,9.3895724188069161E-4]
[" 6.2.1.4 ","SICRO3",5502109,"Escavação, carga e transporte de material de 1ª categoria - DMT de 50 a 200 m - caminho de serviço em leito natural - com escavadeira e caminhão basculante de 14 m³","m³",{"$f":"IFERROR(VLOOKUP(A539,'ANEXO I - MEM. CÁLC'!$A:$O,4,0),0)","v":19544},{"$f":"VLOOKUP(C539,'TABELA_CPU ADM-CANTEIRO-SERVICO'!B:K,9,0)","v":5.73},0.22559999999999999,7.02,137198.88,1.12733921705159E-3]
[" 6.2.1.5 ","SINAPI",100983,"CARGA, MANOBRA E DESCARGA DE ENTULHO EM CAMINHÃO BASCULANTE 14 M³ - CARGA COM ESCAVADEIRA HIDRÁULICA  (CAÇAMBA DE 0,80 M³ / 111 HP) E DESCARGA LIVRE (UNIDADE: M3). AF_07/2020","m³",{"$f":"IFERROR(VLOOKUP(A540,'ANEXO I - MEM. CÁLC'!$A:$O,4,0),0)","v":128009.43240000001},{"$f":"VLOOKUP(C540,'TABELA_CPU ADM-CANTEIRO-SERVICO'!B:K,9,0)","v":9.1199999999999992},0.22559999999999999,11.17,1429865.35,1.1748953666080933E-2]
[" 6.2.1.6 ","SICRO3",5901639,"Transporte com caminhão basculante com caçamba estanque com capacidade de 14 m³ - rodovia em leito natural","tkm",{"$f":"IFERROR(VLOOKUP(A541,'ANEXO I - MEM. CÁLC'!$A:$O,4,0),0)","v":40963.018368000005},{"$f":"VLOOKUP(C541,'TABELA_CPU ADM-CANTEIRO-SERVICO'!B:K,9,0)","v":0.87},0.22559999999999999,1.06,43420.79,3.5678104225312561E-4]
[" 6.2.1.7 ","SICRO3",4413942,"Espalhamento de material em bota-fora","m³",{"$f":"IFERROR(VLOOKUP(A542,'ANEXO I - MEM. CÁLC'!$A:$O,4,0),0)","v":147553.43239999999},{"$f":"VLOOKUP(C542,'TABELA_CPU ADM-CANTEIRO-SERVICO'!B:K,9,0)","v":1.97},0.22559999999999999,2.41,355603.77,2.9219340249161925E-3]
[" 6.2.2 ",null,null,"MOVIMENTO DE TERRA",{"$nulls":4},0,0,0]
[" 6.2.2.1 ",null,null,"CORTE",{"$nulls":4},0,0,0]
[" 6.2.2.1.1 ","SICRO3",5502109,"Escavação, carga e transporte de material de 1ª categoria - DMT de 50 a 200 m - caminho de serviço em leito natural - com escavadeira e caminhão basculante de 14 m³","m³",{"$f":"IFERROR(VLOOKUP(A545,'ANEXO I - MEM. CÁLC'!$A:$O,4,0),0)","v":79889.287999999986},{"$f":"VLOOKUP(C545,'TABELA_CPU ADM-CANTEIRO-SERVICO'!B:K,9,0)","v":5.73},{"$f":"$J$3","v":0.22559999999999999},7.02,560822.80000000005,4.6081829258131013E-3]
[" 6.2.2.1.2 ","SICRO3",5502120,"Escavação, carga e transporte de material de 1ª categoria - DMT de 2.500 a 3.000 m - caminho de serviço em leito natural - com escavadeira e caminhão basculante de 14 m³","m³",{"$f":"IFERROR(VLOOKUP(A546,'ANEXO I - MEM. CÁLC'!$A:$O,4,0),0)","v":4657.92},{"$f":"VLOOKUP(C546,'TABELA_CPU ADM-CANTEIRO-SERVICO'!B:K,9,0)","v":11.11},0.22559999999999999,13.61,63394.29,5.2089980074284455E-4]
[" 6.2.2.1.3 ","SICRO3",5502585,"Escavação, carga e transporte de material de 2ª categoria - DMT de 50 a 200 m - caminho de serviço em leito natural - com escavadeira e caminhão basculante de 14 m³","m³",{"$f":"IFERROR(VLOOKUP(A547,'ANEXO I - MEM. CÁLC'!$A:$O,4,0),0)","v":21136.801999999996},{"$f":"VLOOKUP(C547,'TABELA_CPU ADM-CANTEIRO-SERVICO'!B:K,9,0)","v":8.0399999999999991},0.22559999999999999,9.85,208197.49,1.7107223861354134E-3]
[" 6.2.2.1.4 ","SICRO3",5502742,"Escavação, carga e transporte de material de 3ª categoria - DMT de 50 a 200 m - caminho de serviço em leito natural com caminhão basculante de 12 m³","m³",{"$f":"IFERROR(VLOOKUP(A548,'ANEXO I - MEM. CÁLC'!$A:$O,4,0),0)","v":31603.67},{"$f":"VLOOKUP(C548,'TABELA_CPU ADM-CANTEIRO-SERVICO'!B:K,9,0)","v":40.99},0.22559999999999999,50.23,1587452.34,1.3043818419525835E-2]
[" 6.2.2.1.5 ","SICRO3",5502752,"Escavação, carga e transporte de material de 3ª categoria - DMT de 2.000 a 2.500 m - caminho de serviço em leito natural com caminhão basculante de 12 m³","m³",{"$f":"IFERROR(VLOOKUP(A549,'ANEXO I - MEM. CÁLC'!$A:$O,4,0),0)","v":2323.2600000000002},{"$f":"VLOOKUP(C549,'TABELA_CPU ADM-CANTEIRO-SERVICO'!B:K,9,0)","v":49.76},0.22559999999999999,60.98,141672.39000000001,1.1640972668321165E-3]
[" 6.2.2.1.6 ","SICRO3",5502753,"Escavação, carga e transporte de material de 3ª categoria - DMT de 2.500 a 3.000 m - caminho de serviço em leito natural com caminhão basculante de 12 m³","m³",{"$f":"IFERROR(VLOOKUP(A550,'ANEXO I - MEM. CÁLC'!$A:$O,4,0),0)","v":13014.22},{"$f":"VLOOKUP(C550,'TABELA_CPU ADM-CANTEIRO-SERVICO'!B:K,9,0)","v":51.01},0.22559999999999999,62.51,813518.89,6.6845425305897439E-3]
[" 6.2.2.1.7 ","SICRO3",5505768,"Pré-fissuramento de material de 3ª categoria","m²",{"$f":"IFERROR(VLOOKUP(A551,'ANEXO I - MEM. CÁLC'!$A:$O,4,0),0)","v":19598},{"$f":"VLOOKUP(C551,'TABELA_CPU ADM-CANTEIRO-SERVICO'!B:K,9,0)","v":80.91},0.22559999999999999,99.16,1943337.68,1.596806605591863E-2]
[" 6.2.2.1.8 ","SICRO3",4413942,"Espalhamento de material em bota-fora","m³",{"$f":"IFERROR(VLOOKUP(A552,'ANEXO I - MEM. CÁLC'!$A:$O,4,0),0)","v":126334.75999999998},{"$f":"VLOOKUP(C552,'TABELA_CPU ADM-CANTEIRO-SERVICO'!B:K,9,0)","v":1.97},0.22559999999999999,2.41,304466.77,2.5017502337484573E-3]
[" 6.2.2.2 ",null,null,"EXPLORAÇÃO DE JAZIDAS",{"$nulls":4},0,0,0]
[" 6.2.2.2.1 ","SICRO3",4016096,"Escavação e carga de material de jazida com escavadeira hidráulica de 1,56 m³","m³",{"$f":"IFERROR(VLOOKUP(A554,'ANEXO I - MEM. CÁLC'!$A:$O,4,0),0)","v":94039.099999999962},{"$f":"VLOOKUP(C554,'TABELA_CPU ADM-CANTEIRO-SERVICO'!B:K,9,0)","v":1.36},{"$f":"$J$3","v":0.22559999999999999},1.66,156104.9,1.2826866789577055E-3]
[" 6.2.2.2.2 ","SICRO3",5901639,"Transporte com caminhão basculante com caçamba estanque com capacidade de 14 m³ - rodovia em leito natural","tkm",{"$f":"IFERROR(VLOOKUP(A555,'ANEXO I - MEM. CÁLC'!$A:$O,4,0),0)","v":508464.71415611455},{"$f":"VLOOKUP(C555,'TABELA_CPU ADM-CANTEIRO-SERVICO'!B:K,9,0)","v":0.87},0.22559999999999999,1.06,538972.59,4.4286435692686968E-3]
[" 6.2.2.3 ",null,null,"ATERRO",{"$nulls":6},0]
[" 6.2.2.3.1 ","SICRO3",5502978,"Compactação de aterros a 100% do Proctor normal","m³",{"$f":"IFERROR(VLOOKUP(A557,'ANEXO I - MEM. CÁLC'!$A:$O,4,0),0)","v":94039.099999999962},{"$f":"VLOOKUP(C557,'TABELA_CPU ADM-CANTEIRO-SERVICO'!B:K,9,0)","v":4.9800000000000004},{"$f":"$J$3","v":0.22559999999999999},6.1,573638.51,4.7134873749263891E-3]
[" 6.2.3 ",null,null,"ENROCAMENTO DE PROTEÇÃO DO TALUDE EXTERNO DO DIQUE",{"$nulls":6},0]
[" 6.2.3.1 ","SICRO3",5914657,"Carga, manobra e descarga de blocos de rocha em caminhão basculante de 8 m³ - carga com retroescavadeira de 0,29 m³ e descarga livre","t",{"$f":"IFERROR(VLOOKUP(A559,'ANEXO I - MEM. CÁLC'!$A:$O,4,0),0)","v":1789.2960431745246},{"$f":"VLOOKUP(C559,'TABELA_CPU ADM-CANTEIRO-SERVICO'!B:K,9,0)","v":17.600000000000001},{"$f":"$J$3","v":0.22559999999999999},21.57,38595.11,3.1712927313561155E-4]
[" 6.2.3.2 ","SICRO3",5914346,"Transporte de material de 3ª categoria com caminhão basculante de 8 m³ para rocha - rodovia em leito natural","tkm",{"$f":"IFERROR(VLOOKUP(A560,'ANEXO I - MEM. CÁLC'!$A:$O,4,0),0)","v":23672.386651198962},{"$f":"VLOOKUP(C560,'TABELA_CPU ADM-CANTEIRO-SERVICO'!B:K,9,0)","v":1.68},0.22559999999999999,2.0499999999999998,48528.39,3.9874929873606995E-4]
["6.2.3.3","PRÓPRIO","COMP-0022","RACHÃO OU PEDRA DE MÃO PRODUZIDA.","M³",{"$f":"IFERROR(VLOOKUP(A561,'ANEXO I - MEM. CÁLC'!$A:$O,4,0),0)","v":4201},20.05,0.22559999999999999,24.57,103218.57,8.4812894893154193E-4,null,null,{"$f":"L561-J561","v":-103218.57}]
[" 6.2.3.4 ","SICRO3",4816012,"Brita produzida em central de britagem de 80 m³/h","m³",{"$f":"IFERROR(VLOOKUP(A562,'ANEXO I - MEM. CÁLC'!$A:$O,4,0),0)","v":2094},{"$f":"VLOOKUP(C562,'TABELA_CPU ADM-CANTEIRO-SERVICO'!B:K,9,0)","v":53.94},0.22559999999999999,66.099999999999994,138413.4,1.1373187156152335E-3]
[" 6.2.3.5 ","SICRO3",5914351,"Carga, manobra e descarga de agregados ou solos em caminhão basculante de 14 m³ - carga com carregadeira de 3,40 m³ e descarga livre","t",{"$f":"IFERROR(VLOOKUP(A563,'ANEXO I - MEM. CÁLC'!$A:$O,4,0),0)","v":3141.0152151483007},{"$f":"VLOOKUP(C563,'TABELA_CPU ADM-CANTEIRO-SERVICO'!B:K,9,0)","v":2.61},0.22559999999999999,3.19,10019.83,8.2331191823067598E-5]
[" 6.2.3.6 ","SICRO3",5901639,"Transporte com caminhão basculante com caçamba estanque com capacidade de 14 m³ - rodovia em leito natural","tkm",{"$f":"IFERROR(VLOOKUP(A564,'ANEXO I - MEM. CÁLC'!$A:$O,4,0),0)","v":9423.0456454449013},{"$f":"VLOOKUP(C564,'TABELA_CPU ADM-CANTEIRO-SERVICO'!B:K,9,0)","v":0.87},0.22559999999999999,1.06,9988.42,8.2073101342973372E-5]
["6.2.3.7","PRÓPRIO","COMP-0021","ENROCAMENTO DE PEDRA ESPALHADA E COMPACTADA MECANICAMENTE - PEDRA DE MÃO PRODUZIDA - SEM FORNECIMENTO E COM ASSENTAMENTO","M³",{"$f":"IFERROR(VLOOKUP(A565,'ANEXO I - MEM. CÁLC'!$A:$O,4,0),0)","v":4201},22,0.22559999999999999,26.96,113258.96,9.3062907868108951E-4,null,null,{"$f":"L565-J565","v":-113258.96}]
["6.2.3.8","PRÓPRIO","COMP-0040","TRANSIÇÃO COMPACTADA EM BRITA, INCLUINDO OS SERVIÇOS DE DESCARGA OU LANÇAMENTO, ESPALHAMENTO E COMPACTAÇÃO SEM  FORNECIMENTO DE MATERIAL (ENSECADEIRA, BARRAGEM, ETC)","M³",{"$f":"IFERROR(VLOOKUP(A566,'ANEXO I - MEM. CÁLC'!$A:$O,4,0),0)","v":2094},5.84,0.22559999999999999,7.15,14972.1,1.2302312884491558E-4,null,null,-14972.1]
[" 6.2.4 ",null,null,"REGULARIZAÇÃO DOS TALUDES",{"$nulls":6},0]
[" 6.2.4.1 ","SICRO3",4015612,"Execução de revestimento primário com material de jazida","m³",{"$f":"IFERROR(VLOOKUP(A568,'ANEXO I - MEM. CÁLC'!$A:$O,4,0),0)","v":5312},{"$f":"VLOOKUP(C568,'TABELA_CPU ADM-CANTEIRO-SERVICO'!B:K,9,0)","v":12.06},{"$f":"$J$3","v":0.22559999999999999},14.78,78511.360000000001,6.451141227395991E-4]
[" 6.2.4.2 ","SICRO3",5914359,"Transporte com caminhão basculante de 10 m³ - rodovia em leito natural","tkm",{"$f":"IFERROR(VLOOKUP(A569,'ANEXO I - MEM. CÁLC'!$A:$O,4,0),0)","v":31374.05702963817},{"$f":"VLOOKUP(C569,'TABELA_CPU ADM-CANTEIRO-SERVICO'!B:K,9,0)","v":1.21},0.22559999999999999,1.48,46433.599999999999,3.8153677543786591E-4]
[" 6.2.4.3 ","SICRO3",1103852,"Concreto poroso para tubos de drenagem fck = 25 MPa - confecção em betoneira e lançamento manual - areia extraída e brita produzida","m³",{"$f":"IFERROR(VLOOKUP(A570,'ANEXO I - MEM. CÁLC'!$A:$O,4,0),0)","v":979.90000000000009},{"$f":"VLOOKUP(C570,'TABELA_CPU ADM-CANTEIRO-SERVICO'!B:K,9,0)","v":367.78},0.22559999999999999,450.75,441689.92,3.6292888731480856E-3]
[" 6.2.4.4 ","EMBASA"," 09.90.01 ","EXECUCAO DE SOLO-CIMENTO PARA REPAVIMENTACAO, C/ FORNEC. DO MAT.","m³",{"$f":"IFERROR(VLOOKUP(A571,'ANEXO I - MEM. CÁLC'!$A:$O,4,0),0)","v":1522.0500000000002},{"$f":"VLOOKUP(C571,'TABELA_CPU ADM-CANTEIRO-SERVICO'!B:K,9,0)","v":543.33000000000004},0.22559999999999999,665.9,1013533.09,8.3280242530877711E-3]
[" 6.2.5 ",null,null,"REVESTIMENTO DO CANAL",{"$nulls":4},0,0,0]
[" 6.2.5.1 ","EMBASA"," 11.11.01 ","IMPERMEABILIZAÇÃO COM MANTA PEAD, GEOMEMBRANA LISA, E=1,00 MM","m²",{"$f":"IFERROR(VLOOKUP(A573,'ANEXO I - MEM. CÁLC'!$A:$O,4,0),0)","v":64000},{"$f":"VLOOKUP(C573,'TABELA_CPU ADM-CANTEIRO-SERVICO'!B:K,9,0)","v":33.44},{"$f":"$J$3","v":0.22559999999999999},40.98,2622720,2.1550431835489811E-2]
[" 6.2.5.2 ","SICRO3",1107929,"Concreto fck = 20 MPa - confecção em central dosadora de 30 m³/h - areia extraída e brita produzida","m³",{"$f":"IFERROR(VLOOKUP(A574,'ANEXO I - MEM. CÁLC'!$A:$O,4,0),0)","v":3268},{"$f":"VLOOKUP(C574,'TABELA_CPU ADM-CANTEIRO-SERVICO'!B:K,9,0)","v":265.60000000000002},0.22559999999999999,325.51,1063766.68,8.7407848821854026E-3]
[" 6.2.5.3 ","SICRO3",5914657,"Carga, manobra e descarga de blocos de rocha em caminhão basculante de 8 m³ - carga com retroescavadeira de 0,29 m³ e descarga livre","t",{"$f":"IFERROR(VLOOKUP(A575,'ANEXO I - MEM. CÁLC'!$A:$O,4,0),0)","v":2052.684385550082},{"$f":"VLOOKUP(C575,'TABELA_CPU ADM-CANTEIRO-SERVICO'!B:K,9,0)","v":17.600000000000001},0.22559999999999999,21.57,44276.4,3.6381144007781275E-4]
[" 6.2.5.4 ","SICRO3",5914346,"Transporte de material de 3ª categoria com caminhão basculante de 8 m³ para rocha - rodovia em leito natural","tkm",{"$f":"IFERROR(VLOOKUP(A576,'ANEXO I - MEM. CÁLC'!$A:$O,4,0),0)","v":27157.014420827585},{"$f":"VLOOKUP(C576,'TABELA_CPU ADM-CANTEIRO-SERVICO'!B:K,9,0)","v":1.68},0.22559999999999999,2.0499999999999998,55671.87,4.5744602534363189E-4]
[" 6.2.5.5 ","SICRO3",5914351,"Carga, manobra e descarga de agregados ou solos em caminhão basculante de 14 m³ - carga com carregadeira de 3,40 m³ e descarga livre","t",{"$f":"IFERROR(VLOOKUP(A577,'ANEXO I - MEM. CÁLC'!$A:$O,4,0),0)","v":6728.8457948518444},{"$f":"VLOOKUP(C577,'TABELA_CPU ADM-CANTEIRO-SERVICO'!B:K,9,0)","v":2.61},0.22559999999999999,3.19,21465.01,1.7637423547046848E-4]
[" 6.2.5.6 ","SICRO3",5901639,"Transporte com caminhão basculante com caçamba estanque com capacidade de 14 m³ - rodovia em leito natural","tkm",{"$f":"IFERROR(VLOOKUP(A578,'ANEXO I - MEM. CÁLC'!$A:$O,4,0),0)","v":41351.736262970371},{"$f":"VLOOKUP(C578,'TABELA_CPU ADM-CANTEIRO-SERVICO'!B:K,9,0)","v":0.87},0.22559999999999999,1.06,43832.84,3.6016678508416113E-4]
[" 6.2.5.7 ","SICRO3",5914539,"Transporte com caminhão betoneira - rodovia em leito natural","tkm",{"$f":"IFERROR(VLOOKUP(A579,'ANEXO I - MEM. CÁLC'!$A:$O,4,0),0)","v":23529.599999999999},{"$f":"VLOOKUP(C579,'TABELA_CPU ADM-CANTEIRO-SERVICO'!B:K,9,0)","v":0.98},0.22559999999999999,1.2,28235.52,2.3200633277651036E-4]
[" 6.2.5.8 ","SICRO3",1106088,"Lançamento mecânico de concreto com bomba rebocável com capacidade de 30 m³/h - confecção em central dosadora de 30 m³/h","m³",{"$f":"IFERROR(VLOOKUP(A580,'ANEXO I - MEM. CÁLC'!$A:$O,4,0),0)","v":3268},{"$f":"VLOOKUP(C580,'TABELA_CPU ADM-CANTEIRO-SERVICO'!B:K,9,0)","v":57.76},0.22559999999999999,70.790000000000006,231341.72,1.9008944788482835E-3]
[" 6.2.5.9 ","SICRO3",1100657,"Adensamento de concreto por vibrador de imersão","m³",{"$f":"IFERROR(VLOOKUP(A581,'ANEXO I - MEM. CÁLC'!$A:$O,4,0),0)","v":3268},{"$f":"VLOOKUP(C581,'TABELA_CPU ADM-CANTEIRO-SERVICO'!B:K,9,0)","v":3.32},0.22559999999999999,4.0599999999999996,13268.08,1.090214943371102E-4]
[" 6.2.5.10 ","SICRO3"," M0006 ","Fibra de poliamida para concreto","kg",{"$f":"IFERROR(VLOOKUP(A582,'ANEXO I - MEM. CÁLC'!$A:$O,4,0),0)","v":1960.8},{"$f":"VLOOKUP(C582,'TABELA_CPU ADM-CANTEIRO-SERVICO'!B:K,9,0)","v":27.662600000000001},{"$f":"$J$4","v":0.14015},31.53,61824.02,5.0799716660793323E-4]
[" 6.2.5.11 ","EMBASA"," 09.90.01 ","EXECUCAO DE SOLO-CIMENTO PARA REPAVIMENTACAO, C/ FORNEC. DO MAT.","m³",{"$f":"IFERROR(VLOOKUP(A583,'ANEXO I - MEM. CÁLC'!$A:$O,4,0),0)","v":1024},{"$f":"VLOOKUP(C583,'TABELA_CPU ADM-CANTEIRO-SERVICO'!B:K,9,0)","v":543.33000000000004},{"$f":"$J$3","v":0.22559999999999999},665.9,681881.59999999998,5.6029019265017724E-3]
[" 6.2.6 ",null,null,"DRENAGEM SUPERFICIAL E SUB-SUPERFICAL (FUNDO, SEÇÃO HIDRAULICA E PROTEÇÃO DE TALUDES)",{"$nulls":6},0]
[" 6.2.6.1 ",null,null,"DRENAGEM SUB-SUPERFICAL",{"$nulls":6},0]
[" 6.2.6.1.1 ",null,null,"DRENO FINGER",{"$nulls":6},{"$f":"J586/$J$1093","v":0}]
[" 6.2.6.1.1.1 ","SICRO3",4816018,"Areia extraída com trator e carregadeira","m³",{"$f":"IFERROR(VLOOKUP(A587,'ANEXO I - MEM. CÁLC'!$A:$O,4,0),0)","v":540},{"$f":"VLOOKUP(C587,'TABELA_CPU ADM-CANTEIRO-SERVICO'!B:K,9,0)","v":4.99},{"$f":"$J$3","v":0.22559999999999999},6.11,3299.4,2.7110593123938157E-5]
[" 6.2.6.1.1.2 ","SICRO3",5914351,"Carga, manobra e descarga de agregados ou solos em caminhão basculante de 14 m³ - carga com carregadeira de 3,40 m³ e descarga livre","t",{"$f":"IFERROR(VLOOKUP(A588,'ANEXO I - MEM. CÁLC'!$A:$O,4,0),0)","v":810.00000000000011},{"$f":"VLOOKUP(C588,'TABELA_CPU ADM-CANTEIRO-SERVICO'!B:K,9,0)","v":2.61},0.22559999999999999,3.19,2583.9,2.1231454680530945E-5]
[" 6.2.6.1.1.3 ","SICRO3",5901639,"Transporte com caminhão basculante com caçamba estanque com capacidade de 14 m³ - rodovia em leito natural","tkm",{"$f":"IFERROR(VLOOKUP(A589,'ANEXO I - MEM. CÁLC'!$A:$O,4,0),0)","v":12271.500000000002},{"$f":"VLOOKUP(C589,'TABELA_CPU ADM-CANTEIRO-SERVICO'!B:K,9,0)","v":0.87},0.22559999999999999,{"$f":"IFERROR(TRUNC((G589*(1+H589)),2),\"\")","v":1.06},{"$f":"IFERROR(TRUNC((F589*I589),2),\"\")","v":13007.79},1.0688273690114309E-4]
[" 6.2.6.1.2 ",null,null,"DRENO DE FUNDO",{"$nulls":4},0,0,0]
[" 6.2.6.1.2.1 ","SICRO3",5502742,"Escavação, carga e transporte de material de 3ª categoria - DMT de 50 a 200 m - caminho de serviço em leito natural com caminhão basculante de 12 m³","m³",{"$f":"IFERROR(VLOOKUP(A591,'ANEXO I - MEM. CÁLC'!$A:$O,4,0),0)","v":1158},{"$f":"VLOOKUP(C591,'TABELA_CPU ADM-CANTEIRO-SERVICO'!B:K,9,0)","v":40.99},0.22559999999999999,50.23,58166.34,4.77942649344926E-4]
[" 6.2.6.1.2.2 ","SICRO3",4413942,"Espalhamento de material em bota-fora","m³",{"$f":"IFERROR(VLOOKUP(A592,'ANEXO I - MEM. CÁLC'!$A:$O,4,0),0)","v":1158},{"$f":"VLOOKUP(C592,'TABELA_CPU ADM-CANTEIRO-SERVICO'!B:K,9,0)","v":1.97},0.22559999999999999,2.41,2790.78,2.293135148161003E-5]
[" 6.2.6.1.2.3 ","SICRO3",4816018,"Areia extraída com trator e carregadeira","m³",{"$f":"IFERROR(VLOOKUP(A593,'ANEXO I - MEM. CÁLC'!$A:$O,4,0),0)","v":1062.4000000000001},{"$f":"VLOOKUP(C593,'TABELA_CPU ADM-CANTEIRO-SERVICO'!B:K,9,0)","v":4.99},0.22559999999999999,6.11,6491.26,5.3337548863943384E-5]
[" 6.2.6.1.2.4 ","SICRO3",5914657,"Carga, manobra e descarga de blocos de rocha em caminhão basculante de 8 m³ - carga com retroescavadeira de 0,29 m³ e descarga livre","t",{"$f":"IFERROR(VLOOKUP(A594,'ANEXO I - MEM. CÁLC'!$A:$O,4,0),0)","v":298.90814176832873},{"$f":"VLOOKUP(C594,'TABELA_CPU ADM-CANTEIRO-SERVICO'!B:K,9,0)","v":17.600000000000001},0.22559999999999999,21.57,6447.44,5.2977487582895016E-5]
[" 6.2.6.1.2.5 ","SICRO3",5914346,"Transporte de material de 3ª categoria com caminhão basculante de 8 m³ para rocha - rodovia em leito natural","tkm",{"$f":"IFERROR(VLOOKUP(A595,'ANEXO I - MEM. CÁLC'!$A:$O,4,0),0)","v":3954.5547155949894},{"$f":"VLOOKUP(C595,'TABELA_CPU ADM-CANTEIRO-SERVICO'!B:K,9,0)","v":1.68},0.22559999999999999,2.0499999999999998,8106.83,6.6612405181225545E-5]
[" 6.2.6.1.2.6 ","SICRO3",4816012,"Brita produzida em central de britagem de 80 m³/h","m³",{"$f":"IFERROR(VLOOKUP(A596,'ANEXO I - MEM. CÁLC'!$A:$O,4,0),0)","v":349.81},{"$f":"VLOOKUP(C596,'TABELA_CPU ADM-CANTEIRO-SERVICO'!B:K,9,0)","v":53.94},0.22559999999999999,66.099999999999994,23122.44,1.8999304809137193E-4]
[" 6.2.6.1.2.7 ","SICRO3",5914351,"Carga, manobra e descarga de agregados ou solos em caminhão basculante de 14 m³ - carga com carregadeira de 3,40 m³ e descarga livre","t",{"$f":"IFERROR(VLOOKUP(A597,'ANEXO I - MEM. CÁLC'!$A:$O,4,0),0)","v":2118.3175417435664},{"$f":"VLOOKUP(C597,'TABELA_CPU ADM-CANTEIRO-SERVICO'!B:K,9,0)","v":2.61},0.22559999999999999,3.19,6757.43,5.5524621232191739E-5]
[" 6.2.6.1.2.8 ","SICRO3",5901639,"Transporte com caminhão basculante com caçamba estanque com capacidade de 14 m³ - rodovia em leito natural","tkm",{"$f":"IFERROR(VLOOKUP(A598,'ANEXO I - MEM. CÁLC'!$A:$O,4,0),0)","v":25795.900256492238},{"$f":"VLOOKUP(C598,'TABELA_CPU ADM-CANTEIRO-SERVICO'!B:K,9,0)","v":0.87},0.22559999999999999,1.06,27343.65,2.2467799286942221E-4]
[" 6.2.6.1.2.9 ","EMBASA"," 11.10.01 ","FORNEC. E COLOCACAO DE MANTA GEOTEXTIL NAO TECIDA C/ GRAMATURA DE 200 g/m² A 220 g/m²","m²",{"$f":"IFERROR(VLOOKUP(A599,'ANEXO I - MEM. CÁLC'!$A:$O,4,0),0)","v":8000},{"$f":"VLOOKUP(C599,'TABELA_CPU ADM-CANTEIRO-SERVICO'!B:K,9,0)","v":7.13},0.22559999999999999,8.73,69840,5.7386307321811265E-4]
[" 6.2.6.1.2.10 ","SINAPI",41780,"TUBO CORRUGADO PEAD, PAREDE DUPLA, INTERNA LISA, JEI, DN/DI 300 MM, PARA SANEAMENTO (DRENAGEM/ESGOTO)","M",{"$f":"IFERROR(VLOOKUP(A600,'ANEXO I - MEM. CÁLC'!$A:$O,4,0),0)","v":3200},{"$f":"VLOOKUP(C600,'TABELA_CPU ADM-CANTEIRO-SERVICO'!B:K,9,0)","v":212.16},{"$f":"$J$4","v":0.14015},241.89,774048,6.3602171262648003E-3]
[" 6.2.6.1.3 ",null,null,"CAIXA DE MEDIÇÃO DE VAZÃO / DESAGUE DRENO DE FUNDO",{"$nulls":4},0,0,0]
[" 6.2.6.1.3.1 ","SICRO3",1106135,"Concreto fck = 25 MPa - confecção em central dosadora de 30 m³/h - areia extraída e brita produzida","m³",{"$f":"IFERROR(VLOOKUP(A602,'ANEXO I - MEM. CÁLC'!$A:$O,4,0),0)","v":11.07},{"$f":"VLOOKUP(C602,'TABELA_CPU ADM-CANTEIRO-SERVICO'!B:K,9,0)","v":281.93},{"$f":"$J$3","v":0.22559999999999999},345.53,3825.01,3.1429438626718402E-5]
[" 6.2.6.1.3.2 ","SICRO3",5914539,"Transporte com caminhão betoneira - rodovia em leito natural","tkm",{"$f":"IFERROR(VLOOKUP(A603,'ANEXO I - MEM. CÁLC'!$A:$O,4,0),0)","v":79.704000000000008},{"$f":"VLOOKUP(C603,'TABELA_CPU ADM-CANTEIRO-SERVICO'!B:K,9,0)","v":0.98},0.22559999999999999,1.2,95.64,7.8585716383992401E-7]
[" 6.2.6.1.3.3 ","SICRO3",1100657,"Adensamento de concreto por vibrador de imersão","m³",{"$f":"IFERROR(VLOOKUP(A604,'ANEXO I - MEM. CÁLC'!$A:$O,4,0),0)","v":11.07},{"$f":"VLOOKUP(C604,'TABELA_CPU ADM-CANTEIRO-SERVICO'!B:K,9,0)","v":3.32},0.22559999999999999,4.0599999999999996,44.94,3.6926412529241096E-7]
["6.2.6.1.3.4","SICRO3",407819,"ARMAÇÃO EM AÇO CA-50 - FORNECIMENTO, PREPARO E COLOCAÇÃO.","KG",{"$f":"IFERROR(VLOOKUP(A605,'ANEXO I - MEM. CÁLC'!$A:$O,4,0),0)","v":719.55},{"$f":"VLOOKUP(C605,'TABELA_CPU ADM-CANTEIRO-SERVICO'!B:K,9,0)","v":11.88},0.22559999999999999,14.56,10476.64,8.6084719750856352E-5,null,null,{"$f":"L605-J605","v":-10476.64}]
[" 6.2.6.1.3.5 ","SICRO3",3107997,"Fôrmas de compensado resinado 10 mm - uso geral - utilização de 3 vezes - confecção, instalação e retirada","m²",{"$f":"IFERROR(VLOOKUP(A606,'ANEXO I - MEM. CÁLC'!$A:$O,4,0),0)","v":84.06},{"$f":"VLOOKUP(C606,'TABELA_CPU ADM-CANTEIRO-SERVICO'!B:K,9,0)","v":81.96},0.22559999999999999,100.45,8443.82,6.9381393111405548E-5]
["6.2.6.1.3.6","SBC",40338,"CIMBRAMENTO METALICO","M3/M",{"$f":"IFERROR(VLOOKUP(A607,'ANEXO I - MEM. CÁLC'!$A:$O,4,0),0)","v":11.07},{"$f":"VLOOKUP(C607,'TABELA_CPU ADM-CANTEIRO-SERVICO'!B:K,9,0)","v":22.52},0.22559999999999999,27.6,305.52999999999997,2.5104866088248844E-6,null,null,{"$f":"L607-J607","v":-305.52999999999997}]
[" 6.2.6.1.4 ",null,null,"CAIXA DE PASSAGEM",{"$nulls":6},0]
[" 6.2.6.1.4.1 ","SICRO3",1106135,"Concreto fck = 25 MPa - confecção em central dosadora de 30 m³/h - areia extraída e brita produzida","m³",{"$f":"IFERROR(VLOOKUP(A609,'ANEXO I - MEM. CÁLC'!$A:$O,4,0),0)","v":4.0500000000000007},{"$f":"VLOOKUP(C609,'TABELA_CPU ADM-CANTEIRO-SERVICO'!B:K,9,0)","v":281.93},0.22559999999999999,345.53,1399.39,1.1498543041676614E-5]
[" 6.2.6.1.4.2 ","SICRO3",5914539,"Transporte com caminhão betoneira - rodovia em leito natural","tkm",{"$f":"IFERROR(VLOOKUP(A610,'ANEXO I - MEM. CÁLC'!$A:$O,4,0),0)","v":29.160000000000004},{"$f":"VLOOKUP(C610,'TABELA_CPU ADM-CANTEIRO-SERVICO'!B:K,9,0)","v":0.98},0.22559999999999999,1.2,34.99,2.8750671437430932E-7]
[" 6.2.6.1.4.3 ","SICRO3",1100657,"Adensamento de concreto por vibrador de imersão","m³",{"$f":"IFERROR(VLOOKUP(A611,'ANEXO I - MEM. CÁLC'!$A:$O,4,0),0)","v":4.0500000000000007},{"$f":"VLOOKUP(C611,'TABELA_CPU ADM-CANTEIRO-SERVICO'!B:K,9,0)","v":3.32},0.22559999999999999,4.0599999999999996,16.440000000000001,1.3508460658227051E-7]
["6.2.6.1.4.4","SICRO3",407819,"ARMAÇÃO EM AÇO CA-50 - FORNECIMENTO, PREPARO E COLOCAÇÃO.","KG",{"$f":"IFERROR(VLOOKUP(A612,'ANEXO I - MEM. CÁLC'!$A:$O,4,0),0)","v":12.299999999999999},{"$f":"VLOOKUP(C612,'TABELA_CPU ADM-CANTEIRO-SERVICO'!B:K,9,0)","v":11.88},0.22559999999999999,14.56,179.08,1.4714690600214721E-6,null,null,{"$f":"L612-J612","v":-179.08}]
[" 6.2.6.1.4.5 ","SICRO3",3107997,"Fôrmas de compensado resinado 10 mm - uso geral - utilização de 3 vezes - confecção, instalação e retirada","m²",{"$f":"IFERROR(VLOOKUP(A613,'ANEXO I - MEM. CÁLC'!$A:$O,4,0),0)","v":35.79},{"$f":"VLOOKUP(C613,'TABELA_CPU ADM-CANTEIRO-SERVICO'!B:K,9,0)","v":81.96},0.22559999999999999,100.45,3595.1,2.9540308340871087E-5]
[" 6.3 ",null,null,"SEGMENTO DE CANAL - SUBTRECHO 1.3 (E235 A E440)",{"$nulls":5},{"$f":"SUM(J615:J690)","v":25086891.610000011},0.20613460361976363]
[" 6.3.1 ",null,null,"SEVIÇOS PRELIMINARES",{"$nulls":6},0]
[" 6.3.1.1 ","SICRO3",5501700,"Desmatamento, destocamento e limpeza de área com árvores de diâmetro até 0,15 m","m²",{"$f":"IFERROR(VLOOKUP(A616,'ANEXO I - MEM. CÁLC'!$A:$O,4,0),0)","v":410007.41},{"$f":"VLOOKUP(C616,'TABELA_CPU ADM-CANTEIRO-SERVICO'!B:K,9,0)","v":0.53},{"$f":"$J$3","v":0.22559999999999999},0.64,262404.74,2.156133884928405E-3]
[" 6.3.1.2 ","SICRO3",5501701,"Destocamento de árvores com diâmetro de 0,15 a 0,30 m","un",{"$f":"IFERROR(VLOOKUP(A617,'ANEXO I - MEM. CÁLC'!$A:$O,4,0),0)","v":3281},{"$f":"VLOOKUP(C617,'TABELA_CPU ADM-CANTEIRO-SERVICO'!B:K,9,0)","v":38.81},0.22559999999999999,47.56,156044.35999999999,1.2821892323590137E-3]
[" 6.3.1.3 ","SICRO3",5501702,"Destocamento de árvores com diâmetro maior que 0,30 m","un",{"$f":"IFERROR(VLOOKUP(A618,'ANEXO I - MEM. CÁLC'!$A:$O,4,0),0)","v":821},{"$f":"VLOOKUP(C618,'TABELA_CPU ADM-CANTEIRO-SERVICO'!B:K,9,0)","v":97.03},0.22559999999999999,118.91,97625.11,8.0216846574822885E-4]
[" 6.3.1.4 ","SICRO3",5502109,"Escavação, carga e transporte de material de 1ª categoria - DMT de 50 a 200 m - caminho de serviço em leito natural - com escavadeira e caminhão basculante de 14 m³","m³",{"$f":"IFERROR(VLOOKUP(A619,'ANEXO I - MEM. CÁLC'!$A:$O,4,0),0)","v":29915},{"$f":"VLOOKUP(C619,'TABELA_CPU ADM-CANTEIRO-SERVICO'!B:K,9,0)","v":5.73},0.22559999999999999,7.02,210003.3,1.7255604112821486E-3]
[" 6.3.1.5 ","SINAPI",100983,"CARGA, MANOBRA E DESCARGA DE ENTULHO EM CAMINHÃO BASCULANTE 14 M³ - CARGA COM ESCAVADEIRA HIDRÁULICA  (CAÇAMBA DE 0,80 M³ / 111 HP) E DESCARGA LIVRE (UNIDADE: M3). AF_07/2020","m³",{"$f":"IFERROR(VLOOKUP(A620,'ANEXO I - MEM. CÁLC'!$A:$O,4,0),0)","v":164002.96400000001},{"$f":"VLOOKUP(C620,'TABELA_CPU ADM-CANTEIRO-SERVICO'!B:K,9,0)","v":9.1199999999999992},0.22559999999999999,11.17,1831913.1,1.5052509757080753E-2]
[" 6.3.1.6 ","SICRO3",5901639,"Transporte com caminhão basculante com caçamba estanque com capacidade de 14 m³ - rodovia em leito natural","tkm",{"$f":"IFERROR(VLOOKUP(A621,'ANEXO I - MEM. CÁLC'!$A:$O,4,0),0)","v":52480.948480000014},{"$f":"VLOOKUP(C621,'TABELA_CPU ADM-CANTEIRO-SERVICO'!B:K,9,0)","v":0.87},0.22559999999999999,1.06,55629.8,4.5710034350671482E-4]
[" 6.3.1.7 ","SICRO3",4413942,"Espalhamento de material em bota-fora","m³",{"$f":"IFERROR(VLOOKUP(A622,'ANEXO I - MEM. CÁLC'!$A:$O,4,0),0)","v":193917.96400000001},{"$f":"VLOOKUP(C622,'TABELA_CPU ADM-CANTEIRO-SERVICO'!B:K,9,0)","v":1.97},0.22559999999999999,2.41,467342.29,3.8400699138629786E-3]
[" 6.3.2 ",null,null,"MOVIMENTO DE TERRA",{"$nulls":6},0]
[" 6.3.2.1 ",null,null,"CORTE",{"$nulls":6},0]
[" 6.3.2.1.1 ","SICRO3",5502109,"Escavação, carga e transporte de material de 1ª categoria - DMT de 50 a 200 m - caminho de serviço em leito natural - com escavadeira e caminhão basculante de 14 m³","m³",{"$f":"IFERROR(VLOOKUP(A625,'ANEXO I - MEM. CÁLC'!$A:$O,4,0),0)","v":16110.350000000108},{"$f":"VLOOKUP(C625,'TABELA_CPU ADM-CANTEIRO-SERVICO'!B:K,9,0)","v":5.73},{"$f":"$J$3","v":0.22559999999999999},7.02,113094.65,9.2927897212953634E-4]
[" 6.3.2.1.2 ","SICRO3",5502742,"Escavação, carga e transporte de material de 3ª categoria - DMT de 50 a 200 m - caminho de serviço em leito natural com caminhão basculante de 12 m³","m³",{"$f":"IFERROR(VLOOKUP(A626,'ANEXO I - MEM. CÁLC'!$A:$O,4,0),0)","v":52171.87},{"$f":"VLOOKUP(C626,'TABELA_CPU ADM-CANTEIRO-SERVICO'!B:K,9,0)","v":40.99},0.22559999999999999,50.23,2620593.0299999998,2.1532954894756092E-2]
[" 6.3.2.1.3 ","SICRO3",5502753,"Escavação, carga e transporte de material de 3ª categoria - DMT de 2.500 a 3.000 m - caminho de serviço em leito natural com caminhão basculante de 12 m³","m³",{"$f":"IFERROR(VLOOKUP(A627,'ANEXO I - MEM. CÁLC'!$A:$O,4,0),0)","v":4651.3199999999797},{"$f":"VLOOKUP(C627,'TABELA_CPU ADM-CANTEIRO-SERVICO'!B:K,9,0)","v":51.01},0.22559999999999999,62.51,290754.01,2.3890748815734515E-3]
[" 6.3.2.1.4 ","SICRO3",5505768,"Pré-fissuramento de material de 3ª categoria","m²",{"$f":"IFERROR(VLOOKUP(A628,'ANEXO I - MEM. CÁLC'!$A:$O,4,0),0)","v":25058},{"$f":"VLOOKUP(C628,'TABELA_CPU ADM-CANTEIRO-SERVICO'!B:K,9,0)","v":80.91},0.22559999999999999,99.16,2484751.2799999998,2.0416766977712469E-2]
[" 6.3.2.1.5 ","SICRO3",4413942,"Espalhamento de material em bota-fora","m³",{"$f":"IFERROR(VLOOKUP(A629,'ANEXO I - MEM. CÁLC'!$A:$O,4,0),0)","v":35750.870000000003},{"$f":"VLOOKUP(C629,'TABELA_CPU ADM-CANTEIRO-SERVICO'!B:K,9,0)","v":1.97},0.22559999999999999,2.41,86159.59,7.0795829187589581E-4]
[" 6.3.2.2 ",null,null,"EXPLORAÇÃO DE JAZIDAS",{"$nulls":4},0,0,0]
[" 6.3.2.2.1 ","SICRO3",4016096,"Escavação e carga de material de jazida com escavadeira hidráulica de 1,56 m³","m³",{"$f":"IFERROR(VLOOKUP(A631,'ANEXO I - MEM. CÁLC'!$A:$O,4,0),0)","v":199871.81000000006},{"$f":"VLOOKUP(C631,'TABELA_CPU ADM-CANTEIRO-SERVICO'!B:K,9,0)","v":1.36},{"$f":"$J$3","v":0.22559999999999999},1.66,331787.2,2.7262374319363199E-3]
[" 6.3.2.2.2 ","SICRO3",5901639,"Transporte com caminhão basculante com caçamba estanque com capacidade de 14 m³ - rodovia em leito natural","tkm",{"$f":"IFERROR(VLOOKUP(A632,'ANEXO I - MEM. CÁLC'!$A:$O,4,0),0)","v":2889446.2026904351},{"$f":"VLOOKUP(C632,'TABELA_CPU ADM-CANTEIRO-SERVICO'!B:K,9,0)","v":0.87},0.22559999999999999,1.06,3062812.97,2.5166598849606172E-2]
[" 6.3.2.3 ",null,null,"ATERRO",null,{"$f":"IFERROR(VLOOKUP(A633,'ANEXO I - MEM. CÁLC'!$A:$O,4,0),0)","v":0},{"$nulls":4},0]
[" 6.3.2.3.1 ","SICRO3",5502978,"Compactação de aterros a 100% do Proctor normal","m³",{"$f":"IFERROR(VLOOKUP(A634,'ANEXO I - MEM. CÁLC'!$A:$O,4,0),0)","v":215982.16000000015},{"$f":"VLOOKUP(C634,'TABELA_CPU ADM-CANTEIRO-SERVICO'!B:K,9,0)","v":4.9800000000000004},{"$f":"$J$3","v":0.22559999999999999},6.1,1317491.17,1.0825594670016134E-2]
[" 6.3.3 ",null,null,"ENROCAMENTO DE PROTEÇÃO DO TALUDE EXTERNO DO DIQUE",{"$nulls":6},0]
[" 6.3.3.1 ","SICRO3",5914657,"Carga, manobra e descarga de blocos de rocha em caminhão basculante de 8 m³ - carga com retroescavadeira de 0,29 m³ e descarga livre","t",{"$f":"IFERROR(VLOOKUP(A636,'ANEXO I - MEM. CÁLC'!$A:$O,4,0),0)","v":4680.0259925820783},{"$f":"VLOOKUP(C636,'TABELA_CPU ADM-CANTEIRO-SERVICO'!B:K,9,0)","v":17.600000000000001},{"$f":"$J$3","v":0.22559999999999999},21.57,100948.16,8.2947338678857031E-4]
[" 6.3.3.2 ","SICRO3",5914346,"Transporte de material de 3ª categoria com caminhão basculante de 8 m³ para rocha - rodovia em leito natural","tkm",{"$f":"IFERROR(VLOOKUP(A637,'ANEXO I - MEM. CÁLC'!$A:$O,4,0),0)","v":61916.743881860901},{"$f":"VLOOKUP(C637,'TABELA_CPU ADM-CANTEIRO-SERVICO'!B:K,9,0)","v":1.68},0.22559999999999999,2.0499999999999998,126929.32,1.0429560374668565E-3]
["6.3.3.3","PRÓPRIO","COMP-0022","RACHÃO OU PEDRA DE MÃO PRODUZIDA.","M³",{"$f":"IFERROR(VLOOKUP(A638,'ANEXO I - MEM. CÁLC'!$A:$O,4,0),0)","v":10944},20.05,0.22559999999999999,24.57,268894.08000000002,2.2094556574879303E-3,null,null,{"$f":"L638-J638","v":-268894.08000000002}]
[" 6.3.3.4 ","SICRO3",4816012,"Brita produzida em central de britagem de 80 m³/h","m³",{"$f":"IFERROR(VLOOKUP(A639,'ANEXO I - MEM. CÁLC'!$A:$O,4,0),0)","v":5477},{"$f":"VLOOKUP(C639,'TABELA_CPU ADM-CANTEIRO-SERVICO'!B:K,9,0)","v":53.94},0.22559999999999999,66.099999999999994,362029.7,2.9747347685886508E-3]
[" 6.3.3.5 ","SICRO3",5914351,"Carga, manobra e descarga de agregados ou solos em caminhão basculante de 14 m³ - carga com carregadeira de 3,40 m³ e descarga livre","t",{"$f":"IFERROR(VLOOKUP(A640,'ANEXO I - MEM. CÁLC'!$A:$O,4,0),0)","v":8215.5397962594288},{"$f":"VLOOKUP(C640,'TABELA_CPU ADM-CANTEIRO-SERVICO'!B:K,9,0)","v":2.61},0.22559999999999999,3.19,26207.57,2.1534302207587073E-4]
[" 6.3.3.6 ","SICRO3",5901639,"Transporte com caminhão basculante com caçamba estanque com capacidade de 14 m³ - rodovia em leito natural","tkm",{"$f":"IFERROR(VLOOKUP(A641,'ANEXO I - MEM. CÁLC'!$A:$O,4,0),0)","v":56194.292206414495},{"$f":"VLOOKUP(C641,'TABELA_CPU ADM-CANTEIRO-SERVICO'!B:K,9,0)","v":0.87},0.22559999999999999,1.06,59565.94,4.8944291791989838E-4]
["6.3.3.7","PRÓPRIO","COMP-0021","ENROCAMENTO DE PEDRA ESPALHADA E COMPACTADA MECANICAMENTE - PEDRA DE MÃO PRODUZIDA - SEM FORNECIMENTO E COM ASSENTAMENTO","M³",{"$f":"IFERROR(VLOOKUP(A642,'ANEXO I - MEM. CÁLC'!$A:$O,4,0),0)","v":10944},22,0.22559999999999999,26.96,295050.23999999999,2.4243762525793487E-3,null,null,{"$f":"L642-J642","v":-295050.23999999999}]
["6.3.3.8","PRÓPRIO","COMP-0040","TRANSIÇÃO COMPACTADA EM BRITA, INCLUINDO OS SERVIÇOS DE DESCARGA OU LANÇAMENTO, ESPALHAMENTO E COMPACTAÇÃO SEM  FORNECIMENTO DE MATERIAL (ENSECADEIRA, BARRAGEM, ETC)","M³",{"$f":"IFERROR(VLOOKUP(A643,'ANEXO I - MEM. CÁLC'!$A:$O,4,0),0)","v":5477},5.84,0.22559999999999999,7.15,39160.550000000003,3.2177539478682075E-4,null,null,-39160.550000000003]
[" 6.3.4 ",null,null,"REGULARIZAÇÃO DOS TALUDES",{"$nulls":6},0]
[" 6.3.4.1 ","SICRO3",4015612,"Execução de revestimento primário com material de jazida","m³",{"$f":"IFERROR(VLOOKUP(A645,'ANEXO I - MEM. CÁLC'!$A:$O,4,0),0)","v":6806},{"$f":"VLOOKUP(C645,'TABELA_CPU ADM-CANTEIRO-SERVICO'!B:K,9,0)","v":12.06},{"$f":"$J$3","v":0.22559999999999999},14.78,100592.68,8.2655246976011127E-4]
[" 6.3.4.2 ","SICRO3",5914359,"Transporte com caminhão basculante de 10 m³ - rodovia em leito natural","tkm",{"$f":"IFERROR(VLOOKUP(A646,'ANEXO I - MEM. CÁLC'!$A:$O,4,0),0)","v":87287.108664600484},{"$f":"VLOOKUP(C646,'TABELA_CPU ADM-CANTEIRO-SERVICO'!B:K,9,0)","v":1.21},0.22559999999999999,1.48,129184.92,1.0614899084283509E-3]
[" 6.3.4.3 ","SICRO3",1103852,"Concreto poroso para tubos de drenagem fck = 25 MPa - confecção em betoneira e lançamento manual - areia extraída e brita produzida","m³",{"$f":"IFERROR(VLOOKUP(A647,'ANEXO I - MEM. CÁLC'!$A:$O,4,0),0)","v":1252.9000000000001},{"$f":"VLOOKUP(C647,'TABELA_CPU ADM-CANTEIRO-SERVICO'!B:K,9,0)","v":367.78},0.22559999999999999,450.75,564744.67000000004,4.6404082461304246E-3]
[" 6.3.4.4 ","EMBASA"," 09.90.01 ","EXECUCAO DE SOLO-CIMENTO PARA REPAVIMENTACAO, C/ FORNEC. DO MAT.","m³",{"$f":"IFERROR(VLOOKUP(A648,'ANEXO I - MEM. CÁLC'!$A:$O,4,0),0)","v":2609.6000000000004},{"$f":"VLOOKUP(C648,'TABELA_CPU ADM-CANTEIRO-SERVICO'!B:K,9,0)","v":543.33000000000004},0.22559999999999999,665.9,1737732.64,1.427864537831936E-2]
[" 6.3.5 ",null,null,"REVESTIMENTO DO CANAL",{"$nulls":6},0]
[" 6.3.5.1 ","EMBASA"," 11.11.01 ","IMPERMEABILIZAÇÃO COM MANTA PEAD, GEOMEMBRANA LISA, E=1,00 MM","m²",{"$f":"IFERROR(VLOOKUP(A650,'ANEXO I - MEM. CÁLC'!$A:$O,4,0),0)","v":82000},{"$f":"VLOOKUP(C650,'TABELA_CPU ADM-CANTEIRO-SERVICO'!B:K,9,0)","v":33.44},{"$f":"$J$3","v":0.22559999999999999},40.98,3360360,{"$f":"J650/$J$1093","v":2.7611490789221319E-2}]
[" 6.3.5.2 ","SICRO3",1107929,"Concreto fck = 20 MPa - confecção em central dosadora de 30 m³/h - areia extraída e brita produzida","m³",{"$f":"IFERROR(VLOOKUP(A651,'ANEXO I - MEM. CÁLC'!$A:$O,4,0),0)","v":4840},{"$f":"VLOOKUP(C651,'TABELA_CPU ADM-CANTEIRO-SERVICO'!B:K,9,0)","v":265.60000000000002},0.22559999999999999,325.51,1575468.4,1.2945348479124036E-2]
[" 6.3.5.3 ","SICRO3",5914657,"Carga, manobra e descarga de blocos de rocha em caminhão basculante de 8 m³ - carga com retroescavadeira de 0,29 m³ e descarga livre","t",{"$f":"IFERROR(VLOOKUP(A652,'ANEXO I - MEM. CÁLC'!$A:$O,4,0),0)","v":3040.0833617081998},{"$f":"VLOOKUP(C652,'TABELA_CPU ADM-CANTEIRO-SERVICO'!B:K,9,0)","v":17.600000000000001},0.22559999999999999,21.57,65574.59,5.3881494476543123E-4]
[" 6.3.5.4 ","SICRO3",5914346,"Transporte de material de 3ª categoria com caminhão basculante de 8 m³ para rocha - rodovia em leito natural","tkm",{"$f":"IFERROR(VLOOKUP(A653,'ANEXO I - MEM. CÁLC'!$A:$O,4,0),0)","v":40220.302875399488},{"$f":"VLOOKUP(C653,'TABELA_CPU ADM-CANTEIRO-SERVICO'!B:K,9,0)","v":1.68},0.22559999999999999,{"$f":"IFERROR(TRUNC((G653*(1+H653)),2),\"\")","v":2.0499999999999998},{"$f":"IFERROR(TRUNC((F653*I653),2),\"\")","v":82451.62},6.7749055047268034E-4]
[" 6.3.5.5 ","SICRO3",5914351,"Carga, manobra e descarga de agregados ou solos em caminhão basculante de 14 m³ - carga com carregadeira de 3,40 m³ e descarga livre","t",{"$f":"IFERROR(VLOOKUP(A654,'ANEXO I - MEM. CÁLC'!$A:$O,4,0),0)","v":9965.6100511269669},{"$f":"VLOOKUP(C654,'TABELA_CPU ADM-CANTEIRO-SERVICO'!B:K,9,0)","v":2.61},0.22559999999999999,3.19,31790.29,2.6121525655634358E-4]
[" 6.3.5.6 ","SICRO3",5901639,"Transporte com caminhão basculante com caçamba estanque com capacidade de 14 m³ - rodovia em leito natural","tkm",{"$f":"IFERROR(VLOOKUP(A655,'ANEXO I - MEM. CÁLC'!$A:$O,4,0),0)","v":61243.085530225391},{"$f":"VLOOKUP(C655,'TABELA_CPU ADM-CANTEIRO-SERVICO'!B:K,9,0)","v":0.87},0.22559999999999999,1.06,64917.67,5.3341714794328859E-4]
[" 6.3.5.7 ","SICRO3",5914539,"Transporte com caminhão betoneira - rodovia em leito natural","tkm",{"$f":"IFERROR(VLOOKUP(A656,'ANEXO I - MEM. CÁLC'!$A:$O,4,0),0)","v":79453.440000000002},{"$f":"VLOOKUP(C656,'TABELA_CPU ADM-CANTEIRO-SERVICO'!B:K,9,0)","v":0.98},0.22559999999999999,1.2,95344.12,7.8342596959445185E-4]
[" 6.3.5.8 ","SICRO3",1106088,"Lançamento mecânico de concreto com bomba rebocável com capacidade de 30 m³/h - confecção em central dosadora de 30 m³/h","m³",{"$f":"IFERROR(VLOOKUP(A657,'ANEXO I - MEM. CÁLC'!$A:$O,4,0),0)","v":4840},{"$f":"VLOOKUP(C657,'TABELA_CPU ADM-CANTEIRO-SERVICO'!B:K,9,0)","v":57.76},0.22559999999999999,70.790000000000006,342623.6,2.8152782367275677E-3]
[" 6.3.5.9 ","SICRO3",1100657,"Adensamento de concreto por vibrador de imersão","m³",{"$f":"IFERROR(VLOOKUP(A658,'ANEXO I - MEM. CÁLC'!$A:$O,4,0),0)","v":4840},{"$f":"VLOOKUP(C658,'TABELA_CPU ADM-CANTEIRO-SERVICO'!B:K,9,0)","v":3.32},0.22559999999999999,4.0599999999999996,19650.400000000001,1.6146390226181559E-4]
[" 6.3.5.10 ","SICRO3"," M0006 ","Fibra de poliamida para concreto","kg",{"$f":"IFERROR(VLOOKUP(A659,'ANEXO I - MEM. CÁLC'!$A:$O,4,0),0)","v":2904},{"$f":"VLOOKUP(C659,'TABELA_CPU ADM-CANTEIRO-SERVICO'!B:K,9,0)","v":27.662600000000001},{"$f":"$J$4","v":0.14015},31.53,91563.12,7.5235815344557315E-4]
[" 6.3.5.11 ","EMBASA"," 09.90.01 ","EXECUCAO DE SOLO-CIMENTO PARA REPAVIMENTACAO, C/ FORNEC. DO MAT.","m³",{"$f":"IFERROR(VLOOKUP(A660,'ANEXO I - MEM. CÁLC'!$A:$O,4,0),0)","v":1312},{"$f":"VLOOKUP(C660,'TABELA_CPU ADM-CANTEIRO-SERVICO'!B:K,9,0)","v":543.33000000000004},{"$f":"$J$3","v":0.22559999999999999},665.9,873660.8,7.1787180933303961E-3]
[" 6.3.6 ",null,null,"DRENAGEM SUPERFICIAL E SUB-SUPERFICAL (FUNDO, SEÇÃO HIDRAULICA E PROTEÇÃO DE TALUDES)",{"$nulls":6},0]
[" 6.3.6.1 ",null,null,"DRENAGEM SUB-SUPERFICAL",{"$nulls":6},0]
[" 6.3.6.1.1 ",null,null,"DRENO FINGER",{"$nulls":6},0]
[" 6.3.6.1.1.1 ","SICRO3",4816018,"Areia extraída com trator e carregadeira","m³",{"$f":"IFERROR(VLOOKUP(A664,'ANEXO I - MEM. CÁLC'!$A:$O,4,0),0)","v":691.875},{"$f":"VLOOKUP(C664,'TABELA_CPU ADM-CANTEIRO-SERVICO'!B:K,9,0)","v":4.99},{"$f":"$J$3","v":0.22559999999999999},6.11,4227.3500000000004,3.4735396084888153E-5]
[" 6.3.6.1.1.2 ","SICRO3",5914351,"Carga, manobra e descarga de agregados ou solos em caminhão basculante de 14 m³ - carga com carregadeira de 3,40 m³ e descarga livre","t",{"$f":"IFERROR(VLOOKUP(A665,'ANEXO I - MEM. CÁLC'!$A:$O,4,0),0)","v":1037.8125000000002},{"$f":"VLOOKUP(C665,'TABELA_CPU ADM-CANTEIRO-SERVICO'!B:K,9,0)","v":2.61},0.22559999999999999,3.19,3310.62,2.7202785902882988E-5]
[" 6.3.6.1.1.3 ","SICRO3",5901639,"Transporte com caminhão basculante com caçamba estanque com capacidade de 14 m³ - rodovia em leito natural","tkm",{"$f":"IFERROR(VLOOKUP(A666,'ANEXO I - MEM. CÁLC'!$A:$O,4,0),0)","v":15069.037500000002},{"$f":"VLOOKUP(C666,'TABELA_CPU ADM-CANTEIRO-SERVICO'!B:K,9,0)","v":0.87},0.22559999999999999,1.06,15973.17,1.312487460657984E-4]
[" 6.3.6.1.2 ",null,null,"DRENO DE FUNDO",{"$nulls":6},0]
[" 6.3.6.1.2.1 ","SICRO3",5502742,"Escavação, carga e transporte de material de 3ª categoria - DMT de 50 a 200 m - caminho de serviço em leito natural com caminhão basculante de 12 m³","m³",{"$f":"IFERROR(VLOOKUP(A668,'ANEXO I - MEM. CÁLC'!$A:$O,4,0),0)","v":1115},{"$f":"VLOOKUP(C668,'TABELA_CPU ADM-CANTEIRO-SERVICO'!B:K,9,0)","v":40.99},0.22559999999999999,50.23,56006.45,4.601952107250367E-4]
[" 6.3.6.1.2.2 ","SICRO3",4413942,"Espalhamento de material em bota-fora","m³",{"$f":"IFERROR(VLOOKUP(A669,'ANEXO I - MEM. CÁLC'!$A:$O,4,0),0)","v":1115},{"$f":"VLOOKUP(C669,'TABELA_CPU ADM-CANTEIRO-SERVICO'!B:K,9,0)","v":1.97},0.22559999999999999,2.41,2687.15,2.2079841884279087E-5]
[" 6.3.6.1.2.3 ","SICRO3",4816018,"Areia extraída com trator e carregadeira","m³",{"$f":"IFERROR(VLOOKUP(A670,'ANEXO I - MEM. CÁLC'!$A:$O,4,0),0)","v":1361.2},{"$f":"VLOOKUP(C670,'TABELA_CPU ADM-CANTEIRO-SERVICO'!B:K,9,0)","v":4.99},0.22559999999999999,6.11,8316.93,6.8338760159506273E-5]
[" 6.3.6.1.2.4 ","SICRO3",5914657,"Carga, manobra e descarga de blocos de rocha em caminhão basculante de 8 m³ - carga com retroescavadeira de 0,29 m³ e descarga livre","t",{"$f":"IFERROR(VLOOKUP(A671,'ANEXO I - MEM. CÁLC'!$A:$O,4,0),0)","v":382.97258528671927},{"$f":"VLOOKUP(C671,'TABELA_CPU ADM-CANTEIRO-SERVICO'!B:K,9,0)","v":17.600000000000001},0.22559999999999999,21.57,8260.7099999999991,6.7876810245755931E-5]
[" 6.3.6.1.2.5 ","SICRO3",5914346,"Transporte de material de 3ª categoria com caminhão basculante de 8 m³ para rocha - rodovia em leito natural","tkm",{"$f":"IFERROR(VLOOKUP(A672,'ANEXO I - MEM. CÁLC'!$A:$O,4,0),0)","v":5066.7273033432957},{"$f":"VLOOKUP(C672,'TABELA_CPU ADM-CANTEIRO-SERVICO'!B:K,9,0)","v":1.68},0.22559999999999999,2.0499999999999998,10386.790000000001,8.5346438005028073E-5]
[" 6.3.6.1.2.6 ","SICRO3",4816012,"Brita produzida em central de britagem de 80 m³/h","m³",{"$f":"IFERROR(VLOOKUP(A673,'ANEXO I - MEM. CÁLC'!$A:$O,4,0),0)","v":448.19},{"$f":"VLOOKUP(C673,'TABELA_CPU ADM-CANTEIRO-SERVICO'!B:K,9,0)","v":53.94},0.22559999999999999,66.099999999999994,29625.35,2.4342632296910384E-4]
[" 6.3.6.1.2.7 ","SICRO3",5914351,"Carga, manobra e descarga de agregados ou solos em caminhão basculante de 14 m³ - carga com carregadeira de 3,40 m³ e descarga livre","t",{"$f":"IFERROR(VLOOKUP(A674,'ANEXO I - MEM. CÁLC'!$A:$O,4,0),0)","v":2714.0882565794259},{"$f":"VLOOKUP(C674,'TABELA_CPU ADM-CANTEIRO-SERVICO'!B:K,9,0)","v":2.61},0.22559999999999999,3.19,8657.94,7.1140779727062227E-5]
[" 6.3.6.1.2.8 ","SICRO3",5901639,"Transporte com caminhão basculante com caçamba estanque com capacidade de 14 m³ - rodovia em leito natural","tkm",{"$f":"IFERROR(VLOOKUP(A675,'ANEXO I - MEM. CÁLC'!$A:$O,4,0),0)","v":34245.387675003272},{"$f":"VLOOKUP(C675,'TABELA_CPU ADM-CANTEIRO-SERVICO'!B:K,9,0)","v":0.87},0.22559999999999999,1.06,36300.11,2.9827165926053182E-4]
[" 6.3.6.1.2.9 ","EMBASA"," 11.10.01 ","FORNEC. E COLOCACAO DE MANTA GEOTEXTIL NAO TECIDA C/ GRAMATURA DE 200 g/m² A 220 g/m²","m²",{"$f":"IFERROR(VLOOKUP(A676,'ANEXO I - MEM. CÁLC'!$A:$O,4,0),0)","v":10250},{"$f":"VLOOKUP(C676,'TABELA_CPU ADM-CANTEIRO-SERVICO'!B:K,9,0)","v":7.13},0.22559999999999999,8.73,89482.5,7.3526206256070681E-4]
[" 6.3.6.1.2.10 ","SINAPI",41780,"TUBO CORRUGADO PEAD, PAREDE DUPLA, INTERNA LISA, JEI, DN/DI 300 MM, PARA SANEAMENTO (DRENAGEM/ESGOTO)","M",{"$f":"IFERROR(VLOOKUP(A677,'ANEXO I - MEM. CÁLC'!$A:$O,4,0),0)","v":4100},{"$f":"VLOOKUP(C677,'TABELA_CPU ADM-CANTEIRO-SERVICO'!B:K,9,0)","v":212.16},{"$f":"$J$4","v":0.14015},241.89,991749,8.149028193026776E-3]
[" 6.3.6.1.3 ",null,null,"CAIXA DE MEDIÇÃO DE VAZÃO / DESAGUE DRENO DE FUNDO",{"$nulls":6},0]
[" 6.3.6.1.3.1 ","SICRO3",1106135,"Concreto fck = 25 MPa - confecção em central dosadora de 30 m³/h - areia extraída e brita produzida","m³",{"$f":"IFERROR(VLOOKUP(A679,'ANEXO I - MEM. CÁLC'!$A:$O,4,0),0)","v":7.38},{"$f":"VLOOKUP(C679,'TABELA_CPU ADM-CANTEIRO-SERVICO'!B:K,9,0)","v":281.93},{"$f":"$J$3","v":0.22559999999999999},345.53,2550.0100000000002,2.0952986473896329E-5]
[" 6.3.6.1.3.2 ","SICRO3",5914539,"Transporte com caminhão betoneira - rodovia em leito natural","tkm",{"$f":"IFERROR(VLOOKUP(A680,'ANEXO I - MEM. CÁLC'!$A:$O,4,0),0)","v":121.15008},{"$f":"VLOOKUP(C680,'TABELA_CPU ADM-CANTEIRO-SERVICO'!B:K,9,0)","v":0.98},0.22559999999999999,1.2,145.38,1.1945620501782534E-6]
[" 6.3.6.1.3.3 ","SICRO3",1100657,"Adensamento de concreto por vibrador de imersão","m³",{"$f":"IFERROR(VLOOKUP(A681,'ANEXO I - MEM. CÁLC'!$A:$O,4,0),0)","v":7.38},{"$f":"VLOOKUP(C681,'TABELA_CPU ADM-CANTEIRO-SERVICO'!B:K,9,0)","v":3.32},0.22559999999999999,4.0599999999999996,29.96,2.4617608352827399E-7]
["6.3.6.1.3.4","SICRO3",407819,"ARMAÇÃO EM AÇO CA-50 - FORNECIMENTO, PREPARO E COLOCAÇÃO.","KG",{"$f":"IFERROR(VLOOKUP(A682,'ANEXO I - MEM. CÁLC'!$A:$O,4,0),0)","v":479.7},{"$f":"VLOOKUP(C682,'TABELA_CPU ADM-CANTEIRO-SERVICO'!B:K,9,0)","v":11.88},0.22559999999999999,14.56,6984.43,5.7389840556654962E-5,null,null,{"$f":"L682-J682","v":-6984.43}]
[" 6.3.6.1.3.5 ","SICRO3",3107997,"Fôrmas de compensado resinado 10 mm - uso geral - utilização de 3 vezes - confecção, instalação e retirada","m²",{"$f":"IFERROR(VLOOKUP(A683,'ANEXO I - MEM. CÁLC'!$A:$O,4,0),0)","v":56.04},{"$f":"VLOOKUP(C683,'TABELA_CPU ADM-CANTEIRO-SERVICO'!B:K,9,0)","v":81.96},0.22559999999999999,100.45,5629.21,4.6254234684852973E-5]
["6.3.6.1.3.6","SBC",40338,"CIMBRAMENTO METALICO","M3/M",{"$f":"IFERROR(VLOOKUP(A684,'ANEXO I - MEM. CÁLC'!$A:$O,4,0),0)","v":7.38},{"$f":"VLOOKUP(C684,'TABELA_CPU ADM-CANTEIRO-SERVICO'!B:K,9,0)","v":22.52},0.22559999999999999,27.6,203.68,1.673602960381804E-6,null,null,{"$f":"L684-J684","v":-203.68}]
[" 6.3.6.1.4 ",null,null,"CAIXA DE PASSAGEM",{"$nulls":6},0]
[" 6.3.6.1.4.1 ","SICRO3",1106135,"Concreto fck = 25 MPa - confecção em central dosadora de 30 m³/h - areia extraída e brita produzida","m³",{"$f":"IFERROR(VLOOKUP(A686,'ANEXO I - MEM. CÁLC'!$A:$O,4,0),0)","v":2.7},{"$f":"VLOOKUP(C686,'TABELA_CPU ADM-CANTEIRO-SERVICO'!B:K,9,0)","v":281.93},0.22559999999999999,345.53,932.93,7.6657227505351341E-6]
[" 6.3.6.1.4.2 ","SICRO3",5914539,"Transporte com caminhão betoneira - rodovia em leito natural","tkm",{"$f":"IFERROR(VLOOKUP(A687,'ANEXO I - MEM. CÁLC'!$A:$O,4,0),0)","v":44.3232},{"$f":"VLOOKUP(C687,'TABELA_CPU ADM-CANTEIRO-SERVICO'!B:K,9,0)","v":0.98},0.22559999999999999,1.2,53.18,4.3697076508790423E-7]
[" 6.3.6.1.4.3 ","SICRO3",1100657,"Adensamento de concreto por vibrador de imersão","m³",{"$f":"IFERROR(VLOOKUP(A688,'ANEXO I - MEM. CÁLC'!$A:$O,4,0),0)","v":2.7},{"$f":"VLOOKUP(C688,'TABELA_CPU ADM-CANTEIRO-SERVICO'!B:K,9,0)","v":3.32},0.22559999999999999,4.0599999999999996,10.96,9.0056404388180343E-8]
["6.3.6.1.4.4","SICRO3",407819,"ARMAÇÃO EM AÇO CA-50 - FORNECIMENTO, PREPARO E COLOCAÇÃO.","KG",{"$f":"IFERROR(VLOOKUP(A689,'ANEXO I - MEM. CÁLC'!$A:$O,4,0),0)","v":8.1999999999999993},{"$f":"VLOOKUP(C689,'TABELA_CPU ADM-CANTEIRO-SERVICO'!B:K,9,0)","v":11.88},0.22559999999999999,14.56,119.39,9.8100676276504098E-7,null,null,{"$f":"L689-J689","v":-119.39}]
[" 6.3.6.1.4.5 ","SICRO3",3107997,"Fôrmas de compensado resinado 10 mm - uso geral - utilização de 3 vezes - confecção, instalação e retirada","m²",{"$f":"IFERROR(VLOOKUP(A690,'ANEXO I - MEM. CÁLC'!$A:$O,4,0),0)","v":23.86},{"$f":"VLOOKUP(C690,'TABELA_CPU ADM-CANTEIRO-SERVICO'!B:K,9,0)","v":81.96},0.22559999999999999,100.45,2396.73,1.9693511504496666E-5]
[" 6.4 ",null,null,"SEGMENTO DE CANAL - SUBTRECHO 1.4 (E440 A E533)",{"$nulls":5},{"$f":"SUM(J692:J767)","v":20359740.520000007},0.16729242933462971]
[" 6.4.1 ",null,null,"SEVIÇOS PRELIMINARES",{"$nulls":6},0]
[" 6.4.1.1 ","SICRO3",5501700,"Desmatamento, destocamento e limpeza de área com árvores de diâmetro até 0,15 m","m²",{"$f":"IFERROR(VLOOKUP(A693,'ANEXO I - MEM. CÁLC'!$A:$O,4,0),0)","v":185955.7},{"$f":"VLOOKUP(C693,'TABELA_CPU ADM-CANTEIRO-SERVICO'!B:K,9,0)","v":0.53},{"$f":"$J$3","v":0.22559999999999999},0.64,119011.64,9.7789784477559662E-4]
[" 6.4.1.2 ","SICRO3",5501701,"Destocamento de árvores com diâmetro de 0,15 a 0,30 m","un",{"$f":"IFERROR(VLOOKUP(A694,'ANEXO I - MEM. CÁLC'!$A:$O,4,0),0)","v":2232},{"$f":"VLOOKUP(C694,'TABELA_CPU ADM-CANTEIRO-SERVICO'!B:K,9,0)","v":38.81},0.22559999999999999,47.56,106153.92,8.7224820683490364E-4]
[" 6.4.1.3 ","SICRO3",5501702,"Destocamento de árvores com diâmetro maior que 0,30 m","un",{"$f":"IFERROR(VLOOKUP(A695,'ANEXO I - MEM. CÁLC'!$A:$O,4,0),0)","v":1116},{"$f":"VLOOKUP(C695,'TABELA_CPU ADM-CANTEIRO-SERVICO'!B:K,9,0)","v":97.03},0.22559999999999999,118.91,132703.56,1.0904019583130612E-3]
[" 6.4.1.4 ","SICRO3",5502109,"Escavação, carga e transporte de material de 1ª categoria - DMT de 50 a 200 m - caminho de serviço em leito natural - com escavadeira e caminhão basculante de 14 m³","m³",{"$f":"IFERROR(VLOOKUP(A696,'ANEXO I - MEM. CÁLC'!$A:$O,4,0),0)","v":17511},{"$f":"VLOOKUP(C696,'TABELA_CPU ADM-CANTEIRO-SERVICO'!B:K,9,0)","v":5.73},0.22559999999999999,7.02,122927.22,1.0100714812623002E-3]
[" 6.4.1.5 ","SINAPI",100983,"CARGA, MANOBRA E DESCARGA DE ENTULHO EM CAMINHÃO BASCULANTE 14 M³ - CARGA COM ESCAVADEIRA HIDRÁULICA  (CAÇAMBA DE 0,80 M³ / 111 HP) E DESCARGA LIVRE (UNIDADE: M3). AF_07/2020","m³",{"$f":"IFERROR(VLOOKUP(A697,'ANEXO I - MEM. CÁLC'!$A:$O,4,0),0)","v":74382.280000000013},{"$f":"VLOOKUP(C697,'TABELA_CPU ADM-CANTEIRO-SERVICO'!B:K,9,0)","v":9.1199999999999992},0.22559999999999999,11.17,830850.06,6.8269497253014505E-3]
[" 6.4.1.6 ","SICRO3",5901639,"Transporte com caminhão basculante com caçamba estanque com capacidade de 14 m³ - rodovia em leito natural","tkm",{"$f":"IFERROR(VLOOKUP(A698,'ANEXO I - MEM. CÁLC'!$A:$O,4,0),0)","v":23802.329600000008},{"$f":"VLOOKUP(C698,'TABELA_CPU ADM-CANTEIRO-SERVICO'!B:K,9,0)","v":0.87},0.22559999999999999,1.06,25230.46,2.0731427998720879E-4]
[" 6.4.1.7 ","SICRO3",4413942,"Espalhamento de material em bota-fora","m³",{"$f":"IFERROR(VLOOKUP(A699,'ANEXO I - MEM. CÁLC'!$A:$O,4,0),0)","v":91893.280000000013},{"$f":"VLOOKUP(C699,'TABELA_CPU ADM-CANTEIRO-SERVICO'!B:K,9,0)","v":1.97},0.22559999999999999,2.41,221462.8,1.81972111986667E-3]
[" 6.4.2 ",null,null,"MOVIMENTO DE TERRA",{"$nulls":6},0]
[" 6.4.2.1 ",null,null,"CORTE",{"$nulls":6},0]
[" 6.4.2.1.1 ","SICRO3",5502109,"Escavação, carga e transporte de material de 1ª categoria - DMT de 50 a 200 m - caminho de serviço em leito natural - com escavadeira e caminhão basculante de 14 m³","m³",{"$f":"IFERROR(VLOOKUP(A702,'ANEXO I - MEM. CÁLC'!$A:$O,4,0),0)","v":83005.119999999981},{"$f":"VLOOKUP(C702,'TABELA_CPU ADM-CANTEIRO-SERVICO'!B:K,9,0)","v":5.73},{"$f":"$J$3","v":0.22559999999999999},7.02,582695.93999999994,4.7879106941597499E-3]
[" 6.4.2.1.2 ","SICRO3",5502742,"Escavação, carga e transporte de material de 3ª categoria - DMT de 50 a 200 m - caminho de serviço em leito natural com caminhão basculante de 12 m³","m³",{"$f":"IFERROR(VLOOKUP(A703,'ANEXO I - MEM. CÁLC'!$A:$O,4,0),0)","v":8710.9999999999982},{"$f":"VLOOKUP(C703,'TABELA_CPU ADM-CANTEIRO-SERVICO'!B:K,9,0)","v":40.99},0.22559999999999999,50.23,437553.53,3.5953008794850179E-3]
[" 6.4.2.1.3 ","SICRO3",5505768,"Pré-fissuramento de material de 3ª categoria","m²",{"$f":"IFERROR(VLOOKUP(A704,'ANEXO I - MEM. CÁLC'!$A:$O,4,0),0)","v":3920},{"$f":"VLOOKUP(C704,'TABELA_CPU ADM-CANTEIRO-SERVICO'!B:K,9,0)","v":80.91},0.22559999999999999,99.16,388707.2,3.193939123339169E-3]
[" 6.4.2.2 ",null,null,"EXPLORAÇÃO DE JAZIDAS",{"$nulls":4},0,0,0]
[" 6.4.2.2.1 ","SICRO3",4016096,"Escavação e carga de material de jazida com escavadeira hidráulica de 1,56 m³","m³",{"$f":"IFERROR(VLOOKUP(A706,'ANEXO I - MEM. CÁLC'!$A:$O,4,0),0)","v":244330.61000000004},{"$f":"VLOOKUP(C706,'TABELA_CPU ADM-CANTEIRO-SERVICO'!B:K,9,0)","v":1.36},{"$f":"$J$3","v":0.22559999999999999},1.66,405588.81,3.3326523621059162E-3]
[" 6.4.2.2.2 ","SICRO3",5901639,"Transporte com caminhão basculante com caçamba estanque com capacidade de 14 m³ - rodovia em leito natural","tkm",{"$f":"IFERROR(VLOOKUP(A707,'ANEXO I - MEM. CÁLC'!$A:$O,4,0),0)","v":3263069.5638038688},{"$f":"VLOOKUP(C707,'TABELA_CPU ADM-CANTEIRO-SERVICO'!B:K,9,0)","v":0.87},0.22559999999999999,1.06,3458853.73,2.8420796553690321E-2]
[" 6.4.2.3 ",null,null,"TRATAMENTO QUÍMICO DO SOLO DISPERSIVO",{"$nulls":6},0]
["6.4.2.3.1","PRÓPRIO","COMP-0044","ATERRO DE SOLO-CAL COM 4% DE CAL E MISTURA NA PISTA COM MATERIAL DE ESCAVAÇÃO","M³",{"$f":"IFERROR(VLOOKUP(A709,'ANEXO I - MEM. CÁLC'!$A:$O,4,0),0)","v":83005.119999999981},56.55,{"$f":"$J$3","v":0.22559999999999999},69.3,5752254.8099999996,4.7265272382592642E-2,null,null,{"$f":"L709-J709","v":-5752254.8099999996}]
[" 6.4.2.4 ",null,null,"ATERRO",null,{"$f":"IFERROR(VLOOKUP(A710,'ANEXO I - MEM. CÁLC'!$A:$O,4,0),0)","v":0},{"$nulls":4},0]
[" 6.4.2.4.1 ","SICRO3",5502978,"Compactação de aterros a 100% do Proctor normal","m³",{"$f":"IFERROR(VLOOKUP(A711,'ANEXO I - MEM. CÁLC'!$A:$O,4,0),0)","v":244330.61000000004},{"$f":"VLOOKUP(C711,'TABELA_CPU ADM-CANTEIRO-SERVICO'!B:K,9,0)","v":4.9800000000000004},{"$f":"$J$3","v":0.22559999999999999},6.1,1490416.72,1.2246493690075305E-2]
[" 6.4.3 ",null,null,"ENROCAMENTO DE PROTEÇÃO DO TALUDE EXTERNO DO DIQUE",{"$nulls":6},0]
[" 6.4.3.1 ","SICRO3",5914657,"Carga, manobra e descarga de blocos de rocha em caminhão basculante de 8 m³ - carga com retroescavadeira de 0,29 m³ e descarga livre","t",{"$f":"IFERROR(VLOOKUP(A713,'ANEXO I - MEM. CÁLC'!$A:$O,4,0),0)","v":3806.7401491607006},{"$f":"VLOOKUP(C713,'TABELA_CPU ADM-CANTEIRO-SERVICO'!B:K,9,0)","v":17.600000000000001},{"$f":"$J$3","v":0.22559999999999999},21.57,82111.38,6.7469485786054225E-4]
[" 6.4.3.2 ","SICRO3",5914346,"Transporte de material de 3ª categoria com caminhão basculante de 8 m³ para rocha - rodovia em leito natural","tkm",{"$f":"IFERROR(VLOOKUP(A714,'ANEXO I - MEM. CÁLC'!$A:$O,4,0),0)","v":50363.172173396073},{"$f":"VLOOKUP(C714,'TABELA_CPU ADM-CANTEIRO-SERVICO'!B:K,9,0)","v":1.68},0.22559999999999999,2.0499999999999998,103244.5,{"$f":"J714/$J$1093","v":8.4834201120944199E-4}]
["6.4.3.3","PRÓPRIO","COMP-0022","RACHÃO OU PEDRA DE MÃO PRODUZIDA.","M³",{"$f":"IFERROR(VLOOKUP(A715,'ANEXO I - MEM. CÁLC'!$A:$O,4,0),0)","v":8908},20.05,0.22559999999999999,24.57,218869.56,1.7984129200386038E-3,null,null,{"$f":"L715-J715","v":-218869.56}]
[" 6.4.3.4 ","SICRO3",4816012,"Brita produzida em central de britagem de 80 m³/h","m³",{"$f":"IFERROR(VLOOKUP(A716,'ANEXO I - MEM. CÁLC'!$A:$O,4,0),0)","v":4455},{"$f":"VLOOKUP(C716,'TABELA_CPU ADM-CANTEIRO-SERVICO'!B:K,9,0)","v":53.94},0.22559999999999999,66.099999999999994,294475.5,2.4196537144536129E-3]
[" 6.4.3.5 ","SICRO3",5914657,"Carga, manobra e descarga de blocos de rocha em caminhão basculante de 8 m³ - carga com retroescavadeira de 0,29 m³ e descarga livre","t",{"$f":"IFERROR(VLOOKUP(A717,'ANEXO I - MEM. CÁLC'!$A:$O,4,0),0)","v":6682.5323703370004},{"$f":"VLOOKUP(C717,'TABELA_CPU ADM-CANTEIRO-SERVICO'!B:K,9,0)","v":17.600000000000001},0.22559999999999999,{"$f":"IFERROR(TRUNC((G717*(1+H717)),2),\"\")","v":21.57},{"$f":"IFERROR(TRUNC((F717*I717),2),\"\")","v":144142.22},1.1843914282600415E-3]
[" 6.4.3.6 ","SICRO3",5914346,"Transporte de material de 3ª categoria com caminhão basculante de 8 m³ para rocha - rodovia em leito natural","tkm",{"$f":"IFERROR(VLOOKUP(A718,'ANEXO I - MEM. CÁLC'!$A:$O,4,0),0)","v":65355.166581895857},{"$f":"VLOOKUP(C718,'TABELA_CPU ADM-CANTEIRO-SERVICO'!B:K,9,0)","v":1.68},0.22559999999999999,2.0499999999999998,133978.09,1.100874548558031E-3]
["6.4.3.7","PRÓPRIO","COMP-0021","ENROCAMENTO DE PEDRA ESPALHADA E COMPACTADA MECANICAMENTE - PEDRA DE MÃO PRODUZIDA - SEM FORNECIMENTO E COM ASSENTAMENTO","M³",{"$f":"IFERROR(VLOOKUP(A719,'ANEXO I - MEM. CÁLC'!$A:$O,4,0),0)","v":8908},22,0.22559999999999999,26.96,240159.68,1.9733501149467141E-3,null,null,{"$f":"L719-J719","v":-240159.68}]
["6.4.3.8","PRÓPRIO","COMP-0040","TRANSIÇÃO COMPACTADA EM BRITA, INCLUINDO OS SERVIÇOS DE DESCARGA OU LANÇAMENTO, ESPALHAMENTO E COMPACTAÇÃO SEM  FORNECIMENTO DE MATERIAL (ENSECADEIRA, BARRAGEM, ETC)","M³",{"$f":"IFERROR(VLOOKUP(A720,'ANEXO I - MEM. CÁLC'!$A:$O,4,0),0)","v":4455},5.84,0.22559999999999999,7.15,31853.25,2.6173258787206253E-4,null,null,-31853.25]
[" 6.4.4 ",null,null,"REGULARIZAÇÃO DOS TALUDES",{"$nulls":6},0]
[" 6.4.4.1 ","SICRO3",4015612,"Execução de revestimento primário com material de jazida","m³",{"$f":"IFERROR(VLOOKUP(A722,'ANEXO I - MEM. CÁLC'!$A:$O,4,0),0)","v":3087.6},{"$f":"VLOOKUP(C722,'TABELA_CPU ADM-CANTEIRO-SERVICO'!B:K,9,0)","v":12.06},{"$f":"$J$3","v":0.22559999999999999},14.78,45634.720000000001,3.7497251810779023E-4]
[" 6.4.4.2 ","SICRO3",5914359,"Transporte com caminhão basculante de 10 m³ - rodovia em leito natural","tkm",{"$f":"IFERROR(VLOOKUP(A723,'ANEXO I - MEM. CÁLC'!$A:$O,4,0),0)","v":26051.67235496741},{"$f":"VLOOKUP(C723,'TABELA_CPU ADM-CANTEIRO-SERVICO'!B:K,9,0)","v":1.21},0.22559999999999999,1.48,38556.47,3.1681177500919193E-4]
[" 6.4.4.3 ","SICRO3",1103852,"Concreto poroso para tubos de drenagem fck = 25 MPa - confecção em betoneira e lançamento manual - areia extraída e brita produzida","m³",{"$f":"IFERROR(VLOOKUP(A724,'ANEXO I - MEM. CÁLC'!$A:$O,4,0),0)","v":196},{"$f":"VLOOKUP(C724,'TABELA_CPU ADM-CANTEIRO-SERVICO'!B:K,9,0)","v":367.78},0.22559999999999999,450.75,88347,7.2593185752578169E-4]
[" 6.4.4.4 ","EMBASA"," 09.90.01 ","EXECUCAO DE SOLO-CIMENTO PARA REPAVIMENTACAO, C/ FORNEC. DO MAT.","m³",{"$f":"IFERROR(VLOOKUP(A725,'ANEXO I - MEM. CÁLC'!$A:$O,4,0),0)","v":1799.4},{"$f":"VLOOKUP(C725,'TABELA_CPU ADM-CANTEIRO-SERVICO'!B:K,9,0)","v":543.33000000000004},0.22559999999999999,665.9,1198220.46,9.8455680923313377E-3]
[" 6.4.5 ",null,null,"REVESTIMENTO DO CANAL",{"$nulls":6},0]
[" 6.4.5.1 ","EMBASA"," 11.11.01 ","IMPERMEABILIZAÇÃO COM MANTA PEAD, GEOMEMBRANA LISA, E=1,00 MM","m²",{"$f":"IFERROR(VLOOKUP(A727,'ANEXO I - MEM. CÁLC'!$A:$O,4,0),0)","v":37200},{"$f":"VLOOKUP(C727,'TABELA_CPU ADM-CANTEIRO-SERVICO'!B:K,9,0)","v":33.44},{"$f":"$J$3","v":0.22559999999999999},40.98,1524456,1.2526188504378453E-2]
[" 6.4.5.2 ","SICRO3",1107929,"Concreto fck = 20 MPa - confecção em central dosadora de 30 m³/h - areia extraída e brita produzida","m³",{"$f":"IFERROR(VLOOKUP(A728,'ANEXO I - MEM. CÁLC'!$A:$O,4,0),0)","v":2333},{"$f":"VLOOKUP(C728,'TABELA_CPU ADM-CANTEIRO-SERVICO'!B:K,9,0)","v":265.60000000000002},0.22559999999999999,325.51,759414.83,6.2399789259909872E-3]
[" 6.4.5.3 ","SICRO3",5914657,"Carga, manobra e descarga de blocos de rocha em caminhão basculante de 8 m³ - carga com retroescavadeira de 0,29 m³ e descarga livre","t",{"$f":"IFERROR(VLOOKUP(A729,'ANEXO I - MEM. CÁLC'!$A:$O,4,0),0)","v":1465.395554310998},{"$f":"VLOOKUP(C729,'TABELA_CPU ADM-CANTEIRO-SERVICO'!B:K,9,0)","v":17.600000000000001},0.22559999999999999,21.57,31608.58,2.5972217724599901E-4]
[" 6.4.5.4 ","SICRO3",5914346,"Transporte de material de 3ª categoria com caminhão basculante de 8 m³ para rocha - rodovia em leito natural","tkm",{"$f":"IFERROR(VLOOKUP(A730,'ANEXO I - MEM. CÁLC'!$A:$O,4,0),0)","v":19387.183183534504},{"$f":"VLOOKUP(C730,'TABELA_CPU ADM-CANTEIRO-SERVICO'!B:K,9,0)","v":1.68},0.22559999999999999,2.0499999999999998,39743.72,3.2656720074914332E-4]
[" 6.4.5.5 ","SICRO3",5914351,"Carga, manobra e descarga de agregados ou solos em caminhão basculante de 14 m³ - carga com carregadeira de 3,40 m³ e descarga livre","t",{"$f":"IFERROR(VLOOKUP(A731,'ANEXO I - MEM. CÁLC'!$A:$O,4,0),0)","v":4803.6711258841351},{"$f":"VLOOKUP(C731,'TABELA_CPU ADM-CANTEIRO-SERVICO'!B:K,9,0)","v":2.61},0.22559999999999999,3.19,15323.71,1.2591224675978128E-4]
[" 6.4.5.6 ","SICRO3",5901639,"Transporte com caminhão basculante com caçamba estanque com capacidade de 14 m³ - rodovia em leito natural","tkm",{"$f":"IFERROR(VLOOKUP(A732,'ANEXO I - MEM. CÁLC'!$A:$O,4,0),0)","v":29520.68564917683},{"$f":"VLOOKUP(C732,'TABELA_CPU ADM-CANTEIRO-SERVICO'!B:K,9,0)","v":0.87},0.22559999999999999,1.06,31291.919999999998,2.5712023737249889E-4]
[" 6.4.5.7 ","SICRO3",5914539,"Transporte com caminhão betoneira - rodovia em leito natural","tkm",{"$f":"IFERROR(VLOOKUP(A733,'ANEXO I - MEM. CÁLC'!$A:$O,4,0),0)","v":54760.175999999992},{"$f":"VLOOKUP(C733,'TABELA_CPU ADM-CANTEIRO-SERVICO'!B:K,9,0)","v":0.98},0.22559999999999999,1.2,65712.210000000006,5.3994574425191867E-4]
[" 6.4.5.8 ","SICRO3",1106088,"Lançamento mecânico de concreto com bomba rebocável com capacidade de 30 m³/h - confecção em central dosadora de 30 m³/h","m³",{"$f":"IFERROR(VLOOKUP(A734,'ANEXO I - MEM. CÁLC'!$A:$O,4,0),0)","v":2333},{"$f":"VLOOKUP(C734,'TABELA_CPU ADM-CANTEIRO-SERVICO'!B:K,9,0)","v":57.76},0.22559999999999999,70.790000000000006,165153.07,1.3570339103895488E-3]
[" 6.4.5.9 ","SICRO3",1100657,"Adensamento de concreto por vibrador de imersão","m³",{"$f":"IFERROR(VLOOKUP(A735,'ANEXO I - MEM. CÁLC'!$A:$O,4,0),0)","v":2333},{"$f":"VLOOKUP(C735,'TABELA_CPU ADM-CANTEIRO-SERVICO'!B:K,9,0)","v":3.32},0.22559999999999999,4.0599999999999996,9471.98,7.7829604127441272E-5]
[" 6.4.5.10 ","SICRO3"," M0006 ","Fibra de poliamida para concreto","kg",{"$f":"IFERROR(VLOOKUP(A736,'ANEXO I - MEM. CÁLC'!$A:$O,4,0),0)","v":1399.8},{"$f":"VLOOKUP(C736,'TABELA_CPU ADM-CANTEIRO-SERVICO'!B:K,9,0)","v":27.662600000000001},{"$f":"$J$4","v":0.14015},31.53,44135.69,3.6265525060140213E-4]
[" 6.4.5.11 ","EMBASA"," 09.90.01 ","EXECUCAO DE SOLO-CIMENTO PARA REPAVIMENTACAO, C/ FORNEC. DO MAT.","m³",{"$f":"IFERROR(VLOOKUP(A737,'ANEXO I - MEM. CÁLC'!$A:$O,4,0),0)","v":595.20000000000005},{"$f":"VLOOKUP(C737,'TABELA_CPU ADM-CANTEIRO-SERVICO'!B:K,9,0)","v":543.33000000000004},{"$f":"$J$3","v":0.22559999999999999},665.9,396343.68,3.2566867447791554E-3]
[" 6.4.6 ",null,null,"DRENAGEM SUPERFICIAL E SUB-SUPERFICAL (FUNDO, SEÇÃO HIDRAULICA E PROTEÇÃO DE TALUDES)",{"$nulls":6},0]
[" 6.4.6.1 ",null,null,"DRENAGEM SUB-SUPERFICAL",{"$nulls":6},0]
[" 6.4.6.1.1 ",null,null,"DRENO FINGER",{"$nulls":6},0]
[" 6.4.6.1.1.1 ","SICRO3",4816018,"Areia extraída com trator e carregadeira","m³",{"$f":"IFERROR(VLOOKUP(A741,'ANEXO I - MEM. CÁLC'!$A:$O,4,0),0)","v":313.875},{"$f":"VLOOKUP(C741,'TABELA_CPU ADM-CANTEIRO-SERVICO'!B:K,9,0)","v":4.99},{"$f":"$J$3","v":0.22559999999999999},6.11,1917.77,1.5757980898131442E-5]
[" 6.4.6.1.1.2 ","SICRO3",5914351,"Carga, manobra e descarga de agregados ou solos em caminhão basculante de 14 m³ - carga com carregadeira de 3,40 m³ e descarga livre","t",{"$f":"IFERROR(VLOOKUP(A742,'ANEXO I - MEM. CÁLC'!$A:$O,4,0),0)","v":470.81250000000006},{"$f":"VLOOKUP(C742,'TABELA_CPU ADM-CANTEIRO-SERVICO'!B:K,9,0)","v":2.61},0.22559999999999999,3.19,1501.89,1.234076762651133E-5]
[" 6.4.6.1.1.3 ","SICRO3",5901639,"Transporte com caminhão basculante com caçamba estanque com capacidade de 14 m³ - rodovia em leito natural","tkm",{"$f":"IFERROR(VLOOKUP(A743,'ANEXO I - MEM. CÁLC'!$A:$O,4,0),0)","v":6822.0731250000008},{"$f":"VLOOKUP(C743,'TABELA_CPU ADM-CANTEIRO-SERVICO'!B:K,9,0)","v":0.87},0.22559999999999999,1.06,7231.39,5.9419067712467464E-5]
[" 6.4.6.1.2 ",null,null,"DRENO DE FUNDO",{"$nulls":6},0]
[" 6.4.6.1.2.1 ","SICRO3",5502585,"Escavação, carga e transporte de material de 2ª categoria - DMT de 50 a 200 m - caminho de serviço em leito natural - com escavadeira e caminhão basculante de 14 m³","m³",{"$f":"IFERROR(VLOOKUP(A745,'ANEXO I - MEM. CÁLC'!$A:$O,4,0),0)","v":466},{"$f":"VLOOKUP(C745,'TABELA_CPU ADM-CANTEIRO-SERVICO'!B:K,9,0)","v":8.0399999999999991},0.22559999999999999,9.85,4590.1000000000004,3.7716049432681258E-5]
[" 6.4.6.1.2.2 ","SICRO3",5502742,"Escavação, carga e transporte de material de 3ª categoria - DMT de 50 a 200 m - caminho de serviço em leito natural com caminhão basculante de 12 m³","m³",{"$f":"IFERROR(VLOOKUP(A746,'ANEXO I - MEM. CÁLC'!$A:$O,4,0),0)","v":223},{"$f":"VLOOKUP(C746,'TABELA_CPU ADM-CANTEIRO-SERVICO'!B:K,9,0)","v":40.99},0.22559999999999999,50.23,11201.29,9.203904214500735E-5]
[" 6.4.6.1.2.3 ","SICRO3",4816018,"Areia extraída com trator e carregadeira","m³",{"$f":"IFERROR(VLOOKUP(A747,'ANEXO I - MEM. CÁLC'!$A:$O,4,0),0)","v":617.52},{"$f":"VLOOKUP(C747,'TABELA_CPU ADM-CANTEIRO-SERVICO'!B:K,9,0)","v":4.99},0.22559999999999999,6.11,3773.04,3.1002410220144155E-5]
[" 6.4.6.1.2.4 ","SICRO3",5914657,"Carga, manobra e descarga de blocos de rocha em caminhão basculante de 8 m³ - carga com retroescavadeira de 0,29 m³ e descarga livre","t",{"$f":"IFERROR(VLOOKUP(A748,'ANEXO I - MEM. CÁLC'!$A:$O,4,0),0)","v":173.73432258750921},{"$f":"VLOOKUP(C748,'TABELA_CPU ADM-CANTEIRO-SERVICO'!B:K,9,0)","v":17.600000000000001},0.22559999999999999,21.57,3747.44,3.0792059494565923E-5]
[" 6.4.6.1.2.5 ","SICRO3",5914346,"Transporte de material de 3ª categoria com caminhão basculante de 8 m³ para rocha - rodovia em leito natural","tkm",{"$f":"IFERROR(VLOOKUP(A749,'ANEXO I - MEM. CÁLC'!$A:$O,4,0),0)","v":2298.505087832747},{"$f":"VLOOKUP(C749,'TABELA_CPU ADM-CANTEIRO-SERVICO'!B:K,9,0)","v":1.68},0.22559999999999999,2.0499999999999998,4711.93,3.8717105248977972E-5]
[" 6.4.6.1.2.6 ","SICRO3",4816012,"Brita produzida em central de britagem de 80 m³/h","m³",{"$f":"IFERROR(VLOOKUP(A750,'ANEXO I - MEM. CÁLC'!$A:$O,4,0),0)","v":203.32},{"$f":"VLOOKUP(C750,'TABELA_CPU ADM-CANTEIRO-SERVICO'!B:K,9,0)","v":53.94},0.22559999999999999,66.099999999999994,13439.45,1.1042961167470166E-4]
[" 6.4.6.1.2.7 ","SICRO3",5914351,"Carga, manobra e descarga de agregados ou solos em caminhão basculante de 14 m³ - carga com carregadeira de 3,40 m³ e descarga livre","t",{"$f":"IFERROR(VLOOKUP(A751,'ANEXO I - MEM. CÁLC'!$A:$O,4,0),0)","v":1231.2614773371311},{"$f":"VLOOKUP(C751,'TABELA_CPU ADM-CANTEIRO-SERVICO'!B:K,9,0)","v":2.61},0.22559999999999999,3.19,3927.72,3.2273388744848873E-5]
[" 6.4.6.1.2.8 ","SICRO3",5901639,"Transporte com caminhão basculante com caçamba estanque com capacidade de 14 m³ - rodovia em leito natural","tkm",{"$f":"IFERROR(VLOOKUP(A752,'ANEXO I - MEM. CÁLC'!$A:$O,4,0),0)","v":16404.516048357142},{"$f":"VLOOKUP(C752,'TABELA_CPU ADM-CANTEIRO-SERVICO'!B:K,9,0)","v":0.87},0.22559999999999999,1.06,17388.78,1.4288056601250934E-4]
[" 6.4.6.1.2.9 ","EMBASA"," 11.10.01 ","FORNEC. E COLOCACAO DE MANTA GEOTEXTIL NAO TECIDA C/ GRAMATURA DE 200 g/m² A 220 g/m²","m²",{"$f":"IFERROR(VLOOKUP(A753,'ANEXO I - MEM. CÁLC'!$A:$O,4,0),0)","v":4650},{"$f":"VLOOKUP(C753,'TABELA_CPU ADM-CANTEIRO-SERVICO'!B:K,9,0)","v":7.13},0.22559999999999999,8.73,40594.5,3.3355791130802796E-4]
[" 6.4.6.1.2.10 ","SINAPI",41780,"TUBO CORRUGADO PEAD, PAREDE DUPLA, INTERNA LISA, JEI, DN/DI 300 MM, PARA SANEAMENTO (DRENAGEM/ESGOTO)","M",{"$f":"IFERROR(VLOOKUP(A754,'ANEXO I - MEM. CÁLC'!$A:$O,4,0),0)","v":1860},{"$f":"VLOOKUP(C754,'TABELA_CPU ADM-CANTEIRO-SERVICO'!B:K,9,0)","v":212.16},{"$f":"$J$4","v":0.14015},241.89,449915.4,3.6968762046414153E-3]
[" 6.4.6.1.3 ",null,null,"CAIXA DE MEDIÇÃO DE VAZÃO / DESAGUE DRENO DE FUNDO",{"$nulls":6},0]
[" 6.4.6.1.3.1 ","SICRO3",1106135,"Concreto fck = 25 MPa - confecção em central dosadora de 30 m³/h - areia extraída e brita produzida","m³",{"$f":"IFERROR(VLOOKUP(A756,'ANEXO I - MEM. CÁLC'!$A:$O,4,0),0)","v":7.38},{"$f":"VLOOKUP(C756,'TABELA_CPU ADM-CANTEIRO-SERVICO'!B:K,9,0)","v":281.93},{"$f":"$J$3","v":0.22559999999999999},345.53,2550.0100000000002,2.0952986473896329E-5]
[" 6.4.6.1.3.2 ","SICRO3",5914539,"Transporte com caminhão betoneira - rodovia em leito natural","tkm",{"$f":"IFERROR(VLOOKUP(A757,'ANEXO I - MEM. CÁLC'!$A:$O,4,0),0)","v":173.22335999999999},{"$f":"VLOOKUP(C757,'TABELA_CPU ADM-CANTEIRO-SERVICO'!B:K,9,0)","v":0.98},0.22559999999999999,1.2,207.86,1.7079492897926246E-6]
[" 6.4.6.1.3.3 ","SICRO3",1100657,"Adensamento de concreto por vibrador de imersão","m³",{"$f":"IFERROR(VLOOKUP(A758,'ANEXO I - MEM. CÁLC'!$A:$O,4,0),0)","v":7.38},{"$f":"VLOOKUP(C758,'TABELA_CPU ADM-CANTEIRO-SERVICO'!B:K,9,0)","v":3.32},0.22559999999999999,4.0599999999999996,29.96,2.4617608352827399E-7]
["6.4.6.1.3.4","SICRO3",407819,"ARMAÇÃO EM AÇO CA-50 - FORNECIMENTO, PREPARO E COLOCAÇÃO.","KG",{"$f":"IFERROR(VLOOKUP(A759,'ANEXO I - MEM. CÁLC'!$A:$O,4,0),0)","v":479.7},{"$f":"VLOOKUP(C759,'TABELA_CPU ADM-CANTEIRO-SERVICO'!B:K,9,0)","v":11.88},0.22559999999999999,14.56,6984.43,5.7389840556654962E-5,null,null,{"$f":"L759-J759","v":-6984.43}]
[" 6.4.6.1.3.5 ","SICRO3",3107997,"Fôrmas de compensado resinado 10 mm - uso geral - utilização de 3 vezes - confecção, instalação e retirada","m²",{"$f":"IFERROR(VLOOKUP(A760,'ANEXO I - MEM. CÁLC'!$A:$O,4,0),0)","v":56.04},{"$f":"VLOOKUP(C760,'TABELA_CPU ADM-CANTEIRO-SERVICO'!B:K,9,0)","v":81.96},0.22559999999999999,100.45,5629.21,4.6254234684852973E-5]
["6.4.6.1.3.6","SBC",40338,"CIMBRAMENTO METALICO","M3/M",{"$f":"IFERROR(VLOOKUP(A761,'ANEXO I - MEM. CÁLC'!$A:$O,4,0),0)","v":7.38},{"$f":"VLOOKUP(C761,'TABELA_CPU ADM-CANTEIRO-SERVICO'!B:K,9,0)","v":22.52},0.22559999999999999,27.6,203.68,1.673602960381804E-6,null,null,{"$f":"L761-J761","v":-203.68}]
[" 6.4.6.1.4 ",null,null,"CAIXA DE PASSAGEM",{"$nulls":6},0]
[" 6.4.6.1.4.1 ","SICRO3",1106135,"Concreto fck = 25 MPa - confecção em central dosadora de 30 m³/h - areia extraída e brita produzida","m³",{"$f":"IFERROR(VLOOKUP(A763,'ANEXO I - MEM. CÁLC'!$A:$O,4,0),0)","v":2.7},{"$f":"VLOOKUP(C763,'TABELA_CPU ADM-CANTEIRO-SERVICO'!B:K,9,0)","v":281.93},0.22559999999999999,345.53,932.93,7.6657227505351341E-6]
[" 6.4.6.1.4.2 ","SICRO3",5914539,"Transporte com caminhão betoneira - rodovia em leito natural","tkm",{"$f":"IFERROR(VLOOKUP(A764,'ANEXO I - MEM. CÁLC'!$A:$O,4,0),0)","v":63.374400000000001},{"$f":"VLOOKUP(C764,'TABELA_CPU ADM-CANTEIRO-SERVICO'!B:K,9,0)","v":0.98},0.22559999999999999,1.2,76.040000000000006,6.2480738956909057E-7]
[" 6.4.6.1.4.3 ","SICRO3",1100657,"Adensamento de concreto por vibrador de imersão","m³",{"$f":"IFERROR(VLOOKUP(A765,'ANEXO I - MEM. CÁLC'!$A:$O,4,0),0)","v":2.7},{"$f":"VLOOKUP(C765,'TABELA_CPU ADM-CANTEIRO-SERVICO'!B:K,9,0)","v":3.32},0.22559999999999999,4.0599999999999996,10.96,9.0056404388180343E-8]
["6.4.6.1.4.4","SICRO3",407819,"ARMAÇÃO EM AÇO CA-50 - FORNECIMENTO, PREPARO E COLOCAÇÃO.","KG",{"$f":"IFERROR(VLOOKUP(A766,'ANEXO I - MEM. CÁLC'!$A:$O,4,0),0)","v":8.1999999999999993},{"$f":"VLOOKUP(C766,'TABELA_CPU ADM-CANTEIRO-SERVICO'!B:K,9,0)","v":11.88},0.22559999999999999,14.56,119.39,9.8100676276504098E-7,null,null,{"$f":"L766-J766","v":-119.39}]
[" 6.4.6.1.4.5 ","SICRO3",3107997,"Fôrmas de compensado resinado 10 mm - uso geral - utilização de 3 vezes - confecção, instalação e retirada","m²",{"$f":"IFERROR(VLOOKUP(A767,'ANEXO I - MEM. CÁLC'!$A:$O,4,0),0)","v":23.86},{"$f":"VLOOKUP(C767,'TABELA_CPU ADM-CANTEIRO-SERVICO'!B:K,9,0)","v":81.96},0.22559999999999999,100.45,2396.73,1.9693511504496666E-5]
[7,null,null,"SISTEMA DE DRENAGEM DO SISTEMA ADUTOR",{"$nulls":5},{"$f":"J769+J774+J793+J803","v":24573414.720000003},0.20191545376120287]
[" 7.1 ",null,null,"DRENAGEM LONGITUDINAL",{"$nulls":5},{"$f":"SUM(J770:J773)","v":7549355.8699999992},6.2031737691514863E-2]
[" 7.1.1 ",null,null,"DRENOS SEM PROTEÇÃO",{"$nulls":6},0]
[" 7.1.1.1 ","SICRO3",5502109,"Escavação, carga e transporte de material de 1ª categoria - DMT de 50 a 200 m - caminho de serviço em leito natural - com escavadeira e caminhão basculante de 14 m³","m³",{"$f":"IFERROR(VLOOKUP(A771,'ANEXO I - MEM. CÁLC'!$A:$O,4,0),0)","v":262341.37},{"$f":"VLOOKUP(C771,'TABELA_CPU ADM-CANTEIRO-SERVICO'!B:K,9,0)","v":5.73},{"$f":"$J$3","v":0.22559999999999999},7.02,1841636.41,1.5132404495890208E-2]
[" 7.1.1.2 ","SICRO3",5502585,"Escavação, carga e transporte de material de 2ª categoria - DMT de 50 a 200 m - caminho de serviço em leito natural - com escavadeira e caminhão basculante de 14 m³","m³",{"$f":"IFERROR(VLOOKUP(A772,'ANEXO I - MEM. CÁLC'!$A:$O,4,0),0)","v":13630.400000000001},{"$f":"VLOOKUP(C772,'TABELA_CPU ADM-CANTEIRO-SERVICO'!B:K,9,0)","v":8.0399999999999991},0.22559999999999999,9.85,134259.44,1.1031863523330871E-3]
[" 7.1.1.3 ","SICRO3",5502742,"Escavação, carga e transporte de material de 3ª categoria - DMT de 50 a 200 m - caminho de serviço em leito natural com caminhão basculante de 12 m³","m³",{"$f":"IFERROR(VLOOKUP(A773,'ANEXO I - MEM. CÁLC'!$A:$O,4,0),0)","v":110958.79000000001},{"$f":"VLOOKUP(C773,'TABELA_CPU ADM-CANTEIRO-SERVICO'!B:K,9,0)","v":40.99},0.22559999999999999,50.23,5573460.0199999996,4.5796146843291571E-2]
[" 7.2 ",null,null,"DRENAGEM TRANSVERSAL",{"$nulls":5},{"$f":"SUM(J775:J792)","v":14873520.870000001},0.12221312136357299]
[" 7.2.1 ","SICRO3",5502116,"Escavação, carga e transporte de material de 1ª categoria - DMT de 1.400 a 1.600 m - caminho de serviço em leito natural - com escavadeira e caminhão basculante de 14 m³","m³",{"$f":"IFERROR(VLOOKUP(A775,'ANEXO I - MEM. CÁLC'!$A:$O,4,0),0)","v":142967},{"$f":"VLOOKUP(C775,'TABELA_CPU ADM-CANTEIRO-SERVICO'!B:K,9,0)","v":8.6199999999999992},{"$f":"$J$3","v":0.22559999999999999},10.56,1509731.52,1.2405200025793994E-2]
[" 7.2.2 ","SICRO3",5502744,"Escavação, carga e transporte de material de 3ª categoria - DMT de 400 a 600 m - caminho de serviço em leito natural com caminhão basculante de 12 m³","m³",{"$f":"IFERROR(VLOOKUP(A776,'ANEXO I - MEM. CÁLC'!$A:$O,4,0),0)","v":184628},{"$f":"VLOOKUP(C776,'TABELA_CPU ADM-CANTEIRO-SERVICO'!B:K,9,0)","v":44.03},0.22559999999999999,53.96,9962526.8800000008,8.1860342101587283E-2]
[" 7.2.5 ","SICRO3",5914657,"Carga, manobra e descarga de blocos de rocha em caminhão basculante de 8 m³ - carga com retroescavadeira de 0,29 m³ e descarga livre","t",{"$f":"IFERROR(VLOOKUP(A777,'ANEXO I - MEM. CÁLC'!$A:$O,4,0),0)","v":6985.2845688904963},{"$f":"VLOOKUP(C777,'TABELA_CPU ADM-CANTEIRO-SERVICO'!B:K,9,0)","v":17.600000000000001},0.22559999999999999,21.57,150672.57999999999,1.2380502549900047E-3]
[" 7.2.6 ","SICRO3",5914346,"Transporte de material de 3ª categoria com caminhão basculante de 8 m³ para rocha - rodovia em leito natural","tkm",{"$f":"IFERROR(VLOOKUP(A778,'ANEXO I - MEM. CÁLC'!$A:$O,4,0),0)","v":6985.2845688904963},{"$f":"VLOOKUP(C778,'TABELA_CPU ADM-CANTEIRO-SERVICO'!B:K,9,0)","v":1.68},0.22559999999999999,2.0499999999999998,14319.83,{"$f":"J778/$J$1093","v":1.1766354026003616E-4}]
["7.2.7","PRÓPRIO","COMP-0022","RACHÃO OU PEDRA DE MÃO PRODUZIDA.","M³",{"$f":"IFERROR(VLOOKUP(A779,'ANEXO I - MEM. CÁLC'!$A:$O,4,0),0)","v":4659.6514800000004},20.05,0.22559999999999999,24.57,114487.63,9.4072484532156631E-4,null,null,{"$f":"L779-J779","v":-114487.63}]
[" 7.2.8 ","SICRO3",5914657,"Carga, manobra e descarga de blocos de rocha em caminhão basculante de 8 m³ - carga com retroescavadeira de 0,29 m³ e descarga livre","t",{"$f":"IFERROR(VLOOKUP(A780,'ANEXO I - MEM. CÁLC'!$A:$O,4,0),0)","v":12254.885208579819},{"$f":"VLOOKUP(C780,'TABELA_CPU ADM-CANTEIRO-SERVICO'!B:K,9,0)","v":17.600000000000001},0.22559999999999999,21.57,264337.87,2.1720180762618835E-3]
[" 7.2.9 ","SICRO3",5914346,"Transporte de material de 3ª categoria com caminhão basculante de 8 m³ para rocha - rodovia em leito natural","tkm",{"$f":"IFERROR(VLOOKUP(A781,'ANEXO I - MEM. CÁLC'!$A:$O,4,0),0)","v":12254.885208579819},{"$f":"VLOOKUP(C781,'TABELA_CPU ADM-CANTEIRO-SERVICO'!B:K,9,0)","v":1.68},0.22559999999999999,{"$f":"IFERROR(TRUNC((G781*(1+H781)),2),\"\")","v":2.0499999999999998},{"$f":"IFERROR(TRUNC((F781*I781),2),\"\")","v":25122.51},2.064272737049365E-4]
["7.2.10","PRÓPRIO","COMP-0021","ENROCAMENTO DE PEDRA ESPALHADA E COMPACTADA MECANICAMENTE - PEDRA DE MÃO PRODUZIDA - SEM FORNECIMENTO E COM ASSENTAMENTO","M³",{"$f":"IFERROR(VLOOKUP(A782,'ANEXO I - MEM. CÁLC'!$A:$O,4,0),0)","v":3883.04},22,0.22559999999999999,26.96,104686.75,8.6019272737995777E-4,null,null,{"$f":"L782-J782","v":-104686.75}]
[" 7.2.11 ","SICRO3",1106058,"Concreto magro - confecção em betoneira e lançamento manual - areia extraída e brita produzida","m³",{"$f":"IFERROR(VLOOKUP(A783,'ANEXO I - MEM. CÁLC'!$A:$O,4,0),0)","v":135.66},{"$f":"VLOOKUP(C783,'TABELA_CPU ADM-CANTEIRO-SERVICO'!B:K,9,0)","v":321.32},0.22559999999999999,393.8,53422.9,4.3896663193333205E-4]
["7.2.12","SBC",40035,"APLICACAO DE ADESIVO ESTRUTURAL","M²",{"$f":"IFERROR(VLOOKUP(A784,'ANEXO I - MEM. CÁLC'!$A:$O,4,0),0)","v":430.36},{"$f":"VLOOKUP(C784,'TABELA_CPU ADM-CANTEIRO-SERVICO'!B:K,9,0)","v":254.23},0.22559999999999999,311.58,134091.56,1.1018069117155061E-3,null,null,{"$f":"L784-J784","v":-134091.56}]
[" 7.2.13 ","SICRO3",1107929,"Concreto fck = 20 MPa - confecção em central dosadora de 30 m³/h - areia extraída e brita produzida","m³",{"$f":"IFERROR(VLOOKUP(A785,'ANEXO I - MEM. CÁLC'!$A:$O,4,0),0)","v":165.7},{"$f":"VLOOKUP(C785,'TABELA_CPU ADM-CANTEIRO-SERVICO'!B:K,9,0)","v":265.60000000000002},0.22559999999999999,325.51,53937,4.4319090177785426E-4]
[" 7.2.14 ","SINAPI",104741,"REATERRO MECANIZADO DE VALA COM MINICARREGADEIRA, COM PLACA VIBRATÓRIA. AF_08/2023","m³",{"$f":"IFERROR(VLOOKUP(A786,'ANEXO I - MEM. CÁLC'!$A:$O,4,0),0)","v":21057.57},{"$f":"VLOOKUP(C786,'TABELA_CPU ADM-CANTEIRO-SERVICO'!B:K,9,0)","v":25.22},0.22559999999999999,30.9,650678.91,5.3465148764434674E-3]
["7.2.15","SICRO3",705312,"BOCA DE BDCC 1,50 X 1,50 M - ESCONSIDADE 0° - AREIA EXTRAÍDA E BRITA PRODUZIDA","UN",{"$f":"IFERROR(VLOOKUP(A787,'ANEXO I - MEM. CÁLC'!$A:$O,4,0),0)","v":2},{"$f":"VLOOKUP(C787,'TABELA_CPU ADM-CANTEIRO-SERVICO'!B:K,9,0)","v":12363.51},0.22559999999999999,15152.71,30305.42,2.4901433929504089E-4,null,null,{"$f":"L787-J787","v":-30305.42}]
["7.2.16","SICRO3",705256,"CORPO DE BDCC 1,50 X 1,50 M - MOLDADO NO LOCAL - ALTURA DO ATERRO 0,00 A 1,00 M - AREIA EXTRAÍDA E BRITA PRODUZIDA","M",{"$f":"IFERROR(VLOOKUP(A788,'ANEXO I - MEM. CÁLC'!$A:$O,4,0),0)","v":81.44},{"$f":"VLOOKUP(C788,'TABELA_CPU ADM-CANTEIRO-SERVICO'!B:K,9,0)","v":3752.27},0.22559999999999999,4598.78,374524.64,3.0774035066767937E-3,null,null,-374524.64]
["7.2.17","SICRO3",705321,"BOCA DE BDCC2,00 X 2,00 M - ESCONSIDADE 0° - AREIA EXTRAÍDA E BRITA PRODUZIDA","UN",{"$f":"IFERROR(VLOOKUP(A789,'ANEXO I - MEM. CÁLC'!$A:$O,4,0),0)","v":2},{"$f":"VLOOKUP(C789,'TABELA_CPU ADM-CANTEIRO-SERVICO'!B:K,9,0)","v":18930.62},0.22559999999999999,23201.360000000001,46402.720000000001,3.8128303987513716E-4,null,null,-46402.720000000001]
["7.2.18","SICRO3",705270,"CORPO DE BDCC 2,00 X 2,00 M - MOLDADO NO LOCAL - ALTURA DO ATERRO 0,00 A 1,00 M - AREIA EXTRAÍDA E BRITA PRODUZIDA","M",{"$f":"IFERROR(VLOOKUP(A790,'ANEXO I - MEM. CÁLC'!$A:$O,4,0),0)","v":74},{"$f":"VLOOKUP(C790,'TABELA_CPU ADM-CANTEIRO-SERVICO'!B:K,9,0)","v":5422.01},0.22559999999999999,6645.21,491745.54,4.0405871538616881E-3,null,null,-491745.54]
["7.2.19","SICRO3",705402,"BOCA DE BTCC 1,50 X 1,50 M - ESCONSIDADE 0° - AREIA EXTRAÍDA E BRITA PRODUZIDA","UN",{"$f":"IFERROR(VLOOKUP(A791,'ANEXO I - MEM. CÁLC'!$A:$O,4,0),0)","v":4},{"$f":"VLOOKUP(C791,'TABELA_CPU ADM-CANTEIRO-SERVICO'!B:K,9,0)","v":15343.99},0.22559999999999999,18805.59,75222.36,6.180889845979271E-4,null,null,-75222.36]
["7.2.20","SICRO3",705345,"CORPO DE BTCC 1,50 X 1,50 M - MOLDADO NO LOCAL - ALTURA DO ATERRO 0,00 A 1,00 M - AREIA EXTRAÍDA E BRITA PRODUZIDA","M",{"$f":"IFERROR(VLOOKUP(A792,'ANEXO I - MEM. CÁLC'!$A:$O,4,0),0)","v":129.6},{"$f":"VLOOKUP(C792,'TABELA_CPU ADM-CANTEIRO-SERVICO'!B:K,9,0)","v":5145.53},0.22559999999999999,6306.36,817304.25,6.7156461720965727E-3,null,null,-817304.25]
[" 7.3 ",null,null,"DRENAGEM DAS INTERSECÇÕES COM TRAVESSIAS",{"$nulls":5},{"$f":"SUM(J794:J802)","v":196972.84},1.6184913989533158E-3]
["7.3.1","PRÓPRIO","COMP-0022","RACHÃO OU PEDRA DE MÃO PRODUZIDA.","M³",{"$f":"IFERROR(VLOOKUP(A794,'ANEXO I - MEM. CÁLC'!$A:$O,4,0),0)","v":96},20.05,{"$f":"$J$3","v":0.22559999999999999},24.57,2358.7199999999998,1.9381189977964298E-5,null,null,{"$f":"L794-J794","v":-2358.7199999999998}]
[" 7.3.2 ","SICRO3",5914657,"Carga, manobra e descarga de blocos de rocha em caminhão basculante de 8 m³ - carga com retroescavadeira de 0,29 m³ e descarga livre","t",{"$f":"IFERROR(VLOOKUP(A795,'ANEXO I - MEM. CÁLC'!$A:$O,4,0),0)","v":252.48003741766166},{"$f":"VLOOKUP(C795,'TABELA_CPU ADM-CANTEIRO-SERVICO'!B:K,9,0)","v":17.600000000000001},0.22559999999999999,21.57,5445.99,4.47487479684294E-5]
[" 7.3.3 ","SICRO3",5914346,"Transporte de material de 3ª categoria com caminhão basculante de 8 m³ para rocha - rodovia em leito natural","tkm",{"$f":"IFERROR(VLOOKUP(A796,'ANEXO I - MEM. CÁLC'!$A:$O,4,0),0)","v":252.48003741766166},{"$f":"VLOOKUP(C796,'TABELA_CPU ADM-CANTEIRO-SERVICO'!B:K,9,0)","v":1.68},0.22559999999999999,2.0499999999999998,517.58000000000004,4.2528643962805089E-6]
["7.3.4","PRÓPRIO","COMP-0021","ENROCAMENTO DE PEDRA ESPALHADA E COMPACTADA MECANICAMENTE - PEDRA DE MÃO PRODUZIDA - SEM FORNECIMENTO E COM ASSENTAMENTO","M³",{"$f":"IFERROR(VLOOKUP(A797,'ANEXO I - MEM. CÁLC'!$A:$O,4,0),0)","v":80},22,0.22559999999999999,26.96,2156.8000000000002,1.7722048629966001E-5,null,null,{"$f":"L797-J797","v":-2156.8000000000002}]
[" 7.3.5 ","SICRO3",1106058,"Concreto magro - confecção em betoneira e lançamento manual - areia extraída e brita produzida","m³",{"$f":"IFERROR(VLOOKUP(A798,'ANEXO I - MEM. CÁLC'!$A:$O,4,0),0)","v":11.63},{"$f":"VLOOKUP(C798,'TABELA_CPU ADM-CANTEIRO-SERVICO'!B:K,9,0)","v":321.32},0.22559999999999999,393.8,4579.8900000000003,3.7632155647206503E-5]
[" 7.3.6 ","SICRO3",1107929,"Concreto fck = 20 MPa - confecção em central dosadora de 30 m³/h - areia extraída e brita produzida","m³",{"$f":"IFERROR(VLOOKUP(A799,'ANEXO I - MEM. CÁLC'!$A:$O,4,0),0)","v":31.23},{"$f":"VLOOKUP(C799,'TABELA_CPU ADM-CANTEIRO-SERVICO'!B:K,9,0)","v":265.60000000000002},0.22559999999999999,325.51,10165.67,8.3529533612846095E-5]
[" 7.3.7 ","SINAPI",104741,"REATERRO MECANIZADO DE VALA COM MINICARREGADEIRA, COM PLACA VIBRATÓRIA. AF_08/2023","m³",{"$f":"IFERROR(VLOOKUP(A800,'ANEXO I - MEM. CÁLC'!$A:$O,4,0),0)","v":65},{"$f":"VLOOKUP(C800,'TABELA_CPU ADM-CANTEIRO-SERVICO'!B:K,9,0)","v":25.22},0.22559999999999999,30.9,2008.5,1.6503493450151479E-5]
[" 7.3.8 ","SICRO3",6817830,"Corpo de BSCC - seção fechada de 1,5 x 1,5 m - pré-moldado - altura do aterro de 0,25 a 1,00 m - areia extraída e brita produzida","m",{"$f":"IFERROR(VLOOKUP(A801,'ANEXO I - MEM. CÁLC'!$A:$O,4,0),0)","v":62.68},{"$f":"VLOOKUP(C801,'TABELA_CPU ADM-CANTEIRO-SERVICO'!B:K,9,0)","v":1536.56},0.22559999999999999,1883.2,118038.97,9.6990558539090206E-4]
["7.3.9","SICRO3",705224,"BOCA DE BSCC 1,50 X 1,50 M - ESCONSIDADE 0° - AREIA EXTRAÍDA E BRITA PRODUZIDA","M",{"$f":"IFERROR(VLOOKUP(A802,'ANEXO I - MEM. CÁLC'!$A:$O,4,0),0)","v":4},{"$f":"VLOOKUP(C802,'TABELA_CPU ADM-CANTEIRO-SERVICO'!B:K,9,0)","v":10546.01},0.22559999999999999,12925.18,51700.72,4.2481577987956961E-4,null,null,{"$f":"L802-J802","v":-51700.72}]
[" 7.4 ",null,null,"BOTA FORA PROVENIENTE DAS ESCAVAÇÕES DO SISTEMA DE DRENAGEM",{"$nulls":5},{"$f":"SUM(J804)","v":1953565.14},1.605210330716169E-2]
[" 7.4.1 ","SICRO3",4413942,"Espalhamento de material em bota-fora","m³",{"$f":"IFERROR(VLOOKUP(A804,'ANEXO I - MEM. CÁLC'!$A:$O,4,0),0)","v":810607.94420000003},{"$f":"VLOOKUP(C804,'TABELA_CPU ADM-CANTEIRO-SERVICO'!B:K,9,0)","v":1.97},{"$f":"$J$3","v":0.22559999999999999},2.41,1953565.14,1.605210330716169E-2]
[8,null,null,"SISTEMA VIÁRIO DO SISTEMA ADUTOR",{"$nulls":5},{"$f":"J806+J823+J841+J858","v":2461800.9},2.0228187716568091E-2]
[" 8.1 ",null,null,"ESTRADAS - SUBTRECHO 1.1 (E0+11,44 ATÉ E75)",{"$nulls":5},{"$f":"SUM(J807:J822)","v":667428.29000000015},5.4841416044116523E-3]
[" 8.1.1 ",null,null,"SEVIÇOS PRELIMINARES",{"$nulls":6},0]
[" 8.1.1.1 ","SICRO3",5502109,"Escavação, carga e transporte de material de 1ª categoria - DMT de 50 a 200 m - caminho de serviço em leito natural - com escavadeira e caminhão basculante de 14 m³","m³",{"$f":"IFERROR(VLOOKUP(A808,'ANEXO I - MEM. CÁLC'!$A:$O,4,0),0)","v":3214.2069999999999},{"$f":"VLOOKUP(C808,'TABELA_CPU ADM-CANTEIRO-SERVICO'!B:K,9,0)","v":5.73},{"$f":"$J$3","v":0.22559999999999999},7.02,22563.73,1.8540222567387923E-4]
[" 8.1.1.2 ","SICRO3",4413942,"Espalhamento de material em bota-fora","m³",{"$f":"IFERROR(VLOOKUP(A809,'ANEXO I - MEM. CÁLC'!$A:$O,4,0),0)","v":3214.2069999999999},{"$f":"VLOOKUP(C809,'TABELA_CPU ADM-CANTEIRO-SERVICO'!B:K,9,0)","v":1.97},0.22559999999999999,2.41,7746.23,6.3649418007650927E-5]
[" 8.1.2 ",null,null,"MOVIMENTO DE TERRA",{"$nulls":4},0,0,0]
[" 8.1.2.1 ",null,null,"CORTE",{"$nulls":4},0,0,0]
[" 8.1.2.1.1 ","SICRO3",5502109,"Escavação, carga e transporte de material de 1ª categoria - DMT de 50 a 200 m - caminho de serviço em leito natural - com escavadeira e caminhão basculante de 14 m³","m³",{"$f":"IFERROR(VLOOKUP(A812,'ANEXO I - MEM. CÁLC'!$A:$O,4,0),0)","v":1915.47},{"$f":"VLOOKUP(C812,'TABELA_CPU ADM-CANTEIRO-SERVICO'!B:K,9,0)","v":5.73},{"$f":"$J$3","v":0.22559999999999999},7.02,13446.59,1.1048827980675747E-4]
[" 8.1.2.2 ",null,null,"ATERRO",{"$nulls":6},0]
[" 8.1.2.2.1 ","SICRO3",4016008,"Escavação e carga de material de jazida com trator de 127 kW e carregadeira de 3,4 m³","m³",{"$f":"IFERROR(VLOOKUP(A814,'ANEXO I - MEM. CÁLC'!$A:$O,4,0),0)","v":41411.96},{"$f":"VLOOKUP(C814,'TABELA_CPU ADM-CANTEIRO-SERVICO'!B:K,9,0)","v":4.3899999999999997},{"$f":"$J$3","v":0.22559999999999999},5.38,222796.34,1.8306785849677479E-3]
[" 8.1.2.2.2 ","SICRO3",5901639,"Transporte com caminhão basculante com caçamba estanque com capacidade de 14 m³ - rodovia em leito natural","tkm",{"$f":"IFERROR(VLOOKUP(A815,'ANEXO I - MEM. CÁLC'!$A:$O,4,0),0)","v":76871.017331741357},{"$f":"VLOOKUP(C815,'TABELA_CPU ADM-CANTEIRO-SERVICO'!B:K,9,0)","v":0.87},0.22559999999999999,1.06,81483.27,6.6953378777292734E-4]
[" 8.1.2.2.3 ","SICRO3",5502978,"Compactação de aterros a 100% do Proctor normal","m³",{"$f":"IFERROR(VLOOKUP(A816,'ANEXO I - MEM. CÁLC'!$A:$O,4,0),0)","v":41411.96},{"$f":"VLOOKUP(C816,'TABELA_CPU ADM-CANTEIRO-SERVICO'!B:K,9,0)","v":4.9800000000000004},0.22559999999999999,6.1,252612.95,2.0756764579280274E-3]
[" 8.1.3 ",null,null,"REVISTIMENTOS",{"$nulls":6},0]
[" 8.1.3.1 ","SICRO3",4015612,"Execução de revestimento primário com material de jazida","m³",{"$f":"IFERROR(VLOOKUP(A818,'ANEXO I - MEM. CÁLC'!$A:$O,4,0),0)","v":2153},{"$f":"VLOOKUP(C818,'TABELA_CPU ADM-CANTEIRO-SERVICO'!B:K,9,0)","v":12.06},{"$f":"$J$3","v":0.22559999999999999},14.78,31821.34,2.6147038897935933E-4]
[" 8.1.3.2 ","SICRO3",5901639,"Transporte com caminhão basculante com caçamba estanque com capacidade de 14 m³ - rodovia em leito natural","tkm",{"$f":"IFERROR(VLOOKUP(A819,'ANEXO I - MEM. CÁLC'!$A:$O,4,0),0)","v":3996.5097115721915},{"$f":"VLOOKUP(C819,'TABELA_CPU ADM-CANTEIRO-SERVICO'!B:K,9,0)","v":0.87},0.22559999999999999,1.06,4236.3,3.4808936670588351E-5]
[" 8.1.4 ",null,null,"SINALIZAÇÃO",{"$nulls":6},0]
[" 8.1.4.1 ","SINAPI",34723,"PLACA DE SINALIZACAO EM CHAPA DE ACO NUM 16 COM PINTURA REFLETIVA","m²",{"$f":"IFERROR(VLOOKUP(A821,'ANEXO I - MEM. CÁLC'!$A:$O,4,0),0)","v":28.839048622548084},{"$f":"VLOOKUP(C821,'TABELA_CPU ADM-CANTEIRO-SERVICO'!B:K,9,0)","v":866.25},{"$f":"$J$4","v":0.14015},987.65,28482.880000000001,2.3403884666241002E-4]
[" 8.1.4.2 ","SINAPI",103695,"FORNECIMENTO E INSTALAÇÃO DE SUPORTE DE MADEIRA PARA PLACAS DE SINALIZAÇÃO, EM SOLO, COM H= DE 2,0 M E SEÇÃO DE 7,5 X 7,5 CM. AF_03/2022","UN",{"$f":"IFERROR(VLOOKUP(A822,'ANEXO I - MEM. CÁLC'!$A:$O,4,0),0)","v":18},{"$f":"VLOOKUP(C822,'TABELA_CPU ADM-CANTEIRO-SERVICO'!B:K,9,0)","v":101.48},{"$f":"$J$3","v":0.22559999999999999},124.37,2238.66,1.8394677942303265E-5]
[" 8.2 ",null,null,"ESTRADAS - SUBTRECHO 1.2 (E75 A E235)",{"$nulls":5},{"$f":"SUM(J824:J840)","v":357410.98000000004},2.9367835536182334E-3]
[" 8.2.1 ",null,null,"SEVIÇOS PRELIMINARES",{"$nulls":6},0]
[" 8.2.1.1 ","SICRO3",5502109,"Escavação, carga e transporte de material de 1ª categoria - DMT de 50 a 200 m - caminho de serviço em leito natural - com escavadeira e caminhão basculante de 14 m³","m³",{"$f":"IFERROR(VLOOKUP(A825,'ANEXO I - MEM. CÁLC'!$A:$O,4,0),0)","v":6411.942},{"$f":"VLOOKUP(C825,'TABELA_CPU ADM-CANTEIRO-SERVICO'!B:K,9,0)","v":5.73},{"$f":"$J$3","v":0.22559999999999999},7.02,45011.83,3.6985433984781273E-4]
[" 8.2.1.2 ","SICRO3",4413942,"Espalhamento de material em bota-fora","m³",{"$f":"IFERROR(VLOOKUP(A826,'ANEXO I - MEM. CÁLC'!$A:$O,4,0),0)","v":6411.942},{"$f":"VLOOKUP(C826,'TABELA_CPU ADM-CANTEIRO-SERVICO'!B:K,9,0)","v":1.97},0.22559999999999999,2.41,15452.78,1.269727923906556E-4]
[" 8.2.2 ",null,null,"MOVIMENTO DE TERRA",{"$nulls":6},0]
[" 8.2.2.1 ",null,null,"CORTE",{"$nulls":6},0]
[" 8.2.2.1.1 ","SICRO3",5502109,"Escavação, carga e transporte de material de 1ª categoria - DMT de 50 a 200 m - caminho de serviço em leito natural - com escavadeira e caminhão basculante de 14 m³","m³",{"$f":"IFERROR(VLOOKUP(A829,'ANEXO I - MEM. CÁLC'!$A:$O,4,0),0)","v":2694.3899999999994},{"$f":"VLOOKUP(C829,'TABELA_CPU ADM-CANTEIRO-SERVICO'!B:K,9,0)","v":5.73},{"$f":"$J$3","v":0.22559999999999999},7.02,18914.61,1.5541804443473719E-4]
[" 8.2.2.1.2 ","SICRO3",4413942,"Espalhamento de material em bota-fora","m³",{"$f":"IFERROR(VLOOKUP(A830,'ANEXO I - MEM. CÁLC'!$A:$O,4,0),0)","v":2694.3899999999994},{"$f":"VLOOKUP(C830,'TABELA_CPU ADM-CANTEIRO-SERVICO'!B:K,9,0)","v":1.97},0.22559999999999999,2.41,6493.47,5.3355708047674941E-5]
[" 8.2.2.2 ",null,null,"ATERRO",{"$nulls":6},0]
[" 8.2.2.2.1 ","SICRO3",4016008,"Escavação e carga de material de jazida com trator de 127 kW e carregadeira de 3,4 m³","m³",{"$f":"IFERROR(VLOOKUP(A832,'ANEXO I - MEM. CÁLC'!$A:$O,4,0),0)","v":7233},{"$f":"VLOOKUP(C832,'TABELA_CPU ADM-CANTEIRO-SERVICO'!B:K,9,0)","v":4.3899999999999997},{"$f":"$J$3","v":0.22559999999999999},5.38,38913.54,3.1974575678974737E-4]
[" 8.2.2.2.2 ","SICRO3",5901639,"Transporte com caminhão basculante com caçamba estanque com capacidade de 14 m³ - rodovia em leito natural","tkm",{"$f":"IFERROR(VLOOKUP(A833,'ANEXO I - MEM. CÁLC'!$A:$O,4,0),0)","v":42719.943251828663},{"$f":"VLOOKUP(C833,'TABELA_CPU ADM-CANTEIRO-SERVICO'!B:K,9,0)","v":0.87},0.22559999999999999,1.06,45283.13,3.7208356452942884E-4]
[" 8.2.2.2.3 ","SICRO3",5502978,"Compactação de aterros a 100% do Proctor normal","m³",{"$f":"IFERROR(VLOOKUP(A834,'ANEXO I - MEM. CÁLC'!$A:$O,4,0),0)","v":7233},{"$f":"VLOOKUP(C834,'TABELA_CPU ADM-CANTEIRO-SERVICO'!B:K,9,0)","v":4.9800000000000004},0.22559999999999999,6.1,44121.3,3.6253701048651651E-4]
[" 8.2.3 ",null,null,"REVISTIMENTOS",{"$nulls":6},0]
[" 8.2.3.1 ","SICRO3",4015612,"Execução de revestimento primário com material de jazida","m³",{"$f":"IFERROR(VLOOKUP(A836,'ANEXO I - MEM. CÁLC'!$A:$O,4,0),0)","v":5638},{"$f":"VLOOKUP(C836,'TABELA_CPU ADM-CANTEIRO-SERVICO'!B:K,9,0)","v":12.06},{"$f":"$J$3","v":0.22559999999999999},14.78,83329.64,6.8470508735050072E-4]
[" 8.2.3.2 ","SICRO3",5901639,"Transporte com caminhão basculante com caçamba estanque com capacidade de 14 m³ - rodovia em leito natural","tkm",{"$f":"IFERROR(VLOOKUP(A837,'ANEXO I - MEM. CÁLC'!$A:$O,4,0),0)","v":33299.46634229365},{"$f":"VLOOKUP(C837,'TABELA_CPU ADM-CANTEIRO-SERVICO'!B:K,9,0)","v":0.87},0.22559999999999999,1.06,35297.43,2.9003281295104819E-4]
[" 8.2.4 ",null,null,"SINALIZAÇÃO",{"$nulls":6},0]
[" 8.2.4.1 ","SINAPI",34723,"PLACA DE SINALIZACAO EM CHAPA DE ACO NUM 16 COM PINTURA REFLETIVA","m²",{"$f":"IFERROR(VLOOKUP(A839,'ANEXO I - MEM. CÁLC'!$A:$O,4,0),0)","v":21.500796326794898},{"$f":"VLOOKUP(C839,'TABELA_CPU ADM-CANTEIRO-SERVICO'!B:K,9,0)","v":866.25},{"$f":"$J$4","v":0.14015},987.65,21235.26,1.7448641987665602E-4]
[" 8.2.4.2 ","SINAPI",103695,"FORNECIMENTO E INSTALAÇÃO DE SUPORTE DE MADEIRA PARA PLACAS DE SINALIZAÇÃO, EM SOLO, COM H= DE 2,0 M E SEÇÃO DE 7,5 X 7,5 CM. AF_03/2022","UN",{"$f":"IFERROR(VLOOKUP(A840,'ANEXO I - MEM. CÁLC'!$A:$O,4,0),0)","v":27},{"$f":"VLOOKUP(C840,'TABELA_CPU ADM-CANTEIRO-SERVICO'!B:K,9,0)","v":101.48},{"$f":"$J$3","v":0.22559999999999999},124.37,3357.99,2.7592016913454896E-5]
[" 8.3 ",null,null,"ESTRADAS - SUBTRECHO 1.3 (E235 A E440)",{"$nulls":5},{"$f":"SUM(J842:J857)","v":1251361.81},1.0282221277124571E-2]
[" 8.3.1 ",null,null,"SEVIÇOS PRELIMINARES",{"$nulls":6},{"$f":"J842/$J$1093","v":0}]
[" 8.3.1.1 ","SICRO3",5502109,"Escavação, carga e transporte de material de 1ª categoria - DMT de 50 a 200 m - caminho de serviço em leito natural - com escavadeira e caminhão basculante de 14 m³","m³",{"$f":"IFERROR(VLOOKUP(A843,'ANEXO I - MEM. CÁLC'!$A:$O,4,0),0)","v":8235.0660000000007},{"$f":"VLOOKUP(C843,'TABELA_CPU ADM-CANTEIRO-SERVICO'!B:K,9,0)","v":5.73},{"$f":"$J$3","v":0.22559999999999999},7.02,57810.16,4.7501598053881455E-4]
[" 8.3.1.2 ","SICRO3",4413942,"Espalhamento de material em bota-fora","m³",{"$f":"IFERROR(VLOOKUP(A844,'ANEXO I - MEM. CÁLC'!$A:$O,4,0),0)","v":8235.0660000000007},{"$f":"VLOOKUP(C844,'TABELA_CPU ADM-CANTEIRO-SERVICO'!B:K,9,0)","v":1.97},0.22559999999999999,2.41,19846.5,1.6307522168704572E-4]
[" 8.3.2 ",null,null,"MOVIMENTO DE TERRA",{"$nulls":6},0]
[" 8.3.2.1 ",null,null,"CORTE",{"$nulls":6},0]
[" 8.3.2.1.1 ","SICRO3",5502109,"Escavação, carga e transporte de material de 1ª categoria - DMT de 50 a 200 m - caminho de serviço em leito natural - com escavadeira e caminhão basculante de 14 m³","m³",{"$f":"IFERROR(VLOOKUP(A847,'ANEXO I - MEM. CÁLC'!$A:$O,4,0),0)","v":3704},{"$f":"VLOOKUP(C847,'TABELA_CPU ADM-CANTEIRO-SERVICO'!B:K,9,0)","v":5.73},{"$f":"$J$3","v":0.22559999999999999},{"$f":"IFERROR(TRUNC((G847*(1+H847)),2),\"\")","v":7.02},{"$f":"IFERROR(TRUNC((F847*I847),2),\"\")","v":26002.080000000002},2.1365454666184456E-4]
[" 8.3.2.2 ",null,null,"ATERRO",{"$nulls":6},0]
[" 8.3.2.2.1 ","SICRO3",4016008,"Escavação e carga de material de jazida com trator de 127 kW e carregadeira de 3,4 m³","m³",{"$f":"IFERROR(VLOOKUP(A849,'ANEXO I - MEM. CÁLC'!$A:$O,4,0),0)","v":39198},{"$f":"VLOOKUP(C849,'TABELA_CPU ADM-CANTEIRO-SERVICO'!B:K,9,0)","v":4.3899999999999997},{"$f":"$J$3","v":0.22559999999999999},5.38,210885.24,1.7328071581148232E-3]
[" 8.3.2.2.2 ","SICRO3",5901639,"Transporte com caminhão basculante com caçamba estanque com capacidade de 14 m³ - rodovia em leito natural","tkm",{"$f":"IFERROR(VLOOKUP(A850,'ANEXO I - MEM. CÁLC'!$A:$O,4,0),0)","v":502714.78542582074},{"$f":"VLOOKUP(C850,'TABELA_CPU ADM-CANTEIRO-SERVICO'!B:K,9,0)","v":0.87},0.22559999999999999,1.06,532877.67000000004,4.3785626769116161E-3]
[" 8.3.2.2.3 ","SICRO3",5502978,"Compactação de aterros a 100% do Proctor normal","m³",{"$f":"IFERROR(VLOOKUP(A851,'ANEXO I - MEM. CÁLC'!$A:$O,4,0),0)","v":39198},{"$f":"VLOOKUP(C851,'TABELA_CPU ADM-CANTEIRO-SERVICO'!B:K,9,0)","v":4.9800000000000004},0.22559999999999999,6.1,239107.8,1.9647070008365097E-3]
[" 8.3.3 ",null,null,"REVISTIMENTOS",{"$nulls":6},0]
[" 8.3.3.1 ","SICRO3",4015612,"Execução de revestimento primário com material de jazida","m³",{"$f":"IFERROR(VLOOKUP(A853,'ANEXO I - MEM. CÁLC'!$A:$O,4,0),0)","v":5783},{"$f":"VLOOKUP(C853,'TABELA_CPU ADM-CANTEIRO-SERVICO'!B:K,9,0)","v":12.06},{"$f":"$J$3","v":0.22559999999999999},14.78,85472.74,7.0231456547498151E-4]
[" 8.3.3.2 ","SICRO3",5901639,"Transporte com caminhão basculante com caçamba estanque com capacidade de 14 m³ - rodovia em leito natural","tkm",{"$f":"IFERROR(VLOOKUP(A854,'ANEXO I - MEM. CÁLC'!$A:$O,4,0),0)","v":74167.039239693913},{"$f":"VLOOKUP(C854,'TABELA_CPU ADM-CANTEIRO-SERVICO'!B:K,9,0)","v":0.87},0.22559999999999999,1.06,78617.06,6.459826411651311E-4]
[" 8.3.4 ",null,null,"SINALIZAÇÃO",{"$nulls":6},0]
[" 8.3.4.1 ","SINAPI",34723,"PLACA DE SINALIZACAO EM CHAPA DE ACO NUM 16 COM PINTURA REFLETIVA","m²",{"$f":"IFERROR(VLOOKUP(A856,'ANEXO I - MEM. CÁLC'!$A:$O,4,0),0)","v":0.5},{"$f":"VLOOKUP(C856,'TABELA_CPU ADM-CANTEIRO-SERVICO'!B:K,9,0)","v":866.25},{"$f":"$J$4","v":0.14015},987.65,493.82,4.0576326291032131E-6]
[" 8.3.4.2 ","SINAPI",103695,"FORNECIMENTO E INSTALAÇÃO DE SUPORTE DE MADEIRA PARA PLACAS DE SINALIZAÇÃO, EM SOLO, COM H= DE 2,0 M E SEÇÃO DE 7,5 X 7,5 CM. AF_03/2022","UN",{"$f":"IFERROR(VLOOKUP(A857,'ANEXO I - MEM. CÁLC'!$A:$O,4,0),0)","v":2},{"$f":"VLOOKUP(C857,'TABELA_CPU ADM-CANTEIRO-SERVICO'!B:K,9,0)","v":101.48},{"$f":"$J$3","v":0.22559999999999999},124.37,248.74,2.043853104700363E-6]
[" 8.4 ",null,null,"ESTRADAS - SUBTRECHO 1.4 (E440 A E533)",{"$nulls":5},{"$f":"SUM(J859:J871)","v":185599.82},1.5250412814136387E-3]
[" 8.4.1 ",null,null,"SEVIÇOS PRELIMINARES",{"$nulls":6},0]
[" 8.4.1.1 ","SICRO3",5502109,"Escavação, carga e transporte de material de 1ª categoria - DMT de 50 a 200 m - caminho de serviço em leito natural - com escavadeira e caminhão basculante de 14 m³","m³",{"$f":"IFERROR(VLOOKUP(A860,'ANEXO I - MEM. CÁLC'!$A:$O,4,0),0)","v":3566.2559999999999},{"$f":"VLOOKUP(C860,'TABELA_CPU ADM-CANTEIRO-SERVICO'!B:K,9,0)","v":5.73},{"$f":"$J$3","v":0.22559999999999999},7.02,25035.11,2.057091231808921E-4]
[" 8.4.1.2 ","SICRO3",4413942,"Espalhamento de material em bota-fora","m³",{"$f":"IFERROR(VLOOKUP(A861,'ANEXO I - MEM. CÁLC'!$A:$O,4,0),0)","v":3566.2559999999999},{"$f":"VLOOKUP(C861,'TABELA_CPU ADM-CANTEIRO-SERVICO'!B:K,9,0)","v":1.97},0.22559999999999999,2.41,8594.67,7.0620901195525714E-5]
[" 8.4.2 ",null,null,"MOVIMENTO DE TERRA",{"$nulls":6},0]
[" 8.4.2.1 ",null,null,"CORTE",{"$nulls":6},0]
[" 8.4.2.1.1 ","SICRO3",5502109,"Escavação, carga e transporte de material de 1ª categoria - DMT de 50 a 200 m - caminho de serviço em leito natural - com escavadeira e caminhão basculante de 14 m³","m³",{"$f":"IFERROR(VLOOKUP(A864,'ANEXO I - MEM. CÁLC'!$A:$O,4,0),0)","v":2184},{"$f":"VLOOKUP(C864,'TABELA_CPU ADM-CANTEIRO-SERVICO'!B:K,9,0)","v":5.73},{"$f":"$J$3","v":0.22559999999999999},7.02,15331.68,1.2597773485676796E-4]
[" 8.4.2.2 ",null,null,"ATERRO",{"$nulls":6},0]
[" 8.4.2.2.1 ","SICRO3",4016008,"Escavação e carga de material de jazida com trator de 127 kW e carregadeira de 3,4 m³","m³",{"$f":"IFERROR(VLOOKUP(A866,'ANEXO I - MEM. CÁLC'!$A:$O,4,0),0)","v":3681},{"$f":"VLOOKUP(C866,'TABELA_CPU ADM-CANTEIRO-SERVICO'!B:K,9,0)","v":4.3899999999999997},{"$f":"$J$3","v":0.22559999999999999},5.38,19803.78,1.6272419891373704E-4]
[" 8.4.2.2.2 ","SICRO3",5901639,"Transporte com caminhão basculante com caçamba estanque com capacidade de 14 m³ - rodovia em leito natural","tkm",{"$f":"IFERROR(VLOOKUP(A867,'ANEXO I - MEM. CÁLC'!$A:$O,4,0),0)","v":34302.348460938818},{"$f":"VLOOKUP(C867,'TABELA_CPU ADM-CANTEIRO-SERVICO'!B:K,9,0)","v":0.87},0.22559999999999999,1.06,36360.480000000003,2.9876770899893646E-4]
[" 8.4.2.2.3 ","SICRO3",5502978,"Compactação de aterros a 100% do Proctor normal","m³",{"$f":"IFERROR(VLOOKUP(A868,'ANEXO I - MEM. CÁLC'!$A:$O,4,0),0)","v":3681},{"$f":"VLOOKUP(C868,'TABELA_CPU ADM-CANTEIRO-SERVICO'!B:K,9,0)","v":4.9800000000000004},0.22559999999999999,6.1,22454.1,1.8450141512524088E-4]
[" 8.4.3 ",null,null,"REVISTIMENTOS",{"$nulls":4},0,0,0]
[" 8.4.3.1 ","SICRO3",4015612,"Execução de revestimento primário com material de jazida","m³",{"$f":"IFERROR(VLOOKUP(A870,'ANEXO I - MEM. CÁLC'!$A:$O,4,0),0)","v":2353},{"$f":"VLOOKUP(C870,'TABELA_CPU ADM-CANTEIRO-SERVICO'!B:K,9,0)","v":12.06},{"$f":"$J$3","v":0.22559999999999999},14.78,34777.339999999997,2.8575932432347071E-4]
[" 8.4.3.2 ","SICRO3",5901639,"Transporte com caminhão basculante com caçamba estanque com capacidade de 14 m³ - rodovia em leito natural","tkm",{"$f":"IFERROR(VLOOKUP(A871,'ANEXO I - MEM. CÁLC'!$A:$O,4,0),0)","v":21927.037742077981},{"$f":"VLOOKUP(C871,'TABELA_CPU ADM-CANTEIRO-SERVICO'!B:K,9,0)","v":0.87},0.22559999999999999,1.06,23242.66,1.9098087481906784E-4]
[9,null,null,"OBRAS DE ARTES ESPECIAIS",{"$nulls":5},{"$f":"J873+J894","v":3681329.56},3.0248841564007482E-2]
[" 9.1 ",null,null,"TRAVESSIA 01 (EST: 48+10,772)",{"$nulls":5},{"$f":"SUM(J874:J893)","v":1546663.0699999998},1.2708660117170114E-2]
[" 9.1.1 ",null,null,"MOVIMENTO DE TERRA",{"$nulls":6},0]
[" 9.1.1.1 ",null,null,"ATERRO",{"$nulls":6},0]
[" 9.1.1.1.1 ","SICRO3",4016008,"Escavação e carga de material de jazida com trator de 127 kW e carregadeira de 3,4 m³","m³",{"$f":"IFERROR(VLOOKUP(A876,'ANEXO I - MEM. CÁLC'!$A:$O,4,0),0)","v":16252.64},{"$f":"VLOOKUP(C876,'TABELA_CPU ADM-CANTEIRO-SERVICO'!B:K,9,0)","v":4.3899999999999997},{"$f":"$J$3","v":0.22559999999999999},5.38,87439.2,7.1847262359297245E-4]
[" 9.1.1.1.2 ","SICRO3",5901639,"Transporte com caminhão basculante com caçamba estanque com capacidade de 14 m³ - rodovia em leito natural","tkm",{"$f":"IFERROR(VLOOKUP(A877,'ANEXO I - MEM. CÁLC'!$A:$O,4,0),0)","v":29559.514602938845},{"$f":"VLOOKUP(C877,'TABELA_CPU ADM-CANTEIRO-SERVICO'!B:K,9,0)","v":0.87},0.22559999999999999,1.06,31333.08,2.5745844189846765E-4]
[" 9.1.1.1.3 ","SICRO3",5502978,"Compactação de aterros a 100% do Proctor normal","m³",{"$f":"IFERROR(VLOOKUP(A878,'ANEXO I - MEM. CÁLC'!$A:$O,4,0),0)","v":16252.64},{"$f":"VLOOKUP(C878,'TABELA_CPU ADM-CANTEIRO-SERVICO'!B:K,9,0)","v":4.9800000000000004},0.22559999999999999,6.1,99141.1,8.1462509061031258E-4]
[" 9.1.2 ",null,null,"ESTRUTURAS EM CONCRETO",{"$nulls":6},0]
[" 9.1.2.1 ","SICRO3",1107889,"Concreto fck = 15 MPa - confecção em betoneira e lançamento manual - areia extraída e brita produzida","m³",{"$f":"IFERROR(VLOOKUP(A880,'ANEXO I - MEM. CÁLC'!$A:$O,4,0),0)","v":4.5999999999999996},{"$f":"VLOOKUP(C880,'TABELA_CPU ADM-CANTEIRO-SERVICO'!B:K,9,0)","v":307.18},{"$f":"$J$3","v":0.22559999999999999},376.47,1731.76,1.4229569239349924E-5]
[" 9.1.2.2 ","SICRO3",1106138,"Concreto fck = 30 MPa - confecção em central dosadora de 30 m³/h - areia extraída e brita produzida","m³",{"$f":"IFERROR(VLOOKUP(A881,'ANEXO I - MEM. CÁLC'!$A:$O,4,0),0)","v":225.65},{"$f":"VLOOKUP(C881,'TABELA_CPU ADM-CANTEIRO-SERVICO'!B:K,9,0)","v":303.25},0.22559999999999999,371.66,83865.070000000007,6.8910462207692074E-4]
[" 9.1.2.3 ","SICRO3",1106382,"Concreto para bombeamento fck = 35 MPa - confecção em central dosadora de 30 m³/h - areia extraída e brita produzida","m³",{"$f":"IFERROR(VLOOKUP(A882,'ANEXO I - MEM. CÁLC'!$A:$O,4,0),0)","v":161.52000000000001},{"$f":"VLOOKUP(C882,'TABELA_CPU ADM-CANTEIRO-SERVICO'!B:K,9,0)","v":373.41},0.22559999999999999,457.65,73919.62,6.0738459771356038E-4]
[" 9.1.2.4 ","SICRO3",5914657,"Carga, manobra e descarga de blocos de rocha em caminhão basculante de 8 m³ - carga com retroescavadeira de 0,29 m³ e descarga livre","t",{"$f":"IFERROR(VLOOKUP(A883,'ANEXO I - MEM. CÁLC'!$A:$O,4,0),0)","v":239.59727395657117},{"$f":"VLOOKUP(C883,'TABELA_CPU ADM-CANTEIRO-SERVICO'!B:K,9,0)","v":17.600000000000001},0.22559999999999999,21.57,5168.1099999999997,4.2465456576879434E-5]
[" 9.1.2.5 ","SICRO3",5914346,"Transporte de material de 3ª categoria com caminhão basculante de 8 m³ para rocha - rodovia em leito natural","tkm",{"$f":"IFERROR(VLOOKUP(A884,'ANEXO I - MEM. CÁLC'!$A:$O,4,0),0)","v":3169.8719344454366},{"$f":"VLOOKUP(C884,'TABELA_CPU ADM-CANTEIRO-SERVICO'!B:K,9,0)","v":1.68},0.22559999999999999,2.0499999999999998,6498.23,5.3394820135712141E-5]
[" 9.1.2.6 ","SICRO3",5914351,"Carga, manobra e descarga de agregados ou solos em caminhão basculante de 14 m³ - carga com carregadeira de 3,40 m³ e descarga livre","t",{"$f":"IFERROR(VLOOKUP(A885,'ANEXO I - MEM. CÁLC'!$A:$O,4,0),0)","v":763.50042219793079},{"$f":"VLOOKUP(C885,'TABELA_CPU ADM-CANTEIRO-SERVICO'!B:K,9,0)","v":2.61},0.22559999999999999,3.19,2435.56,2.0012570827707708E-5]
[" 9.1.2.7 ","SICRO3",5901639,"Transporte com caminhão basculante com caçamba estanque com capacidade de 14 m³ - rodovia em leito natural","tkm",{"$f":"IFERROR(VLOOKUP(A886,'ANEXO I - MEM. CÁLC'!$A:$O,4,0),0)","v":4541.8199999595881},{"$f":"VLOOKUP(C886,'TABELA_CPU ADM-CANTEIRO-SERVICO'!B:K,9,0)","v":0.87},0.22559999999999999,1.06,4814.32,3.9558425983038716E-5]
[" 9.1.2.8 ","SICRO3",5914539,"Transporte com caminhão betoneira - rodovia em leito natural","tkm",{"$f":"IFERROR(VLOOKUP(A887,'ANEXO I - MEM. CÁLC'!$A:$O,4,0),0)","v":901.33176000000003},{"$f":"VLOOKUP(C887,'TABELA_CPU ADM-CANTEIRO-SERVICO'!B:K,9,0)","v":0.98},0.22559999999999999,1.2,1081.5899999999999,8.8872359874280985E-6]
[" 9.1.2.9 ","SICRO3",1106088,"Lançamento mecânico de concreto com bomba rebocável com capacidade de 30 m³/h - confecção em central dosadora de 30 m³/h","m³",{"$f":"IFERROR(VLOOKUP(A888,'ANEXO I - MEM. CÁLC'!$A:$O,4,0),0)","v":387.17},{"$f":"VLOOKUP(C888,'TABELA_CPU ADM-CANTEIRO-SERVICO'!B:K,9,0)","v":57.76},0.22559999999999999,70.790000000000006,27407.759999999998,2.2520477353414172E-4]
[" 9.1.2.10 ","SICRO3",1100657,"Adensamento de concreto por vibrador de imersão","m³",{"$f":"IFERROR(VLOOKUP(A889,'ANEXO I - MEM. CÁLC'!$A:$O,4,0),0)","v":387.17},{"$f":"VLOOKUP(C889,'TABELA_CPU ADM-CANTEIRO-SERVICO'!B:K,9,0)","v":3.32},0.22559999999999999,4.0599999999999996,1571.91,1.2916109728268663E-5]
["9.1.2.11","SICRO3",407819,"ARMAÇÃO EM AÇO CA-50 - FORNECIMENTO, PREPARO E COLOCAÇÃO.","KG",{"$f":"IFERROR(VLOOKUP(A890,'ANEXO I - MEM. CÁLC'!$A:$O,4,0),0)","v":58811},{"$f":"VLOOKUP(C890,'TABELA_CPU ADM-CANTEIRO-SERVICO'!B:K,9,0)","v":11.88},0.22559999999999999,14.56,856288.16,7.0359701468769038E-3,null,null,{"$f":"L890-J890","v":-856288.16}]
[" 9.1.2.12 ","SICRO3",3107997,"Fôrmas de compensado resinado 10 mm - uso geral - utilização de 3 vezes - confecção, instalação e retirada","m²",{"$f":"IFERROR(VLOOKUP(A891,'ANEXO I - MEM. CÁLC'!$A:$O,4,0),0)","v":1797.05},{"$f":"VLOOKUP(C891,'TABELA_CPU ADM-CANTEIRO-SERVICO'!B:K,9,0)","v":81.96},0.22559999999999999,100.45,180513.67,1.4832492758316185E-3]
["9.1.2.13","SBC",40338,"CIMBRAMENTO METALICO","M3/M",{"$f":"IFERROR(VLOOKUP(A892,'ANEXO I - MEM. CÁLC'!$A:$O,4,0),0)","v":2840.16},{"$f":"VLOOKUP(C892,'TABELA_CPU ADM-CANTEIRO-SERVICO'!B:K,9,0)","v":22.52},0.22559999999999999,27.6,78388.41,6.4410386407905834E-4,null,null,{"$f":"L892-J892","v":-78388.41}]
[" 9.1.2.14 ","SICRO3",4011491,"Pavimento de concreto compactado com rolo - brita produzida","m³",{"$f":"IFERROR(VLOOKUP(A893,'ANEXO I - MEM. CÁLC'!$A:$O,4,0),0)","v":18.03},{"$f":"VLOOKUP(C893,'TABELA_CPU ADM-CANTEIRO-SERVICO'!B:K,9,0)","v":229.24},0.22559999999999999,280.95,5065.5200000000004,4.1622492477775115E-5]
[" 9.2 ",null,null,"TRAVESSIA 02 (EST: 419+13,437)",{"$nulls":5},{"$f":"SUM(J895:J914)","v":2134666.4900000002},1.7540181446837364E-2]
[" 9.2.1 ",null,null,"MOVIMENTO DE TERRA",{"$nulls":6},0]
[" 9.2.1.1 ",null,null,"ATERRO",{"$nulls":6},0]
[" 9.2.1.1.1 ","SICRO3",4016008,"Escavação e carga de material de jazida com trator de 127 kW e carregadeira de 3,4 m³","m³",{"$f":"IFERROR(VLOOKUP(A897,'ANEXO I - MEM. CÁLC'!$A:$O,4,0),0)","v":27507.06},{"$f":"VLOOKUP(C897,'TABELA_CPU ADM-CANTEIRO-SERVICO'!B:K,9,0)","v":4.3899999999999997},{"$f":"$J$3","v":0.22559999999999999},5.38,147987.98000000001,1.2159913660100313E-3]
[" 9.2.1.1.2 ","SICRO3",5901639,"Transporte com caminhão basculante com caçamba estanque com capacidade de 14 m³ - rodovia em leito natural","tkm",{"$f":"IFERROR(VLOOKUP(A898,'ANEXO I - MEM. CÁLC'!$A:$O,4,0),0)","v":432720.81242562336},{"$f":"VLOOKUP(C898,'TABELA_CPU ADM-CANTEIRO-SERVICO'!B:K,9,0)","v":0.87},0.22559999999999999,1.06,458684.06,3.7689267512566031E-3]
[" 9.2.1.1.3 ","SICRO3",5502978,"Compactação de aterros a 100% do Proctor normal","m³",{"$f":"IFERROR(VLOOKUP(A899,'ANEXO I - MEM. CÁLC'!$A:$O,4,0),0)","v":27507.06},{"$f":"VLOOKUP(C899,'TABELA_CPU ADM-CANTEIRO-SERVICO'!B:K,9,0)","v":4.9800000000000004},0.22559999999999999,6.1,167793.06,1.3787262467965516E-3]
[" 9.2.2 ",null,null,"ESTRUTURAS EM CONCRETO",{"$nulls":6},0]
[" 9.2.2.1 ","SICRO3",1107889,"Concreto fck = 15 MPa - confecção em betoneira e lançamento manual - areia extraída e brita produzida","m³",{"$f":"IFERROR(VLOOKUP(A901,'ANEXO I - MEM. CÁLC'!$A:$O,4,0),0)","v":3.66},{"$f":"VLOOKUP(C901,'TABELA_CPU ADM-CANTEIRO-SERVICO'!B:K,9,0)","v":307.18},{"$f":"$J$3","v":0.22559999999999999},376.47,1377.88,1.1321799131239593E-5]
[" 9.2.2.2 ","SICRO3",1106138,"Concreto fck = 30 MPa - confecção em central dosadora de 30 m³/h - areia extraída e brita produzida","m³",{"$f":"IFERROR(VLOOKUP(A902,'ANEXO I - MEM. CÁLC'!$A:$O,4,0),0)","v":229.4},{"$f":"VLOOKUP(C902,'TABELA_CPU ADM-CANTEIRO-SERVICO'!B:K,9,0)","v":303.25},0.22559999999999999,371.66,85258.8,7.0055665788786405E-4]
[" 9.2.2.3 ","SICRO3",1106382,"Concreto para bombeamento fck = 35 MPa - confecção em central dosadora de 30 m³/h - areia extraída e brita produzida","m³",{"$f":"IFERROR(VLOOKUP(A903,'ANEXO I - MEM. CÁLC'!$A:$O,4,0),0)","v":161.52000000000001},{"$f":"VLOOKUP(C903,'TABELA_CPU ADM-CANTEIRO-SERVICO'!B:K,9,0)","v":373.41},0.22559999999999999,457.65,73919.62,6.0738459771356038E-4]
[" 9.2.2.4 ","SICRO3",5914657,"Carga, manobra e descarga de blocos de rocha em caminhão basculante de 8 m³ - carga com retroescavadeira de 0,29 m³ e descarga livre","t",{"$f":"IFERROR(VLOOKUP(A904,'ANEXO I - MEM. CÁLC'!$A:$O,4,0),0)","v":241.36228103227364},{"$f":"VLOOKUP(C904,'TABELA_CPU ADM-CANTEIRO-SERVICO'!B:K,9,0)","v":17.600000000000001},0.22559999999999999,21.57,5206.18,4.2778271112924885E-5]
[" 9.2.2.5 ","SICRO3",5914346,"Transporte de material de 3ª categoria com caminhão basculante de 8 m³ para rocha - rodovia em leito natural","tkm",{"$f":"IFERROR(VLOOKUP(A905,'ANEXO I - MEM. CÁLC'!$A:$O,4,0),0)","v":3193.2229780569805},{"$f":"VLOOKUP(C905,'TABELA_CPU ADM-CANTEIRO-SERVICO'!B:K,9,0)","v":1.68},0.22559999999999999,2.0499999999999998,6546.1,5.3788159558893002E-5]
[" 9.2.2.6 ","SICRO3",5914351,"Carga, manobra e descarga de agregados ou solos em caminhão basculante de 14 m³ - carga com carregadeira de 3,40 m³ e descarga livre","t",{"$f":"IFERROR(VLOOKUP(A906,'ANEXO I - MEM. CÁLC'!$A:$O,4,0),0)","v":769.10055520653964},{"$f":"VLOOKUP(C906,'TABELA_CPU ADM-CANTEIRO-SERVICO'!B:K,9,0)","v":2.61},0.22559999999999999,3.19,2453.4299999999998,{"$f":"J906/$J$1093","v":2.0159405494351575E-5}]
[" 9.2.2.7 ","SICRO3",5901639,"Transporte com caminhão basculante com caçamba estanque com capacidade de 14 m³ - rodovia em leito natural","tkm",{"$f":"IFERROR(VLOOKUP(A907,'ANEXO I - MEM. CÁLC'!$A:$O,4,0),0)","v":4574.9625008013099},{"$f":"VLOOKUP(C907,'TABELA_CPU ADM-CANTEIRO-SERVICO'!B:K,9,0)","v":0.87},0.22559999999999999,1.06,4849.46,3.9847165221195713E-5]
[" 9.2.2.8 ","SICRO3",5914539,"Transporte com caminhão betoneira - rodovia em leito natural","tkm",{"$f":"IFERROR(VLOOKUP(A908,'ANEXO I - MEM. CÁLC'!$A:$O,4,0),0)","v":7871.5651200000011},{"$f":"VLOOKUP(C908,'TABELA_CPU ADM-CANTEIRO-SERVICO'!B:K,9,0)","v":0.98},0.22559999999999999,1.2,9445.8700000000008,7.7615062821001922E-5]
[" 9.2.2.9 ","SICRO3",1106088,"Lançamento mecânico de concreto com bomba rebocável com capacidade de 30 m³/h - confecção em central dosadora de 30 m³/h","m³",{"$f":"IFERROR(VLOOKUP(A909,'ANEXO I - MEM. CÁLC'!$A:$O,4,0),0)","v":390.92},{"$f":"VLOOKUP(C909,'TABELA_CPU ADM-CANTEIRO-SERVICO'!B:K,9,0)","v":57.76},0.22559999999999999,70.790000000000006,27673.22,2.2738601195648538E-4]
[" 9.2.2.10 ","SICRO3",1100657,"Adensamento de concreto por vibrador de imersão","m³",{"$f":"IFERROR(VLOOKUP(A910,'ANEXO I - MEM. CÁLC'!$A:$O,4,0),0)","v":390.92},{"$f":"VLOOKUP(C910,'TABELA_CPU ADM-CANTEIRO-SERVICO'!B:K,9,0)","v":3.32},0.22559999999999999,4.0599999999999996,1587.13,1.3041169808085097E-5]
["9.2.2.11","SICRO3",407819,"ARMAÇÃO EM AÇO CA-50 - FORNECIMENTO, PREPARO E COLOCAÇÃO.","KG",{"$f":"IFERROR(VLOOKUP(A911,'ANEXO I - MEM. CÁLC'!$A:$O,4,0),0)","v":59373.5},{"$f":"VLOOKUP(C911,'TABELA_CPU ADM-CANTEIRO-SERVICO'!B:K,9,0)","v":11.88},0.22559999999999999,{"$f":"IFERROR(TRUNC((G911*(1+H911)),2),\"\")","v":14.56},{"$f":"IFERROR(TRUNC((F911*I911),2),\"\")","v":864478.16},7.1032659454115018E-3,null,null,{"$f":"L911-J911","v":-864478.16}]
[" 9.2.2.12 ","SICRO3",3107997,"Fôrmas de compensado resinado 10 mm - uso geral - utilização de 3 vezes - confecção, instalação e retirada","m²",{"$f":"IFERROR(VLOOKUP(A912,'ANEXO I - MEM. CÁLC'!$A:$O,4,0),0)","v":1832.19},{"$f":"VLOOKUP(C912,'TABELA_CPU ADM-CANTEIRO-SERVICO'!B:K,9,0)","v":81.96},0.22559999999999999,100.45,184043.48,1.5122531076540127E-3]
["9.2.2.13","SBC",40338,"CIMBRAMENTO METALICO","M3/M",{"$f":"IFERROR(VLOOKUP(A913,'ANEXO I - MEM. CÁLC'!$A:$O,4,0),0)","v":3199.15},{"$f":"VLOOKUP(C913,'TABELA_CPU ADM-CANTEIRO-SERVICO'!B:K,9,0)","v":22.52},0.22559999999999999,27.6,88296.54,7.2551723652528651E-4,null,null,{"$f":"L913-J913","v":-88296.54}]
[" 9.2.2.14 ","SICRO3",4011491,"Pavimento de concreto compactado com rolo - brita produzida","m³",{"$f":"IFERROR(VLOOKUP(A914,'ANEXO I - MEM. CÁLC'!$A:$O,4,0),0)","v":18.03},{"$f":"VLOOKUP(C914,'TABELA_CPU ADM-CANTEIRO-SERVICO'!B:K,9,0)","v":229.24},0.22559999999999999,280.95,5065.5200000000004,4.1622492477775115E-5]
[10,null,null,"SERVIÇOS COMPLEMENTARES",{"$nulls":5},{"$f":"J916+J925+J934+J955+J985+J996+J1008+J1028+J1048+J1068+J1088","v":3865989.6500000004},3.1766161248259102E-2]
[" 10.1 ",null,null,"ENSAIOS - ANÁLISE DE AREIA",{"$nulls":5},{"$f":"SUM(J917:J924)","v":37879.919999999998},3.1125268190802189E-4]
[" 10.1.1 ","EMBASA"," 32.01.01 ","SONDAGEM A TRADO MANUAL","M",{"$f":"IFERROR(VLOOKUP(A917,'ANEXO I - MEM. CÁLC'!$A:$O,4,0),0)","v":36},{"$f":"VLOOKUP(C917,'TABELA_CPU ADM-CANTEIRO-SERVICO'!B:K,9,0)","v":97.5},{"$f":"$J$4","v":0.14015},111.16,4001.76,3.2881762483982168E-5]
[" 10.1.2 ","EMBASA"," 34.01.16 ","MASSA ESPECIFICA REAL DOS GRAOS","UN",{"$f":"IFERROR(VLOOKUP(A918,'ANEXO I - MEM. CÁLC'!$A:$O,4,0),0)","v":9},{"$f":"VLOOKUP(C918,'TABELA_CPU ADM-CANTEIRO-SERVICO'!B:K,9,0)","v":65.78},{"$f":"$J$4","v":0.14015},74.989999999999995,674.91,5.5456175078126629E-6]
[" 10.1.3 ","EMBASA"," 34.02.19 ","DETERMINACAO DO TEOR DE MATERIAIS PULVERULENTOS (NBR 07219)","UN",{"$f":"IFERROR(VLOOKUP(A919,'ANEXO I - MEM. CÁLC'!$A:$O,4,0),0)","v":9},{"$f":"VLOOKUP(C919,'TABELA_CPU ADM-CANTEIRO-SERVICO'!B:K,9,0)","v":230},0.14015,262.23,2360.0700000000002,1.9392282692008464E-5]
[" 10.1.4 ","EMBASA"," 34.01.43 ","ENSAIO DE PERMEABILIDADE COM CARGA CONSTANTE","UN",{"$f":"IFERROR(VLOOKUP(A920,'ANEXO I - MEM. CÁLC'!$A:$O,4,0),0)","v":9},{"$f":"VLOOKUP(C920,'TABELA_CPU ADM-CANTEIRO-SERVICO'!B:K,9,0)","v":1040.54},0.14015,1186.3699999999999,10677.33,8.7733754403836636E-5]
[" 10.1.5 ","EMBASA"," 17.97.04 ","PMQAS - ESTIMATIVA DE CUSTO DE SERVICOS DE TERCEIROS - ANALISES DOS SEDIMENTOS- GRANULOMETRIA","UN",{"$f":"IFERROR(VLOOKUP(A921,'ANEXO I - MEM. CÁLC'!$A:$O,4,0),0)","v":9},{"$f":"VLOOKUP(C921,'TABELA_CPU ADM-CANTEIRO-SERVICO'!B:K,9,0)","v":110},0.14015,125.41,1128.69,9.2742484551911738E-6]
[" 10.1.6 ","EMBASA"," 34.04.07 ","RETIRADA DE AMOSTRA DEFORMADA","UN",{"$f":"IFERROR(VLOOKUP(A922,'ANEXO I - MEM. CÁLC'!$A:$O,4,0),0)","v":9},{"$f":"VLOOKUP(C922,'TABELA_CPU ADM-CANTEIRO-SERVICO'!B:K,9,0)","v":105.24},0.14015,119.98,1079.82,8.8726922067924168E-6]
[" 10.1.7 ","SUDECAP"," 67.02.07 ","INDICE DE DESEMPENHO DE AGREGADO MIÚDO CONTENDO IMPUREZAS ORGÂNICAS (NBR 7221:2012)","UN",{"$f":"IFERROR(VLOOKUP(A923,'ANEXO I - MEM. CÁLC'!$A:$O,4,0),0)","v":9},{"$f":"VLOOKUP(C923,'TABELA_CPU ADM-CANTEIRO-SERVICO'!B:K,9,0)","v":350},0.14015,399.05,3591.45,2.9510316928825754E-5]
[" 10.1.8 ","EMBASA"," 34.05.29 ","ENSAIO DE ANÁLISE MINERALÓGICA","UN",{"$f":"IFERROR(VLOOKUP(A924,'ANEXO I - MEM. CÁLC'!$A:$O,4,0),0)","v":9},{"$f":"VLOOKUP(C924,'TABELA_CPU ADM-CANTEIRO-SERVICO'!B:K,9,0)","v":1400},0.14015,1596.21,14365.89,1.1804200722957262E-4]
[" 10.2 ",null,null,"ENSAIOS - ANÁLISE DE MATERIAL PÉTREO",{"$nulls":5},{"$f":"SUM(J926:J933)","v":51868.720000000008},4.2619620651617682E-4]
[" 10.2.1 ","EMBASA"," 32.01.01 ","SONDAGEM A TRADO MANUAL","M",{"$f":"IFERROR(VLOOKUP(A926,'ANEXO I - MEM. CÁLC'!$A:$O,4,0),0)","v":32},{"$f":"VLOOKUP(C926,'TABELA_CPU ADM-CANTEIRO-SERVICO'!B:K,9,0)","v":97.5},0.14015,111.16,3557.12,2.9228233319095258E-5]
[" 10.2.2 ","COMPESA"," 01.07.13U ","ENSAIO DE ABRASÃO LOS ANGELES - AGREGADOS","UN",{"$f":"IFERROR(VLOOKUP(A927,'ANEXO I - MEM. CÁLC'!$A:$O,4,0),0)","v":8},{"$f":"VLOOKUP(C927,'TABELA_CPU ADM-CANTEIRO-SERVICO'!B:K,9,0)","v":457.04},0.14015,521.09,4168.72,3.4253643622362694E-5]
[" 10.2.3 ","EMBASA"," 34.97.01 ","ENSAIO DE REATIVIDADE ALCALI-AGREGADO","UN",{"$f":"IFERROR(VLOOKUP(A928,'ANEXO I - MEM. CÁLC'!$A:$O,4,0),0)","v":8},{"$f":"VLOOKUP(C928,'TABELA_CPU ADM-CANTEIRO-SERVICO'!B:K,9,0)","v":1600},0.14015,1824.24,14593.92,1.1991568988401029E-4]
[" 10.2.4 ","COMPESA"," 01.07.16U ","ENSAIO DE DETERMINAÇÃO DO ÍNDICE DE FORMA - AGREGADOS","UN",{"$f":"IFERROR(VLOOKUP(A929,'ANEXO I - MEM. CÁLC'!$A:$O,4,0),0)","v":8},{"$f":"VLOOKUP(C929,'TABELA_CPU ADM-CANTEIRO-SERVICO'!B:K,9,0)","v":108.82},0.14015,124.07,992.56,8.1556920382784915E-6]
[" 10.2.5 ","EMBASA"," 34.04.07 ","RETIRADA DE AMOSTRA DEFORMADA","UN",{"$f":"IFERROR(VLOOKUP(A930,'ANEXO I - MEM. CÁLC'!$A:$O,4,0),0)","v":8},{"$f":"VLOOKUP(C930,'TABELA_CPU ADM-CANTEIRO-SERVICO'!B:K,9,0)","v":105.24},0.14015,119.98,959.84,7.8868375171488153E-6]
[" 10.2.6 ","EMBASA"," 34.97.02 ","ENSAIO DE CARACTERIZACAO PETROGRAFICA","UN",{"$f":"IFERROR(VLOOKUP(A931,'ANEXO I - MEM. CÁLC'!$A:$O,4,0),0)","v":8},{"$f":"VLOOKUP(C931,'TABELA_CPU ADM-CANTEIRO-SERVICO'!B:K,9,0)","v":2682.47},0.14015,3058.41,24467.279999999999,2.010433633174121E-4]
[" 10.2.7 ","SUDECAP"," 67.01.03 ","MASSA ESPECÍFICA,  MASSA ESPECÍFICA APARENTE E ABSORÇÃO DE ÁGUA (NBR 6458:2016)","UN",{"$f":"IFERROR(VLOOKUP(A932,'ANEXO I - MEM. CÁLC'!$A:$O,4,0),0)","v":8},{"$f":"VLOOKUP(C932,'TABELA_CPU ADM-CANTEIRO-SERVICO'!B:K,9,0)","v":120},0.14015,136.81,1094.48,8.9931508644868256E-6]
[" 10.2.8 ","SCO"," AD 35.25.0150 ","Ensaio para determinacao da resistencia a compressao simples axial, em corpos de prova em rocha, com diametro entre N ate H, excluindo a preparacao da amostra.","un",{"$f":"IFERROR(VLOOKUP(A933,'ANEXO I - MEM. CÁLC'!$A:$O,4,0),0)","v":8},223.09,0.14015,254.35,2034.8,1.6719595953382238E-5]
[" 10.3 ",null,null,"ENSAIOS - ANÁLISE DE SOLO",{"$nulls":5},{"$f":"SUM(J935:J954)","v":873185.25},7.1748105820980236E-3]
[" 10.3.1 ","EMBASA"," 32.01.01 ","SONDAGEM A TRADO MANUAL","M",{"$f":"IFERROR(VLOOKUP(A935,'ANEXO I - MEM. CÁLC'!$A:$O,4,0),0)","v":300},{"$f":"VLOOKUP(C935,'TABELA_CPU ADM-CANTEIRO-SERVICO'!B:K,9,0)","v":97.5},0.14015,111.16,33348,2.7401468736651803E-4]
[" 10.3.2 ","EMBASA"," 34.05.32 ","ENSAIO CRUMB TESTE","UN",{"$f":"IFERROR(VLOOKUP(A936,'ANEXO I - MEM. CÁLC'!$A:$O,4,0),0)","v":75},{"$f":"VLOOKUP(C936,'TABELA_CPU ADM-CANTEIRO-SERVICO'!B:K,9,0)","v":250},0.14015,285.02999999999997,21377.25,1.7565312688934564E-4]
[" 10.3.3 ","EMBASA"," 34.01.22 ","ENSAIO DE UMIDADE NATURAL (ESTUFA)","UN",{"$f":"IFERROR(VLOOKUP(A937,'ANEXO I - MEM. CÁLC'!$A:$O,4,0),0)","v":75},{"$f":"VLOOKUP(C937,'TABELA_CPU ADM-CANTEIRO-SERVICO'!B:K,9,0)","v":81},0.14015,92.35,6926.25,5.6911785665477559E-5]
[" 10.3.4 ","EMBASA"," 34.05.28 ","ENSAIO DE DENSIDADE - MATERIAL PETREO","UN",{"$f":"IFERROR(VLOOKUP(A938,'ANEXO I - MEM. CÁLC'!$A:$O,4,0),0)","v":75},{"$f":"VLOOKUP(C938,'TABELA_CPU ADM-CANTEIRO-SERVICO'!B:K,9,0)","v":220},0.14015,250.83,18812.25,1.5457697020543299E-4]
[" 10.3.5 ","EMBASA"," 34.01.23 ","ENSAIO DE UMIDADE NATURAL \"SPEED\"","UN",{"$f":"IFERROR(VLOOKUP(A939,'ANEXO I - MEM. CÁLC'!$A:$O,4,0),0)","v":75},{"$f":"VLOOKUP(C939,'TABELA_CPU ADM-CANTEIRO-SERVICO'!B:K,9,0)","v":75},0.14015,85.51,6413.25,5.2696554328695032E-5]
[" 10.3.6 ","EMOP"," 01.001.0210-0 ","DETERMINACAO DE MASSA ESPECIFICA APARENTE \"IN SITU\" COM EMPR EGO DO FRASCO DE AREIA","UN",{"$f":"IFERROR(VLOOKUP(A940,'ANEXO I - MEM. CÁLC'!$A:$O,4,0),0)","v":75},{"$f":"VLOOKUP(C940,'TABELA_CPU ADM-CANTEIRO-SERVICO'!B:K,9,0)","v":119.06},0.14015,135.74,10180.5,8.3651389130827539E-5]
[" 10.3.7 ","EMBASA"," 34.01.34 ","ENSAIO DE INDICE DE SUPORTE CALIFORNIA (NBR 09895)","UN",{"$f":"IFERROR(VLOOKUP(A941,'ANEXO I - MEM. CÁLC'!$A:$O,4,0),0)","v":75},{"$f":"VLOOKUP(C941,'TABELA_CPU ADM-CANTEIRO-SERVICO'!B:K,9,0)","v":350},0.14015,399.05,29928.75,2.4591930774021459E-4]
[" 10.3.8 ","SETOP"," ED-49567 ","ENSAIO DE EXPANSIBILIDADE   SOLOS","U",{"$f":"IFERROR(VLOOKUP(A942,'ANEXO I - MEM. CÁLC'!$A:$O,4,0),0)","v":75},{"$f":"VLOOKUP(C942,'TABELA_CPU ADM-CANTEIRO-SERVICO'!B:K,9,0)","v":81.91},0.14015,93.38,7003.5,5.7546535413560304E-5]
[" 10.3.9 ","EMBASA"," 34.01.07 ","DETERMINACAO DE LIMITE DE LIQUIDEZ (NBR - 06459)","UN",{"$f":"IFERROR(VLOOKUP(A943,'ANEXO I - MEM. CÁLC'!$A:$O,4,0),0)","v":75},{"$f":"VLOOKUP(C943,'TABELA_CPU ADM-CANTEIRO-SERVICO'!B:K,9,0)","v":180},0.14015,205.22,15391.5,1.2646926534130271E-4]
[" 10.3.10 ","EMBASA"," 34.01.10 ","DETERMINACAO DE LIMITEDE PLASTICIDADE (NBR- 07180)","UN",{"$f":"IFERROR(VLOOKUP(A944,'ANEXO I - MEM. CÁLC'!$A:$O,4,0),0)","v":75},{"$f":"VLOOKUP(C944,'TABELA_CPU ADM-CANTEIRO-SERVICO'!B:K,9,0)","v":180},0.14015,205.22,15391.5,1.2646926534130271E-4]
[" 10.3.11 ","COMPESA"," 01.07.07U ","ENSAIO DE GRANULOMETRIA POR PENEIRAMENTO E SEDIMENTAÇÃO - SOLOS","UN",{"$f":"IFERROR(VLOOKUP(A945,'ANEXO I - MEM. CÁLC'!$A:$O,4,0),0)","v":75},{"$f":"VLOOKUP(C945,'TABELA_CPU ADM-CANTEIRO-SERVICO'!B:K,9,0)","v":206.75},0.14015,235.72,17679,1.4526525302724819E-4]
[" 10.3.12 ","EMBASA"," 34.01.25 ","ENSAIO DE COMPACTACAO - PROCTOR NORMAL (NBR - 07182)","UN",{"$f":"IFERROR(VLOOKUP(A946,'ANEXO I - MEM. CÁLC'!$A:$O,4,0),0)","v":75},{"$f":"VLOOKUP(C946,'TABELA_CPU ADM-CANTEIRO-SERVICO'!B:K,9,0)","v":320},0.14015,364.84,27363,2.2483698843738854E-4]
[" 10.3.13 ","EMBASA"," 34.01.16 ","MASSA ESPECIFICA REAL DOS GRAOS","UN",{"$f":"IFERROR(VLOOKUP(A947,'ANEXO I - MEM. CÁLC'!$A:$O,4,0),0)","v":75},{"$f":"VLOOKUP(C947,'TABELA_CPU ADM-CANTEIRO-SERVICO'!B:K,9,0)","v":65.78},0.14015,74.989999999999995,5624.25,4.6213479231772192E-5]
[" 10.3.14 ","EMBASA"," 34.05.19 ","DETERMINACAO DA MASSA ESPECIFICA APARENTE \"IN SITU\", COM EMPREGO DO CILINDRO DE CRAVACAO (NBR-09813)","UN",{"$f":"IFERROR(VLOOKUP(A948,'ANEXO I - MEM. CÁLC'!$A:$O,4,0),0)","v":75},{"$f":"VLOOKUP(C948,'TABELA_CPU ADM-CANTEIRO-SERVICO'!B:K,9,0)","v":157.86000000000001},0.14015,179.98,13498.5,1.1091481520381864E-4]
[" 10.3.15 ","EMBASA"," 34.01.74 ","ENSAIO DE ADENSAMENTO","UN",{"$f":"IFERROR(VLOOKUP(A949,'ANEXO I - MEM. CÁLC'!$A:$O,4,0),0)","v":75},{"$f":"VLOOKUP(C949,'TABELA_CPU ADM-CANTEIRO-SERVICO'!B:K,9,0)","v":4100},0.14015,4674.6099999999997,350595.75,2.8807839998884468E-3]
[" 10.3.16 ","EMBASA"," 32.02.19 ","ENSAIO DE INFILTRACAO","UN",{"$f":"IFERROR(VLOOKUP(A950,'ANEXO I - MEM. CÁLC'!$A:$O,4,0),0)","v":75},{"$f":"VLOOKUP(C950,'TABELA_CPU ADM-CANTEIRO-SERVICO'!B:K,9,0)","v":552.53},0.14015,629.96,47247,3.8822034107010547E-4]
[" 10.3.17 ","EMBASA"," 34.01.46 ","ENSAIO DE PERMEABILIDADE COM CARGA VARIAVEL","UN",{"$f":"IFERROR(VLOOKUP(A951,'ANEXO I - MEM. CÁLC'!$A:$O,4,0),0)","v":75},{"$f":"VLOOKUP(C951,'TABELA_CPU ADM-CANTEIRO-SERVICO'!B:K,9,0)","v":1229.33},0.14015,1401.62,105121.5,8.6376499214343972E-4]
[" 10.3.18 ","EMBASA"," 34.01.42 ","ENSAIO DE PERMEABILIDADE \"IN SITU\"","UN",{"$f":"IFERROR(VLOOKUP(A952,'ANEXO I - MEM. CÁLC'!$A:$O,4,0),0)","v":75},{"$f":"VLOOKUP(C952,'TABELA_CPU ADM-CANTEIRO-SERVICO'!B:K,9,0)","v":850},0.14015,969.12,72684,5.972317241378193E-4]
[" 10.3.19 ","EMBASA"," 34.04.07 ","RETIRADA DE AMOSTRA DEFORMADA","UN",{"$f":"IFERROR(VLOOKUP(A953,'ANEXO I - MEM. CÁLC'!$A:$O,4,0),0)","v":75},{"$f":"VLOOKUP(C953,'TABELA_CPU ADM-CANTEIRO-SERVICO'!B:K,9,0)","v":105.24},0.14015,119.98,8998.5,7.3939101723270145E-5]
[" 10.3.20 ","EMBASA"," 34.05.31 ","ENSAIO SEDIMENTOMÉTRICO COMPARATIVO","UN",{"$f":"IFERROR(VLOOKUP(A954,'ANEXO I - MEM. CÁLC'!$A:$O,4,0),0)","v":75},{"$f":"VLOOKUP(C954,'TABELA_CPU ADM-CANTEIRO-SERVICO'!B:K,9,0)","v":697},0.14015,794.68,59601,4.8973099981203792E-4]
[" 10.4 ",null,null,"ENSAIOS - PONTES/TRAVESSIAS",{"$nulls":5},{"$f":"SUM(J956:J984)","v":336996.00000000006},2.7690372311313161E-3]
[" 10.4.1 ","SEINFRA"," C0333 ","SERVIÇOS DE SONDAGEM GEOTÉCNICA MISTA EM ROCHA","M",{"$f":"IFERROR(VLOOKUP(A956,'ANEXO I - MEM. CÁLC'!$A:$O,4,0),0)","v":120},{"$f":"VLOOKUP(C956,'TABELA_CPU ADM-CANTEIRO-SERVICO'!B:K,9,0)","v":1251.98},0.14015,1427.44,171292.79999999999,1.4074829986846437E-3]
[" 10.4.2 ","SEINFRA"," C0143 ","SERVIÇOS DE SONDAGEM GEOTÉCNICA MISTA EM SOLOS","M",{"$f":"IFERROR(VLOOKUP(A957,'ANEXO I - MEM. CÁLC'!$A:$O,4,0),0)","v":40},{"$f":"VLOOKUP(C957,'TABELA_CPU ADM-CANTEIRO-SERVICO'!B:K,9,0)","v":299.97000000000003},0.14015,342.01,13680.4,1.1240945571095458E-4]
[" 10.4.3 ","EMBASA"," 34.05.32 ","ENSAIO CRUMB TESTE","UN",{"$f":"IFERROR(VLOOKUP(A958,'ANEXO I - MEM. CÁLC'!$A:$O,4,0),0)","v":8},{"$f":"VLOOKUP(C958,'TABELA_CPU ADM-CANTEIRO-SERVICO'!B:K,9,0)","v":250},0.14015,285.02999999999997,2280.2399999999998,1.8736333534863531E-5]
[" 10.4.4 ","EMBASA"," 34.01.22 ","ENSAIO DE UMIDADE NATURAL (ESTUFA)","UN",{"$f":"IFERROR(VLOOKUP(A959,'ANEXO I - MEM. CÁLC'!$A:$O,4,0),0)","v":8},{"$f":"VLOOKUP(C959,'TABELA_CPU ADM-CANTEIRO-SERVICO'!B:K,9,0)","v":81},0.14015,92.35,738.8,6.0705904709842721E-6]
[" 10.4.5 ","EMBASA"," 34.05.28 ","ENSAIO DE DENSIDADE - MATERIAL PETREO","UN",{"$f":"IFERROR(VLOOKUP(A960,'ANEXO I - MEM. CÁLC'!$A:$O,4,0),0)","v":8},{"$f":"VLOOKUP(C960,'TABELA_CPU ADM-CANTEIRO-SERVICO'!B:K,9,0)","v":220},0.14015,250.83,2006.64,1.6488210155246184E-5]
[" 10.4.6 ","EMBASA"," 34.01.23 ","ENSAIO DE UMIDADE NATURAL \"SPEED\"","UN",{"$f":"IFERROR(VLOOKUP(A961,'ANEXO I - MEM. CÁLC'!$A:$O,4,0),0)","v":8},{"$f":"VLOOKUP(C961,'TABELA_CPU ADM-CANTEIRO-SERVICO'!B:K,9,0)","v":75},0.14015,85.51,684.08,5.6209657950608032E-6]
[" 10.4.7 ","EMBASA"," 34.01.43 ","ENSAIO DE PERMEABILIDADE COM CARGA CONSTANTE","UN",{"$f":"IFERROR(VLOOKUP(A962,'ANEXO I - MEM. CÁLC'!$A:$O,4,0),0)","v":8},{"$f":"VLOOKUP(C962,'TABELA_CPU ADM-CANTEIRO-SERVICO'!B:K,9,0)","v":1040.54},0.14015,1186.3699999999999,9490.9599999999991,7.7985559470077003E-5]
[" 10.4.8 ","EMBASA"," 32.04.61 ","ENSAIO DE PERDA DAGUA SOB PRESSAO","UN",{"$f":"IFERROR(VLOOKUP(A963,'ANEXO I - MEM. CÁLC'!$A:$O,4,0),0)","v":8},{"$f":"VLOOKUP(C963,'TABELA_CPU ADM-CANTEIRO-SERVICO'!B:K,9,0)","v":613.67999999999995},0.14015,699.68,5597.44,4.5993186147680303E-5]
[" 10.4.9 ","EMOP"," 01.001.0210-0 ","DETERMINACAO DE MASSA ESPECIFICA APARENTE \"IN SITU\" COM EMPR EGO DO FRASCO DE AREIA","UN",{"$f":"IFERROR(VLOOKUP(A964,'ANEXO I - MEM. CÁLC'!$A:$O,4,0),0)","v":8},{"$f":"VLOOKUP(C964,'TABELA_CPU ADM-CANTEIRO-SERVICO'!B:K,9,0)","v":119.06},0.14015,135.74,1085.92,8.9228148406216044E-6]
[" 10.4.10 ","EMBASA"," 34.01.34 ","ENSAIO DE INDICE DE SUPORTE CALIFORNIA (NBR 09895)","UN",{"$f":"IFERROR(VLOOKUP(A965,'ANEXO I - MEM. CÁLC'!$A:$O,4,0),0)","v":8},{"$f":"VLOOKUP(C965,'TABELA_CPU ADM-CANTEIRO-SERVICO'!B:K,9,0)","v":350},0.14015,399.05,3192.4,2.6231392825622894E-5]
[" 10.4.11 ","SETOP"," ED-49567 ","ENSAIO DE EXPANSIBILIDADE   SOLOS","U",{"$f":"IFERROR(VLOOKUP(A966,'ANEXO I - MEM. CÁLC'!$A:$O,4,0),0)","v":8},{"$f":"VLOOKUP(C966,'TABELA_CPU ADM-CANTEIRO-SERVICO'!B:K,9,0)","v":81.91},0.14015,93.38,747.04,6.1382971107797659E-6]
[" 10.4.12 ","EMBASA"," 34.01.07 ","DETERMINACAO DE LIMITE DE LIQUIDEZ (NBR - 06459)","UN",{"$f":"IFERROR(VLOOKUP(A967,'ANEXO I - MEM. CÁLC'!$A:$O,4,0),0)","v":8},{"$f":"VLOOKUP(C967,'TABELA_CPU ADM-CANTEIRO-SERVICO'!B:K,9,0)","v":180},0.14015,205.22,1641.76,1.3490054969738955E-5]
[" 10.4.13 ","EMBASA"," 34.01.10 ","DETERMINACAO DE LIMITEDE PLASTICIDADE (NBR- 07180)","UN",{"$f":"IFERROR(VLOOKUP(A968,'ANEXO I - MEM. CÁLC'!$A:$O,4,0),0)","v":8},{"$f":"VLOOKUP(C968,'TABELA_CPU ADM-CANTEIRO-SERVICO'!B:K,9,0)","v":180},0.14015,205.22,1641.76,1.3490054969738955E-5]
[" 10.4.14 ","COMPESA"," 01.07.07U ","ENSAIO DE GRANULOMETRIA POR PENEIRAMENTO E SEDIMENTAÇÃO - SOLOS","UN",{"$f":"IFERROR(VLOOKUP(A969,'ANEXO I - MEM. CÁLC'!$A:$O,4,0),0)","v":8},{"$f":"VLOOKUP(C969,'TABELA_CPU ADM-CANTEIRO-SERVICO'!B:K,9,0)","v":206.75},0.14015,235.72,1885.76,1.5494960322906473E-5]
[" 10.4.15 ","EMBASA"," 34.01.25 ","ENSAIO DE COMPACTACAO - PROCTOR NORMAL (NBR - 07182)","UN",{"$f":"IFERROR(VLOOKUP(A970,'ANEXO I - MEM. CÁLC'!$A:$O,4,0),0)","v":8},{"$f":"VLOOKUP(C970,'TABELA_CPU ADM-CANTEIRO-SERVICO'!B:K,9,0)","v":320},0.14015,364.84,2918.72,{"$f":"J970/$J$1093","v":2.3982612099988108E-5}]
[" 10.4.16 ","EMBASA"," 34.01.16 ","MASSA ESPECIFICA REAL DOS GRAOS","UN",{"$f":"IFERROR(VLOOKUP(A971,'ANEXO I - MEM. CÁLC'!$A:$O,4,0),0)","v":8},{"$f":"VLOOKUP(C971,'TABELA_CPU ADM-CANTEIRO-SERVICO'!B:K,9,0)","v":65.78},0.14015,74.989999999999995,599.91999999999996,4.9294377847223671E-6]
[" 10.4.17 ","EMBASA"," 34.05.19 ","DETERMINACAO DA MASSA ESPECIFICA APARENTE \"IN SITU\", COM EMPREGO DO CILINDRO DE CRAVACAO (NBR-09813)","UN",{"$f":"IFERROR(VLOOKUP(A972,'ANEXO I - MEM. CÁLC'!$A:$O,4,0),0)","v":8},{"$f":"VLOOKUP(C972,'TABELA_CPU ADM-CANTEIRO-SERVICO'!B:K,9,0)","v":157.86000000000001},0.14015,179.98,1439.84,1.1830913621740653E-5]
[" 10.4.18 ","EMBASA"," 34.01.74 ","ENSAIO DE ADENSAMENTO","UN",{"$f":"IFERROR(VLOOKUP(A973,'ANEXO I - MEM. CÁLC'!$A:$O,4,0),0)","v":8},{"$f":"VLOOKUP(C973,'TABELA_CPU ADM-CANTEIRO-SERVICO'!B:K,9,0)","v":4100},0.14015,4674.6099999999997,37396.879999999997,3.0728362665476762E-4]
[" 10.4.19 ","EMBASA"," 32.02.19 ","ENSAIO DE INFILTRACAO","UN",{"$f":"IFERROR(VLOOKUP(A974,'ANEXO I - MEM. CÁLC'!$A:$O,4,0),0)","v":8},{"$f":"VLOOKUP(C974,'TABELA_CPU ADM-CANTEIRO-SERVICO'!B:K,9,0)","v":552.53},0.14015,629.96,5039.68,4.1410169714144591E-5]
[" 10.4.20 ","EMBASA"," 34.01.46 ","ENSAIO DE PERMEABILIDADE COM CARGA VARIAVEL","UN",{"$f":"IFERROR(VLOOKUP(A975,'ANEXO I - MEM. CÁLC'!$A:$O,4,0),0)","v":8},{"$f":"VLOOKUP(C975,'TABELA_CPU ADM-CANTEIRO-SERVICO'!B:K,9,0)","v":1229.33},0.14015,{"$f":"IFERROR(TRUNC((G975*(1+H975)),2),\"\")","v":1401.62},{"$f":"IFERROR(TRUNC((F975*I975),2),\"\")","v":11212.96},9.2134932495300224E-5]
[" 10.4.21 ","EMBASA"," 34.01.42 ","ENSAIO DE PERMEABILIDADE \"IN SITU\"","UN",{"$f":"IFERROR(VLOOKUP(A976,'ANEXO I - MEM. CÁLC'!$A:$O,4,0),0)","v":8},{"$f":"VLOOKUP(C976,'TABELA_CPU ADM-CANTEIRO-SERVICO'!B:K,9,0)","v":850},0.14015,969.12,7752.96,6.3704717241367385E-5]
[" 10.4.22 ","COMPESA"," 01.07.13U ","ENSAIO DE ABRASÃO LOS ANGELES - AGREGADOS","UN",{"$f":"IFERROR(VLOOKUP(A977,'ANEXO I - MEM. CÁLC'!$A:$O,4,0),0)","v":8},{"$f":"VLOOKUP(C977,'TABELA_CPU ADM-CANTEIRO-SERVICO'!B:K,9,0)","v":457.04},0.14015,521.09,4168.72,3.4253643622362694E-5]
[" 10.4.23 ","EMBASA"," 34.97.01 ","ENSAIO DE REATIVIDADE ALCALI-AGREGADO","UN",{"$f":"IFERROR(VLOOKUP(A978,'ANEXO I - MEM. CÁLC'!$A:$O,4,0),0)","v":8},{"$f":"VLOOKUP(C978,'TABELA_CPU ADM-CANTEIRO-SERVICO'!B:K,9,0)","v":1600},0.14015,1824.24,14593.92,1.1991568988401029E-4]
[" 10.4.24 ","COMPESA"," 01.07.16U ","ENSAIO DE DETERMINAÇÃO DO ÍNDICE DE FORMA - AGREGADOS","UN",{"$f":"IFERROR(VLOOKUP(A979,'ANEXO I - MEM. CÁLC'!$A:$O,4,0),0)","v":8},{"$f":"VLOOKUP(C979,'TABELA_CPU ADM-CANTEIRO-SERVICO'!B:K,9,0)","v":108.82},0.14015,124.07,992.56,8.1556920382784915E-6]
[" 10.4.25 ","EMBASA"," 34.04.07 ","RETIRADA DE AMOSTRA DEFORMADA","UN",{"$f":"IFERROR(VLOOKUP(A980,'ANEXO I - MEM. CÁLC'!$A:$O,4,0),0)","v":8},{"$f":"VLOOKUP(C980,'TABELA_CPU ADM-CANTEIRO-SERVICO'!B:K,9,0)","v":105.24},0.14015,119.98,959.84,7.8868375171488153E-6]
[" 10.4.26 ","EMBASA"," 34.05.31 ","ENSAIO SEDIMENTOMÉTRICO COMPARATIVO","UN",{"$f":"IFERROR(VLOOKUP(A981,'ANEXO I - MEM. CÁLC'!$A:$O,4,0),0)","v":8},{"$f":"VLOOKUP(C981,'TABELA_CPU ADM-CANTEIRO-SERVICO'!B:K,9,0)","v":697},0.14015,794.68,6357.44,5.2237973313284043E-5]
[" 10.4.27 ","EMBASA"," 34.97.02 ","ENSAIO DE CARACTERIZACAO PETROGRAFICA","UN",{"$f":"IFERROR(VLOOKUP(A982,'ANEXO I - MEM. CÁLC'!$A:$O,4,0),0)","v":8},{"$f":"VLOOKUP(C982,'TABELA_CPU ADM-CANTEIRO-SERVICO'!B:K,9,0)","v":2682.47},{"$f":"$J$4","v":0.14015},3058.41,24467.279999999999,2.010433633174121E-4]
[" 10.4.28 ","SUDECAP"," 67.01.03 ","MASSA ESPECÍFICA,  MASSA ESPECÍFICA APARENTE E ABSORÇÃO DE ÁGUA (NBR 6458:2016)","UN",{"$f":"IFERROR(VLOOKUP(A983,'ANEXO I - MEM. CÁLC'!$A:$O,4,0),0)","v":8},{"$f":"VLOOKUP(C983,'TABELA_CPU ADM-CANTEIRO-SERVICO'!B:K,9,0)","v":120},0.14015,136.81,1094.48,8.9931508644868256E-6]
[" 10.4.29 ","SCO"," AD 35.25.0150 ","Ensaio para determinacao da resistencia a compressao simples axial, em corpos de prova em rocha, com diametro entre N ate H, excluindo a preparacao da amostra.","un",{"$f":"IFERROR(VLOOKUP(A984,'ANEXO I - MEM. CÁLC'!$A:$O,4,0),0)","v":8},223.09,0.14015,254.35,2034.8,1.6719595953382238E-5]
[" 10.5 ",null,null,"ENSAIOS - TOMADA D'ÁGUA",{"$nulls":5},{"$f":"SUM(J986:J995)","v":27988.239999999998},2.2997447623662813E-4]
[" 10.5.1 ","SEINFRA"," C0333 ","SERVIÇOS DE SONDAGEM GEOTÉCNICA MISTA EM ROCHA","M",{"$f":"IFERROR(VLOOKUP(A986,'ANEXO I - MEM. CÁLC'!$A:$O,4,0),0)","v":15},{"$f":"VLOOKUP(C986,'TABELA_CPU ADM-CANTEIRO-SERVICO'!B:K,9,0)","v":1251.98},0.14015,1427.44,21411.599999999999,1.7593537483558046E-4]
[" 10.5.2 ","SEINFRA"," C0143 ","SERVIÇOS DE SONDAGEM GEOTÉCNICA MISTA EM SOLOS","M",{"$f":"IFERROR(VLOOKUP(A987,'ANEXO I - MEM. CÁLC'!$A:$O,4,0),0)","v":5},{"$f":"VLOOKUP(C987,'TABELA_CPU ADM-CANTEIRO-SERVICO'!B:K,9,0)","v":299.97000000000003},0.14015,342.01,1710.05,1.4051181963869323E-5]
[" 10.5.3 ","EMBASA"," 34.01.43 ","ENSAIO DE PERMEABILIDADE COM CARGA CONSTANTE","UN",{"$f":"IFERROR(VLOOKUP(A988,'ANEXO I - MEM. CÁLC'!$A:$O,4,0),0)","v":1},{"$f":"VLOOKUP(C988,'TABELA_CPU ADM-CANTEIRO-SERVICO'!B:K,9,0)","v":1040.54},0.14015,1186.3699999999999,1186.3699999999999,9.7481949337596253E-6]
[" 10.5.4 ","EMBASA"," 32.04.61 ","ENSAIO DE PERDA DAGUA SOB PRESSAO","UN",{"$f":"IFERROR(VLOOKUP(A989,'ANEXO I - MEM. CÁLC'!$A:$O,4,0),0)","v":1},{"$f":"VLOOKUP(C989,'TABELA_CPU ADM-CANTEIRO-SERVICO'!B:K,9,0)","v":613.67999999999995},0.14015,699.68,699.68,5.7491482684600379E-6]
[" 10.5.5 ","COMPESA"," 01.07.13U ","ENSAIO DE ABRASÃO LOS ANGELES - AGREGADOS","UN",{"$f":"IFERROR(VLOOKUP(A990,'ANEXO I - MEM. CÁLC'!$A:$O,4,0),0)","v":1},{"$f":"VLOOKUP(C990,'TABELA_CPU ADM-CANTEIRO-SERVICO'!B:K,9,0)","v":457.04},0.14015,521.09,521.09,4.2817054527953367E-6]
[" 10.5.6 ","EMBASA"," 34.97.01 ","ENSAIO DE REATIVIDADE ALCALI-AGREGADO","UN",{"$f":"IFERROR(VLOOKUP(A991,'ANEXO I - MEM. CÁLC'!$A:$O,4,0),0)","v":1},{"$f":"VLOOKUP(C991,'TABELA_CPU ADM-CANTEIRO-SERVICO'!B:K,9,0)","v":1600},0.14015,1824.24,1824.24,1.4989461235501286E-5]
[" 10.5.7 ","COMPESA"," 01.07.16U ","ENSAIO DE DETERMINAÇÃO DO ÍNDICE DE FORMA - AGREGADOS","UN",{"$f":"IFERROR(VLOOKUP(A992,'ANEXO I - MEM. CÁLC'!$A:$O,4,0),0)","v":1},{"$f":"VLOOKUP(C992,'TABELA_CPU ADM-CANTEIRO-SERVICO'!B:K,9,0)","v":108.82},0.14015,124.07,124.07,1.0194615047848114E-6]
[" 10.5.8 ","EMBASA"," 34.04.07 ","RETIRADA DE AMOSTRA DEFORMADA","UN",{"$f":"IFERROR(VLOOKUP(A993,'ANEXO I - MEM. CÁLC'!$A:$O,4,0),0)","v":1},{"$f":"VLOOKUP(C993,'TABELA_CPU ADM-CANTEIRO-SERVICO'!B:K,9,0)","v":105.24},0.14015,119.98,119.98,9.8585468964360191E-7]
[" 10.5.9 ","SUDECAP"," 67.01.03 ","MASSA ESPECÍFICA,  MASSA ESPECÍFICA APARENTE E ABSORÇÃO DE ÁGUA (NBR 6458:2016)","UN",{"$f":"IFERROR(VLOOKUP(A994,'ANEXO I - MEM. CÁLC'!$A:$O,4,0),0)","v":1},{"$f":"VLOOKUP(C994,'TABELA_CPU ADM-CANTEIRO-SERVICO'!B:K,9,0)","v":120},0.14015,136.81,136.81,1.1241438580608532E-6]
[" 10.5.10 ","SCO"," AD 35.25.0150 ","Ensaio para determinacao da resistencia a compressao simples axial, em corpos de prova em rocha, com diametro entre N ate H, excluindo a preparacao da amostra.","un",{"$f":"IFERROR(VLOOKUP(A995,'ANEXO I - MEM. CÁLC'!$A:$O,4,0),0)","v":1},223.09,0.14015,254.35,254.35,2.0899494941727798E-6]
[" 10.6 ",null,null,"INVESTIGAÇÕES",{"$nulls":5},{"$f":"SUM(J997:J1007)","v":62093.299999999996},5.1020979330260922E-4]
[" 10.6.1 ","SEINFRA"," C0333 ","SERVIÇOS DE SONDAGEM GEOTÉCNICA MISTA EM ROCHA","M",{"$f":"IFERROR(VLOOKUP(A997,'ANEXO I - MEM. CÁLC'!$A:$O,4,0),0)","v":30},{"$f":"VLOOKUP(C997,'TABELA_CPU ADM-CANTEIRO-SERVICO'!B:K,9,0)","v":1251.98},0.14015,1427.44,42823.199999999997,3.5187074967116093E-4]
[" 10.6.2 ","SEINFRA"," C0143 ","SERVIÇOS DE SONDAGEM GEOTÉCNICA MISTA EM SOLOS","M",{"$f":"IFERROR(VLOOKUP(A998,'ANEXO I - MEM. CÁLC'!$A:$O,4,0),0)","v":10},{"$f":"VLOOKUP(C998,'TABELA_CPU ADM-CANTEIRO-SERVICO'!B:K,9,0)","v":299.97000000000003},0.14015,342.01,3420.1,2.8102363927738646E-5]
[" 10.6.3 ","EMBASA"," 34.01.43 ","ENSAIO DE PERMEABILIDADE COM CARGA CONSTANTE","UN",{"$f":"IFERROR(VLOOKUP(A999,'ANEXO I - MEM. CÁLC'!$A:$O,4,0),0)","v":2},{"$f":"VLOOKUP(C999,'TABELA_CPU ADM-CANTEIRO-SERVICO'!B:K,9,0)","v":1040.54},0.14015,1186.3699999999999,2372.7399999999998,1.9496389867519251E-5]
[" 10.6.4 ","EMBASA"," 32.04.61 ","ENSAIO DE PERDA DAGUA SOB PRESSAO","UN",{"$f":"IFERROR(VLOOKUP(A1000,'ANEXO I - MEM. CÁLC'!$A:$O,4,0),0)","v":2},{"$f":"VLOOKUP(C1000,'TABELA_CPU ADM-CANTEIRO-SERVICO'!B:K,9,0)","v":613.67999999999995},0.14015,699.68,1399.36,1.1498296536920076E-5]
[" 10.6.5 ","COMPESA"," 01.07.13U ","ENSAIO DE ABRASÃO LOS ANGELES - AGREGADOS","UN",{"$f":"IFERROR(VLOOKUP(A1001,'ANEXO I - MEM. CÁLC'!$A:$O,4,0),0)","v":2},{"$f":"VLOOKUP(C1001,'TABELA_CPU ADM-CANTEIRO-SERVICO'!B:K,9,0)","v":457.04},0.14015,521.09,1042.18,8.5634109055906734E-6]
[" 10.6.6 ","EMBASA"," 34.97.01 ","ENSAIO DE REATIVIDADE ALCALI-AGREGADO","UN",{"$f":"IFERROR(VLOOKUP(A1002,'ANEXO I - MEM. CÁLC'!$A:$O,4,0),0)","v":2},{"$f":"VLOOKUP(C1002,'TABELA_CPU ADM-CANTEIRO-SERVICO'!B:K,9,0)","v":1600},0.14015,1824.24,3648.48,2.9978922471002573E-5]
[" 10.6.7 ","COMPESA"," 01.07.16U ","ENSAIO DE DETERMINAÇÃO DO ÍNDICE DE FORMA - AGREGADOS","UN",{"$f":"IFERROR(VLOOKUP(A1003,'ANEXO I - MEM. CÁLC'!$A:$O,4,0),0)","v":2},{"$f":"VLOOKUP(C1003,'TABELA_CPU ADM-CANTEIRO-SERVICO'!B:K,9,0)","v":108.82},0.14015,124.07,248.14,2.0389230095696229E-6]
[" 10.6.8 ","EMBASA"," 34.04.07 ","RETIRADA DE AMOSTRA DEFORMADA","UN",{"$f":"IFERROR(VLOOKUP(A1004,'ANEXO I - MEM. CÁLC'!$A:$O,4,0),0)","v":2},{"$f":"VLOOKUP(C1004,'TABELA_CPU ADM-CANTEIRO-SERVICO'!B:K,9,0)","v":105.24},0.14015,119.98,239.96,1.9717093792872038E-6]
[" 10.6.9 ","EMBASA"," 34.97.02 ","ENSAIO DE CARACTERIZACAO PETROGRAFICA","UN",{"$f":"IFERROR(VLOOKUP(A1005,'ANEXO I - MEM. CÁLC'!$A:$O,4,0),0)","v":2},{"$f":"VLOOKUP(C1005,'TABELA_CPU ADM-CANTEIRO-SERVICO'!B:K,9,0)","v":2682.47},0.14015,3058.41,6116.82,5.0260840829353026E-5]
[" 10.6.10 ","SUDECAP"," 67.01.03 ","MASSA ESPECÍFICA,  MASSA ESPECÍFICA APARENTE E ABSORÇÃO DE ÁGUA (NBR 6458:2016)","UN",{"$f":"IFERROR(VLOOKUP(A1006,'ANEXO I - MEM. CÁLC'!$A:$O,4,0),0)","v":2},{"$f":"VLOOKUP(C1006,'TABELA_CPU ADM-CANTEIRO-SERVICO'!B:K,9,0)","v":120},0.14015,136.81,273.62,2.2482877161217064E-6]
[" 10.6.11 ","SCO"," AD 35.25.0150 ","Ensaio para determinacao da resistencia a compressao simples axial, em corpos de prova em rocha, com diametro entre N ate H, excluindo a preparacao da amostra.","un",{"$f":"IFERROR(VLOOKUP(A1007,'ANEXO I - MEM. CÁLC'!$A:$O,4,0),0)","v":2},223.09,0.14015,254.35,508.7,4.1798989883455595E-6]
[" 10.7 ",null,null,"INVESTIGAÇÕES - SUBTRECHO 1.1",{"$nulls":5},{"$f":"SUM(J1009:J1027)","v":33557.49},2.7573603008141582E-4]
[" 10.7.1 ","EMBASA"," 34.05.32 ","ENSAIO CRUMB TESTE","UN",{"$f":"IFERROR(VLOOKUP(A1009,'ANEXO I - MEM. CÁLC'!$A:$O,4,0),0)","v":3},{"$f":"VLOOKUP(C1009,'TABELA_CPU ADM-CANTEIRO-SERVICO'!B:K,9,0)","v":250},0.14015,285.02999999999997,855.09,7.026125075573825E-6]
[" 10.7.2 ","EMBASA"," 34.01.22 ","ENSAIO DE UMIDADE NATURAL (ESTUFA)","UN",{"$f":"IFERROR(VLOOKUP(A1010,'ANEXO I - MEM. CÁLC'!$A:$O,4,0),0)","v":3},{"$f":"VLOOKUP(C1010,'TABELA_CPU ADM-CANTEIRO-SERVICO'!B:K,9,0)","v":81},0.14015,92.35,277.05,2.2764714266191024E-6]
[" 10.7.3 ","EMBASA"," 34.05.28 ","ENSAIO DE DENSIDADE - MATERIAL PETREO","UN",{"$f":"IFERROR(VLOOKUP(A1011,'ANEXO I - MEM. CÁLC'!$A:$O,4,0),0)","v":3},{"$f":"VLOOKUP(C1011,'TABELA_CPU ADM-CANTEIRO-SERVICO'!B:K,9,0)","v":220},0.14015,250.83,752.49,6.1830788082173194E-6]
[" 10.7.4 ","EMBASA"," 34.01.23 ","ENSAIO DE UMIDADE NATURAL \"SPEED\"","UN",{"$f":"IFERROR(VLOOKUP(A1012,'ANEXO I - MEM. CÁLC'!$A:$O,4,0),0)","v":3},{"$f":"VLOOKUP(C1012,'TABELA_CPU ADM-CANTEIRO-SERVICO'!B:K,9,0)","v":75},0.14015,85.51,256.52999999999997,2.107862173147801E-6]
[" 10.7.5 ","EMOP"," 01.001.0210-0 ","DETERMINACAO DE MASSA ESPECIFICA APARENTE \"IN SITU\" COM EMPR EGO DO FRASCO DE AREIA","UN",{"$f":"IFERROR(VLOOKUP(A1013,'ANEXO I - MEM. CÁLC'!$A:$O,4,0),0)","v":3},{"$f":"VLOOKUP(C1013,'TABELA_CPU ADM-CANTEIRO-SERVICO'!B:K,9,0)","v":119.06},0.14015,135.74,407.22,3.3460555652331019E-6]
[" 10.7.6 ","EMBASA"," 34.01.34 ","ENSAIO DE INDICE DE SUPORTE CALIFORNIA (NBR 09895)","UN",{"$f":"IFERROR(VLOOKUP(A1014,'ANEXO I - MEM. CÁLC'!$A:$O,4,0),0)","v":3},{"$f":"VLOOKUP(C1014,'TABELA_CPU ADM-CANTEIRO-SERVICO'!B:K,9,0)","v":350},0.14015,399.05,1197.1500000000001,9.8367723096085845E-6]
[" 10.7.7 ","SETOP"," ED-49567 ","ENSAIO DE EXPANSIBILIDADE   SOLOS","U",{"$f":"IFERROR(VLOOKUP(A1015,'ANEXO I - MEM. CÁLC'!$A:$O,4,0),0)","v":3},{"$f":"VLOOKUP(C1015,'TABELA_CPU ADM-CANTEIRO-SERVICO'!B:K,9,0)","v":81.91},0.14015,93.38,280.14,2.3018614165424121E-6]
[" 10.7.8 ","EMBASA"," 34.01.07 ","DETERMINACAO DE LIMITE DE LIQUIDEZ (NBR - 06459)","UN",{"$f":"IFERROR(VLOOKUP(A1016,'ANEXO I - MEM. CÁLC'!$A:$O,4,0),0)","v":3},{"$f":"VLOOKUP(C1016,'TABELA_CPU ADM-CANTEIRO-SERVICO'!B:K,9,0)","v":180},0.14015,205.22,615.66,5.0587706136521076E-6]
[" 10.7.9 ","EMBASA"," 34.01.10 ","DETERMINACAO DE LIMITEDE PLASTICIDADE (NBR- 07180)","UN",{"$f":"IFERROR(VLOOKUP(A1017,'ANEXO I - MEM. CÁLC'!$A:$O,4,0),0)","v":3},{"$f":"VLOOKUP(C1017,'TABELA_CPU ADM-CANTEIRO-SERVICO'!B:K,9,0)","v":180},0.14015,205.22,615.66,5.0587706136521076E-6]
[" 10.7.10 ","COMPESA"," 01.07.07U ","ENSAIO DE GRANULOMETRIA POR PENEIRAMENTO E SEDIMENTAÇÃO - SOLOS","UN",{"$f":"IFERROR(VLOOKUP(A1018,'ANEXO I - MEM. CÁLC'!$A:$O,4,0),0)","v":3},{"$f":"VLOOKUP(C1018,'TABELA_CPU ADM-CANTEIRO-SERVICO'!B:K,9,0)","v":206.75},0.14015,235.72,707.16,5.8106101210899275E-6]
[" 10.7.11 ","EMBASA"," 34.01.25 ","ENSAIO DE COMPACTACAO - PROCTOR NORMAL (NBR - 07182)","UN",{"$f":"IFERROR(VLOOKUP(A1019,'ANEXO I - MEM. CÁLC'!$A:$O,4,0),0)","v":3},{"$f":"VLOOKUP(C1019,'TABELA_CPU ADM-CANTEIRO-SERVICO'!B:K,9,0)","v":320},0.14015,364.84,1094.52,8.9934795374955415E-6]
[" 10.7.12 ","EMBASA"," 34.01.16 ","MASSA ESPECIFICA REAL DOS GRAOS","UN",{"$f":"IFERROR(VLOOKUP(A1020,'ANEXO I - MEM. CÁLC'!$A:$O,4,0),0)","v":3},{"$f":"VLOOKUP(C1020,'TABELA_CPU ADM-CANTEIRO-SERVICO'!B:K,9,0)","v":65.78},0.14015,74.989999999999995,224.97,1.8485391692708878E-6]
[" 10.7.13 ","EMBASA"," 34.05.19 ","DETERMINACAO DA MASSA ESPECIFICA APARENTE \"IN SITU\", COM EMPREGO DO CILINDRO DE CRAVACAO (NBR-09813)","UN",{"$f":"IFERROR(VLOOKUP(A1021,'ANEXO I - MEM. CÁLC'!$A:$O,4,0),0)","v":3},{"$f":"VLOOKUP(C1021,'TABELA_CPU ADM-CANTEIRO-SERVICO'!B:K,9,0)","v":157.86000000000001},0.14015,179.98,539.94000000000005,4.4365926081527458E-6]
[" 10.7.14 ","EMBASA"," 34.01.74 ","ENSAIO DE ADENSAMENTO","UN",{"$f":"IFERROR(VLOOKUP(A1022,'ANEXO I - MEM. CÁLC'!$A:$O,4,0),0)","v":3},{"$f":"VLOOKUP(C1022,'TABELA_CPU ADM-CANTEIRO-SERVICO'!B:K,9,0)","v":4100},0.14015,4674.6099999999997,14023.83,1.1523135999553786E-4]
[" 10.7.15 ","EMBASA"," 32.02.19 ","ENSAIO DE INFILTRACAO","UN",{"$f":"IFERROR(VLOOKUP(A1023,'ANEXO I - MEM. CÁLC'!$A:$O,4,0),0)","v":3},{"$f":"VLOOKUP(C1023,'TABELA_CPU ADM-CANTEIRO-SERVICO'!B:K,9,0)","v":552.53},0.14015,629.96,1889.88,1.5528813642804222E-5]
[" 10.7.16 ","EMBASA"," 34.01.46 ","ENSAIO DE PERMEABILIDADE COM CARGA VARIAVEL","UN",{"$f":"IFERROR(VLOOKUP(A1024,'ANEXO I - MEM. CÁLC'!$A:$O,4,0),0)","v":3},{"$f":"VLOOKUP(C1024,'TABELA_CPU ADM-CANTEIRO-SERVICO'!B:K,9,0)","v":1229.33},0.14015,1401.62,4204.8599999999997,3.4550599685737584E-5]
[" 10.7.17 ","EMBASA"," 34.01.42 ","ENSAIO DE PERMEABILIDADE \"IN SITU\"","UN",{"$f":"IFERROR(VLOOKUP(A1025,'ANEXO I - MEM. CÁLC'!$A:$O,4,0),0)","v":3},{"$f":"VLOOKUP(C1025,'TABELA_CPU ADM-CANTEIRO-SERVICO'!B:K,9,0)","v":850},0.14015,969.12,2907.36,2.3889268965512773E-5]
[" 10.7.18 ","EMBASA"," 32.03.04 ","ESCAVACAO (PA E PICARETA) SEM ESCORAMENTO, INCLUSIVE COLETAS DE AMOSTRAS DEFORMADAS DE SOLO","M",{"$f":"IFERROR(VLOOKUP(A1026,'ANEXO I - MEM. CÁLC'!$A:$O,4,0),0)","v":3},{"$f":"VLOOKUP(C1026,'TABELA_CPU ADM-CANTEIRO-SERVICO'!B:K,9,0)","v":94.71},0.14015,107.98,323.94,2.6617583610864174E-6]
[" 10.7.19 ","EMBASA"," 34.05.31 ","ENSAIO SEDIMENTOMÉTRICO COMPARATIVO","UN",{"$f":"IFERROR(VLOOKUP(A1027,'ANEXO I - MEM. CÁLC'!$A:$O,4,0),0)","v":3},{"$f":"VLOOKUP(C1027,'TABELA_CPU ADM-CANTEIRO-SERVICO'!B:K,9,0)","v":697},0.14015,794.68,2384.04,1.9589239992481517E-5]
[" 10.8 ",null,null,"INVESTIGAÇÕES - SUBTRECHO 1.2",{"$nulls":5},{"$f":"SUM(J1029:J1047)","v":78300.81},6.4338407018997026E-4]
[" 10.8.1 ","EMBASA"," 34.05.32 ","ENSAIO CRUMB TESTE","UN",{"$f":"IFERROR(VLOOKUP(A1029,'ANEXO I - MEM. CÁLC'!$A:$O,4,0),0)","v":7},{"$f":"VLOOKUP(C1029,'TABELA_CPU ADM-CANTEIRO-SERVICO'!B:K,9,0)","v":250},0.14015,285.02999999999997,1995.21,1.6394291843005592E-5]
[" 10.8.2 ","EMBASA"," 34.01.22 ","ENSAIO DE UMIDADE NATURAL (ESTUFA)","UN",{"$f":"IFERROR(VLOOKUP(A1030,'ANEXO I - MEM. CÁLC'!$A:$O,4,0),0)","v":7},{"$f":"VLOOKUP(C1030,'TABELA_CPU ADM-CANTEIRO-SERVICO'!B:K,9,0)","v":81},0.14015,92.35,646.45000000000005,5.3117666621112392E-6]
[" 10.8.3 ","EMBASA"," 34.05.28 ","ENSAIO DE DENSIDADE - MATERIAL PETREO","UN",{"$f":"IFERROR(VLOOKUP(A1031,'ANEXO I - MEM. CÁLC'!$A:$O,4,0),0)","v":7},{"$f":"VLOOKUP(C1031,'TABELA_CPU ADM-CANTEIRO-SERVICO'!B:K,9,0)","v":220},0.14015,250.83,1755.81,1.442718388584041E-5]
[" 10.8.4 ","EMBASA"," 34.01.23 ","ENSAIO DE UMIDADE NATURAL \"SPEED\"","UN",{"$f":"IFERROR(VLOOKUP(A1032,'ANEXO I - MEM. CÁLC'!$A:$O,4,0),0)","v":7},{"$f":"VLOOKUP(C1032,'TABELA_CPU ADM-CANTEIRO-SERVICO'!B:K,9,0)","v":75},0.14015,85.51,598.57000000000005,4.9183450706782034E-6]
[" 10.8.5 ","EMOP"," 01.001.0210-0 ","DETERMINACAO DE MASSA ESPECIFICA APARENTE \"IN SITU\" COM EMPR EGO DO FRASCO DE AREIA","UN",{"$f":"IFERROR(VLOOKUP(A1033,'ANEXO I - MEM. CÁLC'!$A:$O,4,0),0)","v":7},{"$f":"VLOOKUP(C1033,'TABELA_CPU ADM-CANTEIRO-SERVICO'!B:K,9,0)","v":119.06},0.14015,135.74,950.18,7.8074629855439037E-6]
[" 10.8.6 ","EMBASA"," 34.01.34 ","ENSAIO DE INDICE DE SUPORTE CALIFORNIA (NBR 09895)","UN",{"$f":"IFERROR(VLOOKUP(A1034,'ANEXO I - MEM. CÁLC'!$A:$O,4,0),0)","v":7},{"$f":"VLOOKUP(C1034,'TABELA_CPU ADM-CANTEIRO-SERVICO'!B:K,9,0)","v":350},0.14015,399.05,2793.35,{"$f":"J1034/$J$1093","v":2.2952468722420028E-5}]
[" 10.8.7 ","SETOP"," ED-49567 ","ENSAIO DE EXPANSIBILIDADE   SOLOS","U",{"$f":"IFERROR(VLOOKUP(A1035,'ANEXO I - MEM. CÁLC'!$A:$O,4,0),0)","v":7},{"$f":"VLOOKUP(C1035,'TABELA_CPU ADM-CANTEIRO-SERVICO'!B:K,9,0)","v":81.91},0.14015,93.38,653.66,5.371009971932295E-6]
[" 10.8.8 ","EMBASA"," 34.01.07 ","DETERMINACAO DE LIMITE DE LIQUIDEZ (NBR - 06459)","UN",{"$f":"IFERROR(VLOOKUP(A1036,'ANEXO I - MEM. CÁLC'!$A:$O,4,0),0)","v":7},{"$f":"VLOOKUP(C1036,'TABELA_CPU ADM-CANTEIRO-SERVICO'!B:K,9,0)","v":180},0.14015,205.22,1436.54,1.1803798098521585E-5]
[" 10.8.9 ","EMBASA"," 34.01.10 ","DETERMINACAO DE LIMITEDE PLASTICIDADE (NBR- 07180)","UN",{"$f":"IFERROR(VLOOKUP(A1037,'ANEXO I - MEM. CÁLC'!$A:$O,4,0),0)","v":7},{"$f":"VLOOKUP(C1037,'TABELA_CPU ADM-CANTEIRO-SERVICO'!B:K,9,0)","v":180},0.14015,205.22,1436.54,1.1803798098521585E-5]
[" 10.8.10 ","COMPESA"," 01.07.07U ","ENSAIO DE GRANULOMETRIA POR PENEIRAMENTO E SEDIMENTAÇÃO - SOLOS","UN",{"$f":"IFERROR(VLOOKUP(A1038,'ANEXO I - MEM. CÁLC'!$A:$O,4,0),0)","v":7},{"$f":"VLOOKUP(C1038,'TABELA_CPU ADM-CANTEIRO-SERVICO'!B:K,9,0)","v":206.75},0.14015,235.72,1650.04,1.3558090282543163E-5]
[" 10.8.11 ","EMBASA"," 34.01.25 ","ENSAIO DE COMPACTACAO - PROCTOR NORMAL (NBR - 07182)","UN",{"$f":"IFERROR(VLOOKUP(A1039,'ANEXO I - MEM. CÁLC'!$A:$O,4,0),0)","v":7},{"$f":"VLOOKUP(C1039,'TABELA_CPU ADM-CANTEIRO-SERVICO'!B:K,9,0)","v":320},0.14015,{"$f":"IFERROR(TRUNC((G1039*(1+H1039)),2),\"\")","v":364.84},{"$f":"IFERROR(TRUNC((F1039*I1039),2),\"\")","v":2553.88},2.0984785587489599E-5]
[" 10.8.12 ","EMBASA"," 34.01.16 ","MASSA ESPECIFICA REAL DOS GRAOS","UN",{"$f":"IFERROR(VLOOKUP(A1040,'ANEXO I - MEM. CÁLC'!$A:$O,4,0),0)","v":7},{"$f":"VLOOKUP(C1040,'TABELA_CPU ADM-CANTEIRO-SERVICO'!B:K,9,0)","v":65.78},0.14015,74.989999999999995,524.92999999999995,4.3132580616320713E-6]
[" 10.8.13 ","EMBASA"," 34.05.19 ","DETERMINACAO DA MASSA ESPECIFICA APARENTE \"IN SITU\", COM EMPREGO DO CILINDRO DE CRAVACAO (NBR-09813)","UN",{"$f":"IFERROR(VLOOKUP(A1041,'ANEXO I - MEM. CÁLC'!$A:$O,4,0),0)","v":7},{"$f":"VLOOKUP(C1041,'TABELA_CPU ADM-CANTEIRO-SERVICO'!B:K,9,0)","v":157.86000000000001},0.14015,179.98,1259.8599999999999,1.0352049419023071E-5]
[" 10.8.14 ","EMBASA"," 34.01.74 ","ENSAIO DE ADENSAMENTO","UN",{"$f":"IFERROR(VLOOKUP(A1042,'ANEXO I - MEM. CÁLC'!$A:$O,4,0),0)","v":7},{"$f":"VLOOKUP(C1042,'TABELA_CPU ADM-CANTEIRO-SERVICO'!B:K,9,0)","v":4100},0.14015,4674.6099999999997,32722.27,2.688731733229217E-4]
[" 10.8.15 ","EMBASA"," 32.02.19 ","ENSAIO DE INFILTRACAO","UN",{"$f":"IFERROR(VLOOKUP(A1043,'ANEXO I - MEM. CÁLC'!$A:$O,4,0),0)","v":7},{"$f":"VLOOKUP(C1043,'TABELA_CPU ADM-CANTEIRO-SERVICO'!B:K,9,0)","v":552.53},0.14015,629.96,4409.72,3.6233898499876514E-5]
[" 10.8.16 ","EMBASA"," 34.01.46 ","ENSAIO DE PERMEABILIDADE COM CARGA VARIAVEL","UN",{"$f":"IFERROR(VLOOKUP(A1044,'ANEXO I - MEM. CÁLC'!$A:$O,4,0),0)","v":7},{"$f":"VLOOKUP(C1044,'TABELA_CPU ADM-CANTEIRO-SERVICO'!B:K,9,0)","v":1229.33},0.14015,1401.62,9811.34,8.0618065933387703E-5]
[" 10.8.17 ","EMBASA"," 34.01.42 ","ENSAIO DE PERMEABILIDADE \"IN SITU\"","UN",{"$f":"IFERROR(VLOOKUP(A1045,'ANEXO I - MEM. CÁLC'!$A:$O,4,0),0)","v":7},{"$f":"VLOOKUP(C1045,'TABELA_CPU ADM-CANTEIRO-SERVICO'!B:K,9,0)","v":850},0.14015,969.12,6783.84,5.5741627586196465E-5]
[" 10.8.18 ","EMBASA"," 32.03.04 ","ESCAVACAO (PA E PICARETA) SEM ESCORAMENTO, INCLUSIVE COLETAS DE AMOSTRAS DEFORMADAS DE SOLO","M",{"$f":"IFERROR(VLOOKUP(A1046,'ANEXO I - MEM. CÁLC'!$A:$O,4,0),0)","v":7},{"$f":"VLOOKUP(C1046,'TABELA_CPU ADM-CANTEIRO-SERVICO'!B:K,9,0)","v":94.71},{"$f":"$J$4","v":0.14015},107.98,755.86,6.2107695092016414E-6]
[" 10.8.19 ","EMBASA"," 34.05.31 ","ENSAIO SEDIMENTOMÉTRICO COMPARATIVO","UN",{"$f":"IFERROR(VLOOKUP(A1047,'ANEXO I - MEM. CÁLC'!$A:$O,4,0),0)","v":7},{"$f":"VLOOKUP(C1047,'TABELA_CPU ADM-CANTEIRO-SERVICO'!B:K,9,0)","v":697},0.14015,794.68,5562.76,4.5708226649123545E-5]
[" 10.9 ",null,null,"INVESTIGAÇÕES - SUBTRECHO 1.3",{"$nulls":5},{"$f":"SUM(J1049:J1067)","v":100672.47},8.2720809024424758E-4]
[" 10.9.1 ","EMBASA"," 34.05.32 ","ENSAIO CRUMB TESTE","UN",{"$f":"IFERROR(VLOOKUP(A1049,'ANEXO I - MEM. CÁLC'!$A:$O,4,0),0)","v":9},{"$f":"VLOOKUP(C1049,'TABELA_CPU ADM-CANTEIRO-SERVICO'!B:K,9,0)","v":250},0.14015,285.02999999999997,2565.27,2.1078375226721473E-5]
[" 10.9.2 ","EMBASA"," 34.01.22 ","ENSAIO DE UMIDADE NATURAL (ESTUFA)","UN",{"$f":"IFERROR(VLOOKUP(A1050,'ANEXO I - MEM. CÁLC'!$A:$O,4,0),0)","v":9},{"$f":"VLOOKUP(C1050,'TABELA_CPU ADM-CANTEIRO-SERVICO'!B:K,9,0)","v":81},0.14015,92.35,831.15,6.8294142798573066E-6]
[" 10.9.3 ","EMBASA"," 34.05.28 ","ENSAIO DE DENSIDADE - MATERIAL PETREO","UN",{"$f":"IFERROR(VLOOKUP(A1051,'ANEXO I - MEM. CÁLC'!$A:$O,4,0),0)","v":9},{"$f":"VLOOKUP(C1051,'TABELA_CPU ADM-CANTEIRO-SERVICO'!B:K,9,0)","v":220},0.14015,250.83,2257.4699999999998,1.8549236424651956E-5]
[" 10.9.4 ","EMBASA"," 34.01.23 ","ENSAIO DE UMIDADE NATURAL \"SPEED\"","UN",{"$f":"IFERROR(VLOOKUP(A1052,'ANEXO I - MEM. CÁLC'!$A:$O,4,0),0)","v":9},{"$f":"VLOOKUP(C1052,'TABELA_CPU ADM-CANTEIRO-SERVICO'!B:K,9,0)","v":75},0.14015,85.51,769.59,6.3235865194434038E-6]
[" 10.9.5 ","EMOP"," 01.001.0210-0 ","DETERMINACAO DE MASSA ESPECIFICA APARENTE \"IN SITU\" COM EMPR EGO DO FRASCO DE AREIA","UN",{"$f":"IFERROR(VLOOKUP(A1053,'ANEXO I - MEM. CÁLC'!$A:$O,4,0),0)","v":9},{"$f":"VLOOKUP(C1053,'TABELA_CPU ADM-CANTEIRO-SERVICO'!B:K,9,0)","v":119.06},0.14015,135.74,1221.6600000000001,1.0038166695699305E-5]
[" 10.9.6 ","EMBASA"," 34.01.34 ","ENSAIO DE INDICE DE SUPORTE CALIFORNIA (NBR 09895)","UN",{"$f":"IFERROR(VLOOKUP(A1054,'ANEXO I - MEM. CÁLC'!$A:$O,4,0),0)","v":9},{"$f":"VLOOKUP(C1054,'TABELA_CPU ADM-CANTEIRO-SERVICO'!B:K,9,0)","v":350},0.14015,399.05,3591.45,2.9510316928825754E-5]
[" 10.9.7 ","SETOP"," ED-49567 ","ENSAIO DE EXPANSIBILIDADE   SOLOS","U",{"$f":"IFERROR(VLOOKUP(A1055,'ANEXO I - MEM. CÁLC'!$A:$O,4,0),0)","v":9},{"$f":"VLOOKUP(C1055,'TABELA_CPU ADM-CANTEIRO-SERVICO'!B:K,9,0)","v":81.91},0.14015,93.38,840.42,6.9055842496272367E-6]
[" 10.9.8 ","EMBASA"," 34.01.07 ","DETERMINACAO DE LIMITE DE LIQUIDEZ (NBR - 06459)","UN",{"$f":"IFERROR(VLOOKUP(A1056,'ANEXO I - MEM. CÁLC'!$A:$O,4,0),0)","v":9},{"$f":"VLOOKUP(C1056,'TABELA_CPU ADM-CANTEIRO-SERVICO'!B:K,9,0)","v":180},0.14015,205.22,1846.98,1.5176311840956324E-5]
[" 10.9.9 ","EMBASA"," 34.01.10 ","DETERMINACAO DE LIMITEDE PLASTICIDADE (NBR- 07180)","UN",{"$f":"IFERROR(VLOOKUP(A1057,'ANEXO I - MEM. CÁLC'!$A:$O,4,0),0)","v":9},{"$f":"VLOOKUP(C1057,'TABELA_CPU ADM-CANTEIRO-SERVICO'!B:K,9,0)","v":180},0.14015,205.22,1846.98,1.5176311840956324E-5]
[" 10.9.10 ","COMPESA"," 01.07.07U ","ENSAIO DE GRANULOMETRIA POR PENEIRAMENTO E SEDIMENTAÇÃO - SOLOS","UN",{"$f":"IFERROR(VLOOKUP(A1058,'ANEXO I - MEM. CÁLC'!$A:$O,4,0),0)","v":9},{"$f":"VLOOKUP(C1058,'TABELA_CPU ADM-CANTEIRO-SERVICO'!B:K,9,0)","v":206.75},0.14015,235.72,2121.48,1.7431830363269782E-5]
[" 10.9.11 ","EMBASA"," 34.01.25 ","ENSAIO DE COMPACTACAO - PROCTOR NORMAL (NBR - 07182)","UN",{"$f":"IFERROR(VLOOKUP(A1059,'ANEXO I - MEM. CÁLC'!$A:$O,4,0),0)","v":9},{"$f":"VLOOKUP(C1059,'TABELA_CPU ADM-CANTEIRO-SERVICO'!B:K,9,0)","v":320},0.14015,364.84,3283.56,2.6980438612486625E-5]
[" 10.9.12 ","EMBASA"," 34.01.16 ","MASSA ESPECIFICA REAL DOS GRAOS","UN",{"$f":"IFERROR(VLOOKUP(A1060,'ANEXO I - MEM. CÁLC'!$A:$O,4,0),0)","v":9},{"$f":"VLOOKUP(C1060,'TABELA_CPU ADM-CANTEIRO-SERVICO'!B:K,9,0)","v":65.78},0.14015,74.989999999999995,674.91,5.5456175078126629E-6]
[" 10.9.13 ","EMBASA"," 34.05.19 ","DETERMINACAO DA MASSA ESPECIFICA APARENTE \"IN SITU\", COM EMPREGO DO CILINDRO DE CRAVACAO (NBR-09813)","UN",{"$f":"IFERROR(VLOOKUP(A1061,'ANEXO I - MEM. CÁLC'!$A:$O,4,0),0)","v":9},{"$f":"VLOOKUP(C1061,'TABELA_CPU ADM-CANTEIRO-SERVICO'!B:K,9,0)","v":157.86000000000001},0.14015,179.98,1619.82,1.3309777824458235E-5]
[" 10.9.14 ","EMBASA"," 34.01.74 ","ENSAIO DE ADENSAMENTO","UN",{"$f":"IFERROR(VLOOKUP(A1062,'ANEXO I - MEM. CÁLC'!$A:$O,4,0),0)","v":9},{"$f":"VLOOKUP(C1062,'TABELA_CPU ADM-CANTEIRO-SERVICO'!B:K,9,0)","v":4100},0.14015,4674.6099999999997,42071.49,3.4569407998661359E-4]
[" 10.9.15 ","EMBASA"," 32.02.19 ","ENSAIO DE INFILTRACAO","UN",{"$f":"IFERROR(VLOOKUP(A1063,'ANEXO I - MEM. CÁLC'!$A:$O,4,0),0)","v":9},{"$f":"VLOOKUP(C1063,'TABELA_CPU ADM-CANTEIRO-SERVICO'!B:K,9,0)","v":552.53},0.14015,629.96,5669.64,4.6586440928412662E-5]
[" 10.9.16 ","EMBASA"," 34.01.46 ","ENSAIO DE PERMEABILIDADE COM CARGA VARIAVEL","UN",{"$f":"IFERROR(VLOOKUP(A1064,'ANEXO I - MEM. CÁLC'!$A:$O,4,0),0)","v":9},{"$f":"VLOOKUP(C1064,'TABELA_CPU ADM-CANTEIRO-SERVICO'!B:K,9,0)","v":1229.33},0.14015,1401.62,12614.58,1.0365179905721276E-4]
[" 10.9.17 ","EMBASA"," 34.01.42 ","ENSAIO DE PERMEABILIDADE \"IN SITU\"","UN",{"$f":"IFERROR(VLOOKUP(A1065,'ANEXO I - MEM. CÁLC'!$A:$O,4,0),0)","v":9},{"$f":"VLOOKUP(C1065,'TABELA_CPU ADM-CANTEIRO-SERVICO'!B:K,9,0)","v":850},0.14015,969.12,8722.08,7.1667806896538318E-5]
[" 10.9.18 ","EMBASA"," 32.03.04 ","ESCAVACAO (PA E PICARETA) SEM ESCORAMENTO, INCLUSIVE COLETAS DE AMOSTRAS DEFORMADAS DE SOLO","M",{"$f":"IFERROR(VLOOKUP(A1066,'ANEXO I - MEM. CÁLC'!$A:$O,4,0),0)","v":9},{"$f":"VLOOKUP(C1066,'TABELA_CPU ADM-CANTEIRO-SERVICO'!B:K,9,0)","v":94.71},0.14015,107.98,971.82,7.9852750832592539E-6]
[" 10.9.19 ","EMBASA"," 34.05.31 ","ENSAIO SEDIMENTOMÉTRICO COMPARATIVO","UN",{"$f":"IFERROR(VLOOKUP(A1067,'ANEXO I - MEM. CÁLC'!$A:$O,4,0),0)","v":9},{"$f":"VLOOKUP(C1067,'TABELA_CPU ADM-CANTEIRO-SERVICO'!B:K,9,0)","v":697},0.14015,794.68,7152.12,5.8767719977444554E-5]
[" 10.10 ",null,null,"INVESTIGAÇÕES - SUBTRECHO 1.4",{"$nulls":5},{"$f":"SUM(J1069:J1087)","v":46453.499999999993},3.8170029025970202E-4]
[" 10.10.1 ","EMBASA"," 34.05.32 ","ENSAIO CRUMB TESTE","UN",{"$f":"IFERROR(VLOOKUP(A1069,'ANEXO I - MEM. CÁLC'!$A:$O,4,0),0)","v":10},{"$f":"VLOOKUP(C1069,'TABELA_CPU ADM-CANTEIRO-SERVICO'!B:K,9,0)","v":250},0.14015,285.02999999999997,2850.3,2.3420416918579419E-5]
[" 10.10.2 ","EMBASA"," 34.01.22 ","ENSAIO DE UMIDADE NATURAL (ESTUFA)","UN",{"$f":"IFERROR(VLOOKUP(A1070,'ANEXO I - MEM. CÁLC'!$A:$O,4,0),0)","v":4},{"$f":"VLOOKUP(C1070,'TABELA_CPU ADM-CANTEIRO-SERVICO'!B:K,9,0)","v":81},0.14015,92.35,369.4,3.035295235492136E-6]
[" 10.10.3 ","EMBASA"," 34.05.28 ","ENSAIO DE DENSIDADE - MATERIAL PETREO","UN",{"$f":"IFERROR(VLOOKUP(A1071,'ANEXO I - MEM. CÁLC'!$A:$O,4,0),0)","v":4},{"$f":"VLOOKUP(C1071,'TABELA_CPU ADM-CANTEIRO-SERVICO'!B:K,9,0)","v":220},0.14015,250.83,1003.32,8.2441050776230919E-6]
[" 10.10.4 ","EMBASA"," 34.01.23 ","ENSAIO DE UMIDADE NATURAL \"SPEED\"","UN",{"$f":"IFERROR(VLOOKUP(A1072,'ANEXO I - MEM. CÁLC'!$A:$O,4,0),0)","v":4},{"$f":"VLOOKUP(C1072,'TABELA_CPU ADM-CANTEIRO-SERVICO'!B:K,9,0)","v":75},0.14015,85.51,342.04,2.8104828975304016E-6]
[" 10.10.5 ","EMOP"," 01.001.0210-0 ","DETERMINACAO DE MASSA ESPECIFICA APARENTE \"IN SITU\" COM EMPR EGO DO FRASCO DE AREIA","UN",{"$f":"IFERROR(VLOOKUP(A1073,'ANEXO I - MEM. CÁLC'!$A:$O,4,0),0)","v":4},{"$f":"VLOOKUP(C1073,'TABELA_CPU ADM-CANTEIRO-SERVICO'!B:K,9,0)","v":119.06},0.14015,135.74,542.96,4.4614074203108022E-6]
[" 10.10.6 ","EMBASA"," 34.01.34 ","ENSAIO DE INDICE DE SUPORTE CALIFORNIA (NBR 09895)","UN",{"$f":"IFERROR(VLOOKUP(A1074,'ANEXO I - MEM. CÁLC'!$A:$O,4,0),0)","v":4},{"$f":"VLOOKUP(C1074,'TABELA_CPU ADM-CANTEIRO-SERVICO'!B:K,9,0)","v":350},0.14015,399.05,1596.2,1.3115696412811447E-5]
[" 10.10.7 ","SETOP"," ED-49567 ","ENSAIO DE EXPANSIBILIDADE   SOLOS","U",{"$f":"IFERROR(VLOOKUP(A1075,'ANEXO I - MEM. CÁLC'!$A:$O,4,0),0)","v":4},{"$f":"VLOOKUP(C1075,'TABELA_CPU ADM-CANTEIRO-SERVICO'!B:K,9,0)","v":81.91},0.14015,93.38,373.52,3.0691485553898829E-6]
[" 10.10.8 ","EMBASA"," 34.01.07 ","DETERMINACAO DE LIMITE DE LIQUIDEZ (NBR - 06459)","UN",{"$f":"IFERROR(VLOOKUP(A1076,'ANEXO I - MEM. CÁLC'!$A:$O,4,0),0)","v":4},{"$f":"VLOOKUP(C1076,'TABELA_CPU ADM-CANTEIRO-SERVICO'!B:K,9,0)","v":180},0.14015,205.22,820.88,6.7450274848694776E-6]
[" 10.10.9 ","EMBASA"," 34.01.10 ","DETERMINACAO DE LIMITEDE PLASTICIDADE (NBR- 07180)","UN",{"$f":"IFERROR(VLOOKUP(A1077,'ANEXO I - MEM. CÁLC'!$A:$O,4,0),0)","v":4},{"$f":"VLOOKUP(C1077,'TABELA_CPU ADM-CANTEIRO-SERVICO'!B:K,9,0)","v":180},0.14015,205.22,820.88,6.7450274848694776E-6]
[" 10.10.10 ","COMPESA"," 01.07.07U ","ENSAIO DE GRANULOMETRIA POR PENEIRAMENTO E SEDIMENTAÇÃO - SOLOS","UN",{"$f":"IFERROR(VLOOKUP(A1078,'ANEXO I - MEM. CÁLC'!$A:$O,4,0),0)","v":4},{"$f":"VLOOKUP(C1078,'TABELA_CPU ADM-CANTEIRO-SERVICO'!B:K,9,0)","v":206.75},0.14015,235.72,942.88,7.7474801614532366E-6]
[" 10.10.11 ","EMBASA"," 34.01.25 ","ENSAIO DE COMPACTACAO - PROCTOR NORMAL (NBR - 07182)","UN",{"$f":"IFERROR(VLOOKUP(A1079,'ANEXO I - MEM. CÁLC'!$A:$O,4,0),0)","v":4},{"$f":"VLOOKUP(C1079,'TABELA_CPU ADM-CANTEIRO-SERVICO'!B:K,9,0)","v":320},0.14015,364.84,1459.36,1.1991306049994054E-5]
[" 10.10.12 ","EMBASA"," 34.01.16 ","MASSA ESPECIFICA REAL DOS GRAOS","UN",{"$f":"IFERROR(VLOOKUP(A1080,'ANEXO I - MEM. CÁLC'!$A:$O,4,0),0)","v":4},{"$f":"VLOOKUP(C1080,'TABELA_CPU ADM-CANTEIRO-SERVICO'!B:K,9,0)","v":65.78},0.14015,74.989999999999995,299.95999999999998,2.4647188923611835E-6]
[" 10.10.13 ","EMBASA"," 34.05.19 ","DETERMINACAO DA MASSA ESPECIFICA APARENTE \"IN SITU\", COM EMPREGO DO CILINDRO DE CRAVACAO (NBR-09813)","UN",{"$f":"IFERROR(VLOOKUP(A1081,'ANEXO I - MEM. CÁLC'!$A:$O,4,0),0)","v":4},{"$f":"VLOOKUP(C1081,'TABELA_CPU ADM-CANTEIRO-SERVICO'!B:K,9,0)","v":157.86000000000001},0.14015,179.98,719.92,5.9154568108703265E-6]
[" 10.10.14 ","EMBASA"," 34.01.74 ","ENSAIO DE ADENSAMENTO","UN",{"$f":"IFERROR(VLOOKUP(A1082,'ANEXO I - MEM. CÁLC'!$A:$O,4,0),0)","v":4},{"$f":"VLOOKUP(C1082,'TABELA_CPU ADM-CANTEIRO-SERVICO'!B:K,9,0)","v":4100},0.14015,4674.6099999999997,18698.439999999999,1.5364181332738381E-4]
[" 10.10.15 ","EMBASA"," 32.02.19 ","ENSAIO DE INFILTRACAO","UN",{"$f":"IFERROR(VLOOKUP(A1083,'ANEXO I - MEM. CÁLC'!$A:$O,4,0),0)","v":4},{"$f":"VLOOKUP(C1083,'TABELA_CPU ADM-CANTEIRO-SERVICO'!B:K,9,0)","v":552.53},0.14015,629.96,2519.84,2.0705084857072296E-5]
[" 10.10.16 ","EMBASA"," 34.01.46 ","ENSAIO DE PERMEABILIDADE COM CARGA VARIAVEL","UN",{"$f":"IFERROR(VLOOKUP(A1084,'ANEXO I - MEM. CÁLC'!$A:$O,4,0),0)","v":4},{"$f":"VLOOKUP(C1084,'TABELA_CPU ADM-CANTEIRO-SERVICO'!B:K,9,0)","v":1229.33},0.14015,1401.62,5606.48,4.6067466247650112E-5]
[" 10.10.17 ","EMBASA"," 34.01.42 ","ENSAIO DE PERMEABILIDADE \"IN SITU\"","UN",{"$f":"IFERROR(VLOOKUP(A1085,'ANEXO I - MEM. CÁLC'!$A:$O,4,0),0)","v":4},{"$f":"VLOOKUP(C1085,'TABELA_CPU ADM-CANTEIRO-SERVICO'!B:K,9,0)","v":850},0.14015,969.12,3876.48,3.1852358620683692E-5]
[" 10.10.18 ","EMBASA"," 32.03.04 ","ESCAVACAO (PA E PICARETA) SEM ESCORAMENTO, INCLUSIVE COLETAS DE AMOSTRAS DEFORMADAS DE SOLO","M",{"$f":"IFERROR(VLOOKUP(A1086,'ANEXO I - MEM. CÁLC'!$A:$O,4,0),0)","v":4},{"$f":"VLOOKUP(C1086,'TABELA_CPU ADM-CANTEIRO-SERVICO'!B:K,9,0)","v":94.71},0.14015,107.98,431.92,3.5490111481152236E-6]
[" 10.10.19 ","EMBASA"," 34.05.31 ","ENSAIO SEDIMENTOMÉTRICO COMPARATIVO","UN",{"$f":"IFERROR(VLOOKUP(A1087,'ANEXO I - MEM. CÁLC'!$A:$O,4,0),0)","v":4},{"$f":"VLOOKUP(C1087,'TABELA_CPU ADM-CANTEIRO-SERVICO'!B:K,9,0)","v":697},0.14015,794.68,3178.72,2.6118986656642021E-5]
[" 10.11 ",null,null,"CERCAS",{"$nulls":5},{"$f":"SUM(J1089)","v":2216993.9500000002},1.8216651796290992E-2]
[" 10.11.1 ","SINAPI",101198,"CERCA COM MOURÕES DE CONCRETO, SEÇÃO \"T\" PONTA INCLINADA, 10X10 CM, ESPAÇAMENTO DE 2,5 M, CRAVADOS 0,5 M, COM 11 FIOS DE ARAME DE AÇO OVALADO 15X17 - FORNECIMENTO E INSTALAÇÃO. AF_05/2020","M",{"$f":"IFERROR(VLOOKUP(A1089,'ANEXO I - MEM. CÁLC'!$A:$O,4,0),0)","v":21315.200000000001},{"$f":"VLOOKUP(C1089,'TABELA_CPU ADM-CANTEIRO-SERVICO'!B:K,9,0)","v":91.23},0.14015,104.01,2216993.9500000002,1.8216651796290992E-2]
[11,null,null,"FINALIZAÇÃO DA OBRA",{"$nulls":5},{"$f":"J1091","v":301275.65999999997},2.4755294406273655E-3]
[" 11.1 ","AGETOP RODOVIARIA",40305,"ACABAMENTO E RECOMPOSIÇÃO DE JAZIDA","m²",{"$f":"IFERROR(VLOOKUP(A1091,'ANEXO I - MEM. CÁLC'!$A:$O,4,0),0)","v":684717.4168205522},{"$f":"VLOOKUP(C1091,'TABELA_CPU ADM-CANTEIRO-SERVICO'!B:K,9,0)","v":0.39},0.14015,0.44,301275.65999999997,2.4755294406273655E-3]
[]
[{"$nulls":9},{"$f":"SUMPRODUCT(F9:F1093,I9:I1093)","v":121701505.56708737}]

{"sheet":"3 - CRONOGRAMA","index":2,"n_rows":46,"n_cols":25,"rows_kept":46,"cut":false,"hidden":false,"merged":[[0,0,0,3],[1,0,1,3]]}
[{"$f":"'2 - ORÇAMENTO'!A1","v":"MINISTÉRIO DA INTEGRAÇÃO E DO DESENVOLVIMENTO REGIONAL – MIDR\nCOMPANHIA DE DESENVOLVIMENTO DOS VALES DO SÃO FRANCISCO\nE DO PARAÍBA - CODEVASF"}]
["CRONOGRAMA"]
["OBJETO:",{"$f":"'2 - ORÇAMENTO'!B3","v":"ORÇAMENTO PROJETO BÁSICO DO CANAL DO SERTÃO BAIANO (CSB) - ETAPA 2A: PROJETO BÁSICO DO CANAL PRINCIPAL DO PIS - CANAL CP-500/2"},"BDI: SERV.",{"$f":"'2 - ORÇAMENTO'!J3","v":0.22559999999999999}]
["LOCALIDADE:",{"$f":"'2 - ORÇAMENTO'!B4","v":"ESTADO DA BAHIA"},"BDI: MAT. EQUIP.",{"$f":"'2 - ORÇAMENTO'!J4","v":0.14015}]
["TAB. DE REFER.",{"$f":"'2 - ORÇAMENTO'!B5","v":"SICRO3 BA 04/2024, SINAPI BA 07/2024, DNIT 04/2024, AGESUL 06/2024, AGETOP 04/2024, COMPESA  07/2023, CPOS 06/2024, EMBASA 05/2024, EMOP 07/2024, FDE 04/2024, IOPES 06/2024, ORSE 06/2024, SBC 08/2024, SEDOP 05/2024, SEINFRA 028, SETOP 04/2024, SIURB 01/2024, SUDECAP 04/2024"},"DATA BASE:",{"$f":"'2 - ORÇAMENTO'!J6","v":"2024-09-01"}]
["ITEM","ETAPA",null,"TOTAL","1º MÊS","2º MÊS","3º MÊS","4º MÊS","5º MÊS","6º MÊS","7º MÊS","8º MÊS","9º MÊS","10º MÊS","11º MÊS","12º MÊS","13º MÊS","14º MÊS","15º MÊS","16º MÊS","17º MÊS","18º MÊS","19º MÊS","20º MÊS","TOTAL GERAL"]
[]
[1,{"$f":"VLOOKUP(A8,'2 - ORÇAMENTO'!A:J,4,0)","v":"ADMINISTRAÇÃO DE OBRAS"},null,{"$f":"VLOOKUP(A8,'2 - ORÇAMENTO'!A:J,10,0)","v":9949397.0400000028},{"$f":"$D$8*E9","v":198141.48794344687},{"$f":"$D$8*F9","v":344634.37644191604},{"$f":"$D$8*G9","v":506330.071716698},517611.38975691568,528585.18512610614,491875.25850987301,491875.2585097457,480593.94046952802,552659.57947038603,675758.55978213646,686766.34328734165,646317.37683015759,591312.44744014624,578395.71071767516,517795.25200960576,526972.73366341752,533852.45234648045,524674.97069242212,490954.67699029745,64289.968286401621,{"$f":"SUM(E8:X8)","v":9949397.0399906971}]
[null,null,null,{"$f":"SUM(E9:X9)","v":0.99999999999906475},1.9914924205642798E-2,3.4638719819539532E-2,5.089052830850721E-2,5.2024397827922599E-2,5.3127358673195138E-2,4.9437695222370265E-2,4.9437695222357469E-2,4.8303825702942081E-2,5.5547042423626694E-2,6.7919549000341861E-2,6.9025925945693428E-2,6.4960456822834509E-2,5.9431988196155666E-2,5.81337450292038E-2,5.2042877566136972E-2,5.2965293428818415E-2,5.3656764344634122E-2,5.2734348481927901E-2,4.9345168859629439E-2,6.461694917584835E-3,{"$f":"SUM(E9:X9)","v":0.99999999999906475}]
[]
[2,{"$f":"VLOOKUP(A11,'2 - ORÇAMENTO'!A:J,4,0)","v":"MOBILIZAÇÃO E DESMOBILIZAÇÃO"},null,{"$f":"VLOOKUP(A11,'2 - ORÇAMENTO'!A:J,10,0)","v":625434.93999999983},{"$f":"$D$11*E12","v":312717.46999999991},{"$nulls":18},{"$f":"$D$11*X12","v":312717.46999999991},{"$f":"SUM(E11:X11)","v":625434.93999999983}]
[null,null,null,{"$f":"SUM(E12:X12)","v":1},0.5,{"$nulls":18},0.5,{"$f":"SUM(E12:X12)","v":1}]
[]
[3,{"$f":"VLOOKUP(A14,'2 - ORÇAMENTO'!A:J,4,0)","v":"INSTALAÇÃO DA OBRA"},null,{"$f":"VLOOKUP(A14,'2 - ORÇAMENTO'!A:J,10,0)","v":2677856.2999999993},{"$f":"$D$14*E15","v":1874499.4099999995},26778.562999999995,26778.562999999995,26778.562999999995,26778.562999999995,26778.562999999995,26778.562999999995,26778.562999999995,26778.562999999995,26778.562999999995,26778.562999999995,26778.562999999995,26778.562999999995,26778.562999999995,26778.562999999995,26778.562999999995,26778.562999999995,26778.562999999995,26778.562999999995,{"$f":"$D$14*X15","v":321342.75599999994},{"$f":"SUM(E14:X14)","v":2677856.3000000007}]
[null,null,null,{"$f":"SUM(E15:X15)","v":1},0.7,0.01,0.01,0.01,0.01,0.01,0.01,0.01,0.01,0.01,0.01,0.01,0.01,0.01,0.01,0.01,0.01,0.01,0.01,0.12,{"$f":"SUM(E15:X15)","v":1}]
[]
[]
[4,{"$f":"VLOOKUP(A18,'2 - ORÇAMENTO'!A:J,4,0)","v":"ENSECADEIRA PROVISÓRIA"},null,{"$f":"VLOOKUP(A18,'2 - ORÇAMENTO'!A:J,10,0)","v":1219600.6299999999},null,null,{"$f":"$D$18*G19","v":121960.06299999999},243920.12599999999,243920.12599999999,{"$f":"$D$18*J19","v":243920.12599999999},{"$f":"$D$18*K19","v":243920.12599999999},121960.06299999999,{"$nulls":12},{"$f":"SUM(E18:X18)","v":1219600.6299999999}]
[null,null,null,{"$f":"SUM(E19:X19)","v":0.99999999999999989},null,null,0.1,0.2,0.2,0.2,0.2,0.1,{"$nulls":12},{"$f":"SUM(E19:X19)","v":0.99999999999999989}]
[]
[5,{"$f":"VLOOKUP(A21,'2 - ORÇAMENTO'!A:J,4,0)","v":"ESTRUTURA DE TOMADA D'ÁGUA DO RC-500"},null,{"$f":"VLOOKUP(A21,'2 - ORÇAMENTO'!A:J,10,0)","v":4303174.7700000023},{"$nulls":8},{"$f":"$D$21*M22","v":430317.47700000025},860634.95400000049,860634.95400000049,860634.95400000049,860634.95400000049,430317.47700000025,{"$nulls":6},{"$f":"SUM(E21:X21)","v":4303174.7700000023}]
[null,null,null,{"$f":"SUM(E22:X22)","v":0.99999999999999989},{"$nulls":8},0.1,0.2,0.2,0.2,0.2,0.1,{"$nulls":6},{"$f":"SUM(E22:X22)","v":0.99999999999999989}]
[]
[6,{"$f":"VLOOKUP(A24,'2 - ORÇAMENTO'!A:J,4,0)","v":"CANAL PRINCIPAL PIS - CP500-2"},null,{"$f":"VLOOKUP(A24,'2 - ORÇAMENTO'!A:J,10,0)","v":68042229.62000002},null,{"$f":"$D$24*F25","v":3742322.629100001},3742322.629100001,{"$f":"$D$24*H25","v":3742322.629100001},{"$f":"$D$24*I25","v":3742322.629100001},3742322.629100001,3742322.629100001,3742322.629100001,3742322.629100001,4082533.7772000008,4082533.7772000008,3742322.629100001,3742322.629100001,3742322.629100001,3742322.629100001,3742322.629100001,3742322.629100001,3742322.629100001,3742322.629100001,null,{"$f":"SUM(E24:X24)","v":68042229.62000002}]
[null,null,null,{"$f":"SUM(E25:X25)","v":1.0000000000000004},null,5.5E-2,5.5E-2,5.5E-2,5.5E-2,5.5E-2,5.5E-2,5.5E-2,5.5E-2,0.06,0.06,5.5E-2,5.5E-2,5.5E-2,5.5E-2,5.5E-2,5.5E-2,5.5E-2,5.5E-2,null,{"$f":"SUM(E25:X25)","v":1.0000000000000004}]
[]
[7,{"$f":"VLOOKUP(A27,'2 - ORÇAMENTO'!A:J,4,0)","v":"SISTEMA DE DRENAGEM DO SISTEMA ADUTOR"},null,{"$f":"VLOOKUP(A27,'2 - ORÇAMENTO'!A:J,10,0)","v":24573414.720000003},null,null,{"$f":"$D$27*G28","v":1351537.8096},1351537.8096,1351537.8096,1351537.8096,1351537.8096,{"$f":"$D$27*L28","v":1351537.8096},1351537.8096,1843006.1040000001,1965873.1776000003,1843006.1040000001,1351537.8096,1351537.8096,1351537.8096,1351537.8096,1351537.8096,1351537.8096,1351537.8096,null,{"$f":"SUM(E27:X27)","v":24573414.719999999}]
[null,null,null,{"$f":"SUM(E28:X28)","v":1.0000000000000002},null,null,5.5E-2,5.5E-2,5.5E-2,5.5E-2,5.5E-2,5.5E-2,5.5E-2,7.4999999999999997E-2,0.08,7.4999999999999997E-2,5.5E-2,5.5E-2,5.5E-2,5.5E-2,5.5E-2,5.5E-2,5.5E-2,null,{"$f":"SUM(E28:X28)","v":1.0000000000000002}]
[]
[8,{"$f":"VLOOKUP(A30,'2 - ORÇAMENTO'!A:J,4,0)","v":"SISTEMA VIÁRIO DO SISTEMA ADUTOR"},null,{"$f":"VLOOKUP(A30,'2 - ORÇAMENTO'!A:J,10,0)","v":2461800.9},null,null,{"$f":"$D$30*G31","v":123090.045},123090.045,246180.09,246180.09,246180.09,246180.09,246180.09,246180.09,246180.09,246180.09,123090.045,123090.045,{"$nulls":6},{"$f":"SUM(E30:X30)","v":2461800.9}]
[null,null,null,{"$f":"SUM(E31:X31)","v":1},null,null,0.05,0.05,0.1,0.1,0.1,0.1,0.1,0.1,0.1,0.1,0.05,0.05,{"$nulls":6},{"$f":"SUM(E31:X31)","v":1}]
[]
[9,{"$f":"VLOOKUP(A33,'2 - ORÇAMENTO'!A:J,4,0)","v":"OBRAS DE ARTES ESPECIAIS"},null,{"$f":"VLOOKUP(A33,'2 - ORÇAMENTO'!A:J,10,0)","v":3681329.56},{"$nulls":8},{"$f":"$D$33*M34","v":368132.95600000001},368132.95600000001,368132.95600000001,368132.95600000001,368132.95600000001,368132.95600000001,{"$f":"$D$33*S34","v":368132.95600000001},{"$f":"$D$33*T34","v":368132.95600000001},368132.95600000001,368132.95600000001,null,null,{"$f":"SUM(E33:X33)","v":3681329.5600000005}]
[null,null,null,{"$f":"SUM(E34:X34)","v":0.99999999999999989},{"$nulls":8},0.1,0.1,0.1,0.1,0.1,0.1,0.1,0.1,0.1,0.1,null,null,{"$f":"SUM(E34:X34)","v":0.99999999999999989}]
[]
[10,{"$f":"VLOOKUP(A36,'2 - ORÇAMENTO'!A:J,4,0)","v":"SERVIÇOS COMPLEMENTARES"},null,{"$f":"VLOOKUP(A36,'2 - ORÇAMENTO'!A:J,10,0)","v":3865989.6500000004},null,{"$f":"F37*$D$36","v":193299.48250000004},386598.96500000008,386598.96500000008,386598.96500000008,{"$nulls":8},386598.96500000008,386598.96500000008,483248.70625000005,483248.70625000005,386598.96500000008,{"$f":"W37*$D$36","v":386598.96500000008},null,{"$f":"SUM(E36:X36)","v":3865989.6500000004}]
[null,null,null,{"$f":"SUM(E37:X37)","v":0.99999999999999989},null,0.05,0.1,0.1,0.1,{"$nulls":8},0.1,0.1,0.125,0.125,0.1,0.1,null,{"$f":"SUM(E37:X37)","v":0.99999999999999989}]
[]
[11,{"$f":"VLOOKUP(A39,'2 - ORÇAMENTO'!A:J,4,0)","v":"FINALIZAÇÃO DA OBRA"},null,{"$f":"VLOOKUP(A39,'2 - ORÇAMENTO'!A:J,10,0)","v":301275.65999999997},{"$nulls":16},{"$f":"$D$39*U40","v":75318.914999999994},75318.914999999994,75318.914999999994,75318.914999999994,{"$f":"SUM(E39:X39)","v":301275.65999999997}]
[null,null,null,{"$f":"SUM(E40:X40)","v":1},{"$nulls":16},0.25,0.25,0.25,0.25,{"$f":"SUM(E40:X40)","v":1}]
[]
[null,"TOTAL GERAL",null,{"$f":"D27+D24+D8+D11+D18+D21+D30+D33+D36+D14+D39","v":121701503.79000002}]
[null,"PORCENTAGEM POR MÊS",null,null,{"$f":"E45/$D$42","v":1.9600073077646281E-2},3.5390154738546606E-2,5.1425972165604072E-2,5.2520793321389703E-2,5.3622372481829016E-2,5.0144117255446062E-2,5.0144117255445014E-2,4.9049296099659377E-2,5.5200050081241368E-2,6.6581141166210875E-2,6.768116748417824E-2,6.3543772526215861E-2,5.8042088093907089E-2,5.7576726147187035E-2,5.2531529813643278E-2,5.3401093620236997E-2,5.4076505436223263E-2,5.3206941629627517E-2,4.9904983665364923E-2,6.3571039403210105E-3]
[null,"PORCENTAGEM ACUMULADA",null,null,{"$f":"E43","v":1.9600073077646281E-2},{"$f":"E44+F43","v":5.4990227816192887E-2},0.10641619998179697,0.15893699330318667,0.21255936578501569,0.26270348304046176,0.31284760029590675,0.3618968963955661,0.41709694647680745,0.48367808764301834,0.55135925512719663,0.61490302765341254,0.67294511574731963,0.73052184189450664,0.78305337170814993,{"$f":"S44+T43","v":0.83645446532838696},{"$f":"T44+U43","v":0.89053097076461019},{"$f":"U44+V43","v":0.94373791239423765},{"$f":"V44+W43","v":0.99364289605960254},{"$f":"W44+X43","v":0.99999999999992351}]
[null,"TOTAL POR MÊS",null,null,{"$f":"E8+E24+E27+E21+E18+E11+E30+E33+E36+E14+E39","v":2385358.3679434462},{"$f":"F8+F24+F27+F21+F18+F11+F30+F33+F36+F14+F39","v":4307035.0510419169},{"$f":"G8+G24+G27+G21+G18+G11+G30+G33+G36+G14+G39","v":6258618.1464166995},6391859.5274569169,6525923.367826107,6102614.4762098743,6102614.4762097467,5969373.0951695293,6717929.1041703876,8103025.0039821388,8236899.8610873437,7733372.6729301596,7063809.4041401483,7007174.1554176761,6393166.1747096069,{"$f":"T8+T24+T27+T21+T18+T11+T30+T33+T36+T14+T39","v":6498993.3976134192},6581192.0312964823,6475364.8083924232,6073511.5586902983,773669.10928640154]
[null,"TOTAL ACUMULADO",null,null,{"$f":"E45","v":2385358.3679434462},{"$f":"E46+F45","v":6692393.4189853631},12951011.565402063,19342871.092858978,25868794.460685086,31971408.936894961,38074023.413104706,44043396.508274235,50761325.612444624,58864350.616426766,67101250.477514111,74834623.150444269,81898432.554584414,88905606.710002095,95298772.884711698,{"$f":"S46+T45","v":101797766.28232512},{"$f":"T46+U45","v":108378958.3136216},{"$f":"U46+V45","v":114854323.12201402},{"$f":"V46+W45","v":120927834.68070431},{"$f":"W46+X45","v":121701503.78999071}]

{"sheet":"CURVA S","index":3,"n_rows":2,"n_cols":1,"rows_kept":2,"cut":false,"hidden":false,"merged":[[0,0,0,40],[1,0,1,40]]}
[{"$f":"'2 - ORÇAMENTO'!A1","v":"MINISTÉRIO DA INTEGRAÇÃO E DO DESENVOLVIMENTO REGIONAL – MIDR\nCOMPANHIA DE DESENVOLVIMENTO DOS VALES DO SÃO FRANCISCO\nE DO PARAÍBA - CODEVASF"}]
["CURVA S"]

{"sheet":"TABELA_CPU ADM-CANTEIRO-SERVICO","index":4,"n_rows":13833,"n_cols":11,"rows_kept":4500,"cut":true,"hidden":false,"merged":[[13831,7,13831,8],[13742,7,13742,8],[13775,4,13775,5],[13781,4,13781,5],[13782,4,13782,5],[13788,4,13788,5],[13789,4,13789,5],[13796,4,13796,5],[13797,4,13797,5],[13798,4,13798,5],[13799,4,13799,5],[13800,4,13800,5],[13746,4,13746,5],[13747,4,13747,5],[13753,4,13753,5],[13754,4,13754,5],[13760,4,13760,5],[13761,4,13761,5],[13767,4,13767,5],[13768,4,13768,5],[13774,4,13774,5],[13818,0,13818,4],[13818,5,13818,8],[13825,0,13825,4],[13825,5,13825,8],[13826,0,13826,4],[13826,5,13826,8],[13827,0,13827,4],[13827,5,13827,8],[13828,0,13828,4],[13828,5,13828,8],[13829,0,13829,4],[13829,5,13829,8],[13801,4,13801,5],[13802,4,13802,5],[13809,4,13809,5],[13814,5,13814,8],[13745,4,13745,5],[13749,7,13749,8],[13752,4,13752,5],[13756,7,13756,8],[13759,4,13759,5],[13763,7,13763,8],[13766,4,13766,5],[13770,7,13770,8],[13773,4,13773,5],[13777,7,13777,8],[13780,4,13780,5],[13784,7,13784,8],[13787,4,13787,5],[13791,7,13791,8],[13794,5,13794,6],[13795,4,13795,5],[13804,7,13804,8],[13807,5,13807,6],[13808,4,13808,5],[13810,0,13811,0],[13810,1,13811,1],[13810,2,13811,2],[13810,3,13811,3],[13810,4,13811,4],[13810,5,13810,6],[13810,7,13810,8],[13690,9,13691,9],[13692,0,13692,4],[13692,5,13692,8],[13694,0,13694,4],[13717,4,13717,5],[13718,4,13718,5],[13724,4,13724,5],[13725,4,13725,5],[13726,4,13726,5],[13732,4,13732,5],[13733,4,13733,5],[13739,4,13739,5],[13740,4,13740,5],[13696,0,13696,4],[13696,5,13696,8],[13697,0,13697,4],[13697,5,13697,8],[13710,4,13710,5],[13711,4,13711,5],[13700,0,13700,4],[13700,5,13700,8],[13702,0,13702,4],[13702,5,13702,8],[13704,0,13704,4],[13704,5,13704,8],[13706,7,13706,8],[13709,4,13709,5],[13713,7,13713,8],[13716,4,13716,5],[13720,7,13720,8],[13723,4,13723,5],[13728,7,13728,8],[13731,4,13731,5],[13735,7,13735,8],[13738,4,13738,5],[13690,3,13691,3],[13690,6,13690,7],[13690,8,13691,8],[13593,7,13593,8],[13626,4,13626,5],[13632,4,13632,5],[13633,4,13633,5],[13639,4,13639,5],[13640,4,13640,5],[13647,4,13647,5],[13648,4,13648,5],[13654,4,13654,5],[13597,4,13597,5],[13598,4,13598,5],[13604,4,13604,5],[13605,4,13605,5],[13611,4,13611,5],[13612,4,13612,5],[13618,4,13618,5],[13619,4,13619,5],[13625,4,13625,5],[13689,4,13689,5],[13690,4,13690,5],[13693,5,13693,8],[13694,5,13694,8],[13695,0,13695,4],[13695,5,13695,8],[13655,4,13655,5],[13661,4,13661,5],[13662,4,13662,5],[13668,4,13668,5],[13669,4,13669,5],[13675,4,13675,5],[13676,4,13676,5],[13682,4,13682,5],[13683,4,13683,5],[13596,4,13596,5],[13600,7,13600,8],[13603,4,13603,5],[13607,7,13607,8],[13610,4,13610,5],[13614,7,13614,8],[13617,4,13617,5],[13621,7,13621,8],[13624,4,13624,5],[13628,7,13628,8],[13631,4,13631,5],[13635,7,13635,8],[13638,4,13638,5],[13642,7,13642,8],[13645,5,13645,6],[13646,4,13646,5],[13650,7,13650,8],[13653,4,13653,5],[13657,7,13657,8],[13660,4,13660,5],[13664,7,13664,8],[13667,4,13667,5],[13671,7,13671,8],[13674,4,13674,5],[13678,7,13678,8],[13681,4,13681,5],[13685,7,13685,8],[13688,4,13688,5],[13690,0,13691,0],[13690,1,13691,1],[13690,2,13691,2],[13541,9,13542,9],[13543,0,13543,4],[13543,5,13543,8],[13545,0,13545,4],[13568,4,13568,5],[13569,4,13569,5],[13575,4,13575,5],[13576,4,13576,5],[13577,4,13577,5],[13583,4,13583,5],[13584,4,13584,5],[13590,4,13590,5],[13591,4,13591,5],[13547,0,13547,4],[13547,5,13547,8],[13548,0,13548,4],[13548,5,13548,8],[13561,4,13561,5],[13562,4,13562,5],[13551,0,13551,4],[13551,5,13551,8],[13553,0,13553,4],[13553,5,13553,8],[13555,0,13555,4],[13555,5,13555,8],[13557,7,13557,8],[13560,4,13560,5],[13564,7,13564,8],[13567,4,13567,5],[13571,7,13571,8],[13574,4,13574,5],[13579,7,13579,8],[13582,4,13582,5],[13586,7,13586,8],[13589,4,13589,5],[13541,3,13542,3],[13541,6,13541,7],[13541,8,13542,8],[13505,4,13505,5],[13448,4,13448,5],[13449,4,13449,5],[13455,4,13455,5],[13456,4,13456,5],[13462,4,13462,5],[13463,4,13463,5],[13469,4,13469,5],[13470,4,13470,5],[13476,4,13476,5],[13540,4,13540,5],[13541,4,13541,5],[13544,5,13544,8],[13545,5,13545,8],[13546,0,13546,4],[13546,5,13546,8],[13506,4,13506,5],[13512,4,13512,5],[13513,4,13513,5],[13519,4,13519,5],[13520,4,13520,5],[13526,4,13526,5],[13527,4,13527,5],[13533,4,13533,5],[13534,4,13534,5],[13447,4,13447,5],[13451,7,13451,8],[13454,4,13454,5],[13458,7,13458,8],[13461,4,13461,5],[13465,7,13465,8],[13468,4,13468,5],[13472,7,13472,8],[13475,4,13475,5],[13479,7,13479,8],[13482,4,13482,5],[13486,7,13486,8],[13489,4,13489,5],[13493,7,13493,8],[13496,5,13496,6],[13497,4,13497,5],[13501,7,13501,8],[13504,4,13504,5],[13508,7,13508,8],[13511,4,13511,5],[13515,7,13515,8],[13518,4,13518,5],[13522,7,13522,8],[13525,4,13525,5],[13529,7,13529,8],[13532,4,13532,5],[13536,7,13536,8],[13539,4,13539,5],[13541,0,13542,0],[13541,1,13542,1],[13541,2,13542,2],[13435,4,13435,5],[13441,4,13441,5],[13442,4,13442,5],[13398,0,13398,4],[13398,5,13398,8],[13399,0,13399,4],[13399,5,13399,8],[13412,4,13412,5],[13413,4,13413,5],[13402,0,13402,4],[13402,5,13402,8],[13404,0,13404,4],[13404,5,13404,8],[13406,0,13406,4],[13406,5,13406,8],[13408,7,13408,8],[13411,4,13411,5],[13415,7,13415,8],[13418,4,13418,5],[13422,7,13422,8],[13425,4,13425,5],[13430,7,13430,8],[13433,4,13433,5],[13437,7,13437,8],[13440,4,13440,5],[13444,7,13444,8],[13477,4,13477,5],[13483,4,13483,5],[13484,4,13484,5],[13490,4,13490,5],[13491,4,13491,5],[13498,4,13498,5],[13499,4,13499,5],[13270,4,13270,5],[13271,4,13271,5],[13277,4,13277,5],[13278,4,13278,5],[13279,4,13279,5],[13285,4,13285,5],[13286,4,13286,5],[13292,4,13292,5],[13293,4,13293,5],[13249,0,13249,4],[13249,5,13249,8],[13250,0,13250,4],[13250,5,13250,8],[13263,4,13263,5],[13264,4,13264,5],[13253,0,13253,4],[13253,5,13253,8],[13255,0,13255,4],[13255,5,13255,8],[13257,0,13257,4],[13257,5,13257,8],[13259,7,13259,8],[13262,4,13262,5],[13266,7,13266,8],[13269,4,13269,5],[13273,7,13273,8],[13276,4,13276,5],[13281,7,13281,8],[13284,4,13284,5],[13288,7,13288,8],[13291,4,13291,5],[13295,7,13295,8],[13328,4,13328,5],[13299,4,13299,5],[13300,4,13300,5],[13306,4,13306,5],[13307,4,13307,5],[13313,4,13313,5],[13314,4,13314,5],[13320,4,13320,5],[13321,4,13321,5],[13327,4,13327,5],[13298,4,13298,5],[13302,7,13302,8],[13305,4,13305,5],[13309,7,13309,8],[13312,4,13312,5],[13316,7,13316,8],[13319,4,13319,5],[13323,7,13323,8],[13326,4,13326,5],[13242,4,13242,5],[13243,4,13243,5],[13246,5,13246,8],[13247,5,13247,8],[13248,0,13248,4],[13248,5,13248,8],[13208,4,13208,5],[13214,4,13214,5],[13215,4,13215,5],[13221,4,13221,5],[13222,4,13222,5],[13228,4,13228,5],[13229,4,13229,5],[13235,4,13235,5],[13236,4,13236,5],[13210,7,13210,8],[13213,4,13213,5],[13217,7,13217,8],[13220,4,13220,5],[13224,7,13224,8],[13227,4,13227,5],[13231,7,13231,8],[13234,4,13234,5],[13238,7,13238,8],[13241,4,13241,5],[13243,0,13244,0],[13243,1,13244,1],[13243,2,13244,2],[13243,3,13244,3],[13243,6,13243,7],[13243,8,13244,8],[13243,9,13244,9],[13245,0,13245,4],[13245,5,13245,8],[13247,0,13247,4],[13179,4,13179,5],[13185,4,13185,5],[13186,4,13186,5],[13192,4,13192,5],[13193,4,13193,5],[13200,4,13200,5],[13201,4,13201,5],[13207,4,13207,5],[13150,4,13150,5],[13156,4,13156,5],[13157,4,13157,5],[13163,4,13163,5],[13164,4,13164,5],[13165,4,13165,5],[13171,4,13171,5],[13172,4,13172,5],[13178,4,13178,5],[13152,7,13152,8],[13155,4,13155,5],[13159,7,13159,8],[13162,4,13162,5],[13167,7,13167,8],[13170,4,13170,5],[13174,7,13174,8],[13177,4,13177,5],[13181,7,13181,8],[13184,4,13184,5],[13188,7,13188,8],[13191,4,13191,5],[13195,7,13195,8],[13198,5,13198,6],[13199,4,13199,5],[13203,7,13203,8],[13206,4,13206,5],[13121,4,13121,5],[13127,4,13127,5],[13128,4,13128,5],[13134,4,13134,5],[13135,4,13135,5],[13141,4,13141,5],[13142,4,13142,5],[13148,4,13148,5],[13149,4,13149,5],[13092,4,13092,5],[13098,4,13098,5],[13099,4,13099,5],[13105,4,13105,5],[13106,4,13106,5],[13112,4,13112,5],[13113,4,13113,5],[13120,4,13120,5],[13094,7,13094,8],[13097,4,13097,5],[13101,7,13101,8],[13104,4,13104,5],[13108,7,13108,8],[13111,4,13111,5],[13115,7,13115,8],[13118,5,13118,6],[13119,4,13119,5],[13123,7,13123,8],[13126,4,13126,5],[13130,7,13130,8],[13133,4,13133,5],[13137,7,13137,8],[13140,4,13140,5],[13144,7,13144,8],[13147,4,13147,5],[13068,4,13068,5],[13069,4,13069,5],[13075,4,13075,5],[13076,4,13076,5],[13077,4,13077,5],[13083,4,13083,5],[13084,4,13084,5],[13090,4,13090,5],[13091,4,13091,5],[13039,4,13039,5],[13040,4,13040,5],[13047,4,13047,5],[13048,4,13048,5],[13054,4,13054,5],[13055,4,13055,5],[13061,4,13061,5],[13062,4,13062,5],[13035,7,13035,8],[13038,4,13038,5],[13042,7,13042,8],[13045,5,13045,6],[13046,4,13046,5],[13050,7,13050,8],[13053,4,13053,5],[13057,7,13057,8],[13060,4,13060,5],[13064,7,13064,8],[13067,4,13067,5],[13071,7,13071,8],[13074,4,13074,5],[13079,7,13079,8],[13082,4,13082,5],[13086,7,13086,8],[13089,4,13089,5],[13005,4,13005,5],[13011,4,13011,5],[13012,4,13012,5],[13018,4,13018,5],[13019,4,13019,5],[13025,4,13025,5],[13026,4,13026,5],[13032,4,13032,5],[13033,4,13033,5],[12981,4,12981,5],[12982,4,12982,5],[12988,4,12988,5],[12989,4,12989,5],[12990,4,12990,5],[12996,4,12996,5],[12997,4,12997,5],[13003,4,13003,5],[13004,4,13004,5],[12977,7,12977,8],[12980,4,12980,5],[12984,7,12984,8],[12987,4,12987,5],[12992,7,12992,8],[12995,4,12995,5],[12999,7,12999,8],[13002,4,13002,5],[13007,7,13007,8],[13010,4,13010,5],[13014,7,13014,8],[13017,4,13017,5],[13021,7,13021,8],[13024,4,13024,5],[13028,7,13028,8],[13031,4,13031,5],[12897,9,12898,9],[12899,0,12899,4],[12899,5,12899,8],[12901,0,12901,4],[12907,0,12907,4],[12907,5,12907,8],[12909,0,12909,4],[12909,5,12909,8],[12911,0,12911,4],[12911,5,12911,8],[12913,7,12913,8],[12916,4,12916,5],[12947,4,12947,5],[12953,4,12953,5],[12954,4,12954,5],[12960,4,12960,5],[12961,4,12961,5],[12967,4,12967,5],[12968,4,12968,5],[12974,4,12974,5],[12975,4,12975,5],[12918,4,12918,5],[12924,4,12924,5],[12925,4,12925,5],[12931,4,12931,5],[12932,4,12932,5],[12933,4,12933,5],[12939,4,12939,5],[12940,4,12940,5],[12946,4,12946,5],[12920,7,12920,8],[12923,4,12923,5],[12927,7,12927,8],[12930,4,12930,5],[12935,7,12935,8],[12938,4,12938,5],[12942,7,12942,8],[12945,4,12945,5],[12949,7,12949,8],[12952,4,12952,5],[12956,7,12956,8],[12959,4,12959,5],[12963,7,12963,8],[12966,4,12966,5],[12970,7,12970,8],[12973,4,12973,5],[12875,4,12875,5],[12876,4,12876,5],[12882,4,12882,5],[12883,4,12883,5],[12826,4,12826,5],[12827,4,12827,5],[12833,4,12833,5],[12834,4,12834,5],[12840,4,12840,5],[12841,4,12841,5],[12847,4,12847,5],[12848,4,12848,5],[12854,4,12854,5],[12878,7,12878,8],[12881,4,12881,5],[12901,5,12901,8],[12902,0,12902,4],[12902,5,12902,8],[12903,0,12903,4],[12903,5,12903,8],[12904,0,12904,4],[12904,5,12904,8],[12917,4,12917,5],[12889,4,12889,5],[12890,4,12890,5],[12896,4,12896,5],[12897,4,12897,5],[12900,5,12900,8],[12885,7,12885,8],[12888,4,12888,5],[12892,7,12892,8],[12895,4,12895,5],[12897,0,12898,0],[12897,1,12898,1],[12897,2,12898,2],[12897,3,12898,3],[12897,6,12897,7],[12897,8,12898,8],[12857,7,12857,8],[12860,4,12860,5],[12864,7,12864,8],[12867,4,12867,5],[12871,7,12871,8],[12874,4,12874,5],[12861,4,12861,5],[12862,4,12862,5],[12868,4,12868,5],[12869,4,12869,5],[12756,4,12756,5],[12762,4,12762,5],[12763,4,12763,5],[12723,5,12723,8],[12724,5,12724,8],[12725,0,12725,4],[12725,5,12725,8],[12726,0,12726,4],[12726,5,12726,8],[12727,0,12727,4],[12727,5,12727,8],[12746,4,12746,5],[12750,7,12750,8],[12753,4,12753,5],[12758,7,12758,8],[12761,4,12761,5],[12797,4,12797,5],[12798,4,12798,5],[12804,4,12804,5],[12805,4,12805,5],[12811,4,12811,5],[12812,4,12812,5],[12818,4,12818,5],[12819,4,12819,5],[12769,4,12769,5],[12770,4,12770,5],[12776,4,12776,5],[12777,4,12777,5],[12783,4,12783,5],[12784,4,12784,5],[12790,4,12790,5],[12791,4,12791,5],[12855,4,12855,5],[12765,7,12765,8],[12768,4,12768,5],[12772,7,12772,8],[12775,4,12775,5],[12779,7,12779,8],[12782,4,12782,5],[12786,7,12786,8],[12789,4,12789,5],[12793,7,12793,8],[12796,4,12796,5],[12800,7,12800,8],[12803,4,12803,5],[12807,7,12807,8],[12810,4,12810,5],[12814,7,12814,8],[12817,4,12817,5],[12821,7,12821,8],[12824,5,12824,6],[12825,4,12825,5],[12829,7,12829,8],[12832,4,12832,5],[12836,7,12836,8],[12839,4,12839,5],[12843,7,12843,8],[12846,4,12846,5],[12850,7,12850,8],[12853,4,12853,5],[12670,4,12670,5],[12671,4,12671,5],[12618,4,12618,5],[12619,4,12619,5],[12620,4,12620,5],[12626,4,12626,5],[12627,4,12627,5],[12633,4,12633,5],[12634,4,12634,5],[12635,4,12635,5],[12641,4,12641,5],[12642,4,12642,5],[12669,4,12669,5],[12705,4,12705,5],[12706,4,12706,5],[12712,4,12712,5],[12713,4,12713,5],[12719,4,12719,5],[12720,4,12720,5],[12677,4,12677,5],[12678,4,12678,5],[12684,4,12684,5],[12685,4,12685,5],[12691,4,12691,5],[12692,4,12692,5],[12698,4,12698,5],[12699,4,12699,5],[12740,4,12740,5],[12741,4,12741,5],[12747,4,12747,5],[12748,4,12748,5],[12754,4,12754,5],[12755,4,12755,5],[12523,0,12524,0],[12523,1,12524,1],[12523,2,12524,2],[12523,3,12524,3],[12523,4,12524,4],[12523,5,12523,6],[12523,7,12523,8],[12538,6,12538,8],[12541,7,12541,8],[12552,5,12552,6],[12554,4,12554,5],[12555,4,12555,5],[12528,5,12528,8],[12531,0,12531,4],[12531,5,12531,8],[12532,0,12532,4],[12532,5,12532,8],[12533,0,12533,4],[12533,5,12533,8],[12534,0,12534,4],[12534,5,12534,8],[12535,0,12535,4],[12535,5,12535,8],[12536,0,12536,4],[12536,5,12536,8],[12523,9,12524,9],[12527,0,12527,4],[12527,5,12527,8],[12530,0,12530,4],[12530,5,12530,8],[12537,6,12537,8],[12539,0,12539,4],[12539,5,12539,8],[12540,7,12540,8],[12542,0,12542,4],[12542,5,12542,8],[12543,6,12543,8],[12546,0,12546,4],[12546,5,12546,8],[12548,7,12548,8],[12551,5,12551,6],[12553,4,12553,5],[12465,9,12466,9],[12469,0,12469,4],[12469,5,12469,8],[12473,0,12473,4],[12473,5,12473,8],[12480,6,12480,8],[12513,4,12513,5],[12514,4,12514,5],[12515,4,12515,5],[12516,4,12516,5],[12522,4,12522,5],[12481,6,12481,8],[12482,6,12482,8],[12483,6,12483,8],[12484,6,12484,8],[12485,6,12485,8],[12486,6,12486,8],[12487,6,12487,8],[12490,7,12490,8],[12491,7,12491,8],[12492,7,12492,8],[12493,7,12493,8],[12494,7,12494,8],[12495,7,12495,8],[12496,7,12496,8],[12488,0,12488,4],[12488,5,12488,8],[12489,7,12489,8],[12497,0,12497,4],[12497,5,12497,8],[12498,6,12498,8],[12507,0,12507,4],[12507,5,12507,8],[12509,7,12509,8],[12512,4,12512,5],[12518,7,12518,8],[12521,4,12521,5],[12446,6,12446,8],[12470,5,12470,8],[12474,0,12474,4],[12474,5,12474,8],[12475,0,12475,4],[12475,5,12475,8],[12476,0,12476,4],[12476,5,12476,8],[12477,0,12477,4],[12477,5,12477,8],[12478,0,12478,4],[12478,5,12478,8],[12479,0,12479,4],[12479,5,12479,8],[12447,6,12447,8],[12448,6,12448,8],[12451,7,12451,8],[12452,7,12452,8],[12464,4,12464,5],[12449,0,12449,4],[12449,5,12449,8],[12450,7,12450,8],[12453,0,12453,4],[12453,5,12453,8],[12454,6,12454,8],[12458,0,12458,4],[12458,5,12458,8],[12460,7,12460,8],[12463,4,12463,5],[12465,0,12466,0],[12465,1,12466,1],[12465,2,12466,2],[12465,3,12466,3],[12465,4,12466,4],[12465,5,12465,6],[12465,7,12465,8],[12435,4,12435,5],[12440,0,12440,4],[12440,5,12440,8],[12441,0,12441,4],[12441,5,12441,8],[12442,0,12442,4],[12442,5,12442,8],[12443,0,12443,4],[12443,5,12443,8],[12444,0,12444,4],[12444,5,12444,8],[12445,0,12445,4],[12445,5,12445,8],[12421,5,12421,8],[12424,0,12424,4],[12424,5,12424,8],[12425,0,12425,4],[12425,5,12425,8],[12426,0,12426,4],[12426,5,12426,8],[12427,0,12427,4],[12427,5,12427,8],[12428,0,12428,4],[12428,5,12428,8],[12429,0,12429,4],[12429,5,12429,8],[12420,0,12420,4],[12420,5,12420,8],[12423,0,12423,4],[12423,5,12423,8],[12431,7,12431,8],[12434,4,12434,5],[12436,5,12436,8],[12439,0,12439,4],[12439,5,12439,8],[12341,9,12342,9],[12345,0,12345,4],[12345,5,12345,8],[12352,7,12352,8],[12355,4,12355,5],[12357,0,12358,0],[12357,1,12358,1],[12376,0,12376,4],[12376,5,12376,8],[12377,0,12377,4],[12377,5,12377,8],[12378,0,12378,4],[12378,5,12378,8],[12379,0,12379,4],[12379,5,12379,8],[12380,0,12380,4],[12380,5,12380,8],[12386,4,12386,5],[12361,0,12361,4],[12361,5,12361,8],[12362,0,12362,4],[12362,5,12362,8],[12363,0,12363,4],[12363,5,12363,8],[12364,0,12364,4],[12364,5,12364,8],[12365,0,12365,4],[12365,5,12365,8],[12371,4,12371,5],[12357,2,12358,2],[12357,3,12358,3],[12357,4,12358,4],[12357,5,12357,6],[12357,7,12357,8],[12357,9,12358,9],[12360,0,12360,4],[12360,5,12360,8],[12367,7,12367,8],[12370,4,12370,5],[12372,0,12373,0],[12372,1,12373,1],[12372,2,12373,2],[12372,3,12373,3],[12372,4,12373,4],[12372,5,12372,6],[12372,7,12372,8],[12372,9,12373,9],[12346,0,12346,4],[12346,5,12346,8],[12347,0,12347,4],[12347,5,12347,8],[12348,0,12348,4],[12348,5,12348,8],[12349,0,12349,4],[12349,5,12349,8],[12350,0,12350,4],[12350,5,12350,8],[12356,4,12356,5],[12333,5,12333,8],[12334,0,12334,4],[12334,5,12334,8],[12340,4,12340,5],[12329,0,12329,4],[12329,5,12329,8],[12336,7,12336,8],[12339,4,12339,5],[12341,0,12342,0],[12341,1,12342,1],[12341,2,12342,2],[12341,3,12342,3],[12341,4,12342,4],[12341,5,12341,6],[12341,7,12341,8],[12296,0,12296,4],[12296,5,12296,8],[12297,6,12297,8],[12317,0,12317,4],[12317,5,12317,8],[12318,0,12318,4],[12318,5,12318,8],[12319,0,12319,4],[12319,5,12319,8],[12325,4,12325,5],[12309,4,12309,5],[12315,0,12315,4],[12315,5,12315,8],[12316,0,12316,4],[12316,5,12316,8],[12303,0,12303,4],[12303,5,12303,8],[12305,7,12305,8],[12308,4,12308,5],[12310,0,12311,0],[12310,1,12311,1],[12310,2,12311,2],[12310,3,12311,3],[12310,4,12311,4],[12310,5,12310,6],[12310,7,12310,8],[12182,9,12183,9],[12188,0,12188,4],[12268,9,12269,9],[12273,0,12273,4],[12273,5,12273,8],[12276,0,12276,4],[12276,5,12276,8],[12283,6,12283,8],[12286,0,12286,4],[12286,5,12286,8],[12287,6,12287,8],[12290,0,12290,4],[12290,5,12290,8],[12291,7,12291,8],[12250,7,12250,8],[12251,7,12251,8],[12252,7,12252,8],[12253,7,12253,8],[12267,4,12267,5],[12238,0,12238,4],[12238,5,12238,8],[12239,0,12239,4],[12239,5,12239,8],[12240,0,12240,4],[12240,5,12240,8],[12242,6,12242,8],[12243,6,12243,8],[12246,6,12246,8],[12247,6,12247,8],[12241,6,12241,8],[12244,0,12244,4],[12244,5,12244,8],[12245,6,12245,8],[12248,0,12248,4],[12248,5,12248,8],[12249,7,12249,8],[12254,0,12254,4],[12254,5,12254,8],[12255,6,12255,8],[12261,0,12261,4],[12261,5,12261,8],[12263,7,12263,8],[12266,4,12266,5],[12268,0,12269,0],[12268,1,12269,1],[12268,2,12269,2],[12268,3,12269,3],[12268,4,12269,4],[12268,5,12268,6],[12268,7,12268,8]],"bounds":{"rows_first":2000,"rows_last":500,"rows_between":2000,"halvings":0},"merged_total":15125,"flags":["merged_cut"]}
[null,null,"Obra",null,"Bancos",null,"B.D.I.",null,"Encargos Sociais"]
[null,null,"Orçamento CPU ADM , MOBILIZAÇÃO, CANTEIRO E SERVIÇOS - Canal Sertão Baiano",null,"SINAPI - 07/2024 - Bahia\nSBC - 08/2024 - Bahia\nSICRO3 - 04/2024 - Bahia\nORSE - 06/2024 - Sergipe\nSEDOP - 05/2024 - Pará\nSEINFRA - 028 - Ceará\nSETOP - 04/2024 - Minas Gerais\nIOPES - 06/2024 - Espírito Santo\nSIURB - 01/2024 - São Paulo\nSIURB INFRA - 01/2024 - São Paulo\nSUDECAP - 04/2024 - Minas Gerais\nCPOS/CDHU - 06/2024 - São Paulo\nFDE - 04/2024 - São Paulo\nAGESUL - 06/2024 - Mato Grosso do Sul\nAGETOP CIVIL - 04/2024 - Goiás\nAGETOP RODOVIARIA - 04/2024 - Goiás\nCAEMA - 12/2019 - Maranhão\nEMBASA - 05/2024 - Bahia\nCAERN - 11/2023 - Rio Grande do Norte\nCOMPESA - 07/2023 - Pernambuco\nEMOP - 07/2024 - Rio de Janeiro\nDERPR - 04/2024 - Paraná\nSCO - 07/2024 - Rio de Janeiro\n",null,"22,56%",null,"Não Desonerado: embutido nos preços unitário dos insumos de mão de obra, de acordo com as bases."]
["Planilha Orçamentária Analítica"]
[" 1 ",null,null,"ADMINISTRAÇÃO DE OBRAS",{"$nulls":6},9949427.5099999998]
[" 1.1 ",null,null,"PARCELA FIXA DA ADMINISTRAÇÃO LOCAL",{"$nulls":6},3522694.93]
[" 1.1.1 ",null,null,"GERÊNCIA TÉCNICA GERAL - MÃO DE OBRA",{"$nulls":6},1193113.93]
[" 1.1.1.1 ","Código","Banco","Descrição","Tipo",null,"Und","Quant.","Porcent.","Valor Unit","Total"]
["Composição",93568,"SINAPI","ENGENHEIRO CIVIL DE OBRA SENIOR COM ENCARGOS COMPLEMENTARES","SEDI - SERVIÇOS DIVERSOS",null,"MES",1,null,24274.91,24274.91]
["Composição Auxiliar",95418,"SINAPI","CURSO DE CAPACITAÇÃO PARA ENGENHEIRO CIVIL DE OBRA SÊNIOR (ENCARGOS COMPLEMENTARES) - MENSALISTA","SEDI - SERVIÇOS DIVERSOS",null,"MES",1,null,299.61,299.61]
["Insumo",40814,"SINAPI","ENGENHEIRO CIVIL DE OBRA SENIOR (MENSALISTA)","Mão de Obra",null,"MES",1,null,23573.39,23573.39]
["Insumo",40863,"SINAPI","EXAMES - MENSALISTA (COLETADO CAIXA - ENCARGOS COMPLEMENTARES)","Material",null,"MES",1,null,252.08,252.08]
["Insumo",40864,"SINAPI","SEGURO - MENSALISTA (COLETADO CAIXA - ENCARGOS COMPLEMENTARES)","Material",null,"MES",1,null,7.31,7.31]
["Insumo",43474,"SINAPI","FERRAMENTAS - FAMILIA ENGENHEIRO CIVIL - MENSALISTA (ENCARGOS COMPLEMENTARES - COLETADO CAIXA)","Material",null,"MES",1,null,2.29,2.29]
["Insumo",43498,"SINAPI","EPI - FAMILIA ENGENHEIRO CIVIL - MENSALISTA (ENCARGOS COMPLEMENTARES - COLETADO CAIXA)","Material",null,"MES",1,null,140.22999999999999,140.22999999999999]
[{"$nulls":4},"MO sem LS =>",23873,"LS =>",0,"MO com LS =>",23873]
[{"$nulls":4},"Valor do BDI =>",5476.41,null,"Valor com BDI =>",null,29751.32]
[{"$nulls":6},"Quant. =>",20,"Preço Total =>",595026.4]
[]
[" 1.1.1.2 ","Código","Banco","Descrição","Tipo",null,"Und","Quant.","Porcent.","Valor Unit","Total"]
["Composição",93572,"SINAPI","ENCARREGADO GERAL DE OBRAS COM ENCARGOS COMPLEMENTARES","SEDI - SERVIÇOS DIVERSOS",null,"MES",1,null,6778.92,6778.92]
["Composição Auxiliar",95422,"SINAPI","CURSO DE CAPACITAÇÃO PARA ENCARREGADO GERAL DE OBRAS (ENCARGOS COMPLEMENTARES) - MENSALISTA","SEDI - SERVIÇOS DIVERSOS",null,"MES",1,null,112.34,112.34]
["Insumo",40818,"SINAPI","ENCARREGADO GERAL DE OBRAS (MENSALISTA)","Mão de Obra",null,"MES",1,null,6152.3,6152.3]
["Insumo",40863,"SINAPI","EXAMES - MENSALISTA (COLETADO CAIXA - ENCARGOS COMPLEMENTARES)","Material",null,"MES",1,null,252.08,252.08]
["Insumo",40864,"SINAPI","SEGURO - MENSALISTA (COLETADO CAIXA - ENCARGOS COMPLEMENTARES)","Material",null,"MES",1,null,7.31,7.31]
["Insumo",43475,"SINAPI","FERRAMENTAS - FAMILIA ENCARREGADO GERAL - MENSALISTA (ENCARGOS COMPLEMENTARES - COLETADO CAIXA)","Material",null,"MES",1,null,18.73,18.73]
["Insumo",43499,"SINAPI","EPI - FAMILIA ENCARREGADO GERAL - MENSALISTA (ENCARGOS COMPLEMENTARES - COLETADO CAIXA)","Material",null,"MES",1,null,236.16,236.16]
[{"$nulls":4},"MO sem LS =>",6264.64,"LS =>",0,"MO com LS =>",6264.64]
[{"$nulls":4},"Valor do BDI =>",1529.32,null,"Valor com BDI =>",null,8308.24]
[{"$nulls":6},"Quant. =>",20,"Preço Total =>",166164.79999999999]
[]
[" 1.1.1.3 ","Código","Banco","Descrição","Tipo",null,"Und","Quant.","Porcent.","Valor Unit","Total"]
["Composição"," COMP-TEC-020 ","Próprio","TÉCNICO DE MEIO AMBIENTE COM ENCARGOS COMPLEMENTARES E ENCARGOS SOCIAIS","SEDI - SERVIÇOS DIVERSOS",null,"MÊS",1,null,6414.23,6414.23]
["Insumo"," P9897 JAN/24 ","Próprio","TÉCNICO DE MEIO AMBIENTE SEM ENCARGOS","Mão de Obra",null,"MÊS",1.7027000000000001,null,3529.18,6009.13]
["Insumo",43505,"SINAPI","EPI - FAMILIA TOPOGRAFO - MENSALISTA (ENCARGOS COMPLEMENTARES - COLETADO CAIXA)","Material",null,"MES",1,null,132.94,132.94]
["Insumo",43481,"SINAPI","FERRAMENTAS - FAMILIA TOPOGRAFO - MENSALISTA (ENCARGOS COMPLEMENTARES - COLETADO CAIXA)","Material",null,"MES",1,null,12.77,12.77]
["Insumo",40863,"SINAPI","EXAMES - MENSALISTA (COLETADO CAIXA - ENCARGOS COMPLEMENTARES)","Material",null,"MES",1,null,252.08,252.08]
["Insumo",40864,"SINAPI","SEGURO - MENSALISTA (COLETADO CAIXA - ENCARGOS COMPLEMENTARES)","Material",null,"MES",1,null,7.31,7.31]
[{"$nulls":4},"MO sem LS =>",6009.13,"LS =>",0,"MO com LS =>",6009.13]
[{"$nulls":4},"Valor do BDI =>",1447.05,null,"Valor com BDI =>",null,7861.28]
[{"$nulls":6},"Quant. =>",18,"Preço Total =>",141503.04000000001]
[]
[" 1.1.1.4 ","Código","Banco","Descrição","Tipo",null,"Und","Quant.","Porcent.","Valor Unit","Total"]
["Composição"," COMP-TEC-028 ","Próprio","MOTORISTA DE ÔNIBUS COM ENCARGOS COMPLEMENTARES","SEDI - SERVIÇOS DIVERSOS",null,"MES",1,null,6929.31,6929.31]
["Composição Auxiliar",101328,"SINAPI","CURSO DE CAPACITAÇÃO PARA MOTORISTA DE CAMINHAO-CARRETA (ENCARGOS COMPLEMENTARES) - MENSALISTA","SEDI - SERVIÇOS DIVERSOS",null,"MES",1,null,23.97,23.97]
["Insumo",40861,"SINAPI","TRANSPORTE - MENSALISTA (COLETADO CAIXA - ENCARGOS COMPLEMENTARES)","Material",null,"MES",1,null,150.72,150.72]
["Insumo",40862,"SINAPI","ALIMENTACAO - MENSALISTA (COLETADO CAIXA - ENCARGOS COMPLEMENTARES)","Material",null,"MES",1,null,859.55,859.55]
["Insumo",40863,"SINAPI","EXAMES - MENSALISTA (COLETADO CAIXA - ENCARGOS COMPLEMENTARES)","Material",null,"MES",1,null,252.08,252.08]
["Insumo",40864,"SINAPI","SEGURO - MENSALISTA (COLETADO CAIXA - ENCARGOS COMPLEMENTARES)","Material",null,"MES",1,null,7.31,7.31]
["Insumo",40988,"SINAPI","MOTORISTA DE CAMINHAO-CARRETA (MENSALISTA)","Mão de Obra",null,"MES",1,null,5472.7,5472.7]
["Insumo",43476,"SINAPI","FERRAMENTAS - FAMILIA OPERADOR ESCAVADEIRA - MENSALISTA (ENCARGOS COMPLEMENTARES - COLETADO CAIXA)","Material",null,"MES",1,null,0.01,0.01]
["Insumo",43500,"SINAPI","EPI - FAMILIA OPERADOR ESCAVADEIRA - MENSALISTA (ENCARGOS COMPLEMENTARES - COLETADO CAIXA)","Material",null,"MES",1,null,162.97,162.97]
[{"$nulls":4},"MO sem LS =>",5496.67,"LS =>",0,"MO com LS =>",5496.67]
[{"$nulls":4},"Valor do BDI =>",1563.25,null,"Valor com BDI =>",null,8492.56]
[{"$nulls":6},"Quant. =>",20,"Preço Total =>",169851.2]
[]
[" 1.1.1.5 ","Código","Banco","Descrição","Tipo",null,"Und","Quant.","Porcent.","Valor Unit","Total"]
["Composição"," COMP-TEC-011 ","Próprio","SECRETÁRIA COM ENCARGOS SOCIAIS E COMPLEMENTARES","SEDI - SERVIÇOS DIVERSOS",null,"MES",1,null,5177.6400000000003,5177.6400000000003]
["Insumo",40863,"SINAPI","EXAMES - MENSALISTA (COLETADO CAIXA - ENCARGOS COMPLEMENTARES)","Material",null,"MES",1,null,252.08,252.08]
["Insumo",40864,"SINAPI","SEGURO - MENSALISTA (COLETADO CAIXA - ENCARGOS COMPLEMENTARES)","Material",null,"MES",1,null,7.31,7.31]
["Insumo",43470,"SINAPI","FERRAMENTAS - FAMILIA ALMOXARIFE - MENSALISTA (ENCARGOS COMPLEMENTARES - COLETADO CAIXA)","Material",null,"MES",1,null,10.89,10.89]
["Insumo",43494,"SINAPI","EPI - FAMILIA ALMOXARIFE - MENSALISTA (ENCARGOS COMPLEMENTARES - COLETADO CAIXA)","Material",null,"MES",1,null,148.04,148.04]
["Insumo"," P9878 JAN/24 ","Próprio","SECRETÁRIA SEM ENCARGOS","Mão de Obra",null,"MÊS",1.7166999999999999,null,2772.37,4759.32]
[{"$nulls":4},"MO sem LS =>",4759.32,"LS =>",0,"MO com LS =>",4759.32]
[{"$nulls":4},"Valor do BDI =>",1168.07,null,"Valor com BDI =>",null,6345.71]
[{"$nulls":6},"Quant. =>",19,"Preço Total =>",120568.49]
[]
[" 1.1.2 ",null,null,"GERÊNCIA TÉCNICA GERAL - VEÍCULOS",{"$nulls":6},1014653.2]
[" 1.1.2.1 ","Código","Banco","Descrição","Tipo",null,"Und","Quant.","Porcent.","Valor Unit","Total"]
["Composição"," E9684 MÊS ","Próprio","VEÍCULO LEVE PICK UP 4X4 - 147 KW (SEM MOTORISTA)","SEOP - SERVIÇOS OPERACIONAIS",null,"MÊS",1,null,7535.72,7535.72]
["A","Código","Banco","Equipamentos","Quantidade","Utilização",null,"Custo Operacional",null,"Custo Horário"]
[{"$nulls":5},"Operativa","Improdutiva","Operativa","Improdutiva"]
["Insumo","E9684","SICRO3","Veículo leve picape 4 x 4 com capacidade de 1,10 t - 147 kW",1,44,176,107.6198,53.338999999999999,14122.9352]
[{"$nulls":5},"Custo Horário de Equipamentos =>",null,null,null,14122.9352]
["B","Código","Banco","Mão de Obra","Quantidade","Salário Hora",null,null,null,"Custo Horário"]
["Insumo","P9870","SICRO3","Motorista de veículo leve",-220,null,null,null,29.9419,-6587.2179999999998]
[{"$nulls":5},"Custo Horário da Mão de Obra =>",null,null,null,-6587.2179999999998]
[{"$nulls":5},"Custo Horário de Execução =>",null,null,null,7535.7172]
[{"$nulls":5},"Fator de Influencia da Chuva - FIC =>",null,null,null,0]
[{"$nulls":5},"Custo do FIC =>",null,null,null,0]
[{"$nulls":5},"Produção de Equipe =>",null,null,null,1]
[{"$nulls":5},"Custo Unitário de Execução =>",null,null,null,7535.7172]
[{"$nulls":4},"MO sem LS =>",-6587.2179999999998,"LS =>",0,"MO com LS =>",-6587.2179999999998]
[{"$nulls":4},"Valor do BDI =>",1700.05,null,"Valor com BDI =>",null,9235.77]
[{"$nulls":6},"Quant. =>",20,"Preço Total =>",184715.4]
[]
[" 1.1.2.2 ","Código","Banco","Descrição","Tipo",null,"Und","Quant.","Porcent.","Valor Unit","Total"]
["Composição"," E9560-MÊS ","Próprio","ÔNIBUS COM CAPACIDADE PARA 80 PASSAGEIROS - 175 KW","CHOR - CUSTOS HORÁRIOS DE MÁQUINAS E EQUIPAMENTOS",null,"MÊS",1,null,33858.43,33858.43]
["A","Código","Banco","Equipamentos","Quantidade","Utilização",null,"Custo Operacional",null,"Custo Horário"]
[{"$nulls":5},"Operativa","Improdutiva","Operativa","Improdutiva"]
["Insumo","E9560","SICRO3","Ônibus com capacidade para 80 passageiros - 175 kW",1,44,176,346.96100000000001,105.63720000000001,33858.431199999999]
[{"$nulls":5},"Custo Horário de Equipamentos =>",null,null,null,33858.431199999999]
[{"$nulls":5},"Custo Horário de Execução =>",null,null,null,33858.431199999999]
[{"$nulls":5},"Fator de Influencia da Chuva - FIC =>",null,null,null,0]
[{"$nulls":5},"Custo do FIC =>",null,null,null,0]
[{"$nulls":5},"Produção de Equipe =>",null,null,null,1]
[{"$nulls":5},"Custo Unitário de Execução =>",null,null,null,33858.431199999999]
[{"$nulls":4},"MO sem LS =>",0,"LS =>",0,"MO com LS =>",0]
[{"$nulls":4},"Valor do BDI =>",7638.46,null,"Valor com BDI =>",null,41496.89]
[{"$nulls":6},"Quant. =>",20,"Preço Total =>",829937.8]
[]
[" 1.1.3 ",null,null,"GERÊNCIA TÉCNICA AUXILIAR - MÃO DE OBRA",{"$nulls":6},377767.6]
[" 1.1.3.1 ","Código","Banco","Descrição","Tipo",null,"Und","Quant.","Porcent.","Valor Unit","Total"]
["Composição",101390,"SINAPI","AUXILIAR TÉCNICO / ASSISTENTE DE ENGENHARIA COM ENCARGOS COMPLEMENTARES","SEDI - SERVIÇOS DIVERSOS",null,"MES",1,null,7705.77,7705.77]
["Composição Auxiliar",101302,"SINAPI","CURSO DE CAPACITAÇÃO PARA AUXILIAR TÉCNICO DE ENGENHARIA (ENCARGOS COMPLEMENTARES) - MENSALISTA","SEDI - SERVIÇOS DIVERSOS",null,"MES",1,null,51.92,51.92]
["Insumo",40863,"SINAPI","EXAMES - MENSALISTA (COLETADO CAIXA - ENCARGOS COMPLEMENTARES)","Material",null,"MES",1,null,252.08,252.08]
["Insumo",40864,"SINAPI","SEGURO - MENSALISTA (COLETADO CAIXA - ENCARGOS COMPLEMENTARES)","Material",null,"MES",1,null,7.31,7.31]
["Insumo",40931,"SINAPI","AUXILIAR TECNICO / ASSISTENTE DE ENGENHARIA (MENSALISTA)","Mão de Obra",null,"MES",1,null,7251.94,7251.94]
["Insumo",43474,"SINAPI","FERRAMENTAS - FAMILIA ENGENHEIRO CIVIL - MENSALISTA (ENCARGOS COMPLEMENTARES - COLETADO CAIXA)","Material",null,"MES",1,null,2.29,2.29]
["Insumo",43498,"SINAPI","EPI - FAMILIA ENGENHEIRO CIVIL - MENSALISTA (ENCARGOS COMPLEMENTARES - COLETADO CAIXA)","Material",null,"MES",1,null,140.22999999999999,140.22999999999999]
[{"$nulls":4},"MO sem LS =>",7303.86,"LS =>",0,"MO com LS =>",7303.86]
[{"$nulls":4},"Valor do BDI =>",1738.42,null,"Valor com BDI =>",null,9444.19]
[{"$nulls":6},"Quant. =>",40,"Preço Total =>",377767.6]
[]
[" 1.1.4 ",null,null,"GERÊNCIA ADMINISTRATIVA GERAL - MÃO DE OBRA",{"$nulls":6},600561.14]
[" 1.1.4.1 ","Código","Banco","Descrição","Tipo",null,"Und","Quant.","Porcent.","Valor Unit","Total"]
["Composição"," COMP-TEC-029 ","Próprio","CHEFE DO SETOR ADMINISTRATIVO COM ENCARGOS SOCIAIS E COMPLEMENTARES E.S. 71,67%","SEDI - SERVIÇOS DIVERSOS",null,"MES",1,null,6979.82,6979.82]
["Insumo",40863,"SINAPI","EXAMES - MENSALISTA (COLETADO CAIXA - ENCARGOS COMPLEMENTARES)","Material",null,"MES",1,null,252.08,252.08]
["Insumo",40864,"SINAPI","SEGURO - MENSALISTA (COLETADO CAIXA - ENCARGOS COMPLEMENTARES)","Material",null,"MES",1,null,7.31,7.31]
["Insumo",43470,"SINAPI","FERRAMENTAS - FAMILIA ALMOXARIFE - MENSALISTA (ENCARGOS COMPLEMENTARES - COLETADO CAIXA)","Material",null,"MES",1,null,10.89,10.89]
["Insumo",43494,"SINAPI","EPI - FAMILIA ALMOXARIFE - MENSALISTA (ENCARGOS COMPLEMENTARES - COLETADO CAIXA)","Material",null,"MES",1,null,148.04,148.04]
["Insumo"," P9883 JAN/24 ","Próprio","CHEFE DO SETOR ADMINISTRATIVO SEM ENCARGOS","Mão de Obra",null,"MÊS",1,null,3812.44,3812.44]
["Insumo"," P9883 JAN/24 ","Próprio","CHEFE DO SETOR ADMINISTRATIVO SEM ENCARGOS","Mão de Obra",null,"MÊS",0.7167,null,3812.44,2732.37]
["Insumo"," P9883 JAN/24 ","Próprio","CHEFE DO SETOR ADMINISTRATIVO SEM ENCARGOS","Mão de Obra",null,"MÊS",4.3800000000000002E-3,null,3812.44,16.690000000000001]
[{"$nulls":4},"MO sem LS =>",6561.5,"LS =>",0,"MO com LS =>",6561.5]
[{"$nulls":4},"Valor do BDI =>",1574.64,null,"Valor com BDI =>",null,8554.4599999999991]
[{"$nulls":6},"Quant. =>",19,"Preço Total =>",162534.74]
[]
[" 1.1.4.2 ","Código","Banco","Descrição","Tipo",null,"Und","Quant.","Porcent.","Valor Unit","Total"]
["Composição"," COMP-TEC-012 ","Próprio","PORTEIRO COM ENCARGOS SOCIAIS E COMPLEMENTARES","SEDI - SERVIÇOS DIVERSOS",null,"MES",1,null,4131.04,4131.04]
["Insumo",40863,"SINAPI","EXAMES - MENSALISTA (COLETADO CAIXA - ENCARGOS COMPLEMENTARES)","Material",null,"MES",1,null,252.08,252.08]
["Insumo",40864,"SINAPI","SEGURO - MENSALISTA (COLETADO CAIXA - ENCARGOS COMPLEMENTARES)","Material",null,"MES",1,null,7.31,7.31]
["Insumo",40861,"SINAPI","TRANSPORTE - MENSALISTA (COLETADO CAIXA - ENCARGOS COMPLEMENTARES)","Material",null,"MES",1,null,150.72,150.72]
["Insumo",40862,"SINAPI","ALIMENTACAO - MENSALISTA (COLETADO CAIXA - ENCARGOS COMPLEMENTARES)","Material",null,"MES",1,null,859.55,859.55]
["Insumo",43479,"SINAPI","FERRAMENTAS - FAMILIA SERVENTE - MENSALISTA (ENCARGOS COMPLEMENTARES - COLETADO CAIXA)","Material",null,"MES",1,null,114.72,114.72]
["Insumo",43503,"SINAPI","EPI - FAMILIA SERVENTE - MENSALISTA (ENCARGOS COMPLEMENTARES - COLETADO CAIXA)","Material",null,"MES",1,null,250.24,250.24]
["Insumo"," P9896 JAN/24 ","Próprio","PORTEIRO SEM ENCARGOS","Mão de Obra",null,"MÊS",1.7166999999999999,null,1454.2,2496.42]
[{"$nulls":4},"MO sem LS =>",2496.42,"LS =>",0,"MO com LS =>",2496.42]
[{"$nulls":4},"Valor do BDI =>",931.96,null,"Valor com BDI =>",null,5063]
[{"$nulls":6},"Quant. =>",38,"Preço Total =>",192394]
[]
[" 1.1.4.3 ","Código","Banco","Descrição","Tipo",null,"Und","Quant.","Porcent.","Valor Unit","Total"]
["Composição"," COMP-TEC-013 ","Próprio","VIGIA COM ENCARGOS COMPLEMENTARES E ADICIONAL DE PERICULOSIDADE","SEDI - SERVIÇOS DIVERSOS",null,"MES",1,null,5010.46,5010.46]
["Composição Auxiliar",101372,"SINAPI","CURSO DE CAPACITAÇÃO PARA VIGIA DIURNO (ENCARGOS COMPLEMENTARES) - MENSALISTA","SEDI - SERVIÇOS DIVERSOS",null,"MES",1,null,11.33,11.33]
["Insumo",40861,"SINAPI","TRANSPORTE - MENSALISTA (COLETADO CAIXA - ENCARGOS COMPLEMENTARES)","Material",null,"MES",1,null,150.72,150.72]
["Insumo",40862,"SINAPI","ALIMENTACAO - MENSALISTA (COLETADO CAIXA - ENCARGOS COMPLEMENTARES)","Material",null,"MES",1,null,859.55,859.55]
["Insumo",40863,"SINAPI","EXAMES - MENSALISTA (COLETADO CAIXA - ENCARGOS COMPLEMENTARES)","Material",null,"MES",1,null,252.08,252.08]
["Insumo",40864,"SINAPI","SEGURO - MENSALISTA (COLETADO CAIXA - ENCARGOS COMPLEMENTARES)","Material",null,"MES",1,null,7.31,7.31]
["Insumo",41096,"SINAPI","VIGIA DIURNO (MENSALISTA)","Mão de Obra",null,"MES",1,null,2588.09,2588.09]
["Insumo",43479,"SINAPI","FERRAMENTAS - FAMILIA SERVENTE - MENSALISTA (ENCARGOS COMPLEMENTARES - COLETADO CAIXA)","Material",null,"MES",1,null,114.72,114.72]
["Insumo",43503,"SINAPI","EPI - FAMILIA SERVENTE - MENSALISTA (ENCARGOS COMPLEMENTARES - COLETADO CAIXA)","Material",null,"MES",1,null,250.24,250.24]
["Insumo",41096,"SINAPI","VIGIA DIURNO (MENSALISTA)","Mão de Obra",null,"MES",0.3,null,2588.09,776.42]
[{"$nulls":4},"MO sem LS =>",3375.84,"LS =>",0,"MO com LS =>",3375.84]
[{"$nulls":4},"Valor do BDI =>",1130.3499999999999,null,"Valor com BDI =>",null,6140.81]
[{"$nulls":6},"Quant. =>",40,"Preço Total =>",245632.4]
[]
[" 1.1.5 ",null,null,"GERÊNCIA ADMINISTRATIVA GERAL - VEÍCULOS",{"$nulls":6},60157.8]
[" 1.1.5.1 ","Código","Banco","Descrição","Tipo",null,"Und","Quant.","Porcent.","Valor Unit","Total"]
["Composição"," E9093 MÊS ","Próprio","VEICULO LEVE - 53 KW  (SEM MOTORISTA)","CHOR - CUSTOS HORÁRIOS DE MÁQUINAS E EQUIPAMENTOS",null,"MÊS",1,null,2583.39,2583.39]
["A","Código","Banco","Equipamentos","Quantidade","Utilização",null,"Custo Operacional",null,"Custo Horário"]
[{"$nulls":5},"Operativa","Improdutiva","Operativa","Improdutiva"]
["Insumo","E9093","SICRO3","Veículo leve - 53 kW (sem motorista)",1,44,176,34.379800000000003,6.0834000000000001,2583.3896]
[{"$nulls":5},"Custo Horário de Equipamentos =>",null,null,null,2583.3896]
[{"$nulls":5},"Custo Horário de Execução =>",null,null,null,2583.3896]
[{"$nulls":5},"Fator de Influencia da Chuva - FIC =>",null,null,null,0]
[{"$nulls":5},"Custo do FIC =>",null,null,null,0]
[{"$nulls":5},"Produção de Equipe =>",null,null,null,1]
[{"$nulls":5},"Custo Unitário de Execução =>",null,null,null,2583.3896]
[{"$nulls":4},"MO sem LS =>",0,"LS =>",0,"MO com LS =>",0]
[{"$nulls":4},"Valor do BDI =>",582.80999999999995,null,"Valor com BDI =>",null,3166.2]
[{"$nulls":6},"Quant. =>",19,"Preço Total =>",60157.8]
[]
[" 1.1.6 ",null,null,"GERÊNCIA ADMINISTRATIVA AUXILIAR - MÃO DE OBRA",{"$nulls":6},276441.26]
[" 1.1.6.1 ","Código","Banco","Descrição","Tipo",null,"Und","Quant.","Porcent.","Valor Unit","Total"]
["Composição"," COMP-TEC-014 ","Próprio","AUXILIAR ADMINISTRATIVO COM ENCARGOS SOCIAIS E COMPLEMENTARES","SEDI - SERVIÇOS DIVERSOS",null,"MES",1,null,4478.32,4478.32]
["Insumo"," 00040863 ","SINAPI","EXAMES - MENSALISTA (COLETADO CAIXA - ENCARGOS COMPLEMENTARES)","Material",null,"MES",1,null,252.08,252.08]
["Insumo"," 00040864 ","SINAPI","SEGURO - MENSALISTA (COLETADO CAIXA - ENCARGOS COMPLEMENTARES)","Material",null,"MES",1,null,7.31,7.31]
["Insumo"," 00043470 ","SINAPI","FERRAMENTAS - FAMILIA ALMOXARIFE - MENSALISTA (ENCARGOS COMPLEMENTARES - COLETADO CAIXA)","Material",null,"MES",1,null,10.89,10.89]
["Insumo"," 00043494 ","SINAPI","EPI - FAMILIA ALMOXARIFE - MENSALISTA (ENCARGOS COMPLEMENTARES - COLETADO CAIXA)","Material",null,"MES",1,null,148.04,148.04]
["Insumo"," P9806 JAN/24 ","Próprio","AUXILIAR ADMINISTRATIVO SEM ENCARGOS","Mão de Obra",null,"MÊS",1,null,2378.34,2378.34]
["Insumo"," P9806 JAN/24 ","Próprio","AUXILIAR ADMINISTRATIVO SEM ENCARGOS","Mão de Obra",null,"MÊS",0.70269999999999999,null,2378.34,1671.25]
["Insumo"," P9806 JAN/24 ","Próprio","AUXILIAR ADMINISTRATIVO SEM ENCARGOS","Mão de Obra",null,"MÊS",4.3800000000000002E-3,null,2378.34,10.41]
[{"$nulls":4},"MO sem LS =>",4060,"LS =>",0,"MO com LS =>",4060]
[{"$nulls":4},"Valor do BDI =>",1010.3,null,"Valor com BDI =>",null,5488.62]
[{"$nulls":6},"Quant. =>",38,"Preço Total =>",208567.56]
[]
[" 1.1.6.2 ","Código","Banco","Descrição","Tipo",null,"Und","Quant.","Porcent.","Valor Unit","Total"]
["Composição"," COMP-TEC-015 ","Próprio","FAXINEIRO COM ENCARGOS SOCIAIS E COMPLEMENTARES","SEDI - SERVIÇOS DIVERSOS",null,"MES",1,null,2914.74,2914.74]
["Insumo"," 00040863 ","SINAPI","EXAMES - MENSALISTA (COLETADO CAIXA - ENCARGOS COMPLEMENTARES)","Material",null,"MES",1,null,252.08,252.08]
["Insumo"," 00040864 ","SINAPI","SEGURO - MENSALISTA (COLETADO CAIXA - ENCARGOS COMPLEMENTARES)","Material",null,"MES",1,null,7.31,7.31]
["Insumo"," 00043470 ","SINAPI","FERRAMENTAS - FAMILIA ALMOXARIFE - MENSALISTA (ENCARGOS COMPLEMENTARES - COLETADO CAIXA)","Material",null,"MES",1,null,10.89,10.89]
["Insumo"," 00043494 ","SINAPI","EPI - FAMILIA ALMOXARIFE - MENSALISTA (ENCARGOS COMPLEMENTARES - COLETADO CAIXA)","Material",null,"MES",1,null,148.04,148.04]
["Insumo"," P9842 JAN/24 ","Próprio","FAXINEIRO SEM ENCARGOS","Mão de Obra",null,"MÊS",1.7166999999999999,null,1454.2,2496.42]
[{"$nulls":4},"MO sem LS =>",2496.42,"LS =>",0,"MO com LS =>",2496.42]
[{"$nulls":4},"Valor do BDI =>",657.56,null,"Valor com BDI =>",null,3572.3]
[{"$nulls":6},"Quant. =>",19,"Preço Total =>",67873.7]
[]
[" 1.2 ",null,null,"PARCELA VINCULADA DA ADMINISTRAÇÃO LOCAL",{"$nulls":6},3482108.98]
[" 1.2.1 ",null,null,"TERRAPLENAGEM - MÃO DE OBRA",{"$nulls":6},164970]
[" 1.2.1.1 ","Código","Banco","Descrição","Tipo",null,"Und","Quant.","Porcent.","Valor Unit","Total"]
["Composição"," COMP-TEC-018 ","Próprio","ENCARREGADO DE TERRAPLENAGEM COM ENCARGOS COMPLEMENTARES","SEDI - SERVIÇOS DIVERSOS",null,"MES",1,null,7477.97,7477.97]
["Insumo"," 00040863 ","SINAPI","EXAMES - MENSALISTA (COLETADO CAIXA - ENCARGOS COMPLEMENTARES)","Material",null,"MES",1,null,252.08,252.08]
["Insumo"," 00040864 ","SINAPI","SEGURO - MENSALISTA (COLETADO CAIXA - ENCARGOS COMPLEMENTARES)","Material",null,"MES",1,null,7.31,7.31]
["Insumo"," 00043475 ","SINAPI","FERRAMENTAS - FAMILIA ENCARREGADO GERAL - MENSALISTA (ENCARGOS COMPLEMENTARES - COLETADO CAIXA)","Material",null,"MES",1,null,18.73,18.73]
["Insumo"," 00043499 ","SINAPI","EPI - FAMILIA ENCARREGADO GERAL - MENSALISTA (ENCARGOS COMPLEMENTARES - COLETADO CAIXA)","Material",null,"MES",1,null,236.16,236.16]
["Insumo"," P9884 JAN/24 ","Próprio","ENCARREGADO DE TERRAPLENAGEM SEM ENCARGOS","Mão de Obra",null,"MÊS",1.7166999999999999,null,4056.44,6963.69]
[{"$nulls":4},"MO sem LS =>",6963.69,"LS =>",0,"MO com LS =>",6963.69]
[{"$nulls":4},"Valor do BDI =>",1687.03,null,"Valor com BDI =>",null,9165]
[{"$nulls":6},"Quant. =>",18,"Preço Total =>",164970]
[]
[" 1.2.2 ",null,null,"TOPOGRAFIA - MÃO DE OBRA",{"$nulls":6},387861.06]
[" 1.2.2.1 ","Código","Banco","Descrição","Tipo",null,"Und","Quant.","Porcent.","Valor Unit","Total"]
["Composição",94296,"SINAPI","TOPOGRAFO COM ENCARGOS COMPLEMENTARES","SEDI - SERVIÇOS DIVERSOS",null,"MES",1,null,6803.05,6803.05]
["Composição Auxiliar",95424,"SINAPI","CURSO DE CAPACITAÇÃO PARA TOPÓGRAFO (ENCARGOS COMPLEMENTARES) - MENSALISTA","SEDI - SERVIÇOS DIVERSOS",null,"MES",1,null,45.48,45.48]
["Insumo",40820,"SINAPI","TOPOGRAFO (MENSALISTA)","Mão de Obra",null,"MES",1,null,6352.47,6352.47]
["Insumo",40863,"SINAPI","EXAMES - MENSALISTA (COLETADO CAIXA - ENCARGOS COMPLEMENTARES)","Material",null,"MES",1,null,252.08,252.08]
["Insumo",40864,"SINAPI","SEGURO - MENSALISTA (COLETADO CAIXA - ENCARGOS COMPLEMENTARES)","Material",null,"MES",1,null,7.31,7.31]
["Insumo",43481,"SINAPI","FERRAMENTAS - FAMILIA TOPOGRAFO - MENSALISTA (ENCARGOS COMPLEMENTARES - COLETADO CAIXA)","Material",null,"MES",1,null,12.77,12.77]
["Insumo",43505,"SINAPI","EPI - FAMILIA TOPOGRAFO - MENSALISTA (ENCARGOS COMPLEMENTARES - COLETADO CAIXA)","Material",null,"MES",1,null,132.94,132.94]
[{"$nulls":4},"MO sem LS =>",6397.95,"LS =>",0,"MO com LS =>",6397.95]
[{"$nulls":4},"Valor do BDI =>",1534.76,null,"Valor com BDI =>",null,8337.81]
[{"$nulls":6},"Quant. =>",19,"Preço Total =>",158418.39000000001]
[]
[" 1.2.2.2 ","Código","Banco","Descrição","Tipo",null,"Und","Quant.","Porcent.","Valor Unit","Total"]
["Composição",101389,"SINAPI","AUXILIAR DE TOPÓGRAFO COM ENCARGOS COMPLEMENTARES","SEDI - SERVIÇOS DIVERSOS",null,"MES",1,null,3284.36,3284.36]
["Composição Auxiliar",101301,"SINAPI","CURSO DE CAPACITAÇÃO PARA AUXILIAR DE TOPÓGRAFO (ENCARGOS COMPLEMENTARES) - MENSALISTA","SEDI - SERVIÇOS DIVERSOS",null,"MES",1,null,20.46,20.46]
["Insumo",40863,"SINAPI","EXAMES - MENSALISTA (COLETADO CAIXA - ENCARGOS COMPLEMENTARES)","Material",null,"MES",1,null,252.08,252.08]
["Insumo",40864,"SINAPI","SEGURO - MENSALISTA (COLETADO CAIXA - ENCARGOS COMPLEMENTARES)","Material",null,"MES",1,null,7.31,7.31]
["Insumo",41093,"SINAPI","AUXILIAR DE TOPOGRAFO (MENSALISTA)","Mão de Obra",null,"MES",1,null,2858.8,2858.8]
["Insumo",43481,"SINAPI","FERRAMENTAS - FAMILIA TOPOGRAFO - MENSALISTA (ENCARGOS COMPLEMENTARES - COLETADO CAIXA)","Material",null,"MES",1,null,12.77,12.77]
["Insumo",43505,"SINAPI","EPI - FAMILIA TOPOGRAFO - MENSALISTA (ENCARGOS COMPLEMENTARES - COLETADO CAIXA)","Material",null,"MES",1,null,132.94,132.94]
[{"$nulls":4},"MO sem LS =>",2879.26,"LS =>",0,"MO com LS =>",2879.26]
[{"$nulls":4},"Valor do BDI =>",740.95,null,"Valor com BDI =>",null,4025.31]
[{"$nulls":6},"Quant. =>",57,"Preço Total =>",229442.67]
[]
[" 1.2.3 ",null,null,"MEDICINA E SEGURANÇA DO TRABALHO",{"$nulls":6},807343.4]
[" 1.2.3.1 ","Código","Banco","Descrição","Tipo",null,"Und","Quant.","Porcent.","Valor Unit","Total"]
["Composição",100321,"SINAPI","TÉCNICO EM SEGURANÇA DO TRABALHO COM ENCARGOS COMPLEMENTARES","SEDI - SERVIÇOS DIVERSOS",null,"MES",1,null,7926.08,7926.08]
["Composição Auxiliar",100315,"SINAPI","CURSO DE CAPACITAÇÃO PARA TÉCNICO EM SEGURANÇA DO TRABALHO (ENCARGOS COMPLEMENTARES) - MENSALISTA","SEDI - SERVIÇOS DIVERSOS",null,"MES",1,null,114.52,114.52]
["Insumo",40863,"SINAPI","EXAMES - MENSALISTA (COLETADO CAIXA - ENCARGOS COMPLEMENTARES)","Material",null,"MES",1,null,252.08,252.08]
["Insumo",40864,"SINAPI","SEGURO - MENSALISTA (COLETADO CAIXA - ENCARGOS COMPLEMENTARES)","Material",null,"MES",1,null,7.31,7.31]
["Insumo",40944,"SINAPI","TECNICO EM SEGURANCA DO TRABALHO (MENSALISTA)","Mão de Obra",null,"MES",1,null,7393.24,7393.24]
["Insumo",43470,"SINAPI","FERRAMENTAS - FAMILIA ALMOXARIFE - MENSALISTA (ENCARGOS COMPLEMENTARES - COLETADO CAIXA)","Material",null,"MES",1,null,10.89,10.89]
["Insumo",43494,"SINAPI","EPI - FAMILIA ALMOXARIFE - MENSALISTA (ENCARGOS COMPLEMENTARES - COLETADO CAIXA)","Material",null,"MES",1,null,148.04,148.04]
[{"$nulls":4},"MO sem LS =>",7507.76,"LS =>",0,"MO com LS =>",7507.76]
[{"$nulls":4},"Valor do BDI =>",1788.12,null,"Valor com BDI =>",null,9714.2000000000007]
[{"$nulls":6},"Quant. =>",40,"Preço Total =>",388568]
[]
[" 1.2.3.2 ","Código","Banco","Descrição","Tipo",null,"Und","Quant.","Porcent.","Valor Unit","Total"]
["Composição"," COMP-TEC-021 ","Próprio","ENGENHEIRO DE SEGURANÇA DO TRABALHO COM ENCARGOS COMPLEMENTARES E SOCIAIS","SEDI - SERVIÇOS DIVERSOS",null,"MES",1,null,21005.74,21005.74]
["Insumo"," 00040863 ","SINAPI","EXAMES - MENSALISTA (COLETADO CAIXA - ENCARGOS COMPLEMENTARES)","Material",null,"MES",1,null,252.08,252.08]
["Insumo"," 00040864 ","SINAPI","SEGURO - MENSALISTA (COLETADO CAIXA - ENCARGOS COMPLEMENTARES)","Material",null,"MES",1,null,7.31,7.31]
["Insumo"," 00043474 ","SINAPI","FERRAMENTAS - FAMILIA ENGENHEIRO CIVIL - MENSALISTA (ENCARGOS COMPLEMENTARES - COLETADO CAIXA)","Material",null,"MES",1,null,2.29,2.29]
["Insumo"," 00043498 ","SINAPI","EPI - FAMILIA ENGENHEIRO CIVIL - MENSALISTA (ENCARGOS COMPLEMENTARES - COLETADO CAIXA)","Material",null,"MES",1,null,140.22999999999999,140.22999999999999]
["Insumo"," P9864 JAN/24 ","Próprio","ENGENHEIRO DE SEGURANÇA DO TRABALHO SEM ENCARGOS","Mão de Obra",null,"MÊS",1.7166999999999999,null,12002,20603.830000000002]
[{"$nulls":4},"MO sem LS =>",20603.830000000002,"LS =>",0,"MO com LS =>",20603.830000000002]
[{"$nulls":4},"Valor do BDI =>",4738.8900000000003,null,"Valor com BDI =>",null,25744.63]
[{"$nulls":6},"Quant. =>",9,"Preço Total =>",231701.67]
[]
[" 1.2.3.3 ","Código","Banco","Descrição","Tipo",null,"Und","Quant.","Porcent.","Valor Unit","Total"]
["Composição"," COMP-TEC-022 ","Próprio","MÉDICO DE SEGURANÇA DO TRABALHO COM ENCARGOS COMPLEMENTARES E SOCIAIS","SEDI - SERVIÇOS DIVERSOS",null,"MES",1,null,16959.84,16959.84]
["Insumo"," 00040863 ","SINAPI","EXAMES - MENSALISTA (COLETADO CAIXA - ENCARGOS COMPLEMENTARES)","Material",null,"MES",1,null,252.08,252.08]
["Insumo"," 00040864 ","SINAPI","SEGURO - MENSALISTA (COLETADO CAIXA - ENCARGOS COMPLEMENTARES)","Material",null,"MES",1,null,7.31,7.31]
["Insumo"," 00043474 ","SINAPI","FERRAMENTAS - FAMILIA ENGENHEIRO CIVIL - MENSALISTA (ENCARGOS COMPLEMENTARES - COLETADO CAIXA)","Material",null,"MES",1,null,2.29,2.29]
["Insumo"," 00043498 ","SINAPI","EPI - FAMILIA ENGENHEIRO CIVIL - MENSALISTA (ENCARGOS COMPLEMENTARES - COLETADO CAIXA)","Material",null,"MES",1,null,140.22999999999999,140.22999999999999]
["Insumo"," P9851 JAN/24 ","Próprio","MÉDICO DO TRABALHO SEM ENCARGOS","Mão de Obra",null,"MÊS",1.7166999999999999,null,9645.2099999999991,16557.93]
[{"$nulls":4},"MO sem LS =>",16557.93,"LS =>",0,"MO com LS =>",16557.93]
[{"$nulls":4},"Valor do BDI =>",3826.13,null,"Valor com BDI =>",null,20785.97]
[{"$nulls":6},"Quant. =>",9,"Preço Total =>",187073.73]
[]
[" 1.2.4 ",null,null,"ESPECIALISTAS / CONSULTORES",{"$nulls":6},1617614.52]
[" 1.2.4.1 ","Código","Banco","Descrição","Tipo",null,"Und","Quant.","Porcent.","Valor Unit","Total"]
["Composição"," COMP-TEC-032 ","Próprio","ENGENHEIRO MECÂNICO DE OBRA PLENO COM ENCARGOS COMPLEMENTARES","SEDI - SERVIÇOS DIVERSOS",null,"MES",1,null,21998.41,21998.41]
["Composição Auxiliar"," 95417 ","SINAPI","CURSO DE CAPACITAÇÃO PARA ENGENHEIRO CIVIL DE OBRA PLENO (ENCARGOS COMPLEMENTARES) - MENSALISTA","SEDI - SERVIÇOS DIVERSOS",null,"MES",1,null,271.04000000000002,271.04000000000002]
["Insumo"," 00040813 ","SINAPI","ENGENHEIRO CIVIL DE OBRA PLENO (MENSALISTA)","Mão de Obra",null,"MES",1,null,21325.46,21325.46]
["Insumo"," 00040863 ","SINAPI","EXAMES - MENSALISTA (COLETADO CAIXA - ENCARGOS COMPLEMENTARES)","Material",null,"MES",1,null,252.08,252.08]
["Insumo"," 00040864 ","SINAPI","SEGURO - MENSALISTA (COLETADO CAIXA - ENCARGOS COMPLEMENTARES)","Material",null,"MES",1,null,7.31,7.31]
["Insumo"," 00043474 ","SINAPI","FERRAMENTAS - FAMILIA ENGENHEIRO CIVIL - MENSALISTA (ENCARGOS COMPLEMENTARES - COLETADO CAIXA)","Material",null,"MES",1,null,2.29,2.29]
["Insumo"," 00043498 ","SINAPI","EPI - FAMILIA ENGENHEIRO CIVIL - MENSALISTA (ENCARGOS COMPLEMENTARES - COLETADO CAIXA)","Material",null,"MES",1,null,140.22999999999999,140.22999999999999]
[{"$nulls":4},"MO sem LS =>",21596.5,"LS =>",0,"MO com LS =>",21596.5]
[{"$nulls":4},"Valor do BDI =>",4962.84,null,"Valor com BDI =>",null,26961.25]
[{"$nulls":6},"Quant. =>",3,"Preço Total =>",80883.75]
[]
[" 1.2.4.2 ","Código","Banco","Descrição","Tipo",null,"Und","Quant.","Porcent.","Valor Unit","Total"]
["Composição"," COMP-TEC-033 ","Próprio","ENGENHEIRO ELETRICISTA DE OBRA PLENO COM ENCARGOS COMPLEMENTARES","SEDI - SERVIÇOS DIVERSOS",null,"MES",1,null,21998.41,21998.41]
["Composição Auxiliar"," 95417 ","SINAPI","CURSO DE CAPACITAÇÃO PARA ENGENHEIRO CIVIL DE OBRA PLENO (ENCARGOS COMPLEMENTARES) - MENSALISTA","SEDI - SERVIÇOS DIVERSOS",null,"MES",1,null,271.04000000000002,271.04000000000002]
["Insumo"," 00040813 ","SINAPI","ENGENHEIRO CIVIL DE OBRA PLENO (MENSALISTA)","Mão de Obra",null,"MES",1,null,21325.46,21325.46]
["Insumo"," 00040863 ","SINAPI","EXAMES - MENSALISTA (COLETADO CAIXA - ENCARGOS COMPLEMENTARES)","Material",null,"MES",1,null,252.08,252.08]
["Insumo"," 00040864 ","SINAPI","SEGURO - MENSALISTA (COLETADO CAIXA - ENCARGOS COMPLEMENTARES)","Material",null,"MES",1,null,7.31,7.31]
["Insumo"," 00043474 ","SINAPI","FERRAMENTAS - FAMILIA ENGENHEIRO CIVIL - MENSALISTA (ENCARGOS COMPLEMENTARES - COLETADO CAIXA)","Material",null,"MES",1,null,2.29,2.29]
["Insumo"," 00043498 ","SINAPI","EPI - FAMILIA ENGENHEIRO CIVIL - MENSALISTA (ENCARGOS COMPLEMENTARES - COLETADO CAIXA)","Material",null,"MES",1,null,140.22999999999999,140.22999999999999]
[{"$nulls":4},"MO sem LS =>",21596.5,"LS =>",0,"MO com LS =>",21596.5]
[{"$nulls":4},"Valor do BDI =>",4962.84,null,"Valor com BDI =>",null,26961.25]
[{"$nulls":6},"Quant. =>",3,"Preço Total =>",80883.75]
[]
[" 1.2.4.3 ","Código","Banco","Descrição","Tipo",null,"Und","Quant.","Porcent.","Valor Unit","Total"]
["Composição"," COMP-TEC-017 ","Próprio","GEOTECNICO COM ENCARGOS SOCIAIS E COMPLEMENTARES E.S. 71,67%","CANT - CANTEIRO DE OBRAS",null,"MÊS",1,null,12092.81,12092.81]
["Insumo"," 00040863 ","SINAPI","EXAMES - MENSALISTA (COLETADO CAIXA - ENCARGOS COMPLEMENTARES)","Material",null,"MES",1,null,252.08,252.08]
["Insumo"," 00040864 ","SINAPI","SEGURO - MENSALISTA (COLETADO CAIXA - ENCARGOS COMPLEMENTARES)","Material",null,"MES",1,null,7.31,7.31]
["Insumo"," 00043474 ","SINAPI","FERRAMENTAS - FAMILIA ENGENHEIRO CIVIL - MENSALISTA (ENCARGOS COMPLEMENTARES - COLETADO CAIXA)","Material",null,"MES",1,null,2.29,2.29]
["Insumo"," 00043498 ","SINAPI","EPI - FAMILIA ENGENHEIRO CIVIL - MENSALISTA (ENCARGOS COMPLEMENTARES - COLETADO CAIXA)","Material",null,"MES",1,null,140.22999999999999,140.22999999999999]
["Insumo"," B540000061  JAN/24 ","Próprio","ENGENHEIRO GEOTECNICO ","Mão de Obra",null,"MÊS",1.7027000000000001,null,6866.1,11690.9]
[{"$nulls":4},"MO sem LS =>",11690.9,"LS =>",0,"MO com LS =>",11690.9]
[{"$nulls":4},"Valor do BDI =>",2728.13,null,"Valor com BDI =>",null,14820.94]
[{"$nulls":6},"Quant. =>",18,"Preço Total =>",266776.92]
[]
[" 1.2.4.4 ","Código","Banco","Descrição","Tipo",null,"Und","Quant.","Porcent.","Valor Unit","Total"]
["Composição"," COMP-TEC-016 ","Próprio","GEÓLOGO COM ENCARGOS SOCIAIS E COMPLEMENTARES","CANT - CANTEIRO DE OBRAS",null,"MÊS",1,null,20852.37,20852.37]
["Insumo"," 00040863 ","SINAPI","EXAMES - MENSALISTA (COLETADO CAIXA - ENCARGOS COMPLEMENTARES)","Material",null,"MES",1,null,252.08,252.08]
["Insumo"," 00040864 ","SINAPI","SEGURO - MENSALISTA (COLETADO CAIXA - ENCARGOS COMPLEMENTARES)","Material",null,"MES",1,null,7.31,7.31]
["Insumo"," 00043474 ","SINAPI","FERRAMENTAS - FAMILIA ENGENHEIRO CIVIL - MENSALISTA (ENCARGOS COMPLEMENTARES - COLETADO CAIXA)","Material",null,"MES",1,null,2.29,2.29]
["Insumo"," 00043498 ","SINAPI","EPI - FAMILIA ENGENHEIRO CIVIL - MENSALISTA (ENCARGOS COMPLEMENTARES - COLETADO CAIXA)","Material",null,"MES",1,null,140.22999999999999,140.22999999999999]
["Insumo"," P8081 JAN/24 ","Próprio","GEÓLOGO PLENO SEM ENCARGOS","Mão de Obra",null,"MÊS",1.7166999999999999,null,11912.66,20450.46]
[{"$nulls":4},"MO sem LS =>",20450.46,"LS =>",0,"MO com LS =>",20450.46]
[{"$nulls":4},"Valor do BDI =>",4704.29,null,"Valor com BDI =>",null,25556.66]
[{"$nulls":6},"Quant. =>",18,"Preço Total =>",460019.88]
[]
[" 1.2.4.5 ","Código","Banco","Descrição","Tipo",null,"Und","Quant.","Porcent.","Valor Unit","Total"]
["Composição"," COMP-CANT-01 ","Próprio","ENGENHEIRO DE MINAS COM ENCARGOS SOCIAIS E COMPLEMENTARES E.S. 71,22%","CANT - CANTEIRO DE OBRAS",null,"MÊS",1,null,22097.82,22097.82]
["Insumo"," MO-TEC-012 ","Próprio","ENGENHEIRO DE MINAS","Mão de Obra",null,"MÊS",1,null,12545.27,12545.27]
["Insumo"," 00040863 ","SINAPI","EXAMES - MENSALISTA (COLETADO CAIXA - ENCARGOS COMPLEMENTARES)","Material",null,"MES",1,null,252.08,252.08]
["Insumo"," 00040864 ","SINAPI","SEGURO - MENSALISTA (COLETADO CAIXA - ENCARGOS COMPLEMENTARES)","Material",null,"MES",1,null,7.31,7.31]
["Insumo"," 00043474 ","SINAPI","FERRAMENTAS - FAMILIA ENGENHEIRO CIVIL - MENSALISTA (ENCARGOS COMPLEMENTARES - COLETADO CAIXA)","Material",null,"MES",1,null,2.29,2.29]
["Insumo"," 00043498 ","SINAPI","EPI - FAMILIA ENGENHEIRO CIVIL - MENSALISTA (ENCARGOS COMPLEMENTARES - COLETADO CAIXA)","Material",null,"MES",1,null,140.22999999999999,140.22999999999999]
["Insumo"," MO-TEC-012 ","Próprio","ENGENHEIRO DE MINAS","Mão de Obra",null,"MÊS",1.2710000000000001E-2,null,12545.27,159.44999999999999]
["Insumo"," MO-TEC-012 ","Próprio","ENGENHEIRO DE MINAS","Mão de Obra",null,"MÊS",0.7167,null,12545.27,8991.19]
[{"$nulls":4},"MO sem LS =>",21695.91,"LS =>",0,"MO com LS =>",21695.91]
[{"$nulls":4},"Valor do BDI =>",4985.26,null,"Valor com BDI =>",null,27083.08]
[{"$nulls":6},"Quant. =>",9,"Preço Total =>",243747.72]
[]
[" 1.2.4.6 ","Código","Banco","Descrição","Tipo",null,"Und","Quant.","Porcent.","Valor Unit","Total"]
["Composição",93567,"SINAPI","ENGENHEIRO CIVIL DE OBRA PLENO COM ENCARGOS COMPLEMENTARES","SEDI - SERVIÇOS DIVERSOS",null,"MES",1,null,21998.41,21998.41]
["Composição Auxiliar",95417,"SINAPI","CURSO DE CAPACITAÇÃO PARA ENGENHEIRO CIVIL DE OBRA PLENO (ENCARGOS COMPLEMENTARES) - MENSALISTA","SEDI - SERVIÇOS DIVERSOS",null,"MES",1,null,271.04000000000002,271.04000000000002]
["Insumo",40813,"SINAPI","ENGENHEIRO CIVIL DE OBRA PLENO (MENSALISTA)","Mão de Obra",null,"MES",1,null,21325.46,21325.46]
["Insumo",40863,"SINAPI","EXAMES - MENSALISTA (COLETADO CAIXA - ENCARGOS COMPLEMENTARES)","Material",null,"MES",1,null,252.08,252.08]
["Insumo",40864,"SINAPI","SEGURO - MENSALISTA (COLETADO CAIXA - ENCARGOS COMPLEMENTARES)","Material",null,"MES",1,null,7.31,7.31]
["Insumo",43474,"SINAPI","FERRAMENTAS - FAMILIA ENGENHEIRO CIVIL - MENSALISTA (ENCARGOS COMPLEMENTARES - COLETADO CAIXA)","Material",null,"MES",1,null,2.29,2.29]
["Insumo",43498,"SINAPI","EPI - FAMILIA ENGENHEIRO CIVIL - MENSALISTA (ENCARGOS COMPLEMENTARES - COLETADO CAIXA)","Material",null,"MES",1,null,140.22999999999999,140.22999999999999]
[{"$nulls":4},"MO sem LS =>",21596.5,"LS =>",0,"MO com LS =>",21596.5]
[{"$nulls":4},"Valor do BDI =>",4962.84,null,"Valor com BDI =>",null,26961.25]
[{"$nulls":6},"Quant. =>",18,"Preço Total =>",485302.5]
[]
[" 1.2.5 ",null,null,"ALMOXARIFADO",{"$nulls":6},219362]
[" 1.2.5.1 ","Código","Banco","Descrição","Tipo",null,"Und","Quant.","Porcent.","Valor Unit","Total"]
["Composição",93563,"SINAPI","ALMOXARIFE COM ENCARGOS COMPLEMENTARES","SEDI - SERVIÇOS DIVERSOS",null,"MES",1,null,5501.31,5501.31]
["Composição Auxiliar",95413,"SINAPI","CURSO DE CAPACITAÇÃO PARA ALMOXARIFE (ENCARGOS COMPLEMENTARES) - MENSALISTA","SEDI - SERVIÇOS DIVERSOS",null,"MES",1,null,22.16,22.16]
["Insumo",40809,"SINAPI","ALMOXARIFE (MENSALISTA)","Mão de Obra",null,"MES",1,null,5060.83,5060.83]
["Insumo",40863,"SINAPI","EXAMES - MENSALISTA (COLETADO CAIXA - ENCARGOS COMPLEMENTARES)","Material",null,"MES",1,null,252.08,252.08]
["Insumo",40864,"SINAPI","SEGURO - MENSALISTA (COLETADO CAIXA - ENCARGOS COMPLEMENTARES)","Material",null,"MES",1,null,7.31,7.31]
["Insumo",43470,"SINAPI","FERRAMENTAS - FAMILIA ALMOXARIFE - MENSALISTA (ENCARGOS COMPLEMENTARES - COLETADO CAIXA)","Material",null,"MES",1,null,10.89,10.89]
["Insumo",43494,"SINAPI","EPI - FAMILIA ALMOXARIFE - MENSALISTA (ENCARGOS COMPLEMENTARES - COLETADO CAIXA)","Material",null,"MES",1,null,148.04,148.04]
[{"$nulls":4},"MO sem LS =>",5082.99,"LS =>",0,"MO com LS =>",5082.99]
[{"$nulls":4},"Valor do BDI =>",1241.0899999999999,null,"Valor com BDI =>",null,6742.4]
[{"$nulls":6},"Quant. =>",20,"Preço Total =>",134848]
[]
[" 1.2.5.2 ","Código","Banco","Descrição","Tipo",null,"Und","Quant.","Porcent.","Valor Unit","Total"]
["Composição",100316,"SINAPI","AUXILIAR DE ALMOXARIFE COM ENCARGOS COMPLEMENTARES","SEDI - SERVIÇOS DIVERSOS",null,"MES",1,null,3447.87,3447.87]
["Composição Auxiliar",100310,"SINAPI","CURSO DE CAPACITAÇÃO PARA AUXILIAR DE ALMOXARIFE (ENCARGOS COMPLEMENTARES) - MENSALISTA","SEDI - SERVIÇOS DIVERSOS",null,"MES",1,null,13.21,13.21]
["Insumo",40863,"SINAPI","EXAMES - MENSALISTA (COLETADO CAIXA - ENCARGOS COMPLEMENTARES)","Material",null,"MES",1,null,252.08,252.08]
["Insumo",40864,"SINAPI","SEGURO - MENSALISTA (COLETADO CAIXA - ENCARGOS COMPLEMENTARES)","Material",null,"MES",1,null,7.31,7.31]
["Insumo",43470,"SINAPI","FERRAMENTAS - FAMILIA ALMOXARIFE - MENSALISTA (ENCARGOS COMPLEMENTARES - COLETADO CAIXA)","Material",null,"MES",1,null,10.89,10.89]
["Insumo",43494,"SINAPI","EPI - FAMILIA ALMOXARIFE - MENSALISTA (ENCARGOS COMPLEMENTARES - COLETADO CAIXA)","Material",null,"MES",1,null,148.04,148.04]
["Insumo",40908,"SINAPI","AUXILIAR DE ALMOXARIFE (MENSALISTA)","Mão de Obra",null,"MES",1,null,3016.34,3016.34]
[{"$nulls":4},"MO sem LS =>",3029.55,"LS =>",0,"MO com LS =>",3029.55]
[{"$nulls":4},"Valor do BDI =>",777.83,null,"Valor com BDI =>",null,4225.7]
[{"$nulls":6},"Quant. =>",20,"Preço Total =>",84514]
[]
[" 1.2.6 ",null,null,"VEÍCULOS",{"$nulls":6},284958]
[" 1.2.6.1 ","Código","Banco","Descrição","Tipo",null,"Und","Quant.","Porcent.","Valor Unit","Total"]
["Composição"," E9093 MÊS ","Próprio","VEICULO LEVE - 53 KW  (SEM MOTORISTA)","CHOR - CUSTOS HORÁRIOS DE MÁQUINAS E EQUIPAMENTOS",null,"MÊS",1,null,2583.39,2583.39]
["A","Código","Banco","Equipamentos","Quantidade","Utilização",null,"Custo Operacional",null,"Custo Horário"]
[{"$nulls":5},"Operativa","Improdutiva","Operativa","Improdutiva"]
["Insumo","E9093","SICRO3","Veículo leve - 53 kW (sem motorista)",1,44,176,34.379800000000003,6.0834000000000001,2583.3896]
[{"$nulls":5},"Custo Horário de Equipamentos =>",null,null,null,2583.3896]
[{"$nulls":5},"Custo Horário de Execução =>",null,null,null,2583.3896]
[{"$nulls":5},"Fator de Influencia da Chuva - FIC =>",null,null,null,0]
[{"$nulls":5},"Custo do FIC =>",null,null,null,0]
[{"$nulls":5},"Produção de Equipe =>",null,null,null,1]
[{"$nulls":5},"Custo Unitário de Execução =>",null,null,null,2583.3896]
[{"$nulls":4},"MO sem LS =>",0,"LS =>",0,"MO com LS =>",0]
[{"$nulls":4},"Valor do BDI =>",582.80999999999995,null,"Valor com BDI =>",null,3166.2]
[{"$nulls":6},"Quant. =>",90,"Preço Total =>",284958]
[]
[" 1.3 ",null,null,"PARCELA VARIÁVEL DA ADMINISTRAÇÃO LOCAL",{"$nulls":6},1483869.15]
[" 1.3.1 ",null,null,"ACOMPANHAMENTOS DAS FRENTES DE SERVIÇO",{"$nulls":6},693485.82]
[" 1.3.1.1 ","Código","Banco","Descrição","Tipo",null,"Und","Quant.","Porcent.","Valor Unit","Total"]
["Composição"," 93567 ","SINAPI","ENGENHEIRO CIVIL DE OBRA PLENO COM ENCARGOS COMPLEMENTARES","SEDI - SERVIÇOS DIVERSOS",null,"MES",1,null,21998.41,21998.41]
["Composição Auxiliar"," 95417 ","SINAPI","CURSO DE CAPACITAÇÃO PARA ENGENHEIRO CIVIL DE OBRA PLENO (ENCARGOS COMPLEMENTARES) - MENSALISTA","SEDI - SERVIÇOS DIVERSOS",null,"MES",1,null,271.04000000000002,271.04000000000002]
["Insumo"," 00040813 ","SINAPI","ENGENHEIRO CIVIL DE OBRA PLENO (MENSALISTA)","Mão de Obra",null,"MES",1,null,21325.46,21325.46]
["Insumo"," 00040863 ","SINAPI","EXAMES - MENSALISTA (COLETADO CAIXA - ENCARGOS COMPLEMENTARES)","Material",null,"MES",1,null,252.08,252.08]
["Insumo"," 00040864 ","SINAPI","SEGURO - MENSALISTA (COLETADO CAIXA - ENCARGOS COMPLEMENTARES)","Material",null,"MES",1,null,7.31,7.31]
["Insumo"," 00043474 ","SINAPI","FERRAMENTAS - FAMILIA ENGENHEIRO CIVIL - MENSALISTA (ENCARGOS COMPLEMENTARES - COLETADO CAIXA)","Material",null,"MES",1,null,2.29,2.29]
["Insumo"," 00043498 ","SINAPI","EPI - FAMILIA ENGENHEIRO CIVIL - MENSALISTA (ENCARGOS COMPLEMENTARES - COLETADO CAIXA)","Material",null,"MES",1,null,140.22999999999999,140.22999999999999]
[{"$nulls":4},"MO sem LS =>",21596.5,"LS =>",0,"MO com LS =>",21596.5]
[{"$nulls":4},"Valor do BDI =>",4962.84,null,"Valor com BDI =>",null,26961.25]
[{"$nulls":6},"Quant. =>",18,"Preço Total =>",485302.5]
[]
[" 1.3.1.2 ","Código","Banco","Descrição","Tipo",null,"Und","Quant.","Porcent.","Valor Unit","Total"]
["Composição"," COMP-TEC-040 ","Próprio","ENCARREGADO DE TURMA COM ENCARGOS COMPLEMENTARES","SEDI - SERVIÇOS DIVERSOS",null,"MES",1,null,4718.3999999999996,4718.3999999999996]
["Insumo"," 00040863 ","SINAPI","EXAMES - MENSALISTA (COLETADO CAIXA - ENCARGOS COMPLEMENTARES)","Material",null,"MES",1,null,252.08,252.08]
["Insumo"," 00040864 ","SINAPI","SEGURO - MENSALISTA (COLETADO CAIXA - ENCARGOS COMPLEMENTARES)","Material",null,"MES",1,null,7.31,7.31]
["Insumo"," 00043475 ","SINAPI","FERRAMENTAS - FAMILIA ENCARREGADO GERAL - MENSALISTA (ENCARGOS COMPLEMENTARES - COLETADO CAIXA)","Material",null,"MES",1,null,18.73,18.73]
["Insumo"," 00043499 ","SINAPI","EPI - FAMILIA ENCARREGADO GERAL - MENSALISTA (ENCARGOS COMPLEMENTARES - COLETADO CAIXA)","Material",null,"MES",1,null,236.16,236.16]
["Insumo"," P9875 JAN/24 ","Próprio","ENCARREGADO DE TURMA SEM ENCARGOS","Mão de Obra",null,"MÊS",1.7166999999999999,null,2448.96,4204.12]
[{"$nulls":4},"MO sem LS =>",4204.12,"LS =>",0,"MO com LS =>",4204.12]
[{"$nulls":4},"Valor do BDI =>",1064.47,null,"Valor com BDI =>",null,5782.87]
[{"$nulls":6},"Quant. =>",36,"Preço Total =>",208183.32]
[]
[" 1.3.2 ",null,null,"CONTROLE TECNOLÓGICO / SOLOS - MÃO DE OBRA",{"$nulls":6},296675.64]
[" 1.3.2.1 ","Código","Banco","Descrição","Tipo",null,"Und","Quant.","Porcent.","Valor Unit","Total"]
["Composição",101456,"SINAPI","TÉCNICO DE LABORATÓRIO E CAMPO DE CONSTRUÇÃO COM ENCARGOS COMPLEMENTARES","SEDI - SERVIÇOS DIVERSOS",null,"MES",1,null,7864.49,7864.49]
["Composição Auxiliar",101368,"SINAPI","CURSO DE CAPACITAÇÃO PARA TECNICO EM LABORATORIO E CAMPO DE CONSTRUCAO CIVIL (ENCARGOS COMPLEMENTARES) - MENSALISTA","SEDI - SERVIÇOS DIVERSOS",null,"MES",1,null,52.93,52.93]
["Insumo",40863,"SINAPI","EXAMES - MENSALISTA (COLETADO CAIXA - ENCARGOS COMPLEMENTARES)","Material",null,"MES",1,null,252.08,252.08]
["Insumo",40864,"SINAPI","SEGURO - MENSALISTA (COLETADO CAIXA - ENCARGOS COMPLEMENTARES)","Material",null,"MES",1,null,7.31,7.31]
["Insumo",41089,"SINAPI","TECNICO EM LABORATORIO E CAMPO DE CONSTRUCAO CIVIL (MENSALISTA)","Mão de Obra",null,"MES",1,null,7393.24,7393.24]
["Insumo",43470,"SINAPI","FERRAMENTAS - FAMILIA ALMOXARIFE - MENSALISTA (ENCARGOS COMPLEMENTARES - COLETADO CAIXA)","Material",null,"MES",1,null,10.89,10.89]
["Insumo",43494,"SINAPI","EPI - FAMILIA ALMOXARIFE - MENSALISTA (ENCARGOS COMPLEMENTARES - COLETADO CAIXA)","Material",null,"MES",1,null,148.04,148.04]
[{"$nulls":4},"MO sem LS =>",7446.17,"LS =>",0,"MO com LS =>",7446.17]
[{"$nulls":4},"Valor do BDI =>",1774.22,null,"Valor com BDI =>",null,9638.7099999999991]
[{"$nulls":6},"Quant. =>",18,"Preço Total =>",173496.78]
[]
[" 1.3.2.2 ","Código","Banco","Descrição","Tipo",null,"Und","Quant.","Porcent.","Valor Unit","Total"]
["Composição",101385,"SINAPI","AUXILIAR DE LABORATORISTA DE SOLOS E DE CONCRETO COM ENCARGOS COMPLEMENTARES","SEDI - SERVIÇOS DIVERSOS",null,"MES",1,null,5583.61,5583.61]
["Composição Auxiliar",101297,"SINAPI","CURSO DE CAPACITAÇÃO PARA AUXILIAR DE LABORATORISTA (ENCARGOS COMPLEMENTARES) - MENSALISTA","SEDI - SERVIÇOS DIVERSOS",null,"MES",1,null,36.72,36.72]
["Insumo",40863,"SINAPI","EXAMES - MENSALISTA (COLETADO CAIXA - ENCARGOS COMPLEMENTARES)","Material",null,"MES",1,null,252.08,252.08]
["Insumo",40864,"SINAPI","SEGURO - MENSALISTA (COLETADO CAIXA - ENCARGOS COMPLEMENTARES)","Material",null,"MES",1,null,7.31,7.31]
["Insumo",41090,"SINAPI","AUXILIAR DE LABORATORISTA DE SOLOS E DE CONCRETO (MENSALISTA)","Mão de Obra",null,"MES",1,null,5128.57,5128.57]
["Insumo",43470,"SINAPI","FERRAMENTAS - FAMILIA ALMOXARIFE - MENSALISTA (ENCARGOS COMPLEMENTARES - COLETADO CAIXA)","Material",null,"MES",1,null,10.89,10.89]
["Insumo",43494,"SINAPI","EPI - FAMILIA ALMOXARIFE - MENSALISTA (ENCARGOS COMPLEMENTARES - COLETADO CAIXA)","Material",null,"MES",1,null,148.04,148.04]
[{"$nulls":4},"MO sem LS =>",5165.29,"LS =>",0,"MO com LS =>",5165.29]
[{"$nulls":4},"Valor do BDI =>",1259.6600000000001,null,"Valor com BDI =>",null,6843.27]
[{"$nulls":6},"Quant. =>",18,"Preço Total =>",123178.86]
[]
[" 1.3.3 ",null,null,"CONTROLE TECNOLÓGICO / CONCRETO - MÃO DE OBRA",{"$nulls":6},296675.64]
[" 1.3.3.1 ","Código","Banco","Descrição","Tipo",null,"Und","Quant.","Porcent.","Valor Unit","Total"]
["Composição"," 101456 ","SINAPI","TÉCNICO DE LABORATÓRIO E CAMPO DE CONSTRUÇÃO COM ENCARGOS COMPLEMENTARES","SEDI - SERVIÇOS DIVERSOS",null,"MES",1,null,7864.49,7864.49]
["Composição Auxiliar"," 101368 ","SINAPI","CURSO DE CAPACITAÇÃO PARA TECNICO EM LABORATORIO E CAMPO DE CONSTRUCAO CIVIL (ENCARGOS COMPLEMENTARES) - MENSALISTA","SEDI - SERVIÇOS DIVERSOS",null,"MES",1,null,52.93,52.93]
["Insumo"," 00040863 ","SINAPI","EXAMES - MENSALISTA (COLETADO CAIXA - ENCARGOS COMPLEMENTARES)","Material",null,"MES",1,null,252.08,252.08]
["Insumo"," 00040864 ","SINAPI","SEGURO - MENSALISTA (COLETADO CAIXA - ENCARGOS COMPLEMENTARES)","Material",null,"MES",1,null,7.31,7.31]
["Insumo"," 00041089 ","SINAPI","TECNICO EM LABORATORIO E CAMPO DE CONSTRUCAO CIVIL (MENSALISTA)","Mão de Obra",null,"MES",1,null,7393.24,7393.24]
["Insumo"," 00043470 ","SINAPI","FERRAMENTAS - FAMILIA ALMOXARIFE - MENSALISTA (ENCARGOS COMPLEMENTARES - COLETADO CAIXA)","Material",null,"MES",1,null,10.89,10.89]
["Insumo"," 00043494 ","SINAPI","EPI - FAMILIA ALMOXARIFE - MENSALISTA (ENCARGOS COMPLEMENTARES - COLETADO CAIXA)","Material",null,"MES",1,null,148.04,148.04]
[{"$nulls":4},"MO sem LS =>",7446.17,"LS =>",0,"MO com LS =>",7446.17]
[{"$nulls":4},"Valor do BDI =>",1774.22,null,"Valor com BDI =>",null,9638.7099999999991]
[{"$nulls":6},"Quant. =>",18,"Preço Total =>",173496.78]
[]
[" 1.3.3.2 ","Código","Banco","Descrição","Tipo",null,"Und","Quant.","Porcent.","Valor Unit","Total"]
["Composição"," 101385 ","SINAPI","AUXILIAR DE LABORATORISTA DE SOLOS E DE CONCRETO COM ENCARGOS COMPLEMENTARES","SEDI - SERVIÇOS DIVERSOS",null,"MES",1,null,5583.61,5583.61]
["Composição Auxiliar"," 101297 ","SINAPI","CURSO DE CAPACITAÇÃO PARA AUXILIAR DE LABORATORISTA (ENCARGOS COMPLEMENTARES) - MENSALISTA","SEDI - SERVIÇOS DIVERSOS",null,"MES",1,null,36.72,36.72]
["Insumo"," 00040863 ","SINAPI","EXAMES - MENSALISTA (COLETADO CAIXA - ENCARGOS COMPLEMENTARES)","Material",null,"MES",1,null,252.08,252.08]
["Insumo"," 00040864 ","SINAPI","SEGURO - MENSALISTA (COLETADO CAIXA - ENCARGOS COMPLEMENTARES)","Material",null,"MES",1,null,7.31,7.31]
["Insumo"," 00041090 ","SINAPI","AUXILIAR DE LABORATORISTA DE SOLOS E DE CONCRETO (MENSALISTA)","Mão de Obra",null,"MES",1,null,5128.57,5128.57]
["Insumo"," 00043470 ","SINAPI","FERRAMENTAS - FAMILIA ALMOXARIFE - MENSALISTA (ENCARGOS COMPLEMENTARES - COLETADO CAIXA)","Material",null,"MES",1,null,10.89,10.89]
["Insumo"," 00043494 ","SINAPI","EPI - FAMILIA ALMOXARIFE - MENSALISTA (ENCARGOS COMPLEMENTARES - COLETADO CAIXA)","Material",null,"MES",1,null,148.04,148.04]
[{"$nulls":4},"MO sem LS =>",5165.29,"LS =>",0,"MO com LS =>",5165.29]
[{"$nulls":4},"Valor do BDI =>",1259.6600000000001,null,"Valor com BDI =>",null,6843.27]
[{"$nulls":6},"Quant. =>",18,"Preço Total =>",123178.86]
[]
[" 1.3.4 ",null,null,"MANEJO FLORESTAL - MÃO DE OBRA",{"$nulls":6},52867.27]
[" 1.3.4.1 ","Código","Banco","Descrição","Tipo",null,"Und","Quant.","Porcent.","Valor Unit","Total"]
["Composição"," COMP-TEC-019 ","Próprio","TÉCNICO FLORESTAL COM ENCARGOS COMPLEMENTARES","SEOP - SERVIÇOS OPERACIONAIS",null,"MÊS",1,null,6476.86,6476.86]
["Insumo"," 00040863 ","SINAPI","EXAMES - MENSALISTA (COLETADO CAIXA - ENCARGOS COMPLEMENTARES)","Material",null,"MES",1,null,252.08,252.08]
["Insumo"," 00040864 ","SINAPI","SEGURO - MENSALISTA (COLETADO CAIXA - ENCARGOS COMPLEMENTARES)","Material",null,"MES",1,null,7.31,7.31]
["Insumo"," 00043470 ","SINAPI","FERRAMENTAS - FAMILIA ALMOXARIFE - MENSALISTA (ENCARGOS COMPLEMENTARES - COLETADO CAIXA)","Material",null,"MES",1,null,10.89,10.89]
["Insumo"," 00043494 ","SINAPI","EPI - FAMILIA ALMOXARIFE - MENSALISTA (ENCARGOS COMPLEMENTARES - COLETADO CAIXA)","Material",null,"MES",1,null,148.04,148.04]
["Insumo"," P9947 JAN/24 ","Próprio","TÉCNICO FLORESTAL SEM ENCARGOS","Mão de Obra",null,"MÊS",1.7166999999999999,null,3529.18,6058.54]
[{"$nulls":4},"MO sem LS =>",6058.54,"LS =>",0,"MO com LS =>",6058.54]
[{"$nulls":4},"Valor do BDI =>",1461.17,null,"Valor com BDI =>",null,7938.03]
[{"$nulls":6},"Quant. =>",6.66,"Preço Total =>",52867.27]
[]
[" 1.3.5 ",null,null,"VEÍCULOS",{"$nulls":6},144164.78]
[" 1.3.5.1 ","Código","Banco","Descrição","Tipo",null,"Und","Quant.","Porcent.","Valor Unit","Total"]
["Composição"," 13617 - MÊS ","Próprio","CAMINHONETE CABINE SIMPLES COM MOTOR 1.6 FLEX, CÂMBIO MANUAL, POTÊNCIA 101/104 CV, 2 PORTAS (SEM MOTORISTA)","CHOR - CUSTOS HORÁRIOS DE MÁQUINAS E EQUIPAMENTOS",null,"MÊS",1,null,3607.56,3607.56]
["Composição Auxiliar"," 92145 ","SINAPI","CAMINHONETE CABINE SIMPLES COM MOTOR 1.6 FLEX, CÂMBIO MANUAL, POTÊNCIA 101/104 CV, 2 PORTAS - CHP DIURNO. AF_11/2015","CHOR - CUSTOS HORÁRIOS DE MÁQUINAS E EQUIPAMENTOS",null,"CHP",44,null,84.12,3701.28]
["Composição Auxiliar"," 92146 ","SINAPI","CAMINHONETE CABINE SIMPLES COM MOTOR 1.6 FLEX, CÂMBIO MANUAL, POTÊNCIA 101/104 CV, 2 PORTAS - CHI DIURNO. AF_11/2015","CHOR - CUSTOS HORÁRIOS DE MÁQUINAS E EQUIPAMENTOS",null,"CHI",176,null,37.08,6526.08]
["Composição Auxiliar"," 88284 ","SINAPI","MOTORISTA DE VEÍCULO LEVE COM ENCARGOS COMPLEMENTARES","SEDI - SERVIÇOS DIVERSOS",null,"H",-220,null,30.09,-6619.8]
[{"$nulls":4},"MO sem LS =>",0,"LS =>",0,"MO com LS =>",0]
[{"$nulls":4},"Valor do BDI =>",813.86,null,"Valor com BDI =>",null,4421.42]
[{"$nulls":6},"Quant. =>",19,"Preço Total =>",84006.98]
[]
[" 1.3.5.2 ","Código","Banco","Descrição","Tipo",null,"Und","Quant.","Porcent.","Valor Unit","Total"]
["Composição"," E9093 MÊS ","Próprio","VEICULO LEVE - 53 KW  (SEM MOTORISTA)","CHOR - CUSTOS HORÁRIOS DE MÁQUINAS E EQUIPAMENTOS",null,"MÊS",1,null,2583.39,2583.39]
["A","Código","Banco","Equipamentos","Quantidade","Utilização",null,"Custo Operacional",null,"Custo Horário"]
[{"$nulls":5},"Operativa","Improdutiva","Operativa","Improdutiva"]
["Insumo","E9093","SICRO3","Veículo leve - 53 kW (sem motorista)",1,44,176,34.379800000000003,6.0834000000000001,2583.3896]
[{"$nulls":5},"Custo Horário de Equipamentos =>",null,null,null,2583.3896]
[{"$nulls":5},"Custo Horário de Execução =>",null,null,null,2583.3896]
[{"$nulls":5},"Fator de Influencia da Chuva - FIC =>",null,null,null,0]
[{"$nulls":5},"Custo do FIC =>",null,null,null,0]
[{"$nulls":5},"Produção de Equipe =>",null,null,null,1]
[{"$nulls":5},"Custo Unitário de Execução =>",null,null,null,2583.3896]
[{"$nulls":4},"MO sem LS =>",0,"LS =>",0,"MO com LS =>",0]
[{"$nulls":4},"Valor do BDI =>",582.80999999999995,null,"Valor com BDI =>",null,3166.2]
[{"$nulls":6},"Quant. =>",19,"Preço Total =>",60157.8]
[]
[" 1.4 ",null,null,"DESPESAS COM RESIDÊNCIA",{"$nulls":6},342522.21]
[" 1.4.1 ","Código","Banco","Descrição","Tipo",null,"Und","Quant.","Porcent.","Valor Unit","Total"]
["Insumo"," B8952 JAN/24 ","Próprio","IMÓVEL RESIDENCIAL (1,70% DO CMCC - SINAPI)","Aluguel",null,"M²XMÊS",1,null,31.22,31.22]
[{"$nulls":4},"MO sem LS =>",0,"LS =>",0,"MO com LS =>",0]
[{"$nulls":4},"Valor do BDI =>",4.37,null,"Valor com BDI =>",null,35.590000000000003]
[{"$nulls":6},"Quant. =>",5214.43,"Preço Total =>",185581.56]
[]
[" 1.4.2 ","Código","Banco","Descrição","Tipo",null,"Und","Quant.","Porcent.","Valor Unit","Total"]
["Insumo"," B8954 JAN/24 ","Próprio","MOBILIÁRIO DE RESIDÊNCIA","Taxas",null,"OCUPANTEXMÊS",1,null,43.98,43.98]
[{"$nulls":4},"MO sem LS =>",0,"LS =>",0,"MO com LS =>",0]
[{"$nulls":4},"Valor do BDI =>",6.16,null,"Valor com BDI =>",null,50.14]
[{"$nulls":6},"Quant. =>",550.36,"Preço Total =>",27595.05]
[]
[" 1.4.3 ","Código","Banco","Descrição","Tipo",null,"Und","Quant.","Porcent.","Valor Unit","Total"]
["Insumo"," B8960 JAN/24 ","Próprio","CUSTOS DIVEROS DA RESIDÊNCIA","Taxas",null,"OCUPANTEXMÊS",1,null,206.13,206.13]
[{"$nulls":4},"MO sem LS =>",0,"LS =>",0,"MO com LS =>",0]
[{"$nulls":4},"Valor do BDI =>",28.89,null,"Valor com BDI =>",null,235.02]
[{"$nulls":6},"Quant. =>",550.36,"Preço Total =>",129345.60000000001]
[]
[" 1.5 ",null,null,"DESPESAS COM ESCRITÓRIO",{"$nulls":6},236108.92]
[" 1.5.1 ","Código","Banco","Descrição","Tipo",null,"Und","Quant.","Porcent.","Valor Unit","Total"]
["Insumo"," B8953 JAN/24 ","Próprio","MOBILIÁRIO DE ESCRITÓRIO","Taxas",null,"OCUPANTEXMÊS",1,null,490.4,490.4]
[{"$nulls":4},"MO sem LS =>",0,"LS =>",0,"MO com LS =>",0]
[{"$nulls":4},"Valor do BDI =>",68.75,null,"Valor com BDI =>",null,559.15]
[{"$nulls":6},"Quant. =>",331,"Preço Total =>",185078.65]
[]
[" 1.5.2 ","Código","Banco","Descrição","Tipo",null,"Und","Quant.","Porcent.","Valor Unit","Total"]
["Insumo"," B8959 JAN/24 ","Próprio","CUSTOS DIVERSOS DO ESCRITÓRIO","Taxas",null,"OCUPANTEXMÊS",1,null,135.22,135.22]
[{"$nulls":4},"MO sem LS =>",0,"LS =>",0,"MO com LS =>",0]
[{"$nulls":4},"Valor do BDI =>",18.95,null,"Valor com BDI =>",null,154.16999999999999]
[{"$nulls":6},"Quant. =>",331,"Preço Total =>",51030.27]
[]
[" 1.6 ",null,null,"DESPESAS COM LABORATÓRIOS E TOPOGRAFIA",{"$nulls":6},346266.32]
[" 1.6.1 ","Código","Banco","Descrição","Tipo",null,"Und","Quant.","Porcent.","Valor Unit","Total"]
["Insumo"," B8958 JAN/24 ","Próprio","CESTAS DAS INSTALAÇÕES DA TOPOGRAFIA","Taxas",null,"MÊS",1,null,3020.19,3020.19]
[{"$nulls":4},"MO sem LS =>",0,"LS =>",0,"MO com LS =>",0]
[{"$nulls":4},"Valor do BDI =>",423.43,null,"Valor com BDI =>",null,3443.62]
[{"$nulls":6},"Quant. =>",19,"Preço Total =>",65428.78]
[]
[" 1.6.2 ","Código","Banco","Descrição","Tipo",null,"Und","Quant.","Porcent.","Valor Unit","Total"]
["Insumo"," B8953 JAN/24 ","Próprio","MOBILIÁRIO DE ESCRITÓRIO","Taxas",null,"OCUPANTEXMÊS",1,null,490.4,490.4]
[{"$nulls":4},"MO sem LS =>",0,"LS =>",0,"MO com LS =>",0]
[{"$nulls":4},"Valor do BDI =>",68.75,null,"Valor com BDI =>",null,559.15]
[{"$nulls":6},"Quant. =>",148,"Preço Total =>",82754.2]
[]
[" 1.6.3 ","Código","Banco","Descrição","Tipo",null,"Und","Quant.","Porcent.","Valor Unit","Total"]
["Insumo"," B8959 JAN/24 ","Próprio","CUSTOS DIVERSOS DO ESCRITÓRIO","Taxas",null,"OCUPANTEXMÊS",1,null,135.22,135.22]
[{"$nulls":4},"MO sem LS =>",0,"LS =>",0,"MO com LS =>",0]
[{"$nulls":4},"Valor do BDI =>",18.95,null,"Valor com BDI =>",null,154.16999999999999]
[{"$nulls":6},"Quant. =>",148,"Preço Total =>",22817.16]
[]
[" 1.6.4 ","Código","Banco","Descrição","Tipo",null,"Und","Quant.","Porcent.","Valor Unit","Total"]
["Insumo"," B8957 JAN/24 ","Próprio","CESTAS DAS INSTALAÇÕES DE LABORATÓRIO DE SOLOS","Taxas",null,"MÊS",1,null,4145.63,4145.63]
[{"$nulls":4},"MO sem LS =>",0,"LS =>",0,"MO com LS =>",0]
[{"$nulls":4},"Valor do BDI =>",581.21,null,"Valor com BDI =>",null,4726.84]
[{"$nulls":6},"Quant. =>",18,"Preço Total =>",85083.12]
[]
[" 1.6.5 ","Código","Banco","Descrição","Tipo",null,"Und","Quant.","Porcent.","Valor Unit","Total"]
["Insumo"," B8956 JAN/24 ","Próprio","CESTAS DAS INSTALAÇÕES DO LABORATÓRIO DE CONCRETO","Taxas",null,"MÊS",1,null,4394.12,4394.12]
[{"$nulls":4},"MO sem LS =>",0,"LS =>",0,"MO com LS =>",0]
[{"$nulls":4},"Valor do BDI =>",616.04999999999995,null,"Valor com BDI =>",null,5010.17]
[{"$nulls":6},"Quant. =>",18,"Preço Total =>",90183.06]
[]
[" 1.7 ",null,null,"COMBATE A INCÊNDIO",{"$nulls":6},7319.6]
[" 1.7.1 ","Código","Banco","Descrição","Tipo",null,"Und","Quant.","Porcent.","Valor Unit","Total"]
["Composição",101907,"SINAPI","EXTINTOR DE INCÊNDIO PORTÁTIL COM CARGA DE CO2 DE 6 KG, CLASSE BC - FORNECIMENTO E INSTALAÇÃO. AF_10/2020_PE","INES - INSTALAÇÕES ESPECIAIS",null,"UN",1,null,746.54,746.54]
["Composição Auxiliar",88248,"SINAPI","AUXILIAR DE ENCANADOR OU BOMBEIRO HIDRÁULICO COM ENCARGOS COMPLEMENTARES","SEDI - SERVIÇOS DIVERSOS",null,"H",0.45739999999999997,null,23.37,10.68]
["Composição Auxiliar",88267,"SINAPI","ENCANADOR OU BOMBEIRO HIDRÁULICO COM ENCARGOS COMPLEMENTARES","SEDI - SERVIÇOS DIVERSOS",null,"H",0.45739999999999997,null,31.5,14.4]
["Insumo",4350,"SINAPI","BUCHA DE NYLON, DIAMETRO DO FURO 8 MM, COMPRIMENTO 40 MM, COM PARAFUSO DE ROSCA SOBERBA, CABECA CHATA, FENDA SIMPLES, 4,8 X 50 MM","Material",null,"UN",2,null,0.73,1.46]
["Insumo",10889,"SINAPI","EXTINTOR DE INCENDIO PORTATIL COM CARGA DE GAS CARBONICO CO2 DE 6 KG, CLASSE BC","Material",null,"UN",1,null,720,720]
[{"$nulls":4},"MO sem LS =>",17.66,"LS =>",0,"MO com LS =>",17.66]
[{"$nulls":4},"Valor do BDI =>",168.41,null,"Valor com BDI =>",null,914.95]
[{"$nulls":6},"Quant. =>",8,"Preço Total =>",7319.6]
[]
[" 1.8 ",null,null,"MANUTENÇÃO DO CANTEIRO DE OBRAS",{"$nulls":6},528537.4]
[" 1.8.1 ","Código","Banco","Descrição","Tipo",null,"Und","Quant.","Porcent.","Valor Unit","Total"]
["Composição"," COMP-TEC-030 ","Próprio","MANUTENÇÃO DO CANTEIRO DE OBRAS, PEDREIRO, SERVENTE, ELETRICISTA, EQUIPAMENTOS","CANT - CANTEIRO DE OBRAS",null,"MÊS",1,null,21562.400000000001,21562.400000000001]
["Composição Auxiliar",101445,"SINAPI","PEDREIRO COM ENCARGOS COMPLEMENTARES","SEDI - SERVIÇOS DIVERSOS",null,"MES",0.26400000000000001,null,5726.97,1511.92]
["Composição Auxiliar",101452,"SINAPI","SERVENTE DE OBRAS COM ENCARGOS COMPLEMENTARES","SEDI - SERVIÇOS DIVERSOS",null,"MES",0.26400000000000001,null,4157.3900000000003,1097.55]
["Composição Auxiliar",101399,"SINAPI","ELETRICISTA COM ENCARGOS COMPLEMENTARES","SEDI - SERVIÇOS DIVERSOS",null,"MES",0.26400000000000001,null,5780.01,1525.92]
["Insumo"," E9041 ","SICRO3","Caminhão carroceria com guindauto com capacidade de 45 t.m - 188 kW","Equipamento",null,"UN",14.52,null,400.01260000000002,5808.18]
["Insumo"," E9669 ","SICRO3","Caminhão tanque com capacidade de 8.000 l - 136 kW","Equipamento",null,"UN",29.04,null,255.5119,7420.06]
["Insumo"," E9524 ","SICRO3","Motoniveladora - 93 kW","Equipamento",null,"UN",14.52,null,289.17180000000002,4198.7700000000004]
[{"$nulls":4},"MO sem LS =>",2828.95,"LS =>",0,"MO com LS =>",2828.95]
[{"$nulls":4},"Valor do BDI =>",4864.47,null,"Valor com BDI =>",null,26426.87]
[{"$nulls":6},"Quant. =>",20,"Preço Total =>",528537.4]
[]
[" 2 ",null,null,"MOBILIZAÇÃO E DESMOBILIZAÇÃO",{"$nulls":6},625438.52]
[" 2.1 ",null,null,"MOBILIZAÇÃO E DESMOBILIZAÇÃO DE EQUIPAMENTO",{"$nulls":6},561936.48]
[" 2.1.1 ","Código","Banco","Descrição","Tipo",null,"Und","Quant.","Porcent.","Valor Unit","Total"]
["Composição"," MOB 92 ","Próprio","MOBILIZAÇÃO E DESMOBILIZAÇÃO DE CAMINHÃO BASCULANTE COM CAÇAMBA ESTANQUE COM CAPACIDADE DE 14 M³ - 188 KW","SEDI - SERVIÇOS DIVERSOS",null,"KM",1,null,4.96,4.96]
["Insumo"," E9575 ","SICRO3","Caminhão basculante com caçamba estanque com capacidade de 14 m³ - 188 kW","Equipamento",null,"UN",1.6670000000000001E-2,null,297.71420000000001,4.96]
[{"$nulls":4},"MO sem LS =>",0,"LS =>",0,"MO com LS =>",0]
[{"$nulls":4},"Valor do BDI =>",1.1100000000000001,null,"Valor com BDI =>",null,6.07]
[{"$nulls":6},"Quant. =>",3792,"Preço Total =>",23017.439999999999]
[]
[" 2.1.2 ","Código","Banco","Descrição","Tipo",null,"Und","Quant.","Porcent.","Valor Unit","Total"]
["Composição"," MOB 10 ","Próprio","MOBILIZAÇÃO E DESMOBILIZAÇÃO DE CAMINHÃO BASCULANTE COM CAPACIDADE DE 10 M³ - 188 KW","CANT - CANTEIRO DE OBRAS",null,"KM",1,null,4.93,4.93]
["Insumo"," E9579 ","SICRO3","Caminhão basculante com capacidade de 10 m³ - 188 kW","Equipamento",null,"UN",1.6670000000000001E-2,null,296.24459999999999,4.93]
[{"$nulls":4},"MO sem LS =>",0,"LS =>",0,"MO com LS =>",0]
[{"$nulls":4},"Valor do BDI =>",1.1100000000000001,null,"Valor com BDI =>",null,6.04]
[{"$nulls":6},"Quant. =>",1896,"Preço Total =>",11451.84]
[]
[" 2.1.3 ","Código","Banco","Descrição","Tipo",null,"Und","Quant.","Porcent.","Valor Unit","Total"]
["Composição"," MOB 70 ","Próprio","MOBILIZAÇÃO E DESMOBILIZAÇÃO DE CAMINHÃO BASCULANTE COM CAPACIDADE DE 14 M³ - 188 KW","SEDI - SERVIÇOS DIVERSOS",null,"KM",1,null,4.95,4.95]
["Insumo"," E9667 ","SICRO3","Caminhão basculante com capacidade de 14 m³ - 188 kW","Equipamento",null,"UN",1.6670000000000001E-2,null,297.32,4.95]
[{"$nulls":4},"MO sem LS =>",0,"LS =>",0,"MO com LS =>",0]
[{"$nulls":4},"Valor do BDI =>",1.1100000000000001,null,"Valor com BDI =>",null,6.06]
[{"$nulls":6},"Quant. =>",10428,"Preço Total =>",63193.68]
[]
[" 2.1.4 ","Código","Banco","Descrição","Tipo",null,"Und","Quant.","Porcent.","Valor Unit","Total"]
["Composição"," MOB 15 ","Próprio","MOBILIZAÇÃO E DESMOBILIZAÇÃO DE CAMINHÃO BASCULANTE COM CAPACIDADE DE 6 M³ - 136 KW","SEDI - SERVIÇOS DIVERSOS",null,"KM",1,null,3.06,3.06]
["Insumo"," E9506 ","SICRO3","Caminhão basculante com capacidade de 6 m³ - 136 kW","Equipamento",null,"UN",1.6670000000000001E-2,null,183.99979999999999,3.06]
[{"$nulls":4},"MO sem LS =>",0,"LS =>",0,"MO com LS =>",0]
[{"$nulls":4},"Valor do BDI =>",0.69,null,"Valor com BDI =>",null,3.75]
[{"$nulls":6},"Quant. =>",948,"Preço Total =>",3555]
[]
[" 2.1.5 ","Código","Banco","Descrição","Tipo",null,"Und","Quant.","Porcent.","Valor Unit","Total"]
["Composição"," MOB 74 ","Próprio","MOBILIZAÇÃO E DESMOBILIZAÇÃO DE CAMINHÃO BASCULANTE PARA ROCHA COM CAPACIDADE DE 12 M³ - 188 KW","SEDI - SERVIÇOS DIVERSOS",null,"KM",1,null,5.16,5.16]
["Insumo"," E9672 ","SICRO3","Caminhão basculante para rocha com capacidade de 12 m³ - 188 kW","Equipamento",null,"UN",1.66667E-2,null,309.83929999999998,5.16]
[{"$nulls":4},"MO sem LS =>",0,"LS =>",0,"MO com LS =>",0]
[{"$nulls":4},"Valor do BDI =>",1.1599999999999999,null,"Valor com BDI =>",null,6.32]
[{"$nulls":6},"Quant. =>",7584,"Preço Total =>",47930.879999999997]
[]
[" 2.1.6 ","Código","Banco","Descrição","Tipo",null,"Und","Quant.","Porcent.","Valor Unit","Total"]
["Composição"," MOB 52 ","Próprio","MOBILIZAÇÃO DE CENTRAL DE CONCRETO COM CAPACIDADE DE 30 M³/H - DOSADORA RS","CANT - CANTEIRO DE OBRAS",null,"KM",1,null,12.96,12.96]
["Insumo"," E9665 ","SICRO3","Cavalo mecânico com semirreboque com capacidade de 22 t - 240 kW","Equipamento",null,"UN",3.3340000000000002E-2,null,388.7842,12.96]
[{"$nulls":4},"MO sem LS =>",0,"LS =>",0,"MO com LS =>",0]
[{"$nulls":4},"Valor do BDI =>",2.92,null,"Valor com BDI =>",null,15.88]
[{"$nulls":6},"Quant. =>",948,"Preço Total =>",15054.24]
[]
[" 2.1.7 ","Código","Banco","Descrição","Tipo",null,"Und","Quant.","Porcent.","Valor Unit","Total"]
["Composição"," MOB 72 ","Próprio","MOBILIZAÇÃO E DESMOBILIZAÇÃO DE CAMINHÃO BASCULANTE PARA ROCHA COM CAPACIDADE DE 8 M³ - 210 KW","SEDI - SERVIÇOS DIVERSOS",null,"KM",1,null,4.95,4.95]
["Insumo"," E9604 ","SICRO3","Caminhão basculante para rocha com capacidade de 8 m³ - 210 kW","Equipamento",null,"UN",1.66667E-2,null,297.14830000000001,4.95]
[{"$nulls":4},"MO sem LS =>",0,"LS =>",0,"MO com LS =>",0]
[{"$nulls":4},"Valor do BDI =>",1.1100000000000001,null,"Valor com BDI =>",null,6.06]
[{"$nulls":6},"Quant. =>",3792,"Preço Total =>",22979.52]
[]
[" 2.1.8 ","Código","Banco","Descrição","Tipo",null,"Und","Quant.","Porcent.","Valor Unit","Total"]
["Composição"," MOB 42 ","Próprio","MOBILIZAÇÃO DE CAMINHÃO BETONEIRA COM CAPACIDADE DE 8 M³ - 188 KW","CANT - CANTEIRO DE OBRAS",null,"KM",1,null,5.12,5.12]
["Insumo"," E9600 ","SICRO3","Caminhão betoneira com capacidade de 8 m³ - 188 kW","Equipamento",null,"UN",1.6670000000000001E-2,null,307.62630000000001,5.12]
[{"$nulls":4},"MO sem LS =>",0,"LS =>",0,"MO com LS =>",0]
[{"$nulls":4},"Valor do BDI =>",1.1499999999999999,null,"Valor com BDI =>",null,6.27]
[{"$nulls":6},"Quant. =>",948,"Preço Total =>",5943.96]
[]
[" 2.1.9 ","Código","Banco","Descrição","Tipo",null,"Und","Quant.","Porcent.","Valor Unit","Total"]
["Composição"," MOB 9 ","Próprio","MOBILIZAÇÃO E DESMOBILIZAÇÃO DE CAMINHÃO CARROCERIA COM CAPACIDADE DE 15 T - 188 KW","CANT - CANTEIRO DE OBRAS",null,"KM",1,null,4.3899999999999997,4.3899999999999997]
["Insumo"," E9592 ","SICRO3","Caminhão carroceria com capacidade de 15 t - 188 kW","Equipamento",null,"UN",1.6670000000000001E-2,null,263.7371,4.3899999999999997]
[{"$nulls":4},"MO sem LS =>",0,"LS =>",0,"MO com LS =>",0]
[{"$nulls":4},"Valor do BDI =>",0.99,null,"Valor com BDI =>",null,5.38]
[{"$nulls":6},"Quant. =>",948,"Preço Total =>",5100.24]
[]
[" 2.1.10 ","Código","Banco","Descrição","Tipo",null,"Und","Quant.","Porcent.","Valor Unit","Total"]
["Composição"," MOB 44 ","Próprio","MOBILIZAÇÃO E DESMOBILIZAÇÃO DE CAMINHÃO CARROCERIA COM CAPACIDADE DE 5 T - 115 KW","CANT - CANTEIRO DE OBRAS",null,"KM",1,null,2.5099999999999998,2.5099999999999998]
["Insumo"," E9687 ","SICRO3","Caminhão carroceria com capacidade de 5 t - 115 kW","Equipamento",null,"UN",1.6670000000000001E-2,null,150.7765,2.5099999999999998]
[{"$nulls":4},"MO sem LS =>",0,"LS =>",0,"MO com LS =>",0]
[{"$nulls":4},"Valor do BDI =>",0.56000000000000005,null,"Valor com BDI =>",null,3.07]
[{"$nulls":6},"Quant. =>",948,"Preço Total =>",2910.36]
[]
[" 2.1.11 ","Código","Banco","Descrição","Tipo",null,"Und","Quant.","Porcent.","Valor Unit","Total"]
["Composição"," MOB 43 ","Próprio","MOBILIZAÇÃO E DESMOBILIZAÇÃO DE CAMINHÃO CARROCERIA COM GUINDAUTO COM CAPACIDADE DE 20 T.M - 136 KW","CANT - CANTEIRO DE OBRAS",null,"KM",1,null,5.23,5.23]
["Insumo"," E9686 ","SICRO3","Caminhão carroceria com guindauto com capacidade de 20 t.m - 136 kW","Equipamento",null,"UN",1.6670000000000001E-2,null,314.11959999999999,5.23]
[{"$nulls":4},"MO sem LS =>",0,"LS =>",0,"MO com LS =>",0]
[{"$nulls":4},"Valor do BDI =>",1.17,null,"Valor com BDI =>",null,6.4]
[{"$nulls":6},"Quant. =>",948,"Preço Total =>",6067.2]
[]
[" 2.1.12 ","Código","Banco","Descrição","Tipo",null,"Und","Quant.","Porcent.","Valor Unit","Total"]
["Composição"," MOB 46 ","Próprio","MOBILIZAÇÃO E DESMOBILIZAÇÃO DE CAMINHÃO TANQUE COM CAPACIDADE DE 10.000 L - 188 KW","CANT - CANTEIRO DE OBRAS",null,"KM",1,null,5.36,5.36]
["Insumo"," E9571 ","SICRO3","Caminhão tanque com capacidade de 10.000 l - 188 kW","Equipamento",null,"UN",1.6670000000000001E-2,null,321.9742,5.36]
[{"$nulls":4},"MO sem LS =>",0,"LS =>",0,"MO com LS =>",0]
[{"$nulls":4},"Valor do BDI =>",1.2,null,"Valor com BDI =>",null,6.56]
[{"$nulls":6},"Quant. =>",948,"Preço Total =>",6218.88]
[]
[" 2.1.13 ","Código","Banco","Descrição","Tipo",null,"Und","Quant.","Porcent.","Valor Unit","Total"]
["Composição"," MOB 47 ","Próprio","MOBILIZAÇÃO E DESMOBILIZAÇÃO DE CAMINHÃO TANQUE COM CAPACIDADE DE 6.000 L - 136 KW","CANT - CANTEIRO DE OBRAS",null,"KM",1,null,4.0999999999999996,4.0999999999999996]
["Insumo"," E9605 ","SICRO3","Caminhão tanque com capacidade de 6.000 l - 136 kW","Equipamento",null,"UN",1.6670000000000001E-2,null,246.49969999999999,4.0999999999999996]
[{"$nulls":4},"MO sem LS =>",0,"LS =>",0,"MO com LS =>",0]
[{"$nulls":4},"Valor do BDI =>",0.92,null,"Valor com BDI =>",null,5.0199999999999996]
[{"$nulls":6},"Quant. =>",948,"Preço Total =>",4758.96]
[]
[" 2.1.14 ","Código","Banco","Descrição","Tipo",null,"Und","Quant.","Porcent.","Valor Unit","Total"]
["Composição"," MOB 48 ","Próprio","MOBILIZAÇÃO E DESMOBILIZAÇÃO DE CARREGADEIRA DE PNEUS COM CAPACIDADE DE 1,72 M³ - 113 KW","CANT - CANTEIRO DE OBRAS",null,"KM",1,null,6.48,6.48]
["Insumo"," E9665 ","SICRO3","Cavalo mecânico com semirreboque com capacidade de 22 t - 240 kW","Equipamento",null,"UN",1.6670000000000001E-2,null,388.7842,6.48]
[{"$nulls":4},"MO sem LS =>",0,"LS =>",0,"MO com LS =>",0]
[{"$nulls":4},"Valor do BDI =>",1.46,null,"Valor com BDI =>",null,7.94]
[{"$nulls":6},"Quant. =>",948,"Preço Total =>",7527.12]
[]
[" 2.1.15 ","Código","Banco","Descrição","Tipo",null,"Und","Quant.","Porcent.","Valor Unit","Total"]
["Composição"," MOB 49 ","Próprio","MOBILIZAÇÃO E DESMOBILIZAÇÃO DE CARREGADEIRA DE PNEUS COM CAPACIDADE DE 3,40 M³ - 195 KW","CANT - CANTEIRO DE OBRAS",null,"KM",1,null,6.48,6.48]
["Insumo"," E9665 ","SICRO3","Cavalo mecânico com semirreboque com capacidade de 22 t - 240 kW","Equipamento",null,"UN",1.6670000000000001E-2,null,388.7842,6.48]
[{"$nulls":4},"MO sem LS =>",0,"LS =>",0,"MO com LS =>",0]
[{"$nulls":4},"Valor do BDI =>",1.46,null,"Valor com BDI =>",null,7.94]
[{"$nulls":6},"Quant. =>",948,"Preço Total =>",7527.12]
[]
[" 2.1.16 ","Código","Banco","Descrição","Tipo",null,"Und","Quant.","Porcent.","Valor Unit","Total"]
["Composição"," MOB 50 ","Próprio","MOBILIZAÇÃO E DESMOBILIZAÇÃO DE CARREGADEIRA DE PNEUS PARA ROCHA COM CAPACIDADE DE 2,50 M³ - 105 KW","CANT - CANTEIRO DE OBRAS",null,"KM",1,null,6.48,6.48]
["Insumo"," E9665 ","SICRO3","Cavalo mecânico com semirreboque com capacidade de 22 t - 240 kW","Equipamento",null,"UN",1.6670000000000001E-2,null,388.7842,6.48]
[{"$nulls":4},"MO sem LS =>",0,"LS =>",0,"MO com LS =>",0]
[{"$nulls":4},"Valor do BDI =>",1.46,null,"Valor com BDI =>",null,7.94]
[{"$nulls":6},"Quant. =>",2844,"Preço Total =>",22581.360000000001]
[]
[" 2.1.17 ","Código","Banco","Descrição","Tipo",null,"Und","Quant.","Porcent.","Valor Unit","Total"]
["Composição"," MOB 51 ","Próprio","MOBILIZAÇÃO DE CONJUNTO DE BRITAGEM COM CAPACIDADE DE 80 M³/H - 313 KW","CANT - CANTEIRO DE OBRAS",null,"KM",1,null,12.96,12.96]
["Insumo"," E9665 ","SICRO3","Cavalo mecânico com semirreboque com capacidade de 22 t - 240 kW","Equipamento",null,"UN",3.3340000000000002E-2,null,388.7842,12.96]
[{"$nulls":4},"MO sem LS =>",0,"LS =>",0,"MO com LS =>",0]
[{"$nulls":4},"Valor do BDI =>",2.92,null,"Valor com BDI =>",null,15.88]
[{"$nulls":6},"Quant. =>",948,"Preço Total =>",15054.24]
[]
[" 2.1.18 ","Código","Banco","Descrição","Tipo",null,"Und","Quant.","Porcent.","Valor Unit","Total"]
["Composição"," MOB 20 ","Próprio","MOBILIZAÇÃO E DESMOBILIZAÇÃO DE CAVALO MECANICO TRACAO 4X2, PESO BRUTO TOTAL 16000 KG, CAPACIDADE MAXIMA DE TRACAO *36000* KG, DISTANCIA ENTRE EIXOS *3,56* M, POTENCIA *286* CV (INCLUI CABINE E CHASSI, NAO INCLUI SEMIRREBOQUE)","SEDI - SERVIÇOS DIVERSOS",null,"KM",1,null,5.39,5.39]
["Composição Auxiliar",89876,"SINAPI","CAMINHÃO BASCULANTE 14 M3, COM CAVALO MECÂNICO DE CAPACIDADE MÁXIMA DE TRAÇÃO COMBINADO DE 36000 KG, POTÊNCIA 286 CV, INCLUSIVE SEMIREBOQUE COM CAÇAMBA METÁLICA - CHP DIURNO. AF_12/2014","CHOR - CUSTOS HORÁRIOS DE MÁQUINAS E EQUIPAMENTOS",null,"CHP",1.6670000000000001E-2,null,323.52,5.39]
[{"$nulls":4},"MO sem LS =>",0.43,"LS =>",0,"MO com LS =>",0.43]
[{"$nulls":4},"Valor do BDI =>",1.21,null,"Valor com BDI =>",null,6.6]
[{"$nulls":6},"Quant. =>",948,"Preço Total =>",6256.8]
[]
[" 2.1.19 ","Código","Banco","Descrição","Tipo",null,"Und","Quant.","Porcent.","Valor Unit","Total"]
["Composição"," MOB 71 ","Próprio","MOBILIZAÇÃO E DESMOBILIZAÇÃO DE ESCAVADEIRA HIDRÁULICA COM MARTELO HIDRÁULICO DE 1.700 KG - 103 KW","SEDI - SERVIÇOS DIVERSOS",null,"KM",1,null,12.95,12.95]
["Insumo"," E9665 ","SICRO3","Cavalo mecânico com semirreboque com capacidade de 22 t - 240 kW","Equipamento",null,"UN",3.3333300000000003E-2,null,388.7842,12.95]
[{"$nulls":4},"MO sem LS =>",0,"LS =>",0,"MO com LS =>",0]
[{"$nulls":4},"Valor do BDI =>",2.92,null,"Valor com BDI =>",null,15.87]
[{"$nulls":6},"Quant. =>",1896,"Preço Total =>",30089.52]
[]
[" 2.1.20 ","Código","Banco","Descrição","Tipo",null,"Und","Quant.","Porcent.","Valor Unit","Total"]
["Composição"," MOB 53 ","Próprio","MOBILIZAÇÃO E DESMOBILIZAÇÃO DE ESCAVADEIRA HIDRÁULICA COM MARTELO HIDRÁULICO DE 520 KG - 75 KW","CANT - CANTEIRO DE OBRAS",null,"KM",1,null,12.96,12.96]
["Insumo"," E9665 ","SICRO3","Cavalo mecânico com semirreboque com capacidade de 22 t - 240 kW","Equipamento",null,"UN",3.3340000000000002E-2,null,388.7842,12.96]
[{"$nulls":4},"MO sem LS =>",0,"LS =>",0,"MO com LS =>",0]
[{"$nulls":4},"Valor do BDI =>",2.92,null,"Valor com BDI =>",null,15.88]
[{"$nulls":6},"Quant. =>",948,"Preço Total =>",15054.24]
[]
[" 2.1.21 ","Código","Banco","Descrição","Tipo",null,"Und","Quant.","Porcent.","Valor Unit","Total"]
["Composição"," MOB 96 ","Próprio","MOBILIZAÇÃO E DESMOBILIZAÇÃO DE ESCAVADEIRA HIDRÁULICA SOBRE ESTEIRA COM CAPACIDADE DE 0,4 M³ - 64 KW","SEDI - SERVIÇOS DIVERSOS",null,"KM",1,null,6.47,6.47]
["Insumo"," E9665 ","SICRO3","Cavalo mecânico com semirreboque com capacidade de 22 t - 240 kW","Equipamento",null,"UN",1.6666666666666701E-2,null,388.7842,6.47]
[{"$nulls":4},"MO sem LS =>",0,"LS =>",0,"MO com LS =>",0]
[{"$nulls":4},"Valor do BDI =>",1.45,null,"Valor com BDI =>",null,7.92]
[{"$nulls":6},"Quant. =>",948,"Preço Total =>",7508.16]
[]
[" 2.1.22 ","Código","Banco","Descrição","Tipo",null,"Und","Quant.","Porcent.","Valor Unit","Total"]
["Composição"," MOB 55 ","Próprio","MOBILIZAÇÃO E DESMOBILIZAÇÃO DE ESCAVADEIRA HIDRÁULICA SOBRE ESTEIRAS COM CAÇAMBA COM CAPACIDADE DE 1,56 M³ - 118 KW","CANT - CANTEIRO DE OBRAS",null,"KM",1,null,12.96,12.96]
["Insumo"," E9665 ","SICRO3","Cavalo mecânico com semirreboque com capacidade de 22 t - 240 kW","Equipamento",null,"UN",3.3340000000000002E-2,null,388.7842,12.96]
[{"$nulls":4},"MO sem LS =>",0,"LS =>",0,"MO com LS =>",0]
[{"$nulls":4},"Valor do BDI =>",2.92,null,"Valor com BDI =>",null,15.88]
[{"$nulls":6},"Quant. =>",1896,"Preço Total =>",30108.48]
[]
[" 2.1.23 ","Código","Banco","Descrição","Tipo",null,"Und","Quant.","Porcent.","Valor Unit","Total"]
["Composição"," MOB 24 ","Próprio","MOBILIZAÇÃO E DESMOBILIZAÇÃO DE ESCAVADEIRA HIDRAULICA SOBRE ESTEIRAS, CACAMBA 0,80M3, PESO OPERACIONAL 17T, POTENCIA BRUTA 111HP","SEDI - SERVIÇOS DIVERSOS",null,"KM",1,null,3.22,3.22]
["Insumo"," E9665 ","SICRO3","Cavalo mecânico com semirreboque com capacidade de 22 t - 240 kW","Equipamento",null,"UN",8.3000000000000001E-3,null,388.7842,3.22]
[{"$nulls":4},"MO sem LS =>",0,"LS =>",0,"MO com LS =>",0]
[{"$nulls":4},"Valor do BDI =>",0.72,null,"Valor com BDI =>",null,3.94]
[{"$nulls":6},"Quant. =>",948,"Preço Total =>",3735.12]
[]
[" 2.1.24 ","Código","Banco","Descrição","Tipo",null,"Und","Quant.","Porcent.","Valor Unit","Total"]
["Composição"," MOB 12 ","Próprio","MOBILIZAÇÃO E DESMOBILIZAÇÃO DE MOTONIVELADORA - 93 KW","CANT - CANTEIRO DE OBRAS",null,"KM",1,null,6.48,6.48]
["Insumo"," E9665 ","SICRO3","Cavalo mecânico com semirreboque com capacidade de 22 t - 240 kW","Equipamento",null,"UN",1.6670000000000001E-2,null,388.7842,6.48]
[{"$nulls":4},"MO sem LS =>",0,"LS =>",0,"MO com LS =>",0]
[{"$nulls":4},"Valor do BDI =>",1.46,null,"Valor com BDI =>",null,7.94]
[{"$nulls":6},"Quant. =>",948,"Preço Total =>",7527.12]
[]
[" 2.1.25 ","Código","Banco","Descrição","Tipo",null,"Und","Quant.","Porcent.","Valor Unit","Total"]
["Composição"," MOB 97 ","Próprio","MOBILIZAÇÃO E DESMOBILIZAÇÃO DE MOTONIVELADORA 15000 KG COM ESCARIFICADOR (CAT - 140M - 185,0 HP OU EQUIVALENTE)","CANT - CANTEIRO DE OBRAS",null,"KM",1,null,6.48,6.48]
["Insumo"," E9665 ","SICRO3","Cavalo mecânico com semirreboque com capacidade de 22 t - 240 kW","Equipamento",null,"UN",1.6670000000000001E-2,null,388.7842,6.48]
[{"$nulls":4},"MO sem LS =>",0,"LS =>",0,"MO com LS =>",0]
[{"$nulls":4},"Valor do BDI =>",1.46,null,"Valor com BDI =>",null,7.94]
[{"$nulls":6},"Quant. =>",948,"Preço Total =>",7527.12]
[]
[" 2.1.26 ","Código","Banco","Descrição","Tipo",null,"Und","Quant.","Porcent.","Valor Unit","Total"]
["Composição"," MOB 77 ","Próprio","MOBILIZAÇÃO E DESMOBILIZAÇÃO DE PERFURATRIZ DE SUPERFÍCIE SOBRE PNEUS COM MARTELO DE TOPO E CONTROLE REMOTO VIA RÁDIO - 60 KW","SEDI - SERVIÇOS DIVERSOS",null,"KM",1,null,4.2699999999999996,4.2699999999999996]
["Insumo"," E9665 ","SICRO3","Cavalo mecânico com semirreboque com capacidade de 22 t - 240 kW","Equipamento",null,"UN",1.0999999999999999E-2,null,388.7842,4.2699999999999996]
[{"$nulls":4},"MO sem LS =>",0,"LS =>",0,"MO com LS =>",0]
[{"$nulls":4},"Valor do BDI =>",0.96,null,"Valor com BDI =>",null,5.23]
[{"$nulls":6},"Quant. =>",948,"Preço Total =>",4958.04]
[]
[" 2.1.27 ","Código","Banco","Descrição","Tipo",null,"Und","Quant.","Porcent.","Valor Unit","Total"]
["Composição"," MOB 75 ","Próprio","MOBILIZAÇÃO E DESMOBILIZAÇÃO DE PERFURATRIZ HIDRÁULICA ROTOPERCUSSIVA - 123 KW","SEDI - SERVIÇOS DIVERSOS",null,"KM",1,null,12.95,12.95]
["Insumo"," E9665 ","SICRO3","Cavalo mecânico com semirreboque com capacidade de 22 t - 240 kW","Equipamento",null,"UN",3.3333300000000003E-2,null,388.7842,12.95]
[{"$nulls":4},"MO sem LS =>",0,"LS =>",0,"MO com LS =>",0]
[{"$nulls":4},"Valor do BDI =>",2.92,null,"Valor com BDI =>",null,15.87]
[{"$nulls":6},"Quant. =>",1896,"Preço Total =>",30089.52]
[]
[" 2.1.28 ","Código","Banco","Descrição","Tipo",null,"Und","Quant.","Porcent.","Valor Unit","Total"]
["Composição"," MOB 56 ","Próprio","MOBILIZAÇÃO E DESMOBILIZAÇÃO DE PERFURATRIZ SOBRE ESTEIRAS - 145 KW","CANT - CANTEIRO DE OBRAS",null,"KM",1,null,6.48,6.48]
["Insumo"," E9665 ","SICRO3","Cavalo mecânico com semirreboque com capacidade de 22 t - 240 kW","Equipamento",null,"UN",1.6670000000000001E-2,null,388.7842,6.48]
[{"$nulls":4},"MO sem LS =>",0,"LS =>",0,"MO com LS =>",0]
[{"$nulls":4},"Valor do BDI =>",1.46,null,"Valor com BDI =>",null,7.94]
[{"$nulls":6},"Quant. =>",1896,"Preço Total =>",15054.24]
[]
[" 2.1.29 ","Código","Banco","Descrição","Tipo",null,"Und","Quant.","Porcent.","Valor Unit","Total"]
["Composição"," MOB 13 ","Próprio","MOBILIZAÇÃO E DESMOBILIZAÇÃO DE RETROESCAVADEIRA DE PNEUS COM CAPACIDADE DE 0,76 M³ - 58 KW","CANT - CANTEIRO DE OBRAS",null,"KM",1,null,3.23,3.23]
["Insumo"," E9665 ","SICRO3","Cavalo mecânico com semirreboque com capacidade de 22 t - 240 kW","Equipamento",null,"UN",8.3300000000000006E-3,null,388.7842,3.23]
[{"$nulls":4},"MO sem LS =>",0,"LS =>",0,"MO com LS =>",0]
[{"$nulls":4},"Valor do BDI =>",0.72,null,"Valor com BDI =>",null,3.95]
[{"$nulls":6},"Quant. =>",1896,"Preço Total =>",7489.2]
[]
[" 2.1.30 ","Código","Banco","Descrição","Tipo",null,"Und","Quant.","Porcent.","Valor Unit","Total"]
["Composição"," MOB 29 ","Próprio","MOBILIZAÇÃO E DESMOBILIZAÇÃO DE RETROESCAVADEIRA SOBRE RODAS COM CARREGADEIRA, TRACAO 4 X 4, POTENCIA LIQUIDA 88 HP, PESO OPERACIONAL MINIMO DE 6674 KG, CAPACIDADE DA CARREGADEIRA DE 1,00 M3 E DA  RETROESCAVADEIRA MINIMA DE 0,26 M3, PROFUNDIDADE DE ESCAVACAO MAXIMA DE 4,37 M","SEDI - SERVIÇOS DIVERSOS",null,"KM",1,null,3.23,3.23]
["Insumo"," E9665 ","SICRO3","Cavalo mecânico com semirreboque com capacidade de 22 t - 240 kW","Equipamento",null,"UN",8.3333000000000001E-3,null,388.7842,3.23]
[{"$nulls":4},"MO sem LS =>",0,"LS =>",0,"MO com LS =>",0]
[{"$nulls":4},"Valor do BDI =>",0.72,null,"Valor com BDI =>",null,3.95]
[{"$nulls":6},"Quant. =>",948,"Preço Total =>",3744.6]
[]
[" 2.1.31 ","Código","Banco","Descrição","Tipo",null,"Und","Quant.","Porcent.","Valor Unit","Total"]
["Composição"," MOB 98 ","Próprio","MOBILIZAÇÃO E DESMOBILIZAÇÃO DE ROLO COMPACTADOR DE PNEUS AUTOPROPELIDO DE 27 T - 85 KW","CANT - CANTEIRO DE OBRAS",null,"KM",1,null,12.96,12.96]
["Insumo"," E9665 ","SICRO3","Cavalo mecânico com semirreboque com capacidade de 22 t - 240 kW","Equipamento",null,"UN",3.3340000000000002E-2,null,388.7842,12.96]
[{"$nulls":4},"MO sem LS =>",0,"LS =>",0,"MO com LS =>",0]
[{"$nulls":4},"Valor do BDI =>",2.92,null,"Valor com BDI =>",null,15.88]
[{"$nulls":6},"Quant. =>",948,"Preço Total =>",15054.24]
[]
[" 2.1.32 ","Código","Banco","Descrição","Tipo",null,"Und","Quant.","Porcent.","Valor Unit","Total"]
["Composição"," MOB 58 ","Próprio","MOBILIZAÇÃO E DESMOBILIZAÇÃO DE ROLO COMPACTADOR LISO VIBRATÓRIO AUTOPROPELIDO POR PNEUS DE 11 T - 97 KW","CANT - CANTEIRO DE OBRAS",null,"KM",1,null,6.48,6.48]
["Insumo"," E9665 ","SICRO3","Cavalo mecânico com semirreboque com capacidade de 22 t - 240 kW","Equipamento",null,"UN",1.6670000000000001E-2,null,388.7842,6.48]
[{"$nulls":4},"MO sem LS =>",0,"LS =>",0,"MO com LS =>",0]
[{"$nulls":4},"Valor do BDI =>",1.46,null,"Valor com BDI =>",null,7.94]
[{"$nulls":6},"Quant. =>",948,"Preço Total =>",7527.12]
[]
[" 2.1.33 ","Código","Banco","Descrição","Tipo",null,"Und","Quant.","Porcent.","Valor Unit","Total"]
["Composição"," MOB 59 ","Próprio","MOBILIZAÇÃO E DESMOBILIZAÇÃO DE ROLO COMPACTADOR PÉ DE CARNEIRO VIBRATÓRIO AUTOPROPELIDO POR PNEUS DE 11,6 T - 82 KW","CANT - CANTEIRO DE OBRAS",null,"KM",1,null,6.48,6.48]
["Insumo"," E9665 ","SICRO3","Cavalo mecânico com semirreboque com capacidade de 22 t - 240 kW","Equipamento",null,"UN",1.6670000000000001E-2,null,388.7842,6.48]
[{"$nulls":4},"MO sem LS =>",0,"LS =>",0,"MO com LS =>",0]
[{"$nulls":4},"Valor do BDI =>",1.46,null,"Valor com BDI =>",null,7.94]
[{"$nulls":6},"Quant. =>",948,"Preço Total =>",7527.12]
[]
[" 2.1.34 ","Código","Banco","Descrição","Tipo",null,"Und","Quant.","Porcent.","Valor Unit","Total"]
["Composição"," MOB 35 ","Próprio","MOBILIZAÇÃO DE TRATOR AGRÍCOLA SOBRE PNEUS - 77 KW","SEDI - SERVIÇOS DIVERSOS",null,"KM",1,null,3.23,3.23]
["Insumo"," E9665 ","SICRO3","Cavalo mecânico com semirreboque com capacidade de 22 t - 240 kW","Equipamento",null,"UN",8.3333000000000001E-3,null,388.7842,3.23]
[{"$nulls":4},"MO sem LS =>",0,"LS =>",0,"MO com LS =>",0]
[{"$nulls":4},"Valor do BDI =>",0.72,null,"Valor com BDI =>",null,3.95]
[{"$nulls":6},"Quant. =>",948,"Preço Total =>",3744.6]
[]
[" 2.1.35 ","Código","Banco","Descrição","Tipo",null,"Und","Quant.","Porcent.","Valor Unit","Total"]
["Composição"," MOB 37 ","Próprio","MOBILIZAÇÃO E DESMOBILIZAÇÃO DE TRATOR DE ESTEIRAS, POTENCIA DE 150 HP, PESO OPERACIONAL DE 16,7 T, COM RODA MOTRIZ ELEVADA E LAMINA COM CONTATO DE 3,18M3","SEDI - SERVIÇOS DIVERSOS",null,"KM",1,null,6.48,6.48]
["Insumo"," E9665 ","SICRO3","Cavalo mecânico com semirreboque com capacidade de 22 t - 240 kW","Equipamento",null,"UN",1.6670000000000001E-2,null,388.7842,6.48]
[{"$nulls":4},"MO sem LS =>",0,"LS =>",0,"MO com LS =>",0]
[{"$nulls":4},"Valor do BDI =>",1.46,null,"Valor com BDI =>",null,7.94]
[{"$nulls":6},"Quant. =>",948,"Preço Total =>",7527.12]
[]
[" 2.1.36 ","Código","Banco","Descrição","Tipo",null,"Und","Quant.","Porcent.","Valor Unit","Total"]
["Composição"," MOB 76 ","Próprio","MOBILIZAÇÃO E DESMOBILIZAÇÃO DE TRATOR SOBRE ESTEIRAS COM LÂMINA - 127 KW","SEDI - SERVIÇOS DIVERSOS",null,"KM",1,null,6.47,6.47]
["Insumo"," E9665 ","SICRO3","Cavalo mecânico com semirreboque com capacidade de 22 t - 240 kW","Equipamento",null,"UN",1.6666666666666701E-2,null,388.7842,6.47]
[{"$nulls":4},"MO sem LS =>",0,"LS =>",0,"MO com LS =>",0]
[{"$nulls":4},"Valor do BDI =>",1.45,null,"Valor com BDI =>",null,7.92]
[{"$nulls":6},"Quant. =>",2844,"Preço Total =>",22524.48]
[]
[" 2.1.37 ","Código","Banco","Descrição","Tipo",null,"Und","Quant.","Porcent.","Valor Unit","Total"]
["Composição"," MOB 11 ","Próprio","MOBILIZAÇÃO E DESMOBILIZAÇÃO DE TRATOR SOBRE ESTEIRAS COM LÂMINA - 259 KW","CANT - CANTEIRO DE OBRAS",null,"KM",1,null,12.95,12.95]
["Insumo"," E9665 ","SICRO3","Cavalo mecânico com semirreboque com capacidade de 22 t - 240 kW","Equipamento",null,"UN",3.3333333333333298E-2,null,388.7842,12.95]
[{"$nulls":4},"MO sem LS =>",0,"LS =>",0,"MO com LS =>",0]
[{"$nulls":4},"Valor do BDI =>",2.92,null,"Valor com BDI =>",null,15.87]
[{"$nulls":6},"Quant. =>",948,"Preço Total =>",15044.76]
[]
[" 2.1.38 ","Código","Banco","Descrição","Tipo",null,"Und","Quant.","Porcent.","Valor Unit","Total"]
["Composição"," MOB 63 ","Próprio","MOBILIZAÇÃO E DESMOBILIZAÇÃO DE TRATOR SOBRE ESTEIRAS COM LÂMINA - 97 KW","CANT - CANTEIRO DE OBRAS",null,"KM",1,null,6.47,6.47]
["Insumo"," E9665 ","SICRO3","Cavalo mecânico com semirreboque com capacidade de 22 t - 240 kW","Equipamento",null,"UN",1.6666666666666701E-2,null,388.7842,6.47]
[{"$nulls":4},"MO sem LS =>",0,"LS =>",0,"MO com LS =>",0]
[{"$nulls":4},"Valor do BDI =>",1.45,null,"Valor com BDI =>",null,7.92]
[{"$nulls":6},"Quant. =>",948,"Preço Total =>",7508.16]
[]
[" 2.1.39 ","Código","Banco","Descrição","Tipo",null,"Und","Quant.","Porcent.","Valor Unit","Total"]
["Composição"," MOB 99 ","Próprio","MOBILIZAÇÃO E DESMOBILIZAÇÃO DE TRATOR SOBRE ESTEIRAS COM LÂMINA E ESCARIFICADOR - 259 KW","CANT - CANTEIRO DE OBRAS",null,"KM",1,null,12.95,12.95]
["Insumo"," E9665 ","SICRO3","Cavalo mecânico com semirreboque com capacidade de 22 t - 240 kW","Equipamento",null,"UN",3.3333333333333298E-2,null,388.7842,12.95]
[{"$nulls":4},"MO sem LS =>",0,"LS =>",0,"MO com LS =>",0]
[{"$nulls":4},"Valor do BDI =>",2.92,null,"Valor com BDI =>",null,15.87]
[{"$nulls":6},"Quant. =>",948,"Preço Total =>",15044.76]
[]
[" 2.1.40 ","Código","Banco","Descrição","Tipo",null,"Und","Quant.","Porcent.","Valor Unit","Total"]
["Composição"," MOB 1 ","Próprio","MOBILIZAÇÃO DE EQUIPAMENTOS DE PEQUENO PORTE COM CAMINHÃO CARROCERIA COM CAPACIDADE DE 15 T - 188 KW","CANT - CANTEIRO DE OBRAS",null,"KM",1,null,8.7899999999999991,8.7899999999999991]
["Insumo"," E9592 ","SICRO3","Caminhão carroceria com capacidade de 15 t - 188 kW","Equipamento",null,"UN",3.3329999999999999E-2,null,263.7371,8.7899999999999991]
[{"$nulls":4},"MO sem LS =>",0,"LS =>",0,"MO com LS =>",0]
[{"$nulls":4},"Valor do BDI =>",1.98,null,"Valor com BDI =>",null,10.77]
[{"$nulls":6},"Quant. =>",1896,"Preço Total =>",20419.919999999998]
[]
[" 2.2 ",null,null,"MOBILIZAÇÃO E DESMOBILIZAÇÃO DE PESSOAL",{"$nulls":6},63502.04]
[" 2.2.1 ","Código","Banco","Descrição","Tipo",null,"Und","Quant.","Porcent.","Valor Unit","Total"]
["Insumo"," COT.NETS-01 ","Próprio","PASSAGEM TERRESTRE ARACAJU ATÉ JUAZEIRO","Outros",null,"UN",1,null,155.57,155.57]
[{"$nulls":4},"MO sem LS =>",0,"LS =>",0,"MO com LS =>",0]
[{"$nulls":4},"Valor do BDI =>",21.81,null,"Valor com BDI =>",null,177.38]
[{"$nulls":6},"Quant. =>",358,"Preço Total =>",63502.04]
[]
[" 3 ",null,null,"INSTALAÇÃO DA OBRA",{"$nulls":6},2677857.14]
[" 3.1 ",null,null,"SERVIÇOS PRELIMINARES",{"$nulls":6},1090920.29]
[" 3.1.1 ","Código","Banco","Descrição","Tipo",null,"Und","Quant.","Porcent.","Valor Unit","Total"]
["Composição",99059,"SINAPI","LOCAÇÃO CONVENCIONAL DE OBRA, UTILIZANDO GABARITO DE TÁBUAS CORRIDAS PONTALETADAS A CADA 2,00M -  2 UTILIZAÇÕES. AF_03/2024","SERT - SERVIÇOS TÉCNICOS",null,"M",1,null,68.849999999999994,68.849999999999994]
["Composição Auxiliar",88239,"SINAPI","AJUDANTE DE CARPINTEIRO COM ENCARGOS COMPLEMENTARES","SEDI - SERVIÇOS DIVERSOS",null,"H",0.72470000000000001,null,23.87,17.29]
["Composição Auxiliar",88262,"SINAPI","CARPINTEIRO DE FORMAS COM ENCARGOS COMPLEMENTARES","SEDI - SERVIÇOS DIVERSOS",null,"H",0.72470000000000001,null,31.88,23.1]
["Composição Auxiliar",91692,"SINAPI","SERRA CIRCULAR DE BANCADA COM MOTOR ELÉTRICO POTÊNCIA DE 5HP, COM COIFA PARA DISCO 10\" - CHP DIURNO. AF_08/2015","CHOR - CUSTOS HORÁRIOS DE MÁQUINAS E EQUIPAMENTOS",null,"CHP",7.0000000000000001E-3,null,41.97,0.28999999999999998]
["Composição Auxiliar",91693,"SINAPI","SERRA CIRCULAR DE BANCADA COM MOTOR ELÉTRICO POTÊNCIA DE 5HP, COM COIFA PARA DISCO 10\" - CHI DIURNO. AF_08/2015","CHOR - CUSTOS HORÁRIOS DE MÁQUINAS E EQUIPAMENTOS",null,"CHI",2.8000000000000001E-2,null,40.450000000000003,1.1299999999999999]
["Composição Auxiliar",94974,"SINAPI","CONCRETO MAGRO PARA LASTRO, TRAÇO 1:4,5:4,5 (EM MASSA SECA DE CIMENTO/ AREIA MÉDIA/ BRITA 1) - PREPARO MANUAL. AF_05/2021","FUES - FUNDAÇÕES E ESTRUTURAS",null,"m³",4.0000000000000001E-3,null,479.42,1.91]
["Insumo",4417,"SINAPI","SARRAFO NAO APARELHADO *2,5 X 7* CM, EM MACARANDUBA/MASSARANDUBA, ANGELIM, PEROBA-ROSA OU EQUIVALENTE DA REGIAO - BRUTA","Material",null,"M",0.74450000000000005,null,7.41,5.51]
["Insumo",4433,"SINAPI","CAIBRO NAO APARELHADO *6 X 6* CM, EM MACARANDUBA/MASSARANDUBA, ANGELIM OU EQUIVALENTE DA REGIAO - BRUTA","Material",null,"M",0.41249999999999998,null,26.63,10.98]
["Insumo",5068,"SINAPI","PREGO DE ACO POLIDO COM CABECA 17 X 21 (2 X 11)","Material",null,"KG",0.111,null,17.760000000000002,1.97]
["Insumo",7356,"SINAPI","TINTA LATEX ACRILICA PREMIUM, COR BRANCO FOSCO","Material",null,"L",2.5600000000000001E-2,null,30.24,0.77]
["Insumo",10567,"SINAPI","TABUA *2,5 X 23* CM EM PINUS, MISTA OU EQUIVALENTE DA REGIAO - BRUTA","Material",null,"M",0.55000000000000004,null,10.73,5.9]
[{"$nulls":4},"MO sem LS =>",29.33,"LS =>",0,"MO com LS =>",29.33]
[{"$nulls":4},"Valor do BDI =>",15.53,null,"Valor com BDI =>",null,84.38]
[{"$nulls":6},"Quant. =>",9964.34,"Preço Total =>",840791]
[]
[" 3.1.2 ","Código","Banco","Descrição","Tipo",null,"Und","Quant.","Porcent.","Valor Unit","Total"]
["Composição",98525,"SINAPI","LIMPEZA MECANIZADA DE CAMADA VEGETAL, VEGETAÇÃO E PEQUENAS ÁRVORES (DIÂMETRO DE TRONCO MENOR QUE 0,20 M), COM TRATOR DE ESTEIRAS. AF_03/2024","URBA - URBANIZAÇÃO",null,"m²",1,null,0.69,0.69]
["Composição Auxiliar",88441,"SINAPI","JARDINEIRO COM ENCARGOS COMPLEMENTARES","SEDI - SERVIÇOS DIVERSOS",null,"H",4.5999999999999999E-3,null,24.1,0.11]
["Composição Auxiliar",89031,"SINAPI","TRATOR DE ESTEIRAS, POTÊNCIA 100 HP, PESO OPERACIONAL 9,4 T, COM LÂMINA 2,19 M3 - CHI DIURNO. AF_06/2014","CHOR - CUSTOS HORÁRIOS DE MÁQUINAS E EQUIPAMENTOS",null,"CHI",2.8999999999999998E-3,null,84.03,0.24]
["Composição Auxiliar",89032,"SINAPI","TRATOR DE ESTEIRAS, POTÊNCIA 100 HP, PESO OPERACIONAL 9,4 T, COM LÂMINA 2,19 M3 - CHP DIURNO. AF_06/2014","CHOR - CUSTOS HORÁRIOS DE MÁQUINAS E EQUIPAMENTOS",null,"CHP",1.6999999999999999E-3,null,200.92,0.34]
[{"$nulls":4},"MO sem LS =>",0.21000000000000002,"LS =>",0,"MO com LS =>",0.21000000000000002]
[{"$nulls":4},"Valor do BDI =>",0.15,null,"Valor com BDI =>",null,0.84]
[{"$nulls":6},"Quant. =>",27466.43,"Preço Total =>",23071.8]
[]
[" 3.1.3 ","Código","Banco","Descrição","Tipo",null,"Und","Quant.","Porcent.","Valor Unit","Total"]
["Composição",100575,"SINAPI","REGULARIZAÇÃO DE SUPERFÍCIES COM MOTONIVELADORA. AF_11/2019","PAVI - PAVIMENTAÇÃO",null,"m²",1,null,0.18,0.18]
["Composição Auxiliar",5932,"SINAPI","MOTONIVELADORA POTÊNCIA BÁSICA LÍQUIDA (PRIMEIRA MARCHA) 125 HP, PESO BRUTO 13032 KG, LARGURA DA LÂMINA DE 3,7 M - CHP DIURNO. AF_06/2014","CHOR - CUSTOS HORÁRIOS DE MÁQUINAS E EQUIPAMENTOS",null,"CHP",1E-4,null,314.22000000000003,0.03]
["Composição Auxiliar",5934,"SINAPI","MOTONIVELADORA POTÊNCIA BÁSICA LÍQUIDA (PRIMEIRA MARCHA) 125 HP, PESO BRUTO 13032 KG, LARGURA DA LÂMINA DE 3,7 M - CHI DIURNO. AF_06/2014","CHOR - CUSTOS HORÁRIOS DE MÁQUINAS E EQUIPAMENTOS",null,"CHI",1E-3,null,136.78,0.13]
["Composição Auxiliar",88316,"SINAPI","SERVENTE COM ENCARGOS COMPLEMENTARES","SEDI - SERVIÇOS DIVERSOS",null,"H",1E-3,null,23.23,0.02]
[{"$nulls":4},"MO sem LS =>",0.06,"LS =>",0,"MO com LS =>",0.06]
[{"$nulls":4},"Valor do BDI =>",0.04,null,"Valor com BDI =>",null,0.22]
[{"$nulls":6},"Quant. =>",27466.43,"Preço Total =>",6042.61]
[]
[" 3.1.4 ","Código","Banco","Descrição","Tipo",null,"Und","Quant.","Porcent.","Valor Unit","Total"]
["Composição",101205,"SINAPI","PORTÃO COM MOURÕES DE MADEIRA ROLIÇA, DIÂMETRO 11 CM, COM 5 FIOS DE ARAME FARPADO Nº 14 CLASSE 250, SEM DOBRADIÇAS - FORNECIMENTO E INSTALAÇÃO. AF_05/2020","URBA - URBANIZAÇÃO",null,"M",1,null,45.96,45.96]
["Composição Auxiliar",101202,"SINAPI","CERCA COM MOURÕES DE MADEIRA ROLIÇA, DIÂMETRO 11 CM, ESPAÇAMENTO DE 2,5 M, ALTURA LIVRE DE 1,7 M, CRAVADOS 0,5 M, COM 5 FIOS DE ARAME FARPADO Nº 14 CLASSE 250 - FORNECIMENTO E INSTALAÇÃO. AF_05/2020","URBA - URBANIZAÇÃO",null,"M",1,null,45.96,45.96]
[{"$nulls":4},"MO sem LS =>",20.39,"LS =>",0,"MO com LS =>",20.39]
[{"$nulls":4},"Valor do BDI =>",10.36,null,"Valor com BDI =>",null,56.32]
[{"$nulls":6},"Quant. =>",12,"Preço Total =>",675.84]
[]
[" 3.1.5 ","Código","Banco","Descrição","Tipo",null,"Und","Quant.","Porcent.","Valor Unit","Total"]
["Composição",3713608,"SICRO3","Cerca com 4 fios de arame farpado e mourão de madeira a cada 2,5 m e esticador a cada 50 m","",null,"m",1,null,21.88,21.88]
["B","Código","Banco","Mão de Obra","Quantidade","Salário Hora",null,null,null,"Custo Horário"]
["Insumo","P9824","SICRO3","Servente",4,null,null,null,21.465699999999998,85.862799999999993]
[{"$nulls":5},"Custo Horário da Mão de Obra =>",null,null,null,85.862799999999993]
[{"$nulls":5},"Adc.M.O. - Ferramentas (0,0%) =>",null,null,null,0]
[{"$nulls":5},"Custo Horário de Execução =>",null,null,null,85.862799999999993]
[{"$nulls":5},"Fator de Influencia da Chuva - FIC =>",null,null,null,0]
[{"$nulls":5},"Custo do FIC =>",null,null,null,0]
[{"$nulls":5},"Produção de Equipe =>",null,null,null,10]
[{"$nulls":5},"Custo Unitário de Execução =>",null,null,null,8.5862999999999996]
["C","Banco","Código","Material","Quantidade","Unidade","Preço Unitário",null,null,"Custo Horário"]
["Insumo","SICRO3","M0069","Arame farpado em aço galvanizado - D = 1,60 mm",4,"m",0.73380000000000001,null,null,2.9352]
["Insumo","SICRO3","M0745","Grampo em aço galvanizado para cerca - C = 25,4 mm e E = 3,76 mm (1” x 9 BWG)",8.2500000000000004E-3,"kg",13.6211,null,null,0.1124]
["Insumo","SICRO3","M1638","Mourão de madeira - H = 2,10 m e D = 0,10 m",0.42,"un",21.412600000000001,null,null,8.9932999999999996]
["Insumo","SICRO3","M1639","Mourão de madeira - H = 2,20 m e D = 0,15 m",0.02,"un",49.562199999999997,null,null,0.99119999999999997]
[{"$nulls":5},"Custo Total do Material =>",null,null,null,13.0321]
["E","Banco","Insumo","Tempos Fixos","Código","Quantidade","Unidade","Preço Unitário",null,"Custo Horário"]
["Tempo Fixo","SICRO3","M0069","Carga, manobra e descarga de materiais diversos em caminhão carroceria de 15 t - carga e descarga manuais",5914655,2.0000000000000001E-4,"t",33.15,null,6.6E-3]
["Tempo Fixo","SICRO3","M0745","Carga, manobra e descarga de materiais diversos em caminhão carroceria de 15 t - carga e descarga manuais",5914655,1.0000000000000001E-5,"t",33.15,null,2.9999999999999997E-4]
["Tempo Fixo","SICRO3","M1638","Carga, manobra e descarga de materiais diversos em caminhão carroceria de 15 t - carga e descarga manuais",5914655,6.9300000000000004E-3,"t",33.15,null,0.22969999999999999]
["Tempo Fixo","SICRO3","M1639","Carga, manobra e descarga de materiais diversos em caminhão carroceria de 15 t - carga e descarga manuais",5914655,7.7999999999999999E-4,"t",33.15,null,2.5899999999999999E-2]
[{"$nulls":5},"Custo Total dos Tempos Fixos =>",null,null,null,0.26250000000000001]
["F","Banco","Insumo","Momento de Transporte","Quantidade","Unidade","Distância Média de Transporte (DMT)",null,null,"Custo Horário"]
[{"$nulls":6},"LN","RP","P"]
["Momento de Transporte","SICRO3","M0069","Arame farpado em aço galvanizado - D = 1,60 mm - Caminhão carroceria com capacidade de 15 t - 188 kW",2.0000000000000001E-4,"tkm","5914449\n0,000\nR$ 1,08","5914464\n0,000\nR$ 0,86","5914479\n0,000\nR$ 0,71",0]
["Momento de Transporte","SICRO3","M0745","Grampo em aço galvanizado para cerca - C = 25,4 mm e E = 3,76 mm (1” x 9 BWG) - Caminhão carroceria com capacidade de 15 t - 188 kW",1.0000000000000001E-5,"tkm","5914449\n0,000\nR$ 1,08","5914464\n0,000\nR$ 0,86","5914479\n0,000\nR$ 0,71",0]
["Momento de Transporte","SICRO3","M1638","Mourão de madeira - H = 2,10 m e D = 0,10 m - Caminhão carroceria com capacidade de 15 t - 188 kW",6.9300000000000004E-3,"tkm","5914449\n0,000\nR$ 1,08","5914464\n0,000\nR$ 0,86","5914479\n0,000\nR$ 0,71",0]
["Momento de Transporte","SICRO3","M1639","Mourão de madeira - H = 2,20 m e D = 0,15 m - Caminhão carroceria com capacidade de 15 t - 188 kW",7.7999999999999999E-4,"tkm","5914449\n0,000\nR$ 1,08","5914464\n0,000\nR$ 0,86","5914479\n0,000\nR$ 0,71",0]
[{"$nulls":5},"Custo total dos Momentos de Transportes =>",null,null,null,0]
[{"$nulls":4},"MO sem LS =>",8.6724328770270276,"LS =>",0,"MO com LS =>",8.6724328770270276]
[{"$nulls":4},"Valor do BDI =>",4.93,null,"Valor com BDI =>",null,26.81]
[{"$nulls":6},"Quant. =>",401.04,"Preço Total =>",10751.88]
[]
[" 3.1.6 ","Código","Banco","Descrição","Tipo",null,"Und","Quant.","Porcent.","Valor Unit","Total"]
["Composição",903804,"SICRO3","Instalação da central de concreto com capacidade de 30 m³/h","",null,"un",1,null,65698.77,65698.77]
[{"$nulls":5},"Custo Horário de Execução =>",null,null,null,0]
[{"$nulls":5},"Fator de Influencia da Chuva - FIC =>",null,null,null,0]
[{"$nulls":5},"Custo do FIC =>",null,null,null,0]
[{"$nulls":5},"Produção de Equipe =>",null,null,null,1]
[{"$nulls":5},"Custo Unitário de Execução =>",null,null,null,0]
["D","Banco","Código","Atividades Auxiliares","Quantidade","Unidade","Preço Unitário",null,null,"Custo Horário"]
["Atividade Auxiliar","SICRO3",903845,"Lastro de brita comercial - espalhamento mecânico",77.342070000000007,"m³",144.78,null,null,11197.5849]
["Atividade Auxiliar","SICRO3",919011,"Montagem e desmontagem da central de concreto com capacidade de 30 m³/h - inclusive construção e demolição de bases, rampas e depósitos de agregados",1,"un",34165.35,null,null,34165.35]
["Atividade Auxiliar","SICRO3",3713608,"Cerca com 4 fios de arame farpado e mourão de madeira a cada 2,5 m e esticador a cada 50 m",228,"m",21.88,null,null,4988.6400000000003]
["Atividade Auxiliar","SICRO3",4011209,"Regularização do subleito",3200,"m²",1.1499999999999999,null,null,3680]
["Atividade Auxiliar","SICRO3",4011211,"Reforço do subleito com material de jazida",640,"m³",11.48,null,null,7347.2]
["Atividade Auxiliar","SICRO3",5502985,"Limpeza mecanizada da camada vegetal",3200,"m²",0.56000000000000005,null,null,1792]
["Atividade Auxiliar","SICRO3",5502986,"Expurgo de jazida",800,"m³",3.16,null,null,2528]
[{"$nulls":5},"Custo Total das Atividades =>",null,null,null,65698.774900000004]
[{"$nulls":4},"MO sem LS =>",15398.4476536,"LS =>",0,"MO com LS =>",15398.447654364101]
[{"$nulls":4},"Valor do BDI =>",14821.64,null,"Valor com BDI =>",null,80520.41]
[{"$nulls":6},"Quant. =>",1,"Preço Total =>",80520.41]
[]
[" 3.1.7 ","Código","Banco","Descrição","Tipo",null,"Und","Quant.","Porcent.","Valor Unit","Total"]
["Composição",903807,"SICRO3","Instalação da central de britagem com capacidade de 80 m³/h","",null,"un",1,null,105309.04,105309.04]
[{"$nulls":5},"Custo Horário de Execução =>",null,null,null,0]
[{"$nulls":5},"Fator de Influencia da Chuva - FIC =>",null,null,null,0]
[{"$nulls":5},"Custo do FIC =>",null,null,null,0]
[{"$nulls":5},"Produção de Equipe =>",null,null,null,1]
[{"$nulls":5},"Custo Unitário de Execução =>",null,null,null,0]
["D","Banco","Código","Atividades Auxiliares","Quantidade","Unidade","Preço Unitário",null,null,"Custo Horário"]
["Atividade Auxiliar","SICRO3",903845,"Lastro de brita comercial - espalhamento mecânico",102.24458,"m³",144.78,null,null,14802.970300000001]
["Atividade Auxiliar","SICRO3",919009,"Montagem e desmontagem da central de britagem com capacidade de 80 m³/h - inclusive construção de aterro, construção e demolição de rampa e bases",1,"un",64342.55,null,null,64342.55]
["Atividade Auxiliar","SICRO3",3713608,"Cerca com 4 fios de arame farpado e mourão de madeira a cada 2,5 m e esticador a cada 50 m",262,"m",21.88,null,null,5732.56]
["Atividade Auxiliar","SICRO3",4011209,"Regularização do subleito",4260,"m²",1.1499999999999999,null,null,4899]
["Atividade Auxiliar","SICRO3",4011211,"Reforço do subleito com material de jazida",852,"m³",11.48,null,null,9780.9599999999991]
["Atividade Auxiliar","SICRO3",5502985,"Limpeza mecanizada da camada vegetal",4260,"m²",0.56000000000000005,null,null,2385.6]
["Atividade Auxiliar","SICRO3",5502986,"Expurgo de jazida",1065,"m³",3.16,null,null,3365.4]
[{"$nulls":5},"Custo Total das Atividades =>",null,null,null,105309.04029999999]
[{"$nulls":4},"MO sem LS =>",22260.549369600001,"LS =>",0,"MO com LS =>",22260.549371330068]
[{"$nulls":4},"Valor do BDI =>",23757.71,null,"Valor com BDI =>",null,129066.75]
[{"$nulls":6},"Quant. =>",1,"Preço Total =>",129066.75]
[]
[" 3.2 ",null,null,"CANTEIRO",{"$nulls":6},1586936.85]
[" 3.2.1 ","Código","Banco","Descrição","Tipo",null,"Und","Quant.","Porcent.","Valor Unit","Total"]
["Composição",9416,"ORSE","Instalação provisória de energia elétrica, aerea, trifasica, em poste galvanizado, exclusive fornecimento do medidor","Mobilização / Instalações Provisórias / Desmobilização",null,"un",1,null,1642.85,1642.85]
["Composição Auxiliar",124,"ORSE","Concreto simples fabricado na obra, fck=13,5 mpa (b1/b2), sem lançamento e adensamento","Concreto Simples",null,"m³",0.08,null,517.72,41.41]
["Composição Auxiliar",10549,"ORSE","Encargos Complementares - Servente","Provisórios",null,"h",8,null,3.79,30.32]
["Composição Auxiliar",10550,"ORSE","Encargos Complementares - Pedreiro","Provisórios",null,"h",2,null,3.66,7.32]
["Composição Auxiliar",10552,"ORSE","Encargos Complementares - Eletricista","Provisórios",null,"h",8,null,3.65,29.2]
["Insumo",208,"ORSE","Arruela de alumínio p/eletroduto d=1 \"","Material",null,"un",2,null,1.25,2.5]
["Insumo",313,"ORSE","Bucha alumínio p/eletroduto d=1 \"","Material",null,"un",2,null,1.65,3.3]
["Insumo",414,"ORSE","Cabo cobre rígido, isolado, 16mm2 - 450/750v / 70º","Material",null,"m",30,null,15.54,466.2]
["Insumo",436,"ORSE","Caixa de medicao bi ou trifásica, em noril (policarbonato)","Material",null,"un",1,null,91.5,91.5]
["Insumo",2645,"ORSE","Poste de ferro galvanizado, 3\" x 6m, completo, para entrada de energia","Material",null,"un",1,null,370.18,370.18]
["Insumo",3331,"ORSE","Cabo de cobre nú 16 mm2 - 4AWG","Material",null,"Kg",0.43219999999999997,null,124.75,53.91]
["Insumo",4676,"ORSE","Fita em aço 1/2\" Fusimec ou similar","Material",null,"m",0.1333,null,1.99,0.26]
["Insumo",4786,"ORSE","Parafuso cabeça sextavada 5/8\" x 6\"","Material",null,"cj",2,null,12.64,25.28]
["Insumo"," 00000420/SINAPI ","ORSE","Cinta circular em aco galvanizado de 150 mm de diametro para fixacao de caixamedicao, inclui parafusos e porcas","Material",null,"un",1,null,26.79,26.79]
["Insumo"," 00001892/SINAPI ","ORSE","Luva em pvc rigido roscavel, de 1\", para eletroduto","Material",null,"un",4,null,1.1000000000000001,4.4000000000000004]
["Insumo"," 00002392/SINAPI ","ORSE","Disjuntor tipo nema, tripolar 10  ate  50a, tensao maxima de 415 v","Material",null,"un",1,null,67.13,67.13]
["Insumo"," 00002436/SINAPI ","ORSE","Eletricista (horista)","Mão de Obra",null,"h",8,null,19.13,153.04]
["Insumo"," 00002685/SINAPI ","ORSE","Eletroduto de pvc rigido roscavel de 1 \", sem luva","Material",null,"m",6,null,6.42,38.520000000000003]
["Insumo"," 00003379/SINAPI ","ORSE","Haste de aterramento em aco com 3,00 m de comprimento e dn = 5/8\", revestida com baixa camada de cobre, sem conector","Material",null,"un",1,null,82.01,82.01]
["Insumo"," 00003398/SINAPI ","ORSE","Isolador de porcelana, tipo roldana, dimensoes de *72* x *72* mm, para uso embaixa tensao","Material",null,"un",1,null,2.16,2.16]
["Insumo"," 00004750/SINAPI ","ORSE","Pedreiro (horista)","Mão de Obra",null,"h",2,null,19.11,38.22]
["Insumo"," 00006111/SINAPI ","ORSE","Servente de obras (horista)","Mão de Obra",null,"h",8,null,13.65,109.2]
[{"$nulls":4},"MO sem LS =>",307.01,"LS =>",0,"MO com LS =>",307.01]
[{"$nulls":4},"Valor do BDI =>",370.62,null,"Valor com BDI =>",null,2013.47]
[{"$nulls":6},"Quant. =>",1,"Preço Total =>",2013.47]
[]
[" 3.2.2 ","Código","Banco","Descrição","Tipo",null,"Und","Quant.","Porcent.","Valor Unit","Total"]
["Composição",95637,"SINAPI","KIT CAVALETE PARA MEDIÇÃO DE ÁGUA - ENTRADA PRINCIPAL, EM AÇO GALVANIZADO DN 32 MM (1 1/4\") - FORNECIMENTO E INSTALAÇÃO (EXCLUSIVE HIDRÔMETRO). AF_03/2024","INHI - INSTALAÇÕES HIDROS SANITÁRIAS",null,"UN",1,null,529.54999999999995,529.54999999999995]
["Composição Auxiliar",88248,"SINAPI","AUXILIAR DE ENCANADOR OU BOMBEIRO HIDRÁULICO COM ENCARGOS COMPLEMENTARES","SEDI - SERVIÇOS DIVERSOS",null,"H",4.2328999999999999,null,23.37,98.92]
["Composição Auxiliar",88267,"SINAPI","ENCANADOR OU BOMBEIRO HIDRÁULICO COM ENCARGOS COMPLEMENTARES","SEDI - SERVIÇOS DIVERSOS",null,"H",4.2328999999999999,null,31.5,133.33000000000001]
["Insumo",3148,"SINAPI","FITA VEDA ROSCA EM ROLOS DE 18 MM X 50 M (L X C)","Material",null,"UN",0.1512,null,10.99,1.66]
["Insumo",3457,"SINAPI","COTOVELO 90 GRAUS DE FERRO GALVANIZADO, COM ROSCA BSP, DE 1 1/4\"","Material",null,"UN",4,null,22.93,91.72]
["Insumo",4180,"SINAPI","NIPLE DE FERRO GALVANIZADO, COM ROSCA BSP, DE 1 1/4\"","Material",null,"UN",2,null,15.98,31.96]
["Insumo",4894,"SINAPI","PLUG OU BUJAO DE FERRO GALVANIZADO, DE 1 1/4\"","Material",null,"UN",1,null,11.36,11.36]
["Insumo",6017,"SINAPI","REGISTRO GAVETA BRUTO EM LATAO FORJADO, BITOLA 1 1/4 \" (REF 1509)","Material",null,"UN",1,null,71.95,71.95]
["Insumo",6296,"SINAPI","TE DE FERRO GALVANIZADO, DE 1 1/4\"","Material",null,"UN",1,null,31.05,31.05]
["Insumo",7307,"SINAPI","FUNDO ANTICORROSIVO PARA METAIS FERROSOS (ZARCAO)","Material",null,"L",3.5999999999999997E-2,null,40.270000000000003,1.44]
["Insumo",7698,"SINAPI","TUBO ACO GALVANIZADO COM COSTURA, CLASSE MEDIA, DN 1.1/4\", E = *3,25* MM, PESO *3,14* KG/M (NBR 5580)","Material",null,"M",1.143,null,49.14,56.16]
[{"$nulls":4},"MO sem LS =>",163.59,"LS =>",0,"MO com LS =>",163.59]
[{"$nulls":4},"Valor do BDI =>",119.46,null,"Valor com BDI =>",null,649.01]
[{"$nulls":6},"Quant. =>",1,"Preço Total =>",649.01]
[]
[" 3.2.3 ","Código","Banco","Descrição","Tipo",null,"Und","Quant.","Porcent.","Valor Unit","Total"]
["Composição",98054,"SINAPI","TANQUE SÉPTICO CIRCULAR, EM CONCRETO PRÉ-MOLDADO, DIÂMETRO INTERNO = 1,88 M, ALTURA INTERNA = 2,50 M, VOLUME ÚTIL: 6245,8 L (PARA 32 CONTRIBUINTES). AF_12/2020_PA","INHI - INSTALAÇÕES HIDROS SANITÁRIAS",null,"UN",1,null,5141.92,5141.92]
["Composição Auxiliar",101624,"SINAPI","PREPARO DE FUNDO DE VALA COM LARGURA MAIOR OU IGUAL A 1,5 M E MENOR QUE 2,5 M, COM CAMADA DE BRITA, LANÇAMENTO MECANIZADO. AF_08/2020","MOVT - MOVIMENTO DE TERRA",null,"m³",0.37330000000000002,null,226.61,84.59]
["Composição Auxiliar",5678,"SINAPI","RETROESCAVADEIRA SOBRE RODAS COM CARREGADEIRA, TRAÇÃO 4X4, POTÊNCIA LÍQ. 88 HP, CAÇAMBA CARREG. CAP. MÍN. 1 M3, CAÇAMBA RETRO CAP. 0,26 M3, PESO OPERACIONAL MÍN. 6.674 KG, PROFUNDIDADE ESCAVAÇÃO MÁX. 4,37 M - CHP DIURNO. AF_06/2014","CHOR - CUSTOS HORÁRIOS DE MÁQUINAS E EQUIPAMENTOS",null,"CHP",0.50749999999999995,null,163.21,82.82]
["Composição Auxiliar",5679,"SINAPI","RETROESCAVADEIRA SOBRE RODAS COM CARREGADEIRA, TRAÇÃO 4X4, POTÊNCIA LÍQ. 88 HP, CAÇAMBA CARREG. CAP. MÍN. 1 M3, CAÇAMBA RETRO CAP. 0,26 M3, PESO OPERACIONAL MÍN. 6.674 KG, PROFUNDIDADE ESCAVAÇÃO MÁX. 4,37 M - CHI DIURNO. AF_06/2014","CHOR - CUSTOS HORÁRIOS DE MÁQUINAS E EQUIPAMENTOS",null,"CHI",1.0343,null,77.930000000000007,80.599999999999994]
["Composição Auxiliar",88309,"SINAPI","PEDREIRO COM ENCARGOS COMPLEMENTARES","SEDI - SERVIÇOS DIVERSOS",null,"H",2.4573,null,32.270000000000003,79.290000000000006]
["Composição Auxiliar",88316,"SINAPI","SERVENTE COM ENCARGOS COMPLEMENTARES","SEDI - SERVIÇOS DIVERSOS",null,"H",1.9307000000000001,null,23.23,44.85]
["Composição Auxiliar",88628,"SINAPI","ARGAMASSA TRAÇO 1:3 (EM VOLUME DE CIMENTO E AREIA MÉDIA ÚMIDA), PREPARO MECÂNICO COM BETONEIRA 400 L. AF_08/2019","SEDI - SERVIÇOS DIVERSOS",null,"m³",8.5800000000000001E-2,null,640.99,54.99]
["Composição Auxiliar",97738,"SINAPI","PEÇA CIRCULAR PRÉ-MOLDADA, VOLUME DE CONCRETO DE 10 A 30 LITROS, TAXA DE FIBRA DE POLIPROPILENO APROXIMADA DE 6 KG/M³. AF_01/2018_PS","FUES - FUNDAÇÕES E ESTRUTURAS",null,"m³",1.54E-2,null,4101.3599999999997,63.16]
["Composição Auxiliar",97740,"SINAPI","PEÇA CIRCULAR PRÉ-MOLDADA, VOLUME DE CONCRETO ACIMA DE 100 LITROS, TAXA DE AÇO APROXIMADA DE 30KG/M³. AF_01/2018","FUES - FUNDAÇÕES E ESTRUTURAS",null,"m³",0.24,null,2111.58,506.77]
["Insumo",12565,"SINAPI","ANEL EM CONCRETO ARMADO, LISO, PARA FOSSAS SEPTICAS E SUMIDOUROS, SEM FUNDO, DIAMETRO INTERNO DE 2,00 M E ALTURA DE 0,50 M","Material",null,"UN",5,null,828.97,4144.8500000000004]
[{"$nulls":4},"MO sem LS =>",344.74,"LS =>",0,"MO com LS =>",344.74]
[{"$nulls":4},"Valor do BDI =>",1160.01,null,"Valor com BDI =>",null,6301.93]
[{"$nulls":6},"Quant. =>",1,"Preço Total =>",6301.93]
[]
[" 3.2.4 ","Código","Banco","Descrição","Tipo",null,"Und","Quant.","Porcent.","Valor Unit","Total"]
["Composição",98100,"SINAPI","SUMIDOURO RETANGULAR, EM ALVENARIA COM BLOCOS DE CONCRETO, DIMENSÕES INTERNAS: 1,6 X 3,4 X H=3,0 M, ÁREA DE INFILTRAÇÃO: 32,9 M² (PARA 13 CONTRIBUINTES). . AF_12/2020","INHI - INSTALAÇÕES HIDROS SANITÁRIAS",null,"UN",1,null,5949.88,5949.88]
["Composição Auxiliar",100475,"SINAPI","ARGAMASSA TRAÇO 1:3 (EM VOLUME DE CIMENTO E AREIA MÉDIA ÚMIDA) COM ADIÇÃO DE IMPERMEABILIZANTE, PREPARO MECÂNICO COM BETONEIRA 400 L. AF_08/2019","SEDI - SERVIÇOS DIVERSOS",null,"m³",0.48799999999999999,null,793.4,387.17]
["Composição Auxiliar",101625,"SINAPI","PREPARO DE FUNDO DE VALA COM LARGURA MAIOR OU IGUAL A 1,5 M E MENOR QUE 2,5 M, COM CAMADA DE AREIA, LANÇAMENTO MECANIZADO. AF_08/2020","MOVT - MOVIMENTO DE TERRA",null,"m³",0.70299999999999996,null,187.71,131.96]
["Composição Auxiliar",5678,"SINAPI","RETROESCAVADEIRA SOBRE RODAS COM CARREGADEIRA, TRAÇÃO 4X4, POTÊNCIA LÍQ. 88 HP, CAÇAMBA CARREG. CAP. MÍN. 1 M3, CAÇAMBA RETRO CAP. 0,26 M3, PESO OPERACIONAL MÍN. 6.674 KG, PROFUNDIDADE ESCAVAÇÃO MÁX. 4,37 M - CHP DIURNO. AF_06/2014","CHOR - CUSTOS HORÁRIOS DE MÁQUINAS E EQUIPAMENTOS",null,"CHP",0.50129999999999997,null,163.21,81.81]
["Composição Auxiliar",5679,"SINAPI","RETROESCAVADEIRA SOBRE RODAS COM CARREGADEIRA, TRAÇÃO 4X4, POTÊNCIA LÍQ. 88 HP, CAÇAMBA CARREG. CAP. MÍN. 1 M3, CAÇAMBA RETRO CAP. 0,26 M3, PESO OPERACIONAL MÍN. 6.674 KG, PROFUNDIDADE ESCAVAÇÃO MÁX. 4,37 M - CHI DIURNO. AF_06/2014","CHOR - CUSTOS HORÁRIOS DE MÁQUINAS E EQUIPAMENTOS",null,"CHI",1.0216000000000001,null,77.930000000000007,79.61]
["Composição Auxiliar",88309,"SINAPI","PEDREIRO COM ENCARGOS COMPLEMENTARES","SEDI - SERVIÇOS DIVERSOS",null,"H",33.425199999999997,null,32.270000000000003,1078.6300000000001]
["Composição Auxiliar",88316,"SINAPI","SERVENTE COM ENCARGOS COMPLEMENTARES","SEDI - SERVIÇOS DIVERSOS",null,"H",26.262699999999999,null,23.23,610.08000000000004]
["Composição Auxiliar",89993,"SINAPI","GRAUTEAMENTO VERTICAL EM ALVENARIA ESTRUTURAL. AF_09/2021","FUES - FUNDAÇÕES E ESTRUTURAS",null,"m³",0.22420000000000001,null,1150.29,257.89]
["Composição Auxiliar",89995,"SINAPI","GRAUTEAMENTO DE CINTA SUPERIOR OU DE VERGA EM ALVENARIA ESTRUTURAL. AF_09/2021","FUES - FUNDAÇÕES E ESTRUTURAS",null,"m³",0.1661,null,1108.1500000000001,184.06]
["Composição Auxiliar",89996,"SINAPI","ARMAÇÃO VERTICAL DE ALVENARIA ESTRUTURAL; DIÂMETRO DE 10,0 MM. AF_09/2021","FUES - FUNDAÇÕES E ESTRUTURAS",null,"KG",7.4039999999999999,null,10.9,80.7]
["Composição Auxiliar",89998,"SINAPI","ARMAÇÃO DE CINTA DE ALVENARIA ESTRUTURAL; DIÂMETRO DE 10,0 MM. AF_09/2021","FUES - FUNDAÇÕES E ESTRUTURAS",null,"KG",6.6635999999999997,null,10.29,68.56]
["Composição Auxiliar",97735,"SINAPI","PEÇA RETANGULAR PRÉ-MOLDADA, VOLUME DE CONCRETO DE 30 A 100 LITROS, TAXA DE AÇO APROXIMADA DE 30KG/M³. AF_01/2018","FUES - FUNDAÇÕES E ESTRUTURAS",null,"m³",0.53200000000000003,null,2632.1,1400.27]
["Insumo",660,"SINAPI","CANALETA DE CONCRETO 19 X 19 X 19 CM (CLASSE C - NBR 6136)","Material",null,"UN",56.7,null,2.66,150.82]
["Insumo",4720,"SINAPI","PEDRA BRITADA N. 0, OU PEDRISCO (4,8 A 9,5 MM) POSTO PEDREIRA/FORNECEDOR, SEM FRETE","Material",null,"m³",1.7951999999999999,null,128.66,230.97]
["Insumo",25067,"SINAPI","BLOCO DE CONCRETO ESTRUTURAL 19 X 19 X 39 CM, FBK 4,5 MPA (NBR 6136)","Material",null,"UN",282.09339999999997,null,4.28,1207.3499999999999]
[{"$nulls":4},"MO sem LS =>",2116.61,"LS =>",0,"MO com LS =>",2116.61]
[{"$nulls":4},"Valor do BDI =>",1342.29,null,"Valor com BDI =>",null,7292.17]
[{"$nulls":6},"Quant. =>",3,"Preço Total =>",21876.51]
[]
[" 3.2.5 ","Código","Banco","Descrição","Tipo",null,"Und","Quant.","Porcent.","Valor Unit","Total"]
["Composição"," 03.01.10 ","EMBASA","PLACA DE IDENTIFICACAO DA OBRA PADRAO EMBASA,INCL.FORNEC.,TRANSP. E INST. (DP0301-04)",301,null,"m²",1,null,322.42,322.42]
["Insumo"," B010000052 ","EMBASA","CARPINTEIRO","Mão de Obra",null,"H",2,null,26.63,53.26]
["Insumo"," B010000097 ","EMBASA","SERVENTE","Mão de Obra",null,"H",1.5,null,18.02,27.03]
["Insumo"," D050000001 ","EMBASA","BARROTE AGRESTE 5 x 5 CM","Material",null,"M",0.57410000000000005,null,6.51,3.73]
["Insumo"," D050000057 ","EMBASA","PRANCHAO 5,0 x 15 CM","Material",null,"M",0.7611,null,17.149999999999999,13.05]
["Insumo"," D070000078 ","EMBASA","PREGO 3\" x 9\"","Material",null,"KG",0.04,null,8.93,0.35]
["Insumo"," D330000007 ","EMBASA","PLACA DE OBRA EM CHAPA ACO GALV. No16/18-PINTADA","Material",null,"m²",1,null,225,225]
[{"$nulls":4},"MO sem LS =>",80.290000000000006,"LS =>",0,"MO com LS =>",80.290000000000006]
[{"$nulls":4},"Valor do BDI =>",72.73,null,"Valor com BDI =>",null,395.15]
[{"$nulls":6},"Quant. =>",8,"Preço Total =>",3161.2]
[]
[" 3.2.6 ","Código","Banco","Descrição","Tipo",null,"Und","Quant.","Porcent.","Valor Unit","Total"]
["Composição",98458,"SINAPI","TAPUME COM COMPENSADO DE MADEIRA. AF_03/2024","CANT - CANTEIRO DE OBRAS",null,"m²",1,null,94.01,94.01]
["Composição Auxiliar",88239,"SINAPI","AJUDANTE DE CARPINTEIRO COM ENCARGOS COMPLEMENTARES","SEDI - SERVIÇOS DIVERSOS",null,"H",0.52900000000000003,null,23.87,12.62]
["Composição Auxiliar",88262,"SINAPI","CARPINTEIRO DE FORMAS COM ENCARGOS COMPLEMENTARES","SEDI - SERVIÇOS DIVERSOS",null,"H",0.79,null,31.88,25.18]
["Composição Auxiliar",91692,"SINAPI","SERRA CIRCULAR DE BANCADA COM MOTOR ELÉTRICO POTÊNCIA DE 5HP, COM COIFA PARA DISCO 10\" - CHP DIURNO. AF_08/2015","CHOR - CUSTOS HORÁRIOS DE MÁQUINAS E EQUIPAMENTOS",null,"CHP",6.6E-3,null,41.97,0.27]
["Composição Auxiliar",91693,"SINAPI","SERRA CIRCULAR DE BANCADA COM MOTOR ELÉTRICO POTÊNCIA DE 5HP, COM COIFA PARA DISCO 10\" - CHI DIURNO. AF_08/2015","CHOR - CUSTOS HORÁRIOS DE MÁQUINAS E EQUIPAMENTOS",null,"CHI",2.64E-2,null,40.450000000000003,1.06]
["Composição Auxiliar",94974,"SINAPI","CONCRETO MAGRO PARA LASTRO, TRAÇO 1:4,5:4,5 (EM MASSA SECA DE CIMENTO/ AREIA MÉDIA/ BRITA 1) - PREPARO MANUAL. AF_05/2021","FUES - FUNDAÇÕES E ESTRUTURAS",null,"m³",6.1000000000000004E-3,null,479.42,2.92]
["Insumo",4491,"SINAPI","PONTALETE *7,5 X 7,5* CM EM PINUS, MISTA OU EQUIVALENTE DA REGIAO - BRUTA","Material",null,"M",1.2273000000000001,null,9.5,11.65]
["Insumo",5061,"SINAPI","PREGO DE ACO POLIDO COM CABECA 18 X 27 (2 1/2 X 10)","Material",null,"KG",6.8000000000000005E-2,null,17.46,1.18]
["Insumo",6194,"SINAPI","TABUA *2,5 X 15 CM EM PINUS, MISTA OU EQUIVALENTE DA REGIAO - BRUTA","Material",null,"M",2,null,6.78,13.56]
["Insumo",43681,"SINAPI","CHAPA/PAINEL DE MADEIRA COMPENSADA RESINADA (MADEIRITE RESINADO ROSA) PARA FORMA DE CONCRETO, DE 2200 x 1100 MM, E = 8 A 12 MM","Material",null,"m²",1.050038,null,24.36,25.57]
[{"$nulls":4},"MO sem LS =>",28,"LS =>",0,"MO com LS =>",28]
[{"$nulls":4},"Valor do BDI =>",21.2,null,"Valor com BDI =>",null,115.21]
[{"$nulls":6},"Quant. =>",882.28,"Preço Total =>",101647.47]
[]
[" 3.2.7 ","Código","Banco","Descrição","Tipo",null,"Und","Quant.","Porcent.","Valor Unit","Total"]
["Composição"," 55.04.09 ","EMBASA","GUARITA",5504,null,"m²",1,null,354.88,354.88]
["Composição Auxiliar"," 15.05.04 ","EMBASA","LASTRO EM CONCRETO NAO ESTRUTURAL SOB PISOS, e=8cm",1505,null,"m²",1.2,null,60.94,73.12]
["Composição Auxiliar"," 15.05.07 ","EMBASA","PISO CIMENTADO, ALISADO",1505,null,"m²",1.2,null,43.95,52.74]
["Composição Auxiliar"," 15.07.04 ","EMBASA","PINTURA C/ PVA-LATEX, S/ MASSA, INCL. LIXAMENTO, EM DUAS DEMAOS",1507,null,"m²",0.255,null,15.31,3.9]
["Composição Auxiliar"," 50.21.01 ","EMBASA","(REVISADA) PREPARO DE CONCRETO FCK = 6,00 MPA, BRITAS 1 E 2",5021,null,"m³",8.4000000000000005E-2,null,500.56,42.04]
["Composição Auxiliar"," 55.01.13 ","EMBASA","ACERTO MANUAL DO TERRENO",55,null,"m²",1.2,null,0.9,1.08]
["Composição Auxiliar"," 55.06.22 ","EMBASA","PAINEIS EM COMPENSADO RESINADO 10MM",55,null,"m²",0.255,null,120.87,30.82]
["Composição Auxiliar"," 55.06.25 ","EMBASA","COBERTURA EM TELHA VOGATEX 4MM",55,null,"m²",1.2,null,123.39,148.06]
["Insumo"," D050000001 ","EMBASA","BARROTE AGRESTE 5 x 5 CM","Material",null,"M",0.48,null,6.51,3.12]
[{"$nulls":4},"MO sem LS =>",204.02,"LS =>",0,"MO com LS =>",204.02]
[{"$nulls":4},"Valor do BDI =>",80.06,null,"Valor com BDI =>",null,434.94]
[{"$nulls":6},"Quant. =>",6.1,"Preço Total =>",2653.13]
[]
[" 3.2.8 ","Código","Banco","Descrição","Tipo",null,"Und","Quant.","Porcent.","Valor Unit","Total"]
["Composição",93207,"SINAPI","EXECUÇÃO DE ESCRITÓRIO EM CANTEIRO DE OBRA EM CHAPA DE MADEIRA COMPENSADA, NÃO INCLUSO MOBILIÁRIO E EQUIPAMENTOS. AF_02/2016","CANT - CANTEIRO DE OBRAS",null,"m²",1,null,1030.02,1030.02]
["Composição Auxiliar",100556,"SINAPI","CAIXA DE PASSAGEM PARA TELEFONE 15X15X10CM (SOBREPOR), FORNECIMENTO E INSTALACAO. AF_11/2019","INES - INSTALAÇÕES ESPECIAIS",null,"UN",1.9300000000000001E-2,null,40.93,0.78]
["Composição Auxiliar",100665,"SINAPI","JANELA DE MADEIRA - CEDRINHO/ANGELIM OU EQUIVALENTE DA REGIÃO - DE ABRIR COM 4 FOLHAS (2 VENEZIANAS E 2 GUILHOTINAS PARA VIDRO), COM BATENTE, ALIZAR E FERRAGENS. EXCLUSIVE VIDROS, ACABAMENTO E CONTRAMARCO. FORNECIMENTO E INSTALAÇÃO. AF_12/2019","ESQV - ESQUADRIAS/FERRAGENS/VIDROS",null,"m²",9.64E-2,null,723.51,69.739999999999995]
["Composição Auxiliar",101165,"SINAPI","ALVENARIA DE EMBASAMENTO COM BLOCO ESTRUTURAL DE CONCRETO, DE 14X19X29CM E ARGAMASSA DE ASSENTAMENTO COM PREPARO EM BETONEIRA. AF_05/2020","FUES - FUNDAÇÕES E ESTRUTURAS",null,"m³",2.3900000000000001E-2,null,941.87,22.51]
["Composição Auxiliar",101875,"SINAPI","QUADRO DE DISTRIBUIÇÃO DE ENERGIA EM CHAPA DE AÇO GALVANIZADO, DE EMBUTIR, COM BARRAMENTO TRIFÁSICO, PARA 12 DISJUNTORES DIN 100A - FORNECIMENTO E INSTALAÇÃO. AF_10/2020","INEL - INSTALAÇÃO ELÉTRICA/ELETRIFICAÇÃO E ILUMINAÇÃO EXTERNA",null,"UN",1.9300000000000001E-2,null,373.42,7.2]
["Composição Auxiliar",101891,"SINAPI","DISJUNTOR MONOPOLAR TIPO NEMA, CORRENTE NOMINAL DE 35 ATÉ 50A - FORNECIMENTO E INSTALAÇÃO. AF_10/2020","INEL - INSTALAÇÃO ELÉTRICA/ELETRIFICAÇÃO E ILUMINAÇÃO EXTERNA",null,"UN",0.1734,null,27.05,4.6900000000000004]
["Composição Auxiliar",103328,"SINAPI","ALVENARIA DE VEDAÇÃO DE BLOCOS CERÂMICOS FURADOS NA HORIZONTAL DE 9X19X19 CM (ESPESSURA 9 CM) E ARGAMASSA DE ASSENTAMENTO COM PREPARO EM BETONEIRA. AF_12/2021","PARE - PAREDES/PAINEIS",null,"m²",0.1023,null,99.01,10.119999999999999]
["Composição Auxiliar",86888,"SINAPI","VASO SANITÁRIO SIFONADO COM CAIXA ACOPLADA LOUÇA BRANCA - FORNECIMENTO E INSTALAÇÃO. AF_01/2020","INHI - INSTALAÇÕES HIDROS SANITÁRIAS",null,"UN",3.85E-2,null,502.4,19.34]
["Composição Auxiliar",86934,"SINAPI","BANCADA DE MÁRMORE SINTÉTICO 120 X 60CM, COM CUBA INTEGRADA, INCLUSO SIFÃO TIPO FLEXÍVEL EM PVC, VÁLVULA EM PLÁSTICO CROMADO TIPO AMERICANA E TORNEIRA CROMADA LONGA, DE PAREDE, PADRÃO POPULAR - FORNECIMENTO E INSTALAÇÃO. AF_01/2020","INHI - INSTALAÇÕES HIDROS SANITÁRIAS",null,"UN",1.9300000000000001E-2,null,418.71,8.08]
["Composição Auxiliar",86943,"SINAPI","LAVATÓRIO LOUÇA BRANCA SUSPENSO, 29,5 X 39CM OU EQUIVALENTE, PADRÃO POPULAR, INCLUSO SIFÃO FLEXÍVEL EM PVC, VÁLVULA E ENGATE FLEXÍVEL 30CM EM PLÁSTICO E TORNEIRA CROMADA DE MESA, PADRÃO POPULAR - FORNECIMENTO E INSTALAÇÃO. AF_01/2020","INHI - INSTALAÇÕES HIDROS SANITÁRIAS",null,"UN",3.85E-2,null,263.98,10.16]
["Composição Auxiliar",87548,"SINAPI","MASSA ÚNICA, PARA RECEBIMENTO DE PINTURA, EM ARGAMASSA TRAÇO 1:2:8, PREPARO MANUAL, APLICADA MANUALMENTE EM FACES INTERNAS DE PAREDES, ESPESSURA DE 10MM, COM EXECUÇÃO DE TALISCAS. AF_06/2014","REVE - REVESTIMENTO E TRATAMENTO DE SUPERFÍCIES",null,"m²",3.85E-2,null,31.87,1.22]
["Composição Auxiliar",87885,"SINAPI","CHAPISCO APLICADO NO TETO OU EM ALVENARIA E ESTRUTURA, COM ROLO PARA TEXTURA ACRÍLICA. ARGAMASSA INDUSTRIALIZADA COM PREPARO EM MISTURADOR 300 KG. AF_10/2022","REVE - REVESTIMENTO E TRATAMENTO DE SUPERFÍCIES",null,"m²",0.20469999999999999,null,10.17,2.08]
["Composição Auxiliar",88489,"SINAPI","PINTURA LÁTEX ACRÍLICA PREMIUM, APLICAÇÃO MANUAL EM PAREDES, DUAS DEMÃOS. AF_04/2023","PINT - PINTURAS",null,"m²",4.4976000000000003,null,13.66,61.43]
["Composição Auxiliar",89171,"SINAPI","(COMPOSIÇÃO REPRESENTATIVA) DO SERVIÇO DE REVESTIMENTO CERÂMICO PARA PISO COM PLACAS TIPO ESMALTADA EXTRA DE DIMENSÕES 35X35 CM, PARA EDIFICAÇÃO HABITACIONAL UNIFAMILIAR (CASA) E EDIFICAÇÃO PÚBLICA PADRÃO. AF_11/2014","PISO - PISOS",null,"m²",8.0600000000000005E-2,null,53.82,4.33]
["Composição Auxiliar",89173,"SINAPI","(COMPOSIÇÃO REPRESENTATIVA) DO SERVIÇO DE EMBOÇO/MASSA ÚNICA, APLICADO MANUALMENTE, TRAÇO 1:2:8, EM BETONEIRA DE 400L, PAREDES INTERNAS, COM EXECUÇÃO DE TALISCAS, EDIFICAÇÃO HABITACIONAL UNIFAMILIAR (CASAS) E EDIFICAÇÃO PÚBLICA PADRÃO. AF_12/2014","REVE - REVESTIMENTO E TRATAMENTO DE SUPERFÍCIES",null,"m²",0.20469999999999999,null,42.88,8.77]
["Composição Auxiliar",89482,"SINAPI","CAIXA SIFONADA, PVC, DN 100 X 100 X 50 MM, FORNECIDA E INSTALADA EM RAMAIS DE ENCAMINHAMENTO DE ÁGUA PLUVIAL. AF_06/2022","INHI - INSTALAÇÕES HIDROS SANITÁRIAS",null,"UN",3.85E-2,null,34.68,1.33]
["Composição Auxiliar",89711,"SINAPI","TUBO PVC, SERIE NORMAL, ESGOTO PREDIAL, DN 40 MM, FORNECIDO E INSTALADO EM RAMAL DE DESCARGA OU RAMAL DE ESGOTO SANITÁRIO. AF_08/2022","INHI - INSTALAÇÕES HIDROS SANITÁRIAS",null,"M",0.13880000000000001,null,21.35,2.96]
["Composição Auxiliar",89712,"SINAPI","TUBO PVC, SERIE NORMAL, ESGOTO PREDIAL, DN 50 MM, FORNECIDO E INSTALADO EM RAMAL DE DESCARGA OU RAMAL DE ESGOTO SANITÁRIO. AF_08/2022","INHI - INSTALAÇÕES HIDROS SANITÁRIAS",null,"M",0.12529999999999999,null,26.18,3.28]
["Composição Auxiliar",89714,"SINAPI","TUBO PVC, SERIE NORMAL, ESGOTO PREDIAL, DN 100 MM, FORNECIDO E INSTALADO EM RAMAL DE DESCARGA OU RAMAL DE ESGOTO SANITÁRIO. AF_08/2022","INHI - INSTALAÇÕES HIDROS SANITÁRIAS",null,"M",0.1472,null,36.47,5.36]
["Composição Auxiliar",89724,"SINAPI","JOELHO 90 GRAUS, PVC, SERIE NORMAL, ESGOTO PREDIAL, DN 40 MM, JUNTA SOLDÁVEL, FORNECIDO E INSTALADO EM RAMAL DE DESCARGA OU RAMAL DE ESGOTO SANITÁRIO. AF_08/2022","INHI - INSTALAÇÕES HIDROS SANITÁRIAS",null,"UN",7.7100000000000002E-2,null,10.220000000000001,0.78]
["Composição Auxiliar",89726,"SINAPI","JOELHO 45 GRAUS, PVC, SERIE NORMAL, ESGOTO PREDIAL, DN 40 MM, JUNTA SOLDÁVEL, FORNECIDO E INSTALADO EM RAMAL DE DESCARGA OU RAMAL DE ESGOTO SANITÁRIO. AF_08/2022","INHI - INSTALAÇÕES HIDROS SANITÁRIAS",null,"UN",5.7799999999999997E-2,null,10.39,0.6]
["Composição Auxiliar",89731,"SINAPI","JOELHO 90 GRAUS, PVC, SERIE NORMAL, ESGOTO PREDIAL, DN 50 MM, JUNTA ELÁSTICA, FORNECIDO E INSTALADO EM RAMAL DE DESCARGA OU RAMAL DE ESGOTO SANITÁRIO. AF_08/2022","INHI - INSTALAÇÕES HIDROS SANITÁRIAS",null,"UN",1.9300000000000001E-2,null,14.92,0.28000000000000003]
["Composição Auxiliar",89748,"SINAPI","CURVA CURTA 90 GRAUS, PVC, SERIE NORMAL, ESGOTO PREDIAL, DN 100 MM, JUNTA ELÁSTICA, FORNECIDO E INSTALADO EM RAMAL DE DESCARGA OU RAMAL DE ESGOTO SANITÁRIO. AF_08/2022","INHI - INSTALAÇÕES HIDROS SANITÁRIAS",null,"UN",5.7799999999999997E-2,null,37.979999999999997,2.19]
["Composição Auxiliar",89784,"SINAPI","TE, PVC, SERIE NORMAL, ESGOTO PREDIAL, DN 50 X 50 MM, JUNTA ELÁSTICA, FORNECIDO E INSTALADO EM RAMAL DE DESCARGA OU RAMAL DE ESGOTO SANITÁRIO. AF_08/2022","INHI - INSTALAÇÕES HIDROS SANITÁRIAS",null,"UN",5.7799999999999997E-2,null,23.36,1.35]
["Composição Auxiliar",89796,"SINAPI","TE, PVC, SERIE NORMAL, ESGOTO PREDIAL, DN 100 X 100 MM, JUNTA ELÁSTICA, FORNECIDO E INSTALADO EM RAMAL DE DESCARGA OU RAMAL DE ESGOTO SANITÁRIO. AF_08/2022","INHI - INSTALAÇÕES HIDROS SANITÁRIAS",null,"UN",3.85E-2,null,40.659999999999997,1.56]
["Composição Auxiliar",89957,"SINAPI","PONTO DE CONSUMO TERMINAL DE ÁGUA FRIA (SUBRAMAL) COM TUBULAÇÃO DE PVC, DN 25 MM, INSTALADO EM RAMAL DE ÁGUA, INCLUSOS RASGO E CHUMBAMENTO EM ALVENARIA. AF_12/2014","INHI - INSTALAÇÕES HIDROS SANITÁRIAS",null,"UN",9.64E-2,null,146.72999999999999,14.14]
["Composição Auxiliar",90443,"SINAPI","RASGO LINEAR MANUAL EM ALVENARIA, PARA RAMAIS/ DISTRIBUIÇÃO DE INSTALAÇÕES HIDRÁULICAS, DIÂMETROS MENORES OU IGUAIS A 40 MM. AF_09/2023","INHI - INSTALAÇÕES HIDROS SANITÁRIAS",null,"M",0.1002,null,8.93,0.89]
["Composição Auxiliar",90466,"SINAPI","CHUMBAMENTO LINEAR EM ALVENARIA PARA RAMAIS/DISTRIBUIÇÃO DE INSTALAÇÕES HIDRÁULICAS COM DIÂMETROS MENORES OU IGUAIS A 40 MM. AF_09/2023","INHI - INSTALAÇÕES HIDROS SANITÁRIAS",null,"M",0.1002,null,16.98,1.7]
["Composição Auxiliar",90820,"SINAPI","PORTA DE MADEIRA PARA PINTURA, SEMI-OCA (LEVE OU MÉDIA), 60X210CM, ESPESSURA DE 3,5CM, INCLUSO DOBRADIÇAS - FORNECIMENTO E INSTALAÇÃO. AF_12/2019","ESQV - ESQUADRIAS/FERRAGENS/VIDROS",null,"UN",3.85E-2,null,388.64,14.96]
["Composição Auxiliar",90822,"SINAPI","PORTA DE MADEIRA PARA PINTURA, SEMI-OCA (LEVE OU MÉDIA), 80X210CM, ESPESSURA DE 3,5CM, INCLUSO DOBRADIÇAS - FORNECIMENTO E INSTALAÇÃO. AF_12/2019","ESQV - ESQUADRIAS/FERRAGENS/VIDROS",null,"UN",5.7799999999999997E-2,null,419.49,24.24]
["Composição Auxiliar",91170,"SINAPI","FIXAÇÃO DE TUBOS HORIZONTAIS DE PVC ÁGUA, PVC ESGOTO, PVC ÁGUA PLUVIAL, CPVC, PPR, COBRE OU AÇO, DIÂMETROS MENORES OU IGUAIS A 40 MM, COM ABRAÇADEIRA METÁLICA RÍGIDA TIPO U PERFIL 1 1/4\u0094, FIXADA EM PERFILADO EM LAJE. AF_09/2023_PS","INHI - INSTALAÇÕES HIDROS SANITÁRIAS",null,"M",0.53,null,11.21,5.94]
["Composição Auxiliar",91173,"SINAPI","FIXAÇÃO DE TUBOS VERTICAIS DE PVC ÁGUA, PVC ESGOTO, PVC ÁGUA PLUVIAL, CPVC, PPR, COBRE OU AÇO, DIÂMETROS MENORES OU IGUAIS A 40 MM, COM ABRAÇADEIRA METÁLICA RÍGIDA TIPO U PERFIL 1 1/4\u0094, FIXADA EM PERFILADO EM PAREDE. AF_09/2023_PS","INHI - INSTALAÇÕES HIDROS SANITÁRIAS",null,"M",1.7343999999999999,null,4.17,7.23]
["Composição Auxiliar",91341,"SINAPI","PORTA EM ALUMÍNIO DE ABRIR TIPO VENEZIANA COM GUARNIÇÃO, FIXAÇÃO COM PARAFUSOS - FORNECIMENTO E INSTALAÇÃO. AF_12/2019","ESQV - ESQUADRIAS/FERRAGENS/VIDROS",null,"m²",3.2399999999999998E-2,null,430.65,13.95]
["Composição Auxiliar",91862,"SINAPI","ELETRODUTO RÍGIDO ROSCÁVEL, PVC, DN 20 MM (1/2\"), PARA CIRCUITOS TERMINAIS, INSTALADO EM FORRO - FORNECIMENTO E INSTALAÇÃO. AF_03/2023","INEL - INSTALAÇÃO ELÉTRICA/ELETRIFICAÇÃO E ILUMINAÇÃO EXTERNA",null,"M",0.53,null,9.68,5.13]
["Composição Auxiliar",91870,"SINAPI","ELETRODUTO RÍGIDO ROSCÁVEL, PVC, DN 20 MM (1/2\"), PARA CIRCUITOS TERMINAIS, INSTALADO EM PAREDE - FORNECIMENTO E INSTALAÇÃO. AF_03/2023","INEL - INSTALAÇÃO ELÉTRICA/ELETRIFICAÇÃO E ILUMINAÇÃO EXTERNA",null,"M",1.7343999999999999,null,12.98,22.51]
["Composição Auxiliar",91911,"SINAPI","CURVA 90 GRAUS PARA ELETRODUTO, PVC, ROSCÁVEL, DN 20 MM (1/2\"), PARA CIRCUITOS TERMINAIS, INSTALADA EM PAREDE - FORNECIMENTO E INSTALAÇÃO. AF_03/2023","INEL - INSTALAÇÃO ELÉTRICA/ELETRIFICAÇÃO E ILUMINAÇÃO EXTERNA",null,"UN",0.19270000000000001,null,17.93,3.45]
["Composição Auxiliar",91924,"SINAPI","CABO DE COBRE FLEXÍVEL ISOLADO, 1,5 MM², ANTI-CHAMA 450/750 V, PARA CIRCUITOS TERMINAIS - FORNECIMENTO E INSTALAÇÃO. AF_03/2023","INEL - INSTALAÇÃO ELÉTRICA/ELETRIFICAÇÃO E ILUMINAÇÃO EXTERNA",null,"M",1.4165000000000001,null,3.01,4.26]
["Composição Auxiliar",91926,"SINAPI","CABO DE COBRE FLEXÍVEL ISOLADO, 2,5 MM², ANTI-CHAMA 450/750 V, PARA CIRCUITOS TERMINAIS - FORNECIMENTO E INSTALAÇÃO. AF_03/2023","INEL - INSTALAÇÃO ELÉTRICA/ELETRIFICAÇÃO E ILUMINAÇÃO EXTERNA",null,"M",3.4689000000000001,null,4.34,15.05]
["Composição Auxiliar",91928,"SINAPI","CABO DE COBRE FLEXÍVEL ISOLADO, 4 MM², ANTI-CHAMA 450/750 V, PARA CIRCUITOS TERMINAIS - FORNECIMENTO E INSTALAÇÃO. AF_03/2023","INEL - INSTALAÇÃO ELÉTRICA/ELETRIFICAÇÃO E ILUMINAÇÃO EXTERNA",null,"M",2.0234999999999999,null,6.67,13.49]
["Composição Auxiliar",91937,"SINAPI","CAIXA OCTOGONAL 3\" X 3\", PVC, INSTALADA EM LAJE - FORNECIMENTO E INSTALAÇÃO. AF_03/2023","INEL - INSTALAÇÃO ELÉTRICA/ELETRIFICAÇÃO E ILUMINAÇÃO EXTERNA",null,"UN",0.1734,null,16.43,2.84]
["Composição Auxiliar",91945,"SINAPI","SUPORTE PARAFUSADO COM PLACA DE ENCAIXE 4\" X 2\" ALTO (2,00 M DO PISO) PARA PONTO ELÉTRICO - FORNECIMENTO E INSTALAÇÃO. AF_03/2023","INEL - INSTALAÇÃO ELÉTRICA/ELETRIFICAÇÃO E ILUMINAÇÃO EXTERNA",null,"UN",5.7799999999999997E-2,null,13.89,0.8]
["Composição Auxiliar",92000,"SINAPI","TOMADA BAIXA DE EMBUTIR (1 MÓDULO), 2P+T 10 A, INCLUINDO SUPORTE E PLACA - FORNECIMENTO E INSTALAÇÃO. AF_03/2023","INEL - INSTALAÇÃO ELÉTRICA/ELETRIFICAÇÃO E ILUMINAÇÃO EXTERNA",null,"UN",7.7100000000000002E-2,null,30.03,2.31]
["Composição Auxiliar",92008,"SINAPI","TOMADA BAIXA DE EMBUTIR (2 MÓDULOS), 2P+T 10 A, INCLUINDO SUPORTE E PLACA - FORNECIMENTO E INSTALAÇÃO. AF_03/2023","INEL - INSTALAÇÃO ELÉTRICA/ELETRIFICAÇÃO E ILUMINAÇÃO EXTERNA",null,"UN",0.1542,null,45.94,7.08]
["Composição Auxiliar",92023,"SINAPI","INTERRUPTOR SIMPLES (1 MÓDULO) COM 1 TOMADA DE EMBUTIR 2P+T 10 A, INCLUINDO SUPORTE E PLACA - FORNECIMENTO E INSTALAÇÃO. AF_03/2023","INEL - INSTALAÇÃO ELÉTRICA/ELETRIFICAÇÃO E ILUMINAÇÃO EXTERNA",null,"UN",0.13489999999999999,null,48.96,6.6]
["Composição Auxiliar",92543,"SINAPI","TRAMA DE MADEIRA COMPOSTA POR TERÇAS PARA TELHADOS DE ATÉ 2 ÁGUAS PARA TELHA ONDULADA DE FIBROCIMENTO, METÁLICA, PLÁSTICA OU TERMOACÚSTICA, INCLUSO TRANSPORTE VERTICAL. AF_07/2019","COBE - COBERTURA",null,"m²",1.3621000000000001,null,24.51,33.380000000000003]
["Composição Auxiliar",92981,"SINAPI","CABO DE COBRE FLEXÍVEL ISOLADO, 16 MM², ANTI-CHAMA 450/750 V, PARA DISTRIBUIÇÃO - FORNECIMENTO E INSTALAÇÃO. AF_12/2015","INEL - INSTALAÇÃO ELÉTRICA/ELETRIFICAÇÃO E ILUMINAÇÃO EXTERNA",null,"M",0.19270000000000001,null,15.1,2.9]
["Composição Auxiliar",93358,"SINAPI","ESCAVAÇÃO MANUAL DE VALA COM PROFUNDIDADE MENOR OU IGUAL A 1,30 M. AF_02/2021","MOVT - MOVIMENTO DE TERRA",null,"m³",2.3300000000000001E-2,null,91.89,2.14]
["Composição Auxiliar",93382,"SINAPI","REATERRO MANUAL DE VALAS, COM COMPACTADOR DE SOLOS DE PERCUSSÃO. AF_08/2023","MOVT - MOVIMENTO DE TERRA",null,"m³",6.0000000000000001E-3,null,29.57,0.17]
["Composição Auxiliar",94210,"SINAPI","TELHAMENTO COM TELHA ONDULADA DE FIBROCIMENTO E = 6 MM, COM RECOBRIMENTO LATERAL DE 1 1/4 DE ONDA PARA TELHADO COM INCLINAÇÃO MÁXIMA DE 10°, COM ATÉ 2 ÁGUAS, INCLUSO IÇAMENTO. AF_07/2019","COBE - COBERTURA",null,"m²",1.3621000000000001,null,53.08,72.3]
["Composição Auxiliar",94559,"SINAPI","JANELA DE AÇO TIPO BASCULANTE PARA VIDROS, COM BATENTE, FERRAGENS E PINTURA ANTICORROSIVA. EXCLUSIVE VIDROS, ACABAMENTO, ALIZAR E CONTRAMARCO. FORNECIMENTO E INSTALAÇÃO. AF_12/2019","ESQV - ESQUADRIAS/FERRAGENS/VIDROS",null,"m²",2.8899999999999999E-2,null,701.64,20.27]
["Composição Auxiliar",95240,"SINAPI","LASTRO DE CONCRETO MAGRO, APLICADO EM PISOS, LAJES SOBRE SOLO OU RADIERS, ESPESSURA DE 3 CM. AF_01/2024","FUES - FUNDAÇÕES E ESTRUTURAS",null,"m²",5.4000000000000003E-3,null,20.96,0.11]
["Composição Auxiliar",95241,"SINAPI","LASTRO DE CONCRETO MAGRO, APLICADO EM PISOS, LAJES SOBRE SOLO OU RADIERS, ESPESSURA DE 5 CM. AF_01/2024","FUES - FUNDAÇÕES E ESTRUTURAS",null,"m²",1.3559000000000001,null,40.200000000000003,54.5]
["Composição Auxiliar",95805,"SINAPI","CONDULETE DE PVC, TIPO B, PARA ELETRODUTO DE PVC SOLDÁVEL DN 25 MM (3/4''), APARENTE - FORNECIMENTO E INSTALAÇÃO. AF_10/2022","INEL - INSTALAÇÃO ELÉTRICA/ELETRIFICAÇÃO E ILUMINAÇÃO EXTERNA",null,"UN",0.28910000000000002,null,22.92,6.62]
["Composição Auxiliar",95811,"SINAPI","CONDULETE DE PVC, TIPO LB, PARA ELETRODUTO DE PVC SOLDÁVEL DN 25 MM (3/4''), APARENTE - FORNECIMENTO E INSTALAÇÃO. AF_10/2022","INEL - INSTALAÇÃO ELÉTRICA/ELETRIFICAÇÃO E ILUMINAÇÃO EXTERNA",null,"UN",0.13489999999999999,null,18.7,2.52]
["Composição Auxiliar",96985,"SINAPI","HASTE DE ATERRAMENTO, DIÂMETRO 5/8\", COM 3 METROS - FORNECIMENTO E INSTALAÇÃO. AF_08/2023","INEL - INSTALAÇÃO ELÉTRICA/ELETRIFICAÇÃO E ILUMINAÇÃO EXTERNA",null,"UN",3.85E-2,null,88.51,3.4]
["Composição Auxiliar",97586,"SINAPI","LUMINÁRIA TIPO CALHA, DE SOBREPOR, COM 2 LÂMPADAS TUBULARES FLUORESCENTES DE 36 W, COM REATOR DE PARTIDA RÁPIDA - FORNECIMENTO E INSTALAÇÃO. AF_02/2020","INEL - INSTALAÇÃO ELÉTRICA/ELETRIFICAÇÃO E ILUMINAÇÃO EXTERNA",null,"UN",0.11559999999999999,null,171.07,19.77]
["Composição Auxiliar",97593,"SINAPI","LUMINÁRIA TIPO SPOT, DE SOBREPOR, COM 1 LÂMPADA FLUORESCENTE DE 15 W, SEM REATOR - FORNECIMENTO E INSTALAÇÃO. AF_02/2020","INEL - INSTALAÇÃO ELÉTRICA/ELETRIFICAÇÃO E ILUMINAÇÃO EXTERNA",null,"UN",7.7100000000000002E-2,null,141.68,10.92]
["Composição Auxiliar",97611,"SINAPI","LÂMPADA COMPACTA FLUORESCENTE DE 15 W, BASE E27 - FORNECIMENTO E INSTALAÇÃO. AF_02/2020","INEL - INSTALAÇÃO ELÉTRICA/ELETRIFICAÇÃO E ILUMINAÇÃO EXTERNA",null,"UN",3.85E-2,null,19.46,0.74]
["Composição Auxiliar",97612,"SINAPI","LÂMPADA COMPACTA FLUORESCENTE DE 20 W, BASE E27 - FORNECIMENTO E INSTALAÇÃO. AF_02/2020","INEL - INSTALAÇÃO ELÉTRICA/ELETRIFICAÇÃO E ILUMINAÇÃO EXTERNA",null,"UN",3.85E-2,null,20.89,0.8]
["Composição Auxiliar",97886,"SINAPI","CAIXA ENTERRADA ELÉTRICA RETANGULAR, EM ALVENARIA COM TIJOLOS CERÂMICOS MACIÇOS, FUNDO COM BRITA, DIMENSÕES INTERNAS: 0,3X0,3X0,3 M. AF_12/2020","INEL - INSTALAÇÃO ELÉTRICA/ELETRIFICAÇÃO E ILUMINAÇÃO EXTERNA",null,"UN",3.85E-2,null,180.07,6.93]
["Composição Auxiliar",97906,"SINAPI","CAIXA ENTERRADA HIDRÁULICA RETANGULAR, EM ALVENARIA COM BLOCOS DE CONCRETO, DIMENSÕES INTERNAS: 0,6X0,6X0,6 M PARA REDE DE ESGOTO. AF_12/2020","INHI - INSTALAÇÕES HIDROS SANITÁRIAS",null,"UN",1.9300000000000001E-2,null,471.13,9.09]
["Composição Auxiliar",98283,"SINAPI","CABO TELEFÔNICO CCI-50 4 PARES, SEM BLINDAGEM, INSTALADO EM DISTRIBUIÇÃO DE EDIFICAÇÃO RESIDENCIAL - FORNECIMENTO E INSTALAÇÃO. AF_11/2019","INES - INSTALAÇÕES ESPECIAIS",null,"M",0.61670000000000003,null,10.56,6.51]
["Composição Auxiliar",98441,"SINAPI","PAREDE DE MADEIRA COMPENSADA PARA CONSTRUÇÃO TEMPORÁRIA EM CHAPA SIMPLES, EXTERNA, COM ÁREA LÍQUIDA MAIOR OU IGUAL A 6 M², SEM VÃO. AF_05/2018","CANT - CANTEIRO DE OBRAS",null,"m²",0.2979,null,94.05,28.01]
["Composição Auxiliar",98442,"SINAPI","PAREDE DE MADEIRA COMPENSADA PARA CONSTRUÇÃO TEMPORÁRIA EM CHAPA SIMPLES, EXTERNA, COM ÁREA LÍQUIDA MENOR QUE 6 M², SEM VÃO. AF_05/2018","CANT - CANTEIRO DE OBRAS",null,"m²",0.34289999999999998,null,149.05000000000001,51.1]
["Composição Auxiliar",98443,"SINAPI","PAREDE DE MADEIRA COMPENSADA PARA CONSTRUÇÃO TEMPORÁRIA EM CHAPA SIMPLES, INTERNA, COM ÁREA LÍQUIDA MAIOR OU IGUAL A 6 M², SEM VÃO. AF_05/2018","CANT - CANTEIRO DE OBRAS",null,"m²",0.15809999999999999,null,71.45,11.29]
["Composição Auxiliar",98444,"SINAPI","PAREDE DE MADEIRA COMPENSADA PARA CONSTRUÇÃO TEMPORÁRIA EM CHAPA SIMPLES, INTERNA, COM ÁREA LÍQUIDA MENOR QUE 6 M², SEM VÃO. AF_05/2018","CANT - CANTEIRO DE OBRAS",null,"m²",0.182,null,126.71,23.06]
["Composição Auxiliar",98445,"SINAPI","PAREDE DE MADEIRA COMPENSADA PARA CONSTRUÇÃO TEMPORÁRIA EM CHAPA SIMPLES, EXTERNA, COM ÁREA LÍQUIDA MAIOR OU IGUAL A 6 M², COM VÃO. AF_05/2018","CANT - CANTEIRO DE OBRAS",null,"m²",0.46539999999999998,null,112.32,52.27]
["Composição Auxiliar",98446,"SINAPI","PAREDE DE MADEIRA COMPENSADA PARA CONSTRUÇÃO TEMPORÁRIA EM CHAPA SIMPLES, EXTERNA, COM ÁREA LÍQUIDA MENOR QUE 6 M², COM VÃO. AF_05/2018","CANT - CANTEIRO DE OBRAS",null,"m²",0.3629,null,146,52.98]
["Composição Auxiliar",98447,"SINAPI","PAREDE DE MADEIRA COMPENSADA PARA CONSTRUÇÃO TEMPORÁRIA EM CHAPA SIMPLES, INTERNA, COM ÁREA LÍQUIDA MAIOR OU IGUAL A 6 M², COM VÃO. AF_05/2018","CANT - CANTEIRO DE OBRAS",null,"m²",0.247,null,86.06,21.25]
["Composição Auxiliar",98448,"SINAPI","PAREDE DE MADEIRA COMPENSADA PARA CONSTRUÇÃO TEMPORÁRIA EM CHAPA SIMPLES, INTERNA, COM ÁREA LÍQUIDA MENOR QUE 6 M², COM VÃO. AF_05/2018","CANT - CANTEIRO DE OBRAS",null,"m²",0.19259999999999999,null,113.22,21.8]
["Insumo",3080,"SINAPI","FECHADURA ESPELHO PARA PORTA EXTERNA, EM ACO INOX (MAQUINA, TESTA E CONTRA-TESTA) E EM ZAMAC (MACANETA, LINGUETA E TRINCOS) COM ACABAMENTO CROMADO, MAQUINA DE 40 MM, INCLUINDO CHAVE TIPO CILINDRO","Material",null,"CJ",5.7799999999999997E-2,null,75.58,4.3600000000000003]
["Insumo",3097,"SINAPI","FECHADURA ROSETA REDONDA PARA PORTA DE BANHEIRO, EM ACO INOX (MAQUINA, TESTA E CONTRA-TESTA) E EM ZAMAC (MACANETA, LINGUETA E TRINCOS) COM ACABAMENTO CROMADO, MAQUINA DE 40 MM, INCLUINDO CHAVE TIPO TRANQUETA","Material",null,"CJ",3.85E-2,null,84.62,3.25]
["Insumo",10886,"SINAPI","EXTINTOR DE INCENDIO PORTATIL COM CARGA DE AGUA PRESSURIZADA DE 10 L, CLASSE A","Material",null,"UN",1.9300000000000001E-2,null,210,4.05]
["Insumo",10891,"SINAPI","EXTINTOR DE INCENDIO PORTATIL COM CARGA DE PO QUIMICO SECO (PQS) DE 4 KG, CLASSE BC","Material",null,"UN",1.9300000000000001E-2,null,203.07,3.91]
["Insumo",11587,"SINAPI","FORRO DE PVC LISO, BRANCO, REGUA DE 10 CM, ESPESSURA DE 8 MM A 10 MM (COM COLOCACAO / SEM ESTRUTURA METALICA)","Material",null,"m²",0.99380000000000002,null,83.43,82.91]
[{"$nulls":4},"MO sem LS =>",237.44,"LS =>",0,"MO com LS =>",237.44]
[{"$nulls":4},"Valor do BDI =>",232.37,null,"Valor com BDI =>",null,1262.3900000000001]
[{"$nulls":6},"Quant. =>",154.02000000000001,"Preço Total =>",194433.3]
[]
[" 3.2.9 ","Código","Banco","Descrição","Tipo",null,"Und","Quant.","Porcent.","Valor Unit","Total"]
["Composição"," 55.04.15 ","EMBASA","COZINHA E REFEITORIO",5504,null,"m²",1,null,423.24,423.24]
["Composição Auxiliar"," 15.05.04 ","EMBASA","LASTRO EM CONCRETO NAO ESTRUTURAL SOB PISOS, e=8cm",1505,null,"m²",1.2,null,60.94,73.12]
["Composição Auxiliar"," 15.05.07 ","EMBASA","PISO CIMENTADO, ALISADO",1505,null,"m²",1.2,null,43.95,52.74]
["Composição Auxiliar"," 15.07.04 ","EMBASA","PINTURA C/ PVA-LATEX, S/ MASSA, INCL. LIXAMENTO, EM DUAS DEMAOS",1507,null,"m²",1.29,null,15.31,19.739999999999998]
["Composição Auxiliar"," 55.01.13 ","EMBASA","ACERTO MANUAL DO TERRENO",55,null,"m²",1.2,null,0.9,1.08]
["Composição Auxiliar"," 55.06.22 ","EMBASA","PAINEIS EM COMPENSADO RESINADO 10MM",55,null,"m²",0.96,null,120.87,116.03]
["Composição Auxiliar"," 55.06.25 ","EMBASA","COBERTURA EM TELHA VOGATEX 4MM",55,null,"m²",1.2,null,123.39,148.06]
["Composição Auxiliar"," 55.06.34 ","EMBASA","PORTA COMPENSADA P/BARRACAO",55,null,"m²",0.06,null,107.42,6.44]
["Insumo"," D200000004 ","EMBASA","DOBRADICAS DE FERRO FE 8\"","Material",null,"UN",0.25,null,8.59,2.14]
["Insumo"," D200000034 ","EMBASA","FECHADURA DE FERRO P/PORTA BARRACAO","Material",null,"UN",3.5999999999999997E-2,null,34.4,1.23]
["Insumo"," D340000044 ","EMBASA","TELA EM PVC, TIPO MOSQUITEIRO","Material",null,"m²",0.4,null,6.67,2.66]
[{"$nulls":4},"MO sem LS =>",268.26,"LS =>",0,"MO com LS =>",268.26]
[{"$nulls":4},"Valor do BDI =>",95.48,null,"Valor com BDI =>",null,518.72]
[{"$nulls":6},"Quant. =>",257.14999999999998,"Preço Total =>",133388.84]
[]
[" 3.2.10 ","Código","Banco","Descrição","Tipo",null,"Und","Quant.","Porcent.","Valor Unit","Total"]
["Composição"," C0043 ","SEINFRA","ALOJAMENTO","CONSTRUÇÃO DO CANTEIRO DA OBRA",null,"m²",1,null,375.57,375.57]
["Composição Auxiliar"," C0836 ","SEINFRA","CONCRETO NÃO ESTRUTURAL PREPARO MANUAL","CONCRETOS",null,"m³",1.4800000000000001E-2,null,489.44,7.24]
["Composição Auxiliar"," C1915 ","SEINFRA","PISO CIMENTADO C/ ARGAMASSA DE CIMENTO E AREIA S/ PENEIRAR, TRAÇO 1:4, ESP.= 1.5cm","PISOS INTERNOS",null,"m²",1.3838999999999999,null,62.96,87.13]
["Composição Auxiliar",88316,"SINAPI","SERVENTE COM ENCARGOS COMPLEMENTARES","SEDI - SERVIÇOS DIVERSOS",null,"H",2.5640999999999998,null,23.23,59.56]
["Composição Auxiliar",88262,"SINAPI","CARPINTEIRO DE FORMAS COM ENCARGOS COMPLEMENTARES","SEDI - SERVIÇOS DIVERSOS",null,"H",2.0512999999999999,null,31.88,65.39]
["Composição Auxiliar",88309,"SINAPI","PEDREIRO COM ENCARGOS COMPLEMENTARES","SEDI - SERVIÇOS DIVERSOS",null,"H",0.51280000000000003,null,32.270000000000003,16.54]
["Insumo"," I0197 ","SEINFRA","BARROTE DE 2\"x2\"","Material",null,"M",1.0256000000000001,null,6.89,7.06]
["Insumo"," I0198 ","SEINFRA","PONTALETE / BARROTE DE 3\"x3\" - APARELHADO","Material",null,"M",1.7094,null,22.11,37.79]
["Insumo"," I0400 ","SEINFRA","CADEADO MEDIO","Material",null,"UN",6.8400000000000002E-2,null,28.49,1.94]
["Insumo"," I0528 ","SEINFRA","CHAPA COMPENSADO RESINADO 10MM (1.10 X 2.20M)","Material",null,"m²",1.8120000000000001,null,35.950000000000003,65.14]
["Insumo"," I0983 ","SEINFRA","DISJUNTOR MONOPOLAR 20A","Material",null,"UN",3.4200000000000001E-2,null,11.09,0.37]
["Insumo"," I1075 ","SEINFRA","ELETRODUTO DE PVC RIGIDO   3/4''","Material",null,"M",0.1026,null,4.57,0.46]
["Insumo"," I1824 ","SEINFRA","RIPA DE PEROBA (MADEIRA DE 1A QUALIDADE) DE 1X5CM","Material",null,"M",0.86499999999999999,null,1.72,1.48]
["Insumo"," I2311 ","SEINFRA","DOBRADIÇA DE FERRO 3 x 2 1/2\" ( PADRÃO POPULAR )","Material",null,"UN",0.27350000000000002,null,12.14,3.32]
["Insumo"," I2331 ","SEINFRA","FECHADURA DE SOBREPOR","Material",null,"UN",6.8400000000000002E-2,null,53.12,3.63]
["Insumo"," I2340 ","SEINFRA","FIO DE COBRE ANTICHAMA 2.5MM2","Material",null,"M",3.21,null,1.74,5.58]
["Insumo"," I2357 ","SEINFRA","INTERRUPTOR DE SOBREPOR 1 SEÇÃO","Material",null,"UN",6.8400000000000002E-2,null,11.28,0.77]
["Insumo"," I2373 ","SEINFRA","LÂMPADA INCANDECENTE DE 100W","Material",null,"UN",0.1026,null,3.89,0.39]
["Insumo"," I2408 ","SEINFRA","PREGO 14X18 (1.1/2\" x 14) (APROXIMADAMENTE 708UN/KG)","Material",null,"KG",0.1026,null,17.23,1.76]
["Insumo"," I2429 ","SEINFRA","TABUA DE VIROLA DE 12\"x 1\"","Material",null,"m²",0.2051,null,36.64,7.51]
["Insumo"," I2433 ","SEINFRA","TARGETA DE FERRO 2\"","Material",null,"UN",0.1368,null,5.87,0.8]
["Insumo"," I2444 ","SEINFRA","TOMADA UNIVERSAL DE SOBREPOR (COMPLETA INCLUSIVE CAIXA)","Material",null,"UN",0.1026,null,16.760000000000002,1.71]
[{"$nulls":4},"MO sem LS =>",154.76,"LS =>",0,"MO com LS =>",154.76]
[{"$nulls":4},"Valor do BDI =>",84.72,null,"Valor com BDI =>",null,460.29]
[{"$nulls":6},"Quant. =>",468.06,"Preço Total =>",215443.33]
[]
[" 3.2.11 ","Código","Banco","Descrição","Tipo",null,"Und","Quant.","Porcent.","Valor Unit","Total"]
["Composição",93212,"SINAPI","EXECUÇÃO DE SANITÁRIO E VESTIÁRIO EM CANTEIRO DE OBRA EM CHAPA DE MADEIRA COMPENSADA, NÃO INCLUSO MOBILIÁRIO. AF_02/2016","CANT - CANTEIRO DE OBRAS",null,"m²",1,null,965.41,965.41]
["Composição Auxiliar",100860,"SINAPI","CHUVEIRO ELÉTRICO COMUM CORPO PLÁSTICO, TIPO DUCHA \u0096 FORNECIMENTO E INSTALAÇÃO. AF_01/2020","INHI - INSTALAÇÕES HIDROS SANITÁRIAS",null,"UN",6.9599999999999995E-2,null,103.89,7.23]
["Composição Auxiliar",101165,"SINAPI","ALVENARIA DE EMBASAMENTO COM BLOCO ESTRUTURAL DE CONCRETO, DE 14X19X29CM E ARGAMASSA DE ASSENTAMENTO COM PREPARO EM BETONEIRA. AF_05/2020","FUES - FUNDAÇÕES E ESTRUTURAS",null,"m³",2.86E-2,null,941.87,26.93]
["Composição Auxiliar",101876,"SINAPI","QUADRO DE DISTRIBUIÇÃO DE ENERGIA EM PVC, DE EMBUTIR, SEM BARRAMENTO, PARA 6 DISJUNTORES - FORNECIMENTO E INSTALAÇÃO. AF_10/2020","INEL - INSTALAÇÃO ELÉTRICA/ELETRIFICAÇÃO E ILUMINAÇÃO EXTERNA",null,"UN",1.7399999999999999E-2,null,81.180000000000007,1.41]
["Composição Auxiliar",101891,"SINAPI","DISJUNTOR MONOPOLAR TIPO NEMA, CORRENTE NOMINAL DE 35 ATÉ 50A - FORNECIMENTO E INSTALAÇÃO. AF_10/2020","INEL - INSTALAÇÃO ELÉTRICA/ELETRIFICAÇÃO E ILUMINAÇÃO EXTERNA",null,"UN",0.10440000000000001,null,27.05,2.82]
["Composição Auxiliar",103328,"SINAPI","ALVENARIA DE VEDAÇÃO DE BLOCOS CERÂMICOS FURADOS NA HORIZONTAL DE 9X19X19 CM (ESPESSURA 9 CM) E ARGAMASSA DE ASSENTAMENTO COM PREPARO EM BETONEIRA. AF_12/2021","PARE - PAREDES/PAINEIS",null,"m²",0.46750000000000003,null,99.01,46.28]
["Composição Auxiliar",86888,"SINAPI","VASO SANITÁRIO SIFONADO COM CAIXA ACOPLADA LOUÇA BRANCA - FORNECIMENTO E INSTALAÇÃO. AF_01/2020","INHI - INSTALAÇÕES HIDROS SANITÁRIAS",null,"UN",5.2200000000000003E-2,null,502.4,26.22]
["Composição Auxiliar",86943,"SINAPI","LAVATÓRIO LOUÇA BRANCA SUSPENSO, 29,5 X 39CM OU EQUIVALENTE, PADRÃO POPULAR, INCLUSO SIFÃO FLEXÍVEL EM PVC, VÁLVULA E ENGATE FLEXÍVEL 30CM EM PLÁSTICO E TORNEIRA CROMADA DE MESA, PADRÃO POPULAR - FORNECIMENTO E INSTALAÇÃO. AF_01/2020","INHI - INSTALAÇÕES HIDROS SANITÁRIAS",null,"UN",5.2200000000000003E-2,null,263.98,13.77]
["Composição Auxiliar",87548,"SINAPI","MASSA ÚNICA, PARA RECEBIMENTO DE PINTURA, EM ARGAMASSA TRAÇO 1:2:8, PREPARO MANUAL, APLICADA MANUALMENTE EM FACES INTERNAS DE PAREDES, ESPESSURA DE 10MM, COM EXECUÇÃO DE TALISCAS. AF_06/2014","REVE - REVESTIMENTO E TRATAMENTO DE SUPERFÍCIES",null,"m²",0.18940000000000001,null,31.87,6.03]
["Composição Auxiliar",87777,"SINAPI","EMBOÇO OU MASSA ÚNICA EM ARGAMASSA TRAÇO 1:2:8, PREPARO MANUAL, APLICADA MANUALMENTE EM PANOS DE FACHADA COM PRESENÇA DE VÃOS, ESPESSURA DE 25 MM. AF_08/2022","REVE - REVESTIMENTO E TRATAMENTO DE SUPERFÍCIES",null,"m²",0.1681,null,64.33,10.81]
["Composição Auxiliar",87885,"SINAPI","CHAPISCO APLICADO NO TETO OU EM ALVENARIA E ESTRUTURA, COM ROLO PARA TEXTURA ACRÍLICA. ARGAMASSA INDUSTRIALIZADA COM PREPARO EM MISTURADOR 300 KG. AF_10/2022","REVE - REVESTIMENTO E TRATAMENTO DE SUPERFÍCIES",null,"m²",0.76790000000000003,null,10.17,7.8]
["Composição Auxiliar",87903,"SINAPI","CHAPISCO APLICADO EM ALVENARIA (COM PRESENÇA DE VÃOS) E ESTRUTURAS DE CONCRETO DE FACHADA, COM ROLO PARA TEXTURA ACRÍLICA.  ARGAMASSA INDUSTRIALIZADA COM PREPARO EM MISTURADOR 300 KG. AF_10/2022","REVE - REVESTIMENTO E TRATAMENTO DE SUPERFÍCIES",null,"m²",0.1681,null,12.88,2.16]
["Composição Auxiliar",88489,"SINAPI","PINTURA LÁTEX ACRÍLICA PREMIUM, APLICAÇÃO MANUAL EM PAREDES, DUAS DEMÃOS. AF_04/2023","PINT - PINTURAS",null,"m²",2.4441999999999999,null,13.66,33.380000000000003]
["Composição Auxiliar",89171,"SINAPI","(COMPOSIÇÃO REPRESENTATIVA) DO SERVIÇO DE REVESTIMENTO CERÂMICO PARA PISO COM PLACAS TIPO ESMALTADA EXTRA DE DIMENSÕES 35X35 CM, PARA EDIFICAÇÃO HABITACIONAL UNIFAMILIAR (CASA) E EDIFICAÇÃO PÚBLICA PADRÃO. AF_11/2014","PISO - PISOS",null,"m²",0.46279999999999999,null,53.82,24.9]
["Composição Auxiliar",89173,"SINAPI","(COMPOSIÇÃO REPRESENTATIVA) DO SERVIÇO DE EMBOÇO/MASSA ÚNICA, APLICADO MANUALMENTE, TRAÇO 1:2:8, EM BETONEIRA DE 400L, PAREDES INTERNAS, COM EXECUÇÃO DE TALISCAS, EDIFICAÇÃO HABITACIONAL UNIFAMILIAR (CASAS) E EDIFICAÇÃO PÚBLICA PADRÃO. AF_12/2014","REVE - REVESTIMENTO E TRATAMENTO DE SUPERFÍCIES",null,"m²",0.76790000000000003,null,42.88,32.92]
["Composição Auxiliar",89709,"SINAPI","RALO SIFONADO, PVC, DN 100 X 40 MM, JUNTA SOLDÁVEL, FORNECIDO E INSTALADO EM RAMAL DE DESCARGA OU EM RAMAL DE ESGOTO SANITÁRIO. AF_08/2022","INHI - INSTALAÇÕES HIDROS SANITÁRIAS",null,"UN",6.9599999999999995E-2,null,18.940000000000001,1.31]
["Composição Auxiliar",89711,"SINAPI","TUBO PVC, SERIE NORMAL, ESGOTO PREDIAL, DN 40 MM, FORNECIDO E INSTALADO EM RAMAL DE DESCARGA OU RAMAL DE ESGOTO SANITÁRIO. AF_08/2022","INHI - INSTALAÇÕES HIDROS SANITÁRIAS",null,"M",0.16309999999999999,null,21.35,3.48]
["Composição Auxiliar",89712,"SINAPI","TUBO PVC, SERIE NORMAL, ESGOTO PREDIAL, DN 50 MM, FORNECIDO E INSTALADO EM RAMAL DE DESCARGA OU RAMAL DE ESGOTO SANITÁRIO. AF_08/2022","INHI - INSTALAÇÕES HIDROS SANITÁRIAS",null,"M",0.2235,null,26.18,5.85]
["Composição Auxiliar",89714,"SINAPI","TUBO PVC, SERIE NORMAL, ESGOTO PREDIAL, DN 100 MM, FORNECIDO E INSTALADO EM RAMAL DE DESCARGA OU RAMAL DE ESGOTO SANITÁRIO. AF_08/2022","INHI - INSTALAÇÕES HIDROS SANITÁRIAS",null,"M",4.7E-2,null,36.47,1.71]
["Composição Auxiliar",89724,"SINAPI","JOELHO 90 GRAUS, PVC, SERIE NORMAL, ESGOTO PREDIAL, DN 40 MM, JUNTA SOLDÁVEL, FORNECIDO E INSTALADO EM RAMAL DE DESCARGA OU RAMAL DE ESGOTO SANITÁRIO. AF_08/2022","INHI - INSTALAÇÕES HIDROS SANITÁRIAS",null,"UN",0.17399999999999999,null,10.220000000000001,1.77]
["Composição Auxiliar",89731,"SINAPI","JOELHO 90 GRAUS, PVC, SERIE NORMAL, ESGOTO PREDIAL, DN 50 MM, JUNTA ELÁSTICA, FORNECIDO E INSTALADO EM RAMAL DE DESCARGA OU RAMAL DE ESGOTO SANITÁRIO. AF_08/2022","INHI - INSTALAÇÕES HIDROS SANITÁRIAS",null,"UN",1.7399999999999999E-2,null,14.92,0.25]
["Composição Auxiliar",89748,"SINAPI","CURVA CURTA 90 GRAUS, PVC, SERIE NORMAL, ESGOTO PREDIAL, DN 100 MM, JUNTA ELÁSTICA, FORNECIDO E INSTALADO EM RAMAL DE DESCARGA OU RAMAL DE ESGOTO SANITÁRIO. AF_08/2022","INHI - INSTALAÇÕES HIDROS SANITÁRIAS",null,"UN",5.2200000000000003E-2,null,37.979999999999997,1.98]
["Composição Auxiliar",89784,"SINAPI","TE, PVC, SERIE NORMAL, ESGOTO PREDIAL, DN 50 X 50 MM, JUNTA ELÁSTICA, FORNECIDO E INSTALADO EM RAMAL DE DESCARGA OU RAMAL DE ESGOTO SANITÁRIO. AF_08/2022","INHI - INSTALAÇÕES HIDROS SANITÁRIAS",null,"UN",1.7399999999999999E-2,null,23.36,0.4]
["Composição Auxiliar",89957,"SINAPI","PONTO DE CONSUMO TERMINAL DE ÁGUA FRIA (SUBRAMAL) COM TUBULAÇÃO DE PVC, DN 25 MM, INSTALADO EM RAMAL DE ÁGUA, INCLUSOS RASGO E CHUMBAMENTO EM ALVENARIA. AF_12/2014","INHI - INSTALAÇÕES HIDROS SANITÁRIAS",null,"UN",0.17399999999999999,null,146.72999999999999,25.53]
["Composição Auxiliar",89970,"SINAPI","KIT DE REGISTRO DE PRESSÃO BRUTO DE LATÃO ¾\", INCLUSIVE CONEXÕES, ROSCÁVEL, INSTALADO EM RAMAL DE ÁGUA FRIA - FORNECIMENTO E INSTALAÇÃO. AF_12/2014","INHI - INSTALAÇÕES HIDROS SANITÁRIAS",null,"UN",6.9599999999999995E-2,null,47.01,3.27]
["Composição Auxiliar",90443,"SINAPI","RASGO LINEAR MANUAL EM ALVENARIA, PARA RAMAIS/ DISTRIBUIÇÃO DE INSTALAÇÕES HIDRÁULICAS, DIÂMETROS MENORES OU IGUAIS A 40 MM. AF_09/2023","INHI - INSTALAÇÕES HIDROS SANITÁRIAS",null,"M",7.22E-2,null,8.93,0.64]
["Composição Auxiliar",90466,"SINAPI","CHUMBAMENTO LINEAR EM ALVENARIA PARA RAMAIS/DISTRIBUIÇÃO DE INSTALAÇÕES HIDRÁULICAS COM DIÂMETROS MENORES OU IGUAIS A 40 MM. AF_09/2023","INHI - INSTALAÇÕES HIDROS SANITÁRIAS",null,"M",7.22E-2,null,16.98,1.22]
["Composição Auxiliar",90822,"SINAPI","PORTA DE MADEIRA PARA PINTURA, SEMI-OCA (LEVE OU MÉDIA), 80X210CM, ESPESSURA DE 3,5CM, INCLUSO DOBRADIÇAS - FORNECIMENTO E INSTALAÇÃO. AF_12/2019","ESQV - ESQUADRIAS/FERRAGENS/VIDROS",null,"UN",3.4799999999999998E-2,null,419.49,14.59]
["Composição Auxiliar",91170,"SINAPI","FIXAÇÃO DE TUBOS HORIZONTAIS DE PVC ÁGUA, PVC ESGOTO, PVC ÁGUA PLUVIAL, CPVC, PPR, COBRE OU AÇO, DIÂMETROS MENORES OU IGUAIS A 40 MM, COM ABRAÇADEIRA METÁLICA RÍGIDA TIPO U PERFIL 1 1/4\u0094, FIXADA EM PERFILADO EM LAJE. AF_09/2023_PS","INHI - INSTALAÇÕES HIDROS SANITÁRIAS",null,"M",0.4612,null,11.21,5.17]
["Composição Auxiliar",91173,"SINAPI","FIXAÇÃO DE TUBOS VERTICAIS DE PVC ÁGUA, PVC ESGOTO, PVC ÁGUA PLUVIAL, CPVC, PPR, COBRE OU AÇO, DIÂMETROS MENORES OU IGUAIS A 40 MM, COM ABRAÇADEIRA METÁLICA RÍGIDA TIPO U PERFIL 1 1/4\u0094, FIXADA EM PERFILADO EM PAREDE. AF_09/2023_PS","INHI - INSTALAÇÕES HIDROS SANITÁRIAS",null,"M",0.1827,null,4.17,0.76]
["Composição Auxiliar",91305,"SINAPI","FECHADURA DE EMBUTIR PARA PORTA DE BANHEIRO, COMPLETA, ACABAMENTO PADRÃO POPULAR, INCLUSO EXECUÇÃO DE FURO - FORNECIMENTO E INSTALAÇÃO. AF_12/2019","ESQV - ESQUADRIAS/FERRAGENS/VIDROS",null,"UN",5.2200000000000003E-2,null,117.19,6.11]
["Composição Auxiliar",91862,"SINAPI","ELETRODUTO RÍGIDO ROSCÁVEL, PVC, DN 20 MM (1/2\"), PARA CIRCUITOS TERMINAIS, INSTALADO EM FORRO - FORNECIMENTO E INSTALAÇÃO. AF_03/2023","INEL - INSTALAÇÃO ELÉTRICA/ELETRIFICAÇÃO E ILUMINAÇÃO EXTERNA",null,"M",0.33069999999999999,null,9.68,3.2]
["Composição Auxiliar",91863,"SINAPI","ELETRODUTO RÍGIDO ROSCÁVEL, PVC, DN 25 MM (3/4\"), PARA CIRCUITOS TERMINAIS, INSTALADO EM FORRO - FORNECIMENTO E INSTALAÇÃO. AF_03/2023","INEL - INSTALAÇÃO ELÉTRICA/ELETRIFICAÇÃO E ILUMINAÇÃO EXTERNA",null,"M",0.1305,null,11.38,1.48]
["Composição Auxiliar",91870,"SINAPI","ELETRODUTO RÍGIDO ROSCÁVEL, PVC, DN 20 MM (1/2\"), PARA CIRCUITOS TERMINAIS, INSTALADO EM PAREDE - FORNECIMENTO E INSTALAÇÃO. AF_03/2023","INEL - INSTALAÇÃO ELÉTRICA/ELETRIFICAÇÃO E ILUMINAÇÃO EXTERNA",null,"M",0.15659999999999999,null,12.98,2.0299999999999998]
["Composição Auxiliar",91871,"SINAPI","ELETRODUTO RÍGIDO ROSCÁVEL, PVC, DN 25 MM (3/4\"), PARA CIRCUITOS TERMINAIS, INSTALADO EM PAREDE - FORNECIMENTO E INSTALAÇÃO. AF_03/2023","INEL - INSTALAÇÃO ELÉTRICA/ELETRIFICAÇÃO E ILUMINAÇÃO EXTERNA",null,"M",2.6100000000000002E-2,null,14.68,0.38]
["Composição Auxiliar",91875,"SINAPI","LUVA PARA ELETRODUTO, PVC, ROSCÁVEL, DN 25 MM (3/4\"), PARA CIRCUITOS TERMINAIS, INSTALADA EM FORRO - FORNECIMENTO E INSTALAÇÃO. AF_03/2023","INEL - INSTALAÇÃO ELÉTRICA/ELETRIFICAÇÃO E ILUMINAÇÃO EXTERNA",null,"UN",3.4799999999999998E-2,null,8.8699999999999992,0.3]
["Composição Auxiliar",91882,"SINAPI","LUVA PARA ELETRODUTO, PVC, ROSCÁVEL, DN 20 MM (1/2\"), PARA CIRCUITOS TERMINAIS, INSTALADA EM PAREDE - FORNECIMENTO E INSTALAÇÃO. AF_03/2023","INEL - INSTALAÇÃO ELÉTRICA/ELETRIFICAÇÃO E ILUMINAÇÃO EXTERNA",null,"UN",3.4799999999999998E-2,null,11.03,0.38]
["Composição Auxiliar",91890,"SINAPI","CURVA 90 GRAUS PARA ELETRODUTO, PVC, ROSCÁVEL, DN 25 MM (3/4\"), PARA CIRCUITOS TERMINAIS, INSTALADA EM FORRO - FORNECIMENTO E INSTALAÇÃO. AF_03/2023","INEL - INSTALAÇÃO ELÉTRICA/ELETRIFICAÇÃO E ILUMINAÇÃO EXTERNA",null,"UN",1.7399999999999999E-2,null,14.19,0.24]
["Composição Auxiliar",91911,"SINAPI","CURVA 90 GRAUS PARA ELETRODUTO, PVC, ROSCÁVEL, DN 20 MM (1/2\"), PARA CIRCUITOS TERMINAIS, INSTALADA EM PAREDE - FORNECIMENTO E INSTALAÇÃO. AF_03/2023","INEL - INSTALAÇÃO ELÉTRICA/ELETRIFICAÇÃO E ILUMINAÇÃO EXTERNA",null,"UN",6.9599999999999995E-2,null,17.93,1.24]
["Composição Auxiliar",91924,"SINAPI","CABO DE COBRE FLEXÍVEL ISOLADO, 1,5 MM², ANTI-CHAMA 450/750 V, PARA CIRCUITOS TERMINAIS - FORNECIMENTO E INSTALAÇÃO. AF_03/2023","INEL - INSTALAÇÃO ELÉTRICA/ELETRIFICAÇÃO E ILUMINAÇÃO EXTERNA",null,"M",1.2529999999999999,null,3.01,3.77]
["Composição Auxiliar",91926,"SINAPI","CABO DE COBRE FLEXÍVEL ISOLADO, 2,5 MM², ANTI-CHAMA 450/750 V, PARA CIRCUITOS TERMINAIS - FORNECIMENTO E INSTALAÇÃO. AF_03/2023","INEL - INSTALAÇÃO ELÉTRICA/ELETRIFICAÇÃO E ILUMINAÇÃO EXTERNA",null,"M",0.46989999999999998,null,4.34,2.0299999999999998]
["Composição Auxiliar",91928,"SINAPI","CABO DE COBRE FLEXÍVEL ISOLADO, 4 MM², ANTI-CHAMA 450/750 V, PARA CIRCUITOS TERMINAIS - FORNECIMENTO E INSTALAÇÃO. AF_03/2023","INEL - INSTALAÇÃO ELÉTRICA/ELETRIFICAÇÃO E ILUMINAÇÃO EXTERNA",null,"M",1.0442,null,6.67,6.96]
["Composição Auxiliar",91937,"SINAPI","CAIXA OCTOGONAL 3\" X 3\", PVC, INSTALADA EM LAJE - FORNECIMENTO E INSTALAÇÃO. AF_03/2023","INEL - INSTALAÇÃO ELÉTRICA/ELETRIFICAÇÃO E ILUMINAÇÃO EXTERNA",null,"UN",0.13919999999999999,null,16.43,2.2799999999999998]
["Composição Auxiliar",91959,"SINAPI","INTERRUPTOR SIMPLES (2 MÓDULOS), 10A/250V, INCLUINDO SUPORTE E PLACA - FORNECIMENTO E INSTALAÇÃO. AF_03/2023","INEL - INSTALAÇÃO ELÉTRICA/ELETRIFICAÇÃO E ILUMINAÇÃO EXTERNA",null,"UN",1.7399999999999999E-2,null,43.48,0.75]
["Composição Auxiliar",91967,"SINAPI","INTERRUPTOR SIMPLES (3 MÓDULOS), 10A/250V, INCLUINDO SUPORTE E PLACA - FORNECIMENTO E INSTALAÇÃO. AF_03/2023","INEL - INSTALAÇÃO ELÉTRICA/ELETRIFICAÇÃO E ILUMINAÇÃO EXTERNA",null,"UN",1.7399999999999999E-2,null,58.19,1.01]
["Composição Auxiliar",92000,"SINAPI","TOMADA BAIXA DE EMBUTIR (1 MÓDULO), 2P+T 10 A, INCLUINDO SUPORTE E PLACA - FORNECIMENTO E INSTALAÇÃO. AF_03/2023","INEL - INSTALAÇÃO ELÉTRICA/ELETRIFICAÇÃO E ILUMINAÇÃO EXTERNA",null,"UN",3.4799999999999998E-2,null,30.03,1.04]
["Composição Auxiliar",92543,"SINAPI","TRAMA DE MADEIRA COMPOSTA POR TERÇAS PARA TELHADOS DE ATÉ 2 ÁGUAS PARA TELHA ONDULADA DE FIBROCIMENTO, METÁLICA, PLÁSTICA OU TERMOACÚSTICA, INCLUSO TRANSPORTE VERTICAL. AF_07/2019","COBE - COBERTURA",null,"m²",1.3566,null,24.51,33.25]
["Composição Auxiliar",92981,"SINAPI","CABO DE COBRE FLEXÍVEL ISOLADO, 16 MM², ANTI-CHAMA 450/750 V, PARA DISTRIBUIÇÃO - FORNECIMENTO E INSTALAÇÃO. AF_12/2015","INEL - INSTALAÇÃO ELÉTRICA/ELETRIFICAÇÃO E ILUMINAÇÃO EXTERNA",null,"M",0.2611,null,15.1,3.94]
["Composição Auxiliar",93358,"SINAPI","ESCAVAÇÃO MANUAL DE VALA COM PROFUNDIDADE MENOR OU IGUAL A 1,30 M. AF_02/2021","MOVT - MOVIMENTO DE TERRA",null,"m³",2.7900000000000001E-2,null,91.89,2.56]
["Composição Auxiliar",93382,"SINAPI","REATERRO MANUAL DE VALAS, COM COMPACTADOR DE SOLOS DE PERCUSSÃO. AF_08/2023","MOVT - MOVIMENTO DE TERRA",null,"m³",7.1999999999999998E-3,null,29.57,0.21]
["Composição Auxiliar",94210,"SINAPI","TELHAMENTO COM TELHA ONDULADA DE FIBROCIMENTO E = 6 MM, COM RECOBRIMENTO LATERAL DE 1 1/4 DE ONDA PARA TELHADO COM INCLINAÇÃO MÁXIMA DE 10°, COM ATÉ 2 ÁGUAS, INCLUSO IÇAMENTO. AF_07/2019","COBE - COBERTURA",null,"m²",1.3566,null,53.08,72]
["Composição Auxiliar",94559,"SINAPI","JANELA DE AÇO TIPO BASCULANTE PARA VIDROS, COM BATENTE, FERRAGENS E PINTURA ANTICORROSIVA. EXCLUSIVE VIDROS, ACABAMENTO, ALIZAR E CONTRAMARCO. FORNECIMENTO E INSTALAÇÃO. AF_12/2019","ESQV - ESQUADRIAS/FERRAGENS/VIDROS",null,"m²",9.0499999999999997E-2,null,701.64,63.49]
["Composição Auxiliar",95240,"SINAPI","LASTRO DE CONCRETO MAGRO, APLICADO EM PISOS, LAJES SOBRE SOLO OU RADIERS, ESPESSURA DE 3 CM. AF_01/2024","FUES - FUNDAÇÕES E ESTRUTURAS",null,"m²",6.4000000000000003E-3,null,20.96,0.13]
["Composição Auxiliar",95241,"SINAPI","LASTRO DE CONCRETO MAGRO, APLICADO EM PISOS, LAJES SOBRE SOLO OU RADIERS, ESPESSURA DE 5 CM. AF_01/2024","FUES - FUNDAÇÕES E ESTRUTURAS",null,"m²",1.3328,null,40.200000000000003,53.57]
["Composição Auxiliar",95805,"SINAPI","CONDULETE DE PVC, TIPO B, PARA ELETRODUTO DE PVC SOLDÁVEL DN 25 MM (3/4''), APARENTE - FORNECIMENTO E INSTALAÇÃO. AF_10/2022","INEL - INSTALAÇÃO ELÉTRICA/ELETRIFICAÇÃO E ILUMINAÇÃO EXTERNA",null,"UN",1.7399999999999999E-2,null,22.92,0.39]
["Composição Auxiliar",95811,"SINAPI","CONDULETE DE PVC, TIPO LB, PARA ELETRODUTO DE PVC SOLDÁVEL DN 25 MM (3/4''), APARENTE - FORNECIMENTO E INSTALAÇÃO. AF_10/2022","INEL - INSTALAÇÃO ELÉTRICA/ELETRIFICAÇÃO E ILUMINAÇÃO EXTERNA",null,"UN",5.2200000000000003E-2,null,18.7,0.97]
["Composição Auxiliar",96985,"SINAPI","HASTE DE ATERRAMENTO, DIÂMETRO 5/8\", COM 3 METROS - FORNECIMENTO E INSTALAÇÃO. AF_08/2023","INEL - INSTALAÇÃO ELÉTRICA/ELETRIFICAÇÃO E ILUMINAÇÃO EXTERNA",null,"UN",5.2200000000000003E-2,null,88.51,4.62]
["Composição Auxiliar",97586,"SINAPI","LUMINÁRIA TIPO CALHA, DE SOBREPOR, COM 2 LÂMPADAS TUBULARES FLUORESCENTES DE 36 W, COM REATOR DE PARTIDA RÁPIDA - FORNECIMENTO E INSTALAÇÃO. AF_02/2020","INEL - INSTALAÇÃO ELÉTRICA/ELETRIFICAÇÃO E ILUMINAÇÃO EXTERNA",null,"UN",0.13919999999999999,null,171.07,23.81]
["Composição Auxiliar",97886,"SINAPI","CAIXA ENTERRADA ELÉTRICA RETANGULAR, EM ALVENARIA COM TIJOLOS CERÂMICOS MACIÇOS, FUNDO COM BRITA, DIMENSÕES INTERNAS: 0,3X0,3X0,3 M. AF_12/2020","INEL - INSTALAÇÃO ELÉTRICA/ELETRIFICAÇÃO E ILUMINAÇÃO EXTERNA",null,"UN",5.2200000000000003E-2,null,180.07,9.39]
["Composição Auxiliar",97906,"SINAPI","CAIXA ENTERRADA HIDRÁULICA RETANGULAR, EM ALVENARIA COM BLOCOS DE CONCRETO, DIMENSÕES INTERNAS: 0,6X0,6X0,6 M PARA REDE DE ESGOTO. AF_12/2020","INHI - INSTALAÇÕES HIDROS SANITÁRIAS",null,"UN",3.4799999999999998E-2,null,471.13,16.39]
["Composição Auxiliar",98441,"SINAPI","PAREDE DE MADEIRA COMPENSADA PARA CONSTRUÇÃO TEMPORÁRIA EM CHAPA SIMPLES, EXTERNA, COM ÁREA LÍQUIDA MAIOR OU IGUAL A 6 M², SEM VÃO. AF_05/2018","CANT - CANTEIRO DE OBRAS",null,"m²",0.26119999999999999,null,94.05,24.56]
["Composição Auxiliar",98442,"SINAPI","PAREDE DE MADEIRA COMPENSADA PARA CONSTRUÇÃO TEMPORÁRIA EM CHAPA SIMPLES, EXTERNA, COM ÁREA LÍQUIDA MENOR QUE 6 M², SEM VÃO. AF_05/2018","CANT - CANTEIRO DE OBRAS",null,"m²",0.30070000000000002,null,149.05000000000001,44.81]
["Composição Auxiliar",98443,"SINAPI","PAREDE DE MADEIRA COMPENSADA PARA CONSTRUÇÃO TEMPORÁRIA EM CHAPA SIMPLES, INTERNA, COM ÁREA LÍQUIDA MAIOR OU IGUAL A 6 M², SEM VÃO. AF_05/2018","CANT - CANTEIRO DE OBRAS",null,"m²",8.3000000000000004E-2,null,71.45,5.93]
["Composição Auxiliar",98444,"SINAPI","PAREDE DE MADEIRA COMPENSADA PARA CONSTRUÇÃO TEMPORÁRIA EM CHAPA SIMPLES, INTERNA, COM ÁREA LÍQUIDA MENOR QUE 6 M², SEM VÃO. AF_05/2018","CANT - CANTEIRO DE OBRAS",null,"m²",9.5600000000000004E-2,null,126.71,12.11]
["Composição Auxiliar",98445,"SINAPI","PAREDE DE MADEIRA COMPENSADA PARA CONSTRUÇÃO TEMPORÁRIA EM CHAPA SIMPLES, EXTERNA, COM ÁREA LÍQUIDA MAIOR OU IGUAL A 6 M², COM VÃO. AF_05/2018","CANT - CANTEIRO DE OBRAS",null,"m²",0.40810000000000002,null,112.32,45.83]
["Composição Auxiliar",98446,"SINAPI","PAREDE DE MADEIRA COMPENSADA PARA CONSTRUÇÃO TEMPORÁRIA EM CHAPA SIMPLES, EXTERNA, COM ÁREA LÍQUIDA MENOR QUE 6 M², COM VÃO. AF_05/2018","CANT - CANTEIRO DE OBRAS",null,"m²",0.31819999999999998,null,146,46.45]
["Composição Auxiliar",98447,"SINAPI","PAREDE DE MADEIRA COMPENSADA PARA CONSTRUÇÃO TEMPORÁRIA EM CHAPA SIMPLES, INTERNA, COM ÁREA LÍQUIDA MAIOR OU IGUAL A 6 M², COM VÃO. AF_05/2018","CANT - CANTEIRO DE OBRAS",null,"m²",0.12970000000000001,null,86.06,11.16]
["Composição Auxiliar",98448,"SINAPI","PAREDE DE MADEIRA COMPENSADA PARA CONSTRUÇÃO TEMPORÁRIA EM CHAPA SIMPLES, INTERNA, COM ÁREA LÍQUIDA MENOR QUE 6 M², COM VÃO. AF_05/2018","CANT - CANTEIRO DE OBRAS",null,"m²",0.1011,null,113.22,11.44]
["Composição Auxiliar",98679,"SINAPI","PISO CIMENTADO, TRAÇO 1:3 (CIMENTO E AREIA), ACABAMENTO LISO, ESPESSURA 2,0 CM, PREPARO MECÂNICO DA ARGAMASSA. AF_09/2020","PISO - PISOS",null,"m²",0.51339999999999997,null,44.12,22.65]
["Insumo",3080,"SINAPI","FECHADURA ESPELHO PARA PORTA EXTERNA, EM ACO INOX (MAQUINA, TESTA E CONTRA-TESTA) E EM ZAMAC (MACANETA, LINGUETA E TRINCOS) COM ACABAMENTO CROMADO, MAQUINA DE 40 MM, INCLUINDO CHAVE TIPO CILINDRO","Material",null,"CJ",3.4799999999999998E-2,null,75.58,2.63]
["Insumo",3659,"SINAPI","JUNCAO SIMPLES DE REDUCAO, PVC, DN 100 X 50 MM, SERIE NORMAL PARA ESGOTO PREDIAL","Material",null,"UN",1.7399999999999999E-2,null,14.35,0.24]
["Insumo",3670,"SINAPI","JUNCAO SIMPLES, PVC, 45 GRAUS, DN 100 X 100 MM, SERIE NORMAL PARA ESGOTO PREDIAL","Material",null,"UN",3.4799999999999998E-2,null,18.420000000000002,0.64]
["Insumo",11587,"SINAPI","FORRO DE PVC LISO, BRANCO, REGUA DE 10 CM, ESPESSURA DE 8 MM A 10 MM (COM COLOCACAO / SEM ESTRUTURA METALICA)","Material",null,"m²",0.97619999999999996,null,83.43,81.44]
["Insumo",11697,"SINAPI","MICTORIO COLETIVO ACO INOX (AISI 304), E = 0,8 MM, DE *100 X 40 X 30* CM (C X A X P)","Material",null,"UN",1.7399999999999999E-2,null,598.99,10.42]
["Insumo",11712,"SINAPI","CAIXA SIFONADA, PVC, 150 X 150 X 50 MM, COM GRELHA QUADRADA, BRANCA (NBR 5688)","Material",null,"UN",3.4799999999999998E-2,null,33.590000000000003,1.1599999999999999]
["Insumo",21112,"SINAPI","VALVULA DE DESCARGA EM METAL CROMADO PARA MICTORIO COM ACIONAMENTO POR PRESSAO E FECHAMENTO AUTOMATICO","Material",null,"UN",1.7399999999999999E-2,null,288.92,5.0199999999999996]
["Insumo",43777,"SINAPI","PORTA DE MADEIRA, FOLHA LEVE (NBR 15930), DE 600 X 2100 MM, E = 35 MM, NUCLEO COLMEIA, CAPA LISA EM HDF, ACABAMENTO MELAMINICO EM PADRAO MADEIRA","Material",null,"UN",4.4761799999999997E-2,null,232.66,10.41]
[{"$nulls":4},"MO sem LS =>",242.61,"LS =>",0,"MO com LS =>",242.61]
[{"$nulls":4},"Valor do BDI =>",217.79,null,"Valor com BDI =>",null,1183.2]
[{"$nulls":6},"Quant. =>",231.77,"Preço Total =>",274230.26]
[]
[" 3.2.12 ","Código","Banco","Descrição","Tipo",null,"Und","Quant.","Porcent.","Valor Unit","Total"]
["Composição",93208,"SINAPI","EXECUÇÃO DE ALMOXARIFADO EM CANTEIRO DE OBRA EM CHAPA DE MADEIRA COMPENSADA, INCLUSO PRATELEIRAS. AF_02/2016","CANT - CANTEIRO DE OBRAS",null,"m²",1,null,831.45,831.45]
["Composição Auxiliar",101165,"SINAPI","ALVENARIA DE EMBASAMENTO COM BLOCO ESTRUTURAL DE CONCRETO, DE 14X19X29CM E ARGAMASSA DE ASSENTAMENTO COM PREPARO EM BETONEIRA. AF_05/2020","FUES - FUNDAÇÕES E ESTRUTURAS",null,"m³",2.69E-2,null,941.87,25.33]
["Composição Auxiliar",101876,"SINAPI","QUADRO DE DISTRIBUIÇÃO DE ENERGIA EM PVC, DE EMBUTIR, SEM BARRAMENTO, PARA 6 DISJUNTORES - FORNECIMENTO E INSTALAÇÃO. AF_10/2020","INEL - INSTALAÇÃO ELÉTRICA/ELETRIFICAÇÃO E ILUMINAÇÃO EXTERNA",null,"UN",2.52E-2,null,81.180000000000007,2.04]
["Composição Auxiliar",101891,"SINAPI","DISJUNTOR MONOPOLAR TIPO NEMA, CORRENTE NOMINAL DE 35 ATÉ 50A - FORNECIMENTO E INSTALAÇÃO. AF_10/2020","INEL - INSTALAÇÃO ELÉTRICA/ELETRIFICAÇÃO E ILUMINAÇÃO EXTERNA",null,"UN",5.04E-2,null,27.05,1.36]
["Composição Auxiliar",88262,"SINAPI","CARPINTEIRO DE FORMAS COM ENCARGOS COMPLEMENTARES","SEDI - SERVIÇOS DIVERSOS",null,"H",0.97940000000000005,null,31.88,31.22]
["Composição Auxiliar",88489,"SINAPI","PINTURA LÁTEX ACRÍLICA PREMIUM, APLICAÇÃO MANUAL EM PAREDES, DUAS DEMÃOS. AF_04/2023","PINT - PINTURAS",null,"m²",3.7456999999999998,null,13.66,51.16]
["Composição Auxiliar",91170,"SINAPI","FIXAÇÃO DE TUBOS HORIZONTAIS DE PVC ÁGUA, PVC ESGOTO, PVC ÁGUA PLUVIAL, CPVC, PPR, COBRE OU AÇO, DIÂMETROS MENORES OU IGUAIS A 40 MM, COM ABRAÇADEIRA METÁLICA RÍGIDA TIPO U PERFIL 1 1/4\u0094, FIXADA EM PERFILADO EM LAJE. AF_09/2023_PS","INHI - INSTALAÇÕES HIDROS SANITÁRIAS",null,"M",0.25180000000000002,null,11.21,2.82]
["Composição Auxiliar",91173,"SINAPI","FIXAÇÃO DE TUBOS VERTICAIS DE PVC ÁGUA, PVC ESGOTO, PVC ÁGUA PLUVIAL, CPVC, PPR, COBRE OU AÇO, DIÂMETROS MENORES OU IGUAIS A 40 MM, COM ABRAÇADEIRA METÁLICA RÍGIDA TIPO U PERFIL 1 1/4\u0094, FIXADA EM PERFILADO EM PAREDE. AF_09/2023_PS","INHI - INSTALAÇÕES HIDROS SANITÁRIAS",null,"M",0.2266,null,4.17,0.94]
["Composição Auxiliar",91341,"SINAPI","PORTA EM ALUMÍNIO DE ABRIR TIPO VENEZIANA COM GUARNIÇÃO, FIXAÇÃO COM PARAFUSOS - FORNECIMENTO E INSTALAÇÃO. AF_12/2019","ESQV - ESQUADRIAS/FERRAGENS/VIDROS",null,"m²",6.3399999999999998E-2,null,430.65,27.3]
["Composição Auxiliar",91862,"SINAPI","ELETRODUTO RÍGIDO ROSCÁVEL, PVC, DN 20 MM (1/2\"), PARA CIRCUITOS TERMINAIS, INSTALADO EM FORRO - FORNECIMENTO E INSTALAÇÃO. AF_03/2023","INEL - INSTALAÇÃO ELÉTRICA/ELETRIFICAÇÃO E ILUMINAÇÃO EXTERNA",null,"M",0.25180000000000002,null,9.68,2.4300000000000002]
["Composição Auxiliar",91870,"SINAPI","ELETRODUTO RÍGIDO ROSCÁVEL, PVC, DN 20 MM (1/2\"), PARA CIRCUITOS TERMINAIS, INSTALADO EM PAREDE - FORNECIMENTO E INSTALAÇÃO. AF_03/2023","INEL - INSTALAÇÃO ELÉTRICA/ELETRIFICAÇÃO E ILUMINAÇÃO EXTERNA",null,"M",0.2266,null,12.98,2.94]
["Composição Auxiliar",91911,"SINAPI","CURVA 90 GRAUS PARA ELETRODUTO, PVC, ROSCÁVEL, DN 20 MM (1/2\"), PARA CIRCUITOS TERMINAIS, INSTALADA EM PAREDE - FORNECIMENTO E INSTALAÇÃO. AF_03/2023","INEL - INSTALAÇÃO ELÉTRICA/ELETRIFICAÇÃO E ILUMINAÇÃO EXTERNA",null,"UN",7.5499999999999998E-2,null,17.93,1.35]
["Composição Auxiliar",91924,"SINAPI","CABO DE COBRE FLEXÍVEL ISOLADO, 1,5 MM², ANTI-CHAMA 450/750 V, PARA CIRCUITOS TERMINAIS - FORNECIMENTO E INSTALAÇÃO. AF_03/2023","INEL - INSTALAÇÃO ELÉTRICA/ELETRIFICAÇÃO E ILUMINAÇÃO EXTERNA",null,"M",0.62190000000000001,null,3.01,1.87]
["Composição Auxiliar",91926,"SINAPI","CABO DE COBRE FLEXÍVEL ISOLADO, 2,5 MM², ANTI-CHAMA 450/750 V, PARA CIRCUITOS TERMINAIS - FORNECIMENTO E INSTALAÇÃO. AF_03/2023","INEL - INSTALAÇÃO ELÉTRICA/ELETRIFICAÇÃO E ILUMINAÇÃO EXTERNA",null,"M",0.67979999999999996,null,4.34,2.95]
["Composição Auxiliar",91937,"SINAPI","CAIXA OCTOGONAL 3\" X 3\", PVC, INSTALADA EM LAJE - FORNECIMENTO E INSTALAÇÃO. AF_03/2023","INEL - INSTALAÇÃO ELÉTRICA/ELETRIFICAÇÃO E ILUMINAÇÃO EXTERNA",null,"UN",0.12590000000000001,null,16.43,2.06]
["Composição Auxiliar",92000,"SINAPI","TOMADA BAIXA DE EMBUTIR (1 MÓDULO), 2P+T 10 A, INCLUINDO SUPORTE E PLACA - FORNECIMENTO E INSTALAÇÃO. AF_03/2023","INEL - INSTALAÇÃO ELÉTRICA/ELETRIFICAÇÃO E ILUMINAÇÃO EXTERNA",null,"UN",5.04E-2,null,30.03,1.51]
["Composição Auxiliar",92025,"SINAPI","INTERRUPTOR SIMPLES (1 MÓDULO) COM 2 TOMADAS DE EMBUTIR 2P+T 10 A, INCLUINDO SUPORTE E PLACA - FORNECIMENTO E INSTALAÇÃO. AF_03/2023","INEL - INSTALAÇÃO ELÉTRICA/ELETRIFICAÇÃO E ILUMINAÇÃO EXTERNA",null,"UN",2.52E-2,null,69.22,1.74]
["Composição Auxiliar",92543,"SINAPI","TRAMA DE MADEIRA COMPOSTA POR TERÇAS PARA TELHADOS DE ATÉ 2 ÁGUAS PARA TELHA ONDULADA DE FIBROCIMENTO, METÁLICA, PLÁSTICA OU TERMOACÚSTICA, INCLUSO TRANSPORTE VERTICAL. AF_07/2019","COBE - COBERTURA",null,"m²",1.4396,null,24.51,35.28]
["Composição Auxiliar",93358,"SINAPI","ESCAVAÇÃO MANUAL DE VALA COM PROFUNDIDADE MENOR OU IGUAL A 1,30 M. AF_02/2021","MOVT - MOVIMENTO DE TERRA",null,"m³",2.6200000000000001E-2,null,91.89,2.4]
["Composição Auxiliar",93382,"SINAPI","REATERRO MANUAL DE VALAS, COM COMPACTADOR DE SOLOS DE PERCUSSÃO. AF_08/2023","MOVT - MOVIMENTO DE TERRA",null,"m³",6.7000000000000002E-3,null,29.57,0.19]
["Composição Auxiliar",94210,"SINAPI","TELHAMENTO COM TELHA ONDULADA DE FIBROCIMENTO E = 6 MM, COM RECOBRIMENTO LATERAL DE 1 1/4 DE ONDA PARA TELHADO COM INCLINAÇÃO MÁXIMA DE 10°, COM ATÉ 2 ÁGUAS, INCLUSO IÇAMENTO. AF_07/2019","COBE - COBERTURA",null,"m²",1.4396,null,53.08,76.41]
["Composição Auxiliar",94559,"SINAPI","JANELA DE AÇO TIPO BASCULANTE PARA VIDROS, COM BATENTE, FERRAGENS E PINTURA ANTICORROSIVA. EXCLUSIVE VIDROS, ACABAMENTO, ALIZAR E CONTRAMARCO. FORNECIMENTO E INSTALAÇÃO. AF_12/2019","ESQV - ESQUADRIAS/FERRAGENS/VIDROS",null,"m²",7.5499999999999998E-2,null,701.64,52.97]
["Composição Auxiliar",95240,"SINAPI","LASTRO DE CONCRETO MAGRO, APLICADO EM PISOS, LAJES SOBRE SOLO OU RADIERS, ESPESSURA DE 3 CM. AF_01/2024","FUES - FUNDAÇÕES E ESTRUTURAS",null,"m²",6.0000000000000001E-3,null,20.96,0.12]
["Composição Auxiliar",95241,"SINAPI","LASTRO DE CONCRETO MAGRO, APLICADO EM PISOS, LAJES SOBRE SOLO OU RADIERS, ESPESSURA DE 5 CM. AF_01/2024","FUES - FUNDAÇÕES E ESTRUTURAS",null,"m²",1.4396,null,40.200000000000003,57.87]
["Composição Auxiliar",95805,"SINAPI","CONDULETE DE PVC, TIPO B, PARA ELETRODUTO DE PVC SOLDÁVEL DN 25 MM (3/4''), APARENTE - FORNECIMENTO E INSTALAÇÃO. AF_10/2022","INEL - INSTALAÇÃO ELÉTRICA/ELETRIFICAÇÃO E ILUMINAÇÃO EXTERNA",null,"UN",5.04E-2,null,22.92,1.1499999999999999]
["Composição Auxiliar",95811,"SINAPI","CONDULETE DE PVC, TIPO LB, PARA ELETRODUTO DE PVC SOLDÁVEL DN 25 MM (3/4''), APARENTE - FORNECIMENTO E INSTALAÇÃO. AF_10/2022","INEL - INSTALAÇÃO ELÉTRICA/ELETRIFICAÇÃO E ILUMINAÇÃO EXTERNA",null,"UN",2.52E-2,null,18.7,0.47]
["Composição Auxiliar",97586,"SINAPI","LUMINÁRIA TIPO CALHA, DE SOBREPOR, COM 2 LÂMPADAS TUBULARES FLUORESCENTES DE 36 W, COM REATOR DE PARTIDA RÁPIDA - FORNECIMENTO E INSTALAÇÃO. AF_02/2020","INEL - INSTALAÇÃO ELÉTRICA/ELETRIFICAÇÃO E ILUMINAÇÃO EXTERNA",null,"UN",0.1007,null,171.07,17.22]
["Composição Auxiliar",97593,"SINAPI","LUMINÁRIA TIPO SPOT, DE SOBREPOR, COM 1 LÂMPADA FLUORESCENTE DE 15 W, SEM REATOR - FORNECIMENTO E INSTALAÇÃO. AF_02/2020","INEL - INSTALAÇÃO ELÉTRICA/ELETRIFICAÇÃO E ILUMINAÇÃO EXTERNA",null,"UN",2.52E-2,null,141.68,3.57]
["Composição Auxiliar",97611,"SINAPI","LÂMPADA COMPACTA FLUORESCENTE DE 15 W, BASE E27 - FORNECIMENTO E INSTALAÇÃO. AF_02/2020","INEL - INSTALAÇÃO ELÉTRICA/ELETRIFICAÇÃO E ILUMINAÇÃO EXTERNA",null,"UN",2.52E-2,null,19.46,0.49]
["Composição Auxiliar",98441,"SINAPI","PAREDE DE MADEIRA COMPENSADA PARA CONSTRUÇÃO TEMPORÁRIA EM CHAPA SIMPLES, EXTERNA, COM ÁREA LÍQUIDA MAIOR OU IGUAL A 6 M², SEM VÃO. AF_05/2018","CANT - CANTEIRO DE OBRAS",null,"m²",0.35170000000000001,null,94.05,33.07]
["Composição Auxiliar",98442,"SINAPI","PAREDE DE MADEIRA COMPENSADA PARA CONSTRUÇÃO TEMPORÁRIA EM CHAPA SIMPLES, EXTERNA, COM ÁREA LÍQUIDA MENOR QUE 6 M², SEM VÃO. AF_05/2018","CANT - CANTEIRO DE OBRAS",null,"m²",0.40479999999999999,null,149.05000000000001,60.33]
["Composição Auxiliar",98443,"SINAPI","PAREDE DE MADEIRA COMPENSADA PARA CONSTRUÇÃO TEMPORÁRIA EM CHAPA SIMPLES, INTERNA, COM ÁREA LÍQUIDA MAIOR OU IGUAL A 6 M², SEM VÃO. AF_05/2018","CANT - CANTEIRO DE OBRAS",null,"m²",2.81E-2,null,71.45,2]
["Composição Auxiliar",98444,"SINAPI","PAREDE DE MADEIRA COMPENSADA PARA CONSTRUÇÃO TEMPORÁRIA EM CHAPA SIMPLES, INTERNA, COM ÁREA LÍQUIDA MENOR QUE 6 M², SEM VÃO. AF_05/2018","CANT - CANTEIRO DE OBRAS",null,"m²",3.2300000000000002E-2,null,126.71,4.09]
["Composição Auxiliar",98445,"SINAPI","PAREDE DE MADEIRA COMPENSADA PARA CONSTRUÇÃO TEMPORÁRIA EM CHAPA SIMPLES, EXTERNA, COM ÁREA LÍQUIDA MAIOR OU IGUAL A 6 M², COM VÃO. AF_05/2018","CANT - CANTEIRO DE OBRAS",null,"m²",0.54949999999999999,null,112.32,61.71]
["Composição Auxiliar",98446,"SINAPI","PAREDE DE MADEIRA COMPENSADA PARA CONSTRUÇÃO TEMPORÁRIA EM CHAPA SIMPLES, EXTERNA, COM ÁREA LÍQUIDA MENOR QUE 6 M², COM VÃO. AF_05/2018","CANT - CANTEIRO DE OBRAS",null,"m²",0.4284,null,146,62.54]
["Composição Auxiliar",98447,"SINAPI","PAREDE DE MADEIRA COMPENSADA PARA CONSTRUÇÃO TEMPORÁRIA EM CHAPA SIMPLES, INTERNA, COM ÁREA LÍQUIDA MAIOR OU IGUAL A 6 M², COM VÃO. AF_05/2018","CANT - CANTEIRO DE OBRAS",null,"m²",4.3900000000000002E-2,null,86.06,3.77]
["Composição Auxiliar",98448,"SINAPI","PAREDE DE MADEIRA COMPENSADA PARA CONSTRUÇÃO TEMPORÁRIA EM CHAPA SIMPLES, INTERNA, COM ÁREA LÍQUIDA MENOR QUE 6 M², COM VÃO. AF_05/2018","CANT - CANTEIRO DE OBRAS",null,"m²",3.4200000000000001E-2,null,113.22,3.87]
["Insumo",4513,"SINAPI","CAIBRO 5 X 5 CM EM PINUS, MISTA OU EQUIVALENTE DA REGIAO - BRUTA","Material",null,"M",3.4843999999999999,null,6.68,23.27]
["Insumo",6193,"SINAPI","TABUA NAO APARELHADA *2,5 X 20* CM, EM MACARANDUBA/MASSARANDUBA, ANGELIM OU EQUIVALENTE DA REGIAO - BRUTA","Material",null,"M",3.9174000000000002,null,19.239999999999998,75.37]
["Insumo",10886,"SINAPI","EXTINTOR DE INCENDIO PORTATIL COM CARGA DE AGUA PRESSURIZADA DE 10 L, CLASSE A","Material",null,"UN",2.52E-2,null,210,5.29]
["Insumo",10891,"SINAPI","EXTINTOR DE INCENDIO PORTATIL COM CARGA DE PO QUIMICO SECO (PQS) DE 4 KG, CLASSE BC","Material",null,"UN",2.52E-2,null,203.07,5.1100000000000003]
["Insumo",11455,"SINAPI","FERROLHO COM FECHO / TRINCO REDONDO, EM ACO GALVANIZADO / ZINCADO, DE SOBREPOR, COM COMPRIMENTO DE 8\" E ESPESSURA MINIMA DA CHAPA DE 1,50 MM","Material",null,"UN",2.52E-2,null,17.489999999999998,0.44]
["Insumo",11587,"SINAPI","FORRO DE PVC LISO, BRANCO, REGUA DE 10 CM, ESPESSURA DE 8 MM A 10 MM (COM COLOCACAO / SEM ESTRUTURA METALICA)","Material",null,"m²",1,null,83.43,83.43]
[{"$nulls":4},"MO sem LS =>",175.41,"LS =>",0,"MO com LS =>",175.41]
[{"$nulls":4},"Valor do BDI =>",187.57,null,"Valor com BDI =>",null,1019.02]
[{"$nulls":6},"Quant. =>",104.88,"Preço Total =>",106874.81]
[]
[" 3.2.13 ","Código","Banco","Descrição","Tipo",null,"Und","Quant.","Porcent.","Valor Unit","Total"]
["Composição"," 55.04.08 ","EMBASA","AMBULATORIO",5504,null,"m²",1,null,499.15,499.15]
["Composição Auxiliar"," 15.05.04 ","EMBASA","LASTRO EM CONCRETO NAO ESTRUTURAL SOB PISOS, e=8cm",1505,null,"m²",1.2,null,60.94,73.12]
["Composição Auxiliar"," 15.05.07 ","EMBASA","PISO CIMENTADO, ALISADO",1505,null,"m²",1.2,null,43.95,52.74]
["Composição Auxiliar"," 15.07.04 ","EMBASA","PINTURA C/ PVA-LATEX, S/ MASSA, INCL. LIXAMENTO, EM DUAS DEMAOS",1507,null,"m²",2.66,null,15.31,40.72]
["Composição Auxiliar"," 55.01.13 ","EMBASA","ACERTO MANUAL DO TERRENO",55,null,"m²",1.2,null,0.9,1.08]
["Composição Auxiliar"," 55.06.22 ","EMBASA","PAINEIS EM COMPENSADO RESINADO 10MM",55,null,"m²",1.2,null,120.87,145.04]
["Composição Auxiliar"," 55.06.25 ","EMBASA","COBERTURA EM TELHA VOGATEX 4MM",55,null,"m²",1.2,null,123.39,148.06]
["Composição Auxiliar"," 55.06.31 ","EMBASA","FORRO COMPENSADO RESINADO P/BARRACAO",55,null,"m²",0.4,null,45.42,18.16]
["Composição Auxiliar"," 55.06.34 ","EMBASA","PORTA COMPENSADA P/BARRACAO",55,null,"m²",0.13,null,107.42,13.96]
["Insumo"," D200000004 ","EMBASA","DOBRADICAS DE FERRO FE 8\"","Material",null,"UN",0.41,null,8.59,3.52]
["Insumo"," D200000034 ","EMBASA","FECHADURA DE FERRO P/PORTA BARRACAO","Material",null,"UN",0.08,null,34.4,2.75]
[{"$nulls":4},"MO sem LS =>",317.95,"LS =>",0,"MO com LS =>",317.95]
[{"$nulls":4},"Valor do BDI =>",112.6,null,"Valor com BDI =>",null,611.75]
[{"$nulls":6},"Quant. =>",83,"Preço Total =>",50775.25]
[]
[" 3.2.14 ","Código","Banco","Descrição","Tipo",null,"Und","Quant.","Porcent.","Valor Unit","Total"]
["Composição"," 55.04.14 ","EMBASA","CANTINA",5504,null,"m²",1,null,420.58,420.58]
["Composição Auxiliar"," 15.05.04 ","EMBASA","LASTRO EM CONCRETO NAO ESTRUTURAL SOB PISOS, e=8cm",1505,null,"m²",1.2,null,60.94,73.12]
["Composição Auxiliar"," 15.05.07 ","EMBASA","PISO CIMENTADO, ALISADO",1505,null,"m²",1.2,null,43.95,52.74]
["Composição Auxiliar"," 15.07.04 ","EMBASA","PINTURA C/ PVA-LATEX, S/ MASSA, INCL. LIXAMENTO, EM DUAS DEMAOS",1507,null,"m²",1.29,null,15.31,19.739999999999998]
["Composição Auxiliar"," 55.01.13 ","EMBASA","ACERTO MANUAL DO TERRENO",55,null,"m²",1.2,null,0.9,1.08]
["Composição Auxiliar"," 55.06.22 ","EMBASA","PAINEIS EM COMPENSADO RESINADO 10MM",55,null,"m²",0.96,null,120.87,116.03]
["Composição Auxiliar"," 55.06.25 ","EMBASA","COBERTURA EM TELHA VOGATEX 4MM",55,null,"m²",1.2,null,123.39,148.06]
["Composição Auxiliar"," 55.06.34 ","EMBASA","PORTA COMPENSADA P/BARRACAO",55,null,"m²",0.06,null,107.42,6.44]
["Insumo"," D200000004 ","EMBASA","DOBRADICAS DE FERRO FE 8\"","Material",null,"UN",0.25,null,8.59,2.14]
["Insumo"," D200000034 ","EMBASA","FECHADURA DE FERRO P/PORTA BARRACAO","Material",null,"UN",3.5999999999999997E-2,null,34.4,1.23]
[{"$nulls":4},"MO sem LS =>",268.26,"LS =>",0,"MO com LS =>",268.26]
[{"$nulls":4},"Valor do BDI =>",94.88,null,"Valor com BDI =>",null,515.46]
[{"$nulls":6},"Quant. =>",135.75,"Preço Total =>",69973.69]
[]
[" 3.2.15 ","Código","Banco","Descrição","Tipo",null,"Und","Quant.","Porcent.","Valor Unit","Total"]
["Composição"," 55.04.23 ","EMBASA","OFICINA MECANICA",5504,null,"m²",1,null,312.83999999999997,312.83999999999997]
["Composição Auxiliar"," 15.05.04 ","EMBASA","LASTRO EM CONCRETO NAO ESTRUTURAL SOB PISOS, e=8cm",1505,null,"m²",1.2,null,60.94,73.12]
["Composição Auxiliar"," 15.05.07 ","EMBASA","PISO CIMENTADO, ALISADO",1505,null,"m²",1.2,null,43.95,52.74]
["Composição Auxiliar"," 15.07.04 ","EMBASA","PINTURA C/ PVA-LATEX, S/ MASSA, INCL. LIXAMENTO, EM DUAS DEMAOS",1507,null,"m²",0.255,null,15.31,3.9]
["Composição Auxiliar"," 55.01.13 ","EMBASA","ACERTO MANUAL DO TERRENO",55,null,"m²",1.2,null,0.9,1.08]
["Composição Auxiliar"," 55.06.22 ","EMBASA","PAINEIS EM COMPENSADO RESINADO 10MM",55,null,"m²",0.255,null,120.87,30.82]
["Composição Auxiliar"," 55.06.25 ","EMBASA","COBERTURA EM TELHA VOGATEX 4MM",55,null,"m²",1.2,null,123.39,148.06]
["Insumo"," D050000001 ","EMBASA","BARROTE AGRESTE 5 x 5 CM","Material",null,"M",0.48,null,6.51,3.12]
[{"$nulls":4},"MO sem LS =>",197.95,"LS =>",0,"MO com LS =>",197.95]
[{"$nulls":4},"Valor do BDI =>",70.569999999999993,null,"Valor com BDI =>",null,383.41]
[{"$nulls":6},"Quant. =>",215.14,"Preço Total =>",82486.820000000007]
[]
[" 3.2.16 ","Código","Banco","Descrição","Tipo",null,"Und","Quant.","Porcent.","Valor Unit","Total"]
["Composição"," 55.04.19 ","EMBASA","DEPOSITO DE CIMENTO",5504,null,"m²",1,null,535.20000000000005,535.20000000000005]
["Composição Auxiliar"," 15.05.04 ","EMBASA","LASTRO EM CONCRETO NAO ESTRUTURAL SOB PISOS, e=8cm",1505,null,"m²",1.1000000000000001,null,60.94,67.03]
["Composição Auxiliar"," 15.07.04 ","EMBASA","PINTURA C/ PVA-LATEX, S/ MASSA, INCL. LIXAMENTO, EM DUAS DEMAOS",1507,null,"m²",1.02,null,15.31,15.61]
["Composição Auxiliar"," 55.06.13 ","EMBASA","ESTRADO DE MADEIRA PARA DEPOSITO DE CIMENTO",55,null,"m²",1,null,178.45,178.45]
["Composição Auxiliar"," 55.01.13 ","EMBASA","ACERTO MANUAL DO TERRENO",55,null,"m²",1.2,null,0.9,1.08]
["Composição Auxiliar"," 55.06.22 ","EMBASA","PAINEIS EM COMPENSADO RESINADO 10MM",55,null,"m²",0.96,null,120.87,116.03]
["Composição Auxiliar"," 55.06.25 ","EMBASA","COBERTURA EM TELHA VOGATEX 4MM",55,null,"m²",1.2,null,123.39,148.06]
["Composição Auxiliar"," 55.06.34 ","EMBASA","PORTA COMPENSADA P/BARRACAO",55,null,"m²",0.06,null,107.42,6.44]
["Insumo"," D200000004 ","EMBASA","DOBRADICAS DE FERRO FE 8\"","Material",null,"UN",0.124,null,8.59,1.06]
["Insumo"," D200000034 ","EMBASA","FECHADURA DE FERRO P/PORTA BARRACAO","Material",null,"UN",4.2000000000000003E-2,null,34.4,1.44]
[{"$nulls":4},"MO sem LS =>",310.2,"LS =>",0,"MO com LS =>",310.2]
[{"$nulls":4},"Valor do BDI =>",120.74,null,"Valor com BDI =>",null,655.94]
[{"$nulls":6},"Quant. =>",111.45,"Preço Total =>",73104.509999999995]
[]
[" 3.2.17 ","Código","Banco","Descrição","Tipo",null,"Und","Quant.","Porcent.","Valor Unit","Total"]
["Composição"," 55.04.17 ","EMBASA","CENTRAL DE FORMA",5504,null,"m²",1,null,186.98,186.98]
["Composição Auxiliar"," 15.07.04 ","EMBASA","PINTURA C/ PVA-LATEX, S/ MASSA, INCL. LIXAMENTO, EM DUAS DEMAOS",1507,null,"m²",0.255,null,15.31,3.9]
["Composição Auxiliar"," 55.01.13 ","EMBASA","ACERTO MANUAL DO TERRENO",55,null,"m²",1.2,null,0.9,1.08]
["Composição Auxiliar"," 55.06.22 ","EMBASA","PAINEIS EM COMPENSADO RESINADO 10MM",55,null,"m²",0.255,null,120.87,30.82]
["Composição Auxiliar"," 55.06.25 ","EMBASA","COBERTURA EM TELHA VOGATEX 4MM",55,null,"m²",1.2,null,123.39,148.06]
["Insumo"," D050000001 ","EMBASA","BARROTE AGRESTE 5 x 5 CM","Material",null,"M",0.48,null,6.51,3.12]
[{"$nulls":4},"MO sem LS =>",117.85,"LS =>",0,"MO com LS =>",117.85]
[{"$nulls":4},"Valor do BDI =>",42.18,null,"Valor com BDI =>",null,229.16]
[{"$nulls":6},"Quant. =>",111.3,"Preço Total =>",25505.5]
[]
[" 3.2.18 ","Código","Banco","Descrição","Tipo",null,"Und","Quant.","Porcent.","Valor Unit","Total"]
["Composição"," 55.04.18 ","EMBASA","CENTRAL DE ARMACAO",5504,null,"m²",1,null,186.98,186.98]
["Composição Auxiliar"," 15.07.04 ","EMBASA","PINTURA C/ PVA-LATEX, S/ MASSA, INCL. LIXAMENTO, EM DUAS DEMAOS",1507,null,"m²",0.255,null,15.31,3.9]
["Composição Auxiliar"," 55.01.13 ","EMBASA","ACERTO MANUAL DO TERRENO",55,null,"m²",1.2,null,0.9,1.08]
["Composição Auxiliar"," 55.06.22 ","EMBASA","PAINEIS EM COMPENSADO RESINADO 10MM",55,null,"m²",0.255,null,120.87,30.82]
["Composição Auxiliar"," 55.06.25 ","EMBASA","COBERTURA EM TELHA VOGATEX 4MM",55,null,"m²",1.2,null,123.39,148.06]
["Insumo"," D050000001 ","EMBASA","BARROTE AGRESTE 5 x 5 CM","Material",null,"M",0.48,null,6.51,3.12]
[{"$nulls":4},"MO sem LS =>",117.85,"LS =>",0,"MO com LS =>",117.85]
[{"$nulls":4},"Valor do BDI =>",42.18,null,"Valor com BDI =>",null,229.16]
[{"$nulls":6},"Quant. =>",84.79,"Preço Total =>",19430.47]
[]
[" 3.2.19 ","Código","Banco","Descrição","Tipo",null,"Und","Quant.","Porcent.","Valor Unit","Total"]
["Composição"," 55.04.24 ","EMBASA","POSTO P/COMBUSTIVEL E LUBRIFICANTE",5504,null,"m²",1,null,312.83999999999997,312.83999999999997]
["Composição Auxiliar"," 15.05.04 ","EMBASA","LASTRO EM CONCRETO NAO ESTRUTURAL SOB PISOS, e=8cm",1505,null,"m²",1.2,null,60.94,73.12]
["Composição Auxiliar"," 15.05.07 ","EMBASA","PISO CIMENTADO, ALISADO",1505,null,"m²",1.2,null,43.95,52.74]
["Composição Auxiliar"," 15.07.04 ","EMBASA","PINTURA C/ PVA-LATEX, S/ MASSA, INCL. LIXAMENTO, EM DUAS DEMAOS",1507,null,"m²",0.255,null,15.31,3.9]
["Composição Auxiliar"," 55.01.13 ","EMBASA","ACERTO MANUAL DO TERRENO",55,null,"m²",1.2,null,0.9,1.08]
["Composição Auxiliar"," 55.06.22 ","EMBASA","PAINEIS EM COMPENSADO RESINADO 10MM",55,null,"m²",0.255,null,120.87,30.82]
["Composição Auxiliar"," 55.06.25 ","EMBASA","COBERTURA EM TELHA VOGATEX 4MM",55,null,"m²",1.2,null,123.39,148.06]
["Insumo"," D050000001 ","EMBASA","BARROTE AGRESTE 5 x 5 CM","Material",null,"M",0.48,null,6.51,3.12]
[{"$nulls":4},"MO sem LS =>",197.95,"LS =>",0,"MO com LS =>",197.95]
[{"$nulls":4},"Valor do BDI =>",70.569999999999993,null,"Valor com BDI =>",null,383.41]
[{"$nulls":6},"Quant. =>",7.69,"Preço Total =>",2948.42]
[]
[" 3.2.20 ","Código","Banco","Descrição","Tipo",null,"Und","Quant.","Porcent.","Valor Unit","Total"]
["Composição"," 55.04.25 ","EMBASA","POSTO P/LAVAGEM DE VEICULOS E EQUIPAMENTOS",5504,null,"m²",1,null,225.38,225.38]
["Composição Auxiliar"," 15.05.04 ","EMBASA","LASTRO EM CONCRETO NAO ESTRUTURAL SOB PISOS, e=8cm",1505,null,"m²",1.2,null,60.94,73.12]
["Composição Auxiliar"," 55.01.13 ","EMBASA","ACERTO MANUAL DO TERRENO",55,null,"m²",1.2,null,0.9,1.08]
["Composição Auxiliar"," 55.06.25 ","EMBASA","COBERTURA EM TELHA VOGATEX 4MM",55,null,"m²",1.2,null,123.39,148.06]
["Insumo"," D050000001 ","EMBASA","BARROTE AGRESTE 5 x 5 CM","Material",null,"M",0.48,null,6.51,3.12]
[{"$nulls":4},"MO sem LS =>",135.22,"LS =>",0,"MO com LS =>",135.22]
[{"$nulls":4},"Valor do BDI =>",50.84,null,"Valor com BDI =>",null,276.22000000000003]
[{"$nulls":6},"Quant. =>",59.9,"Preço Total =>",16545.57]
[]
[" 3.2.21 ","Código","Banco","Descrição","Tipo",null,"Und","Quant.","Porcent.","Valor Unit","Total"]
["Composição"," 55.04.21 ","EMBASA","LABORATORIOS",5504,null,"m²",1,null,499.15,499.15]
["Composição Auxiliar"," 15.05.04 ","EMBASA","LASTRO EM CONCRETO NAO ESTRUTURAL SOB PISOS, e=8cm",1505,null,"m²",1.2,null,60.94,73.12]
["Composição Auxiliar"," 15.05.07 ","EMBASA","PISO CIMENTADO, ALISADO",1505,null,"m²",1.2,null,43.95,52.74]
["Composição Auxiliar"," 15.07.04 ","EMBASA","PINTURA C/ PVA-LATEX, S/ MASSA, INCL. LIXAMENTO, EM DUAS DEMAOS",1507,null,"m²",2.66,null,15.31,40.72]
["Composição Auxiliar"," 55.01.13 ","EMBASA","ACERTO MANUAL DO TERRENO",5501,null,"m²",1.2,null,0.9,1.08]
["Composição Auxiliar"," 55.06.22 ","EMBASA","PAINEIS EM COMPENSADO RESINADO 10MM",55,null,"m²",1.2,null,120.87,145.04]
["Composição Auxiliar"," 55.06.25 ","EMBASA","COBERTURA EM TELHA VOGATEX 4MM",55,null,"m²",1.2,null,123.39,148.06]
["Composição Auxiliar"," 55.06.31 ","EMBASA","FORRO COMPENSADO RESINADO P/BARRACAO",55,null,"m²",0.4,null,45.42,18.16]
["Composição Auxiliar"," 55.06.34 ","EMBASA","PORTA COMPENSADA P/BARRACAO",55,null,"m²",0.13,null,107.42,13.96]
["Insumo"," D200000004 ","EMBASA","DOBRADICAS DE FERRO FE 8\"","Material",null,"UN",0.41,null,8.59,3.52]
["Insumo"," D200000034 ","EMBASA","FECHADURA DE FERRO P/PORTA BARRACAO","Material",null,"UN",0.08,null,34.4,2.75]
[{"$nulls":4},"MO sem LS =>",317.95,"LS =>",0,"MO com LS =>",317.95]
[{"$nulls":4},"Valor do BDI =>",112.6,null,"Valor com BDI =>",null,611.75]
[{"$nulls":6},"Quant. =>",22.34,"Preço Total =>",13666.49]
[]
[" 3.2.22 ","Código","Banco","Descrição","Tipo",null,"Und","Quant.","Porcent.","Valor Unit","Total"]
["Composição"," 17.040.0021-0 ","EMOP","MARCACAO DE QUADRA DE ESPORTE OU VAGA DE GARAGEM COM TINTA A CRILICA PROPRIA PARA PINTURA DE PISOS,COM UTILIZACAO DE SELA DOR E SOLVENTE PROPRIO E FITA CREPE COMO LIMITADOR DE LINHAS ,MEDIDA PELA AREA REAL DE PINTURA",17,null,"m²",1,null,76.56,76.56]
["Composição Auxiliar"," 19.011.0019-2 ","EMOP","ESTACAO TOTAL,COM PRECISAO ANGULAR DE 1\" A 2\",ALCANCE MINIMO DE 500M SEM PRISMA,E ALCANCE MINIMO DE 3000M COM UM PRISMA, GATILHO RAPIDO,DISPLAY DUPLO,TECLADO ALFANUMERICO,MEMORIA IN TERNA COM MINIMO DE 17.000 PONTOS,PODENDO SER EXPANDIDO POR CARTAO DE MEMORIA OU PEN DRIVE,TRANSFERENCIA DE DADOS VIA USB,BATERIA RECARREGAVEL,EXCLUSIVE EQUIPE DE TOPOGRAFIA",19,null,"H",7.0000000000000007E-2,0,1.21,0.08]
["Composição Auxiliar"," 19.011.0019-4 ","EMOP","ESTACAO TOTAL,COM PRECISAO ANGULAR DE 1\" A 2\",ALCANCE MINIMO DE 500M SEM PRISMA,E ALCANCE MINIMO DE 3000M COM UM PRISMA, GATILHO RAPIDO,DISPLAY DUPLO,TECLADO ALFANUMERICO,MEMORIA IN TERNA COM MINIMO DE 17.000 PONTOS,PODENDO SER EXPANDIDO POR CARTAO DE MEMORIA OU PEN DRIVE,TRANSFERENCIA DE DADOS VIA USB,BATERIA RECARREGAVEL,EXCLUSIVE EQUIPE DE TOPOGRAFIA.",19,null,"H",0.03,0,0.82,0.02]
["Insumo",1950,"EMOP","MAO-DE-OBRA DE TOPOGRAFO A (SERVICOS DE CAMPO E ESCRITORIO, COM RESPONSABILIDADE DE DIRIGI-LOS),INCLUSIVE ENCARGOS SOCIAI","Mão de Obra",null,"H",0.2,3,38.590000000000003,7.94]
["Insumo",1966,"EMOP","MAO-DE-OBRA DE PINTOR, INCLUSIVE ENCARGO S SOCIAIS","Mão de Obra",null,"H",2,3,27.92,57.51]
["Insumo",1995,"EMOP","MAO-DE-OBRA DE AUXILIAR DE TOPOGRAFIA, I NCLUSIVE ENCARGOS SOCIAIS","Mão de Obra",null,"H",0.2,3,21.27,4.38]
["Insumo",6011,"EMOP","TINTA ACRILICA PARA PISO","Material",null,"GL",7.7499999999999999E-2,0,60.79,4.71]
["Insumo",6029,"EMOP","FITA CREPE, EM ROLO DE 25MMX50,00M","Material",null,"UN",0.24,0,8.02,1.92]
[{"$nulls":4},"MO sem LS =>",69.83,"LS =>",0,"MO com LS =>",69.83]
[{"$nulls":4},"Valor do BDI =>",17.27,null,"Valor com BDI =>",null,93.83]
[{"$nulls":6},"Quant. =>",451.01,"Preço Total =>",42318.26]
[]
[" 3.2.23 ","Código","Banco","Descrição","Tipo",null,"Und","Quant.","Porcent.","Valor Unit","Total"]
["Composição"," 01.08.04U ","COMPESA","EXECUÇÃO DE RESERVATÓRIO ELEVADO DE ÁGUA (3000 LITROS) EM CANTEIRO DE OBRA, APOIADO EM ESTRUTURA DE MADEIRA  (FORNECIMENTO E INSTALAÇÃO).","",null,"UN",1,null,2572.84,2572.84]
["Composição Auxiliar",102623,"SINAPI","CAIXA D´ÁGUA EM POLIETILENO, 1000 LITROS (INCLUSOS TUBOS, CONEXÕES E TORNEIRA DE BÓIA) - FORNECIMENTO E INSTALAÇÃO. AF_06/2021","INHI - INSTALAÇÕES HIDROS SANITÁRIAS",null,"UN",1,null,784.46,784.46]
["Composição Auxiliar",88248,"SINAPI","AUXILIAR DE ENCANADOR OU BOMBEIRO HIDRÁULICO COM ENCARGOS COMPLEMENTARES","SEDI - SERVIÇOS DIVERSOS",null,"H",3.17,null,23.37,74.08]
["Composição Auxiliar",88262,"SINAPI","CARPINTEIRO DE FORMAS COM ENCARGOS COMPLEMENTARES","SEDI - SERVIÇOS DIVERSOS",null,"H",2.4,null,31.88,76.510000000000005]
["Composição Auxiliar",88267,"SINAPI","ENCANADOR OU BOMBEIRO HIDRÁULICO COM ENCARGOS COMPLEMENTARES","SEDI - SERVIÇOS DIVERSOS",null,"H",3.17,null,31.5,99.85]
["Composição Auxiliar",88316,"SINAPI","SERVENTE COM ENCARGOS COMPLEMENTARES","SEDI - SERVIÇOS DIVERSOS",null,"H",7.2,null,23.23,167.25]
["Insumo",65,"SINAPI","ADAPTADOR PVC SOLDAVEL CURTO COM BOLSA E ROSCA, 25 MM X 3/4\", PARA AGUA FRIA","Material",null,"UN",2,null,0.7,1.4]
["Insumo",119,"SINAPI","ADESIVO PLASTICO PARA PVC, BISNAGA COM 75 GR","Material",null,"UN",0.64633333333333298,null,7.9,5.0999999999999996]
["Insumo",3148,"SINAPI","FITA VEDA ROSCA EM ROLOS DE 18 MM X 50 M (L X C)","Material",null,"UN",1.2999999999999999E-2,null,10.99,0.14000000000000001]
["Insumo",3529,"SINAPI","JOELHO PVC, SOLDAVEL, 90 GRAUS, 25 MM, COR MARROM, PARA AGUA FRIA PREDIAL","Material",null,"UN",3,null,0.56999999999999995,1.71]
["Insumo",3767,"SINAPI","LIXA EM FOLHA PARA PAREDE OU MADEIRA, NUMERO 120, COR VERMELHA","Material",null,"UN",0.99,null,0.94,0.93]
["Insumo",4006,"SINAPI","MADEIRA SERRADA EM PINUS, MISTA OU EQUIVALENTE DA REGIAO - BRUTA","Material",null,"m³",1.9199999999999998E-2,null,2137.9299999999998,41.04]
["Insumo",4491,"SINAPI","PONTALETE *7,5 X 7,5* CM EM PINUS, MISTA OU EQUIVALENTE DA REGIAO - BRUTA","Material",null,"M",12,null,9.5,114]
["Insumo",5065,"SINAPI","PREGO DE ACO POLIDO COM CABECA 10 X 10 (7/8 X 17)","Material",null,"KG",6,null,33.78,202.68]
["Insumo",6016,"SINAPI","REGISTRO GAVETA BRUTO EM LATAO FORJADO, BITOLA 3/4 \" (REF 1509)","Material",null,"UN",1,null,33.450000000000003,33.450000000000003]
["Insumo",7139,"SINAPI","TE SOLDAVEL, PVC, 90 GRAUS, 25 MM, PARA AGUA FRIA PREDIAL (NBR 5648)","Material",null,"UN",2,null,0.95,1.9]
["Insumo",9868,"SINAPI","TUBO PVC, SOLDAVEL, DE 25 MM, AGUA FRIA (NBR-5648)","Material",null,"M",21.22,null,3.28,69.599999999999994]
["Insumo",34636,"SINAPI","CAIXA D'AGUA / RESERVATORIO EM POLIETILENO, 1000 LITROS, COM TAMPA","Material",null,"UN",2,null,409.23,818.46]
["Insumo",43681,"SINAPI","CHAPA/PAINEL DE MADEIRA COMPENSADA RESINADA (MADEIRITE RESINADO ROSA) PARA FORMA DE CONCRETO, DE 2200 x 1100 MM, E = 8 A 12 MM","Material",null,"m²",2.9765999999999999,null,24.36,72.5]
["Insumo"," 330672U ","COMPESA","SOLUCAO LIMPADORA PARA PVC, FRASCO COM 200 CM3","Material",null,"UN",0.32,null,24.32,7.78]
[{"$nulls":4},"MO sem LS =>",364.31,"LS =>",0,"MO com LS =>",364.31]
[{"$nulls":4},"Valor do BDI =>",580.42999999999995,null,"Valor com BDI =>",null,3153.27]
[{"$nulls":6},"Quant. =>",7,"Preço Total =>",22072.89]
[]
[" 3.2.24 ","Código","Banco","Descrição","Tipo",null,"Und","Quant.","Porcent.","Valor Unit","Total"]
["Composição"," 01.08.42U ","COMPESA","CANTEIRO ITINERANTE COMPOSTO DE TOLDO, CONJUNTO DE MESA E CADEIRAS E BANHEIRO QUÍMICO COM LIMPEZA DIÁRIA INCLUSO COLETA E DESTINAÇÃO FINAL DE EFLUENTES","",null,"MÊS",1,null,1924.35,1924.35]
["Composição Auxiliar",88316,"SINAPI","SERVENTE COM ENCARGOS COMPLEMENTARES","SEDI - SERVIÇOS DIVERSOS",null,"H",0.5,null,23.23,11.61]
["Composição Auxiliar"," 01.08.41U ","COMPESA","LOCAÇÃO DE BANHEIRO QUÍMICO COM LIMPEZA DIÁRIA INCLUSO COLETA E DESTINAÇÃO FINAL DE EFLUENTES","",null,"MÊS",1,null,1831.65,1831.65]
["Insumo"," 990253U ","COMPESA","1 TOLDO +1 CONJUNTOS DE MESA E 4 CADEIRAS DE PLÁSTICO","Material",null,"MÊS",1,null,81.09,81.09]
[{"$nulls":4},"MO sem LS =>",459.39,"LS =>",0,"MO com LS =>",459.39]
[{"$nulls":4},"Valor do BDI =>",434.13,null,"Valor com BDI =>",null,2358.48]
[{"$nulls":6},"Quant. =>",36,"Preço Total =>",84905.279999999999]
[]
[" 3.2.25 ","Código","Banco","Descrição","Tipo",null,"Und","Quant.","Porcent.","Valor Unit","Total"]
["Insumo"," F020000013 ","EMBASA","LOCAÇÃO DE BANHEIRO QUIMICO COM 3 LIMPEZAS SEMANAIS","Material",null,"MES",1,null,428.72,428.72]
[{"$nulls":4},"MO sem LS =>",0,"LS =>",0,"MO com LS =>",0]
[{"$nulls":4},"Valor do BDI =>",60.1,null,"Valor com BDI =>",null,488.82]
[{"$nulls":6},"Quant. =>",42,"Preço Total =>",20530.439999999999]
[]
[]
[null,null,"Obra",null,"Bancos",null,"B.D.I.",null,"Encargos Sociais"]
[null,null,"Orçamento CPU Serviços - Canal Sertão Baiano",null,"SINAPI - 07/2024 - Bahia\nSBC - 08/2024 - Bahia\nSICRO3 - 04/2024 - Bahia\nORSE - 06/2024 - Sergipe\nSEDOP - 05/2024 - Pará\nSEINFRA - 028 - Ceará\nSETOP - 04/2024 - Minas Gerais\nIOPES - 06/2024 - Espírito Santo\nSIURB - 01/2024 - São Paulo\nSIURB INFRA - 01/2024 - São Paulo\nSUDECAP - 04/2024 - Minas Gerais\nCPOS/CDHU - 06/2024 - São Paulo\nFDE - 04/2024 - São Paulo\nAGESUL - 06/2024 - Mato Grosso do Sul\nAGETOP CIVIL - 04/2024 - Goiás\nAGETOP RODOVIARIA - 04/2024 - Goiás\nCAEMA - 12/2019 - Maranhão\nEMBASA - 05/2024 - Bahia\nCAERN - 11/2023 - Rio Grande do Norte\nCOMPESA - 07/2023 - Pernambuco\nEMOP - 07/2024 - Rio de Janeiro\nDERPR - 04/2024 - Paraná\nSCO - 07/2024 - Rio de Janeiro\n",null,0.22559999999999999,null,"Não Desonerado: embutido nos preços unitário dos insumos de mão de obra, de acordo com as bases."]
[]
[4,null,null,"ENSECADEIRA PROVISÓRIA",{"$nulls":6},1219600.6299999999]
[" 4.1 ",null,null,"ENROCAMENTO DE PEDRA RACHÃO LANÇADA",{"$nulls":6},900984.07]
[" 4.1.1 ","Código","Banco","Descrição","Tipo",null,"Und","Quant.","Porcent.","Valor Unit","Total"]
["Composição",5914657,"SICRO3","Carga, manobra e descarga de blocos de rocha em caminhão basculante de 8 m³ - carga com retroescavadeira de 0,29 m³ e descarga livre","",null,"t",1,null,17.600000000000001,17.600000000000001]
["A","Código","Banco","Equipamentos","Quantidade","Utilização",null,"Custo Operacional",null,"Custo Horário"]
[{"$nulls":5},"Operativa","Improdutiva","Operativa","Improdutiva"]
["Insumo","E9604","SICRO3","Caminhão basculante para rocha com capacidade de 8 m³ - 210 kW",2,0.56999999999999995,0.43,297.14830000000001,90.430499999999995,416.51929999999999]
["Insumo","E9526","SICRO3","Retroescavadeira de pneus - capacidade da caçamba da pá-carregadeira de 0,76 m³ e da",1,1,0,151.10929999999999,79.652699999999996,151.10929999999999]
[{"$nulls":5},"Custo Horário de Equipamentos =>",null,null,null,567.62860000000001]
[{"$nulls":5},"Custo Horário de Execução =>",null,null,null,567.62860000000001]
[{"$nulls":5},"Fator de Influencia da Chuva - FIC =>",null,null,null,0]
[{"$nulls":5},"Custo do FIC =>",null,null,null,0]
[{"$nulls":5},"Produção de Equipe =>",null,null,null,32.26]
[{"$nulls":5},"Custo Unitário de Execução =>",null,null,null,17.595400000000001]
[{"$nulls":4},"MO sem LS =>",0,"LS =>",0,"MO com LS =>",0]
[{"$nulls":4},"Valor do BDI =>",3.97,null,"Valor com BDI =>",null,21.57]
[{"$nulls":6},"Quant. =>",31466.965783399999,"Preço Total =>",678742.45]
[]
[" 4.1.2 ","Código","Banco","Descrição","Tipo",null,"Und","Quant.","Porcent.","Valor Unit","Total"]
["Composição",5914346,"SICRO3","Transporte de material de 3ª categoria com caminhão basculante de 8 m³ para rocha - rodovia em leito natural","",null,"tkm",1,null,1.68,1.68]
["A","Código","Banco","Equipamentos","Quantidade","Utilização",null,"Custo Operacional",null,"Custo Horário"]
[{"$nulls":5},"Operativa","Improdutiva","Operativa","Improdutiva"]
["Insumo","E9604","SICRO3","Caminhão basculante para rocha com capacidade de 8 m³ - 210 kW",1,1,0,297.14830000000001,90.430499999999995,297.14830000000001]
[{"$nulls":5},"Custo Horário de Equipamentos =>",null,null,null,297.14830000000001]
[{"$nulls":5},"Custo Horário de Execução =>",null,null,null,297.14830000000001]
[{"$nulls":5},"Fator de Influencia da Chuva - FIC =>",null,null,null,1.43E-2]
[{"$nulls":5},"Custo do FIC =>",null,null,null,2.3599999999999999E-2]
[{"$nulls":5},"Produção de Equipe =>",null,null,null,179.28]
[{"$nulls":5},"Custo Unitário de Execução =>",null,null,null,1.6575]
[{"$nulls":4},"MO sem LS =>",0,"LS =>",0,"MO com LS =>",0]
[{"$nulls":4},"Valor do BDI =>",0.37,null,"Valor com BDI =>",null,2.0499999999999998]
[{"$nulls":6},"Quant. =>",99120.942217799995,"Preço Total =>",203197.93]
[]
[" 4.1.3 ","Código","Banco","Descrição","Tipo",null,"Und","Quant.","Porcent.","Valor Unit","Total"]
["Composição",100574,"SINAPI","ESPALHAMENTO DE MATERIAL COM TRATOR DE ESTEIRAS. AF_11/2019","PAVI - PAVIMENTAÇÃO",null,"m³",1,null,1.56,1.56]
["Composição Auxiliar",5851,"SINAPI","TRATOR DE ESTEIRAS, POTÊNCIA 150 HP, PESO OPERACIONAL 16,7 T, COM RODA MOTRIZ ELEVADA E LÂMINA 3,18 M3 - CHP DIURNO. AF_06/2014","CHOR - CUSTOS HORÁRIOS DE MÁQUINAS E EQUIPAMENTOS",null,"CHP",3.0000000000000001E-3,null,261.35000000000002,0.78]
["Composição Auxiliar",5853,"SINAPI","TRATOR DE ESTEIRAS, POTÊNCIA 150 HP, PESO OPERACIONAL 16,7 T, COM RODA MOTRIZ ELEVADA E LÂMINA 3,18 M3 - CHI DIURNO. AF_06/2014","CHOR - CUSTOS HORÁRIOS DE MÁQUINAS E EQUIPAMENTOS",null,"CHI",6.0000000000000001E-3,null,97,0.57999999999999996]
["Composição Auxiliar",88316,"SINAPI","SERVENTE COM ENCARGOS COMPLEMENTARES","SEDI - SERVIÇOS DIVERSOS",null,"H",8.9999999999999993E-3,null,23.23,0.2]
[{"$nulls":4},"MO sem LS =>",0.41,"LS =>",0,"MO com LS =>",0.41]
[{"$nulls":4},"Valor do BDI =>",0.35,null,"Valor com BDI =>",null,1.91]
[{"$nulls":6},"Quant. =>",9970.52,"Preço Total =>",19043.689999999999]
[]
[" 4.2 ",null,null,"BRITA GRADUADA LANÇADA",{"$nulls":6},266485.28999999998]
[" 4.2.1 ","Código","Banco","Descrição","Tipo",null,"Und","Quant.","Porcent.","Valor Unit","Total"]
["Composição",5914657,"SICRO3","CARGA, MANOBRA E DESCARGA DE BLOCOS DE ROCHA EM CAMINHÃO BASCULANTE DE 8 M³ - CARGA COM RETROESCAVADEIRA DE 0,29 M³ E DESCARGA LIVRE.","",null,"t",1,null,17.600000000000001,17.600000000000001]
["A","Código","Banco","Equipamentos","Quantidade","Utilização",null,"Custo Operacional",null,"Custo Horário"]
[{"$nulls":5},"Operativa","Improdutiva","Operativa","Improdutiva"]
["Insumo","E9604","SICRO3","Caminhão basculante para rocha com capacidade de 8 m³ - 210 kW",2,0.56999999999999995,0.43,297.14830000000001,90.430499999999995,416.51929999999999]
["Insumo","E9526","SICRO3","Retroescavadeira de pneus - capacidade da caçamba da pá-carregadeira de 0,76 m³ e da",1,1,0,151.10929999999999,79.652699999999996,151.10929999999999]
[{"$nulls":5},"Custo Horário de Equipamentos =>",null,null,null,567.62860000000001]
[{"$nulls":5},"Custo Horário de Execução =>",null,null,null,567.62860000000001]
[{"$nulls":5},"Fator de Influencia da Chuva - FIC =>",null,null,null,0]
[{"$nulls":5},"Custo do FIC =>",null,null,null,0]
[{"$nulls":5},"Produção de Equipe =>",null,null,null,32.26]
[{"$nulls":5},"Custo Unitário de Execução =>",null,null,null,17.595400000000001]
[{"$nulls":4},"MO sem LS =>",0,"LS =>",0,"MO com LS =>",0]
[{"$nulls":4},"Valor do BDI =>",3.97,null,"Valor com BDI =>",null,21.57]
[{"$nulls":6},"Quant. =>",3431.9980737999999,"Preço Total =>",74028.19]
[]
[" 4.2.2 ","Código","Banco","Descrição","Tipo",null,"Und","Quant.","Porcent.","Valor Unit","Total"]
["Composição",5914346,"SICRO3","TRANSPORTE DE MATERIAL DE 3ª CATEGORIA COM CAMINHÃO BASCULANTE DE 8 M³ PARA ROCHA - RODOVIA EM LEITO NATURAL","",null,"tkm",1,null,1.68,1.68]
["A","Código","Banco","Equipamentos","Quantidade","Utilização",null,"Custo Operacional",null,"Custo Horário"]
[{"$nulls":5},"Operativa","Improdutiva","Operativa","Improdutiva"]
["Insumo","E9604","SICRO3","Caminhão basculante para rocha com capacidade de 8 m³ - 210 kW",1,1,0,297.14830000000001,90.430499999999995,297.14830000000001]
[{"$nulls":5},"Custo Horário de Equipamentos =>",null,null,null,297.14830000000001]
[{"$nulls":5},"Custo Horário de Execução =>",null,null,null,297.14830000000001]
[{"$nulls":5},"Fator de Influencia da Chuva - FIC =>",null,null,null,1.43E-2]
[{"$nulls":5},"Custo do FIC =>",null,null,null,2.3599999999999999E-2]
[{"$nulls":5},"Produção de Equipe =>",null,null,null,179.28]
[{"$nulls":5},"Custo Unitário de Execução =>",null,null,null,1.6575]
[{"$nulls":4},"MO sem LS =>",0,"LS =>",0,"MO com LS =>",0]
[{"$nulls":4},"Valor do BDI =>",0.37,null,"Valor com BDI =>",null,2.0499999999999998]
[{"$nulls":6},"Quant. =>",10810.793932500001,"Preço Total =>",22162.12]
[]
[" 4.2.3 ","Código","Banco","Descrição","Tipo",null,"Und","Quant.","Porcent.","Valor Unit","Total"]
["Composição"," 4816012 ","SICRO3","Brita produzida em central de britagem de 80 m³/h","",null,"m³",1,null,53.94,53.94]
["A","Código","Banco","Equipamentos","Quantidade","Utilização",null,"Custo Operacional",null,"Custo Horário"]
[{"$nulls":5},"Operativa","Improdutiva","Operativa","Improdutiva"]
["Insumo","E9117","SICRO3","Carregadeira de pneus para rocha com capacidade de 2,50 m³ - 105 kW",1,0.46,0.54,359.73469999999998,157.4614,250.50710000000001]
["Insumo","E9611","SICRO3","Conjunto de britagem com capacidade de 80 m³/h - 313 kW",1,1,0,995.71289999999999,648.64750000000004,995.71289999999999]
["Insumo","E9765","SICRO3","Grupo gerador - 569 kVA",1,1,0,490.92020000000002,29.088000000000001,490.92020000000002]
[{"$nulls":5},"Custo Horário de Equipamentos =>",null,null,null,1737.1402]
["B","Código","Banco","Mão de Obra","Quantidade","Salário Hora",null,null,null,"Custo Horário"]
["Insumo","P9824","SICRO3","Servente",8,null,null,null,21.465699999999998,171.72559999999999]
[{"$nulls":5},"Custo Horário da Mão de Obra =>",null,null,null,171.72559999999999]
[{"$nulls":5},"Adc.M.O. - Ferramentas (0,0%) =>",null,null,null,0]
[{"$nulls":5},"Custo Horário de Execução =>",null,null,null,1908.8658]
[{"$nulls":5},"Fator de Influencia da Chuva - FIC =>",null,null,null,2.3999999999999998E-3]
[{"$nulls":5},"Custo do FIC =>",null,null,null,6.8099999999999994E-2]
[{"$nulls":5},"Produção de Equipe =>",null,null,null,66.400000000000006]
[{"$nulls":5},"Custo Unitário de Execução =>",null,null,null,28.748000000000001]
["C","Banco","Código","Material","Quantidade","Unidade","Preço Unitário",null,null,"Custo Horário"]
["Insumo","SICRO3","M2115","Cunha lateral inferior para britador",2.0000000000000002E-5,"un",1906.0084999999999,null,null,3.8100000000000002E-2]
["Insumo","SICRO3","M2114","Cunha lateral superior para britador",1.0000000000000001E-5,"un",2444.7143000000001,null,null,2.4400000000000002E-2]
["Insumo","SICRO3","M2111","Mandíbula fixa para britador - abertura de alimentação com L = 930 mm",6.0000000000000002E-5,"un",32034.5798,null,null,1.9220999999999999]
["Insumo","SICRO3","M2110","Mandíbula móvel para britador - abertura de alimentação com L = 930 mm",4.0000000000000003E-5,"un",24230.054,null,null,0.96919999999999995]
["Insumo","SICRO3","M2112","Manta do britador cônico HP200 ou similar",3.0000000000000001E-5,"un",21230.413400000001,null,null,0.63690000000000002]
["Insumo","SICRO3","M2113","Revestimento do bojo interno do britador cônico HP200 ou similar",4.0000000000000003E-5,"un",24245.382099999999,null,null,0.9698]
[{"$nulls":5},"Custo Total do Material =>",null,null,null,4.5605000000000002]
["D","Banco","Código","Atividades Auxiliares","Quantidade","Unidade","Preço Unitário",null,null,"Custo Horário"]
["Atividade Auxiliar","SICRO3",4816010,"Rocha para britagem com perfuratriz sobre esteira",0.56999999999999995,"m³",36.08,null,null,20.5656]
[{"$nulls":5},"Custo Total das Atividades =>",null,null,null,20.5656]
[{"$nulls":4},"MO sem LS =>",3.3253775156626504,"LS =>",0,"MO com LS =>",3.3253775390707769]
[{"$nulls":4},"Valor do BDI =>",12.16,null,"Valor com BDI =>",null,66.099999999999994]
[{"$nulls":6},"Quant. =>",2289.3719999999998,"Preço Total =>",151327.48000000001]
[]
[" 4.2.4 ","Código","Banco","Descrição","Tipo",null,"Und","Quant.","Porcent.","Valor Unit","Total"]
["Composição"," 5914351 ","SICRO3","Carga, manobra e descarga de agregados ou solos em caminhão basculante de 14 m³ - carga com carregadeira de 3,40 m³ e descarga livre","",null,"t",1,null,2.61,2.61]
["A","Código","Banco","Equipamentos","Quantidade","Utilização",null,"Custo Operacional",null,"Custo Horário"]
[{"$nulls":5},"Operativa","Improdutiva","Operativa","Improdutiva"]
["Insumo","E9667","SICRO3","Caminhão basculante com capacidade de 14 m³ - 188 kW",3,0.77,0.23,297.32,90.567700000000002,749.30089999999996]
["Insumo","E9511","SICRO3","Carregadeira de pneus com capacidade de 3,40 m³ - 195 kW",1,1,0,442.03,218.85579999999999,442.03]
[{"$nulls":5},"Custo Horário de Equipamentos =>",null,null,null,1191.3308999999999]
[{"$nulls":5},"Custo Horário de Execução =>",null,null,null,1191.3308999999999]
[{"$nulls":5},"Fator de Influencia da Chuva - FIC =>",null,null,null,0]
[{"$nulls":5},"Custo do FIC =>",null,null,null,0]
[{"$nulls":5},"Produção de Equipe =>",null,null,null,457.16]
[{"$nulls":5},"Custo Unitário de Execução =>",null,null,null,2.6059000000000001]
[{"$nulls":4},"MO sem LS =>",0,"LS =>",0,"MO com LS =>",0]
[{"$nulls":4},"Valor do BDI =>",0.57999999999999996,null,"Valor com BDI =>",null,3.19]
[{"$nulls":6},"Quant. =>",3434.0746346999999,"Preço Total =>",10954.69]
[]
[" 4.2.5 ","Código","Banco","Descrição","Tipo",null,"Und","Quant.","Porcent.","Valor Unit","Total"]
["Composição"," 5901639 ","SICRO3","Transporte com caminhão basculante com caçamba estanque com capacidade de 14 m³ - rodovia em leito natural","",null,"tkm",1,null,0.87,0.87]
["A","Código","Banco","Equipamentos","Quantidade","Utilização",null,"Custo Operacional",null,"Custo Horário"]
[{"$nulls":5},"Operativa","Improdutiva","Operativa","Improdutiva"]
["Insumo","E9575","SICRO3","Caminhão basculante com caçamba estanque com capacidade de 14 m³ - 188 kW",1,1,0,297.71420000000001,90.774600000000007,297.71420000000001]
[{"$nulls":5},"Custo Horário de Equipamentos =>",null,null,null,297.71420000000001]
[{"$nulls":5},"Custo Horário de Execução =>",null,null,null,297.71420000000001]
[{"$nulls":5},"Fator de Influencia da Chuva - FIC =>",null,null,null,1.43E-2]
[{"$nulls":5},"Custo do FIC =>",null,null,null,1.2200000000000001E-2]
[{"$nulls":5},"Produção de Equipe =>",null,null,null,348.6]
[{"$nulls":5},"Custo Unitário de Execução =>",null,null,null,0.85399999999999998]
[{"$nulls":4},"MO sem LS =>",0,"LS =>",0,"MO com LS =>",0]
[{"$nulls":4},"Valor do BDI =>",0.19,null,"Valor com BDI =>",null,1.06]
[{"$nulls":6},"Quant. =>",3434.0746346999999,"Preço Total =>",3640.11]
[]
[" 4.2.6 ","Código","Banco","Descrição","Tipo",null,"Und","Quant.","Porcent.","Valor Unit","Total"]
["Composição"," 100574 ","SINAPI","ESPALHAMENTO DE MATERIAL COM TRATOR DE ESTEIRAS.","PAVI - PAVIMENTAÇÃO",null,"m³",1,null,1.56,1.56]
["Composição Auxiliar"," 5851 ","SINAPI","TRATOR DE ESTEIRAS, POTÊNCIA 150 HP, PESO OPERACIONAL 16,7 T, COM RODA MOTRIZ ELEVADA E LÂMINA 3,18 M3 - CHP DIURNO. AF_06/2014","CHOR - CUSTOS HORÁRIOS DE MÁQUINAS E EQUIPAMENTOS",null,"CHP",3.0000000000000001E-3,null,261.35000000000002,0.78]
["Composição Auxiliar"," 5853 ","SINAPI","TRATOR DE ESTEIRAS, POTÊNCIA 150 HP, PESO OPERACIONAL 16,7 T, COM RODA MOTRIZ ELEVADA E LÂMINA 3,18 M3 - CHI DIURNO. AF_06/2014","CHOR - CUSTOS HORÁRIOS DE MÁQUINAS E EQUIPAMENTOS",null,"CHI",6.0000000000000001E-3,null,97,0.57999999999999996]
["Composição Auxiliar"," 88316 ","SINAPI","SERVENTE COM ENCARGOS COMPLEMENTARES","SEDI - SERVIÇOS DIVERSOS",null,"H",8.9999999999999993E-3,null,23.23,0.2]
[{"$nulls":4},"MO sem LS =>",0.41,"LS =>",0,"MO com LS =>",0.41]
[{"$nulls":4},"Valor do BDI =>",0.35,null,"Valor com BDI =>",null,1.91]
[{"$nulls":6},"Quant. =>",2289.3719999999998,"Preço Total =>",4372.7]
[]
[" 4.3 ",null,null,"ATERRO LANÇADO NO SELO DA ENSECADEIRA",{"$nulls":6},47929.99]
[" 4.3.1 ","Código","Banco","Descrição","Tipo",null,"Und","Quant.","Porcent.","Valor Unit","Total"]
["Composição",2531,"ORSE","Aterro de áreas sem aquisição de material, com espalhamento mecânico, sem compactação e sem transporte","Execução de Cortes e  Aterros",null,"m³",1,null,8.4,8.4]
["Composição Auxiliar",10549,"ORSE","Encargos Complementares - Servente","Provisórios",null,"h",0.05,null,3.79,0.18]
["Insumo",2475,"ORSE","Motoniveladora 15000 kg com escarificador (cat - 140M - 185,0 hp ou equivalente)","Equipamento",null,"h",0.05,null,150.88,7.54]
["Insumo"," 00006111/SINAPI ","ORSE","Servente de obras (horista)","Mão de Obra",null,"h",0.05,null,13.65,0.68]
[{"$nulls":4},"MO sem LS =>",0.68,"LS =>",0,"MO com LS =>",0.68]
[{"$nulls":4},"Valor do BDI =>",1.89,null,"Valor com BDI =>",null,10.29]
[{"$nulls":6},"Quant. =>",4657.92,"Preço Total =>",47929.99]
[]
[" 4.4 ",null,null,"ESGOTAMENTO",{"$nulls":6},4201.28]
[" 4.4.1 ","Código","Banco","Descrição","Tipo",null,"Und","Quant.","Porcent.","Valor Unit","Total"]
["Composição",2003864,"SICRO3","Esgotamento de água com bomba submersa","",null,"h",1,null,12.99,12.99]
["A","Código","Banco","Equipamentos","Quantidade","Utilização",null,"Custo Operacional",null,"Custo Horário"]
[{"$nulls":5},"Operativa","Improdutiva","Operativa","Improdutiva"]
["Insumo","E9630","SICRO3","Bomba submersível com capacidade de 75 m³/h - 3,6 kW",1,1,0,0.90490000000000004,0.52900000000000003,0.90490000000000004]
["Insumo","E9764","SICRO3","Grupo gerador - 7,2 kVA",1,1,0,10.1777,0.48299999999999998,10.1777]
[{"$nulls":5},"Custo Horário de Equipamentos =>",null,null,null,11.082599999999999]
["B","Código","Banco","Mão de Obra","Quantidade","Salário Hora",null,null,null,"Custo Horário"]
["Insumo","P9807","SICRO3","Bombeiro hidráulico",0.05,null,null,null,31.560600000000001,1.5780000000000001]
["Insumo","P9810","SICRO3","Eletricista",0.01,null,null,null,32.704500000000003,0.32700000000000001]
[{"$nulls":5},"Custo Horário da Mão de Obra =>",null,null,null,1.905]
[{"$nulls":5},"Adc.M.O. - Ferramentas (0,0%) =>",null,null,null,0]
[{"$nulls":5},"Custo Horário de Execução =>",null,null,null,12.9876]
[{"$nulls":5},"Fator de Influencia da Chuva - FIC =>",null,null,null,0]
[{"$nulls":5},"Custo do FIC =>",null,null,null,0]
[{"$nulls":5},"Produção de Equipe =>",null,null,null,1]
[{"$nulls":5},"Custo Unitário de Execução =>",null,null,null,12.9876]
[{"$nulls":4},"MO sem LS =>",1.9050750000000001,"LS =>",0,"MO com LS =>",1.9050750000000001]
[{"$nulls":4},"Valor do BDI =>",2.93,null,"Valor com BDI =>",null,15.92]
[{"$nulls":6},"Quant. =>",263.89999999999998,"Preço Total =>",4201.28]
[]
[" 5 ",null,null,"ESTRUTURA DE TOMADA D'ÁGUA DO RC-500",{"$nulls":6},5590395.6399999997]
[" 5.1 ",null,null,"SEVIÇOS PRELIMINARES",{"$nulls":6},12061.34]
[" 5.1.1 ","Código","Banco","Descrição","Tipo",null,"Und","Quant.","Porcent.","Valor Unit","Total"]
["Composição"," 5501700 ","SICRO3","Desmatamento, destocamento e limpeza de área com árvores de diâmetro até 0,15 m","",null,"m²",1,null,0.53,0.53]
["A","Código","Banco","Equipamentos","Quantidade","Utilização",null,"Custo Operacional",null,"Custo Horário"]
[{"$nulls":5},"Operativa","Improdutiva","Operativa","Improdutiva"]
["Insumo","E9541","SICRO3","Trator sobre esteiras com lâmina - 259 kW",1,1,0,760.50620000000004,307.02120000000002,760.50620000000004]
[{"$nulls":5},"Custo Horário de Equipamentos =>",null,null,null,760.50620000000004]
["B","Código","Banco","Mão de Obra","Quantidade","Salário Hora",null,null,null,"Custo Horário"]
["Insumo","P9824","SICRO3","Servente",2,null,null,null,21.465699999999998,42.931399999999996]
[{"$nulls":5},"Custo Horário da Mão de Obra =>",null,null,null,42.931399999999996]
[{"$nulls":5},"Adc.M.O. - Ferramentas (0,0%) =>",null,null,null,0]
[{"$nulls":5},"Custo Horário de Execução =>",null,null,null,803.43759999999997]
[{"$nulls":5},"Fator de Influencia da Chuva - FIC =>",null,null,null,2.3999999999999998E-3]
[{"$nulls":5},"Custo do FIC =>",null,null,null,1.1999999999999999E-3]
[{"$nulls":5},"Produção de Equipe =>",null,null,null,1532.91]
[{"$nulls":5},"Custo Unitário de Execução =>",null,null,null,0.52410000000000001]
[{"$nulls":4},"MO sem LS =>",2.8006471351873233E-2,"LS =>",0,"MO com LS =>",2.8006471351873233E-2]
[{"$nulls":4},"Valor do BDI =>",0.11,null,"Valor com BDI =>",null,0.64]
[{"$nulls":6},"Quant. =>",4114.5420000000004,"Preço Total =>",2633.3]
[]
[" 5.1.2 ","Código","Banco","Descrição","Tipo",null,"Und","Quant.","Porcent.","Valor Unit","Total"]
["Composição"," 100983 ","SINAPI","CARGA, MANOBRA E DESCARGA DE ENTULHO EM CAMINHÃO BASCULANTE 14 M³ - CARGA COM ESCAVADEIRA HIDRÁULICA  (CAÇAMBA DE 0,80 M³ / 111 HP) E DESCARGA LIVRE (UNIDADE: M3). AF_07/2020","TRAN - TRANSPORTES, CARGAS E DESCARGAS",null,"m³",1,null,9.1199999999999992,9.1199999999999992]
["Composição Auxiliar"," 5631 ","SINAPI","ESCAVADEIRA HIDRÁULICA SOBRE ESTEIRAS, CAÇAMBA 0,80 M3, PESO OPERACIONAL 17 T, POTENCIA BRUTA 111 HP - CHP DIURNO. AF_06/2014","CHOR - CUSTOS HORÁRIOS DE MÁQUINAS E EQUIPAMENTOS",null,"CHP",8.3000000000000001E-3,null,224.35,1.86]
["Composição Auxiliar"," 5632 ","SINAPI","ESCAVADEIRA HIDRÁULICA SOBRE ESTEIRAS, CAÇAMBA 0,80 M3, PESO OPERACIONAL 17 T, POTENCIA BRUTA 111 HP - CHI DIURNO. AF_06/2014","CHOR - CUSTOS HORÁRIOS DE MÁQUINAS E EQUIPAMENTOS",null,"CHI",8.5000000000000006E-3,null,101.91,0.86]
["Composição Auxiliar"," 89876 ","SINAPI","CAMINHÃO BASCULANTE 14 M3, COM CAVALO MECÂNICO DE CAPACIDADE MÁXIMA DE TRAÇÃO COMBINADO DE 36000 KG, POTÊNCIA 286 CV, INCLUSIVE SEMIREBOQUE COM CAÇAMBA METÁLICA - CHP DIURNO. AF_12/2014","CHOR - CUSTOS HORÁRIOS DE MÁQUINAS E EQUIPAMENTOS",null,"CHP",1.6899999999999998E-2,null,323.52,5.46]
["Composição Auxiliar"," 89877 ","SINAPI","CAMINHÃO BASCULANTE 14 M3, COM CAVALO MECÂNICO DE CAPACIDADE MÁXIMA DE TRAÇÃO COMBINADO DE 36000 KG, POTÊNCIA 286 CV, INCLUSIVE SEMIREBOQUE COM CAÇAMBA METÁLICA - CHI DIURNO. AF_12/2014","CHOR - CUSTOS HORÁRIOS DE MÁQUINAS E EQUIPAMENTOS",null,"CHI",1.0999999999999999E-2,null,86.24,0.94]
[{"$nulls":4},"MO sem LS =>",1.31,"LS =>",0,"MO com LS =>",1.31]
[{"$nulls":4},"Valor do BDI =>",2.0499999999999998,null,"Valor com BDI =>",null,11.17]
[{"$nulls":6},"Quant. =>",617.18129999999996,"Preço Total =>",6893.91]
[]
[" 5.1.3 ","Código","Banco","Descrição","Tipo",null,"Und","Quant.","Porcent.","Valor Unit","Total"]
["Composição"," 5901639 ","SICRO3","TRANSPORTE COM CAMINHÃO BASCULANTE COM CAÇAMBA ESTANQUE COM CAPACIDADE DE 14 M³ - RODOVIA EM LEITO NATURAL.","",null,"tkm",1,null,0.87,0.87]
["A","Código","Banco","Equipamentos","Quantidade","Utilização",null,"Custo Operacional",null,"Custo Horário"]
[{"$nulls":5},"Operativa","Improdutiva","Operativa","Improdutiva"]
["Insumo","E9575","SICRO3","Caminhão basculante com caçamba estanque com capacidade de 14 m³ - 188 kW",1,1,0,297.71420000000001,90.774600000000007,297.71420000000001]
[{"$nulls":5},"Custo Horário de Equipamentos =>",null,null,null,297.71420000000001]
[{"$nulls":5},"Custo Horário de Execução =>",null,null,null,297.71420000000001]
[{"$nulls":5},"Fator de Influencia da Chuva - FIC =>",null,null,null,1.43E-2]
[{"$nulls":5},"Custo do FIC =>",null,null,null,1.2200000000000001E-2]
[{"$nulls":5},"Produção de Equipe =>",null,null,null,348.6]
[{"$nulls":5},"Custo Unitário de Execução =>",null,null,null,0.85399999999999998]
[{"$nulls":4},"MO sem LS =>",0,"LS =>",0,"MO com LS =>",0]
[{"$nulls":4},"Valor do BDI =>",0.19,null,"Valor com BDI =>",null,1.06]
[{"$nulls":6},"Quant. =>",987.49008000000003,"Preço Total =>",1046.73]
[]
[" 5.1.4 ","Código","Banco","Descrição","Tipo",null,"Und","Quant.","Porcent.","Valor Unit","Total"]
["Composição"," 4413942 ","SICRO3","Espalhamento de material em bota-fora","",null,"m³",1,null,1.97,1.97]
["A","Código","Banco","Equipamentos","Quantidade","Utilização",null,"Custo Operacional",null,"Custo Horário"]
[{"$nulls":5},"Operativa","Improdutiva","Operativa","Improdutiva"]
["Insumo","E9540","SICRO3","Trator sobre esteiras com lâmina - 127 kW",1,1,0,322.01350000000002,134.76900000000001,322.01350000000002]
[{"$nulls":5},"Custo Horário de Equipamentos =>",null,null,null,322.01350000000002]
["B","Código","Banco","Mão de Obra","Quantidade","Salário Hora",null,null,null,"Custo Horário"]
["Insumo","P9824","SICRO3","Servente",1,null,null,null,21.465699999999998,21.465699999999998]
[{"$nulls":5},"Custo Horário da Mão de Obra =>",null,null,null,21.465699999999998]
[{"$nulls":5},"Adc.M.O. - Ferramentas (0,0%) =>",null,null,null,0]
[{"$nulls":5},"Custo Horário de Execução =>",null,null,null,343.47919999999999]
[{"$nulls":5},"Fator de Influencia da Chuva - FIC =>",null,null,null,1.43E-2]
[{"$nulls":5},"Custo do FIC =>",null,null,null,2.7699999999999999E-2]
[{"$nulls":5},"Produção de Equipe =>",null,null,null,176.81]
[{"$nulls":5},"Custo Unitário de Execução =>",null,null,null,1.9426000000000001]
[{"$nulls":4},"MO sem LS =>",0.12140546349188394,"LS =>",0,"MO com LS =>",0.12140546349188394]
[{"$nulls":4},"Valor do BDI =>",0.44,null,"Valor com BDI =>",null,2.41]
[{"$nulls":6},"Quant. =>",617.18129999999996,"Preço Total =>",1487.4]
[]
[" 5.2 ",null,null,"MOVIMENTO DE TERRA",{"$nulls":6},74524.28]
[" 5.2.1 ",null,null,"CORTE",{"$nulls":6},42710.44]
[" 5.2.1.1 ","Código","Banco","Descrição","Tipo",null,"Und","Quant.","Porcent.","Valor Unit","Total"]
["Composição",5502113,"SICRO3","Escavação, carga e transporte de material de 1ª categoria - DMT de 800 a 1.000 m - caminho de serviço em leito natural - com escavadeira e caminhão basculante de 14 m³","",null,"m³",1,null,7.46,7.46]
["A","Código","Banco","Equipamentos","Quantidade","Utilização",null,"Custo Operacional",null,"Custo Horário"]
[{"$nulls":5},"Operativa","Improdutiva","Operativa","Improdutiva"]
["Insumo","E9667","SICRO3","Caminhão basculante com capacidade de 14 m³ - 188 kW",5,0.9,0.1,297.32,90.567700000000002,1383.2239]
["Insumo","E9515","SICRO3","Escavadeira hidráulica sobre esteiras com caçamba com capacidade de 1,56 m³ - 118 kW",1,1,0,287.9393,133.5633,287.9393]
[{"$nulls":5},"Custo Horário de Equipamentos =>",null,null,null,1671.1632]
["B","Código","Banco","Mão de Obra","Quantidade","Salário Hora",null,null,null,"Custo Horário"]
["Insumo","P9824","SICRO3","Servente",1,null,null,null,21.465699999999998,21.465699999999998]
[{"$nulls":5},"Custo Horário da Mão de Obra =>",null,null,null,21.465699999999998]
[{"$nulls":5},"Adc.M.O. - Ferramentas (0,0%) =>",null,null,null,0]
[{"$nulls":5},"Custo Horário de Execução =>",null,null,null,1692.6288999999999]
[{"$nulls":5},"Fator de Influencia da Chuva - FIC =>",null,null,null,1.43E-2]
[{"$nulls":5},"Custo do FIC =>",null,null,null,0.1048]
[{"$nulls":5},"Produção de Equipe =>",null,null,null,230.19]
[{"$nulls":5},"Custo Unitário de Execução =>",null,null,null,7.3532000000000002]
[{"$nulls":4},"MO sem LS =>",9.3252096094530598E-2,"LS =>",0,"MO com LS =>",9.3252096094530598E-2]
[{"$nulls":4},"Valor do BDI =>",1.68,null,"Valor com BDI =>",null,9.14]
[{"$nulls":6},"Quant. =>",3811.29,"Preço Total =>",34835.19]
[]
[" 5.2.1.2 ","Código","Banco","Descrição","Tipo",null,"Und","Quant.","Porcent.","Valor Unit","Total"]
["Composição",5502589,"SICRO3","Escavação, carga e transporte de material de 2ª categoria - DMT de 800 a 1.000 m - caminho de serviço em leito natural - com escavadeira e caminhão basculante de 14 m³","",null,"m³",1,null,10.24,10.24]
["A","Código","Banco","Equipamentos","Quantidade","Utilização",null,"Custo Operacional",null,"Custo Horário"]
[{"$nulls":5},"Operativa","Improdutiva","Operativa","Improdutiva"]
["Insumo","E9667","SICRO3","Caminhão basculante com capacidade de 14 m³ - 188 kW",4,0.81,0.19,297.32,90.567700000000002,1032.1483000000001]
["Insumo","E9515","SICRO3","Escavadeira hidráulica sobre esteiras com caçamba com capacidade de 1,56 m³ - 118 kW",1,1,0,287.9393,133.5633,287.9393]
[{"$nulls":5},"Custo Horário de Equipamentos =>",null,null,null,1320.0876000000001]
["B","Código","Banco","Mão de Obra","Quantidade","Salário Hora",null,null,null,"Custo Horário"]
["Insumo","P9824","SICRO3","Servente",1,null,null,null,21.465699999999998,21.465699999999998]
[{"$nulls":5},"Custo Horário da Mão de Obra =>",null,null,null,21.465699999999998]
[{"$nulls":5},"Adc.M.O. - Ferramentas (0,0%) =>",null,null,null,0]
[{"$nulls":5},"Custo Horário de Execução =>",null,null,null,1341.5533]
[{"$nulls":5},"Fator de Influencia da Chuva - FIC =>",null,null,null,4.7999999999999996E-3]
[{"$nulls":5},"Custo do FIC =>",null,null,null,4.8399999999999999E-2]
[{"$nulls":5},"Produção de Equipe =>",null,null,null,131.61000000000001]
[{"$nulls":5},"Custo Unitário de Execução =>",null,null,null,10.1934]
[{"$nulls":4},"MO sem LS =>",0.16310082820454372,"LS =>",0,"MO com LS =>",0.16310082820454372]
[{"$nulls":4},"Valor do BDI =>",2.31,null,"Valor com BDI =>",null,12.55]
[{"$nulls":6},"Quant. =>",627.51,"Preço Total =>",7875.25]
[]
[" 5.2.2 ",null,null,"ATERRO",{"$nulls":6},31813.84]
[" 5.2.2.1 ","Código","Banco","Descrição","Tipo",null,"Und","Quant.","Porcent.","Valor Unit","Total"]
["Composição"," 4016096 ","SICRO3","Escavação e carga de material de jazida com escavadeira hidráulica de 1,56 m³","",null,"m³",1,null,1.36,1.36]
["A","Código","Banco","Equipamentos","Quantidade","Utilização",null,"Custo Operacional",null,"Custo Horário"]
[{"$nulls":5},"Operativa","Improdutiva","Operativa","Improdutiva"]
["Insumo","E9515","SICRO3","Escavadeira hidráulica sobre esteiras com caçamba com capacidade de 1,56 m³ - 118 kW",1,1,0,287.9393,133.5633,287.9393]
[{"$nulls":5},"Custo Horário de Equipamentos =>",null,null,null,287.9393]
["B","Código","Banco","Mão de Obra","Quantidade","Salário Hora",null,null,null,"Custo Horário"]
["Insumo","P9824","SICRO3","Servente",1,null,null,null,21.465699999999998,21.465699999999998]
[{"$nulls":5},"Custo Horário da Mão de Obra =>",null,null,null,21.465699999999998]
[{"$nulls":5},"Adc.M.O. - Ferramentas (0,0%) =>",null,null,null,0]
[{"$nulls":5},"Custo Horário de Execução =>",null,null,null,309.40499999999997]
[{"$nulls":5},"Fator de Influencia da Chuva - FIC =>",null,null,null,1.43E-2]
[{"$nulls":5},"Custo do FIC =>",null,null,null,1.9199999999999998E-2]
[{"$nulls":5},"Produção de Equipe =>",null,null,null,230.19]
[{"$nulls":5},"Custo Unitário de Execução =>",null,null,null,1.3441000000000001]
[{"$nulls":4},"MO sem LS =>",9.3252096094530598E-2,"LS =>",0,"MO com LS =>",9.3252096094530598E-2]
[{"$nulls":4},"Valor do BDI =>",0.3,null,"Valor com BDI =>",null,1.66]
[{"$nulls":6},"Quant. =>",485.99200000000002,"Preço Total =>",806.74]
[]
[" 5.2.2.2 ","Código","Banco","Descrição","Tipo",null,"Und","Quant.","Porcent.","Valor Unit","Total"]
["Composição"," 5901639 ","SICRO3","TRANSPORTE COM CAMINHÃO BASCULANTE COM CAÇAMBA ESTANQUE COM CAPACIDADE DE 14 M³ - RODOVIA EM LEITO NATURAL.","",null,"tkm",1,null,0.87,0.87]
["A","Código","Banco","Equipamentos","Quantidade","Utilização",null,"Custo Operacional",null,"Custo Horário"]
[{"$nulls":5},"Operativa","Improdutiva","Operativa","Improdutiva"]
["Insumo","E9575","SICRO3","Caminhão basculante com caçamba estanque com capacidade de 14 m³ - 188 kW",1,1,0,297.71420000000001,90.774600000000007,297.71420000000001]
[{"$nulls":5},"Custo Horário de Equipamentos =>",null,null,null,297.71420000000001]
[{"$nulls":5},"Custo Horário de Execução =>",null,null,null,297.71420000000001]
[{"$nulls":5},"Fator de Influencia da Chuva - FIC =>",null,null,null,1.43E-2]
[{"$nulls":5},"Custo do FIC =>",null,null,null,1.2200000000000001E-2]
[{"$nulls":5},"Produção de Equipe =>",null,null,null,348.6]
[{"$nulls":5},"Custo Unitário de Execução =>",null,null,null,0.85399999999999998]
[{"$nulls":4},"MO sem LS =>",0,"LS =>",0,"MO com LS =>",0]
[{"$nulls":4},"Valor do BDI =>",0.19,null,"Valor com BDI =>",null,1.06]
[{"$nulls":6},"Quant. =>",911.23578929999996,"Preço Total =>",965.9]
[]
[" 5.2.2.3 ","Código","Banco","Descrição","Tipo",null,"Und","Quant.","Porcent.","Valor Unit","Total"]
["Composição"," 5502978 ","SICRO3","Compactação de aterros a 100% do Proctor normal","",null,"m³",1,null,4.9800000000000004,4.9800000000000004]
["A","Código","Banco","Equipamentos","Quantidade","Utilização",null,"Custo Operacional",null,"Custo Horário"]
[{"$nulls":5},"Operativa","Improdutiva","Operativa","Improdutiva"]
["Insumo","E9571","SICRO3","Caminhão tanque com capacidade de 10.000 l - 188 kW",1,0.9,0.1,321.9742,87.045699999999997,298.48140000000001]
["Insumo","E9518","SICRO3","Grade de 24 discos rebocável de D = 60 cm (24”)",1,0.52,0.48,4.8493000000000004,3.3769999999999998,4.1425999999999998]
["Insumo","E9524","SICRO3","Motoniveladora - 93 kW",1,0.28999999999999998,0.71,289.17180000000002,130.09540000000001,176.2276]
["Insumo","E9685","SICRO3","Rolo compactador pé de carneiro vibratório autopropelido por pneus de 11,6 t - 82 kW",1,1,0,221.4451,102.9592,221.4451]
["Insumo","E9577","SICRO3","Trator agrícola sobre pneus - 77 kW",1,0.52,0.48,148.2132,57.663899999999998,104.7495]
[{"$nulls":5},"Custo Horário de Equipamentos =>",null,null,null,805.0462]
["B","Código","Banco","Mão de Obra","Quantidade","Salário Hora",null,null,null,"Custo Horário"]
["Insumo","P9824","SICRO3","Servente",1,null,null,null,21.465699999999998,21.465699999999998]
[{"$nulls":5},"Custo Horário da Mão de Obra =>",null,null,null,21.465699999999998]
[{"$nulls":5},"Adc.M.O. - Ferramentas (0,0%) =>",null,null,null,0]
[{"$nulls":5},"Custo Horário de Execução =>",null,null,null,826.51189999999997]
[{"$nulls":5},"Fator de Influencia da Chuva - FIC =>",null,null,null,1.43E-2]
[{"$nulls":5},"Custo do FIC =>",null,null,null,7.0000000000000007E-2]
[{"$nulls":5},"Produção de Equipe =>",null,null,null,168.2]
[{"$nulls":5},"Custo Unitário de Execução =>",null,null,null,4.9138999999999999]
[{"$nulls":4},"MO sem LS =>",0.12762009512485137,"LS =>",0,"MO com LS =>",0.12762009512485137]
[{"$nulls":4},"Valor do BDI =>",1.1200000000000001,null,"Valor com BDI =>",null,6.1]
[{"$nulls":6},"Quant. =>",4924.7879999999996,"Preço Total =>",30041.200000000001]
[]
[" 5.3 ",null,null,"ESTRUTURAS EM CONCRETO",{"$nulls":6},1328649.47]
[" 5.3.1 ",null,null,"TRANSIÇÃO MONTANTE",{"$nulls":6},163281]
[" 5.3.1.1 ","Código","Banco","Descrição","Tipo",null,"Und","Quant.","Porcent.","Valor Unit","Total"]
["Composição"," 1106382 ","SICRO3","Concreto para bombeamento fck = 35 MPa - confecção em central dosadora de 30 m³/h - areia extraída e brita produzida","",null,"m³",1,null,373.41,373.41]
["A","Código","Banco","Equipamentos","Quantidade","Utilização",null,"Custo Operacional",null,"Custo Horário"]
[{"$nulls":5},"Operativa","Improdutiva","Operativa","Improdutiva"]
["Insumo","E9584","SICRO3","Carregadeira de pneus com capacidade de 1,72 m³ - 113 kW",1,0.31,0.69,203.21250000000001,104.4208,135.0462]
["Insumo","E9599","SICRO3","Central de concreto com capacidade de 30 m³/h - dosadora RS",1,1,0,79.077200000000005,64.673599999999993,79.077200000000005]
["Insumo","E9779","SICRO3","Grupo gerador - 113 kVA",1,1,0,101.1589,8.4064999999999994,101.1589]
[{"$nulls":5},"Custo Horário de Equipamentos =>",null,null,null,315.28230000000002]
["B","Código","Banco","Mão de Obra","Quantidade","Salário Hora",null,null,null,"Custo Horário"]
["Insumo","P9824","SICRO3","Servente",2,null,null,null,21.465699999999998,42.931399999999996]
[{"$nulls":5},"Custo Horário da Mão de Obra =>",null,null,null,42.931399999999996]
[{"$nulls":5},"Adc.M.O. - Ferramentas (0,0%) =>",null,null,null,0]
[{"$nulls":5},"Custo Horário de Execução =>",null,null,null,358.21370000000002]
[{"$nulls":5},"Fator de Influencia da Chuva - FIC =>",null,null,null,0]
[{"$nulls":5},"Custo do FIC =>",null,null,null,0]
[{"$nulls":5},"Produção de Equipe =>",null,null,null,24.9]
[{"$nulls":5},"Custo Unitário de Execução =>",null,null,null,14.386100000000001]
["C","Banco","Código","Material","Quantidade","Unidade","Preço Unitário",null,null,"Custo Horário"]
["Insumo","SICRO3","M0030","Aditivo plastificante e retardador de pega para concreto e argamassa",1.7033499999999999,"kg",6.5956999999999999,null,null,11.2348]
["Insumo","SICRO3","M0424","Cimento Portland CP II - 32 - saco",425.83814999999998,"kg",0.66949999999999998,null,null,285.09859999999998]
[{"$nulls":5},"Custo Total do Material =>",null,null,null,296.33339999999998]
["D","Banco","Código","Atividades Auxiliares","Quantidade","Unidade","Preço Unitário",null,null,"Custo Horário"]
["Atividade Auxiliar","SICRO3",4816012,"Brita produzida em central de britagem de 80 m³/h",0.68813000000000002,"m³",53.84,null,null,37.048900000000003]
["Atividade Auxiliar","SICRO3",4816020,"Areia extraída com draga de sucção tipo bomba",0.54778000000000004,"m³",11.74,null,null,6.4309000000000003]
[{"$nulls":5},"Custo Total das Atividades =>",null,null,null,43.479799999999997]
["E","Banco","Insumo","Tempos Fixos","Código","Quantidade","Unidade","Preço Unitário",null,"Custo Horário"]
["Tempo Fixo","SICRO3",4816020,"Carga, manobra e descarga de agregados ou solos em caminhão basculante de 10 m³ - carga com carregadeira de 3,40 m³ edescarga livre",5915407,0.82167000000000001,"t",2.72,null,2.2349000000000001]
["Tempo Fixo","SICRO3",4816012,"Carga, manobra e descarga de agregados ou solos em caminhão basculante de 10 m³ - carga com carregadeira de 3,40 m³ edescarga livre",5915407,1.0322,"t",2.72,null,2.8075999999999999]
["Tempo Fixo","SICRO3","M0030","Carga, manobra e descarga de materiais diversos em caminhão carroceria de 15 t - carga e descarga manuais",5914655,1.6999999999999999E-3,"t",33.15,null,5.6399999999999999E-2]
["Tempo Fixo","SICRO3","M0424","Carga, manobra e descarga de materiais diversos em caminhão carroceria de 15 t - carga e descarga manuais",5914655,0.42584,"t",33.15,null,14.1166]
[{"$nulls":5},"Custo Total dos Tempos Fixos =>",null,null,null,19.215499999999999]
["F","Banco","Insumo","Momento de Transporte","Quantidade","Unidade","Distância Média de Transporte (DMT)",null,null,"Custo Horário"]
[{"$nulls":6},"LN","RP","P"]
["Momento de Transporte","SICRO3",4816020,"Areia extraída com draga de sucção tipo bomba - Caminhão basculante com capacidade de 10 m³ - 188 kW",0.82167000000000001,"tkm","5914359\n0,000\nR$ 1,19","5914374\n0,000\nR$ 0,95","5914389\n0,000\nR$ 0,79",0]
["Momento de Transporte","SICRO3",4816012,"Brita produzida em central de britagem de 80 m³/h - Caminhão basculante com capacidade de 10 m³ - 188 kW",1.0322,"tkm","5914359\n0,000\nR$ 1,19","5914374\n0,000\nR$ 0,95","5914389\n0,000\nR$ 0,79",0]
["Momento de Transporte","SICRO3","M0030","Aditivo plastificante e retardador de pega para concreto e argamassa - Caminhão carroceria com capacidade de 15 t - 188 kW",1.6999999999999999E-3,"tkm","5914449\n0,000\nR$ 1,08","5914464\n0,000\nR$ 0,86","5914479\n0,000\nR$ 0,71",0]
["Momento de Transporte","SICRO3","M0424","Cimento Portland CP II - 32 - saco - Caminhão carroceria com capacidade de 15 t - 188 kW",0.42584,"tkm","5914449\n0,000\nR$ 1,08","5914464\n0,000\nR$ 0,86","5914479\n0,000\nR$ 0,71",0]
[{"$nulls":5},"Custo total dos Momentos de Transportes =>",null,null,null,0]
[{"$nulls":4},"MO sem LS =>",10.230974510441767,"LS =>",0,"MO com LS =>",10.230974597603442]
[{"$nulls":4},"Valor do BDI =>",84.24,null,"Valor com BDI =>",null,457.65]
[{"$nulls":6},"Quant. =>",66.14,"Preço Total =>",30268.97]
[]
[" 5.3.1.2 ","Código","Banco","Descrição","Tipo",null,"Und","Quant.","Porcent.","Valor Unit","Total"]
["Composição"," 1106058 ","SICRO3","Concreto magro - confecção em betoneira e lançamento manual - areia extraída e brita produzida","",null,"m³",1,null,321.32,321.32]
["A","Código","Banco","Equipamentos","Quantidade","Utilização",null,"Custo Operacional",null,"Custo Horário"]
[{"$nulls":5},"Operativa","Improdutiva","Operativa","Improdutiva"]
["Insumo","E9519","SICRO3","Betoneira com motor a gasolina com capacidade de 600 l - 10 kW",1,1,0,53.475700000000003,33.671500000000002,53.475700000000003]
["Insumo","E9071","SICRO3","Transportador manual carrinho de mão com capacidade de 80 l",4,0.88,0.12,0.71679999999999999,0.48730000000000001,2.7570000000000001]
["Insumo","E9064","SICRO3","Transportador manual gerica com capacidade de 180 l",3,0.41,0.59,1.5258,1.0373000000000001,3.7128000000000001]
[{"$nulls":5},"Custo Horário de Equipamentos =>",null,null,null,59.945500000000003]
["B","Código","Banco","Mão de Obra","Quantidade","Salário Hora",null,null,null,"Custo Horário"]
["Insumo","P9821","SICRO3","Pedreiro",1,null,null,null,30.302800000000001,30.302800000000001]
["Insumo","P9824","SICRO3","Servente",9,null,null,null,21.465699999999998,193.19130000000001]
[{"$nulls":5},"Custo Horário da Mão de Obra =>",null,null,null,223.4941]
[{"$nulls":5},"Adc.M.O. - Ferramentas (0,0%) =>",null,null,null,0]
[{"$nulls":5},"Custo Horário de Execução =>",null,null,null,283.43959999999998]
[{"$nulls":5},"Fator de Influencia da Chuva - FIC =>",null,null,null,0]
[{"$nulls":5},"Custo do FIC =>",null,null,null,0]
[{"$nulls":5},"Produção de Equipe =>",null,null,null,3.9289999999999998]
[{"$nulls":5},"Custo Unitário de Execução =>",null,null,null,72.140600000000006]
["C","Banco","Código","Material","Quantidade","Unidade","Preço Unitário",null,null,"Custo Horário"]
["Insumo","SICRO3","M0424","Cimento Portland CP II - 32 - saco",280.53417999999999,"kg",0.66949999999999998,null,null,187.8176]
[{"$nulls":5},"Custo Total do Material =>",null,null,null,187.8176]
["D","Banco","Código","Atividades Auxiliares","Quantidade","Unidade","Preço Unitário",null,null,"Custo Horário"]
["Atividade Auxiliar","SICRO3",4816012,"Brita produzida em central de britagem de 80 m³/h",0.73507999999999996,"m³",53.84,null,null,39.576700000000002]
["Atividade Auxiliar","SICRO3",4816020,"Areia extraída com draga de sucção tipo bomba",0.59948000000000001,"m³",11.74,null,null,7.0378999999999996]
[{"$nulls":5},"Custo Total das Atividades =>",null,null,null,46.614600000000003]
["E","Banco","Insumo","Tempos Fixos","Código","Quantidade","Unidade","Preço Unitário",null,"Custo Horário"]
["Tempo Fixo","SICRO3",4816020,"Carga, manobra e descarga de agregados ou solos em caminhão basculante de 10 m³ - carga com carregadeira de 3,40 m³ edescarga livre",5915407,0.89922000000000002,"t",2.72,null,2.4459]
["Tempo Fixo","SICRO3",4816012,"Carga, manobra e descarga de agregados ou solos em caminhão basculante de 10 m³ - carga com carregadeira de 3,40 m³ edescarga livre",5915407,1.1026199999999999,"t",2.72,null,2.9990999999999999]
["Tempo Fixo","SICRO3","M0424","Carga, manobra e descarga de materiais diversos em caminhão carroceria de 15 t - carga e descarga manuais",5914655,0.28053,"t",33.15,null,9.2995999999999999]
[{"$nulls":5},"Custo Total dos Tempos Fixos =>",null,null,null,14.7446]
["F","Banco","Insumo","Momento de Transporte","Quantidade","Unidade","Distância Média de Transporte (DMT)",null,null,"Custo Horário"]
[{"$nulls":6},"LN","RP","P"]
["Momento de Transporte","SICRO3",4816020,"Areia extraída com draga de sucção tipo bomba - Caminhão basculante com capacidade de 10 m³ - 188 kW",0.89922000000000002,"tkm","5914359\n0,000\nR$ 1,19","5914374\n0,000\nR$ 0,95","5914389\n0,000\nR$ 0,79",0]
["Momento de Transporte","SICRO3",4816012,"Brita produzida em central de britagem de 80 m³/h - Caminhão basculante com capacidade de 10 m³ - 188 kW",1.1026199999999999,"tkm","5914359\n0,000\nR$ 1,19","5914374\n0,000\nR$ 0,95","5914389\n0,000\nR$ 0,79",0]
["Momento de Transporte","SICRO3","M0424","Cimento Portland CP II - 32 - saco - Caminhão carroceria com capacidade de 15 t - 188 kW",0.28053,"tkm","5914449\n0,000\nR$ 1,08","5914464\n0,000\nR$ 0,86","5914479\n0,000\nR$ 0,71",0]
[{"$nulls":5},"Custo total dos Momentos de Transportes =>",null,null,null,0]
[{"$nulls":4},"MO sem LS =>",64.095106908289324,"LS =>",0,"MO com LS =>",64.095106908289324]
[{"$nulls":4},"Valor do BDI =>",72.48,null,"Valor com BDI =>",null,393.8]
[{"$nulls":6},"Quant. =>",5.25,"Preço Total =>",2067.4499999999998]
[]
[" 5.3.1.3 ","Código","Banco","Descrição","Tipo",null,"Und","Quant.","Porcent.","Valor Unit","Total"]
["Composição"," 5914657 ","SICRO3","CARGA, MANOBRA E DESCARGA DE BLOCOS DE ROCHA EM CAMINHÃO BASCULANTE DE 8 M³ - CARGA COM RETROESCAVADEIRA DE 0,29 M³ E DESCARGA LIVRE.","",null,"t",1,null,17.600000000000001,17.600000000000001]
["A","Código","Banco","Equipamentos","Quantidade","Utilização",null,"Custo Operacional",null,"Custo Horário"]
[{"$nulls":5},"Operativa","Improdutiva","Operativa","Improdutiva"]
["Insumo","E9604","SICRO3","Caminhão basculante para rocha com capacidade de 8 m³ - 210 kW",2,0.56999999999999995,0.43,297.14830000000001,90.430499999999995,416.51929999999999]
["Insumo","E9526","SICRO3","Retroescavadeira de pneus - capacidade da caçamba da pá-carregadeira de 0,76 m³ e da",1,1,0,151.10929999999999,79.652699999999996,151.10929999999999]
[{"$nulls":5},"Custo Horário de Equipamentos =>",null,null,null,567.62860000000001]
[{"$nulls":5},"Custo Horário de Execução =>",null,null,null,567.62860000000001]
[{"$nulls":5},"Fator de Influencia da Chuva - FIC =>",null,null,null,0]
[{"$nulls":5},"Custo do FIC =>",null,null,null,0]
[{"$nulls":5},"Produção de Equipe =>",null,null,null,32.26]
[{"$nulls":5},"Custo Unitário de Execução =>",null,null,null,17.595400000000001]
[{"$nulls":4},"MO sem LS =>",0,"LS =>",0,"MO com LS =>",0]
[{"$nulls":4},"Valor do BDI =>",3.97,null,"Valor com BDI =>",null,21.57]
[{"$nulls":6},"Quant. =>",42.187813800000001,"Preço Total =>",909.99]
[]
[" 5.3.1.4 ","Código","Banco","Descrição","Tipo",null,"Und","Quant.","Porcent.","Valor Unit","Total"]
["Composição"," 5914346 ","SICRO3","TRANSPORTE DE MATERIAL DE 3ª CATEGORIA COM CAMINHÃO BASCULANTE DE 8 M³ PARA ROCHA - RODOVIA EM LEITO NATURAL","",null,"tkm",1,null,1.68,1.68]
["A","Código","Banco","Equipamentos","Quantidade","Utilização",null,"Custo Operacional",null,"Custo Horário"]
[{"$nulls":5},"Operativa","Improdutiva","Operativa","Improdutiva"]
["Insumo","E9604","SICRO3","Caminhão basculante para rocha com capacidade de 8 m³ - 210 kW",1,1,0,297.14830000000001,90.430499999999995,297.14830000000001]
[{"$nulls":5},"Custo Horário de Equipamentos =>",null,null,null,297.14830000000001]
[{"$nulls":5},"Custo Horário de Execução =>",null,null,null,297.14830000000001]
[{"$nulls":5},"Fator de Influencia da Chuva - FIC =>",null,null,null,1.43E-2]
[{"$nulls":5},"Custo do FIC =>",null,null,null,2.3599999999999999E-2]
[{"$nulls":5},"Produção de Equipe =>",null,null,null,179.28]
[{"$nulls":5},"Custo Unitário de Execução =>",null,null,null,1.6575]
[{"$nulls":4},"MO sem LS =>",0,"LS =>",0,"MO com LS =>",0]
[{"$nulls":4},"Valor do BDI =>",0.37,null,"Valor com BDI =>",null,2.0499999999999998]
[{"$nulls":6},"Quant. =>",558.14477629999999,"Preço Total =>",1144.19]
[]
[" 5.3.1.5 ","Código","Banco","Descrição","Tipo",null,"Und","Quant.","Porcent.","Valor Unit","Total"]
["Composição"," 5914351 ","SICRO3","CARGA, MANOBRA E DESCARGA DE AGREGADOS OU SOLOS EM CAMINHÃO BASCULANTE DE 14 M³ - CARGA COM CARREGADEIRA DE 3,40 M³ E DESCARGA LIVRE.","",null,"t",1,null,2.61,2.61]
["A","Código","Banco","Equipamentos","Quantidade","Utilização",null,"Custo Operacional",null,"Custo Horário"]
[{"$nulls":5},"Operativa","Improdutiva","Operativa","Improdutiva"]
["Insumo","E9667","SICRO3","Caminhão basculante com capacidade de 14 m³ - 188 kW",3,0.77,0.23,297.32,90.567700000000002,749.30089999999996]
["Insumo","E9511","SICRO3","Carregadeira de pneus com capacidade de 3,40 m³ - 195 kW",1,1,0,442.03,218.85579999999999,442.03]
[{"$nulls":6},"Quant. =>",133.12464979999999,"Preço Total =>",424.66]
["Composição"," 5901639 ","SICRO3","TRANSPORTE COM CAMINHÃO BASCULANTE COM CAÇAMBA ESTANQUE COM CAPACIDADE DE 14 M³ - RODOVIA EM LEITO NATURAL.","",null,"tkm",1,null,0.87,0.87]
[{"$nulls":5},"Fator de Influencia da Chuva - FIC =>",null,null,null,1.43E-2]
["Composição"," 5914539 ","SICRO3","Transporte com caminhão betoneira - rodovia em leito natural","",null,"tkm",1,null,0.98,0.98]
["Insumo","E9600","SICRO3","Caminhão betoneira com capacidade de 8 m³ - 188 kW",1,1,0,307.62630000000001,107.0881,307.62630000000001]
[{"$nulls":5},"Custo Unitário de Execução =>",null,null,null,0.96519999999999995]
[{"$nulls":6},"Quant. =>",158.73599999999999,"Preço Total =>",190.48]
["Insumo","P9824","SICRO3","Servente",7,null,null,null,21.465699999999998,150.25989999999999]
[{"$nulls":5},"Custo do FIC =>",null,null,null,0]
["D","Banco","Código","Atividades Auxiliares","Quantidade","Unidade","Preço Unitário",null,null,"Custo Horário"]
[{"$nulls":5},"Custo Total dos Tempos Fixos =>",null,null,null,42.984000000000002]
["Composição"," 1100657 ","SICRO3","Adensamento de concreto por vibrador de imersão","",null,"m³",1,null,3.32,3.32]
["Insumo","E9069","SICRO3","Vibrador de imersão para concreto - 4,10 kW",1,1,0,8.3879000000000001,0.7641,8.3879000000000001]
[{"$nulls":5},"Adc.M.O. - Ferramentas (0,0%) =>",null,null,null,0]
[{"$nulls":5},"Produção de Equipe =>",null,null,null,9]
["Composição"," 0407819 ","SICRO3","Armação em aço CA-50 - fornecimento, preparo e colocação","",null,"kg",1,null,11.88,11.88]
[{"$nulls":5},"Fator de Influencia da Chuva - FIC =>",null,null,null,0]
["C","Banco","Código","Material","Quantidade","Unidade","Preço Unitário",null,null,"Custo Horário"]
[{"$nulls":5},"Custo Total dos Tempos Fixos =>",null,null,null,3.7199999999999997E-2]
[{"$nulls":4},"Valor do BDI =>",2.68,null,"Valor com BDI =>",null,14.56]
[]
["Insumo","P9801","SICRO3","Ajudante",0.7,null,null,null,22.478899999999999,15.735200000000001]
[{"$nulls":5},"Produção de Equipe =>",null,null,null,1]
["C","Banco","Código","Material","Quantidade","Unidade","Preço Unitário",null,null,"Custo Horário"]
["E","Banco","Insumo","Tempos Fixos","Código","Quantidade","Unidade","Preço Unitário",null,"Custo Horário"]
["Tempo Fixo","SICRO3","M0446","Carga, manobra e descarga de materiais diversos em caminhão carroceria de 15 t - carga e descarga manuais",5914655,4.0400000000000002E-3,"t",33.15,null,0.13389999999999999]
["F","Banco","Insumo","Momento de Transporte","Quantidade","Unidade","Distância Média de Transporte (DMT)",null,null,"Custo Horário"]
[{"$nulls":5},"Custo total dos Momentos de Transportes =>",null,null,null,0]
[{"$nulls":6},"Quant. =>",69.042000000000002,"Preço Total =>",6935.26]
[{"$nulls":5},"Operativa","Improdutiva","Operativa","Improdutiva"]
["Insumo","E9779","SICRO3","Grupo gerador - 113 kVA",1,1,0,101.1589,8.4064999999999994,101.1589]
[{"$nulls":5},"Produção de Equipe =>",null,null,null,24.9]
["D","Banco","Código","Atividades Auxiliares","Quantidade","Unidade","Preço Unitário",null,null,"Custo Horário"]
[{"$nulls":5},"Custo Total das Atividades =>",null,null,null,43.479799999999997]
["Momento de Transporte","SICRO3",4816020,"Areia extraída com draga de sucção tipo bomba - Caminhão basculante com capacidade de 10 m³ - 188 kW",0.82167000000000001,"tkm","5914359\n0,000\nR$ 1,19","5914374\n0,000\nR$ 0,95","5914389\n0,000\nR$ 0,79",0]
[{"$nulls":4},"Valor do BDI =>",84.24,null,"Valor com BDI =>",null,457.65]
[{"$nulls":6},"Quant. =>",239.95,"Preço Total =>",109813.11]
["Insumo","E9519","SICRO3","Betoneira com motor a gasolina com capacidade de 600 l - 10 kW",1,1,0,53.475700000000003,33.671500000000002,53.475700000000003]
["Insumo","P9821","SICRO3","Pedreiro",1,null,null,null,30.302800000000001,30.302800000000001]
[{"$nulls":5},"Produção de Equipe =>",null,null,null,3.9289999999999998]
["Atividade Auxiliar","SICRO3",4816012,"Brita produzida em central de britagem de 80 m³/h",0.73507999999999996,"m³",53.84,null,null,39.576700000000002]
[{"$nulls":6},"LN","RP","P"]
["Momento de Transporte","SICRO3","M0424","Cimento Portland CP II - 32 - saco - Caminhão carroceria com capacidade de 15 t - 188 kW",0.28053,"tkm","5914449\n0,000\nR$ 1,08","5914464\n0,000\nR$ 0,86","5914479\n0,000\nR$ 0,71",0]
[" 5.3.2.3 ","Código","Banco","Descrição","Tipo",null,"Und","Quant.","Porcent.","Valor Unit","Total"]
[{"$nulls":5},"Operativa","Improdutiva","Operativa","Improdutiva"]
[{"$nulls":4},"MO sem LS =>",0,"LS =>",0,"MO com LS =>",0]
["A","Código","Banco","Equipamentos","Quantidade","Utilização",null,"Custo Operacional",null,"Custo Horário"]
[{"$nulls":5},"Custo Horário de Equipamentos =>",null,null,null,297.14830000000001]
[]
["Composição"," 5914351 ","SICRO3","CARGA, MANOBRA E DESCARGA DE AGREGADOS OU SOLOS EM CAMINHÃO BASCULANTE DE 14 M³ - CARGA COM CARREGADEIRA DE 3,40 M³ E DESCARGA LIVRE.","",null,"t",1,null,2.61,2.61]
[{"$nulls":5},"Fator de Influencia da Chuva - FIC =>",null,null,null,0]
["Composição"," 5901639 ","SICRO3","TRANSPORTE COM CAMINHÃO BASCULANTE COM CAÇAMBA ESTANQUE COM CAPACIDADE DE 14 M³ - RODOVIA EM LEITO NATURAL.","",null,"tkm",1,null,0.87,0.87]
[{"$nulls":5},"Operativa","Improdutiva","Operativa","Improdutiva"]
[{"$nulls":5},"Custo Unitário de Execução =>",null,null,null,0.85399999999999998]
["A","Código","Banco","Equipamentos","Quantidade","Utilização",null,"Custo Operacional",null,"Custo Horário"]
[{"$nulls":5},"Custo Horário de Execução =>",null,null,null,307.62630000000001]
[{"$nulls":6},"Quant. =>",575.88,"Preço Total =>",691.05]
[{"$nulls":5},"Custo Horário de Equipamentos =>",null,null,null,187.27770000000001]
[{"$nulls":5},"Custo Horário da Mão de Obra =>",null,null,null,180.56270000000001]
["D","Banco","Código","Atividades Auxiliares","Quantidade","Unidade","Preço Unitário",null,null,"Custo Horário"]
["Atividade Auxiliar","SICRO3",1110000,"Concreto",1,"m³",0,null,null,0]
[{"$nulls":4},"Valor do BDI =>",13.03,null,"Valor com BDI =>",null,70.790000000000006]
["A","Código","Banco","Equipamentos","Quantidade","Utilização",null,"Custo Operacional",null,"Custo Horário"]
[{"$nulls":5},"Custo Horário de Equipamentos =>",null,null,null,8.3879000000000001]
[{"$nulls":5},"Custo Horário de Execução =>",null,null,null,29.8536]
["Composição"," 0407819 ","SICRO3","ARMAÇÃO EM AÇO CA-50 - FORNECIMENTO, PREPARO E COLOCAÇÃO.","",null,"kg",1,null,11.88,11.88]
["Insumo","P9805","SICRO3","Armador",0.09,null,null,null,30.334199999999999,2.7301000000000002]
[{"$nulls":5},"Custo do FIC =>",null,null,null,0]
["Insumo","SICRO3","M0004","Aço CA 50",1.1000000000000001,"kg",6.2881,null,null,6.9169]
["Momento de Transporte","SICRO3","M0004","Aço CA 50 - Caminhão carroceria com capacidade de 15 t - 188 kW",1.1000000000000001E-3,"tkm","5914449\n0,000\nR$ 1,08","5914464\n0,000\nR$ 0,86","5914479\n0,000\nR$ 0,71",0]
[]
["A","Código","Banco","Equipamentos","Quantidade","Utilização",null,"Custo Operacional",null,"Custo Horário"]
[{"$nulls":5},"Adc.M.O. - Ferramentas (0,0%) =>",null,null,null,0]
["C","Banco","Código","Material","Quantidade","Unidade","Preço Unitário",null,null,"Custo Horário"]
["Insumo","SICRO3","M0560","Desmoldante para fôrmas de madeira",1.8519999999999998E-2,"l",12.788600000000001,null,null,0.23680000000000001]
["Tempo Fixo","SICRO3","M0284","Carga, manobra e descarga de materiais diversos em caminhão carroceria de 15 t - carga e descarga manuais",5914655,2.5300000000000001E-3,"t",33.15,null,8.3900000000000002E-2]
["Tempo Fixo","SICRO3","M0310","Carga, manobra e descarga de materiais diversos em caminhão carroceria de 15 t - carga e descarga manuais",5914655,3.6999999999999999E-4,"t",33.15,null,1.23E-2]
["Momento de Transporte","SICRO3","M0446","Compensado resinado - E = 10 mm - Caminhão carroceria com capacidade de 15 t - 188 kW",4.0400000000000002E-3,"tkm","5914449\n0,000\nR$ 1,08","5914464\n0,000\nR$ 0,86","5914479\n0,000\nR$ 0,71",0]
[{"$nulls":4},"MO sem LS =>",37.139617337668916,"LS =>",0,"MO com LS =>",37.139617337668916]
[]
["Insumo","E9779","SICRO3","Grupo gerador - 113 kVA",1,1,0,101.1589,8.4064999999999994,101.1589]
[{"$nulls":5},"Fator de Influencia da Chuva - FIC =>",null,null,null,0]
[{"$nulls":5},"Custo Unitário de Execução =>",null,null,null,14.386100000000001]
["Atividade Auxiliar","SICRO3",4816012,"Brita produzida em central de britagem de 80 m³/h",0.68813000000000002,"m³",53.84,null,null,37.048900000000003]
["E","Banco","Insumo","Tempos Fixos","Código","Quantidade","Unidade","Preço Unitário",null,"Custo Horário"]
["Momento de Transporte","SICRO3",4816012,"Brita produzida em central de britagem de 80 m³/h - Caminhão basculante com capacidade de 10 m³ - 188 kW",1.0322,"tkm","5914359\n0,000\nR$ 1,19","5914374\n0,000\nR$ 0,95","5914389\n0,000\nR$ 0,79",0]
[{"$nulls":6},"Quant. =>",91.79,"Preço Total =>",42007.69]
["Composição"," 1106058 ","SICRO3","CONCRETO MAGRO - CONFECÇÃO EM BETONEIRA E LANÇAMENTO MANUAL - AREIA EXTRAÍDA E BRITA PRODUZIDA","",null,"m³",1,null,321.32,321.32]
["Insumo","P9824","SICRO3","Servente",9,null,null,null,21.465699999999998,193.19130000000001]
[{"$nulls":5},"Produção de Equipe =>",null,null,null,3.9289999999999998]
["Insumo","SICRO3","M0424","Cimento Portland CP II - 32 - saco",280.53417999999999,"kg",0.66949999999999998,null,null,187.8176]
[{"$nulls":5},"Custo Total das Atividades =>",null,null,null,46.614600000000003]
["Tempo Fixo","SICRO3","M0424","Carga, manobra e descarga de materiais diversos em caminhão carroceria de 15 t - carga e descarga manuais",5914655,0.28053,"t",33.15,null,9.2995999999999999]
[{"$nulls":4},"Valor do BDI =>",72.48,null,"Valor com BDI =>",null,393.8]
["A","Código","Banco","Equipamentos","Quantidade","Utilização",null,"Custo Operacional",null,"Custo Horário"]
[{"$nulls":5},"Custo Horário de Equipamentos =>",null,null,null,567.62860000000001]
[{"$nulls":4},"Valor do BDI =>",3.97,null,"Valor com BDI =>",null,21.57]
["Insumo","E9604","SICRO3","Caminhão basculante para rocha com capacidade de 8 m³ - 210 kW",1,1,0,297.14830000000001,90.430499999999995,297.14830000000001]
[{"$nulls":5},"Custo do FIC =>",null,null,null,2.3599999999999999E-2]
[" 5.3.3.5 ","Código","Banco","Descrição","Tipo",null,"Und","Quant.","Porcent.","Valor Unit","Total"]
[{"$nulls":5},"Custo Horário de Execução =>",null,null,null,1191.3308999999999]
[{"$nulls":5},"Custo Unitário de Execução =>",null,null,null,2.6059000000000001]
["A","Código","Banco","Equipamentos","Quantidade","Utilização",null,"Custo Operacional",null,"Custo Horário"]
["Insumo","E9575","SICRO3","Caminhão basculante com caçamba estanque com capacidade de 14 m³ - 188 kW",1,1,0,297.71420000000001,90.774600000000007,297.71420000000001]
[{"$nulls":4},"MO sem LS =>",0,"LS =>",0,"MO com LS =>",0]
[{"$nulls":5},"Custo Horário de Equipamentos =>",null,null,null,307.62630000000001]
[{"$nulls":5},"Fator de Influencia da Chuva - FIC =>",null,null,null,1.43E-2]
[]
["A","Código","Banco","Equipamentos","Quantidade","Utilização",null,"Custo Operacional",null,"Custo Horário"]
[{"$nulls":5},"Custo Horário de Execução =>",null,null,null,367.84039999999999]
["Atividade Auxiliar","SICRO3",1110000,"Concreto",1,"m³",0,null,null,0]
["Tempo Fixo","SICRO3",1110000,"Carga, manobra e descarga de concreto com caminhão betoneira - carga em central de concreto de 30 m³/h e descarga livre",5909007,2.4,"t",17.91,null,42.984000000000002]
[]
[{"$nulls":5},"Custo Horário de Equipamentos =>",null,null,null,8.3879000000000001]
[{"$nulls":5},"Custo Horário da Mão de Obra =>",null,null,null,21.465699999999998]
[{"$nulls":5},"Custo do FIC =>",null,null,null,0]
[{"$nulls":6},"Quant. =>",91.79,"Preço Total =>",372.66]
[{"$nulls":5},"Custo Horário da Mão de Obra =>",null,null,null,4.7531999999999996]
[{"$nulls":5},"Custo Unitário de Execução =>",null,null,null,4.7531999999999996]
["E","Banco","Insumo","Tempos Fixos","Código","Quantidade","Unidade","Preço Unitário",null,"Custo Horário"]
["Momento de Transporte","SICRO3","M0075","Arame liso recozido em aço-carbono - D = 1,24 mm (18 BWG) - Caminhão carroceria com capacidade de 15 t - 188 kW",2.0000000000000002E-5,"tkm","5914449\n0,000\nR$ 1,08","5914464\n0,000\nR$ 0,86","5914479\n0,000\nR$ 0,71",0]
[" 5.3.3.11 ","Código","Banco","Descrição","Tipo",null,"Und","Quant.","Porcent.","Valor Unit","Total"]
["Insumo","E9535","SICRO3","Serra circular com bancada - D = 30 cm - 4 kW",4.0160000000000001E-2,1,0,31.252500000000001,30.8993,1.2551000000000001]
[{"$nulls":5},"Custo Horário de Execução =>",null,null,null,38.946899999999999]
["Insumo","SICRO3","M0284","Caibro de pinho - L = 7,5 cm e E = 7,5 cm",0.44922000000000001,"m",16.706299999999999,null,null,7.5048000000000004]
["Insumo","SICRO3","M0310","Peça de madeira - L = 7,5 cm e E = 2,5 cm",0.19908000000000001,"m",5.2,null,null,1.0351999999999999]
["Tempo Fixo","SICRO3","M0310","Carga, manobra e descarga de materiais diversos em caminhão carroceria de 15 t - carga e descarga manuais",5914655,3.6999999999999999E-4,"t",33.15,null,1.23E-2]
[{"$nulls":6},"LN","RP","P"]
["Momento de Transporte","SICRO3","M0560","Desmoldante para fôrmas de madeira - Caminhão carroceria com capacidade de 15 t - 188 kW",2.0000000000000002E-5,"tkm","5914449\n0,000\nR$ 1,08","5914464\n0,000\nR$ 0,86","5914479\n0,000\nR$ 0,71",0]
[]
[" 5.3.4.1 ","Código","Banco","Descrição","Tipo",null,"Und","Quant.","Porcent.","Valor Unit","Total"]
[{"$nulls":5},"Custo Horário de Equipamentos =>",null,null,null,315.28230000000002]
[{"$nulls":5},"Custo Horário da Mão de Obra =>",null,null,null,42.931399999999996]
["Insumo","SICRO3","M0030","Aditivo plastificante e retardador de pega para concreto e argamassa",1.7033499999999999,"kg",6.5956999999999999,null,null,11.2348]
["E","Banco","Insumo","Tempos Fixos","Código","Quantidade","Unidade","Preço Unitário",null,"Custo Horário"]
["Tempo Fixo","SICRO3","M0030","Carga, manobra e descarga de materiais diversos em caminhão carroceria de 15 t - carga e descarga manuais",5914655,1.6999999999999999E-3,"t",33.15,null,5.6399999999999999E-2]
["Momento de Transporte","SICRO3","M0424","Cimento Portland CP II - 32 - saco - Caminhão carroceria com capacidade de 15 t - 188 kW",0.42584,"tkm","5914449\n0,000\nR$ 1,08","5914464\n0,000\nR$ 0,86","5914479\n0,000\nR$ 0,71",0]
["Composição"," 1107889 ","SICRO3","Concreto fck = 15 MPa - confecção em betoneira e lançamento manual - areia extraída e brita produzida","",null,"m³",1,null,307.18,307.18]
["A","Código","Banco","Equipamentos","Quantidade","Utilização",null,"Custo Operacional",null,"Custo Horário"]
[{"$nulls":5},"Custo Horário da Mão de Obra =>",null,null,null,223.4941]
[{"$nulls":5},"Adc.M.O. - Ferramentas (0,0%) =>",null,null,null,0]
["Insumo","SICRO3","M0030","Aditivo plastificante e retardador de pega para concreto e argamassa",0.75744,"kg",6.5956999999999999,null,null,4.9958]
["Atividade Auxiliar","SICRO3",4816020,"Areia extraída com draga de sucção tipo bomba",0.65012000000000003,"m³",11.74,null,null,7.6323999999999996]
["Momento de Transporte","SICRO3",4816020,"Areia extraída com draga de sucção tipo bomba - Caminhão basculante com capacidade de 10 m³ - 188 kW",0.97518000000000005,"tkm","5914359\n0,000\nR$ 1,19","5914374\n0,000\nR$ 0,95","5914389\n0,000\nR$ 0,79",0]
["Momento de Transporte","SICRO3","M0424","Cimento Portland CP II - 32 - saco - Caminhão carroceria com capacidade de 15 t - 188 kW",0.25247999999999998,"tkm","5914449\n0,000\nR$ 1,08","5914464\n0,000\nR$ 0,86","5914479\n0,000\nR$ 0,71",0]
[]
[{"$nulls":5},"Operativa","Improdutiva","Operativa","Improdutiva"]
[{"$nulls":5},"Adc.M.O. - Ferramentas (0,0%) =>",null,null,null,0]
[{"$nulls":5},"Custo Unitário de Execução =>",null,null,null,72.140600000000006]
["D","Banco","Código","Atividades Auxiliares","Quantidade","Unidade","Preço Unitário",null,null,"Custo Horário"]
["F","Banco","Insumo","Momento de Transporte","Quantidade","Unidade","Distância Média de Transporte (DMT)",null,null,"Custo Horário"]
[{"$nulls":4},"MO sem LS =>",64.095106908289324,"LS =>",0,"MO com LS =>",64.095106908289324]
[]
[{"$nulls":5},"Fator de Influencia da Chuva - FIC =>",null,null,null,0]
[{"$nulls":5},"Custo do FIC =>",null,null,null,0]
["Composição"," 5914346 ","SICRO3","TRANSPORTE DE MATERIAL DE 3ª CATEGORIA COM CAMINHÃO BASCULANTE DE 8 M³ PARA ROCHA - RODOVIA EM LEITO NATURAL","",null,"tkm",1,null,1.68,1.68]
["Insumo","E9604","SICRO3","Caminhão basculante para rocha com capacidade de 8 m³ - 210 kW",1,1,0,297.14830000000001,90.430499999999995,297.14830000000001]
[{"$nulls":4},"MO sem LS =>",0,"LS =>",0,"MO com LS =>",0]
["Insumo","E9667","SICRO3","Caminhão basculante com capacidade de 14 m³ - 188 kW",3,0.77,0.23,297.32,90.567700000000002,749.30089999999996]
[{"$nulls":5},"Custo Unitário de Execução =>",null,null,null,2.6059000000000001]
[{"$nulls":6},"Quant. =>",344.9701718,"Preço Total =>",1100.45]
[{"$nulls":5},"Custo Horário de Execução =>",null,null,null,297.71420000000001]
[{"$nulls":5},"Fator de Influencia da Chuva - FIC =>",null,null,null,1.43E-2]
["Composição"," 5914539 ","SICRO3","TRANSPORTE COM CAMINHÃO BETONEIRA - RODOVIA EM LEITO NATURAL.","",null,"tkm",1,null,0.98,0.98]
[{"$nulls":5},"Fator de Influencia da Chuva - FIC =>",null,null,null,1.43E-2]
[{"$nulls":5},"Custo Unitário de Execução =>",null,null,null,0.96519999999999995]
["Insumo","E9073","SICRO3","Bomba de concreto rebocável com capacidade de 30 m³/h - 74 kW",1,1,0,187.27770000000001,76.781400000000005,187.27770000000001]
[{"$nulls":5},"Adc.M.O. - Ferramentas (0,0%) =>",null,null,null,0]
[{"$nulls":5},"Custo do FIC =>",null,null,null,0]
["Atividade Auxiliar","SICRO3",1110000,"Concreto",1,"m³",0,null,null,0]
["F","Banco","Insumo","Momento de Transporte","Quantidade","Unidade","Distância Média de Transporte (DMT)",null,null,"Custo Horário"]
["Composição"," 1100657 ","SICRO3","ADENSAMENTO DE CONCRETO POR VIBRADOR DE IMERSÃO.","",null,"m³",1,null,3.32,3.32]
["B","Código","Banco","Mão de Obra","Quantidade","Salário Hora",null,null,null,"Custo Horário"]
[{"$nulls":5},"Custo Horário de Execução =>",null,null,null,29.8536]
[" 5.3.4.11 ","Código","Banco","Descrição","Tipo",null,"Und","Quant.","Porcent.","Valor Unit","Total"]
[{"$nulls":5},"Custo Horário da Mão de Obra =>",null,null,null,4.7531999999999996]
[{"$nulls":5},"Custo do FIC =>",null,null,null,0]
["Tempo Fixo","SICRO3","M0075","Carga, manobra e descarga de materiais diversos em caminhão carroceria de 15 t - carga e descarga manuais",5914655,2.0000000000000002E-5,"t",33.15,null,6.9999999999999999E-4]
["Momento de Transporte","SICRO3","M0075","Arame liso recozido em aço-carbono - D = 1,24 mm (18 BWG) - Caminhão carroceria com capacidade de 15 t - 188 kW",2.0000000000000002E-5,"tkm","5914449\n0,000\nR$ 1,08","5914464\n0,000\nR$ 0,86","5914479\n0,000\nR$ 0,71",0]
[{"$nulls":6},"Quant. =>",13380,"Preço Total =>",194812.79999999999]
["Insumo","E9535","SICRO3","Serra circular com bancada - D = 30 cm - 4 kW",4.0160000000000001E-2,1,0,31.252500000000001,30.8993,1.2551000000000001]
["B","Código","Banco","Mão de Obra","Quantidade","Salário Hora",null,null,null,"Custo Horário"]
[{"$nulls":5},"Custo Unitário de Execução =>",null,null,null,38.946899999999999]
["Insumo","SICRO3","M0290","Tábua - E = 2,5 cm e L = 10 cm",2.0900300000000001,"m",5.0838000000000001,null,null,10.625299999999999]
[{"$nulls":5},"Custo Total do Material =>",null,null,null,42.516800000000003]
["Tempo Fixo","SICRO3","M0290","Carga, manobra e descarga de materiais diversos em caminhão carroceria de 15 t - carga e descarga manuais",5914655,5.2300000000000003E-3,"t",33.15,null,0.1734]
["F","Banco","Insumo","Momento de Transporte","Quantidade","Unidade","Distância Média de Transporte (DMT)",null,null,"Custo Horário"]
["Momento de Transporte","SICRO3","M0286","Tábua - E = 2,5 cm e L = 30 cm - Caminhão carroceria com capacidade de 15 t - 188 kW",2.7000000000000001E-3,"tkm","5914449\n0,000\nR$ 1,08","5914464\n0,000\nR$ 0,86","5914479\n0,000\nR$ 0,71",0]
[" 5.3.5.1 ","Código","Banco","Descrição","Tipo",null,"Und","Quant.","Porcent.","Valor Unit","Total"]
["Insumo",99900,"SBC","SERVENTE","Mão de Obra",null,"H",0.35399999999999998,null,13.79,4.88]
["A","Código","Banco","Equipamentos","Quantidade","Utilização",null,"Custo Operacional",null,"Custo Horário"]
["Insumo","P9824","SICRO3","Servente",2,null,null,null,21.465699999999998,42.931399999999996]
[{"$nulls":5},"Custo Horário de Execução =>",null,null,null,361.17750000000001]
[{"$nulls":5},"Custo Unitário de Execução =>",null,null,null,14.505100000000001]
["D","Banco","Código","Atividades Auxiliares","Quantidade","Unidade","Preço Unitário",null,null,"Custo Horário"]
[{"$nulls":5},"Custo Total dos Tempos Fixos =>",null,null,null,15.44]
["Momento de Transporte","SICRO3",4816012,"Brita produzida em central de britagem de 80 m³/h - Caminhão basculante com capacidade de 10 m³ - 188 kW",1.1026199999999999,"tkm","5914359\n0,000\nR$ 1,19","5914374\n0,000\nR$ 0,95","5914389\n0,000\nR$ 0,79",0]
[{"$nulls":4},"Valor do BDI =>",63.6,null,"Valor com BDI =>",null,345.53]
["Insumo","E9519","SICRO3","Betoneira com motor a gasolina com capacidade de 600 l - 10 kW",1,1,0,53.475700000000003,33.671500000000002,53.475700000000003]
["Insumo","P9824","SICRO3","Servente",9,null,null,null,21.465699999999998,193.19130000000001]
[{"$nulls":5},"Custo do FIC =>",null,null,null,0]
["Atividade Auxiliar","SICRO3",4816012,"Brita produzida em central de britagem de 80 m³/h",0.73507999999999996,"m³",53.84,null,null,39.576700000000002]
["Tempo Fixo","SICRO3","M0424","Carga, manobra e descarga de materiais diversos em caminhão carroceria de 15 t - carga e descarga manuais",5914655,0.28053,"t",33.15,null,9.2995999999999999]
["Momento de Transporte","SICRO3",4816012,"Brita produzida em central de britagem de 80 m³/h - Caminhão basculante com capacidade de 10 m³ - 188 kW",1.1026199999999999,"tkm","5914359\n0,000\nR$ 1,19","5914374\n0,000\nR$ 0,95","5914389\n0,000\nR$ 0,79",0]
[" 5.3.6.3 ","Código","Banco","Descrição","Tipo",null,"Und","Quant.","Porcent.","Valor Unit","Total"]
[{"$nulls":5},"Custo Horário de Equipamentos =>",null,null,null,567.62860000000001]
[{"$nulls":5},"Custo do FIC =>",null,null,null,0]
["A","Código","Banco","Equipamentos","Quantidade","Utilização",null,"Custo Operacional",null,"Custo Horário"]
[{"$nulls":5},"Operativa","Improdutiva","Operativa","Improdutiva"]
[{"$nulls":4},"MO sem LS =>",0,"LS =>",0,"MO com LS =>",0]
[]
[{"$nulls":5},"Custo Horário de Equipamentos =>",null,null,null,1191.3308999999999]
[{"$nulls":6},"Quant. =>",14.5294711,"Preço Total =>",46.34]
["Composição"," 5901639 ","SICRO3","TRANSPORTE COM CAMINHÃO BASCULANTE COM CAÇAMBA ESTANQUE COM CAPACIDADE DE 14 M³ - RODOVIA EM LEITO NATURAL.","",null,"tkm",1,null,0.87,0.87]
[{"$nulls":5},"Produção de Equipe =>",null,null,null,348.6]
["Composição"," 5914539 ","SICRO3","TRANSPORTE COM CAMINHÃO BETONEIRA - RODOVIA EM LEITO NATURAL.","",null,"tkm",1,null,0.98,0.98]
["Insumo","E9600","SICRO3","Caminhão betoneira com capacidade de 8 m³ - 188 kW",1,1,0,307.62630000000001,107.0881,307.62630000000001]
[{"$nulls":4},"Valor do BDI =>",0.22,null,"Valor com BDI =>",null,1.2]
[{"$nulls":6},"Quant. =>",15.648,"Preço Total =>",18.77]
[{"$nulls":5},"Custo Horário de Equipamentos =>",null,null,null,187.27770000000001]
[{"$nulls":5},"Adc.M.O. - Ferramentas (0,0%) =>",null,null,null,0]
["D","Banco","Código","Atividades Auxiliares","Quantidade","Unidade","Preço Unitário",null,null,"Custo Horário"]
[{"$nulls":6},"LN","RP","P"]
[{"$nulls":6},"Quant. =>",6.52,"Preço Total =>",461.55]
["Insumo","E9069","SICRO3","Vibrador de imersão para concreto - 4,10 kW",1,1,0,8.3879000000000001,0.7641,8.3879000000000001]
[{"$nulls":5},"Fator de Influencia da Chuva - FIC =>",null,null,null,0]
[{"$nulls":4},"Valor do BDI =>",0.74,null,"Valor com BDI =>",null,4.0599999999999996]
["Composição"," 0407819 ","SICRO3","ARMAÇÃO EM AÇO CA-50 - FORNECIMENTO, PREPARO E COLOCAÇÃO.","",null,"kg",1,null,11.88,11.88]
[{"$nulls":5},"Produção de Equipe =>",null,null,null,1]
[{"$nulls":5},"Custo Total do Material =>",null,null,null,7.0918000000000001]
[{"$nulls":5},"Custo Total dos Tempos Fixos =>",null,null,null,3.7199999999999997E-2]
[]
["Insumo","E9066","SICRO3","Grupo gerador - 14 kVA",4.0160000000000001E-2,1,0,17.8385,4.6101000000000001,0.71640000000000004]
["Insumo","P9801","SICRO3","Ajudante",0.7,null,null,null,22.478899999999999,15.735200000000001]
[{"$nulls":5},"Adc.M.O. - Ferramentas (0,0%) =>",null,null,null,0]
["Insumo","SICRO3","M0284","Caibro de pinho - L = 7,5 cm e E = 7,5 cm",0.44922000000000001,"m",16.706299999999999,null,null,7.5048000000000004]
["E","Banco","Insumo","Tempos Fixos","Código","Quantidade","Unidade","Preço Unitário",null,"Custo Horário"]
["Tempo Fixo","SICRO3","M0560","Carga, manobra e descarga de materiais diversos em caminhão carroceria de 15 t - carga e descarga manuais",5914655,2.0000000000000002E-5,"t",33.15,null,6.9999999999999999E-4]
[{"$nulls":6},"LN","RP","P"]
[{"$nulls":5},"Custo total dos Momentos de Transportes =>",null,null,null,0]
[{"$nulls":4},"MO sem LS =>",37.139617337668916,"LS =>",0,"MO com LS =>",37.139617337668916]
[{"$nulls":4},"MO sem LS =>",0,"LS =>",0,"MO com LS =>",0]
[{"$nulls":6},"Quant. =>",2,"Preço Total =>",2451430]
[]
["Composição Auxiliar",88251,"SINAPI","AUXILIAR DE SERRALHEIRO COM ENCARGOS COMPLEMENTARES","SEDI - SERVIÇOS DIVERSOS",null,"H",4.5259999999999998,null,23.95,108.39]
["Insumo",1332,"SINAPI","CHAPA DE ACO GROSSA, ASTM A36, E = 3/8 \" (9,53 MM) 74,69 KG/M2","Material",null,"KG",0.89600000000000002,null,8.99,8.0500000000000007]
[{"$nulls":4},"MO sem LS =>",196.5,"LS =>",0,"MO com LS =>",196.5]
[" 5.5.1.1.5 ","Código","Banco","Descrição","Tipo",null,"Und","Quant.","Porcent.","Valor Unit","Total"]
[]
["Composição"," COMP-0042 ","Próprio","MONTAGEM E INSTALAÇÃO DE COMPORTAS E GUIAS EM AÇO ASTM A36 DE 25,00M² (4760 x 5250mm)","INES - INSTALAÇÕES ESPECIAIS",null,"UN",1,null,18497.23,18497.23]
["Composição Auxiliar",88316,"SINAPI","SERVENTE COM ENCARGOS COMPLEMENTARES","SEDI - SERVIÇOS DIVERSOS",null,"H",74.89,null,23.23,1739.69]
["Insumo"," H020000301 ","EMBASA","CAMINHAO MUNCK DE 5 T, INCLUSIVE OPERADOR E COMBUSTIVEL","Material",null,"H",36.950000000000003,null,64.13,2369.6]
["Composição Auxiliar",88309,"SINAPI","PEDREIRO COM ENCARGOS COMPLEMENTARES","SEDI - SERVIÇOS DIVERSOS",null,"H",31.72,null,32.270000000000003,1023.6]
["Insumo"," D070000107 ","EMBASA","ARRUELA ACO INOX 5/8","Material",null,"UN",89,null,0.51,45.39]
[{"$nulls":6},"Quant. =>",4,"Preço Total =>",38689.760000000002]
[{"$nulls":5},"Fator de Influencia da Chuva - FIC =>",null,null,null,0]
["Atividade Auxiliar","SICRO3",1408173,"Corte de perfis metálicos com maçarico oxiacetileno",1,"cm²",0.06,null,null,0.06]
[{"$nulls":5},"Custo Total das Atividades =>",null,null,null,4.9646999999999997]
[{"$nulls":5},"Custo Total dos Tempos Fixos =>",null,null,null,3.4099999999999998E-2]
[{"$nulls":4},"Valor do BDI =>",1.48,null,"Valor com BDI =>",null,8.06]
["B","Código","Banco","Mão de Obra","Quantidade","Salário Hora",null,null,null,"Custo Horário"]
[{"$nulls":5},"Custo do FIC =>",null,null,null,0]
[{"$nulls":5},"Custo Unitário de Execução =>",null,null,null,5.1562000000000001]
["Tempo Fixo","SICRO3","M0682","Carga, manobra e descarga de materiais diversos em caminhão carroceria de 15 t - carga e descarga manuais",5914655,1.0300000000000001E-3,"t",33.15,null,3.4099999999999998E-2]
[{"$nulls":5},"Custo Total dos Tempos Fixos =>",null,null,null,3.4099999999999998E-2]
[]
[" 5.5.2.1.1 ",null,null,"TRANSFORMADOR",{"$nulls":6},15749.02]
[{"$nulls":4},"MO sem LS =>",355.02,"LS =>",0,"MO com LS =>",355.02]
[{"$nulls":4},"Valor do BDI =>",289.2,null,"Valor com BDI =>",null,2352.02]
["Composição Auxiliar",88264,"SINAPI","ELETRICISTA COM ENCARGOS COMPLEMENTARES","SEDI - SERVIÇOS DIVERSOS",null,"H",9.1479999999999997,null,32.69,299.04000000000002]
[{"$nulls":4},"MO sem LS =>",331.27,"LS =>",0,"MO com LS =>",331.27]
[{"$nulls":4},"MO sem LS =>",5.78,"LS =>",0,"MO com LS =>",5.78]
[{"$nulls":4},"Valor do BDI =>",9.9,null,"Valor com BDI =>",null,53.82]
[]
[{"$nulls":4},"MO sem LS =>",0,"LS =>",0,"MO com LS =>",0]
["Composição",70250,"AGETOP CIVIL","ARRUELA QUADRADA EM ACO GALVANIZADO 3X38X38MM FURO 18MM",702,null,"Un",1,null,1.21,1.21]
["Insumo",12,"AGETOP CIVIL","ELETRICISTA","Mão de Obra",null,"H",6.6E-3,null,22.23,0.14000000000000001]
[{"$nulls":6},"Quant. =>",8,"Preço Total =>",15.68]
["Insumo",4004,"AGESUL","ELETRICISTA COM ENCARGOS COMPLEMENTARES - SINAPI - 88264","Material",null," H",0.02,null,26.38,0.52]
[{"$nulls":4},"Valor do BDI =>",2.69,null,"Valor com BDI =>",null,14.62]
["Composição",71750,"AGETOP CIVIL","MANILHA-SAPATILHA EM AÇO GALVANIZADO",717,null,"un",1,null,34.92,34.92]
[{"$nulls":4},"Valor do BDI =>",7.87,null,"Valor com BDI =>",null,42.79]
["Composição Auxiliar",50401,"CAEMA","EXECUÇÃO DE ATERRO EM VALAS/ POÇOS/ CAVAS DE FUNDAÇÃO COM SOLO PROVENIENTE DAS ESCAVAÇÕES, INCLUINDO LANÇAMENTO, ESPALHAMENTO,",504,null,"m³",0.05,null,41.94,2.09]
[{"$nulls":6},"Quant. =>",1,"Preço Total =>",948.99]
["Insumo",3775,"AGETOP CIVIL","CABO DE COBRE NU 35 MM2","Material",null,"m",1.02,null,32.04,32.68]
[" 5.5.2.1.3.2 ","Código","Banco","Descrição","Tipo",null,"Und","Quant.","Porcent.","Valor Unit","Total"]
["Composição",92984,"SINAPI","CABO DE COBRE FLEXÍVEL ISOLADO, 25 MM², ANTI-CHAMA 0,6/1,0 KV, PARA REDE ENTERRADA DE DISTRIBUIÇÃO DE ENERGIA ELÉTRICA - FORNECIMENTO E INSTALAÇÃO. AF_12/2021","INEL - INSTALAÇÃO ELÉTRICA/ELETRIFICAÇÃO E ILUMINAÇÃO EXTERNA",null,"M",1,null,26.86,26.86]
[]
["Insumo",21128,"SINAPI","ELETRODUTO EM ACO GALVANIZADO ELETROLITICO, LEVE, DIAMETRO 3/4\", PAREDE DE 0,90 MM","Material",null,"M",1,null,7.92,7.92]
[{"$nulls":4},"MO sem LS =>",0,"LS =>",0,"MO com LS =>",0]
[{"$nulls":6},"Quant. =>",5,"Preço Total =>",25.45]
["Composição",7893,"ORSE","Cabeçote de alumínio de 1 1/4\"","Tubos e Conexões de Ferro Galvanizado",null,"un",1,null,13.79,13.79]
[]
[{"$nulls":6},"Quant. =>",4,"Preço Total =>",157.47999999999999]
["Composição",71151,"AGETOP CIVIL","CURVA DE 90 GRAUS AÇO GALVANIZADO DIAM.3/4\"",711,null,"Un",1,null,12.26,12.26]
[" 5.5.2.1.4.7 ","Código","Banco","Descrição","Tipo",null,"Und","Quant.","Porcent.","Valor Unit","Total"]
["Composição",71703,"AGETOP CIVIL","LUVA EM AÇO GALVANIZADO DIÂMETRO 1.1/4\"",717,null,"Un",1,null,8.44,8.44]
["Composição",71701,"AGETOP CIVIL","LUVA EM AÇO GALVANIZADO DIÂMETRO 3/4\"",717,null,"Un",1,null,4.97,4.97]
["Insumo",8,"AGETOP CIVIL","AJUDANTE","Mão de Obra",null,"H",0.04,null,15.73,0.62]
[" 5.5.2.1.5.1 ","Código","Banco","Descrição","Tipo",null,"Und","Quant.","Porcent.","Valor Unit","Total"]
[" 5.5.2.1.5.2 ","Código","Banco","Descrição","Tipo",null,"Und","Quant.","Porcent.","Valor Unit","Total"]
["Insumo",4004,"AGESUL","ELETRICISTA COM ENCARGOS COMPLEMENTARES - SINAPI - 88264","Material",null," H",0.3,null,26.38,7.91]
[" 5.5.2.1.5.3 ","Código","Banco","Descrição","Tipo",null,"Und","Quant.","Porcent.","Valor Unit","Total"]
[{"$nulls":6},"Quant. =>",3,"Preço Total =>",96.84]
[{"$nulls":4},"Valor do BDI =>",1.25,null,"Valor com BDI =>",null,10.199999999999999]
["Insumo",99250,"SBC","ELETRICISTA","Mão de Obra",null,"H",0.32,null,21.79,6.97]
["Composição",1201008444,"AGESUL","GRAMPO DE ANCORAGEM DIELETRICO 16-50MM","INSTALACOES ELETRICAS",null,"UN",1,null,63.38,63.38]
[{"$nulls":4},"Valor do BDI =>",14.29,null,"Valor com BDI =>",null,77.67]
["Insumo"," M109600108 ","EMBASA","CONECTOR TIPO CUNHA COBRE 35mm=CA-2","Material",null,"PC",1,null,15.68,15.68]
["Composição Auxiliar",88264,"SINAPI","ELETRICISTA COM ENCARGOS COMPLEMENTARES","SEDI - SERVIÇOS DIVERSOS",null,"H",0.3,null,32.69,9.8000000000000007]
[]
["Composição Auxiliar",88264,"SINAPI","ELETRICISTA COM ENCARGOS COMPLEMENTARES","SEDI - SERVIÇOS DIVERSOS",null,"H",0.44359999999999999,null,32.69,14.5]
[{"$nulls":4},"Valor do BDI =>",62.78,null,"Valor com BDI =>",null,341.07]
["Insumo",3778,"AGETOP CIVIL","CABO DE COBRE NU 50 MM2","Material",null,"m",1.02,null,38.04,38.799999999999997]
["Composição Auxiliar",101618,"SINAPI","PREPARO DE FUNDO DE VALA COM LARGURA MENOR QUE 1,5 M, COM CAMADA DE AREIA, LANÇAMENTO MANUAL. AF_08/2020","MOVT - MOVIMENTO DE TERRA",null,"m³",1.41E-2,null,262.94,3.7]
["Insumo",34643,"SINAPI","CAIXA DE INSPECAO PARA ATERRAMENTO E PARA RAIOS, EM POLIPROPILENO,  DIAMETRO = 300 MM X ALTURA = 400 MM","Material",null,"UN",1,null,32.659999999999997,32.659999999999997]
["Insumo",45201,"SBC","HASTE ATERRAMENTO COBREADA 5/8\" x 2,40m MAGNET","Material",null,"UN",1,null,59.64,59.64]
["Composição"," 11.92.04 ","SUDECAP","MOLDE P/ SOLDA EXOTERMICA HCL 5/8\".50-5","PROTECAO EXTERNA - CONTRA DESCARGA ATMOSFERICA",null,"UN",1,null,205.61,205.61]
["Insumo"," 74.51.04 ","SUDECAP","MOLDE P/SOLDA EXOTERMICA HCL 5/8\".50-5 CLASSE 5 OU EQUIVALENTE","Material",null,"UN",1,null,185,185]
["Composição Auxiliar",88264,"SINAPI","ELETRICISTA COM ENCARGOS COMPLEMENTARES","SEDI - SERVIÇOS DIVERSOS",null,"H",1,null,32.69,32.69]
["Insumo",61073,"SIURB","MOLDE CLASSE C PARA CONEXÃO EXOTÉRMICA","Material",null,"Un",0.02,null,134,2.68]
[{"$nulls":4},"MO sem LS =>",0,"LS =>",0,"MO com LS =>",0]
["Composição Auxiliar",100475,"SINAPI","ARGAMASSA TRAÇO 1:3 (EM VOLUME DE CIMENTO E AREIA MÉDIA ÚMIDA) COM ADIÇÃO DE IMPERMEABILIZANTE, PREPARO MECÂNICO COM BETONEIRA 400 L. AF_08/2019","SEDI - SERVIÇOS DIVERSOS",null,"m³",0.1012,null,793.4,80.290000000000006]
["Composição Auxiliar",5678,"SINAPI","RETROESCAVADEIRA SOBRE RODAS COM CARREGADEIRA, TRAÇÃO 4X4, POTÊNCIA LÍQ. 88 HP, CAÇAMBA CARREG. CAP. MÍN. 1 M3, CAÇAMBA RETRO CAP. 0,26 M3, PESO OPERACIONAL MÍN. 6.674 KG, PROFUNDIDADE ESCAVAÇÃO MÁX. 4,37 M - CHP DIURNO. AF_06/2014","CHOR - CUSTOS HORÁRIOS DE MÁQUINAS E EQUIPAMENTOS",null,"CHP",8.6999999999999994E-3,null,163.21,1.41]
[{"$nulls":4},"MO sem LS =>",237.32,"LS =>",0,"MO com LS =>",237.32]
[" 5.5.2.1.7.2 ","Código","Banco","Descrição","Tipo",null,"Und","Quant.","Porcent.","Valor Unit","Total"]
[" 5.5.2.1.8 ",null,null,"QUADROS E DISJUNTORES",{"$nulls":6},2864.28]
[" 5.5.2.1.8.2 ","Código","Banco","Descrição","Tipo",null,"Und","Quant.","Porcent.","Valor Unit","Total"]
["Insumo",1578,"SINAPI","TERMINAL A COMPRESSAO EM COBRE ESTANHADO PARA CABO 50 MM2, 1 FURO E 1 COMPRESSAO, PARA PARAFUSO DE FIXACAO M8","Material",null,"UN",3,null,5.0599999999999996,15.18]
[]
[{"$nulls":4},"MO sem LS =>",2,"LS =>",0,"MO com LS =>",2]
[" 5.5.2.2.1.2 ","Código","Banco","Descrição","Tipo",null,"Und","Quant.","Porcent.","Valor Unit","Total"]
["Insumo",21127,"SINAPI","FITA ISOLANTE ADESIVA ANTICHAMA, USO ATE 750 V, EM ROLO DE 19 MM X 5 M","Material",null,"UN",8.9999999999999993E-3,null,3.7,0.03]
["Insumo",1021,"SINAPI","CABO DE COBRE, FLEXIVEL, CLASSE 4 OU 5, ISOLACAO EM PVC/A, ANTICHAMA BWF-B, COBERTURA PVC-ST1, ANTICHAMA BWF-B, 1 CONDUTOR, 0,6/1 KV, SECAO NOMINAL 4 MM2","Material",null,"M",1.2434000000000001,null,3.91,4.8600000000000003]
[{"$nulls":6},"Quant. =>",28,"Preço Total =>",243.88]
["Composição Auxiliar",88264,"SINAPI","ELETRICISTA COM ENCARGOS COMPLEMENTARES","SEDI - SERVIÇOS DIVERSOS",null,"H",2.9000000000000001E-2,null,32.69,0.94]
[{"$nulls":4},"MO sem LS =>",1.1399999999999999,"LS =>",0,"MO com LS =>",1.1399999999999999]
["Composição",71213,"AGETOP CIVIL","ELETRODUTO EM AÇO GALVANIZADO A FOGO DIÂMETRO 1 1/4\" - PESADO",712,null,"M",1,null,75.75,75.75]
["Composição",67005,"SBC","ELETRODUTO GALVANIZADO 1\"\"","INSTALACOES ELETRICAS - SINALIZACAO",null,"M",1,null,28.01,28.01]
["Insumo",99806,"SBC","AJUDANTE DE ELETRICISTA","Mão de Obra",null,"H",0.38400000000000001,null,13.79,5.29]
["Composição",61385,"SBC","LUVA ELETRODUTO GALVANIZADO 1.1/4\"\"","INSTALACOES ELETRICAS - ELETRODUTOS",null,"UN",1,null,8.2799999999999994,8.2799999999999994]
["Composição",13364,"ORSE","Luva de emenda para eletroduto, aço galvanizado, dn 25 mm (1\"), aparente, instalada em teto - fornecimento e instalaçâo","Interligações até Quadro Geral - Eletrodutos e Conexões",null,"un",1,null,20.39,20.39]
["Composição Auxiliar",10549,"ORSE","Encargos Complementares - Servente","Provisórios",null,"h",0.13539999999999999,null,3.79,0.51]
[]
["Insumo",3257,"AGETOP CIVIL","CURVA DE 90 GRAUS AÇO GALVANIZADO DIAM. 1.1/4\"","Material",null,"un",1,null,20.76,20.76]
[" 5.5.2.2.2.6 ","Código","Banco","Descrição","Tipo",null,"Und","Quant.","Porcent.","Valor Unit","Total"]
[]
["Insumo",3347,"SBC","ELETRODUTO PVC RIGIDO ROSCAVEL 1\"","Material",null,"M",1.05,null,7.94,8.33]
[" 5.5.2.2.2.8 ","Código","Banco","Descrição","Tipo",null,"Und","Quant.","Porcent.","Valor Unit","Total"]
[]
[" 5.5.2.2.2.9 ","Código","Banco","Descrição","Tipo",null,"Und","Quant.","Porcent.","Valor Unit","Total"]
[" 5.5.2.2.2.10 ","Código","Banco","Descrição","Tipo",null,"Und","Quant.","Porcent.","Valor Unit","Total"]
["Insumo",10101,"IOPES","AJUDANTE (AJUDANTE PRATICO - SINDUSCON)","Mão de Obra",null,"H",0.5,null,19.190000000000001,9.59]
[" 5.5.2.2.3 ",null,null,"ELETROCALHA, PERFILADO E CONEXÕES",{"$nulls":6},19080.689999999999]
[]
["Composição Auxiliar",280014,"SEDOP","ELETRICISTA COM ENCARGOS COMPLEMENTARES","",null,"h",0.2,null,41.87,8.3699999999999992]
["Insumo"," D00545 ","SEDOP","Parafuso diametro 1/4\"","Material",null,"UN",16,null,0.56000000000000005,8.9600000000000009]
["Insumo",4095,"ORSE","Tê horizontal 100 x 50 mm para eletrocalha metálica (ref. Mopa ou similar)","Material",null,"un",1,null,18.3,18.3]
[{"$nulls":4},"Valor do BDI =>",5.94,null,"Valor com BDI =>",null,32.270000000000003]
[{"$nulls":4},"MO sem LS =>",0,"LS =>",0,"MO com LS =>",0]
[]
[" 5.5.2.2.3.6 ","Código","Banco","Descrição","Tipo",null,"Und","Quant.","Porcent.","Valor Unit","Total"]
[{"$nulls":4},"MO sem LS =>",3.23,"LS =>",0,"MO com LS =>",3.23]
["Insumo",99250,"SBC","ELETRICISTA","Mão de Obra",null,"H",9.0999999999999998E-2,null,21.79,1.98]
["Insumo",99806,"SBC","AJUDANTE DE ELETRICISTA","Mão de Obra",null,"H",9.0999999999999998E-2,null,13.79,1.25]
[]
[" 5.5.2.2.3.9 ","Código","Banco","Descrição","Tipo",null,"Und","Quant.","Porcent.","Valor Unit","Total"]
[]
["Insumo",8,"AGETOP CIVIL","AJUDANTE","Mão de Obra",null,"H",6.6E-3,null,15.73,0.1]
["Composição",70251,"AGETOP CIVIL","ARRUELA LISA D=1/4\"",702,null,"Un",1,null,0.1,0.1]
["Insumo",11033,"SINAPI","SUPORTE PARA CALHA DE 150 MM EM FERRO GALVANIZADO","Material",null,"UN",1,null,7.59,7.59]
["Insumo",21909,"SBC","ALUGUEL MENSAL FURADEIRA 5/8\" BOSCH 1174","Material",null,"MES",0.1,null,15,1.5]
[{"$nulls":4},"MO sem LS =>",5.07,"LS =>",0,"MO com LS =>",5.07]
[{"$nulls":4},"Valor do BDI =>",0.3,null,"Valor com BDI =>",null,2.5]
[]
["Composição Auxiliar",97734,"SINAPI","PEÇA RETANGULAR PRÉ-MOLDADA, VOLUME DE CONCRETO DE 10 A 30 LITROS, TAXA DE AÇO APROXIMADA DE 30KG/M³. AF_01/2018","FUES - FUNDAÇÕES E ESTRUTURAS",null,"m³",1.7500000000000002E-2,null,3221.8,56.38]
[{"$nulls":4},"Valor do BDI =>",40.619999999999997,null,"Valor com BDI =>",null,220.69]
[{"$nulls":4},"MO sem LS =>",21.21,"LS =>",0,"MO com LS =>",21.21]
["Composição Auxiliar",5679,"SINAPI","RETROESCAVADEIRA SOBRE RODAS COM CARREGADEIRA, TRAÇÃO 4X4, POTÊNCIA LÍQ. 88 HP, CAÇAMBA CARREG. CAP. MÍN. 1 M3, CAÇAMBA RETRO CAP. 0,26 M3, PESO OPERACIONAL MÍN. 6.674 KG, PROFUNDIDADE ESCAVAÇÃO MÁX. 4,37 M - CHI DIURNO. AF_06/2014","CHOR - CUSTOS HORÁRIOS DE MÁQUINAS E EQUIPAMENTOS",null,"CHI",1.78E-2,null,77.930000000000007,1.38]
["Composição Auxiliar",88316,"SINAPI","SERVENTE COM ENCARGOS COMPLEMENTARES","SEDI - SERVIÇOS DIVERSOS",null,"H",3.5674000000000001,null,23.23,82.87]
[]
[" 5.5.2.3.1 ",null,null,"LUMINÁRIAS E ACESSÓRIOS",{"$nulls":6},54137.71]
["Composição Auxiliar",5928,"SINAPI","GUINDAUTO HIDRÁULICO, CAPACIDADE MÁXIMA DE CARGA 6200 KG, MOMENTO MÁXIMO DE CARGA 11,7 TM, ALCANCE MÁXIMO HORIZONTAL 9,70 M, INCLUSIVE CAMINHÃO TOCO PBT 16.000 KG, POTÊNCIA DE 189 CV - CHP DIURNO. AF_06/2014","CHOR - CUSTOS HORÁRIOS DE MÁQUINAS E EQUIPAMENTOS",null,"CHP",0.23880000000000001,null,279.51,66.739999999999995]
[{"$nulls":4},"Valor do BDI =>",76.59,null,"Valor com BDI =>",null,416.12]
["Insumo",2510,"SINAPI","RELE FOTOELETRICO INTERNO E EXTERNO BIVOLT 1000 W, DE CONECTOR, SEM BASE","Material",null,"UN",1,null,37.04,37.04]
[]
["Insumo",2455,"ORSE","Aluguel de caminhão guindauto 3,0 t ( m. benz - 1215 c/48- 143,0 hp","Equipamento",null,"h",1,null,102.86,102.86]
[" 5.5.2.3.1.4 ","Código","Banco","Descrição","Tipo",null,"Und","Quant.","Porcent.","Valor Unit","Total"]
["Insumo"," 00006111/SINAPI ","ORSE","Servente de obras (horista)","Mão de Obra",null,"h",4,null,13.65,54.6]
["Composição",101009,"SINAPI","CARGA, MANOBRA E DESCARGA DE POSTE DE CONCRETO EM CAMINHÃO CARROCERIA COM GUINDAUTO (MUNCK) 11,7 TM.","TRAN - TRANSPORTES, CARGAS E DESCARGAS",null,"T",1,null,43.92,43.92]
["Composição Auxiliar",5928,"SINAPI","GUINDAUTO HIDRÁULICO, CAPACIDADE MÁXIMA DE CARGA 6200 KG, MOMENTO MÁXIMO DE CARGA 11,7 TM, ALCANCE MÁXIMO HORIZONTAL 9,70 M, INCLUSIVE CAMINHÃO TOCO PBT 16.000 KG, POTÊNCIA DE 189 CV - CHP DIURNO. AF_06/2014","CHOR - CUSTOS HORÁRIOS DE MÁQUINAS E EQUIPAMENTOS",null,"CHP",0.14069999999999999,null,279.51,39.32]
[" 5.5.2.3.1.6 ","Código","Banco","Descrição","Tipo",null,"Und","Quant.","Porcent.","Valor Unit","Total"]
[{"$nulls":6},"Quant. =>",26,"Preço Total =>",5054.66]
["Insumo",406,"SINAPI","CINTA PARA POSTE CIRCULAR","Material",null,"UN",1,null,74.08,74.08]
[" 5.5.2.3.2.1 ","Código","Banco","Descrição","Tipo",null,"Und","Quant.","Porcent.","Valor Unit","Total"]
[]
["Composição Auxiliar",88247,"SINAPI","AUXILIAR DE ELETRICISTA COM ENCARGOS COMPLEMENTARES","SEDI - SERVIÇOS DIVERSOS",null,"H",2.9000000000000001E-2,null,24.39,0.7]
[]
[" 5.5.2.3.3.1 ","Código","Banco","Descrição","Tipo",null,"Und","Quant.","Porcent.","Valor Unit","Total"]
[" 5.5.2.3.3.2 ","Código","Banco","Descrição","Tipo",null,"Und","Quant.","Porcent.","Valor Unit","Total"]
[{"$nulls":6},"Quant. =>",39,"Preço Total =>",1232.4000000000001]
[" 5.5.2.3.3.3 ","Código","Banco","Descrição","Tipo",null,"Und","Quant.","Porcent.","Valor Unit","Total"]
[" 5.5.2.3.3.4 ","Código","Banco","Descrição","Tipo",null,"Und","Quant.","Porcent.","Valor Unit","Total"]
["Composição Auxiliar",88247,"SINAPI","AUXILIAR DE ELETRICISTA COM ENCARGOS COMPLEMENTARES","SEDI - SERVIÇOS DIVERSOS",null,"H",0.16200000000000001,null,24.39,3.95]
[" 5.5.2.3.3.5 ","Código","Banco","Descrição","Tipo",null,"Und","Quant.","Porcent.","Valor Unit","Total"]
[{"$nulls":4},"Valor do BDI =>",3.14,null,"Valor com BDI =>",null,17.079999999999998]
[" 5.5.2.3.4.1 ","Código","Banco","Descrição","Tipo",null,"Und","Quant.","Porcent.","Valor Unit","Total"]
[{"$nulls":6},"Quant. =>",2,"Preço Total =>",222.58]
["Insumo",68420,"SBC","LUMINARIA FLAT STH7940/40 LED 36W 4000K BIVOLT 120cm STELLA","Material",null,"UN",1,null,129.9,129.9]
[{"$nulls":4},"Valor do BDI =>",36.54,null,"Valor com BDI =>",null,198.54]
["Insumo",203034,"SBC","BLOCO AUTONOMO DE ILUMINACAO DE EMERGENCIA DOIS FAROIS LED 2200 LUMENS BATERIA SELADA AUTONOMIA 2 HORAS INTELBRAS","Material",null,"UN",1,null,281.11,281.11]
["Composição",91924,"SINAPI","CABO DE COBRE FLEXÍVEL ISOLADO, 1,5 MM², ANTI-CHAMA 450/750 V, PARA CIRCUITOS TERMINAIS - FORNECIMENTO E INSTALAÇÃO. AF_03/2023","INEL - INSTALAÇÃO ELÉTRICA/ELETRIFICAÇÃO E ILUMINAÇÃO EXTERNA",null,"M",1,null,3.01,3.01]
["Insumo",21127,"SINAPI","FITA ISOLANTE ADESIVA ANTICHAMA, USO ATE 750 V, EM ROLO DE 19 MM X 5 M","Material",null,"UN",9.4000000000000004E-3,null,3.7,0.03]
[" 5.5.2.4.2.2 ","Código","Banco","Descrição","Tipo",null,"Und","Quant.","Porcent.","Valor Unit","Total"]
["Composição Auxiliar",88264,"SINAPI","ELETRICISTA COM ENCARGOS COMPLEMENTARES","SEDI - SERVIÇOS DIVERSOS",null,"H",2.9000000000000001E-2,null,32.69,0.94]
["Insumo",3277,"AGETOP CIVIL","ELETRODUTO EM AÇO GALVANIZADO A FOGO DIÂMETRO 3/4\" - PESADO","Material",null,"m",1,null,34.39,34.39]
[{"$nulls":6},"Quant. =>",27,"Preço Total =>",1514.16]
["Composição",67005,"SBC","ELETRODUTO RÍGIDO Ø 1\" EM AÇO GALVANIZADO À FOGO, TIPO PESADO, ROSCA BSP","INSTALACOES ELETRICAS - SINALIZACAO",null,"M",1,null,28.01,28.01]
[{"$nulls":6},"Quant. =>",6,"Preço Total =>",205.92]
[{"$nulls":6},"Quant. =>",27,"Preço Total =>",164.43]
["Composição",13364,"ORSE","LUVA PARA ELETRODUTO Ø 1\" EM AÇO GALVANIZADO À FOGO, TIPO PESADO, ROSCA BSP","Interligações até Quadro Geral - Eletrodutos e Conexões",null,"un",1,null,20.39,20.39]
[{"$nulls":4},"MO sem LS =>",4.43,"LS =>",0,"MO com LS =>",4.43]
[]
[]
[{"$nulls":4},"MO sem LS =>",5.31,"LS =>",0,"MO com LS =>",5.31]
[]
[{"$nulls":4},"MO sem LS =>",13.4,"LS =>",0,"MO com LS =>",13.4]
["Insumo",99806,"SBC","AJUDANTE DE ELETRICISTA","Mão de Obra",null,"H",0.377,null,13.79,5.19]
[{"$nulls":6},"Quant. =>",3,"Preço Total =>",101.61]
[{"$nulls":4},"MO sem LS =>",20.51,"LS =>",0,"MO com LS =>",20.51]
[]
[{"$nulls":4},"MO sem LS =>",24.61,"LS =>",0,"MO com LS =>",24.61]
["Insumo",4500,"SBC","INTERRUPTOR SIMPLES EMBUTIR 10A-250V COM PLACA PIAL","Material",null,"UN",1,null,22.79,22.79]
["Insumo",99250,"SBC","ELETRICISTA","Mão de Obra",null,"H",0.35399999999999998,null,21.79,7.71]
[" 5.5.2.4.5.2 ","Código","Banco","Descrição","Tipo",null,"Und","Quant.","Porcent.","Valor Unit","Total"]
[" 5.5.2.4.5.3 ","Código","Banco","Descrição","Tipo",null,"Und","Quant.","Porcent.","Valor Unit","Total"]
["Insumo",99250,"SBC","ELETRICISTA","Mão de Obra",null,"H",0.26600000000000001,null,21.79,5.79]
[" 5.5.2.4.5.4 ","Código","Banco","Descrição","Tipo",null,"Und","Quant.","Porcent.","Valor Unit","Total"]
["Insumo",1808,"AGESUL","TOMADA BAIXA DE EMBUTIR (1 MODULO), 2P+T 10 A, INCLUINDO SUPORTE E PLACA - FORNECIMENTO E INSTALACAO. AF_03/2023 - SINAPI - 92000","Material",null,"UN",1,null,28.47,28.47]
["Composição Auxiliar",88264,"SINAPI","ELETRICISTA COM ENCARGOS COMPLEMENTARES","SEDI - SERVIÇOS DIVERSOS",null,"H",0.3,null,32.69,9.8000000000000007]
[{"$nulls":6},"Quant. =>",2,"Preço Total =>",68.7]
["Composição"," C2489 ","SEINFRA","TOMADA TRIFÁSICA, CONECTORES DE SOBREPOR, 32 A, ENCAPSULAMENTO PLÁSTICO, IP44 (RESISTENTE A RESPINGOS D'ÁGUA)","TOMADAS / INTERRUPTORES / ESPELHOS",null,"UN",1,null,90.81,90.81]
[{"$nulls":4},"Valor do BDI =>",20.48,null,"Valor com BDI =>",null,111.29]
[{"$nulls":4},"Valor do BDI =>",3.86,null,"Valor com BDI =>",null,21]
[" 5.5.2.4.6.2 ","Código","Banco","Descrição","Tipo",null,"Und","Quant.","Porcent.","Valor Unit","Total"]
[{"$nulls":4},"MO sem LS =>",8.1300000000000008,"LS =>",0,"MO com LS =>",8.1300000000000008]
[" 5.5.2.4.6.3 ","Código","Banco","Descrição","Tipo",null,"Und","Quant.","Porcent.","Valor Unit","Total"]
[{"$nulls":4},"MO sem LS =>",6.55,"LS =>",0,"MO com LS =>",6.55]
["Composição Auxiliar",10549,"ORSE","Encargos Complementares - Servente","Provisórios",null,"h",0.1,null,3.79,0.37]
["Insumo"," 00006111/SINAPI ","ORSE","Servente de obras (horista)","Mão de Obra",null,"h",0.1,null,13.65,1.36]
["Composição Auxiliar",10549,"ORSE","Encargos Complementares - Servente","Provisórios",null,"h",0.1,null,3.79,0.37]
[{"$nulls":6},"Quant. =>",4,"Preço Total =>",27.96]
[" 5.5.2.4.7.3 ","Código","Banco","Descrição","Tipo",null,"Und","Quant.","Porcent.","Valor Unit","Total"]
[{"$nulls":6},"Quant. =>",4,"Preço Total =>",50.68]
["Insumo",99806,"SBC","AJUDANTE DE ELETRICISTA","Mão de Obra",null,"H",8.8999999999999996E-2,null,13.79,1.22]
[{"$nulls":4},"Valor do BDI =>",2.06,null,"Valor com BDI =>",null,11.21]
[{"$nulls":4},"Valor do BDI =>",0.08,null,"Valor com BDI =>",null,0.46]
[]
[]
[{"$nulls":4},"MO sem LS =>",0,"LS =>",0,"MO com LS =>",0]
[]
["Insumo",8,"AGETOP CIVIL","AJUDANTE","Mão de Obra",null,"H",0.17,null,15.73,2.67]
[{"$nulls":4},"Valor do BDI =>",10.199999999999999,null,"Valor com BDI =>",null,55.44]
[{"$nulls":4},"Valor do BDI =>",8.73,null,"Valor com BDI =>",null,47.47]
["Composição Auxiliar",88264,"SINAPI","ELETRICISTA COM ENCARGOS COMPLEMENTARES","SEDI - SERVIÇOS DIVERSOS",null,"H",0.5,null,32.69,16.34]
["Insumo"," P.19.000.048072 ","CPOS/CDHU","Kit solda com cartucho para solda exotérmica nº 65 a 115","Material",null,"UN",1,null,15.96,15.96]
["Composição Auxiliar",88247,"SINAPI","AUXILIAR DE ELETRICISTA COM ENCARGOS COMPLEMENTARES","SEDI - SERVIÇOS DIVERSOS",null,"H",0.5,null,24.39,12.19]
[{"$nulls":6},"Quant. =>",1,"Preço Total =>",57.43]
[]
["Insumo"," P.19.000.048073 ","CPOS/CDHU","Kit solda com cartucho para solda exotérmica nº 150 a 250","Material",null,"UN",1,null,32.74,32.74]
[]
["Insumo",34643,"SINAPI","CAIXA DE INSPECAO PARA ATERRAMENTO E PARA RAIOS, EM POLIPROPILENO,  DIAMETRO = 300 MM X ALTURA = 400 MM","Material",null,"UN",1,null,32.659999999999997,32.659999999999997]
["Composição",59230,"SBC","HASTE DE ATERRAMENTO TIPO COPPERWELD, ALTA CAMADA, 5/8\"X2,40M","INSTALACOES DE TELEFONE-LOGICA-CFTV-CATV",null,"UN",1,null,126.45,126.45]
[" 5.5.2.5.4.1 ","Código","Banco","Descrição","Tipo",null,"Und","Quant.","Porcent.","Valor Unit","Total"]
["Composição Auxiliar",88264,"SINAPI","ELETRICISTA COM ENCARGOS COMPLEMENTARES","SEDI - SERVIÇOS DIVERSOS",null,"H",0.18629999999999999,null,32.69,6.09]
[" 5.5.2.5.4.2 ","Código","Banco","Descrição","Tipo",null,"Und","Quant.","Porcent.","Valor Unit","Total"]
["Composição Auxiliar",88264,"SINAPI","ELETRICISTA COM ENCARGOS COMPLEMENTARES","SEDI - SERVIÇOS DIVERSOS",null,"H",0.18629999999999999,null,32.69,6.09]
["Insumo",99250,"SBC","ELETRICISTA","Mão de Obra",null,"H",0.54800000000000004,null,21.79,11.94]
[" 5.5.2.5.4.4 ","Código","Banco","Descrição","Tipo",null,"Und","Quant.","Porcent.","Valor Unit","Total"]
["Insumo"," 55.10.55 ","SUDECAP","ELETRICISTA","Mão de Obra",null,"H",0.08,null,23.5,1.88]
[{"$nulls":4},"Valor do BDI =>",0.39,null,"Valor com BDI =>",null,3.24]
[]
["Insumo"," 00006111/SINAPI ","ORSE","Servente de obras (horista)","Mão de Obra",null,"h",0.01,null,13.65,0.13]
["Insumo",212,"ORSE","Arruela de pressão 3/8\"","Material",null,"un",1,null,0.28000000000000003,0.28000000000000003]
["Insumo"," 00006111/SINAPI ","ORSE","Servente de obras (horista)","Mão de Obra",null,"h",0.01,null,13.65,0.13]
[{"$nulls":4},"MO sem LS =>",0,"LS =>",0,"MO com LS =>",0]
[{"$nulls":4},"Valor do BDI =>",7.0000000000000007E-2,null,"Valor com BDI =>",null,0.63]
["Insumo",5005,"ORSE","Arruela lisa de aço galvanizada de Ø 1/4\"","Material",null,"un",1,null,0.05,0.05]
[{"$nulls":4},"MO sem LS =>",0,"LS =>",0,"MO com LS =>",0]
["Insumo",99250,"SBC","ELETRICISTA","Mão de Obra",null,"H",1.0999999999999999E-2,null,21.79,0.23]
[{"$nulls":6},"Quant. =>",26,"Preço Total =>",45.24]
[]
[" 5.5.2.5.4.14 ","Código","Banco","Descrição","Tipo",null,"Und","Quant.","Porcent.","Valor Unit","Total"]
[]
["Insumo",99806,"SBC","AJUDANTE DE ELETRICISTA","Mão de Obra",null,"H",0.28399999999999997,null,13.79,3.91]
[{"$nulls":6},"Quant. =>",16,"Preço Total =>",368.96]
["Composição Auxiliar",88247,"SINAPI","AUXILIAR DE ELETRICISTA COM ENCARGOS COMPLEMENTARES","SEDI - SERVIÇOS DIVERSOS",null,"H",0.2,null,24.39,4.87]
["Insumo"," COT.NETS-08 ","Próprio","(QDL-RC500) QUADRO PARA ILUMINAÇÃO E TOMADAS EM CHAPA DE AÇO ZINCADO, PINTADO A PÓ ELETROSTÁTICAMENTE, PLACA INTERNA NA COR LARANJA, IP65, PORTA REMOVÍVEL, DIM. APROX. 500X500X250MM (HxLxC). CONFORME DESENHO E ESPECIFICAÇÕES DE REFERÊNCIA.","Material",null,"CJ",1,null,2567.4899999999998,2567.4899999999998]
[{"$nulls":6},"Quant. =>",1,"Preço Total =>",2927.45]
[{"$nulls":4},"Valor do BDI =>",2526.34,null,"Valor com BDI =>",null,20545.919999999998]
[" 5.6.1 ","Código","Banco","Descrição","Tipo",null,"Und","Quant.","Porcent.","Valor Unit","Total"]
["Atividade Auxiliar","SICRO3",2003842,"Enchimento de junta de concreto com argamassa asfáltica de densidade 1.700 kg/m³ - espessura de 1 cm",0.13400000000000001,"kg",68.47,null,null,9.1750000000000007]
[{"$nulls":4},"Valor do BDI =>",12.14,null,"Valor com BDI =>",null,65.989999999999995]
[" 5.6.2 ","Código","Banco","Descrição","Tipo",null,"Und","Quant.","Porcent.","Valor Unit","Total"]
["Atividade Auxiliar","SICRO3",1107895,"Concreto fck = 25 MPa - confecção em betoneira e lançamento manual - areia extraída e brita produzida",0.11,"m³",353.29,null,null,38.861899999999999]
[]
[{"$nulls":5},"Custo Horário de Execução =>",null,null,null,0]
["Atividade Auxiliar","SICRO3",2003842,"Enchimento de junta de concreto com argamassa asfáltica de densidade 1.700 kg/m³ - espessura de 1 cm",1.8705099999999999,"kg",68.47,null,null,128.07380000000001]
["Atividade Auxiliar","SICRO3",4805755,"Apiloamento manual",0.11,"m³",32.200000000000003,null,null,3.5419999999999998]
[{"$nulls":5},"Custo Horário de Execução =>",null,null,null,0]
["Atividade Auxiliar","SICRO3",1107891,"Concreto fck = 20 MPa - confecção em betoneira e lançamento manual - areia extraída e brita produzida",0.59,"m³",328.92,null,null,194.06280000000001]
["Atividade Auxiliar","SICRO3",4805750,"Escavação manual em material de 1ª categoria na profundidade de até 1 m",0.37,"m³",42.93,null,null,15.8841]
["Composição",2003412,"SICRO3","Descida d'água de aterros em degraus - DAD 05 - areia extraída e brita produzida","",null,"m",1,null,539.51,539.51]
["Atividade Auxiliar","SICRO3",1107891,"Concreto fck = 20 MPa - confecção em betoneira e lançamento manual - areia extraída e brita produzida",0.82,"m³",328.92,null,null,269.71440000000001]
["Atividade Auxiliar","SICRO3",4805750,"Escavação manual em material de 1ª categoria na profundidade de até 1 m",0.86,"m³",42.93,null,null,36.919800000000002]
[]
[{"$nulls":5},"Custo Horário de Execução =>",null,null,null,0]
["Atividade Auxiliar","SICRO3",3103302,"Fôrmas de tábuas de pinho para dispositivos de drenagem - utilização de 3 vezes - confecção, instalação e retirada",0.8,"m²",81.5,null,null,65.2]
[{"$nulls":6},"Quant. =>",5.8,"Preço Total =>",5173.6000000000004]
[" 5.7.1 ","Código","Banco","Descrição","Tipo",null,"Und","Quant.","Porcent.","Valor Unit","Total"]
[{"$nulls":5},"Custo Horário da Mão de Obra =>",null,null,null,51.768500000000003]
["D","Banco","Código","Atividades Auxiliares","Quantidade","Unidade","Preço Unitário",null,null,"Custo Horário"]
["E","Banco","Insumo","Tempos Fixos","Código","Quantidade","Unidade","Preço Unitário",null,"Custo Horário"]
["Momento de Transporte","SICRO3","M0156","Bloco de concreto - L = 19 cm, A = 19 cm e C = 39 cm - Caminhão carroceria com capacidade de 15 t - 188 kW",0.21060000000000001,"tkm","5914449\n0,000\nR$ 1,08","5914464\n0,000\nR$ 0,86","5914479\n0,000\nR$ 0,71",0]
[{"$nulls":6},"Quant. =>",45.438000000000002,"Preço Total =>",6649.39]
[{"$nulls":5},"Custo Horário de Execução =>",null,null,null,2.6110000000000002]
["D","Banco","Código","Atividades Auxiliares","Quantidade","Unidade","Preço Unitário",null,null,"Custo Horário"]
[{"$nulls":4},"Valor do BDI =>",1.03,null,"Valor com BDI =>",null,5.63]
["Insumo","P9824","SICRO3","Servente",0.17100000000000001,null,null,null,21.465699999999998,3.6705999999999999]
[{"$nulls":5},"Custo Unitário de Execução =>",null,null,null,17.9129]
[{"$nulls":4},"MO sem LS =>",19.988407267584734,"LS =>",0,"MO com LS =>",19.988407267584734]
["Composição Auxiliar",88316,"SINAPI","SERVENTE COM ENCARGOS COMPLEMENTARES","SEDI - SERVIÇOS DIVERSOS",null,"H",8.2000000000000003E-2,null,23.23,1.9]
[" 5.7.5 ","Código","Banco","Descrição","Tipo",null,"Und","Quant.","Porcent.","Valor Unit","Total"]
["Insumo",35693,"SINAPI","TINTA LATEX ACRILICA ECONOMICA, COR BRANCA","Material",null,"L",0.26779999999999998,null,12.61,3.37]
["Composição Auxiliar",88239,"SINAPI","AJUDANTE DE CARPINTEIRO COM ENCARGOS COMPLEMENTARES","SEDI - SERVIÇOS DIVERSOS",null,"H",4.8000000000000001E-2,null,23.87,1.1399999999999999]
["Composição Auxiliar",93281,"SINAPI","GUINCHO ELÉTRICO DE COLUNA, CAPACIDADE 400 KG, COM MOTO FREIO, MOTOR TRIFÁSICO DE 1,25 CV - CHP DIURNO. AF_03/2016","CHOR - CUSTOS HORÁRIOS DE MÁQUINAS E EQUIPAMENTOS",null,"CHP",3.0000000000000001E-3,null,38.71,0.11]
[]
["Insumo",7194,"SINAPI","TELHA DE FIBROCIMENTO ONDULADA E = 6 MM, DE 2,44 X 1,10 M (SEM AMIANTO)","Material",null,"m²",1.357,null,28.87,39.17]
[{"$nulls":4},"Valor do BDI =>",11.97,null,"Valor com BDI =>",null,65.05]
["Composição Auxiliar",91277,"SINAPI","PLACA VIBRATÓRIA REVERSÍVEL COM MOTOR 4 TEMPOS A GASOLINA, FORÇA CENTRÍFUGA DE 25 KN (2500 KGF), POTÊNCIA 5,5 CV - CHP DIURNO. AF_08/2015","CHOR - CUSTOS HORÁRIOS DE MÁQUINAS E EQUIPAMENTOS",null,"CHP",6.8999999999999999E-3,null,10.220000000000001,7.0000000000000007E-2]
["Composição Auxiliar",91285,"SINAPI","CORTADORA DE PISO COM MOTOR 4 TEMPOS A GASOLINA, POTÊNCIA DE 13 HP, COM DISCO DE CORTE DIAMANTADO SEGMENTADO PARA CONCRETO, DIÂMETRO DE 350 MM, FURO DE 1\" (14 X 1\") - CHI DIURNO. AF_08/2015","CHOR - CUSTOS HORÁRIOS DE MÁQUINAS E EQUIPAMENTOS",null,"CHI",0.15870000000000001,null,1.07,0.16]
["Composição",10891,"ORSE","Portão de abrir, 2 folhas, com quadro em tubo galvanizado 2\",  com barra quadrada de 3/4\" na vertical e esticador redondo de 3/4\", inclusive fechadura e dobradiças","Esquadrias de Alumínio",null,"m²",1,null,522.29,522.29]
["Insumo"," 00006111/SINAPI ","ORSE","Servente de obras (horista)","Mão de Obra",null,"h",4,null,13.65,54.6]
[{"$nulls":6},"Quant. =>",3.78,"Preço Total =>",2419.61]
[{"$nulls":4},"Valor do BDI =>",158.28,null,"Valor com BDI =>",null,859.92]
[{"$nulls":4},"Valor do BDI =>",1.41,null,"Valor com BDI =>",null,11.51]
[6,null,null,"CANAL PRINCIPAL PIS - CP500-2",{"$nulls":6},68042334.689999998]
["Composição",5501700,"SICRO3","DESMATAMENTO, DESTOCAMENTO, LIMPEZA DE ÁREA E ESTOCAGEM DO MATERIAL DE LIMPEZA COM ÁRVORES DE DIÂMETRO ATÉ 0,15 M.","",null,"m²",1,null,0.53,0.53]
["B","Código","Banco","Mão de Obra","Quantidade","Salário Hora",null,null,null,"Custo Horário"]
[{"$nulls":5},"Produção de Equipe =>",null,null,null,1532.91]
[" 6.1.1.2 ","Código","Banco","Descrição","Tipo",null,"Und","Quant.","Porcent.","Valor Unit","Total"]
[{"$nulls":5},"Custo Horário de Equipamentos =>",null,null,null,760.50620000000004]
[{"$nulls":5},"Custo do FIC =>",null,null,null,9.1800000000000007E-2]
[]
["Insumo","E9541","SICRO3","Trator sobre esteiras com lâmina - 259 kW",1,1,0,760.50620000000004,307.02120000000002,760.50620000000004]
[{"$nulls":5},"Fator de Influencia da Chuva - FIC =>",null,null,null,2.3999999999999998E-3]
[{"$nulls":6},"Quant. =>",385,"Preço Total =>",45780.35]
["Composição",5502109,"SICRO3","Escavação, carga e transporte de material de 1ª categoria - DMT de 50 a 200 m - caminho de serviço em leito natural - com escavadeira e caminhão basculante de 14 m³","",null,"m³",1,null,5.73,5.73]
[{"$nulls":5},"Adc.M.O. - Ferramentas (0,0%) =>",null,null,null,0]
[{"$nulls":4},"MO sem LS =>",9.3252096094530598E-2,"LS =>",0,"MO com LS =>",9.3252096094530598E-2]
[]
[{"$nulls":6},"Quant. =>",61537.899599999997,"Preço Total =>",687378.33]
[" 6.1.1.6 ","Código","Banco","Descrição","Tipo",null,"Und","Quant.","Porcent.","Valor Unit","Total"]
[{"$nulls":5},"Fator de Influencia da Chuva - FIC =>",null,null,null,1.43E-2]
[{"$nulls":5},"Custo Unitário de Execução =>",null,null,null,0.85399999999999998]
[{"$nulls":5},"Operativa","Improdutiva","Operativa","Improdutiva"]
[{"$nulls":5},"Custo Horário de Execução =>",null,null,null,343.47919999999999]
[{"$nulls":5},"Produção de Equipe =>",null,null,null,176.81]
[" 6.1.2.1.1 ","Código","Banco","Descrição","Tipo",null,"Und","Quant.","Porcent.","Valor Unit","Total"]
["B","Código","Banco","Mão de Obra","Quantidade","Salário Hora",null,null,null,"Custo Horário"]
["Insumo","P9824","SICRO3","Servente",1,null,null,null,21.465699999999998,21.465699999999998]
[{"$nulls":6},"Quant. =>",17947.21,"Preço Total =>",125989.41]
[]
[{"$nulls":5},"Custo Horário de Equipamentos =>",null,null,null,1369.7081000000001]
[{"$nulls":5},"Custo Horário de Execução =>",null,null,null,1391.1738]
["Composição",5502187,"SICRO3","Escavação, carga e transporte de material de 2ª categoria - DMT de 50 m","",null,"m³",1,null,7.16,7.16]
["Insumo","E9541","SICRO3","Trator sobre esteiras com lâmina - 259 kW",1,1,0,760.50620000000004,307.02120000000002,760.50620000000004]
[{"$nulls":5},"Custo Horário da Mão de Obra =>",null,null,null,21.465699999999998]
[{"$nulls":5},"Custo do FIC =>",null,null,null,3.39E-2]
["A","Código","Banco","Equipamentos","Quantidade","Utilização",null,"Custo Operacional",null,"Custo Horário"]
["Insumo","E9527","SICRO3","Martelete perfurador/rompedor a ar comprimido de 25 kg para rocha com capacidade de",1,1,0,35.0152,32.827100000000002,35.0152]
["B","Código","Banco","Mão de Obra","Quantidade","Salário Hora",null,null,null,"Custo Horário"]
[{"$nulls":5},"Custo Unitário de Execução =>",null,null,null,26.036999999999999]
["Insumo","SICRO3","M2144","Nonel de coluna - C = 6,0 m",0.04,"un",14.9855,null,null,0.59940000000000004]
["Insumo","SICRO3","M2146","Nonel iniciador - C = 150,0 m",1.4300000000000001E-3,"un",207.2826,null,null,0.2964]
["Composição",5505768,"SICRO3","Pré-fissuramento de material de 3ª categoria","",null,"m²",1,null,80.91,80.91]
["A","Código","Banco","Equipamentos","Quantidade","Utilização",null,"Custo Operacional",null,"Custo Horário"]
[{"$nulls":5},"Adc.M.O. - Ferramentas (0,0%) =>",null,null,null,0]
[{"$nulls":5},"Custo do FIC =>",null,null,null,0.1467]
["Insumo","SICRO3","M2066","Luva em aço linha T38 para perfuratriz sobre esteiras - D = 38,0 mm (1 1/2”)",1.8500000000000001E-3,"un",354.3057,null,null,0.65549999999999997]
[{"$nulls":6},"Quant. =>",1540,"Preço Total =>",152706.4]
["Insumo","E9515","SICRO3","Escavadeira hidráulica sobre esteiras com caçamba com capacidade de 1,56 m³ - 118 kW",1,1,0,287.9393,133.5633,287.9393]
["Insumo","P9824","SICRO3","Servente",1,null,null,null,21.465699999999998,21.465699999999998]
[{"$nulls":4},"MO sem LS =>",9.3252096094530598E-2,"LS =>",0,"MO com LS =>",9.3252096094530598E-2]
[{"$nulls":4},"Valor do BDI =>",0.3,null,"Valor com BDI =>",null,1.66]
[{"$nulls":5},"Custo Horário de Execução =>",null,null,null,297.71420000000001]
[{"$nulls":4},"Valor do BDI =>",0.19,null,"Valor com BDI =>",null,1.06]
[" 6.1.2.3 ",null,null,"ATERRO",{"$nulls":6},212232.48]
["Insumo","E9577","SICRO3","Trator agrícola sobre pneus - 77 kW",1,0.52,0.48,148.2132,57.663899999999998,104.7495]
[{"$nulls":5},"Custo Horário de Execução =>",null,null,null,826.51189999999997]
[{"$nulls":5},"Produção de Equipe =>",null,null,null,168.2]
[{"$nulls":6},"Quant. =>",34792.21,"Preço Total =>",212232.48]
["A","Código","Banco","Equipamentos","Quantidade","Utilização",null,"Custo Operacional",null,"Custo Horário"]
[{"$nulls":5},"Custo Unitário de Execução =>",null,null,null,17.595400000000001]
[" 6.1.3.2 ","Código","Banco","Descrição","Tipo",null,"Und","Quant.","Porcent.","Valor Unit","Total"]
["Insumo","E9604","SICRO3","Caminhão basculante para rocha com capacidade de 8 m³ - 210 kW",1,1,0,297.14830000000001,90.430499999999995,297.14830000000001]
[{"$nulls":6},"Quant. =>",13034.5089823,"Preço Total =>",26720.74]
[{"$nulls":5},"Operativa","Improdutiva","Operativa","Improdutiva"]
[{"$nulls":5},"Custo Horário de Equipamentos =>",null,null,null,953.70180000000005]
[{"$nulls":5},"Custo Total do Material =>",null,null,null,2.8913000000000002]
[{"$nulls":4},"Valor do BDI =>",4.5199999999999996,null,"Valor com BDI =>",null,24.57]
["Composição",4816012,"SICRO3","BRITA PRODUZIDA EM CENTRAL DE BRITAGEM DE 80 M³/H","",null,"m³",1,null,53.94,53.94]
["B","Código","Banco","Mão de Obra","Quantidade","Salário Hora",null,null,null,"Custo Horário"]
[{"$nulls":5},"Custo Horário da Mão de Obra =>",null,null,null,171.72559999999999]
["Insumo","SICRO3","M2114","Cunha lateral superior para britador",1.0000000000000001E-5,"un",2444.7143000000001,null,null,2.4400000000000002E-2]
["Atividade Auxiliar","SICRO3",4816010,"Rocha para britagem com perfuratriz sobre esteira",0.56999999999999995,"m³",36.08,null,null,20.5656]
[{"$nulls":4},"MO sem LS =>",3.3253775156626504,"LS =>",0,"MO com LS =>",3.3253775390707769]
[{"$nulls":5},"Operativa","Improdutiva","Operativa","Improdutiva"]
[{"$nulls":5},"Custo Horário de Equipamentos =>",null,null,null,1191.3308999999999]
[{"$nulls":6},"Quant. =>",1729.5083778000001,"Preço Total =>",5517.13]
[{"$nulls":5},"Custo Horário de Equipamentos =>",null,null,null,297.71420000000001]
[{"$nulls":5},"Custo do FIC =>",null,null,null,1.2200000000000001E-2]
["Composição"," COMP-0021 ","Próprio","ENROCAMENTO DE PEDRA ESPALHADA E COMPACTADA MECANICAMENTE - PEDRA DE MÃO PRODUZIDA - SEM FORNECIMENTO E COM ASSENTAMENTO","URBA - URBANIZAÇÃO",null,"m³",1,null,22,22]
[{"$nulls":5},"Fator de Influencia da Chuva - FIC =>",null,null,null,0]
[{"$nulls":5},"Custo Unitário de Execução =>",null,null,null,18.382200000000001]
[{"$nulls":5},"Custo Total das Atividades =>",null,null,null,3.6135999999999999]
[" 6.1.3.8 ","Código","Banco","Descrição","Tipo",null,"Und","Quant.","Porcent.","Valor Unit","Total"]
[{"$nulls":6},"Quant. =>",1153,"Preço Total =>",8243.9500000000007]
["Composição",4015612,"SICRO3","Execução de revestimento primário com material de jazida","",null,"m³",1,null,12.06,12.06]
["Insumo","E9524","SICRO3","Motoniveladora - 93 kW",1,0.74,0.26,289.17180000000002,130.09540000000001,247.81190000000001]
[{"$nulls":5},"Custo Horário da Mão de Obra =>",null,null,null,21.465699999999998]
[{"$nulls":5},"Custo Unitário de Execução =>",null,null,null,6.6977000000000002]
["Tempo Fixo","SICRO3",4016096,"Carga, manobra e descarga de agregados ou solos em caminhão basculante de 10 m³ - carga com escavadeira de 1,56 m³(exclusa) e descarga livre",5914354,2.0630099999999998,"t",1.83,null,3.7753000000000001]
[{"$nulls":4},"Valor do BDI =>",2.72,null,"Valor com BDI =>",null,14.78]
[{"$nulls":5},"Operativa","Improdutiva","Operativa","Improdutiva"]
[{"$nulls":5},"Custo do FIC =>",null,null,null,1.7000000000000001E-2]
[" 6.1.4.3 ","Código","Banco","Descrição","Tipo",null,"Und","Quant.","Porcent.","Valor Unit","Total"]
["Insumo","E9071","SICRO3","Transportador manual carrinho de mão com capacidade de 80 l",3,0.78,0.22,0.71679999999999999,0.48730000000000001,1.9988999999999999]
["B","Código","Banco","Mão de Obra","Quantidade","Salário Hora",null,null,null,"Custo Horário"]
[{"$nulls":5},"Custo Unitário de Execução =>",null,null,null,65.442700000000002]
["C","Banco","Código","Material","Quantidade","Unidade","Preço Unitário",null,null,"Custo Horário"]
["E","Banco","Insumo","Tempos Fixos","Código","Quantidade","Unidade","Preço Unitário",null,"Custo Horário"]
["Tempo Fixo","SICRO3","M0010","Carga, manobra e descarga de materiais diversos em caminhão carroceria de 15 t - carga e descarga manuais",5914655,1.65E-3,"t",33.15,null,5.4699999999999999E-2]
["Momento de Transporte","SICRO3","M0010","Aditivo superplastificante para concreto e argamassa - Caminhão carroceria com capacidade de 15 t - 188 kW",1.65E-3,"tkm","5914449\n0,000\nR$ 1,08","5914464\n0,000\nR$ 0,86","5914479\n0,000\nR$ 0,71",0]
["Composição"," 09.90.01 ","EMBASA","EXECUCAO DE SOLO-CIMENTO PARA REPAVIMENTACAO, C/ FORNEC. DO MAT.",990,null,"m³",1,null,543.33000000000004,543.33000000000004]
["Insumo"," D020000006 ","EMBASA","ARENOSO, EXCLUSIVE FRETE","Material",null,"m³",1.51,null,79.84,120.55]
[" 6.1.5 ",null,null,"REVESTIMENTO DO CANAL",{"$nulls":6},2183470.33]
[{"$nulls":4},"MO sem LS =>",9.2100000000000009,"LS =>",0,"MO com LS =>",9.2100000000000009]
[]
[{"$nulls":5},"Custo Horário de Equipamentos =>",null,null,null,318.24610000000001]
["B","Código","Banco","Mão de Obra","Quantidade","Salário Hora",null,null,null,"Custo Horário"]
[{"$nulls":5},"Produção de Equipe =>",null,null,null,24.9]
[{"$nulls":5},"Custo Total do Material =>",null,null,null,189.304]
["Tempo Fixo","SICRO3",4816020,"Carga, manobra e descarga de agregados ou solos em caminhão basculante de 10 m³ - carga com carregadeira de 3,40 m³ edescarga livre",5915407,0.95638999999999996,"t",2.72,null,2.6013999999999999]
["Momento de Transporte","SICRO3",4816020,"Areia extraída com draga de sucção tipo bomba - Caminhão basculante com capacidade de 10 m³ - 188 kW",0.95638999999999996,"tkm","5914359\n0,000\nR$ 1,19","5914374\n0,000\nR$ 0,95","5914389\n0,000\nR$ 0,79",0]
[{"$nulls":4},"MO sem LS =>",8.9898363901943465,"LS =>",0,"MO com LS =>",8.9898363901943465]
["A","Código","Banco","Equipamentos","Quantidade","Utilização",null,"Custo Operacional",null,"Custo Horário"]
[{"$nulls":5},"Custo do FIC =>",null,null,null,0]
[{"$nulls":6},"Quant. =>",858.64,"Preço Total =>",18520.86]
["A","Código","Banco","Equipamentos","Quantidade","Utilização",null,"Custo Operacional",null,"Custo Horário"]
[{"$nulls":4},"MO sem LS =>",0,"LS =>",0,"MO com LS =>",0]
["Composição",5914351,"SICRO3","CARGA, MANOBRA E DESCARGA DE AGREGADOS OU SOLOS EM CAMINHÃO BASCULANTE DE 14 M³ - CARGA COM CARREGADEIRA DE 3,40 M³ E DESCARGA LIVRE.","",null,"t",1,null,2.61,2.61]
["Insumo","E9511","SICRO3","Carregadeira de pneus com capacidade de 3,40 m³ - 195 kW",1,1,0,442.03,218.85579999999999,442.03]
[{"$nulls":6},"Quant. =>",2814.67,"Preço Total =>",8978.7900000000009]
[]
[{"$nulls":5},"Fator de Influencia da Chuva - FIC =>",null,null,null,1.43E-2]
[{"$nulls":5},"Custo Unitário de Execução =>",null,null,null,0.85399999999999998]
["A","Código","Banco","Equipamentos","Quantidade","Utilização",null,"Custo Operacional",null,"Custo Horário"]
[{"$nulls":5},"Custo Unitário de Execução =>",null,null,null,0.96519999999999995]
[{"$nulls":6},"Quant. =>",3280.8,"Preço Total =>",3936.96]
[{"$nulls":5},"Custo Horário de Equipamentos =>",null,null,null,187.27770000000001]
[{"$nulls":5},"Custo do FIC =>",null,null,null,0]
[{"$nulls":5},"Produção de Equipe =>",null,null,null,24.9]
[{"$nulls":6},"LN","RP","P"]
[{"$nulls":5},"Custo total dos Momentos de Transportes =>",null,null,null,0]
["A","Código","Banco","Equipamentos","Quantidade","Utilização",null,"Custo Operacional",null,"Custo Horário"]
[{"$nulls":5},"Fator de Influencia da Chuva - FIC =>",null,null,null,0]
[{"$nulls":5},"Produção de Equipe =>",null,null,null,9]
["Insumo"," M0006 ","SICRO3","FIBRA DE POLIAMIDA PARA CONCRETO","Material",null,"kg",1,null,27.662600000000001,27.662600000000001]
[]
["Insumo"," D020000006 ","EMBASA","ARENOSO, EXCLUSIVE FRETE","Material",null,"m³",1.51,null,79.84,120.55]
[" 6.1.6.2.1 ",null,null,"DRENO FINGER",{"$nulls":6},7929.14]
[{"$nulls":5},"Operativa","Improdutiva","Operativa","Improdutiva"]
["Insumo","P9824","SICRO3","Servente",4,null,null,null,21.465699999999998,85.862799999999993]
[{"$nulls":4},"Valor do BDI =>",1.1200000000000001,null,"Valor com BDI =>",null,6.11]
["A","Código","Banco","Equipamentos","Quantidade","Utilização",null,"Custo Operacional",null,"Custo Horário"]
[{"$nulls":5},"Custo Horário de Equipamentos =>",null,null,null,1191.3308999999999]
[]
["Insumo","E9575","SICRO3","Caminhão basculante com caçamba estanque com capacidade de 14 m³ - 188 kW",1,1,0,297.71420000000001,90.774600000000007,297.71420000000001]
[{"$nulls":5},"Custo do FIC =>",null,null,null,1.2200000000000001E-2]
[{"$nulls":4},"MO sem LS =>",0,"LS =>",0,"MO com LS =>",0]
["Composição",5502585,"SICRO3","Escavação, carga e transporte de material de 2ª categoria - DMT de 50 a 200 m - caminho de serviço em leito natural - com escavadeira e caminhão basculante de 14 m³","",null,"m³",1,null,8.0399999999999991,8.0399999999999991]
[{"$nulls":5},"Adc.M.O. - Ferramentas (0,0%) =>",null,null,null,0]
[{"$nulls":4},"Valor do BDI =>",1.81,null,"Valor com BDI =>",null,9.85]
[]
["Insumo","E9574","SICRO3","Perfuratriz sobre esteiras - 145 kW",1,1,0,406.70780000000002,181.6712,406.70780000000002]
["Insumo","E9540","SICRO3","Trator sobre esteiras com lâmina - 127 kW",1,0.38,0.62,322.01350000000002,134.76900000000001,205.92189999999999]
[{"$nulls":5},"Fator de Influencia da Chuva - FIC =>",null,null,null,2.3999999999999998E-3]
[{"$nulls":5},"Custo Unitário de Execução =>",null,null,null,26.036999999999999]
["Insumo","SICRO3","M2141","Nonel de iniciação para fogacho - C = 6,0 m",0.15714,"un",14.9138,null,null,2.3435999999999999]
[{"$nulls":6},"Quant. =>",332,"Preço Total =>",16676.36]
["Insumo","E9042","SICRO3","Trator sobre esteiras com lâmina - 97 kW",1,1,0,256.45519999999999,112.74250000000001,256.45519999999999]
["Insumo","P9824","SICRO3","Servente",4,null,null,null,21.465699999999998,85.862799999999993]
[{"$nulls":4},"MO sem LS =>",0.82267701446775898,"LS =>",0,"MO com LS =>",0.82267701446775898]
[{"$nulls":4},"Valor do BDI =>",1.1200000000000001,null,"Valor com BDI =>",null,6.11]
[{"$nulls":5},"Custo Horário de Equipamentos =>",null,null,null,567.62860000000001]
[{"$nulls":5},"Produção de Equipe =>",null,null,null,32.26]
[]
[{"$nulls":5},"Custo do FIC =>",null,null,null,2.3599999999999999E-2]
[{"$nulls":4},"Valor do BDI =>",0.37,null,"Valor com BDI =>",null,2.0499999999999998]
["A","Código","Banco","Equipamentos","Quantidade","Utilização",null,"Custo Operacional",null,"Custo Horário"]
[{"$nulls":5},"Adc.M.O. - Ferramentas (0,0%) =>",null,null,null,0]
[{"$nulls":5},"Produção de Equipe =>",null,null,null,66.400000000000006]
["Insumo","SICRO3","M2111","Mandíbula fixa para britador - abertura de alimentação com L = 930 mm",6.0000000000000002E-5,"un",32034.5798,null,null,1.9220999999999999]
[{"$nulls":5},"Custo Total das Atividades =>",null,null,null,20.5656]
["Composição",5914351,"SICRO3","CARGA, MANOBRA E DESCARGA DE AGREGADOS OU SOLOS EM CAMINHÃO BASCULANTE DE 14 M³ - CARGA COM CARREGADEIRA DE 3,40 M³ EDESCARGA LIVRE","",null,"t",1,null,2.61,2.61]
[{"$nulls":5},"Custo Horário de Equipamentos =>",null,null,null,1191.3308999999999]
[{"$nulls":4},"Valor do BDI =>",0.57999999999999996,null,"Valor com BDI =>",null,3.19]
[{"$nulls":6},"Quant. =>",985.42,"Preço Total =>",3143.48]
[{"$nulls":5},"Custo Horário de Execução =>",null,null,null,297.71420000000001]
[{"$nulls":5},"Produção de Equipe =>",null,null,null,348.6]
["Composição"," 11.10.01 ","EMBASA","FORNEC. E COLOCACAO DE MANTA GEOTEXTIL NAO TECIDA C/ GRAMATURA DE 200 g/m² A 220 g/m²",1110,null,"m²",1,null,7.13,7.13]
["Insumo",41780,"SINAPI","TUBO CORRUGADO PEAD, PAREDE DUPLA, INTERNA LISA, JEI, DN/DI 300 MM, PARA SANEAMENTO (DRENAGEM/ESGOTO)","Material",null,"M",1,null,212.16,212.16]
[{"$nulls":6},"Quant. =>",1488.6,"Preço Total =>",360092.34]
[{"$nulls":5},"Operativa","Improdutiva","Operativa","Improdutiva"]
[{"$nulls":5},"Fator de Influencia da Chuva - FIC =>",null,null,null,2.3999999999999998E-3]
[{"$nulls":5},"Custo Unitário de Execução =>",null,null,null,0.52410000000000001]
[{"$nulls":5},"Operativa","Improdutiva","Operativa","Improdutiva"]
["Insumo","E9541","SICRO3","Trator sobre esteiras com lâmina - 259 kW",1,1,0,760.50620000000004,307.02120000000002,760.50620000000004]
[{"$nulls":5},"Produção de Equipe =>",null,null,null,20.75]
[{"$nulls":4},"Valor do BDI =>",8.75,null,"Valor com BDI =>",null,47.56]
[{"$nulls":5},"Operativa","Improdutiva","Operativa","Improdutiva"]
[{"$nulls":5},"Custo do FIC =>",null,null,null,0.22939999999999999]
[{"$nulls":4},"MO sem LS =>",5.1724578313253016,"LS =>",0,"MO com LS =>",5.1724578313253016]
["A","Código","Banco","Equipamentos","Quantidade","Utilização",null,"Custo Operacional",null,"Custo Horário"]
[{"$nulls":5},"Custo Horário da Mão de Obra =>",null,null,null,21.465699999999998]
[{"$nulls":5},"Produção de Equipe =>",null,null,null,230.19]
[" 6.2.1.5 ","Código","Banco","Descrição","Tipo",null,"Und","Quant.","Porcent.","Valor Unit","Total"]
[{"$nulls":4},"Valor do BDI =>",2.0499999999999998,null,"Valor com BDI =>",null,11.17]
["A","Código","Banco","Equipamentos","Quantidade","Utilização",null,"Custo Operacional",null,"Custo Horário"]
[{"$nulls":5},"Custo Horário de Execução =>",null,null,null,297.71420000000001]
[" 6.2.1.7 ","Código","Banco","Descrição","Tipo",null,"Und","Quant.","Porcent.","Valor Unit","Total"]
[{"$nulls":5},"Custo Horário de Equipamentos =>",null,null,null,322.01350000000002]
[{"$nulls":5},"Adc.M.O. - Ferramentas (0,0%) =>",null,null,null,0]
[{"$nulls":5},"Custo do FIC =>",null,null,null,2.7699999999999999E-2]
[]
[{"$nulls":5},"Custo Horário de Equipamentos =>",null,null,null,1278.7371000000001]
[{"$nulls":5},"Custo Horário da Mão de Obra =>",null,null,null,21.465699999999998]
[{"$nulls":4},"MO sem LS =>",9.3252096094530598E-2,"LS =>",0,"MO com LS =>",9.3252096094530598E-2]
["Insumo","E9667","SICRO3","Caminhão basculante com capacidade de 14 m³ - 188 kW",8,0.9,0.1,297.32,90.567700000000002,2213.1581999999999]
["B","Código","Banco","Mão de Obra","Quantidade","Salário Hora",null,null,null,"Custo Horário"]
[{"$nulls":5},"Produção de Equipe =>",null,null,null,230.19]
[{"$nulls":4},"MO sem LS =>",9.3252096094530598E-2,"LS =>",0,"MO com LS =>",9.3252096094530598E-2]
[{"$nulls":5},"Operativa","Improdutiva","Operativa","Improdutiva"]
[{"$nulls":5},"Fator de Influencia da Chuva - FIC =>",null,null,null,4.7999999999999996E-3]
[{"$nulls":5},"Produção de Equipe =>",null,null,null,131.61000000000001]
["Composição",5502742,"SICRO3","ESCAVAÇÃO, CARGA E TRANSPORTE DE MATERIAL DE 3ª CATEGORIA - DMT DE 50 A 200 M - CAMINHO DE SERVIÇO EM LEITO NATURAL COMCAMINHÃO BASCULANTE DE 12 M³","",null,"m³",1,null,40.99,40.99]
["Insumo","E9117","SICRO3","Carregadeira de pneus para rocha com capacidade de 2,50 m³ - 105 kW",1,0.78,0.22,359.73469999999998,157.4614,315.2346]
["Insumo","P9892","SICRO3","Auxiliar de blaster",2,null,null,null,34.436,68.872]
[{"$nulls":5},"Produção de Equipe =>",null,null,null,64.84]
["Insumo","SICRO3","M2042","Emulsão explosiva encartuchada",0.56232000000000004,"kg",13.049300000000001,null,null,7.3379000000000003]
["Insumo","SICRO3","M2143","Nonel de ligação - C = 6,0 m",1.5709999999999998E-2,"un",17.517800000000001,null,null,0.2752]
[" 6.2.2.1.5 ","Código","Banco","Descrição","Tipo",null,"Und","Quant.","Porcent.","Valor Unit","Total"]
["Insumo","E9672","SICRO3","Caminhão basculante para rocha com capacidade de 12 m³ - 188 kW",4,0.88,0.12,309.83929999999998,108.2497,1142.5942]
["Insumo","E9540","SICRO3","Trator sobre esteiras com lâmina - 127 kW",1,0.38,0.62,322.01350000000002,134.76900000000001,205.92189999999999]
[{"$nulls":5},"Custo do FIC =>",null,null,null,8.2400000000000001E-2]
["Insumo","SICRO3","M2062","Coroa de botões esféricos linha T38 - D = 64 mm (2 1/2”)",3.4000000000000002E-4,"un",721.71960000000001,null,null,0.24540000000000001]
["Insumo","SICRO3","M2141","Nonel de iniciação para fogacho - C = 6,0 m",0.15714,"un",14.9138,null,null,2.3435999999999999]
["Insumo","SICRO3","M2067","Punho linha T38 para perfuratriz sobre esteiras - D = 38 mm (1 1/2”)",1.2999999999999999E-4,"un",1000.3667,null,null,0.13]
[]
["Insumo","E9574","SICRO3","Perfuratriz sobre esteiras - 145 kW",1,1,0,406.70780000000002,181.6712,406.70780000000002]
["B","Código","Banco","Mão de Obra","Quantidade","Salário Hora",null,null,null,"Custo Horário"]
[{"$nulls":5},"Fator de Influencia da Chuva - FIC =>",null,null,null,2.3999999999999998E-3]
["Insumo","SICRO3","M2144","Nonel de coluna - C = 6,0 m",0.04,"un",14.9855,null,null,0.59940000000000004]
["Insumo","SICRO3","M2141","Nonel de iniciação para fogacho - C = 6,0 m",0.15714,"un",14.9138,null,null,2.3435999999999999]
[{"$nulls":6},"Quant. =>",13014.22,"Preço Total =>",813518.89]
["Composição",5505768,"SICRO3","Pré-fissuramento de material de 3ª categoria","",null,"m²",1,null,80.91,80.91]
["Insumo","P9852","SICRO3","Blaster",1,null,null,null,38.045200000000001,38.045200000000001]
["C","Banco","Código","Material","Quantidade","Unidade","Preço Unitário",null,null,"Custo Horário"]
["Insumo","SICRO3","M2065","Haste linha T38 para perfuratriz sobre esteiras - D = 38,0 mm (1 1/2”) e C = 3,05 m",1.1900000000000001E-3,"un",2083.3042,null,null,2.4790999999999999]
[{"$nulls":4},"MO sem LS =>",12.881590361445783,"LS =>",0,"MO com LS =>",12.881590361445783]
["Insumo","E9540","SICRO3","Trator sobre esteiras com lâmina - 127 kW",1,1,0,322.01350000000002,134.76900000000001,322.01350000000002]
[{"$nulls":5},"Custo Horário de Equipamentos =>",null,null,null,322.01350000000002]
[{"$nulls":5},"Custo Unitário de Execução =>",null,null,null,1.9426000000000001]
[{"$nulls":6},"Quant. =>",126334.76,"Preço Total =>",304466.77]
[{"$nulls":5},"Operativa","Improdutiva","Operativa","Improdutiva"]
[{"$nulls":5},"Custo do FIC =>",null,null,null,1.9199999999999998E-2]
[{"$nulls":4},"MO sem LS =>",9.3252096094530598E-2,"LS =>",0,"MO com LS =>",9.3252096094530598E-2]
["A","Código","Banco","Equipamentos","Quantidade","Utilização",null,"Custo Operacional",null,"Custo Horário"]
[{"$nulls":4},"MO sem LS =>",0,"LS =>",0,"MO com LS =>",0]
[" 6.2.2.3 ",null,null,"ATERRO",{"$nulls":6},573638.51]
["Insumo","E9571","SICRO3","Caminhão tanque com capacidade de 10.000 l - 188 kW",1,0.9,0.1,321.9742,87.045699999999997,298.48140000000001]
["Insumo","E9685","SICRO3","Rolo compactador pé de carneiro vibratório autopropelido por pneus de 11,6 t - 82 kW",1,1,0,221.4451,102.9592,221.4451]
[{"$nulls":5},"Produção de Equipe =>",null,null,null,168.2]
[]
["Insumo","E9526","SICRO3","Retroescavadeira de pneus - capacidade da caçamba da pá-carregadeira de 0,76 m³ e da",1,1,0,151.10929999999999,79.652699999999996,151.10929999999999]
[{"$nulls":5},"Custo Horário de Equipamentos =>",null,null,null,567.62860000000001]
[" 6.2.3.2 ","Código","Banco","Descrição","Tipo",null,"Und","Quant.","Porcent.","Valor Unit","Total"]
["Composição",5914346,"SICRO3","TRANSPORTE DE MATERIAL DE 3ª CATEGORIA COM CAMINHÃO BASCULANTE DE 8 M³ PARA ROCHA - RODOVIA EM LEITO NATURAL","",null,"tkm",1,null,1.68,1.68]
[{"$nulls":5},"Custo do FIC =>",null,null,null,2.3599999999999999E-2]
[{"$nulls":4},"Valor do BDI =>",0.37,null,"Valor com BDI =>",null,2.0499999999999998]
["Insumo","E9117","SICRO3","Carregadeira de pneus para rocha com capacidade de 2,50 m³ - 105 kW",1,0.46,0.54,359.73469999999998,157.4614,250.50710000000001]
[{"$nulls":5},"Produção de Equipe =>",null,null,null,66.400000000000006]
[{"$nulls":5},"Custo Total das Atividades =>",null,null,null,2.7988]
[{"$nulls":6},"Quant. =>",4201,"Preço Total =>",103218.57]
["Insumo","E9611","SICRO3","Conjunto de britagem com capacidade de 80 m³/h - 313 kW",1,1,0,995.71289999999999,648.64750000000004,995.71289999999999]
[{"$nulls":5},"Custo Horário de Equipamentos =>",null,null,null,1737.1402]
[{"$nulls":5},"Custo Unitário de Execução =>",null,null,null,28.748000000000001]
["Insumo","SICRO3","M2114","Cunha lateral superior para britador",1.0000000000000001E-5,"un",2444.7143000000001,null,null,2.4400000000000002E-2]
["D","Banco","Código","Atividades Auxiliares","Quantidade","Unidade","Preço Unitário",null,null,"Custo Horário"]
["A","Código","Banco","Equipamentos","Quantidade","Utilização",null,"Custo Operacional",null,"Custo Horário"]
["Insumo","E9511","SICRO3","Carregadeira de pneus com capacidade de 3,40 m³ - 195 kW",1,1,0,442.03,218.85579999999999,442.03]
[{"$nulls":5},"Custo Unitário de Execução =>",null,null,null,2.6059000000000001]
["Insumo","E9575","SICRO3","Caminhão basculante com caçamba estanque com capacidade de 14 m³ - 188 kW",1,1,0,297.71420000000001,90.774600000000007,297.71420000000001]
[{"$nulls":5},"Fator de Influencia da Chuva - FIC =>",null,null,null,1.43E-2]
[{"$nulls":6},"Quant. =>",9423.0456453999996,"Preço Total =>",9988.42]
["Insumo","E9541","SICRO3","Trator sobre esteiras com lâmina - 259 kW",1,1,0,760.50620000000004,307.02120000000002,760.50620000000004]
[{"$nulls":5},"Produção de Equipe =>",null,null,null,50.11]
[{"$nulls":4},"MO sem LS =>",0.29036125499999998,"LS =>",0,"MO com LS =>",0.29036125499999998]
["Composição Auxiliar",88316,"SINAPI","SERVENTE COM ENCARGOS COMPLEMENTARES","SEDI - SERVIÇOS DIVERSOS",null,"H",0.14000000000000001,null,23.23,3.25]
[{"$nulls":4},"Valor do BDI =>",1.31,null,"Valor com BDI =>",null,7.15]
["A","Código","Banco","Equipamentos","Quantidade","Utilização",null,"Custo Operacional",null,"Custo Horário"]
[{"$nulls":5},"Operativa","Improdutiva","Operativa","Improdutiva"]
["Insumo","E9577","SICRO3","Trator agrícola sobre pneus - 77 kW",1,0.52,0.48,148.2132,57.663899999999998,104.7495]
[{"$nulls":5},"Produção de Equipe =>",null,null,null,168.2]
["Atividade Auxiliar","SICRO3",4016096,"Escavação e carga de material de jazida com escavadeira hidráulica de 1,56 m³",1.1002700000000001,"m³",1.36,null,null,1.4964]
[{"$nulls":6},"LN","RP","P"]
["A","Código","Banco","Equipamentos","Quantidade","Utilização",null,"Custo Operacional",null,"Custo Horário"]
[{"$nulls":5},"Custo Horário de Equipamentos =>",null,null,null,296.24459999999999]
[{"$nulls":4},"Valor do BDI =>",0.27,null,"Valor com BDI =>",null,1.48]
[]
[{"$nulls":5},"Custo Horário de Equipamentos =>",null,null,null,60.269199999999998]
[{"$nulls":5},"Fator de Influencia da Chuva - FIC =>",null,null,null,0]
[{"$nulls":5},"Produção de Equipe =>",null,null,null,4.0080999999999998]
[{"$nulls":5},"Custo Total das Atividades =>",null,null,null,39.139000000000003]
["Tempo Fixo","SICRO3",4816020,"Carga, manobra e descarga de agregados ou solos em caminhão basculante de 10 m³ - carga com carregadeira de 3,40 m³ edescarga livre",5915407,0.26705000000000001,"t",2.72,null,0.72640000000000005]
["Momento de Transporte","SICRO3",4816020,"Areia extraída com draga de sucção tipo bomba - Caminhão basculante com capacidade de 10 m³ - 188 kW",0.26705000000000001,"tkm","5914359\n0,000\nR$ 1,19","5914374\n0,000\nR$ 0,95","5914389\n0,000\nR$ 0,79",0]
[{"$nulls":6},"Quant. =>",979.9,"Preço Total =>",441689.92]
["Insumo"," B010000097 ","EMBASA","SERVENTE","Mão de Obra",null,"H",8.07,null,18.02,145.41999999999999]
[{"$nulls":4},"Valor do BDI =>",122.57,null,"Valor com BDI =>",null,665.9]
["Insumo"," B010000097 ","EMBASA","SERVENTE","Mão de Obra",null,"H",0.2,null,18.02,3.6]
[{"$nulls":4},"Valor do BDI =>",7.54,null,"Valor com BDI =>",null,40.98]
["Insumo","E9584","SICRO3","Carregadeira de pneus com capacidade de 1,72 m³ - 113 kW",1,0.34,0.66,203.21250000000001,104.4208,138.01]
[{"$nulls":5},"Adc.M.O. - Ferramentas (0,0%) =>",null,null,null,0]
[{"$nulls":5},"Produção de Equipe =>",null,null,null,24.9]
[{"$nulls":5},"Custo Total do Material =>",null,null,null,189.304]
["Atividade Auxiliar","SICRO3",4816020,"Areia extraída com draga de sucção tipo bomba",0.63758999999999999,"m³",11.74,null,null,7.4852999999999996]
["Momento de Transporte","SICRO3",4816020,"Areia extraída com draga de sucção tipo bomba - Caminhão basculante com capacidade de 10 m³ - 188 kW",0.95638999999999996,"tkm","5914359\n0,000\nR$ 1,19","5914374\n0,000\nR$ 0,95","5914389\n0,000\nR$ 0,79",0]
[{"$nulls":4},"MO sem LS =>",8.9898363901943465,"LS =>",0,"MO com LS =>",8.9898363901943465]
[]
["Insumo","E9526","SICRO3","Retroescavadeira de pneus - capacidade da caçamba da pá-carregadeira de 0,76 m³ e da",1,1,0,151.10929999999999,79.652699999999996,151.10929999999999]
[{"$nulls":6},"Quant. =>",2052.6799999999998,"Preço Total =>",44276.3]
["Composição",5914346,"SICRO3","TRANSPORTE DE MATERIAL DE 3ª CATEGORIA COM CAMINHÃO BASCULANTE DE 8 M³ PARA ROCHA - RODOVIA EM LEITO NATURAL","",null,"tkm",1,null,1.68,1.68]
[{"$nulls":5},"Fator de Influencia da Chuva - FIC =>",null,null,null,1.43E-2]
[{"$nulls":5},"Custo Unitário de Execução =>",null,null,null,1.6575]
["Insumo","E9667","SICRO3","Caminhão basculante com capacidade de 14 m³ - 188 kW",3,0.77,0.23,297.32,90.567700000000002,749.30089999999996]
[{"$nulls":5},"Produção de Equipe =>",null,null,null,457.16]
[{"$nulls":4},"Valor do BDI =>",0.57999999999999996,null,"Valor com BDI =>",null,3.19]
["Insumo","E9575","SICRO3","Caminhão basculante com caçamba estanque com capacidade de 14 m³ - 188 kW",1,1,0,297.71420000000001,90.774600000000007,297.71420000000001]
[{"$nulls":4},"Valor do BDI =>",0.19,null,"Valor com BDI =>",null,1.06]
[" 6.2.5.7 ","Código","Banco","Descrição","Tipo",null,"Und","Quant.","Porcent.","Valor Unit","Total"]
[{"$nulls":5},"Fator de Influencia da Chuva - FIC =>",null,null,null,1.43E-2]
[{"$nulls":5},"Custo Unitário de Execução =>",null,null,null,0.96519999999999995]
["Composição",1106088,"SICRO3","LANÇAMENTO MECÂNICO DE CONCRETO COM BOMBA REBOCÁVEL COM CAPACIDADE DE 30 M³/H - CONFECÇÃO EM CENTRAL DOSADORA DE 30 M³/H.","",null,"m³",1,null,57.76,57.76]
[{"$nulls":5},"Adc.M.O. - Ferramentas (0,0%) =>",null,null,null,0]
[{"$nulls":5},"Custo do FIC =>",null,null,null,0]
["E","Banco","Insumo","Tempos Fixos","Código","Quantidade","Unidade","Preço Unitário",null,"Custo Horário"]
[{"$nulls":6},"Quant. =>",3268,"Preço Total =>",231341.72]
["Composição",1100657,"SICRO3","ADENSAMENTO DE CONCRETO POR VIBRADOR DE IMERSÃO.","",null,"m³",1,null,3.32,3.32]
["Insumo","P9824","SICRO3","Servente",1,null,null,null,21.465699999999998,21.465699999999998]
[{"$nulls":5},"Custo Horário de Execução =>",null,null,null,29.8536]
["Insumo"," M0006 ","SICRO3","FIBRA DE POLIAMIDA PARA CONCRETO","Material",null,"kg",1,null,27.662600000000001,27.662600000000001]
[" 6.2.5.11 ","Código","Banco","Descrição","Tipo",null,"Und","Quant.","Porcent.","Valor Unit","Total"]
["Insumo"," D010000008 ","EMBASA","CIMENTO PORTLAND COMPOSTO CP II-32","Material",null,"KG",164,null,0.75,123]
[{"$nulls":4},"MO sem LS =>",145.41999999999999,"LS =>",0,"MO com LS =>",145.41999999999999]
[{"$nulls":5},"Operativa","Improdutiva","Operativa","Improdutiva"]
[{"$nulls":5},"Custo Horário de Equipamentos =>",null,null,null,428.05439999999999]
[{"$nulls":5},"Custo Horário de Execução =>",null,null,null,513.91719999999998]
[{"$nulls":5},"Custo Unitário de Execução =>",null,null,null,4.9240000000000004]
["A","Código","Banco","Equipamentos","Quantidade","Utilização",null,"Custo Operacional",null,"Custo Horário"]
[{"$nulls":5},"Custo do FIC =>",null,null,null,0]
[{"$nulls":4},"Valor do BDI =>",0.57999999999999996,null,"Valor com BDI =>",null,3.19]
["Insumo","E9575","SICRO3","Caminhão basculante com caçamba estanque com capacidade de 14 m³ - 188 kW",1,1,0,297.71420000000001,90.774600000000007,297.71420000000001]
[{"$nulls":4},"MO sem LS =>",0,"LS =>",0,"MO com LS =>",0]
[{"$nulls":6},"Quant. =>",12271.5,"Preço Total =>",13007.79]
["Insumo","E9646","SICRO3","Compressor de ar portátil de 58,52 l/s (124 PCM) - 27 kW",1,1,0,43.116199999999999,10.8597,43.116199999999999]
["Insumo","P9852","SICRO3","Blaster",1,null,null,null,38.045200000000001,38.045200000000001]
[{"$nulls":5},"Adc.M.O. - Ferramentas (0,0%) =>",null,null,null,0]
["Insumo","SICRO3","M2065","Haste linha T38 para perfuratriz sobre esteiras - D = 38,0 mm (1 1/2”) e C = 3,05 m",1.6000000000000001E-4,"un",2083.3042,null,null,0.33329999999999999]
["Insumo","SICRO3","M2144","Nonel de coluna - C = 6,0 m",0.04,"un",14.9855,null,null,0.59940000000000004]
[{"$nulls":4},"MO sem LS =>",1.6489389265885257,"LS =>",0,"MO com LS =>",1.6489389265885257]
[{"$nulls":5},"Custo Horário de Equipamentos =>",null,null,null,322.01350000000002]
[{"$nulls":5},"Custo Horário da Mão de Obra =>",null,null,null,21.465699999999998]
[{"$nulls":5},"Custo Unitário de Execução =>",null,null,null,1.9426000000000001]
[{"$nulls":6},"Quant. =>",1158,"Preço Total =>",2790.78]
["B","Código","Banco","Mão de Obra","Quantidade","Salário Hora",null,null,null,"Custo Horário"]
[{"$nulls":5},"Custo do FIC =>",null,null,null,7.0199999999999999E-2]
[" 6.2.6.1.2.4 ","Código","Banco","Descrição","Tipo",null,"Und","Quant.","Porcent.","Valor Unit","Total"]
["Insumo","E9526","SICRO3","Retroescavadeira de pneus - capacidade da caçamba da pá-carregadeira de 0,76 m³ e da",1,1,0,151.10929999999999,79.652699999999996,151.10929999999999]
[{"$nulls":5},"Custo Unitário de Execução =>",null,null,null,17.595400000000001]
[{"$nulls":4},"MO sem LS =>",0,"LS =>",0,"MO com LS =>",0]
["A","Código","Banco","Equipamentos","Quantidade","Utilização",null,"Custo Operacional",null,"Custo Horário"]
[{"$nulls":5},"Fator de Influencia da Chuva - FIC =>",null,null,null,1.43E-2]
[]
["Insumo","E9611","SICRO3","Conjunto de britagem com capacidade de 80 m³/h - 313 kW",1,1,0,995.71289999999999,648.64750000000004,995.71289999999999]
[{"$nulls":5},"Custo do FIC =>",null,null,null,6.8099999999999994E-2]
["C","Banco","Código","Material","Quantidade","Unidade","Preço Unitário",null,null,"Custo Horário"]
["Insumo","SICRO3","M2113","Revestimento do bojo interno do britador cônico HP200 ou similar",4.0000000000000003E-5,"un",24245.382099999999,null,null,0.9698]
["Atividade Auxiliar","SICRO3",4816010,"Rocha para britagem com perfuratriz sobre esteira",0.56999999999999995,"m³",36.08,null,null,20.5656]
[{"$nulls":5},"Operativa","Improdutiva","Operativa","Improdutiva"]
[{"$nulls":5},"Custo do FIC =>",null,null,null,0]
[{"$nulls":4},"MO sem LS =>",0,"LS =>",0,"MO com LS =>",0]
[{"$nulls":5},"Custo Horário de Equipamentos =>",null,null,null,297.71420000000001]
[{"$nulls":5},"Fator de Influencia da Chuva - FIC =>",null,null,null,1.43E-2]
[]
[" 6.2.6.1.2.10 ","Código","Banco","Descrição","Tipo",null,"Und","Quant.","Porcent.","Valor Unit","Total"]
[{"$nulls":4},"MO sem LS =>",0,"LS =>",0,"MO com LS =>",0]
["A","Código","Banco","Equipamentos","Quantidade","Utilização",null,"Custo Operacional",null,"Custo Horário"]
["Insumo","P9824","SICRO3","Servente",2,null,null,null,21.465699999999998,42.931399999999996]
[{"$nulls":5},"Fator de Influencia da Chuva - FIC =>",null,null,null,0]
[{"$nulls":5},"Custo Total do Material =>",null,null,null,205.07919999999999]
["Tempo Fixo","SICRO3",4816012,"Carga, manobra e descarga de agregados ou solos em caminhão basculante de 10 m³ - carga com carregadeira de 3,40 m³ edescarga livre",5915407,1.1026199999999999,"t",2.72,null,2.9990999999999999]
["F","Banco","Insumo","Momento de Transporte","Quantidade","Unidade","Distância Média de Transporte (DMT)",null,null,"Custo Horário"]
[{"$nulls":4},"MO sem LS =>",9.2024484104417663,"LS =>",0,"MO com LS =>",9.2024484438461478]
[{"$nulls":4},"Valor do BDI =>",63.6,null,"Valor com BDI =>",null,345.53]
[{"$nulls":5},"Fator de Influencia da Chuva - FIC =>",null,null,null,1.43E-2]
[{"$nulls":4},"Valor do BDI =>",0.22,null,"Valor com BDI =>",null,1.2]
[" 6.2.6.1.3.3 ","Código","Banco","Descrição","Tipo",null,"Und","Quant.","Porcent.","Valor Unit","Total"]
[{"$nulls":5},"Custo Horário de Equipamentos =>",null,null,null,8.3879000000000001]
[{"$nulls":4},"MO sem LS =>",2.3850777777777776,"LS =>",0,"MO com LS =>",2.3850777777777776]
[]
["Insumo","P9805","SICRO3","Armador",0.09,null,null,null,30.334199999999999,2.7301000000000002]
[{"$nulls":5},"Fator de Influencia da Chuva - FIC =>",null,null,null,0]
["Tempo Fixo","SICRO3","M0004","Carga, manobra e descarga de materiais diversos em caminhão carroceria de 15 t - carga e descarga manuais",5914655,1.1000000000000001E-3,"t",33.15,null,3.6499999999999998E-2]
["Momento de Transporte","SICRO3","M0075","Arame liso recozido em aço-carbono - D = 1,24 mm (18 BWG) - Caminhão carroceria com capacidade de 15 t - 188 kW",2.0000000000000002E-5,"tkm","5914449\n0,000\nR$ 1,08","5914464\n0,000\nR$ 0,86","5914479\n0,000\nR$ 0,71",0]
[{"$nulls":4},"Valor do BDI =>",2.68,null,"Valor com BDI =>",null,14.56]
[{"$nulls":5},"Custo Horário de Equipamentos =>",null,null,null,1.9715]
[{"$nulls":5},"Custo Horário de Execução =>",null,null,null,38.946899999999999]
[{"$nulls":5},"Produção de Equipe =>",null,null,null,1]
["Insumo","SICRO3","M1205","Prego de ferro",0.20394999999999999,"kg",15.58,null,null,3.1775000000000002]
[{"$nulls":5},"Custo Total do Material =>",null,null,null,42.516800000000003]
["Tempo Fixo","SICRO3","M0286","Carga, manobra e descarga de materiais diversos em caminhão carroceria de 15 t - carga e descarga manuais",5914655,2.7000000000000001E-3,"t",33.15,null,8.9499999999999996E-2]
["Momento de Transporte","SICRO3","M0310","Peça de madeira - L = 7,5 cm e E = 2,5 cm - Caminhão carroceria com capacidade de 15 t - 188 kW",3.6999999999999999E-4,"tkm","5914449\n0,000\nR$ 1,08","5914464\n0,000\nR$ 0,86","5914479\n0,000\nR$ 0,71",0]
["Momento de Transporte","SICRO3","M0286","Tábua - E = 2,5 cm e L = 30 cm - Caminhão carroceria com capacidade de 15 t - 188 kW",2.7000000000000001E-3,"tkm","5914449\n0,000\nR$ 1,08","5914464\n0,000\nR$ 0,86","5914479\n0,000\nR$ 0,71",0]
["Insumo",862,"SBC","TUBO METALICO EQUIPADO PARA CIMBRAMENTO (DIAMETRO DA SECAO 1 1/2 \")","Material",null,"M/MES",0.65200000000000002,null,25.73,16.77]
[" 6.2.6.1.4 ",null,null,"CAIXA DE PASSAGEM",{"$nulls":6},5225]
["A","Código","Banco","Equipamentos","Quantidade","Utilização",null,"Custo Operacional",null,"Custo Horário"]
["B","Código","Banco","Mão de Obra","Quantidade","Salário Hora",null,null,null,"Custo Horário"]
[{"$nulls":5},"Adc.M.O. - Ferramentas (0,0%) =>",null,null,null,0]
[{"$nulls":5},"Custo Total do Material =>",null,null,null,205.07919999999999]
["Tempo Fixo","SICRO3",4816020,"Carga, manobra e descarga de agregados ou solos em caminhão basculante de 10 m³ - carga com carregadeira de 3,40 m³ edescarga livre",5915407,0.93698000000000004,"t",2.72,null,2.5486]
["Tempo Fixo","SICRO3","M0424","Carga, manobra e descarga de materiais diversos em caminhão carroceria de 15 t - carga e descarga manuais",5914655,0.29752000000000001,"t",33.15,null,9.8628]
["Momento de Transporte","SICRO3",4816012,"Brita produzida em central de britagem de 80 m³/h - Caminhão basculante com capacidade de 10 m³ - 188 kW",1.1026199999999999,"tkm","5914359\n0,000\nR$ 1,19","5914374\n0,000\nR$ 0,95","5914389\n0,000\nR$ 0,79",0]
["A","Código","Banco","Equipamentos","Quantidade","Utilização",null,"Custo Operacional",null,"Custo Horário"]
[{"$nulls":5},"Custo Horário de Equipamentos =>",null,null,null,307.62630000000001]
[{"$nulls":5},"Custo Unitário de Execução =>",null,null,null,0.96519999999999995]
[]
[{"$nulls":5},"Custo Horário da Mão de Obra =>",null,null,null,21.465699999999998]
[{"$nulls":5},"Produção de Equipe =>",null,null,null,9]
[{"$nulls":6},"Quant. =>",4.05,"Preço Total =>",16.440000000000001]
[{"$nulls":5},"Custo Horário da Mão de Obra =>",null,null,null,4.7531999999999996]
["C","Banco","Código","Material","Quantidade","Unidade","Preço Unitário",null,null,"Custo Horário"]
["E","Banco","Insumo","Tempos Fixos","Código","Quantidade","Unidade","Preço Unitário",null,"Custo Horário"]
["Momento de Transporte","SICRO3","M0075","Arame liso recozido em aço-carbono - D = 1,24 mm (18 BWG) - Caminhão carroceria com capacidade de 15 t - 188 kW",2.0000000000000002E-5,"tkm","5914449\n0,000\nR$ 1,08","5914464\n0,000\nR$ 0,86","5914479\n0,000\nR$ 0,71",0]
["Composição",3107997,"SICRO3","Fôrmas de compensado resinado 10 mm - uso geral - utilização de 3 vezes - confecção, instalação e retirada","",null,"m²",1,null,81.96,81.96]
["Insumo","E9535","SICRO3","Serra circular com bancada - D = 30 cm - 4 kW",4.0160000000000001E-2,1,0,31.252500000000001,30.8993,1.2551000000000001]
[{"$nulls":5},"Custo Horário de Execução =>",null,null,null,38.946899999999999]
[{"$nulls":5},"Custo do FIC =>",null,null,null,0]
["Insumo","SICRO3","M0310","Peça de madeira - L = 7,5 cm e E = 2,5 cm",0.19908000000000001,"m",5.2,null,null,1.0351999999999999]
["Tempo Fixo","SICRO3","M0310","Carga, manobra e descarga de materiais diversos em caminhão carroceria de 15 t - carga e descarga manuais",5914655,3.6999999999999999E-4,"t",33.15,null,1.23E-2]
["Tempo Fixo","SICRO3","M0290","Carga, manobra e descarga de materiais diversos em caminhão carroceria de 15 t - carga e descarga manuais",5914655,5.2300000000000003E-3,"t",33.15,null,0.1734]
["Momento de Transporte","SICRO3","M0560","Desmoldante para fôrmas de madeira - Caminhão carroceria com capacidade de 15 t - 188 kW",2.0000000000000002E-5,"tkm","5914449\n0,000\nR$ 1,08","5914464\n0,000\nR$ 0,86","5914479\n0,000\nR$ 0,71",0]
["Momento de Transporte","SICRO3","M0290","Tábua - E = 2,5 cm e L = 10 cm - Caminhão carroceria com capacidade de 15 t - 188 kW",5.2300000000000003E-3,"tkm","5914449\n0,000\nR$ 1,08","5914464\n0,000\nR$ 0,86","5914479\n0,000\nR$ 0,71",0]
[" 6.3.1.1 ","Código","Banco","Descrição","Tipo",null,"Und","Quant.","Porcent.","Valor Unit","Total"]
["B","Código","Banco","Mão de Obra","Quantidade","Salário Hora",null,null,null,"Custo Horário"]
[{"$nulls":5},"Adc.M.O. - Ferramentas (0,0%) =>",null,null,null,0]
[]
[{"$nulls":5},"Custo Horário de Equipamentos =>",null,null,null,760.50620000000004]
[{"$nulls":5},"Custo Horário da Mão de Obra =>",null,null,null,42.931399999999996]
[{"$nulls":5},"Custo do FIC =>",null,null,null,9.1800000000000007E-2]
[{"$nulls":6},"Quant. =>",3281,"Preço Total =>",156044.35999999999]
[{"$nulls":5},"Custo Horário de Equipamentos =>",null,null,null,760.50620000000004]
[{"$nulls":5},"Fator de Influencia da Chuva - FIC =>",null,null,null,2.3999999999999998E-3]
[{"$nulls":4},"Valor do BDI =>",21.88,null,"Valor com BDI =>",null,118.91]
["Insumo","E9667","SICRO3","Caminhão basculante com capacidade de 14 m³ - 188 kW",4,0.76,0.24,297.32,90.567700000000002,990.79780000000005]
[{"$nulls":5},"Adc.M.O. - Ferramentas (0,0%) =>",null,null,null,0]
[{"$nulls":5},"Custo do FIC =>",null,null,null,8.0500000000000002E-2]
["Composição Auxiliar",5631,"SINAPI","ESCAVADEIRA HIDRÁULICA SOBRE ESTEIRAS, CAÇAMBA 0,80 M3, PESO OPERACIONAL 17 T, POTENCIA BRUTA 111 HP - CHP DIURNO. AF_06/2014","CHOR - CUSTOS HORÁRIOS DE MÁQUINAS E EQUIPAMENTOS",null,"CHP",8.3000000000000001E-3,null,224.35,1.86]
[{"$nulls":6},"Quant. =>",164002.96400000001,"Preço Total =>",1831913.1]
["Composição",5901639,"SICRO3","TRANSPORTE COM CAMINHÃO BASCULANTE COM CAÇAMBA ESTANQUE COM CAPACIDADE DE 14 M³ - RODOVIA EM LEITO NATURAL.","",null,"tkm",1,null,0.87,0.87]
[{"$nulls":5},"Custo Unitário de Execução =>",null,null,null,0.85399999999999998]
["Composição",4413942,"SICRO3","ESPALHAMENTO DE MATERIAL EM BOTA-FORA","",null,"m³",1,null,1.97,1.97]
["Insumo","E9540","SICRO3","Trator sobre esteiras com lâmina - 127 kW",1,1,0,322.01350000000002,134.76900000000001,322.01350000000002]
[{"$nulls":5},"Produção de Equipe =>",null,null,null,176.81]
[{"$nulls":4},"MO sem LS =>",0.12140546349188394,"LS =>",0,"MO com LS =>",0.12140546349188394]
["Composição",5502109,"SICRO3","ESCAVAÇÃO, CARGA E TRANSPORTE DE MATERIAL DE 1ª CATEGORIA - DMT DE 50 A 200 M - CAMINHO DE SERVIÇO EM LEITO NATURAL - COMESCAVADEIRA E CAMINHÃO BASCULANTE DE 14 M³","",null,"m³",1,null,5.73,5.73]
["Insumo","E9667","SICRO3","Caminhão basculante com capacidade de 14 m³ - 188 kW",4,0.76,0.24,297.32,90.567700000000002,990.79780000000005]
[{"$nulls":5},"Fator de Influencia da Chuva - FIC =>",null,null,null,1.43E-2]
[]
["A","Código","Banco","Equipamentos","Quantidade","Utilização",null,"Custo Operacional",null,"Custo Horário"]
[{"$nulls":5},"Custo Horário de Equipamentos =>",null,null,null,1581.3245999999999]
[{"$nulls":5},"Fator de Influencia da Chuva - FIC =>",null,null,null,2.3999999999999998E-3]
[{"$nulls":5},"Custo do FIC =>",null,null,null,6.1699999999999998E-2]
["Insumo","SICRO3","M2143","Nonel de ligação - C = 6,0 m",1.5709999999999998E-2,"un",17.517800000000001,null,null,0.2752]
["Insumo","SICRO3","M2146","Nonel iniciador - C = 150,0 m",1.4300000000000001E-3,"un",207.2826,null,null,0.2964]
[]
["Insumo","E9672","SICRO3","Caminhão basculante para rocha com capacidade de 12 m³ - 188 kW",4,0.98,0.02,309.83929999999998,108.2497,1223.23]
[{"$nulls":5},"Custo Horário da Mão de Obra =>",null,null,null,106.91719999999999]
[{"$nulls":5},"Fator de Influencia da Chuva - FIC =>",null,null,null,2.3999999999999998E-3]
["Insumo","SICRO3","M2062","Coroa de botões esféricos linha T38 - D = 64 mm (2 1/2”)",3.4000000000000002E-4,"un",721.71960000000001,null,null,0.24540000000000001]
["Insumo","SICRO3","M2144","Nonel de coluna - C = 6,0 m",0.04,"un",14.9855,null,null,0.59940000000000004]
[{"$nulls":6},"Quant. =>",4651.32,"Preço Total =>",290754.01]
[{"$nulls":5},"Operativa","Improdutiva","Operativa","Improdutiva"]
["Insumo","P9892","SICRO3","Auxiliar de blaster",2,null,null,null,34.436,68.872]
["C","Banco","Código","Material","Quantidade","Unidade","Preço Unitário",null,null,"Custo Horário"]
["Insumo","SICRO3","M2143","Nonel de ligação - C = 6,0 m",3.3329999999999999E-2,"un",17.517800000000001,null,null,0.58389999999999997]
[{"$nulls":5},"Custo Total do Material =>",null,null,null,18.881699999999999]
["Insumo","E9540","SICRO3","Trator sobre esteiras com lâmina - 127 kW",1,1,0,322.01350000000002,134.76900000000001,322.01350000000002]
[{"$nulls":5},"Custo Horário de Equipamentos =>",null,null,null,322.01350000000002]
[{"$nulls":5},"Produção de Equipe =>",null,null,null,176.81]
[{"$nulls":4},"Valor do BDI =>",0.44,null,"Valor com BDI =>",null,2.41]
[{"$nulls":5},"Operativa","Improdutiva","Operativa","Improdutiva"]
[{"$nulls":5},"Fator de Influencia da Chuva - FIC =>",null,null,null,1.43E-2]
[]
["A","Código","Banco","Equipamentos","Quantidade","Utilização",null,"Custo Operacional",null,"Custo Horário"]
[{"$nulls":5},"Custo Unitário de Execução =>",null,null,null,0.85399999999999998]
[{"$nulls":4},"MO sem LS =>",0,"LS =>",0,"MO com LS =>",0]
["Insumo","E9571","SICRO3","Caminhão tanque com capacidade de 10.000 l - 188 kW",1,0.9,0.1,321.9742,87.045699999999997,298.48140000000001]
["B","Código","Banco","Mão de Obra","Quantidade","Salário Hora",null,null,null,"Custo Horário"]
[{"$nulls":5},"Adc.M.O. - Ferramentas (0,0%) =>",null,null,null,0]
[]
["Insumo","E9604","SICRO3","Caminhão basculante para rocha com capacidade de 8 m³ - 210 kW",2,0.56999999999999995,0.43,297.14830000000001,90.430499999999995,416.51929999999999]
[{"$nulls":5},"Custo Horário de Execução =>",null,null,null,567.62860000000001]
[{"$nulls":5},"Custo Unitário de Execução =>",null,null,null,17.595400000000001]
[" 6.3.3.2 ","Código","Banco","Descrição","Tipo",null,"Und","Quant.","Porcent.","Valor Unit","Total"]
[{"$nulls":5},"Produção de Equipe =>",null,null,null,179.28]
[]
[{"$nulls":5},"Operativa","Improdutiva","Operativa","Improdutiva"]
[{"$nulls":5},"Custo Unitário de Execução =>",null,null,null,14.363]
["D","Banco","Código","Atividades Auxiliares","Quantidade","Unidade","Preço Unitário",null,null,"Custo Horário"]
[{"$nulls":4},"Valor do BDI =>",4.5199999999999996,null,"Valor com BDI =>",null,24.57]
["Insumo","E9117","SICRO3","Carregadeira de pneus para rocha com capacidade de 2,50 m³ - 105 kW",1,0.46,0.54,359.73469999999998,157.4614,250.50710000000001]
[{"$nulls":5},"Adc.M.O. - Ferramentas (0,0%) =>",null,null,null,0]
[{"$nulls":5},"Produção de Equipe =>",null,null,null,66.400000000000006]
["Insumo","SICRO3","M2112","Manta do britador cônico HP200 ou similar",3.0000000000000001E-5,"un",21230.413400000001,null,null,0.63690000000000002]
[{"$nulls":5},"Custo Total do Material =>",null,null,null,4.5605000000000002]
["Composição",5914351,"SICRO3","CARGA, MANOBRA E DESCARGA DE AGREGADOS OU SOLOS EM CAMINHÃO BASCULANTE DE 14 M³ - CARGA COM CARREGADEIRA DE 3,40 M³ E DESCARGA LIVRE.","",null,"t",1,null,2.61,2.61]
[{"$nulls":5},"Fator de Influencia da Chuva - FIC =>",null,null,null,0]
[{"$nulls":5},"Produção de Equipe =>",null,null,null,457.16]
["Composição",5901639,"SICRO3","TRANSPORTE COM CAMINHÃO BASCULANTE COM CAÇAMBA ESTANQUE COM CAPACIDADE DE 14 M³ - RODOVIA EM LEITO NATURAL.","",null,"tkm",1,null,0.87,0.87]
["Insumo","E9575","SICRO3","Caminhão basculante com caçamba estanque com capacidade de 14 m³ - 188 kW",1,1,0,297.71420000000001,90.774600000000007,297.71420000000001]
[{"$nulls":4},"Valor do BDI =>",0.19,null,"Valor com BDI =>",null,1.06]
["Insumo","E9530","SICRO3","Rolo compactador liso vibratório autopropelido por pneus de 11 t - 97 kW",1,0.35,0.65,250.4547,112.25449999999999,160.62459999999999]
[{"$nulls":5},"Custo Horário de Execução =>",null,null,null,921.13080000000002]
[{"$nulls":5},"Custo Total das Atividades =>",null,null,null,3.6135999999999999]
["Composição Auxiliar",88309,"SINAPI","PEDREIRO COM ENCARGOS COMPLEMENTARES","SEDI - SERVIÇOS DIVERSOS",null,"H",0.02,null,32.270000000000003,0.64]
["Insumo",2461,"ORSE","Aluguel de compactador placa 415 kg  (dynapac - cm 20 diesel  - 6,0 hp)","Equipamento",null,"h",0.04,null,2.78,0.11]
[{"$nulls":6},"Quant. =>",5477,"Preço Total =>",39160.550000000003]
["A","Código","Banco","Equipamentos","Quantidade","Utilização",null,"Custo Operacional",null,"Custo Horário"]
["B","Código","Banco","Mão de Obra","Quantidade","Salário Hora",null,null,null,"Custo Horário"]
[{"$nulls":5},"Custo Horário de Execução =>",null,null,null,1126.5498]
["D","Banco","Código","Atividades Auxiliares","Quantidade","Unidade","Preço Unitário",null,null,"Custo Horário"]
[{"$nulls":6},"LN","RP","P"]
[]
["Insumo","E9579","SICRO3","Caminhão basculante com capacidade de 10 m³ - 188 kW",1,1,0,296.24459999999999,90.003200000000007,296.24459999999999]
[{"$nulls":4},"MO sem LS =>",0,"LS =>",0,"MO com LS =>",0]
["A","Código","Banco","Equipamentos","Quantidade","Utilização",null,"Custo Operacional",null,"Custo Horário"]
["Insumo","E9064","SICRO3","Transportador manual gerica com capacidade de 180 l",3,0.31,0.69,1.5258,1.0373000000000001,3.5661999999999998]
[{"$nulls":5},"Custo Horário de Execução =>",null,null,null,262.29759999999999]
["Insumo","SICRO3","M0010","Aditivo superplastificante para concreto e argamassa",1.6511800000000001,"kg",16.698399999999999,null,null,27.572099999999999]
["D","Banco","Código","Atividades Auxiliares","Quantidade","Unidade","Preço Unitário",null,null,"Custo Horário"]
[{"$nulls":5},"Custo Total dos Tempos Fixos =>",null,null,null,14.536199999999999]
["F","Banco","Insumo","Momento de Transporte","Quantidade","Unidade","Distância Média de Transporte (DMT)",null,null,"Custo Horário"]
[{"$nulls":4},"Valor do BDI =>",82.97,null,"Valor com BDI =>",null,450.75]
[" 6.3.4.4 ","Código","Banco","Descrição","Tipo",null,"Und","Quant.","Porcent.","Valor Unit","Total"]
["Insumo"," K010000004 ","EMBASA","FRETE PARA AGREGADOS MIUDOS","Material",null,"m³",1.51,null,100,151]
["Insumo"," B010000070 ","EMBASA","IMPERMEABILIZADOR","Mão de Obra",null,"H",0.2,null,28.08,5.61]
["Insumo"," H020000912 ","EMBASA","MÁQUINA DE SOLDA POR TERMOFUSÃO PARA MANTA PEAD","Material",null,"UN",5.0000000000000002E-5,null,106625.48,5.33]
[{"$nulls":5},"Operativa","Improdutiva","Operativa","Improdutiva"]
[{"$nulls":5},"Custo Horário da Mão de Obra =>",null,null,null,42.931399999999996]
[{"$nulls":5},"Fator de Influencia da Chuva - FIC =>",null,null,null,0]
["D","Banco","Código","Atividades Auxiliares","Quantidade","Unidade","Preço Unitário",null,null,"Custo Horário"]
["Atividade Auxiliar","SICRO3",4816012,"Brita produzida em central de britagem de 80 m³/h",0.73507999999999996,"m³",53.84,null,null,39.576700000000002]
["Tempo Fixo","SICRO3","M0424","Carga, manobra e descarga de materiais diversos em caminhão carroceria de 15 t - carga e descarga manuais",5914655,0.27464,"t",33.15,null,9.1043000000000003]
["Momento de Transporte","SICRO3",4816012,"Brita produzida em central de britagem de 80 m³/h - Caminhão basculante com capacidade de 10 m³ - 188 kW",1.1026199999999999,"tkm","5914359\n0,000\nR$ 1,19","5914374\n0,000\nR$ 0,95","5914389\n0,000\nR$ 0,79",0]
[{"$nulls":6},"Quant. =>",4840,"Preço Total =>",1575468.4]
["Insumo","E9526","SICRO3","Retroescavadeira de pneus - capacidade da caçamba da pá-carregadeira de 0,76 m³ e da",1,1,0,151.10929999999999,79.652699999999996,151.10929999999999]
[{"$nulls":5},"Produção de Equipe =>",null,null,null,32.26]
[" 6.3.5.4 ","Código","Banco","Descrição","Tipo",null,"Und","Quant.","Porcent.","Valor Unit","Total"]
[{"$nulls":5},"Fator de Influencia da Chuva - FIC =>",null,null,null,1.43E-2]
[{"$nulls":4},"Valor do BDI =>",0.37,null,"Valor com BDI =>",null,2.0499999999999998]
["Composição",5914351,"SICRO3","CARGA, MANOBRA E DESCARGA DE AGREGADOS OU SOLOS EM CAMINHÃO BASCULANTE DE 14 M³ - CARGA COM CARREGADEIRA DE 3,40 M³ E DESCARGA LIVRE.","",null,"t",1,null,2.61,2.61]
[{"$nulls":5},"Produção de Equipe =>",null,null,null,457.16]
[]
[{"$nulls":5},"Operativa","Improdutiva","Operativa","Improdutiva"]
[{"$nulls":4},"Valor do BDI =>",0.19,null,"Valor com BDI =>",null,1.06]
[{"$nulls":6},"Quant. =>",61243.09,"Preço Total =>",64917.67]
[{"$nulls":5},"Custo Horário de Execução =>",null,null,null,307.62630000000001]
[{"$nulls":5},"Produção de Equipe =>",null,null,null,318.72000000000003]
["Composição",1106088,"SICRO3","LANÇAMENTO MECÂNICO DE CONCRETO COM BOMBA REBOCÁVEL COM CAPACIDADE DE 30 M³/H - CONFECÇÃO EM CENTRAL DOSADORA DE 30 M³/H.","",null,"m³",1,null,57.76,57.76]
[{"$nulls":5},"Custo Horário da Mão de Obra =>",null,null,null,180.56270000000001]
[{"$nulls":5},"Fator de Influencia da Chuva - FIC =>",null,null,null,0]
["E","Banco","Insumo","Tempos Fixos","Código","Quantidade","Unidade","Preço Unitário",null,"Custo Horário"]
[{"$nulls":4},"Valor do BDI =>",13.03,null,"Valor com BDI =>",null,70.790000000000006]
[{"$nulls":6},"Quant. =>",4840,"Preço Total =>",342623.6]
["Insumo","P9824","SICRO3","Servente",1,null,null,null,21.465699999999998,21.465699999999998]
[{"$nulls":5},"Adc.M.O. - Ferramentas (0,0%) =>",null,null,null,0]
[{"$nulls":4},"Valor do BDI =>",0.74,null,"Valor com BDI =>",null,4.0599999999999996]
[" 6.3.5.11 ","Código","Banco","Descrição","Tipo",null,"Und","Quant.","Porcent.","Valor Unit","Total"]
["Insumo"," B010000097 ","EMBASA","SERVENTE","Mão de Obra",null,"H",8.07,null,18.02,145.41999999999999]
[{"$nulls":4},"Valor do BDI =>",122.57,null,"Valor com BDI =>",null,665.9]
[" 6.3.6.1 ",null,null,"DRENAGEM SUB-SUPERFICAL",{"$nulls":6},1284080.8799999999]
[{"$nulls":5},"Operativa","Improdutiva","Operativa","Improdutiva"]
[{"$nulls":5},"Fator de Influencia da Chuva - FIC =>",null,null,null,1.43E-2]
[{"$nulls":4},"MO sem LS =>",0.82267701446775898,"LS =>",0,"MO com LS =>",0.82267701446775898]
["Composição",5914351,"SICRO3","CARGA, MANOBRA E DESCARGA DE AGREGADOS OU SOLOS EM CAMINHÃO BASCULANTE DE 14 M³ - CARGA COM CARREGADEIRA DE 3,40 M³ EDESCARGA LIVRE","",null,"t",1,null,2.61,2.61]
[{"$nulls":5},"Produção de Equipe =>",null,null,null,457.16]
[]
[{"$nulls":5},"Operativa","Improdutiva","Operativa","Improdutiva"]
[{"$nulls":4},"Valor do BDI =>",0.19,null,"Valor com BDI =>",null,1.06]
["Composição",5502742,"SICRO3","ESCAVAÇÃO, CARGA E TRANSPORTE DE MATERIAL DE 3ª CATEGORIA - DMT DE 50 A 200 M - CAMINHO DE SERVIÇO EM LEITO NATURAL COMCAMINHÃO BASCULANTE DE 12 M³","",null,"m³",1,null,40.99,40.99]
["Insumo","E9117","SICRO3","Carregadeira de pneus para rocha com capacidade de 2,50 m³ - 105 kW",1,0.78,0.22,359.73469999999998,157.4614,315.2346]
["Insumo","E9574","SICRO3","Perfuratriz sobre esteiras - 145 kW",1,1,0,406.70780000000002,181.6712,406.70780000000002]
[{"$nulls":5},"Custo Horário da Mão de Obra =>",null,null,null,106.91719999999999]
["Insumo","SICRO3","M2042","Emulsão explosiva encartuchada",0.56232000000000004,"kg",13.049300000000001,null,null,7.3379000000000003]
["Insumo","SICRO3","M2067","Punho linha T38 para perfuratriz sobre esteiras - D = 38 mm (1 1/2”)",1.2999999999999999E-4,"un",1000.3667,null,null,0.13]
[{"$nulls":5},"Custo Total do Material =>",null,null,null,14.8908]
["Insumo","E9540","SICRO3","Trator sobre esteiras com lâmina - 127 kW",1,1,0,322.01350000000002,134.76900000000001,322.01350000000002]
[{"$nulls":5},"Custo Horário de Equipamentos =>",null,null,null,322.01350000000002]
[{"$nulls":5},"Produção de Equipe =>",null,null,null,176.81]
["Composição",4816018,"SICRO3","AREIA EXTRAÍDA COM TRATOR E CARREGADEIRA","",null,"m³",1,null,4.99,4.99]
["Insumo","E9584","SICRO3","Carregadeira de pneus com capacidade de 1,72 m³ - 113 kW",1,0.68,0.32,203.21250000000001,104.4208,171.5992]
[{"$nulls":5},"Fator de Influencia da Chuva - FIC =>",null,null,null,1.43E-2]
[]
["A","Código","Banco","Equipamentos","Quantidade","Utilização",null,"Custo Operacional",null,"Custo Horário"]
[{"$nulls":5},"Produção de Equipe =>",null,null,null,32.26]
[{"$nulls":5},"Custo Unitário de Execução =>",null,null,null,17.595400000000001]
["Insumo","E9604","SICRO3","Caminhão basculante para rocha com capacidade de 8 m³ - 210 kW",1,1,0,297.14830000000001,90.430499999999995,297.14830000000001]
[{"$nulls":5},"Custo do FIC =>",null,null,null,2.3599999999999999E-2]
[{"$nulls":6},"Quant. =>",5066.7299999999996,"Preço Total =>",10386.790000000001]
[{"$nulls":5},"Custo Horário de Equipamentos =>",null,null,null,1737.1402]
[{"$nulls":5},"Adc.M.O. - Ferramentas (0,0%) =>",null,null,null,0]
[{"$nulls":5},"Custo Unitário de Execução =>",null,null,null,28.748000000000001]
["D","Banco","Código","Atividades Auxiliares","Quantidade","Unidade","Preço Unitário",null,null,"Custo Horário"]
[{"$nulls":4},"Valor do BDI =>",12.16,null,"Valor com BDI =>",null,66.099999999999994]
["A","Código","Banco","Equipamentos","Quantidade","Utilização",null,"Custo Operacional",null,"Custo Horário"]
[{"$nulls":5},"Custo do FIC =>",null,null,null,0]
[]
["Insumo","E9575","SICRO3","Caminhão basculante com caçamba estanque com capacidade de 14 m³ - 188 kW",1,1,0,297.71420000000001,90.774600000000007,297.71420000000001]
[{"$nulls":4},"MO sem LS =>",0,"LS =>",0,"MO com LS =>",0]
[{"$nulls":4},"Valor do BDI =>",0.19,null,"Valor com BDI =>",null,1.06]
[{"$nulls":4},"Valor do BDI =>",1.6,null,"Valor com BDI =>",null,8.73]
[" 6.3.6.1.2.10 ","Código","Banco","Descrição","Tipo",null,"Und","Quant.","Porcent.","Valor Unit","Total"]
[" 6.3.6.1.3.1 ","Código","Banco","Descrição","Tipo",null,"Und","Quant.","Porcent.","Valor Unit","Total"]
["B","Código","Banco","Mão de Obra","Quantidade","Salário Hora",null,null,null,"Custo Horário"]
[{"$nulls":5},"Adc.M.O. - Ferramentas (0,0%) =>",null,null,null,0]
["Insumo","SICRO3","M0030","Aditivo plastificante e retardador de pega para concreto e argamassa",0.89256999999999997,"kg",6.5956999999999999,null,null,5.8871000000000002]
["Tempo Fixo","SICRO3",4816020,"Carga, manobra e descarga de agregados ou solos em caminhão basculante de 10 m³ - carga com carregadeira de 3,40 m³ edescarga livre",5915407,0.93698000000000004,"t",2.72,null,2.5486]
["Tempo Fixo","SICRO3","M0424","Carga, manobra e descarga de materiais diversos em caminhão carroceria de 15 t - carga e descarga manuais",5914655,0.29752000000000001,"t",33.15,null,9.8628]
[{"$nulls":5},"Custo total dos Momentos de Transportes =>",null,null,null,0]
[{"$nulls":4},"MO sem LS =>",9.2024484104417663,"LS =>",0,"MO com LS =>",9.2024484438461478]
[{"$nulls":5},"Custo Horário de Equipamentos =>",null,null,null,307.62630000000001]
[{"$nulls":5},"Custo do FIC =>",null,null,null,1.38E-2]
[]
[{"$nulls":5},"Custo Horário da Mão de Obra =>",null,null,null,21.465699999999998]
[{"$nulls":5},"Fator de Influencia da Chuva - FIC =>",null,null,null,0]
[{"$nulls":6},"Quant. =>",7.38,"Preço Total =>",29.96]
[{"$nulls":5},"Custo Horário da Mão de Obra =>",null,null,null,4.7531999999999996]
[{"$nulls":5},"Produção de Equipe =>",null,null,null,1]
["E","Banco","Insumo","Tempos Fixos","Código","Quantidade","Unidade","Preço Unitário",null,"Custo Horário"]
["Momento de Transporte","SICRO3","M0075","Arame liso recozido em aço-carbono - D = 1,24 mm (18 BWG) - Caminhão carroceria com capacidade de 15 t - 188 kW",2.0000000000000002E-5,"tkm","5914449\n0,000\nR$ 1,08","5914464\n0,000\nR$ 0,86","5914479\n0,000\nR$ 0,71",0]
[]
[{"$nulls":5},"Operativa","Improdutiva","Operativa","Improdutiva"]
[{"$nulls":5},"Custo Horário de Execução =>",null,null,null,38.946899999999999]
["C","Banco","Código","Material","Quantidade","Unidade","Preço Unitário",null,null,"Custo Horário"]
["Insumo","SICRO3","M0310","Peça de madeira - L = 7,5 cm e E = 2,5 cm",0.19908000000000001,"m",5.2,null,null,1.0351999999999999]
["Insumo","SICRO3","M0286","Tábua - E = 2,5 cm e L = 30 cm",0.35937999999999998,"m",17.498100000000001,null,null,6.2885]
["Tempo Fixo","SICRO3","M0310","Carga, manobra e descarga de materiais diversos em caminhão carroceria de 15 t - carga e descarga manuais",5914655,3.6999999999999999E-4,"t",33.15,null,1.23E-2]
["Momento de Transporte","SICRO3","M0560","Desmoldante para fôrmas de madeira - Caminhão carroceria com capacidade de 15 t - 188 kW",2.0000000000000002E-5,"tkm","5914449\n0,000\nR$ 1,08","5914464\n0,000\nR$ 0,86","5914479\n0,000\nR$ 0,71",0]
["Momento de Transporte","SICRO3","M0290","Tábua - E = 2,5 cm e L = 10 cm - Caminhão carroceria com capacidade de 15 t - 188 kW",5.2300000000000003E-3,"tkm","5914449\n0,000\nR$ 1,08","5914464\n0,000\nR$ 0,86","5914479\n0,000\nR$ 0,71",0]
[" 6.3.6.1.3.6 ","Código","Banco","Descrição","Tipo",null,"Und","Quant.","Porcent.","Valor Unit","Total"]
[]
["Composição",1106135,"SICRO3","Concreto fck = 25 MPa - confecção em central dosadora de 30 m³/h - areia extraída e brita produzida","",null,"m³",1,null,281.93,281.93]
["B","Código","Banco","Mão de Obra","Quantidade","Salário Hora",null,null,null,"Custo Horário"]
[{"$nulls":5},"Custo Horário da Mão de Obra =>",null,null,null,42.931399999999996]
["C","Banco","Código","Material","Quantidade","Unidade","Preço Unitário",null,null,"Custo Horário"]
["Tempo Fixo","SICRO3",4816020,"Carga, manobra e descarga de agregados ou solos em caminhão basculante de 10 m³ - carga com carregadeira de 3,40 m³ edescarga livre",5915407,0.93698000000000004,"t",2.72,null,2.5486]
["Tempo Fixo","SICRO3","M0030","Carga, manobra e descarga de materiais diversos em caminhão carroceria de 15 t - carga e descarga manuais",5914655,8.8999999999999995E-4,"t",33.15,null,2.9499999999999998E-2]
["Momento de Transporte","SICRO3","M0030","Aditivo plastificante e retardador de pega para concreto e argamassa - Caminhão carroceria com capacidade de 15 t - 188 kW",8.8999999999999995E-4,"tkm","5914449\n0,000\nR$ 1,08","5914464\n0,000\nR$ 0,86","5914479\n0,000\nR$ 0,71",0]
[{"$nulls":4},"Valor do BDI =>",63.6,null,"Valor com BDI =>",null,345.53]
["Insumo","E9600","SICRO3","Caminhão betoneira com capacidade de 8 m³ - 188 kW",1,1,0,307.62630000000001,107.0881,307.62630000000001]
[{"$nulls":4},"MO sem LS =>",0,"LS =>",0,"MO com LS =>",0]
[" 6.3.6.1.4.3 ","Código","Banco","Descrição","Tipo",null,"Und","Quant.","Porcent.","Valor Unit","Total"]
[{"$nulls":5},"Custo Horário de Equipamentos =>",null,null,null,8.3879000000000001]
[{"$nulls":5},"Custo Unitário de Execução =>",null,null,null,3.3170999999999999]
[]
["Insumo","P9805","SICRO3","Armador",0.09,null,null,null,30.334199999999999,2.7301000000000002]
["Insumo","SICRO3","M0004","Aço CA 50",1.1000000000000001,"kg",6.2881,null,null,6.9169]
["Tempo Fixo","SICRO3","M0004","Carga, manobra e descarga de materiais diversos em caminhão carroceria de 15 t - carga e descarga manuais",5914655,1.1000000000000001E-3,"t",33.15,null,3.6499999999999998E-2]
["Momento de Transporte","SICRO3","M0004","Aço CA 50 - Caminhão carroceria com capacidade de 15 t - 188 kW",1.1000000000000001E-3,"tkm","5914449\n0,000\nR$ 1,08","5914464\n0,000\nR$ 0,86","5914479\n0,000\nR$ 0,71",0]
[{"$nulls":4},"MO sem LS =>",4.765362235135135,"LS =>",0,"MO com LS =>",4.765362235135135]
["A","Código","Banco","Equipamentos","Quantidade","Utilização",null,"Custo Operacional",null,"Custo Horário"]
[{"$nulls":5},"Adc.M.O. - Ferramentas (0,0%) =>",null,null,null,0]
[{"$nulls":5},"Custo do FIC =>",null,null,null,0]
["Insumo","SICRO3","M0560","Desmoldante para fôrmas de madeira",1.8519999999999998E-2,"l",12.788600000000001,null,null,0.23680000000000001]
["Tempo Fixo","SICRO3","M0560","Carga, manobra e descarga de materiais diversos em caminhão carroceria de 15 t - carga e descarga manuais",5914655,2.0000000000000002E-5,"t",33.15,null,6.9999999999999999E-4]
["Tempo Fixo","SICRO3","M0310","Carga, manobra e descarga de materiais diversos em caminhão carroceria de 15 t - carga e descarga manuais",5914655,3.6999999999999999E-4,"t",33.15,null,1.23E-2]
["Momento de Transporte","SICRO3","M0446","Compensado resinado - E = 10 mm - Caminhão carroceria com capacidade de 15 t - 188 kW",4.0400000000000002E-3,"tkm","5914449\n0,000\nR$ 1,08","5914464\n0,000\nR$ 0,86","5914479\n0,000\nR$ 0,71",0]
["Momento de Transporte","SICRO3","M1205","Prego de ferro - Caminhão carroceria com capacidade de 15 t - 188 kW",2.0000000000000001E-4,"tkm","5914449\n0,000\nR$ 1,08","5914464\n0,000\nR$ 0,86","5914479\n0,000\nR$ 0,71",0]
[]
[{"$nulls":5},"Custo Horário de Equipamentos =>",null,null,null,760.50620000000004]
[{"$nulls":5},"Custo Horário da Mão de Obra =>",null,null,null,42.931399999999996]
[{"$nulls":4},"MO sem LS =>",2.8006471351873233E-2,"LS =>",0,"MO com LS =>",2.8006471351873233E-2]
["Insumo","E9541","SICRO3","Trator sobre esteiras com lâmina - 259 kW",1,1,0,760.50620000000004,307.02120000000002,760.50620000000004]
[{"$nulls":5},"Custo Horário de Equipamentos =>",null,null,null,760.50620000000004]
[{"$nulls":5},"Custo Unitário de Execução =>",null,null,null,38.719900000000003]
[{"$nulls":6},"Quant. =>",2232,"Preço Total =>",106153.92]
["Insumo","E9541","SICRO3","Trator sobre esteiras com lâmina - 259 kW",1,1,0,760.50620000000004,307.02120000000002,760.50620000000004]
[{"$nulls":5},"Produção de Equipe =>",null,null,null,8.3000000000000007]
[{"$nulls":4},"Valor do BDI =>",21.88,null,"Valor com BDI =>",null,118.91]
[{"$nulls":5},"Operativa","Improdutiva","Operativa","Improdutiva"]
[{"$nulls":5},"Fator de Influencia da Chuva - FIC =>",null,null,null,1.43E-2]
[{"$nulls":4},"MO sem LS =>",9.3252096094530598E-2,"LS =>",0,"MO com LS =>",9.3252096094530598E-2]
["Composição",100983,"SINAPI","CARGA, MANOBRA E DESCARGA DE ENTULHO EM CAMINHÃO BASCULANTE 14 M³ - CARGA COM ESCAVADEIRA HIDRÁULICA  (CAÇAMBA DE 0,80 M³ / 111 HP) E DESCARGA LIVRE (UNIDADE: M3). AF_07/2020.","TRAN - TRANSPORTES, CARGAS E DESCARGAS",null,"m³",1,null,9.1199999999999992,9.1199999999999992]
["Composição Auxiliar",89876,"SINAPI","CAMINHÃO BASCULANTE 14 M3, COM CAVALO MECÂNICO DE CAPACIDADE MÁXIMA DE TRAÇÃO COMBINADO DE 36000 KG, POTÊNCIA 286 CV, INCLUSIVE SEMIREBOQUE COM CAÇAMBA METÁLICA - CHP DIURNO. AF_12/2014","CHOR - CUSTOS HORÁRIOS DE MÁQUINAS E EQUIPAMENTOS",null,"CHP",1.6899999999999998E-2,null,323.52,5.46]
["Insumo","E9575","SICRO3","Caminhão basculante com caçamba estanque com capacidade de 14 m³ - 188 kW",1,1,0,297.71420000000001,90.774600000000007,297.71420000000001]
[{"$nulls":5},"Produção de Equipe =>",null,null,null,348.6]
["Composição",4413942,"SICRO3","ESPALHAMENTO DE MATERIAL EM BOTA-FORA","",null,"m³",1,null,1.97,1.97]
["A","Código","Banco","Equipamentos","Quantidade","Utilização",null,"Custo Operacional",null,"Custo Horário"]
[{"$nulls":5},"Custo do FIC =>",null,null,null,2.7699999999999999E-2]
[{"$nulls":5},"Produção de Equipe =>",null,null,null,176.81]
[" 6.4.2.1 ",null,null,"CORTE",{"$nulls":6},1408956.67]
[{"$nulls":5},"Operativa","Improdutiva","Operativa","Improdutiva"]
[{"$nulls":5},"Adc.M.O. - Ferramentas (0,0%) =>",null,null,null,0]
[{"$nulls":4},"Valor do BDI =>",1.29,null,"Valor com BDI =>",null,7.02]
["Insumo","E9117","SICRO3","Carregadeira de pneus para rocha com capacidade de 2,50 m³ - 105 kW",1,0.78,0.22,359.73469999999998,157.4614,315.2346]
["Insumo","E9574","SICRO3","Perfuratriz sobre esteiras - 145 kW",1,1,0,406.70780000000002,181.6712,406.70780000000002]
[{"$nulls":5},"Adc.M.O. - Ferramentas (0,0%) =>",null,null,null,0]
[{"$nulls":5},"Fator de Influencia da Chuva - FIC =>",null,null,null,2.3999999999999998E-3]
["Insumo","SICRO3","M2144","Nonel de coluna - C = 6,0 m",0.04,"un",14.9855,null,null,0.59940000000000004]
["Insumo","SICRO3","M2146","Nonel iniciador - C = 150,0 m",1.4300000000000001E-3,"un",207.2826,null,null,0.2964]
[{"$nulls":6},"Quant. =>",8711,"Preço Total =>",437553.53]
["Insumo","P9892","SICRO3","Auxiliar de blaster",2,null,null,null,34.436,68.872]
[{"$nulls":5},"Adc.M.O. - Ferramentas (0,0%) =>",null,null,null,0]
["C","Banco","Código","Material","Quantidade","Unidade","Preço Unitário",null,null,"Custo Horário"]
[{"$nulls":5},"Custo Total do Material =>",null,null,null,18.881699999999999]
[{"$nulls":6},"Quant. =>",3920,"Preço Total =>",388707.2]
[{"$nulls":5},"Operativa","Improdutiva","Operativa","Improdutiva"]
[{"$nulls":5},"Custo Horário de Execução =>",null,null,null,309.40499999999997]
[{"$nulls":4},"MO sem LS =>",9.3252096094530598E-2,"LS =>",0,"MO com LS =>",9.3252096094530598E-2]
["A","Código","Banco","Equipamentos","Quantidade","Utilização",null,"Custo Operacional",null,"Custo Horário"]
[{"$nulls":5},"Produção de Equipe =>",null,null,null,348.6]
[]
["Insumo","E9027","SICRO3","Caminhão distribuidor de cimento e cal com capacidade de 17 m³ - 210 kW",1,0.55000000000000004,0.45,434.28309999999999,133.93049999999999,299.12439999999998]
["Insumo","E9571","SICRO3","Caminhão tanque com capacidade de 10.000 l - 188 kW",1,0.83,0.17,321.9742,87.045699999999997,282.03640000000001]
[{"$nulls":5},"Custo Horário de Equipamentos =>",null,null,null,1383.1954000000001]
["D","Banco","Código","Atividades Auxiliares","Quantidade","Unidade","Preço Unitário",null,null,"Custo Horário"]
["E","Banco","Insumo","Tempos Fixos","Código","Quantidade","Unidade","Preço Unitário",null,"Custo Horário"]
["Momento de Transporte","SICRO3",4016096,"Escavação e carga de material de jazida com escavadeira hidráulica de 1,56 m³ - Caminhão basculante com capacidade de 10 m³ - 188 kW",1.9804900000000001,"tkm","5914359\n0,000\nR$ 1,21","5914374\n0,000\nR$ 0,97","5914389\n0,000\nR$ 0,79",0]
["Composição",5502978,"SICRO3","COMPACTAÇÃO DE ATERROS A 100% DO PROCTOR NORMAL","",null,"m³",1,null,4.9800000000000004,4.9800000000000004]
["Insumo","E9571","SICRO3","Caminhão tanque com capacidade de 10.000 l - 188 kW",1,0.9,0.1,321.9742,87.045699999999997,298.48140000000001]
["Insumo","P9824","SICRO3","Servente",1,null,null,null,21.465699999999998,21.465699999999998]
[{"$nulls":5},"Adc.M.O. - Ferramentas (0,0%) =>",null,null,null,0]
[]
["Insumo","E9526","SICRO3","Retroescavadeira de pneus - capacidade da caçamba da pá-carregadeira de 0,76 m³ e da",1,1,0,151.10929999999999,79.652699999999996,151.10929999999999]
[{"$nulls":5},"Custo Horário de Execução =>",null,null,null,567.62860000000001]
[" 6.4.3.2 ","Código","Banco","Descrição","Tipo",null,"Und","Quant.","Porcent.","Valor Unit","Total"]
["A","Código","Banco","Equipamentos","Quantidade","Utilização",null,"Custo Operacional",null,"Custo Horário"]
[{"$nulls":5},"Produção de Equipe =>",null,null,null,179.28]
["Composição"," COMP-0022 ","Próprio","RACHÃO OU PEDRA DE MÃO PRODUZIDA.","URBA - URBANIZAÇÃO",null,"m³",1,null,20.05,20.05]
["Insumo","E9607","SICRO3","Conjunto de britagem para rachão com capacidade de 80 m³/h - 224 kW",1,1,0,309.53269999999998,212.47219999999999,309.53269999999998]
[{"$nulls":5},"Custo Unitário de Execução =>",null,null,null,14.363]
[{"$nulls":5},"Custo Total das Atividades =>",null,null,null,2.7988]
[]
["Insumo","E9117","SICRO3","Carregadeira de pneus para rocha com capacidade de 2,50 m³ - 105 kW",1,0.46,0.54,359.73469999999998,157.4614,250.50710000000001]
[{"$nulls":5},"Fator de Influencia da Chuva - FIC =>",null,null,null,2.3999999999999998E-3]
["C","Banco","Código","Material","Quantidade","Unidade","Preço Unitário",null,null,"Custo Horário"]
["Insumo","SICRO3","M2112","Manta do britador cônico HP200 ou similar",3.0000000000000001E-5,"un",21230.413400000001,null,null,0.63690000000000002]
["D","Banco","Código","Atividades Auxiliares","Quantidade","Unidade","Preço Unitário",null,null,"Custo Horário"]
[{"$nulls":5},"Operativa","Improdutiva","Operativa","Improdutiva"]
[{"$nulls":5},"Fator de Influencia da Chuva - FIC =>",null,null,null,0]
[{"$nulls":5},"Custo Unitário de Execução =>",null,null,null,17.595400000000001]
["Composição",5914346,"SICRO3","TRANSPORTE DE MATERIAL DE 3ª CATEGORIA COM CAMINHÃO BASCULANTE DE 8 M³ PARA ROCHA - RODOVIA EM LEITO NATURAL","",null,"tkm",1,null,1.68,1.68]
[{"$nulls":5},"Custo Unitário de Execução =>",null,null,null,1.6575]
[{"$nulls":6},"Quant. =>",65355.166581899997,"Preço Total =>",133978.09]
["Insumo","E9530","SICRO3","Rolo compactador liso vibratório autopropelido por pneus de 11 t - 97 kW",1,0.35,0.65,250.4547,112.25449999999999,160.62459999999999]
[{"$nulls":5},"Custo Horário de Execução =>",null,null,null,921.13080000000002]
[{"$nulls":4},"MO sem LS =>",0.29036125499999998,"LS =>",0,"MO com LS =>",0.29036125499999998]
["Composição Auxiliar",88309,"SINAPI","PEDREIRO COM ENCARGOS COMPLEMENTARES","SEDI - SERVIÇOS DIVERSOS",null,"H",0.02,null,32.270000000000003,0.64]
["Insumo",2461,"ORSE","Aluguel de compactador placa 415 kg  (dynapac - cm 20 diesel  - 6,0 hp)","Equipamento",null,"h",0.04,null,2.78,0.11]
[" 6.4.4.1 ","Código","Banco","Descrição","Tipo",null,"Und","Quant.","Porcent.","Valor Unit","Total"]
["Insumo","E9685","SICRO3","Rolo compactador pé de carneiro vibratório autopropelido por pneus de 11,6 t - 82 kW",1,1,0,221.4451,102.9592,221.4451]
["B","Código","Banco","Mão de Obra","Quantidade","Salário Hora",null,null,null,"Custo Horário"]
[{"$nulls":5},"Produção de Equipe =>",null,null,null,168.2]
["Atividade Auxiliar","SICRO3",4016096,"Escavação e carga de material de jazida com escavadeira hidráulica de 1,56 m³",1.1002700000000001,"m³",1.36,null,null,1.4964]
[{"$nulls":6},"LN","RP","P"]
["A","Código","Banco","Equipamentos","Quantidade","Utilização",null,"Custo Operacional",null,"Custo Horário"]
[{"$nulls":5},"Custo Horário de Equipamentos =>",null,null,null,296.24459999999999]
[{"$nulls":4},"MO sem LS =>",0,"LS =>",0,"MO com LS =>",0]
["Insumo","E9519","SICRO3","Betoneira com motor a gasolina com capacidade de 600 l - 10 kW",1,1,0,53.475700000000003,33.671500000000002,53.475700000000003]
[{"$nulls":5},"Custo Horário de Equipamentos =>",null,null,null,60.269199999999998]
[{"$nulls":5},"Custo Horário de Execução =>",null,null,null,262.29759999999999]
[{"$nulls":5},"Produção de Equipe =>",null,null,null,4.0080999999999998]
["E","Banco","Insumo","Tempos Fixos","Código","Quantidade","Unidade","Preço Unitário",null,"Custo Horário"]
[{"$nulls":5},"Custo Total dos Tempos Fixos =>",null,null,null,14.536199999999999]
["Momento de Transporte","SICRO3",4816020,"Areia extraída com draga de sucção tipo bomba - Caminhão basculante com capacidade de 10 m³ - 188 kW",0.26705000000000001,"tkm","5914359\n0,000\nR$ 1,19","5914374\n0,000\nR$ 0,95","5914389\n0,000\nR$ 0,79",0]
[{"$nulls":4},"MO sem LS =>",56.813751512043261,"LS =>",0,"MO com LS =>",56.813751552887368]
["Insumo"," H020000524 ","EMBASA","COMPACTADOR A PERCUSSÃO (TIPO SAPO), A COMBUSTÍVEL","Material",null,"H",0.52800000000000002,null,3.3,1.74]
[{"$nulls":4},"Valor do BDI =>",122.57,null,"Valor com BDI =>",null,665.9]
["Composição"," 11.11.01 ","EMBASA","IMPERMEABILIZAÇÃO COM MANTA PEAD, GEOMEMBRANA LISA, E=1,00 MM",1111,null,"m²",1,null,33.44,33.44]
["Insumo"," H020000912 ","EMBASA","MÁQUINA DE SOLDA POR TERMOFUSÃO PARA MANTA PEAD","Material",null,"UN",5.0000000000000002E-5,null,106625.48,5.33]
["A","Código","Banco","Equipamentos","Quantidade","Utilização",null,"Custo Operacional",null,"Custo Horário"]
["Insumo","P9824","SICRO3","Servente",2,null,null,null,21.465699999999998,42.931399999999996]
[{"$nulls":5},"Fator de Influencia da Chuva - FIC =>",null,null,null,0]
[{"$nulls":5},"Custo Total do Material =>",null,null,null,189.304]
["Tempo Fixo","SICRO3",4816012,"Carga, manobra e descarga de agregados ou solos em caminhão basculante de 10 m³ - carga com carregadeira de 3,40 m³ edescarga livre",5915407,1.1026199999999999,"t",2.72,null,2.9990999999999999]
["Tempo Fixo","SICRO3","M0424","Carga, manobra e descarga de materiais diversos em caminhão carroceria de 15 t - carga e descarga manuais",5914655,0.27464,"t",33.15,null,9.1043000000000003]
[{"$nulls":4},"MO sem LS =>",8.9898363901943465,"LS =>",0,"MO com LS =>",8.9898363901943465]
[{"$nulls":5},"Operativa","Improdutiva","Operativa","Improdutiva"]
["Insumo","E9526","SICRO3","Retroescavadeira de pneus - capacidade da caçamba da pá-carregadeira de 0,76 m³ e da",1,1,0,151.10929999999999,79.652699999999996,151.10929999999999]
[{"$nulls":6},"Quant. =>",1465.4,"Preço Total =>",31608.67]
[" 6.4.5.4 ","Código","Banco","Descrição","Tipo",null,"Und","Quant.","Porcent.","Valor Unit","Total"]
[{"$nulls":5},"Fator de Influencia da Chuva - FIC =>",null,null,null,1.43E-2]
["Composição",5914351,"SICRO3","Carga, manobra e descarga de agregados ou solos em caminhão basculante de 14 m³ - carga com carregadeira de 3,40 m³ edescarga livre","",null,"t",1,null,2.61,2.61]
["Insumo","E9667","SICRO3","Caminhão basculante com capacidade de 14 m³ - 188 kW",3,0.77,0.23,297.32,90.567700000000002,749.30089999999996]
[{"$nulls":5},"Produção de Equipe =>",null,null,null,457.16]
[{"$nulls":4},"Valor do BDI =>",0.57999999999999996,null,"Valor com BDI =>",null,3.19]
[{"$nulls":5},"Custo Horário de Execução =>",null,null,null,297.71420000000001]
[{"$nulls":4},"Valor do BDI =>",0.19,null,"Valor com BDI =>",null,1.06]
["Insumo","E9600","SICRO3","Caminhão betoneira com capacidade de 8 m³ - 188 kW",1,1,0,307.62630000000001,107.0881,307.62630000000001]
[{"$nulls":5},"Produção de Equipe =>",null,null,null,318.72000000000003]
[" 6.4.5.8 ","Código","Banco","Descrição","Tipo",null,"Und","Quant.","Porcent.","Valor Unit","Total"]
["Composição",1106088,"SICRO3","Lançamento mecânico de concreto com bomba rebocável com capacidade de 30 m³/h - confecção em central dosadora de 30m³/h","",null,"m³",1,null,57.76,57.76]
["Insumo","P9821","SICRO3","Pedreiro",1,null,null,null,30.302800000000001,30.302800000000001]
[{"$nulls":5},"Fator de Influencia da Chuva - FIC =>",null,null,null,0]
["E","Banco","Insumo","Tempos Fixos","Código","Quantidade","Unidade","Preço Unitário",null,"Custo Horário"]
[{"$nulls":5},"Custo total dos Momentos de Transportes =>",null,null,null,0]
["Insumo","E9069","SICRO3","Vibrador de imersão para concreto - 4,10 kW",1,1,0,8.3879000000000001,0.7641,8.3879000000000001]
["Insumo","P9824","SICRO3","Servente",1,null,null,null,21.465699999999998,21.465699999999998]
[{"$nulls":5},"Produção de Equipe =>",null,null,null,9]
[{"$nulls":4},"Valor do BDI =>",0.74,null,"Valor com BDI =>",null,4.0599999999999996]
[" 6.4.5.11 ","Código","Banco","Descrição","Tipo",null,"Und","Quant.","Porcent.","Valor Unit","Total"]
["Insumo"," H020000524 ","EMBASA","COMPACTADOR A PERCUSSÃO (TIPO SAPO), A COMBUSTÍVEL","Material",null,"H",0.52800000000000002,null,3.3,1.74]
[{"$nulls":4},"Valor do BDI =>",122.57,null,"Valor com BDI =>",null,665.9]
[{"$nulls":5},"Operativa","Improdutiva","Operativa","Improdutiva"]
["Insumo","E9042","SICRO3","Trator sobre esteiras com lâmina - 97 kW",1,1,0,256.45519999999999,112.74250000000001,256.45519999999999]
[{"$nulls":5},"Fator de Influencia da Chuva - FIC =>",null,null,null,1.43E-2]
["Composição",5914351,"SICRO3","CARGA, MANOBRA E DESCARGA DE AGREGADOS OU SOLOS EM CAMINHÃO BASCULANTE DE 14 M³ - CARGA COM CARREGADEIRA DE 3,40 M³ EDESCARGA LIVRE","",null,"t",1,null,2.61,2.61]
[{"$nulls":5},"Operativa","Improdutiva","Operativa","Improdutiva"]
[{"$nulls":5},"Produção de Equipe =>",null,null,null,457.16]
["Composição",5901639,"SICRO3","TRANSPORTE COM CAMINHÃO BASCULANTE COM CAÇAMBA ESTANQUE COM CAPACIDADE DE 14 M³ - RODOVIA EM LEITO NATURAL.","",null,"tkm",1,null,0.87,0.87]
[{"$nulls":5},"Custo Horário de Equipamentos =>",null,null,null,297.71420000000001]
[{"$nulls":4},"Valor do BDI =>",0.19,null,"Valor com BDI =>",null,1.06]
[{"$nulls":5},"Operativa","Improdutiva","Operativa","Improdutiva"]
["B","Código","Banco","Mão de Obra","Quantidade","Salário Hora",null,null,null,"Custo Horário"]
[{"$nulls":5},"Produção de Equipe =>",null,null,null,131.61000000000001]
[{"$nulls":5},"Custo Unitário de Execução =>",null,null,null,7.9970999999999997]
["Insumo","E9117","SICRO3","Carregadeira de pneus para rocha com capacidade de 2,50 m³ - 105 kW",1,0.78,0.22,359.73469999999998,157.4614,315.2346]
[{"$nulls":5},"Custo Horário de Equipamentos =>",null,null,null,1581.3245999999999]
["Insumo","P9852","SICRO3","Blaster",1,null,null,null,38.045200000000001,38.045200000000001]
[{"$nulls":5},"Custo do FIC =>",null,null,null,6.1699999999999998E-2]
["Insumo","SICRO3","M2143","Nonel de ligação - C = 6,0 m",1.5709999999999998E-2,"un",17.517800000000001,null,null,0.2752]
["Insumo","SICRO3","M2145","Série de brocas integrais S12",3.3300000000000001E-3,"un",973.28599999999994,null,null,3.2410000000000001]
[" 6.4.6.1.2.3 ","Código","Banco","Descrição","Tipo",null,"Und","Quant.","Porcent.","Valor Unit","Total"]
[{"$nulls":5},"Operativa","Improdutiva","Operativa","Improdutiva"]
[{"$nulls":5},"Fator de Influencia da Chuva - FIC =>",null,null,null,1.43E-2]
[{"$nulls":6},"Quant. =>",617.52,"Preço Total =>",3773.04]
["Composição",5914657,"SICRO3","Carga, manobra e descarga de blocos de rocha em caminhão basculante de 8 m³ - carga com retroescavadeira de 0,29 m³ edescarga livre","",null,"t",1,null,17.600000000000001,17.600000000000001]
[{"$nulls":5},"Produção de Equipe =>",null,null,null,32.26]
[" 6.4.6.1.2.5 ","Código","Banco","Descrição","Tipo",null,"Und","Quant.","Porcent.","Valor Unit","Total"]
[{"$nulls":5},"Operativa","Improdutiva","Operativa","Improdutiva"]
[{"$nulls":5},"Custo Unitário de Execução =>",null,null,null,1.6575]
[{"$nulls":6},"Quant. =>",2298.5100000000002,"Preço Total =>",4711.9399999999996]
["Insumo","E9765","SICRO3","Grupo gerador - 569 kVA",1,1,0,490.92020000000002,29.088000000000001,490.92020000000002]
[{"$nulls":5},"Fator de Influencia da Chuva - FIC =>",null,null,null,2.3999999999999998E-3]
[{"$nulls":5},"Custo Unitário de Execução =>",null,null,null,28.748000000000001]
[{"$nulls":5},"Custo Total do Material =>",null,null,null,4.5605000000000002]
[]
["A","Código","Banco","Equipamentos","Quantidade","Utilização",null,"Custo Operacional",null,"Custo Horário"]
[{"$nulls":5},"Fator de Influencia da Chuva - FIC =>",null,null,null,0]
[{"$nulls":5},"Custo Unitário de Execução =>",null,null,null,2.6059000000000001]
["Insumo","E9575","SICRO3","Caminhão basculante com caçamba estanque com capacidade de 14 m³ - 188 kW",1,1,0,297.71420000000001,90.774600000000007,297.71420000000001]
[{"$nulls":5},"Custo Unitário de Execução =>",null,null,null,0.85399999999999998]
[{"$nulls":6},"Quant. =>",16404.52,"Preço Total =>",17388.79]
["Insumo"," D220000103 ","EMBASA","MANTA GEOTEXTIL NÃO TECIDO RT-10, RESISTENCIA A TRAÇÃO=10 kN/M (ANTIGO BIDIM\n\nOP-20 OU SIMILAR)","Material",null,"m²",1.05,null,5.94,6.23]
[]
["Composição",1106135,"SICRO3","CONCRETO FCK = 25 MPA - CONFECÇÃO EM CENTRAL DOSADORA DE 30 M³/H - AREIA EXTRAÍDA E BRITA PRODUZIDA","",null,"m³",1,null,281.93,281.93]
["Insumo","E9779","SICRO3","Grupo gerador - 113 kVA",1,1,0,101.1589,8.4064999999999994,101.1589]
[{"$nulls":5},"Custo Horário da Mão de Obra =>",null,null,null,42.931399999999996]
["Insumo","SICRO3","M0424","Cimento Portland CP II - 32 - saco",297.52373999999998,"kg",0.66949999999999998,null,null,199.19210000000001]
[{"$nulls":5},"Custo Total das Atividades =>",null,null,null,46.9101]
["Tempo Fixo","SICRO3","M0030","Carga, manobra e descarga de materiais diversos em caminhão carroceria de 15 t - carga e descarga manuais",5914655,8.8999999999999995E-4,"t",33.15,null,2.9499999999999998E-2]
["Momento de Transporte","SICRO3","M0030","Aditivo plastificante e retardador de pega para concreto e argamassa - Caminhão carroceria com capacidade de 15 t - 188 kW",8.8999999999999995E-4,"tkm","5914449\n0,000\nR$ 1,08","5914464\n0,000\nR$ 0,86","5914479\n0,000\nR$ 0,71",0]
[" 6.4.6.1.3.2 ","Código","Banco","Descrição","Tipo",null,"Und","Quant.","Porcent.","Valor Unit","Total"]
["Insumo","E9600","SICRO3","Caminhão betoneira com capacidade de 8 m³ - 188 kW",1,1,0,307.62630000000001,107.0881,307.62630000000001]
[{"$nulls":4},"MO sem LS =>",0,"LS =>",0,"MO com LS =>",0]
[{"$nulls":5},"Operativa","Improdutiva","Operativa","Improdutiva"]
["Insumo","P9824","SICRO3","Servente",1,null,null,null,21.465699999999998,21.465699999999998]
[{"$nulls":5},"Custo Unitário de Execução =>",null,null,null,3.3170999999999999]
[{"$nulls":4},"Valor do BDI =>",0.74,null,"Valor com BDI =>",null,4.0599999999999996]
["Insumo","P9805","SICRO3","Armador",0.09,null,null,null,30.334199999999999,2.7301000000000002]
["Insumo","SICRO3","M0004","Aço CA 50",1.1000000000000001,"kg",6.2881,null,null,6.9169]
[{"$nulls":5},"Custo Total do Material =>",null,null,null,7.0918000000000001]
["Momento de Transporte","SICRO3","M0004","Aço CA 50 - Caminhão carroceria com capacidade de 15 t - 188 kW",1.1000000000000001E-3,"tkm","5914449\n0,000\nR$ 1,08","5914464\n0,000\nR$ 0,86","5914479\n0,000\nR$ 0,71",0]
[{"$nulls":4},"MO sem LS =>",4.765362235135135,"LS =>",0,"MO com LS =>",4.765362235135135]
["Insumo","E9535","SICRO3","Serra circular com bancada - D = 30 cm - 4 kW",4.0160000000000001E-2,1,0,31.252500000000001,30.8993,1.2551000000000001]
[{"$nulls":5},"Adc.M.O. - Ferramentas (0,0%) =>",null,null,null,0]
[{"$nulls":5},"Custo do FIC =>",null,null,null,0]
["Insumo","SICRO3","M0290","Tábua - E = 2,5 cm e L = 10 cm",2.0900300000000001,"m",5.0838000000000001,null,null,10.625299999999999]
["Tempo Fixo","SICRO3","M0560","Carga, manobra e descarga de materiais diversos em caminhão carroceria de 15 t - carga e descarga manuais",5914655,2.0000000000000002E-5,"t",33.15,null,6.9999999999999999E-4]
["Tempo Fixo","SICRO3","M0290","Carga, manobra e descarga de materiais diversos em caminhão carroceria de 15 t - carga e descarga manuais",5914655,5.2300000000000003E-3,"t",33.15,null,0.1734]
[{"$nulls":6},"LN","RP","P"]
["Momento de Transporte","SICRO3","M1205","Prego de ferro - Caminhão carroceria com capacidade de 15 t - 188 kW",2.0000000000000001E-4,"tkm","5914449\n0,000\nR$ 1,08","5914464\n0,000\nR$ 0,86","5914479\n0,000\nR$ 0,71",0]
[]
[{"$nulls":4},"MO sem LS =>",4.1500000000000004,"LS =>",0,"MO com LS =>",4.1500000000000004]
[" 6.4.6.1.4.1 ","Código","Banco","Descrição","Tipo",null,"Und","Quant.","Porcent.","Valor Unit","Total"]
[{"$nulls":5},"Custo Horário de Equipamentos =>",null,null,null,318.24610000000001]
[{"$nulls":5},"Fator de Influencia da Chuva - FIC =>",null,null,null,0]
[{"$nulls":5},"Custo Unitário de Execução =>",null,null,null,14.505100000000001]
["E","Banco","Insumo","Tempos Fixos","Código","Quantidade","Unidade","Preço Unitário",null,"Custo Horário"]
["F","Banco","Insumo","Momento de Transporte","Quantidade","Unidade","Distância Média de Transporte (DMT)",null,null,"Custo Horário"]
["Momento de Transporte","SICRO3",4816012,"Brita produzida em central de britagem de 80 m³/h - Caminhão basculante com capacidade de 10 m³ - 188 kW",1.1026199999999999,"tkm","5914359\n0,000\nR$ 1,19","5914374\n0,000\nR$ 0,95","5914389\n0,000\nR$ 0,79",0]
["Composição",5914539,"SICRO3","Transporte com caminhão betoneira - rodovia em leito natural","",null,"tkm",1,null,0.98,0.98]
[{"$nulls":5},"Fator de Influencia da Chuva - FIC =>",null,null,null,1.43E-2]
[{"$nulls":5},"Custo Unitário de Execução =>",null,null,null,0.96519999999999995]
["Insumo","E9069","SICRO3","Vibrador de imersão para concreto - 4,10 kW",1,1,0,8.3879000000000001,0.7641,8.3879000000000001]
["B","Código","Banco","Mão de Obra","Quantidade","Salário Hora",null,null,null,"Custo Horário"]
[{"$nulls":5},"Produção de Equipe =>",null,null,null,9]
[{"$nulls":4},"Valor do BDI =>",0.74,null,"Valor com BDI =>",null,4.0599999999999996]
[{"$nulls":5},"Custo Horário da Mão de Obra =>",null,null,null,4.7531999999999996]
["C","Banco","Código","Material","Quantidade","Unidade","Preço Unitário",null,null,"Custo Horário"]
[{"$nulls":5},"Custo Total do Material =>",null,null,null,7.0918000000000001]
["Momento de Transporte","SICRO3","M0075","Arame liso recozido em aço-carbono - D = 1,24 mm (18 BWG) - Caminhão carroceria com capacidade de 15 t - 188 kW",2.0000000000000002E-5,"tkm","5914449\n0,000\nR$ 1,08","5914464\n0,000\nR$ 0,86","5914479\n0,000\nR$ 0,71",0]
["Composição",3107997,"SICRO3","Fôrmas de compensado resinado 10 mm - uso geral - utilização de 3 vezes - confecção, instalação e retirada","",null,"m²",1,null,81.96,81.96]
["A","Código","Banco","Equipamentos","Quantidade","Utilização",null,"Custo Operacional",null,"Custo Horário"]
[{"$nulls":5},"Custo Horário de Execução =>",null,null,null,38.946899999999999]
[{"$nulls":5},"Fator de Influencia da Chuva - FIC =>",null,null,null,0]
["Insumo","SICRO3","M0560","Desmoldante para fôrmas de madeira",1.8519999999999998E-2,"l",12.788600000000001,null,null,0.23680000000000001]
[{"$nulls":5},"Custo Total do Material =>",null,null,null,42.516800000000003]
["F","Banco","Insumo","Momento de Transporte","Quantidade","Unidade","Distância Média de Transporte (DMT)",null,null,"Custo Horário"]
["Momento de Transporte","SICRO3","M0446","Compensado resinado - E = 10 mm - Caminhão carroceria com capacidade de 15 t - 188 kW",4.0400000000000002E-3,"tkm","5914449\n0,000\nR$ 1,08","5914464\n0,000\nR$ 0,86","5914479\n0,000\nR$ 0,71",0]
["Momento de Transporte","SICRO3","M0286","Tábua - E = 2,5 cm e L = 30 cm - Caminhão carroceria com capacidade de 15 t - 188 kW",2.7000000000000001E-3,"tkm","5914449\n0,000\nR$ 1,08","5914464\n0,000\nR$ 0,86","5914479\n0,000\nR$ 0,71",0]
[{"$nulls":6},"Quant. =>",23.86,"Preço Total =>",2396.73]
["Insumo","E9667","SICRO3","Caminhão basculante com capacidade de 14 m³ - 188 kW",4,0.76,0.24,297.32,90.567700000000002,990.79780000000005]
[{"$nulls":5},"Custo Horário da Mão de Obra =>",null,null,null,21.465699999999998]
[{"$nulls":5},"Custo do FIC =>",null,null,null,8.0500000000000002E-2]
["A","Código","Banco","Equipamentos","Quantidade","Utilização",null,"Custo Operacional",null,"Custo Horário"]
["Insumo","P9824","SICRO3","Servente",1,null,null,null,21.465699999999998,21.465699999999998]
[{"$nulls":5},"Custo Horário de Execução =>",null,null,null,1052.5033000000001]
[" 7.1.1.3 ","Código","Banco","Descrição","Tipo",null,"Und","Quant.","Porcent.","Valor Unit","Total"]
["Composição",5502742,"SICRO3","ESCAVAÇÃO, CARGA E TRANSPORTE DE MATERIAL DE 3ª CATEGORIA - DMT DE 50 A 200 M - CAMINHO DE SERVIÇO EM LEITO NATURAL COMCAMINHÃO BASCULANTE DE 12 M³","",null,"m³",1,null,40.99,40.99]
["Insumo","E9540","SICRO3","Trator sobre esteiras com lâmina - 127 kW",1,0.38,0.62,322.01350000000002,134.76900000000001,205.92189999999999]
["Insumo","P9892","SICRO3","Auxiliar de blaster",2,null,null,null,34.436,68.872]
[{"$nulls":5},"Produção de Equipe =>",null,null,null,64.84]
["Insumo","SICRO3","M2141","Nonel de iniciação para fogacho - C = 6,0 m",0.15714,"un",14.9138,null,null,2.3435999999999999]
[{"$nulls":4},"Valor do BDI =>",9.24,null,"Valor com BDI =>",null,50.23]
[" 7.2 ",null,null,"DRENAGEM TRANSVERSAL",{"$nulls":6},14873520.869999999]
["B","Código","Banco","Mão de Obra","Quantidade","Salário Hora",null,null,null,"Custo Horário"]
["Insumo","P9824","SICRO3","Servente",1,null,null,null,21.465699999999998,21.465699999999998]
[{"$nulls":4},"Valor do BDI =>",1.94,null,"Valor com BDI =>",null,10.56]
[{"$nulls":5},"Operativa","Improdutiva","Operativa","Improdutiva"]
["Insumo","E9646","SICRO3","Compressor de ar portátil de 58,52 l/s (124 PCM) - 27 kW",1,1,0,43.116199999999999,10.8597,43.116199999999999]
[{"$nulls":5},"Adc.M.O. - Ferramentas (0,0%) =>",null,null,null,0]
["C","Banco","Código","Material","Quantidade","Unidade","Preço Unitário",null,null,"Custo Horário"]
["Insumo","SICRO3","M2065","Haste linha T38 para perfuratriz sobre esteiras - D = 38,0 mm (1 1/2”) e C = 3,05 m",1.6000000000000001E-4,"un",2083.3042,null,null,0.33329999999999999]
["Insumo","SICRO3","M2143","Nonel de ligação - C = 6,0 m",1.5709999999999998E-2,"un",17.517800000000001,null,null,0.2752]
[{"$nulls":4},"MO sem LS =>",1.6489389265885257,"LS =>",0,"MO com LS =>",1.6489389265885257]
["Insumo","E9526","SICRO3","Retroescavadeira de pneus - capacidade da caçamba da pá-carregadeira de 0,76 m³ e da",1,1,0,151.10929999999999,79.652699999999996,151.10929999999999]
[{"$nulls":5},"Produção de Equipe =>",null,null,null,32.26]
[{"$nulls":6},"Quant. =>",6985.2845688999996,"Preço Total =>",150672.57999999999]
[{"$nulls":5},"Fator de Influencia da Chuva - FIC =>",null,null,null,1.43E-2]
[{"$nulls":4},"Valor do BDI =>",0.37,null,"Valor com BDI =>",null,2.0499999999999998]
["Composição"," COMP-0022 ","Próprio","RACHÃO OU PEDRA DE MÃO PRODUZIDA.","URBA - URBANIZAÇÃO",null,"m³",1,null,20.05,20.05]
[{"$nulls":5},"Custo Horário de Execução =>",null,null,null,953.70180000000005]
["Insumo","SICRO3","M2110","Mandíbula móvel para britador - abertura de alimentação com L = 930 mm",4.0000000000000003E-5,"un",24230.054,null,null,0.96919999999999995]
[{"$nulls":5},"Custo Total das Atividades =>",null,null,null,2.7988]
["A","Código","Banco","Equipamentos","Quantidade","Utilização",null,"Custo Operacional",null,"Custo Horário"]
["Insumo","E9604","SICRO3","Caminhão basculante para rocha com capacidade de 8 m³ - 210 kW",2,0.56999999999999995,0.43,297.14830000000001,90.430499999999995,416.51929999999999]
[{"$nulls":4},"Valor do BDI =>",3.97,null,"Valor com BDI =>",null,21.57]
["Insumo","E9604","SICRO3","Caminhão basculante para rocha com capacidade de 8 m³ - 210 kW",1,1,0,297.14830000000001,90.430499999999995,297.14830000000001]
[{"$nulls":5},"Custo Horário de Execução =>",null,null,null,297.14830000000001]
[{"$nulls":6},"Quant. =>",12254.885208600001,"Preço Total =>",25122.51]
["Composição"," COMP-0021 ","Próprio","ENROCAMENTO DE PEDRA ESPALHADA E COMPACTADA MECANICAMENTE - PEDRA DE MÃO PRODUZIDA - SEM FORNECIMENTO E COM ASSENTAMENTO","URBA - URBANIZAÇÃO",null,"m³",1,null,22,22]
[{"$nulls":5},"Custo do FIC =>",null,null,null,0]
[{"$nulls":4},"MO sem LS =>",0.29036125499999998,"LS =>",0,"MO com LS =>",0.29036125499999998]
[]
[{"$nulls":5},"Custo Horário de Equipamentos =>",null,null,null,59.945500000000003]
[{"$nulls":5},"Fator de Influencia da Chuva - FIC =>",null,null,null,0]
[{"$nulls":5},"Custo Unitário de Execução =>",null,null,null,72.140600000000006]
["D","Banco","Código","Atividades Auxiliares","Quantidade","Unidade","Preço Unitário",null,null,"Custo Horário"]
["Tempo Fixo","SICRO3",4816020,"Carga, manobra e descarga de agregados ou solos em caminhão basculante de 10 m³ - carga com carregadeira de 3,40 m³ edescarga livre",5915407,0.89922000000000002,"t",2.72,null,2.4459]
[{"$nulls":5},"Custo total dos Momentos de Transportes =>",null,null,null,0]
[]
["Insumo",99900,"SBC","SERVENTE","Mão de Obra",null,"H",1.337,null,13.79,18.43]
["A","Código","Banco","Equipamentos","Quantidade","Utilização",null,"Custo Operacional",null,"Custo Horário"]
["B","Código","Banco","Mão de Obra","Quantidade","Salário Hora",null,null,null,"Custo Horário"]
[{"$nulls":5},"Fator de Influencia da Chuva - FIC =>",null,null,null,0]
[{"$nulls":5},"Custo Total do Material =>",null,null,null,189.304]
["Tempo Fixo","SICRO3",4816020,"Carga, manobra e descarga de agregados ou solos em caminhão basculante de 10 m³ - carga com carregadeira de 3,40 m³ edescarga livre",5915407,0.95638999999999996,"t",2.72,null,2.6013999999999999]
["F","Banco","Insumo","Momento de Transporte","Quantidade","Unidade","Distância Média de Transporte (DMT)",null,null,"Custo Horário"]
[{"$nulls":4},"MO sem LS =>",8.9898363901943465,"LS =>",0,"MO com LS =>",8.9898363901943465]
["Composição Auxiliar",5901,"SINAPI","CAMINHÃO PIPA 10.000 L TRUCADO, PESO BRUTO TOTAL 23.000 KG, CARGA ÚTIL MÁXIMA 15.935 KG, DISTÂNCIA ENTRE EIXOS 4,8 M, POTÊNCIA 230 CV, INCLUSIVE TANQUE DE AÇO PARA TRANSPORTE DE ÁGUA - CHP DIURNO. AF_06/2014","CHOR - CUSTOS HORÁRIOS DE MÁQUINAS E EQUIPAMENTOS",null,"CHP",5.4000000000000003E-3,null,318.5,1.71]
["Composição Auxiliar",90692,"SINAPI","MINICARREGADEIRA SOBRE RODAS, POTÊNCIA LÍQUIDA DE 47 HP, CAPACIDADE NOMINAL DE OPERAÇÃO DE 646 KG - CHP DIURNO. AF_06/2015","CHOR - CUSTOS HORÁRIOS DE MÁQUINAS E EQUIPAMENTOS",null,"CHP",7.4200000000000002E-2,null,140.72999999999999,10.44]
[{"$nulls":5},"Custo Horário de Execução =>",null,null,null,0]
[{"$nulls":5},"Fator de Influencia da Chuva - FIC =>",null,null,null,0]
["Atividade Auxiliar","SICRO3",1107891,"Concreto fck = 20 MPa - confecção em betoneira e lançamento manual - areia extraída e brita produzida",6.1749999999999998,"m³",328.92,null,null,2031.0809999999999]
[{"$nulls":5},"Custo Total das Atividades =>",null,null,null,12363.5057]
[{"$nulls":5},"Fator de Influencia da Chuva - FIC =>",null,null,null,0]
[{"$nulls":5},"Custo Total do Material =>",null,null,null,2.6991000000000001]
["Atividade Auxiliar","SICRO3",1100657,"Adensamento de concreto por vibrador de imersão",1.79,"m³",3.32,null,null,5.9428000000000001]
["Tempo Fixo","SICRO3","M0446","Carga, manobra e descarga de materiais diversos em caminhão carroceria de 15 t - carga e descarga manuais",5914655,7.2000000000000005E-4,"t",33.15,null,2.3900000000000001E-2]
[{"$nulls":5},"Custo total dos Momentos de Transportes =>",null,null,null,0]
[{"$nulls":6},"Quant. =>",81.44,"Preço Total =>",374524.64]
[{"$nulls":5},"Custo Unitário de Execução =>",null,null,null,0]
["D","Banco","Código","Atividades Auxiliares","Quantidade","Unidade","Preço Unitário",null,null,"Custo Horário"]
[{"$nulls":5},"Custo Total das Atividades =>",null,null,null,18930.617999999999]
[" 7.2.18 ","Código","Banco","Descrição","Tipo",null,"Und","Quant.","Porcent.","Valor Unit","Total"]
[{"$nulls":5},"Custo Unitário de Execução =>",null,null,null,0]
["Atividade Auxiliar","SICRO3",1100657,"Adensamento de concreto por vibrador de imersão",2.3199999999999998,"m³",3.32,null,null,7.7023999999999999]
["Atividade Auxiliar","SICRO3",3108005,"Fôrmas de compensado resinado 14 mm - uso geral - utilização de 3 vezes - confecção, instalação e retirada",16.600000000000001,"m²",88.4,null,null,1467.44]
["F","Banco","Insumo","Momento de Transporte","Quantidade","Unidade","Distância Média de Transporte (DMT)",null,null,"Custo Horário"]
[{"$nulls":6},"Quant. =>",74,"Preço Total =>",491745.54]
[{"$nulls":5},"Fator de Influencia da Chuva - FIC =>",null,null,null,0]
["D","Banco","Código","Atividades Auxiliares","Quantidade","Unidade","Preço Unitário",null,null,"Custo Horário"]
[{"$nulls":4},"Valor do BDI =>",3461.6,null,"Valor com BDI =>",null,18805.59]
[{"$nulls":5},"Custo Horário de Execução =>",null,null,null,0]
[{"$nulls":5},"Custo Unitário de Execução =>",null,null,null,0]
["Atividade Auxiliar","SICRO3",1107891,"Concreto fck = 20 MPa - confecção em betoneira e lançamento manual - areia extraída e brita produzida",2.57,"m³",328.92,null,null,845.32439999999997]
["Atividade Auxiliar","SICRO3",1109668,"Argamassa de cimento e areia 1:3 - confecção em betoneira e lançamento manual - areia extraída",0.23,"m³",399.62,null,null,91.912599999999998]
["F","Banco","Insumo","Momento de Transporte","Quantidade","Unidade","Distância Média de Transporte (DMT)",null,null,"Custo Horário"]
["Momento de Transporte","SICRO3","M0786","Placa de poliestireno expandido (EPS) - Caminhão carroceria com capacidade de 15 t - 188 kW",2.0000000000000002E-5,"tkm","5914449\n0,000\nR$ 1,08","5914464\n0,000\nR$ 0,86","5914479\n0,000\nR$ 0,71",0]
[" 7.3.1 ","Código","Banco","Descrição","Tipo",null,"Und","Quant.","Porcent.","Valor Unit","Total"]
[{"$nulls":5},"Custo Horário de Execução =>",null,null,null,953.70180000000005]
[{"$nulls":5},"Produção de Equipe =>",null,null,null,66.400000000000006]
["Atividade Auxiliar","SINAPI",88316,"SERVENTE COM ENCARGOS COMPLEMENTARES",0.1204819,"H",23.23,null,null,2.7988]
["A","Código","Banco","Equipamentos","Quantidade","Utilização",null,"Custo Operacional",null,"Custo Horário"]
[{"$nulls":5},"Operativa","Improdutiva","Operativa","Improdutiva"]
[{"$nulls":4},"MO sem LS =>",0,"LS =>",0,"MO com LS =>",0]
[{"$nulls":6},"Quant. =>",252.48,"Preço Total =>",5445.99]
[{"$nulls":5},"Custo Horário de Equipamentos =>",null,null,null,297.14830000000001]
[]
["Composição"," COMP-0021 ","Próprio","ENROCAMENTO DE PEDRA ESPALHADA E COMPACTADA MECANICAMENTE - PEDRA DE MÃO PRODUZIDA - SEM FORNECIMENTO E COM ASSENTAMENTO","URBA - URBANIZAÇÃO",null,"m³",1,null,22,22]
[{"$nulls":5},"Fator de Influencia da Chuva - FIC =>",null,null,null,0]
["D","Banco","Código","Atividades Auxiliares","Quantidade","Unidade","Preço Unitário",null,null,"Custo Horário"]
[{"$nulls":4},"Valor do BDI =>",4.96,null,"Valor com BDI =>",null,26.96]
["Insumo","E9064","SICRO3","Transportador manual gerica com capacidade de 180 l",3,0.41,0.59,1.5258,1.0373000000000001,3.7128000000000001]
["Insumo","P9824","SICRO3","Servente",9,null,null,null,21.465699999999998,193.19130000000001]
[{"$nulls":5},"Custo do FIC =>",null,null,null,0]
[{"$nulls":5},"Custo Total das Atividades =>",null,null,null,46.614600000000003]
[{"$nulls":5},"Custo Total dos Tempos Fixos =>",null,null,null,14.7446]
["Momento de Transporte","SICRO3",4816012,"Brita produzida em central de britagem de 80 m³/h - Caminhão basculante com capacidade de 10 m³ - 188 kW",1.1026199999999999,"tkm","5914359\n0,000\nR$ 1,19","5914374\n0,000\nR$ 0,95","5914389\n0,000\nR$ 0,79",0]
["A","Código","Banco","Equipamentos","Quantidade","Utilização",null,"Custo Operacional",null,"Custo Horário"]
[{"$nulls":5},"Custo Horário de Equipamentos =>",null,null,null,318.24610000000001]
[{"$nulls":5},"Adc.M.O. - Ferramentas (0,0%) =>",null,null,null,0]
[{"$nulls":5},"Custo do FIC =>",null,null,null,0]
[{"$nulls":5},"Custo Total do Material =>",null,null,null,189.304]
["Tempo Fixo","SICRO3","M0424","Carga, manobra e descarga de materiais diversos em caminhão carroceria de 15 t - carga e descarga manuais",5914655,0.27464,"t",33.15,null,9.1043000000000003]
["Momento de Transporte","SICRO3","M0424","Cimento Portland CP II - 32 - saco - Caminhão carroceria com capacidade de 15 t - 188 kW",0.27464,"tkm","5914449\n0,000\nR$ 1,08","5914464\n0,000\nR$ 0,86","5914479\n0,000\nR$ 0,71",0]
[{"$nulls":4},"MO sem LS =>",8.9898363901943465,"LS =>",0,"MO com LS =>",8.9898363901943465]
["Composição Auxiliar",90692,"SINAPI","MINICARREGADEIRA SOBRE RODAS, POTÊNCIA LÍQUIDA DE 47 HP, CAPACIDADE NOMINAL DE OPERAÇÃO DE 646 KG - CHP DIURNO. AF_06/2015","CHOR - CUSTOS HORÁRIOS DE MÁQUINAS E EQUIPAMENTOS",null,"CHP",7.4200000000000002E-2,null,140.72999999999999,10.44]
["Composição Auxiliar",90693,"SINAPI","MINICARREGADEIRA SOBRE RODAS, POTÊNCIA LÍQUIDA DE 47 HP, CAPACIDADE NOMINAL DE OPERAÇÃO DE 646 KG - CHI DIURNO. AF_06/2015","CHOR - CUSTOS HORÁRIOS DE MÁQUINAS E EQUIPAMENTOS",null,"CHI",0.1072,null,70.27,7.53]
["A","Código","Banco","Equipamentos","Quantidade","Utilização",null,"Custo Operacional",null,"Custo Horário"]
[{"$nulls":5},"Adc.M.O. - Ferramentas (0,0%) =>",null,null,null,0]
[{"$nulls":5},"Custo do FIC =>",null,null,null,0]
[{"$nulls":5},"Custo Total das Atividades =>",null,null,null,1385.9031]
[{"$nulls":6},"Quant. =>",62.68,"Preço Total =>",118038.97]
["Composição",705224,"SICRO3","Boca de BSCC 1,50 x 1,50 m - esconsidade 0° - areia extraída e brita produzida","",null,"un",1,null,10546.01,10546.01]
["Atividade Auxiliar","SICRO3",1100657,"Adensamento de concreto por vibrador de imersão",5.4249999999999998,"m³",3.32,null,null,18.010999999999999]
["Atividade Auxiliar","SICRO3",1106058,"Concreto magro - confecção em betoneira e lançamento manual - areia extraída e brita produzida",2.1749999999999998,"m³",321.32,null,null,698.87099999999998]
[" 7.4 ",null,null,"BOTA FORA PROVENIENTE DAS ESCAVAÇÕES DO SISTEMA DE DRENAGEM",{"$nulls":6},1953565.13]
[{"$nulls":5},"Operativa","Improdutiva","Operativa","Improdutiva"]
[{"$nulls":5},"Custo Horário da Mão de Obra =>",null,null,null,21.465699999999998]
[{"$nulls":6},"Quant. =>",810607.94,"Preço Total =>",1953565.13]
[" 8.1.1 ",null,null,"SEVIÇOS PRELIMINARES",{"$nulls":6},30309.96]
["Insumo","E9667","SICRO3","Caminhão basculante com capacidade de 14 m³ - 188 kW",4,0.76,0.24,297.32,90.567700000000002,990.79780000000005]
[{"$nulls":5},"Custo do FIC =>",null,null,null,8.0500000000000002E-2]
[{"$nulls":4},"Valor do BDI =>",1.29,null,"Valor com BDI =>",null,7.02]
["A","Código","Banco","Equipamentos","Quantidade","Utilização",null,"Custo Operacional",null,"Custo Horário"]
[{"$nulls":5},"Adc.M.O. - Ferramentas (0,0%) =>",null,null,null,0]
[{"$nulls":4},"MO sem LS =>",0.12140546349188394,"LS =>",0,"MO com LS =>",0.12140546349188394]
[" 8.1.2.1 ",null,null,"CORTE",{"$nulls":6},13446.59]
[{"$nulls":5},"Custo Horário de Equipamentos =>",null,null,null,1278.7371000000001]
["B","Código","Banco","Mão de Obra","Quantidade","Salário Hora",null,null,null,"Custo Horário"]
[{"$nulls":5},"Custo Unitário de Execução =>",null,null,null,5.6483999999999996]
[{"$nulls":6},"Quant. =>",1915.47,"Preço Total =>",13446.59]
["Insumo","E9511","SICRO3","Carregadeira de pneus com capacidade de 3,40 m³ - 195 kW",1,1,0,442.03,218.85579999999999,442.03]
[{"$nulls":5},"Fator de Influencia da Chuva - FIC =>",null,null,null,1.43E-2]
[{"$nulls":5},"Custo Unitário de Execução =>",null,null,null,4.3273000000000001]
["A","Código","Banco","Equipamentos","Quantidade","Utilização",null,"Custo Operacional",null,"Custo Horário"]
[{"$nulls":5},"Custo Unitário de Execução =>",null,null,null,0.85399999999999998]
[{"$nulls":6},"Quant. =>",76871.017331700001,"Preço Total =>",81483.27]
["Insumo","E9524","SICRO3","Motoniveladora - 93 kW",1,0.28999999999999998,0.71,289.17180000000002,130.09540000000001,176.2276]
["Insumo","E9685","SICRO3","Rolo compactador pé de carneiro vibratório autopropelido por pneus de 11,6 t - 82 kW",1,1,0,221.4451,102.9592,221.4451]
[{"$nulls":5},"Custo do FIC =>",null,null,null,7.0000000000000007E-2]
[{"$nulls":4},"MO sem LS =>",0.12762009512485137,"LS =>",0,"MO com LS =>",0.12762009512485137]
["Composição",4015612,"SICRO3","EXECUÇÃO DE REVESTIMENTO PRIMÁRIO COM MATERIAL DE JAZIDA","",null,"m³",1,null,12.06,12.06]
[{"$nulls":5},"Custo Horário de Equipamentos =>",null,null,null,1105.0841]
[{"$nulls":5},"Custo Horário da Mão de Obra =>",null,null,null,21.465699999999998]
[{"$nulls":5},"Custo Unitário de Execução =>",null,null,null,6.6977000000000002]
["F","Banco","Insumo","Momento de Transporte","Quantidade","Unidade","Distância Média de Transporte (DMT)",null,null,"Custo Horário"]
[{"$nulls":4},"Valor do BDI =>",2.72,null,"Valor com BDI =>",null,14.78]
[{"$nulls":5},"Operativa","Improdutiva","Operativa","Improdutiva"]
[{"$nulls":5},"Custo Unitário de Execução =>",null,null,null,0.85399999999999998]
[" 8.1.4 ",null,null,"SINALIZAÇÃO",{"$nulls":6},30723.63]
[{"$nulls":4},"Valor do BDI =>",121.44,null,"Valor com BDI =>",null,987.69]
["Composição Auxiliar",88316,"SINAPI","SERVENTE COM ENCARGOS COMPLEMENTARES","SEDI - SERVIÇOS DIVERSOS",null,"H",0.64129999999999998,null,23.23,14.89]
[]
["Composição",5502109,"SICRO3","ESCAVAÇÃO, CARGA E TRANSPORTE DE MATERIAL DE 1ª CATEGORIA - DMT DE 50 A 200 M - CAMINHO DE SERVIÇO EM LEITO NATURAL - COMESCAVADEIRA E CAMINHÃO BASCULANTE DE 14 M³","",null,"m³",1,null,5.73,5.73]
["Insumo","E9667","SICRO3","Caminhão basculante com capacidade de 14 m³ - 188 kW",4,0.76,0.24,297.32,90.567700000000002,990.79780000000005]
[{"$nulls":5},"Adc.M.O. - Ferramentas (0,0%) =>",null,null,null,0]
[]
["A","Código","Banco","Equipamentos","Quantidade","Utilização",null,"Custo Operacional",null,"Custo Horário"]
[{"$nulls":5},"Adc.M.O. - Ferramentas (0,0%) =>",null,null,null,0]
[{"$nulls":6},"Quant. =>",6411.942,"Preço Total =>",15452.78]
[" 8.2.2.1 ",null,null,"CORTE",{"$nulls":6},25408.080000000002]
[{"$nulls":5},"Custo Horário de Equipamentos =>",null,null,null,1278.7371000000001]
["Insumo","P9824","SICRO3","Servente",1,null,null,null,21.465699999999998,21.465699999999998]
[{"$nulls":5},"Custo Unitário de Execução =>",null,null,null,5.6483999999999996]
["Insumo","E9540","SICRO3","Trator sobre esteiras com lâmina - 127 kW",1,1,0,322.01350000000002,134.76900000000001,322.01350000000002]
["B","Código","Banco","Mão de Obra","Quantidade","Salário Hora",null,null,null,"Custo Horário"]
[{"$nulls":5},"Produção de Equipe =>",null,null,null,176.81]
[{"$nulls":6},"Quant. =>",2694.39,"Preço Total =>",6493.47]
["Insumo","E9511","SICRO3","Carregadeira de pneus com capacidade de 3,40 m³ - 195 kW",1,1,0,442.03,218.85579999999999,442.03]
[{"$nulls":5},"Custo Horário de Execução =>",null,null,null,1055.0942]
[{"$nulls":5},"Custo Unitário de Execução =>",null,null,null,4.3273000000000001]
[" 8.2.2.2.2 ","Código","Banco","Descrição","Tipo",null,"Und","Quant.","Porcent.","Valor Unit","Total"]
[{"$nulls":5},"Produção de Equipe =>",null,null,null,348.6]
[{"$nulls":6},"Quant. =>",42719.943251800003,"Preço Total =>",45283.13]
[{"$nulls":5},"Operativa","Improdutiva","Operativa","Improdutiva"]
[{"$nulls":5},"Custo Horário da Mão de Obra =>",null,null,null,21.465699999999998]
[{"$nulls":5},"Custo do FIC =>",null,null,null,7.0000000000000007E-2]
[{"$nulls":6},"Quant. =>",7233,"Preço Total =>",44121.3]
[" 8.2.3.1 ","Código","Banco","Descrição","Tipo",null,"Und","Quant.","Porcent.","Valor Unit","Total"]
["Insumo","E9524","SICRO3","Motoniveladora - 93 kW",1,0.74,0.26,289.17180000000002,130.09540000000001,247.81190000000001]
[{"$nulls":5},"Custo Horário de Execução =>",null,null,null,1126.5498]
[{"$nulls":5},"Produção de Equipe =>",null,null,null,168.2]
["Tempo Fixo","SICRO3",4016096,"Carga, manobra e descarga de agregados ou solos em caminhão basculante de 10 m³ - carga com escavadeira de 1,56 m³(exclusa) e descarga livre",5914354,2.0630099999999998,"t",1.83,null,3.7753000000000001]
[]
[" 8.2.3.2 ","Código","Banco","Descrição","Tipo",null,"Und","Quant.","Porcent.","Valor Unit","Total"]
[{"$nulls":5},"Custo do FIC =>",null,null,null,1.2200000000000001E-2]
[{"$nulls":4},"MO sem LS =>",0,"LS =>",0,"MO com LS =>",0]
[{"$nulls":4},"MO sem LS =>",0,"LS =>",0,"MO com LS =>",0]
["Composição Auxiliar",102486,"SINAPI","CONCRETO FCK = 15MPA, TRAÇO 1:3,4:3,4 (EM MASSA SECA DE CIMENTO/ AREIA MÉDIA/ SEIXO ROLADO) - PREPARO MANUAL. AF_05/2021","FUES - FUNDAÇÕES E ESTRUTURAS",null,"m³",2.24E-2,null,678.37,15.19]
["Insumo",4491,"SINAPI","PONTALETE *7,5 X 7,5* CM EM PINUS, MISTA OU EQUIVALENTE DA REGIAO - BRUTA","Material",null,"M",3.08,null,9.5,29.26]
[" 8.3.1.1 ","Código","Banco","Descrição","Tipo",null,"Und","Quant.","Porcent.","Valor Unit","Total"]
["Insumo","P9824","SICRO3","Servente",1,null,null,null,21.465699999999998,21.465699999999998]
[{"$nulls":5},"Custo Horário da Mão de Obra =>",null,null,null,21.465699999999998]
[{"$nulls":6},"Quant. =>",8235.0660000000007,"Preço Total =>",57810.16]
["Composição",4413942,"SICRO3","ESPALHAMENTO DE MATERIAL EM BOTA-FORA","",null,"m³",1,null,1.97,1.97]
["Insumo","P9824","SICRO3","Servente",1,null,null,null,21.465699999999998,21.465699999999998]
[{"$nulls":4},"Valor do BDI =>",0.44,null,"Valor com BDI =>",null,2.41]
[" 8.3.2.1 ",null,null,"CORTE",{"$nulls":6},26002.080000000002]
["Insumo","E9667","SICRO3","Caminhão basculante com capacidade de 14 m³ - 188 kW",4,0.76,0.24,297.32,90.567700000000002,990.79780000000005]
[{"$nulls":5},"Custo do FIC =>",null,null,null,8.0500000000000002E-2]
[{"$nulls":4},"Valor do BDI =>",1.29,null,"Valor com BDI =>",null,7.02]
["Composição",4016008,"SICRO3","ESCAVAÇÃO E CARGA DE MATERIAL DE JAZIDA COM TRATOR DE 127 KW E CARREGADEIRA DE 3,4 M³","",null,"m³",1,null,4.3899999999999997,4.3899999999999997]
["Insumo","E9511","SICRO3","Carregadeira de pneus com capacidade de 3,40 m³ - 195 kW",1,1,0,442.03,218.85579999999999,442.03]
[{"$nulls":5},"Produção de Equipe =>",null,null,null,243.82]
[]
[{"$nulls":5},"Custo Horário de Execução =>",null,null,null,297.71420000000001]
[{"$nulls":5},"Fator de Influencia da Chuva - FIC =>",null,null,null,1.43E-2]
["A","Código","Banco","Equipamentos","Quantidade","Utilização",null,"Custo Operacional",null,"Custo Horário"]
[{"$nulls":5},"Operativa","Improdutiva","Operativa","Improdutiva"]
["B","Código","Banco","Mão de Obra","Quantidade","Salário Hora",null,null,null,"Custo Horário"]
[{"$nulls":5},"Custo Horário de Execução =>",null,null,null,826.51189999999997]
[{"$nulls":6},"Quant. =>",39198,"Preço Total =>",239107.8]
["Insumo","E9571","SICRO3","Caminhão tanque com capacidade de 10.000 l - 188 kW",1,0.93,7.0000000000000007E-2,321.9742,87.045699999999997,305.5292]
["Insumo","P9824","SICRO3","Servente",1,null,null,null,21.465699999999998,21.465699999999998]
[{"$nulls":5},"Custo Horário de Execução =>",null,null,null,1126.5498]
[{"$nulls":5},"Custo Total das Atividades =>",null,null,null,1.4964]
["Tempo Fixo","SICRO3",4016096,"Carga, manobra e descarga de agregados ou solos em caminhão basculante de 10 m³ - carga com escavadeira de 1,56 m³(exclusa) e descarga livre",5914354,2.0630099999999998,"t",1.83,null,3.7753000000000001]
[]
["A","Código","Banco","Equipamentos","Quantidade","Utilização",null,"Custo Operacional",null,"Custo Horário"]
[{"$nulls":5},"Custo do FIC =>",null,null,null,1.2200000000000001E-2]
["Insumo",34723,"SINAPI","PLACA DE SINALIZACAO EM CHAPA DE ACO NUM 16 COM PINTURA REFLETIVA","Material",null,"m²",1,null,866.25,866.25]
[{"$nulls":6},"Quant. =>",0.5,"Preço Total =>",493.84]
["Composição Auxiliar",102486,"SINAPI","CONCRETO FCK = 15MPA, TRAÇO 1:3,4:3,4 (EM MASSA SECA DE CIMENTO/ AREIA MÉDIA/ SEIXO ROLADO) - PREPARO MANUAL. AF_05/2021","FUES - FUNDAÇÕES E ESTRUTURAS",null,"m³",2.24E-2,null,678.37,15.19]
[" 8.4.1 ",null,null,"SEVIÇOS PRELIMINARES",{"$nulls":6},33629.78]
["A","Código","Banco","Equipamentos","Quantidade","Utilização",null,"Custo Operacional",null,"Custo Horário"]
["Insumo","P9824","SICRO3","Servente",1,null,null,null,21.465699999999998,21.465699999999998]
[{"$nulls":5},"Custo Unitário de Execução =>",null,null,null,5.6483999999999996]
[" 8.4.1.2 ","Código","Banco","Descrição","Tipo",null,"Und","Quant.","Porcent.","Valor Unit","Total"]
["B","Código","Banco","Mão de Obra","Quantidade","Salário Hora",null,null,null,"Custo Horário"]
[{"$nulls":5},"Produção de Equipe =>",null,null,null,176.81]
[]
[{"$nulls":5},"Operativa","Improdutiva","Operativa","Improdutiva"]
["Insumo","E9667","SICRO3","Caminhão basculante com capacidade de 14 m³ - 188 kW",4,0.76,0.24,297.32,90.567700000000002,990.79780000000005]
[{"$nulls":5},"Adc.M.O. - Ferramentas (0,0%) =>",null,null,null,0]
[]
["Composição",4016008,"SICRO3","ESCAVAÇÃO E CARGA DE MATERIAL DE JAZIDA COM TRATOR DE 127 KW E CARREGADEIRA DE 3,4 M³","",null,"m³",1,null,4.3899999999999997,4.3899999999999997]
["B","Código","Banco","Mão de Obra","Quantidade","Salário Hora",null,null,null,"Custo Horário"]
[{"$nulls":4},"MO sem LS =>",8.8039127225002053E-2,"LS =>",0,"MO com LS =>",8.8039127225002053E-2]
[]
[{"$nulls":5},"Custo Horário de Execução =>",null,null,null,297.71420000000001]
[{"$nulls":5},"Custo do FIC =>",null,null,null,1.2200000000000001E-2]
["A","Código","Banco","Equipamentos","Quantidade","Utilização",null,"Custo Operacional",null,"Custo Horário"]
[{"$nulls":5},"Custo Horário de Equipamentos =>",null,null,null,805.0462]
["Insumo","P9824","SICRO3","Servente",1,null,null,null,21.465699999999998,21.465699999999998]
[{"$nulls":4},"Valor do BDI =>",1.1200000000000001,null,"Valor com BDI =>",null,6.1]
[]
["Insumo","E9518","SICRO3","Grade de 24 discos rebocável de D = 60 cm (24”)",1,0.52,0.48,4.8493000000000004,3.3769999999999998,4.1425999999999998]
["Insumo","P9824","SICRO3","Servente",1,null,null,null,21.465699999999998,21.465699999999998]
[{"$nulls":5},"Fator de Influencia da Chuva - FIC =>",null,null,null,1.43E-2]
["E","Banco","Insumo","Tempos Fixos","Código","Quantidade","Unidade","Preço Unitário",null,"Custo Horário"]
[{"$nulls":4},"MO sem LS =>",0.23022257889478057,"LS =>",0,"MO com LS =>",0.23022257889478057]
[" 8.4.3.2 ","Código","Banco","Descrição","Tipo",null,"Und","Quant.","Porcent.","Valor Unit","Total"]
[{"$nulls":5},"Custo Horário de Equipamentos =>",null,null,null,297.71420000000001]
[]
[" 9.1.1.1 ",null,null,"ATERRO",{"$nulls":6},217913.38]
["Insumo","E9511","SICRO3","Carregadeira de pneus com capacidade de 3,40 m³ - 195 kW",1,1,0,442.03,218.85579999999999,442.03]
["B","Código","Banco","Mão de Obra","Quantidade","Salário Hora",null,null,null,"Custo Horário"]
[{"$nulls":4},"Valor do BDI =>",0.99,null,"Valor com BDI =>",null,5.38]
["A","Código","Banco","Equipamentos","Quantidade","Utilização",null,"Custo Operacional",null,"Custo Horário"]
[{"$nulls":5},"Custo Horário de Equipamentos =>",null,null,null,297.71420000000001]
[{"$nulls":4},"MO sem LS =>",0,"LS =>",0,"MO com LS =>",0]
["Insumo","E9518","SICRO3","Grade de 24 discos rebocável de D = 60 cm (24”)",1,0.52,0.48,4.8493000000000004,3.3769999999999998,4.1425999999999998]
["Insumo","E9577","SICRO3","Trator agrícola sobre pneus - 77 kW",1,0.52,0.48,148.2132,57.663899999999998,104.7495]
[{"$nulls":5},"Custo Horário de Execução =>",null,null,null,826.51189999999997]
[{"$nulls":5},"Produção de Equipe =>",null,null,null,168.2]
["A","Código","Banco","Equipamentos","Quantidade","Utilização",null,"Custo Operacional",null,"Custo Horário"]
[{"$nulls":5},"Custo Horário de Equipamentos =>",null,null,null,61.210700000000003]
["Insumo","P9824","SICRO3","Servente",9,null,null,null,21.465699999999998,193.19130000000001]
[{"$nulls":5},"Custo Unitário de Execução =>",null,null,null,71.890799999999999]
[{"$nulls":5},"Custo Total das Atividades =>",null,null,null,47.209099999999999]
["Tempo Fixo","SICRO3",4816012,"Carga, manobra e descarga de agregados ou solos em caminhão basculante de 10 m³ - carga com carregadeira de 3,40 m³ edescarga livre",5915407,1.1026199999999999,"t",2.72,null,2.9990999999999999]
["Momento de Transporte","SICRO3",4816012,"Brita produzida em central de britagem de 80 m³/h - Caminhão basculante com capacidade de 10 m³ - 188 kW",1.1026199999999999,"tkm","5914359\n0,000\nR$ 1,19","5914374\n0,000\nR$ 0,95","5914389\n0,000\nR$ 0,79",0]
[{"$nulls":5},"Custo total dos Momentos de Transportes =>",null,null,null,0]
["Composição",1106138,"SICRO3","Concreto fck = 30 MPa - confecção em central dosadora de 30 m³/h - areia extraída e brita produzida","",null,"m³",1,null,303.25,303.25]
[{"$nulls":5},"Custo Horário da Mão de Obra =>",null,null,null,42.931399999999996]
[{"$nulls":5},"Fator de Influencia da Chuva - FIC =>",null,null,null,0]
["Insumo","SICRO3","M0424","Cimento Portland CP II - 32 - saco",327.44990000000001,"kg",0.66949999999999998,null,null,219.2277]
["Tempo Fixo","SICRO3","M0030","Carga, manobra e descarga de materiais diversos em caminhão carroceria de 15 t - carga e descarga manuais",5914655,9.7999999999999997E-4,"t",33.15,null,3.2500000000000001E-2]
["F","Banco","Insumo","Momento de Transporte","Quantidade","Unidade","Distância Média de Transporte (DMT)",null,null,"Custo Horário"]
[{"$nulls":5},"Custo total dos Momentos de Transportes =>",null,null,null,0]
[{"$nulls":6},"Quant. =>",225.65,"Preço Total =>",83865.070000000007]
["B","Código","Banco","Mão de Obra","Quantidade","Salário Hora",null,null,null,"Custo Horário"]
[{"$nulls":5},"Fator de Influencia da Chuva - FIC =>",null,null,null,0]
[{"$nulls":5},"Custo Unitário de Execução =>",null,null,null,14.386100000000001]
["D","Banco","Código","Atividades Auxiliares","Quantidade","Unidade","Preço Unitário",null,null,"Custo Horário"]
["F","Banco","Insumo","Momento de Transporte","Quantidade","Unidade","Distância Média de Transporte (DMT)",null,null,"Custo Horário"]
[{"$nulls":6},"LN","RP","P"]
[{"$nulls":4},"Valor do BDI =>",84.24,null,"Valor com BDI =>",null,457.65]
["Composição",5914657,"SICRO3","CARGA, MANOBRA E DESCARGA DE BLOCOS DE ROCHA EM CAMINHÃO BASCULANTE DE 8 M³ - CARGA COM RETROESCAVADEIRA DE 0,29 M³ E DESCARGA LIVRE.","",null,"t",1,null,17.600000000000001,17.600000000000001]
[{"$nulls":5},"Fator de Influencia da Chuva - FIC =>",null,null,null,0]
[]
[{"$nulls":5},"Operativa","Improdutiva","Operativa","Improdutiva"]
[{"$nulls":5},"Custo Unitário de Execução =>",null,null,null,1.6575]
["A","Código","Banco","Equipamentos","Quantidade","Utilização",null,"Custo Operacional",null,"Custo Horário"]
["Insumo","E9667","SICRO3","Caminhão basculante com capacidade de 14 m³ - 188 kW",3,0.77,0.23,297.32,90.567700000000002,749.30089999999996]
[{"$nulls":4},"Valor do BDI =>",0.57999999999999996,null,"Valor com BDI =>",null,3.19]
["Insumo","E9575","SICRO3","Caminhão basculante com caçamba estanque com capacidade de 14 m³ - 188 kW",1,1,0,297.71420000000001,90.774600000000007,297.71420000000001]
[{"$nulls":5},"Custo Horário de Execução =>",null,null,null,297.71420000000001]
[" 9.1.2.8 ","Código","Banco","Descrição","Tipo",null,"Und","Quant.","Porcent.","Valor Unit","Total"]
["A","Código","Banco","Equipamentos","Quantidade","Utilização",null,"Custo Operacional",null,"Custo Horário"]
[{"$nulls":5},"Produção de Equipe =>",null,null,null,318.72000000000003]
[{"$nulls":5},"Operativa","Improdutiva","Operativa","Improdutiva"]
["B","Código","Banco","Mão de Obra","Quantidade","Salário Hora",null,null,null,"Custo Horário"]
[{"$nulls":5},"Fator de Influencia da Chuva - FIC =>",null,null,null,0]
[{"$nulls":5},"Custo Unitário de Execução =>",null,null,null,14.7727]
["Momento de Transporte","SICRO3",1110000,"Concreto - Caminhão betoneira com capacidade de 8 m³ - 188 kW",2.4,"tkm","5914539\n0,000\nR$ 0,97","5914554\n0,000\nR$ 0,78","5914569\n0,000\nR$ 0,64",0]
[" 9.1.2.10 ","Código","Banco","Descrição","Tipo",null,"Und","Quant.","Porcent.","Valor Unit","Total"]
["Insumo","P9824","SICRO3","Servente",1,null,null,null,21.465699999999998,21.465699999999998]
[{"$nulls":5},"Custo do FIC =>",null,null,null,0]
[]
[" 9.1.2.11 ","Código","Banco","Descrição","Tipo",null,"Und","Quant.","Porcent.","Valor Unit","Total"]
[{"$nulls":5},"Adc.M.O. - Ferramentas (0,0%) =>",null,null,null,0]
[{"$nulls":5},"Custo Unitário de Execução =>",null,null,null,4.7531999999999996]
["Tempo Fixo","SICRO3","M0075","Carga, manobra e descarga de materiais diversos em caminhão carroceria de 15 t - carga e descarga manuais",5914655,2.0000000000000002E-5,"t",33.15,null,6.9999999999999999E-4]
[{"$nulls":5},"Custo total dos Momentos de Transportes =>",null,null,null,0]
["Insumo","E9066","SICRO3","Grupo gerador - 14 kVA",4.0160000000000001E-2,1,0,17.8385,4.6101000000000001,0.71640000000000004]
["B","Código","Banco","Mão de Obra","Quantidade","Salário Hora",null,null,null,"Custo Horário"]
[{"$nulls":5},"Fator de Influencia da Chuva - FIC =>",null,null,null,0]
[{"$nulls":5},"Custo Unitário de Execução =>",null,null,null,38.946899999999999]
[{"$nulls":5},"Custo Total do Material =>",null,null,null,42.516800000000003]
["Tempo Fixo","SICRO3","M1205","Carga, manobra e descarga de materiais diversos em caminhão carroceria de 15 t - carga e descarga manuais",5914655,2.0000000000000001E-4,"t",33.15,null,6.6E-3]
[{"$nulls":5},"Custo Total dos Tempos Fixos =>",null,null,null,0.50029999999999997]
["Momento de Transporte","SICRO3","M0286","Tábua - E = 2,5 cm e L = 30 cm - Caminhão carroceria com capacidade de 15 t - 188 kW",2.7000000000000001E-3,"tkm","5914449\n0,000\nR$ 1,08","5914464\n0,000\nR$ 0,86","5914479\n0,000\nR$ 0,71",0]
[{"$nulls":4},"MO sem LS =>",37.139617337668916,"LS =>",0,"MO com LS =>",37.139617337668916]
["Insumo",872,"SBC","GASTALHO PARA VIGAS DE ANCORAGEM (CIMBRAMENTO)","Material",null,"MES",0.48,null,3.35,1.6]
[{"$nulls":5},"Operativa","Improdutiva","Operativa","Improdutiva"]
["Insumo","E9545","SICRO3","Vibroacabadora de asfalto sobre esteiras - 82 kW",1,1,0,606.69870000000003,290.80610000000001,606.69870000000003]
[{"$nulls":5},"Fator de Influencia da Chuva - FIC =>",null,null,null,4.7999999999999996E-3]
["E","Banco","Insumo","Tempos Fixos","Código","Quantidade","Unidade","Preço Unitário",null,"Custo Horário"]
[{"$nulls":6},"LN","RP","P"]
[" 9.2 ",null,null,"TRAVESSIA 02 (EST: 419+13,437)",{"$nulls":6},2134666.42]
["Insumo","E9511","SICRO3","Carregadeira de pneus com capacidade de 3,40 m³ - 195 kW",1,1,0,442.03,218.85579999999999,442.03]
["Insumo","P9824","SICRO3","Servente",1,null,null,null,21.465699999999998,21.465699999999998]
[{"$nulls":5},"Custo Unitário de Execução =>",null,null,null,4.3273000000000001]
[{"$nulls":4},"MO sem LS =>",8.8039127225002053E-2,"LS =>",0,"MO com LS =>",8.8039127225002053E-2]
[{"$nulls":5},"Custo Horário de Execução =>",null,null,null,297.71420000000001]
[{"$nulls":4},"MO sem LS =>",0,"LS =>",0,"MO com LS =>",0]
[]
["Insumo","E9571","SICRO3","Caminhão tanque com capacidade de 10.000 l - 188 kW",1,0.9,0.1,321.9742,87.045699999999997,298.48140000000001]
[{"$nulls":5},"Custo Horário de Execução =>",null,null,null,826.51189999999997]
[{"$nulls":5},"Produção de Equipe =>",null,null,null,168.2]
[" 9.2.2 ",null,null,"ESTRUTURAS EM CONCRETO",{"$nulls":6},1360201.33]
["A","Código","Banco","Equipamentos","Quantidade","Utilização",null,"Custo Operacional",null,"Custo Horário"]
["Insumo","P9824","SICRO3","Servente",9,null,null,null,21.465699999999998,193.19130000000001]
[{"$nulls":5},"Produção de Equipe =>",null,null,null,3.9601999999999999]
["Insumo","SICRO3","M0030","Aditivo plastificante e retardador de pega para concreto e argamassa",0.75744,"kg",6.5956999999999999,null,null,4.9958]
["Tempo Fixo","SICRO3",4816012,"Carga, manobra e descarga de agregados ou solos em caminhão basculante de 10 m³ - carga com carregadeira de 3,40 m³ edescarga livre",5915407,1.1026199999999999,"t",2.72,null,2.9990999999999999]
["Momento de Transporte","SICRO3",4816020,"Areia extraída com draga de sucção tipo bomba - Caminhão basculante com capacidade de 10 m³ - 188 kW",0.97518000000000005,"tkm","5914359\n0,000\nR$ 1,19","5914374\n0,000\nR$ 0,95","5914389\n0,000\nR$ 0,79",0]
["Momento de Transporte","SICRO3","M0424","Cimento Portland CP II - 32 - saco - Caminhão carroceria com capacidade de 15 t - 188 kW",0.25247999999999998,"tkm","5914449\n0,000\nR$ 1,08","5914464\n0,000\nR$ 0,86","5914479\n0,000\nR$ 0,71",0]
["Composição",1106138,"SICRO3","CONCRETO FCK = 30 MPA - CONFECÇÃO EM CENTRAL DOSADORA DE 30 M³/H - AREIA EXTRAÍDA E BRITA PRODUZIDA","",null,"m³",1,null,303.25,303.25]
["Insumo","E9584","SICRO3","Carregadeira de pneus com capacidade de 1,72 m³ - 113 kW",1,0.33,0.67,203.21250000000001,104.4208,137.02209999999999]
[{"$nulls":5},"Custo Horário de Execução =>",null,null,null,360.18959999999998]
["Insumo","SICRO3","M0424","Cimento Portland CP II - 32 - saco",327.44990000000001,"kg",0.66949999999999998,null,null,219.2277]
["Atividade Auxiliar","SICRO3",4816012,"Brita produzida em central de britagem de 80 m³/h",0.73507999999999996,"m³",53.84,null,null,39.576700000000002]
[{"$nulls":5},"Custo Total dos Tempos Fixos =>",null,null,null,16.366099999999999]
[{"$nulls":5},"Custo total dos Momentos de Transportes =>",null,null,null,0]
[{"$nulls":6},"Quant. =>",229.4,"Preço Total =>",85258.8]
["Insumo","E9584","SICRO3","Carregadeira de pneus com capacidade de 1,72 m³ - 113 kW",1,0.31,0.69,203.21250000000001,104.4208,135.0462]
[{"$nulls":5},"Custo Horário de Equipamentos =>",null,null,null,315.28230000000002]
[{"$nulls":5},"Custo Unitário de Execução =>",null,null,null,14.386100000000001]
["Atividade Auxiliar","SICRO3",4816012,"Brita produzida em central de britagem de 80 m³/h",0.68813000000000002,"m³",53.84,null,null,37.048900000000003]
["E","Banco","Insumo","Tempos Fixos","Código","Quantidade","Unidade","Preço Unitário",null,"Custo Horário"]
[{"$nulls":5},"Custo Total dos Tempos Fixos =>",null,null,null,19.215499999999999]
[{"$nulls":6},"Quant. =>",161.52000000000001,"Preço Total =>",73919.62]
["Composição",5914657,"SICRO3","CARGA, MANOBRA E DESCARGA DE BLOCOS DE ROCHA EM CAMINHÃO BASCULANTE DE 8 M³ - CARGA COM RETROESCAVADEIRA DE 0,29 M³ E DESCARGA LIVRE.","",null,"t",1,null,17.600000000000001,17.600000000000001]
[{"$nulls":5},"Custo Horário de Equipamentos =>",null,null,null,567.62860000000001]
[{"$nulls":5},"Produção de Equipe =>",null,null,null,32.26]
[{"$nulls":5},"Operativa","Improdutiva","Operativa","Improdutiva"]
[{"$nulls":5},"Custo do FIC =>",null,null,null,2.3599999999999999E-2]
[{"$nulls":4},"Valor do BDI =>",0.37,null,"Valor com BDI =>",null,2.0499999999999998]
["Insumo","E9667","SICRO3","Caminhão basculante com capacidade de 14 m³ - 188 kW",3,0.77,0.23,297.32,90.567700000000002,749.30089999999996]
[{"$nulls":5},"Custo Unitário de Execução =>",null,null,null,2.6059000000000001]
[]
[{"$nulls":5},"Custo Horário de Execução =>",null,null,null,297.71420000000001]
[{"$nulls":6},"Quant. =>",4574.96,"Preço Total =>",4849.45]
["A","Código","Banco","Equipamentos","Quantidade","Utilização",null,"Custo Operacional",null,"Custo Horário"]
[{"$nulls":5},"Produção de Equipe =>",null,null,null,318.72000000000003]
[{"$nulls":4},"MO sem LS =>",0,"LS =>",0,"MO com LS =>",0]
[{"$nulls":5},"Operativa","Improdutiva","Operativa","Improdutiva"]
[{"$nulls":5},"Fator de Influencia da Chuva - FIC =>",null,null,null,0]
[{"$nulls":5},"Produção de Equipe =>",null,null,null,24.9]
[{"$nulls":5},"Custo Total dos Tempos Fixos =>",null,null,null,42.984000000000002]
["Momento de Transporte","SICRO3",1110000,"Concreto - Caminhão betoneira com capacidade de 8 m³ - 188 kW",2.4,"tkm","5914539\n0,000\nR$ 0,97","5914554\n0,000\nR$ 0,78","5914569\n0,000\nR$ 0,64",0]
[{"$nulls":5},"Operativa","Improdutiva","Operativa","Improdutiva"]
[{"$nulls":5},"Adc.M.O. - Ferramentas (0,0%) =>",null,null,null,0]
[{"$nulls":5},"Custo do FIC =>",null,null,null,0]
["B","Código","Banco","Mão de Obra","Quantidade","Salário Hora",null,null,null,"Custo Horário"]
[{"$nulls":5},"Fator de Influencia da Chuva - FIC =>",null,null,null,0]
[{"$nulls":5},"Custo Unitário de Execução =>",null,null,null,4.7531999999999996]
[{"$nulls":5},"Custo Total do Material =>",null,null,null,7.0918000000000001]
["F","Banco","Insumo","Momento de Transporte","Quantidade","Unidade","Distância Média de Transporte (DMT)",null,null,"Custo Horário"]
[{"$nulls":6},"Quant. =>",59373.5,"Preço Total =>",864478.16]
["Insumo","E9066","SICRO3","Grupo gerador - 14 kVA",4.0160000000000001E-2,1,0,17.8385,4.6101000000000001,0.71640000000000004]
["Insumo","P9808","SICRO3","Carpinteiro",0.7,null,null,null,30.3432,21.240200000000002]
[{"$nulls":5},"Custo Unitário de Execução =>",null,null,null,38.946899999999999]
["Insumo","SICRO3","M1205","Prego de ferro",0.20394999999999999,"kg",15.58,null,null,3.1775000000000002]
[{"$nulls":5},"Custo Total do Material =>",null,null,null,42.516800000000003]
[{"$nulls":5},"Custo Total dos Tempos Fixos =>",null,null,null,0.50029999999999997]
["Momento de Transporte","SICRO3","M0310","Peça de madeira - L = 7,5 cm e E = 2,5 cm - Caminhão carroceria com capacidade de 15 t - 188 kW",3.6999999999999999E-4,"tkm","5914449\n0,000\nR$ 1,08","5914464\n0,000\nR$ 0,86","5914479\n0,000\nR$ 0,71",0]
["Momento de Transporte","SICRO3","M0286","Tábua - E = 2,5 cm e L = 30 cm - Caminhão carroceria com capacidade de 15 t - 188 kW",2.7000000000000001E-3,"tkm","5914449\n0,000\nR$ 1,08","5914464\n0,000\nR$ 0,86","5914479\n0,000\nR$ 0,71",0]
["Insumo",872,"SBC","GASTALHO PARA VIGAS DE ANCORAGEM (CIMBRAMENTO)","Material",null,"MES",0.48,null,3.35,1.6]
[" 9.2.2.14 ","Código","Banco","Descrição","Tipo",null,"Und","Quant.","Porcent.","Valor Unit","Total"]
[{"$nulls":5},"Operativa","Improdutiva","Operativa","Improdutiva"]
[{"$nulls":5},"Fator de Influencia da Chuva - FIC =>",null,null,null,4.7999999999999996E-3]
[{"$nulls":5},"Produção de Equipe =>",null,null,null,124.5]
[{"$nulls":5},"Custo Total dos Tempos Fixos =>",null,null,null,7.8479999999999999]
["Momento de Transporte","SICRO3",6416093,"Usinagem para pavimento de concreto compactado com rolo - brita produzida - Caminhão basculante para concreto com capacidade de 7 m³ - 188 kW",2.4,"tkm","5914315\n0,000\nR$ 1,07","5914330\n0,000\nR$ 0,85","5914345\n0,000\nR$ 0,70",0]
[" 10.1.1 ","Código","Banco","Descrição","Tipo",null,"Und","Quant.","Porcent.","Valor Unit","Total"]
[" 10.1.2 ","Código","Banco","Descrição","Tipo",null,"Und","Quant.","Porcent.","Valor Unit","Total"]
[{"$nulls":4},"MO sem LS =>",0,"LS =>",0,"MO com LS =>",0]
[{"$nulls":4},"Valor do BDI =>",51.88,null,"Valor com BDI =>",null,281.88]
[{"$nulls":4},"Valor do BDI =>",234.74,null,"Valor com BDI =>",null,1275.28]
[{"$nulls":6},"Quant. =>",9,"Preço Total =>",11477.52]
["Composição"," 34.04.07 ","EMBASA","RETIRADA DE AMOSTRA DEFORMADA",3404,null,"UN",1,null,105.24,105.24]
["Insumo"," E200340407 ","EMBASA","RETIRADA DE AMOSTRA DEFORMADA","Serviços",null,"UN",1,null,105.24,105.24]
["Insumo"," 97.02.07 ","SUDECAP","DETERMINAÇÃO DO INDICE DE DESEMPENHO DE AGREGADO MIÚDO CONTENDO IMPUREZAS ORGÂNICAS (NBR 7221:2012)","Material",null,"UN",1,null,350,350]
[" 10.1.8 ","Código","Banco","Descrição","Tipo",null,"Und","Quant.","Porcent.","Valor Unit","Total"]
["Insumo"," E200320101 ","EMBASA","SONDAGEM A TRADO MANUAL","Serviços",null,"M",1,null,97.5,97.5]
[{"$nulls":6},"Quant. =>",32,"Preço Total =>",3823.68]
["Composição Auxiliar",88321,"SINAPI","TÉCNICO DE LABORATÓRIO COM ENCARGOS COMPLEMENTARES","SEDI - SERVIÇOS DIVERSOS",null,"H",4.2,null,45.02,189.08]
[]
["Composição"," 01.07.16U ","COMPESA","ENSAIO DE DETERMINAÇÃO DO ÍNDICE DE FORMA - AGREGADOS","",null,"UN",1,null,108.82,108.82]
[{"$nulls":6},"Quant. =>",8,"Preço Total =>",1066.8800000000001]
["Insumo"," E200340407 ","EMBASA","RETIRADA DE AMOSTRA DEFORMADA","Serviços",null,"UN",1,null,105.24,105.24]
[{"$nulls":4},"Valor do BDI =>",605.16,null,"Valor com BDI =>",null,3287.63]
[{"$nulls":4},"MO sem LS =>",0,"LS =>",0,"MO com LS =>",0]
[]
[" 10.3.1 ","Código","Banco","Descrição","Tipo",null,"Und","Quant.","Porcent.","Valor Unit","Total"]
["Composição"," 32.01.01 ","EMBASA","SONDAGEM A TRADO MANUAL",3201,null,"M",1,null,97.5,97.5]
["Insumo"," E200320121 ","EMBASA","ENSAIO CRUMB TEST","Serviços",null,"UN",1,null,250,250]
["Insumo"," E200340122 ","EMBASA","ENSAIO DE UMIDADE NATURAL (ESTUFA)","Serviços",null,"UN",1,null,81,81]
[{"$nulls":6},"Quant. =>",75,"Preço Total =>",7445.25]
[]
[]
["Composição Auxiliar"," 55.100.0002-1 ","EMOP","COMPOSICAO BASICA - ENSAIO DE LABORATORIO",55,null,"UN",0.72237700000000005,0,164.82,119.06]
[{"$nulls":4},"MO sem LS =>",0,"LS =>",0,"MO com LS =>",0]
[{"$nulls":4},"Valor do BDI =>",78.959999999999994,null,"Valor com BDI =>",null,428.96]
[{"$nulls":5},"(B) Total:",null,null,null,0]
[{"$nulls":5},"(F)Total:",null,null,null,81.91]
["H","Banco","Código","Momento Transporte","Formula","X1, X2, X3","Unidade","Custo Unitário","Quantidade","Custo Horário"]
[{"$nulls":4},"MO sem LS =>",0,"LS =>",0,"MO com LS =>",0]
["Insumo"," E200340110 ","EMBASA","DETERMINACAO DE LIMITE DE PLASTICIDADE (NBR - 07180)","Serviços",null,"UN",1,null,180,180]
[{"$nulls":6},"Quant. =>",75,"Preço Total =>",16545]
["Composição Auxiliar",88249,"SINAPI","AUXILIAR DE LABORATÓRIO COM ENCARGOS COMPLEMENTARES","SEDI - SERVIÇOS DIVERSOS",null,"H",3.8,null,31.9,121.22]
[]
["Composição"," 34.01.16 ","EMBASA","MASSA ESPECIFICA REAL DOS GRAOS",3401,null,"UN",1,null,65.78,65.78]
[]
[{"$nulls":4},"MO sem LS =>",0,"LS =>",0,"MO com LS =>",0]
[{"$nulls":6},"Quant. =>",75,"Preço Total =>",376872]
[{"$nulls":4},"MO sem LS =>",0,"LS =>",0,"MO com LS =>",0]
[" 10.3.17 ","Código","Banco","Descrição","Tipo",null,"Und","Quant.","Porcent.","Valor Unit","Total"]
[" 10.3.18 ","Código","Banco","Descrição","Tipo",null,"Und","Quant.","Porcent.","Valor Unit","Total"]
[" 10.3.19 ","Código","Banco","Descrição","Tipo",null,"Und","Quant.","Porcent.","Valor Unit","Total"]
[{"$nulls":4},"Valor do BDI =>",23.74,null,"Valor com BDI =>",null,128.97999999999999]
[{"$nulls":4},"Valor do BDI =>",157.24,null,"Valor com BDI =>",null,854.24]
[]
[" 10.4.2 ","Código","Banco","Descrição","Tipo",null,"Und","Quant.","Porcent.","Valor Unit","Total"]
[" 10.4.3 ","Código","Banco","Descrição","Tipo",null,"Und","Quant.","Porcent.","Valor Unit","Total"]
["Insumo"," E200320121 ","EMBASA","ENSAIO CRUMB TEST","Serviços",null,"UN",1,null,250,250]
["Insumo"," E200340122 ","EMBASA","ENSAIO DE UMIDADE NATURAL (ESTUFA)","Serviços",null,"UN",1,null,81,81]
[{"$nulls":6},"Quant. =>",8,"Preço Total =>",794.16]
[]
[]
["Insumo"," E200340143 ","EMBASA","ENSAIO DE PERMEABILIDADE COM CARGA CONSTANTE","Serviços",null,"UN",1,null,1040.54,1040.54]
[{"$nulls":4},"MO sem LS =>",0,"LS =>",0,"MO com LS =>",0]
[{"$nulls":4},"MO sem LS =>",76.260000000000005,"LS =>",0,"MO com LS =>",76.260000000000005]
[]
[{"$nulls":4},"MO sem LS =>",0,"LS =>",0,"MO com LS =>",0]
["Composição"," ED-49567 ","SETOP","ENSAIO DE EXPANSIBILIDADE   SOLOS","ED-",null,"U",1,null,81.91,81.91]
["F","Banco","Código","Material",null,null,"Unidade","Custo Unitário","Quantidade","Custo Horário"]
[{"$nulls":5},"(G) Total:",null,null,null,0]
[{"$nulls":6},"Quant. =>",8,"Preço Total =>",803.04]
[{"$nulls":6},"Quant. =>",8,"Preço Total =>",1764.8]
[{"$nulls":4},"Valor do BDI =>",40.6,null,"Valor com BDI =>",null,220.6]
["Composição Auxiliar",88249,"SINAPI","AUXILIAR DE LABORATÓRIO COM ENCARGOS COMPLEMENTARES","SEDI - SERVIÇOS DIVERSOS",null,"H",3.8,null,31.9,121.22]
["Composição"," 34.01.25 ","EMBASA","ENSAIO DE COMPACTACAO - PROCTOR NORMAL (NBR - 07182)",3401,null,"UN",1,null,320,320]
[" 10.4.16 ","Código","Banco","Descrição","Tipo",null,"Und","Quant.","Porcent.","Valor Unit","Total"]
[{"$nulls":6},"Quant. =>",8,"Preço Total =>",644.88]
[{"$nulls":6},"Quant. =>",8,"Preço Total =>",1547.76]
[{"$nulls":4},"Valor do BDI =>",924.96,null,"Valor com BDI =>",null,5024.96]
[" 10.4.19 ","Código","Banco","Descrição","Tipo",null,"Und","Quant.","Porcent.","Valor Unit","Total"]
["Insumo"," E200340146 ","EMBASA","ENSAIO DE PERMEABILIDADE COM CARGA VARIAVEL","Serviços",null,"UN",1,null,1229.33,1229.33]
[{"$nulls":4},"MO sem LS =>",0,"LS =>",0,"MO com LS =>",0]
[{"$nulls":4},"Valor do BDI =>",191.76,null,"Valor com BDI =>",null,1041.76]
[" 10.4.22 ","Código","Banco","Descrição","Tipo",null,"Und","Quant.","Porcent.","Valor Unit","Total"]
[" 10.4.23 ","Código","Banco","Descrição","Tipo",null,"Und","Quant.","Porcent.","Valor Unit","Total"]
[" 10.4.24 ","Código","Banco","Descrição","Tipo",null,"Und","Quant.","Porcent.","Valor Unit","Total"]
["Composição Auxiliar",88321,"SINAPI","TÉCNICO DE LABORATÓRIO COM ENCARGOS COMPLEMENTARES","SEDI - SERVIÇOS DIVERSOS",null,"H",1,null,45.02,45.02]
[{"$nulls":4},"MO sem LS =>",0,"LS =>",0,"MO com LS =>",0]
[{"$nulls":4},"MO sem LS =>",0,"LS =>",0,"MO com LS =>",0]
[]
[" 10.4.28 ","Código","Banco","Descrição","Tipo",null,"Und","Quant.","Porcent.","Valor Unit","Total"]
["Composição"," 67.01.03 ","SUDECAP","MASSA ESPECÍFICA,  MASSA ESPECÍFICA APARENTE E ABSORÇÃO DE ÁGUA (NBR 6458:2016)","ENSAIOS DE SOLO",null,"UN",1,null,120,120]
["Composição"," AD 35.25.0150 ","SCO","Ensaio para determinacao da resistencia a compressao simples axial, em corpos de prova em rocha, com diametro entre N ate H, excluindo a preparacao da amostra.","",null,"un",1,null,252.48,252.48]
[]
[{"$nulls":4},"Valor do BDI =>",282.44,null,"Valor com BDI =>",null,1534.42]
[{"$nulls":4},"Valor do BDI =>",67.67,null,"Valor com BDI =>",null,367.64]
["Insumo"," E200340143 ","EMBASA","ENSAIO DE PERMEABILIDADE COM CARGA CONSTANTE","Serviços",null,"UN",1,null,1040.54,1040.54]
["Composição"," 32.04.61 ","EMBASA","ENSAIO DE PERDA D'AGUA SOB PRESSAO",3204,null,"UN",1,null,613.67999999999995,613.67999999999995]
["Composição"," 01.07.13U ","COMPESA","ENSAIO DE ABRASÃO LOS ANGELES - AGREGADOS","",null,"UN",1,null,457.04,457.04]
[{"$nulls":6},"Quant. =>",1,"Preço Total =>",560.14]
["Insumo"," E209701001 ","EMBASA","ENSAIO DE REATIVIDADE ALCALI-AGREGADO NBR 15577-4/NBR15577-5","Serviços",null,"UN",1,null,1600,1600]
[{"$nulls":4},"MO sem LS =>",102.13,"LS =>",0,"MO com LS =>",102.13]
["Composição"," 34.04.07 ","EMBASA","RETIRADA DE AMOSTRA DEFORMADA",3404,null,"UN",1,null,105.24,105.24]
[{"$nulls":6},"Quant. =>",1,"Preço Total =>",128.97999999999999]
[" 10.5.10 ","Código","Banco","Descrição","Tipo",null,"Und","Quant.","Porcent.","Valor Unit","Total"]
["Composição"," AD 35.25.0150 ","SCO","Ensaio para determinacao da resistencia a compressao simples axial, em corpos de prova em rocha, com diametro entre N ate H, excluindo a preparacao da amostra.","",null,"un",1,null,252.48,252.48]
["Composição"," C0333 ","SEINFRA","SERVIÇOS DE SONDAGEM GEOTÉCNICA MISTA EM ROCHA","SONDAGENS",null,"M",1,null,1251.98,1251.98]
[{"$nulls":4},"Valor do BDI =>",282.44,null,"Valor com BDI =>",null,1534.42]
[{"$nulls":4},"Valor do BDI =>",67.67,null,"Valor com BDI =>",null,367.64]
[{"$nulls":6},"Quant. =>",2,"Preço Total =>",2550.56]
["Composição"," 32.04.61 ","EMBASA","ENSAIO DE PERDA D'AGUA SOB PRESSAO",3204,null,"UN",1,null,613.67999999999995,613.67999999999995]
["Composição"," 01.07.13U ","COMPESA","ENSAIO DE ABRASÃO LOS ANGELES - AGREGADOS","",null,"UN",1,null,457.04,457.04]
["Composição"," 34.97.01 ","EMBASA","ENSAIO DE REATIVIDADE ALCALI-AGREGADO",3497,null,"UN",1,null,1600,1600]
["Insumo"," E209701001 ","EMBASA","ENSAIO DE REATIVIDADE ALCALI-AGREGADO NBR 15577-4/NBR15577-5","Serviços",null,"UN",1,null,1600,1600]
[{"$nulls":4},"MO sem LS =>",102.13,"LS =>",0,"MO com LS =>",102.13]
[{"$nulls":6},"Quant. =>",2,"Preço Total =>",266.72000000000003]
[{"$nulls":6},"Quant. =>",2,"Preço Total =>",257.95999999999998]
[" 10.6.10 ","Código","Banco","Descrição","Tipo",null,"Und","Quant.","Porcent.","Valor Unit","Total"]
[]
["Composição Auxiliar"," SE 20.20.0050 ","SCO","Composicao basica de laboratorio.","",null,"un",1.8009999999999999,null,140.19,252.48]
[]
[{"$nulls":4},"MO sem LS =>",0,"LS =>",0,"MO com LS =>",0]
[{"$nulls":6},"Quant. =>",3,"Preço Total =>",297.81]
["Insumo"," E200320116 ","EMBASA","ENSAIO DE DENSIDADE - MATERIAL PETREO","Serviços",null,"UN",1,null,220,220]
[" 10.7.4 ","Código","Banco","Descrição","Tipo",null,"Und","Quant.","Porcent.","Valor Unit","Total"]
["Composição Auxiliar"," 55.100.0002-1 ","EMOP","COMPOSICAO BASICA - ENSAIO DE LABORATORIO",55,null,"UN",0.72237700000000005,0,164.82,119.06]
[" 10.7.6 ","Código","Banco","Descrição","Tipo",null,"Und","Quant.","Porcent.","Valor Unit","Total"]
[{"$nulls":4},"Valor do BDI =>",78.959999999999994,null,"Valor com BDI =>",null,428.96]
[{"$nulls":5},"(B) Total:",null,null,null,0]
["Insumo","SETOP","MATED-11070","ENSAIO DE EXPANSIBILIDADE - SOLOS",null," X1:0.0\n X2: 0.0 \n X3: 0.0","un",81.912000000000006,1,81.91]
["H","Banco","Código","Momento Transporte","Formula","X1, X2, X3","Unidade","Custo Unitário","Quantidade","Custo Horário"]
[{"$nulls":4},"Valor do BDI =>",18.47,null,"Valor com BDI =>",null,100.38]
[{"$nulls":4},"MO sem LS =>",0,"LS =>",0,"MO com LS =>",0]
[{"$nulls":6},"Quant. =>",3,"Preço Total =>",661.8]
[{"$nulls":4},"Valor do BDI =>",46.64,null,"Valor com BDI =>",null,253.39]
[]
["Composição"," 34.01.16 ","EMBASA","MASSA ESPECIFICA REAL DOS GRAOS",3401,null,"UN",1,null,65.78,65.78]
["Insumo"," E200340116 ","EMBASA","MASSA ESPECIFICA REAL DOS GRAOS","Serviços",null,"UN",1,null,65.78,65.78]
[{"$nulls":4},"MO sem LS =>",0,"LS =>",0,"MO com LS =>",0]
[{"$nulls":4},"MO sem LS =>",0,"LS =>",0,"MO com LS =>",0]
[]
[" 10.7.16 ","Código","Banco","Descrição","Tipo",null,"Und","Quant.","Porcent.","Valor Unit","Total"]
[" 10.7.17 ","Código","Banco","Descrição","Tipo",null,"Und","Quant.","Porcent.","Valor Unit","Total"]
[{"$nulls":4},"MO sem LS =>",0,"LS =>",0,"MO com LS =>",0]
[" 10.7.18 ","Código","Banco","Descrição","Tipo",null,"Und","Quant.","Porcent.","Valor Unit","Total"]
["Composição"," 32.03.04 ","EMBASA","ESCAVACAO (PA E PICARETA) SEM ESCORAMENTO, INCLUSIVE COLETAS DE AMOSTRAS DEFORMADAS DE SOLO",3203,null,"M",1,null,94.71,94.71]
["Insumo"," E200320304 ","EMBASA","ESCAVACAO (PA E PICARETA) SEM ESCORAMENTO, INCLUS. COLETAS DE AMOSTRAS DEFORMADAS DE SOLO","Serviços",null,"M",1,null,94.71,94.71]
[{"$nulls":4},"MO sem LS =>",0,"LS =>",0,"MO com LS =>",0]
[{"$nulls":4},"Valor do BDI =>",21.36,null,"Valor com BDI =>",null,116.07]
[{"$nulls":6},"Quant. =>",3,"Preço Total =>",348.21]
[]
[" 10.7.19 ","Código","Banco","Descrição","Tipo",null,"Und","Quant.","Porcent.","Valor Unit","Total"]
["Composição"," 34.05.31 ","EMBASA","ENSAIO SEDIMENTOMÉTRICO COMPARATIVO",3405,null,"UN",1,null,697,697]
["Insumo"," E200320120 ","EMBASA","ENSAIO SEDIMENTOMETRICO COMPARATIVO","Serviços",null,"UN",1,null,697,697]
[{"$nulls":4},"MO sem LS =>",0,"LS =>",0,"MO com LS =>",0]
[{"$nulls":4},"Valor do BDI =>",157.24,null,"Valor com BDI =>",null,854.24]
[{"$nulls":6},"Quant. =>",3,"Preço Total =>",2562.7199999999998]
[]
[" 10.8 ",null,null,"INVESTIGAÇÕES - SUBTRECHO 1.2",{"$nulls":6},84169.4]
[" 10.8.1 ","Código","Banco","Descrição","Tipo",null,"Und","Quant.","Porcent.","Valor Unit","Total"]
["Composição"," 34.05.32 ","EMBASA","ENSAIO CRUMB TESTE",3405,null,"UN",1,null,250,250]
["Insumo"," E200320121 ","EMBASA","ENSAIO CRUMB TEST","Serviços",null,"UN",1,null,250,250]
[{"$nulls":4},"MO sem LS =>",0,"LS =>",0,"MO com LS =>",0]
[{"$nulls":4},"Valor do BDI =>",56.4,null,"Valor com BDI =>",null,306.39999999999998]
[{"$nulls":6},"Quant. =>",7,"Preço Total =>",2144.8000000000002]
[]
[" 10.8.2 ","Código","Banco","Descrição","Tipo",null,"Und","Quant.","Porcent.","Valor Unit","Total"]
["Composição"," 34.01.22 ","EMBASA","ENSAIO DE UMIDADE NATURAL (ESTUFA)",3401,null,"UN",1,null,81,81]
["Insumo"," E200340122 ","EMBASA","ENSAIO DE UMIDADE NATURAL (ESTUFA)","Serviços",null,"UN",1,null,81,81]
[{"$nulls":4},"MO sem LS =>",0,"LS =>",0,"MO com LS =>",0]
[{"$nulls":4},"Valor do BDI =>",18.27,null,"Valor com BDI =>",null,99.27]
[{"$nulls":6},"Quant. =>",7,"Preço Total =>",694.89]
[]
[" 10.8.3 ","Código","Banco","Descrição","Tipo",null,"Und","Quant.","Porcent.","Valor Unit","Total"]
["Composição"," 34.05.28 ","EMBASA","ENSAIO DE DENSIDADE - MATERIAL PETREO",3405,null,"UN",1,null,220,220]
["Insumo"," E200320116 ","EMBASA","ENSAIO DE DENSIDADE - MATERIAL PETREO","Serviços",null,"UN",1,null,220,220]
[{"$nulls":4},"MO sem LS =>",0,"LS =>",0,"MO com LS =>",0]
[{"$nulls":4},"Valor do BDI =>",49.63,null,"Valor com BDI =>",null,269.63]
[{"$nulls":6},"Quant. =>",7,"Preço Total =>",1887.41]
[]
[" 10.8.4 ","Código","Banco","Descrição","Tipo",null,"Und","Quant.","Porcent.","Valor Unit","Total"]
["Composição"," 34.01.23 ","EMBASA","ENSAIO DE UMIDADE NATURAL \"SPEED\"",3401,null,"UN",1,null,75,75]
["Insumo"," E200320107 ","EMBASA","ENSAIO DE UMIDADE NATURAL (SPEED)","Serviços",null,"UN",1,null,75,75]
[{"$nulls":4},"MO sem LS =>",0,"LS =>",0,"MO com LS =>",0]
[{"$nulls":4},"Valor do BDI =>",16.920000000000002,null,"Valor com BDI =>",null,91.92]
[{"$nulls":6},"Quant. =>",7,"Preço Total =>",643.44000000000005]
[]
[" 10.8.5 ","Código","Banco","Descrição","Tipo",null,"Und","Quant.","Porcent.","Valor Unit","Total"]
["Composição"," 01.001.0210-0 ","EMOP","DETERMINACAO DE MASSA ESPECIFICA APARENTE \"IN SITU\" COM EMPR EGO DO FRASCO DE AREIA",1,null,"UN",1,null,119.06,119.06]
["Composição Auxiliar"," 55.100.0002-1 ","EMOP","COMPOSICAO BASICA - ENSAIO DE LABORATORIO",55,null,"UN",0.72237700000000005,0,164.82,119.06]
[{"$nulls":4},"MO sem LS =>",76.260000000000005,"LS =>",0,"MO com LS =>",76.260000000000005]
[{"$nulls":4},"Valor do BDI =>",26.85,null,"Valor com BDI =>",null,145.91]
[{"$nulls":6},"Quant. =>",7,"Preço Total =>",1021.37]
[]
[" 10.8.6 ","Código","Banco","Descrição","Tipo",null,"Und","Quant.","Porcent.","Valor Unit","Total"]
["Composição"," 34.01.34 ","EMBASA","ENSAIO DE INDICE DE SUPORTE CALIFORNIA (NBR 09895)",3401,null,"UN",1,null,350,350]
["Insumo"," E200340134 ","EMBASA","ENSAIO DE INDICE DE SUPORTE CALIFORNIA (NBR 09895)","Serviços",null,"UN",1,null,350,350]
[{"$nulls":4},"MO sem LS =>",0,"LS =>",0,"MO com LS =>",0]
[{"$nulls":4},"Valor do BDI =>",78.959999999999994,null,"Valor com BDI =>",null,428.96]
[{"$nulls":6},"Quant. =>",7,"Preço Total =>",3002.72]
[]
[" 10.8.7 ","Código","Banco","Descrição","Tipo",null,"Und","Quant.","Porcent.","Valor Unit","Total"]
["Composição"," ED-49567 ","SETOP","ENSAIO DE EXPANSIBILIDADE   SOLOS","ED-",null,"U",1,null,81.91,81.91]
["A","Código","Banco","Equipamentos","Utilização",null,"Custo Operacional",null,"Consumo","Custo Horário"]
[{"$nulls":4},"Operativa","Improdutiva","Operativa","Improdutiva"]
[{"$nulls":5},"(A) Total:",null,null,null,0]
["B","Código","Banco","Mão de Obra",null,null,"Unidade","Custo Unitário","Consumo","Custo Horário"]
[{"$nulls":5},"(B) Total:",null,null,null,0]
[{"$nulls":5},"Custo Horário de Execução (A) + (B):",null,null,null,0]
[{"$nulls":5},"(D) Produção da Equipe:",null,null,null,1]
[{"$nulls":5},"Custo Unitário de Execução [(A) + (B)] / (D):",null,null,null,0]
["F","Banco","Código","Material",null,null,"Unidade","Custo Unitário","Quantidade","Custo Horário"]
["Insumo","SETOP","MATED-11070","ENSAIO DE EXPANSIBILIDADE - SOLOS",null," X1:0.0\n X2: 0.0 \n X3: 0.0","un",81.912000000000006,1,81.91]
[{"$nulls":5},"(F)Total:",null,null,null,81.91]
["G","Banco","Código","Serviços",null,null,"Unidade","Custo Unitário","Quantidade","Custo Horário"]
[{"$nulls":5},"(G) Total:",null,null,null,0]
["H","Banco","Código","Momento Transporte","Formula","X1, X2, X3","Unidade","Custo Unitário","Quantidade","Custo Horário"]
[{"$nulls":5},"(H) Total:",null,null,null,0]
[{"$nulls":4},"MO sem LS =>",0,"LS =>",0,"MO com LS =>",0]
[{"$nulls":4},"Valor do BDI =>",18.47,null,"Valor com BDI =>",null,100.38]
[{"$nulls":6},"Quant. =>",7,"Preço Total =>",702.66]
[]
[" 10.8.8 ","Código","Banco","Descrição","Tipo",null,"Und","Quant.","Porcent.","Valor Unit","Total"]
["Composição"," 34.01.07 ","EMBASA","DETERMINACAO DE LIMITE DE LIQUIDEZ (NBR - 06459)",3401,null,"UN",1,null,180,180]
["Insumo"," E200340107 ","EMBASA","DETERMINACAO DE LIMITE DE LIQUIDEZ (NBR - 06459)","Serviços",null,"UN",1,null,180,180]
[{"$nulls":4},"MO sem LS =>",0,"LS =>",0,"MO com LS =>",0]
[{"$nulls":4},"Valor do BDI =>",40.6,null,"Valor com BDI =>",null,220.6]
[{"$nulls":6},"Quant. =>",7,"Preço Total =>",1544.2]
[]
[" 10.8.9 ","Código","Banco","Descrição","Tipo",null,"Und","Quant.","Porcent.","Valor Unit","Total"]
["Composição"," 34.01.10 ","EMBASA","DETERMINACAO DE LIMITE  DE PLASTICIDADE (NBR  - 07180)",3401,null,"UN",1,null,180,180]
["Insumo"," E200340110 ","EMBASA","DETERMINACAO DE LIMITE DE PLASTICIDADE (NBR - 07180)","Serviços",null,"UN",1,null,180,180]
[{"$nulls":4},"MO sem LS =>",0,"LS =>",0,"MO com LS =>",0]
[{"$nulls":4},"Valor do BDI =>",40.6,null,"Valor com BDI =>",null,220.6]
[{"$nulls":6},"Quant. =>",7,"Preço Total =>",1544.2]
[]
[" 10.8.10 ","Código","Banco","Descrição","Tipo",null,"Und","Quant.","Porcent.","Valor Unit","Total"]
["Composição"," 01.07.07U ","COMPESA","ENSAIO DE GRANULOMETRIA POR PENEIRAMENTO E SEDIMENTAÇÃO - SOLOS","",null,"UN",1,null,206.75,206.75]
["Composição Auxiliar",88249,"SINAPI","AUXILIAR DE LABORATÓRIO COM ENCARGOS COMPLEMENTARES","SEDI - SERVIÇOS DIVERSOS",null,"H",3.8,null,31.9,121.22]
["Composição Auxiliar",88321,"SINAPI","TÉCNICO DE LABORATÓRIO COM ENCARGOS COMPLEMENTARES","SEDI - SERVIÇOS DIVERSOS",null,"H",1.9,null,45.02,85.53]
[{"$nulls":4},"MO sem LS =>",194.04,"LS =>",0,"MO com LS =>",194.04]
[{"$nulls":4},"Valor do BDI =>",46.64,null,"Valor com BDI =>",null,253.39]
[{"$nulls":6},"Quant. =>",7,"Preço Total =>",1773.73]
[]
[" 10.8.11 ","Código","Banco","Descrição","Tipo",null,"Und","Quant.","Porcent.","Valor Unit","Total"]
["Composição"," 34.01.25 ","EMBASA","ENSAIO DE COMPACTACAO - PROCTOR NORMAL (NBR - 07182)",3401,null,"UN",1,null,320,320]
["Insumo"," E200340125 ","EMBASA","ENSAIO DE COMPACTACAO - PROCTOR NORMAL (NBR 07182)","Serviços",null,"UN",1,null,320,320]
[{"$nulls":4},"MO sem LS =>",0,"LS =>",0,"MO com LS =>",0]
[{"$nulls":4},"Valor do BDI =>",72.19,null,"Valor com BDI =>",null,392.19]
[{"$nulls":6},"Quant. =>",7,"Preço Total =>",2745.33]
[]
[" 10.8.12 ","Código","Banco","Descrição","Tipo",null,"Und","Quant.","Porcent.","Valor Unit","Total"]
["Composição"," 34.01.16 ","EMBASA","MASSA ESPECIFICA REAL DOS GRAOS",3401,null,"UN",1,null,65.78,65.78]
["Insumo"," E200340116 ","EMBASA","MASSA ESPECIFICA REAL DOS GRAOS","Serviços",null,"UN",1,null,65.78,65.78]
[{"$nulls":4},"MO sem LS =>",0,"LS =>",0,"MO com LS =>",0]
[{"$nulls":4},"Valor do BDI =>",14.83,null,"Valor com BDI =>",null,80.61]
[{"$nulls":6},"Quant. =>",7,"Preço Total =>",564.27]
[]
[" 10.8.13 ","Código","Banco","Descrição","Tipo",null,"Und","Quant.","Porcent.","Valor Unit","Total"]
["Composição"," 34.05.19 ","EMBASA","DETERMINACAO DA MASSA ESPECIFICA APARENTE \"IN SITU\", COM EMPREGO DO CILINDRO DE CRAVACAO (NBR  - 09813)",3405,null,"UN",1,null,157.86000000000001,157.86000000000001]
["Insumo"," E200340519 ","EMBASA","DETERMINACAO DA MASSA ESPECIFICA APARENTE \"IN     SITU\", COM EMPREGODO CILINDRO DE CRAVACAO (NBR - 09813)","Serviços",null,"H",1,null,157.86000000000001,157.86000000000001]
[{"$nulls":4},"MO sem LS =>",0,"LS =>",0,"MO com LS =>",0]
[{"$nulls":4},"Valor do BDI =>",35.61,null,"Valor com BDI =>",null,193.47]
[{"$nulls":6},"Quant. =>",7,"Preço Total =>",1354.29]
[]
[" 10.8.14 ","Código","Banco","Descrição","Tipo",null,"Und","Quant.","Porcent.","Valor Unit","Total"]
["Composição"," 34.01.74 ","EMBASA","ENSAIO DE ADENSAMENTO",3401,null,"UN",1,null,4100,4100]
["Insumo"," E200320114 ","EMBASA","ENSAIO DE ADENSAMENTO","Serviços",null,"UN",1,null,4100,4100]
[{"$nulls":4},"MO sem LS =>",0,"LS =>",0,"MO com LS =>",0]
[{"$nulls":4},"Valor do BDI =>",924.96,null,"Valor com BDI =>",null,5024.96]
[{"$nulls":6},"Quant. =>",7,"Preço Total =>",35174.720000000001]
[]
[" 10.8.15 ","Código","Banco","Descrição","Tipo",null,"Und","Quant.","Porcent.","Valor Unit","Total"]
["Composição"," 32.02.19 ","EMBASA","ENSAIO DE INFILTRACAO",3202,null,"UN",1,null,552.53,552.53]
["Insumo"," E200320219 ","EMBASA","ENSAIO DE INFILTRACAO","Serviços",null,"UN",1,null,552.53,552.53]
[{"$nulls":4},"MO sem LS =>",0,"LS =>",0,"MO com LS =>",0]
[{"$nulls":4},"Valor do BDI =>",124.65,null,"Valor com BDI =>",null,677.18]
[{"$nulls":6},"Quant. =>",7,"Preço Total =>",4740.26]
[]
[" 10.8.16 ","Código","Banco","Descrição","Tipo",null,"Und","Quant.","Porcent.","Valor Unit","Total"]
["Composição"," 34.01.46 ","EMBASA","ENSAIO DE PERMEABILIDADE COM CARGA VARIAVEL",3401,null,"UN",1,null,1229.33,1229.33]
["Insumo"," E200340146 ","EMBASA","ENSAIO DE PERMEABILIDADE COM CARGA VARIAVEL","Serviços",null,"UN",1,null,1229.33,1229.33]
[{"$nulls":4},"MO sem LS =>",0,"LS =>",0,"MO com LS =>",0]
[{"$nulls":4},"Valor do BDI =>",277.33,null,"Valor com BDI =>",null,1506.66]
[{"$nulls":6},"Quant. =>",7,"Preço Total =>",10546.62]
[]
[" 10.8.17 ","Código","Banco","Descrição","Tipo",null,"Und","Quant.","Porcent.","Valor Unit","Total"]
["Composição"," 34.01.42 ","EMBASA","ENSAIO DE PERMEABILIDADE \"IN SITU\"",3401,null,"UN",1,null,850,850]
["Insumo"," E200320106 ","EMBASA","ENSAIO DE PERMEABILIDADE \"IN SITU\"","Serviços",null,"UN",1,null,850,850]
[{"$nulls":4},"MO sem LS =>",0,"LS =>",0,"MO com LS =>",0]
[{"$nulls":4},"Valor do BDI =>",191.76,null,"Valor com BDI =>",null,1041.76]
[{"$nulls":6},"Quant. =>",7,"Preço Total =>",7292.32]
[]
[" 10.8.18 ","Código","Banco","Descrição","Tipo",null,"Und","Quant.","Porcent.","Valor Unit","Total"]
["Composição"," 32.03.04 ","EMBASA","ESCAVACAO (PA E PICARETA) SEM ESCORAMENTO, INCLUSIVE COLETAS DE AMOSTRAS DEFORMADAS DE SOLO",3203,null,"M",1,null,94.71,94.71]
["Insumo"," E200320304 ","EMBASA","ESCAVACAO (PA E PICARETA) SEM ESCORAMENTO, INCLUS. COLETAS DE AMOSTRAS DEFORMADAS DE SOLO","Serviços",null,"M",1,null,94.71,94.71]
[{"$nulls":4},"MO sem LS =>",0,"LS =>",0,"MO com LS =>",0]
[{"$nulls":4},"Valor do BDI =>",21.36,null,"Valor com BDI =>",null,116.07]
[{"$nulls":6},"Quant. =>",7,"Preço Total =>",812.49]
[]
[" 10.8.19 ","Código","Banco","Descrição","Tipo",null,"Und","Quant.","Porcent.","Valor Unit","Total"]
["Composição"," 34.05.31 ","EMBASA","ENSAIO SEDIMENTOMÉTRICO COMPARATIVO",3405,null,"UN",1,null,697,697]
["Insumo"," E200320120 ","EMBASA","ENSAIO SEDIMENTOMETRICO COMPARATIVO","Serviços",null,"UN",1,null,697,697]
[{"$nulls":4},"MO sem LS =>",0,"LS =>",0,"MO com LS =>",0]
[{"$nulls":4},"Valor do BDI =>",157.24,null,"Valor com BDI =>",null,854.24]
[{"$nulls":6},"Quant. =>",7,"Preço Total =>",5979.68]
[]
[" 10.9 ",null,null,"INVESTIGAÇÕES - SUBTRECHO 1.3",{"$nulls":6},108217.8]
[" 10.9.1 ","Código","Banco","Descrição","Tipo",null,"Und","Quant.","Porcent.","Valor Unit","Total"]
["Composição"," 34.05.32 ","EMBASA","ENSAIO CRUMB TESTE",3405,null,"UN",1,null,250,250]
["Insumo"," E200320121 ","EMBASA","ENSAIO CRUMB TEST","Serviços",null,"UN",1,null,250,250]
[{"$nulls":4},"MO sem LS =>",0,"LS =>",0,"MO com LS =>",0]
[{"$nulls":4},"Valor do BDI =>",56.4,null,"Valor com BDI =>",null,306.39999999999998]
[{"$nulls":6},"Quant. =>",9,"Preço Total =>",2757.6]
[]
[" 10.9.2 ","Código","Banco","Descrição","Tipo",null,"Und","Quant.","Porcent.","Valor Unit","Total"]
["Composição"," 34.01.22 ","EMBASA","ENSAIO DE UMIDADE NATURAL (ESTUFA)",3401,null,"UN",1,null,81,81]
["Insumo"," E200340122 ","EMBASA","ENSAIO DE UMIDADE NATURAL (ESTUFA)","Serviços",null,"UN",1,null,81,81]
[{"$nulls":4},"MO sem LS =>",0,"LS =>",0,"MO com LS =>",0]
[{"$nulls":4},"Valor do BDI =>",18.27,null,"Valor com BDI =>",null,99.27]
[{"$nulls":6},"Quant. =>",9,"Preço Total =>",893.43]
[]
[" 10.9.3 ","Código","Banco","Descrição","Tipo",null,"Und","Quant.","Porcent.","Valor Unit","Total"]
["Composição"," 34.05.28 ","EMBASA","ENSAIO DE DENSIDADE - MATERIAL PETREO",3405,null,"UN",1,null,220,220]
["Insumo"," E200320116 ","EMBASA","ENSAIO DE DENSIDADE - MATERIAL PETREO","Serviços",null,"UN",1,null,220,220]
[{"$nulls":4},"MO sem LS =>",0,"LS =>",0,"MO com LS =>",0]
[{"$nulls":4},"Valor do BDI =>",49.63,null,"Valor com BDI =>",null,269.63]
[{"$nulls":6},"Quant. =>",9,"Preço Total =>",2426.67]
[]
[" 10.9.4 ","Código","Banco","Descrição","Tipo",null,"Und","Quant.","Porcent.","Valor Unit","Total"]
["Composição"," 34.01.23 ","EMBASA","ENSAIO DE UMIDADE NATURAL \"SPEED\"",3401,null,"UN",1,null,75,75]
["Insumo"," E200320107 ","EMBASA","ENSAIO DE UMIDADE NATURAL (SPEED)","Serviços",null,"UN",1,null,75,75]
[{"$nulls":4},"MO sem LS =>",0,"LS =>",0,"MO com LS =>",0]
[{"$nulls":4},"Valor do BDI =>",16.920000000000002,null,"Valor com BDI =>",null,91.92]
[{"$nulls":6},"Quant. =>",9,"Preço Total =>",827.28]
[]
[" 10.9.5 ","Código","Banco","Descrição","Tipo",null,"Und","Quant.","Porcent.","Valor Unit","Total"]
["Composição"," 01.001.0210-0 ","EMOP","DETERMINACAO DE MASSA ESPECIFICA APARENTE \"IN SITU\" COM EMPR EGO DO FRASCO DE AREIA",1,null,"UN",1,null,119.06,119.06]
["Composição Auxiliar"," 55.100.0002-1 ","EMOP","COMPOSICAO BASICA - ENSAIO DE LABORATORIO",55,null,"UN",0.72237700000000005,0,164.82,119.06]
[{"$nulls":4},"MO sem LS =>",76.260000000000005,"LS =>",0,"MO com LS =>",76.260000000000005]
[{"$nulls":4},"Valor do BDI =>",26.85,null,"Valor com BDI =>",null,145.91]
[{"$nulls":6},"Quant. =>",9,"Preço Total =>",1313.19]
[]
[" 10.9.6 ","Código","Banco","Descrição","Tipo",null,"Und","Quant.","Porcent.","Valor Unit","Total"]
["Composição"," 34.01.34 ","EMBASA","ENSAIO DE INDICE DE SUPORTE CALIFORNIA (NBR 09895)",3401,null,"UN",1,null,350,350]
["Insumo"," E200340134 ","EMBASA","ENSAIO DE INDICE DE SUPORTE CALIFORNIA (NBR 09895)","Serviços",null,"UN",1,null,350,350]
[{"$nulls":4},"MO sem LS =>",0,"LS =>",0,"MO com LS =>",0]
[{"$nulls":4},"Valor do BDI =>",78.959999999999994,null,"Valor com BDI =>",null,428.96]
[{"$nulls":6},"Quant. =>",9,"Preço Total =>",3860.64]
[]
[" 10.9.7 ","Código","Banco","Descrição","Tipo",null,"Und","Quant.","Porcent.","Valor Unit","Total"]
["Composição"," ED-49567 ","SETOP","ENSAIO DE EXPANSIBILIDADE   SOLOS","ED-",null,"U",1,null,81.91,81.91]
["A","Código","Banco","Equipamentos","Utilização",null,"Custo Operacional",null,"Consumo","Custo Horário"]
[{"$nulls":4},"Operativa","Improdutiva","Operativa","Improdutiva"]
[{"$nulls":5},"(A) Total:",null,null,null,0]
["B","Código","Banco","Mão de Obra",null,null,"Unidade","Custo Unitário","Consumo","Custo Horário"]
[{"$nulls":5},"(B) Total:",null,null,null,0]
[{"$nulls":5},"Custo Horário de Execução (A) + (B):",null,null,null,0]
[{"$nulls":5},"(D) Produção da Equipe:",null,null,null,1]
[{"$nulls":5},"Custo Unitário de Execução [(A) + (B)] / (D):",null,null,null,0]
["F","Banco","Código","Material",null,null,"Unidade","Custo Unitário","Quantidade","Custo Horário"]
["Insumo","SETOP","MATED-11070","ENSAIO DE EXPANSIBILIDADE - SOLOS",null," X1:0.0\n X2: 0.0 \n X3: 0.0","un",81.912000000000006,1,81.91]
[{"$nulls":5},"(F)Total:",null,null,null,81.91]
["G","Banco","Código","Serviços",null,null,"Unidade","Custo Unitário","Quantidade","Custo Horário"]
[{"$nulls":5},"(G) Total:",null,null,null,0]
["H","Banco","Código","Momento Transporte","Formula","X1, X2, X3","Unidade","Custo Unitário","Quantidade","Custo Horário"]
[{"$nulls":5},"(H) Total:",null,null,null,0]
[{"$nulls":4},"MO sem LS =>",0,"LS =>",0,"MO com LS =>",0]
[{"$nulls":4},"Valor do BDI =>",18.47,null,"Valor com BDI =>",null,100.38]
[{"$nulls":6},"Quant. =>",9,"Preço Total =>",903.42]
[]
[" 10.9.8 ","Código","Banco","Descrição","Tipo",null,"Und","Quant.","Porcent.","Valor Unit","Total"]
["Composição"," 34.01.07 ","EMBASA","DETERMINACAO DE LIMITE DE LIQUIDEZ (NBR - 06459)",3401,null,"UN",1,null,180,180]
["Insumo"," E200340107 ","EMBASA","DETERMINACAO DE LIMITE DE LIQUIDEZ (NBR - 06459)","Serviços",null,"UN",1,null,180,180]
[{"$nulls":4},"MO sem LS =>",0,"LS =>",0,"MO com LS =>",0]
[{"$nulls":4},"Valor do BDI =>",40.6,null,"Valor com BDI =>",null,220.6]
[{"$nulls":6},"Quant. =>",9,"Preço Total =>",1985.4]
[]
[" 10.9.9 ","Código","Banco","Descrição","Tipo",null,"Und","Quant.","Porcent.","Valor Unit","Total"]
["Composição"," 34.01.10 ","EMBASA","DETERMINACAO DE LIMITE  DE PLASTICIDADE (NBR  - 07180)",3401,null,"UN",1,null,180,180]
["Insumo"," E200340110 ","EMBASA","DETERMINACAO DE LIMITE DE PLASTICIDADE (NBR - 07180)","Serviços",null,"UN",1,null,180,180]
[{"$nulls":4},"MO sem LS =>",0,"LS =>",0,"MO com LS =>",0]
[{"$nulls":4},"Valor do BDI =>",40.6,null,"Valor com BDI =>",null,220.6]
[{"$nulls":6},"Quant. =>",9,"Preço Total =>",1985.4]
[]
[" 10.9.10 ","Código","Banco","Descrição","Tipo",null,"Und","Quant.","Porcent.","Valor Unit","Total"]
["Composição"," 01.07.07U ","COMPESA","ENSAIO DE GRANULOMETRIA POR PENEIRAMENTO E SEDIMENTAÇÃO - SOLOS","",null,"UN",1,null,206.75,206.75]
["Composição Auxiliar",88249,"SINAPI","AUXILIAR DE LABORATÓRIO COM ENCARGOS COMPLEMENTARES","SEDI - SERVIÇOS DIVERSOS",null,"H",3.8,null,31.9,121.22]
["Composição Auxiliar",88321,"SINAPI","TÉCNICO DE LABORATÓRIO COM ENCARGOS COMPLEMENTARES","SEDI - SERVIÇOS DIVERSOS",null,"H",1.9,null,45.02,85.53]
[{"$nulls":4},"MO sem LS =>",194.04,"LS =>",0,"MO com LS =>",194.04]
[{"$nulls":4},"Valor do BDI =>",46.64,null,"Valor com BDI =>",null,253.39]
[{"$nulls":6},"Quant. =>",9,"Preço Total =>",2280.5100000000002]
[]
[" 10.9.11 ","Código","Banco","Descrição","Tipo",null,"Und","Quant.","Porcent.","Valor Unit","Total"]
["Composição"," 34.01.25 ","EMBASA","ENSAIO DE COMPACTACAO - PROCTOR NORMAL (NBR - 07182)",3401,null,"UN",1,null,320,320]
["Insumo"," E200340125 ","EMBASA","ENSAIO DE COMPACTACAO - PROCTOR NORMAL (NBR 07182)","Serviços",null,"UN",1,null,320,320]
[{"$nulls":4},"MO sem LS =>",0,"LS =>",0,"MO com LS =>",0]
[{"$nulls":4},"Valor do BDI =>",72.19,null,"Valor com BDI =>",null,392.19]
[{"$nulls":6},"Quant. =>",9,"Preço Total =>",3529.71]
[]
[" 10.9.12 ","Código","Banco","Descrição","Tipo",null,"Und","Quant.","Porcent.","Valor Unit","Total"]
["Composição"," 34.01.16 ","EMBASA","MASSA ESPECIFICA REAL DOS GRAOS",3401,null,"UN",1,null,65.78,65.78]
["Insumo"," E200340116 ","EMBASA","MASSA ESPECIFICA REAL DOS GRAOS","Serviços",null,"UN",1,null,65.78,65.78]
[{"$nulls":4},"MO sem LS =>",0,"LS =>",0,"MO com LS =>",0]
[{"$nulls":4},"Valor do BDI =>",14.83,null,"Valor com BDI =>",null,80.61]
[{"$nulls":6},"Quant. =>",9,"Preço Total =>",725.49]
[]
[" 10.9.13 ","Código","Banco","Descrição","Tipo",null,"Und","Quant.","Porcent.","Valor Unit","Total"]
["Composição"," 34.05.19 ","EMBASA","DETERMINACAO DA MASSA ESPECIFICA APARENTE \"IN SITU\", COM EMPREGO DO CILINDRO DE CRAVACAO (NBR  - 09813)",3405,null,"UN",1,null,157.86000000000001,157.86000000000001]
["Insumo"," E200340519 ","EMBASA","DETERMINACAO DA MASSA ESPECIFICA APARENTE \"IN     SITU\", COM EMPREGODO CILINDRO DE CRAVACAO (NBR - 09813)","Serviços",null,"H",1,null,157.86000000000001,157.86000000000001]
[{"$nulls":4},"MO sem LS =>",0,"LS =>",0,"MO com LS =>",0]
[{"$nulls":4},"Valor do BDI =>",35.61,null,"Valor com BDI =>",null,193.47]
[{"$nulls":6},"Quant. =>",9,"Preço Total =>",1741.23]
[]
[" 10.9.14 ","Código","Banco","Descrição","Tipo",null,"Und","Quant.","Porcent.","Valor Unit","Total"]
["Composição"," 34.01.74 ","EMBASA","ENSAIO DE ADENSAMENTO",3401,null,"UN",1,null,4100,4100]
["Insumo"," E200320114 ","EMBASA","ENSAIO DE ADENSAMENTO","Serviços",null,"UN",1,null,4100,4100]
[{"$nulls":4},"MO sem LS =>",0,"LS =>",0,"MO com LS =>",0]
[{"$nulls":4},"Valor do BDI =>",924.96,null,"Valor com BDI =>",null,5024.96]
[{"$nulls":6},"Quant. =>",9,"Preço Total =>",45224.639999999999]
[]
[" 10.9.15 ","Código","Banco","Descrição","Tipo",null,"Und","Quant.","Porcent.","Valor Unit","Total"]
["Composição"," 32.02.19 ","EMBASA","ENSAIO DE INFILTRACAO",3202,null,"UN",1,null,552.53,552.53]
["Insumo"," E200320219 ","EMBASA","ENSAIO DE INFILTRACAO","Serviços",null,"UN",1,null,552.53,552.53]
[{"$nulls":4},"MO sem LS =>",0,"LS =>",0,"MO com LS =>",0]
[{"$nulls":4},"Valor do BDI =>",124.65,null,"Valor com BDI =>",null,677.18]
[{"$nulls":6},"Quant. =>",9,"Preço Total =>",6094.62]
[]
[" 10.9.16 ","Código","Banco","Descrição","Tipo",null,"Und","Quant.","Porcent.","Valor Unit","Total"]
["Composição"," 34.01.46 ","EMBASA","ENSAIO DE PERMEABILIDADE COM CARGA VARIAVEL",3401,null,"UN",1,null,1229.33,1229.33]
["Insumo"," E200340146 ","EMBASA","ENSAIO DE PERMEABILIDADE COM CARGA VARIAVEL","Serviços",null,"UN",1,null,1229.33,1229.33]
[{"$nulls":4},"MO sem LS =>",0,"LS =>",0,"MO com LS =>",0]
[{"$nulls":4},"Valor do BDI =>",277.33,null,"Valor com BDI =>",null,1506.66]
[{"$nulls":6},"Quant. =>",9,"Preço Total =>",13559.94]
[]
[" 10.9.17 ","Código","Banco","Descrição","Tipo",null,"Und","Quant.","Porcent.","Valor Unit","Total"]
["Composição"," 34.01.42 ","EMBASA","ENSAIO DE PERMEABILIDADE \"IN SITU\"",3401,null,"UN",1,null,850,850]
["Insumo"," E200320106 ","EMBASA","ENSAIO DE PERMEABILIDADE \"IN SITU\"","Serviços",null,"UN",1,null,850,850]
[{"$nulls":4},"MO sem LS =>",0,"LS =>",0,"MO com LS =>",0]
[{"$nulls":4},"Valor do BDI =>",191.76,null,"Valor com BDI =>",null,1041.76]
[{"$nulls":6},"Quant. =>",9,"Preço Total =>",9375.84]
[]
[" 10.9.18 ","Código","Banco","Descrição","Tipo",null,"Und","Quant.","Porcent.","Valor Unit","Total"]
["Composição"," 32.03.04 ","EMBASA","ESCAVACAO (PA E PICARETA) SEM ESCORAMENTO, INCLUSIVE COLETAS DE AMOSTRAS DEFORMADAS DE SOLO",3203,null,"M",1,null,94.71,94.71]
["Insumo"," E200320304 ","EMBASA","ESCAVACAO (PA E PICARETA) SEM ESCORAMENTO, INCLUS. COLETAS DE AMOSTRAS DEFORMADAS DE SOLO","Serviços",null,"M",1,null,94.71,94.71]
[{"$nulls":4},"MO sem LS =>",0,"LS =>",0,"MO com LS =>",0]
[{"$nulls":4},"Valor do BDI =>",21.36,null,"Valor com BDI =>",null,116.07]
[{"$nulls":6},"Quant. =>",9,"Preço Total =>",1044.6300000000001]
[]
[" 10.9.19 ","Código","Banco","Descrição","Tipo",null,"Und","Quant.","Porcent.","Valor Unit","Total"]
["Composição"," 34.05.31 ","EMBASA","ENSAIO SEDIMENTOMÉTRICO COMPARATIVO",3405,null,"UN",1,null,697,697]
["Insumo"," E200320120 ","EMBASA","ENSAIO SEDIMENTOMETRICO COMPARATIVO","Serviços",null,"UN",1,null,697,697]
[{"$nulls":4},"MO sem LS =>",0,"LS =>",0,"MO com LS =>",0]
[{"$nulls":4},"Valor do BDI =>",157.24,null,"Valor com BDI =>",null,854.24]
[{"$nulls":6},"Quant. =>",9,"Preço Total =>",7688.16]
[]
[" 10.10 ",null,null,"INVESTIGAÇÕES - SUBTRECHO 1.4",{"$nulls":6},49935.199999999997]
[" 10.10.1 ","Código","Banco","Descrição","Tipo",null,"Und","Quant.","Porcent.","Valor Unit","Total"]
["Composição"," 34.05.32 ","EMBASA","ENSAIO CRUMB TESTE",3405,null,"UN",1,null,250,250]
["Insumo"," E200320121 ","EMBASA","ENSAIO CRUMB TEST","Serviços",null,"UN",1,null,250,250]
[{"$nulls":4},"MO sem LS =>",0,"LS =>",0,"MO com LS =>",0]
[{"$nulls":4},"Valor do BDI =>",56.4,null,"Valor com BDI =>",null,306.39999999999998]
[{"$nulls":6},"Quant. =>",10,"Preço Total =>",3064]
[]
[" 10.10.2 ","Código","Banco","Descrição","Tipo",null,"Und","Quant.","Porcent.","Valor Unit","Total"]
["Composição"," 34.01.22 ","EMBASA","ENSAIO DE UMIDADE NATURAL (ESTUFA)",3401,null,"UN",1,null,81,81]
["Insumo"," E200340122 ","EMBASA","ENSAIO DE UMIDADE NATURAL (ESTUFA)","Serviços",null,"UN",1,null,81,81]
[{"$nulls":4},"MO sem LS =>",0,"LS =>",0,"MO com LS =>",0]
[{"$nulls":4},"Valor do BDI =>",18.27,null,"Valor com BDI =>",null,99.27]
[{"$nulls":6},"Quant. =>",4,"Preço Total =>",397.08]
[]
[" 10.10.3 ","Código","Banco","Descrição","Tipo",null,"Und","Quant.","Porcent.","Valor Unit","Total"]
["Composição"," 34.05.28 ","EMBASA","ENSAIO DE DENSIDADE - MATERIAL PETREO",3405,null,"UN",1,null,220,220]
["Insumo"," E200320116 ","EMBASA","ENSAIO DE DENSIDADE - MATERIAL PETREO","Serviços",null,"UN",1,null,220,220]
[{"$nulls":4},"MO sem LS =>",0,"LS =>",0,"MO com LS =>",0]
[{"$nulls":4},"Valor do BDI =>",49.63,null,"Valor com BDI =>",null,269.63]
[{"$nulls":6},"Quant. =>",4,"Preço Total =>",1078.52]
[]
[" 10.10.4 ","Código","Banco","Descrição","Tipo",null,"Und","Quant.","Porcent.","Valor Unit","Total"]
["Composição"," 34.01.23 ","EMBASA","ENSAIO DE UMIDADE NATURAL \"SPEED\"",3401,null,"UN",1,null,75,75]
["Insumo"," E200320107 ","EMBASA","ENSAIO DE UMIDADE NATURAL (SPEED)","Serviços",null,"UN",1,null,75,75]
[{"$nulls":4},"MO sem LS =>",0,"LS =>",0,"MO com LS =>",0]
[{"$nulls":4},"Valor do BDI =>",16.920000000000002,null,"Valor com BDI =>",null,91.92]
[{"$nulls":6},"Quant. =>",4,"Preço Total =>",367.68]
[]
[" 10.10.5 ","Código","Banco","Descrição","Tipo",null,"Und","Quant.","Porcent.","Valor Unit","Total"]
["Composição"," 01.001.0210-0 ","EMOP","DETERMINACAO DE MASSA ESPECIFICA APARENTE \"IN SITU\" COM EMPR EGO DO FRASCO DE AREIA",1,null,"UN",1,null,119.06,119.06]
["Composição Auxiliar"," 55.100.0002-1 ","EMOP","COMPOSICAO BASICA - ENSAIO DE LABORATORIO",55,null,"UN",0.72237700000000005,0,164.82,119.06]
[{"$nulls":4},"MO sem LS =>",76.260000000000005,"LS =>",0,"MO com LS =>",76.260000000000005]
[{"$nulls":4},"Valor do BDI =>",26.85,null,"Valor com BDI =>",null,145.91]
[{"$nulls":6},"Quant. =>",4,"Preço Total =>",583.64]
[]
[" 10.10.6 ","Código","Banco","Descrição","Tipo",null,"Und","Quant.","Porcent.","Valor Unit","Total"]
["Composição"," 34.01.34 ","EMBASA","ENSAIO DE INDICE DE SUPORTE CALIFORNIA (NBR 09895)",3401,null,"UN",1,null,350,350]
["Insumo"," E200340134 ","EMBASA","ENSAIO DE INDICE DE SUPORTE CALIFORNIA (NBR 09895)","Serviços",null,"UN",1,null,350,350]
[{"$nulls":4},"MO sem LS =>",0,"LS =>",0,"MO com LS =>",0]
[{"$nulls":4},"Valor do BDI =>",78.959999999999994,null,"Valor com BDI =>",null,428.96]
[{"$nulls":6},"Quant. =>",4,"Preço Total =>",1715.84]
[]
[" 10.10.7 ","Código","Banco","Descrição","Tipo",null,"Und","Quant.","Porcent.","Valor Unit","Total"]
["Composição"," ED-49567 ","SETOP","ENSAIO DE EXPANSIBILIDADE   SOLOS","ED-",null,"U",1,null,81.91,81.91]
["A","Código","Banco","Equipamentos","Utilização",null,"Custo Operacional",null,"Consumo","Custo Horário"]
[{"$nulls":4},"Operativa","Improdutiva","Operativa","Improdutiva"]
[{"$nulls":5},"(A) Total:",null,null,null,0]
["B","Código","Banco","Mão de Obra",null,null,"Unidade","Custo Unitário","Consumo","Custo Horário"]
[{"$nulls":5},"(B) Total:",null,null,null,0]
[{"$nulls":5},"Custo Horário de Execução (A) + (B):",null,null,null,0]
[{"$nulls":5},"(D) Produção da Equipe:",null,null,null,1]
[{"$nulls":5},"Custo Unitário de Execução [(A) + (B)] / (D):",null,null,null,0]
["F","Banco","Código","Material",null,null,"Unidade","Custo Unitário","Quantidade","Custo Horário"]
["Insumo","SETOP","MATED-11070","ENSAIO DE EXPANSIBILIDADE - SOLOS",null," X1:0.0\n X2: 0.0 \n X3: 0.0","un",81.912000000000006,1,81.91]
[{"$nulls":5},"(F)Total:",null,null,null,81.91]
["G","Banco","Código","Serviços",null,null,"Unidade","Custo Unitário","Quantidade","Custo Horário"]
[{"$nulls":5},"(G) Total:",null,null,null,0]
["H","Banco","Código","Momento Transporte","Formula","X1, X2, X3","Unidade","Custo Unitário","Quantidade","Custo Horário"]
[{"$nulls":5},"(H) Total:",null,null,null,0]
[{"$nulls":4},"MO sem LS =>",0,"LS =>",0,"MO com LS =>",0]
[{"$nulls":4},"Valor do BDI =>",18.47,null,"Valor com BDI =>",null,100.38]
[{"$nulls":6},"Quant. =>",4,"Preço Total =>",401.52]
[]
[" 10.10.8 ","Código","Banco","Descrição","Tipo",null,"Und","Quant.","Porcent.","Valor Unit","Total"]
["Composição"," 34.01.07 ","EMBASA","DETERMINACAO DE LIMITE DE LIQUIDEZ (NBR - 06459)",3401,null,"UN",1,null,180,180]
["Insumo"," E200340107 ","EMBASA","DETERMINACAO DE LIMITE DE LIQUIDEZ (NBR - 06459)","Serviços",null,"UN",1,null,180,180]
[{"$nulls":4},"MO sem LS =>",0,"LS =>",0,"MO com LS =>",0]
[{"$nulls":4},"Valor do BDI =>",40.6,null,"Valor com BDI =>",null,220.6]
[{"$nulls":6},"Quant. =>",4,"Preço Total =>",882.4]
[]
[" 10.10.9 ","Código","Banco","Descrição","Tipo",null,"Und","Quant.","Porcent.","Valor Unit","Total"]
["Composição"," 34.01.10 ","EMBASA","DETERMINACAO DE LIMITE  DE PLASTICIDADE (NBR  - 07180)",3401,null,"UN",1,null,180,180]
["Insumo"," E200340110 ","EMBASA","DETERMINACAO DE LIMITE DE PLASTICIDADE (NBR - 07180)","Serviços",null,"UN",1,null,180,180]
[{"$nulls":4},"MO sem LS =>",0,"LS =>",0,"MO com LS =>",0]
[{"$nulls":4},"Valor do BDI =>",40.6,null,"Valor com BDI =>",null,220.6]
[{"$nulls":6},"Quant. =>",4,"Preço Total =>",882.4]
[]
[" 10.10.10 ","Código","Banco","Descrição","Tipo",null,"Und","Quant.","Porcent.","Valor Unit","Total"]
["Composição"," 01.07.07U ","COMPESA","ENSAIO DE GRANULOMETRIA POR PENEIRAMENTO E SEDIMENTAÇÃO - SOLOS","",null,"UN",1,null,206.75,206.75]
["Composição Auxiliar",88249,"SINAPI","AUXILIAR DE LABORATÓRIO COM ENCARGOS COMPLEMENTARES","SEDI - SERVIÇOS DIVERSOS",null,"H",3.8,null,31.9,121.22]
["Composição Auxiliar",88321,"SINAPI","TÉCNICO DE LABORATÓRIO COM ENCARGOS COMPLEMENTARES","SEDI - SERVIÇOS DIVERSOS",null,"H",1.9,null,45.02,85.53]
[{"$nulls":4},"MO sem LS =>",194.04,"LS =>",0,"MO com LS =>",194.04]
[{"$nulls":4},"Valor do BDI =>",46.64,null,"Valor com BDI =>",null,253.39]
[{"$nulls":6},"Quant. =>",4,"Preço Total =>",1013.56]
[]
[" 10.10.11 ","Código","Banco","Descrição","Tipo",null,"Und","Quant.","Porcent.","Valor Unit","Total"]
["Composição"," 34.01.25 ","EMBASA","ENSAIO DE COMPACTACAO - PROCTOR NORMAL (NBR - 07182)",3401,null,"UN",1,null,320,320]
["Insumo"," E200340125 ","EMBASA","ENSAIO DE COMPACTACAO - PROCTOR NORMAL (NBR 07182)","Serviços",null,"UN",1,null,320,320]
[{"$nulls":4},"MO sem LS =>",0,"LS =>",0,"MO com LS =>",0]
[{"$nulls":4},"Valor do BDI =>",72.19,null,"Valor com BDI =>",null,392.19]
[{"$nulls":6},"Quant. =>",4,"Preço Total =>",1568.76]
[]
[" 10.10.12 ","Código","Banco","Descrição","Tipo",null,"Und","Quant.","Porcent.","Valor Unit","Total"]
["Composição"," 34.01.16 ","EMBASA","MASSA ESPECIFICA REAL DOS GRAOS",3401,null,"UN",1,null,65.78,65.78]
["Insumo"," E200340116 ","EMBASA","MASSA ESPECIFICA REAL DOS GRAOS","Serviços",null,"UN",1,null,65.78,65.78]
[{"$nulls":4},"MO sem LS =>",0,"LS =>",0,"MO com LS =>",0]
[{"$nulls":4},"Valor do BDI =>",14.83,null,"Valor com BDI =>",null,80.61]
[{"$nulls":6},"Quant. =>",4,"Preço Total =>",322.44]
[]
[" 10.10.13 ","Código","Banco","Descrição","Tipo",null,"Und","Quant.","Porcent.","Valor Unit","Total"]
["Composição"," 34.05.19 ","EMBASA","DETERMINACAO DA MASSA ESPECIFICA APARENTE \"IN SITU\", COM EMPREGO DO CILINDRO DE CRAVACAO (NBR  - 09813)",3405,null,"UN",1,null,157.86000000000001,157.86000000000001]
["Insumo"," E200340519 ","EMBASA","DETERMINACAO DA MASSA ESPECIFICA APARENTE \"IN     SITU\", COM EMPREGODO CILINDRO DE CRAVACAO (NBR - 09813)","Serviços",null,"H",1,null,157.86000000000001,157.86000000000001]
[{"$nulls":4},"MO sem LS =>",0,"LS =>",0,"MO com LS =>",0]
[{"$nulls":4},"Valor do BDI =>",35.61,null,"Valor com BDI =>",null,193.47]
[{"$nulls":6},"Quant. =>",4,"Preço Total =>",773.88]
[]
[" 10.10.14 ","Código","Banco","Descrição","Tipo",null,"Und","Quant.","Porcent.","Valor Unit","Total"]
["Composição"," 34.01.74 ","EMBASA","ENSAIO DE ADENSAMENTO",3401,null,"UN",1,null,4100,4100]
["Insumo"," E200320114 ","EMBASA","ENSAIO DE ADENSAMENTO","Serviços",null,"UN",1,null,4100,4100]
[{"$nulls":4},"MO sem LS =>",0,"LS =>",0,"MO com LS =>",0]
[{"$nulls":4},"Valor do BDI =>",924.96,null,"Valor com BDI =>",null,5024.96]
[{"$nulls":6},"Quant. =>",4,"Preço Total =>",20099.84]
[]
[" 10.10.15 ","Código","Banco","Descrição","Tipo",null,"Und","Quant.","Porcent.","Valor Unit","Total"]
["Composição"," 32.02.19 ","EMBASA","ENSAIO DE INFILTRACAO",3202,null,"UN",1,null,552.53,552.53]
["Insumo"," E200320219 ","EMBASA","ENSAIO DE INFILTRACAO","Serviços",null,"UN",1,null,552.53,552.53]
[{"$nulls":4},"MO sem LS =>",0,"LS =>",0,"MO com LS =>",0]
[{"$nulls":4},"Valor do BDI =>",124.65,null,"Valor com BDI =>",null,677.18]
[{"$nulls":6},"Quant. =>",4,"Preço Total =>",2708.72]
[]
[" 10.10.16 ","Código","Banco","Descrição","Tipo",null,"Und","Quant.","Porcent.","Valor Unit","Total"]
["Composição"," 34.01.46 ","EMBASA","ENSAIO DE PERMEABILIDADE COM CARGA VARIAVEL",3401,null,"UN",1,null,1229.33,1229.33]
["Insumo"," E200340146 ","EMBASA","ENSAIO DE PERMEABILIDADE COM CARGA VARIAVEL","Serviços",null,"UN",1,null,1229.33,1229.33]
[{"$nulls":4},"MO sem LS =>",0,"LS =>",0,"MO com LS =>",0]
[{"$nulls":4},"Valor do BDI =>",277.33,null,"Valor com BDI =>",null,1506.66]
[{"$nulls":6},"Quant. =>",4,"Preço Total =>",6026.64]
[]
[" 10.10.17 ","Código","Banco","Descrição","Tipo",null,"Und","Quant.","Porcent.","Valor Unit","Total"]
["Composição"," 34.01.42 ","EMBASA","ENSAIO DE PERMEABILIDADE \"IN SITU\"",3401,null,"UN",1,null,850,850]
["Insumo"," E200320106 ","EMBASA","ENSAIO DE PERMEABILIDADE \"IN SITU\"","Serviços",null,"UN",1,null,850,850]
[{"$nulls":4},"MO sem LS =>",0,"LS =>",0,"MO com LS =>",0]
[{"$nulls":4},"Valor do BDI =>",191.76,null,"Valor com BDI =>",null,1041.76]
[{"$nulls":6},"Quant. =>",4,"Preço Total =>",4167.04]
[]
[" 10.10.18 ","Código","Banco","Descrição","Tipo",null,"Und","Quant.","Porcent.","Valor Unit","Total"]
["Composição"," 32.03.04 ","EMBASA","ESCAVACAO (PA E PICARETA) SEM ESCORAMENTO, INCLUSIVE COLETAS DE AMOSTRAS DEFORMADAS DE SOLO",3203,null,"M",1,null,94.71,94.71]
["Insumo"," E200320304 ","EMBASA","ESCAVACAO (PA E PICARETA) SEM ESCORAMENTO, INCLUS. COLETAS DE AMOSTRAS DEFORMADAS DE SOLO","Serviços",null,"M",1,null,94.71,94.71]
[{"$nulls":4},"MO sem LS =>",0,"LS =>",0,"MO com LS =>",0]
[{"$nulls":4},"Valor do BDI =>",21.36,null,"Valor com BDI =>",null,116.07]
[{"$nulls":6},"Quant. =>",4,"Preço Total =>",464.28]
[]
[" 10.10.19 ","Código","Banco","Descrição","Tipo",null,"Und","Quant.","Porcent.","Valor Unit","Total"]
["Composição"," 34.05.31 ","EMBASA","ENSAIO SEDIMENTOMÉTRICO COMPARATIVO",3405,null,"UN",1,null,697,697]
["Insumo"," E200320120 ","EMBASA","ENSAIO SEDIMENTOMETRICO COMPARATIVO","Serviços",null,"UN",1,null,697,697]
[{"$nulls":4},"MO sem LS =>",0,"LS =>",0,"MO com LS =>",0]
[{"$nulls":4},"Valor do BDI =>",157.24,null,"Valor com BDI =>",null,854.24]
[{"$nulls":6},"Quant. =>",4,"Preço Total =>",3416.96]
[]
[" 10.11 ",null,null,"CERCAS",{"$nulls":6},2383252.5099999998]
[" 10.11.1 ","Código","Banco","Descrição","Tipo",null,"Und","Quant.","Porcent.","Valor Unit","Total"]
["Composição",101198,"SINAPI","CERCA COM MOURÕES DE CONCRETO, SEÇÃO \"T\" PONTA INCLINADA, 10X10 CM, ESPAÇAMENTO DE 2,5 M, CRAVADOS 0,5 M, COM 11 FIOS DE ARAME DE AÇO OVALADO 15X17 - FORNECIMENTO E INSTALAÇÃO. AF_05/2020","URBA - URBANIZAÇÃO",null,"M",1,null,91.23,91.23]
["Composição Auxiliar",88309,"SINAPI","PEDREIRO COM ENCARGOS COMPLEMENTARES","SEDI - SERVIÇOS DIVERSOS",null,"H",0.85189999999999999,null,32.270000000000003,27.49]
["Composição Auxiliar",88316,"SINAPI","SERVENTE COM ENCARGOS COMPLEMENTARES","SEDI - SERVIÇOS DIVERSOS",null,"H",0.85189999999999999,null,23.23,19.78]
["Composição Auxiliar",94962,"SINAPI","CONCRETO MAGRO PARA LASTRO, TRAÇO 1:4,5:4,5 (EM MASSA SECA DE CIMENTO/ AREIA MÉDIA/ BRITA 1) - PREPARO MECÂNICO COM BETONEIRA 400 L. AF_05/2021","FUES - FUNDAÇÕES E ESTRUTURAS",null,"m³",8.9999999999999993E-3,null,439.14,3.95]
["Insumo",346,"SINAPI","ARAME DE ACO OVALADO 15 X 17 ( 45,7 KG, 700 KGF), ROLO 1000 M","Material",null,"KG",0.495,null,29.55,14.62]
["Insumo",4114,"SINAPI","MOURAO CONCRETO CURVO, SECAO \"T\", H = 2,80 M + CURVA COM 0,45 M, COM FUROS PARA FIOS","Material",null,"UN",0.4,null,58.55,23.42]
["Insumo",43130,"SINAPI","ARAME GALVANIZADO 12 BWG, D = 2,76 MM (0,048 KG/M) OU 14 BWG, D = 2,11 MM (0,026 KG/M)","Material",null,"KG",7.9000000000000001E-2,null,24.95,1.97]
[{"$nulls":4},"MO sem LS =>",33.119999999999997,"LS =>",0,"MO com LS =>",33.119999999999997]
[{"$nulls":4},"Valor do BDI =>",20.58,null,"Valor com BDI =>",null,111.81]
[{"$nulls":6},"Quant. =>",21315.200000000001,"Preço Total =>",2383252.5099999998]
[]
[11,null,null,"FINALIZAÇÃO DA OBRA",{"$nulls":6},321817.18]
[" 11.1 ","Código","Banco","Descrição","Tipo",null,"Und","Quant.","Porcent.","Valor Unit","Total"]
["Composição",40305,"AGETOP RODOVIARIA","ACABAMENTO E RECOMPOSIÇÃO DE JAZIDA",4030,null,"m²",1,null,0.39,0.39]
["A","Código","Banco","Equipamentos","Quantidade","Utilização",null,"Custo Operacional",null,"Custo Horário"]
[{"$nulls":5},"Operativa","Improdutiva","Operativa","Improdutiva"]
["Insumo",30000,"AGETOP RODOVIARIA","TRATOR ESTEIRAS COM LAMINA - CAT D6 OU EQUIVALENTE",1,1,0,295.94,120.56,295.94]
[{"$nulls":5},"Custo Horário de Equipamentos =>",null,null,null,295.94]
["B","Código","Banco","Mão de Obra","Quantidade","Salário Hora",null,null,null,"Custo Horário"]
["Insumo",20003,"AGETOP RODOVIARIA","AJUDANTE",2,null,null,null,15.22,30.44]
["Insumo",20002,"AGETOP RODOVIARIA","ENCARREGADO DE SERVIÇO",0.5,null,null,null,24.3,12.15]
[{"$nulls":5},"Custo Horário da Mão de Obra =>",null,null,null,42.59]
[{"$nulls":5},"Adc.M.O. - Ferramentas (0,0%) =>",null,null,null,0]
["B","Código","Banco","Item de Incidência",{"$nulls":4},"Custo Horário","Custo Horário Total"]
["Insumo",12,"AGETOP RODOVIARIA","ALIMENTAÇÃO",{"$nulls":4},9.6000000000000002E-2,4.08]
["Insumo",11,"AGETOP RODOVIARIA","EPI",{"$nulls":4},1.12E-2,0.47]
["Insumo",14,"AGETOP RODOVIARIA","FERRAMENTAS MANUAIS",{"$nulls":4},0.05,2.12]
["Insumo",13,"AGETOP RODOVIARIA","TRANSPORTE DE PESSOAL",{"$nulls":4},4.7899999999999998E-2,2.04]
[{"$nulls":5},"Custo horário total de itens de incidência =>",null,null,null,"8,71"]
[{"$nulls":5},"Custo Horário de Execução =>",null,null,null,347.24]
[{"$nulls":5},"Fator de Influencia da Chuva - FIC =>",null,null,null,0]
[{"$nulls":5},"Custo do FIC =>",null,null,null,0]
[{"$nulls":5},"Produção de Equipe =>",null,null,null,870]
[{"$nulls":5},"Custo Unitário de Execução =>",null,null,null,0.39]
[{"$nulls":4},"MO sem LS =>",4.8954022988505749E-2,"LS =>",0,"MO com LS =>",4.8954022988505749E-2]
[{"$nulls":4},"Valor do BDI =>",0.08,null,"Valor com BDI =>",null,0.47]
[{"$nulls":6},"Quant. =>",684717.42,"Preço Total =>",321817.18]

{"sheet":"CPU ADM-CANTEIRO","index":5,"n_rows":1539,"n_cols":11,"rows_kept":1539,"cut":false,"hidden":false,"merged":[[1538,0,1538,9],[1535,0,1535,2],[1535,5,1535,6],[1535,7,1535,9],[1536,0,1536,2],[1536,5,1536,6],[1536,7,1536,9],[1524,7,1524,8],[1527,4,1527,5],[1528,4,1528,5],[1530,7,1530,8],[1534,0,1534,2],[1534,5,1534,6],[1534,7,1534,9],[1515,7,1515,8],[1518,4,1518,5],[1519,4,1519,5],[1520,4,1520,5],[1521,4,1521,5],[1522,4,1522,5],[1508,4,1508,5],[1509,4,1509,5],[1510,4,1510,5],[1511,4,1511,5],[1512,4,1512,5],[1513,4,1513,5],[1502,4,1502,5],[1503,4,1503,5],[1504,4,1504,5],[1505,4,1505,5],[1506,4,1506,5],[1507,4,1507,5],[1496,4,1496,5],[1497,4,1497,5],[1498,4,1498,5],[1499,4,1499,5],[1500,4,1500,5],[1501,4,1501,5],[1487,4,1487,5],[1488,4,1488,5],[1490,7,1490,8],[1493,4,1493,5],[1494,4,1494,5],[1495,4,1495,5],[1481,4,1481,5],[1482,4,1482,5],[1483,4,1483,5],[1484,4,1484,5],[1485,4,1485,5],[1486,4,1486,5],[1472,4,1472,5],[1473,4,1473,5],[1474,4,1474,5],[1475,4,1475,5],[1477,7,1477,8],[1480,4,1480,5],[1466,4,1466,5],[1467,4,1467,5],[1468,4,1468,5],[1469,4,1469,5],[1470,4,1470,5],[1471,4,1471,5],[1457,4,1457,5],[1458,4,1458,5],[1459,4,1459,5],[1461,7,1461,8],[1464,4,1464,5],[1465,4,1465,5],[1448,4,1448,5],[1449,4,1449,5],[1451,7,1451,8],[1454,4,1454,5],[1455,4,1455,5],[1456,4,1456,5],[1442,4,1442,5],[1443,4,1443,5],[1444,4,1444,5],[1445,4,1445,5],[1446,4,1446,5],[1447,4,1447,5],[1433,4,1433,5],[1434,4,1434,5],[1435,4,1435,5],[1436,4,1436,5],[1438,7,1438,8],[1441,4,1441,5],[1424,4,1424,5],[1425,4,1425,5],[1427,7,1427,8],[1430,4,1430,5],[1431,4,1431,5],[1432,4,1432,5],[1416,7,1416,8],[1419,4,1419,5],[1420,4,1420,5],[1421,4,1421,5],[1422,4,1422,5],[1423,4,1423,5],[1409,4,1409,5],[1410,4,1410,5],[1411,4,1411,5],[1412,4,1412,5],[1413,4,1413,5],[1414,4,1414,5],[1401,7,1401,8],[1404,4,1404,5],[1405,4,1405,5],[1406,4,1406,5],[1407,4,1407,5],[1408,4,1408,5],[1394,4,1394,5],[1395,4,1395,5],[1396,4,1396,5],[1397,4,1397,5],[1398,4,1398,5],[1399,4,1399,5],[1385,4,1385,5],[1386,4,1386,5],[1388,7,1388,8],[1391,4,1391,5],[1392,4,1392,5],[1393,4,1393,5],[1379,4,1379,5],[1380,4,1380,5],[1381,4,1381,5],[1382,4,1382,5],[1383,4,1383,5],[1384,4,1384,5],[1370,4,1370,5],[1371,4,1371,5],[1373,7,1373,8],[1376,4,1376,5],[1377,4,1377,5],[1378,4,1378,5],[1364,4,1364,5],[1365,4,1365,5],[1366,4,1366,5],[1367,4,1367,5],[1368,4,1368,5],[1369,4,1369,5],[1355,4,1355,5],[1357,7,1357,8],[1360,4,1360,5],[1361,4,1361,5],[1362,4,1362,5],[1363,4,1363,5],[1349,4,1349,5],[1350,4,1350,5],[1351,4,1351,5],[1352,4,1352,5],[1353,4,1353,5],[1354,4,1354,5],[1343,4,1343,5],[1344,4,1344,5],[1345,4,1345,5],[1346,4,1346,5],[1347,4,1347,5],[1348,4,1348,5],[1337,4,1337,5],[1338,4,1338,5],[1339,4,1339,5],[1340,4,1340,5],[1341,4,1341,5],[1342,4,1342,5],[1331,4,1331,5],[1332,4,1332,5],[1333,4,1333,5],[1334,4,1334,5],[1335,4,1335,5],[1336,4,1336,5],[1325,4,1325,5],[1326,4,1326,5],[1327,4,1327,5],[1328,4,1328,5],[1329,4,1329,5],[1330,4,1330,5],[1319,4,1319,5],[1320,4,1320,5],[1321,4,1321,5],[1322,4,1322,5],[1323,4,1323,5],[1324,4,1324,5],[1313,4,1313,5],[1314,4,1314,5],[1315,4,1315,5],[1316,4,1316,5],[1317,4,1317,5],[1318,4,1318,5],[1304,4,1304,5],[1305,4,1305,5],[1306,4,1306,5],[1307,4,1307,5],[1309,7,1309,8],[1312,4,1312,5],[1298,4,1298,5],[1299,4,1299,5],[1300,4,1300,5],[1301,4,1301,5],[1302,4,1302,5],[1303,4,1303,5],[1292,4,1292,5],[1293,4,1293,5],[1294,4,1294,5],[1295,4,1295,5],[1296,4,1296,5],[1297,4,1297,5],[1286,4,1286,5],[1287,4,1287,5],[1288,4,1288,5],[1289,4,1289,5],[1290,4,1290,5],[1291,4,1291,5],[1280,4,1280,5],[1281,4,1281,5],[1282,4,1282,5],[1283,4,1283,5],[1284,4,1284,5],[1285,4,1285,5],[1274,4,1274,5],[1275,4,1275,5],[1276,4,1276,5],[1277,4,1277,5],[1278,4,1278,5],[1279,4,1279,5],[1268,4,1268,5],[1269,4,1269,5],[1270,4,1270,5],[1271,4,1271,5],[1272,4,1272,5],[1273,4,1273,5],[1262,4,1262,5],[1263,4,1263,5],[1264,4,1264,5],[1265,4,1265,5],[1266,4,1266,5],[1267,4,1267,5],[1256,4,1256,5],[1257,4,1257,5],[1258,4,1258,5],[1259,4,1259,5],[1260,4,1260,5],[1261,4,1261,5],[1250,4,1250,5],[1251,4,1251,5],[1252,4,1252,5],[1253,4,1253,5],[1254,4,1254,5],[1255,4,1255,5],[1244,4,1244,5],[1245,4,1245,5],[1246,4,1246,5],[1247,4,1247,5],[1248,4,1248,5],[1249,4,1249,5],[1238,4,1238,5],[1239,4,1239,5],[1240,4,1240,5],[1241,4,1241,5],[1242,4,1242,5],[1243,4,1243,5],[1232,4,1232,5],[1233,4,1233,5],[1234,4,1234,5],[1235,4,1235,5],[1236,4,1236,5],[1237,4,1237,5],[1223,4,1223,5],[1224,4,1224,5],[1225,4,1225,5],[1227,7,1227,8],[1230,4,1230,5],[1231,4,1231,5],[1217,4,1217,5],[1218,4,1218,5],[1219,4,1219,5],[1220,4,1220,5],[1221,4,1221,5],[1222,4,1222,5],[1211,4,1211,5],[1212,4,1212,5],[1213,4,1213,5],[1214,4,1214,5],[1215,4,1215,5],[1216,4,1216,5],[1205,4,1205,5],[1206,4,1206,5],[1207,4,1207,5],[1208,4,1208,5],[1209,4,1209,5],[1210,4,1210,5],[1196,4,1196,5],[1197,4,1197,5],[1198,4,1198,5],[1200,7,1200,8],[1203,4,1203,5],[1204,4,1204,5],[1190,4,1190,5],[1191,4,1191,5],[1192,4,1192,5],[1193,4,1193,5],[1194,4,1194,5],[1195,4,1195,5],[1181,4,1181,5],[1182,4,1182,5],[1184,7,1184,8],[1187,4,1187,5],[1188,4,1188,5],[1189,4,1189,5],[1175,4,1175,5],[1176,4,1176,5],[1177,4,1177,5],[1178,4,1178,5],[1179,4,1179,5],[1180,4,1180,5],[1169,4,1169,5],[1170,4,1170,5],[1171,4,1171,5],[1172,4,1172,5],[1173,4,1173,5],[1174,4,1174,5],[1163,4,1163,5],[1164,4,1164,5],[1165,4,1165,5],[1166,4,1166,5],[1167,4,1167,5],[1168,4,1168,5],[1157,4,1157,5],[1158,4,1158,5],[1159,4,1159,5],[1160,4,1160,5],[1161,4,1161,5],[1162,4,1162,5],[1151,4,1151,5],[1152,4,1152,5],[1153,4,1153,5],[1154,4,1154,5],[1155,4,1155,5],[1156,4,1156,5],[1145,4,1145,5],[1146,4,1146,5],[1147,4,1147,5],[1148,4,1148,5],[1149,4,1149,5],[1150,4,1150,5],[1139,4,1139,5],[1140,4,1140,5],[1141,4,1141,5],[1142,4,1142,5],[1143,4,1143,5],[1144,4,1144,5],[1133,4,1133,5],[1134,4,1134,5],[1135,4,1135,5],[1136,4,1136,5],[1137,4,1137,5],[1138,4,1138,5],[1127,4,1127,5],[1128,4,1128,5],[1129,4,1129,5],[1130,4,1130,5],[1131,4,1131,5],[1132,4,1132,5],[1121,4,1121,5],[1122,4,1122,5],[1123,4,1123,5],[1124,4,1124,5],[1125,4,1125,5],[1126,4,1126,5],[1115,4,1115,5],[1116,4,1116,5],[1117,4,1117,5],[1118,4,1118,5],[1119,4,1119,5],[1120,4,1120,5],[1109,4,1109,5],[1110,4,1110,5],[1111,4,1111,5],[1112,4,1112,5],[1113,4,1113,5],[1114,4,1114,5],[1100,4,1100,5],[1101,4,1101,5],[1102,4,1102,5],[1104,7,1104,8],[1107,4,1107,5],[1108,4,1108,5],[1094,4,1094,5],[1095,4,1095,5],[1096,4,1096,5],[1097,4,1097,5],[1098,4,1098,5],[1099,4,1099,5],[1085,4,1085,5],[1086,4,1086,5],[1087,4,1087,5],[1088,4,1088,5],[1090,7,1090,8],[1093,4,1093,5],[1079,4,1079,5],[1080,4,1080,5],[1081,4,1081,5],[1082,4,1082,5],[1083,4,1083,5],[1084,4,1084,5],[1070,4,1070,5],[1071,4,1071,5],[1072,4,1072,5],[1073,4,1073,5],[1075,7,1075,8],[1078,4,1078,5],[1061,4,1061,5],[1063,7,1063,8],[1066,4,1066,5],[1067,4,1067,5],[1068,4,1068,5],[1069,4,1069,5],[1055,4,1055,5],[1056,4,1056,5],[1057,4,1057,5],[1058,4,1058,5],[1059,4,1059,5],[1060,4,1060,5],[1049,4,1049,5],[1050,4,1050,5],[1051,4,1051,5],[1052,4,1052,5],[1053,4,1053,5],[1054,4,1054,5],[1040,4,1040,5],[1041,4,1041,5],[1043,7,1043,8],[1046,4,1046,5],[1047,4,1047,5],[1048,4,1048,5],[1034,4,1034,5],[1035,4,1035,5],[1036,4,1036,5],[1037,4,1037,5],[1038,4,1038,5],[1039,4,1039,5],[1025,4,1025,5],[1026,4,1026,5],[1028,7,1028,8],[1031,4,1031,5],[1032,4,1032,5],[1033,4,1033,5],[1019,4,1019,5],[1020,4,1020,5],[1021,4,1021,5],[1022,4,1022,5],[1023,4,1023,5],[1024,4,1024,5],[1010,4,1010,5],[1012,7,1012,8],[1015,4,1015,5],[1016,4,1016,5],[1017,4,1017,5],[1018,4,1018,5],[1004,4,1004,5],[1005,4,1005,5],[1006,4,1006,5],[1007,4,1007,5],[1008,4,1008,5],[1009,4,1009,5],[998,4,998,5],[999,4,999,5],[1000,4,1000,5],[1001,4,1001,5],[1002,4,1002,5],[1003,4,1003,5],[992,4,992,5],[993,4,993,5],[994,4,994,5],[995,4,995,5],[996,4,996,5],[997,4,997,5],[984,7,984,8],[987,5,987,6],[988,4,988,5],[989,4,989,5],[990,4,990,5],[991,4,991,5],[978,6,978,8],[979,6,979,8],[980,6,980,8],[981,6,981,8],[982,0,982,4],[982,5,982,8],[973,0,973,4],[973,5,973,8],[974,6,974,8],[975,6,975,8],[976,6,976,8],[977,6,977,8],[970,0,970,4],[970,5,970,8],[971,0,971,4],[971,5,971,8],[972,0,972,4],[972,5,972,8],[962,0,962,4],[962,5,962,8],[964,7,964,8],[967,4,967,5],[968,4,968,5],[969,0,969,4],[969,5,969,8],[956,6,956,8],[957,6,957,8],[958,6,958,8],[959,6,959,8],[960,6,960,8],[961,6,961,8],[952,0,952,4],[952,5,952,8],[953,0,953,4],[953,5,953,8],[954,6,954,8],[955,6,955,8],[949,0,949,4],[949,5,949,8],[950,0,950,4],[950,5,950,8],[951,0,951,4],[951,5,951,8],[936,6,936,8],[942,0,942,4],[942,5,942,8],[944,7,944,8],[947,4,947,5],[948,4,948,5],[931,7,931,8],[932,7,932,8],[933,7,933,8],[934,7,934,8],[935,0,935,4],[935,5,935,8],[926,6,926,8],[927,6,927,8],[928,6,928,8],[929,0,929,4],[929,5,929,8],[930,7,930,8],[922,0,922,4],[922,5,922,8],[923,0,923,4],[923,5,923,8],[924,6,924,8],[925,6,925,8],[919,0,919,4],[919,5,919,8],[920,0,920,4],[920,5,920,8],[921,0,921,4],[921,5,921,8],[914,4,914,5],[915,5,915,8],[917,0,917,4],[917,5,917,8],[918,0,918,4],[918,5,918,8],[903,7,903,8],[906,4,906,5],[907,4,907,5],[908,4,908,5],[910,7,910,8],[913,4,913,5],[894,7,894,8],[897,4,897,5],[898,4,898,5],[899,4,899,5],[900,4,900,5],[901,4,901,5],[885,7,885,8],[888,4,888,5],[889,4,889,5],[890,4,890,5],[891,4,891,5],[892,4,892,5],[878,4,878,5],[879,4,879,5],[880,4,880,5],[881,4,881,5],[882,4,882,5],[883,4,883,5],[872,4,872,5],[873,4,873,5],[874,4,874,5],[875,4,875,5],[876,4,876,5],[877,4,877,5],[863,5,863,6],[864,4,864,5],[865,4,865,5],[867,7,867,8],[870,5,870,6],[871,5,871,6],[851,4,851,5],[853,7,853,8],[856,4,856,5],[857,4,857,5],[858,4,858,5],[860,7,860,8],[842,4,842,5],[843,4,843,5],[844,4,844,5],[846,7,846,8],[849,4,849,5],[850,4,850,5],[830,4,830,5],[832,7,832,8],[835,4,835,5],[836,4,836,5],[837,4,837,5],[839,7,839,8],[821,4,821,5],[822,4,822,5],[823,4,823,5],[825,7,825,8],[828,4,828,5],[829,4,829,5],[809,4,809,5],[811,7,811,8],[814,4,814,5],[815,4,815,5],[816,4,816,5],[818,7,818,8],[800,4,800,5],[801,4,801,5],[802,4,802,5],[804,7,804,8],[807,4,807,5],[808,4,808,5],[788,4,788,5],[790,7,790,8],[793,4,793,5],[794,4,794,5],[795,4,795,5],[797,7,797,8],[779,4,779,5],[780,4,780,5],[781,4,781,5],[783,7,783,8],[786,4,786,5],[787,4,787,5],[767,4,767,5],[769,7,769,8],[772,4,772,5],[773,4,773,5],[774,4,774,5],[776,7,776,8],[758,4,758,5],[759,4,759,5],[760,4,760,5],[762,7,762,8],[765,4,765,5],[766,4,766,5],[746,4,746,5],[748,7,748,8],[751,4,751,5],[752,4,752,5],[753,4,753,5],[755,7,755,8],[737,4,737,5],[738,4,738,5],[739,4,739,5],[741,7,741,8],[744,4,744,5],[745,4,745,5],[725,4,725,5],[727,7,727,8],[730,4,730,5],[731,4,731,5],[732,4,732,5],[734,7,734,8],[716,4,716,5],[717,4,717,5],[718,4,718,5],[720,7,720,8],[723,4,723,5],[724,4,724,5],[704,4,704,5],[706,7,706,8],[709,4,709,5],[710,4,710,5],[711,4,711,5],[713,7,713,8],[695,4,695,5],[696,4,696,5],[697,4,697,5],[699,7,699,8],[702,4,702,5],[703,4,703,5],[683,4,683,5],[685,7,685,8],[688,4,688,5],[689,4,689,5],[690,4,690,5],[692,7,692,8],[674,4,674,5],[675,4,675,5],[676,4,676,5],[678,7,678,8],[681,4,681,5],[682,4,682,5],[662,4,662,5],[664,7,664,8],[667,4,667,5],[668,4,668,5],[669,4,669,5],[671,7,671,8],[653,4,653,5],[654,4,654,5],[655,4,655,5],[657,7,657,8],[660,4,660,5],[661,4,661,5],[641,4,641,5],[643,7,643,8],[646,4,646,5],[647,4,647,5],[648,4,648,5],[650,7,650,8],[632,4,632,5],[633,4,633,5],[634,4,634,5],[636,7,636,8],[639,4,639,5],[640,4,640,5],[620,4,620,5],[622,7,622,8],[625,4,625,5],[626,4,626,5],[627,4,627,5],[629,7,629,8],[611,4,611,5],[612,4,612,5],[613,4,613,5],[615,7,615,8],[618,4,618,5],[619,4,619,5],[599,4,599,5],[601,7,601,8],[604,4,604,5],[605,4,605,5],[606,4,606,5],[608,7,608,8],[590,4,590,5],[591,4,591,5],[592,4,592,5],[594,7,594,8],[597,4,597,5],[598,4,598,5],[581,5,581,6],[582,5,582,6],[583,4,583,5],[584,4,584,5],[585,4,585,5],[587,7,587,8],[572,4,572,5],[573,4,573,5],[574,4,574,5],[575,4,575,5],[576,4,576,5],[578,7,578,8],[563,4,563,5],[565,7,565,8],[568,5,568,6],[569,4,569,5],[570,4,570,5],[571,4,571,5],[557,5,557,6],[558,4,558,5],[559,4,559,5],[560,4,560,5],[561,4,561,5],[562,4,562,5],[545,4,545,5],[546,4,546,5],[548,7,548,8],[551,4,551,5],[552,4,552,5],[554,7,554,8],[533,4,533,5],[534,4,534,5],[536,7,536,8],[539,4,539,5],[540,4,540,5],[542,7,542,8],[521,4,521,5],[523,7,523,8],[526,5,526,6],[527,4,527,5],[528,4,528,5],[530,7,530,8],[510,7,510,8],[513,5,513,6],[514,4,514,5],[515,4,515,5],[517,7,517,8],[520,4,520,5],[498,7,498,8],[501,4,501,5],[502,4,502,5],[504,7,504,8],[507,4,507,5],[508,4,508,5],[489,0,489,4],[489,5,489,8],[491,7,491,8],[494,5,494,6],[495,4,495,5],[496,4,496,5],[486,0,486,4],[486,5,486,8],[487,0,487,4],[487,5,487,8],[488,0,488,4],[488,5,488,8],[481,7,481,8],[481,9,482,9],[484,0,484,4],[484,5,484,8],[485,0,485,4],[485,5,485,8],[481,0,482,0],[481,1,482,1],[481,2,482,2],[481,3,482,3],[481,4,482,4],[481,5,481,6],[472,4,472,5],[473,4,473,5],[474,4,474,5],[476,7,476,8],[479,4,479,5],[480,4,480,5],[463,4,463,5],[464,4,464,5],[466,7,466,8],[469,5,469,6],[470,4,470,5],[471,4,471,5],[457,5,457,6],[458,4,458,5],[459,4,459,5],[460,4,460,5],[461,4,461,5],[462,4,462,5],[448,4,448,5],[449,4,449,5],[450,4,450,5],[451,4,451,5],[452,4,452,5],[454,7,454,8],[439,4,439,5],[440,4,440,5],[442,7,442,8],[445,4,445,5],[446,4,446,5],[447,4,447,5],[433,4,433,5],[434,4,434,5],[435,4,435,5],[436,4,436,5],[437,4,437,5],[438,4,438,5],[424,4,424,5],[425,4,425,5],[426,4,426,5],[427,4,427,5],[429,7,429,8],[432,5,432,6],[415,4,415,5],[417,7,417,8],[420,4,420,5],[421,4,421,5],[422,4,422,5],[423,4,423,5],[409,4,409,5],[410,4,410,5],[411,4,411,5],[412,4,412,5],[413,4,413,5],[414,4,414,5],[400,4,400,5],[401,4,401,5],[402,4,402,5],[404,7,404,8],[407,5,407,6],[408,4,408,5],[391,4,391,5],[393,7,393,8],[396,4,396,5],[397,4,397,5],[398,4,398,5],[399,4,399,5],[385,4,385,5],[386,4,386,5],[387,4,387,5],[388,4,388,5],[389,4,389,5],[390,4,390,5],[377,0,377,4],[377,5,377,8],[379,7,379,8],[382,5,382,6],[383,5,383,6],[384,4,384,5],[374,0,374,4],[374,5,374,8],[375,0,375,4],[375,5,375,8],[376,0,376,4],[376,5,376,8],[369,7,369,8],[369,9,370,9],[372,0,372,4],[372,5,372,8],[373,0,373,4],[373,5,373,8],[366,5,366,6],[367,4,367,5],[368,4,368,5],[369,0,370,0],[369,1,370,1],[369,2,370,2],[369,3,370,3],[369,4,370,4],[369,5,369,6],[357,4,357,5],[358,4,358,5],[359,4,359,5],[360,4,360,5],[361,4,361,5],[363,7,363,8],[348,4,348,5],[349,4,349,5],[351,7,351,8],[354,4,354,5],[355,4,355,5],[356,4,356,5],[342,4,342,5],[343,4,343,5],[344,4,344,5],[345,4,345,5],[346,4,346,5],[347,4,347,5],[333,4,333,5],[334,4,334,5],[335,4,335,5],[336,4,336,5],[338,7,338,8],[341,5,341,6],[324,4,324,5],[326,7,326,8],[329,4,329,5],[330,4,330,5],[331,4,331,5],[332,4,332,5],[318,4,318,5],[319,4,319,5],[320,4,320,5],[321,4,321,5],[322,4,322,5],[323,4,323,5],[309,4,309,5],[310,4,310,5],[311,4,311,5],[313,7,313,8],[316,4,316,5],[317,4,317,5],[300,4,300,5],[302,7,302,8],[305,4,305,5],[306,4,306,5],[307,4,307,5],[308,4,308,5],[294,4,294,5],[295,4,295,5],[296,4,296,5],[297,4,297,5],[298,4,298,5],[299,4,299,5],[285,4,285,5],[286,4,286,5],[287,4,287,5],[288,4,288,5],[289,4,289,5],[291,7,291,8],[276,4,276,5],[277,4,277,5],[279,7,279,8],[282,4,282,5],[283,4,283,5],[284,4,284,5],[270,4,270,5],[271,4,271,5],[272,4,272,5],[273,4,273,5]],"merged_total":1251,"flags":["merged_cut"]}
[null,null,"Obra",null,"Bancos",null,"B.D.I.",null,"Encargos Sociais"]
[null,null,"Orçamento CPU ADM , MOBILIZAÇÃO E CANTEIRO - Canal Sertão Baiano",null,"SINAPI - 07/2024 - Bahia\nSBC - 08/2024 - Bahia\nSICRO3 - 04/2024 - Bahia\nORSE - 06/2024 - Sergipe\nSEDOP - 05/2024 - Pará\nSEINFRA - 028 - Ceará\nSETOP - 04/2024 - Minas Gerais\nIOPES - 06/2024 - Espírito Santo\nSIURB - 01/2024 - São Paulo\nSIURB INFRA - 01/2024 - São Paulo\nSUDECAP - 04/2024 - Minas Gerais\nCPOS/CDHU - 06/2024 - São Paulo\nFDE - 04/2024 - São Paulo\nAGESUL - 06/2024 - Mato Grosso do Sul\nAGETOP CIVIL - 04/2024 - Goiás\nAGETOP RODOVIARIA - 04/2024 - Goiás\nCAEMA - 12/2019 - Maranhão\nEMBASA - 05/2024 - Bahia\nCAERN - 11/2023 - Rio Grande do Norte\nCOMPESA - 07/2023 - Pernambuco\nEMOP - 07/2024 - Rio de Janeiro\nDERPR - 04/2024 - Paraná\nSCO - 07/2024 - Rio de Janeiro\n",null,"22,56%",null,"Não Desonerado: embutido nos preços unitário dos insumos de mão de obra, de acordo com as bases."]
["Planilha Orçamentária Analítica"]
[" 1 ",null,null,"ADMINISTRAÇÃO DE OBRAS",{"$nulls":6},9949427.5099999998]
[" 1.1 ",null,null,"PARCELA FIXA DA ADMINISTRAÇÃO LOCAL",{"$nulls":6},3522694.93]
[" 1.1.1 ",null,null,"GERÊNCIA TÉCNICA GERAL - MÃO DE OBRA",{"$nulls":6},1193113.93]
[" 1.1.1.1 ","Código","Banco","Descrição","Tipo",null,"Und","Quant.","Porcent.","Valor Unit","Total"]
["Composição"," 93568 ","SINAPI","ENGENHEIRO CIVIL DE OBRA SENIOR COM ENCARGOS COMPLEMENTARES","SEDI - SERVIÇOS DIVERSOS",null,"MES",1,null,24274.91,24274.91]
["Composição Auxiliar"," 95418 ","SINAPI","CURSO DE CAPACITAÇÃO PARA ENGENHEIRO CIVIL DE OBRA SÊNIOR (ENCARGOS COMPLEMENTARES) - MENSALISTA","SEDI - SERVIÇOS DIVERSOS",null,"MES",1,null,299.61,299.61]
["Insumo"," 00040814 ","SINAPI","ENGENHEIRO CIVIL DE OBRA SENIOR (MENSALISTA)","Mão de Obra",null,"MES",1,null,23573.39,23573.39]
["Insumo"," 00040863 ","SINAPI","EXAMES - MENSALISTA (COLETADO CAIXA - ENCARGOS COMPLEMENTARES)","Material",null,"MES",1,null,252.08,252.08]
["Insumo"," 00040864 ","SINAPI","SEGURO - MENSALISTA (COLETADO CAIXA - ENCARGOS COMPLEMENTARES)","Material",null,"MES",1,null,7.31,7.31]
["Insumo"," 00043474 ","SINAPI","FERRAMENTAS - FAMILIA ENGENHEIRO CIVIL - MENSALISTA (ENCARGOS COMPLEMENTARES - COLETADO CAIXA)","Material",null,"MES",1,null,2.29,2.29]
["Insumo"," 00043498 ","SINAPI","EPI - FAMILIA ENGENHEIRO CIVIL - MENSALISTA (ENCARGOS COMPLEMENTARES - COLETADO CAIXA)","Material",null,"MES",1,null,140.22999999999999,140.22999999999999]
[{"$nulls":4},"MO sem LS =>",23873,"LS =>",0,"MO com LS =>",23873]
[{"$nulls":4},"Valor do BDI =>",5476.41,null,"Valor com BDI =>",null,29751.32]
[{"$nulls":6},"Quant. =>",20,"Preço Total =>",595026.4]
[]
[" 1.1.1.2 ","Código","Banco","Descrição","Tipo",null,"Und","Quant.","Porcent.","Valor Unit","Total"]
["Composição"," 93572 ","SINAPI","ENCARREGADO GERAL DE OBRAS COM ENCARGOS COMPLEMENTARES","SEDI - SERVIÇOS DIVERSOS",null,"MES",1,null,6778.92,6778.92]
["Composição Auxiliar"," 95422 ","SINAPI","CURSO DE CAPACITAÇÃO PARA ENCARREGADO GERAL DE OBRAS (ENCARGOS COMPLEMENTARES) - MENSALISTA","SEDI - SERVIÇOS DIVERSOS",null,"MES",1,null,112.34,112.34]
["Insumo"," 00040818 ","SINAPI","ENCARREGADO GERAL DE OBRAS (MENSALISTA)","Mão de Obra",null,"MES",1,null,6152.3,6152.3]
["Insumo"," 00040863 ","SINAPI","EXAMES - MENSALISTA (COLETADO CAIXA - ENCARGOS COMPLEMENTARES)","Material",null,"MES",1,null,252.08,252.08]
["Insumo"," 00040864 ","SINAPI","SEGURO - MENSALISTA (COLETADO CAIXA - ENCARGOS COMPLEMENTARES)","Material",null,"MES",1,null,7.31,7.31]
["Insumo"," 00043475 ","SINAPI","FERRAMENTAS - FAMILIA ENCARREGADO GERAL - MENSALISTA (ENCARGOS COMPLEMENTARES - COLETADO CAIXA)","Material",null,"MES",1,null,18.73,18.73]
["Insumo"," 00043499 ","SINAPI","EPI - FAMILIA ENCARREGADO GERAL - MENSALISTA (ENCARGOS COMPLEMENTARES - COLETADO CAIXA)","Material",null,"MES",1,null,236.16,236.16]
[{"$nulls":4},"MO sem LS =>",6264.64,"LS =>",0,"MO com LS =>",6264.64]
[{"$nulls":4},"Valor do BDI =>",1529.32,null,"Valor com BDI =>",null,8308.24]
[{"$nulls":6},"Quant. =>",20,"Preço Total =>",166164.79999999999]
[]
[" 1.1.1.3 ","Código","Banco","Descrição","Tipo",null,"Und","Quant.","Porcent.","Valor Unit","Total"]
["Composição"," COMP-TEC-020 ","Próprio","TÉCNICO DE MEIO AMBIENTE COM ENCARGOS COMPLEMENTARES E ENCARGOS SOCIAIS","SEDI - SERVIÇOS DIVERSOS",null,"MÊS",1,null,6414.23,6414.23]
["Insumo"," P9897 JAN/24 ","Próprio","TÉCNICO DE MEIO AMBIENTE SEM ENCARGOS","Mão de Obra",null,"MÊS",1.7027000000000001,null,3529.18,6009.13]
["Insumo"," 00043505 ","SINAPI","EPI - FAMILIA TOPOGRAFO - MENSALISTA (ENCARGOS COMPLEMENTARES - COLETADO CAIXA)","Material",null,"MES",1,null,132.94,132.94]
["Insumo"," 00043481 ","SINAPI","FERRAMENTAS - FAMILIA TOPOGRAFO - MENSALISTA (ENCARGOS COMPLEMENTARES - COLETADO CAIXA)","Material",null,"MES",1,null,12.77,12.77]
["Insumo"," 00040863 ","SINAPI","EXAMES - MENSALISTA (COLETADO CAIXA - ENCARGOS COMPLEMENTARES)","Material",null,"MES",1,null,252.08,252.08]
["Insumo"," 00040864 ","SINAPI","SEGURO - MENSALISTA (COLETADO CAIXA - ENCARGOS COMPLEMENTARES)","Material",null,"MES",1,null,7.31,7.31]
[{"$nulls":4},"MO sem LS =>",6009.13,"LS =>",0,"MO com LS =>",6009.13]
[{"$nulls":4},"Valor do BDI =>",1447.05,null,"Valor com BDI =>",null,7861.28]
[{"$nulls":6},"Quant. =>",18,"Preço Total =>",141503.04000000001]
[]
[" 1.1.1.4 ","Código","Banco","Descrição","Tipo",null,"Und","Quant.","Porcent.","Valor Unit","Total"]
["Composição"," COMP-TEC-028 ","Próprio","MOTORISTA DE ÔNIBUS COM ENCARGOS COMPLEMENTARES","SEDI - SERVIÇOS DIVERSOS",null,"MES",1,null,6929.31,6929.31]
["Composição Auxiliar"," 101328 ","SINAPI","CURSO DE CAPACITAÇÃO PARA MOTORISTA DE CAMINHAO-CARRETA (ENCARGOS COMPLEMENTARES) - MENSALISTA","SEDI - SERVIÇOS DIVERSOS",null,"MES",1,null,23.97,23.97]
["Insumo"," 00040861 ","SINAPI","TRANSPORTE - MENSALISTA (COLETADO CAIXA - ENCARGOS COMPLEMENTARES)","Material",null,"MES",1,null,150.72,150.72]
["Insumo"," 00040862 ","SINAPI","ALIMENTACAO - MENSALISTA (COLETADO CAIXA - ENCARGOS COMPLEMENTARES)","Material",null,"MES",1,null,859.55,859.55]
["Insumo"," 00040863 ","SINAPI","EXAMES - MENSALISTA (COLETADO CAIXA - ENCARGOS COMPLEMENTARES)","Material",null,"MES",1,null,252.08,252.08]
["Insumo"," 00040864 ","SINAPI","SEGURO - MENSALISTA (COLETADO CAIXA - ENCARGOS COMPLEMENTARES)","Material",null,"MES",1,null,7.31,7.31]
["Insumo"," 00040988 ","SINAPI","MOTORISTA DE CAMINHAO-CARRETA (MENSALISTA)","Mão de Obra",null,"MES",1,null,5472.7,5472.7]
["Insumo"," 00043476 ","SINAPI","FERRAMENTAS - FAMILIA OPERADOR ESCAVADEIRA - MENSALISTA (ENCARGOS COMPLEMENTARES - COLETADO CAIXA)","Material",null,"MES",1,null,0.01,0.01]
["Insumo"," 00043500 ","SINAPI","EPI - FAMILIA OPERADOR ESCAVADEIRA - MENSALISTA (ENCARGOS COMPLEMENTARES - COLETADO CAIXA)","Material",null,"MES",1,null,162.97,162.97]
[{"$nulls":4},"MO sem LS =>",5496.67,"LS =>",0,"MO com LS =>",5496.67]
[{"$nulls":4},"Valor do BDI =>",1563.25,null,"Valor com BDI =>",null,8492.56]
[{"$nulls":6},"Quant. =>",20,"Preço Total =>",169851.2]
[]
[" 1.1.1.5 ","Código","Banco","Descrição","Tipo",null,"Und","Quant.","Porcent.","Valor Unit","Total"]
["Composição"," COMP-TEC-011 ","Próprio","SECRETÁRIA COM ENCARGOS SOCIAIS E COMPLEMENTARES","SEDI - SERVIÇOS DIVERSOS",null,"MES",1,null,5177.6400000000003,5177.6400000000003]
["Insumo"," 00040863 ","SINAPI","EXAMES - MENSALISTA (COLETADO CAIXA - ENCARGOS COMPLEMENTARES)","Material",null,"MES",1,null,252.08,252.08]
["Insumo"," 00040864 ","SINAPI","SEGURO - MENSALISTA (COLETADO CAIXA - ENCARGOS COMPLEMENTARES)","Material",null,"MES",1,null,7.31,7.31]
["Insumo"," 00043470 ","SINAPI","FERRAMENTAS - FAMILIA ALMOXARIFE - MENSALISTA (ENCARGOS COMPLEMENTARES - COLETADO CAIXA)","Material",null,"MES",1,null,10.89,10.89]
["Insumo"," 00043494 ","SINAPI","EPI - FAMILIA ALMOXARIFE - MENSALISTA (ENCARGOS COMPLEMENTARES - COLETADO CAIXA)","Material",null,"MES",1,null,148.04,148.04]
["Insumo"," P9878 JAN/24 ","Próprio","SECRETÁRIA SEM ENCARGOS","Mão de Obra",null,"MÊS",1.7166999999999999,null,2772.37,4759.32]
[{"$nulls":4},"MO sem LS =>",4759.32,"LS =>",0,"MO com LS =>",4759.32]
[{"$nulls":4},"Valor do BDI =>",1168.07,null,"Valor com BDI =>",null,6345.71]
[{"$nulls":6},"Quant. =>",19,"Preço Total =>",120568.49]
[]
[" 1.1.2 ",null,null,"GERÊNCIA TÉCNICA GERAL - VEÍCULOS",{"$nulls":6},1014653.2]
[" 1.1.2.1 ","Código","Banco","Descrição","Tipo",null,"Und","Quant.","Porcent.","Valor Unit","Total"]
["Composição"," E9684 MÊS ","Próprio","VEÍCULO LEVE PICK UP 4X4 - 147 KW (SEM MOTORISTA)","SEOP - SERVIÇOS OPERACIONAIS",null,"MÊS",1,null,7535.72,7535.72]
["A","Código","Banco","Equipamentos","Quantidade","Utilização",null,"Custo Operacional",null,"Custo Horário"]
[{"$nulls":5},"Operativa","Improdutiva","Operativa","Improdutiva"]
["Insumo","E9684","SICRO3","Veículo leve picape 4 x 4 com capacidade de 1,10 t - 147 kW",1,44,176,107.6198,53.338999999999999,14122.9352]
[{"$nulls":5},"Custo Horário de Equipamentos =>",null,null,null,14122.9352]
["B","Código","Banco","Mão de Obra","Quantidade","Salário Hora",null,null,null,"Custo Horário"]
["Insumo","P9870","SICRO3","Motorista de veículo leve",-220,null,null,null,29.9419,-6587.2179999999998]
[{"$nulls":5},"Custo Horário da Mão de Obra =>",null,null,null,-6587.2179999999998]
[{"$nulls":5},"Custo Horário de Execução =>",null,null,null,7535.7172]
[{"$nulls":5},"Fator de Influencia da Chuva - FIC =>",null,null,null,0]
[{"$nulls":5},"Custo do FIC =>",null,null,null,0]
[{"$nulls":5},"Produção de Equipe =>",null,null,null,1]
[{"$nulls":5},"Custo Unitário de Execução =>",null,null,null,7535.7172]
[{"$nulls":4},"MO sem LS =>",-6587.2179999999998,"LS =>",0,"MO com LS =>",-6587.2179999999998]
[{"$nulls":4},"Valor do BDI =>",1700.05,null,"Valor com BDI =>",null,9235.77]
[{"$nulls":6},"Quant. =>",20,"Preço Total =>",184715.4]
[]
[" 1.1.2.2 ","Código","Banco","Descrição","Tipo",null,"Und","Quant.","Porcent.","Valor Unit","Total"]
["Composição"," E9560-MÊS ","Próprio","ÔNIBUS COM CAPACIDADE PARA 80 PASSAGEIROS - 175 KW","CHOR - CUSTOS HORÁRIOS DE MÁQUINAS E EQUIPAMENTOS",null,"MÊS",1,null,33858.43,33858.43]
["A","Código","Banco","Equipamentos","Quantidade","Utilização",null,"Custo Operacional",null,"Custo Horário"]
[{"$nulls":5},"Operativa","Improdutiva","Operativa","Improdutiva"]
["Insumo","E9560","SICRO3","Ônibus com capacidade para 80 passageiros - 175 kW",1,44,176,346.96100000000001,105.63720000000001,33858.431199999999]
[{"$nulls":5},"Custo Horário de Equipamentos =>",null,null,null,33858.431199999999]
[{"$nulls":5},"Custo Horário de Execução =>",null,null,null,33858.431199999999]
[{"$nulls":5},"Fator de Influencia da Chuva - FIC =>",null,null,null,0]
[{"$nulls":5},"Custo do FIC =>",null,null,null,0]
[{"$nulls":5},"Produção de Equipe =>",null,null,null,1]
[{"$nulls":5},"Custo Unitário de Execução =>",null,null,null,33858.431199999999]
[{"$nulls":4},"MO sem LS =>",0,"LS =>",0,"MO com LS =>",0]
[{"$nulls":4},"Valor do BDI =>",7638.46,null,"Valor com BDI =>",null,41496.89]
[{"$nulls":6},"Quant. =>",20,"Preço Total =>",829937.8]
[]
[" 1.1.3 ",null,null,"GERÊNCIA TÉCNICA AUXILIAR - MÃO DE OBRA",{"$nulls":6},377767.6]
[" 1.1.3.1 ","Código","Banco","Descrição","Tipo",null,"Und","Quant.","Porcent.","Valor Unit","Total"]
["Composição"," 101390 ","SINAPI","AUXILIAR TÉCNICO / ASSISTENTE DE ENGENHARIA COM ENCARGOS COMPLEMENTARES","SEDI - SERVIÇOS DIVERSOS",null,"MES",1,null,7705.77,7705.77]
["Composição Auxiliar"," 101302 ","SINAPI","CURSO DE CAPACITAÇÃO PARA AUXILIAR TÉCNICO DE ENGENHARIA (ENCARGOS COMPLEMENTARES) - MENSALISTA","SEDI - SERVIÇOS DIVERSOS",null,"MES",1,null,51.92,51.92]
["Insumo"," 00040863 ","SINAPI","EXAMES - MENSALISTA (COLETADO CAIXA - ENCARGOS COMPLEMENTARES)","Material",null,"MES",1,null,252.08,252.08]
["Insumo"," 00040864 ","SINAPI","SEGURO - MENSALISTA (COLETADO CAIXA - ENCARGOS COMPLEMENTARES)","Material",null,"MES",1,null,7.31,7.31]
["Insumo"," 00040931 ","SINAPI","AUXILIAR TECNICO / ASSISTENTE DE ENGENHARIA (MENSALISTA)","Mão de Obra",null,"MES",1,null,7251.94,7251.94]
["Insumo"," 00043474 ","SINAPI","FERRAMENTAS - FAMILIA ENGENHEIRO CIVIL - MENSALISTA (ENCARGOS COMPLEMENTARES - COLETADO CAIXA)","Material",null,"MES",1,null,2.29,2.29]
["Insumo"," 00043498 ","SINAPI","EPI - FAMILIA ENGENHEIRO CIVIL - MENSALISTA (ENCARGOS COMPLEMENTARES - COLETADO CAIXA)","Material",null,"MES",1,null,140.22999999999999,140.22999999999999]
[{"$nulls":4},"MO sem LS =>",7303.86,"LS =>",0,"MO com LS =>",7303.86]
[{"$nulls":4},"Valor do BDI =>",1738.42,null,"Valor com BDI =>",null,9444.19]
[{"$nulls":6},"Quant. =>",40,"Preço Total =>",377767.6]
[]
[" 1.1.4 ",null,null,"GERÊNCIA ADMINISTRATIVA GERAL - MÃO DE OBRA",{"$nulls":6},600561.14]
[" 1.1.4.1 ","Código","Banco","Descrição","Tipo",null,"Und","Quant.","Porcent.","Valor Unit","Total"]
["Composição"," COMP-TEC-029 ","Próprio","CHEFE DO SETOR ADMINISTRATIVO COM ENCARGOS SOCIAIS E COMPLEMENTARES E.S. 71,67%","SEDI - SERVIÇOS DIVERSOS",null,"MES",1,null,6979.82,6979.82]
["Insumo"," 00040863 ","SINAPI","EXAMES - MENSALISTA (COLETADO CAIXA - ENCARGOS COMPLEMENTARES)","Material",null,"MES",1,null,252.08,252.08]
["Insumo"," 00040864 ","SINAPI","SEGURO - MENSALISTA (COLETADO CAIXA - ENCARGOS COMPLEMENTARES)","Material",null,"MES",1,null,7.31,7.31]
["Insumo"," 00043470 ","SINAPI","FERRAMENTAS - FAMILIA ALMOXARIFE - MENSALISTA (ENCARGOS COMPLEMENTARES - COLETADO CAIXA)","Material",null,"MES",1,null,10.89,10.89]
["Insumo"," 00043494 ","SINAPI","EPI - FAMILIA ALMOXARIFE - MENSALISTA (ENCARGOS COMPLEMENTARES - COLETADO CAIXA)","Material",null,"MES",1,null,148.04,148.04]
["Insumo"," P9883 JAN/24 ","Próprio","CHEFE DO SETOR ADMINISTRATIVO SEM ENCARGOS","Mão de Obra",null,"MÊS",1,null,3812.44,3812.44]
["Insumo"," P9883 JAN/24 ","Próprio","CHEFE DO SETOR ADMINISTRATIVO SEM ENCARGOS","Mão de Obra",null,"MÊS",0.7167,null,3812.44,2732.37]
["Insumo"," P9883 JAN/24 ","Próprio","CHEFE DO SETOR ADMINISTRATIVO SEM ENCARGOS","Mão de Obra",null,"MÊS",4.3800000000000002E-3,null,3812.44,16.690000000000001]
[{"$nulls":4},"MO sem LS =>",6561.5,"LS =>",0,"MO com LS =>",6561.5]
[{"$nulls":4},"Valor do BDI =>",1574.64,null,"Valor com BDI =>",null,8554.4599999999991]
[{"$nulls":6},"Quant. =>",19,"Preço Total =>",162534.74]
[]
[" 1.1.4.2 ","Código","Banco","Descrição","Tipo",null,"Und","Quant.","Porcent.","Valor Unit","Total"]
["Composição"," COMP-TEC-012 ","Próprio","PORTEIRO COM ENCARGOS SOCIAIS E COMPLEMENTARES","SEDI - SERVIÇOS DIVERSOS",null,"MES",1,null,4131.04,4131.04]
["Insumo"," 00040863 ","SINAPI","EXAMES - MENSALISTA (COLETADO CAIXA - ENCARGOS COMPLEMENTARES)","Material",null,"MES",1,null,252.08,252.08]
["Insumo"," 00040864 ","SINAPI","SEGURO - MENSALISTA (COLETADO CAIXA - ENCARGOS COMPLEMENTARES)","Material",null,"MES",1,null,7.31,7.31]
["Insumo"," 00040861 ","SINAPI","TRANSPORTE - MENSALISTA (COLETADO CAIXA - ENCARGOS COMPLEMENTARES)","Material",null,"MES",1,null,150.72,150.72]
["Insumo"," 00040862 ","SINAPI","ALIMENTACAO - MENSALISTA (COLETADO CAIXA - ENCARGOS COMPLEMENTARES)","Material",null,"MES",1,null,859.55,859.55]
["Insumo"," 00043479 ","SINAPI","FERRAMENTAS - FAMILIA SERVENTE - MENSALISTA (ENCARGOS COMPLEMENTARES - COLETADO CAIXA)","Material",null,"MES",1,null,114.72,114.72]
["Insumo"," 00043503 ","SINAPI","EPI - FAMILIA SERVENTE - MENSALISTA (ENCARGOS COMPLEMENTARES - COLETADO CAIXA)","Material",null,"MES",1,null,250.24,250.24]
["Insumo"," P9896 JAN/24 ","Próprio","PORTEIRO SEM ENCARGOS","Mão de Obra",null,"MÊS",1.7166999999999999,null,1454.2,2496.42]
[{"$nulls":4},"MO sem LS =>",2496.42,"LS =>",0,"MO com LS =>",2496.42]
[{"$nulls":4},"Valor do BDI =>",931.96,null,"Valor com BDI =>",null,5063]
[{"$nulls":6},"Quant. =>",38,"Preço Total =>",192394]
[]
[" 1.1.4.3 ","Código","Banco","Descrição","Tipo",null,"Und","Quant.","Porcent.","Valor Unit","Total"]
["Composição"," COMP-TEC-013 ","Próprio","VIGIA COM ENCARGOS COMPLEMENTARES E ADICIONAL DE PERICULOSIDADE","SEDI - SERVIÇOS DIVERSOS",null,"MES",1,null,5010.46,5010.46]
["Composição Auxiliar"," 101372 ","SINAPI","CURSO DE CAPACITAÇÃO PARA VIGIA DIURNO (ENCARGOS COMPLEMENTARES) - MENSALISTA","SEDI - SERVIÇOS DIVERSOS",null,"MES",1,null,11.33,11.33]
["Insumo"," 00040861 ","SINAPI","TRANSPORTE - MENSALISTA (COLETADO CAIXA - ENCARGOS COMPLEMENTARES)","Material",null,"MES",1,null,150.72,150.72]
["Insumo"," 00040862 ","SINAPI","ALIMENTACAO - MENSALISTA (COLETADO CAIXA - ENCARGOS COMPLEMENTARES)","Material",null,"MES",1,null,859.55,859.55]
["Insumo"," 00040863 ","SINAPI","EXAMES - MENSALISTA (COLETADO CAIXA - ENCARGOS COMPLEMENTARES)","Material",null,"MES",1,null,252.08,252.08]
["Insumo"," 00040864 ","SINAPI","SEGURO - MENSALISTA (COLETADO CAIXA - ENCARGOS COMPLEMENTARES)","Material",null,"MES",1,null,7.31,7.31]
["Insumo"," 00041096 ","SINAPI","VIGIA DIURNO (MENSALISTA)","Mão de Obra",null,"MES",1,null,2588.09,2588.09]
["Insumo"," 00043479 ","SINAPI","FERRAMENTAS - FAMILIA SERVENTE - MENSALISTA (ENCARGOS COMPLEMENTARES - COLETADO CAIXA)","Material",null,"MES",1,null,114.72,114.72]
["Insumo"," 00043503 ","SINAPI","EPI - FAMILIA SERVENTE - MENSALISTA (ENCARGOS COMPLEMENTARES - COLETADO CAIXA)","Material",null,"MES",1,null,250.24,250.24]
["Insumo"," 00041096 ","SINAPI","VIGIA DIURNO (MENSALISTA)","Mão de Obra",null,"MES",0.3,null,2588.09,776.42]
[{"$nulls":4},"MO sem LS =>",3375.84,"LS =>",0,"MO com LS =>",3375.84]
[{"$nulls":4},"Valor do BDI =>",1130.3499999999999,null,"Valor com BDI =>",null,6140.81]
[{"$nulls":6},"Quant. =>",40,"Preço Total =>",245632.4]
[]
[" 1.1.5 ",null,null,"GERÊNCIA ADMINISTRATIVA GERAL - VEÍCULOS",{"$nulls":6},60157.8]
[" 1.1.5.1 ","Código","Banco","Descrição","Tipo",null,"Und","Quant.","Porcent.","Valor Unit","Total"]
["Composição"," E9093 MÊS ","Próprio","VEICULO LEVE - 53 KW  (SEM MOTORISTA)","CHOR - CUSTOS HORÁRIOS DE MÁQUINAS E EQUIPAMENTOS",null,"MÊS",1,null,2583.39,2583.39]
["A","Código","Banco","Equipamentos","Quantidade","Utilização",null,"Custo Operacional",null,"Custo Horário"]
[{"$nulls":5},"Operativa","Improdutiva","Operativa","Improdutiva"]
["Insumo","E9093","SICRO3","Veículo leve - 53 kW (sem motorista)",1,44,176,34.379800000000003,6.0834000000000001,2583.3896]
[{"$nulls":5},"Custo Horário de Equipamentos =>",null,null,null,2583.3896]
[{"$nulls":5},"Custo Horário de Execução =>",null,null,null,2583.3896]
[{"$nulls":5},"Fator de Influencia da Chuva - FIC =>",null,null,null,0]
[{"$nulls":5},"Custo do FIC =>",null,null,null,0]
[{"$nulls":5},"Produção de Equipe =>",null,null,null,1]
[{"$nulls":5},"Custo Unitário de Execução =>",null,null,null,2583.3896]
[{"$nulls":4},"MO sem LS =>",0,"LS =>",0,"MO com LS =>",0]
[{"$nulls":4},"Valor do BDI =>",582.80999999999995,null,"Valor com BDI =>",null,3166.2]
[{"$nulls":6},"Quant. =>",19,"Preço Total =>",60157.8]
[]
[" 1.1.6 ",null,null,"GERÊNCIA ADMINISTRATIVA AUXILIAR - MÃO DE OBRA",{"$nulls":6},276441.26]
[" 1.1.6.1 ","Código","Banco","Descrição","Tipo",null,"Und","Quant.","Porcent.","Valor Unit","Total"]
["Composição"," COMP-TEC-014 ","Próprio","AUXILIAR ADMINISTRATIVO COM ENCARGOS SOCIAIS E COMPLEMENTARES","SEDI - SERVIÇOS DIVERSOS",null,"MES",1,null,4478.32,4478.32]
["Insumo"," 00040863 ","SINAPI","EXAMES - MENSALISTA (COLETADO CAIXA - ENCARGOS COMPLEMENTARES)","Material",null,"MES",1,null,252.08,252.08]
["Insumo"," 00040864 ","SINAPI","SEGURO - MENSALISTA (COLETADO CAIXA - ENCARGOS COMPLEMENTARES)","Material",null,"MES",1,null,7.31,7.31]
["Insumo"," 00043470 ","SINAPI","FERRAMENTAS - FAMILIA ALMOXARIFE - MENSALISTA (ENCARGOS COMPLEMENTARES - COLETADO CAIXA)","Material",null,"MES",1,null,10.89,10.89]
["Insumo"," 00043494 ","SINAPI","EPI - FAMILIA ALMOXARIFE - MENSALISTA (ENCARGOS COMPLEMENTARES - COLETADO CAIXA)","Material",null,"MES",1,null,148.04,148.04]
["Insumo"," P9806 JAN/24 ","Próprio","AUXILIAR ADMINISTRATIVO SEM ENCARGOS","Mão de Obra",null,"MÊS",1,null,2378.34,2378.34]
["Insumo"," P9806 JAN/24 ","Próprio","AUXILIAR ADMINISTRATIVO SEM ENCARGOS","Mão de Obra",null,"MÊS",0.70269999999999999,null,2378.34,1671.25]
["Insumo"," P9806 JAN/24 ","Próprio","AUXILIAR ADMINISTRATIVO SEM ENCARGOS","Mão de Obra",null,"MÊS",4.3800000000000002E-3,null,2378.34,10.41]
[{"$nulls":4},"MO sem LS =>",4060,"LS =>",0,"MO com LS =>",4060]
[{"$nulls":4},"Valor do BDI =>",1010.3,null,"Valor com BDI =>",null,5488.62]
[{"$nulls":6},"Quant. =>",38,"Preço Total =>",208567.56]
[]
[" 1.1.6.2 ","Código","Banco","Descrição","Tipo",null,"Und","Quant.","Porcent.","Valor Unit","Total"]
["Composição"," COMP-TEC-015 ","Próprio","FAXINEIRO COM ENCARGOS SOCIAIS E COMPLEMENTARES","SEDI - SERVIÇOS DIVERSOS",null,"MES",1,null,2914.74,2914.74]
["Insumo"," 00040863 ","SINAPI","EXAMES - MENSALISTA (COLETADO CAIXA - ENCARGOS COMPLEMENTARES)","Material",null,"MES",1,null,252.08,252.08]
["Insumo"," 00040864 ","SINAPI","SEGURO - MENSALISTA (COLETADO CAIXA - ENCARGOS COMPLEMENTARES)","Material",null,"MES",1,null,7.31,7.31]
["Insumo"," 00043470 ","SINAPI","FERRAMENTAS - FAMILIA ALMOXARIFE - MENSALISTA (ENCARGOS COMPLEMENTARES - COLETADO CAIXA)","Material",null,"MES",1,null,10.89,10.89]
["Insumo"," 00043494 ","SINAPI","EPI - FAMILIA ALMOXARIFE - MENSALISTA (ENCARGOS COMPLEMENTARES - COLETADO CAIXA)","Material",null,"MES",1,null,148.04,148.04]
["Insumo"," P9842 JAN/24 ","Próprio","FAXINEIRO SEM ENCARGOS","Mão de Obra",null,"MÊS",1.7166999999999999,null,1454.2,2496.42]
[{"$nulls":4},"MO sem LS =>",2496.42,"LS =>",0,"MO com LS =>",2496.42]
[{"$nulls":4},"Valor do BDI =>",657.56,null,"Valor com BDI =>",null,3572.3]
[{"$nulls":6},"Quant. =>",19,"Preço Total =>",67873.7]
[]
[" 1.2 ",null,null,"PARCELA VINCULADA DA ADMINISTRAÇÃO LOCAL",{"$nulls":6},3482108.98]
[" 1.2.1 ",null,null,"TERRAPLENAGEM - MÃO DE OBRA",{"$nulls":6},164970]
[" 1.2.1.1 ","Código","Banco","Descrição","Tipo",null,"Und","Quant.","Porcent.","Valor Unit","Total"]
["Composição"," COMP-TEC-018 ","Próprio","ENCARREGADO DE TERRAPLENAGEM COM ENCARGOS COMPLEMENTARES","SEDI - SERVIÇOS DIVERSOS",null,"MES",1,null,7477.97,7477.97]
["Insumo"," 00040863 ","SINAPI","EXAMES - MENSALISTA (COLETADO CAIXA - ENCARGOS COMPLEMENTARES)","Material",null,"MES",1,null,252.08,252.08]
["Insumo"," 00040864 ","SINAPI","SEGURO - MENSALISTA (COLETADO CAIXA - ENCARGOS COMPLEMENTARES)","Material",null,"MES",1,null,7.31,7.31]
["Insumo"," 00043475 ","SINAPI","FERRAMENTAS - FAMILIA ENCARREGADO GERAL - MENSALISTA (ENCARGOS COMPLEMENTARES - COLETADO CAIXA)","Material",null,"MES",1,null,18.73,18.73]
["Insumo"," 00043499 ","SINAPI","EPI - FAMILIA ENCARREGADO GERAL - MENSALISTA (ENCARGOS COMPLEMENTARES - COLETADO CAIXA)","Material",null,"MES",1,null,236.16,236.16]
["Insumo"," P9884 JAN/24 ","Próprio","ENCARREGADO DE TERRAPLENAGEM SEM ENCARGOS","Mão de Obra",null,"MÊS",1.7166999999999999,null,4056.44,6963.69]
[{"$nulls":4},"MO sem LS =>",6963.69,"LS =>",0,"MO com LS =>",6963.69]
[{"$nulls":4},"Valor do BDI =>",1687.03,null,"Valor com BDI =>",null,9165]
[{"$nulls":6},"Quant. =>",18,"Preço Total =>",164970]
[]
[" 1.2.2 ",null,null,"TOPOGRAFIA - MÃO DE OBRA",{"$nulls":6},387861.06]
[" 1.2.2.1 ","Código","Banco","Descrição","Tipo",null,"Und","Quant.","Porcent.","Valor Unit","Total"]
["Composição"," 94296 ","SINAPI","TOPOGRAFO COM ENCARGOS COMPLEMENTARES","SEDI - SERVIÇOS DIVERSOS",null,"MES",1,null,6803.05,6803.05]
["Composição Auxiliar"," 95424 ","SINAPI","CURSO DE CAPACITAÇÃO PARA TOPÓGRAFO (ENCARGOS COMPLEMENTARES) - MENSALISTA","SEDI - SERVIÇOS DIVERSOS",null,"MES",1,null,45.48,45.48]
["Insumo"," 00040820 ","SINAPI","TOPOGRAFO (MENSALISTA)","Mão de Obra",null,"MES",1,null,6352.47,6352.47]
["Insumo"," 00040863 ","SINAPI","EXAMES - MENSALISTA (COLETADO CAIXA - ENCARGOS COMPLEMENTARES)","Material",null,"MES",1,null,252.08,252.08]
["Insumo"," 00040864 ","SINAPI","SEGURO - MENSALISTA (COLETADO CAIXA - ENCARGOS COMPLEMENTARES)","Material",null,"MES",1,null,7.31,7.31]
["Insumo"," 00043481 ","SINAPI","FERRAMENTAS - FAMILIA TOPOGRAFO - MENSALISTA (ENCARGOS COMPLEMENTARES - COLETADO CAIXA)","Material",null,"MES",1,null,12.77,12.77]
["Insumo"," 00043505 ","SINAPI","EPI - FAMILIA TOPOGRAFO - MENSALISTA (ENCARGOS COMPLEMENTARES - COLETADO CAIXA)","Material",null,"MES",1,null,132.94,132.94]
[{"$nulls":4},"MO sem LS =>",6397.95,"LS =>",0,"MO com LS =>",6397.95]
[{"$nulls":4},"Valor do BDI =>",1534.76,null,"Valor com BDI =>",null,8337.81]
[{"$nulls":6},"Quant. =>",19,"Preço Total =>",158418.39000000001]
[]
[" 1.2.2.2 ","Código","Banco","Descrição","Tipo",null,"Und","Quant.","Porcent.","Valor Unit","Total"]
["Composição"," 101389 ","SINAPI","AUXILIAR DE TOPÓGRAFO COM ENCARGOS COMPLEMENTARES","SEDI - SERVIÇOS DIVERSOS",null,"MES",1,null,3284.36,3284.36]
["Composição Auxiliar"," 101301 ","SINAPI","CURSO DE CAPACITAÇÃO PARA AUXILIAR DE TOPÓGRAFO (ENCARGOS COMPLEMENTARES) - MENSALISTA","SEDI - SERVIÇOS DIVERSOS",null,"MES",1,null,20.46,20.46]
["Insumo"," 00040863 ","SINAPI","EXAMES - MENSALISTA (COLETADO CAIXA - ENCARGOS COMPLEMENTARES)","Material",null,"MES",1,null,252.08,252.08]
["Insumo"," 00040864 ","SINAPI","SEGURO - MENSALISTA (COLETADO CAIXA - ENCARGOS COMPLEMENTARES)","Material",null,"MES",1,null,7.31,7.31]
["Insumo"," 00041093 ","SINAPI","AUXILIAR DE TOPOGRAFO (MENSALISTA)","Mão de Obra",null,"MES",1,null,2858.8,2858.8]
["Insumo"," 00043481 ","SINAPI","FERRAMENTAS - FAMILIA TOPOGRAFO - MENSALISTA (ENCARGOS COMPLEMENTARES - COLETADO CAIXA)","Material",null,"MES",1,null,12.77,12.77]
["Insumo"," 00043505 ","SINAPI","EPI - FAMILIA TOPOGRAFO - MENSALISTA (ENCARGOS COMPLEMENTARES - COLETADO CAIXA)","Material",null,"MES",1,null,132.94,132.94]
[{"$nulls":4},"MO sem LS =>",2879.26,"LS =>",0,"MO com LS =>",2879.26]
[{"$nulls":4},"Valor do BDI =>",740.95,null,"Valor com BDI =>",null,4025.31]
[{"$nulls":6},"Quant. =>",57,"Preço Total =>",229442.67]
[]
[" 1.2.3 ",null,null,"MEDICINA E SEGURANÇA DO TRABALHO",{"$nulls":6},807343.4]
[" 1.2.3.1 ","Código","Banco","Descrição","Tipo",null,"Und","Quant.","Porcent.","Valor Unit","Total"]
["Composição"," 100321 ","SINAPI","TÉCNICO EM SEGURANÇA DO TRABALHO COM ENCARGOS COMPLEMENTARES","SEDI - SERVIÇOS DIVERSOS",null,"MES",1,null,7926.08,7926.08]
["Composição Auxiliar"," 100315 ","SINAPI","CURSO DE CAPACITAÇÃO PARA TÉCNICO EM SEGURANÇA DO TRABALHO (ENCARGOS COMPLEMENTARES) - MENSALISTA","SEDI - SERVIÇOS DIVERSOS",null,"MES",1,null,114.52,114.52]
["Insumo"," 00040863 ","SINAPI","EXAMES - MENSALISTA (COLETADO CAIXA - ENCARGOS COMPLEMENTARES)","Material",null,"MES",1,null,252.08,252.08]
["Insumo"," 00040864 ","SINAPI","SEGURO - MENSALISTA (COLETADO CAIXA - ENCARGOS COMPLEMENTARES)","Material",null,"MES",1,null,7.31,7.31]
["Insumo"," 00040944 ","SINAPI","TECNICO EM SEGURANCA DO TRABALHO (MENSALISTA)","Mão de Obra",null,"MES",1,null,7393.24,7393.24]
["Insumo"," 00043470 ","SINAPI","FERRAMENTAS - FAMILIA ALMOXARIFE - MENSALISTA (ENCARGOS COMPLEMENTARES - COLETADO CAIXA)","Material",null,"MES",1,null,10.89,10.89]
["Insumo"," 00043494 ","SINAPI","EPI - FAMILIA ALMOXARIFE - MENSALISTA (ENCARGOS COMPLEMENTARES - COLETADO CAIXA)","Material",null,"MES",1,null,148.04,148.04]
[{"$nulls":4},"MO sem LS =>",7507.76,"LS =>",0,"MO com LS =>",7507.76]
[{"$nulls":4},"Valor do BDI =>",1788.12,null,"Valor com BDI =>",null,9714.2000000000007]
[{"$nulls":6},"Quant. =>",40,"Preço Total =>",388568]
[]
[" 1.2.3.2 ","Código","Banco","Descrição","Tipo",null,"Und","Quant.","Porcent.","Valor Unit","Total"]
["Composição"," COMP-TEC-021 ","Próprio","ENGENHEIRO DE SEGURANÇA DO TRABALHO COM ENCARGOS COMPLEMENTARES E SOCIAIS","SEDI - SERVIÇOS DIVERSOS",null,"MES",1,null,21005.74,21005.74]
["Insumo"," 00040863 ","SINAPI","EXAMES - MENSALISTA (COLETADO CAIXA - ENCARGOS COMPLEMENTARES)","Material",null,"MES",1,null,252.08,252.08]
["Insumo"," 00040864 ","SINAPI","SEGURO - MENSALISTA (COLETADO CAIXA - ENCARGOS COMPLEMENTARES)","Material",null,"MES",1,null,7.31,7.31]
["Insumo"," 00043474 ","SINAPI","FERRAMENTAS - FAMILIA ENGENHEIRO CIVIL - MENSALISTA (ENCARGOS COMPLEMENTARES - COLETADO CAIXA)","Material",null,"MES",1,null,2.29,2.29]
["Insumo"," 00043498 ","SINAPI","EPI - FAMILIA ENGENHEIRO CIVIL - MENSALISTA (ENCARGOS COMPLEMENTARES - COLETADO CAIXA)","Material",null,"MES",1,null,140.22999999999999,140.22999999999999]
["Insumo"," P9864 JAN/24 ","Próprio","ENGENHEIRO DE SEGURANÇA DO TRABALHO SEM ENCARGOS","Mão de Obra",null,"MÊS",1.7166999999999999,null,12002,20603.830000000002]
[{"$nulls":4},"MO sem LS =>",20603.830000000002,"LS =>",0,"MO com LS =>",20603.830000000002]
[{"$nulls":4},"Valor do BDI =>",4738.8900000000003,null,"Valor com BDI =>",null,25744.63]
[{"$nulls":6},"Quant. =>",9,"Preço Total =>",231701.67]
[]
[" 1.2.3.3 ","Código","Banco","Descrição","Tipo",null,"Und","Quant.","Porcent.","Valor Unit","Total"]
["Composição"," COMP-TEC-022 ","Próprio","MÉDICO DE SEGURANÇA DO TRABALHO COM ENCARGOS COMPLEMENTARES E SOCIAIS","SEDI - SERVIÇOS DIVERSOS",null,"MES",1,null,16959.84,16959.84]
["Insumo"," 00040863 ","SINAPI","EXAMES - MENSALISTA (COLETADO CAIXA - ENCARGOS COMPLEMENTARES)","Material",null,"MES",1,null,252.08,252.08]
["Insumo"," 00040864 ","SINAPI","SEGURO - MENSALISTA (COLETADO CAIXA - ENCARGOS COMPLEMENTARES)","Material",null,"MES",1,null,7.31,7.31]
["Insumo"," 00043474 ","SINAPI","FERRAMENTAS - FAMILIA ENGENHEIRO CIVIL - MENSALISTA (ENCARGOS COMPLEMENTARES - COLETADO CAIXA)","Material",null,"MES",1,null,2.29,2.29]
["Insumo"," 00043498 ","SINAPI","EPI - FAMILIA ENGENHEIRO CIVIL - MENSALISTA (ENCARGOS COMPLEMENTARES - COLETADO CAIXA)","Material",null,"MES",1,null,140.22999999999999,140.22999999999999]
["Insumo"," P9851 JAN/24 ","Próprio","MÉDICO DO TRABALHO SEM ENCARGOS","Mão de Obra",null,"MÊS",1.7166999999999999,null,9645.2099999999991,16557.93]
[{"$nulls":4},"MO sem LS =>",16557.93,"LS =>",0,"MO com LS =>",16557.93]
[{"$nulls":4},"Valor do BDI =>",3826.13,null,"Valor com BDI =>",null,20785.97]
[{"$nulls":6},"Quant. =>",9,"Preço Total =>",187073.73]
[]
[" 1.2.4 ",null,null,"ESPECIALISTAS / CONSULTORES",{"$nulls":6},1617614.52]
[" 1.2.4.1 ","Código","Banco","Descrição","Tipo",null,"Und","Quant.","Porcent.","Valor Unit","Total"]
["Composição"," COMP-TEC-032 ","Próprio","ENGENHEIRO MECÂNICO DE OBRA PLENO COM ENCARGOS COMPLEMENTARES","SEDI - SERVIÇOS DIVERSOS",null,"MES",1,null,21998.41,21998.41]
["Composição Auxiliar"," 95417 ","SINAPI","CURSO DE CAPACITAÇÃO PARA ENGENHEIRO CIVIL DE OBRA PLENO (ENCARGOS COMPLEMENTARES) - MENSALISTA","SEDI - SERVIÇOS DIVERSOS",null,"MES",1,null,271.04000000000002,271.04000000000002]
["Insumo"," 00040813 ","SINAPI","ENGENHEIRO CIVIL DE OBRA PLENO (MENSALISTA)","Mão de Obra",null,"MES",1,null,21325.46,21325.46]
["Insumo"," 00040863 ","SINAPI","EXAMES - MENSALISTA (COLETADO CAIXA - ENCARGOS COMPLEMENTARES)","Material",null,"MES",1,null,252.08,252.08]
["Insumo"," 00040864 ","SINAPI","SEGURO - MENSALISTA (COLETADO CAIXA - ENCARGOS COMPLEMENTARES)","Material",null,"MES",1,null,7.31,7.31]
["Insumo"," 00043474 ","SINAPI","FERRAMENTAS - FAMILIA ENGENHEIRO CIVIL - MENSALISTA (ENCARGOS COMPLEMENTARES - COLETADO CAIXA)","Material",null,"MES",1,null,2.29,2.29]
["Insumo"," 00043498 ","SINAPI","EPI - FAMILIA ENGENHEIRO CIVIL - MENSALISTA (ENCARGOS COMPLEMENTARES - COLETADO CAIXA)","Material",null,"MES",1,null,140.22999999999999,140.22999999999999]
[{"$nulls":4},"MO sem LS =>",21596.5,"LS =>",0,"MO com LS =>",21596.5]
[{"$nulls":4},"Valor do BDI =>",4962.84,null,"Valor com BDI =>",null,26961.25]
[{"$nulls":6},"Quant. =>",3,"Preço Total =>",80883.75]
[]
[" 1.2.4.2 ","Código","Banco","Descrição","Tipo",null,"Und","Quant.","Porcent.","Valor Unit","Total"]
["Composição"," COMP-TEC-033 ","Próprio","ENGENHEIRO ELETRICISTA DE OBRA PLENO COM ENCARGOS COMPLEMENTARES","SEDI - SERVIÇOS DIVERSOS",null,"MES",1,null,21998.41,21998.41]
["Composição Auxiliar"," 95417 ","SINAPI","CURSO DE CAPACITAÇÃO PARA ENGENHEIRO CIVIL DE OBRA PLENO (ENCARGOS COMPLEMENTARES) - MENSALISTA","SEDI - SERVIÇOS DIVERSOS",null,"MES",1,null,271.04000000000002,271.04000000000002]
["Insumo"," 00040813 ","SINAPI","ENGENHEIRO CIVIL DE OBRA PLENO (MENSALISTA)","Mão de Obra",null,"MES",1,null,21325.46,21325.46]
["Insumo"," 00040863 ","SINAPI","EXAMES - MENSALISTA (COLETADO CAIXA - ENCARGOS COMPLEMENTARES)","Material",null,"MES",1,null,252.08,252.08]
["Insumo"," 00040864 ","SINAPI","SEGURO - MENSALISTA (COLETADO CAIXA - ENCARGOS COMPLEMENTARES)","Material",null,"MES",1,null,7.31,7.31]
["Insumo"," 00043474 ","SINAPI","FERRAMENTAS - FAMILIA ENGENHEIRO CIVIL - MENSALISTA (ENCARGOS COMPLEMENTARES - COLETADO CAIXA)","Material",null,"MES",1,null,2.29,2.29]
["Insumo"," 00043498 ","SINAPI","EPI - FAMILIA ENGENHEIRO CIVIL - MENSALISTA (ENCARGOS COMPLEMENTARES - COLETADO CAIXA)","Material",null,"MES",1,null,140.22999999999999,140.22999999999999]
[{"$nulls":4},"MO sem LS =>",21596.5,"LS =>",0,"MO com LS =>",21596.5]
[{"$nulls":4},"Valor do BDI =>",4962.84,null,"Valor com BDI =>",null,26961.25]
[{"$nulls":6},"Quant. =>",3,"Preço Total =>",80883.75]
[]
[" 1.2.4.3 ","Código","Banco","Descrição","Tipo",null,"Und","Quant.","Porcent.","Valor Unit","Total"]
["Composição"," COMP-TEC-017 ","Próprio","GEOTECNICO COM ENCARGOS SOCIAIS E COMPLEMENTARES E.S. 71,67%","CANT - CANTEIRO DE OBRAS",null,"MÊS",1,null,12092.81,12092.81]
["Insumo"," 00040863 ","SINAPI","EXAMES - MENSALISTA (COLETADO CAIXA - ENCARGOS COMPLEMENTARES)","Material",null,"MES",1,null,252.08,252.08]
["Insumo"," 00040864 ","SINAPI","SEGURO - MENSALISTA (COLETADO CAIXA - ENCARGOS COMPLEMENTARES)","Material",null,"MES",1,null,7.31,7.31]
["Insumo"," 00043474 ","SINAPI","FERRAMENTAS - FAMILIA ENGENHEIRO CIVIL - MENSALISTA (ENCARGOS COMPLEMENTARES - COLETADO CAIXA)","Material",null,"MES",1,null,2.29,2.29]
["Insumo"," 00043498 ","SINAPI","EPI - FAMILIA ENGENHEIRO CIVIL - MENSALISTA (ENCARGOS COMPLEMENTARES - COLETADO CAIXA)","Material",null,"MES",1,null,140.22999999999999,140.22999999999999]
["Insumo"," B540000061  JAN/24 ","Próprio","ENGENHEIRO GEOTECNICO ","Mão de Obra",null,"MÊS",1.7027000000000001,null,6866.1,11690.9]
[{"$nulls":4},"MO sem LS =>",11690.9,"LS =>",0,"MO com LS =>",11690.9]
[{"$nulls":4},"Valor do BDI =>",2728.13,null,"Valor com BDI =>",null,14820.94]
[{"$nulls":6},"Quant. =>",18,"Preço Total =>",266776.92]
[]
[" 1.2.4.4 ","Código","Banco","Descrição","Tipo",null,"Und","Quant.","Porcent.","Valor Unit","Total"]
["Composição"," COMP-TEC-016 ","Próprio","GEÓLOGO COM ENCARGOS SOCIAIS E COMPLEMENTARES","CANT - CANTEIRO DE OBRAS",null,"MÊS",1,null,20852.37,20852.37]
["Insumo"," 00040863 ","SINAPI","EXAMES - MENSALISTA (COLETADO CAIXA - ENCARGOS COMPLEMENTARES)","Material",null,"MES",1,null,252.08,252.08]
["Insumo"," 00040864 ","SINAPI","SEGURO - MENSALISTA (COLETADO CAIXA - ENCARGOS COMPLEMENTARES)","Material",null,"MES",1,null,7.31,7.31]
["Insumo"," 00043474 ","SINAPI","FERRAMENTAS - FAMILIA ENGENHEIRO CIVIL - MENSALISTA (ENCARGOS COMPLEMENTARES - COLETADO CAIXA)","Material",null,"MES",1,null,2.29,2.29]
["Insumo"," 00043498 ","SINAPI","EPI - FAMILIA ENGENHEIRO CIVIL - MENSALISTA (ENCARGOS COMPLEMENTARES - COLETADO CAIXA)","Material",null,"MES",1,null,140.22999999999999,140.22999999999999]
["Insumo"," P8081 JAN/24 ","Próprio","GEÓLOGO PLENO SEM ENCARGOS","Mão de Obra",null,"MÊS",1.7166999999999999,null,11912.66,20450.46]
[{"$nulls":4},"MO sem LS =>",20450.46,"LS =>",0,"MO com LS =>",20450.46]
[{"$nulls":4},"Valor do BDI =>",4704.29,null,"Valor com BDI =>",null,25556.66]
[{"$nulls":6},"Quant. =>",18,"Preço Total =>",460019.88]
[]
[" 1.2.4.5 ","Código","Banco","Descrição","Tipo",null,"Und","Quant.","Porcent.","Valor Unit","Total"]
["Composição"," COMP-CANT-01 ","Próprio","ENGENHEIRO DE MINAS COM ENCARGOS SOCIAIS E COMPLEMENTARES E.S. 71,22%","CANT - CANTEIRO DE OBRAS",null,"MÊS",1,null,22097.82,22097.82]
["Insumo"," MO-TEC-012 ","Próprio","ENGENHEIRO DE MINAS","Mão de Obra",null,"MÊS",1,null,12545.27,12545.27]
["Insumo"," 00040863 ","SINAPI","EXAMES - MENSALISTA (COLETADO CAIXA - ENCARGOS COMPLEMENTARES)","Material",null,"MES",1,null,252.08,252.08]
["Insumo"," 00040864 ","SINAPI","SEGURO - MENSALISTA (COLETADO CAIXA - ENCARGOS COMPLEMENTARES)","Material",null,"MES",1,null,7.31,7.31]
["Insumo"," 00043474 ","SINAPI","FERRAMENTAS - FAMILIA ENGENHEIRO CIVIL - MENSALISTA (ENCARGOS COMPLEMENTARES - COLETADO CAIXA)","Material",null,"MES",1,null,2.29,2.29]
["Insumo"," 00043498 ","SINAPI","EPI - FAMILIA ENGENHEIRO CIVIL - MENSALISTA (ENCARGOS COMPLEMENTARES - COLETADO CAIXA)","Material",null,"MES",1,null,140.22999999999999,140.22999999999999]
["Insumo"," MO-TEC-012 ","Próprio","ENGENHEIRO DE MINAS","Mão de Obra",null,"MÊS",1.2710000000000001E-2,null,12545.27,159.44999999999999]
["Insumo"," MO-TEC-012 ","Próprio","ENGENHEIRO DE MINAS","Mão de Obra",null,"MÊS",0.7167,null,12545.27,8991.19]
[{"$nulls":4},"MO sem LS =>",21695.91,"LS =>",0,"MO com LS =>",21695.91]
[{"$nulls":4},"Valor do BDI =>",4985.26,null,"Valor com BDI =>",null,27083.08]
[{"$nulls":6},"Quant. =>",9,"Preço Total =>",243747.72]
[]
[" 1.2.4.6 ","Código","Banco","Descrição","Tipo",null,"Und","Quant.","Porcent.","Valor Unit","Total"]
["Composição"," 93567 ","SINAPI","ENGENHEIRO CIVIL DE OBRA PLENO COM ENCARGOS COMPLEMENTARES","SEDI - SERVIÇOS DIVERSOS",null,"MES",1,null,21998.41,21998.41]
["Composição Auxiliar"," 95417 ","SINAPI","CURSO DE CAPACITAÇÃO PARA ENGENHEIRO CIVIL DE OBRA PLENO (ENCARGOS COMPLEMENTARES) - MENSALISTA","SEDI - SERVIÇOS DIVERSOS",null,"MES",1,null,271.04000000000002,271.04000000000002]
["Insumo"," 00040813 ","SINAPI","ENGENHEIRO CIVIL DE OBRA PLENO (MENSALISTA)","Mão de Obra",null,"MES",1,null,21325.46,21325.46]
["Insumo"," 00040863 ","SINAPI","EXAMES - MENSALISTA (COLETADO CAIXA - ENCARGOS COMPLEMENTARES)","Material",null,"MES",1,null,252.08,252.08]
["Insumo"," 00040864 ","SINAPI","SEGURO - MENSALISTA (COLETADO CAIXA - ENCARGOS COMPLEMENTARES)","Material",null,"MES",1,null,7.31,7.31]
["Insumo"," 00043474 ","SINAPI","FERRAMENTAS - FAMILIA ENGENHEIRO CIVIL - MENSALISTA (ENCARGOS COMPLEMENTARES - COLETADO CAIXA)","Material",null,"MES",1,null,2.29,2.29]
["Insumo"," 00043498 ","SINAPI","EPI - FAMILIA ENGENHEIRO CIVIL - MENSALISTA (ENCARGOS COMPLEMENTARES - COLETADO CAIXA)","Material",null,"MES",1,null,140.22999999999999,140.22999999999999]
[{"$nulls":4},"MO sem LS =>",21596.5,"LS =>",0,"MO com LS =>",21596.5]
[{"$nulls":4},"Valor do BDI =>",4962.84,null,"Valor com BDI =>",null,26961.25]
[{"$nulls":6},"Quant. =>",18,"Preço Total =>",485302.5]
[]
[" 1.2.5 ",null,null,"ALMOXARIFADO",{"$nulls":6},219362]
[" 1.2.5.1 ","Código","Banco","Descrição","Tipo",null,"Und","Quant.","Porcent.","Valor Unit","Total"]
["Composição"," 93563 ","SINAPI","ALMOXARIFE COM ENCARGOS COMPLEMENTARES","SEDI - SERVIÇOS DIVERSOS",null,"MES",1,null,5501.31,5501.31]
["Composição Auxiliar"," 95413 ","SINAPI","CURSO DE CAPACITAÇÃO PARA ALMOXARIFE (ENCARGOS COMPLEMENTARES) - MENSALISTA","SEDI - SERVIÇOS DIVERSOS",null,"MES",1,null,22.16,22.16]
["Insumo"," 00040809 ","SINAPI","ALMOXARIFE (MENSALISTA)","Mão de Obra",null,"MES",1,null,5060.83,5060.83]
["Insumo"," 00040863 ","SINAPI","EXAMES - MENSALISTA (COLETADO CAIXA - ENCARGOS COMPLEMENTARES)","Material",null,"MES",1,null,252.08,252.08]
["Insumo"," 00040864 ","SINAPI","SEGURO - MENSALISTA (COLETADO CAIXA - ENCARGOS COMPLEMENTARES)","Material",null,"MES",1,null,7.31,7.31]
["Insumo"," 00043470 ","SINAPI","FERRAMENTAS - FAMILIA ALMOXARIFE - MENSALISTA (ENCARGOS COMPLEMENTARES - COLETADO CAIXA)","Material",null,"MES",1,null,10.89,10.89]
["Insumo"," 00043494 ","SINAPI","EPI - FAMILIA ALMOXARIFE - MENSALISTA (ENCARGOS COMPLEMENTARES - COLETADO CAIXA)","Material",null,"MES",1,null,148.04,148.04]
[{"$nulls":4},"MO sem LS =>",5082.99,"LS =>",0,"MO com LS =>",5082.99]
[{"$nulls":4},"Valor do BDI =>",1241.0899999999999,null,"Valor com BDI =>",null,6742.4]
[{"$nulls":6},"Quant. =>",20,"Preço Total =>",134848]
[]
[" 1.2.5.2 ","Código","Banco","Descrição","Tipo",null,"Und","Quant.","Porcent.","Valor Unit","Total"]
["Composição"," 100316 ","SINAPI","AUXILIAR DE ALMOXARIFE COM ENCARGOS COMPLEMENTARES","SEDI - SERVIÇOS DIVERSOS",null,"MES",1,null,3447.87,3447.87]
["Composição Auxiliar"," 100310 ","SINAPI","CURSO DE CAPACITAÇÃO PARA AUXILIAR DE ALMOXARIFE (ENCARGOS COMPLEMENTARES) - MENSALISTA","SEDI - SERVIÇOS DIVERSOS",null,"MES",1,null,13.21,13.21]
["Insumo"," 00040863 ","SINAPI","EXAMES - MENSALISTA (COLETADO CAIXA - ENCARGOS COMPLEMENTARES)","Material",null,"MES",1,null,252.08,252.08]
["Insumo"," 00040864 ","SINAPI","SEGURO - MENSALISTA (COLETADO CAIXA - ENCARGOS COMPLEMENTARES)","Material",null,"MES",1,null,7.31,7.31]
["Insumo"," 00043470 ","SINAPI","FERRAMENTAS - FAMILIA ALMOXARIFE - MENSALISTA (ENCARGOS COMPLEMENTARES - COLETADO CAIXA)","Material",null,"MES",1,null,10.89,10.89]
["Insumo"," 00043494 ","SINAPI","EPI - FAMILIA ALMOXARIFE - MENSALISTA (ENCARGOS COMPLEMENTARES - COLETADO CAIXA)","Material",null,"MES",1,null,148.04,148.04]
["Insumo"," 00040908 ","SINAPI","AUXILIAR DE ALMOXARIFE (MENSALISTA)","Mão de Obra",null,"MES",1,null,3016.34,3016.34]
[{"$nulls":4},"MO sem LS =>",3029.55,"LS =>",0,"MO com LS =>",3029.55]
[{"$nulls":4},"Valor do BDI =>",777.83,null,"Valor com BDI =>",null,4225.7]
[{"$nulls":6},"Quant. =>",20,"Preço Total =>",84514]
[]
[" 1.2.6 ",null,null,"VEÍCULOS",{"$nulls":6},284958]
[" 1.2.6.1 ","Código","Banco","Descrição","Tipo",null,"Und","Quant.","Porcent.","Valor Unit","Total"]
["Composição"," E9093 MÊS ","Próprio","VEICULO LEVE - 53 KW  (SEM MOTORISTA)","CHOR - CUSTOS HORÁRIOS DE MÁQUINAS E EQUIPAMENTOS",null,"MÊS",1,null,2583.39,2583.39]
["A","Código","Banco","Equipamentos","Quantidade","Utilização",null,"Custo Operacional",null,"Custo Horário"]
[{"$nulls":5},"Operativa","Improdutiva","Operativa","Improdutiva"]
["Insumo","E9093","SICRO3","Veículo leve - 53 kW (sem motorista)",1,44,176,34.379800000000003,6.0834000000000001,2583.3896]
[{"$nulls":5},"Custo Horário de Equipamentos =>",null,null,null,2583.3896]
[{"$nulls":5},"Custo Horário de Execução =>",null,null,null,2583.3896]
[{"$nulls":5},"Fator de Influencia da Chuva - FIC =>",null,null,null,0]
[{"$nulls":5},"Custo do FIC =>",null,null,null,0]
[{"$nulls":5},"Produção de Equipe =>",null,null,null,1]
[{"$nulls":5},"Custo Unitário de Execução =>",null,null,null,2583.3896]
[{"$nulls":4},"MO sem LS =>",0,"LS =>",0,"MO com LS =>",0]
[{"$nulls":4},"Valor do BDI =>",582.80999999999995,null,"Valor com BDI =>",null,3166.2]
[{"$nulls":6},"Quant. =>",90,"Preço Total =>",284958]
[]
[" 1.3 ",null,null,"PARCELA VARIÁVEL DA ADMINISTRAÇÃO LOCAL",{"$nulls":6},1483869.15]
[" 1.3.1 ",null,null,"ACOMPANHAMENTOS DAS FRENTES DE SERVIÇO",{"$nulls":6},693485.82]
[" 1.3.1.1 ","Código","Banco","Descrição","Tipo",null,"Und","Quant.","Porcent.","Valor Unit","Total"]
["Composição"," 93567 ","SINAPI","ENGENHEIRO CIVIL DE OBRA PLENO COM ENCARGOS COMPLEMENTARES","SEDI - SERVIÇOS DIVERSOS",null,"MES",1,null,21998.41,21998.41]
["Composição Auxiliar"," 95417 ","SINAPI","CURSO DE CAPACITAÇÃO PARA ENGENHEIRO CIVIL DE OBRA PLENO (ENCARGOS COMPLEMENTARES) - MENSALISTA","SEDI - SERVIÇOS DIVERSOS",null,"MES",1,null,271.04000000000002,271.04000000000002]
["Insumo"," 00040813 ","SINAPI","ENGENHEIRO CIVIL DE OBRA PLENO (MENSALISTA)","Mão de Obra",null,"MES",1,null,21325.46,21325.46]
["Insumo"," 00040863 ","SINAPI","EXAMES - MENSALISTA (COLETADO CAIXA - ENCARGOS COMPLEMENTARES)","Material",null,"MES",1,null,252.08,252.08]
["Insumo"," 00040864 ","SINAPI","SEGURO - MENSALISTA (COLETADO CAIXA - ENCARGOS COMPLEMENTARES)","Material",null,"MES",1,null,7.31,7.31]
["Insumo"," 00043474 ","SINAPI","FERRAMENTAS - FAMILIA ENGENHEIRO CIVIL - MENSALISTA (ENCARGOS COMPLEMENTARES - COLETADO CAIXA)","Material",null,"MES",1,null,2.29,2.29]
["Insumo"," 00043498 ","SINAPI","EPI - FAMILIA ENGENHEIRO CIVIL - MENSALISTA (ENCARGOS COMPLEMENTARES - COLETADO CAIXA)","Material",null,"MES",1,null,140.22999999999999,140.22999999999999]
[{"$nulls":4},"MO sem LS =>",21596.5,"LS =>",0,"MO com LS =>",21596.5]
[{"$nulls":4},"Valor do BDI =>",4962.84,null,"Valor com BDI =>",null,26961.25]
[{"$nulls":6},"Quant. =>",18,"Preço Total =>",485302.5]
[]
[" 1.3.1.2 ","Código","Banco","Descrição","Tipo",null,"Und","Quant.","Porcent.","Valor Unit","Total"]
["Composição"," COMP-TEC-040 ","Próprio","ENCARREGADO DE TURMA COM ENCARGOS COMPLEMENTARES","SEDI - SERVIÇOS DIVERSOS",null,"MES",1,null,4718.3999999999996,4718.3999999999996]
["Insumo"," 00040863 ","SINAPI","EXAMES - MENSALISTA (COLETADO CAIXA - ENCARGOS COMPLEMENTARES)","Material",null,"MES",1,null,252.08,252.08]
["Insumo"," 00040864 ","SINAPI","SEGURO - MENSALISTA (COLETADO CAIXA - ENCARGOS COMPLEMENTARES)","Material",null,"MES",1,null,7.31,7.31]
["Insumo"," 00043475 ","SINAPI","FERRAMENTAS - FAMILIA ENCARREGADO GERAL - MENSALISTA (ENCARGOS COMPLEMENTARES - COLETADO CAIXA)","Material",null,"MES",1,null,18.73,18.73]
["Insumo"," 00043499 ","SINAPI","EPI - FAMILIA ENCARREGADO GERAL - MENSALISTA (ENCARGOS COMPLEMENTARES - COLETADO CAIXA)","Material",null,"MES",1,null,236.16,236.16]
["Insumo"," P9875 JAN/24 ","Próprio","ENCARREGADO DE TURMA SEM ENCARGOS","Mão de Obra",null,"MÊS",1.7166999999999999,null,2448.96,4204.12]
[{"$nulls":4},"MO sem LS =>",4204.12,"LS =>",0,"MO com LS =>",4204.12]
[{"$nulls":4},"Valor do BDI =>",1064.47,null,"Valor com BDI =>",null,5782.87]
[{"$nulls":6},"Quant. =>",36,"Preço Total =>",208183.32]
[]
[" 1.3.2 ",null,null,"CONTROLE TECNOLÓGICO / SOLOS - MÃO DE OBRA",{"$nulls":6},296675.64]
[" 1.3.2.1 ","Código","Banco","Descrição","Tipo",null,"Und","Quant.","Porcent.","Valor Unit","Total"]
["Composição"," 101456 ","SINAPI","TÉCNICO DE LABORATÓRIO E CAMPO DE CONSTRUÇÃO COM ENCARGOS COMPLEMENTARES","SEDI - SERVIÇOS DIVERSOS",null,"MES",1,null,7864.49,7864.49]
["Composição Auxiliar"," 101368 ","SINAPI","CURSO DE CAPACITAÇÃO PARA TECNICO EM LABORATORIO E CAMPO DE CONSTRUCAO CIVIL (ENCARGOS COMPLEMENTARES) - MENSALISTA","SEDI - SERVIÇOS DIVERSOS",null,"MES",1,null,52.93,52.93]
["Insumo"," 00040863 ","SINAPI","EXAMES - MENSALISTA (COLETADO CAIXA - ENCARGOS COMPLEMENTARES)","Material",null,"MES",1,null,252.08,252.08]
["Insumo"," 00040864 ","SINAPI","SEGURO - MENSALISTA (COLETADO CAIXA - ENCARGOS COMPLEMENTARES)","Material",null,"MES",1,null,7.31,7.31]
["Insumo"," 00041089 ","SINAPI","TECNICO EM LABORATORIO E CAMPO DE CONSTRUCAO CIVIL (MENSALISTA)","Mão de Obra",null,"MES",1,null,7393.24,7393.24]
["Insumo"," 00043470 ","SINAPI","FERRAMENTAS - FAMILIA ALMOXARIFE - MENSALISTA (ENCARGOS COMPLEMENTARES - COLETADO CAIXA)","Material",null,"MES",1,null,10.89,10.89]
["Insumo"," 00043494 ","SINAPI","EPI - FAMILIA ALMOXARIFE - MENSALISTA (ENCARGOS COMPLEMENTARES - COLETADO CAIXA)","Material",null,"MES",1,null,148.04,148.04]
[{"$nulls":4},"MO sem LS =>",7446.17,"LS =>",0,"MO com LS =>",7446.17]
[{"$nulls":4},"Valor do BDI =>",1774.22,null,"Valor com BDI =>",null,9638.7099999999991]
[{"$nulls":6},"Quant. =>",18,"Preço Total =>",173496.78]
[]
[" 1.3.2.2 ","Código","Banco","Descrição","Tipo",null,"Und","Quant.","Porcent.","Valor Unit","Total"]
["Composição"," 101385 ","SINAPI","AUXILIAR DE LABORATORISTA DE SOLOS E DE CONCRETO COM ENCARGOS COMPLEMENTARES","SEDI - SERVIÇOS DIVERSOS",null,"MES",1,null,5583.61,5583.61]
["Composição Auxiliar"," 101297 ","SINAPI","CURSO DE CAPACITAÇÃO PARA AUXILIAR DE LABORATORISTA (ENCARGOS COMPLEMENTARES) - MENSALISTA","SEDI - SERVIÇOS DIVERSOS",null,"MES",1,null,36.72,36.72]
["Insumo"," 00040863 ","SINAPI","EXAMES - MENSALISTA (COLETADO CAIXA - ENCARGOS COMPLEMENTARES)","Material",null,"MES",1,null,252.08,252.08]
["Insumo"," 00040864 ","SINAPI","SEGURO - MENSALISTA (COLETADO CAIXA - ENCARGOS COMPLEMENTARES)","Material",null,"MES",1,null,7.31,7.31]
["Insumo"," 00041090 ","SINAPI","AUXILIAR DE LABORATORISTA DE SOLOS E DE CONCRETO (MENSALISTA)","Mão de Obra",null,"MES",1,null,5128.57,5128.57]
["Insumo"," 00043470 ","SINAPI","FERRAMENTAS - FAMILIA ALMOXARIFE - MENSALISTA (ENCARGOS COMPLEMENTARES - COLETADO CAIXA)","Material",null,"MES",1,null,10.89,10.89]
["Insumo"," 00043494 ","SINAPI","EPI - FAMILIA ALMOXARIFE - MENSALISTA (ENCARGOS COMPLEMENTARES - COLETADO CAIXA)","Material",null,"MES",1,null,148.04,148.04]
[{"$nulls":4},"MO sem LS =>",5165.29,"LS =>",0,"MO com LS =>",5165.29]
[{"$nulls":4},"Valor do BDI =>",1259.6600000000001,null,"Valor com BDI =>",null,6843.27]
[{"$nulls":6},"Quant. =>",18,"Preço Total =>",123178.86]
[]
[" 1.3.3 ",null,null,"CONTROLE TECNOLÓGICO / CONCRETO - MÃO DE OBRA",{"$nulls":6},296675.64]
[" 1.3.3.1 ","Código","Banco","Descrição","Tipo",null,"Und","Quant.","Porcent.","Valor Unit","Total"]
["Composição"," 101456 ","SINAPI","TÉCNICO DE LABORATÓRIO E CAMPO DE CONSTRUÇÃO COM ENCARGOS COMPLEMENTARES","SEDI - SERVIÇOS DIVERSOS",null,"MES",1,null,7864.49,7864.49]
["Composição Auxiliar"," 101368 ","SINAPI","CURSO DE CAPACITAÇÃO PARA TECNICO EM LABORATORIO E CAMPO DE CONSTRUCAO CIVIL (ENCARGOS COMPLEMENTARES) - MENSALISTA","SEDI - SERVIÇOS DIVERSOS",null,"MES",1,null,52.93,52.93]
["Insumo"," 00040863 ","SINAPI","EXAMES - MENSALISTA (COLETADO CAIXA - ENCARGOS COMPLEMENTARES)","Material",null,"MES",1,null,252.08,252.08]
["Insumo"," 00040864 ","SINAPI","SEGURO - MENSALISTA (COLETADO CAIXA - ENCARGOS COMPLEMENTARES)","Material",null,"MES",1,null,7.31,7.31]
["Insumo"," 00041089 ","SINAPI","TECNICO EM LABORATORIO E CAMPO DE CONSTRUCAO CIVIL (MENSALISTA)","Mão de Obra",null,"MES",1,null,7393.24,7393.24]
["Insumo"," 00043470 ","SINAPI","FERRAMENTAS - FAMILIA ALMOXARIFE - MENSALISTA (ENCARGOS COMPLEMENTARES - COLETADO CAIXA)","Material",null,"MES",1,null,10.89,10.89]
["Insumo"," 00043494 ","SINAPI","EPI - FAMILIA ALMOXARIFE - MENSALISTA (ENCARGOS COMPLEMENTARES - COLETADO CAIXA)","Material",null,"MES",1,null,148.04,148.04]
[{"$nulls":4},"MO sem LS =>",7446.17,"LS =>",0,"MO com LS =>",7446.17]
[{"$nulls":4},"Valor do BDI =>",1774.22,null,"Valor com BDI =>",null,9638.7099999999991]
[{"$nulls":6},"Quant. =>",18,"Preço Total =>",173496.78]
[]
[" 1.3.3.2 ","Código","Banco","Descrição","Tipo",null,"Und","Quant.","Porcent.","Valor Unit","Total"]
["Composição"," 101385 ","SINAPI","AUXILIAR DE LABORATORISTA DE SOLOS E DE CONCRETO COM ENCARGOS COMPLEMENTARES","SEDI - SERVIÇOS DIVERSOS",null,"MES",1,null,5583.61,5583.61]
["Composição Auxiliar"," 101297 ","SINAPI","CURSO DE CAPACITAÇÃO PARA AUXILIAR DE LABORATORISTA (ENCARGOS COMPLEMENTARES) - MENSALISTA","SEDI - SERVIÇOS DIVERSOS",null,"MES",1,null,36.72,36.72]
["Insumo"," 00040863 ","SINAPI","EXAMES - MENSALISTA (COLETADO CAIXA - ENCARGOS COMPLEMENTARES)","Material",null,"MES",1,null,252.08,252.08]
["Insumo"," 00040864 ","SINAPI","SEGURO - MENSALISTA (COLETADO CAIXA - ENCARGOS COMPLEMENTARES)","Material",null,"MES",1,null,7.31,7.31]
["Insumo"," 00041090 ","SINAPI","AUXILIAR DE LABORATORISTA DE SOLOS E DE CONCRETO (MENSALISTA)","Mão de Obra",null,"MES",1,null,5128.57,5128.57]
["Insumo"," 00043470 ","SINAPI","FERRAMENTAS - FAMILIA ALMOXARIFE - MENSALISTA (ENCARGOS COMPLEMENTARES - COLETADO CAIXA)","Material",null,"MES",1,null,10.89,10.89]
["Insumo"," 00043494 ","SINAPI","EPI - FAMILIA ALMOXARIFE - MENSALISTA (ENCARGOS COMPLEMENTARES - COLETADO CAIXA)","Material",null,"MES",1,null,148.04,148.04]
[{"$nulls":4},"MO sem LS =>",5165.29,"LS =>",0,"MO com LS =>",5165.29]
[{"$nulls":4},"Valor do BDI =>",1259.6600000000001,null,"Valor com BDI =>",null,6843.27]
[{"$nulls":6},"Quant. =>",18,"Preço Total =>",123178.86]
[]
[" 1.3.4 ",null,null,"MANEJO FLORESTAL - MÃO DE OBRA",{"$nulls":6},52867.27]
[" 1.3.4.1 ","Código","Banco","Descrição","Tipo",null,"Und","Quant.","Porcent.","Valor Unit","Total"]
["Composição"," COMP-TEC-019 ","Próprio","TÉCNICO FLORESTAL COM ENCARGOS COMPLEMENTARES","SEOP - SERVIÇOS OPERACIONAIS",null,"MÊS",1,null,6476.86,6476.86]
["Insumo"," 00040863 ","SINAPI","EXAMES - MENSALISTA (COLETADO CAIXA - ENCARGOS COMPLEMENTARES)","Material",null,"MES",1,null,252.08,252.08]
["Insumo"," 00040864 ","SINAPI","SEGURO - MENSALISTA (COLETADO CAIXA - ENCARGOS COMPLEMENTARES)","Material",null,"MES",1,null,7.31,7.31]
["Insumo"," 00043470 ","SINAPI","FERRAMENTAS - FAMILIA ALMOXARIFE - MENSALISTA (ENCARGOS COMPLEMENTARES - COLETADO CAIXA)","Material",null,"MES",1,null,10.89,10.89]
["Insumo"," 00043494 ","SINAPI","EPI - FAMILIA ALMOXARIFE - MENSALISTA (ENCARGOS COMPLEMENTARES - COLETADO CAIXA)","Material",null,"MES",1,null,148.04,148.04]
["Insumo"," P9947 JAN/24 ","Próprio","TÉCNICO FLORESTAL SEM ENCARGOS","Mão de Obra",null,"MÊS",1.7166999999999999,null,3529.18,6058.54]
[{"$nulls":4},"MO sem LS =>",6058.54,"LS =>",0,"MO com LS =>",6058.54]
[{"$nulls":4},"Valor do BDI =>",1461.17,null,"Valor com BDI =>",null,7938.03]
[{"$nulls":6},"Quant. =>",6.66,"Preço Total =>",52867.27]
[]
[" 1.3.5 ",null,null,"VEÍCULOS",{"$nulls":6},144164.78]
[" 1.3.5.1 ","Código","Banco","Descrição","Tipo",null,"Und","Quant.","Porcent.","Valor Unit","Total"]
["Composição"," 13617 - MÊS ","Próprio","CAMINHONETE CABINE SIMPLES COM MOTOR 1.6 FLEX, CÂMBIO MANUAL, POTÊNCIA 101/104 CV, 2 PORTAS (SEM MOTORISTA)","CHOR - CUSTOS HORÁRIOS DE MÁQUINAS E EQUIPAMENTOS",null,"MÊS",1,null,3607.56,3607.56]
["Composição Auxiliar"," 92145 ","SINAPI","CAMINHONETE CABINE SIMPLES COM MOTOR 1.6 FLEX, CÂMBIO MANUAL, POTÊNCIA 101/104 CV, 2 PORTAS - CHP DIURNO. AF_11/2015","CHOR - CUSTOS HORÁRIOS DE MÁQUINAS E EQUIPAMENTOS",null,"CHP",44,null,84.12,3701.28]
["Composição Auxiliar"," 92146 ","SINAPI","CAMINHONETE CABINE SIMPLES COM MOTOR 1.6 FLEX, CÂMBIO MANUAL, POTÊNCIA 101/104 CV, 2 PORTAS - CHI DIURNO. AF_11/2015","CHOR - CUSTOS HORÁRIOS DE MÁQUINAS E EQUIPAMENTOS",null,"CHI",176,null,37.08,6526.08]
["Composição Auxiliar"," 88284 ","SINAPI","MOTORISTA DE VEÍCULO LEVE COM ENCARGOS COMPLEMENTARES","SEDI - SERVIÇOS DIVERSOS",null,"H",-220,null,30.09,-6619.8]
[{"$nulls":4},"MO sem LS =>",0,"LS =>",0,"MO com LS =>",0]
[{"$nulls":4},"Valor do BDI =>",813.86,null,"Valor com BDI =>",null,4421.42]
[{"$nulls":6},"Quant. =>",19,"Preço Total =>",84006.98]
[]
[" 1.3.5.2 ","Código","Banco","Descrição","Tipo",null,"Und","Quant.","Porcent.","Valor Unit","Total"]
["Composição"," E9093 MÊS ","Próprio","VEICULO LEVE - 53 KW  (SEM MOTORISTA)","CHOR - CUSTOS HORÁRIOS DE MÁQUINAS E EQUIPAMENTOS",null,"MÊS",1,null,2583.39,2583.39]
["A","Código","Banco","Equipamentos","Quantidade","Utilização",null,"Custo Operacional",null,"Custo Horário"]
[{"$nulls":5},"Operativa","Improdutiva","Operativa","Improdutiva"]
["Insumo","E9093","SICRO3","Veículo leve - 53 kW (sem motorista)",1,44,176,34.379800000000003,6.0834000000000001,2583.3896]
[{"$nulls":5},"Custo Horário de Equipamentos =>",null,null,null,2583.3896]
[{"$nulls":5},"Custo Horário de Execução =>",null,null,null,2583.3896]
[{"$nulls":5},"Fator de Influencia da Chuva - FIC =>",null,null,null,0]
[{"$nulls":5},"Custo do FIC =>",null,null,null,0]
[{"$nulls":5},"Produção de Equipe =>",null,null,null,1]
[{"$nulls":5},"Custo Unitário de Execução =>",null,null,null,2583.3896]
[{"$nulls":4},"MO sem LS =>",0,"LS =>",0,"MO com LS =>",0]
[{"$nulls":4},"Valor do BDI =>",582.80999999999995,null,"Valor com BDI =>",null,3166.2]
[{"$nulls":6},"Quant. =>",19,"Preço Total =>",60157.8]
[]
[" 1.4 ",null,null,"DESPESAS COM RESIDÊNCIA",{"$nulls":6},342522.21]
[" 1.4.1 ","Código","Banco","Descrição","Tipo",null,"Und","Quant.","Porcent.","Valor Unit","Total"]
["Insumo"," B8952 JAN/24 ","Próprio","IMÓVEL RESIDENCIAL (1,70% DO CMCC - SINAPI)","Aluguel",null,"M²XMÊS",1,null,31.22,31.22]
[{"$nulls":4},"MO sem LS =>",0,"LS =>",0,"MO com LS =>",0]
[{"$nulls":4},"Valor do BDI =>",4.37,null,"Valor com BDI =>",null,35.590000000000003]
[{"$nulls":6},"Quant. =>",5214.43,"Preço Total =>",185581.56]
[]
[" 1.4.2 ","Código","Banco","Descrição","Tipo",null,"Und","Quant.","Porcent.","Valor Unit","Total"]
["Insumo"," B8954 JAN/24 ","Próprio","MOBILIÁRIO DE RESIDÊNCIA","Taxas",null,"OCUPANTEXMÊS",1,null,43.98,43.98]
[{"$nulls":4},"MO sem LS =>",0,"LS =>",0,"MO com LS =>",0]
[{"$nulls":4},"Valor do BDI =>",6.16,null,"Valor com BDI =>",null,50.14]
[{"$nulls":6},"Quant. =>",550.36,"Preço Total =>",27595.05]
[]
[" 1.4.3 ","Código","Banco","Descrição","Tipo",null,"Und","Quant.","Porcent.","Valor Unit","Total"]
["Insumo"," B8960 JAN/24 ","Próprio","CUSTOS DIVEROS DA RESIDÊNCIA","Taxas",null,"OCUPANTEXMÊS",1,null,206.13,206.13]
[{"$nulls":4},"MO sem LS =>",0,"LS =>",0,"MO com LS =>",0]
[{"$nulls":4},"Valor do BDI =>",28.89,null,"Valor com BDI =>",null,235.02]
[{"$nulls":6},"Quant. =>",550.36,"Preço Total =>",129345.60000000001]
[]
[" 1.5 ",null,null,"DESPESAS COM ESCRITÓRIO",{"$nulls":6},236108.92]
[" 1.5.1 ","Código","Banco","Descrição","Tipo",null,"Und","Quant.","Porcent.","Valor Unit","Total"]
["Insumo"," B8953 JAN/24 ","Próprio","MOBILIÁRIO DE ESCRITÓRIO","Taxas",null,"OCUPANTEXMÊS",1,null,490.4,490.4]
[{"$nulls":4},"MO sem LS =>",0,"LS =>",0,"MO com LS =>",0]
[{"$nulls":4},"Valor do BDI =>",68.75,null,"Valor com BDI =>",null,559.15]
[{"$nulls":6},"Quant. =>",331,"Preço Total =>",185078.65]
[]
[" 1.5.2 ","Código","Banco","Descrição","Tipo",null,"Und","Quant.","Porcent.","Valor Unit","Total"]
["Insumo"," B8959 JAN/24 ","Próprio","CUSTOS DIVERSOS DO ESCRITÓRIO","Taxas",null,"OCUPANTEXMÊS",1,null,135.22,135.22]
[{"$nulls":4},"MO sem LS =>",0,"LS =>",0,"MO com LS =>",0]
[{"$nulls":4},"Valor do BDI =>",18.95,null,"Valor com BDI =>",null,154.16999999999999]
[{"$nulls":6},"Quant. =>",331,"Preço Total =>",51030.27]
[]
[" 1.6 ",null,null,"DESPESAS COM LABORATÓRIOS E TOPOGRAFIA",{"$nulls":6},346266.32]
[" 1.6.1 ","Código","Banco","Descrição","Tipo",null,"Und","Quant.","Porcent.","Valor Unit","Total"]
["Insumo"," B8958 JAN/24 ","Próprio","CESTAS DAS INSTALAÇÕES DA TOPOGRAFIA","Taxas",null,"MÊS",1,null,3020.19,3020.19]
[{"$nulls":4},"MO sem LS =>",0,"LS =>",0,"MO com LS =>",0]
[{"$nulls":4},"Valor do BDI =>",423.43,null,"Valor com BDI =>",null,3443.62]
[{"$nulls":6},"Quant. =>",19,"Preço Total =>",65428.78]
[]
[" 1.6.2 ","Código","Banco","Descrição","Tipo",null,"Und","Quant.","Porcent.","Valor Unit","Total"]
["Insumo"," B8953 JAN/24 ","Próprio","MOBILIÁRIO DE ESCRITÓRIO","Taxas",null,"OCUPANTEXMÊS",1,null,490.4,490.4]
[{"$nulls":4},"MO sem LS =>",0,"LS =>",0,"MO com LS =>",0]
[{"$nulls":4},"Valor do BDI =>",68.75,null,"Valor com BDI =>",null,559.15]
[{"$nulls":6},"Quant. =>",148,"Preço Total =>",82754.2]
[]
[" 1.6.3 ","Código","Banco","Descrição","Tipo",null,"Und","Quant.","Porcent.","Valor Unit","Total"]
["Insumo"," B8959 JAN/24 ","Próprio","CUSTOS DIVERSOS DO ESCRITÓRIO","Taxas",null,"OCUPANTEXMÊS",1,null,135.22,135.22]
[{"$nulls":4},"MO sem LS =>",0,"LS =>",0,"MO com LS =>",0]
[{"$nulls":4},"Valor do BDI =>",18.95,null,"Valor com BDI =>",null,154.16999999999999]
[{"$nulls":6},"Quant. =>",148,"Preço Total =>",22817.16]
[]
[" 1.6.4 ","Código","Banco","Descrição","Tipo",null,"Und","Quant.","Porcent.","Valor Unit","Total"]
["Insumo"," B8957 JAN/24 ","Próprio","CESTAS DAS INSTALAÇÕES DE LABORATÓRIO DE SOLOS","Taxas",null,"MÊS",1,null,4145.63,4145.63]
[{"$nulls":4},"MO sem LS =>",0,"LS =>",0,"MO com LS =>",0]
[{"$nulls":4},"Valor do BDI =>",581.21,null,"Valor com BDI =>",null,4726.84]
[{"$nulls":6},"Quant. =>",18,"Preço Total =>",85083.12]
[]
[" 1.6.5 ","Código","Banco","Descrição","Tipo",null,"Und","Quant.","Porcent.","Valor Unit","Total"]
["Insumo"," B8956 JAN/24 ","Próprio","CESTAS DAS INSTALAÇÕES DO LABORATÓRIO DE CONCRETO","Taxas",null,"MÊS",1,null,4394.12,4394.12]
[{"$nulls":4},"MO sem LS =>",0,"LS =>",0,"MO com LS =>",0]
[{"$nulls":4},"Valor do BDI =>",616.04999999999995,null,"Valor com BDI =>",null,5010.17]
[{"$nulls":6},"Quant. =>",18,"Preço Total =>",90183.06]
[]
[" 1.7 ",null,null,"COMBATE A INCÊNDIO",{"$nulls":6},7319.6]
[" 1.7.1 ","Código","Banco","Descrição","Tipo",null,"Und","Quant.","Porcent.","Valor Unit","Total"]
["Composição"," 101907 ","SINAPI","EXTINTOR DE INCÊNDIO PORTÁTIL COM CARGA DE CO2 DE 6 KG, CLASSE BC - FORNECIMENTO E INSTALAÇÃO. AF_10/2020_PE","INES - INSTALAÇÕES ESPECIAIS",null,"UN",1,null,746.54,746.54]
["Composição Auxiliar"," 88248 ","SINAPI","AUXILIAR DE ENCANADOR OU BOMBEIRO HIDRÁULICO COM ENCARGOS COMPLEMENTARES","SEDI - SERVIÇOS DIVERSOS",null,"H",0.45739999999999997,null,23.37,10.68]
["Composição Auxiliar"," 88267 ","SINAPI","ENCANADOR OU BOMBEIRO HIDRÁULICO COM ENCARGOS COMPLEMENTARES","SEDI - SERVIÇOS DIVERSOS",null,"H",0.45739999999999997,null,31.5,14.4]
["Insumo"," 00004350 ","SINAPI","BUCHA DE NYLON, DIAMETRO DO FURO 8 MM, COMPRIMENTO 40 MM, COM PARAFUSO DE ROSCA SOBERBA, CABECA CHATA, FENDA SIMPLES, 4,8 X 50 MM","Material",null,"UN",2,null,0.73,1.46]
["Insumo"," 00010889 ","SINAPI","EXTINTOR DE INCENDIO PORTATIL COM CARGA DE GAS CARBONICO CO2 DE 6 KG, CLASSE BC","Material",null,"UN",1,null,720,720]
[{"$nulls":4},"MO sem LS =>",17.66,"LS =>",0,"MO com LS =>",17.66]
[{"$nulls":4},"Valor do BDI =>",168.41,null,"Valor com BDI =>",null,914.95]
[{"$nulls":6},"Quant. =>",8,"Preço Total =>",7319.6]
[]
[" 1.8 ",null,null,"MANUTENÇÃO DO CANTEIRO DE OBRAS",{"$nulls":6},528537.4]
[" 1.8.1 ","Código","Banco","Descrição","Tipo",null,"Und","Quant.","Porcent.","Valor Unit","Total"]
["Composição"," COMP-TEC-030 ","Próprio","MANUTENÇÃO DO CANTEIRO DE OBRAS, PEDREIRO, SERVENTE, ELETRICISTA, EQUIPAMENTOS","CANT - CANTEIRO DE OBRAS",null,"MÊS",1,null,21562.400000000001,21562.400000000001]
["Composição Auxiliar"," 101445 ","SINAPI","PEDREIRO COM ENCARGOS COMPLEMENTARES","SEDI - SERVIÇOS DIVERSOS",null,"MES",0.26400000000000001,null,5726.97,1511.92]
["Composição Auxiliar"," 101452 ","SINAPI","SERVENTE DE OBRAS COM ENCARGOS COMPLEMENTARES","SEDI - SERVIÇOS DIVERSOS",null,"MES",0.26400000000000001,null,4157.3900000000003,1097.55]
["Composição Auxiliar"," 101399 ","SINAPI","ELETRICISTA COM ENCARGOS COMPLEMENTARES","SEDI - SERVIÇOS DIVERSOS",null,"MES",0.26400000000000001,null,5780.01,1525.92]
["Insumo"," E9041 ","SICRO3","Caminhão carroceria com guindauto com capacidade de 45 t.m - 188 kW","Equipamento",null,"UN",14.52,null,400.01260000000002,5808.18]
["Insumo"," E9669 ","SICRO3","Caminhão tanque com capacidade de 8.000 l - 136 kW","Equipamento",null,"UN",29.04,null,255.5119,7420.06]
["Insumo"," E9524 ","SICRO3","Motoniveladora - 93 kW","Equipamento",null,"UN",14.52,null,289.17180000000002,4198.7700000000004]
[{"$nulls":4},"MO sem LS =>",2828.95,"LS =>",0,"MO com LS =>",2828.95]
[{"$nulls":4},"Valor do BDI =>",4864.47,null,"Valor com BDI =>",null,26426.87]
[{"$nulls":6},"Quant. =>",20,"Preço Total =>",528537.4]
[]
[" 2 ",null,null,"MOBILIZAÇÃO E DESMOBILIZAÇÃO",{"$nulls":6},625438.52]
[" 2.1 ",null,null,"MOBILIZAÇÃO E DESMOBILIZAÇÃO DE EQUIPAMENTO",{"$nulls":6},561936.48]
[" 2.1.1 ","Código","Banco","Descrição","Tipo",null,"Und","Quant.","Porcent.","Valor Unit","Total"]
["Composição"," MOB 92 ","Próprio","MOBILIZAÇÃO E DESMOBILIZAÇÃO DE CAMINHÃO BASCULANTE COM CAÇAMBA ESTANQUE COM CAPACIDADE DE 14 M³ - 188 KW","SEDI - SERVIÇOS DIVERSOS",null,"KM",1,null,4.96,4.96]
["Insumo"," E9575 ","SICRO3","Caminhão basculante com caçamba estanque com capacidade de 14 m³ - 188 kW","Equipamento",null,"UN",1.6670000000000001E-2,null,297.71420000000001,4.96]
[{"$nulls":4},"MO sem LS =>",0,"LS =>",0,"MO com LS =>",0]
[{"$nulls":4},"Valor do BDI =>",1.1100000000000001,null,"Valor com BDI =>",null,6.07]
[{"$nulls":6},"Quant. =>",3792,"Preço Total =>",23017.439999999999]
[]
[" 2.1.2 ","Código","Banco","Descrição","Tipo",null,"Und","Quant.","Porcent.","Valor Unit","Total"]
["Composição"," MOB 10 ","Próprio","MOBILIZAÇÃO E DESMOBILIZAÇÃO DE CAMINHÃO BASCULANTE COM CAPACIDADE DE 10 M³ - 188 KW","CANT - CANTEIRO DE OBRAS",null,"KM",1,null,4.93,4.93]
["Insumo"," E9579 ","SICRO3","Caminhão basculante com capacidade de 10 m³ - 188 kW","Equipamento",null,"UN",1.6670000000000001E-2,null,296.24459999999999,4.93]
[{"$nulls":4},"MO sem LS =>",0,"LS =>",0,"MO com LS =>",0]
[{"$nulls":4},"Valor do BDI =>",1.1100000000000001,null,"Valor com BDI =>",null,6.04]
[{"$nulls":6},"Quant. =>",1896,"Preço Total =>",11451.84]
[]
[" 2.1.3 ","Código","Banco","Descrição","Tipo",null,"Und","Quant.","Porcent.","Valor Unit","Total"]
["Composição"," MOB 70 ","Próprio","MOBILIZAÇÃO E DESMOBILIZAÇÃO DE CAMINHÃO BASCULANTE COM CAPACIDADE DE 14 M³ - 188 KW","SEDI - SERVIÇOS DIVERSOS",null,"KM",1,null,4.95,4.95]
["Insumo"," E9667 ","SICRO3","Caminhão basculante com capacidade de 14 m³ - 188 kW","Equipamento",null,"UN",1.6670000000000001E-2,null,297.32,4.95]
[{"$nulls":4},"MO sem LS =>",0,"LS =>",0,"MO com LS =>",0]
[{"$nulls":4},"Valor do BDI =>",1.1100000000000001,null,"Valor com BDI =>",null,6.06]
[{"$nulls":6},"Quant. =>",10428,"Preço Total =>",63193.68]
[]
[" 2.1.4 ","Código","Banco","Descrição","Tipo",null,"Und","Quant.","Porcent.","Valor Unit","Total"]
["Composição"," MOB 15 ","Próprio","MOBILIZAÇÃO E DESMOBILIZAÇÃO DE CAMINHÃO BASCULANTE COM CAPACIDADE DE 6 M³ - 136 KW","SEDI - SERVIÇOS DIVERSOS",null,"KM",1,null,3.06,3.06]
["Insumo"," E9506 ","SICRO3","Caminhão basculante com capacidade de 6 m³ - 136 kW","Equipamento",null,"UN",1.6670000000000001E-2,null,183.99979999999999,3.06]
[{"$nulls":4},"MO sem LS =>",0,"LS =>",0,"MO com LS =>",0]
[{"$nulls":4},"Valor do BDI =>",0.69,null,"Valor com BDI =>",null,3.75]
[{"$nulls":6},"Quant. =>",948,"Preço Total =>",3555]
[]
[" 2.1.5 ","Código","Banco","Descrição","Tipo",null,"Und","Quant.","Porcent.","Valor Unit","Total"]
["Composição"," MOB 74 ","Próprio","MOBILIZAÇÃO E DESMOBILIZAÇÃO DE CAMINHÃO BASCULANTE PARA ROCHA COM CAPACIDADE DE 12 M³ - 188 KW","SEDI - SERVIÇOS DIVERSOS",null,"KM",1,null,5.16,5.16]
["Insumo"," E9672 ","SICRO3","Caminhão basculante para rocha com capacidade de 12 m³ - 188 kW","Equipamento",null,"UN",1.66667E-2,null,309.83929999999998,5.16]
[{"$nulls":4},"MO sem LS =>",0,"LS =>",0,"MO com LS =>",0]
[{"$nulls":4},"Valor do BDI =>",1.1599999999999999,null,"Valor com BDI =>",null,6.32]
[{"$nulls":6},"Quant. =>",7584,"Preço Total =>",47930.879999999997]
[]
[" 2.1.6 ","Código","Banco","Descrição","Tipo",null,"Und","Quant.","Porcent.","Valor Unit","Total"]
["Composição"," MOB 52 ","Próprio","MOBILIZAÇÃO DE CENTRAL DE CONCRETO COM CAPACIDADE DE 30 M³/H - DOSADORA RS","CANT - CANTEIRO DE OBRAS",null,"KM",1,null,12.96,12.96]
["Insumo"," E9665 ","SICRO3","Cavalo mecânico com semirreboque com capacidade de 22 t - 240 kW","Equipamento",null,"UN",3.3340000000000002E-2,null,388.7842,12.96]
[{"$nulls":4},"MO sem LS =>",0,"LS =>",0,"MO com LS =>",0]
[{"$nulls":4},"Valor do BDI =>",2.92,null,"Valor com BDI =>",null,15.88]
[{"$nulls":6},"Quant. =>",948,"Preço Total =>",15054.24]
[]
[" 2.1.7 ","Código","Banco","Descrição","Tipo",null,"Und","Quant.","Porcent.","Valor Unit","Total"]
["Composição"," MOB 72 ","Próprio","MOBILIZAÇÃO E DESMOBILIZAÇÃO DE CAMINHÃO BASCULANTE PARA ROCHA COM CAPACIDADE DE 8 M³ - 210 KW","SEDI - SERVIÇOS DIVERSOS",null,"KM",1,null,4.95,4.95]
["Insumo"," E9604 ","SICRO3","Caminhão basculante para rocha com capacidade de 8 m³ - 210 kW","Equipamento",null,"UN",1.66667E-2,null,297.14830000000001,4.95]
[{"$nulls":4},"MO sem LS =>",0,"LS =>",0,"MO com LS =>",0]
[{"$nulls":4},"Valor do BDI =>",1.1100000000000001,null,"Valor com BDI =>",null,6.06]
[{"$nulls":6},"Quant. =>",3792,"Preço Total =>",22979.52]
[]
[" 2.1.8 ","Código","Banco","Descrição","Tipo",null,"Und","Quant.","Porcent.","Valor Unit","Total"]
["Composição"," MOB 42 ","Próprio","MOBILIZAÇÃO DE CAMINHÃO BETONEIRA COM CAPACIDADE DE 8 M³ - 188 KW","CANT - CANTEIRO DE OBRAS",null,"KM",1,null,5.12,5.12]
["Insumo"," E9600 ","SICRO3","Caminhão betoneira com capacidade de 8 m³ - 188 kW","Equipamento",null,"UN",1.6670000000000001E-2,null,307.62630000000001,5.12]
[{"$nulls":4},"MO sem LS =>",0,"LS =>",0,"MO com LS =>",0]
[{"$nulls":4},"Valor do BDI =>",1.1499999999999999,null,"Valor com BDI =>",null,6.27]
[{"$nulls":6},"Quant. =>",948,"Preço Total =>",5943.96]
[]
[" 2.1.9 ","Código","Banco","Descrição","Tipo",null,"Und","Quant.","Porcent.","Valor Unit","Total"]
["Composição"," MOB 9 ","Próprio","MOBILIZAÇÃO E DESMOBILIZAÇÃO DE CAMINHÃO CARROCERIA COM CAPACIDADE DE 15 T - 188 KW","CANT - CANTEIRO DE OBRAS",null,"KM",1,null,4.3899999999999997,4.3899999999999997]
["Insumo"," E9592 ","SICRO3","Caminhão carroceria com capacidade de 15 t - 188 kW","Equipamento",null,"UN",1.6670000000000001E-2,null,263.7371,4.3899999999999997]
[{"$nulls":4},"MO sem LS =>",0,"LS =>",0,"MO com LS =>",0]
[{"$nulls":4},"Valor do BDI =>",0.99,null,"Valor com BDI =>",null,5.38]
[{"$nulls":6},"Quant. =>",948,"Preço Total =>",5100.24]
[]
[" 2.1.10 ","Código","Banco","Descrição","Tipo",null,"Und","Quant.","Porcent.","Valor Unit","Total"]
["Composição"," MOB 44 ","Próprio","MOBILIZAÇÃO E DESMOBILIZAÇÃO DE CAMINHÃO CARROCERIA COM CAPACIDADE DE 5 T - 115 KW","CANT - CANTEIRO DE OBRAS",null,"KM",1,null,2.5099999999999998,2.5099999999999998]
["Insumo"," E9687 ","SICRO3","Caminhão carroceria com capacidade de 5 t - 115 kW","Equipamento",null,"UN",1.6670000000000001E-2,null,150.7765,2.5099999999999998]
[{"$nulls":4},"MO sem LS =>",0,"LS =>",0,"MO com LS =>",0]
[{"$nulls":4},"Valor do BDI =>",0.56000000000000005,null,"Valor com BDI =>",null,3.07]
[{"$nulls":6},"Quant. =>",948,"Preço Total =>",2910.36]
[]
[" 2.1.11 ","Código","Banco","Descrição","Tipo",null,"Und","Quant.","Porcent.","Valor Unit","Total"]
["Composição"," MOB 43 ","Próprio","MOBILIZAÇÃO E DESMOBILIZAÇÃO DE CAMINHÃO CARROCERIA COM GUINDAUTO COM CAPACIDADE DE 20 T.M - 136 KW","CANT - CANTEIRO DE OBRAS",null,"KM",1,null,5.23,5.23]
["Insumo"," E9686 ","SICRO3","Caminhão carroceria com guindauto com capacidade de 20 t.m - 136 kW","Equipamento",null,"UN",1.6670000000000001E-2,null,314.11959999999999,5.23]
[{"$nulls":4},"MO sem LS =>",0,"LS =>",0,"MO com LS =>",0]
[{"$nulls":4},"Valor do BDI =>",1.17,null,"Valor com BDI =>",null,6.4]
[{"$nulls":6},"Quant. =>",948,"Preço Total =>",6067.2]
[]
[" 2.1.12 ","Código","Banco","Descrição","Tipo",null,"Und","Quant.","Porcent.","Valor Unit","Total"]
["Composição"," MOB 46 ","Próprio","MOBILIZAÇÃO E DESMOBILIZAÇÃO DE CAMINHÃO TANQUE COM CAPACIDADE DE 10.000 L - 188 KW","CANT - CANTEIRO DE OBRAS",null,"KM",1,null,5.36,5.36]
["Insumo"," E9571 ","SICRO3","Caminhão tanque com capacidade de 10.000 l - 188 kW","Equipamento",null,"UN",1.6670000000000001E-2,null,321.9742,5.36]
[{"$nulls":4},"MO sem LS =>",0,"LS =>",0,"MO com LS =>",0]
[{"$nulls":4},"Valor do BDI =>",1.2,null,"Valor com BDI =>",null,6.56]
[{"$nulls":6},"Quant. =>",948,"Preço Total =>",6218.88]
[]
[" 2.1.13 ","Código","Banco","Descrição","Tipo",null,"Und","Quant.","Porcent.","Valor Unit","Total"]
["Composição"," MOB 47 ","Próprio","MOBILIZAÇÃO E DESMOBILIZAÇÃO DE CAMINHÃO TANQUE COM CAPACIDADE DE 6.000 L - 136 KW","CANT - CANTEIRO DE OBRAS",null,"KM",1,null,4.0999999999999996,4.0999999999999996]
["Insumo"," E9605 ","SICRO3","Caminhão tanque com capacidade de 6.000 l - 136 kW","Equipamento",null,"UN",1.6670000000000001E-2,null,246.49969999999999,4.0999999999999996]
[{"$nulls":4},"MO sem LS =>",0,"LS =>",0,"MO com LS =>",0]
[{"$nulls":4},"Valor do BDI =>",0.92,null,"Valor com BDI =>",null,5.0199999999999996]
[{"$nulls":6},"Quant. =>",948,"Preço Total =>",4758.96]
[]
[" 2.1.14 ","Código","Banco","Descrição","Tipo",null,"Und","Quant.","Porcent.","Valor Unit","Total"]
["Composição"," MOB 48 ","Próprio","MOBILIZAÇÃO E DESMOBILIZAÇÃO DE CARREGADEIRA DE PNEUS COM CAPACIDADE DE 1,72 M³ - 113 KW","CANT - CANTEIRO DE OBRAS",null,"KM",1,null,6.48,6.48]
["Insumo"," E9665 ","SICRO3","Cavalo mecânico com semirreboque com capacidade de 22 t - 240 kW","Equipamento",null,"UN",1.6670000000000001E-2,null,388.7842,6.48]
[{"$nulls":4},"MO sem LS =>",0,"LS =>",0,"MO com LS =>",0]
[{"$nulls":4},"Valor do BDI =>",1.46,null,"Valor com BDI =>",null,7.94]
[{"$nulls":6},"Quant. =>",948,"Preço Total =>",7527.12]
[]
[" 2.1.15 ","Código","Banco","Descrição","Tipo",null,"Und","Quant.","Porcent.","Valor Unit","Total"]
["Composição"," MOB 49 ","Próprio","MOBILIZAÇÃO E DESMOBILIZAÇÃO DE CARREGADEIRA DE PNEUS COM CAPACIDADE DE 3,40 M³ - 195 KW","CANT - CANTEIRO DE OBRAS",null,"KM",1,null,6.48,6.48]
["Insumo"," E9665 ","SICRO3","Cavalo mecânico com semirreboque com capacidade de 22 t - 240 kW","Equipamento",null,"UN",1.6670000000000001E-2,null,388.7842,6.48]
[{"$nulls":4},"MO sem LS =>",0,"LS =>",0,"MO com LS =>",0]
[{"$nulls":4},"Valor do BDI =>",1.46,null,"Valor com BDI =>",null,7.94]
[{"$nulls":6},"Quant. =>",948,"Preço Total =>",7527.12]
[]
[" 2.1.16 ","Código","Banco","Descrição","Tipo",null,"Und","Quant.","Porcent.","Valor Unit","Total"]
["Composição"," MOB 50 ","Próprio","MOBILIZAÇÃO E DESMOBILIZAÇÃO DE CARREGADEIRA DE PNEUS PARA ROCHA COM CAPACIDADE DE 2,50 M³ - 105 KW","CANT - CANTEIRO DE OBRAS",null,"KM",1,null,6.48,6.48]
["Insumo"," E9665 ","SICRO3","Cavalo mecânico com semirreboque com capacidade de 22 t - 240 kW","Equipamento",null,"UN",1.6670000000000001E-2,null,388.7842,6.48]
[{"$nulls":4},"MO sem LS =>",0,"LS =>",0,"MO com LS =>",0]
[{"$nulls":4},"Valor do BDI =>",1.46,null,"Valor com BDI =>",null,7.94]
[{"$nulls":6},"Quant. =>",2844,"Preço Total =>",22581.360000000001]
[]
[" 2.1.17 ","Código","Banco","Descrição","Tipo",null,"Und","Quant.","Porcent.","Valor Unit","Total"]
["Composição"," MOB 51 ","Próprio","MOBILIZAÇÃO DE CONJUNTO DE BRITAGEM COM CAPACIDADE DE 80 M³/H - 313 KW","CANT - CANTEIRO DE OBRAS",null,"KM",1,null,12.96,12.96]
["Insumo"," E9665 ","SICRO3","Cavalo mecânico com semirreboque com capacidade de 22 t - 240 kW","Equipamento",null,"UN",3.3340000000000002E-2,null,388.7842,12.96]
[{"$nulls":4},"MO sem LS =>",0,"LS =>",0,"MO com LS =>",0]
[{"$nulls":4},"Valor do BDI =>",2.92,null,"Valor com BDI =>",null,15.88]
[{"$nulls":6},"Quant. =>",948,"Preço Total =>",15054.24]
[]
[" 2.1.18 ","Código","Banco","Descrição","Tipo",null,"Und","Quant.","Porcent.","Valor Unit","Total"]
["Composição"," MOB 20 ","Próprio","MOBILIZAÇÃO E DESMOBILIZAÇÃO DE CAVALO MECANICO TRACAO 4X2, PESO BRUTO TOTAL 16000 KG, CAPACIDADE MAXIMA DE TRACAO *36000* KG, DISTANCIA ENTRE EIXOS *3,56* M, POTENCIA *286* CV (INCLUI CABINE E CHASSI, NAO INCLUI SEMIRREBOQUE)","SEDI - SERVIÇOS DIVERSOS",null,"KM",1,null,5.39,5.39]
["Composição Auxiliar"," 89876 ","SINAPI","CAMINHÃO BASCULANTE 14 M3, COM CAVALO MECÂNICO DE CAPACIDADE MÁXIMA DE TRAÇÃO COMBINADO DE 36000 KG, POTÊNCIA 286 CV, INCLUSIVE SEMIREBOQUE COM CAÇAMBA METÁLICA - CHP DIURNO. AF_12/2014","CHOR - CUSTOS HORÁRIOS DE MÁQUINAS E EQUIPAMENTOS",null,"CHP",1.6670000000000001E-2,null,323.52,5.39]
[{"$nulls":4},"MO sem LS =>",0.43,"LS =>",0,"MO com LS =>",0.43]
[{"$nulls":4},"Valor do BDI =>",1.21,null,"Valor com BDI =>",null,6.6]
[{"$nulls":6},"Quant. =>",948,"Preço Total =>",6256.8]
[]
[" 2.1.19 ","Código","Banco","Descrição","Tipo",null,"Und","Quant.","Porcent.","Valor Unit","Total"]
["Composição"," MOB 71 ","Próprio","MOBILIZAÇÃO E DESMOBILIZAÇÃO DE ESCAVADEIRA HIDRÁULICA COM MARTELO HIDRÁULICO DE 1.700 KG - 103 KW","SEDI - SERVIÇOS DIVERSOS",null,"KM",1,null,12.95,12.95]
["Insumo"," E9665 ","SICRO3","Cavalo mecânico com semirreboque com capacidade de 22 t - 240 kW","Equipamento",null,"UN",3.3333300000000003E-2,null,388.7842,12.95]
[{"$nulls":4},"MO sem LS =>",0,"LS =>",0,"MO com LS =>",0]
[{"$nulls":4},"Valor do BDI =>",2.92,null,"Valor com BDI =>",null,15.87]
[{"$nulls":6},"Quant. =>",1896,"Preço Total =>",30089.52]
[]
[" 2.1.20 ","Código","Banco","Descrição","Tipo",null,"Und","Quant.","Porcent.","Valor Unit","Total"]
["Composição"," MOB 53 ","Próprio","MOBILIZAÇÃO E DESMOBILIZAÇÃO DE ESCAVADEIRA HIDRÁULICA COM MARTELO HIDRÁULICO DE 520 KG - 75 KW","CANT - CANTEIRO DE OBRAS",null,"KM",1,null,12.96,12.96]
["Insumo"," E9665 ","SICRO3","Cavalo mecânico com semirreboque com capacidade de 22 t - 240 kW","Equipamento",null,"UN",3.3340000000000002E-2,null,388.7842,12.96]
[{"$nulls":4},"MO sem LS =>",0,"LS =>",0,"MO com LS =>",0]
[{"$nulls":4},"Valor do BDI =>",2.92,null,"Valor com BDI =>",null,15.88]
[{"$nulls":6},"Quant. =>",948,"Preço Total =>",15054.24]
[]
[" 2.1.21 ","Código","Banco","Descrição","Tipo",null,"Und","Quant.","Porcent.","Valor Unit","Total"]
["Composição"," MOB 96 ","Próprio","MOBILIZAÇÃO E DESMOBILIZAÇÃO DE ESCAVADEIRA HIDRÁULICA SOBRE ESTEIRA COM CAPACIDADE DE 0,4 M³ - 64 KW","SEDI - SERVIÇOS DIVERSOS",null,"KM",1,null,6.47,6.47]
["Insumo"," E9665 ","SICRO3","Cavalo mecânico com semirreboque com capacidade de 22 t - 240 kW","Equipamento",null,"UN",1.6666666666666701E-2,null,388.7842,6.47]
[{"$nulls":4},"MO sem LS =>",0,"LS =>",0,"MO com LS =>",0]
[{"$nulls":4},"Valor do BDI =>",1.45,null,"Valor com BDI =>",null,7.92]
[{"$nulls":6},"Quant. =>",948,"Preço Total =>",7508.16]
[]
[" 2.1.22 ","Código","Banco","Descrição","Tipo",null,"Und","Quant.","Porcent.","Valor Unit","Total"]
["Composição"," MOB 55 ","Próprio","MOBILIZAÇÃO E DESMOBILIZAÇÃO DE ESCAVADEIRA HIDRÁULICA SOBRE ESTEIRAS COM CAÇAMBA COM CAPACIDADE DE 1,56 M³ - 118 KW","CANT - CANTEIRO DE OBRAS",null,"KM",1,null,12.96,12.96]
["Insumo"," E9665 ","SICRO3","Cavalo mecânico com semirreboque com capacidade de 22 t - 240 kW","Equipamento",null,"UN",3.3340000000000002E-2,null,388.7842,12.96]
[{"$nulls":4},"MO sem LS =>",0,"LS =>",0,"MO com LS =>",0]
[{"$nulls":4},"Valor do BDI =>",2.92,null,"Valor com BDI =>",null,15.88]
[{"$nulls":6},"Quant. =>",1896,"Preço Total =>",30108.48]
[]
[" 2.1.23 ","Código","Banco","Descrição","Tipo",null,"Und","Quant.","Porcent.","Valor Unit","Total"]
["Composição"," MOB 24 ","Próprio","MOBILIZAÇÃO E DESMOBILIZAÇÃO DE ESCAVADEIRA HIDRAULICA SOBRE ESTEIRAS, CACAMBA 0,80M3, PESO OPERACIONAL 17T, POTENCIA BRUTA 111HP","SEDI - SERVIÇOS DIVERSOS",null,"KM",1,null,3.22,3.22]
["Insumo"," E9665 ","SICRO3","Cavalo mecânico com semirreboque com capacidade de 22 t - 240 kW","Equipamento",null,"UN",8.3000000000000001E-3,null,388.7842,3.22]
[{"$nulls":4},"MO sem LS =>",0,"LS =>",0,"MO com LS =>",0]
[{"$nulls":4},"Valor do BDI =>",0.72,null,"Valor com BDI =>",null,3.94]
[{"$nulls":6},"Quant. =>",948,"Preço Total =>",3735.12]
[]
[" 2.1.24 ","Código","Banco","Descrição","Tipo",null,"Und","Quant.","Porcent.","Valor Unit","Total"]
["Composição"," MOB 12 ","Próprio","MOBILIZAÇÃO E DESMOBILIZAÇÃO DE MOTONIVELADORA - 93 KW","CANT - CANTEIRO DE OBRAS",null,"KM",1,null,6.48,6.48]
["Insumo"," E9665 ","SICRO3","Cavalo mecânico com semirreboque com capacidade de 22 t - 240 kW","Equipamento",null,"UN",1.6670000000000001E-2,null,388.7842,6.48]
[{"$nulls":4},"MO sem LS =>",0,"LS =>",0,"MO com LS =>",0]
[{"$nulls":4},"Valor do BDI =>",1.46,null,"Valor com BDI =>",null,7.94]
[{"$nulls":6},"Quant. =>",948,"Preço Total =>",7527.12]
[]
[" 2.1.25 ","Código","Banco","Descrição","Tipo",null,"Und","Quant.","Porcent.","Valor Unit","Total"]
["Composição"," MOB 97 ","Próprio","MOBILIZAÇÃO E DESMOBILIZAÇÃO DE MOTONIVELADORA 15000 KG COM ESCARIFICADOR (CAT - 140M - 185,0 HP OU EQUIVALENTE)","CANT - CANTEIRO DE OBRAS",null,"KM",1,null,6.48,6.48]
["Insumo"," E9665 ","SICRO3","Cavalo mecânico com semirreboque com capacidade de 22 t - 240 kW","Equipamento",null,"UN",1.6670000000000001E-2,null,388.7842,6.48]
[{"$nulls":4},"MO sem LS =>",0,"LS =>",0,"MO com LS =>",0]
[{"$nulls":4},"Valor do BDI =>",1.46,null,"Valor com BDI =>",null,7.94]
[{"$nulls":6},"Quant. =>",948,"Preço Total =>",7527.12]
[]
[" 2.1.26 ","Código","Banco","Descrição","Tipo",null,"Und","Quant.","Porcent.","Valor Unit","Total"]
["Composição"," MOB 77 ","Próprio","MOBILIZAÇÃO E DESMOBILIZAÇÃO DE PERFURATRIZ DE SUPERFÍCIE SOBRE PNEUS COM MARTELO DE TOPO E CONTROLE REMOTO VIA RÁDIO - 60 KW","SEDI - SERVIÇOS DIVERSOS",null,"KM",1,null,4.2699999999999996,4.2699999999999996]
["Insumo"," E9665 ","SICRO3","Cavalo mecânico com semirreboque com capacidade de 22 t - 240 kW","Equipamento",null,"UN",1.0999999999999999E-2,null,388.7842,4.2699999999999996]
[{"$nulls":4},"MO sem LS =>",0,"LS =>",0,"MO com LS =>",0]
[{"$nulls":4},"Valor do BDI =>",0.96,null,"Valor com BDI =>",null,5.23]
[{"$nulls":6},"Quant. =>",948,"Preço Total =>",4958.04]
[]
[" 2.1.27 ","Código","Banco","Descrição","Tipo",null,"Und","Quant.","Porcent.","Valor Unit","Total"]
["Composição"," MOB 75 ","Próprio","MOBILIZAÇÃO E DESMOBILIZAÇÃO DE PERFURATRIZ HIDRÁULICA ROTOPERCUSSIVA - 123 KW","SEDI - SERVIÇOS DIVERSOS",null,"KM",1,null,12.95,12.95]
["Insumo"," E9665 ","SICRO3","Cavalo mecânico com semirreboque com capacidade de 22 t - 240 kW","Equipamento",null,"UN",3.3333300000000003E-2,null,388.7842,12.95]
[{"$nulls":4},"MO sem LS =>",0,"LS =>",0,"MO com LS =>",0]
[{"$nulls":4},"Valor do BDI =>",2.92,null,"Valor com BDI =>",null,15.87]
[{"$nulls":6},"Quant. =>",1896,"Preço Total =>",30089.52]
[]
[" 2.1.28 ","Código","Banco","Descrição","Tipo",null,"Und","Quant.","Porcent.","Valor Unit","Total"]
["Composição"," MOB 56 ","Próprio","MOBILIZAÇÃO E DESMOBILIZAÇÃO DE PERFURATRIZ SOBRE ESTEIRAS - 145 KW","CANT - CANTEIRO DE OBRAS",null,"KM",1,null,6.48,6.48]
["Insumo"," E9665 ","SICRO3","Cavalo mecânico com semirreboque com capacidade de 22 t - 240 kW","Equipamento",null,"UN",1.6670000000000001E-2,null,388.7842,6.48]
[{"$nulls":4},"MO sem LS =>",0,"LS =>",0,"MO com LS =>",0]
[{"$nulls":4},"Valor do BDI =>",1.46,null,"Valor com BDI =>",null,7.94]
[{"$nulls":6},"Quant. =>",1896,"Preço Total =>",15054.24]
[]
[" 2.1.29 ","Código","Banco","Descrição","Tipo",null,"Und","Quant.","Porcent.","Valor Unit","Total"]
["Composição"," MOB 13 ","Próprio","MOBILIZAÇÃO E DESMOBILIZAÇÃO DE RETROESCAVADEIRA DE PNEUS COM CAPACIDADE DE 0,76 M³ - 58 KW","CANT - CANTEIRO DE OBRAS",null,"KM",1,null,3.23,3.23]
["Insumo"," E9665 ","SICRO3","Cavalo mecânico com semirreboque com capacidade de 22 t - 240 kW","Equipamento",null,"UN",8.3300000000000006E-3,null,388.7842,3.23]
[{"$nulls":4},"MO sem LS =>",0,"LS =>",0,"MO com LS =>",0]
[{"$nulls":4},"Valor do BDI =>",0.72,null,"Valor com BDI =>",null,3.95]
[{"$nulls":6},"Quant. =>",1896,"Preço Total =>",7489.2]
[]
[" 2.1.30 ","Código","Banco","Descrição","Tipo",null,"Und","Quant.","Porcent.","Valor Unit","Total"]
["Composição"," MOB 29 ","Próprio","MOBILIZAÇÃO E DESMOBILIZAÇÃO DE RETROESCAVADEIRA SOBRE RODAS COM CARREGADEIRA, TRACAO 4 X 4, POTENCIA LIQUIDA 88 HP, PESO OPERACIONAL MINIMO DE 6674 KG, CAPACIDADE DA CARREGADEIRA DE 1,00 M3 E DA  RETROESCAVADEIRA MINIMA DE 0,26 M3, PROFUNDIDADE DE ESCAVACAO MAXIMA DE 4,37 M","SEDI - SERVIÇOS DIVERSOS",null,"KM",1,null,3.23,3.23]
["Insumo"," E9665 ","SICRO3","Cavalo mecânico com semirreboque com capacidade de 22 t - 240 kW","Equipamento",null,"UN",8.3333000000000001E-3,null,388.7842,3.23]
[{"$nulls":4},"MO sem LS =>",0,"LS =>",0,"MO com LS =>",0]
[{"$nulls":4},"Valor do BDI =>",0.72,null,"Valor com BDI =>",null,3.95]
[{"$nulls":6},"Quant. =>",948,"Preço Total =>",3744.6]
[]
[" 2.1.31 ","Código","Banco","Descrição","Tipo",null,"Und","Quant.","Porcent.","Valor Unit","Total"]
["Composição"," MOB 98 ","Próprio","MOBILIZAÇÃO E DESMOBILIZAÇÃO DE ROLO COMPACTADOR DE PNEUS AUTOPROPELIDO DE 27 T - 85 KW","CANT - CANTEIRO DE OBRAS",null,"KM",1,null,12.96,12.96]
["Insumo"," E9665 ","SICRO3","Cavalo mecânico com semirreboque com capacidade de 22 t - 240 kW","Equipamento",null,"UN",3.3340000000000002E-2,null,388.7842,12.96]
[{"$nulls":4},"MO sem LS =>",0,"LS =>",0,"MO com LS =>",0]
[{"$nulls":4},"Valor do BDI =>",2.92,null,"Valor com BDI =>",null,15.88]
[{"$nulls":6},"Quant. =>",948,"Preço Total =>",15054.24]
[]
[" 2.1.32 ","Código","Banco","Descrição","Tipo",null,"Und","Quant.","Porcent.","Valor Unit","Total"]
["Composição"," MOB 58 ","Próprio","MOBILIZAÇÃO E DESMOBILIZAÇÃO DE ROLO COMPACTADOR LISO VIBRATÓRIO AUTOPROPELIDO POR PNEUS DE 11 T - 97 KW","CANT - CANTEIRO DE OBRAS",null,"KM",1,null,6.48,6.48]
["Insumo"," E9665 ","SICRO3","Cavalo mecânico com semirreboque com capacidade de 22 t - 240 kW","Equipamento",null,"UN",1.6670000000000001E-2,null,388.7842,6.48]
[{"$nulls":4},"MO sem LS =>",0,"LS =>",0,"MO com LS =>",0]
[{"$nulls":4},"Valor do BDI =>",1.46,null,"Valor com BDI =>",null,7.94]
[{"$nulls":6},"Quant. =>",948,"Preço Total =>",7527.12]
[]
[" 2.1.33 ","Código","Banco","Descrição","Tipo",null,"Und","Quant.","Porcent.","Valor Unit","Total"]
["Composição"," MOB 59 ","Próprio","MOBILIZAÇÃO E DESMOBILIZAÇÃO DE ROLO COMPACTADOR PÉ DE CARNEIRO VIBRATÓRIO AUTOPROPELIDO POR PNEUS DE 11,6 T - 82 KW","CANT - CANTEIRO DE OBRAS",null,"KM",1,null,6.48,6.48]
["Insumo"," E9665 ","SICRO3","Cavalo mecânico com semirreboque com capacidade de 22 t - 240 kW","Equipamento",null,"UN",1.6670000000000001E-2,null,388.7842,6.48]
[{"$nulls":4},"MO sem LS =>",0,"LS =>",0,"MO com LS =>",0]
[{"$nulls":4},"Valor do BDI =>",1.46,null,"Valor com BDI =>",null,7.94]
[{"$nulls":6},"Quant. =>",948,"Preço Total =>",7527.12]
[]
[" 2.1.34 ","Código","Banco","Descrição","Tipo",null,"Und","Quant.","Porcent.","Valor Unit","Total"]
["Composição"," MOB 35 ","Próprio","MOBILIZAÇÃO DE TRATOR AGRÍCOLA SOBRE PNEUS - 77 KW","SEDI - SERVIÇOS DIVERSOS",null,"KM",1,null,3.23,3.23]
["Insumo"," E9665 ","SICRO3","Cavalo mecânico com semirreboque com capacidade de 22 t - 240 kW","Equipamento",null,"UN",8.3333000000000001E-3,null,388.7842,3.23]
[{"$nulls":4},"MO sem LS =>",0,"LS =>",0,"MO com LS =>",0]
[{"$nulls":4},"Valor do BDI =>",0.72,null,"Valor com BDI =>",null,3.95]
[{"$nulls":6},"Quant. =>",948,"Preço Total =>",3744.6]
[]
[" 2.1.35 ","Código","Banco","Descrição","Tipo",null,"Und","Quant.","Porcent.","Valor Unit","Total"]
["Composição"," MOB 37 ","Próprio","MOBILIZAÇÃO E DESMOBILIZAÇÃO DE TRATOR DE ESTEIRAS, POTENCIA DE 150 HP, PESO OPERACIONAL DE 16,7 T, COM RODA MOTRIZ ELEVADA E LAMINA COM CONTATO DE 3,18M3","SEDI - SERVIÇOS DIVERSOS",null,"KM",1,null,6.48,6.48]
["Insumo"," E9665 ","SICRO3","Cavalo mecânico com semirreboque com capacidade de 22 t - 240 kW","Equipamento",null,"UN",1.6670000000000001E-2,null,388.7842,6.48]
[{"$nulls":4},"MO sem LS =>",0,"LS =>",0,"MO com LS =>",0]
[{"$nulls":4},"Valor do BDI =>",1.46,null,"Valor com BDI =>",null,7.94]
[{"$nulls":6},"Quant. =>",948,"Preço Total =>",7527.12]
[]
[" 2.1.36 ","Código","Banco","Descrição","Tipo",null,"Und","Quant.","Porcent.","Valor Unit","Total"]
["Composição"," MOB 76 ","Próprio","MOBILIZAÇÃO E DESMOBILIZAÇÃO DE TRATOR SOBRE ESTEIRAS COM LÂMINA - 127 KW","SEDI - SERVIÇOS DIVERSOS",null,"KM",1,null,6.47,6.47]
["Insumo"," E9665 ","SICRO3","Cavalo mecânico com semirreboque com capacidade de 22 t - 240 kW","Equipamento",null,"UN",1.6666666666666701E-2,null,388.7842,6.47]
[{"$nulls":4},"MO sem LS =>",0,"LS =>",0,"MO com LS =>",0]
[{"$nulls":4},"Valor do BDI =>",1.45,null,"Valor com BDI =>",null,7.92]
[{"$nulls":6},"Quant. =>",2844,"Preço Total =>",22524.48]
[]
[" 2.1.37 ","Código","Banco","Descrição","Tipo",null,"Und","Quant.","Porcent.","Valor Unit","Total"]
["Composição"," MOB 11 ","Próprio","MOBILIZAÇÃO E DESMOBILIZAÇÃO DE TRATOR SOBRE ESTEIRAS COM LÂMINA - 259 KW","CANT - CANTEIRO DE OBRAS",null,"KM",1,null,12.95,12.95]
["Insumo"," E9665 ","SICRO3","Cavalo mecânico com semirreboque com capacidade de 22 t - 240 kW","Equipamento",null,"UN",3.3333333333333298E-2,null,388.7842,12.95]
[{"$nulls":4},"MO sem LS =>",0,"LS =>",0,"MO com LS =>",0]
[{"$nulls":4},"Valor do BDI =>",2.92,null,"Valor com BDI =>",null,15.87]
[{"$nulls":6},"Quant. =>",948,"Preço Total =>",15044.76]
[]
[" 2.1.38 ","Código","Banco","Descrição","Tipo",null,"Und","Quant.","Porcent.","Valor Unit","Total"]
["Composição"," MOB 63 ","Próprio","MOBILIZAÇÃO E DESMOBILIZAÇÃO DE TRATOR SOBRE ESTEIRAS COM LÂMINA - 97 KW","CANT - CANTEIRO DE OBRAS",null,"KM",1,null,6.47,6.47]
["Insumo"," E9665 ","SICRO3","Cavalo mecânico com semirreboque com capacidade de 22 t - 240 kW","Equipamento",null,"UN",1.6666666666666701E-2,null,388.7842,6.47]
[{"$nulls":4},"MO sem LS =>",0,"LS =>",0,"MO com LS =>",0]
[{"$nulls":4},"Valor do BDI =>",1.45,null,"Valor com BDI =>",null,7.92]
[{"$nulls":6},"Quant. =>",948,"Preço Total =>",7508.16]
[]
[" 2.1.39 ","Código","Banco","Descrição","Tipo",null,"Und","Quant.","Porcent.","Valor Unit","Total"]
["Composição"," MOB 99 ","Próprio","MOBILIZAÇÃO E DESMOBILIZAÇÃO DE TRATOR SOBRE ESTEIRAS COM LÂMINA E ESCARIFICADOR - 259 KW","CANT - CANTEIRO DE OBRAS",null,"KM",1,null,12.95,12.95]
["Insumo"," E9665 ","SICRO3","Cavalo mecânico com semirreboque com capacidade de 22 t - 240 kW","Equipamento",null,"UN",3.3333333333333298E-2,null,388.7842,12.95]
[{"$nulls":4},"MO sem LS =>",0,"LS =>",0,"MO com LS =>",0]
[{"$nulls":4},"Valor do BDI =>",2.92,null,"Valor com BDI =>",null,15.87]
[{"$nulls":6},"Quant. =>",948,"Preço Total =>",15044.76]
[]
[" 2.1.40 ","Código","Banco","Descrição","Tipo",null,"Und","Quant.","Porcent.","Valor Unit","Total"]
["Composição"," MOB 1 ","Próprio","MOBILIZAÇÃO DE EQUIPAMENTOS DE PEQUENO PORTE COM CAMINHÃO CARROCERIA COM CAPACIDADE DE 15 T - 188 KW","CANT - CANTEIRO DE OBRAS",null,"KM",1,null,8.7899999999999991,8.7899999999999991]
["Insumo"," E9592 ","SICRO3","Caminhão carroceria com capacidade de 15 t - 188 kW","Equipamento",null,"UN",3.3329999999999999E-2,null,263.7371,8.7899999999999991]
[{"$nulls":4},"MO sem LS =>",0,"LS =>",0,"MO com LS =>",0]
[{"$nulls":4},"Valor do BDI =>",1.98,null,"Valor com BDI =>",null,10.77]
[{"$nulls":6},"Quant. =>",1896,"Preço Total =>",20419.919999999998]
[]
[" 2.2 ",null,null,"MOBILIZAÇÃO E DESMOBILIZAÇÃO DE PESSOAL",{"$nulls":6},63502.04]
[" 2.2.1 ","Código","Banco","Descrição","Tipo",null,"Und","Quant.","Porcent.","Valor Unit","Total"]
["Insumo"," COT.NETS-01 ","Próprio","PASSAGEM TERRESTRE ARACAJU ATÉ JUAZEIRO","Outros",null,"UN",1,null,155.57,155.57]
[{"$nulls":4},"MO sem LS =>",0,"LS =>",0,"MO com LS =>",0]
[{"$nulls":4},"Valor do BDI =>",21.81,null,"Valor com BDI =>",null,177.38]
[{"$nulls":6},"Quant. =>",358,"Preço Total =>",63502.04]
[]
[" 3 ",null,null,"INSTALAÇÃO DA OBRA",{"$nulls":6},2677857.14]
[" 3.1 ",null,null,"SERVIÇOS PRELIMINARES",{"$nulls":6},1090920.29]
[" 3.1.1 ","Código","Banco","Descrição","Tipo",null,"Und","Quant.","Porcent.","Valor Unit","Total"]
["Composição"," 99059 ","SINAPI","LOCAÇÃO CONVENCIONAL DE OBRA, UTILIZANDO GABARITO DE TÁBUAS CORRIDAS PONTALETADAS A CADA 2,00M -  2 UTILIZAÇÕES. AF_03/2024","SERT - SERVIÇOS TÉCNICOS",null,"M",1,null,68.849999999999994,68.849999999999994]
["Composição Auxiliar"," 88239 ","SINAPI","AJUDANTE DE CARPINTEIRO COM ENCARGOS COMPLEMENTARES","SEDI - SERVIÇOS DIVERSOS",null,"H",0.72470000000000001,null,23.87,17.29]
["Composição Auxiliar"," 88262 ","SINAPI","CARPINTEIRO DE FORMAS COM ENCARGOS COMPLEMENTARES","SEDI - SERVIÇOS DIVERSOS",null,"H",0.72470000000000001,null,31.88,23.1]
["Composição Auxiliar"," 91692 ","SINAPI","SERRA CIRCULAR DE BANCADA COM MOTOR ELÉTRICO POTÊNCIA DE 5HP, COM COIFA PARA DISCO 10\" - CHP DIURNO. AF_08/2015","CHOR - CUSTOS HORÁRIOS DE MÁQUINAS E EQUIPAMENTOS",null,"CHP",7.0000000000000001E-3,null,41.97,0.28999999999999998]
["Composição Auxiliar"," 91693 ","SINAPI","SERRA CIRCULAR DE BANCADA COM MOTOR ELÉTRICO POTÊNCIA DE 5HP, COM COIFA PARA DISCO 10\" - CHI DIURNO. AF_08/2015","CHOR - CUSTOS HORÁRIOS DE MÁQUINAS E EQUIPAMENTOS",null,"CHI",2.8000000000000001E-2,null,40.450000000000003,1.1299999999999999]
["Composição Auxiliar"," 94974 ","SINAPI","CONCRETO MAGRO PARA LASTRO, TRAÇO 1:4,5:4,5 (EM MASSA SECA DE CIMENTO/ AREIA MÉDIA/ BRITA 1) - PREPARO MANUAL. AF_05/2021","FUES - FUNDAÇÕES E ESTRUTURAS",null,"m³",4.0000000000000001E-3,null,479.42,1.91]
["Insumo"," 00004417 ","SINAPI","SARRAFO NAO APARELHADO *2,5 X 7* CM, EM MACARANDUBA/MASSARANDUBA, ANGELIM, PEROBA-ROSA OU EQUIVALENTE DA REGIAO - BRUTA","Material",null,"M",0.74450000000000005,null,7.41,5.51]
["Insumo"," 00004433 ","SINAPI","CAIBRO NAO APARELHADO *6 X 6* CM, EM MACARANDUBA/MASSARANDUBA, ANGELIM OU EQUIVALENTE DA REGIAO - BRUTA","Material",null,"M",0.41249999999999998,null,26.63,10.98]
["Insumo"," 00005068 ","SINAPI","PREGO DE ACO POLIDO COM CABECA 17 X 21 (2 X 11)","Material",null,"KG",0.111,null,17.760000000000002,1.97]
["Insumo"," 00007356 ","SINAPI","TINTA LATEX ACRILICA PREMIUM, COR BRANCO FOSCO","Material",null,"L",2.5600000000000001E-2,null,30.24,0.77]
["Insumo"," 00010567 ","SINAPI","TABUA *2,5 X 23* CM EM PINUS, MISTA OU EQUIVALENTE DA REGIAO - BRUTA","Material",null,"M",0.55000000000000004,null,10.73,5.9]
[{"$nulls":4},"MO sem LS =>",29.33,"LS =>",0,"MO com LS =>",29.33]
[{"$nulls":4},"Valor do BDI =>",15.53,null,"Valor com BDI =>",null,84.38]
[{"$nulls":6},"Quant. =>",9964.34,"Preço Total =>",840791]
[]
[" 3.1.2 ","Código","Banco","Descrição","Tipo",null,"Und","Quant.","Porcent.","Valor Unit","Total"]
["Composição"," 98525 ","SINAPI","LIMPEZA MECANIZADA DE CAMADA VEGETAL, VEGETAÇÃO E PEQUENAS ÁRVORES (DIÂMETRO DE TRONCO MENOR QUE 0,20 M), COM TRATOR DE ESTEIRAS. AF_03/2024","URBA - URBANIZAÇÃO",null,"m²",1,null,0.69,0.69]
["Composição Auxiliar"," 88441 ","SINAPI","JARDINEIRO COM ENCARGOS COMPLEMENTARES","SEDI - SERVIÇOS DIVERSOS",null,"H",4.5999999999999999E-3,null,24.1,0.11]
["Composição Auxiliar"," 89031 ","SINAPI","TRATOR DE ESTEIRAS, POTÊNCIA 100 HP, PESO OPERACIONAL 9,4 T, COM LÂMINA 2,19 M3 - CHI DIURNO. AF_06/2014","CHOR - CUSTOS HORÁRIOS DE MÁQUINAS E EQUIPAMENTOS",null,"CHI",2.8999999999999998E-3,null,84.03,0.24]
["Composição Auxiliar"," 89032 ","SINAPI","TRATOR DE ESTEIRAS, POTÊNCIA 100 HP, PESO OPERACIONAL 9,4 T, COM LÂMINA 2,19 M3 - CHP DIURNO. AF_06/2014","CHOR - CUSTOS HORÁRIOS DE MÁQUINAS E EQUIPAMENTOS",null,"CHP",1.6999999999999999E-3,null,200.92,0.34]
[{"$nulls":4},"MO sem LS =>",0.21000000000000002,"LS =>",0,"MO com LS =>",0.21000000000000002]
[{"$nulls":4},"Valor do BDI =>",0.15,null,"Valor com BDI =>",null,0.84]
[{"$nulls":6},"Quant. =>",27466.43,"Preço Total =>",23071.8]
[]
[" 3.1.3 ","Código","Banco","Descrição","Tipo",null,"Und","Quant.","Porcent.","Valor Unit","Total"]
["Composição"," 100575 ","SINAPI","REGULARIZAÇÃO DE SUPERFÍCIES COM MOTONIVELADORA. AF_11/2019","PAVI - PAVIMENTAÇÃO",null,"m²",1,null,0.18,0.18]
["Composição Auxiliar"," 5932 ","SINAPI","MOTONIVELADORA POTÊNCIA BÁSICA LÍQUIDA (PRIMEIRA MARCHA) 125 HP, PESO BRUTO 13032 KG, LARGURA DA LÂMINA DE 3,7 M - CHP DIURNO. AF_06/2014","CHOR - CUSTOS HORÁRIOS DE MÁQUINAS E EQUIPAMENTOS",null,"CHP",1E-4,null,314.22000000000003,0.03]
["Composição Auxiliar"," 5934 ","SINAPI","MOTONIVELADORA POTÊNCIA BÁSICA LÍQUIDA (PRIMEIRA MARCHA) 125 HP, PESO BRUTO 13032 KG, LARGURA DA LÂMINA DE 3,7 M - CHI DIURNO. AF_06/2014","CHOR - CUSTOS HORÁRIOS DE MÁQUINAS E EQUIPAMENTOS",null,"CHI",1E-3,null,136.78,0.13]
["Composição Auxiliar"," 88316 ","SINAPI","SERVENTE COM ENCARGOS COMPLEMENTARES","SEDI - SERVIÇOS DIVERSOS",null,"H",1E-3,null,23.23,0.02]
[{"$nulls":4},"MO sem LS =>",0.06,"LS =>",0,"MO com LS =>",0.06]
[{"$nulls":4},"Valor do BDI =>",0.04,null,"Valor com BDI =>",null,0.22]
[{"$nulls":6},"Quant. =>",27466.43,"Preço Total =>",6042.61]
[]
[" 3.1.4 ","Código","Banco","Descrição","Tipo",null,"Und","Quant.","Porcent.","Valor Unit","Total"]
["Composição"," 101205 ","SINAPI","PORTÃO COM MOURÕES DE MADEIRA ROLIÇA, DIÂMETRO 11 CM, COM 5 FIOS DE ARAME FARPADO Nº 14 CLASSE 250, SEM DOBRADIÇAS - FORNECIMENTO E INSTALAÇÃO. AF_05/2020","URBA - URBANIZAÇÃO",null,"M",1,null,45.96,45.96]
["Composição Auxiliar"," 101202 ","SINAPI","CERCA COM MOURÕES DE MADEIRA ROLIÇA, DIÂMETRO 11 CM, ESPAÇAMENTO DE 2,5 M, ALTURA LIVRE DE 1,7 M, CRAVADOS 0,5 M, COM 5 FIOS DE ARAME FARPADO Nº 14 CLASSE 250 - FORNECIMENTO E INSTALAÇÃO. AF_05/2020","URBA - URBANIZAÇÃO",null,"M",1,null,45.96,45.96]
[{"$nulls":4},"MO sem LS =>",20.39,"LS =>",0,"MO com LS =>",20.39]
[{"$nulls":4},"Valor do BDI =>",10.36,null,"Valor com BDI =>",null,56.32]
[{"$nulls":6},"Quant. =>",12,"Preço Total =>",675.84]
[]
[" 3.1.5 ","Código","Banco","Descrição","Tipo",null,"Und","Quant.","Porcent.","Valor Unit","Total"]
["Composição"," 3713608 ","SICRO3","Cerca com 4 fios de arame farpado e mourão de madeira a cada 2,5 m e esticador a cada 50 m","",null,"m",1,null,21.88,21.88]
["B","Código","Banco","Mão de Obra","Quantidade","Salário Hora",null,null,null,"Custo Horário"]
["Insumo","P9824","SICRO3","Servente",4,null,null,null,21.465699999999998,85.862799999999993]
[{"$nulls":5},"Custo Horário da Mão de Obra =>",null,null,null,85.862799999999993]
[{"$nulls":5},"Adc.M.O. - Ferramentas (0,0%) =>",null,null,null,0]
[{"$nulls":5},"Custo Horário de Execução =>",null,null,null,85.862799999999993]
[{"$nulls":5},"Fator de Influencia da Chuva - FIC =>",null,null,null,0]
[{"$nulls":5},"Custo do FIC =>",null,null,null,0]
[{"$nulls":5},"Produção de Equipe =>",null,null,null,10]
[{"$nulls":5},"Custo Unitário de Execução =>",null,null,null,8.5862999999999996]
["C","Banco","Código","Material","Quantidade","Unidade","Preço Unitário",null,null,"Custo Horário"]
["Insumo","SICRO3","M0069","Arame farpado em aço galvanizado - D = 1,60 mm",4,"m",0.73380000000000001,null,null,2.9352]
["Insumo","SICRO3","M0745","Grampo em aço galvanizado para cerca - C = 25,4 mm e E = 3,76 mm (1” x 9 BWG)",8.2500000000000004E-3,"kg",13.6211,null,null,0.1124]
["Insumo","SICRO3","M1638","Mourão de madeira - H = 2,10 m e D = 0,10 m",0.42,"un",21.412600000000001,null,null,8.9932999999999996]
["Insumo","SICRO3","M1639","Mourão de madeira - H = 2,20 m e D = 0,15 m",0.02,"un",49.562199999999997,null,null,0.99119999999999997]
[{"$nulls":5},"Custo Total do Material =>",null,null,null,13.0321]
["E","Banco","Insumo","Tempos Fixos","Código","Quantidade","Unidade","Preço Unitário",null,"Custo Horário"]
["Tempo Fixo","SICRO3","M0069","Carga, manobra e descarga de materiais diversos em caminhão carroceria de 15 t - carga e descarga manuais",5914655,2.0000000000000001E-4,"t",33.15,null,6.6E-3]
["Tempo Fixo","SICRO3","M0745","Carga, manobra e descarga de materiais diversos em caminhão carroceria de 15 t - carga e descarga manuais",5914655,1.0000000000000001E-5,"t",33.15,null,2.9999999999999997E-4]
["Tempo Fixo","SICRO3","M1638","Carga, manobra e descarga de materiais diversos em caminhão carroceria de 15 t - carga e descarga manuais",5914655,6.9300000000000004E-3,"t",33.15,null,0.22969999999999999]
["Tempo Fixo","SICRO3","M1639","Carga, manobra e descarga de materiais diversos em caminhão carroceria de 15 t - carga e descarga manuais",5914655,7.7999999999999999E-4,"t",33.15,null,2.5899999999999999E-2]
[{"$nulls":5},"Custo Total dos Tempos Fixos =>",null,null,null,0.26250000000000001]
["F","Banco","Insumo","Momento de Transporte","Quantidade","Unidade","Distância Média de Transporte (DMT)",null,null,"Custo Horário"]
[{"$nulls":6},"LN","RP","P"]
["Momento de Transporte","SICRO3","M0069","Arame farpado em aço galvanizado - D = 1,60 mm - Caminhão carroceria com capacidade de 15 t - 188 kW",2.0000000000000001E-4,"tkm","5914449\n0,000\nR$ 1,08","5914464\n0,000\nR$ 0,86","5914479\n0,000\nR$ 0,71",0]
["Momento de Transporte","SICRO3","M0745","Grampo em aço galvanizado para cerca - C = 25,4 mm e E = 3,76 mm (1” x 9 BWG) - Caminhão carroceria com capacidade de 15 t - 188 kW",1.0000000000000001E-5,"tkm","5914449\n0,000\nR$ 1,08","5914464\n0,000\nR$ 0,86","5914479\n0,000\nR$ 0,71",0]
["Momento de Transporte","SICRO3","M1638","Mourão de madeira - H = 2,10 m e D = 0,10 m - Caminhão carroceria com capacidade de 15 t - 188 kW",6.9300000000000004E-3,"tkm","5914449\n0,000\nR$ 1,08","5914464\n0,000\nR$ 0,86","5914479\n0,000\nR$ 0,71",0]
["Momento de Transporte","SICRO3","M1639","Mourão de madeira - H = 2,20 m e D = 0,15 m - Caminhão carroceria com capacidade de 15 t - 188 kW",7.7999999999999999E-4,"tkm","5914449\n0,000\nR$ 1,08","5914464\n0,000\nR$ 0,86","5914479\n0,000\nR$ 0,71",0]
[{"$nulls":5},"Custo total dos Momentos de Transportes =>",null,null,null,0]
[{"$nulls":4},"MO sem LS =>",8.6724328770270276,"LS =>",0,"MO com LS =>",8.6724328770270276]
[{"$nulls":4},"Valor do BDI =>",4.93,null,"Valor com BDI =>",null,26.81]
[{"$nulls":6},"Quant. =>",401.04,"Preço Total =>",10751.88]
[]
[" 3.1.6 ","Código","Banco","Descrição","Tipo",null,"Und","Quant.","Porcent.","Valor Unit","Total"]
["Composição"," 0903804 ","SICRO3","Instalação da central de concreto com capacidade de 30 m³/h","",null,"un",1,null,65698.77,65698.77]
[{"$nulls":5},"Custo Horário de Execução =>",null,null,null,0]
[{"$nulls":5},"Fator de Influencia da Chuva - FIC =>",null,null,null,0]
[{"$nulls":5},"Custo do FIC =>",null,null,null,0]
[{"$nulls":5},"Produção de Equipe =>",null,null,null,1]
[{"$nulls":5},"Custo Unitário de Execução =>",null,null,null,0]
["D","Banco","Código","Atividades Auxiliares","Quantidade","Unidade","Preço Unitário",null,null,"Custo Horário"]
["Atividade Auxiliar","SICRO3",903845,"Lastro de brita comercial - espalhamento mecânico",77.342070000000007,"m³",144.78,null,null,11197.5849]
["Atividade Auxiliar","SICRO3",919011,"Montagem e desmontagem da central de concreto com capacidade de 30 m³/h - inclusive construção e demolição de bases, rampas e depósitos de agregados",1,"un",34165.35,null,null,34165.35]
["Atividade Auxiliar","SICRO3",3713608,"Cerca com 4 fios de arame farpado e mourão de madeira a cada 2,5 m e esticador a cada 50 m",228,"m",21.88,null,null,4988.6400000000003]
["Atividade Auxiliar","SICRO3",4011209,"Regularização do subleito",3200,"m²",1.1499999999999999,null,null,3680]
["Atividade Auxiliar","SICRO3",4011211,"Reforço do subleito com material de jazida",640,"m³",11.48,null,null,7347.2]
["Atividade Auxiliar","SICRO3",5502985,"Limpeza mecanizada da camada vegetal",3200,"m²",0.56000000000000005,null,null,1792]
["Atividade Auxiliar","SICRO3",5502986,"Expurgo de jazida",800,"m³",3.16,null,null,2528]
[{"$nulls":5},"Custo Total das Atividades =>",null,null,null,65698.774900000004]
[{"$nulls":4},"MO sem LS =>",15398.4476536,"LS =>",0,"MO com LS =>",15398.447654364101]
[{"$nulls":4},"Valor do BDI =>",14821.64,null,"Valor com BDI =>",null,80520.41]
[{"$nulls":6},"Quant. =>",1,"Preço Total =>",80520.41]
[]
[" 3.1.7 ","Código","Banco","Descrição","Tipo",null,"Und","Quant.","Porcent.","Valor Unit","Total"]
["Composição"," 0903807 ","SICRO3","Instalação da central de britagem com capacidade de 80 m³/h","",null,"un",1,null,105309.04,105309.04]
[{"$nulls":5},"Custo Horário de Execução =>",null,null,null,0]
[{"$nulls":5},"Fator de Influencia da Chuva - FIC =>",null,null,null,0]
[{"$nulls":5},"Custo do FIC =>",null,null,null,0]
[{"$nulls":5},"Produção de Equipe =>",null,null,null,1]
[{"$nulls":5},"Custo Unitário de Execução =>",null,null,null,0]
["D","Banco","Código","Atividades Auxiliares","Quantidade","Unidade","Preço Unitário",null,null,"Custo Horário"]
["Atividade Auxiliar","SICRO3",903845,"Lastro de brita comercial - espalhamento mecânico",102.24458,"m³",144.78,null,null,14802.970300000001]
["Atividade Auxiliar","SICRO3",919009,"Montagem e desmontagem da central de britagem com capacidade de 80 m³/h - inclusive construção de aterro, construção e demolição de rampa e bases",1,"un",64342.55,null,null,64342.55]
["Atividade Auxiliar","SICRO3",3713608,"Cerca com 4 fios de arame farpado e mourão de madeira a cada 2,5 m e esticador a cada 50 m",262,"m",21.88,null,null,5732.56]
["Atividade Auxiliar","SICRO3",4011209,"Regularização do subleito",4260,"m²",1.1499999999999999,null,null,4899]
["Atividade Auxiliar","SICRO3",4011211,"Reforço do subleito com material de jazida",852,"m³",11.48,null,null,9780.9599999999991]
["Atividade Auxiliar","SICRO3",5502985,"Limpeza mecanizada da camada vegetal",4260,"m²",0.56000000000000005,null,null,2385.6]
["Atividade Auxiliar","SICRO3",5502986,"Expurgo de jazida",1065,"m³",3.16,null,null,3365.4]
[{"$nulls":5},"Custo Total das Atividades =>",null,null,null,105309.04029999999]
[{"$nulls":4},"MO sem LS =>",22260.549369600001,"LS =>",0,"MO com LS =>",22260.549371330068]
[{"$nulls":4},"Valor do BDI =>",23757.71,null,"Valor com BDI =>",null,129066.75]
[{"$nulls":6},"Quant. =>",1,"Preço Total =>",129066.75]
[]
[" 3.2 ",null,null,"CANTEIRO",{"$nulls":6},1586936.85]
[" 3.2.1 ","Código","Banco","Descrição","Tipo",null,"Und","Quant.","Porcent.","Valor Unit","Total"]
["Composição"," 9416 ","ORSE","Instalação provisória de energia elétrica, aerea, trifasica, em poste galvanizado, exclusive fornecimento do medidor","Mobilização / Instalações Provisórias / Desmobilização",null,"un",1,null,1642.85,1642.85]
["Composição Auxiliar"," 124 ","ORSE","Concreto simples fabricado na obra, fck=13,5 mpa (b1/b2), sem lançamento e adensamento","Concreto Simples",null,"m³",0.08,null,517.72,41.41]
["Composição Auxiliar"," 10549 ","ORSE","Encargos Complementares - Servente","Provisórios",null,"h",8,null,3.79,30.32]
["Composição Auxiliar"," 10550 ","ORSE","Encargos Complementares - Pedreiro","Provisórios",null,"h",2,null,3.66,7.32]
["Composição Auxiliar"," 10552 ","ORSE","Encargos Complementares - Eletricista","Provisórios",null,"h",8,null,3.65,29.2]
["Insumo"," 208 ","ORSE","Arruela de alumínio p/eletroduto d=1 \"","Material",null,"un",2,null,1.25,2.5]
["Insumo"," 313 ","ORSE","Bucha alumínio p/eletroduto d=1 \"","Material",null,"un",2,null,1.65,3.3]
["Insumo"," 414 ","ORSE","Cabo cobre rígido, isolado, 16mm2 - 450/750v / 70º","Material",null,"m",30,null,15.54,466.2]
["Insumo"," 436 ","ORSE","Caixa de medicao bi ou trifásica, em noril (policarbonato)","Material",null,"un",1,null,91.5,91.5]
["Insumo"," 2645 ","ORSE","Poste de ferro galvanizado, 3\" x 6m, completo, para entrada de energia","Material",null,"un",1,null,370.18,370.18]
["Insumo"," 3331 ","ORSE","Cabo de cobre nú 16 mm2 - 4AWG","Material",null,"Kg",0.43219999999999997,null,124.75,53.91]
["Insumo"," 4676 ","ORSE","Fita em aço 1/2\" Fusimec ou similar","Material",null,"m",0.1333,null,1.99,0.26]
["Insumo"," 4786 ","ORSE","Parafuso cabeça sextavada 5/8\" x 6\"","Material",null,"cj",2,null,12.64,25.28]
["Insumo"," 00000420/SINAPI ","ORSE","Cinta circular em aco galvanizado de 150 mm de diametro para fixacao de caixamedicao, inclui parafusos e porcas","Material",null,"un",1,null,26.79,26.79]
["Insumo"," 00001892/SINAPI ","ORSE","Luva em pvc rigido roscavel, de 1\", para eletroduto","Material",null,"un",4,null,1.1000000000000001,4.4000000000000004]
["Insumo"," 00002392/SINAPI ","ORSE","Disjuntor tipo nema, tripolar 10  ate  50a, tensao maxima de 415 v","Material",null,"un",1,null,67.13,67.13]
["Insumo"," 00002436/SINAPI ","ORSE","Eletricista (horista)","Mão de Obra",null,"h",8,null,19.13,153.04]
["Insumo"," 00002685/SINAPI ","ORSE","Eletroduto de pvc rigido roscavel de 1 \", sem luva","Material",null,"m",6,null,6.42,38.520000000000003]
["Insumo"," 00003379/SINAPI ","ORSE","Haste de aterramento em aco com 3,00 m de comprimento e dn = 5/8\", revestida com baixa camada de cobre, sem conector","Material",null,"un",1,null,82.01,82.01]
["Insumo"," 00003398/SINAPI ","ORSE","Isolador de porcelana, tipo roldana, dimensoes de *72* x *72* mm, para uso embaixa tensao","Material",null,"un",1,null,2.16,2.16]
["Insumo"," 00004750/SINAPI ","ORSE","Pedreiro (horista)","Mão de Obra",null,"h",2,null,19.11,38.22]
["Insumo"," 00006111/SINAPI ","ORSE","Servente de obras (horista)","Mão de Obra",null,"h",8,null,13.65,109.2]
[{"$nulls":4},"MO sem LS =>",307.01,"LS =>",0,"MO com LS =>",307.01]
[{"$nulls":4},"Valor do BDI =>",370.62,null,"Valor com BDI =>",null,2013.47]
[{"$nulls":6},"Quant. =>",1,"Preço Total =>",2013.47]
[]
[" 3.2.2 ","Código","Banco","Descrição","Tipo",null,"Und","Quant.","Porcent.","Valor Unit","Total"]
["Composição"," 95637 ","SINAPI","KIT CAVALETE PARA MEDIÇÃO DE ÁGUA - ENTRADA PRINCIPAL, EM AÇO GALVANIZADO DN 32 MM (1 1/4\") - FORNECIMENTO E INSTALAÇÃO (EXCLUSIVE HIDRÔMETRO). AF_03/2024","INHI - INSTALAÇÕES HIDROS SANITÁRIAS",null,"UN",1,null,529.54999999999995,529.54999999999995]
["Composição Auxiliar"," 88248 ","SINAPI","AUXILIAR DE ENCANADOR OU BOMBEIRO HIDRÁULICO COM ENCARGOS COMPLEMENTARES","SEDI - SERVIÇOS DIVERSOS",null,"H",4.2328999999999999,null,23.37,98.92]
["Composição Auxiliar"," 88267 ","SINAPI","ENCANADOR OU BOMBEIRO HIDRÁULICO COM ENCARGOS COMPLEMENTARES","SEDI - SERVIÇOS DIVERSOS",null,"H",4.2328999999999999,null,31.5,133.33000000000001]
["Insumo"," 00003148 ","SINAPI","FITA VEDA ROSCA EM ROLOS DE 18 MM X 50 M (L X C)","Material",null,"UN",0.1512,null,10.99,1.66]
["Insumo"," 00003457 ","SINAPI","COTOVELO 90 GRAUS DE FERRO GALVANIZADO, COM ROSCA BSP, DE 1 1/4\"","Material",null,"UN",4,null,22.93,91.72]
["Insumo"," 00004180 ","SINAPI","NIPLE DE FERRO GALVANIZADO, COM ROSCA BSP, DE 1 1/4\"","Material",null,"UN",2,null,15.98,31.96]
["Insumo"," 00004894 ","SINAPI","PLUG OU BUJAO DE FERRO GALVANIZADO, DE 1 1/4\"","Material",null,"UN",1,null,11.36,11.36]
["Insumo"," 00006017 ","SINAPI","REGISTRO GAVETA BRUTO EM LATAO FORJADO, BITOLA 1 1/4 \" (REF 1509)","Material",null,"UN",1,null,71.95,71.95]
["Insumo"," 00006296 ","SINAPI","TE DE FERRO GALVANIZADO, DE 1 1/4\"","Material",null,"UN",1,null,31.05,31.05]
["Insumo"," 00007307 ","SINAPI","FUNDO ANTICORROSIVO PARA METAIS FERROSOS (ZARCAO)","Material",null,"L",3.5999999999999997E-2,null,40.270000000000003,1.44]
["Insumo"," 00007698 ","SINAPI","TUBO ACO GALVANIZADO COM COSTURA, CLASSE MEDIA, DN 1.1/4\", E = *3,25* MM, PESO *3,14* KG/M (NBR 5580)","Material",null,"M",1.143,null,49.14,56.16]
[{"$nulls":4},"MO sem LS =>",163.59,"LS =>",0,"MO com LS =>",163.59]
[{"$nulls":4},"Valor do BDI =>",119.46,null,"Valor com BDI =>",null,649.01]
[{"$nulls":6},"Quant. =>",1,"Preço Total =>",649.01]
[]
[" 3.2.3 ","Código","Banco","Descrição","Tipo",null,"Und","Quant.","Porcent.","Valor Unit","Total"]
["Composição"," 98054 ","SINAPI","TANQUE SÉPTICO CIRCULAR, EM CONCRETO PRÉ-MOLDADO, DIÂMETRO INTERNO = 1,88 M, ALTURA INTERNA = 2,50 M, VOLUME ÚTIL: 6245,8 L (PARA 32 CONTRIBUINTES). AF_12/2020_PA","INHI - INSTALAÇÕES HIDROS SANITÁRIAS",null,"UN",1,null,5141.92,5141.92]
["Composição Auxiliar"," 101624 ","SINAPI","PREPARO DE FUNDO DE VALA COM LARGURA MAIOR OU IGUAL A 1,5 M E MENOR QUE 2,5 M, COM CAMADA DE BRITA, LANÇAMENTO MECANIZADO. AF_08/2020","MOVT - MOVIMENTO DE TERRA",null,"m³",0.37330000000000002,null,226.61,84.59]
["Composição Auxiliar"," 5678 ","SINAPI","RETROESCAVADEIRA SOBRE RODAS COM CARREGADEIRA, TRAÇÃO 4X4, POTÊNCIA LÍQ. 88 HP, CAÇAMBA CARREG. CAP. MÍN. 1 M3, CAÇAMBA RETRO CAP. 0,26 M3, PESO OPERACIONAL MÍN. 6.674 KG, PROFUNDIDADE ESCAVAÇÃO MÁX. 4,37 M - CHP DIURNO. AF_06/2014","CHOR - CUSTOS HORÁRIOS DE MÁQUINAS E EQUIPAMENTOS",null,"CHP",0.50749999999999995,null,163.21,82.82]
["Composição Auxiliar"," 5679 ","SINAPI","RETROESCAVADEIRA SOBRE RODAS COM CARREGADEIRA, TRAÇÃO 4X4, POTÊNCIA LÍQ. 88 HP, CAÇAMBA CARREG. CAP. MÍN. 1 M3, CAÇAMBA RETRO CAP. 0,26 M3, PESO OPERACIONAL MÍN. 6.674 KG, PROFUNDIDADE ESCAVAÇÃO MÁX. 4,37 M - CHI DIURNO. AF_06/2014","CHOR - CUSTOS HORÁRIOS DE MÁQUINAS E EQUIPAMENTOS",null,"CHI",1.0343,null,77.930000000000007,80.599999999999994]
["Composição Auxiliar"," 88309 ","SINAPI","PEDREIRO COM ENCARGOS COMPLEMENTARES","SEDI - SERVIÇOS DIVERSOS",null,"H",2.4573,null,32.270000000000003,79.290000000000006]
["Composição Auxiliar"," 88316 ","SINAPI","SERVENTE COM ENCARGOS COMPLEMENTARES","SEDI - SERVIÇOS DIVERSOS",null,"H",1.9307000000000001,null,23.23,44.85]
["Composição Auxiliar"," 88628 ","SINAPI","ARGAMASSA TRAÇO 1:3 (EM VOLUME DE CIMENTO E AREIA MÉDIA ÚMIDA), PREPARO MECÂNICO COM BETONEIRA 400 L. AF_08/2019","SEDI - SERVIÇOS DIVERSOS",null,"m³",8.5800000000000001E-2,null,640.99,54.99]
["Composição Auxiliar"," 97738 ","SINAPI","PEÇA CIRCULAR PRÉ-MOLDADA, VOLUME DE CONCRETO DE 10 A 30 LITROS, TAXA DE FIBRA DE POLIPROPILENO APROXIMADA DE 6 KG/M³. AF_01/2018_PS","FUES - FUNDAÇÕES E ESTRUTURAS",null,"m³",1.54E-2,null,4101.3599999999997,63.16]
["Composição Auxiliar"," 97740 ","SINAPI","PEÇA CIRCULAR PRÉ-MOLDADA, VOLUME DE CONCRETO ACIMA DE 100 LITROS, TAXA DE AÇO APROXIMADA DE 30KG/M³. AF_01/2018","FUES - FUNDAÇÕES E ESTRUTURAS",null,"m³",0.24,null,2111.58,506.77]
["Insumo"," 00012565 ","SINAPI","ANEL EM CONCRETO ARMADO, LISO, PARA FOSSAS SEPTICAS E SUMIDOUROS, SEM FUNDO, DIAMETRO INTERNO DE 2,00 M E ALTURA DE 0,50 M","Material",null,"UN",5,null,828.97,4144.8500000000004]
[{"$nulls":4},"MO sem LS =>",344.74,"LS =>",0,"MO com LS =>",344.74]
[{"$nulls":4},"Valor do BDI =>",1160.01,null,"Valor com BDI =>",null,6301.93]
[{"$nulls":6},"Quant. =>",1,"Preço Total =>",6301.93]
[]
[" 3.2.4 ","Código","Banco","Descrição","Tipo",null,"Und","Quant.","Porcent.","Valor Unit","Total"]
["Composição"," 98100 ","SINAPI","SUMIDOURO RETANGULAR, EM ALVENARIA COM BLOCOS DE CONCRETO, DIMENSÕES INTERNAS: 1,6 X 3,4 X H=3,0 M, ÁREA DE INFILTRAÇÃO: 32,9 M² (PARA 13 CONTRIBUINTES). . AF_12/2020","INHI - INSTALAÇÕES HIDROS SANITÁRIAS",null,"UN",1,null,5949.88,5949.88]
["Composição Auxiliar"," 100475 ","SINAPI","ARGAMASSA TRAÇO 1:3 (EM VOLUME DE CIMENTO E AREIA MÉDIA ÚMIDA) COM ADIÇÃO DE IMPERMEABILIZANTE, PREPARO MECÂNICO COM BETONEIRA 400 L. AF_08/2019","SEDI - SERVIÇOS DIVERSOS",null,"m³",0.48799999999999999,null,793.4,387.17]
["Composição Auxiliar"," 101625 ","SINAPI","PREPARO DE FUNDO DE VALA COM LARGURA MAIOR OU IGUAL A 1,5 M E MENOR QUE 2,5 M, COM CAMADA DE AREIA, LANÇAMENTO MECANIZADO. AF_08/2020","MOVT - MOVIMENTO DE TERRA",null,"m³",0.70299999999999996,null,187.71,131.96]
["Composição Auxiliar"," 5678 ","SINAPI","RETROESCAVADEIRA SOBRE RODAS COM CARREGADEIRA, TRAÇÃO 4X4, POTÊNCIA LÍQ. 88 HP, CAÇAMBA CARREG. CAP. MÍN. 1 M3, CAÇAMBA RETRO CAP. 0,26 M3, PESO OPERACIONAL MÍN. 6.674 KG, PROFUNDIDADE ESCAVAÇÃO MÁX. 4,37 M - CHP DIURNO. AF_06/2014","CHOR - CUSTOS HORÁRIOS DE MÁQUINAS E EQUIPAMENTOS",null,"CHP",0.50129999999999997,null,163.21,81.81]
["Composição Auxiliar"," 5679 ","SINAPI","RETROESCAVADEIRA SOBRE RODAS COM CARREGADEIRA, TRAÇÃO 4X4, POTÊNCIA LÍQ. 88 HP, CAÇAMBA CARREG. CAP. MÍN. 1 M3, CAÇAMBA RETRO CAP. 0,26 M3, PESO OPERACIONAL MÍN. 6.674 KG, PROFUNDIDADE ESCAVAÇÃO MÁX. 4,37 M - CHI DIURNO. AF_06/2014","CHOR - CUSTOS HORÁRIOS DE MÁQUINAS E EQUIPAMENTOS",null,"CHI",1.0216000000000001,null,77.930000000000007,79.61]
["Composição Auxiliar"," 88309 ","SINAPI","PEDREIRO COM ENCARGOS COMPLEMENTARES","SEDI - SERVIÇOS DIVERSOS",null,"H",33.425199999999997,null,32.270000000000003,1078.6300000000001]
["Composição Auxiliar"," 88316 ","SINAPI","SERVENTE COM ENCARGOS COMPLEMENTARES","SEDI - SERVIÇOS DIVERSOS",null,"H",26.262699999999999,null,23.23,610.08000000000004]
["Composição Auxiliar"," 89993 ","SINAPI","GRAUTEAMENTO VERTICAL EM ALVENARIA ESTRUTURAL. AF_09/2021","FUES - FUNDAÇÕES E ESTRUTURAS",null,"m³",0.22420000000000001,null,1150.29,257.89]
["Composição Auxiliar"," 89995 ","SINAPI","GRAUTEAMENTO DE CINTA SUPERIOR OU DE VERGA EM ALVENARIA ESTRUTURAL. AF_09/2021","FUES - FUNDAÇÕES E ESTRUTURAS",null,"m³",0.1661,null,1108.1500000000001,184.06]
["Composição Auxiliar"," 89996 ","SINAPI","ARMAÇÃO VERTICAL DE ALVENARIA ESTRUTURAL; DIÂMETRO DE 10,0 MM. AF_09/2021","FUES - FUNDAÇÕES E ESTRUTURAS",null,"KG",7.4039999999999999,null,10.9,80.7]
["Composição Auxiliar"," 89998 ","SINAPI","ARMAÇÃO DE CINTA DE ALVENARIA ESTRUTURAL; DIÂMETRO DE 10,0 MM. AF_09/2021","FUES - FUNDAÇÕES E ESTRUTURAS",null,"KG",6.6635999999999997,null,10.29,68.56]
["Composição Auxiliar"," 97735 ","SINAPI","PEÇA RETANGULAR PRÉ-MOLDADA, VOLUME DE CONCRETO DE 30 A 100 LITROS, TAXA DE AÇO APROXIMADA DE 30KG/M³. AF_01/2018","FUES - FUNDAÇÕES E ESTRUTURAS",null,"m³",0.53200000000000003,null,2632.1,1400.27]
["Insumo"," 00000660 ","SINAPI","CANALETA DE CONCRETO 19 X 19 X 19 CM (CLASSE C - NBR 6136)","Material",null,"UN",56.7,null,2.66,150.82]
["Insumo"," 00004720 ","SINAPI","PEDRA BRITADA N. 0, OU PEDRISCO (4,8 A 9,5 MM) POSTO PEDREIRA/FORNECEDOR, SEM FRETE","Material",null,"m³",1.7951999999999999,null,128.66,230.97]
["Insumo"," 00025067 ","SINAPI","BLOCO DE CONCRETO ESTRUTURAL 19 X 19 X 39 CM, FBK 4,5 MPA (NBR 6136)","Material",null,"UN",282.09339999999997,null,4.28,1207.3499999999999]
[{"$nulls":4},"MO sem LS =>",2116.61,"LS =>",0,"MO com LS =>",2116.61]
[{"$nulls":4},"Valor do BDI =>",1342.29,null,"Valor com BDI =>",null,7292.17]
[{"$nulls":6},"Quant. =>",3,"Preço Total =>",21876.51]
[]
[" 3.2.5 ","Código","Banco","Descrição","Tipo",null,"Und","Quant.","Porcent.","Valor Unit","Total"]
["Composição"," 03.01.10 ","EMBASA","PLACA DE IDENTIFICACAO DA OBRA PADRAO EMBASA,INCL.FORNEC.,TRANSP. E INST. (DP0301-04)",301,null,"m²",1,null,322.42,322.42]
["Insumo"," B010000052 ","EMBASA","CARPINTEIRO","Mão de Obra",null,"H",2,null,26.63,53.26]
["Insumo"," B010000097 ","EMBASA","SERVENTE","Mão de Obra",null,"H",1.5,null,18.02,27.03]
["Insumo"," D050000001 ","EMBASA","BARROTE AGRESTE 5 x 5 CM","Material",null,"M",0.57410000000000005,null,6.51,3.73]
["Insumo"," D050000057 ","EMBASA","PRANCHAO 5,0 x 15 CM","Material",null,"M",0.7611,null,17.149999999999999,13.05]
["Insumo"," D070000078 ","EMBASA","PREGO 3\" x 9\"","Material",null,"KG",0.04,null,8.93,0.35]
["Insumo"," D330000007 ","EMBASA","PLACA DE OBRA EM CHAPA ACO GALV. No16/18-PINTADA","Material",null,"m²",1,null,225,225]
[{"$nulls":4},"MO sem LS =>",80.290000000000006,"LS =>",0,"MO com LS =>",80.290000000000006]
[{"$nulls":4},"Valor do BDI =>",72.73,null,"Valor com BDI =>",null,395.15]
[{"$nulls":6},"Quant. =>",8,"Preço Total =>",3161.2]
[]
[" 3.2.6 ","Código","Banco","Descrição","Tipo",null,"Und","Quant.","Porcent.","Valor Unit","Total"]
["Composição"," 98458 ","SINAPI","TAPUME COM COMPENSADO DE MADEIRA. AF_03/2024","CANT - CANTEIRO DE OBRAS",null,"m²",1,null,94.01,94.01]
["Composição Auxiliar"," 88239 ","SINAPI","AJUDANTE DE CARPINTEIRO COM ENCARGOS COMPLEMENTARES","SEDI - SERVIÇOS DIVERSOS",null,"H",0.52900000000000003,null,23.87,12.62]
["Composição Auxiliar"," 88262 ","SINAPI","CARPINTEIRO DE FORMAS COM ENCARGOS COMPLEMENTARES","SEDI - SERVIÇOS DIVERSOS",null,"H",0.79,null,31.88,25.18]
["Composição Auxiliar"," 91692 ","SINAPI","SERRA CIRCULAR DE BANCADA COM MOTOR ELÉTRICO POTÊNCIA DE 5HP, COM COIFA PARA DISCO 10\" - CHP DIURNO. AF_08/2015","CHOR - CUSTOS HORÁRIOS DE MÁQUINAS E EQUIPAMENTOS",null,"CHP",6.6E-3,null,41.97,0.27]
["Composição Auxiliar"," 91693 ","SINAPI","SERRA CIRCULAR DE BANCADA COM MOTOR ELÉTRICO POTÊNCIA DE 5HP, COM COIFA PARA DISCO 10\" - CHI DIURNO. AF_08/2015","CHOR - CUSTOS HORÁRIOS DE MÁQUINAS E EQUIPAMENTOS",null,"CHI",2.64E-2,null,40.450000000000003,1.06]
["Composição Auxiliar"," 94974 ","SINAPI","CONCRETO MAGRO PARA LASTRO, TRAÇO 1:4,5:4,5 (EM MASSA SECA DE CIMENTO/ AREIA MÉDIA/ BRITA 1) - PREPARO MANUAL. AF_05/2021","FUES - FUNDAÇÕES E ESTRUTURAS",null,"m³",6.1000000000000004E-3,null,479.42,2.92]
["Insumo"," 00004491 ","SINAPI","PONTALETE *7,5 X 7,5* CM EM PINUS, MISTA OU EQUIVALENTE DA REGIAO - BRUTA","Material",null,"M",1.2273000000000001,null,9.5,11.65]
["Insumo"," 00005061 ","SINAPI","PREGO DE ACO POLIDO COM CABECA 18 X 27 (2 1/2 X 10)","Material",null,"KG",6.8000000000000005E-2,null,17.46,1.18]
["Insumo"," 00006194 ","SINAPI","TABUA *2,5 X 15 CM EM PINUS, MISTA OU EQUIVALENTE DA REGIAO - BRUTA","Material",null,"M",2,null,6.78,13.56]
["Insumo"," 00043681 ","SINAPI","CHAPA/PAINEL DE MADEIRA COMPENSADA RESINADA (MADEIRITE RESINADO ROSA) PARA FORMA DE CONCRETO, DE 2200 x 1100 MM, E = 8 A 12 MM","Material",null,"m²",1.050038,null,24.36,25.57]
[{"$nulls":4},"MO sem LS =>",28,"LS =>",0,"MO com LS =>",28]
[{"$nulls":4},"Valor do BDI =>",21.2,null,"Valor com BDI =>",null,115.21]
[{"$nulls":6},"Quant. =>",882.28,"Preço Total =>",101647.47]
[]
[" 3.2.7 ","Código","Banco","Descrição","Tipo",null,"Und","Quant.","Porcent.","Valor Unit","Total"]
["Composição"," 55.04.09 ","EMBASA","GUARITA",5504,null,"m²",1,null,354.88,354.88]
["Composição Auxiliar"," 15.05.04 ","EMBASA","LASTRO EM CONCRETO NAO ESTRUTURAL SOB PISOS, e=8cm",1505,null,"m²",1.2,null,60.94,73.12]
["Composição Auxiliar"," 15.05.07 ","EMBASA","PISO CIMENTADO, ALISADO",1505,null,"m²",1.2,null,43.95,52.74]
["Composição Auxiliar"," 15.07.04 ","EMBASA","PINTURA C/ PVA-LATEX, S/ MASSA, INCL. LIXAMENTO, EM DUAS DEMAOS",1507,null,"m²",0.255,null,15.31,3.9]
["Composição Auxiliar"," 50.21.01 ","EMBASA","(REVISADA) PREPARO DE CONCRETO FCK = 6,00 MPA, BRITAS 1 E 2",5021,null,"m³",8.4000000000000005E-2,null,500.56,42.04]
["Composição Auxiliar"," 55.01.13 ","EMBASA","ACERTO MANUAL DO TERRENO",55,null,"m²",1.2,null,0.9,1.08]
["Composição Auxiliar"," 55.06.22 ","EMBASA","PAINEIS EM COMPENSADO RESINADO 10MM",55,null,"m²",0.255,null,120.87,30.82]
["Composição Auxiliar"," 55.06.25 ","EMBASA","COBERTURA EM TELHA VOGATEX 4MM",55,null,"m²",1.2,null,123.39,148.06]
["Insumo"," D050000001 ","EMBASA","BARROTE AGRESTE 5 x 5 CM","Material",null,"M",0.48,null,6.51,3.12]
[{"$nulls":4},"MO sem LS =>",204.02,"LS =>",0,"MO com LS =>",204.02]
[{"$nulls":4},"Valor do BDI =>",80.06,null,"Valor com BDI =>",null,434.94]
[{"$nulls":6},"Quant. =>",6.1,"Preço Total =>",2653.13]
[]
[" 3.2.8 ","Código","Banco","Descrição","Tipo",null,"Und","Quant.","Porcent.","Valor Unit","Total"]
["Composição"," 93207 ","SINAPI","EXECUÇÃO DE ESCRITÓRIO EM CANTEIRO DE OBRA EM CHAPA DE MADEIRA COMPENSADA, NÃO INCLUSO MOBILIÁRIO E EQUIPAMENTOS. AF_02/2016","CANT - CANTEIRO DE OBRAS",null,"m²",1,null,1030.02,1030.02]
["Composição Auxiliar"," 100556 ","SINAPI","CAIXA DE PASSAGEM PARA TELEFONE 15X15X10CM (SOBREPOR), FORNECIMENTO E INSTALACAO. AF_11/2019","INES - INSTALAÇÕES ESPECIAIS",null,"UN",1.9300000000000001E-2,null,40.93,0.78]
["Composição Auxiliar"," 100665 ","SINAPI","JANELA DE MADEIRA - CEDRINHO/ANGELIM OU EQUIVALENTE DA REGIÃO - DE ABRIR COM 4 FOLHAS (2 VENEZIANAS E 2 GUILHOTINAS PARA VIDRO), COM BATENTE, ALIZAR E FERRAGENS. EXCLUSIVE VIDROS, ACABAMENTO E CONTRAMARCO. FORNECIMENTO E INSTALAÇÃO. AF_12/2019","ESQV - ESQUADRIAS/FERRAGENS/VIDROS",null,"m²",9.64E-2,null,723.51,69.739999999999995]
["Composição Auxiliar"," 101165 ","SINAPI","ALVENARIA DE EMBASAMENTO COM BLOCO ESTRUTURAL DE CONCRETO, DE 14X19X29CM E ARGAMASSA DE ASSENTAMENTO COM PREPARO EM BETONEIRA. AF_05/2020","FUES - FUNDAÇÕES E ESTRUTURAS",null,"m³",2.3900000000000001E-2,null,941.87,22.51]
["Composição Auxiliar"," 101875 ","SINAPI","QUADRO DE DISTRIBUIÇÃO DE ENERGIA EM CHAPA DE AÇO GALVANIZADO, DE EMBUTIR, COM BARRAMENTO TRIFÁSICO, PARA 12 DISJUNTORES DIN 100A - FORNECIMENTO E INSTALAÇÃO. AF_10/2020","INEL - INSTALAÇÃO ELÉTRICA/ELETRIFICAÇÃO E ILUMINAÇÃO EXTERNA",null,"UN",1.9300000000000001E-2,null,373.42,7.2]
["Composição Auxiliar"," 101891 ","SINAPI","DISJUNTOR MONOPOLAR TIPO NEMA, CORRENTE NOMINAL DE 35 ATÉ 50A - FORNECIMENTO E INSTALAÇÃO. AF_10/2020","INEL - INSTALAÇÃO ELÉTRICA/ELETRIFICAÇÃO E ILUMINAÇÃO EXTERNA",null,"UN",0.1734,null,27.05,4.6900000000000004]
["Composição Auxiliar"," 103328 ","SINAPI","ALVENARIA DE VEDAÇÃO DE BLOCOS CERÂMICOS FURADOS NA HORIZONTAL DE 9X19X19 CM (ESPESSURA 9 CM) E ARGAMASSA DE ASSENTAMENTO COM PREPARO EM BETONEIRA. AF_12/2021","PARE - PAREDES/PAINEIS",null,"m²",0.1023,null,99.01,10.119999999999999]
["Composição Auxiliar"," 86888 ","SINAPI","VASO SANITÁRIO SIFONADO COM CAIXA ACOPLADA LOUÇA BRANCA - FORNECIMENTO E INSTALAÇÃO. AF_01/2020","INHI - INSTALAÇÕES HIDROS SANITÁRIAS",null,"UN",3.85E-2,null,502.4,19.34]
["Composição Auxiliar"," 86934 ","SINAPI","BANCADA DE MÁRMORE SINTÉTICO 120 X 60CM, COM CUBA INTEGRADA, INCLUSO SIFÃO TIPO FLEXÍVEL EM PVC, VÁLVULA EM PLÁSTICO CROMADO TIPO AMERICANA E TORNEIRA CROMADA LONGA, DE PAREDE, PADRÃO POPULAR - FORNECIMENTO E INSTALAÇÃO. AF_01/2020","INHI - INSTALAÇÕES HIDROS SANITÁRIAS",null,"UN",1.9300000000000001E-2,null,418.71,8.08]
["Composição Auxiliar"," 86943 ","SINAPI","LAVATÓRIO LOUÇA BRANCA SUSPENSO, 29,5 X 39CM OU EQUIVALENTE, PADRÃO POPULAR, INCLUSO SIFÃO FLEXÍVEL EM PVC, VÁLVULA E ENGATE FLEXÍVEL 30CM EM PLÁSTICO E TORNEIRA CROMADA DE MESA, PADRÃO POPULAR - FORNECIMENTO E INSTALAÇÃO. AF_01/2020","INHI - INSTALAÇÕES HIDROS SANITÁRIAS",null,"UN",3.85E-2,null,263.98,10.16]
["Composição Auxiliar"," 87548 ","SINAPI","MASSA ÚNICA, PARA RECEBIMENTO DE PINTURA, EM ARGAMASSA TRAÇO 1:2:8, PREPARO MANUAL, APLICADA MANUALMENTE EM FACES INTERNAS DE PAREDES, ESPESSURA DE 10MM, COM EXECUÇÃO DE TALISCAS. AF_06/2014","REVE - REVESTIMENTO E TRATAMENTO DE SUPERFÍCIES",null,"m²",3.85E-2,null,31.87,1.22]
["Composição Auxiliar"," 87885 ","SINAPI","CHAPISCO APLICADO NO TETO OU EM ALVENARIA E ESTRUTURA, COM ROLO PARA TEXTURA ACRÍLICA. ARGAMASSA INDUSTRIALIZADA COM PREPARO EM MISTURADOR 300 KG. AF_10/2022","REVE - REVESTIMENTO E TRATAMENTO DE SUPERFÍCIES",null,"m²",0.20469999999999999,null,10.17,2.08]
["Composição Auxiliar"," 88489 ","SINAPI","PINTURA LÁTEX ACRÍLICA PREMIUM, APLICAÇÃO MANUAL EM PAREDES, DUAS DEMÃOS. AF_04/2023","PINT - PINTURAS",null,"m²",4.4976000000000003,null,13.66,61.43]
["Composição Auxiliar"," 89171 ","SINAPI","(COMPOSIÇÃO REPRESENTATIVA) DO SERVIÇO DE REVESTIMENTO CERÂMICO PARA PISO COM PLACAS TIPO ESMALTADA EXTRA DE DIMENSÕES 35X35 CM, PARA EDIFICAÇÃO HABITACIONAL UNIFAMILIAR (CASA) E EDIFICAÇÃO PÚBLICA PADRÃO. AF_11/2014","PISO - PISOS",null,"m²",8.0600000000000005E-2,null,53.82,4.33]
["Composição Auxiliar"," 89173 ","SINAPI","(COMPOSIÇÃO REPRESENTATIVA) DO SERVIÇO DE EMBOÇO/MASSA ÚNICA, APLICADO MANUALMENTE, TRAÇO 1:2:8, EM BETONEIRA DE 400L, PAREDES INTERNAS, COM EXECUÇÃO DE TALISCAS, EDIFICAÇÃO HABITACIONAL UNIFAMILIAR (CASAS) E EDIFICAÇÃO PÚBLICA PADRÃO. AF_12/2014","REVE - REVESTIMENTO E TRATAMENTO DE SUPERFÍCIES",null,"m²",0.20469999999999999,null,42.88,8.77]
["Composição Auxiliar"," 89482 ","SINAPI","CAIXA SIFONADA, PVC, DN 100 X 100 X 50 MM, FORNECIDA E INSTALADA EM RAMAIS DE ENCAMINHAMENTO DE ÁGUA PLUVIAL. AF_06/2022","INHI - INSTALAÇÕES HIDROS SANITÁRIAS",null,"UN",3.85E-2,null,34.68,1.33]
["Composição Auxiliar"," 89711 ","SINAPI","TUBO PVC, SERIE NORMAL, ESGOTO PREDIAL, DN 40 MM, FORNECIDO E INSTALADO EM RAMAL DE DESCARGA OU RAMAL DE ESGOTO SANITÁRIO. AF_08/2022","INHI - INSTALAÇÕES HIDROS SANITÁRIAS",null,"M",0.13880000000000001,null,21.35,2.96]
["Composição Auxiliar"," 89712 ","SINAPI","TUBO PVC, SERIE NORMAL, ESGOTO PREDIAL, DN 50 MM, FORNECIDO E INSTALADO EM RAMAL DE DESCARGA OU RAMAL DE ESGOTO SANITÁRIO. AF_08/2022","INHI - INSTALAÇÕES HIDROS SANITÁRIAS",null,"M",0.12529999999999999,null,26.18,3.28]
["Composição Auxiliar"," 89714 ","SINAPI","TUBO PVC, SERIE NORMAL, ESGOTO PREDIAL, DN 100 MM, FORNECIDO E INSTALADO EM RAMAL DE DESCARGA OU RAMAL DE ESGOTO SANITÁRIO. AF_08/2022","INHI - INSTALAÇÕES HIDROS SANITÁRIAS",null,"M",0.1472,null,36.47,5.36]
["Composição Auxiliar"," 89724 ","SINAPI","JOELHO 90 GRAUS, PVC, SERIE NORMAL, ESGOTO PREDIAL, DN 40 MM, JUNTA SOLDÁVEL, FORNECIDO E INSTALADO EM RAMAL DE DESCARGA OU RAMAL DE ESGOTO SANITÁRIO. AF_08/2022","INHI - INSTALAÇÕES HIDROS SANITÁRIAS",null,"UN",7.7100000000000002E-2,null,10.220000000000001,0.78]
["Composição Auxiliar"," 89726 ","SINAPI","JOELHO 45 GRAUS, PVC, SERIE NORMAL, ESGOTO PREDIAL, DN 40 MM, JUNTA SOLDÁVEL, FORNECIDO E INSTALADO EM RAMAL DE DESCARGA OU RAMAL DE ESGOTO SANITÁRIO. AF_08/2022","INHI - INSTALAÇÕES HIDROS SANITÁRIAS",null,"UN",5.7799999999999997E-2,null,10.39,0.6]
["Composição Auxiliar"," 89731 ","SINAPI","JOELHO 90 GRAUS, PVC, SERIE NORMAL, ESGOTO PREDIAL, DN 50 MM, JUNTA ELÁSTICA, FORNECIDO E INSTALADO EM RAMAL DE DESCARGA OU RAMAL DE ESGOTO SANITÁRIO. AF_08/2022","INHI - INSTALAÇÕES HIDROS SANITÁRIAS",null,"UN",1.9300000000000001E-2,null,14.92,0.28000000000000003]
["Composição Auxiliar"," 89748 ","SINAPI","CURVA CURTA 90 GRAUS, PVC, SERIE NORMAL, ESGOTO PREDIAL, DN 100 MM, JUNTA ELÁSTICA, FORNECIDO E INSTALADO EM RAMAL DE DESCARGA OU RAMAL DE ESGOTO SANITÁRIO. AF_08/2022","INHI - INSTALAÇÕES HIDROS SANITÁRIAS",null,"UN",5.7799999999999997E-2,null,37.979999999999997,2.19]
["Composição Auxiliar"," 89784 ","SINAPI","TE, PVC, SERIE NORMAL, ESGOTO PREDIAL, DN 50 X 50 MM, JUNTA ELÁSTICA, FORNECIDO E INSTALADO EM RAMAL DE DESCARGA OU RAMAL DE ESGOTO SANITÁRIO. AF_08/2022","INHI - INSTALAÇÕES HIDROS SANITÁRIAS",null,"UN",5.7799999999999997E-2,null,23.36,1.35]
["Composição Auxiliar"," 89796 ","SINAPI","TE, PVC, SERIE NORMAL, ESGOTO PREDIAL, DN 100 X 100 MM, JUNTA ELÁSTICA, FORNECIDO E INSTALADO EM RAMAL DE DESCARGA OU RAMAL DE ESGOTO SANITÁRIO. AF_08/2022","INHI - INSTALAÇÕES HIDROS SANITÁRIAS",null,"UN",3.85E-2,null,40.659999999999997,1.56]
["Composição Auxiliar"," 89957 ","SINAPI","PONTO DE CONSUMO TERMINAL DE ÁGUA FRIA (SUBRAMAL) COM TUBULAÇÃO DE PVC, DN 25 MM, INSTALADO EM RAMAL DE ÁGUA, INCLUSOS RASGO E CHUMBAMENTO EM ALVENARIA. AF_12/2014","INHI - INSTALAÇÕES HIDROS SANITÁRIAS",null,"UN",9.64E-2,null,146.72999999999999,14.14]
["Composição Auxiliar"," 90443 ","SINAPI","RASGO LINEAR MANUAL EM ALVENARIA, PARA RAMAIS/ DISTRIBUIÇÃO DE INSTALAÇÕES HIDRÁULICAS, DIÂMETROS MENORES OU IGUAIS A 40 MM. AF_09/2023","INHI - INSTALAÇÕES HIDROS SANITÁRIAS",null,"M",0.1002,null,8.93,0.89]
["Composição Auxiliar"," 90466 ","SINAPI","CHUMBAMENTO LINEAR EM ALVENARIA PARA RAMAIS/DISTRIBUIÇÃO DE INSTALAÇÕES HIDRÁULICAS COM DIÂMETROS MENORES OU IGUAIS A 40 MM. AF_09/2023","INHI - INSTALAÇÕES HIDROS SANITÁRIAS",null,"M",0.1002,null,16.98,1.7]
["Composição Auxiliar"," 90820 ","SINAPI","PORTA DE MADEIRA PARA PINTURA, SEMI-OCA (LEVE OU MÉDIA), 60X210CM, ESPESSURA DE 3,5CM, INCLUSO DOBRADIÇAS - FORNECIMENTO E INSTALAÇÃO. AF_12/2019","ESQV - ESQUADRIAS/FERRAGENS/VIDROS",null,"UN",3.85E-2,null,388.64,14.96]
["Composição Auxiliar"," 90822 ","SINAPI","PORTA DE MADEIRA PARA PINTURA, SEMI-OCA (LEVE OU MÉDIA), 80X210CM, ESPESSURA DE 3,5CM, INCLUSO DOBRADIÇAS - FORNECIMENTO E INSTALAÇÃO. AF_12/2019","ESQV - ESQUADRIAS/FERRAGENS/VIDROS",null,"UN",5.7799999999999997E-2,null,419.49,24.24]
["Composição Auxiliar"," 91170 ","SINAPI","FIXAÇÃO DE TUBOS HORIZONTAIS DE PVC ÁGUA, PVC ESGOTO, PVC ÁGUA PLUVIAL, CPVC, PPR, COBRE OU AÇO, DIÂMETROS MENORES OU IGUAIS A 40 MM, COM ABRAÇADEIRA METÁLICA RÍGIDA TIPO U PERFIL 1 1/4\u0094, FIXADA EM PERFILADO EM LAJE. AF_09/2023_PS","INHI - INSTALAÇÕES HIDROS SANITÁRIAS",null,"M",0.53,null,11.21,5.94]
["Composição Auxiliar"," 91173 ","SINAPI","FIXAÇÃO DE TUBOS VERTICAIS DE PVC ÁGUA, PVC ESGOTO, PVC ÁGUA PLUVIAL, CPVC, PPR, COBRE OU AÇO, DIÂMETROS MENORES OU IGUAIS A 40 MM, COM ABRAÇADEIRA METÁLICA RÍGIDA TIPO U PERFIL 1 1/4\u0094, FIXADA EM PERFILADO EM PAREDE. AF_09/2023_PS","INHI - INSTALAÇÕES HIDROS SANITÁRIAS",null,"M",1.7343999999999999,null,4.17,7.23]
["Composição Auxiliar"," 91341 ","SINAPI","PORTA EM ALUMÍNIO DE ABRIR TIPO VENEZIANA COM GUARNIÇÃO, FIXAÇÃO COM PARAFUSOS - FORNECIMENTO E INSTALAÇÃO. AF_12/2019","ESQV - ESQUADRIAS/FERRAGENS/VIDROS",null,"m²",3.2399999999999998E-2,null,430.65,13.95]
["Composição Auxiliar"," 91862 ","SINAPI","ELETRODUTO RÍGIDO ROSCÁVEL, PVC, DN 20 MM (1/2\"), PARA CIRCUITOS TERMINAIS, INSTALADO EM FORRO - FORNECIMENTO E INSTALAÇÃO. AF_03/2023","INEL - INSTALAÇÃO ELÉTRICA/ELETRIFICAÇÃO E ILUMINAÇÃO EXTERNA",null,"M",0.53,null,9.68,5.13]
["Composição Auxiliar"," 91870 ","SINAPI","ELETRODUTO RÍGIDO ROSCÁVEL, PVC, DN 20 MM (1/2\"), PARA CIRCUITOS TERMINAIS, INSTALADO EM PAREDE - FORNECIMENTO E INSTALAÇÃO. AF_03/2023","INEL - INSTALAÇÃO ELÉTRICA/ELETRIFICAÇÃO E ILUMINAÇÃO EXTERNA",null,"M",1.7343999999999999,null,12.98,22.51]
["Composição Auxiliar"," 91911 ","SINAPI","CURVA 90 GRAUS PARA ELETRODUTO, PVC, ROSCÁVEL, DN 20 MM (1/2\"), PARA CIRCUITOS TERMINAIS, INSTALADA EM PAREDE - FORNECIMENTO E INSTALAÇÃO. AF_03/2023","INEL - INSTALAÇÃO ELÉTRICA/ELETRIFICAÇÃO E ILUMINAÇÃO EXTERNA",null,"UN",0.19270000000000001,null,17.93,3.45]
["Composição Auxiliar"," 91924 ","SINAPI","CABO DE COBRE FLEXÍVEL ISOLADO, 1,5 MM², ANTI-CHAMA 450/750 V, PARA CIRCUITOS TERMINAIS - FORNECIMENTO E INSTALAÇÃO. AF_03/2023","INEL - INSTALAÇÃO ELÉTRICA/ELETRIFICAÇÃO E ILUMINAÇÃO EXTERNA",null,"M",1.4165000000000001,null,3.01,4.26]
["Composição Auxiliar"," 91926 ","SINAPI","CABO DE COBRE FLEXÍVEL ISOLADO, 2,5 MM², ANTI-CHAMA 450/750 V, PARA CIRCUITOS TERMINAIS - FORNECIMENTO E INSTALAÇÃO. AF_03/2023","INEL - INSTALAÇÃO ELÉTRICA/ELETRIFICAÇÃO E ILUMINAÇÃO EXTERNA",null,"M",3.4689000000000001,null,4.34,15.05]
["Composição Auxiliar"," 91928 ","SINAPI","CABO DE COBRE FLEXÍVEL ISOLADO, 4 MM², ANTI-CHAMA 450/750 V, PARA CIRCUITOS TERMINAIS - FORNECIMENTO E INSTALAÇÃO. AF_03/2023","INEL - INSTALAÇÃO ELÉTRICA/ELETRIFICAÇÃO E ILUMINAÇÃO EXTERNA",null,"M",2.0234999999999999,null,6.67,13.49]
["Composição Auxiliar"," 91937 ","SINAPI","CAIXA OCTOGONAL 3\" X 3\", PVC, INSTALADA EM LAJE - FORNECIMENTO E INSTALAÇÃO. AF_03/2023","INEL - INSTALAÇÃO ELÉTRICA/ELETRIFICAÇÃO E ILUMINAÇÃO EXTERNA",null,"UN",0.1734,null,16.43,2.84]
["Composição Auxiliar"," 91945 ","SINAPI","SUPORTE PARAFUSADO COM PLACA DE ENCAIXE 4\" X 2\" ALTO (2,00 M DO PISO) PARA PONTO ELÉTRICO - FORNECIMENTO E INSTALAÇÃO. AF_03/2023","INEL - INSTALAÇÃO ELÉTRICA/ELETRIFICAÇÃO E ILUMINAÇÃO EXTERNA",null,"UN",5.7799999999999997E-2,null,13.89,0.8]
["Composição Auxiliar"," 92000 ","SINAPI","TOMADA BAIXA DE EMBUTIR (1 MÓDULO), 2P+T 10 A, INCLUINDO SUPORTE E PLACA - FORNECIMENTO E INSTALAÇÃO. AF_03/2023","INEL - INSTALAÇÃO ELÉTRICA/ELETRIFICAÇÃO E ILUMINAÇÃO EXTERNA",null,"UN",7.7100000000000002E-2,null,30.03,2.31]
["Composição Auxiliar"," 92008 ","SINAPI","TOMADA BAIXA DE EMBUTIR (2 MÓDULOS), 2P+T 10 A, INCLUINDO SUPORTE E PLACA - FORNECIMENTO E INSTALAÇÃO. AF_03/2023","INEL - INSTALAÇÃO ELÉTRICA/ELETRIFICAÇÃO E ILUMINAÇÃO EXTERNA",null,"UN",0.1542,null,45.94,7.08]
["Composição Auxiliar"," 92023 ","SINAPI","INTERRUPTOR SIMPLES (1 MÓDULO) COM 1 TOMADA DE EMBUTIR 2P+T 10 A, INCLUINDO SUPORTE E PLACA - FORNECIMENTO E INSTALAÇÃO. AF_03/2023","INEL - INSTALAÇÃO ELÉTRICA/ELETRIFICAÇÃO E ILUMINAÇÃO EXTERNA",null,"UN",0.13489999999999999,null,48.96,6.6]
["Composição Auxiliar"," 92543 ","SINAPI","TRAMA DE MADEIRA COMPOSTA POR TERÇAS PARA TELHADOS DE ATÉ 2 ÁGUAS PARA TELHA ONDULADA DE FIBROCIMENTO, METÁLICA, PLÁSTICA OU TERMOACÚSTICA, INCLUSO TRANSPORTE VERTICAL. AF_07/2019","COBE - COBERTURA",null,"m²",1.3621000000000001,null,24.51,33.380000000000003]
["Composição Auxiliar"," 92981 ","SINAPI","CABO DE COBRE FLEXÍVEL ISOLADO, 16 MM², ANTI-CHAMA 450/750 V, PARA DISTRIBUIÇÃO - FORNECIMENTO E INSTALAÇÃO. AF_12/2015","INEL - INSTALAÇÃO ELÉTRICA/ELETRIFICAÇÃO E ILUMINAÇÃO EXTERNA",null,"M",0.19270000000000001,null,15.1,2.9]
["Composição Auxiliar"," 93358 ","SINAPI","ESCAVAÇÃO MANUAL DE VALA COM PROFUNDIDADE MENOR OU IGUAL A 1,30 M. AF_02/2021","MOVT - MOVIMENTO DE TERRA",null,"m³",2.3300000000000001E-2,null,91.89,2.14]
["Composição Auxiliar"," 93382 ","SINAPI","REATERRO MANUAL DE VALAS, COM COMPACTADOR DE SOLOS DE PERCUSSÃO. AF_08/2023","MOVT - MOVIMENTO DE TERRA",null,"m³",6.0000000000000001E-3,null,29.57,0.17]
["Composição Auxiliar"," 94210 ","SINAPI","TELHAMENTO COM TELHA ONDULADA DE FIBROCIMENTO E = 6 MM, COM RECOBRIMENTO LATERAL DE 1 1/4 DE ONDA PARA TELHADO COM INCLINAÇÃO MÁXIMA DE 10°, COM ATÉ 2 ÁGUAS, INCLUSO IÇAMENTO. AF_07/2019","COBE - COBERTURA",null,"m²",1.3621000000000001,null,53.08,72.3]
["Composição Auxiliar"," 94559 ","SINAPI","JANELA DE AÇO TIPO BASCULANTE PARA VIDROS, COM BATENTE, FERRAGENS E PINTURA ANTICORROSIVA. EXCLUSIVE VIDROS, ACABAMENTO, ALIZAR E CONTRAMARCO. FORNECIMENTO E INSTALAÇÃO. AF_12/2019","ESQV - ESQUADRIAS/FERRAGENS/VIDROS",null,"m²",2.8899999999999999E-2,null,701.64,20.27]
["Composição Auxiliar"," 95240 ","SINAPI","LASTRO DE CONCRETO MAGRO, APLICADO EM PISOS, LAJES SOBRE SOLO OU RADIERS, ESPESSURA DE 3 CM. AF_01/2024","FUES - FUNDAÇÕES E ESTRUTURAS",null,"m²",5.4000000000000003E-3,null,20.96,0.11]
["Composição Auxiliar"," 95241 ","SINAPI","LASTRO DE CONCRETO MAGRO, APLICADO EM PISOS, LAJES SOBRE SOLO OU RADIERS, ESPESSURA DE 5 CM. AF_01/2024","FUES - FUNDAÇÕES E ESTRUTURAS",null,"m²",1.3559000000000001,null,40.200000000000003,54.5]
["Composição Auxiliar"," 95805 ","SINAPI","CONDULETE DE PVC, TIPO B, PARA ELETRODUTO DE PVC SOLDÁVEL DN 25 MM (3/4''), APARENTE - FORNECIMENTO E INSTALAÇÃO. AF_10/2022","INEL - INSTALAÇÃO ELÉTRICA/ELETRIFICAÇÃO E ILUMINAÇÃO EXTERNA",null,"UN",0.28910000000000002,null,22.92,6.62]
["Composição Auxiliar"," 95811 ","SINAPI","CONDULETE DE PVC, TIPO LB, PARA ELETRODUTO DE PVC SOLDÁVEL DN 25 MM (3/4''), APARENTE - FORNECIMENTO E INSTALAÇÃO. AF_10/2022","INEL - INSTALAÇÃO ELÉTRICA/ELETRIFICAÇÃO E ILUMINAÇÃO EXTERNA",null,"UN",0.13489999999999999,null,18.7,2.52]
["Composição Auxiliar"," 96985 ","SINAPI","HASTE DE ATERRAMENTO, DIÂMETRO 5/8\", COM 3 METROS - FORNECIMENTO E INSTALAÇÃO. AF_08/2023","INEL - INSTALAÇÃO ELÉTRICA/ELETRIFICAÇÃO E ILUMINAÇÃO EXTERNA",null,"UN",3.85E-2,null,88.51,3.4]
["Composição Auxiliar"," 97586 ","SINAPI","LUMINÁRIA TIPO CALHA, DE SOBREPOR, COM 2 LÂMPADAS TUBULARES FLUORESCENTES DE 36 W, COM REATOR DE PARTIDA RÁPIDA - FORNECIMENTO E INSTALAÇÃO. AF_02/2020","INEL - INSTALAÇÃO ELÉTRICA/ELETRIFICAÇÃO E ILUMINAÇÃO EXTERNA",null,"UN",0.11559999999999999,null,171.07,19.77]
["Composição Auxiliar"," 97593 ","SINAPI","LUMINÁRIA TIPO SPOT, DE SOBREPOR, COM 1 LÂMPADA FLUORESCENTE DE 15 W, SEM REATOR - FORNECIMENTO E INSTALAÇÃO. AF_02/2020","INEL - INSTALAÇÃO ELÉTRICA/ELETRIFICAÇÃO E ILUMINAÇÃO EXTERNA",null,"UN",7.7100000000000002E-2,null,141.68,10.92]
["Composição Auxiliar"," 97611 ","SINAPI","LÂMPADA COMPACTA FLUORESCENTE DE 15 W, BASE E27 - FORNECIMENTO E INSTALAÇÃO. AF_02/2020","INEL - INSTALAÇÃO ELÉTRICA/ELETRIFICAÇÃO E ILUMINAÇÃO EXTERNA",null,"UN",3.85E-2,null,19.46,0.74]
["Composição Auxiliar"," 97612 ","SINAPI","LÂMPADA COMPACTA FLUORESCENTE DE 20 W, BASE E27 - FORNECIMENTO E INSTALAÇÃO. AF_02/2020","INEL - INSTALAÇÃO ELÉTRICA/ELETRIFICAÇÃO E ILUMINAÇÃO EXTERNA",null,"UN",3.85E-2,null,20.89,0.8]
["Composição Auxiliar"," 97886 ","SINAPI","CAIXA ENTERRADA ELÉTRICA RETANGULAR, EM ALVENARIA COM TIJOLOS CERÂMICOS MACIÇOS, FUNDO COM BRITA, DIMENSÕES INTERNAS: 0,3X0,3X0,3 M. AF_12/2020","INEL - INSTALAÇÃO ELÉTRICA/ELETRIFICAÇÃO E ILUMINAÇÃO EXTERNA",null,"UN",3.85E-2,null,180.07,6.93]
["Composição Auxiliar"," 97906 ","SINAPI","CAIXA ENTERRADA HIDRÁULICA RETANGULAR, EM ALVENARIA COM BLOCOS DE CONCRETO, DIMENSÕES INTERNAS: 0,6X0,6X0,6 M PARA REDE DE ESGOTO. AF_12/2020","INHI - INSTALAÇÕES HIDROS SANITÁRIAS",null,"UN",1.9300000000000001E-2,null,471.13,9.09]
["Composição Auxiliar"," 98283 ","SINAPI","CABO TELEFÔNICO CCI-50 4 PARES, SEM BLINDAGEM, INSTALADO EM DISTRIBUIÇÃO DE EDIFICAÇÃO RESIDENCIAL - FORNECIMENTO E INSTALAÇÃO. AF_11/2019","INES - INSTALAÇÕES ESPECIAIS",null,"M",0.61670000000000003,null,10.56,6.51]
["Composição Auxiliar"," 98441 ","SINAPI","PAREDE DE MADEIRA COMPENSADA PARA CONSTRUÇÃO TEMPORÁRIA EM CHAPA SIMPLES, EXTERNA, COM ÁREA LÍQUIDA MAIOR OU IGUAL A 6 M², SEM VÃO. AF_05/2018","CANT - CANTEIRO DE OBRAS",null,"m²",0.2979,null,94.05,28.01]
["Composição Auxiliar"," 98442 ","SINAPI","PAREDE DE MADEIRA COMPENSADA PARA CONSTRUÇÃO TEMPORÁRIA EM CHAPA SIMPLES, EXTERNA, COM ÁREA LÍQUIDA MENOR QUE 6 M², SEM VÃO. AF_05/2018","CANT - CANTEIRO DE OBRAS",null,"m²",0.34289999999999998,null,149.05000000000001,51.1]
["Composição Auxiliar"," 98443 ","SINAPI","PAREDE DE MADEIRA COMPENSADA PARA CONSTRUÇÃO TEMPORÁRIA EM CHAPA SIMPLES, INTERNA, COM ÁREA LÍQUIDA MAIOR OU IGUAL A 6 M², SEM VÃO. AF_05/2018","CANT - CANTEIRO DE OBRAS",null,"m²",0.15809999999999999,null,71.45,11.29]
["Composição Auxiliar"," 98444 ","SINAPI","PAREDE DE MADEIRA COMPENSADA PARA CONSTRUÇÃO TEMPORÁRIA EM CHAPA SIMPLES, INTERNA, COM ÁREA LÍQUIDA MENOR QUE 6 M², SEM VÃO. AF_05/2018","CANT - CANTEIRO DE OBRAS",null,"m²",0.182,null,126.71,23.06]
["Composição Auxiliar"," 98445 ","SINAPI","PAREDE DE MADEIRA COMPENSADA PARA CONSTRUÇÃO TEMPORÁRIA EM CHAPA SIMPLES, EXTERNA, COM ÁREA LÍQUIDA MAIOR OU IGUAL A 6 M², COM VÃO. AF_05/2018","CANT - CANTEIRO DE OBRAS",null,"m²",0.46539999999999998,null,112.32,52.27]
["Composição Auxiliar"," 98446 ","SINAPI","PAREDE DE MADEIRA COMPENSADA PARA CONSTRUÇÃO TEMPORÁRIA EM CHAPA SIMPLES, EXTERNA, COM ÁREA LÍQUIDA MENOR QUE 6 M², COM VÃO. AF_05/2018","CANT - CANTEIRO DE OBRAS",null,"m²",0.3629,null,146,52.98]
["Composição Auxiliar"," 98447 ","SINAPI","PAREDE DE MADEIRA COMPENSADA PARA CONSTRUÇÃO TEMPORÁRIA EM CHAPA SIMPLES, INTERNA, COM ÁREA LÍQUIDA MAIOR OU IGUAL A 6 M², COM VÃO. AF_05/2018","CANT - CANTEIRO DE OBRAS",null,"m²",0.247,null,86.06,21.25]
["Composição Auxiliar"," 98448 ","SINAPI","PAREDE DE MADEIRA COMPENSADA PARA CONSTRUÇÃO TEMPORÁRIA EM CHAPA SIMPLES, INTERNA, COM ÁREA LÍQUIDA MENOR QUE 6 M², COM VÃO. AF_05/2018","CANT - CANTEIRO DE OBRAS",null,"m²",0.19259999999999999,null,113.22,21.8]
["Insumo"," 00003080 ","SINAPI","FECHADURA ESPELHO PARA PORTA EXTERNA, EM ACO INOX (MAQUINA, TESTA E CONTRA-TESTA) E EM ZAMAC (MACANETA, LINGUETA E TRINCOS) COM ACABAMENTO CROMADO, MAQUINA DE 40 MM, INCLUINDO CHAVE TIPO CILINDRO","Material",null,"CJ",5.7799999999999997E-2,null,75.58,4.3600000000000003]
["Insumo"," 00003097 ","SINAPI","FECHADURA ROSETA REDONDA PARA PORTA DE BANHEIRO, EM ACO INOX (MAQUINA, TESTA E CONTRA-TESTA) E EM ZAMAC (MACANETA, LINGUETA E TRINCOS) COM ACABAMENTO CROMADO, MAQUINA DE 40 MM, INCLUINDO CHAVE TIPO TRANQUETA","Material",null,"CJ",3.85E-2,null,84.62,3.25]
["Insumo"," 00010886 ","SINAPI","EXTINTOR DE INCENDIO PORTATIL COM CARGA DE AGUA PRESSURIZADA DE 10 L, CLASSE A","Material",null,"UN",1.9300000000000001E-2,null,210,4.05]
["Insumo"," 00010891 ","SINAPI","EXTINTOR DE INCENDIO PORTATIL COM CARGA DE PO QUIMICO SECO (PQS) DE 4 KG, CLASSE BC","Material",null,"UN",1.9300000000000001E-2,null,203.07,3.91]
["Insumo"," 00011587 ","SINAPI","FORRO DE PVC LISO, BRANCO, REGUA DE 10 CM, ESPESSURA DE 8 MM A 10 MM (COM COLOCACAO / SEM ESTRUTURA METALICA)","Material",null,"m²",0.99380000000000002,null,83.43,82.91]
[{"$nulls":4},"MO sem LS =>",237.44,"LS =>",0,"MO com LS =>",237.44]
[{"$nulls":4},"Valor do BDI =>",232.37,null,"Valor com BDI =>",null,1262.3900000000001]
[{"$nulls":6},"Quant. =>",154.02000000000001,"Preço Total =>",194433.3]
[]
[" 3.2.9 ","Código","Banco","Descrição","Tipo",null,"Und","Quant.","Porcent.","Valor Unit","Total"]
["Composição"," 55.04.15 ","EMBASA","COZINHA E REFEITORIO",5504,null,"m²",1,null,423.24,423.24]
["Composição Auxiliar"," 15.05.04 ","EMBASA","LASTRO EM CONCRETO NAO ESTRUTURAL SOB PISOS, e=8cm",1505,null,"m²",1.2,null,60.94,73.12]
["Composição Auxiliar"," 15.05.07 ","EMBASA","PISO CIMENTADO, ALISADO",1505,null,"m²",1.2,null,43.95,52.74]
["Composição Auxiliar"," 15.07.04 ","EMBASA","PINTURA C/ PVA-LATEX, S/ MASSA, INCL. LIXAMENTO, EM DUAS DEMAOS",1507,null,"m²",1.29,null,15.31,19.739999999999998]
["Composição Auxiliar"," 55.01.13 ","EMBASA","ACERTO MANUAL DO TERRENO",55,null,"m²",1.2,null,0.9,1.08]
["Composição Auxiliar"," 55.06.22 ","EMBASA","PAINEIS EM COMPENSADO RESINADO 10MM",55,null,"m²",0.96,null,120.87,116.03]
["Composição Auxiliar"," 55.06.25 ","EMBASA","COBERTURA EM TELHA VOGATEX 4MM",55,null,"m²",1.2,null,123.39,148.06]
["Composição Auxiliar"," 55.06.34 ","EMBASA","PORTA COMPENSADA P/BARRACAO",55,null,"m²",0.06,null,107.42,6.44]
["Insumo"," D200000004 ","EMBASA","DOBRADICAS DE FERRO FE 8\"","Material",null,"UN",0.25,null,8.59,2.14]
["Insumo"," D200000034 ","EMBASA","FECHADURA DE FERRO P/PORTA BARRACAO","Material",null,"UN",3.5999999999999997E-2,null,34.4,1.23]
["Insumo"," D340000044 ","EMBASA","TELA EM PVC, TIPO MOSQUITEIRO","Material",null,"m²",0.4,null,6.67,2.66]
[{"$nulls":4},"MO sem LS =>",268.26,"LS =>",0,"MO com LS =>",268.26]
[{"$nulls":4},"Valor do BDI =>",95.48,null,"Valor com BDI =>",null,518.72]
[{"$nulls":6},"Quant. =>",257.14999999999998,"Preço Total =>",133388.84]
[]
[" 3.2.10 ","Código","Banco","Descrição","Tipo",null,"Und","Quant.","Porcent.","Valor Unit","Total"]
["Composição"," C0043 ","SEINFRA","ALOJAMENTO","CONSTRUÇÃO DO CANTEIRO DA OBRA",null,"m²",1,null,375.57,375.57]
["Composição Auxiliar"," C0836 ","SEINFRA","CONCRETO NÃO ESTRUTURAL PREPARO MANUAL","CONCRETOS",null,"m³",1.4800000000000001E-2,null,489.44,7.24]
["Composição Auxiliar"," C1915 ","SEINFRA","PISO CIMENTADO C/ ARGAMASSA DE CIMENTO E AREIA S/ PENEIRAR, TRAÇO 1:4, ESP.= 1.5cm","PISOS INTERNOS",null,"m²",1.3838999999999999,null,62.96,87.13]
["Composição Auxiliar"," 88316 ","SINAPI","SERVENTE COM ENCARGOS COMPLEMENTARES","SEDI - SERVIÇOS DIVERSOS",null,"H",2.5640999999999998,null,23.23,59.56]
["Composição Auxiliar"," 88262 ","SINAPI","CARPINTEIRO DE FORMAS COM ENCARGOS COMPLEMENTARES","SEDI - SERVIÇOS DIVERSOS",null,"H",2.0512999999999999,null,31.88,65.39]
["Composição Auxiliar"," 88309 ","SINAPI","PEDREIRO COM ENCARGOS COMPLEMENTARES","SEDI - SERVIÇOS DIVERSOS",null,"H",0.51280000000000003,null,32.270000000000003,16.54]
["Insumo"," I0197 ","SEINFRA","BARROTE DE 2\"x2\"","Material",null,"M",1.0256000000000001,null,6.89,7.06]
["Insumo"," I0198 ","SEINFRA","PONTALETE / BARROTE DE 3\"x3\" - APARELHADO","Material",null,"M",1.7094,null,22.11,37.79]
["Insumo"," I0400 ","SEINFRA","CADEADO MEDIO","Material",null,"UN",6.8400000000000002E-2,null,28.49,1.94]
["Insumo"," I0528 ","SEINFRA","CHAPA COMPENSADO RESINADO 10MM (1.10 X 2.20M)","Material",null,"m²",1.8120000000000001,null,35.950000000000003,65.14]
["Insumo"," I0983 ","SEINFRA","DISJUNTOR MONOPOLAR 20A","Material",null,"UN",3.4200000000000001E-2,null,11.09,0.37]
["Insumo"," I1075 ","SEINFRA","ELETRODUTO DE PVC RIGIDO   3/4''","Material",null,"M",0.1026,null,4.57,0.46]
["Insumo"," I1824 ","SEINFRA","RIPA DE PEROBA (MADEIRA DE 1A QUALIDADE) DE 1X5CM","Material",null,"M",0.86499999999999999,null,1.72,1.48]
["Insumo"," I2311 ","SEINFRA","DOBRADIÇA DE FERRO 3 x 2 1/2\" ( PADRÃO POPULAR )","Material",null,"UN",0.27350000000000002,null,12.14,3.32]
["Insumo"," I2331 ","SEINFRA","FECHADURA DE SOBREPOR","Material",null,"UN",6.8400000000000002E-2,null,53.12,3.63]
["Insumo"," I2340 ","SEINFRA","FIO DE COBRE ANTICHAMA 2.5MM2","Material",null,"M",3.21,null,1.74,5.58]
["Insumo"," I2357 ","SEINFRA","INTERRUPTOR DE SOBREPOR 1 SEÇÃO","Material",null,"UN",6.8400000000000002E-2,null,11.28,0.77]
["Insumo"," I2373 ","SEINFRA","LÂMPADA INCANDECENTE DE 100W","Material",null,"UN",0.1026,null,3.89,0.39]
["Insumo"," I2408 ","SEINFRA","PREGO 14X18 (1.1/2\" x 14) (APROXIMADAMENTE 708UN/KG)","Material",null,"KG",0.1026,null,17.23,1.76]
["Insumo"," I2429 ","SEINFRA","TABUA DE VIROLA DE 12\"x 1\"","Material",null,"m²",0.2051,null,36.64,7.51]
["Insumo"," I2433 ","SEINFRA","TARGETA DE FERRO 2\"","Material",null,"UN",0.1368,null,5.87,0.8]
["Insumo"," I2444 ","SEINFRA","TOMADA UNIVERSAL DE SOBREPOR (COMPLETA INCLUSIVE CAIXA)","Material",null,"UN",0.1026,null,16.760000000000002,1.71]
[{"$nulls":4},"MO sem LS =>",154.76,"LS =>",0,"MO com LS =>",154.76]
[{"$nulls":4},"Valor do BDI =>",84.72,null,"Valor com BDI =>",null,460.29]
[{"$nulls":6},"Quant. =>",468.06,"Preço Total =>",215443.33]
[]
[" 3.2.11 ","Código","Banco","Descrição","Tipo",null,"Und","Quant.","Porcent.","Valor Unit","Total"]
["Composição"," 93212 ","SINAPI","EXECUÇÃO DE SANITÁRIO E VESTIÁRIO EM CANTEIRO DE OBRA EM CHAPA DE MADEIRA COMPENSADA, NÃO INCLUSO MOBILIÁRIO. AF_02/2016","CANT - CANTEIRO DE OBRAS",null,"m²",1,null,965.41,965.41]
["Composição Auxiliar"," 100860 ","SINAPI","CHUVEIRO ELÉTRICO COMUM CORPO PLÁSTICO, TIPO DUCHA \u0096 FORNECIMENTO E INSTALAÇÃO. AF_01/2020","INHI - INSTALAÇÕES HIDROS SANITÁRIAS",null,"UN",6.9599999999999995E-2,null,103.89,7.23]
["Composição Auxiliar"," 101165 ","SINAPI","ALVENARIA DE EMBASAMENTO COM BLOCO ESTRUTURAL DE CONCRETO, DE 14X19X29CM E ARGAMASSA DE ASSENTAMENTO COM PREPARO EM BETONEIRA. AF_05/2020","FUES - FUNDAÇÕES E ESTRUTURAS",null,"m³",2.86E-2,null,941.87,26.93]
["Composição Auxiliar"," 101876 ","SINAPI","QUADRO DE DISTRIBUIÇÃO DE ENERGIA EM PVC, DE EMBUTIR, SEM BARRAMENTO, PARA 6 DISJUNTORES - FORNECIMENTO E INSTALAÇÃO. AF_10/2020","INEL - INSTALAÇÃO ELÉTRICA/ELETRIFICAÇÃO E ILUMINAÇÃO EXTERNA",null,"UN",1.7399999999999999E-2,null,81.180000000000007,1.41]
["Composição Auxiliar"," 101891 ","SINAPI","DISJUNTOR MONOPOLAR TIPO NEMA, CORRENTE NOMINAL DE 35 ATÉ 50A - FORNECIMENTO E INSTALAÇÃO. AF_10/2020","INEL - INSTALAÇÃO ELÉTRICA/ELETRIFICAÇÃO E ILUMINAÇÃO EXTERNA",null,"UN",0.10440000000000001,null,27.05,2.82]
["Composição Auxiliar"," 103328 ","SINAPI","ALVENARIA DE VEDAÇÃO DE BLOCOS CERÂMICOS FURADOS NA HORIZONTAL DE 9X19X19 CM (ESPESSURA 9 CM) E ARGAMASSA DE ASSENTAMENTO COM PREPARO EM BETONEIRA. AF_12/2021","PARE - PAREDES/PAINEIS",null,"m²",0.46750000000000003,null,99.01,46.28]
["Composição Auxiliar"," 86888 ","SINAPI","VASO SANITÁRIO SIFONADO COM CAIXA ACOPLADA LOUÇA BRANCA - FORNECIMENTO E INSTALAÇÃO. AF_01/2020","INHI - INSTALAÇÕES HIDROS SANITÁRIAS",null,"UN",5.2200000000000003E-2,null,502.4,26.22]
["Composição Auxiliar"," 86943 ","SINAPI","LAVATÓRIO LOUÇA BRANCA SUSPENSO, 29,5 X 39CM OU EQUIVALENTE, PADRÃO POPULAR, INCLUSO SIFÃO FLEXÍVEL EM PVC, VÁLVULA E ENGATE FLEXÍVEL 30CM EM PLÁSTICO E TORNEIRA CROMADA DE MESA, PADRÃO POPULAR - FORNECIMENTO E INSTALAÇÃO. AF_01/2020","INHI - INSTALAÇÕES HIDROS SANITÁRIAS",null,"UN",5.2200000000000003E-2,null,263.98,13.77]
["Composição Auxiliar"," 87548 ","SINAPI","MASSA ÚNICA, PARA RECEBIMENTO DE PINTURA, EM ARGAMASSA TRAÇO 1:2:8, PREPARO MANUAL, APLICADA MANUALMENTE EM FACES INTERNAS DE PAREDES, ESPESSURA DE 10MM, COM EXECUÇÃO DE TALISCAS. AF_06/2014","REVE - REVESTIMENTO E TRATAMENTO DE SUPERFÍCIES",null,"m²",0.18940000000000001,null,31.87,6.03]
["Composição Auxiliar"," 87777 ","SINAPI","EMBOÇO OU MASSA ÚNICA EM ARGAMASSA TRAÇO 1:2:8, PREPARO MANUAL, APLICADA MANUALMENTE EM PANOS DE FACHADA COM PRESENÇA DE VÃOS, ESPESSURA DE 25 MM. AF_08/2022","REVE - REVESTIMENTO E TRATAMENTO DE SUPERFÍCIES",null,"m²",0.1681,null,64.33,10.81]
["Composição Auxiliar"," 87885 ","SINAPI","CHAPISCO APLICADO NO TETO OU EM ALVENARIA E ESTRUTURA, COM ROLO PARA TEXTURA ACRÍLICA. ARGAMASSA INDUSTRIALIZADA COM PREPARO EM MISTURADOR 300 KG. AF_10/2022","REVE - REVESTIMENTO E TRATAMENTO DE SUPERFÍCIES",null,"m²",0.76790000000000003,null,10.17,7.8]
["Composição Auxiliar"," 87903 ","SINAPI","CHAPISCO APLICADO EM ALVENARIA (COM PRESENÇA DE VÃOS) E ESTRUTURAS DE CONCRETO DE FACHADA, COM ROLO PARA TEXTURA ACRÍLICA.  ARGAMASSA INDUSTRIALIZADA COM PREPARO EM MISTURADOR 300 KG. AF_10/2022","REVE - REVESTIMENTO E TRATAMENTO DE SUPERFÍCIES",null,"m²",0.1681,null,12.88,2.16]
["Composição Auxiliar"," 88489 ","SINAPI","PINTURA LÁTEX ACRÍLICA PREMIUM, APLICAÇÃO MANUAL EM PAREDES, DUAS DEMÃOS. AF_04/2023","PINT - PINTURAS",null,"m²",2.4441999999999999,null,13.66,33.380000000000003]
["Composição Auxiliar"," 89171 ","SINAPI","(COMPOSIÇÃO REPRESENTATIVA) DO SERVIÇO DE REVESTIMENTO CERÂMICO PARA PISO COM PLACAS TIPO ESMALTADA EXTRA DE DIMENSÕES 35X35 CM, PARA EDIFICAÇÃO HABITACIONAL UNIFAMILIAR (CASA) E EDIFICAÇÃO PÚBLICA PADRÃO. AF_11/2014","PISO - PISOS",null,"m²",0.46279999999999999,null,53.82,24.9]
["Composição Auxiliar"," 89173 ","SINAPI","(COMPOSIÇÃO REPRESENTATIVA) DO SERVIÇO DE EMBOÇO/MASSA ÚNICA, APLICADO MANUALMENTE, TRAÇO 1:2:8, EM BETONEIRA DE 400L, PAREDES INTERNAS, COM EXECUÇÃO DE TALISCAS, EDIFICAÇÃO HABITACIONAL UNIFAMILIAR (CASAS) E EDIFICAÇÃO PÚBLICA PADRÃO. AF_12/2014","REVE - REVESTIMENTO E TRATAMENTO DE SUPERFÍCIES",null,"m²",0.76790000000000003,null,42.88,32.92]
["Composição Auxiliar"," 89709 ","SINAPI","RALO SIFONADO, PVC, DN 100 X 40 MM, JUNTA SOLDÁVEL, FORNECIDO E INSTALADO EM RAMAL DE DESCARGA OU EM RAMAL DE ESGOTO SANITÁRIO. AF_08/2022","INHI - INSTALAÇÕES HIDROS SANITÁRIAS",null,"UN",6.9599999999999995E-2,null,18.940000000000001,1.31]
["Composição Auxiliar"," 89711 ","SINAPI","TUBO PVC, SERIE NORMAL, ESGOTO PREDIAL, DN 40 MM, FORNECIDO E INSTALADO EM RAMAL DE DESCARGA OU RAMAL DE ESGOTO SANITÁRIO. AF_08/2022","INHI - INSTALAÇÕES HIDROS SANITÁRIAS",null,"M",0.16309999999999999,null,21.35,3.48]
["Composição Auxiliar"," 89712 ","SINAPI","TUBO PVC, SERIE NORMAL, ESGOTO PREDIAL, DN 50 MM, FORNECIDO E INSTALADO EM RAMAL DE DESCARGA OU RAMAL DE ESGOTO SANITÁRIO. AF_08/2022","INHI - INSTALAÇÕES HIDROS SANITÁRIAS",null,"M",0.2235,null,26.18,5.85]
["Composição Auxiliar"," 89714 ","SINAPI","TUBO PVC, SERIE NORMAL, ESGOTO PREDIAL, DN 100 MM, FORNECIDO E INSTALADO EM RAMAL DE DESCARGA OU RAMAL DE ESGOTO SANITÁRIO. AF_08/2022","INHI - INSTALAÇÕES HIDROS SANITÁRIAS",null,"M",4.7E-2,null,36.47,1.71]
["Composição Auxiliar"," 89724 ","SINAPI","JOELHO 90 GRAUS, PVC, SERIE NORMAL, ESGOTO PREDIAL, DN 40 MM, JUNTA SOLDÁVEL, FORNECIDO E INSTALADO EM RAMAL DE DESCARGA OU RAMAL DE ESGOTO SANITÁRIO. AF_08/2022","INHI - INSTALAÇÕES HIDROS SANITÁRIAS",null,"UN",0.17399999999999999,null,10.220000000000001,1.77]
["Composição Auxiliar"," 89731 ","SINAPI","JOELHO 90 GRAUS, PVC, SERIE NORMAL, ESGOTO PREDIAL, DN 50 MM, JUNTA ELÁSTICA, FORNECIDO E INSTALADO EM RAMAL DE DESCARGA OU RAMAL DE ESGOTO SANITÁRIO. AF_08/2022","INHI - INSTALAÇÕES HIDROS SANITÁRIAS",null,"UN",1.7399999999999999E-2,null,14.92,0.25]
["Composição Auxiliar"," 89748 ","SINAPI","CURVA CURTA 90 GRAUS, PVC, SERIE NORMAL, ESGOTO PREDIAL, DN 100 MM, JUNTA ELÁSTICA, FORNECIDO E INSTALADO EM RAMAL DE DESCARGA OU RAMAL DE ESGOTO SANITÁRIO. AF_08/2022","INHI - INSTALAÇÕES HIDROS SANITÁRIAS",null,"UN",5.2200000000000003E-2,null,37.979999999999997,1.98]
["Composição Auxiliar"," 89784 ","SINAPI","TE, PVC, SERIE NORMAL, ESGOTO PREDIAL, DN 50 X 50 MM, JUNTA ELÁSTICA, FORNECIDO E INSTALADO EM RAMAL DE DESCARGA OU RAMAL DE ESGOTO SANITÁRIO. AF_08/2022","INHI - INSTALAÇÕES HIDROS SANITÁRIAS",null,"UN",1.7399999999999999E-2,null,23.36,0.4]
["Composição Auxiliar"," 89957 ","SINAPI","PONTO DE CONSUMO TERMINAL DE ÁGUA FRIA (SUBRAMAL) COM TUBULAÇÃO DE PVC, DN 25 MM, INSTALADO EM RAMAL DE ÁGUA, INCLUSOS RASGO E CHUMBAMENTO EM ALVENARIA. AF_12/2014","INHI - INSTALAÇÕES HIDROS SANITÁRIAS",null,"UN",0.17399999999999999,null,146.72999999999999,25.53]
["Composição Auxiliar"," 89970 ","SINAPI","KIT DE REGISTRO DE PRESSÃO BRUTO DE LATÃO ¾\", INCLUSIVE CONEXÕES, ROSCÁVEL, INSTALADO EM RAMAL DE ÁGUA FRIA - FORNECIMENTO E INSTALAÇÃO. AF_12/2014","INHI - INSTALAÇÕES HIDROS SANITÁRIAS",null,"UN",6.9599999999999995E-2,null,47.01,3.27]
["Composição Auxiliar"," 90443 ","SINAPI","RASGO LINEAR MANUAL EM ALVENARIA, PARA RAMAIS/ DISTRIBUIÇÃO DE INSTALAÇÕES HIDRÁULICAS, DIÂMETROS MENORES OU IGUAIS A 40 MM. AF_09/2023","INHI - INSTALAÇÕES HIDROS SANITÁRIAS",null,"M",7.22E-2,null,8.93,0.64]
["Composição Auxiliar"," 90466 ","SINAPI","CHUMBAMENTO LINEAR EM ALVENARIA PARA RAMAIS/DISTRIBUIÇÃO DE INSTALAÇÕES HIDRÁULICAS COM DIÂMETROS MENORES OU IGUAIS A 40 MM. AF_09/2023","INHI - INSTALAÇÕES HIDROS SANITÁRIAS",null,"M",7.22E-2,null,16.98,1.22]
["Composição Auxiliar"," 90822 ","SINAPI","PORTA DE MADEIRA PARA PINTURA, SEMI-OCA (LEVE OU MÉDIA), 80X210CM, ESPESSURA DE 3,5CM, INCLUSO DOBRADIÇAS - FORNECIMENTO E INSTALAÇÃO. AF_12/2019","ESQV - ESQUADRIAS/FERRAGENS/VIDROS",null,"UN",3.4799999999999998E-2,null,419.49,14.59]
["Composição Auxiliar"," 91170 ","SINAPI","FIXAÇÃO DE TUBOS HORIZONTAIS DE PVC ÁGUA, PVC ESGOTO, PVC ÁGUA PLUVIAL, CPVC, PPR, COBRE OU AÇO, DIÂMETROS MENORES OU IGUAIS A 40 MM, COM ABRAÇADEIRA METÁLICA RÍGIDA TIPO U PERFIL 1 1/4\u0094, FIXADA EM PERFILADO EM LAJE. AF_09/2023_PS","INHI - INSTALAÇÕES HIDROS SANITÁRIAS",null,"M",0.4612,null,11.21,5.17]
["Composição Auxiliar"," 91173 ","SINAPI","FIXAÇÃO DE TUBOS VERTICAIS DE PVC ÁGUA, PVC ESGOTO, PVC ÁGUA PLUVIAL, CPVC, PPR, COBRE OU AÇO, DIÂMETROS MENORES OU IGUAIS A 40 MM, COM ABRAÇADEIRA METÁLICA RÍGIDA TIPO U PERFIL 1 1/4\u0094, FIXADA EM PERFILADO EM PAREDE. AF_09/2023_PS","INHI - INSTALAÇÕES HIDROS SANITÁRIAS",null,"M",0.1827,null,4.17,0.76]
["Composição Auxiliar"," 91305 ","SINAPI","FECHADURA DE EMBUTIR PARA PORTA DE BANHEIRO, COMPLETA, ACABAMENTO PADRÃO POPULAR, INCLUSO EXECUÇÃO DE FURO - FORNECIMENTO E INSTALAÇÃO. AF_12/2019","ESQV - ESQUADRIAS/FERRAGENS/VIDROS",null,"UN",5.2200000000000003E-2,null,117.19,6.11]
["Composição Auxiliar"," 91862 ","SINAPI","ELETRODUTO RÍGIDO ROSCÁVEL, PVC, DN 20 MM (1/2\"), PARA CIRCUITOS TERMINAIS, INSTALADO EM FORRO - FORNECIMENTO E INSTALAÇÃO. AF_03/2023","INEL - INSTALAÇÃO ELÉTRICA/ELETRIFICAÇÃO E ILUMINAÇÃO EXTERNA",null,"M",0.33069999999999999,null,9.68,3.2]
["Composição Auxiliar"," 91863 ","SINAPI","ELETRODUTO RÍGIDO ROSCÁVEL, PVC, DN 25 MM (3/4\"), PARA CIRCUITOS TERMINAIS, INSTALADO EM FORRO - FORNECIMENTO E INSTALAÇÃO. AF_03/2023","INEL - INSTALAÇÃO ELÉTRICA/ELETRIFICAÇÃO E ILUMINAÇÃO EXTERNA",null,"M",0.1305,null,11.38,1.48]
["Composição Auxiliar"," 91870 ","SINAPI","ELETRODUTO RÍGIDO ROSCÁVEL, PVC, DN 20 MM (1/2\"), PARA CIRCUITOS TERMINAIS, INSTALADO EM PAREDE - FORNECIMENTO E INSTALAÇÃO. AF_03/2023","INEL - INSTALAÇÃO ELÉTRICA/ELETRIFICAÇÃO E ILUMINAÇÃO EXTERNA",null,"M",0.15659999999999999,null,12.98,2.0299999999999998]
["Composição Auxiliar"," 91871 ","SINAPI","ELETRODUTO RÍGIDO ROSCÁVEL, PVC, DN 25 MM (3/4\"), PARA CIRCUITOS TERMINAIS, INSTALADO EM PAREDE - FORNECIMENTO E INSTALAÇÃO. AF_03/2023","INEL - INSTALAÇÃO ELÉTRICA/ELETRIFICAÇÃO E ILUMINAÇÃO EXTERNA",null,"M",2.6100000000000002E-2,null,14.68,0.38]
["Composição Auxiliar"," 91875 ","SINAPI","LUVA PARA ELETRODUTO, PVC, ROSCÁVEL, DN 25 MM (3/4\"), PARA CIRCUITOS TERMINAIS, INSTALADA EM FORRO - FORNECIMENTO E INSTALAÇÃO. AF_03/2023","INEL - INSTALAÇÃO ELÉTRICA/ELETRIFICAÇÃO E ILUMINAÇÃO EXTERNA",null,"UN",3.4799999999999998E-2,null,8.8699999999999992,0.3]
["Composição Auxiliar"," 91882 ","SINAPI","LUVA PARA ELETRODUTO, PVC, ROSCÁVEL, DN 20 MM (1/2\"), PARA CIRCUITOS TERMINAIS, INSTALADA EM PAREDE - FORNECIMENTO E INSTALAÇÃO. AF_03/2023","INEL - INSTALAÇÃO ELÉTRICA/ELETRIFICAÇÃO E ILUMINAÇÃO EXTERNA",null,"UN",3.4799999999999998E-2,null,11.03,0.38]
["Composição Auxiliar"," 91890 ","SINAPI","CURVA 90 GRAUS PARA ELETRODUTO, PVC, ROSCÁVEL, DN 25 MM (3/4\"), PARA CIRCUITOS TERMINAIS, INSTALADA EM FORRO - FORNECIMENTO E INSTALAÇÃO. AF_03/2023","INEL - INSTALAÇÃO ELÉTRICA/ELETRIFICAÇÃO E ILUMINAÇÃO EXTERNA",null,"UN",1.7399999999999999E-2,null,14.19,0.24]
["Composição Auxiliar"," 91911 ","SINAPI","CURVA 90 GRAUS PARA ELETRODUTO, PVC, ROSCÁVEL, DN 20 MM (1/2\"), PARA CIRCUITOS TERMINAIS, INSTALADA EM PAREDE - FORNECIMENTO E INSTALAÇÃO. AF_03/2023","INEL - INSTALAÇÃO ELÉTRICA/ELETRIFICAÇÃO E ILUMINAÇÃO EXTERNA",null,"UN",6.9599999999999995E-2,null,17.93,1.24]
["Composição Auxiliar"," 91924 ","SINAPI","CABO DE COBRE FLEXÍVEL ISOLADO, 1,5 MM², ANTI-CHAMA 450/750 V, PARA CIRCUITOS TERMINAIS - FORNECIMENTO E INSTALAÇÃO. AF_03/2023","INEL - INSTALAÇÃO ELÉTRICA/ELETRIFICAÇÃO E ILUMINAÇÃO EXTERNA",null,"M",1.2529999999999999,null,3.01,3.77]
["Composição Auxiliar"," 91926 ","SINAPI","CABO DE COBRE FLEXÍVEL ISOLADO, 2,5 MM², ANTI-CHAMA 450/750 V, PARA CIRCUITOS TERMINAIS - FORNECIMENTO E INSTALAÇÃO. AF_03/2023","INEL - INSTALAÇÃO ELÉTRICA/ELETRIFICAÇÃO E ILUMINAÇÃO EXTERNA",null,"M",0.46989999999999998,null,4.34,2.0299999999999998]
["Composição Auxiliar"," 91928 ","SINAPI","CABO DE COBRE FLEXÍVEL ISOLADO, 4 MM², ANTI-CHAMA 450/750 V, PARA CIRCUITOS TERMINAIS - FORNECIMENTO E INSTALAÇÃO. AF_03/2023","INEL - INSTALAÇÃO ELÉTRICA/ELETRIFICAÇÃO E ILUMINAÇÃO EXTERNA",null,"M",1.0442,null,6.67,6.96]
["Composição Auxiliar"," 91937 ","SINAPI","CAIXA OCTOGONAL 3\" X 3\", PVC, INSTALADA EM LAJE - FORNECIMENTO E INSTALAÇÃO. AF_03/2023","INEL - INSTALAÇÃO ELÉTRICA/ELETRIFICAÇÃO E ILUMINAÇÃO EXTERNA",null,"UN",0.13919999999999999,null,16.43,2.2799999999999998]
["Composição Auxiliar"," 91959 ","SINAPI","INTERRUPTOR SIMPLES (2 MÓDULOS), 10A/250V, INCLUINDO SUPORTE E PLACA - FORNECIMENTO E INSTALAÇÃO. AF_03/2023","INEL - INSTALAÇÃO ELÉTRICA/ELETRIFICAÇÃO E ILUMINAÇÃO EXTERNA",null,"UN",1.7399999999999999E-2,null,43.48,0.75]
["Composição Auxiliar"," 91967 ","SINAPI","INTERRUPTOR SIMPLES (3 MÓDULOS), 10A/250V, INCLUINDO SUPORTE E PLACA - FORNECIMENTO E INSTALAÇÃO. AF_03/2023","INEL - INSTALAÇÃO ELÉTRICA/ELETRIFICAÇÃO E ILUMINAÇÃO EXTERNA",null,"UN",1.7399999999999999E-2,null,58.19,1.01]
["Composição Auxiliar"," 92000 ","SINAPI","TOMADA BAIXA DE EMBUTIR (1 MÓDULO), 2P+T 10 A, INCLUINDO SUPORTE E PLACA - FORNECIMENTO E INSTALAÇÃO. AF_03/2023","INEL - INSTALAÇÃO ELÉTRICA/ELETRIFICAÇÃO E ILUMINAÇÃO EXTERNA",null,"UN",3.4799999999999998E-2,null,30.03,1.04]
["Composição Auxiliar"," 92543 ","SINAPI","TRAMA DE MADEIRA COMPOSTA POR TERÇAS PARA TELHADOS DE ATÉ 2 ÁGUAS PARA TELHA ONDULADA DE FIBROCIMENTO, METÁLICA, PLÁSTICA OU TERMOACÚSTICA, INCLUSO TRANSPORTE VERTICAL. AF_07/2019","COBE - COBERTURA",null,"m²",1.3566,null,24.51,33.25]
["Composição Auxiliar"," 92981 ","SINAPI","CABO DE COBRE FLEXÍVEL ISOLADO, 16 MM², ANTI-CHAMA 450/750 V, PARA DISTRIBUIÇÃO - FORNECIMENTO E INSTALAÇÃO. AF_12/2015","INEL - INSTALAÇÃO ELÉTRICA/ELETRIFICAÇÃO E ILUMINAÇÃO EXTERNA",null,"M",0.2611,null,15.1,3.94]
["Composição Auxiliar"," 93358 ","SINAPI","ESCAVAÇÃO MANUAL DE VALA COM PROFUNDIDADE MENOR OU IGUAL A 1,30 M. AF_02/2021","MOVT - MOVIMENTO DE TERRA",null,"m³",2.7900000000000001E-2,null,91.89,2.56]
["Composição Auxiliar"," 93382 ","SINAPI","REATERRO MANUAL DE VALAS, COM COMPACTADOR DE SOLOS DE PERCUSSÃO. AF_08/2023","MOVT - MOVIMENTO DE TERRA",null,"m³",7.1999999999999998E-3,null,29.57,0.21]
["Composição Auxiliar"," 94210 ","SINAPI","TELHAMENTO COM TELHA ONDULADA DE FIBROCIMENTO E = 6 MM, COM RECOBRIMENTO LATERAL DE 1 1/4 DE ONDA PARA TELHADO COM INCLINAÇÃO MÁXIMA DE 10°, COM ATÉ 2 ÁGUAS, INCLUSO IÇAMENTO. AF_07/2019","COBE - COBERTURA",null,"m²",1.3566,null,53.08,72]
["Composição Auxiliar"," 94559 ","SINAPI","JANELA DE AÇO TIPO BASCULANTE PARA VIDROS, COM BATENTE, FERRAGENS E PINTURA ANTICORROSIVA. EXCLUSIVE VIDROS, ACABAMENTO, ALIZAR E CONTRAMARCO. FORNECIMENTO E INSTALAÇÃO. AF_12/2019","ESQV - ESQUADRIAS/FERRAGENS/VIDROS",null,"m²",9.0499999999999997E-2,null,701.64,63.49]
["Composição Auxiliar"," 95240 ","SINAPI","LASTRO DE CONCRETO MAGRO, APLICADO EM PISOS, LAJES SOBRE SOLO OU RADIERS, ESPESSURA DE 3 CM. AF_01/2024","FUES - FUNDAÇÕES E ESTRUTURAS",null,"m²",6.4000000000000003E-3,null,20.96,0.13]
["Composição Auxiliar"," 95241 ","SINAPI","LASTRO DE CONCRETO MAGRO, APLICADO EM PISOS, LAJES SOBRE SOLO OU RADIERS, ESPESSURA DE 5 CM. AF_01/2024","FUES - FUNDAÇÕES E ESTRUTURAS",null,"m²",1.3328,null,40.200000000000003,53.57]
["Composição Auxiliar"," 95805 ","SINAPI","CONDULETE DE PVC, TIPO B, PARA ELETRODUTO DE PVC SOLDÁVEL DN 25 MM (3/4''), APARENTE - FORNECIMENTO E INSTALAÇÃO. AF_10/2022","INEL - INSTALAÇÃO ELÉTRICA/ELETRIFICAÇÃO E ILUMINAÇÃO EXTERNA",null,"UN",1.7399999999999999E-2,null,22.92,0.39]
["Composição Auxiliar"," 95811 ","SINAPI","CONDULETE DE PVC, TIPO LB, PARA ELETRODUTO DE PVC SOLDÁVEL DN 25 MM (3/4''), APARENTE - FORNECIMENTO E INSTALAÇÃO. AF_10/2022","INEL - INSTALAÇÃO ELÉTRICA/ELETRIFICAÇÃO E ILUMINAÇÃO EXTERNA",null,"UN",5.2200000000000003E-2,null,18.7,0.97]
["Composição Auxiliar"," 96985 ","SINAPI","HASTE DE ATERRAMENTO, DIÂMETRO 5/8\", COM 3 METROS - FORNECIMENTO E INSTALAÇÃO. AF_08/2023","INEL - INSTALAÇÃO ELÉTRICA/ELETRIFICAÇÃO E ILUMINAÇÃO EXTERNA",null,"UN",5.2200000000000003E-2,null,88.51,4.62]
["Composição Auxiliar"," 97586 ","SINAPI","LUMINÁRIA TIPO CALHA, DE SOBREPOR, COM 2 LÂMPADAS TUBULARES FLUORESCENTES DE 36 W, COM REATOR DE PARTIDA RÁPIDA - FORNECIMENTO E INSTALAÇÃO. AF_02/2020","INEL - INSTALAÇÃO ELÉTRICA/ELETRIFICAÇÃO E ILUMINAÇÃO EXTERNA",null,"UN",0.13919999999999999,null,171.07,23.81]
["Composição Auxiliar"," 97886 ","SINAPI","CAIXA ENTERRADA ELÉTRICA RETANGULAR, EM ALVENARIA COM TIJOLOS CERÂMICOS MACIÇOS, FUNDO COM BRITA, DIMENSÕES INTERNAS: 0,3X0,3X0,3 M. AF_12/2020","INEL - INSTALAÇÃO ELÉTRICA/ELETRIFICAÇÃO E ILUMINAÇÃO EXTERNA",null,"UN",5.2200000000000003E-2,null,180.07,9.39]
["Composição Auxiliar"," 97906 ","SINAPI","CAIXA ENTERRADA HIDRÁULICA RETANGULAR, EM ALVENARIA COM BLOCOS DE CONCRETO, DIMENSÕES INTERNAS: 0,6X0,6X0,6 M PARA REDE DE ESGOTO. AF_12/2020","INHI - INSTALAÇÕES HIDROS SANITÁRIAS",null,"UN",3.4799999999999998E-2,null,471.13,16.39]
["Composição Auxiliar"," 98441 ","SINAPI","PAREDE DE MADEIRA COMPENSADA PARA CONSTRUÇÃO TEMPORÁRIA EM CHAPA SIMPLES, EXTERNA, COM ÁREA LÍQUIDA MAIOR OU IGUAL A 6 M², SEM VÃO. AF_05/2018","CANT - CANTEIRO DE OBRAS",null,"m²",0.26119999999999999,null,94.05,24.56]
["Composição Auxiliar"," 98442 ","SINAPI","PAREDE DE MADEIRA COMPENSADA PARA CONSTRUÇÃO TEMPORÁRIA EM CHAPA SIMPLES, EXTERNA, COM ÁREA LÍQUIDA MENOR QUE 6 M², SEM VÃO. AF_05/2018","CANT - CANTEIRO DE OBRAS",null,"m²",0.30070000000000002,null,149.05000000000001,44.81]
["Composição Auxiliar"," 98443 ","SINAPI","PAREDE DE MADEIRA COMPENSADA PARA CONSTRUÇÃO TEMPORÁRIA EM CHAPA SIMPLES, INTERNA, COM ÁREA LÍQUIDA MAIOR OU IGUAL A 6 M², SEM VÃO. AF_05/2018","CANT - CANTEIRO DE OBRAS",null,"m²",8.3000000000000004E-2,null,71.45,5.93]
["Composição Auxiliar"," 98444 ","SINAPI","PAREDE DE MADEIRA COMPENSADA PARA CONSTRUÇÃO TEMPORÁRIA EM CHAPA SIMPLES, INTERNA, COM ÁREA LÍQUIDA MENOR QUE 6 M², SEM VÃO. AF_05/2018","CANT - CANTEIRO DE OBRAS",null,"m²",9.5600000000000004E-2,null,126.71,12.11]
["Composição Auxiliar"," 98445 ","SINAPI","PAREDE DE MADEIRA COMPENSADA PARA CONSTRUÇÃO TEMPORÁRIA EM CHAPA SIMPLES, EXTERNA, COM ÁREA LÍQUIDA MAIOR OU IGUAL A 6 M², COM VÃO. AF_05/2018","CANT - CANTEIRO DE OBRAS",null,"m²",0.40810000000000002,null,112.32,45.83]
["Composição Auxiliar"," 98446 ","SINAPI","PAREDE DE MADEIRA COMPENSADA PARA CONSTRUÇÃO TEMPORÁRIA EM CHAPA SIMPLES, EXTERNA, COM ÁREA LÍQUIDA MENOR QUE 6 M², COM VÃO. AF_05/2018","CANT - CANTEIRO DE OBRAS",null,"m²",0.31819999999999998,null,146,46.45]
["Composição Auxiliar"," 98447 ","SINAPI","PAREDE DE MADEIRA COMPENSADA PARA CONSTRUÇÃO TEMPORÁRIA EM CHAPA SIMPLES, INTERNA, COM ÁREA LÍQUIDA MAIOR OU IGUAL A 6 M², COM VÃO. AF_05/2018","CANT - CANTEIRO DE OBRAS",null,"m²",0.12970000000000001,null,86.06,11.16]
["Composição Auxiliar"," 98448 ","SINAPI","PAREDE DE MADEIRA COMPENSADA PARA CONSTRUÇÃO TEMPORÁRIA EM CHAPA SIMPLES, INTERNA, COM ÁREA LÍQUIDA MENOR QUE 6 M², COM VÃO. AF_05/2018","CANT - CANTEIRO DE OBRAS",null,"m²",0.1011,null,113.22,11.44]
["Composição Auxiliar"," 98679 ","SINAPI","PISO CIMENTADO, TRAÇO 1:3 (CIMENTO E AREIA), ACABAMENTO LISO, ESPESSURA 2,0 CM, PREPARO MECÂNICO DA ARGAMASSA. AF_09/2020","PISO - PISOS",null,"m²",0.51339999999999997,null,44.12,22.65]
["Insumo"," 00003080 ","SINAPI","FECHADURA ESPELHO PARA PORTA EXTERNA, EM ACO INOX (MAQUINA, TESTA E CONTRA-TESTA) E EM ZAMAC (MACANETA, LINGUETA E TRINCOS) COM ACABAMENTO CROMADO, MAQUINA DE 40 MM, INCLUINDO CHAVE TIPO CILINDRO","Material",null,"CJ",3.4799999999999998E-2,null,75.58,2.63]
["Insumo"," 00003659 ","SINAPI","JUNCAO SIMPLES DE REDUCAO, PVC, DN 100 X 50 MM, SERIE NORMAL PARA ESGOTO PREDIAL","Material",null,"UN",1.7399999999999999E-2,null,14.35,0.24]
["Insumo"," 00003670 ","SINAPI","JUNCAO SIMPLES, PVC, 45 GRAUS, DN 100 X 100 MM, SERIE NORMAL PARA ESGOTO PREDIAL","Material",null,"UN",3.4799999999999998E-2,null,18.420000000000002,0.64]
["Insumo"," 00011587 ","SINAPI","FORRO DE PVC LISO, BRANCO, REGUA DE 10 CM, ESPESSURA DE 8 MM A 10 MM (COM COLOCACAO / SEM ESTRUTURA METALICA)","Material",null,"m²",0.97619999999999996,null,83.43,81.44]
["Insumo"," 00011697 ","SINAPI","MICTORIO COLETIVO ACO INOX (AISI 304), E = 0,8 MM, DE *100 X 40 X 30* CM (C X A X P)","Material",null,"UN",1.7399999999999999E-2,null,598.99,10.42]
["Insumo"," 00011712 ","SINAPI","CAIXA SIFONADA, PVC, 150 X 150 X 50 MM, COM GRELHA QUADRADA, BRANCA (NBR 5688)","Material",null,"UN",3.4799999999999998E-2,null,33.590000000000003,1.1599999999999999]
["Insumo"," 00021112 ","SINAPI","VALVULA DE DESCARGA EM METAL CROMADO PARA MICTORIO COM ACIONAMENTO POR PRESSAO E FECHAMENTO AUTOMATICO","Material",null,"UN",1.7399999999999999E-2,null,288.92,5.0199999999999996]
["Insumo"," 00043777 ","SINAPI","PORTA DE MADEIRA, FOLHA LEVE (NBR 15930), DE 600 X 2100 MM, E = 35 MM, NUCLEO COLMEIA, CAPA LISA EM HDF, ACABAMENTO MELAMINICO EM PADRAO MADEIRA","Material",null,"UN",4.4761799999999997E-2,null,232.66,10.41]
[{"$nulls":4},"MO sem LS =>",242.61,"LS =>",0,"MO com LS =>",242.61]
[{"$nulls":4},"Valor do BDI =>",217.79,null,"Valor com BDI =>",null,1183.2]
[{"$nulls":6},"Quant. =>",231.77,"Preço Total =>",274230.26]
[]
[" 3.2.12 ","Código","Banco","Descrição","Tipo",null,"Und","Quant.","Porcent.","Valor Unit","Total"]
["Composição"," 93208 ","SINAPI","EXECUÇÃO DE ALMOXARIFADO EM CANTEIRO DE OBRA EM CHAPA DE MADEIRA COMPENSADA, INCLUSO PRATELEIRAS. AF_02/2016","CANT - CANTEIRO DE OBRAS",null,"m²",1,null,831.45,831.45]
["Composição Auxiliar"," 101165 ","SINAPI","ALVENARIA DE EMBASAMENTO COM BLOCO ESTRUTURAL DE CONCRETO, DE 14X19X29CM E ARGAMASSA DE ASSENTAMENTO COM PREPARO EM BETONEIRA. AF_05/2020","FUES - FUNDAÇÕES E ESTRUTURAS",null,"m³",2.69E-2,null,941.87,25.33]
["Composição Auxiliar"," 101876 ","SINAPI","QUADRO DE DISTRIBUIÇÃO DE ENERGIA EM PVC, DE EMBUTIR, SEM BARRAMENTO, PARA 6 DISJUNTORES - FORNECIMENTO E INSTALAÇÃO. AF_10/2020","INEL - INSTALAÇÃO ELÉTRICA/ELETRIFICAÇÃO E ILUMINAÇÃO EXTERNA",null,"UN",2.52E-2,null,81.180000000000007,2.04]
["Composição Auxiliar"," 101891 ","SINAPI","DISJUNTOR MONOPOLAR TIPO NEMA, CORRENTE NOMINAL DE 35 ATÉ 50A - FORNECIMENTO E INSTALAÇÃO. AF_10/2020","INEL - INSTALAÇÃO ELÉTRICA/ELETRIFICAÇÃO E ILUMINAÇÃO EXTERNA",null,"UN",5.04E-2,null,27.05,1.36]
["Composição Auxiliar"," 88262 ","SINAPI","CARPINTEIRO DE FORMAS COM ENCARGOS COMPLEMENTARES","SEDI - SERVIÇOS DIVERSOS",null,"H",0.97940000000000005,null,31.88,31.22]
["Composição Auxiliar"," 88489 ","SINAPI","PINTURA LÁTEX ACRÍLICA PREMIUM, APLICAÇÃO MANUAL EM PAREDES, DUAS DEMÃOS. AF_04/2023","PINT - PINTURAS",null,"m²",3.7456999999999998,null,13.66,51.16]
["Composição Auxiliar"," 91170 ","SINAPI","FIXAÇÃO DE TUBOS HORIZONTAIS DE PVC ÁGUA, PVC ESGOTO, PVC ÁGUA PLUVIAL, CPVC, PPR, COBRE OU AÇO, DIÂMETROS MENORES OU IGUAIS A 40 MM, COM ABRAÇADEIRA METÁLICA RÍGIDA TIPO U PERFIL 1 1/4\u0094, FIXADA EM PERFILADO EM LAJE. AF_09/2023_PS","INHI - INSTALAÇÕES HIDROS SANITÁRIAS",null,"M",0.25180000000000002,null,11.21,2.82]
["Composição Auxiliar"," 91173 ","SINAPI","FIXAÇÃO DE TUBOS VERTICAIS DE PVC ÁGUA, PVC ESGOTO, PVC ÁGUA PLUVIAL, CPVC, PPR, COBRE OU AÇO, DIÂMETROS MENORES OU IGUAIS A 40 MM, COM ABRAÇADEIRA METÁLICA RÍGIDA TIPO U PERFIL 1 1/4\u0094, FIXADA EM PERFILADO EM PAREDE. AF_09/2023_PS","INHI - INSTALAÇÕES HIDROS SANITÁRIAS",null,"M",0.2266,null,4.17,0.94]
["Composição Auxiliar"," 91341 ","SINAPI","PORTA EM ALUMÍNIO DE ABRIR TIPO VENEZIANA COM GUARNIÇÃO, FIXAÇÃO COM PARAFUSOS - FORNECIMENTO E INSTALAÇÃO. AF_12/2019","ESQV - ESQUADRIAS/FERRAGENS/VIDROS",null,"m²",6.3399999999999998E-2,null,430.65,27.3]
["Composição Auxiliar"," 91862 ","SINAPI","ELETRODUTO RÍGIDO ROSCÁVEL, PVC, DN 20 MM (1/2\"), PARA CIRCUITOS TERMINAIS, INSTALADO EM FORRO - FORNECIMENTO E INSTALAÇÃO. AF_03/2023","INEL - INSTALAÇÃO ELÉTRICA/ELETRIFICAÇÃO E ILUMINAÇÃO EXTERNA",null,"M",0.25180000000000002,null,9.68,2.4300000000000002]
["Composição Auxiliar"," 91870 ","SINAPI","ELETRODUTO RÍGIDO ROSCÁVEL, PVC, DN 20 MM (1/2\"), PARA CIRCUITOS TERMINAIS, INSTALADO EM PAREDE - FORNECIMENTO E INSTALAÇÃO. AF_03/2023","INEL - INSTALAÇÃO ELÉTRICA/ELETRIFICAÇÃO E ILUMINAÇÃO EXTERNA",null,"M",0.2266,null,12.98,2.94]
["Composição Auxiliar"," 91911 ","SINAPI","CURVA 90 GRAUS PARA ELETRODUTO, PVC, ROSCÁVEL, DN 20 MM (1/2\"), PARA CIRCUITOS TERMINAIS, INSTALADA EM PAREDE - FORNECIMENTO E INSTALAÇÃO. AF_03/2023","INEL - INSTALAÇÃO ELÉTRICA/ELETRIFICAÇÃO E ILUMINAÇÃO EXTERNA",null,"UN",7.5499999999999998E-2,null,17.93,1.35]
["Composição Auxiliar"," 91924 ","SINAPI","CABO DE COBRE FLEXÍVEL ISOLADO, 1,5 MM², ANTI-CHAMA 450/750 V, PARA CIRCUITOS TERMINAIS - FORNECIMENTO E INSTALAÇÃO. AF_03/2023","INEL - INSTALAÇÃO ELÉTRICA/ELETRIFICAÇÃO E ILUMINAÇÃO EXTERNA",null,"M",0.62190000000000001,null,3.01,1.87]
["Composição Auxiliar"," 91926 ","SINAPI","CABO DE COBRE FLEXÍVEL ISOLADO, 2,5 MM², ANTI-CHAMA 450/750 V, PARA CIRCUITOS TERMINAIS - FORNECIMENTO E INSTALAÇÃO. AF_03/2023","INEL - INSTALAÇÃO ELÉTRICA/ELETRIFICAÇÃO E ILUMINAÇÃO EXTERNA",null,"M",0.67979999999999996,null,4.34,2.95]
["Composição Auxiliar"," 91937 ","SINAPI","CAIXA OCTOGONAL 3\" X 3\", PVC, INSTALADA EM LAJE - FORNECIMENTO E INSTALAÇÃO. AF_03/2023","INEL - INSTALAÇÃO ELÉTRICA/ELETRIFICAÇÃO E ILUMINAÇÃO EXTERNA",null,"UN",0.12590000000000001,null,16.43,2.06]
["Composição Auxiliar"," 92000 ","SINAPI","TOMADA BAIXA DE EMBUTIR (1 MÓDULO), 2P+T 10 A, INCLUINDO SUPORTE E PLACA - FORNECIMENTO E INSTALAÇÃO. AF_03/2023","INEL - INSTALAÇÃO ELÉTRICA/ELETRIFICAÇÃO E ILUMINAÇÃO EXTERNA",null,"UN",5.04E-2,null,30.03,1.51]
["Composição Auxiliar"," 92025 ","SINAPI","INTERRUPTOR SIMPLES (1 MÓDULO) COM 2 TOMADAS DE EMBUTIR 2P+T 10 A, INCLUINDO SUPORTE E PLACA - FORNECIMENTO E INSTALAÇÃO. AF_03/2023","INEL - INSTALAÇÃO ELÉTRICA/ELETRIFICAÇÃO E ILUMINAÇÃO EXTERNA",null,"UN",2.52E-2,null,69.22,1.74]
["Composição Auxiliar"," 92543 ","SINAPI","TRAMA DE MADEIRA COMPOSTA POR TERÇAS PARA TELHADOS DE ATÉ 2 ÁGUAS PARA TELHA ONDULADA DE FIBROCIMENTO, METÁLICA, PLÁSTICA OU TERMOACÚSTICA, INCLUSO TRANSPORTE VERTICAL. AF_07/2019","COBE - COBERTURA",null,"m²",1.4396,null,24.51,35.28]
["Composição Auxiliar"," 93358 ","SINAPI","ESCAVAÇÃO MANUAL DE VALA COM PROFUNDIDADE MENOR OU IGUAL A 1,30 M. AF_02/2021","MOVT - MOVIMENTO DE TERRA",null,"m³",2.6200000000000001E-2,null,91.89,2.4]
["Composição Auxiliar"," 93382 ","SINAPI","REATERRO MANUAL DE VALAS, COM COMPACTADOR DE SOLOS DE PERCUSSÃO. AF_08/2023","MOVT - MOVIMENTO DE TERRA",null,"m³",6.7000000000000002E-3,null,29.57,0.19]
["Composição Auxiliar"," 94210 ","SINAPI","TELHAMENTO COM TELHA ONDULADA DE FIBROCIMENTO E = 6 MM, COM RECOBRIMENTO LATERAL DE 1 1/4 DE ONDA PARA TELHADO COM INCLINAÇÃO MÁXIMA DE 10°, COM ATÉ 2 ÁGUAS, INCLUSO IÇAMENTO. AF_07/2019","COBE - COBERTURA",null,"m²",1.4396,null,53.08,76.41]
["Composição Auxiliar"," 94559 ","SINAPI","JANELA DE AÇO TIPO BASCULANTE PARA VIDROS, COM BATENTE, FERRAGENS E PINTURA ANTICORROSIVA. EXCLUSIVE VIDROS, ACABAMENTO, ALIZAR E CONTRAMARCO. FORNECIMENTO E INSTALAÇÃO. AF_12/2019","ESQV - ESQUADRIAS/FERRAGENS/VIDROS",null,"m²",7.5499999999999998E-2,null,701.64,52.97]
["Composição Auxiliar"," 95240 ","SINAPI","LASTRO DE CONCRETO MAGRO, APLICADO EM PISOS, LAJES SOBRE SOLO OU RADIERS, ESPESSURA DE 3 CM. AF_01/2024","FUES - FUNDAÇÕES E ESTRUTURAS",null,"m²",6.0000000000000001E-3,null,20.96,0.12]
["Composição Auxiliar"," 95241 ","SINAPI","LASTRO DE CONCRETO MAGRO, APLICADO EM PISOS, LAJES SOBRE SOLO OU RADIERS, ESPESSURA DE 5 CM. AF_01/2024","FUES - FUNDAÇÕES E ESTRUTURAS",null,"m²",1.4396,null,40.200000000000003,57.87]
["Composição Auxiliar"," 95805 ","SINAPI","CONDULETE DE PVC, TIPO B, PARA ELETRODUTO DE PVC SOLDÁVEL DN 25 MM (3/4''), APARENTE - FORNECIMENTO E INSTALAÇÃO. AF_10/2022","INEL - INSTALAÇÃO ELÉTRICA/ELETRIFICAÇÃO E ILUMINAÇÃO EXTERNA",null,"UN",5.04E-2,null,22.92,1.1499999999999999]
["Composição Auxiliar"," 95811 ","SINAPI","CONDULETE DE PVC, TIPO LB, PARA ELETRODUTO DE PVC SOLDÁVEL DN 25 MM (3/4''), APARENTE - FORNECIMENTO E INSTALAÇÃO. AF_10/2022","INEL - INSTALAÇÃO ELÉTRICA/ELETRIFICAÇÃO E ILUMINAÇÃO EXTERNA",null,"UN",2.52E-2,null,18.7,0.47]
["Composição Auxiliar"," 97586 ","SINAPI","LUMINÁRIA TIPO CALHA, DE SOBREPOR, COM 2 LÂMPADAS TUBULARES FLUORESCENTES DE 36 W, COM REATOR DE PARTIDA RÁPIDA - FORNECIMENTO E INSTALAÇÃO. AF_02/2020","INEL - INSTALAÇÃO ELÉTRICA/ELETRIFICAÇÃO E ILUMINAÇÃO EXTERNA",null,"UN",0.1007,null,171.07,17.22]
["Composição Auxiliar"," 97593 ","SINAPI","LUMINÁRIA TIPO SPOT, DE SOBREPOR, COM 1 LÂMPADA FLUORESCENTE DE 15 W, SEM REATOR - FORNECIMENTO E INSTALAÇÃO. AF_02/2020","INEL - INSTALAÇÃO ELÉTRICA/ELETRIFICAÇÃO E ILUMINAÇÃO EXTERNA",null,"UN",2.52E-2,null,141.68,3.57]
["Composição Auxiliar"," 97611 ","SINAPI","LÂMPADA COMPACTA FLUORESCENTE DE 15 W, BASE E27 - FORNECIMENTO E INSTALAÇÃO. AF_02/2020","INEL - INSTALAÇÃO ELÉTRICA/ELETRIFICAÇÃO E ILUMINAÇÃO EXTERNA",null,"UN",2.52E-2,null,19.46,0.49]
["Composição Auxiliar"," 98441 ","SINAPI","PAREDE DE MADEIRA COMPENSADA PARA CONSTRUÇÃO TEMPORÁRIA EM CHAPA SIMPLES, EXTERNA, COM ÁREA LÍQUIDA MAIOR OU IGUAL A 6 M², SEM VÃO. AF_05/2018","CANT - CANTEIRO DE OBRAS",null,"m²",0.35170000000000001,null,94.05,33.07]
["Composição Auxiliar"," 98442 ","SINAPI","PAREDE DE MADEIRA COMPENSADA PARA CONSTRUÇÃO TEMPORÁRIA EM CHAPA SIMPLES, EXTERNA, COM ÁREA LÍQUIDA MENOR QUE 6 M², SEM VÃO. AF_05/2018","CANT - CANTEIRO DE OBRAS",null,"m²",0.40479999999999999,null,149.05000000000001,60.33]
["Composição Auxiliar"," 98443 ","SINAPI","PAREDE DE MADEIRA COMPENSADA PARA CONSTRUÇÃO TEMPORÁRIA EM CHAPA SIMPLES, INTERNA, COM ÁREA LÍQUIDA MAIOR OU IGUAL A 6 M², SEM VÃO. AF_05/2018","CANT - CANTEIRO DE OBRAS",null,"m²",2.81E-2,null,71.45,2]
["Composição Auxiliar"," 98444 ","SINAPI","PAREDE DE MADEIRA COMPENSADA PARA CONSTRUÇÃO TEMPORÁRIA EM CHAPA SIMPLES, INTERNA, COM ÁREA LÍQUIDA MENOR QUE 6 M², SEM VÃO. AF_05/2018","CANT - CANTEIRO DE OBRAS",null,"m²",3.2300000000000002E-2,null,126.71,4.09]
["Composição Auxiliar"," 98445 ","SINAPI","PAREDE DE MADEIRA COMPENSADA PARA CONSTRUÇÃO TEMPORÁRIA EM CHAPA SIMPLES, EXTERNA, COM ÁREA LÍQUIDA MAIOR OU IGUAL A 6 M², COM VÃO. AF_05/2018","CANT - CANTEIRO DE OBRAS",null,"m²",0.54949999999999999,null,112.32,61.71]
["Composição Auxiliar"," 98446 ","SINAPI","PAREDE DE MADEIRA COMPENSADA PARA CONSTRUÇÃO TEMPORÁRIA EM CHAPA SIMPLES, EXTERNA, COM ÁREA LÍQUIDA MENOR QUE 6 M², COM VÃO. AF_05/2018","CANT - CANTEIRO DE OBRAS",null,"m²",0.4284,null,146,62.54]
["Composição Auxiliar"," 98447 ","SINAPI","PAREDE DE MADEIRA COMPENSADA PARA CONSTRUÇÃO TEMPORÁRIA EM CHAPA SIMPLES, INTERNA, COM ÁREA LÍQUIDA MAIOR OU IGUAL A 6 M², COM VÃO. AF_05/2018","CANT - CANTEIRO DE OBRAS",null,"m²",4.3900000000000002E-2,null,86.06,3.77]
["Composição Auxiliar"," 98448 ","SINAPI","PAREDE DE MADEIRA COMPENSADA PARA CONSTRUÇÃO TEMPORÁRIA EM CHAPA SIMPLES, INTERNA, COM ÁREA LÍQUIDA MENOR QUE 6 M², COM VÃO. AF_05/2018","CANT - CANTEIRO DE OBRAS",null,"m²",3.4200000000000001E-2,null,113.22,3.87]
["Insumo"," 00004513 ","SINAPI","CAIBRO 5 X 5 CM EM PINUS, MISTA OU EQUIVALENTE DA REGIAO - BRUTA","Material",null,"M",3.4843999999999999,null,6.68,23.27]
["Insumo"," 00006193 ","SINAPI","TABUA NAO APARELHADA *2,5 X 20* CM, EM MACARANDUBA/MASSARANDUBA, ANGELIM OU EQUIVALENTE DA REGIAO - BRUTA","Material",null,"M",3.9174000000000002,null,19.239999999999998,75.37]
["Insumo"," 00010886 ","SINAPI","EXTINTOR DE INCENDIO PORTATIL COM CARGA DE AGUA PRESSURIZADA DE 10 L, CLASSE A","Material",null,"UN",2.52E-2,null,210,5.29]
["Insumo"," 00010891 ","SINAPI","EXTINTOR DE INCENDIO PORTATIL COM CARGA DE PO QUIMICO SECO (PQS) DE 4 KG, CLASSE BC","Material",null,"UN",2.52E-2,null,203.07,5.1100000000000003]
["Insumo"," 00011455 ","SINAPI","FERROLHO COM FECHO / TRINCO REDONDO, EM ACO GALVANIZADO / ZINCADO, DE SOBREPOR, COM COMPRIMENTO DE 8\" E ESPESSURA MINIMA DA CHAPA DE 1,50 MM","Material",null,"UN",2.52E-2,null,17.489999999999998,0.44]
["Insumo"," 00011587 ","SINAPI","FORRO DE PVC LISO, BRANCO, REGUA DE 10 CM, ESPESSURA DE 8 MM A 10 MM (COM COLOCACAO / SEM ESTRUTURA METALICA)","Material",null,"m²",1,null,83.43,83.43]
[{"$nulls":4},"MO sem LS =>",175.41,"LS =>",0,"MO com LS =>",175.41]
[{"$nulls":4},"Valor do BDI =>",187.57,null,"Valor com BDI =>",null,1019.02]
[{"$nulls":6},"Quant. =>",104.88,"Preço Total =>",106874.81]
[]
[" 3.2.13 ","Código","Banco","Descrição","Tipo",null,"Und","Quant.","Porcent.","Valor Unit","Total"]
["Composição"," 55.04.08 ","EMBASA","AMBULATORIO",5504,null,"m²",1,null,499.15,499.15]
["Composição Auxiliar"," 15.05.04 ","EMBASA","LASTRO EM CONCRETO NAO ESTRUTURAL SOB PISOS, e=8cm",1505,null,"m²",1.2,null,60.94,73.12]
["Composição Auxiliar"," 15.05.07 ","EMBASA","PISO CIMENTADO, ALISADO",1505,null,"m²",1.2,null,43.95,52.74]
["Composição Auxiliar"," 15.07.04 ","EMBASA","PINTURA C/ PVA-LATEX, S/ MASSA, INCL. LIXAMENTO, EM DUAS DEMAOS",1507,null,"m²",2.66,null,15.31,40.72]
["Composição Auxiliar"," 55.01.13 ","EMBASA","ACERTO MANUAL DO TERRENO",55,null,"m²",1.2,null,0.9,1.08]
["Composição Auxiliar"," 55.06.22 ","EMBASA","PAINEIS EM COMPENSADO RESINADO 10MM",55,null,"m²",1.2,null,120.87,145.04]
["Composição Auxiliar"," 55.06.25 ","EMBASA","COBERTURA EM TELHA VOGATEX 4MM",55,null,"m²",1.2,null,123.39,148.06]
["Composição Auxiliar"," 55.06.31 ","EMBASA","FORRO COMPENSADO RESINADO P/BARRACAO",55,null,"m²",0.4,null,45.42,18.16]
["Composição Auxiliar"," 55.06.34 ","EMBASA","PORTA COMPENSADA P/BARRACAO",55,null,"m²",0.13,null,107.42,13.96]
["Insumo"," D200000004 ","EMBASA","DOBRADICAS DE FERRO FE 8\"","Material",null,"UN",0.41,null,8.59,3.52]
["Insumo"," D200000034 ","EMBASA","FECHADURA DE FERRO P/PORTA BARRACAO","Material",null,"UN",0.08,null,34.4,2.75]
[{"$nulls":4},"MO sem LS =>",317.95,"LS =>",0,"MO com LS =>",317.95]
[{"$nulls":4},"Valor do BDI =>",112.6,null,"Valor com BDI =>",null,611.75]
[{"$nulls":6},"Quant. =>",83,"Preço Total =>",50775.25]
[]
[" 3.2.14 ","Código","Banco","Descrição","Tipo",null,"Und","Quant.","Porcent.","Valor Unit","Total"]
["Composição"," 55.04.14 ","EMBASA","CANTINA",5504,null,"m²",1,null,420.58,420.58]
["Composição Auxiliar"," 15.05.04 ","EMBASA","LASTRO EM CONCRETO NAO ESTRUTURAL SOB PISOS, e=8cm",1505,null,"m²",1.2,null,60.94,73.12]
["Composição Auxiliar"," 15.05.07 ","EMBASA","PISO CIMENTADO, ALISADO",1505,null,"m²",1.2,null,43.95,52.74]
["Composição Auxiliar"," 15.07.04 ","EMBASA","PINTURA C/ PVA-LATEX, S/ MASSA, INCL. LIXAMENTO, EM DUAS DEMAOS",1507,null,"m²",1.29,null,15.31,19.739999999999998]
["Composição Auxiliar"," 55.01.13 ","EMBASA","ACERTO MANUAL DO TERRENO",55,null,"m²",1.2,null,0.9,1.08]
["Composição Auxiliar"," 55.06.22 ","EMBASA","PAINEIS EM COMPENSADO RESINADO 10MM",55,null,"m²",0.96,null,120.87,116.03]
["Composição Auxiliar"," 55.06.25 ","EMBASA","COBERTURA EM TELHA VOGATEX 4MM",55,null,"m²",1.2,null,123.39,148.06]
["Composição Auxiliar"," 55.06.34 ","EMBASA","PORTA COMPENSADA P/BARRACAO",55,null,"m²",0.06,null,107.42,6.44]
["Insumo"," D200000004 ","EMBASA","DOBRADICAS DE FERRO FE 8\"","Material",null,"UN",0.25,null,8.59,2.14]
["Insumo"," D200000034 ","EMBASA","FECHADURA DE FERRO P/PORTA BARRACAO","Material",null,"UN",3.5999999999999997E-2,null,34.4,1.23]
[{"$nulls":4},"MO sem LS =>",268.26,"LS =>",0,"MO com LS =>",268.26]
[{"$nulls":4},"Valor do BDI =>",94.88,null,"Valor com BDI =>",null,515.46]
[{"$nulls":6},"Quant. =>",135.75,"Preço Total =>",69973.69]
[]
[" 3.2.15 ","Código","Banco","Descrição","Tipo",null,"Und","Quant.","Porcent.","Valor Unit","Total"]
["Composição"," 55.04.23 ","EMBASA","OFICINA MECANICA",5504,null,"m²",1,null,312.83999999999997,312.83999999999997]
["Composição Auxiliar"," 15.05.04 ","EMBASA","LASTRO EM CONCRETO NAO ESTRUTURAL SOB PISOS, e=8cm",1505,null,"m²",1.2,null,60.94,73.12]
["Composição Auxiliar"," 15.05.07 ","EMBASA","PISO CIMENTADO, ALISADO",1505,null,"m²",1.2,null,43.95,52.74]
["Composição Auxiliar"," 15.07.04 ","EMBASA","PINTURA C/ PVA-LATEX, S/ MASSA, INCL. LIXAMENTO, EM DUAS DEMAOS",1507,null,"m²",0.255,null,15.31,3.9]
["Composição Auxiliar"," 55.01.13 ","EMBASA","ACERTO MANUAL DO TERRENO",55,null,"m²",1.2,null,0.9,1.08]
["Composição Auxiliar"," 55.06.22 ","EMBASA","PAINEIS EM COMPENSADO RESINADO 10MM",55,null,"m²",0.255,null,120.87,30.82]
["Composição Auxiliar"," 55.06.25 ","EMBASA","COBERTURA EM TELHA VOGATEX 4MM",55,null,"m²",1.2,null,123.39,148.06]
["Insumo"," D050000001 ","EMBASA","BARROTE AGRESTE 5 x 5 CM","Material",null,"M",0.48,null,6.51,3.12]
[{"$nulls":4},"MO sem LS =>",197.95,"LS =>",0,"MO com LS =>",197.95]
[{"$nulls":4},"Valor do BDI =>",70.569999999999993,null,"Valor com BDI =>",null,383.41]
[{"$nulls":6},"Quant. =>",215.14,"Preço Total =>",82486.820000000007]
[]
[" 3.2.16 ","Código","Banco","Descrição","Tipo",null,"Und","Quant.","Porcent.","Valor Unit","Total"]
["Composição"," 55.04.19 ","EMBASA","DEPOSITO DE CIMENTO",5504,null,"m²",1,null,535.20000000000005,535.20000000000005]
["Composição Auxiliar"," 15.05.04 ","EMBASA","LASTRO EM CONCRETO NAO ESTRUTURAL SOB PISOS, e=8cm",1505,null,"m²",1.1000000000000001,null,60.94,67.03]
["Composição Auxiliar"," 15.07.04 ","EMBASA","PINTURA C/ PVA-LATEX, S/ MASSA, INCL. LIXAMENTO, EM DUAS DEMAOS",1507,null,"m²",1.02,null,15.31,15.61]
["Composição Auxiliar"," 55.06.13 ","EMBASA","ESTRADO DE MADEIRA PARA DEPOSITO DE CIMENTO",55,null,"m²",1,null,178.45,178.45]
["Composição Auxiliar"," 55.01.13 ","EMBASA","ACERTO MANUAL DO TERRENO",55,null,"m²",1.2,null,0.9,1.08]
["Composição Auxiliar"," 55.06.22 ","EMBASA","PAINEIS EM COMPENSADO RESINADO 10MM",55,null,"m²",0.96,null,120.87,116.03]
["Composição Auxiliar"," 55.06.25 ","EMBASA","COBERTURA EM TELHA VOGATEX 4MM",55,null,"m²",1.2,null,123.39,148.06]
["Composição Auxiliar"," 55.06.34 ","EMBASA","PORTA COMPENSADA P/BARRACAO",55,null,"m²",0.06,null,107.42,6.44]
["Insumo"," D200000004 ","EMBASA","DOBRADICAS DE FERRO FE 8\"","Material",null,"UN",0.124,null,8.59,1.06]
["Insumo"," D200000034 ","EMBASA","FECHADURA DE FERRO P/PORTA BARRACAO","Material",null,"UN",4.2000000000000003E-2,null,34.4,1.44]
[{"$nulls":4},"MO sem LS =>",310.2,"LS =>",0,"MO com LS =>",310.2]
[{"$nulls":4},"Valor do BDI =>",120.74,null,"Valor com BDI =>",null,655.94]
[{"$nulls":6},"Quant. =>",111.45,"Preço Total =>",73104.509999999995]
[]
[" 3.2.17 ","Código","Banco","Descrição","Tipo",null,"Und","Quant.","Porcent.","Valor Unit","Total"]
["Composição"," 55.04.17 ","EMBASA","CENTRAL DE FORMA",5504,null,"m²",1,null,186.98,186.98]
["Composição Auxiliar"," 15.07.04 ","EMBASA","PINTURA C/ PVA-LATEX, S/ MASSA, INCL. LIXAMENTO, EM DUAS DEMAOS",1507,null,"m²",0.255,null,15.31,3.9]
["Composição Auxiliar"," 55.01.13 ","EMBASA","ACERTO MANUAL DO TERRENO",55,null,"m²",1.2,null,0.9,1.08]
["Composição Auxiliar"," 55.06.22 ","EMBASA","PAINEIS EM COMPENSADO RESINADO 10MM",55,null,"m²",0.255,null,120.87,30.82]
["Composição Auxiliar"," 55.06.25 ","EMBASA","COBERTURA EM TELHA VOGATEX 4MM",55,null,"m²",1.2,null,123.39,148.06]
["Insumo"," D050000001 ","EMBASA","BARROTE AGRESTE 5 x 5 CM","Material",null,"M",0.48,null,6.51,3.12]
[{"$nulls":4},"MO sem LS =>",117.85,"LS =>",0,"MO com LS =>",117.85]
[{"$nulls":4},"Valor do BDI =>",42.18,null,"Valor com BDI =>",null,229.16]
[{"$nulls":6},"Quant. =>",111.3,"Preço Total =>",25505.5]
[]
[" 3.2.18 ","Código","Banco","Descrição","Tipo",null,"Und","Quant.","Porcent.","Valor Unit","Total"]
["Composição"," 55.04.18 ","EMBASA","CENTRAL DE ARMACAO",5504,null,"m²",1,null,186.98,186.98]
["Composição Auxiliar"," 15.07.04 ","EMBASA","PINTURA C/ PVA-LATEX, S/ MASSA, INCL. LIXAMENTO, EM DUAS DEMAOS",1507,null,"m²",0.255,null,15.31,3.9]
["Composição Auxiliar"," 55.01.13 ","EMBASA","ACERTO MANUAL DO TERRENO",55,null,"m²",1.2,null,0.9,1.08]
["Composição Auxiliar"," 55.06.22 ","EMBASA","PAINEIS EM COMPENSADO RESINADO 10MM",55,null,"m²",0.255,null,120.87,30.82]
["Composição Auxiliar"," 55.06.25 ","EMBASA","COBERTURA EM TELHA VOGATEX 4MM",55,null,"m²",1.2,null,123.39,148.06]
["Insumo"," D050000001 ","EMBASA","BARROTE AGRESTE 5 x 5 CM","Material",null,"M",0.48,null,6.51,3.12]
[{"$nulls":4},"MO sem LS =>",117.85,"LS =>",0,"MO com LS =>",117.85]
[{"$nulls":4},"Valor do BDI =>",42.18,null,"Valor com BDI =>",null,229.16]
[{"$nulls":6},"Quant. =>",84.79,"Preço Total =>",19430.47]
[]
[" 3.2.19 ","Código","Banco","Descrição","Tipo",null,"Und","Quant.","Porcent.","Valor Unit","Total"]
["Composição"," 55.04.24 ","EMBASA","POSTO P/COMBUSTIVEL E LUBRIFICANTE",5504,null,"m²",1,null,312.83999999999997,312.83999999999997]
["Composição Auxiliar"," 15.05.04 ","EMBASA","LASTRO EM CONCRETO NAO ESTRUTURAL SOB PISOS, e=8cm",1505,null,"m²",1.2,null,60.94,73.12]
["Composição Auxiliar"," 15.05.07 ","EMBASA","PISO CIMENTADO, ALISADO",1505,null,"m²",1.2,null,43.95,52.74]
["Composição Auxiliar"," 15.07.04 ","EMBASA","PINTURA C/ PVA-LATEX, S/ MASSA, INCL. LIXAMENTO, EM DUAS DEMAOS",1507,null,"m²",0.255,null,15.31,3.9]
["Composição Auxiliar"," 55.01.13 ","EMBASA","ACERTO MANUAL DO TERRENO",55,null,"m²",1.2,null,0.9,1.08]
["Composição Auxiliar"," 55.06.22 ","EMBASA","PAINEIS EM COMPENSADO RESINADO 10MM",55,null,"m²",0.255,null,120.87,30.82]
["Composição Auxiliar"," 55.06.25 ","EMBASA","COBERTURA EM TELHA VOGATEX 4MM",55,null,"m²",1.2,null,123.39,148.06]
["Insumo"," D050000001 ","EMBASA","BARROTE AGRESTE 5 x 5 CM","Material",null,"M",0.48,null,6.51,3.12]
[{"$nulls":4},"MO sem LS =>",197.95,"LS =>",0,"MO com LS =>",197.95]
[{"$nulls":4},"Valor do BDI =>",70.569999999999993,null,"Valor com BDI =>",null,383.41]
[{"$nulls":6},"Quant. =>",7.69,"Preço Total =>",2948.42]
[]
[" 3.2.20 ","Código","Banco","Descrição","Tipo",null,"Und","Quant.","Porcent.","Valor Unit","Total"]
["Composição"," 55.04.25 ","EMBASA","POSTO P/LAVAGEM DE VEICULOS E EQUIPAMENTOS",5504,null,"m²",1,null,225.38,225.38]
["Composição Auxiliar"," 15.05.04 ","EMBASA","LASTRO EM CONCRETO NAO ESTRUTURAL SOB PISOS, e=8cm",1505,null,"m²",1.2,null,60.94,73.12]
["Composição Auxiliar"," 55.01.13 ","EMBASA","ACERTO MANUAL DO TERRENO",55,null,"m²",1.2,null,0.9,1.08]
["Composição Auxiliar"," 55.06.25 ","EMBASA","COBERTURA EM TELHA VOGATEX 4MM",55,null,"m²",1.2,null,123.39,148.06]
["Insumo"," D050000001 ","EMBASA","BARROTE AGRESTE 5 x 5 CM","Material",null,"M",0.48,null,6.51,3.12]
[{"$nulls":4},"MO sem LS =>",135.22,"LS =>",0,"MO com LS =>",135.22]
[{"$nulls":4},"Valor do BDI =>",50.84,null,"Valor com BDI =>",null,276.22000000000003]
[{"$nulls":6},"Quant. =>",59.9,"Preço Total =>",16545.57]
[]
[" 3.2.21 ","Código","Banco","Descrição","Tipo",null,"Und","Quant.","Porcent.","Valor Unit","Total"]
["Composição"," 55.04.21 ","EMBASA","LABORATORIOS",5504,null,"m²",1,null,499.15,499.15]
["Composição Auxiliar"," 15.05.04 ","EMBASA","LASTRO EM CONCRETO NAO ESTRUTURAL SOB PISOS, e=8cm",1505,null,"m²",1.2,null,60.94,73.12]
["Composição Auxiliar"," 15.05.07 ","EMBASA","PISO CIMENTADO, ALISADO",1505,null,"m²",1.2,null,43.95,52.74]
["Composição Auxiliar"," 15.07.04 ","EMBASA","PINTURA C/ PVA-LATEX, S/ MASSA, INCL. LIXAMENTO, EM DUAS DEMAOS",1507,null,"m²",2.66,null,15.31,40.72]
["Composição Auxiliar"," 55.01.13 ","EMBASA","ACERTO MANUAL DO TERRENO",5501,null,"m²",1.2,null,0.9,1.08]
["Composição Auxiliar"," 55.06.22 ","EMBASA","PAINEIS EM COMPENSADO RESINADO 10MM",55,null,"m²",1.2,null,120.87,145.04]
["Composição Auxiliar"," 55.06.25 ","EMBASA","COBERTURA EM TELHA VOGATEX 4MM",55,null,"m²",1.2,null,123.39,148.06]
["Composição Auxiliar"," 55.06.31 ","EMBASA","FORRO COMPENSADO RESINADO P/BARRACAO",55,null,"m²",0.4,null,45.42,18.16]
["Composição Auxiliar"," 55.06.34 ","EMBASA","PORTA COMPENSADA P/BARRACAO",55,null,"m²",0.13,null,107.42,13.96]
["Insumo"," D200000004 ","EMBASA","DOBRADICAS DE FERRO FE 8\"","Material",null,"UN",0.41,null,8.59,3.52]
["Insumo"," D200000034 ","EMBASA","FECHADURA DE FERRO P/PORTA BARRACAO","Material",null,"UN",0.08,null,34.4,2.75]
[{"$nulls":4},"MO sem LS =>",317.95,"LS =>",0,"MO com LS =>",317.95]
[{"$nulls":4},"Valor do BDI =>",112.6,null,"Valor com BDI =>",null,611.75]
[{"$nulls":6},"Quant. =>",22.34,"Preço Total =>",13666.49]
[]
[" 3.2.22 ","Código","Banco","Descrição","Tipo",null,"Und","Quant.","Porcent.","Valor Unit","Total"]
["Composição"," 17.040.0021-0 ","EMOP","MARCACAO DE QUADRA DE ESPORTE OU VAGA DE GARAGEM COM TINTA A CRILICA PROPRIA PARA PINTURA DE PISOS,COM UTILIZACAO DE SELA DOR E SOLVENTE PROPRIO E FITA CREPE COMO LIMITADOR DE LINHAS ,MEDIDA PELA AREA REAL DE PINTURA",17,null,"m²",1,null,76.56,76.56]
["Composição Auxiliar"," 19.011.0019-2 ","EMOP","ESTACAO TOTAL,COM PRECISAO ANGULAR DE 1\" A 2\",ALCANCE MINIMO DE 500M SEM PRISMA,E ALCANCE MINIMO DE 3000M COM UM PRISMA, GATILHO RAPIDO,DISPLAY DUPLO,TECLADO ALFANUMERICO,MEMORIA IN TERNA COM MINIMO DE 17.000 PONTOS,PODENDO SER EXPANDIDO POR CARTAO DE MEMORIA OU PEN DRIVE,TRANSFERENCIA DE DADOS VIA USB,BATERIA RECARREGAVEL,EXCLUSIVE EQUIPE DE TOPOGRAFIA",19,null,"H",7.0000000000000007E-2,0,1.21,0.08]
["Composição Auxiliar"," 19.011.0019-4 ","EMOP","ESTACAO TOTAL,COM PRECISAO ANGULAR DE 1\" A 2\",ALCANCE MINIMO DE 500M SEM PRISMA,E ALCANCE MINIMO DE 3000M COM UM PRISMA, GATILHO RAPIDO,DISPLAY DUPLO,TECLADO ALFANUMERICO,MEMORIA IN TERNA COM MINIMO DE 17.000 PONTOS,PODENDO SER EXPANDIDO POR CARTAO DE MEMORIA OU PEN DRIVE,TRANSFERENCIA DE DADOS VIA USB,BATERIA RECARREGAVEL,EXCLUSIVE EQUIPE DE TOPOGRAFIA.",19,null,"H",0.03,0,0.82,0.02]
["Insumo"," 01950 ","EMOP","MAO-DE-OBRA DE TOPOGRAFO A (SERVICOS DE CAMPO E ESCRITORIO, COM RESPONSABILIDADE DE DIRIGI-LOS),INCLUSIVE ENCARGOS SOCIAI","Mão de Obra",null,"H",0.2,3,38.590000000000003,7.94]
["Insumo"," 01966 ","EMOP","MAO-DE-OBRA DE PINTOR, INCLUSIVE ENCARGO S SOCIAIS","Mão de Obra",null,"H",2,3,27.92,57.51]
["Insumo"," 01995 ","EMOP","MAO-DE-OBRA DE AUXILIAR DE TOPOGRAFIA, I NCLUSIVE ENCARGOS SOCIAIS","Mão de Obra",null,"H",0.2,3,21.27,4.38]
["Insumo"," 06011 ","EMOP","TINTA ACRILICA PARA PISO","Material",null,"GL",7.7499999999999999E-2,0,60.79,4.71]
["Insumo"," 06029 ","EMOP","FITA CREPE, EM ROLO DE 25MMX50,00M","Material",null,"UN",0.24,0,8.02,1.92]
[{"$nulls":4},"MO sem LS =>",69.83,"LS =>",0,"MO com LS =>",69.83]
[{"$nulls":4},"Valor do BDI =>",17.27,null,"Valor com BDI =>",null,93.83]
[{"$nulls":6},"Quant. =>",451.01,"Preço Total =>",42318.26]
[]
[" 3.2.23 ","Código","Banco","Descrição","Tipo",null,"Und","Quant.","Porcent.","Valor Unit","Total"]
["Composição"," 01.08.04U ","COMPESA","EXECUÇÃO DE RESERVATÓRIO ELEVADO DE ÁGUA (3000 LITROS) EM CANTEIRO DE OBRA, APOIADO EM ESTRUTURA DE MADEIRA  (FORNECIMENTO E INSTALAÇÃO).","",null,"UN",1,null,2572.84,2572.84]
["Composição Auxiliar"," 102623 ","SINAPI","CAIXA D´ÁGUA EM POLIETILENO, 1000 LITROS (INCLUSOS TUBOS, CONEXÕES E TORNEIRA DE BÓIA) - FORNECIMENTO E INSTALAÇÃO. AF_06/2021","INHI - INSTALAÇÕES HIDROS SANITÁRIAS",null,"UN",1,null,784.46,784.46]
["Composição Auxiliar"," 88248 ","SINAPI","AUXILIAR DE ENCANADOR OU BOMBEIRO HIDRÁULICO COM ENCARGOS COMPLEMENTARES","SEDI - SERVIÇOS DIVERSOS",null,"H",3.17,null,23.37,74.08]
["Composição Auxiliar"," 88262 ","SINAPI","CARPINTEIRO DE FORMAS COM ENCARGOS COMPLEMENTARES","SEDI - SERVIÇOS DIVERSOS",null,"H",2.4,null,31.88,76.510000000000005]
["Composição Auxiliar"," 88267 ","SINAPI","ENCANADOR OU BOMBEIRO HIDRÁULICO COM ENCARGOS COMPLEMENTARES","SEDI - SERVIÇOS DIVERSOS",null,"H",3.17,null,31.5,99.85]
["Composição Auxiliar"," 88316 ","SINAPI","SERVENTE COM ENCARGOS COMPLEMENTARES","SEDI - SERVIÇOS DIVERSOS",null,"H",7.2,null,23.23,167.25]
["Insumo"," 00000065 ","SINAPI","ADAPTADOR PVC SOLDAVEL CURTO COM BOLSA E ROSCA, 25 MM X 3/4\", PARA AGUA FRIA","Material",null,"UN",2,null,0.7,1.4]
["Insumo"," 00000119 ","SINAPI","ADESIVO PLASTICO PARA PVC, BISNAGA COM 75 GR","Material",null,"UN",0.64633333333333298,null,7.9,5.0999999999999996]
["Insumo"," 00003148 ","SINAPI","FITA VEDA ROSCA EM ROLOS DE 18 MM X 50 M (L X C)","Material",null,"UN",1.2999999999999999E-2,null,10.99,0.14000000000000001]
["Insumo"," 00003529 ","SINAPI","JOELHO PVC, SOLDAVEL, 90 GRAUS, 25 MM, COR MARROM, PARA AGUA FRIA PREDIAL","Material",null,"UN",3,null,0.56999999999999995,1.71]
["Insumo"," 00003767 ","SINAPI","LIXA EM FOLHA PARA PAREDE OU MADEIRA, NUMERO 120, COR VERMELHA","Material",null,"UN",0.99,null,0.94,0.93]
["Insumo"," 00004006 ","SINAPI","MADEIRA SERRADA EM PINUS, MISTA OU EQUIVALENTE DA REGIAO - BRUTA","Material",null,"m³",1.9199999999999998E-2,null,2137.9299999999998,41.04]
["Insumo"," 00004491 ","SINAPI","PONTALETE *7,5 X 7,5* CM EM PINUS, MISTA OU EQUIVALENTE DA REGIAO - BRUTA","Material",null,"M",12,null,9.5,114]
["Insumo"," 00005065 ","SINAPI","PREGO DE ACO POLIDO COM CABECA 10 X 10 (7/8 X 17)","Material",null,"KG",6,null,33.78,202.68]
["Insumo"," 00006016 ","SINAPI","REGISTRO GAVETA BRUTO EM LATAO FORJADO, BITOLA 3/4 \" (REF 1509)","Material",null,"UN",1,null,33.450000000000003,33.450000000000003]
["Insumo"," 00007139 ","SINAPI","TE SOLDAVEL, PVC, 90 GRAUS, 25 MM, PARA AGUA FRIA PREDIAL (NBR 5648)","Material",null,"UN",2,null,0.95,1.9]
["Insumo"," 00009868 ","SINAPI","TUBO PVC, SOLDAVEL, DE 25 MM, AGUA FRIA (NBR-5648)","Material",null,"M",21.22,null,3.28,69.599999999999994]
["Insumo"," 00034636 ","SINAPI","CAIXA D'AGUA / RESERVATORIO EM POLIETILENO, 1000 LITROS, COM TAMPA","Material",null,"UN",2,null,409.23,818.46]
["Insumo"," 00043681 ","SINAPI","CHAPA/PAINEL DE MADEIRA COMPENSADA RESINADA (MADEIRITE RESINADO ROSA) PARA FORMA DE CONCRETO, DE 2200 x 1100 MM, E = 8 A 12 MM","Material",null,"m²",2.9765999999999999,null,24.36,72.5]
["Insumo"," 330672U ","COMPESA","SOLUCAO LIMPADORA PARA PVC, FRASCO COM 200 CM3","Material",null,"UN",0.32,null,24.32,7.78]
[{"$nulls":4},"MO sem LS =>",364.31,"LS =>",0,"MO com LS =>",364.31]
[{"$nulls":4},"Valor do BDI =>",580.42999999999995,null,"Valor com BDI =>",null,3153.27]
[{"$nulls":6},"Quant. =>",7,"Preço Total =>",22072.89]
[]
[" 3.2.24 ","Código","Banco","Descrição","Tipo",null,"Und","Quant.","Porcent.","Valor Unit","Total"]
["Composição"," 01.08.42U ","COMPESA","CANTEIRO ITINERANTE COMPOSTO DE TOLDO, CONJUNTO DE MESA E CADEIRAS E BANHEIRO QUÍMICO COM LIMPEZA DIÁRIA INCLUSO COLETA E DESTINAÇÃO FINAL DE EFLUENTES","",null,"MÊS",1,null,1924.35,1924.35]
["Composição Auxiliar"," 88316 ","SINAPI","SERVENTE COM ENCARGOS COMPLEMENTARES","SEDI - SERVIÇOS DIVERSOS",null,"H",0.5,null,23.23,11.61]
["Composição Auxiliar"," 01.08.41U ","COMPESA","LOCAÇÃO DE BANHEIRO QUÍMICO COM LIMPEZA DIÁRIA INCLUSO COLETA E DESTINAÇÃO FINAL DE EFLUENTES","",null,"MÊS",1,null,1831.65,1831.65]
["Insumo"," 990253U ","COMPESA","1 TOLDO +1 CONJUNTOS DE MESA E 4 CADEIRAS DE PLÁSTICO","Material",null,"MÊS",1,null,81.09,81.09]
[{"$nulls":4},"MO sem LS =>",459.39,"LS =>",0,"MO com LS =>",459.39]
[{"$nulls":4},"Valor do BDI =>",434.13,null,"Valor com BDI =>",null,2358.48]
[{"$nulls":6},"Quant. =>",36,"Preço Total =>",84905.279999999999]
[]
[" 3.2.25 ","Código","Banco","Descrição","Tipo",null,"Und","Quant.","Porcent.","Valor Unit","Total"]
["Insumo"," F020000013 ","EMBASA","LOCAÇÃO DE BANHEIRO QUIMICO COM 3 LIMPEZAS SEMANAIS","Material",null,"MES",1,null,428.72,428.72]
[{"$nulls":4},"MO sem LS =>",0,"LS =>",0,"MO com LS =>",0]
[{"$nulls":4},"Valor do BDI =>",60.1,null,"Valor com BDI =>",null,488.82]
[{"$nulls":6},"Quant. =>",42,"Preço Total =>",20530.439999999999]
[]
[]
[{"$nulls":5},"Total sem BDI",null,10875425.050000001]
[{"$nulls":5},"Total do BDI",null,2377298.12]
[{"$nulls":5},"Total Geral",null,13252723.17]
[]
["_______________________________________________________________\nErnani José dos Santos\nOutros"]

{"sheet":"CPU-SERVIÇO","index":6,"n_rows":12306,"n_cols":11,"rows_kept":12306,"cut":false,"hidden":false,"merged":[[12290,0,12290,4],[12290,5,12290,8],[12291,0,12291,4],[12291,5,12291,8],[12292,0,12292,4],[12292,5,12292,8],[12293,0,12293,4],[12293,5,12293,8],[12294,0,12294,4],[12294,5,12294,8],[12295,0,12295,4],[12295,5,12295,8],[12297,7,12297,8],[12254,4,12254,5],[12255,4,12255,5],[12246,4,12246,5],[12247,4,12247,5],[12253,4,12253,5],[12233,4,12233,5],[12239,4,12239,5],[12240,4,12240,5],[12225,4,12225,5],[12226,4,12226,5],[12232,4,12232,5],[12261,4,12261,5],[12262,4,12262,5],[12263,4,12263,5],[12264,4,12264,5],[12265,4,12265,5],[12268,4,12268,5],[12283,0,12283,4],[12283,5,12283,8],[12284,0,12284,4],[12284,5,12284,8],[12270,7,12270,8],[12273,5,12273,6],[12274,4,12274,5],[12275,4,12275,5],[12276,0,12277,0],[12276,1,12277,1],[12276,2,12277,2],[12276,3,12277,3],[12276,4,12277,4],[12276,5,12276,6],[12276,7,12276,8],[12276,9,12277,9],[12279,0,12279,4],[12279,5,12279,8],[12280,5,12280,8],[12121,4,12121,5],[12123,7,12123,8],[12158,0,12158,4],[12158,5,12158,8],[12160,0,12160,4],[12160,5,12160,8],[12147,4,12147,5],[12148,4,12148,5],[12140,4,12140,5],[12141,4,12141,5],[12126,4,12126,5],[12127,4,12127,5],[12133,4,12133,5],[12134,4,12134,5],[12128,4,12128,5],[12130,7,12130,8],[12135,4,12135,5],[12137,7,12137,8],[12142,4,12142,5],[12144,7,12144,8],[12149,4,12149,5],[12151,7,12151,8],[12154,4,12154,5],[12155,4,12155,5],[12156,0,12157,0],[12156,1,12157,1],[12156,2,12157,2],[12156,3,12157,3],[12156,4,12156,5],[12156,6,12156,7],[12156,8,12157,8],[12156,9,12157,9],[12159,5,12159,8],[12219,4,12219,5],[12204,4,12204,5],[12205,4,12205,5],[12211,4,12211,5],[12191,4,12191,5],[12197,4,12197,5],[12198,4,12198,5],[12182,4,12182,5],[12183,4,12183,5],[12184,4,12184,5],[12186,7,12186,8],[12189,4,12189,5],[12190,4,12190,5],[12175,4,12175,5],[12176,4,12176,5],[12162,0,12162,4],[12162,5,12162,8],[12266,4,12266,5],[12267,4,12267,5],[12062,4,12062,5],[12042,4,12042,5],[12048,4,12048,5],[12049,4,12049,5],[12033,4,12033,5],[12034,4,12034,5],[12035,4,12035,5],[12037,7,12037,8],[12040,4,12040,5],[12041,4,12041,5],[12026,4,12026,5],[12027,4,12027,5],[12013,0,12013,4],[12013,5,12013,8],[12009,0,12009,4],[12009,5,12009,8],[12011,0,12011,4],[12011,5,12011,8],[12023,7,12023,8],[12028,4,12028,5],[12030,7,12030,8],[12043,4,12043,5],[12045,7,12045,8],[12050,4,12050,5],[12052,7,12052,8],[12057,4,12057,5],[12059,7,12059,8],[12119,4,12119,5],[12120,4,12120,5],[12105,4,12105,5],[12106,4,12106,5],[12108,7,12108,8],[12112,4,12112,5],[12113,4,12113,5],[12097,4,12097,5],[12098,4,12098,5],[12104,4,12104,5],[12084,4,12084,5],[12090,4,12090,5],[12091,4,12091,5],[12076,4,12076,5],[12077,4,12077,5],[12083,4,12083,5],[12063,4,12063,5],[12069,4,12069,5],[12070,4,12070,5],[12064,4,12064,5],[12066,7,12066,8],[12071,4,12071,5],[12073,7,12073,8],[12078,4,12078,5],[12080,7,12080,8],[12085,4,12085,5],[12087,7,12087,8],[12092,4,12092,5],[12094,7,12094,8],[12099,4,12099,5],[12101,7,12101,8],[12111,5,12111,6],[12114,4,12114,5],[12116,7,12116,8],[11956,4,11956,5],[11957,4,11957,5],[11959,7,11959,8],[11963,4,11963,5],[11964,4,11964,5],[11948,4,11948,5],[11949,4,11949,5],[11955,4,11955,5],[11935,4,11935,5],[11941,4,11941,5],[11942,4,11942,5],[11927,4,11927,5],[11928,4,11928,5],[11934,4,11934,5],[11914,4,11914,5],[11920,4,11920,5],[11921,4,11921,5],[11906,4,11906,5],[11907,4,11907,5],[11913,4,11913,5],[11962,5,11962,6],[11998,4,11998,5],[11999,4,11999,5],[11991,4,11991,5],[11992,4,11992,5],[11977,4,11977,5],[11978,4,11978,5],[11984,4,11984,5],[11985,4,11985,5],[11970,4,11970,5],[11971,4,11971,5],[12055,4,12055,5],[12056,4,12056,5],[11965,4,11965,5],[11967,7,11967,8],[11972,4,11972,5],[11974,7,11974,8],[11979,4,11979,5],[11981,7,11981,8],[11986,4,11986,5],[11988,7,11988,8],[11993,4,11993,5],[11995,7,11995,8],[12000,4,12000,5],[12002,7,12002,8],[12005,4,12005,5],[12006,4,12006,5],[11849,4,11849,5],[11850,4,11850,5],[11842,4,11842,5],[11843,4,11843,5],[11828,4,11828,5],[11829,4,11829,5],[11835,4,11835,5],[11836,4,11836,5],[11821,4,11821,5],[11822,4,11822,5],[11807,4,11807,5],[11808,4,11808,5],[11810,7,11810,8],[11814,4,11814,5],[11815,4,11815,5],[11813,5,11813,6],[11816,4,11816,5],[11818,7,11818,8],[11823,4,11823,5],[11825,7,11825,8],[11830,4,11830,5],[11832,7,11832,8],[11837,4,11837,5],[11839,7,11839,8],[11844,4,11844,5],[11846,7,11846,8],[11851,4,11851,5],[11853,7,11853,8],[11893,4,11893,5],[11899,4,11899,5],[11900,4,11900,5],[11884,4,11884,5],[11885,4,11885,5],[11886,4,11886,5],[11888,7,11888,8],[11891,4,11891,5],[11892,4,11892,5],[11877,4,11877,5],[11878,4,11878,5],[11864,0,11864,4],[11864,5,11864,8],[11860,0,11860,4],[11860,5,11860,8],[11862,0,11862,4],[11862,5,11862,8],[11856,4,11856,5],[11857,4,11857,5],[11858,0,11859,0],[11858,1,11859,1],[11858,2,11859,2],[11858,3,11859,3],[11858,4,11858,5],[11858,6,11858,7],[11858,8,11859,8],[11799,4,11799,5],[11800,4,11800,5],[11806,4,11806,5],[11786,4,11786,5],[11792,4,11792,5],[11793,4,11793,5],[11778,4,11778,5],[11779,4,11779,5],[11785,4,11785,5],[11765,4,11765,5],[11771,4,11771,5],[11772,4,11772,5],[11757,4,11757,5],[11758,4,11758,5],[11764,4,11764,5],[11744,4,11744,5],[11750,4,11750,5],[11751,4,11751,5],[11745,4,11745,5],[11747,7,11747,8],[11752,4,11752,5],[11754,7,11754,8],[11759,4,11759,5],[11761,7,11761,8],[11766,4,11766,5],[11768,7,11768,8],[11773,4,11773,5],[11775,7,11775,8],[11780,4,11780,5],[11782,7,11782,8],[11787,4,11787,5],[11789,7,11789,8],[11794,4,11794,5],[11796,7,11796,8],[11801,4,11801,5],[11803,7,11803,8],[11645,4,11645,5],[11700,4,11700,5],[11701,4,11701,5],[11693,4,11693,5],[11694,4,11694,5],[11679,4,11679,5],[11680,4,11680,5],[11686,4,11686,5],[11687,4,11687,5],[11672,4,11672,5],[11673,4,11673,5],[11658,4,11658,5],[11659,4,11659,5],[11661,7,11661,8],[11665,4,11665,5],[11666,4,11666,5],[11650,4,11650,5],[11651,4,11651,5],[11657,4,11657,5],[11735,4,11735,5],[11736,4,11736,5],[11737,4,11737,5],[11739,7,11739,8],[11742,4,11742,5],[11743,4,11743,5],[11728,4,11728,5],[11729,4,11729,5],[11715,0,11715,4],[11715,5,11715,8],[11711,0,11711,4],[11711,5,11711,8],[11713,0,11713,4],[11713,5,11713,8],[11721,0,11721,4],[11721,5,11721,8],[11723,0,11723,4],[11723,5,11723,8],[11725,7,11725,8],[11730,4,11730,5],[11732,7,11732,8],[11716,0,11716,4],[11716,5,11716,8],[11719,0,11719,4],[11719,5,11719,8],[11637,4,11637,5],[11643,4,11643,5],[11644,4,11644,5],[11628,4,11628,5],[11629,4,11629,5],[11630,4,11630,5],[11636,4,11636,5],[11621,4,11621,5],[11622,4,11622,5],[11623,4,11623,5],[11625,7,11625,8],[11607,4,11607,5],[11608,4,11608,5],[11610,7,11610,8],[11613,4,11613,5],[11614,4,11614,5],[11615,4,11615,5],[11599,4,11599,5],[11600,4,11600,5],[11606,4,11606,5],[11586,4,11586,5],[11592,4,11592,5],[11593,4,11593,5],[11587,4,11587,5],[11589,7,11589,8],[11594,4,11594,5],[11596,7,11596,8],[11601,4,11601,5],[11603,7,11603,8],[11616,4,11616,5],[11618,7,11618,8],[11631,4,11631,5],[11633,7,11633,8],[11638,4,11638,5],[11640,7,11640,8],[11577,4,11577,5],[11578,4,11578,5],[11579,4,11579,5],[11581,7,11581,8],[11585,4,11585,5],[11570,4,11570,5],[11571,4,11571,5],[11556,4,11556,5],[11557,4,11557,5],[11563,4,11563,5],[11564,4,11564,5],[11548,4,11548,5],[11549,4,11549,5],[11550,4,11550,5],[11552,7,11552,8],[11555,4,11555,5],[11535,4,11535,5],[11537,7,11537,8],[11540,4,11540,5],[11541,4,11541,5],[11542,4,11542,5],[11526,4,11526,5],[11527,4,11527,5],[11533,4,11533,5],[11534,4,11534,5],[11545,7,11545,8],[11558,4,11558,5],[11560,7,11560,8],[11565,4,11565,5],[11567,7,11567,8],[11572,4,11572,5],[11574,7,11574,8],[11584,5,11584,6],[11354,4,11354,5],[11355,4,11355,5],[11340,4,11340,5],[11341,4,11341,5],[11347,4,11347,5],[11348,4,11348,5],[11333,4,11333,5],[11334,4,11334,5],[11319,4,11319,5],[11320,4,11320,5],[11326,4,11326,5],[11327,4,11327,5],[11312,4,11312,5],[11313,4,11313,5],[11344,7,11344,8],[11349,4,11349,5],[11351,7,11351,8],[11391,4,11391,5],[11393,7,11393,8],[11396,4,11396,5],[11397,4,11397,5],[11398,4,11398,5],[11382,4,11382,5],[11383,4,11383,5],[11389,4,11389,5],[11390,4,11390,5],[11365,0,11365,4],[11365,5,11365,8],[11367,0,11367,4],[11367,5,11367,8],[11369,0,11369,4],[11369,5,11369,8],[11375,0,11375,4],[11375,5,11375,8],[11377,0,11377,4],[11377,5,11377,8],[11379,7,11379,8],[11384,4,11384,5],[11386,7,11386,8],[11205,4,11205,5],[11206,4,11206,5],[11212,4,11212,5],[11213,4,11213,5],[11188,0,11188,4],[11188,5,11188,8],[11190,0,11190,4],[11190,5,11190,8],[11192,0,11192,4],[11192,5,11192,8],[11088,7,11088,8],[11101,4,11101,5],[11103,7,11103,8],[11108,4,11108,5],[11110,7,11110,8],[11115,4,11115,5],[11117,7,11117,8],[11122,4,11122,5],[11124,7,11124,8],[11134,5,11134,6],[11137,4,11137,5],[11139,7,11139,8],[11144,4,11144,5],[11298,4,11298,5],[11299,4,11299,5],[11305,4,11305,5],[11306,4,11306,5],[11287,7,11287,8],[11291,4,11291,5],[11292,4,11292,5],[11277,4,11277,5],[11283,4,11283,5],[11284,4,11284,5],[11285,4,11285,5],[11269,4,11269,5],[11270,4,11270,5],[11276,4,11276,5],[11256,4,11256,5],[11262,4,11262,5],[11263,4,11263,5],[11248,4,11248,5],[11249,4,11249,5],[11255,4,11255,5],[11290,5,11290,6],[11293,4,11293,5],[11295,7,11295,8],[11300,4,11300,5],[11302,7,11302,8],[11078,4,11078,5],[11080,7,11080,8],[11083,4,11083,5],[11084,4,11084,5],[11085,4,11085,5],[11069,4,11069,5],[11070,4,11070,5],[11072,7,11072,8],[11076,4,11076,5],[11077,4,11077,5],[11061,4,11061,5],[11062,4,11062,5],[11068,4,11068,5],[11048,4,11048,5],[11054,4,11054,5],[11055,4,11055,5],[11040,4,11040,5],[11041,4,11041,5],[11047,4,11047,5],[11027,4,11027,5],[11033,4,11033,5],[11034,4,11034,5],[11051,7,11051,8],[11056,4,11056,5],[11058,7,11058,8],[11063,4,11063,5],[11065,7,11065,8],[11075,5,11075,6],[11044,7,11044,8],[11049,4,11049,5],[11086,4,11086,5],[11142,4,11142,5],[11143,4,11143,5],[11129,4,11129,5],[11131,7,11131,8],[11135,4,11135,5],[11136,4,11136,5],[11120,4,11120,5],[11121,4,11121,5],[11127,4,11127,5],[11128,4,11128,5],[11113,4,11113,5],[11114,4,11114,5],[11099,4,11099,5],[11100,4,11100,5],[11106,4,11106,5],[11107,4,11107,5],[11091,4,11091,5],[11092,4,11092,5],[11093,4,11093,5],[11095,7,11095,8],[11098,4,11098,5],[10911,0,10911,4],[10911,5,10911,8],[10912,6,10912,8],[10907,0,10907,4],[10907,5,10907,8],[10902,5,10902,8],[10894,5,10894,8],[10886,0,10886,4],[10886,5,10886,8],[10887,5,10887,8],[10935,0,10935,4],[10935,5,10935,8],[10936,5,10936,8],[10918,7,10918,8],[10948,6,10948,8],[10979,4,10979,5],[10980,4,10980,5],[10949,6,10949,8],[10950,6,10950,8],[10951,6,10951,8],[10952,6,10952,8],[10953,6,10953,8],[10954,0,10954,4],[10954,5,10954,8],[10955,7,10955,8],[10956,7,10956,8],[10957,7,10957,8],[10958,7,10958,8],[10959,7,10959,8],[10960,7,10960,8],[10961,7,10961,8],[10962,7,10962,8],[10963,0,10963,4],[10963,5,10963,8],[10964,6,10964,8],[10973,0,10973,4],[10973,5,10973,8],[10975,7,10975,8],[10978,4,10978,5],[10906,0,10906,4],[10906,5,10906,8],[10908,0,10908,4],[10908,5,10908,8],[10909,0,10909,4],[10909,5,10909,8],[10910,0,10910,4],[10910,5,10910,8],[10913,6,10913,8],[10914,6,10914,8],[10822,4,10822,5],[10823,0,10824,0],[10823,1,10824,1],[10823,2,10824,2],[10856,0,10856,4],[10856,5,10856,8],[10857,5,10857,8],[10844,0,10844,4],[10844,5,10844,8],[10845,0,10845,4],[10845,5,10845,8],[10846,0,10846,4],[10846,5,10846,8],[10848,7,10848,8],[10851,4,10851,5],[10852,4,10852,5],[10853,0,10854,0],[10853,1,10854,1],[10853,2,10854,2],[10853,3,10854,3],[10853,4,10854,4],[10853,5,10853,6],[10853,7,10853,8],[10853,9,10854,9],[10870,7,10870,8],[10864,0,10864,4],[10864,5,10864,8],[10861,0,10861,4],[10861,5,10861,8],[10860,0,10860,4],[10860,5,10860,8],[10862,0,10862,4],[10862,5,10862,8],[10863,0,10863,4],[10863,5,10863,8],[10865,0,10865,4],[10865,5,10865,8],[10866,0,10866,4],[10866,5,10866,8],[10867,6,10867,8],[10868,6,10868,8],[10869,0,10869,4],[10869,5,10869,8],[10823,3,10824,3],[10823,4,10824,4],[10823,5,10823,6],[10823,7,10823,8],[10823,9,10824,9],[10826,0,10826,4],[10826,5,10826,8],[10827,0,10827,4],[10827,5,10827,8],[10828,0,10828,4],[10828,5,10828,8],[10829,0,10829,4],[10829,5,10829,8],[10830,0,10830,4],[10830,5,10830,8],[10831,0,10831,4],[10831,5,10831,8],[10833,7,10833,8],[10836,4,10836,5],[10837,4,10837,5],[10838,0,10839,0],[10797,0,10797,4],[10797,5,10797,8],[10798,0,10798,4],[10798,5,10798,8],[10799,0,10799,4],[10799,5,10799,8],[10800,0,10800,4],[10800,5,10800,8],[10802,7,10802,8],[10805,4,10805,5],[10806,4,10806,5],[10807,0,10808,0],[10807,1,10808,1],[10807,2,10808,2],[10807,3,10808,3],[10807,4,10808,4],[10807,5,10807,6],[10807,7,10807,8],[10807,9,10808,9],[10811,0,10811,4],[10811,5,10811,8],[10812,0,10812,4],[10812,5,10812,8],[10813,0,10813,4],[10813,5,10813,8],[10814,0,10814,4],[10814,5,10814,8],[10815,0,10815,4],[10815,5,10815,8],[10816,0,10816,4],[10816,5,10816,8],[10818,7,10818,8],[10821,4,10821,5],[10734,9,10735,9],[10742,0,10742,4],[10742,5,10742,8],[10743,0,10743,4],[10743,5,10743,8],[10745,0,10745,4],[10745,5,10745,8],[10746,0,10746,4],[10746,5,10746,8],[10781,0,10781,4],[10781,5,10781,8],[10782,0,10782,4],[10782,5,10782,8],[10783,0,10783,4],[10783,5,10783,8],[10784,0,10784,4],[10784,5,10784,8],[10785,0,10785,4],[10785,5,10785,8],[10787,7,10787,8],[10790,4,10790,5],[10791,4,10791,5],[10792,0,10793,0],[10792,1,10793,1],[10792,2,10793,2],[10792,3,10793,3],[10792,4,10793,4],[10792,5,10792,6],[10792,7,10792,8],[10792,9,10793,9],[10795,0,10795,4],[10795,5,10795,8],[10796,0,10796,4],[10796,5,10796,8],[10776,9,10777,9],[10780,0,10780,4],[10780,5,10780,8],[10713,6,10713,8],[10706,0,10706,4],[10706,5,10706,8],[10698,5,10698,8],[10702,0,10702,4],[10702,5,10702,8],[10697,0,10697,4],[10697,5,10697,8],[10720,0,10720,4],[10720,5,10720,8],[10721,6,10721,8],[10755,6,10755,8],[10748,0,10748,4],[10748,5,10748,8],[10744,0,10744,4],[10744,5,10744,8],[10739,0,10739,4],[10739,5,10739,8],[10740,5,10740,8],[10727,0,10727,4],[10727,5,10727,8],[10729,7,10729,8],[10732,4,10732,5],[10733,4,10733,5],[10734,0,10735,0],[10734,1,10735,1],[10734,2,10735,2],[10734,3,10735,3],[10734,4,10735,4],[10734,5,10734,6],[10734,7,10734,8],[10700,0,10700,4],[10700,5,10700,8],[10701,0,10701,4],[10701,5,10701,8],[10703,0,10703,4],[10703,5,10703,8],[10704,0,10704,4],[10704,5,10704,8],[10705,0,10705,4],[10705,5,10705,8],[10707,6,10707,8],[10708,6,10708,8],[10709,6,10709,8],[10710,0,10710,4],[10710,5,10710,8],[10711,6,10711,8],[10712,6,10712,8],[10714,0,10714,4],[10714,5,10714,8],[10616,0,10616,4],[10616,5,10616,8],[10617,0,10617,4],[10617,5,10617,8],[10619,7,10619,8],[10622,4,10622,5],[10623,4,10623,5],[10624,0,10625,0],[10624,1,10625,1],[10654,0,10654,4],[10654,5,10654,8],[10655,5,10655,8],[10632,5,10632,8],[10631,0,10631,4],[10631,5,10631,8],[10671,6,10671,8],[10664,0,10664,4],[10664,5,10664,8],[10660,0,10660,4],[10660,5,10660,8],[10659,0,10659,4],[10659,5,10659,8],[10661,0,10661,4],[10661,5,10661,8],[10662,0,10662,4],[10662,5,10662,8],[10663,0,10663,4],[10663,5,10663,8],[10665,6,10665,8],[10666,6,10666,8],[10667,6,10667,8],[10668,0,10668,4],[10668,5,10668,8],[10669,6,10669,8],[10670,6,10670,8],[10624,2,10625,2],[10624,3,10625,3],[10624,4,10625,4],[10624,5,10624,6],[10624,7,10624,8],[10589,9,10590,9],[10596,0,10596,4],[10596,5,10596,8],[10597,0,10597,4],[10597,5,10597,8],[10598,0,10598,4],[10598,5,10598,8],[10599,0,10599,4],[10599,5,10599,8],[10600,0,10600,4],[10600,5,10600,8],[10601,0,10601,4],[10601,5,10601,8],[10602,0,10602,4],[10602,5,10602,8],[10604,7,10604,8],[10607,4,10607,5],[10608,4,10608,5],[10609,0,10610,0],[10609,1,10610,1],[10609,2,10610,2],[10609,3,10610,3],[10609,4,10610,4],[10609,5,10609,6],[10609,7,10609,8],[10609,9,10610,9],[10612,0,10612,4],[10612,5,10612,8],[10613,0,10613,4],[10613,5,10613,8],[10614,0,10614,4],[10614,5,10614,8],[10615,0,10615,4],[10615,5,10615,8],[10491,0,10491,4],[10491,5,10491,8],[10493,7,10493,8],[10496,4,10496,5],[10497,4,10497,5],[10498,0,10499,0],[10498,1,10499,1],[10498,2,10499,2],[10498,3,10499,3],[10498,4,10499,4],[10528,7,10528,8],[10529,7,10529,8],[10530,0,10530,4],[10530,5,10530,8],[10531,6,10531,8],[10540,0,10540,4],[10540,5,10540,8],[10542,7,10542,8],[10567,0,10567,4],[10567,5,10567,8],[10573,7,10573,8],[10564,0,10564,4],[10564,5,10564,8],[10560,0,10560,4],[10560,5,10560,8],[10561,5,10561,8],[10546,4,10546,5],[10547,4,10547,5],[10594,5,10594,8],[10593,0,10593,4],[10593,5,10593,8],[10581,7,10581,8],[10584,5,10584,6],[10585,5,10585,6],[10586,5,10586,6],[10587,4,10587,5],[10588,4,10588,5],[10589,0,10590,0],[10589,1,10590,1],[10589,2,10590,2],[10589,3,10590,3],[10589,4,10590,4],[10589,5,10589,6],[10589,7,10589,8],[10563,0,10563,4],[10563,5,10563,8],[10565,0,10565,4],[10565,5,10565,8],[10566,0,10566,4],[10566,5,10566,8],[10568,0,10568,4],[10568,5,10568,8],[10569,0,10569,4],[10569,5,10569,8],[10570,6,10570,8],[10571,6,10571,8],[10572,0,10572,4],[10572,5,10572,8],[10574,7,10574,8],[10575,0,10575,4],[10575,5,10575,8],[10576,6,10576,8],[10579,0,10579,4],[10579,5,10579,8],[10460,0,10460,4],[10460,5,10460,8],[10461,0,10461,4],[10462,0,10462,4],[10462,5,10462,8],[10464,7,10464,8],[10467,4,10467,5],[10468,4,10468,5],[10485,7,10485,8],[10478,0,10478,4],[10478,5,10478,8],[10479,6,10479,8],[10474,0,10474,4],[10474,5,10474,8],[10472,0,10472,4],[10472,5,10472,8],[10473,0,10473,4],[10473,5,10473,8],[10475,0,10475,4],[10475,5,10475,8],[10476,0,10476,4],[10476,5,10476,8],[10477,0,10477,4],[10477,5,10477,8],[10480,6,10480,8],[10481,6,10481,8],[10482,0,10482,4],[10482,5,10482,8],[10483,7,10483,8],[10484,7,10484,8],[10486,0,10486,4],[10486,5,10486,8],[10487,6,10487,8],[10362,0,10362,4],[10362,5,10362,8],[10363,0,10363,4],[10388,4,10388,5],[10389,4,10389,5],[10390,0,10391,0],[10390,1,10391,1],[10390,2,10391,2],[10390,3,10391,3],[10390,4,10391,4],[10390,5,10390,6],[10390,7,10390,8],[10390,9,10391,9],[10393,0,10393,4],[10393,5,10393,8],[10394,0,10394,4],[10394,5,10394,8],[10395,0,10395,4],[10395,5,10395,8],[10396,0,10396,4],[10396,5,10396,8],[10397,0,10397,4],[10397,5,10397,8],[10398,0,10398,4],[10398,5,10398,8],[10400,7,10400,8],[10403,4,10403,5],[10404,4,10404,5],[10405,0,10406,0],[10405,1,10406,1],[10437,7,10437,8],[10431,0,10431,4],[10431,5,10431,8],[10428,0,10428,4],[10428,5,10428,8],[10423,0,10423,4],[10423,5,10423,8],[10424,5,10424,8],[10430,0,10430,4],[10430,5,10430,8],[10432,0,10432,4],[10432,5,10432,8],[10433,0,10433,4],[10433,5,10433,8],[10434,6,10434,8],[10435,6,10435,8]],"merged_total":13896,"flags":["merged_cut"]}
[null,null,"Obra",null,"Bancos",null,"B.D.I.",null,"Encargos Sociais"]
[null,null,"Orçamento CPU Serviços - Canal Sertão Baiano",null,"SINAPI - 07/2024 - Bahia\nSBC - 08/2024 - Bahia\nSICRO3 - 04/2024 - Bahia\nORSE - 06/2024 - Sergipe\nSEDOP - 05/2024 - Pará\nSEINFRA - 028 - Ceará\nSETOP - 04/2024 - Minas Gerais\nIOPES - 06/2024 - Espírito Santo\nSIURB - 01/2024 - São Paulo\nSIURB INFRA - 01/2024 - São Paulo\nSUDECAP - 04/2024 - Minas Gerais\nCPOS/CDHU - 06/2024 - São Paulo\nFDE - 04/2024 - São Paulo\nAGESUL - 06/2024 - Mato Grosso do Sul\nAGETOP CIVIL - 04/2024 - Goiás\nAGETOP RODOVIARIA - 04/2024 - Goiás\nCAEMA - 12/2019 - Maranhão\nEMBASA - 05/2024 - Bahia\nCAERN - 11/2023 - Rio Grande do Norte\nCOMPESA - 07/2023 - Pernambuco\nEMOP - 07/2024 - Rio de Janeiro\nDERPR - 04/2024 - Paraná\nSCO - 07/2024 - Rio de Janeiro\n",null,"22,56%",null,"Não Desonerado: embutido nos preços unitário dos insumos de mão de obra, de acordo com as bases."]
["Planilha Orçamentária Analítica"]
[" 4 ",null,null,"ENSECADEIRA PROVISÓRIA",{"$nulls":6},1219600.6299999999]
[" 4.1 ",null,null,"ENROCAMENTO DE PEDRA RACHÃO LANÇADA",{"$nulls":6},900984.07]
[" 4.1.1 ","Código","Banco","Descrição","Tipo",null,"Und","Quant.","Porcent.","Valor Unit","Total"]
["Composição"," 5914657 ","SICRO3","Carga, manobra e descarga de blocos de rocha em caminhão basculante de 8 m³ - carga com retroescavadeira de 0,29 m³ e descarga livre","",null,"t",1,null,17.600000000000001,17.600000000000001]
["A","Código","Banco","Equipamentos","Quantidade","Utilização",null,"Custo Operacional",null,"Custo Horário"]
[{"$nulls":5},"Operativa","Improdutiva","Operativa","Improdutiva"]
["Insumo","E9604","SICRO3","Caminhão basculante para rocha com capacidade de 8 m³ - 210 kW",2,0.56999999999999995,0.43,297.14830000000001,90.430499999999995,416.51929999999999]
["Insumo","E9526","SICRO3","Retroescavadeira de pneus - capacidade da caçamba da pá-carregadeira de 0,76 m³ e da",1,1,0,151.10929999999999,79.652699999999996,151.10929999999999]
[{"$nulls":5},"Custo Horário de Equipamentos =>",null,null,null,567.62860000000001]
[{"$nulls":5},"Custo Horário de Execução =>",null,null,null,567.62860000000001]
[{"$nulls":5},"Fator de Influencia da Chuva - FIC =>",null,null,null,0]
[{"$nulls":5},"Custo do FIC =>",null,null,null,0]
[{"$nulls":5},"Produção de Equipe =>",null,null,null,32.26]
[{"$nulls":5},"Custo Unitário de Execução =>",null,null,null,17.595400000000001]
[{"$nulls":4},"MO sem LS =>",0,"LS =>",0,"MO com LS =>",0]
[{"$nulls":4},"Valor do BDI =>",3.97,null,"Valor com BDI =>",null,21.57]
[{"$nulls":6},"Quant. =>",31466.965783399999,"Preço Total =>",678742.45]
[]
[" 4.1.2 ","Código","Banco","Descrição","Tipo",null,"Und","Quant.","Porcent.","Valor Unit","Total"]
["Composição"," 5914346 ","SICRO3","Transporte de material de 3ª categoria com caminhão basculante de 8 m³ para rocha - rodovia em leito natural","",null,"tkm",1,null,1.68,1.68]
["A","Código","Banco","Equipamentos","Quantidade","Utilização",null,"Custo Operacional",null,"Custo Horário"]
[{"$nulls":5},"Operativa","Improdutiva","Operativa","Improdutiva"]
["Insumo","E9604","SICRO3","Caminhão basculante para rocha com capacidade de 8 m³ - 210 kW",1,1,0,297.14830000000001,90.430499999999995,297.14830000000001]
[{"$nulls":5},"Custo Horário de Equipamentos =>",null,null,null,297.14830000000001]
[{"$nulls":5},"Custo Horário de Execução =>",null,null,null,297.14830000000001]
[{"$nulls":5},"Fator de Influencia da Chuva - FIC =>",null,null,null,1.43E-2]
[{"$nulls":5},"Custo do FIC =>",null,null,null,2.3599999999999999E-2]
[{"$nulls":5},"Produção de Equipe =>",null,null,null,179.28]
[{"$nulls":5},"Custo Unitário de Execução =>",null,null,null,1.6575]
[{"$nulls":4},"MO sem LS =>",0,"LS =>",0,"MO com LS =>",0]
[{"$nulls":4},"Valor do BDI =>",0.37,null,"Valor com BDI =>",null,2.0499999999999998]
[{"$nulls":6},"Quant. =>",99120.942217799995,"Preço Total =>",203197.93]
[]
[" 4.1.3 ","Código","Banco","Descrição","Tipo",null,"Und","Quant.","Porcent.","Valor Unit","Total"]
["Composição"," 100574 ","SINAPI","ESPALHAMENTO DE MATERIAL COM TRATOR DE ESTEIRAS. AF_11/2019","PAVI - PAVIMENTAÇÃO",null,"m³",1,null,1.56,1.56]
["Composição Auxiliar"," 5851 ","SINAPI","TRATOR DE ESTEIRAS, POTÊNCIA 150 HP, PESO OPERACIONAL 16,7 T, COM RODA MOTRIZ ELEVADA E LÂMINA 3,18 M3 - CHP DIURNO. AF_06/2014","CHOR - CUSTOS HORÁRIOS DE MÁQUINAS E EQUIPAMENTOS",null,"CHP",3.0000000000000001E-3,null,261.35000000000002,0.78]
["Composição Auxiliar"," 5853 ","SINAPI","TRATOR DE ESTEIRAS, POTÊNCIA 150 HP, PESO OPERACIONAL 16,7 T, COM RODA MOTRIZ ELEVADA E LÂMINA 3,18 M3 - CHI DIURNO. AF_06/2014","CHOR - CUSTOS HORÁRIOS DE MÁQUINAS E EQUIPAMENTOS",null,"CHI",6.0000000000000001E-3,null,97,0.57999999999999996]
["Composição Auxiliar"," 88316 ","SINAPI","SERVENTE COM ENCARGOS COMPLEMENTARES","SEDI - SERVIÇOS DIVERSOS",null,"H",8.9999999999999993E-3,null,23.23,0.2]
[{"$nulls":4},"MO sem LS =>",0.41,"LS =>",0,"MO com LS =>",0.41]
[{"$nulls":4},"Valor do BDI =>",0.35,null,"Valor com BDI =>",null,1.91]
[{"$nulls":6},"Quant. =>",9970.52,"Preço Total =>",19043.689999999999]
[]
[" 4.2 ",null,null,"BRITA GRADUADA LANÇADA",{"$nulls":6},266485.28999999998]
[" 4.2.1 ","Código","Banco","Descrição","Tipo",null,"Und","Quant.","Porcent.","Valor Unit","Total"]
["Composição"," 5914657 ","SICRO3","CARGA, MANOBRA E DESCARGA DE BLOCOS DE ROCHA EM CAMINHÃO BASCULANTE DE 8 M³ - CARGA COM RETROESCAVADEIRA DE 0,29 M³ E DESCARGA LIVRE.","",null,"t",1,null,17.600000000000001,17.600000000000001]
["A","Código","Banco","Equipamentos","Quantidade","Utilização",null,"Custo Operacional",null,"Custo Horário"]
[{"$nulls":5},"Operativa","Improdutiva","Operativa","Improdutiva"]
["Insumo","E9604","SICRO3","Caminhão basculante para rocha com capacidade de 8 m³ - 210 kW",2,0.56999999999999995,0.43,297.14830000000001,90.430499999999995,416.51929999999999]
["Insumo","E9526","SICRO3","Retroescavadeira de pneus - capacidade da caçamba da pá-carregadeira de 0,76 m³ e da",1,1,0,151.10929999999999,79.652699999999996,151.10929999999999]
[{"$nulls":5},"Custo Horário de Equipamentos =>",null,null,null,567.62860000000001]
[{"$nulls":5},"Custo Horário de Execução =>",null,null,null,567.62860000000001]
[{"$nulls":5},"Fator de Influencia da Chuva - FIC =>",null,null,null,0]
[{"$nulls":5},"Custo do FIC =>",null,null,null,0]
[{"$nulls":5},"Produção de Equipe =>",null,null,null,32.26]
[{"$nulls":5},"Custo Unitário de Execução =>",null,null,null,17.595400000000001]
[{"$nulls":4},"MO sem LS =>",0,"LS =>",0,"MO com LS =>",0]
[{"$nulls":4},"Valor do BDI =>",3.97,null,"Valor com BDI =>",null,21.57]
[{"$nulls":6},"Quant. =>",3431.9980737999999,"Preço Total =>",74028.19]
[]
[" 4.2.2 ","Código","Banco","Descrição","Tipo",null,"Und","Quant.","Porcent.","Valor Unit","Total"]
["Composição"," 5914346 ","SICRO3","TRANSPORTE DE MATERIAL DE 3ª CATEGORIA COM CAMINHÃO BASCULANTE DE 8 M³ PARA ROCHA - RODOVIA EM LEITO NATURAL","",null,"tkm",1,null,1.68,1.68]
["A","Código","Banco","Equipamentos","Quantidade","Utilização",null,"Custo Operacional",null,"Custo Horário"]
[{"$nulls":5},"Operativa","Improdutiva","Operativa","Improdutiva"]
["Insumo","E9604","SICRO3","Caminhão basculante para rocha com capacidade de 8 m³ - 210 kW",1,1,0,297.14830000000001,90.430499999999995,297.14830000000001]
[{"$nulls":5},"Custo Horário de Equipamentos =>",null,null,null,297.14830000000001]
[{"$nulls":5},"Custo Horário de Execução =>",null,null,null,297.14830000000001]
[{"$nulls":5},"Fator de Influencia da Chuva - FIC =>",null,null,null,1.43E-2]
[{"$nulls":5},"Custo do FIC =>",null,null,null,2.3599999999999999E-2]
[{"$nulls":5},"Produção de Equipe =>",null,null,null,179.28]
[{"$nulls":5},"Custo Unitário de Execução =>",null,null,null,1.6575]
[{"$nulls":4},"MO sem LS =>",0,"LS =>",0,"MO com LS =>",0]
[{"$nulls":4},"Valor do BDI =>",0.37,null,"Valor com BDI =>",null,2.0499999999999998]
[{"$nulls":6},"Quant. =>",10810.793932500001,"Preço Total =>",22162.12]
[]
[" 4.2.3 ","Código","Banco","Descrição","Tipo",null,"Und","Quant.","Porcent.","Valor Unit","Total"]
["Composição"," 4816012 ","SICRO3","Brita produzida em central de britagem de 80 m³/h","",null,"m³",1,null,53.94,53.94]
["A","Código","Banco","Equipamentos","Quantidade","Utilização",null,"Custo Operacional",null,"Custo Horário"]
[{"$nulls":5},"Operativa","Improdutiva","Operativa","Improdutiva"]
["Insumo","E9117","SICRO3","Carregadeira de pneus para rocha com capacidade de 2,50 m³ - 105 kW",1,0.46,0.54,359.73469999999998,157.4614,250.50710000000001]
["Insumo","E9611","SICRO3","Conjunto de britagem com capacidade de 80 m³/h - 313 kW",1,1,0,995.71289999999999,648.64750000000004,995.71289999999999]
["Insumo","E9765","SICRO3","Grupo gerador - 569 kVA",1,1,0,490.92020000000002,29.088000000000001,490.92020000000002]
[{"$nulls":5},"Custo Horário de Equipamentos =>",null,null,null,1737.1402]
["B","Código","Banco","Mão de Obra","Quantidade","Salário Hora",null,null,null,"Custo Horário"]
["Insumo","P9824","SICRO3","Servente",8,null,null,null,21.465699999999998,171.72559999999999]
[{"$nulls":5},"Custo Horário da Mão de Obra =>",null,null,null,171.72559999999999]
[{"$nulls":5},"Adc.M.O. - Ferramentas (0,0%) =>",null,null,null,0]
[{"$nulls":5},"Custo Horário de Execução =>",null,null,null,1908.8658]
[{"$nulls":5},"Fator de Influencia da Chuva - FIC =>",null,null,null,2.3999999999999998E-3]
[{"$nulls":5},"Custo do FIC =>",null,null,null,6.8099999999999994E-2]
[{"$nulls":5},"Produção de Equipe =>",null,null,null,66.400000000000006]
[{"$nulls":5},"Custo Unitário de Execução =>",null,null,null,28.748000000000001]
["C","Banco","Código","Material","Quantidade","Unidade","Preço Unitário",null,null,"Custo Horário"]
["Insumo","SICRO3","M2115","Cunha lateral inferior para britador",2.0000000000000002E-5,"un",1906.0084999999999,null,null,3.8100000000000002E-2]
["Insumo","SICRO3","M2114","Cunha lateral superior para britador",1.0000000000000001E-5,"un",2444.7143000000001,null,null,2.4400000000000002E-2]
["Insumo","SICRO3","M2111","Mandíbula fixa para britador - abertura de alimentação com L = 930 mm",6.0000000000000002E-5,"un",32034.5798,null,null,1.9220999999999999]
["Insumo","SICRO3","M2110","Mandíbula móvel para britador - abertura de alimentação com L = 930 mm",4.0000000000000003E-5,"un",24230.054,null,null,0.96919999999999995]
["Insumo","SICRO3","M2112","Manta do britador cônico HP200 ou similar",3.0000000000000001E-5,"un",21230.413400000001,null,null,0.63690000000000002]
["Insumo","SICRO3","M2113","Revestimento do bojo interno do britador cônico HP200 ou similar",4.0000000000000003E-5,"un",24245.382099999999,null,null,0.9698]
[{"$nulls":5},"Custo Total do Material =>",null,null,null,4.5605000000000002]
["D","Banco","Código","Atividades Auxiliares","Quantidade","Unidade","Preço Unitário",null,null,"Custo Horário"]
["Atividade Auxiliar","SICRO3",4816010,"Rocha para britagem com perfuratriz sobre esteira",0.56999999999999995,"m³",36.08,null,null,20.5656]
[{"$nulls":5},"Custo Total das Atividades =>",null,null,null,20.5656]
[{"$nulls":4},"MO sem LS =>",3.3253775156626504,"LS =>",0,"MO com LS =>",3.3253775390707769]
[{"$nulls":4},"Valor do BDI =>",12.16,null,"Valor com BDI =>",null,66.099999999999994]
[{"$nulls":6},"Quant. =>",2289.3719999999998,"Preço Total =>",151327.48000000001]
[]
[" 4.2.4 ","Código","Banco","Descrição","Tipo",null,"Und","Quant.","Porcent.","Valor Unit","Total"]
["Composição"," 5914351 ","SICRO3","Carga, manobra e descarga de agregados ou solos em caminhão basculante de 14 m³ - carga com carregadeira de 3,40 m³ e descarga livre","",null,"t",1,null,2.61,2.61]
["A","Código","Banco","Equipamentos","Quantidade","Utilização",null,"Custo Operacional",null,"Custo Horário"]
[{"$nulls":5},"Operativa","Improdutiva","Operativa","Improdutiva"]
["Insumo","E9667","SICRO3","Caminhão basculante com capacidade de 14 m³ - 188 kW",3,0.77,0.23,297.32,90.567700000000002,749.30089999999996]
["Insumo","E9511","SICRO3","Carregadeira de pneus com capacidade de 3,40 m³ - 195 kW",1,1,0,442.03,218.85579999999999,442.03]
[{"$nulls":5},"Custo Horário de Equipamentos =>",null,null,null,1191.3308999999999]
[{"$nulls":5},"Custo Horário de Execução =>",null,null,null,1191.3308999999999]
[{"$nulls":5},"Fator de Influencia da Chuva - FIC =>",null,null,null,0]
[{"$nulls":5},"Custo do FIC =>",null,null,null,0]
[{"$nulls":5},"Produção de Equipe =>",null,null,null,457.16]
[{"$nulls":5},"Custo Unitário de Execução =>",null,null,null,2.6059000000000001]
[{"$nulls":4},"MO sem LS =>",0,"LS =>",0,"MO com LS =>",0]
[{"$nulls":4},"Valor do BDI =>",0.57999999999999996,null,"Valor com BDI =>",null,3.19]
[{"$nulls":6},"Quant. =>",3434.0746346999999,"Preço Total =>",10954.69]
[]
[" 4.2.5 ","Código","Banco","Descrição","Tipo",null,"Und","Quant.","Porcent.","Valor Unit","Total"]
["Composição"," 5901639 ","SICRO3","Transporte com caminhão basculante com caçamba estanque com capacidade de 14 m³ - rodovia em leito natural","",null,"tkm",1,null,0.87,0.87]
["A","Código","Banco","Equipamentos","Quantidade","Utilização",null,"Custo Operacional",null,"Custo Horário"]
[{"$nulls":5},"Operativa","Improdutiva","Operativa","Improdutiva"]
["Insumo","E9575","SICRO3","Caminhão basculante com caçamba estanque com capacidade de 14 m³ - 188 kW",1,1,0,297.71420000000001,90.774600000000007,297.71420000000001]
[{"$nulls":5},"Custo Horário de Equipamentos =>",null,null,null,297.71420000000001]
[{"$nulls":5},"Custo Horário de Execução =>",null,null,null,297.71420000000001]
[{"$nulls":5},"Fator de Influencia da Chuva - FIC =>",null,null,null,1.43E-2]
[{"$nulls":5},"Custo do FIC =>",null,null,null,1.2200000000000001E-2]
[{"$nulls":5},"Produção de Equipe =>",null,null,null,348.6]
[{"$nulls":5},"Custo Unitário de Execução =>",null,null,null,0.85399999999999998]
[{"$nulls":4},"MO sem LS =>",0,"LS =>",0,"MO com LS =>",0]
[{"$nulls":4},"Valor do BDI =>",0.19,null,"Valor com BDI =>",null,1.06]
[{"$nulls":6},"Quant. =>",3434.0746346999999,"Preço Total =>",3640.11]
[]
[" 4.2.6 ","Código","Banco","Descrição","Tipo",null,"Und","Quant.","Porcent.","Valor Unit","Total"]
["Composição"," 100574 ","SINAPI","ESPALHAMENTO DE MATERIAL COM TRATOR DE ESTEIRAS.","PAVI - PAVIMENTAÇÃO",null,"m³",1,null,1.56,1.56]
["Composição Auxiliar"," 5851 ","SINAPI","TRATOR DE ESTEIRAS, POTÊNCIA 150 HP, PESO OPERACIONAL 16,7 T, COM RODA MOTRIZ ELEVADA E LÂMINA 3,18 M3 - CHP DIURNO. AF_06/2014","CHOR - CUSTOS HORÁRIOS DE MÁQUINAS E EQUIPAMENTOS",null,"CHP",3.0000000000000001E-3,null,261.35000000000002,0.78]
["Composição Auxiliar"," 5853 ","SINAPI","TRATOR DE ESTEIRAS, POTÊNCIA 150 HP, PESO OPERACIONAL 16,7 T, COM RODA MOTRIZ ELEVADA E LÂMINA 3,18 M3 - CHI DIURNO. AF_06/2014","CHOR - CUSTOS HORÁRIOS DE MÁQUINAS E EQUIPAMENTOS",null,"CHI",6.0000000000000001E-3,null,97,0.57999999999999996]
["Composição Auxiliar"," 88316 ","SINAPI","SERVENTE COM ENCARGOS COMPLEMENTARES","SEDI - SERVIÇOS DIVERSOS",null,"H",8.9999999999999993E-3,null,23.23,0.2]
[{"$nulls":4},"MO sem LS =>",0.41,"LS =>",0,"MO com LS =>",0.41]
[{"$nulls":4},"Valor do BDI =>",0.35,null,"Valor com BDI =>",null,1.91]
[{"$nulls":6},"Quant. =>",2289.3719999999998,"Preço Total =>",4372.7]
[]
[" 4.3 ",null,null,"ATERRO LANÇADO NO SELO DA ENSECADEIRA",{"$nulls":6},47929.99]
[" 4.3.1 ","Código","Banco","Descrição","Tipo",null,"Und","Quant.","Porcent.","Valor Unit","Total"]
["Composição"," 2531 ","ORSE","Aterro de áreas sem aquisição de material, com espalhamento mecânico, sem compactação e sem transporte","Execução de Cortes e  Aterros",null,"m³",1,null,8.4,8.4]
["Composição Auxiliar"," 10549 ","ORSE","Encargos Complementares - Servente","Provisórios",null,"h",0.05,null,3.79,0.18]
["Insumo"," 2475 ","ORSE","Motoniveladora 15000 kg com escarificador (cat - 140M - 185,0 hp ou equivalente)","Equipamento",null,"h",0.05,null,150.88,7.54]
["Insumo"," 00006111/SINAPI ","ORSE","Servente de obras (horista)","Mão de Obra",null,"h",0.05,null,13.65,0.68]
[{"$nulls":4},"MO sem LS =>",0.68,"LS =>",0,"MO com LS =>",0.68]
[{"$nulls":4},"Valor do BDI =>",1.89,null,"Valor com BDI =>",null,10.29]
[{"$nulls":6},"Quant. =>",4657.92,"Preço Total =>",47929.99]
[]
[" 4.4 ",null,null,"ESGOTAMENTO",{"$nulls":6},4201.28]
[" 4.4.1 ","Código","Banco","Descrição","Tipo",null,"Und","Quant.","Porcent.","Valor Unit","Total"]
["Composição"," 2003864 ","SICRO3","Esgotamento de água com bomba submersa","",null,"h",1,null,12.99,12.99]
["A","Código","Banco","Equipamentos","Quantidade","Utilização",null,"Custo Operacional",null,"Custo Horário"]
[{"$nulls":5},"Operativa","Improdutiva","Operativa","Improdutiva"]
["Insumo","E9630","SICRO3","Bomba submersível com capacidade de 75 m³/h - 3,6 kW",1,1,0,0.90490000000000004,0.52900000000000003,0.90490000000000004]
["Insumo","E9764","SICRO3","Grupo gerador - 7,2 kVA",1,1,0,10.1777,0.48299999999999998,10.1777]
[{"$nulls":5},"Custo Horário de Equipamentos =>",null,null,null,11.082599999999999]
["B","Código","Banco","Mão de Obra","Quantidade","Salário Hora",null,null,null,"Custo Horário"]
["Insumo","P9807","SICRO3","Bombeiro hidráulico",0.05,null,null,null,31.560600000000001,1.5780000000000001]
["Insumo","P9810","SICRO3","Eletricista",0.01,null,null,null,32.704500000000003,0.32700000000000001]
[{"$nulls":5},"Custo Horário da Mão de Obra =>",null,null,null,1.905]
[{"$nulls":5},"Adc.M.O. - Ferramentas (0,0%) =>",null,null,null,0]
[{"$nulls":5},"Custo Horário de Execução =>",null,null,null,12.9876]
[{"$nulls":5},"Fator de Influencia da Chuva - FIC =>",null,null,null,0]
[{"$nulls":5},"Custo do FIC =>",null,null,null,0]
[{"$nulls":5},"Produção de Equipe =>",null,null,null,1]
[{"$nulls":5},"Custo Unitário de Execução =>",null,null,null,12.9876]
[{"$nulls":4},"MO sem LS =>",1.9050750000000001,"LS =>",0,"MO com LS =>",1.9050750000000001]
[{"$nulls":4},"Valor do BDI =>",2.93,null,"Valor com BDI =>",null,15.92]
[{"$nulls":6},"Quant. =>",263.89999999999998,"Preço Total =>",4201.28]
[]
[" 5 ",null,null,"ESTRUTURA DE TOMADA D'ÁGUA DO RC-500",{"$nulls":6},5590395.6399999997]
[" 5.1 ",null,null,"SEVIÇOS PRELIMINARES",{"$nulls":6},12061.34]
[" 5.1.1 ","Código","Banco","Descrição","Tipo",null,"Und","Quant.","Porcent.","Valor Unit","Total"]
["Composição"," 5501700 ","SICRO3","Desmatamento, destocamento e limpeza de área com árvores de diâmetro até 0,15 m","",null,"m²",1,null,0.53,0.53]
["A","Código","Banco","Equipamentos","Quantidade","Utilização",null,"Custo Operacional",null,"Custo Horário"]
[{"$nulls":5},"Operativa","Improdutiva","Operativa","Improdutiva"]
["Insumo","E9541","SICRO3","Trator sobre esteiras com lâmina - 259 kW",1,1,0,760.50620000000004,307.02120000000002,760.50620000000004]
[{"$nulls":5},"Custo Horário de Equipamentos =>",null,null,null,760.50620000000004]
["B","Código","Banco","Mão de Obra","Quantidade","Salário Hora",null,null,null,"Custo Horário"]
["Insumo","P9824","SICRO3","Servente",2,null,null,null,21.465699999999998,42.931399999999996]
[{"$nulls":5},"Custo Horário da Mão de Obra =>",null,null,null,42.931399999999996]
[{"$nulls":5},"Adc.M.O. - Ferramentas (0,0%) =>",null,null,null,0]
[{"$nulls":5},"Custo Horário de Execução =>",null,null,null,803.43759999999997]
[{"$nulls":5},"Fator de Influencia da Chuva - FIC =>",null,null,null,2.3999999999999998E-3]
[{"$nulls":5},"Custo do FIC =>",null,null,null,1.1999999999999999E-3]
[{"$nulls":5},"Produção de Equipe =>",null,null,null,1532.91]
[{"$nulls":5},"Custo Unitário de Execução =>",null,null,null,0.52410000000000001]
[{"$nulls":4},"MO sem LS =>",2.8006471351873233E-2,"LS =>",0,"MO com LS =>",2.8006471351873233E-2]
[{"$nulls":4},"Valor do BDI =>",0.11,null,"Valor com BDI =>",null,0.64]
[{"$nulls":6},"Quant. =>",4114.5420000000004,"Preço Total =>",2633.3]
[]
[" 5.1.2 ","Código","Banco","Descrição","Tipo",null,"Und","Quant.","Porcent.","Valor Unit","Total"]
["Composição"," 100983 ","SINAPI","CARGA, MANOBRA E DESCARGA DE ENTULHO EM CAMINHÃO BASCULANTE 14 M³ - CARGA COM ESCAVADEIRA HIDRÁULICA  (CAÇAMBA DE 0,80 M³ / 111 HP) E DESCARGA LIVRE (UNIDADE: M3). AF_07/2020","TRAN - TRANSPORTES, CARGAS E DESCARGAS",null,"m³",1,null,9.1199999999999992,9.1199999999999992]
["Composição Auxiliar"," 5631 ","SINAPI","ESCAVADEIRA HIDRÁULICA SOBRE ESTEIRAS, CAÇAMBA 0,80 M3, PESO OPERACIONAL 17 T, POTENCIA BRUTA 111 HP - CHP DIURNO. AF_06/2014","CHOR - CUSTOS HORÁRIOS DE MÁQUINAS E EQUIPAMENTOS",null,"CHP",8.3000000000000001E-3,null,224.35,1.86]
["Composição Auxiliar"," 5632 ","SINAPI","ESCAVADEIRA HIDRÁULICA SOBRE ESTEIRAS, CAÇAMBA 0,80 M3, PESO OPERACIONAL 17 T, POTENCIA BRUTA 111 HP - CHI DIURNO. AF_06/2014","CHOR - CUSTOS HORÁRIOS DE MÁQUINAS E EQUIPAMENTOS",null,"CHI",8.5000000000000006E-3,null,101.91,0.86]
["Composição Auxiliar"," 89876 ","SINAPI","CAMINHÃO BASCULANTE 14 M3, COM CAVALO MECÂNICO DE CAPACIDADE MÁXIMA DE TRAÇÃO COMBINADO DE 36000 KG, POTÊNCIA 286 CV, INCLUSIVE SEMIREBOQUE COM CAÇAMBA METÁLICA - CHP DIURNO. AF_12/2014","CHOR - CUSTOS HORÁRIOS DE MÁQUINAS E EQUIPAMENTOS",null,"CHP",1.6899999999999998E-2,null,323.52,5.46]
["Composição Auxiliar"," 89877 ","SINAPI","CAMINHÃO BASCULANTE 14 M3, COM CAVALO MECÂNICO DE CAPACIDADE MÁXIMA DE TRAÇÃO COMBINADO DE 36000 KG, POTÊNCIA 286 CV, INCLUSIVE SEMIREBOQUE COM CAÇAMBA METÁLICA - CHI DIURNO. AF_12/2014","CHOR - CUSTOS HORÁRIOS DE MÁQUINAS E EQUIPAMENTOS",null,"CHI",1.0999999999999999E-2,null,86.24,0.94]
[{"$nulls":4},"MO sem LS =>",1.31,"LS =>",0,"MO com LS =>",1.31]
[{"$nulls":4},"Valor do BDI =>",2.0499999999999998,null,"Valor com BDI =>",null,11.17]
[{"$nulls":6},"Quant. =>",617.18129999999996,"Preço Total =>",6893.91]
[]
[" 5.1.3 ","Código","Banco","Descrição","Tipo",null,"Und","Quant.","Porcent.","Valor Unit","Total"]
["Composição"," 5901639 ","SICRO3","TRANSPORTE COM CAMINHÃO BASCULANTE COM CAÇAMBA ESTANQUE COM CAPACIDADE DE 14 M³ - RODOVIA EM LEITO NATURAL.","",null,"tkm",1,null,0.87,0.87]
["A","Código","Banco","Equipamentos","Quantidade","Utilização",null,"Custo Operacional",null,"Custo Horário"]
[{"$nulls":5},"Operativa","Improdutiva","Operativa","Improdutiva"]
["Insumo","E9575","SICRO3","Caminhão basculante com caçamba estanque com capacidade de 14 m³ - 188 kW",1,1,0,297.71420000000001,90.774600000000007,297.71420000000001]
[{"$nulls":5},"Custo Horário de Equipamentos =>",null,null,null,297.71420000000001]
[{"$nulls":5},"Custo Horário de Execução =>",null,null,null,297.71420000000001]
[{"$nulls":5},"Fator de Influencia da Chuva - FIC =>",null,null,null,1.43E-2]
[{"$nulls":5},"Custo do FIC =>",null,null,null,1.2200000000000001E-2]
[{"$nulls":5},"Produção de Equipe =>",null,null,null,348.6]
[{"$nulls":5},"Custo Unitário de Execução =>",null,null,null,0.85399999999999998]
[{"$nulls":4},"MO sem LS =>",0,"LS =>",0,"MO com LS =>",0]
[{"$nulls":4},"Valor do BDI =>",0.19,null,"Valor com BDI =>",null,1.06]
[{"$nulls":6},"Quant. =>",987.49008000000003,"Preço Total =>",1046.73]
[]
[" 5.1.4 ","Código","Banco","Descrição","Tipo",null,"Und","Quant.","Porcent.","Valor Unit","Total"]
["Composição"," 4413942 ","SICRO3","Espalhamento de material em bota-fora","",null,"m³",1,null,1.97,1.97]
["A","Código","Banco","Equipamentos","Quantidade","Utilização",null,"Custo Operacional",null,"Custo Horário"]
[{"$nulls":5},"Operativa","Improdutiva","Operativa","Improdutiva"]
["Insumo","E9540","SICRO3","Trator sobre esteiras com lâmina - 127 kW",1,1,0,322.01350000000002,134.76900000000001,322.01350000000002]
[{"$nulls":5},"Custo Horário de Equipamentos =>",null,null,null,322.01350000000002]
["B","Código","Banco","Mão de Obra","Quantidade","Salário Hora",null,null,null,"Custo Horário"]
["Insumo","P9824","SICRO3","Servente",1,null,null,null,21.465699999999998,21.465699999999998]
[{"$nulls":5},"Custo Horário da Mão de Obra =>",null,null,null,21.465699999999998]
[{"$nulls":5},"Adc.M.O. - Ferramentas (0,0%) =>",null,null,null,0]
[{"$nulls":5},"Custo Horário de Execução =>",null,null,null,343.47919999999999]
[{"$nulls":5},"Fator de Influencia da Chuva - FIC =>",null,null,null,1.43E-2]
[{"$nulls":5},"Custo do FIC =>",null,null,null,2.7699999999999999E-2]
[{"$nulls":5},"Produção de Equipe =>",null,null,null,176.81]
[{"$nulls":5},"Custo Unitário de Execução =>",null,null,null,1.9426000000000001]
[{"$nulls":4},"MO sem LS =>",0.12140546349188394,"LS =>",0,"MO com LS =>",0.12140546349188394]
[{"$nulls":4},"Valor do BDI =>",0.44,null,"Valor com BDI =>",null,2.41]
[{"$nulls":6},"Quant. =>",617.18129999999996,"Preço Total =>",1487.4]
[]
[" 5.2 ",null,null,"MOVIMENTO DE TERRA",{"$nulls":6},74524.28]
[" 5.2.1 ",null,null,"CORTE",{"$nulls":6},42710.44]
[" 5.2.1.1 ","Código","Banco","Descrição","Tipo",null,"Und","Quant.","Porcent.","Valor Unit","Total"]
["Composição"," 5502113 ","SICRO3","Escavação, carga e transporte de material de 1ª categoria - DMT de 800 a 1.000 m - caminho de serviço em leito natural - com escavadeira e caminhão basculante de 14 m³","",null,"m³",1,null,7.46,7.46]
["A","Código","Banco","Equipamentos","Quantidade","Utilização",null,"Custo Operacional",null,"Custo Horário"]
[{"$nulls":5},"Operativa","Improdutiva","Operativa","Improdutiva"]
["Insumo","E9667","SICRO3","Caminhão basculante com capacidade de 14 m³ - 188 kW",5,0.9,0.1,297.32,90.567700000000002,1383.2239]
["Insumo","E9515","SICRO3","Escavadeira hidráulica sobre esteiras com caçamba com capacidade de 1,56 m³ - 118 kW",1,1,0,287.9393,133.5633,287.9393]
[{"$nulls":5},"Custo Horário de Equipamentos =>",null,null,null,1671.1632]
["B","Código","Banco","Mão de Obra","Quantidade","Salário Hora",null,null,null,"Custo Horário"]
["Insumo","P9824","SICRO3","Servente",1,null,null,null,21.465699999999998,21.465699999999998]
[{"$nulls":5},"Custo Horário da Mão de Obra =>",null,null,null,21.465699999999998]
[{"$nulls":5},"Adc.M.O. - Ferramentas (0,0%) =>",null,null,null,0]
[{"$nulls":5},"Custo Horário de Execução =>",null,null,null,1692.6288999999999]
[{"$nulls":5},"Fator de Influencia da Chuva - FIC =>",null,null,null,1.43E-2]
[{"$nulls":5},"Custo do FIC =>",null,null,null,0.1048]
[{"$nulls":5},"Produção de Equipe =>",null,null,null,230.19]
[{"$nulls":5},"Custo Unitário de Execução =>",null,null,null,7.3532000000000002]
[{"$nulls":4},"MO sem LS =>",9.3252096094530598E-2,"LS =>",0,"MO com LS =>",9.3252096094530598E-2]
[{"$nulls":4},"Valor do BDI =>",1.68,null,"Valor com BDI =>",null,9.14]
[{"$nulls":6},"Quant. =>",3811.29,"Preço Total =>",34835.19]
[]
[" 5.2.1.2 ","Código","Banco","Descrição","Tipo",null,"Und","Quant.","Porcent.","Valor Unit","Total"]
["Composição"," 5502589 ","SICRO3","Escavação, carga e transporte de material de 2ª categoria - DMT de 800 a 1.000 m - caminho de serviço em leito natural - com escavadeira e caminhão basculante de 14 m³","",null,"m³",1,null,10.24,10.24]
["A","Código","Banco","Equipamentos","Quantidade","Utilização",null,"Custo Operacional",null,"Custo Horário"]
[{"$nulls":5},"Operativa","Improdutiva","Operativa","Improdutiva"]
["Insumo","E9667","SICRO3","Caminhão basculante com capacidade de 14 m³ - 188 kW",4,0.81,0.19,297.32,90.567700000000002,1032.1483000000001]
["Insumo","E9515","SICRO3","Escavadeira hidráulica sobre esteiras com caçamba com capacidade de 1,56 m³ - 118 kW",1,1,0,287.9393,133.5633,287.9393]
[{"$nulls":5},"Custo Horário de Equipamentos =>",null,null,null,1320.0876000000001]
["B","Código","Banco","Mão de Obra","Quantidade","Salário Hora",null,null,null,"Custo Horário"]
["Insumo","P9824","SICRO3","Servente",1,null,null,null,21.465699999999998,21.465699999999998]
[{"$nulls":5},"Custo Horário da Mão de Obra =>",null,null,null,21.465699999999998]
[{"$nulls":5},"Adc.M.O. - Ferramentas (0,0%) =>",null,null,null,0]
[{"$nulls":5},"Custo Horário de Execução =>",null,null,null,1341.5533]
[{"$nulls":5},"Fator de Influencia da Chuva - FIC =>",null,null,null,4.7999999999999996E-3]
[{"$nulls":5},"Custo do FIC =>",null,null,null,4.8399999999999999E-2]
[{"$nulls":5},"Produção de Equipe =>",null,null,null,131.61000000000001]
[{"$nulls":5},"Custo Unitário de Execução =>",null,null,null,10.1934]
[{"$nulls":4},"MO sem LS =>",0.16310082820454372,"LS =>",0,"MO com LS =>",0.16310082820454372]
[{"$nulls":4},"Valor do BDI =>",2.31,null,"Valor com BDI =>",null,12.55]
[{"$nulls":6},"Quant. =>",627.51,"Preço Total =>",7875.25]
[]
[" 5.2.2 ",null,null,"ATERRO",{"$nulls":6},31813.84]
[" 5.2.2.1 ","Código","Banco","Descrição","Tipo",null,"Und","Quant.","Porcent.","Valor Unit","Total"]
["Composição"," 4016096 ","SICRO3","Escavação e carga de material de jazida com escavadeira hidráulica de 1,56 m³","",null,"m³",1,null,1.36,1.36]
["A","Código","Banco","Equipamentos","Quantidade","Utilização",null,"Custo Operacional",null,"Custo Horário"]
[{"$nulls":5},"Operativa","Improdutiva","Operativa","Improdutiva"]
["Insumo","E9515","SICRO3","Escavadeira hidráulica sobre esteiras com caçamba com capacidade de 1,56 m³ - 118 kW",1,1,0,287.9393,133.5633,287.9393]
[{"$nulls":5},"Custo Horário de Equipamentos =>",null,null,null,287.9393]
["B","Código","Banco","Mão de Obra","Quantidade","Salário Hora",null,null,null,"Custo Horário"]
["Insumo","P9824","SICRO3","Servente",1,null,null,null,21.465699999999998,21.465699999999998]
[{"$nulls":5},"Custo Horário da Mão de Obra =>",null,null,null,21.465699999999998]
[{"$nulls":5},"Adc.M.O. - Ferramentas (0,0%) =>",null,null,null,0]
[{"$nulls":5},"Custo Horário de Execução =>",null,null,null,309.40499999999997]
[{"$nulls":5},"Fator de Influencia da Chuva - FIC =>",null,null,null,1.43E-2]
[{"$nulls":5},"Custo do FIC =>",null,null,null,1.9199999999999998E-2]
[{"$nulls":5},"Produção de Equipe =>",null,null,null,230.19]
[{"$nulls":5},"Custo Unitário de Execução =>",null,null,null,1.3441000000000001]
[{"$nulls":4},"MO sem LS =>",9.3252096094530598E-2,"LS =>",0,"MO com LS =>",9.3252096094530598E-2]
[{"$nulls":4},"Valor do BDI =>",0.3,null,"Valor com BDI =>",null,1.66]
[{"$nulls":6},"Quant. =>",485.99200000000002,"Preço Total =>",806.74]
[]
[" 5.2.2.2 ","Código","Banco","Descrição","Tipo",null,"Und","Quant.","Porcent.","Valor Unit","Total"]
["Composição"," 5901639 ","SICRO3","TRANSPORTE COM CAMINHÃO BASCULANTE COM CAÇAMBA ESTANQUE COM CAPACIDADE DE 14 M³ - RODOVIA EM LEITO NATURAL.","",null,"tkm",1,null,0.87,0.87]
["A","Código","Banco","Equipamentos","Quantidade","Utilização",null,"Custo Operacional",null,"Custo Horário"]
[{"$nulls":5},"Operativa","Improdutiva","Operativa","Improdutiva"]
["Insumo","E9575","SICRO3","Caminhão basculante com caçamba estanque com capacidade de 14 m³ - 188 kW",1,1,0,297.71420000000001,90.774600000000007,297.71420000000001]
[{"$nulls":5},"Custo Horário de Equipamentos =>",null,null,null,297.71420000000001]
[{"$nulls":5},"Custo Horário de Execução =>",null,null,null,297.71420000000001]
[{"$nulls":5},"Fator de Influencia da Chuva - FIC =>",null,null,null,1.43E-2]
[{"$nulls":5},"Custo do FIC =>",null,null,null,1.2200000000000001E-2]
[{"$nulls":5},"Produção de Equipe =>",null,null,null,348.6]
[{"$nulls":5},"Custo Unitário de Execução =>",null,null,null,0.85399999999999998]
[{"$nulls":4},"MO sem LS =>",0,"LS =>",0,"MO com LS =>",0]
[{"$nulls":4},"Valor do BDI =>",0.19,null,"Valor com BDI =>",null,1.06]
[{"$nulls":6},"Quant. =>",911.23578929999996,"Preço Total =>",965.9]
[]
[" 5.2.2.3 ","Código","Banco","Descrição","Tipo",null,"Und","Quant.","Porcent.","Valor Unit","Total"]
["Composição"," 5502978 ","SICRO3","Compactação de aterros a 100% do Proctor normal","",null,"m³",1,null,4.9800000000000004,4.9800000000000004]
["A","Código","Banco","Equipamentos","Quantidade","Utilização",null,"Custo Operacional",null,"Custo Horário"]
[{"$nulls":5},"Operativa","Improdutiva","Operativa","Improdutiva"]
["Insumo","E9571","SICRO3","Caminhão tanque com capacidade de 10.000 l - 188 kW",1,0.9,0.1,321.9742,87.045699999999997,298.48140000000001]
["Insumo","E9518","SICRO3","Grade de 24 discos rebocável de D = 60 cm (24”)",1,0.52,0.48,4.8493000000000004,3.3769999999999998,4.1425999999999998]
["Insumo","E9524","SICRO3","Motoniveladora - 93 kW",1,0.28999999999999998,0.71,289.17180000000002,130.09540000000001,176.2276]
["Insumo","E9685","SICRO3","Rolo compactador pé de carneiro vibratório autopropelido por pneus de 11,6 t - 82 kW",1,1,0,221.4451,102.9592,221.4451]
["Insumo","E9577","SICRO3","Trator agrícola sobre pneus - 77 kW",1,0.52,0.48,148.2132,57.663899999999998,104.7495]
[{"$nulls":5},"Custo Horário de Equipamentos =>",null,null,null,805.0462]
["B","Código","Banco","Mão de Obra","Quantidade","Salário Hora",null,null,null,"Custo Horário"]
["Insumo","P9824","SICRO3","Servente",1,null,null,null,21.465699999999998,21.465699999999998]
[{"$nulls":5},"Custo Horário da Mão de Obra =>",null,null,null,21.465699999999998]
[{"$nulls":5},"Adc.M.O. - Ferramentas (0,0%) =>",null,null,null,0]
[{"$nulls":5},"Custo Horário de Execução =>",null,null,null,826.51189999999997]
[{"$nulls":5},"Fator de Influencia da Chuva - FIC =>",null,null,null,1.43E-2]
[{"$nulls":5},"Custo do FIC =>",null,null,null,7.0000000000000007E-2]
[{"$nulls":5},"Produção de Equipe =>",null,null,null,168.2]
[{"$nulls":5},"Custo Unitário de Execução =>",null,null,null,4.9138999999999999]
[{"$nulls":4},"MO sem LS =>",0.12762009512485137,"LS =>",0,"MO com LS =>",0.12762009512485137]
[{"$nulls":4},"Valor do BDI =>",1.1200000000000001,null,"Valor com BDI =>",null,6.1]
[{"$nulls":6},"Quant. =>",4924.7879999999996,"Preço Total =>",30041.200000000001]
[]
[" 5.3 ",null,null,"ESTRUTURAS EM CONCRETO",{"$nulls":6},1328649.47]
[" 5.3.1 ",null,null,"TRANSIÇÃO MONTANTE",{"$nulls":6},163281]
[" 5.3.1.1 ","Código","Banco","Descrição","Tipo",null,"Und","Quant.","Porcent.","Valor Unit","Total"]
["Composição"," 1106382 ","SICRO3","Concreto para bombeamento fck = 35 MPa - confecção em central dosadora de 30 m³/h - areia extraída e brita produzida","",null,"m³",1,null,373.41,373.41]
["A","Código","Banco","Equipamentos","Quantidade","Utilização",null,"Custo Operacional",null,"Custo Horário"]
[{"$nulls":5},"Operativa","Improdutiva","Operativa","Improdutiva"]
["Insumo","E9584","SICRO3","Carregadeira de pneus com capacidade de 1,72 m³ - 113 kW",1,0.31,0.69,203.21250000000001,104.4208,135.0462]
["Insumo","E9599","SICRO3","Central de concreto com capacidade de 30 m³/h - dosadora RS",1,1,0,79.077200000000005,64.673599999999993,79.077200000000005]
["Insumo","E9779","SICRO3","Grupo gerador - 113 kVA",1,1,0,101.1589,8.4064999999999994,101.1589]
[{"$nulls":5},"Custo Horário de Equipamentos =>",null,null,null,315.28230000000002]
["B","Código","Banco","Mão de Obra","Quantidade","Salário Hora",null,null,null,"Custo Horário"]
["Insumo","P9824","SICRO3","Servente",2,null,null,null,21.465699999999998,42.931399999999996]
[{"$nulls":5},"Custo Horário da Mão de Obra =>",null,null,null,42.931399999999996]
[{"$nulls":5},"Adc.M.O. - Ferramentas (0,0%) =>",null,null,null,0]
[{"$nulls":5},"Custo Horário de Execução =>",null,null,null,358.21370000000002]
[{"$nulls":5},"Fator de Influencia da Chuva - FIC =>",null,null,null,0]
[{"$nulls":5},"Custo do FIC =>",null,null,null,0]
[{"$nulls":5},"Produção de Equipe =>",null,null,null,24.9]
[{"$nulls":5},"Custo Unitário de Execução =>",null,null,null,14.386100000000001]
["C","Banco","Código","Material","Quantidade","Unidade","Preço Unitário",null,null,"Custo Horário"]
["Insumo","SICRO3","M0030","Aditivo plastificante e retardador de pega para concreto e argamassa",1.7033499999999999,"kg",6.5956999999999999,null,null,11.2348]
["Insumo","SICRO3","M0424","Cimento Portland CP II - 32 - saco",425.83814999999998,"kg",0.66949999999999998,null,null,285.09859999999998]
[{"$nulls":5},"Custo Total do Material =>",null,null,null,296.33339999999998]
["D","Banco","Código","Atividades Auxiliares","Quantidade","Unidade","Preço Unitário",null,null,"Custo Horário"]
["Atividade Auxiliar","SICRO3",4816012,"Brita produzida em central de britagem de 80 m³/h",0.68813000000000002,"m³",53.84,null,null,37.048900000000003]
["Atividade Auxiliar","SICRO3",4816020,"Areia extraída com draga de sucção tipo bomba",0.54778000000000004,"m³",11.74,null,null,6.4309000000000003]
[{"$nulls":5},"Custo Total das Atividades =>",null,null,null,43.479799999999997]
["E","Banco","Insumo","Tempos Fixos","Código","Quantidade","Unidade","Preço Unitário",null,"Custo Horário"]
["Tempo Fixo","SICRO3",4816020,"Carga, manobra e descarga de agregados ou solos em caminhão basculante de 10 m³ - carga com carregadeira de 3,40 m³ edescarga livre",5915407,0.82167000000000001,"t",2.72,null,2.2349000000000001]
["Tempo Fixo","SICRO3",4816012,"Carga, manobra e descarga de agregados ou solos em caminhão basculante de 10 m³ - carga com carregadeira de 3,40 m³ edescarga livre",5915407,1.0322,"t",2.72,null,2.8075999999999999]
["Tempo Fixo","SICRO3","M0030","Carga, manobra e descarga de materiais diversos em caminhão carroceria de 15 t - carga e descarga manuais",5914655,1.6999999999999999E-3,"t",33.15,null,5.6399999999999999E-2]
["Tempo Fixo","SICRO3","M0424","Carga, manobra e descarga de materiais diversos em caminhão carroceria de 15 t - carga e descarga manuais",5914655,0.42584,"t",33.15,null,14.1166]
[{"$nulls":5},"Custo Total dos Tempos Fixos =>",null,null,null,19.215499999999999]
["F","Banco","Insumo","Momento de Transporte","Quantidade","Unidade","Distância Média de Transporte (DMT)",null,null,"Custo Horário"]
[{"$nulls":6},"LN","RP","P"]
["Momento de Transporte","SICRO3",4816020,"Areia extraída com draga de sucção tipo bomba - Caminhão basculante com capacidade de 10 m³ - 188 kW",0.82167000000000001,"tkm","5914359\n0,000\nR$ 1,19","5914374\n0,000\nR$ 0,95","5914389\n0,000\nR$ 0,79",0]
["Momento de Transporte","SICRO3",4816012,"Brita produzida em central de britagem de 80 m³/h - Caminhão basculante com capacidade de 10 m³ - 188 kW",1.0322,"tkm","5914359\n0,000\nR$ 1,19","5914374\n0,000\nR$ 0,95","5914389\n0,000\nR$ 0,79",0]
["Momento de Transporte","SICRO3","M0030","Aditivo plastificante e retardador de pega para concreto e argamassa - Caminhão carroceria com capacidade de 15 t - 188 kW",1.6999999999999999E-3,"tkm","5914449\n0,000\nR$ 1,08","5914464\n0,000\nR$ 0,86","5914479\n0,000\nR$ 0,71",0]
["Momento de Transporte","SICRO3","M0424","Cimento Portland CP II - 32 - saco - Caminhão carroceria com capacidade de 15 t - 188 kW",0.42584,"tkm","5914449\n0,000\nR$ 1,08","5914464\n0,000\nR$ 0,86","5914479\n0,000\nR$ 0,71",0]
[{"$nulls":5},"Custo total dos Momentos de Transportes =>",null,null,null,0]
[{"$nulls":4},"MO sem LS =>",10.230974510441767,"LS =>",0,"MO com LS =>",10.230974597603442]
[{"$nulls":4},"Valor do BDI =>",84.24,null,"Valor com BDI =>",null,457.65]
[{"$nulls":6},"Quant. =>",66.14,"Preço Total =>",30268.97]
[]
[" 5.3.1.2 ","Código","Banco","Descrição","Tipo",null,"Und","Quant.","Porcent.","Valor Unit","Total"]
["Composição"," 1106058 ","SICRO3","Concreto magro - confecção em betoneira e lançamento manual - areia extraída e brita produzida","",null,"m³",1,null,321.32,321.32]
["A","Código","Banco","Equipamentos","Quantidade","Utilização",null,"Custo Operacional",null,"Custo Horário"]
[{"$nulls":5},"Operativa","Improdutiva","Operativa","Improdutiva"]
["Insumo","E9519","SICRO3","Betoneira com motor a gasolina com capacidade de 600 l - 10 kW",1,1,0,53.475700000000003,33.671500000000002,53.475700000000003]
["Insumo","E9071","SICRO3","Transportador manual carrinho de mão com capacidade de 80 l",4,0.88,0.12,0.71679999999999999,0.48730000000000001,2.7570000000000001]
["Insumo","E9064","SICRO3","Transportador manual gerica com capacidade de 180 l",3,0.41,0.59,1.5258,1.0373000000000001,3.7128000000000001]
[{"$nulls":5},"Custo Horário de Equipamentos =>",null,null,null,59.945500000000003]
["B","Código","Banco","Mão de Obra","Quantidade","Salário Hora",null,null,null,"Custo Horário"]
["Insumo","P9821","SICRO3","Pedreiro",1,null,null,null,30.302800000000001,30.302800000000001]
["Insumo","P9824","SICRO3","Servente",9,null,null,null,21.465699999999998,193.19130000000001]
[{"$nulls":5},"Custo Horário da Mão de Obra =>",null,null,null,223.4941]
[{"$nulls":5},"Adc.M.O. - Ferramentas (0,0%) =>",null,null,null,0]
[{"$nulls":5},"Custo Horário de Execução =>",null,null,null,283.43959999999998]
[{"$nulls":5},"Fator de Influencia da Chuva - FIC =>",null,null,null,0]
[{"$nulls":5},"Custo do FIC =>",null,null,null,0]
[{"$nulls":5},"Produção de Equipe =>",null,null,null,3.9289999999999998]
[{"$nulls":5},"Custo Unitário de Execução =>",null,null,null,72.140600000000006]
["C","Banco","Código","Material","Quantidade","Unidade","Preço Unitário",null,null,"Custo Horário"]
["Insumo","SICRO3","M0424","Cimento Portland CP II - 32 - saco",280.53417999999999,"kg",0.66949999999999998,null,null,187.8176]
[{"$nulls":5},"Custo Total do Material =>",null,null,null,187.8176]
["D","Banco","Código","Atividades Auxiliares","Quantidade","Unidade","Preço Unitário",null,null,"Custo Horário"]
["Atividade Auxiliar","SICRO3",4816012,"Brita produzida em central de britagem de 80 m³/h",0.73507999999999996,"m³",53.84,null,null,39.576700000000002]
["Atividade Auxiliar","SICRO3",4816020,"Areia extraída com draga de sucção tipo bomba",0.59948000000000001,"m³",11.74,null,null,7.0378999999999996]
[{"$nulls":5},"Custo Total das Atividades =>",null,null,null,46.614600000000003]
["E","Banco","Insumo","Tempos Fixos","Código","Quantidade","Unidade","Preço Unitário",null,"Custo Horário"]
["Tempo Fixo","SICRO3",4816020,"Carga, manobra e descarga de agregados ou solos em caminhão basculante de 10 m³ - carga com carregadeira de 3,40 m³ edescarga livre",5915407,0.89922000000000002,"t",2.72,null,2.4459]
["Tempo Fixo","SICRO3",4816012,"Carga, manobra e descarga de agregados ou solos em caminhão basculante de 10 m³ - carga com carregadeira de 3,40 m³ edescarga livre",5915407,1.1026199999999999,"t",2.72,null,2.9990999999999999]
["Tempo Fixo","SICRO3","M0424","Carga, manobra e descarga de materiais diversos em caminhão carroceria de 15 t - carga e descarga manuais",5914655,0.28053,"t",33.15,null,9.2995999999999999]
[{"$nulls":5},"Custo Total dos Tempos Fixos =>",null,null,null,14.7446]
["F","Banco","Insumo","Momento de Transporte","Quantidade","Unidade","Distância Média de Transporte (DMT)",null,null,"Custo Horário"]
[{"$nulls":6},"LN","RP","P"]
["Momento de Transporte","SICRO3",4816020,"Areia extraída com draga de sucção tipo bomba - Caminhão basculante com capacidade de 10 m³ - 188 kW",0.89922000000000002,"tkm","5914359\n0,000\nR$ 1,19","5914374\n0,000\nR$ 0,95","5914389\n0,000\nR$ 0,79",0]
["Momento de Transporte","SICRO3",4816012,"Brita produzida em central de britagem de 80 m³/h - Caminhão basculante com capacidade de 10 m³ - 188 kW",1.1026199999999999,"tkm","5914359\n0,000\nR$ 1,19","5914374\n0,000\nR$ 0,95","5914389\n0,000\nR$ 0,79",0]
["Momento de Transporte","SICRO3","M0424","Cimento Portland CP II - 32 - saco - Caminhão carroceria com capacidade de 15 t - 188 kW",0.28053,"tkm","5914449\n0,000\nR$ 1,08","5914464\n0,000\nR$ 0,86","5914479\n0,000\nR$ 0,71",0]
[{"$nulls":5},"Custo total dos Momentos de Transportes =>",null,null,null,0]
[{"$nulls":4},"MO sem LS =>",64.095106908289324,"LS =>",0,"MO com LS =>",64.095106908289324]
[{"$nulls":4},"Valor do BDI =>",72.48,null,"Valor com BDI =>",null,393.8]
[{"$nulls":6},"Quant. =>",5.25,"Preço Total =>",2067.4499999999998]
[]
[" 5.3.1.3 ","Código","Banco","Descrição","Tipo",null,"Und","Quant.","Porcent.","Valor Unit","Total"]
["Composição"," 5914657 ","SICRO3","CARGA, MANOBRA E DESCARGA DE BLOCOS DE ROCHA EM CAMINHÃO BASCULANTE DE 8 M³ - CARGA COM RETROESCAVADEIRA DE 0,29 M³ E DESCARGA LIVRE.","",null,"t",1,null,17.600000000000001,17.600000000000001]
["A","Código","Banco","Equipamentos","Quantidade","Utilização",null,"Custo Operacional",null,"Custo Horário"]
[{"$nulls":5},"Operativa","Improdutiva","Operativa","Improdutiva"]
["Insumo","E9604","SICRO3","Caminhão basculante para rocha com capacidade de 8 m³ - 210 kW",2,0.56999999999999995,0.43,297.14830000000001,90.430499999999995,416.51929999999999]
["Insumo","E9526","SICRO3","Retroescavadeira de pneus - capacidade da caçamba da pá-carregadeira de 0,76 m³ e da",1,1,0,151.10929999999999,79.652699999999996,151.10929999999999]
[{"$nulls":5},"Custo Horário de Equipamentos =>",null,null,null,567.62860000000001]
[{"$nulls":5},"Custo Horário de Execução =>",null,null,null,567.62860000000001]
[{"$nulls":5},"Fator de Influencia da Chuva - FIC =>",null,null,null,0]
[{"$nulls":5},"Custo do FIC =>",null,null,null,0]
[{"$nulls":5},"Produção de Equipe =>",null,null,null,32.26]
[{"$nulls":5},"Custo Unitário de Execução =>",null,null,null,17.595400000000001]
[{"$nulls":4},"MO sem LS =>",0,"LS =>",0,"MO com LS =>",0]
[{"$nulls":4},"Valor do BDI =>",3.97,null,"Valor com BDI =>",null,21.57]
[{"$nulls":6},"Quant. =>",42.187813800000001,"Preço Total =>",909.99]
[]
[" 5.3.1.4 ","Código","Banco","Descrição","Tipo",null,"Und","Quant.","Porcent.","Valor Unit","Total"]
["Composição"," 5914346 ","SICRO3","TRANSPORTE DE MATERIAL DE 3ª CATEGORIA COM CAMINHÃO BASCULANTE DE 8 M³ PARA ROCHA - RODOVIA EM LEITO NATURAL","",null,"tkm",1,null,1.68,1.68]
["A","Código","Banco","Equipamentos","Quantidade","Utilização",null,"Custo Operacional",null,"Custo Horário"]
[{"$nulls":5},"Operativa","Improdutiva","Operativa","Improdutiva"]
["Insumo","E9604","SICRO3","Caminhão basculante para rocha com capacidade de 8 m³ - 210 kW",1,1,0,297.14830000000001,90.430499999999995,297.14830000000001]
[{"$nulls":5},"Custo Horário de Equipamentos =>",null,null,null,297.14830000000001]
[{"$nulls":5},"Custo Horário de Execução =>",null,null,null,297.14830000000001]
[{"$nulls":5},"Fator de Influencia da Chuva - FIC =>",null,null,null,1.43E-2]
[{"$nulls":5},"Custo do FIC =>",null,null,null,2.3599999999999999E-2]
[{"$nulls":5},"Produção de Equipe =>",null,null,null,179.28]
[{"$nulls":5},"Custo Unitário de Execução =>",null,null,null,1.6575]
[{"$nulls":4},"MO sem LS =>",0,"LS =>",0,"MO com LS =>",0]
[{"$nulls":4},"Valor do BDI =>",0.37,null,"Valor com BDI =>",null,2.0499999999999998]
[{"$nulls":6},"Quant. =>",558.14477629999999,"Preço Total =>",1144.19]
[]
[" 5.3.1.5 ","Código","Banco","Descrição","Tipo",null,"Und","Quant.","Porcent.","Valor Unit","Total"]
["Composição"," 5914351 ","SICRO3","CARGA, MANOBRA E DESCARGA DE AGREGADOS OU SOLOS EM CAMINHÃO BASCULANTE DE 14 M³ - CARGA COM CARREGADEIRA DE 3,40 M³ E DESCARGA LIVRE.","",null,"t",1,null,2.61,2.61]
["A","Código","Banco","Equipamentos","Quantidade","Utilização",null,"Custo Operacional",null,"Custo Horário"]
[{"$nulls":5},"Operativa","Improdutiva","Operativa","Improdutiva"]
["Insumo","E9667","SICRO3","Caminhão basculante com capacidade de 14 m³ - 188 kW",3,0.77,0.23,297.32,90.567700000000002,749.30089999999996]
["Insumo","E9511","SICRO3","Carregadeira de pneus com capacidade de 3,40 m³ - 195 kW",1,1,0,442.03,218.85579999999999,442.03]
[{"$nulls":5},"Custo Horário de Equipamentos =>",null,null,null,1191.3308999999999]
[{"$nulls":5},"Custo Horário de Execução =>",null,null,null,1191.3308999999999]
[{"$nulls":5},"Fator de Influencia da Chuva - FIC =>",null,null,null,0]
[{"$nulls":5},"Custo do FIC =>",null,null,null,0]
[{"$nulls":5},"Produção de Equipe =>",null,null,null,457.16]
[{"$nulls":5},"Custo Unitário de Execução =>",null,null,null,2.6059000000000001]
[{"$nulls":4},"MO sem LS =>",0,"LS =>",0,"MO com LS =>",0]
[{"$nulls":4},"Valor do BDI =>",0.57999999999999996,null,"Valor com BDI =>",null,3.19]
[{"$nulls":6},"Quant. =>",133.12464979999999,"Preço Total =>",424.66]
[]
[" 5.3.1.6 ","Código","Banco","Descrição","Tipo",null,"Und","Quant.","Porcent.","Valor Unit","Total"]
["Composição"," 5901639 ","SICRO3","TRANSPORTE COM CAMINHÃO BASCULANTE COM CAÇAMBA ESTANQUE COM CAPACIDADE DE 14 M³ - RODOVIA EM LEITO NATURAL.","",null,"tkm",1,null,0.87,0.87]
["A","Código","Banco","Equipamentos","Quantidade","Utilização",null,"Custo Operacional",null,"Custo Horário"]
[{"$nulls":5},"Operativa","Improdutiva","Operativa","Improdutiva"]
["Insumo","E9575","SICRO3","Caminhão basculante com caçamba estanque com capacidade de 14 m³ - 188 kW",1,1,0,297.71420000000001,90.774600000000007,297.71420000000001]
[{"$nulls":5},"Custo Horário de Equipamentos =>",null,null,null,297.71420000000001]
[{"$nulls":5},"Custo Horário de Execução =>",null,null,null,297.71420000000001]
[{"$nulls":5},"Fator de Influencia da Chuva - FIC =>",null,null,null,1.43E-2]
[{"$nulls":5},"Custo do FIC =>",null,null,null,1.2200000000000001E-2]
[{"$nulls":5},"Produção de Equipe =>",null,null,null,348.6]
[{"$nulls":5},"Custo Unitário de Execução =>",null,null,null,0.85399999999999998]
[{"$nulls":4},"MO sem LS =>",0,"LS =>",0,"MO com LS =>",0]
[{"$nulls":4},"Valor do BDI =>",0.19,null,"Valor com BDI =>",null,1.06]
[{"$nulls":6},"Quant. =>",782.67176259999997,"Preço Total =>",829.63]
[]
[" 5.3.1.7 ","Código","Banco","Descrição","Tipo",null,"Und","Quant.","Porcent.","Valor Unit","Total"]
["Composição"," 5914539 ","SICRO3","Transporte com caminhão betoneira - rodovia em leito natural","",null,"tkm",1,null,0.98,0.98]
["A","Código","Banco","Equipamentos","Quantidade","Utilização",null,"Custo Operacional",null,"Custo Horário"]
[{"$nulls":5},"Operativa","Improdutiva","Operativa","Improdutiva"]
["Insumo","E9600","SICRO3","Caminhão betoneira com capacidade de 8 m³ - 188 kW",1,1,0,307.62630000000001,107.0881,307.62630000000001]
[{"$nulls":5},"Custo Horário de Equipamentos =>",null,null,null,307.62630000000001]
[{"$nulls":5},"Custo Horário de Execução =>",null,null,null,307.62630000000001]
[{"$nulls":5},"Fator de Influencia da Chuva - FIC =>",null,null,null,1.43E-2]
[{"$nulls":5},"Custo do FIC =>",null,null,null,1.38E-2]
[{"$nulls":5},"Produção de Equipe =>",null,null,null,318.72000000000003]
[{"$nulls":5},"Custo Unitário de Execução =>",null,null,null,0.96519999999999995]
[{"$nulls":4},"MO sem LS =>",0,"LS =>",0,"MO com LS =>",0]
[{"$nulls":4},"Valor do BDI =>",0.22,null,"Valor com BDI =>",null,1.2]
[{"$nulls":6},"Quant. =>",158.73599999999999,"Preço Total =>",190.48]
[]
[" 5.3.1.8 ","Código","Banco","Descrição","Tipo",null,"Und","Quant.","Porcent.","Valor Unit","Total"]
["Composição"," 1106088 ","SICRO3","Lançamento mecânico de concreto com bomba rebocável com capacidade de 30 m³/h - confecção em central dosadora de 30 m³/h","",null,"m³",1,null,57.76,57.76]
["A","Código","Banco","Equipamentos","Quantidade","Utilização",null,"Custo Operacional",null,"Custo Horário"]
[{"$nulls":5},"Operativa","Improdutiva","Operativa","Improdutiva"]
["Insumo","E9073","SICRO3","Bomba de concreto rebocável com capacidade de 30 m³/h - 74 kW",1,1,0,187.27770000000001,76.781400000000005,187.27770000000001]
[{"$nulls":5},"Custo Horário de Equipamentos =>",null,null,null,187.27770000000001]
["B","Código","Banco","Mão de Obra","Quantidade","Salário Hora",null,null,null,"Custo Horário"]
["Insumo","P9821","SICRO3","Pedreiro",1,null,null,null,30.302800000000001,30.302800000000001]
["Insumo","P9824","SICRO3","Servente",7,null,null,null,21.465699999999998,150.25989999999999]
[{"$nulls":5},"Custo Horário da Mão de Obra =>",null,null,null,180.56270000000001]
[{"$nulls":5},"Adc.M.O. - Ferramentas (0,0%) =>",null,null,null,0]
[{"$nulls":5},"Custo Horário de Execução =>",null,null,null,367.84039999999999]
[{"$nulls":5},"Fator de Influencia da Chuva - FIC =>",null,null,null,0]
[{"$nulls":5},"Custo do FIC =>",null,null,null,0]
[{"$nulls":5},"Produção de Equipe =>",null,null,null,24.9]
[{"$nulls":5},"Custo Unitário de Execução =>",null,null,null,14.7727]
["D","Banco","Código","Atividades Auxiliares","Quantidade","Unidade","Preço Unitário",null,null,"Custo Horário"]
["Atividade Auxiliar","SICRO3",1110000,"Concreto",1,"m³",0,null,null,0]
[{"$nulls":5},"Custo Total das Atividades =>",null,null,null,0]
["E","Banco","Insumo","Tempos Fixos","Código","Quantidade","Unidade","Preço Unitário",null,"Custo Horário"]
["Tempo Fixo","SICRO3",1110000,"Carga, manobra e descarga de concreto com caminhão betoneira - carga em central de concreto de 30 m³/h e descarga livre",5909007,2.4,"t",17.91,null,42.984000000000002]
[{"$nulls":5},"Custo Total dos Tempos Fixos =>",null,null,null,42.984000000000002]
["F","Banco","Insumo","Momento de Transporte","Quantidade","Unidade","Distância Média de Transporte (DMT)",null,null,"Custo Horário"]
[{"$nulls":6},"LN","RP","P"]
["Momento de Transporte","SICRO3",1110000,"Concreto - Caminhão betoneira com capacidade de 8 m³ - 188 kW",2.4,"tkm","5914539\n0,000\nR$ 0,97","5914554\n0,000\nR$ 0,78","5914569\n0,000\nR$ 0,64",0]
[{"$nulls":5},"Custo total dos Momentos de Transportes =>",null,null,null,0]
[{"$nulls":4},"MO sem LS =>",7.2515140562248996,"LS =>",0,"MO com LS =>",7.2515140562248996]
[{"$nulls":4},"Valor do BDI =>",13.03,null,"Valor com BDI =>",null,70.790000000000006]
[{"$nulls":6},"Quant. =>",66.14,"Preço Total =>",4682.05]
[]
[" 5.3.1.9 ","Código","Banco","Descrição","Tipo",null,"Und","Quant.","Porcent.","Valor Unit","Total"]
["Composição"," 1100657 ","SICRO3","Adensamento de concreto por vibrador de imersão","",null,"m³",1,null,3.32,3.32]
["A","Código","Banco","Equipamentos","Quantidade","Utilização",null,"Custo Operacional",null,"Custo Horário"]
[{"$nulls":5},"Operativa","Improdutiva","Operativa","Improdutiva"]
["Insumo","E9069","SICRO3","Vibrador de imersão para concreto - 4,10 kW",1,1,0,8.3879000000000001,0.7641,8.3879000000000001]
[{"$nulls":5},"Custo Horário de Equipamentos =>",null,null,null,8.3879000000000001]
["B","Código","Banco","Mão de Obra","Quantidade","Salário Hora",null,null,null,"Custo Horário"]
["Insumo","P9824","SICRO3","Servente",1,null,null,null,21.465699999999998,21.465699999999998]
[{"$nulls":5},"Custo Horário da Mão de Obra =>",null,null,null,21.465699999999998]
[{"$nulls":5},"Adc.M.O. - Ferramentas (0,0%) =>",null,null,null,0]
[{"$nulls":5},"Custo Horário de Execução =>",null,null,null,29.8536]
[{"$nulls":5},"Fator de Influencia da Chuva - FIC =>",null,null,null,0]
[{"$nulls":5},"Custo do FIC =>",null,null,null,0]
[{"$nulls":5},"Produção de Equipe =>",null,null,null,9]
[{"$nulls":5},"Custo Unitário de Execução =>",null,null,null,3.3170999999999999]
[{"$nulls":4},"MO sem LS =>",2.3850777777777776,"LS =>",0,"MO com LS =>",2.3850777777777776]
[{"$nulls":4},"Valor do BDI =>",0.74,null,"Valor com BDI =>",null,4.0599999999999996]
[{"$nulls":6},"Quant. =>",66.14,"Preço Total =>",268.52]
[]
[" 5.3.1.10 ","Código","Banco","Descrição","Tipo",null,"Und","Quant.","Porcent.","Valor Unit","Total"]
["Composição"," 0407819 ","SICRO3","Armação em aço CA-50 - fornecimento, preparo e colocação","",null,"kg",1,null,11.88,11.88]
["B","Código","Banco","Mão de Obra","Quantidade","Salário Hora",null,null,null,"Custo Horário"]
["Insumo","P9801","SICRO3","Ajudante",0.09,null,null,null,22.478899999999999,2.0230999999999999]
["Insumo","P9805","SICRO3","Armador",0.09,null,null,null,30.334199999999999,2.7301000000000002]
[{"$nulls":5},"Custo Horário da Mão de Obra =>",null,null,null,4.7531999999999996]
[{"$nulls":5},"Adc.M.O. - Ferramentas (0,0%) =>",null,null,null,0]
[{"$nulls":5},"Custo Horário de Execução =>",null,null,null,4.7531999999999996]
[{"$nulls":5},"Fator de Influencia da Chuva - FIC =>",null,null,null,0]
[{"$nulls":5},"Custo do FIC =>",null,null,null,0]
[{"$nulls":5},"Produção de Equipe =>",null,null,null,1]
[{"$nulls":5},"Custo Unitário de Execução =>",null,null,null,4.7531999999999996]
["C","Banco","Código","Material","Quantidade","Unidade","Preço Unitário",null,null,"Custo Horário"]
["Insumo","SICRO3","M0004","Aço CA 50",1.1000000000000001,"kg",6.2881,null,null,6.9169]
["Insumo","SICRO3","M0075","Arame liso recozido em aço-carbono - D = 1,24 mm (18 BWG)",1.4999999999999999E-2,"kg",11.658799999999999,null,null,0.1749]
[{"$nulls":5},"Custo Total do Material =>",null,null,null,7.0918000000000001]
["E","Banco","Insumo","Tempos Fixos","Código","Quantidade","Unidade","Preço Unitário",null,"Custo Horário"]
["Tempo Fixo","SICRO3","M0004","Carga, manobra e descarga de materiais diversos em caminhão carroceria de 15 t - carga e descarga manuais",5914655,1.1000000000000001E-3,"t",33.15,null,3.6499999999999998E-2]
["Tempo Fixo","SICRO3","M0075","Carga, manobra e descarga de materiais diversos em caminhão carroceria de 15 t - carga e descarga manuais",5914655,2.0000000000000002E-5,"t",33.15,null,6.9999999999999999E-4]
[{"$nulls":5},"Custo Total dos Tempos Fixos =>",null,null,null,3.7199999999999997E-2]
["F","Banco","Insumo","Momento de Transporte","Quantidade","Unidade","Distância Média de Transporte (DMT)",null,null,"Custo Horário"]
[{"$nulls":6},"LN","RP","P"]
["Momento de Transporte","SICRO3","M0004","Aço CA 50 - Caminhão carroceria com capacidade de 15 t - 188 kW",1.1000000000000001E-3,"tkm","5914449\n0,000\nR$ 1,08","5914464\n0,000\nR$ 0,86","5914479\n0,000\nR$ 0,71",0]
["Momento de Transporte","SICRO3","M0075","Arame liso recozido em aço-carbono - D = 1,24 mm (18 BWG) - Caminhão carroceria com capacidade de 15 t - 188 kW",2.0000000000000002E-5,"tkm","5914449\n0,000\nR$ 1,08","5914464\n0,000\nR$ 0,86","5914479\n0,000\nR$ 0,71",0]
[{"$nulls":5},"Custo total dos Momentos de Transportes =>",null,null,null,0]
[{"$nulls":4},"MO sem LS =>",4.765362235135135,"LS =>",0,"MO com LS =>",4.765362235135135]
[{"$nulls":4},"Valor do BDI =>",2.68,null,"Valor com BDI =>",null,14.56]
[{"$nulls":6},"Quant. =>",7936.8,"Preço Total =>",115559.8]
[]
[" 5.3.1.11 ","Código","Banco","Descrição","Tipo",null,"Und","Quant.","Porcent.","Valor Unit","Total"]
["Composição"," 3107997 ","SICRO3","Fôrmas de compensado resinado 10 mm - uso geral - utilização de 3 vezes - confecção, instalação e retirada","",null,"m²",1,null,81.96,81.96]
["A","Código","Banco","Equipamentos","Quantidade","Utilização",null,"Custo Operacional",null,"Custo Horário"]
[{"$nulls":5},"Operativa","Improdutiva","Operativa","Improdutiva"]
["Insumo","E9066","SICRO3","Grupo gerador - 14 kVA",4.0160000000000001E-2,1,0,17.8385,4.6101000000000001,0.71640000000000004]
["Insumo","E9535","SICRO3","Serra circular com bancada - D = 30 cm - 4 kW",4.0160000000000001E-2,1,0,31.252500000000001,30.8993,1.2551000000000001]
[{"$nulls":5},"Custo Horário de Equipamentos =>",null,null,null,1.9715]
["B","Código","Banco","Mão de Obra","Quantidade","Salário Hora",null,null,null,"Custo Horário"]
["Insumo","P9801","SICRO3","Ajudante",0.7,null,null,null,22.478899999999999,15.735200000000001]
["Insumo","P9808","SICRO3","Carpinteiro",0.7,null,null,null,30.3432,21.240200000000002]
[{"$nulls":5},"Custo Horário da Mão de Obra =>",null,null,null,36.9754]
[{"$nulls":5},"Adc.M.O. - Ferramentas (0,0%) =>",null,null,null,0]
[{"$nulls":5},"Custo Horário de Execução =>",null,null,null,38.946899999999999]
[{"$nulls":5},"Fator de Influencia da Chuva - FIC =>",null,null,null,0]
[{"$nulls":5},"Custo do FIC =>",null,null,null,0]
[{"$nulls":5},"Produção de Equipe =>",null,null,null,1]
[{"$nulls":5},"Custo Unitário de Execução =>",null,null,null,38.946899999999999]
["C","Banco","Código","Material","Quantidade","Unidade","Preço Unitário",null,null,"Custo Horário"]
["Insumo","SICRO3","M0284","Caibro de pinho - L = 7,5 cm e E = 7,5 cm",0.44922000000000001,"m",16.706299999999999,null,null,7.5048000000000004]
["Insumo","SICRO3","M0446","Compensado resinado - E = 10 mm",0.40429999999999999,"m²",33.758899999999997,null,null,13.6487]
["Insumo","SICRO3","M0560","Desmoldante para fôrmas de madeira",1.8519999999999998E-2,"l",12.788600000000001,null,null,0.23680000000000001]
["Insumo","SICRO3","M0310","Peça de madeira - L = 7,5 cm e E = 2,5 cm",0.19908000000000001,"m",5.2,null,null,1.0351999999999999]
["Insumo","SICRO3","M1205","Prego de ferro",0.20394999999999999,"kg",15.58,null,null,3.1775000000000002]
["Insumo","SICRO3","M0290","Tábua - E = 2,5 cm e L = 10 cm",2.0900300000000001,"m",5.0838000000000001,null,null,10.625299999999999]
["Insumo","SICRO3","M0286","Tábua - E = 2,5 cm e L = 30 cm",0.35937999999999998,"m",17.498100000000001,null,null,6.2885]
[{"$nulls":5},"Custo Total do Material =>",null,null,null,42.516800000000003]
["E","Banco","Insumo","Tempos Fixos","Código","Quantidade","Unidade","Preço Unitário",null,"Custo Horário"]
["Tempo Fixo","SICRO3","M0284","Carga, manobra e descarga de materiais diversos em caminhão carroceria de 15 t - carga e descarga manuais",5914655,2.5300000000000001E-3,"t",33.15,null,8.3900000000000002E-2]
["Tempo Fixo","SICRO3","M0446","Carga, manobra e descarga de materiais diversos em caminhão carroceria de 15 t - carga e descarga manuais",5914655,4.0400000000000002E-3,"t",33.15,null,0.13389999999999999]
["Tempo Fixo","SICRO3","M0560","Carga, manobra e descarga de materiais diversos em caminhão carroceria de 15 t - carga e descarga manuais",5914655,2.0000000000000002E-5,"t",33.15,null,6.9999999999999999E-4]
["Tempo Fixo","SICRO3","M0310","Carga, manobra e descarga de materiais diversos em caminhão carroceria de 15 t - carga e descarga manuais",5914655,3.6999999999999999E-4,"t",33.15,null,1.23E-2]
["Tempo Fixo","SICRO3","M1205","Carga, manobra e descarga de materiais diversos em caminhão carroceria de 15 t - carga e descarga manuais",5914655,2.0000000000000001E-4,"t",33.15,null,6.6E-3]
["Tempo Fixo","SICRO3","M0290","Carga, manobra e descarga de materiais diversos em caminhão carroceria de 15 t - carga e descarga manuais",5914655,5.2300000000000003E-3,"t",33.15,null,0.1734]
["Tempo Fixo","SICRO3","M0286","Carga, manobra e descarga de materiais diversos em caminhão carroceria de 15 t - carga e descarga manuais",5914655,2.7000000000000001E-3,"t",33.15,null,8.9499999999999996E-2]
[{"$nulls":5},"Custo Total dos Tempos Fixos =>",null,null,null,0.50029999999999997]
["F","Banco","Insumo","Momento de Transporte","Quantidade","Unidade","Distância Média de Transporte (DMT)",null,null,"Custo Horário"]
[{"$nulls":6},"LN","RP","P"]
["Momento de Transporte","SICRO3","M0284","Caibro de pinho - L = 7,5 cm e E = 7,5 cm - Caminhão carroceria com capacidade de 15 t - 188 kW",2.5300000000000001E-3,"tkm","5914449\n0,000\nR$ 1,08","5914464\n0,000\nR$ 0,86","5914479\n0,000\nR$ 0,71",0]
["Momento de Transporte","SICRO3","M0446","Compensado resinado - E = 10 mm - Caminhão carroceria com capacidade de 15 t - 188 kW",4.0400000000000002E-3,"tkm","5914449\n0,000\nR$ 1,08","5914464\n0,000\nR$ 0,86","5914479\n0,000\nR$ 0,71",0]
["Momento de Transporte","SICRO3","M0560","Desmoldante para fôrmas de madeira - Caminhão carroceria com capacidade de 15 t - 188 kW",2.0000000000000002E-5,"tkm","5914449\n0,000\nR$ 1,08","5914464\n0,000\nR$ 0,86","5914479\n0,000\nR$ 0,71",0]
["Momento de Transporte","SICRO3","M0310","Peça de madeira - L = 7,5 cm e E = 2,5 cm - Caminhão carroceria com capacidade de 15 t - 188 kW",3.6999999999999999E-4,"tkm","5914449\n0,000\nR$ 1,08","5914464\n0,000\nR$ 0,86","5914479\n0,000\nR$ 0,71",0]
["Momento de Transporte","SICRO3","M1205","Prego de ferro - Caminhão carroceria com capacidade de 15 t - 188 kW",2.0000000000000001E-4,"tkm","5914449\n0,000\nR$ 1,08","5914464\n0,000\nR$ 0,86","5914479\n0,000\nR$ 0,71",0]
["Momento de Transporte","SICRO3","M0290","Tábua - E = 2,5 cm e L = 10 cm - Caminhão carroceria com capacidade de 15 t - 188 kW",5.2300000000000003E-3,"tkm","5914449\n0,000\nR$ 1,08","5914464\n0,000\nR$ 0,86","5914479\n0,000\nR$ 0,71",0]
["Momento de Transporte","SICRO3","M0286","Tábua - E = 2,5 cm e L = 30 cm - Caminhão carroceria com capacidade de 15 t - 188 kW",2.7000000000000001E-3,"tkm","5914449\n0,000\nR$ 1,08","5914464\n0,000\nR$ 0,86","5914479\n0,000\nR$ 0,71",0]
[{"$nulls":5},"Custo total dos Momentos de Transportes =>",null,null,null,0]
[{"$nulls":4},"MO sem LS =>",37.139617337668916,"LS =>",0,"MO com LS =>",37.139617337668916]
[{"$nulls":4},"Valor do BDI =>",18.489999999999998,null,"Valor com BDI =>",null,100.45]
[{"$nulls":6},"Quant. =>",69.042000000000002,"Preço Total =>",6935.26]
[]
[" 5.3.2 ",null,null,"ESTRUTURA DAS COMPORTAS",{"$nulls":6},600284.67000000004]
[" 5.3.2.1 ","Código","Banco","Descrição","Tipo",null,"Und","Quant.","Porcent.","Valor Unit","Total"]
["Composição"," 1106382 ","SICRO3","CONCRETO FCK = 35 MPA - CONFECÇÃO EM CENTRAL DOSADORA DE 30 M³/H - AREIA EXTRAÍDA E BRITA PRODUZIDA.","",null,"m³",1,null,373.41,373.41]
["A","Código","Banco","Equipamentos","Quantidade","Utilização",null,"Custo Operacional",null,"Custo Horário"]
[{"$nulls":5},"Operativa","Improdutiva","Operativa","Improdutiva"]
["Insumo","E9584","SICRO3","Carregadeira de pneus com capacidade de 1,72 m³ - 113 kW",1,0.31,0.69,203.21250000000001,104.4208,135.0462]
["Insumo","E9599","SICRO3","Central de concreto com capacidade de 30 m³/h - dosadora RS",1,1,0,79.077200000000005,64.673599999999993,79.077200000000005]
["Insumo","E9779","SICRO3","Grupo gerador - 113 kVA",1,1,0,101.1589,8.4064999999999994,101.1589]
[{"$nulls":5},"Custo Horário de Equipamentos =>",null,null,null,315.28230000000002]
["B","Código","Banco","Mão de Obra","Quantidade","Salário Hora",null,null,null,"Custo Horário"]
["Insumo","P9824","SICRO3","Servente",2,null,null,null,21.465699999999998,42.931399999999996]
[{"$nulls":5},"Custo Horário da Mão de Obra =>",null,null,null,42.931399999999996]
[{"$nulls":5},"Adc.M.O. - Ferramentas (0,0%) =>",null,null,null,0]
[{"$nulls":5},"Custo Horário de Execução =>",null,null,null,358.21370000000002]
[{"$nulls":5},"Fator de Influencia da Chuva - FIC =>",null,null,null,0]
[{"$nulls":5},"Custo do FIC =>",null,null,null,0]
[{"$nulls":5},"Produção de Equipe =>",null,null,null,24.9]
[{"$nulls":5},"Custo Unitário de Execução =>",null,null,null,14.386100000000001]
["C","Banco","Código","Material","Quantidade","Unidade","Preço Unitário",null,null,"Custo Horário"]
["Insumo","SICRO3","M0030","Aditivo plastificante e retardador de pega para concreto e argamassa",1.7033499999999999,"kg",6.5956999999999999,null,null,11.2348]
["Insumo","SICRO3","M0424","Cimento Portland CP II - 32 - saco",425.83814999999998,"kg",0.66949999999999998,null,null,285.09859999999998]
[{"$nulls":5},"Custo Total do Material =>",null,null,null,296.33339999999998]
["D","Banco","Código","Atividades Auxiliares","Quantidade","Unidade","Preço Unitário",null,null,"Custo Horário"]
["Atividade Auxiliar","SICRO3",4816012,"Brita produzida em central de britagem de 80 m³/h",0.68813000000000002,"m³",53.84,null,null,37.048900000000003]
["Atividade Auxiliar","SICRO3",4816020,"Areia extraída com draga de sucção tipo bomba",0.54778000000000004,"m³",11.74,null,null,6.4309000000000003]
[{"$nulls":5},"Custo Total das Atividades =>",null,null,null,43.479799999999997]
["E","Banco","Insumo","Tempos Fixos","Código","Quantidade","Unidade","Preço Unitário",null,"Custo Horário"]
["Tempo Fixo","SICRO3",4816020,"Carga, manobra e descarga de agregados ou solos em caminhão basculante de 10 m³ - carga com carregadeira de 3,40 m³ edescarga livre",5915407,0.82167000000000001,"t",2.72,null,2.2349000000000001]
["Tempo Fixo","SICRO3",4816012,"Carga, manobra e descarga de agregados ou solos em caminhão basculante de 10 m³ - carga com carregadeira de 3,40 m³ edescarga livre",5915407,1.0322,"t",2.72,null,2.8075999999999999]
["Tempo Fixo","SICRO3","M0030","Carga, manobra e descarga de materiais diversos em caminhão carroceria de 15 t - carga e descarga manuais",5914655,1.6999999999999999E-3,"t",33.15,null,5.6399999999999999E-2]
["Tempo Fixo","SICRO3","M0424","Carga, manobra e descarga de materiais diversos em caminhão carroceria de 15 t - carga e descarga manuais",5914655,0.42584,"t",33.15,null,14.1166]
[{"$nulls":5},"Custo Total dos Tempos Fixos =>",null,null,null,19.215499999999999]
["F","Banco","Insumo","Momento de Transporte","Quantidade","Unidade","Distância Média de Transporte (DMT)",null,null,"Custo Horário"]
[{"$nulls":6},"LN","RP","P"]
["Momento de Transporte","SICRO3",4816020,"Areia extraída com draga de sucção tipo bomba - Caminhão basculante com capacidade de 10 m³ - 188 kW",0.82167000000000001,"tkm","5914359\n0,000\nR$ 1,19","5914374\n0,000\nR$ 0,95","5914389\n0,000\nR$ 0,79",0]
["Momento de Transporte","SICRO3",4816012,"Brita produzida em central de britagem de 80 m³/h - Caminhão basculante com capacidade de 10 m³ - 188 kW",1.0322,"tkm","5914359\n0,000\nR$ 1,19","5914374\n0,000\nR$ 0,95","5914389\n0,000\nR$ 0,79",0]
["Momento de Transporte","SICRO3","M0030","Aditivo plastificante e retardador de pega para concreto e argamassa - Caminhão carroceria com capacidade de 15 t - 188 kW",1.6999999999999999E-3,"tkm","5914449\n0,000\nR$ 1,08","5914464\n0,000\nR$ 0,86","5914479\n0,000\nR$ 0,71",0]
["Momento de Transporte","SICRO3","M0424","Cimento Portland CP II - 32 - saco - Caminhão carroceria com capacidade de 15 t - 188 kW",0.42584,"tkm","5914449\n0,000\nR$ 1,08","5914464\n0,000\nR$ 0,86","5914479\n0,000\nR$ 0,71",0]
[{"$nulls":5},"Custo total dos Momentos de Transportes =>",null,null,null,0]
[{"$nulls":4},"MO sem LS =>",10.230974510441767,"LS =>",0,"MO com LS =>",10.230974597603442]
[{"$nulls":4},"Valor do BDI =>",84.24,null,"Valor com BDI =>",null,457.65]
[{"$nulls":6},"Quant. =>",239.95,"Preço Total =>",109813.11]
[]
[" 5.3.2.2 ","Código","Banco","Descrição","Tipo",null,"Und","Quant.","Porcent.","Valor Unit","Total"]
["Composição"," 1106058 ","SICRO3","CONCRETO MAGRO - CONFECÇÃO EM BETONEIRA E LANÇAMENTO MANUAL - AREIA EXTRAÍDA E BRITA PRODUZIDA","",null,"m³",1,null,321.32,321.32]
["A","Código","Banco","Equipamentos","Quantidade","Utilização",null,"Custo Operacional",null,"Custo Horário"]
[{"$nulls":5},"Operativa","Improdutiva","Operativa","Improdutiva"]
["Insumo","E9519","SICRO3","Betoneira com motor a gasolina com capacidade de 600 l - 10 kW",1,1,0,53.475700000000003,33.671500000000002,53.475700000000003]
["Insumo","E9071","SICRO3","Transportador manual carrinho de mão com capacidade de 80 l",4,0.88,0.12,0.71679999999999999,0.48730000000000001,2.7570000000000001]
["Insumo","E9064","SICRO3","Transportador manual gerica com capacidade de 180 l",3,0.41,0.59,1.5258,1.0373000000000001,3.7128000000000001]
[{"$nulls":5},"Custo Horário de Equipamentos =>",null,null,null,59.945500000000003]
["B","Código","Banco","Mão de Obra","Quantidade","Salário Hora",null,null,null,"Custo Horário"]
["Insumo","P9821","SICRO3","Pedreiro",1,null,null,null,30.302800000000001,30.302800000000001]
["Insumo","P9824","SICRO3","Servente",9,null,null,null,21.465699999999998,193.19130000000001]
[{"$nulls":5},"Custo Horário da Mão de Obra =>",null,null,null,223.4941]
[{"$nulls":5},"Adc.M.O. - Ferramentas (0,0%) =>",null,null,null,0]
[{"$nulls":5},"Custo Horário de Execução =>",null,null,null,283.43959999999998]
[{"$nulls":5},"Fator de Influencia da Chuva - FIC =>",null,null,null,0]
[{"$nulls":5},"Custo do FIC =>",null,null,null,0]
[{"$nulls":5},"Produção de Equipe =>",null,null,null,3.9289999999999998]
[{"$nulls":5},"Custo Unitário de Execução =>",null,null,null,72.140600000000006]
["C","Banco","Código","Material","Quantidade","Unidade","Preço Unitário",null,null,"Custo Horário"]
["Insumo","SICRO3","M0424","Cimento Portland CP II - 32 - saco",280.53417999999999,"kg",0.66949999999999998,null,null,187.8176]
[{"$nulls":5},"Custo Total do Material =>",null,null,null,187.8176]
["D","Banco","Código","Atividades Auxiliares","Quantidade","Unidade","Preço Unitário",null,null,"Custo Horário"]
["Atividade Auxiliar","SICRO3",4816012,"Brita produzida em central de britagem de 80 m³/h",0.73507999999999996,"m³",53.84,null,null,39.576700000000002]
["Atividade Auxiliar","SICRO3",4816020,"Areia extraída com draga de sucção tipo bomba",0.59948000000000001,"m³",11.74,null,null,7.0378999999999996]
[{"$nulls":5},"Custo Total das Atividades =>",null,null,null,46.614600000000003]
["E","Banco","Insumo","Tempos Fixos","Código","Quantidade","Unidade","Preço Unitário",null,"Custo Horário"]
["Tempo Fixo","SICRO3",4816020,"Carga, manobra e descarga de agregados ou solos em caminhão basculante de 10 m³ - carga com carregadeira de 3,40 m³ edescarga livre",5915407,0.89922000000000002,"t",2.72,null,2.4459]
["Tempo Fixo","SICRO3",4816012,"Carga, manobra e descarga de agregados ou solos em caminhão basculante de 10 m³ - carga com carregadeira de 3,40 m³ edescarga livre",5915407,1.1026199999999999,"t",2.72,null,2.9990999999999999]
["Tempo Fixo","SICRO3","M0424","Carga, manobra e descarga de materiais diversos em caminhão carroceria de 15 t - carga e descarga manuais",5914655,0.28053,"t",33.15,null,9.2995999999999999]
[{"$nulls":5},"Custo Total dos Tempos Fixos =>",null,null,null,14.7446]
["F","Banco","Insumo","Momento de Transporte","Quantidade","Unidade","Distância Média de Transporte (DMT)",null,null,"Custo Horário"]
[{"$nulls":6},"LN","RP","P"]
["Momento de Transporte","SICRO3",4816020,"Areia extraída com draga de sucção tipo bomba - Caminhão basculante com capacidade de 10 m³ - 188 kW",0.89922000000000002,"tkm","5914359\n0,000\nR$ 1,19","5914374\n0,000\nR$ 0,95","5914389\n0,000\nR$ 0,79",0]
["Momento de Transporte","SICRO3",4816012,"Brita produzida em central de britagem de 80 m³/h - Caminhão basculante com capacidade de 10 m³ - 188 kW",1.1026199999999999,"tkm","5914359\n0,000\nR$ 1,19","5914374\n0,000\nR$ 0,95","5914389\n0,000\nR$ 0,79",0]
["Momento de Transporte","SICRO3","M0424","Cimento Portland CP II - 32 - saco - Caminhão carroceria com capacidade de 15 t - 188 kW",0.28053,"tkm","5914449\n0,000\nR$ 1,08","5914464\n0,000\nR$ 0,86","5914479\n0,000\nR$ 0,71",0]
[{"$nulls":5},"Custo total dos Momentos de Transportes =>",null,null,null,0]
[{"$nulls":4},"MO sem LS =>",64.095106908289324,"LS =>",0,"MO com LS =>",64.095106908289324]
[{"$nulls":4},"Valor do BDI =>",72.48,null,"Valor com BDI =>",null,393.8]
[{"$nulls":6},"Quant. =>",7.7,"Preço Total =>",3032.26]
[]
[" 5.3.2.3 ","Código","Banco","Descrição","Tipo",null,"Und","Quant.","Porcent.","Valor Unit","Total"]
["Composição"," 5914657 ","SICRO3","CARGA, MANOBRA E DESCARGA DE BLOCOS DE ROCHA EM CAMINHÃO BASCULANTE DE 8 M³ - CARGA COM RETROESCAVADEIRA DE 0,29 M³ E DESCARGA LIVRE.","",null,"t",1,null,17.600000000000001,17.600000000000001]
["A","Código","Banco","Equipamentos","Quantidade","Utilização",null,"Custo Operacional",null,"Custo Horário"]
[{"$nulls":5},"Operativa","Improdutiva","Operativa","Improdutiva"]
["Insumo","E9604","SICRO3","Caminhão basculante para rocha com capacidade de 8 m³ - 210 kW",2,0.56999999999999995,0.43,297.14830000000001,90.430499999999995,416.51929999999999]
["Insumo","E9526","SICRO3","Retroescavadeira de pneus - capacidade da caçamba da pá-carregadeira de 0,76 m³ e da",1,1,0,151.10929999999999,79.652699999999996,151.10929999999999]
[{"$nulls":5},"Custo Horário de Equipamentos =>",null,null,null,567.62860000000001]
[{"$nulls":5},"Custo Horário de Execução =>",null,null,null,567.62860000000001]
[{"$nulls":5},"Fator de Influencia da Chuva - FIC =>",null,null,null,0]
[{"$nulls":5},"Custo do FIC =>",null,null,null,0]
[{"$nulls":5},"Produção de Equipe =>",null,null,null,32.26]
[{"$nulls":5},"Custo Unitário de Execução =>",null,null,null,17.595400000000001]
[{"$nulls":4},"MO sem LS =>",0,"LS =>",0,"MO com LS =>",0]
[{"$nulls":4},"Valor do BDI =>",3.97,null,"Valor com BDI =>",null,21.57]
[{"$nulls":6},"Quant. =>",145.92667069999999,"Preço Total =>",3147.63]
[]
[" 5.3.2.4 ","Código","Banco","Descrição","Tipo",null,"Und","Quant.","Porcent.","Valor Unit","Total"]
["Composição"," 5914346 ","SICRO3","TRANSPORTE DE MATERIAL DE 3ª CATEGORIA COM CAMINHÃO BASCULANTE DE 8 M³ PARA ROCHA - RODOVIA EM LEITO NATURAL","",null,"tkm",1,null,1.68,1.68]
["A","Código","Banco","Equipamentos","Quantidade","Utilização",null,"Custo Operacional",null,"Custo Horário"]
[{"$nulls":5},"Operativa","Improdutiva","Operativa","Improdutiva"]
["Insumo","E9604","SICRO3","Caminhão basculante para rocha com capacidade de 8 m³ - 210 kW",1,1,0,297.14830000000001,90.430499999999995,297.14830000000001]
[{"$nulls":5},"Custo Horário de Equipamentos =>",null,null,null,297.14830000000001]
[{"$nulls":5},"Custo Horário de Execução =>",null,null,null,297.14830000000001]
[{"$nulls":5},"Fator de Influencia da Chuva - FIC =>",null,null,null,1.43E-2]
[{"$nulls":5},"Custo do FIC =>",null,null,null,2.3599999999999999E-2]
[{"$nulls":5},"Produção de Equipe =>",null,null,null,179.28]
[{"$nulls":5},"Custo Unitário de Execução =>",null,null,null,1.6575]
[{"$nulls":4},"MO sem LS =>",0,"LS =>",0,"MO com LS =>",0]
[{"$nulls":4},"Valor do BDI =>",0.37,null,"Valor com BDI =>",null,2.0499999999999998]
[{"$nulls":6},"Quant. =>",1930.6098532999999,"Preço Total =>",3957.75]
[]
[" 5.3.2.5 ","Código","Banco","Descrição","Tipo",null,"Und","Quant.","Porcent.","Valor Unit","Total"]
["Composição"," 5914351 ","SICRO3","CARGA, MANOBRA E DESCARGA DE AGREGADOS OU SOLOS EM CAMINHÃO BASCULANTE DE 14 M³ - CARGA COM CARREGADEIRA DE 3,40 M³ E DESCARGA LIVRE.","",null,"t",1,null,2.61,2.61]
["A","Código","Banco","Equipamentos","Quantidade","Utilização",null,"Custo Operacional",null,"Custo Horário"]
[{"$nulls":5},"Operativa","Improdutiva","Operativa","Improdutiva"]
["Insumo","E9667","SICRO3","Caminhão basculante com capacidade de 14 m³ - 188 kW",3,0.77,0.23,297.32,90.567700000000002,749.30089999999996]
["Insumo","E9511","SICRO3","Carregadeira de pneus com capacidade de 3,40 m³ - 195 kW",1,1,0,442.03,218.85579999999999,442.03]
[{"$nulls":5},"Custo Horário de Equipamentos =>",null,null,null,1191.3308999999999]
[{"$nulls":5},"Custo Horário de Execução =>",null,null,null,1191.3308999999999]
[{"$nulls":5},"Fator de Influencia da Chuva - FIC =>",null,null,null,0]
[{"$nulls":5},"Custo do FIC =>",null,null,null,0]
[{"$nulls":5},"Produção de Equipe =>",null,null,null,457.16]
[{"$nulls":5},"Custo Unitário de Execução =>",null,null,null,2.6059000000000001]
[{"$nulls":4},"MO sem LS =>",0,"LS =>",0,"MO com LS =>",0]
[{"$nulls":4},"Valor do BDI =>",0.57999999999999996,null,"Valor com BDI =>",null,3.19]
[{"$nulls":6},"Quant. =>",460.25031560000002,"Preço Total =>",1468.19]
[]
[" 5.3.2.6 ","Código","Banco","Descrição","Tipo",null,"Und","Quant.","Porcent.","Valor Unit","Total"]
["Composição"," 5901639 ","SICRO3","TRANSPORTE COM CAMINHÃO BASCULANTE COM CAÇAMBA ESTANQUE COM CAPACIDADE DE 14 M³ - RODOVIA EM LEITO NATURAL.","",null,"tkm",1,null,0.87,0.87]
["A","Código","Banco","Equipamentos","Quantidade","Utilização",null,"Custo Operacional",null,"Custo Horário"]
[{"$nulls":5},"Operativa","Improdutiva","Operativa","Improdutiva"]
["Insumo","E9575","SICRO3","Caminhão basculante com caçamba estanque com capacidade de 14 m³ - 188 kW",1,1,0,297.71420000000001,90.774600000000007,297.71420000000001]
[{"$nulls":5},"Custo Horário de Equipamentos =>",null,null,null,297.71420000000001]
[{"$nulls":5},"Custo Horário de Execução =>",null,null,null,297.71420000000001]
[{"$nulls":5},"Fator de Influencia da Chuva - FIC =>",null,null,null,1.43E-2]
[{"$nulls":5},"Custo do FIC =>",null,null,null,1.2200000000000001E-2]
[{"$nulls":5},"Produção de Equipe =>",null,null,null,348.6]
[{"$nulls":5},"Custo Unitário de Execução =>",null,null,null,0.85399999999999998]
[{"$nulls":4},"MO sem LS =>",0,"LS =>",0,"MO com LS =>",0]
[{"$nulls":4},"Valor do BDI =>",0.19,null,"Valor com BDI =>",null,1.06]
[{"$nulls":6},"Quant. =>",2704.3215574999999,"Preço Total =>",2866.58]
[]
[" 5.3.2.7 ","Código","Banco","Descrição","Tipo",null,"Und","Quant.","Porcent.","Valor Unit","Total"]
["Composição"," 5914539 ","SICRO3","TRANSPORTE COM CAMINHÃO BETONEIRA - RODOVIA EM LEITO NATURAL.","",null,"tkm",1,null,0.98,0.98]
["A","Código","Banco","Equipamentos","Quantidade","Utilização",null,"Custo Operacional",null,"Custo Horário"]
[{"$nulls":5},"Operativa","Improdutiva","Operativa","Improdutiva"]
["Insumo","E9600","SICRO3","Caminhão betoneira com capacidade de 8 m³ - 188 kW",1,1,0,307.62630000000001,107.0881,307.62630000000001]
[{"$nulls":5},"Custo Horário de Equipamentos =>",null,null,null,307.62630000000001]
[{"$nulls":5},"Custo Horário de Execução =>",null,null,null,307.62630000000001]
[{"$nulls":5},"Fator de Influencia da Chuva - FIC =>",null,null,null,1.43E-2]
[{"$nulls":5},"Custo do FIC =>",null,null,null,1.38E-2]
[{"$nulls":5},"Produção de Equipe =>",null,null,null,318.72000000000003]
[{"$nulls":5},"Custo Unitário de Execução =>",null,null,null,0.96519999999999995]
[{"$nulls":4},"MO sem LS =>",0,"LS =>",0,"MO com LS =>",0]
[{"$nulls":4},"Valor do BDI =>",0.22,null,"Valor com BDI =>",null,1.2]
[{"$nulls":6},"Quant. =>",575.88,"Preço Total =>",691.05]
[]
[" 5.3.2.8 ","Código","Banco","Descrição","Tipo",null,"Und","Quant.","Porcent.","Valor Unit","Total"]
["Composição"," 1106088 ","SICRO3","LANÇAMENTO MECÂNICO DE CONCRETO COM BOMBA REBOCÁVEL COM CAPACIDADE DE 30 M³/H - CONFECÇÃO EM CENTRAL DOSADORA DE 30 M³/H.","",null,"m³",1,null,57.76,57.76]
["A","Código","Banco","Equipamentos","Quantidade","Utilização",null,"Custo Operacional",null,"Custo Horário"]
[{"$nulls":5},"Operativa","Improdutiva","Operativa","Improdutiva"]
["Insumo","E9073","SICRO3","Bomba de concreto rebocável com capacidade de 30 m³/h - 74 kW",1,1,0,187.27770000000001,76.781400000000005,187.27770000000001]
[{"$nulls":5},"Custo Horário de Equipamentos =>",null,null,null,187.27770000000001]
["B","Código","Banco","Mão de Obra","Quantidade","Salário Hora",null,null,null,"Custo Horário"]
["Insumo","P9821","SICRO3","Pedreiro",1,null,null,null,30.302800000000001,30.302800000000001]
["Insumo","P9824","SICRO3","Servente",7,null,null,null,21.465699999999998,150.25989999999999]
[{"$nulls":5},"Custo Horário da Mão de Obra =>",null,null,null,180.56270000000001]
[{"$nulls":5},"Adc.M.O. - Ferramentas (0,0%) =>",null,null,null,0]
[{"$nulls":5},"Custo Horário de Execução =>",null,null,null,367.84039999999999]
[{"$nulls":5},"Fator de Influencia da Chuva - FIC =>",null,null,null,0]
[{"$nulls":5},"Custo do FIC =>",null,null,null,0]
[{"$nulls":5},"Produção de Equipe =>",null,null,null,24.9]
[{"$nulls":5},"Custo Unitário de Execução =>",null,null,null,14.7727]
["D","Banco","Código","Atividades Auxiliares","Quantidade","Unidade","Preço Unitário",null,null,"Custo Horário"]
["Atividade Auxiliar","SICRO3",1110000,"Concreto",1,"m³",0,null,null,0]
[{"$nulls":5},"Custo Total das Atividades =>",null,null,null,0]
["E","Banco","Insumo","Tempos Fixos","Código","Quantidade","Unidade","Preço Unitário",null,"Custo Horário"]
["Tempo Fixo","SICRO3",1110000,"Carga, manobra e descarga de concreto com caminhão betoneira - carga em central de concreto de 30 m³/h e descarga livre",5909007,2.4,"t",17.91,null,42.984000000000002]
[{"$nulls":5},"Custo Total dos Tempos Fixos =>",null,null,null,42.984000000000002]
["F","Banco","Insumo","Momento de Transporte","Quantidade","Unidade","Distância Média de Transporte (DMT)",null,null,"Custo Horário"]
[{"$nulls":6},"LN","RP","P"]
["Momento de Transporte","SICRO3",1110000,"Concreto - Caminhão betoneira com capacidade de 8 m³ - 188 kW",2.4,"tkm","5914539\n0,000\nR$ 0,97","5914554\n0,000\nR$ 0,78","5914569\n0,000\nR$ 0,64",0]
[{"$nulls":5},"Custo total dos Momentos de Transportes =>",null,null,null,0]
[{"$nulls":4},"MO sem LS =>",7.2515140562248996,"LS =>",0,"MO com LS =>",7.2515140562248996]
[{"$nulls":4},"Valor do BDI =>",13.03,null,"Valor com BDI =>",null,70.790000000000006]
[{"$nulls":6},"Quant. =>",239.95,"Preço Total =>",16986.060000000001]
[]
[" 5.3.2.9 ","Código","Banco","Descrição","Tipo",null,"Und","Quant.","Porcent.","Valor Unit","Total"]
["Composição"," 1100657 ","SICRO3","ADENSAMENTO DE CONCRETO POR VIBRADOR DE IMERSÃO.","",null,"m³",1,null,3.32,3.32]
["A","Código","Banco","Equipamentos","Quantidade","Utilização",null,"Custo Operacional",null,"Custo Horário"]
[{"$nulls":5},"Operativa","Improdutiva","Operativa","Improdutiva"]
["Insumo","E9069","SICRO3","Vibrador de imersão para concreto - 4,10 kW",1,1,0,8.3879000000000001,0.7641,8.3879000000000001]
[{"$nulls":5},"Custo Horário de Equipamentos =>",null,null,null,8.3879000000000001]
["B","Código","Banco","Mão de Obra","Quantidade","Salário Hora",null,null,null,"Custo Horário"]
["Insumo","P9824","SICRO3","Servente",1,null,null,null,21.465699999999998,21.465699999999998]
[{"$nulls":5},"Custo Horário da Mão de Obra =>",null,null,null,21.465699999999998]
[{"$nulls":5},"Adc.M.O. - Ferramentas (0,0%) =>",null,null,null,0]
[{"$nulls":5},"Custo Horário de Execução =>",null,null,null,29.8536]
[{"$nulls":5},"Fator de Influencia da Chuva - FIC =>",null,null,null,0]
[{"$nulls":5},"Custo do FIC =>",null,null,null,0]
[{"$nulls":5},"Produção de Equipe =>",null,null,null,9]
[{"$nulls":5},"Custo Unitário de Execução =>",null,null,null,3.3170999999999999]
[{"$nulls":4},"MO sem LS =>",2.3850777777777776,"LS =>",0,"MO com LS =>",2.3850777777777776]
[{"$nulls":4},"Valor do BDI =>",0.74,null,"Valor com BDI =>",null,4.0599999999999996]
[{"$nulls":6},"Quant. =>",239.95,"Preço Total =>",974.19]
[]
[" 5.3.2.10 ","Código","Banco","Descrição","Tipo",null,"Und","Quant.","Porcent.","Valor Unit","Total"]
["Composição"," 0407819 ","SICRO3","ARMAÇÃO EM AÇO CA-50 - FORNECIMENTO, PREPARO E COLOCAÇÃO.","",null,"kg",1,null,11.88,11.88]
["B","Código","Banco","Mão de Obra","Quantidade","Salário Hora",null,null,null,"Custo Horário"]
["Insumo","P9801","SICRO3","Ajudante",0.09,null,null,null,22.478899999999999,2.0230999999999999]
["Insumo","P9805","SICRO3","Armador",0.09,null,null,null,30.334199999999999,2.7301000000000002]
[{"$nulls":5},"Custo Horário da Mão de Obra =>",null,null,null,4.7531999999999996]
[{"$nulls":5},"Adc.M.O. - Ferramentas (0,0%) =>",null,null,null,0]
[{"$nulls":5},"Custo Horário de Execução =>",null,null,null,4.7531999999999996]
[{"$nulls":5},"Fator de Influencia da Chuva - FIC =>",null,null,null,0]
[{"$nulls":5},"Custo do FIC =>",null,null,null,0]
[{"$nulls":5},"Produção de Equipe =>",null,null,null,1]
[{"$nulls":5},"Custo Unitário de Execução =>",null,null,null,4.7531999999999996]
["C","Banco","Código","Material","Quantidade","Unidade","Preço Unitário",null,null,"Custo Horário"]
["Insumo","SICRO3","M0004","Aço CA 50",1.1000000000000001,"kg",6.2881,null,null,6.9169]
["Insumo","SICRO3","M0075","Arame liso recozido em aço-carbono - D = 1,24 mm (18 BWG)",1.4999999999999999E-2,"kg",11.658799999999999,null,null,0.1749]
[{"$nulls":5},"Custo Total do Material =>",null,null,null,7.0918000000000001]
["E","Banco","Insumo","Tempos Fixos","Código","Quantidade","Unidade","Preço Unitário",null,"Custo Horário"]
["Tempo Fixo","SICRO3","M0004","Carga, manobra e descarga de materiais diversos em caminhão carroceria de 15 t - carga e descarga manuais",5914655,1.1000000000000001E-3,"t",33.15,null,3.6499999999999998E-2]
["Tempo Fixo","SICRO3","M0075","Carga, manobra e descarga de materiais diversos em caminhão carroceria de 15 t - carga e descarga manuais",5914655,2.0000000000000002E-5,"t",33.15,null,6.9999999999999999E-4]
[{"$nulls":5},"Custo Total dos Tempos Fixos =>",null,null,null,3.7199999999999997E-2]
["F","Banco","Insumo","Momento de Transporte","Quantidade","Unidade","Distância Média de Transporte (DMT)",null,null,"Custo Horário"]
[{"$nulls":6},"LN","RP","P"]
["Momento de Transporte","SICRO3","M0004","Aço CA 50 - Caminhão carroceria com capacidade de 15 t - 188 kW",1.1000000000000001E-3,"tkm","5914449\n0,000\nR$ 1,08","5914464\n0,000\nR$ 0,86","5914479\n0,000\nR$ 0,71",0]
["Momento de Transporte","SICRO3","M0075","Arame liso recozido em aço-carbono - D = 1,24 mm (18 BWG) - Caminhão carroceria com capacidade de 15 t - 188 kW",2.0000000000000002E-5,"tkm","5914449\n0,000\nR$ 1,08","5914464\n0,000\nR$ 0,86","5914479\n0,000\nR$ 0,71",0]
[{"$nulls":5},"Custo total dos Momentos de Transportes =>",null,null,null,0]
[{"$nulls":4},"MO sem LS =>",4.765362235135135,"LS =>",0,"MO com LS =>",4.765362235135135]
[{"$nulls":4},"Valor do BDI =>",2.68,null,"Valor com BDI =>",null,14.56]
[{"$nulls":6},"Quant. =>",28794,"Preço Total =>",419240.64]
[]
[" 5.3.2.11 ","Código","Banco","Descrição","Tipo",null,"Und","Quant.","Porcent.","Valor Unit","Total"]
["Composição"," 3107997 ","SICRO3","FÔRMAS DE COMPENSADO RESINADO 10 MM - USO GERAL - UTILIZAÇÃO DE 3 VEZES - CONFECÇÃO, INSTALAÇÃO E RETIRADA","",null,"m²",1,null,81.96,81.96]
["A","Código","Banco","Equipamentos","Quantidade","Utilização",null,"Custo Operacional",null,"Custo Horário"]
[{"$nulls":5},"Operativa","Improdutiva","Operativa","Improdutiva"]
["Insumo","E9066","SICRO3","Grupo gerador - 14 kVA",4.0160000000000001E-2,1,0,17.8385,4.6101000000000001,0.71640000000000004]
["Insumo","E9535","SICRO3","Serra circular com bancada - D = 30 cm - 4 kW",4.0160000000000001E-2,1,0,31.252500000000001,30.8993,1.2551000000000001]
[{"$nulls":5},"Custo Horário de Equipamentos =>",null,null,null,1.9715]
["B","Código","Banco","Mão de Obra","Quantidade","Salário Hora",null,null,null,"Custo Horário"]
["Insumo","P9801","SICRO3","Ajudante",0.7,null,null,null,22.478899999999999,15.735200000000001]
["Insumo","P9808","SICRO3","Carpinteiro",0.7,null,null,null,30.3432,21.240200000000002]
[{"$nulls":5},"Custo Horário da Mão de Obra =>",null,null,null,36.9754]
[{"$nulls":5},"Adc.M.O. - Ferramentas (0,0%) =>",null,null,null,0]
[{"$nulls":5},"Custo Horário de Execução =>",null,null,null,38.946899999999999]
[{"$nulls":5},"Fator de Influencia da Chuva - FIC =>",null,null,null,0]
[{"$nulls":5},"Custo do FIC =>",null,null,null,0]
[{"$nulls":5},"Produção de Equipe =>",null,null,null,1]
[{"$nulls":5},"Custo Unitário de Execução =>",null,null,null,38.946899999999999]
["C","Banco","Código","Material","Quantidade","Unidade","Preço Unitário",null,null,"Custo Horário"]
["Insumo","SICRO3","M0284","Caibro de pinho - L = 7,5 cm e E = 7,5 cm",0.44922000000000001,"m",16.706299999999999,null,null,7.5048000000000004]
["Insumo","SICRO3","M0446","Compensado resinado - E = 10 mm",0.40429999999999999,"m²",33.758899999999997,null,null,13.6487]
["Insumo","SICRO3","M0560","Desmoldante para fôrmas de madeira",1.8519999999999998E-2,"l",12.788600000000001,null,null,0.23680000000000001]
["Insumo","SICRO3","M0310","Peça de madeira - L = 7,5 cm e E = 2,5 cm",0.19908000000000001,"m",5.2,null,null,1.0351999999999999]
["Insumo","SICRO3","M1205","Prego de ferro",0.20394999999999999,"kg",15.58,null,null,3.1775000000000002]
["Insumo","SICRO3","M0290","Tábua - E = 2,5 cm e L = 10 cm",2.0900300000000001,"m",5.0838000000000001,null,null,10.625299999999999]
["Insumo","SICRO3","M0286","Tábua - E = 2,5 cm e L = 30 cm",0.35937999999999998,"m",17.498100000000001,null,null,6.2885]
[{"$nulls":5},"Custo Total do Material =>",null,null,null,42.516800000000003]
["E","Banco","Insumo","Tempos Fixos","Código","Quantidade","Unidade","Preço Unitário",null,"Custo Horário"]
["Tempo Fixo","SICRO3","M0284","Carga, manobra e descarga de materiais diversos em caminhão carroceria de 15 t - carga e descarga manuais",5914655,2.5300000000000001E-3,"t",33.15,null,8.3900000000000002E-2]
["Tempo Fixo","SICRO3","M0446","Carga, manobra e descarga de materiais diversos em caminhão carroceria de 15 t - carga e descarga manuais",5914655,4.0400000000000002E-3,"t",33.15,null,0.13389999999999999]
["Tempo Fixo","SICRO3","M0560","Carga, manobra e descarga de materiais diversos em caminhão carroceria de 15 t - carga e descarga manuais",5914655,2.0000000000000002E-5,"t",33.15,null,6.9999999999999999E-4]
["Tempo Fixo","SICRO3","M0310","Carga, manobra e descarga de materiais diversos em caminhão carroceria de 15 t - carga e descarga manuais",5914655,3.6999999999999999E-4,"t",33.15,null,1.23E-2]
["Tempo Fixo","SICRO3","M1205","Carga, manobra e descarga de materiais diversos em caminhão carroceria de 15 t - carga e descarga manuais",5914655,2.0000000000000001E-4,"t",33.15,null,6.6E-3]
["Tempo Fixo","SICRO3","M0290","Carga, manobra e descarga de materiais diversos em caminhão carroceria de 15 t - carga e descarga manuais",5914655,5.2300000000000003E-3,"t",33.15,null,0.1734]
["Tempo Fixo","SICRO3","M0286","Carga, manobra e descarga de materiais diversos em caminhão carroceria de 15 t - carga e descarga manuais",5914655,2.7000000000000001E-3,"t",33.15,null,8.9499999999999996E-2]
[{"$nulls":5},"Custo Total dos Tempos Fixos =>",null,null,null,0.50029999999999997]
["F","Banco","Insumo","Momento de Transporte","Quantidade","Unidade","Distância Média de Transporte (DMT)",null,null,"Custo Horário"]
[{"$nulls":6},"LN","RP","P"]
["Momento de Transporte","SICRO3","M0284","Caibro de pinho - L = 7,5 cm e E = 7,5 cm - Caminhão carroceria com capacidade de 15 t - 188 kW",2.5300000000000001E-3,"tkm","5914449\n0,000\nR$ 1,08","5914464\n0,000\nR$ 0,86","5914479\n0,000\nR$ 0,71",0]
["Momento de Transporte","SICRO3","M0446","Compensado resinado - E = 10 mm - Caminhão carroceria com capacidade de 15 t - 188 kW",4.0400000000000002E-3,"tkm","5914449\n0,000\nR$ 1,08","5914464\n0,000\nR$ 0,86","5914479\n0,000\nR$ 0,71",0]
["Momento de Transporte","SICRO3","M0560","Desmoldante para fôrmas de madeira - Caminhão carroceria com capacidade de 15 t - 188 kW",2.0000000000000002E-5,"tkm","5914449\n0,000\nR$ 1,08","5914464\n0,000\nR$ 0,86","5914479\n0,000\nR$ 0,71",0]
["Momento de Transporte","SICRO3","M0310","Peça de madeira - L = 7,5 cm e E = 2,5 cm - Caminhão carroceria com capacidade de 15 t - 188 kW",3.6999999999999999E-4,"tkm","5914449\n0,000\nR$ 1,08","5914464\n0,000\nR$ 0,86","5914479\n0,000\nR$ 0,71",0]
["Momento de Transporte","SICRO3","M1205","Prego de ferro - Caminhão carroceria com capacidade de 15 t - 188 kW",2.0000000000000001E-4,"tkm","5914449\n0,000\nR$ 1,08","5914464\n0,000\nR$ 0,86","5914479\n0,000\nR$ 0,71",0]
["Momento de Transporte","SICRO3","M0290","Tábua - E = 2,5 cm e L = 10 cm - Caminhão carroceria com capacidade de 15 t - 188 kW",5.2300000000000003E-3,"tkm","5914449\n0,000\nR$ 1,08","5914464\n0,000\nR$ 0,86","5914479\n0,000\nR$ 0,71",0]
["Momento de Transporte","SICRO3","M0286","Tábua - E = 2,5 cm e L = 30 cm - Caminhão carroceria com capacidade de 15 t - 188 kW",2.7000000000000001E-3,"tkm","5914449\n0,000\nR$ 1,08","5914464\n0,000\nR$ 0,86","5914479\n0,000\nR$ 0,71",0]
[{"$nulls":5},"Custo total dos Momentos de Transportes =>",null,null,null,0]
[{"$nulls":4},"MO sem LS =>",37.139617337668916,"LS =>",0,"MO com LS =>",37.139617337668916]
[{"$nulls":4},"Valor do BDI =>",18.489999999999998,null,"Valor com BDI =>",null,100.45]
[{"$nulls":6},"Quant. =>",379.36500000000001,"Preço Total =>",38107.21]
[]
[" 5.3.3 ",null,null,"ESTRUTURA DE PASSAGEM DE VEÍCULOS",{"$nulls":6},239056.7]
[" 5.3.3.1 ","Código","Banco","Descrição","Tipo",null,"Und","Quant.","Porcent.","Valor Unit","Total"]
["Composição"," 1106382 ","SICRO3","CONCRETO FCK = 35 MPA - CONFECÇÃO EM CENTRAL DOSADORA DE 30 M³/H - AREIA EXTRAÍDA E BRITA PRODUZIDA.","",null,"m³",1,null,373.41,373.41]
["A","Código","Banco","Equipamentos","Quantidade","Utilização",null,"Custo Operacional",null,"Custo Horário"]
[{"$nulls":5},"Operativa","Improdutiva","Operativa","Improdutiva"]
["Insumo","E9584","SICRO3","Carregadeira de pneus com capacidade de 1,72 m³ - 113 kW",1,0.31,0.69,203.21250000000001,104.4208,135.0462]
["Insumo","E9599","SICRO3","Central de concreto com capacidade de 30 m³/h - dosadora RS",1,1,0,79.077200000000005,64.673599999999993,79.077200000000005]
["Insumo","E9779","SICRO3","Grupo gerador - 113 kVA",1,1,0,101.1589,8.4064999999999994,101.1589]
[{"$nulls":5},"Custo Horário de Equipamentos =>",null,null,null,315.28230000000002]
["B","Código","Banco","Mão de Obra","Quantidade","Salário Hora",null,null,null,"Custo Horário"]
["Insumo","P9824","SICRO3","Servente",2,null,null,null,21.465699999999998,42.931399999999996]
[{"$nulls":5},"Custo Horário da Mão de Obra =>",null,null,null,42.931399999999996]
[{"$nulls":5},"Adc.M.O. - Ferramentas (0,0%) =>",null,null,null,0]
[{"$nulls":5},"Custo Horário de Execução =>",null,null,null,358.21370000000002]
[{"$nulls":5},"Fator de Influencia da Chuva - FIC =>",null,null,null,0]
[{"$nulls":5},"Custo do FIC =>",null,null,null,0]
[{"$nulls":5},"Produção de Equipe =>",null,null,null,24.9]
[{"$nulls":5},"Custo Unitário de Execução =>",null,null,null,14.386100000000001]
["C","Banco","Código","Material","Quantidade","Unidade","Preço Unitário",null,null,"Custo Horário"]
["Insumo","SICRO3","M0030","Aditivo plastificante e retardador de pega para concreto e argamassa",1.7033499999999999,"kg",6.5956999999999999,null,null,11.2348]
["Insumo","SICRO3","M0424","Cimento Portland CP II - 32 - saco",425.83814999999998,"kg",0.66949999999999998,null,null,285.09859999999998]
[{"$nulls":5},"Custo Total do Material =>",null,null,null,296.33339999999998]
["D","Banco","Código","Atividades Auxiliares","Quantidade","Unidade","Preço Unitário",null,null,"Custo Horário"]
["Atividade Auxiliar","SICRO3",4816012,"Brita produzida em central de britagem de 80 m³/h",0.68813000000000002,"m³",53.84,null,null,37.048900000000003]
["Atividade Auxiliar","SICRO3",4816020,"Areia extraída com draga de sucção tipo bomba",0.54778000000000004,"m³",11.74,null,null,6.4309000000000003]
[{"$nulls":5},"Custo Total das Atividades =>",null,null,null,43.479799999999997]
["E","Banco","Insumo","Tempos Fixos","Código","Quantidade","Unidade","Preço Unitário",null,"Custo Horário"]
["Tempo Fixo","SICRO3",4816020,"Carga, manobra e descarga de agregados ou solos em caminhão basculante de 10 m³ - carga com carregadeira de 3,40 m³ edescarga livre",5915407,0.82167000000000001,"t",2.72,null,2.2349000000000001]
["Tempo Fixo","SICRO3",4816012,"Carga, manobra e descarga de agregados ou solos em caminhão basculante de 10 m³ - carga com carregadeira de 3,40 m³ edescarga livre",5915407,1.0322,"t",2.72,null,2.8075999999999999]
["Tempo Fixo","SICRO3","M0030","Carga, manobra e descarga de materiais diversos em caminhão carroceria de 15 t - carga e descarga manuais",5914655,1.6999999999999999E-3,"t",33.15,null,5.6399999999999999E-2]
["Tempo Fixo","SICRO3","M0424","Carga, manobra e descarga de materiais diversos em caminhão carroceria de 15 t - carga e descarga manuais",5914655,0.42584,"t",33.15,null,14.1166]
[{"$nulls":5},"Custo Total dos Tempos Fixos =>",null,null,null,19.215499999999999]
["F","Banco","Insumo","Momento de Transporte","Quantidade","Unidade","Distância Média de Transporte (DMT)",null,null,"Custo Horário"]
[{"$nulls":6},"LN","RP","P"]
["Momento de Transporte","SICRO3",4816020,"Areia extraída com draga de sucção tipo bomba - Caminhão basculante com capacidade de 10 m³ - 188 kW",0.82167000000000001,"tkm","5914359\n0,000\nR$ 1,19","5914374\n0,000\nR$ 0,95","5914389\n0,000\nR$ 0,79",0]
["Momento de Transporte","SICRO3",4816012,"Brita produzida em central de britagem de 80 m³/h - Caminhão basculante com capacidade de 10 m³ - 188 kW",1.0322,"tkm","5914359\n0,000\nR$ 1,19","5914374\n0,000\nR$ 0,95","5914389\n0,000\nR$ 0,79",0]
["Momento de Transporte","SICRO3","M0030","Aditivo plastificante e retardador de pega para concreto e argamassa - Caminhão carroceria com capacidade de 15 t - 188 kW",1.6999999999999999E-3,"tkm","5914449\n0,000\nR$ 1,08","5914464\n0,000\nR$ 0,86","5914479\n0,000\nR$ 0,71",0]
["Momento de Transporte","SICRO3","M0424","Cimento Portland CP II - 32 - saco - Caminhão carroceria com capacidade de 15 t - 188 kW",0.42584,"tkm","5914449\n0,000\nR$ 1,08","5914464\n0,000\nR$ 0,86","5914479\n0,000\nR$ 0,71",0]
[{"$nulls":5},"Custo total dos Momentos de Transportes =>",null,null,null,0]
[{"$nulls":4},"MO sem LS =>",10.230974510441767,"LS =>",0,"MO com LS =>",10.230974597603442]
[{"$nulls":4},"Valor do BDI =>",84.24,null,"Valor com BDI =>",null,457.65]
[{"$nulls":6},"Quant. =>",91.79,"Preço Total =>",42007.69]
[]
[" 5.3.3.2 ","Código","Banco","Descrição","Tipo",null,"Und","Quant.","Porcent.","Valor Unit","Total"]
["Composição"," 1106058 ","SICRO3","CONCRETO MAGRO - CONFECÇÃO EM BETONEIRA E LANÇAMENTO MANUAL - AREIA EXTRAÍDA E BRITA PRODUZIDA","",null,"m³",1,null,321.32,321.32]
["A","Código","Banco","Equipamentos","Quantidade","Utilização",null,"Custo Operacional",null,"Custo Horário"]
[{"$nulls":5},"Operativa","Improdutiva","Operativa","Improdutiva"]
["Insumo","E9519","SICRO3","Betoneira com motor a gasolina com capacidade de 600 l - 10 kW",1,1,0,53.475700000000003,33.671500000000002,53.475700000000003]
["Insumo","E9071","SICRO3","Transportador manual carrinho de mão com capacidade de 80 l",4,0.88,0.12,0.71679999999999999,0.48730000000000001,2.7570000000000001]
["Insumo","E9064","SICRO3","Transportador manual gerica com capacidade de 180 l",3,0.41,0.59,1.5258,1.0373000000000001,3.7128000000000001]
[{"$nulls":5},"Custo Horário de Equipamentos =>",null,null,null,59.945500000000003]
["B","Código","Banco","Mão de Obra","Quantidade","Salário Hora",null,null,null,"Custo Horário"]
["Insumo","P9821","SICRO3","Pedreiro",1,null,null,null,30.302800000000001,30.302800000000001]
["Insumo","P9824","SICRO3","Servente",9,null,null,null,21.465699999999998,193.19130000000001]
[{"$nulls":5},"Custo Horário da Mão de Obra =>",null,null,null,223.4941]
[{"$nulls":5},"Adc.M.O. - Ferramentas (0,0%) =>",null,null,null,0]
[{"$nulls":5},"Custo Horário de Execução =>",null,null,null,283.43959999999998]
[{"$nulls":5},"Fator de Influencia da Chuva - FIC =>",null,null,null,0]
[{"$nulls":5},"Custo do FIC =>",null,null,null,0]
[{"$nulls":5},"Produção de Equipe =>",null,null,null,3.9289999999999998]
[{"$nulls":5},"Custo Unitário de Execução =>",null,null,null,72.140600000000006]
["C","Banco","Código","Material","Quantidade","Unidade","Preço Unitário",null,null,"Custo Horário"]
["Insumo","SICRO3","M0424","Cimento Portland CP II - 32 - saco",280.53417999999999,"kg",0.66949999999999998,null,null,187.8176]
[{"$nulls":5},"Custo Total do Material =>",null,null,null,187.8176]
["D","Banco","Código","Atividades Auxiliares","Quantidade","Unidade","Preço Unitário",null,null,"Custo Horário"]
["Atividade Auxiliar","SICRO3",4816012,"Brita produzida em central de britagem de 80 m³/h",0.73507999999999996,"m³",53.84,null,null,39.576700000000002]
["Atividade Auxiliar","SICRO3",4816020,"Areia extraída com draga de sucção tipo bomba",0.59948000000000001,"m³",11.74,null,null,7.0378999999999996]
[{"$nulls":5},"Custo Total das Atividades =>",null,null,null,46.614600000000003]
["E","Banco","Insumo","Tempos Fixos","Código","Quantidade","Unidade","Preço Unitário",null,"Custo Horário"]
["Tempo Fixo","SICRO3",4816020,"Carga, manobra e descarga de agregados ou solos em caminhão basculante de 10 m³ - carga com carregadeira de 3,40 m³ edescarga livre",5915407,0.89922000000000002,"t",2.72,null,2.4459]
["Tempo Fixo","SICRO3",4816012,"Carga, manobra e descarga de agregados ou solos em caminhão basculante de 10 m³ - carga com carregadeira de 3,40 m³ edescarga livre",5915407,1.1026199999999999,"t",2.72,null,2.9990999999999999]
["Tempo Fixo","SICRO3","M0424","Carga, manobra e descarga de materiais diversos em caminhão carroceria de 15 t - carga e descarga manuais",5914655,0.28053,"t",33.15,null,9.2995999999999999]
[{"$nulls":5},"Custo Total dos Tempos Fixos =>",null,null,null,14.7446]
["F","Banco","Insumo","Momento de Transporte","Quantidade","Unidade","Distância Média de Transporte (DMT)",null,null,"Custo Horário"]
[{"$nulls":6},"LN","RP","P"]
["Momento de Transporte","SICRO3",4816020,"Areia extraída com draga de sucção tipo bomba - Caminhão basculante com capacidade de 10 m³ - 188 kW",0.89922000000000002,"tkm","5914359\n0,000\nR$ 1,19","5914374\n0,000\nR$ 0,95","5914389\n0,000\nR$ 0,79",0]
["Momento de Transporte","SICRO3",4816012,"Brita produzida em central de britagem de 80 m³/h - Caminhão basculante com capacidade de 10 m³ - 188 kW",1.1026199999999999,"tkm","5914359\n0,000\nR$ 1,19","5914374\n0,000\nR$ 0,95","5914389\n0,000\nR$ 0,79",0]
["Momento de Transporte","SICRO3","M0424","Cimento Portland CP II - 32 - saco - Caminhão carroceria com capacidade de 15 t - 188 kW",0.28053,"tkm","5914449\n0,000\nR$ 1,08","5914464\n0,000\nR$ 0,86","5914479\n0,000\nR$ 0,71",0]
[{"$nulls":5},"Custo total dos Momentos de Transportes =>",null,null,null,0]
[{"$nulls":4},"MO sem LS =>",64.095106908289324,"LS =>",0,"MO com LS =>",64.095106908289324]
[{"$nulls":4},"Valor do BDI =>",72.48,null,"Valor com BDI =>",null,393.8]
[{"$nulls":6},"Quant. =>",4.22,"Preço Total =>",1661.83]
[]
[" 5.3.3.3 ","Código","Banco","Descrição","Tipo",null,"Und","Quant.","Porcent.","Valor Unit","Total"]
["Composição"," 5914657 ","SICRO3","CARGA, MANOBRA E DESCARGA DE BLOCOS DE ROCHA EM CAMINHÃO BASCULANTE DE 8 M³ - CARGA COM RETROESCAVADEIRA DE 0,29 M³ E DESCARGA LIVRE.","",null,"t",1,null,17.600000000000001,17.600000000000001]
["A","Código","Banco","Equipamentos","Quantidade","Utilização",null,"Custo Operacional",null,"Custo Horário"]
[{"$nulls":5},"Operativa","Improdutiva","Operativa","Improdutiva"]
["Insumo","E9604","SICRO3","Caminhão basculante para rocha com capacidade de 8 m³ - 210 kW",2,0.56999999999999995,0.43,297.14830000000001,90.430499999999995,416.51929999999999]
["Insumo","E9526","SICRO3","Retroescavadeira de pneus - capacidade da caçamba da pá-carregadeira de 0,76 m³ e da",1,1,0,151.10929999999999,79.652699999999996,151.10929999999999]
[{"$nulls":5},"Custo Horário de Equipamentos =>",null,null,null,567.62860000000001]
[{"$nulls":5},"Custo Horário de Execução =>",null,null,null,567.62860000000001]
[{"$nulls":5},"Fator de Influencia da Chuva - FIC =>",null,null,null,0]
[{"$nulls":5},"Custo do FIC =>",null,null,null,0]
[{"$nulls":5},"Produção de Equipe =>",null,null,null,32.26]
[{"$nulls":5},"Custo Unitário de Execução =>",null,null,null,17.595400000000001]
[{"$nulls":4},"MO sem LS =>",0,"LS =>",0,"MO com LS =>",0]
[{"$nulls":4},"Valor do BDI =>",3.97,null,"Valor com BDI =>",null,21.57]
[{"$nulls":6},"Quant. =>",56.623008400000003,"Preço Total =>",1221.3499999999999]
[]
[" 5.3.3.4 ","Código","Banco","Descrição","Tipo",null,"Und","Quant.","Porcent.","Valor Unit","Total"]
["Composição"," 5914346 ","SICRO3","TRANSPORTE DE MATERIAL DE 3ª CATEGORIA COM CAMINHÃO BASCULANTE DE 8 M³ PARA ROCHA - RODOVIA EM LEITO NATURAL","",null,"tkm",1,null,1.68,1.68]
["A","Código","Banco","Equipamentos","Quantidade","Utilização",null,"Custo Operacional",null,"Custo Horário"]
[{"$nulls":5},"Operativa","Improdutiva","Operativa","Improdutiva"]
["Insumo","E9604","SICRO3","Caminhão basculante para rocha com capacidade de 8 m³ - 210 kW",1,1,0,297.14830000000001,90.430499999999995,297.14830000000001]
[{"$nulls":5},"Custo Horário de Equipamentos =>",null,null,null,297.14830000000001]
[{"$nulls":5},"Custo Horário de Execução =>",null,null,null,297.14830000000001]
[{"$nulls":5},"Fator de Influencia da Chuva - FIC =>",null,null,null,1.43E-2]
[{"$nulls":5},"Custo do FIC =>",null,null,null,2.3599999999999999E-2]
[{"$nulls":5},"Produção de Equipe =>",null,null,null,179.28]
[{"$nulls":5},"Custo Unitário de Execução =>",null,null,null,1.6575]
[{"$nulls":4},"MO sem LS =>",0,"LS =>",0,"MO com LS =>",0]
[{"$nulls":4},"Valor do BDI =>",0.37,null,"Valor com BDI =>",null,2.0499999999999998]
[{"$nulls":6},"Quant. =>",749.12240120000001,"Preço Total =>",1535.7]
[]
[" 5.3.3.5 ","Código","Banco","Descrição","Tipo",null,"Und","Quant.","Porcent.","Valor Unit","Total"]
["Composição"," 5914351 ","SICRO3","CARGA, MANOBRA E DESCARGA DE AGREGADOS OU SOLOS EM CAMINHÃO BASCULANTE DE 14 M³ - CARGA COM CARREGADEIRA DE 3,40 M³ E DESCARGA LIVRE.","",null,"t",1,null,2.61,2.61]
["A","Código","Banco","Equipamentos","Quantidade","Utilização",null,"Custo Operacional",null,"Custo Horário"]
[{"$nulls":5},"Operativa","Improdutiva","Operativa","Improdutiva"]
["Insumo","E9667","SICRO3","Caminhão basculante com capacidade de 14 m³ - 188 kW",3,0.77,0.23,297.32,90.567700000000002,749.30089999999996]
["Insumo","E9511","SICRO3","Carregadeira de pneus com capacidade de 3,40 m³ - 195 kW",1,1,0,442.03,218.85579999999999,442.03]
[{"$nulls":5},"Custo Horário de Equipamentos =>",null,null,null,1191.3308999999999]
[{"$nulls":5},"Custo Horário de Execução =>",null,null,null,1191.3308999999999]
[{"$nulls":5},"Fator de Influencia da Chuva - FIC =>",null,null,null,0]
[{"$nulls":5},"Custo do FIC =>",null,null,null,0]
[{"$nulls":5},"Produção de Equipe =>",null,null,null,457.16]
[{"$nulls":5},"Custo Unitário de Execução =>",null,null,null,2.6059000000000001]
[{"$nulls":4},"MO sem LS =>",0,"LS =>",0,"MO com LS =>",0]
[{"$nulls":4},"Valor do BDI =>",0.57999999999999996,null,"Valor com BDI =>",null,3.19]
[{"$nulls":6},"Quant. =>",178.61451460000001,"Preço Total =>",569.78]
[]
[" 5.3.3.6 ","Código","Banco","Descrição","Tipo",null,"Und","Quant.","Porcent.","Valor Unit","Total"]
["Composição"," 5901639 ","SICRO3","TRANSPORTE COM CAMINHÃO BASCULANTE COM CAÇAMBA ESTANQUE COM CAPACIDADE DE 14 M³ - RODOVIA EM LEITO NATURAL.","",null,"tkm",1,null,0.87,0.87]
["A","Código","Banco","Equipamentos","Quantidade","Utilização",null,"Custo Operacional",null,"Custo Horário"]
[{"$nulls":5},"Operativa","Improdutiva","Operativa","Improdutiva"]
["Insumo","E9575","SICRO3","Caminhão basculante com caçamba estanque com capacidade de 14 m³ - 188 kW",1,1,0,297.71420000000001,90.774600000000007,297.71420000000001]
[{"$nulls":5},"Custo Horário de Equipamentos =>",null,null,null,297.71420000000001]
[{"$nulls":5},"Custo Horário de Execução =>",null,null,null,297.71420000000001]
[{"$nulls":5},"Fator de Influencia da Chuva - FIC =>",null,null,null,1.43E-2]
[{"$nulls":5},"Custo do FIC =>",null,null,null,1.2200000000000001E-2]
[{"$nulls":5},"Produção de Equipe =>",null,null,null,348.6]
[{"$nulls":5},"Custo Unitário de Execução =>",null,null,null,0.85399999999999998]
[{"$nulls":4},"MO sem LS =>",0,"LS =>",0,"MO com LS =>",0]
[{"$nulls":4},"Valor do BDI =>",0.19,null,"Valor com BDI =>",null,1.06]
[{"$nulls":6},"Quant. =>",1049.6851134999999,"Preço Total =>",1112.6600000000001]
[]
[" 5.3.3.7 ","Código","Banco","Descrição","Tipo",null,"Und","Quant.","Porcent.","Valor Unit","Total"]
["Composição"," 5914539 ","SICRO3","TRANSPORTE COM CAMINHÃO BETONEIRA - RODOVIA EM LEITO NATURAL.","",null,"tkm",1,null,0.98,0.98]
["A","Código","Banco","Equipamentos","Quantidade","Utilização",null,"Custo Operacional",null,"Custo Horário"]
[{"$nulls":5},"Operativa","Improdutiva","Operativa","Improdutiva"]
["Insumo","E9600","SICRO3","Caminhão betoneira com capacidade de 8 m³ - 188 kW",1,1,0,307.62630000000001,107.0881,307.62630000000001]
[{"$nulls":5},"Custo Horário de Equipamentos =>",null,null,null,307.62630000000001]
[{"$nulls":5},"Custo Horário de Execução =>",null,null,null,307.62630000000001]
[{"$nulls":5},"Fator de Influencia da Chuva - FIC =>",null,null,null,1.43E-2]
[{"$nulls":5},"Custo do FIC =>",null,null,null,1.38E-2]
[{"$nulls":5},"Produção de Equipe =>",null,null,null,318.72000000000003]
[{"$nulls":5},"Custo Unitário de Execução =>",null,null,null,0.96519999999999995]
[{"$nulls":4},"MO sem LS =>",0,"LS =>",0,"MO com LS =>",0]
[{"$nulls":4},"Valor do BDI =>",0.22,null,"Valor com BDI =>",null,1.2]
[{"$nulls":6},"Quant. =>",220.29599999999999,"Preço Total =>",264.35000000000002]
[]
[" 5.3.3.8 ","Código","Banco","Descrição","Tipo",null,"Und","Quant.","Porcent.","Valor Unit","Total"]
["Composição"," 1106088 ","SICRO3","LANÇAMENTO MECÂNICO DE CONCRETO COM BOMBA REBOCÁVEL COM CAPACIDADE DE 30 M³/H - CONFECÇÃO EM CENTRAL DOSADORA DE 30 M³/H.","",null,"m³",1,null,57.76,57.76]
["A","Código","Banco","Equipamentos","Quantidade","Utilização",null,"Custo Operacional",null,"Custo Horário"]
[{"$nulls":5},"Operativa","Improdutiva","Operativa","Improdutiva"]
["Insumo","E9073","SICRO3","Bomba de concreto rebocável com capacidade de 30 m³/h - 74 kW",1,1,0,187.27770000000001,76.781400000000005,187.27770000000001]
[{"$nulls":5},"Custo Horário de Equipamentos =>",null,null,null,187.27770000000001]
["B","Código","Banco","Mão de Obra","Quantidade","Salário Hora",null,null,null,"Custo Horário"]
["Insumo","P9821","SICRO3","Pedreiro",1,null,null,null,30.302800000000001,30.302800000000001]
["Insumo","P9824","SICRO3","Servente",7,null,null,null,21.465699999999998,150.25989999999999]
[{"$nulls":5},"Custo Horário da Mão de Obra =>",null,null,null,180.56270000000001]
[{"$nulls":5},"Adc.M.O. - Ferramentas (0,0%) =>",null,null,null,0]
[{"$nulls":5},"Custo Horário de Execução =>",null,null,null,367.84039999999999]
[{"$nulls":5},"Fator de Influencia da Chuva - FIC =>",null,null,null,0]
[{"$nulls":5},"Custo do FIC =>",null,null,null,0]
[{"$nulls":5},"Produção de Equipe =>",null,null,null,24.9]
[{"$nulls":5},"Custo Unitário de Execução =>",null,null,null,14.7727]
["D","Banco","Código","Atividades Auxiliares","Quantidade","Unidade","Preço Unitário",null,null,"Custo Horário"]
["Atividade Auxiliar","SICRO3",1110000,"Concreto",1,"m³",0,null,null,0]
[{"$nulls":5},"Custo Total das Atividades =>",null,null,null,0]
["E","Banco","Insumo","Tempos Fixos","Código","Quantidade","Unidade","Preço Unitário",null,"Custo Horário"]
["Tempo Fixo","SICRO3",1110000,"Carga, manobra e descarga de concreto com caminhão betoneira - carga em central de concreto de 30 m³/h e descarga livre",5909007,2.4,"t",17.91,null,42.984000000000002]
[{"$nulls":5},"Custo Total dos Tempos Fixos =>",null,null,null,42.984000000000002]
["F","Banco","Insumo","Momento de Transporte","Quantidade","Unidade","Distância Média de Transporte (DMT)",null,null,"Custo Horário"]
[{"$nulls":6},"LN","RP","P"]
["Momento de Transporte","SICRO3",1110000,"Concreto - Caminhão betoneira com capacidade de 8 m³ - 188 kW",2.4,"tkm","5914539\n0,000\nR$ 0,97","5914554\n0,000\nR$ 0,78","5914569\n0,000\nR$ 0,64",0]
[{"$nulls":5},"Custo total dos Momentos de Transportes =>",null,null,null,0]
[{"$nulls":4},"MO sem LS =>",7.2515140562248996,"LS =>",0,"MO com LS =>",7.2515140562248996]
[{"$nulls":4},"Valor do BDI =>",13.03,null,"Valor com BDI =>",null,70.790000000000006]
[{"$nulls":6},"Quant. =>",91.79,"Preço Total =>",6497.81]
[]
[" 5.3.3.9 ","Código","Banco","Descrição","Tipo",null,"Und","Quant.","Porcent.","Valor Unit","Total"]
["Composição"," 1100657 ","SICRO3","ADENSAMENTO DE CONCRETO POR VIBRADOR DE IMERSÃO.","",null,"m³",1,null,3.32,3.32]
["A","Código","Banco","Equipamentos","Quantidade","Utilização",null,"Custo Operacional",null,"Custo Horário"]
[{"$nulls":5},"Operativa","Improdutiva","Operativa","Improdutiva"]
["Insumo","E9069","SICRO3","Vibrador de imersão para concreto - 4,10 kW",1,1,0,8.3879000000000001,0.7641,8.3879000000000001]
[{"$nulls":5},"Custo Horário de Equipamentos =>",null,null,null,8.3879000000000001]
["B","Código","Banco","Mão de Obra","Quantidade","Salário Hora",null,null,null,"Custo Horário"]
["Insumo","P9824","SICRO3","Servente",1,null,null,null,21.465699999999998,21.465699999999998]
[{"$nulls":5},"Custo Horário da Mão de Obra =>",null,null,null,21.465699999999998]
[{"$nulls":5},"Adc.M.O. - Ferramentas (0,0%) =>",null,null,null,0]
[{"$nulls":5},"Custo Horário de Execução =>",null,null,null,29.8536]
[{"$nulls":5},"Fator de Influencia da Chuva - FIC =>",null,null,null,0]
[{"$nulls":5},"Custo do FIC =>",null,null,null,0]
[{"$nulls":5},"Produção de Equipe =>",null,null,null,9]
[{"$nulls":5},"Custo Unitário de Execução =>",null,null,null,3.3170999999999999]
[{"$nulls":4},"MO sem LS =>",2.3850777777777776,"LS =>",0,"MO com LS =>",2.3850777777777776]
[{"$nulls":4},"Valor do BDI =>",0.74,null,"Valor com BDI =>",null,4.0599999999999996]
[{"$nulls":6},"Quant. =>",91.79,"Preço Total =>",372.66]
[]
[" 5.3.3.10 ","Código","Banco","Descrição","Tipo",null,"Und","Quant.","Porcent.","Valor Unit","Total"]
["Composição"," 0407819 ","SICRO3","ARMAÇÃO EM AÇO CA-50 - FORNECIMENTO, PREPARO E COLOCAÇÃO.","",null,"kg",1,null,11.88,11.88]
["B","Código","Banco","Mão de Obra","Quantidade","Salário Hora",null,null,null,"Custo Horário"]
["Insumo","P9801","SICRO3","Ajudante",0.09,null,null,null,22.478899999999999,2.0230999999999999]
["Insumo","P9805","SICRO3","Armador",0.09,null,null,null,30.334199999999999,2.7301000000000002]
[{"$nulls":5},"Custo Horário da Mão de Obra =>",null,null,null,4.7531999999999996]
[{"$nulls":5},"Adc.M.O. - Ferramentas (0,0%) =>",null,null,null,0]
[{"$nulls":5},"Custo Horário de Execução =>",null,null,null,4.7531999999999996]
[{"$nulls":5},"Fator de Influencia da Chuva - FIC =>",null,null,null,0]
[{"$nulls":5},"Custo do FIC =>",null,null,null,0]
[{"$nulls":5},"Produção de Equipe =>",null,null,null,1]
[{"$nulls":5},"Custo Unitário de Execução =>",null,null,null,4.7531999999999996]
["C","Banco","Código","Material","Quantidade","Unidade","Preço Unitário",null,null,"Custo Horário"]
["Insumo","SICRO3","M0004","Aço CA 50",1.1000000000000001,"kg",6.2881,null,null,6.9169]
["Insumo","SICRO3","M0075","Arame liso recozido em aço-carbono - D = 1,24 mm (18 BWG)",1.4999999999999999E-2,"kg",11.658799999999999,null,null,0.1749]
[{"$nulls":5},"Custo Total do Material =>",null,null,null,7.0918000000000001]
["E","Banco","Insumo","Tempos Fixos","Código","Quantidade","Unidade","Preço Unitário",null,"Custo Horário"]
["Tempo Fixo","SICRO3","M0004","Carga, manobra e descarga de materiais diversos em caminhão carroceria de 15 t - carga e descarga manuais",5914655,1.1000000000000001E-3,"t",33.15,null,3.6499999999999998E-2]
["Tempo Fixo","SICRO3","M0075","Carga, manobra e descarga de materiais diversos em caminhão carroceria de 15 t - carga e descarga manuais",5914655,2.0000000000000002E-5,"t",33.15,null,6.9999999999999999E-4]
[{"$nulls":5},"Custo Total dos Tempos Fixos =>",null,null,null,3.7199999999999997E-2]
["F","Banco","Insumo","Momento de Transporte","Quantidade","Unidade","Distância Média de Transporte (DMT)",null,null,"Custo Horário"]
[{"$nulls":6},"LN","RP","P"]
["Momento de Transporte","SICRO3","M0004","Aço CA 50 - Caminhão carroceria com capacidade de 15 t - 188 kW",1.1000000000000001E-3,"tkm","5914449\n0,000\nR$ 1,08","5914464\n0,000\nR$ 0,86","5914479\n0,000\nR$ 0,71",0]
["Momento de Transporte","SICRO3","M0075","Arame liso recozido em aço-carbono - D = 1,24 mm (18 BWG) - Caminhão carroceria com capacidade de 15 t - 188 kW",2.0000000000000002E-5,"tkm","5914449\n0,000\nR$ 1,08","5914464\n0,000\nR$ 0,86","5914479\n0,000\nR$ 0,71",0]
[{"$nulls":5},"Custo total dos Momentos de Transportes =>",null,null,null,0]
[{"$nulls":4},"MO sem LS =>",4.765362235135135,"LS =>",0,"MO com LS =>",4.765362235135135]
[{"$nulls":4},"Valor do BDI =>",2.68,null,"Valor com BDI =>",null,14.56]
[{"$nulls":6},"Quant. =>",11014.8,"Preço Total =>",160375.48000000001]
[]
[" 5.3.3.11 ","Código","Banco","Descrição","Tipo",null,"Und","Quant.","Porcent.","Valor Unit","Total"]
["Composição"," 3107997 ","SICRO3","FÔRMAS DE COMPENSADO RESINADO 10 MM - USO GERAL - UTILIZAÇÃO DE 3 VEZES - CONFECÇÃO, INSTALAÇÃO E RETIRADA","",null,"m²",1,null,81.96,81.96]
["A","Código","Banco","Equipamentos","Quantidade","Utilização",null,"Custo Operacional",null,"Custo Horário"]
[{"$nulls":5},"Operativa","Improdutiva","Operativa","Improdutiva"]
["Insumo","E9066","SICRO3","Grupo gerador - 14 kVA",4.0160000000000001E-2,1,0,17.8385,4.6101000000000001,0.71640000000000004]
["Insumo","E9535","SICRO3","Serra circular com bancada - D = 30 cm - 4 kW",4.0160000000000001E-2,1,0,31.252500000000001,30.8993,1.2551000000000001]
[{"$nulls":5},"Custo Horário de Equipamentos =>",null,null,null,1.9715]
["B","Código","Banco","Mão de Obra","Quantidade","Salário Hora",null,null,null,"Custo Horário"]
["Insumo","P9801","SICRO3","Ajudante",0.7,null,null,null,22.478899999999999,15.735200000000001]
["Insumo","P9808","SICRO3","Carpinteiro",0.7,null,null,null,30.3432,21.240200000000002]
[{"$nulls":5},"Custo Horário da Mão de Obra =>",null,null,null,36.9754]
[{"$nulls":5},"Adc.M.O. - Ferramentas (0,0%) =>",null,null,null,0]
[{"$nulls":5},"Custo Horário de Execução =>",null,null,null,38.946899999999999]
[{"$nulls":5},"Fator de Influencia da Chuva - FIC =>",null,null,null,0]
[{"$nulls":5},"Custo do FIC =>",null,null,null,0]
[{"$nulls":5},"Produção de Equipe =>",null,null,null,1]
[{"$nulls":5},"Custo Unitário de Execução =>",null,null,null,38.946899999999999]
["C","Banco","Código","Material","Quantidade","Unidade","Preço Unitário",null,null,"Custo Horário"]
["Insumo","SICRO3","M0284","Caibro de pinho - L = 7,5 cm e E = 7,5 cm",0.44922000000000001,"m",16.706299999999999,null,null,7.5048000000000004]
["Insumo","SICRO3","M0446","Compensado resinado - E = 10 mm",0.40429999999999999,"m²",33.758899999999997,null,null,13.6487]
["Insumo","SICRO3","M0560","Desmoldante para fôrmas de madeira",1.8519999999999998E-2,"l",12.788600000000001,null,null,0.23680000000000001]
["Insumo","SICRO3","M0310","Peça de madeira - L = 7,5 cm e E = 2,5 cm",0.19908000000000001,"m",5.2,null,null,1.0351999999999999]
["Insumo","SICRO3","M1205","Prego de ferro",0.20394999999999999,"kg",15.58,null,null,3.1775000000000002]
["Insumo","SICRO3","M0290","Tábua - E = 2,5 cm e L = 10 cm",2.0900300000000001,"m",5.0838000000000001,null,null,10.625299999999999]
["Insumo","SICRO3","M0286","Tábua - E = 2,5 cm e L = 30 cm",0.35937999999999998,"m",17.498100000000001,null,null,6.2885]
[{"$nulls":5},"Custo Total do Material =>",null,null,null,42.516800000000003]
["E","Banco","Insumo","Tempos Fixos","Código","Quantidade","Unidade","Preço Unitário",null,"Custo Horário"]
["Tempo Fixo","SICRO3","M0284","Carga, manobra e descarga de materiais diversos em caminhão carroceria de 15 t - carga e descarga manuais",5914655,2.5300000000000001E-3,"t",33.15,null,8.3900000000000002E-2]
["Tempo Fixo","SICRO3","M0446","Carga, manobra e descarga de materiais diversos em caminhão carroceria de 15 t - carga e descarga manuais",5914655,4.0400000000000002E-3,"t",33.15,null,0.13389999999999999]
["Tempo Fixo","SICRO3","M0560","Carga, manobra e descarga de materiais diversos em caminhão carroceria de 15 t - carga e descarga manuais",5914655,2.0000000000000002E-5,"t",33.15,null,6.9999999999999999E-4]
["Tempo Fixo","SICRO3","M0310","Carga, manobra e descarga de materiais diversos em caminhão carroceria de 15 t - carga e descarga manuais",5914655,3.6999999999999999E-4,"t",33.15,null,1.23E-2]
["Tempo Fixo","SICRO3","M1205","Carga, manobra e descarga de materiais diversos em caminhão carroceria de 15 t - carga e descarga manuais",5914655,2.0000000000000001E-4,"t",33.15,null,6.6E-3]
["Tempo Fixo","SICRO3","M0290","Carga, manobra e descarga de materiais diversos em caminhão carroceria de 15 t - carga e descarga manuais",5914655,5.2300000000000003E-3,"t",33.15,null,0.1734]
["Tempo Fixo","SICRO3","M0286","Carga, manobra e descarga de materiais diversos em caminhão carroceria de 15 t - carga e descarga manuais",5914655,2.7000000000000001E-3,"t",33.15,null,8.9499999999999996E-2]
[{"$nulls":5},"Custo Total dos Tempos Fixos =>",null,null,null,0.50029999999999997]
["F","Banco","Insumo","Momento de Transporte","Quantidade","Unidade","Distância Média de Transporte (DMT)",null,null,"Custo Horário"]
[{"$nulls":6},"LN","RP","P"]
["Momento de Transporte","SICRO3","M0284","Caibro de pinho - L = 7,5 cm e E = 7,5 cm - Caminhão carroceria com capacidade de 15 t - 188 kW",2.5300000000000001E-3,"tkm","5914449\n0,000\nR$ 1,08","5914464\n0,000\nR$ 0,86","5914479\n0,000\nR$ 0,71",0]
["Momento de Transporte","SICRO3","M0446","Compensado resinado - E = 10 mm - Caminhão carroceria com capacidade de 15 t - 188 kW",4.0400000000000002E-3,"tkm","5914449\n0,000\nR$ 1,08","5914464\n0,000\nR$ 0,86","5914479\n0,000\nR$ 0,71",0]
["Momento de Transporte","SICRO3","M0560","Desmoldante para fôrmas de madeira - Caminhão carroceria com capacidade de 15 t - 188 kW",2.0000000000000002E-5,"tkm","5914449\n0,000\nR$ 1,08","5914464\n0,000\nR$ 0,86","5914479\n0,000\nR$ 0,71",0]
["Momento de Transporte","SICRO3","M0310","Peça de madeira - L = 7,5 cm e E = 2,5 cm - Caminhão carroceria com capacidade de 15 t - 188 kW",3.6999999999999999E-4,"tkm","5914449\n0,000\nR$ 1,08","5914464\n0,000\nR$ 0,86","5914479\n0,000\nR$ 0,71",0]
["Momento de Transporte","SICRO3","M1205","Prego de ferro - Caminhão carroceria com capacidade de 15 t - 188 kW",2.0000000000000001E-4,"tkm","5914449\n0,000\nR$ 1,08","5914464\n0,000\nR$ 0,86","5914479\n0,000\nR$ 0,71",0]
["Momento de Transporte","SICRO3","M0290","Tábua - E = 2,5 cm e L = 10 cm - Caminhão carroceria com capacidade de 15 t - 188 kW",5.2300000000000003E-3,"tkm","5914449\n0,000\nR$ 1,08","5914464\n0,000\nR$ 0,86","5914479\n0,000\nR$ 0,71",0]
["Momento de Transporte","SICRO3","M0286","Tábua - E = 2,5 cm e L = 30 cm - Caminhão carroceria com capacidade de 15 t - 188 kW",2.7000000000000001E-3,"tkm","5914449\n0,000\nR$ 1,08","5914464\n0,000\nR$ 0,86","5914479\n0,000\nR$ 0,71",0]
[{"$nulls":5},"Custo total dos Momentos de Transportes =>",null,null,null,0]
[{"$nulls":4},"MO sem LS =>",37.139617337668916,"LS =>",0,"MO com LS =>",37.139617337668916]
[{"$nulls":4},"Valor do BDI =>",18.489999999999998,null,"Valor com BDI =>",null,100.45]
[{"$nulls":6},"Quant. =>",233.32400000000001,"Preço Total =>",23437.39]
[]
[" 5.3.4 ",null,null,"TRANSIÇÃO JUSANTE",{"$nulls":6},308627.59999999998]
[" 5.3.4.1 ","Código","Banco","Descrição","Tipo",null,"Und","Quant.","Porcent.","Valor Unit","Total"]
["Composição"," 1106382 ","SICRO3","CONCRETO FCK = 35 MPA - CONFECÇÃO EM CENTRAL DOSADORA DE 30 M³/H - AREIA EXTRAÍDA E BRITA PRODUZIDA.","",null,"m³",1,null,373.41,373.41]
["A","Código","Banco","Equipamentos","Quantidade","Utilização",null,"Custo Operacional",null,"Custo Horário"]
[{"$nulls":5},"Operativa","Improdutiva","Operativa","Improdutiva"]
["Insumo","E9584","SICRO3","Carregadeira de pneus com capacidade de 1,72 m³ - 113 kW",1,0.31,0.69,203.21250000000001,104.4208,135.0462]
["Insumo","E9599","SICRO3","Central de concreto com capacidade de 30 m³/h - dosadora RS",1,1,0,79.077200000000005,64.673599999999993,79.077200000000005]
["Insumo","E9779","SICRO3","Grupo gerador - 113 kVA",1,1,0,101.1589,8.4064999999999994,101.1589]
[{"$nulls":5},"Custo Horário de Equipamentos =>",null,null,null,315.28230000000002]
["B","Código","Banco","Mão de Obra","Quantidade","Salário Hora",null,null,null,"Custo Horário"]
["Insumo","P9824","SICRO3","Servente",2,null,null,null,21.465699999999998,42.931399999999996]
[{"$nulls":5},"Custo Horário da Mão de Obra =>",null,null,null,42.931399999999996]
[{"$nulls":5},"Adc.M.O. - Ferramentas (0,0%) =>",null,null,null,0]
[{"$nulls":5},"Custo Horário de Execução =>",null,null,null,358.21370000000002]
[{"$nulls":5},"Fator de Influencia da Chuva - FIC =>",null,null,null,0]
[{"$nulls":5},"Custo do FIC =>",null,null,null,0]
[{"$nulls":5},"Produção de Equipe =>",null,null,null,24.9]
[{"$nulls":5},"Custo Unitário de Execução =>",null,null,null,14.386100000000001]
["C","Banco","Código","Material","Quantidade","Unidade","Preço Unitário",null,null,"Custo Horário"]
["Insumo","SICRO3","M0030","Aditivo plastificante e retardador de pega para concreto e argamassa",1.7033499999999999,"kg",6.5956999999999999,null,null,11.2348]
["Insumo","SICRO3","M0424","Cimento Portland CP II - 32 - saco",425.83814999999998,"kg",0.66949999999999998,null,null,285.09859999999998]
[{"$nulls":5},"Custo Total do Material =>",null,null,null,296.33339999999998]
["D","Banco","Código","Atividades Auxiliares","Quantidade","Unidade","Preço Unitário",null,null,"Custo Horário"]
["Atividade Auxiliar","SICRO3",4816012,"Brita produzida em central de britagem de 80 m³/h",0.68813000000000002,"m³",53.84,null,null,37.048900000000003]
["Atividade Auxiliar","SICRO3",4816020,"Areia extraída com draga de sucção tipo bomba",0.54778000000000004,"m³",11.74,null,null,6.4309000000000003]
[{"$nulls":5},"Custo Total das Atividades =>",null,null,null,43.479799999999997]
["E","Banco","Insumo","Tempos Fixos","Código","Quantidade","Unidade","Preço Unitário",null,"Custo Horário"]
["Tempo Fixo","SICRO3",4816020,"Carga, manobra e descarga de agregados ou solos em caminhão basculante de 10 m³ - carga com carregadeira de 3,40 m³ edescarga livre",5915407,0.82167000000000001,"t",2.72,null,2.2349000000000001]
["Tempo Fixo","SICRO3",4816012,"Carga, manobra e descarga de agregados ou solos em caminhão basculante de 10 m³ - carga com carregadeira de 3,40 m³ edescarga livre",5915407,1.0322,"t",2.72,null,2.8075999999999999]
["Tempo Fixo","SICRO3","M0030","Carga, manobra e descarga de materiais diversos em caminhão carroceria de 15 t - carga e descarga manuais",5914655,1.6999999999999999E-3,"t",33.15,null,5.6399999999999999E-2]
["Tempo Fixo","SICRO3","M0424","Carga, manobra e descarga de materiais diversos em caminhão carroceria de 15 t - carga e descarga manuais",5914655,0.42584,"t",33.15,null,14.1166]
[{"$nulls":5},"Custo Total dos Tempos Fixos =>",null,null,null,19.215499999999999]
["F","Banco","Insumo","Momento de Transporte","Quantidade","Unidade","Distância Média de Transporte (DMT)",null,null,"Custo Horário"]
[{"$nulls":6},"LN","RP","P"]
["Momento de Transporte","SICRO3",4816020,"Areia extraída com draga de sucção tipo bomba - Caminhão basculante com capacidade de 10 m³ - 188 kW",0.82167000000000001,"tkm","5914359\n0,000\nR$ 1,19","5914374\n0,000\nR$ 0,95","5914389\n0,000\nR$ 0,79",0]
["Momento de Transporte","SICRO3",4816012,"Brita produzida em central de britagem de 80 m³/h - Caminhão basculante com capacidade de 10 m³ - 188 kW",1.0322,"tkm","5914359\n0,000\nR$ 1,19","5914374\n0,000\nR$ 0,95","5914389\n0,000\nR$ 0,79",0]
["Momento de Transporte","SICRO3","M0030","Aditivo plastificante e retardador de pega para concreto e argamassa - Caminhão carroceria com capacidade de 15 t - 188 kW",1.6999999999999999E-3,"tkm","5914449\n0,000\nR$ 1,08","5914464\n0,000\nR$ 0,86","5914479\n0,000\nR$ 0,71",0]
["Momento de Transporte","SICRO3","M0424","Cimento Portland CP II - 32 - saco - Caminhão carroceria com capacidade de 15 t - 188 kW",0.42584,"tkm","5914449\n0,000\nR$ 1,08","5914464\n0,000\nR$ 0,86","5914479\n0,000\nR$ 0,71",0]
[{"$nulls":5},"Custo total dos Momentos de Transportes =>",null,null,null,0]
[{"$nulls":4},"MO sem LS =>",10.230974510441767,"LS =>",0,"MO com LS =>",10.230974597603442]
[{"$nulls":4},"Valor do BDI =>",84.24,null,"Valor com BDI =>",null,457.65]
[{"$nulls":6},"Quant. =>",111.5,"Preço Total =>",51027.97]
[]
[" 5.3.4.2 ","Código","Banco","Descrição","Tipo",null,"Und","Quant.","Porcent.","Valor Unit","Total"]
["Composição"," 1107889 ","SICRO3","Concreto fck = 15 MPa - confecção em betoneira e lançamento manual - areia extraída e brita produzida","",null,"m³",1,null,307.18,307.18]
["A","Código","Banco","Equipamentos","Quantidade","Utilização",null,"Custo Operacional",null,"Custo Horário"]
[{"$nulls":5},"Operativa","Improdutiva","Operativa","Improdutiva"]
["Insumo","E9010","SICRO3","Balança plataforma digital à bateria, com mesa de 75 x 75 cm e capacidade de 500 kg",1,1,0,1.2283999999999999,0.82520000000000004,1.2283999999999999]
["Insumo","E9519","SICRO3","Betoneira com motor a gasolina com capacidade de 600 l - 10 kW",1,1,0,53.475700000000003,33.671500000000002,53.475700000000003]
["Insumo","E9071","SICRO3","Transportador manual carrinho de mão com capacidade de 80 l",4,0.92,0.08,0.71679999999999999,0.48730000000000001,2.7938000000000001]
["Insumo","E9064","SICRO3","Transportador manual gerica com capacidade de 180 l",3,0.41,0.59,1.5258,1.0373000000000001,3.7128000000000001]
[{"$nulls":5},"Custo Horário de Equipamentos =>",null,null,null,61.210700000000003]
["B","Código","Banco","Mão de Obra","Quantidade","Salário Hora",null,null,null,"Custo Horário"]
["Insumo","P9821","SICRO3","Pedreiro",1,null,null,null,30.302800000000001,30.302800000000001]
["Insumo","P9824","SICRO3","Servente",9,null,null,null,21.465699999999998,193.19130000000001]
[{"$nulls":5},"Custo Horário da Mão de Obra =>",null,null,null,223.4941]
[{"$nulls":5},"Adc.M.O. - Ferramentas (0,0%) =>",null,null,null,0]
[{"$nulls":5},"Custo Horário de Execução =>",null,null,null,284.70479999999998]
[{"$nulls":5},"Fator de Influencia da Chuva - FIC =>",null,null,null,0]
[{"$nulls":5},"Custo do FIC =>",null,null,null,0]
[{"$nulls":5},"Produção de Equipe =>",null,null,null,3.9601999999999999]
[{"$nulls":5},"Custo Unitário de Execução =>",null,null,null,71.890799999999999]
["C","Banco","Código","Material","Quantidade","Unidade","Preço Unitário",null,null,"Custo Horário"]
["Insumo","SICRO3","M0030","Aditivo plastificante e retardador de pega para concreto e argamassa",0.75744,"kg",6.5956999999999999,null,null,4.9958]
["Insumo","SICRO3","M0424","Cimento Portland CP II - 32 - saco",252.48076,"kg",0.66949999999999998,null,null,169.0359]
[{"$nulls":5},"Custo Total do Material =>",null,null,null,174.0317]
["D","Banco","Código","Atividades Auxiliares","Quantidade","Unidade","Preço Unitário",null,null,"Custo Horário"]
["Atividade Auxiliar","SICRO3",4816012,"Brita produzida em central de britagem de 80 m³/h",0.73507999999999996,"m³",53.84,null,null,39.576700000000002]
["Atividade Auxiliar","SICRO3",4816020,"Areia extraída com draga de sucção tipo bomba",0.65012000000000003,"m³",11.74,null,null,7.6323999999999996]
[{"$nulls":5},"Custo Total das Atividades =>",null,null,null,47.209099999999999]
["E","Banco","Insumo","Tempos Fixos","Código","Quantidade","Unidade","Preço Unitário",null,"Custo Horário"]
["Tempo Fixo","SICRO3",4816020,"Carga, manobra e descarga de agregados ou solos em caminhão basculante de 10 m³ - carga com carregadeira de 3,40 m³ edescarga livre",5915407,0.97518000000000005,"t",2.72,null,2.6524999999999999]
["Tempo Fixo","SICRO3",4816012,"Carga, manobra e descarga de agregados ou solos em caminhão basculante de 10 m³ - carga com carregadeira de 3,40 m³ edescarga livre",5915407,1.1026199999999999,"t",2.72,null,2.9990999999999999]
["Tempo Fixo","SICRO3","M0030","Carga, manobra e descarga de materiais diversos em caminhão carroceria de 15 t - carga e descarga manuais",5914655,7.6000000000000004E-4,"t",33.15,null,2.52E-2]
["Tempo Fixo","SICRO3","M0424","Carga, manobra e descarga de materiais diversos em caminhão carroceria de 15 t - carga e descarga manuais",5914655,0.25247999999999998,"t",33.15,null,8.3696999999999999]
[{"$nulls":5},"Custo Total dos Tempos Fixos =>",null,null,null,14.0465]
["F","Banco","Insumo","Momento de Transporte","Quantidade","Unidade","Distância Média de Transporte (DMT)",null,null,"Custo Horário"]
[{"$nulls":6},"LN","RP","P"]
["Momento de Transporte","SICRO3",4816020,"Areia extraída com draga de sucção tipo bomba - Caminhão basculante com capacidade de 10 m³ - 188 kW",0.97518000000000005,"tkm","5914359\n0,000\nR$ 1,19","5914374\n0,000\nR$ 0,95","5914389\n0,000\nR$ 0,79",0]
["Momento de Transporte","SICRO3",4816012,"Brita produzida em central de britagem de 80 m³/h - Caminhão basculante com capacidade de 10 m³ - 188 kW",1.1026199999999999,"tkm","5914359\n0,000\nR$ 1,19","5914374\n0,000\nR$ 0,95","5914389\n0,000\nR$ 0,79",0]
["Momento de Transporte","SICRO3","M0030","Aditivo plastificante e retardador de pega para concreto e argamassa - Caminhão carroceria com capacidade de 15 t - 188 kW",7.6000000000000004E-4,"tkm","5914449\n0,000\nR$ 1,08","5914464\n0,000\nR$ 0,86","5914479\n0,000\nR$ 0,71",0]
["Momento de Transporte","SICRO3","M0424","Cimento Portland CP II - 32 - saco - Caminhão carroceria com capacidade de 15 t - 188 kW",0.25247999999999998,"tkm","5914449\n0,000\nR$ 1,08","5914464\n0,000\nR$ 0,86","5914479\n0,000\nR$ 0,71",0]
[{"$nulls":5},"Custo total dos Momentos de Transportes =>",null,null,null,0]
[{"$nulls":4},"MO sem LS =>",63.494322868660483,"LS =>",0,"MO com LS =>",63.494322895109462]
[{"$nulls":4},"Valor do BDI =>",69.290000000000006,null,"Valor com BDI =>",null,376.47]
[{"$nulls":6},"Quant. =>",59.51,"Preço Total =>",22403.72]
[]
[" 5.3.4.3 ","Código","Banco","Descrição","Tipo",null,"Und","Quant.","Porcent.","Valor Unit","Total"]
["Composição"," 1106058 ","SICRO3","CONCRETO MAGRO - CONFECÇÃO EM BETONEIRA E LANÇAMENTO MANUAL - AREIA EXTRAÍDA E BRITA PRODUZIDA","",null,"m³",1,null,321.32,321.32]
["A","Código","Banco","Equipamentos","Quantidade","Utilização",null,"Custo Operacional",null,"Custo Horário"]
[{"$nulls":5},"Operativa","Improdutiva","Operativa","Improdutiva"]
["Insumo","E9519","SICRO3","Betoneira com motor a gasolina com capacidade de 600 l - 10 kW",1,1,0,53.475700000000003,33.671500000000002,53.475700000000003]
["Insumo","E9071","SICRO3","Transportador manual carrinho de mão com capacidade de 80 l",4,0.88,0.12,0.71679999999999999,0.48730000000000001,2.7570000000000001]
["Insumo","E9064","SICRO3","Transportador manual gerica com capacidade de 180 l",3,0.41,0.59,1.5258,1.0373000000000001,3.7128000000000001]
[{"$nulls":5},"Custo Horário de Equipamentos =>",null,null,null,59.945500000000003]
["B","Código","Banco","Mão de Obra","Quantidade","Salário Hora",null,null,null,"Custo Horário"]
["Insumo","P9821","SICRO3","Pedreiro",1,null,null,null,30.302800000000001,30.302800000000001]
["Insumo","P9824","SICRO3","Servente",9,null,null,null,21.465699999999998,193.19130000000001]
[{"$nulls":5},"Custo Horário da Mão de Obra =>",null,null,null,223.4941]
[{"$nulls":5},"Adc.M.O. - Ferramentas (0,0%) =>",null,null,null,0]
[{"$nulls":5},"Custo Horário de Execução =>",null,null,null,283.43959999999998]
[{"$nulls":5},"Fator de Influencia da Chuva - FIC =>",null,null,null,0]
[{"$nulls":5},"Custo do FIC =>",null,null,null,0]
[{"$nulls":5},"Produção de Equipe =>",null,null,null,3.9289999999999998]
[{"$nulls":5},"Custo Unitário de Execução =>",null,null,null,72.140600000000006]
["C","Banco","Código","Material","Quantidade","Unidade","Preço Unitário",null,null,"Custo Horário"]
["Insumo","SICRO3","M0424","Cimento Portland CP II - 32 - saco",280.53417999999999,"kg",0.66949999999999998,null,null,187.8176]
[{"$nulls":5},"Custo Total do Material =>",null,null,null,187.8176]
["D","Banco","Código","Atividades Auxiliares","Quantidade","Unidade","Preço Unitário",null,null,"Custo Horário"]
["Atividade Auxiliar","SICRO3",4816012,"Brita produzida em central de britagem de 80 m³/h",0.73507999999999996,"m³",53.84,null,null,39.576700000000002]
["Atividade Auxiliar","SICRO3",4816020,"Areia extraída com draga de sucção tipo bomba",0.59948000000000001,"m³",11.74,null,null,7.0378999999999996]
[{"$nulls":5},"Custo Total das Atividades =>",null,null,null,46.614600000000003]
["E","Banco","Insumo","Tempos Fixos","Código","Quantidade","Unidade","Preço Unitário",null,"Custo Horário"]
["Tempo Fixo","SICRO3",4816020,"Carga, manobra e descarga de agregados ou solos em caminhão basculante de 10 m³ - carga com carregadeira de 3,40 m³ edescarga livre",5915407,0.89922000000000002,"t",2.72,null,2.4459]
["Tempo Fixo","SICRO3",4816012,"Carga, manobra e descarga de agregados ou solos em caminhão basculante de 10 m³ - carga com carregadeira de 3,40 m³ edescarga livre",5915407,1.1026199999999999,"t",2.72,null,2.9990999999999999]
["Tempo Fixo","SICRO3","M0424","Carga, manobra e descarga de materiais diversos em caminhão carroceria de 15 t - carga e descarga manuais",5914655,0.28053,"t",33.15,null,9.2995999999999999]
[{"$nulls":5},"Custo Total dos Tempos Fixos =>",null,null,null,14.7446]
["F","Banco","Insumo","Momento de Transporte","Quantidade","Unidade","Distância Média de Transporte (DMT)",null,null,"Custo Horário"]
[{"$nulls":6},"LN","RP","P"]
["Momento de Transporte","SICRO3",4816020,"Areia extraída com draga de sucção tipo bomba - Caminhão basculante com capacidade de 10 m³ - 188 kW",0.89922000000000002,"tkm","5914359\n0,000\nR$ 1,19","5914374\n0,000\nR$ 0,95","5914389\n0,000\nR$ 0,79",0]
["Momento de Transporte","SICRO3",4816012,"Brita produzida em central de britagem de 80 m³/h - Caminhão basculante com capacidade de 10 m³ - 188 kW",1.1026199999999999,"tkm","5914359\n0,000\nR$ 1,19","5914374\n0,000\nR$ 0,95","5914389\n0,000\nR$ 0,79",0]
["Momento de Transporte","SICRO3","M0424","Cimento Portland CP II - 32 - saco - Caminhão carroceria com capacidade de 15 t - 188 kW",0.28053,"tkm","5914449\n0,000\nR$ 1,08","5914464\n0,000\nR$ 0,86","5914479\n0,000\nR$ 0,71",0]
[{"$nulls":5},"Custo total dos Momentos de Transportes =>",null,null,null,0]
[{"$nulls":4},"MO sem LS =>",64.095106908289324,"LS =>",0,"MO com LS =>",64.095106908289324]
[{"$nulls":4},"Valor do BDI =>",72.48,null,"Valor com BDI =>",null,393.8]
[{"$nulls":6},"Quant. =>",7.3,"Preço Total =>",2874.74]
[]
[" 5.3.4.4 ","Código","Banco","Descrição","Tipo",null,"Und","Quant.","Porcent.","Valor Unit","Total"]
["Composição"," 5914657 ","SICRO3","CARGA, MANOBRA E DESCARGA DE BLOCOS DE ROCHA EM CAMINHÃO BASCULANTE DE 8 M³ - CARGA COM RETROESCAVADEIRA DE 0,29 M³ E DESCARGA LIVRE.","",null,"t",1,null,17.600000000000001,17.600000000000001]
["A","Código","Banco","Equipamentos","Quantidade","Utilização",null,"Custo Operacional",null,"Custo Horário"]
[{"$nulls":5},"Operativa","Improdutiva","Operativa","Improdutiva"]
["Insumo","E9604","SICRO3","Caminhão basculante para rocha com capacidade de 8 m³ - 210 kW",2,0.56999999999999995,0.43,297.14830000000001,90.430499999999995,416.51929999999999]
["Insumo","E9526","SICRO3","Retroescavadeira de pneus - capacidade da caçamba da pá-carregadeira de 0,76 m³ e da",1,1,0,151.10929999999999,79.652699999999996,151.10929999999999]
[{"$nulls":5},"Custo Horário de Equipamentos =>",null,null,null,567.62860000000001]
[{"$nulls":5},"Custo Horário de Execução =>",null,null,null,567.62860000000001]
[{"$nulls":5},"Fator de Influencia da Chuva - FIC =>",null,null,null,0]
[{"$nulls":5},"Custo do FIC =>",null,null,null,0]
[{"$nulls":5},"Produção de Equipe =>",null,null,null,32.26]
[{"$nulls":5},"Custo Unitário de Execução =>",null,null,null,17.595400000000001]
[{"$nulls":4},"MO sem LS =>",0,"LS =>",0,"MO com LS =>",0]
[{"$nulls":4},"Valor do BDI =>",3.97,null,"Valor com BDI =>",null,21.57]
[{"$nulls":6},"Quant. =>",107.5262587,"Preço Total =>",2319.34]
[]
[" 5.3.4.5 ","Código","Banco","Descrição","Tipo",null,"Und","Quant.","Porcent.","Valor Unit","Total"]
["Composição"," 5914346 ","SICRO3","TRANSPORTE DE MATERIAL DE 3ª CATEGORIA COM CAMINHÃO BASCULANTE DE 8 M³ PARA ROCHA - RODOVIA EM LEITO NATURAL","",null,"tkm",1,null,1.68,1.68]
["A","Código","Banco","Equipamentos","Quantidade","Utilização",null,"Custo Operacional",null,"Custo Horário"]
[{"$nulls":5},"Operativa","Improdutiva","Operativa","Improdutiva"]
["Insumo","E9604","SICRO3","Caminhão basculante para rocha com capacidade de 8 m³ - 210 kW",1,1,0,297.14830000000001,90.430499999999995,297.14830000000001]
[{"$nulls":5},"Custo Horário de Equipamentos =>",null,null,null,297.14830000000001]
[{"$nulls":5},"Custo Horário de Execução =>",null,null,null,297.14830000000001]
[{"$nulls":5},"Fator de Influencia da Chuva - FIC =>",null,null,null,1.43E-2]
[{"$nulls":5},"Custo do FIC =>",null,null,null,2.3599999999999999E-2]
[{"$nulls":5},"Produção de Equipe =>",null,null,null,179.28]
[{"$nulls":5},"Custo Unitário de Execução =>",null,null,null,1.6575]
[{"$nulls":4},"MO sem LS =>",0,"LS =>",0,"MO com LS =>",0]
[{"$nulls":4},"Valor do BDI =>",0.37,null,"Valor com BDI =>",null,2.0499999999999998]
[{"$nulls":6},"Quant. =>",1422.5724031,"Preço Total =>",2916.27]
[]
[" 5.3.4.6 ","Código","Banco","Descrição","Tipo",null,"Und","Quant.","Porcent.","Valor Unit","Total"]
["Composição"," 5914351 ","SICRO3","CARGA, MANOBRA E DESCARGA DE AGREGADOS OU SOLOS EM CAMINHÃO BASCULANTE DE 14 M³ - CARGA COM CARREGADEIRA DE 3,40 M³ E DESCARGA LIVRE.","",null,"t",1,null,2.61,2.61]
["A","Código","Banco","Equipamentos","Quantidade","Utilização",null,"Custo Operacional",null,"Custo Horário"]
[{"$nulls":5},"Operativa","Improdutiva","Operativa","Improdutiva"]
["Insumo","E9667","SICRO3","Caminhão basculante com capacidade de 14 m³ - 188 kW",3,0.77,0.23,297.32,90.567700000000002,749.30089999999996]
["Insumo","E9511","SICRO3","Carregadeira de pneus com capacidade de 3,40 m³ - 195 kW",1,1,0,442.03,218.85579999999999,442.03]
[{"$nulls":5},"Custo Horário de Equipamentos =>",null,null,null,1191.3308999999999]
[{"$nulls":5},"Custo Horário de Execução =>",null,null,null,1191.3308999999999]
[{"$nulls":5},"Fator de Influencia da Chuva - FIC =>",null,null,null,0]
[{"$nulls":5},"Custo do FIC =>",null,null,null,0]
[{"$nulls":5},"Produção de Equipe =>",null,null,null,457.16]
[{"$nulls":5},"Custo Unitário de Execução =>",null,null,null,2.6059000000000001]
[{"$nulls":4},"MO sem LS =>",0,"LS =>",0,"MO com LS =>",0]
[{"$nulls":4},"Valor do BDI =>",0.57999999999999996,null,"Valor com BDI =>",null,3.19]
[{"$nulls":6},"Quant. =>",344.9701718,"Preço Total =>",1100.45]
[]
[" 5.3.4.7 ","Código","Banco","Descrição","Tipo",null,"Und","Quant.","Porcent.","Valor Unit","Total"]
["Composição"," 5901639 ","SICRO3","TRANSPORTE COM CAMINHÃO BASCULANTE COM CAÇAMBA ESTANQUE COM CAPACIDADE DE 14 M³ - RODOVIA EM LEITO NATURAL.","",null,"tkm",1,null,0.87,0.87]
["A","Código","Banco","Equipamentos","Quantidade","Utilização",null,"Custo Operacional",null,"Custo Horário"]
[{"$nulls":5},"Operativa","Improdutiva","Operativa","Improdutiva"]
["Insumo","E9575","SICRO3","Caminhão basculante com caçamba estanque com capacidade de 14 m³ - 188 kW",1,1,0,297.71420000000001,90.774600000000007,297.71420000000001]
[{"$nulls":5},"Custo Horário de Equipamentos =>",null,null,null,297.71420000000001]
[{"$nulls":5},"Custo Horário de Execução =>",null,null,null,297.71420000000001]
[{"$nulls":5},"Fator de Influencia da Chuva - FIC =>",null,null,null,1.43E-2]
[{"$nulls":5},"Custo do FIC =>",null,null,null,1.2200000000000001E-2]
[{"$nulls":5},"Produção de Equipe =>",null,null,null,348.6]
[{"$nulls":5},"Custo Unitário de Execução =>",null,null,null,0.85399999999999998]
[{"$nulls":4},"MO sem LS =>",0,"LS =>",0,"MO com LS =>",0]
[{"$nulls":4},"Valor do BDI =>",0.19,null,"Valor com BDI =>",null,1.06]
[{"$nulls":6},"Quant. =>",2068.5264861999999,"Preço Total =>",2192.63]
[]
[" 5.3.4.8 ","Código","Banco","Descrição","Tipo",null,"Und","Quant.","Porcent.","Valor Unit","Total"]
["Composição"," 5914539 ","SICRO3","TRANSPORTE COM CAMINHÃO BETONEIRA - RODOVIA EM LEITO NATURAL.","",null,"tkm",1,null,0.98,0.98]
["A","Código","Banco","Equipamentos","Quantidade","Utilização",null,"Custo Operacional",null,"Custo Horário"]
[{"$nulls":5},"Operativa","Improdutiva","Operativa","Improdutiva"]
["Insumo","E9600","SICRO3","Caminhão betoneira com capacidade de 8 m³ - 188 kW",1,1,0,307.62630000000001,107.0881,307.62630000000001]
[{"$nulls":5},"Custo Horário de Equipamentos =>",null,null,null,307.62630000000001]
[{"$nulls":5},"Custo Horário de Execução =>",null,null,null,307.62630000000001]
[{"$nulls":5},"Fator de Influencia da Chuva - FIC =>",null,null,null,1.43E-2]
[{"$nulls":5},"Custo do FIC =>",null,null,null,1.38E-2]
[{"$nulls":5},"Produção de Equipe =>",null,null,null,318.72000000000003]
[{"$nulls":5},"Custo Unitário de Execução =>",null,null,null,0.96519999999999995]
[{"$nulls":4},"MO sem LS =>",0,"LS =>",0,"MO com LS =>",0]
[{"$nulls":4},"Valor do BDI =>",0.22,null,"Valor com BDI =>",null,1.2]
[{"$nulls":6},"Quant. =>",267.60000000000002,"Preço Total =>",321.12]
[]
[" 5.3.4.9 ","Código","Banco","Descrição","Tipo",null,"Und","Quant.","Porcent.","Valor Unit","Total"]
["Composição"," 1106088 ","SICRO3","LANÇAMENTO MECÂNICO DE CONCRETO COM BOMBA REBOCÁVEL COM CAPACIDADE DE 30 M³/H - CONFECÇÃO EM CENTRAL DOSADORA DE 30 M³/H.","",null,"m³",1,null,57.76,57.76]
["A","Código","Banco","Equipamentos","Quantidade","Utilização",null,"Custo Operacional",null,"Custo Horário"]
[{"$nulls":5},"Operativa","Improdutiva","Operativa","Improdutiva"]
["Insumo","E9073","SICRO3","Bomba de concreto rebocável com capacidade de 30 m³/h - 74 kW",1,1,0,187.27770000000001,76.781400000000005,187.27770000000001]
[{"$nulls":5},"Custo Horário de Equipamentos =>",null,null,null,187.27770000000001]
["B","Código","Banco","Mão de Obra","Quantidade","Salário Hora",null,null,null,"Custo Horário"]
["Insumo","P9821","SICRO3","Pedreiro",1,null,null,null,30.302800000000001,30.302800000000001]
["Insumo","P9824","SICRO3","Servente",7,null,null,null,21.465699999999998,150.25989999999999]
[{"$nulls":5},"Custo Horário da Mão de Obra =>",null,null,null,180.56270000000001]
[{"$nulls":5},"Adc.M.O. - Ferramentas (0,0%) =>",null,null,null,0]
[{"$nulls":5},"Custo Horário de Execução =>",null,null,null,367.84039999999999]
[{"$nulls":5},"Fator de Influencia da Chuva - FIC =>",null,null,null,0]
[{"$nulls":5},"Custo do FIC =>",null,null,null,0]
[{"$nulls":5},"Produção de Equipe =>",null,null,null,24.9]
[{"$nulls":5},"Custo Unitário de Execução =>",null,null,null,14.7727]
["D","Banco","Código","Atividades Auxiliares","Quantidade","Unidade","Preço Unitário",null,null,"Custo Horário"]
["Atividade Auxiliar","SICRO3",1110000,"Concreto",1,"m³",0,null,null,0]
[{"$nulls":5},"Custo Total das Atividades =>",null,null,null,0]
["E","Banco","Insumo","Tempos Fixos","Código","Quantidade","Unidade","Preço Unitário",null,"Custo Horário"]
["Tempo Fixo","SICRO3",1110000,"Carga, manobra e descarga de concreto com caminhão betoneira - carga em central de concreto de 30 m³/h e descarga livre",5909007,2.4,"t",17.91,null,42.984000000000002]
[{"$nulls":5},"Custo Total dos Tempos Fixos =>",null,null,null,42.984000000000002]
["F","Banco","Insumo","Momento de Transporte","Quantidade","Unidade","Distância Média de Transporte (DMT)",null,null,"Custo Horário"]
[{"$nulls":6},"LN","RP","P"]
["Momento de Transporte","SICRO3",1110000,"Concreto - Caminhão betoneira com capacidade de 8 m³ - 188 kW",2.4,"tkm","5914539\n0,000\nR$ 0,97","5914554\n0,000\nR$ 0,78","5914569\n0,000\nR$ 0,64",0]
[{"$nulls":5},"Custo total dos Momentos de Transportes =>",null,null,null,0]
[{"$nulls":4},"MO sem LS =>",7.2515140562248996,"LS =>",0,"MO com LS =>",7.2515140562248996]
[{"$nulls":4},"Valor do BDI =>",13.03,null,"Valor com BDI =>",null,70.790000000000006]
[{"$nulls":6},"Quant. =>",111.5,"Preço Total =>",7893.08]
[]
[" 5.3.4.10 ","Código","Banco","Descrição","Tipo",null,"Und","Quant.","Porcent.","Valor Unit","Total"]
["Composição"," 1100657 ","SICRO3","ADENSAMENTO DE CONCRETO POR VIBRADOR DE IMERSÃO.","",null,"m³",1,null,3.32,3.32]
["A","Código","Banco","Equipamentos","Quantidade","Utilização",null,"Custo Operacional",null,"Custo Horário"]
[{"$nulls":5},"Operativa","Improdutiva","Operativa","Improdutiva"]
["Insumo","E9069","SICRO3","Vibrador de imersão para concreto - 4,10 kW",1,1,0,8.3879000000000001,0.7641,8.3879000000000001]
[{"$nulls":5},"Custo Horário de Equipamentos =>",null,null,null,8.3879000000000001]
["B","Código","Banco","Mão de Obra","Quantidade","Salário Hora",null,null,null,"Custo Horário"]
["Insumo","P9824","SICRO3","Servente",1,null,null,null,21.465699999999998,21.465699999999998]
[{"$nulls":5},"Custo Horário da Mão de Obra =>",null,null,null,21.465699999999998]
[{"$nulls":5},"Adc.M.O. - Ferramentas (0,0%) =>",null,null,null,0]
[{"$nulls":5},"Custo Horário de Execução =>",null,null,null,29.8536]
[{"$nulls":5},"Fator de Influencia da Chuva - FIC =>",null,null,null,0]
[{"$nulls":5},"Custo do FIC =>",null,null,null,0]
[{"$nulls":5},"Produção de Equipe =>",null,null,null,9]
[{"$nulls":5},"Custo Unitário de Execução =>",null,null,null,3.3170999999999999]
[{"$nulls":4},"MO sem LS =>",2.3850777777777776,"LS =>",0,"MO com LS =>",2.3850777777777776]
[{"$nulls":4},"Valor do BDI =>",0.74,null,"Valor com BDI =>",null,4.0599999999999996]
[{"$nulls":6},"Quant. =>",111.5,"Preço Total =>",452.69]
[]
[" 5.3.4.11 ","Código","Banco","Descrição","Tipo",null,"Und","Quant.","Porcent.","Valor Unit","Total"]
["Composição"," 0407819 ","SICRO3","ARMAÇÃO EM AÇO CA-50 - FORNECIMENTO, PREPARO E COLOCAÇÃO.","",null,"kg",1,null,11.88,11.88]
["B","Código","Banco","Mão de Obra","Quantidade","Salário Hora",null,null,null,"Custo Horário"]
["Insumo","P9801","SICRO3","Ajudante",0.09,null,null,null,22.478899999999999,2.0230999999999999]
["Insumo","P9805","SICRO3","Armador",0.09,null,null,null,30.334199999999999,2.7301000000000002]
[{"$nulls":5},"Custo Horário da Mão de Obra =>",null,null,null,4.7531999999999996]
[{"$nulls":5},"Adc.M.O. - Ferramentas (0,0%) =>",null,null,null,0]
[{"$nulls":5},"Custo Horário de Execução =>",null,null,null,4.7531999999999996]
[{"$nulls":5},"Fator de Influencia da Chuva - FIC =>",null,null,null,0]
[{"$nulls":5},"Custo do FIC =>",null,null,null,0]
[{"$nulls":5},"Produção de Equipe =>",null,null,null,1]
[{"$nulls":5},"Custo Unitário de Execução =>",null,null,null,4.7531999999999996]
["C","Banco","Código","Material","Quantidade","Unidade","Preço Unitário",null,null,"Custo Horário"]
["Insumo","SICRO3","M0004","Aço CA 50",1.1000000000000001,"kg",6.2881,null,null,6.9169]
["Insumo","SICRO3","M0075","Arame liso recozido em aço-carbono - D = 1,24 mm (18 BWG)",1.4999999999999999E-2,"kg",11.658799999999999,null,null,0.1749]
[{"$nulls":5},"Custo Total do Material =>",null,null,null,7.0918000000000001]
["E","Banco","Insumo","Tempos Fixos","Código","Quantidade","Unidade","Preço Unitário",null,"Custo Horário"]
["Tempo Fixo","SICRO3","M0004","Carga, manobra e descarga de materiais diversos em caminhão carroceria de 15 t - carga e descarga manuais",5914655,1.1000000000000001E-3,"t",33.15,null,3.6499999999999998E-2]
["Tempo Fixo","SICRO3","M0075","Carga, manobra e descarga de materiais diversos em caminhão carroceria de 15 t - carga e descarga manuais",5914655,2.0000000000000002E-5,"t",33.15,null,6.9999999999999999E-4]
[{"$nulls":5},"Custo Total dos Tempos Fixos =>",null,null,null,3.7199999999999997E-2]
["F","Banco","Insumo","Momento de Transporte","Quantidade","Unidade","Distância Média de Transporte (DMT)",null,null,"Custo Horário"]
[{"$nulls":6},"LN","RP","P"]
["Momento de Transporte","SICRO3","M0004","Aço CA 50 - Caminhão carroceria com capacidade de 15 t - 188 kW",1.1000000000000001E-3,"tkm","5914449\n0,000\nR$ 1,08","5914464\n0,000\nR$ 0,86","5914479\n0,000\nR$ 0,71",0]
["Momento de Transporte","SICRO3","M0075","Arame liso recozido em aço-carbono - D = 1,24 mm (18 BWG) - Caminhão carroceria com capacidade de 15 t - 188 kW",2.0000000000000002E-5,"tkm","5914449\n0,000\nR$ 1,08","5914464\n0,000\nR$ 0,86","5914479\n0,000\nR$ 0,71",0]
[{"$nulls":5},"Custo total dos Momentos de Transportes =>",null,null,null,0]
[{"$nulls":4},"MO sem LS =>",4.765362235135135,"LS =>",0,"MO com LS =>",4.765362235135135]
[{"$nulls":4},"Valor do BDI =>",2.68,null,"Valor com BDI =>",null,14.56]
[{"$nulls":6},"Quant. =>",13380,"Preço Total =>",194812.79999999999]
[]
[" 5.3.4.12 ","Código","Banco","Descrição","Tipo",null,"Und","Quant.","Porcent.","Valor Unit","Total"]
["Composição"," 3107997 ","SICRO3","FÔRMAS DE COMPENSADO RESINADO 10 MM - USO GERAL - UTILIZAÇÃO DE 3 VEZES - CONFECÇÃO, INSTALAÇÃO E RETIRADA","",null,"m²",1,null,81.96,81.96]
["A","Código","Banco","Equipamentos","Quantidade","Utilização",null,"Custo Operacional",null,"Custo Horário"]
[{"$nulls":5},"Operativa","Improdutiva","Operativa","Improdutiva"]
["Insumo","E9066","SICRO3","Grupo gerador - 14 kVA",4.0160000000000001E-2,1,0,17.8385,4.6101000000000001,0.71640000000000004]
["Insumo","E9535","SICRO3","Serra circular com bancada - D = 30 cm - 4 kW",4.0160000000000001E-2,1,0,31.252500000000001,30.8993,1.2551000000000001]
[{"$nulls":5},"Custo Horário de Equipamentos =>",null,null,null,1.9715]
["B","Código","Banco","Mão de Obra","Quantidade","Salário Hora",null,null,null,"Custo Horário"]
["Insumo","P9801","SICRO3","Ajudante",0.7,null,null,null,22.478899999999999,15.735200000000001]
["Insumo","P9808","SICRO3","Carpinteiro",0.7,null,null,null,30.3432,21.240200000000002]
[{"$nulls":5},"Custo Horário da Mão de Obra =>",null,null,null,36.9754]
[{"$nulls":5},"Adc.M.O. - Ferramentas (0,0%) =>",null,null,null,0]
[{"$nulls":5},"Custo Horário de Execução =>",null,null,null,38.946899999999999]
[{"$nulls":5},"Fator de Influencia da Chuva - FIC =>",null,null,null,0]
[{"$nulls":5},"Custo do FIC =>",null,null,null,0]
[{"$nulls":5},"Produção de Equipe =>",null,null,null,1]
[{"$nulls":5},"Custo Unitário de Execução =>",null,null,null,38.946899999999999]
["C","Banco","Código","Material","Quantidade","Unidade","Preço Unitário",null,null,"Custo Horário"]
["Insumo","SICRO3","M0284","Caibro de pinho - L = 7,5 cm e E = 7,5 cm",0.44922000000000001,"m",16.706299999999999,null,null,7.5048000000000004]
["Insumo","SICRO3","M0446","Compensado resinado - E = 10 mm",0.40429999999999999,"m²",33.758899999999997,null,null,13.6487]
["Insumo","SICRO3","M0560","Desmoldante para fôrmas de madeira",1.8519999999999998E-2,"l",12.788600000000001,null,null,0.23680000000000001]
["Insumo","SICRO3","M0310","Peça de madeira - L = 7,5 cm e E = 2,5 cm",0.19908000000000001,"m",5.2,null,null,1.0351999999999999]
["Insumo","SICRO3","M1205","Prego de ferro",0.20394999999999999,"kg",15.58,null,null,3.1775000000000002]
["Insumo","SICRO3","M0290","Tábua - E = 2,5 cm e L = 10 cm",2.0900300000000001,"m",5.0838000000000001,null,null,10.625299999999999]
["Insumo","SICRO3","M0286","Tábua - E = 2,5 cm e L = 30 cm",0.35937999999999998,"m",17.498100000000001,null,null,6.2885]
[{"$nulls":5},"Custo Total do Material =>",null,null,null,42.516800000000003]
["E","Banco","Insumo","Tempos Fixos","Código","Quantidade","Unidade","Preço Unitário",null,"Custo Horário"]
["Tempo Fixo","SICRO3","M0284","Carga, manobra e descarga de materiais diversos em caminhão carroceria de 15 t - carga e descarga manuais",5914655,2.5300000000000001E-3,"t",33.15,null,8.3900000000000002E-2]
["Tempo Fixo","SICRO3","M0446","Carga, manobra e descarga de materiais diversos em caminhão carroceria de 15 t - carga e descarga manuais",5914655,4.0400000000000002E-3,"t",33.15,null,0.13389999999999999]
["Tempo Fixo","SICRO3","M0560","Carga, manobra e descarga de materiais diversos em caminhão carroceria de 15 t - carga e descarga manuais",5914655,2.0000000000000002E-5,"t",33.15,null,6.9999999999999999E-4]
["Tempo Fixo","SICRO3","M0310","Carga, manobra e descarga de materiais diversos em caminhão carroceria de 15 t - carga e descarga manuais",5914655,3.6999999999999999E-4,"t",33.15,null,1.23E-2]
["Tempo Fixo","SICRO3","M1205","Carga, manobra e descarga de materiais diversos em caminhão carroceria de 15 t - carga e descarga manuais",5914655,2.0000000000000001E-4,"t",33.15,null,6.6E-3]
["Tempo Fixo","SICRO3","M0290","Carga, manobra e descarga de materiais diversos em caminhão carroceria de 15 t - carga e descarga manuais",5914655,5.2300000000000003E-3,"t",33.15,null,0.1734]
["Tempo Fixo","SICRO3","M0286","Carga, manobra e descarga de materiais diversos em caminhão carroceria de 15 t - carga e descarga manuais",5914655,2.7000000000000001E-3,"t",33.15,null,8.9499999999999996E-2]
[{"$nulls":5},"Custo Total dos Tempos Fixos =>",null,null,null,0.50029999999999997]
["F","Banco","Insumo","Momento de Transporte","Quantidade","Unidade","Distância Média de Transporte (DMT)",null,null,"Custo Horário"]
[{"$nulls":6},"LN","RP","P"]
["Momento de Transporte","SICRO3","M0284","Caibro de pinho - L = 7,5 cm e E = 7,5 cm - Caminhão carroceria com capacidade de 15 t - 188 kW",2.5300000000000001E-3,"tkm","5914449\n0,000\nR$ 1,08","5914464\n0,000\nR$ 0,86","5914479\n0,000\nR$ 0,71",0]
["Momento de Transporte","SICRO3","M0446","Compensado resinado - E = 10 mm - Caminhão carroceria com capacidade de 15 t - 188 kW",4.0400000000000002E-3,"tkm","5914449\n0,000\nR$ 1,08","5914464\n0,000\nR$ 0,86","5914479\n0,000\nR$ 0,71",0]
["Momento de Transporte","SICRO3","M0560","Desmoldante para fôrmas de madeira - Caminhão carroceria com capacidade de 15 t - 188 kW",2.0000000000000002E-5,"tkm","5914449\n0,000\nR$ 1,08","5914464\n0,000\nR$ 0,86","5914479\n0,000\nR$ 0,71",0]
["Momento de Transporte","SICRO3","M0310","Peça de madeira - L = 7,5 cm e E = 2,5 cm - Caminhão carroceria com capacidade de 15 t - 188 kW",3.6999999999999999E-4,"tkm","5914449\n0,000\nR$ 1,08","5914464\n0,000\nR$ 0,86","5914479\n0,000\nR$ 0,71",0]
["Momento de Transporte","SICRO3","M1205","Prego de ferro - Caminhão carroceria com capacidade de 15 t - 188 kW",2.0000000000000001E-4,"tkm","5914449\n0,000\nR$ 1,08","5914464\n0,000\nR$ 0,86","5914479\n0,000\nR$ 0,71",0]
["Momento de Transporte","SICRO3","M0290","Tábua - E = 2,5 cm e L = 10 cm - Caminhão carroceria com capacidade de 15 t - 188 kW",5.2300000000000003E-3,"tkm","5914449\n0,000\nR$ 1,08","5914464\n0,000\nR$ 0,86","5914479\n0,000\nR$ 0,71",0]
["Momento de Transporte","SICRO3","M0286","Tábua - E = 2,5 cm e L = 30 cm - Caminhão carroceria com capacidade de 15 t - 188 kW",2.7000000000000001E-3,"tkm","5914449\n0,000\nR$ 1,08","5914464\n0,000\nR$ 0,86","5914479\n0,000\nR$ 0,71",0]
[{"$nulls":5},"Custo total dos Momentos de Transportes =>",null,null,null,0]
[{"$nulls":4},"MO sem LS =>",37.139617337668916,"LS =>",0,"MO com LS =>",37.139617337668916]
[{"$nulls":4},"Valor do BDI =>",18.489999999999998,null,"Valor com BDI =>",null,100.45]
[{"$nulls":6},"Quant. =>",202.21799999999999,"Preço Total =>",20312.79]
[]
[" 5.3.5 ",null,null,"JUNTA DE DILATAÇÃO",{"$nulls":6},8482.66]
[" 5.3.5.1 ","Código","Banco","Descrição","Tipo",null,"Und","Quant.","Porcent.","Valor Unit","Total"]
["Composição"," 160082 ","SBC","JUNTA DE DILATACAO TIPO FUNGENBAND EM ESTRUTURA","TRATAMENTOS E IMPERMEABILIZACOES",null,"M",1,null,103.88,103.88]
["Insumo"," 004220 ","SBC","JUNTA DE DILATAǃO ELASTICA TIPO O-12 FUGENBAND","Material",null,"M",1.1000000000000001,null,90,99]
["Insumo"," 099900 ","SBC","SERVENTE","Mão de Obra",null,"H",0.35399999999999998,null,13.79,4.88]
[{"$nulls":4},"MO sem LS =>",4.88,"LS =>",0,"MO com LS =>",4.88]
[{"$nulls":4},"Valor do BDI =>",23.43,null,"Valor com BDI =>",null,127.31]
[{"$nulls":6},"Quant. =>",66.63,"Preço Total =>",8482.66]
[]
[" 5.3.6 ",null,null,"CASA DE CONTROLE",{"$nulls":6},8916.84]
[" 5.3.6.1 ","Código","Banco","Descrição","Tipo",null,"Und","Quant.","Porcent.","Valor Unit","Total"]
["Composição"," 1106135 ","SICRO3","Concreto fck = 25 MPa - confecção em central dosadora de 30 m³/h - areia extraída e brita produzida","",null,"m³",1,null,281.93,281.93]
["A","Código","Banco","Equipamentos","Quantidade","Utilização",null,"Custo Operacional",null,"Custo Horário"]
[{"$nulls":5},"Operativa","Improdutiva","Operativa","Improdutiva"]
["Insumo","E9584","SICRO3","Carregadeira de pneus com capacidade de 1,72 m³ - 113 kW",1,0.34,0.66,203.21250000000001,104.4208,138.01]
["Insumo","E9599","SICRO3","Central de concreto com capacidade de 30 m³/h - dosadora RS",1,1,0,79.077200000000005,64.673599999999993,79.077200000000005]
["Insumo","E9779","SICRO3","Grupo gerador - 113 kVA",1,1,0,101.1589,8.4064999999999994,101.1589]
[{"$nulls":5},"Custo Horário de Equipamentos =>",null,null,null,318.24610000000001]
["B","Código","Banco","Mão de Obra","Quantidade","Salário Hora",null,null,null,"Custo Horário"]
["Insumo","P9824","SICRO3","Servente",2,null,null,null,21.465699999999998,42.931399999999996]
[{"$nulls":5},"Custo Horário da Mão de Obra =>",null,null,null,42.931399999999996]
[{"$nulls":5},"Adc.M.O. - Ferramentas (0,0%) =>",null,null,null,0]
[{"$nulls":5},"Custo Horário de Execução =>",null,null,null,361.17750000000001]
[{"$nulls":5},"Fator de Influencia da Chuva - FIC =>",null,null,null,0]
[{"$nulls":5},"Custo do FIC =>",null,null,null,0]
[{"$nulls":5},"Produção de Equipe =>",null,null,null,24.9]
[{"$nulls":5},"Custo Unitário de Execução =>",null,null,null,14.505100000000001]
["C","Banco","Código","Material","Quantidade","Unidade","Preço Unitário",null,null,"Custo Horário"]
["Insumo","SICRO3","M0030","Aditivo plastificante e retardador de pega para concreto e argamassa",0.89256999999999997,"kg",6.5956999999999999,null,null,5.8871000000000002]
["Insumo","SICRO3","M0424","Cimento Portland CP II - 32 - saco",297.52373999999998,"kg",0.66949999999999998,null,null,199.19210000000001]
[{"$nulls":5},"Custo Total do Material =>",null,null,null,205.07919999999999]
["D","Banco","Código","Atividades Auxiliares","Quantidade","Unidade","Preço Unitário",null,null,"Custo Horário"]
["Atividade Auxiliar","SICRO3",4816012,"Brita produzida em central de britagem de 80 m³/h",0.73507999999999996,"m³",53.84,null,null,39.576700000000002]
["Atividade Auxiliar","SICRO3",4816020,"Areia extraída com draga de sucção tipo bomba",0.62465000000000004,"m³",11.74,null,null,7.3334000000000001]
[{"$nulls":5},"Custo Total das Atividades =>",null,null,null,46.9101]
["E","Banco","Insumo","Tempos Fixos","Código","Quantidade","Unidade","Preço Unitário",null,"Custo Horário"]
["Tempo Fixo","SICRO3",4816020,"Carga, manobra e descarga de agregados ou solos em caminhão basculante de 10 m³ - carga com carregadeira de 3,40 m³ edescarga livre",5915407,0.93698000000000004,"t",2.72,null,2.5486]
["Tempo Fixo","SICRO3",4816012,"Carga, manobra e descarga de agregados ou solos em caminhão basculante de 10 m³ - carga com carregadeira de 3,40 m³ edescarga livre",5915407,1.1026199999999999,"t",2.72,null,2.9990999999999999]
["Tempo Fixo","SICRO3","M0030","Carga, manobra e descarga de materiais diversos em caminhão carroceria de 15 t - carga e descarga manuais",5914655,8.8999999999999995E-4,"t",33.15,null,2.9499999999999998E-2]
["Tempo Fixo","SICRO3","M0424","Carga, manobra e descarga de materiais diversos em caminhão carroceria de 15 t - carga e descarga manuais",5914655,0.29752000000000001,"t",33.15,null,9.8628]
[{"$nulls":5},"Custo Total dos Tempos Fixos =>",null,null,null,15.44]
["F","Banco","Insumo","Momento de Transporte","Quantidade","Unidade","Distância Média de Transporte (DMT)",null,null,"Custo Horário"]
[{"$nulls":6},"LN","RP","P"]
["Momento de Transporte","SICRO3",4816020,"Areia extraída com draga de sucção tipo bomba - Caminhão basculante com capacidade de 10 m³ - 188 kW",0.93698000000000004,"tkm","5914359\n0,000\nR$ 1,19","5914374\n0,000\nR$ 0,95","5914389\n0,000\nR$ 0,79",0]
["Momento de Transporte","SICRO3",4816012,"Brita produzida em central de britagem de 80 m³/h - Caminhão basculante com capacidade de 10 m³ - 188 kW",1.1026199999999999,"tkm","5914359\n0,000\nR$ 1,19","5914374\n0,000\nR$ 0,95","5914389\n0,000\nR$ 0,79",0]
["Momento de Transporte","SICRO3","M0030","Aditivo plastificante e retardador de pega para concreto e argamassa - Caminhão carroceria com capacidade de 15 t - 188 kW",8.8999999999999995E-4,"tkm","5914449\n0,000\nR$ 1,08","5914464\n0,000\nR$ 0,86","5914479\n0,000\nR$ 0,71",0]
["Momento de Transporte","SICRO3","M0424","Cimento Portland CP II - 32 - saco - Caminhão carroceria com capacidade de 15 t - 188 kW",0.29752000000000001,"tkm","5914449\n0,000\nR$ 1,08","5914464\n0,000\nR$ 0,86","5914479\n0,000\nR$ 0,71",0]
[{"$nulls":5},"Custo total dos Momentos de Transportes =>",null,null,null,0]
[{"$nulls":4},"MO sem LS =>",9.2024484104417663,"LS =>",0,"MO com LS =>",9.2024484438461478]
[{"$nulls":4},"Valor do BDI =>",63.6,null,"Valor com BDI =>",null,345.53]
[{"$nulls":6},"Quant. =>",6.52,"Preço Total =>",2252.85]
[]
[" 5.3.6.2 ","Código","Banco","Descrição","Tipo",null,"Und","Quant.","Porcent.","Valor Unit","Total"]
["Composição"," 1106058 ","SICRO3","CONCRETO MAGRO - CONFECÇÃO EM BETONEIRA E LANÇAMENTO MANUAL - AREIA EXTRAÍDA E BRITA PRODUZIDA","",null,"m³",1,null,321.32,321.32]
["A","Código","Banco","Equipamentos","Quantidade","Utilização",null,"Custo Operacional",null,"Custo Horário"]
[{"$nulls":5},"Operativa","Improdutiva","Operativa","Improdutiva"]
["Insumo","E9519","SICRO3","Betoneira com motor a gasolina com capacidade de 600 l - 10 kW",1,1,0,53.475700000000003,33.671500000000002,53.475700000000003]
["Insumo","E9071","SICRO3","Transportador manual carrinho de mão com capacidade de 80 l",4,0.88,0.12,0.71679999999999999,0.48730000000000001,2.7570000000000001]
["Insumo","E9064","SICRO3","Transportador manual gerica com capacidade de 180 l",3,0.41,0.59,1.5258,1.0373000000000001,3.7128000000000001]
[{"$nulls":5},"Custo Horário de Equipamentos =>",null,null,null,59.945500000000003]
["B","Código","Banco","Mão de Obra","Quantidade","Salário Hora",null,null,null,"Custo Horário"]
["Insumo","P9821","SICRO3","Pedreiro",1,null,null,null,30.302800000000001,30.302800000000001]
["Insumo","P9824","SICRO3","Servente",9,null,null,null,21.465699999999998,193.19130000000001]
[{"$nulls":5},"Custo Horário da Mão de Obra =>",null,null,null,223.4941]
[{"$nulls":5},"Adc.M.O. - Ferramentas (0,0%) =>",null,null,null,0]
[{"$nulls":5},"Custo Horário de Execução =>",null,null,null,283.43959999999998]
[{"$nulls":5},"Fator de Influencia da Chuva - FIC =>",null,null,null,0]
[{"$nulls":5},"Custo do FIC =>",null,null,null,0]
[{"$nulls":5},"Produção de Equipe =>",null,null,null,3.9289999999999998]
[{"$nulls":5},"Custo Unitário de Execução =>",null,null,null,72.140600000000006]
["C","Banco","Código","Material","Quantidade","Unidade","Preço Unitário",null,null,"Custo Horário"]
["Insumo","SICRO3","M0424","Cimento Portland CP II - 32 - saco",280.53417999999999,"kg",0.66949999999999998,null,null,187.8176]
[{"$nulls":5},"Custo Total do Material =>",null,null,null,187.8176]
["D","Banco","Código","Atividades Auxiliares","Quantidade","Unidade","Preço Unitário",null,null,"Custo Horário"]
["Atividade Auxiliar","SICRO3",4816012,"Brita produzida em central de britagem de 80 m³/h",0.73507999999999996,"m³",53.84,null,null,39.576700000000002]
["Atividade Auxiliar","SICRO3",4816020,"Areia extraída com draga de sucção tipo bomba",0.59948000000000001,"m³",11.74,null,null,7.0378999999999996]
[{"$nulls":5},"Custo Total das Atividades =>",null,null,null,46.614600000000003]
["E","Banco","Insumo","Tempos Fixos","Código","Quantidade","Unidade","Preço Unitário",null,"Custo Horário"]
["Tempo Fixo","SICRO3",4816020,"Carga, manobra e descarga de agregados ou solos em caminhão basculante de 10 m³ - carga com carregadeira de 3,40 m³ edescarga livre",5915407,0.89922000000000002,"t",2.72,null,2.4459]
["Tempo Fixo","SICRO3",4816012,"Carga, manobra e descarga de agregados ou solos em caminhão basculante de 10 m³ - carga com carregadeira de 3,40 m³ edescarga livre",5915407,1.1026199999999999,"t",2.72,null,2.9990999999999999]
["Tempo Fixo","SICRO3","M0424","Carga, manobra e descarga de materiais diversos em caminhão carroceria de 15 t - carga e descarga manuais",5914655,0.28053,"t",33.15,null,9.2995999999999999]
[{"$nulls":5},"Custo Total dos Tempos Fixos =>",null,null,null,14.7446]
["F","Banco","Insumo","Momento de Transporte","Quantidade","Unidade","Distância Média de Transporte (DMT)",null,null,"Custo Horário"]
[{"$nulls":6},"LN","RP","P"]
["Momento de Transporte","SICRO3",4816020,"Areia extraída com draga de sucção tipo bomba - Caminhão basculante com capacidade de 10 m³ - 188 kW",0.89922000000000002,"tkm","5914359\n0,000\nR$ 1,19","5914374\n0,000\nR$ 0,95","5914389\n0,000\nR$ 0,79",0]
["Momento de Transporte","SICRO3",4816012,"Brita produzida em central de britagem de 80 m³/h - Caminhão basculante com capacidade de 10 m³ - 188 kW",1.1026199999999999,"tkm","5914359\n0,000\nR$ 1,19","5914374\n0,000\nR$ 0,95","5914389\n0,000\nR$ 0,79",0]
["Momento de Transporte","SICRO3","M0424","Cimento Portland CP II - 32 - saco - Caminhão carroceria com capacidade de 15 t - 188 kW",0.28053,"tkm","5914449\n0,000\nR$ 1,08","5914464\n0,000\nR$ 0,86","5914479\n0,000\nR$ 0,71",0]
[{"$nulls":5},"Custo total dos Momentos de Transportes =>",null,null,null,0]
[{"$nulls":4},"MO sem LS =>",64.095106908289324,"LS =>",0,"MO com LS =>",64.095106908289324]
[{"$nulls":4},"Valor do BDI =>",72.48,null,"Valor com BDI =>",null,393.8]
[{"$nulls":6},"Quant. =>",1,"Preço Total =>",393.8]
[]
[" 5.3.6.3 ","Código","Banco","Descrição","Tipo",null,"Und","Quant.","Porcent.","Valor Unit","Total"]
["Composição"," 5914657 ","SICRO3","CARGA, MANOBRA E DESCARGA DE BLOCOS DE ROCHA EM CAMINHÃO BASCULANTE DE 8 M³ - CARGA COM RETROESCAVADEIRA DE 0,29 M³ E DESCARGA LIVRE.","",null,"t",1,null,17.600000000000001,17.600000000000001]
["A","Código","Banco","Equipamentos","Quantidade","Utilização",null,"Custo Operacional",null,"Custo Horário"]
[{"$nulls":5},"Operativa","Improdutiva","Operativa","Improdutiva"]
["Insumo","E9604","SICRO3","Caminhão basculante para rocha com capacidade de 8 m³ - 210 kW",2,0.56999999999999995,0.43,297.14830000000001,90.430499999999995,416.51929999999999]
["Insumo","E9526","SICRO3","Retroescavadeira de pneus - capacidade da caçamba da pá-carregadeira de 0,76 m³ e da",1,1,0,151.10929999999999,79.652699999999996,151.10929999999999]
[{"$nulls":5},"Custo Horário de Equipamentos =>",null,null,null,567.62860000000001]
[{"$nulls":5},"Custo Horário de Execução =>",null,null,null,567.62860000000001]
[{"$nulls":5},"Fator de Influencia da Chuva - FIC =>",null,null,null,0]
[{"$nulls":5},"Custo do FIC =>",null,null,null,0]
[{"$nulls":5},"Produção de Equipe =>",null,null,null,32.26]
[{"$nulls":5},"Custo Unitário de Execução =>",null,null,null,17.595400000000001]
[{"$nulls":4},"MO sem LS =>",0,"LS =>",0,"MO com LS =>",0]
[{"$nulls":4},"Valor do BDI =>",3.97,null,"Valor com BDI =>",null,21.57]
[{"$nulls":6},"Quant. =>",4.4618647999999999,"Preço Total =>",96.24]
[]
[" 5.3.6.4 ","Código","Banco","Descrição","Tipo",null,"Und","Quant.","Porcent.","Valor Unit","Total"]
["Composição"," 5914346 ","SICRO3","TRANSPORTE DE MATERIAL DE 3ª CATEGORIA COM CAMINHÃO BASCULANTE DE 8 M³ PARA ROCHA - RODOVIA EM LEITO NATURAL","",null,"tkm",1,null,1.68,1.68]
["A","Código","Banco","Equipamentos","Quantidade","Utilização",null,"Custo Operacional",null,"Custo Horário"]
[{"$nulls":5},"Operativa","Improdutiva","Operativa","Improdutiva"]
["Insumo","E9604","SICRO3","Caminhão basculante para rocha com capacidade de 8 m³ - 210 kW",1,1,0,297.14830000000001,90.430499999999995,297.14830000000001]
[{"$nulls":5},"Custo Horário de Equipamentos =>",null,null,null,297.14830000000001]
[{"$nulls":5},"Custo Horário de Execução =>",null,null,null,297.14830000000001]
[{"$nulls":5},"Fator de Influencia da Chuva - FIC =>",null,null,null,1.43E-2]
[{"$nulls":5},"Custo do FIC =>",null,null,null,2.3599999999999999E-2]
[{"$nulls":5},"Produção de Equipe =>",null,null,null,179.28]
[{"$nulls":5},"Custo Unitário de Execução =>",null,null,null,1.6575]
[{"$nulls":4},"MO sem LS =>",0,"LS =>",0,"MO com LS =>",0]
[{"$nulls":4},"Valor do BDI =>",0.37,null,"Valor com BDI =>",null,2.0499999999999998]
[{"$nulls":6},"Quant. =>",59.0304717,"Preço Total =>",121.01]
[]
[" 5.3.6.5 ","Código","Banco","Descrição","Tipo",null,"Und","Quant.","Porcent.","Valor Unit","Total"]
["Composição"," 5914351 ","SICRO3","CARGA, MANOBRA E DESCARGA DE AGREGADOS OU SOLOS EM CAMINHÃO BASCULANTE DE 14 M³ - CARGA COM CARREGADEIRA DE 3,40 M³ E DESCARGA LIVRE.","",null,"t",1,null,2.61,2.61]
["A","Código","Banco","Equipamentos","Quantidade","Utilização",null,"Custo Operacional",null,"Custo Horário"]
[{"$nulls":5},"Operativa","Improdutiva","Operativa","Improdutiva"]
["Insumo","E9667","SICRO3","Caminhão basculante com capacidade de 14 m³ - 188 kW",3,0.77,0.23,297.32,90.567700000000002,749.30089999999996]
["Insumo","E9511","SICRO3","Carregadeira de pneus com capacidade de 3,40 m³ - 195 kW",1,1,0,442.03,218.85579999999999,442.03]
[{"$nulls":5},"Custo Horário de Equipamentos =>",null,null,null,1191.3308999999999]
[{"$nulls":5},"Custo Horário de Execução =>",null,null,null,1191.3308999999999]
[{"$nulls":5},"Fator de Influencia da Chuva - FIC =>",null,null,null,0]
[{"$nulls":5},"Custo do FIC =>",null,null,null,0]
[{"$nulls":5},"Produção de Equipe =>",null,null,null,457.16]
[{"$nulls":5},"Custo Unitário de Execução =>",null,null,null,2.6059000000000001]
[{"$nulls":4},"MO sem LS =>",0,"LS =>",0,"MO com LS =>",0]
[{"$nulls":4},"Valor do BDI =>",0.57999999999999996,null,"Valor com BDI =>",null,3.19]
[{"$nulls":6},"Quant. =>",14.5294711,"Preço Total =>",46.34]
[]
[" 5.3.6.6 ","Código","Banco","Descrição","Tipo",null,"Und","Quant.","Porcent.","Valor Unit","Total"]
["Composição"," 5901639 ","SICRO3","TRANSPORTE COM CAMINHÃO BASCULANTE COM CAÇAMBA ESTANQUE COM CAPACIDADE DE 14 M³ - RODOVIA EM LEITO NATURAL.","",null,"tkm",1,null,0.87,0.87]
["A","Código","Banco","Equipamentos","Quantidade","Utilização",null,"Custo Operacional",null,"Custo Horário"]
[{"$nulls":5},"Operativa","Improdutiva","Operativa","Improdutiva"]
["Insumo","E9575","SICRO3","Caminhão basculante com caçamba estanque com capacidade de 14 m³ - 188 kW",1,1,0,297.71420000000001,90.774600000000007,297.71420000000001]
[{"$nulls":5},"Custo Horário de Equipamentos =>",null,null,null,297.71420000000001]
[{"$nulls":5},"Custo Horário de Execução =>",null,null,null,297.71420000000001]
[{"$nulls":5},"Fator de Influencia da Chuva - FIC =>",null,null,null,1.43E-2]
[{"$nulls":5},"Custo do FIC =>",null,null,null,1.2200000000000001E-2]
[{"$nulls":5},"Produção de Equipe =>",null,null,null,348.6]
[{"$nulls":5},"Custo Unitário de Execução =>",null,null,null,0.85399999999999998]
[{"$nulls":4},"MO sem LS =>",0,"LS =>",0,"MO com LS =>",0]
[{"$nulls":4},"Valor do BDI =>",0.19,null,"Valor com BDI =>",null,1.06]
[{"$nulls":6},"Quant. =>",88.6262373,"Preço Total =>",93.94]
[]
[" 5.3.6.7 ","Código","Banco","Descrição","Tipo",null,"Und","Quant.","Porcent.","Valor Unit","Total"]
["Composição"," 5914539 ","SICRO3","TRANSPORTE COM CAMINHÃO BETONEIRA - RODOVIA EM LEITO NATURAL.","",null,"tkm",1,null,0.98,0.98]
["A","Código","Banco","Equipamentos","Quantidade","Utilização",null,"Custo Operacional",null,"Custo Horário"]
[{"$nulls":5},"Operativa","Improdutiva","Operativa","Improdutiva"]
["Insumo","E9600","SICRO3","Caminhão betoneira com capacidade de 8 m³ - 188 kW",1,1,0,307.62630000000001,107.0881,307.62630000000001]
[{"$nulls":5},"Custo Horário de Equipamentos =>",null,null,null,307.62630000000001]
[{"$nulls":5},"Custo Horário de Execução =>",null,null,null,307.62630000000001]
[{"$nulls":5},"Fator de Influencia da Chuva - FIC =>",null,null,null,1.43E-2]
[{"$nulls":5},"Custo do FIC =>",null,null,null,1.38E-2]
[{"$nulls":5},"Produção de Equipe =>",null,null,null,318.72000000000003]
[{"$nulls":5},"Custo Unitário de Execução =>",null,null,null,0.96519999999999995]
[{"$nulls":4},"MO sem LS =>",0,"LS =>",0,"MO com LS =>",0]
[{"$nulls":4},"Valor do BDI =>",0.22,null,"Valor com BDI =>",null,1.2]
[{"$nulls":6},"Quant. =>",15.648,"Preço Total =>",18.77]
[]
[" 5.3.6.8 ","Código","Banco","Descrição","Tipo",null,"Und","Quant.","Porcent.","Valor Unit","Total"]
["Composição"," 1106088 ","SICRO3","LANÇAMENTO MECÂNICO DE CONCRETO COM BOMBA REBOCÁVEL COM CAPACIDADE DE 30 M³/H - CONFECÇÃO EM CENTRAL DOSADORA DE 30 M³/H.","",null,"m³",1,null,57.76,57.76]
["A","Código","Banco","Equipamentos","Quantidade","Utilização",null,"Custo Operacional",null,"Custo Horário"]
[{"$nulls":5},"Operativa","Improdutiva","Operativa","Improdutiva"]
["Insumo","E9073","SICRO3","Bomba de concreto rebocável com capacidade de 30 m³/h - 74 kW",1,1,0,187.27770000000001,76.781400000000005,187.27770000000001]
[{"$nulls":5},"Custo Horário de Equipamentos =>",null,null,null,187.27770000000001]
["B","Código","Banco","Mão de Obra","Quantidade","Salário Hora",null,null,null,"Custo Horário"]
["Insumo","P9821","SICRO3","Pedreiro",1,null,null,null,30.302800000000001,30.302800000000001]
["Insumo","P9824","SICRO3","Servente",7,null,null,null,21.465699999999998,150.25989999999999]
[{"$nulls":5},"Custo Horário da Mão de Obra =>",null,null,null,180.56270000000001]
[{"$nulls":5},"Adc.M.O. - Ferramentas (0,0%) =>",null,null,null,0]
[{"$nulls":5},"Custo Horário de Execução =>",null,null,null,367.84039999999999]
[{"$nulls":5},"Fator de Influencia da Chuva - FIC =>",null,null,null,0]
[{"$nulls":5},"Custo do FIC =>",null,null,null,0]
[{"$nulls":5},"Produção de Equipe =>",null,null,null,24.9]
[{"$nulls":5},"Custo Unitário de Execução =>",null,null,null,14.7727]
["D","Banco","Código","Atividades Auxiliares","Quantidade","Unidade","Preço Unitário",null,null,"Custo Horário"]
["Atividade Auxiliar","SICRO3",1110000,"Concreto",1,"m³",0,null,null,0]
[{"$nulls":5},"Custo Total das Atividades =>",null,null,null,0]
["E","Banco","Insumo","Tempos Fixos","Código","Quantidade","Unidade","Preço Unitário",null,"Custo Horário"]
["Tempo Fixo","SICRO3",1110000,"Carga, manobra e descarga de concreto com caminhão betoneira - carga em central de concreto de 30 m³/h e descarga livre",5909007,2.4,"t",17.91,null,42.984000000000002]
[{"$nulls":5},"Custo Total dos Tempos Fixos =>",null,null,null,42.984000000000002]
["F","Banco","Insumo","Momento de Transporte","Quantidade","Unidade","Distância Média de Transporte (DMT)",null,null,"Custo Horário"]
[{"$nulls":6},"LN","RP","P"]
["Momento de Transporte","SICRO3",1110000,"Concreto - Caminhão betoneira com capacidade de 8 m³ - 188 kW",2.4,"tkm","5914539\n0,000\nR$ 0,97","5914554\n0,000\nR$ 0,78","5914569\n0,000\nR$ 0,64",0]
[{"$nulls":5},"Custo total dos Momentos de Transportes =>",null,null,null,0]
[{"$nulls":4},"MO sem LS =>",7.2515140562248996,"LS =>",0,"MO com LS =>",7.2515140562248996]
[{"$nulls":4},"Valor do BDI =>",13.03,null,"Valor com BDI =>",null,70.790000000000006]
[{"$nulls":6},"Quant. =>",6.52,"Preço Total =>",461.55]
[]
[" 5.3.6.9 ","Código","Banco","Descrição","Tipo",null,"Und","Quant.","Porcent.","Valor Unit","Total"]
["Composição"," 1100657 ","SICRO3","ADENSAMENTO DE CONCRETO POR VIBRADOR DE IMERSÃO.","",null,"m³",1,null,3.32,3.32]
["A","Código","Banco","Equipamentos","Quantidade","Utilização",null,"Custo Operacional",null,"Custo Horário"]
[{"$nulls":5},"Operativa","Improdutiva","Operativa","Improdutiva"]
["Insumo","E9069","SICRO3","Vibrador de imersão para concreto - 4,10 kW",1,1,0,8.3879000000000001,0.7641,8.3879000000000001]
[{"$nulls":5},"Custo Horário de Equipamentos =>",null,null,null,8.3879000000000001]
["B","Código","Banco","Mão de Obra","Quantidade","Salário Hora",null,null,null,"Custo Horário"]
["Insumo","P9824","SICRO3","Servente",1,null,null,null,21.465699999999998,21.465699999999998]
[{"$nulls":5},"Custo Horário da Mão de Obra =>",null,null,null,21.465699999999998]
[{"$nulls":5},"Adc.M.O. - Ferramentas (0,0%) =>",null,null,null,0]
[{"$nulls":5},"Custo Horário de Execução =>",null,null,null,29.8536]
[{"$nulls":5},"Fator de Influencia da Chuva - FIC =>",null,null,null,0]
[{"$nulls":5},"Custo do FIC =>",null,null,null,0]
[{"$nulls":5},"Produção de Equipe =>",null,null,null,9]
[{"$nulls":5},"Custo Unitário de Execução =>",null,null,null,3.3170999999999999]
[{"$nulls":4},"MO sem LS =>",2.3850777777777776,"LS =>",0,"MO com LS =>",2.3850777777777776]
[{"$nulls":4},"Valor do BDI =>",0.74,null,"Valor com BDI =>",null,4.0599999999999996]
[{"$nulls":6},"Quant. =>",6.52,"Preço Total =>",26.47]
[]
[" 5.3.6.10 ","Código","Banco","Descrição","Tipo",null,"Und","Quant.","Porcent.","Valor Unit","Total"]
["Composição"," 0407819 ","SICRO3","ARMAÇÃO EM AÇO CA-50 - FORNECIMENTO, PREPARO E COLOCAÇÃO.","",null,"kg",1,null,11.88,11.88]
["B","Código","Banco","Mão de Obra","Quantidade","Salário Hora",null,null,null,"Custo Horário"]
["Insumo","P9801","SICRO3","Ajudante",0.09,null,null,null,22.478899999999999,2.0230999999999999]
["Insumo","P9805","SICRO3","Armador",0.09,null,null,null,30.334199999999999,2.7301000000000002]
[{"$nulls":5},"Custo Horário da Mão de Obra =>",null,null,null,4.7531999999999996]
[{"$nulls":5},"Adc.M.O. - Ferramentas (0,0%) =>",null,null,null,0]
[{"$nulls":5},"Custo Horário de Execução =>",null,null,null,4.7531999999999996]
[{"$nulls":5},"Fator de Influencia da Chuva - FIC =>",null,null,null,0]
[{"$nulls":5},"Custo do FIC =>",null,null,null,0]
[{"$nulls":5},"Produção de Equipe =>",null,null,null,1]
[{"$nulls":5},"Custo Unitário de Execução =>",null,null,null,4.7531999999999996]
["C","Banco","Código","Material","Quantidade","Unidade","Preço Unitário",null,null,"Custo Horário"]
["Insumo","SICRO3","M0004","Aço CA 50",1.1000000000000001,"kg",6.2881,null,null,6.9169]
["Insumo","SICRO3","M0075","Arame liso recozido em aço-carbono - D = 1,24 mm (18 BWG)",1.4999999999999999E-2,"kg",11.658799999999999,null,null,0.1749]
[{"$nulls":5},"Custo Total do Material =>",null,null,null,7.0918000000000001]
["E","Banco","Insumo","Tempos Fixos","Código","Quantidade","Unidade","Preço Unitário",null,"Custo Horário"]
["Tempo Fixo","SICRO3","M0004","Carga, manobra e descarga de materiais diversos em caminhão carroceria de 15 t - carga e descarga manuais",5914655,1.1000000000000001E-3,"t",33.15,null,3.6499999999999998E-2]
["Tempo Fixo","SICRO3","M0075","Carga, manobra e descarga de materiais diversos em caminhão carroceria de 15 t - carga e descarga manuais",5914655,2.0000000000000002E-5,"t",33.15,null,6.9999999999999999E-4]
[{"$nulls":5},"Custo Total dos Tempos Fixos =>",null,null,null,3.7199999999999997E-2]
["F","Banco","Insumo","Momento de Transporte","Quantidade","Unidade","Distância Média de Transporte (DMT)",null,null,"Custo Horário"]
[{"$nulls":6},"LN","RP","P"]
["Momento de Transporte","SICRO3","M0004","Aço CA 50 - Caminhão carroceria com capacidade de 15 t - 188 kW",1.1000000000000001E-3,"tkm","5914449\n0,000\nR$ 1,08","5914464\n0,000\nR$ 0,86","5914479\n0,000\nR$ 0,71",0]
["Momento de Transporte","SICRO3","M0075","Arame liso recozido em aço-carbono - D = 1,24 mm (18 BWG) - Caminhão carroceria com capacidade de 15 t - 188 kW",2.0000000000000002E-5,"tkm","5914449\n0,000\nR$ 1,08","5914464\n0,000\nR$ 0,86","5914479\n0,000\nR$ 0,71",0]
[{"$nulls":5},"Custo total dos Momentos de Transportes =>",null,null,null,0]
[{"$nulls":4},"MO sem LS =>",4.765362235135135,"LS =>",0,"MO com LS =>",4.765362235135135]
[{"$nulls":4},"Valor do BDI =>",2.68,null,"Valor com BDI =>",null,14.56]
[{"$nulls":6},"Quant. =>",176.04,"Preço Total =>",2563.14]
[]
[" 5.3.6.11 ","Código","Banco","Descrição","Tipo",null,"Und","Quant.","Porcent.","Valor Unit","Total"]
["Composição"," 3107997 ","SICRO3","FÔRMAS DE COMPENSADO RESINADO 10 MM - USO GERAL - UTILIZAÇÃO DE 3 VEZES - CONFECÇÃO, INSTALAÇÃO E RETIRADA","",null,"m²",1,null,81.96,81.96]
["A","Código","Banco","Equipamentos","Quantidade","Utilização",null,"Custo Operacional",null,"Custo Horário"]
[{"$nulls":5},"Operativa","Improdutiva","Operativa","Improdutiva"]
["Insumo","E9066","SICRO3","Grupo gerador - 14 kVA",4.0160000000000001E-2,1,0,17.8385,4.6101000000000001,0.71640000000000004]
["Insumo","E9535","SICRO3","Serra circular com bancada - D = 30 cm - 4 kW",4.0160000000000001E-2,1,0,31.252500000000001,30.8993,1.2551000000000001]
[{"$nulls":5},"Custo Horário de Equipamentos =>",null,null,null,1.9715]
["B","Código","Banco","Mão de Obra","Quantidade","Salário Hora",null,null,null,"Custo Horário"]
["Insumo","P9801","SICRO3","Ajudante",0.7,null,null,null,22.478899999999999,15.735200000000001]
["Insumo","P9808","SICRO3","Carpinteiro",0.7,null,null,null,30.3432,21.240200000000002]
[{"$nulls":5},"Custo Horário da Mão de Obra =>",null,null,null,36.9754]
[{"$nulls":5},"Adc.M.O. - Ferramentas (0,0%) =>",null,null,null,0]
[{"$nulls":5},"Custo Horário de Execução =>",null,null,null,38.946899999999999]
[{"$nulls":5},"Fator de Influencia da Chuva - FIC =>",null,null,null,0]
[{"$nulls":5},"Custo do FIC =>",null,null,null,0]
[{"$nulls":5},"Produção de Equipe =>",null,null,null,1]
[{"$nulls":5},"Custo Unitário de Execução =>",null,null,null,38.946899999999999]
["C","Banco","Código","Material","Quantidade","Unidade","Preço Unitário",null,null,"Custo Horário"]
["Insumo","SICRO3","M0284","Caibro de pinho - L = 7,5 cm e E = 7,5 cm",0.44922000000000001,"m",16.706299999999999,null,null,7.5048000000000004]
["Insumo","SICRO3","M0446","Compensado resinado - E = 10 mm",0.40429999999999999,"m²",33.758899999999997,null,null,13.6487]
["Insumo","SICRO3","M0560","Desmoldante para fôrmas de madeira",1.8519999999999998E-2,"l",12.788600000000001,null,null,0.23680000000000001]
["Insumo","SICRO3","M0310","Peça de madeira - L = 7,5 cm e E = 2,5 cm",0.19908000000000001,"m",5.2,null,null,1.0351999999999999]
["Insumo","SICRO3","M1205","Prego de ferro",0.20394999999999999,"kg",15.58,null,null,3.1775000000000002]
["Insumo","SICRO3","M0290","Tábua - E = 2,5 cm e L = 10 cm",2.0900300000000001,"m",5.0838000000000001,null,null,10.625299999999999]
["Insumo","SICRO3","M0286","Tábua - E = 2,5 cm e L = 30 cm",0.35937999999999998,"m",17.498100000000001,null,null,6.2885]
[{"$nulls":5},"Custo Total do Material =>",null,null,null,42.516800000000003]
["E","Banco","Insumo","Tempos Fixos","Código","Quantidade","Unidade","Preço Unitário",null,"Custo Horário"]
["Tempo Fixo","SICRO3","M0284","Carga, manobra e descarga de materiais diversos em caminhão carroceria de 15 t - carga e descarga manuais",5914655,2.5300000000000001E-3,"t",33.15,null,8.3900000000000002E-2]
["Tempo Fixo","SICRO3","M0446","Carga, manobra e descarga de materiais diversos em caminhão carroceria de 15 t - carga e descarga manuais",5914655,4.0400000000000002E-3,"t",33.15,null,0.13389999999999999]
["Tempo Fixo","SICRO3","M0560","Carga, manobra e descarga de materiais diversos em caminhão carroceria de 15 t - carga e descarga manuais",5914655,2.0000000000000002E-5,"t",33.15,null,6.9999999999999999E-4]
["Tempo Fixo","SICRO3","M0310","Carga, manobra e descarga de materiais diversos em caminhão carroceria de 15 t - carga e descarga manuais",5914655,3.6999999999999999E-4,"t",33.15,null,1.23E-2]
["Tempo Fixo","SICRO3","M1205","Carga, manobra e descarga de materiais diversos em caminhão carroceria de 15 t - carga e descarga manuais",5914655,2.0000000000000001E-4,"t",33.15,null,6.6E-3]
["Tempo Fixo","SICRO3","M0290","Carga, manobra e descarga de materiais diversos em caminhão carroceria de 15 t - carga e descarga manuais",5914655,5.2300000000000003E-3,"t",33.15,null,0.1734]
["Tempo Fixo","SICRO3","M0286","Carga, manobra e descarga de materiais diversos em caminhão carroceria de 15 t - carga e descarga manuais",5914655,2.7000000000000001E-3,"t",33.15,null,8.9499999999999996E-2]
[{"$nulls":5},"Custo Total dos Tempos Fixos =>",null,null,null,0.50029999999999997]
["F","Banco","Insumo","Momento de Transporte","Quantidade","Unidade","Distância Média de Transporte (DMT)",null,null,"Custo Horário"]
[{"$nulls":6},"LN","RP","P"]
["Momento de Transporte","SICRO3","M0284","Caibro de pinho - L = 7,5 cm e E = 7,5 cm - Caminhão carroceria com capacidade de 15 t - 188 kW",2.5300000000000001E-3,"tkm","5914449\n0,000\nR$ 1,08","5914464\n0,000\nR$ 0,86","5914479\n0,000\nR$ 0,71",0]
["Momento de Transporte","SICRO3","M0446","Compensado resinado - E = 10 mm - Caminhão carroceria com capacidade de 15 t - 188 kW",4.0400000000000002E-3,"tkm","5914449\n0,000\nR$ 1,08","5914464\n0,000\nR$ 0,86","5914479\n0,000\nR$ 0,71",0]
["Momento de Transporte","SICRO3","M0560","Desmoldante para fôrmas de madeira - Caminhão carroceria com capacidade de 15 t - 188 kW",2.0000000000000002E-5,"tkm","5914449\n0,000\nR$ 1,08","5914464\n0,000\nR$ 0,86","5914479\n0,000\nR$ 0,71",0]
["Momento de Transporte","SICRO3","M0310","Peça de madeira - L = 7,5 cm e E = 2,5 cm - Caminhão carroceria com capacidade de 15 t - 188 kW",3.6999999999999999E-4,"tkm","5914449\n0,000\nR$ 1,08","5914464\n0,000\nR$ 0,86","5914479\n0,000\nR$ 0,71",0]
["Momento de Transporte","SICRO3","M1205","Prego de ferro - Caminhão carroceria com capacidade de 15 t - 188 kW",2.0000000000000001E-4,"tkm","5914449\n0,000\nR$ 1,08","5914464\n0,000\nR$ 0,86","5914479\n0,000\nR$ 0,71",0]
["Momento de Transporte","SICRO3","M0290","Tábua - E = 2,5 cm e L = 10 cm - Caminhão carroceria com capacidade de 15 t - 188 kW",5.2300000000000003E-3,"tkm","5914449\n0,000\nR$ 1,08","5914464\n0,000\nR$ 0,86","5914479\n0,000\nR$ 0,71",0]
["Momento de Transporte","SICRO3","M0286","Tábua - E = 2,5 cm e L = 30 cm - Caminhão carroceria com capacidade de 15 t - 188 kW",2.7000000000000001E-3,"tkm","5914449\n0,000\nR$ 1,08","5914464\n0,000\nR$ 0,86","5914479\n0,000\nR$ 0,71",0]
[{"$nulls":5},"Custo total dos Momentos de Transportes =>",null,null,null,0]
[{"$nulls":4},"MO sem LS =>",37.139617337668916,"LS =>",0,"MO com LS =>",37.139617337668916]
[{"$nulls":4},"Valor do BDI =>",18.489999999999998,null,"Valor com BDI =>",null,100.45]
[{"$nulls":6},"Quant. =>",28.3,"Preço Total =>",2842.73]
[]
[" 5.5 ",null,null,"EQUIPAMENTOS HIDROMECÂNICOS E ELÉTRICOS",{"$nulls":6},3950452.69]
[" 5.5.1 ",null,null,"HIDROMECÂNICO",{"$nulls":6},3713071.37]
[" 5.5.1.1 ",null,null,"FORNECIMENTO DE MATERIAIS E EQUIPAMENTOS",{"$nulls":6},3594495.92]
[" 5.5.1.1.1 ","Código","Banco","Descrição","Tipo",null,"Und","Quant.","Porcent.","Valor Unit","Total"]
["Insumo"," COT.NETS-02 ","Próprio","COMPORTA SEGMENTO, COM DIMENSÕES DE 4760 x 5250mm, COMPLETA, COM TABULEIRO, BRAÇO E TERMINAL, MANCAL DE ARTICULAÇÃO, SUPORTE DO CILINDRO, CILNDRO HIDRAULICO, DISPOSITIVO DE CALAGEM,  COM AS RESPECTIVAS  GUIAS, PEÇAS DE SEGUNDA CONCRETAGEM PARA GUIAMENTO, DESLIZAMENTO, APOIO E VEDAÇÃO, UNIDADE HIDRAULICA DE ACIONAMENTO, COMPLETA, COM TODO SISTEMA DE INTERLIGAÇÃO, SERVO MOTOR, CILINDRO HIDRÁULICO, INDICADOR DE POSIÇÃO, VEDAÇÕES E TUBULAÇÕES,  COM TODOS OS PINOS, PARAFUSOS, PORCAS E ARRUELAS, NECESSARIOS À MONTAGEM DOS EQUIPAMENTOS NA OBRA.","Material",null,"UN",1,null,1075000,1075000]
[{"$nulls":4},"MO sem LS =>",0,"LS =>",0,"MO com LS =>",0]
[{"$nulls":4},"Valor do BDI =>",150715,null,"Valor com BDI =>",null,1225715]
[{"$nulls":6},"Quant. =>",2,"Preço Total =>",2451430]
[]
[" 5.5.1.1.2 ","Código","Banco","Descrição","Tipo",null,"Und","Quant.","Porcent.","Valor Unit","Total"]
["Insumo"," COT.NETS-03 ","Próprio","CONJUNTO COMPLETO DE COMPORTA ENSECADEIRA, CONSTITUÍDO DE 2 PAINÉIS, FABRICADOS EM AÇO CARBONO ASTM A 36, COM VÁLVULA \"BY PASS\", CADA PAINEL COM LARGURA ENTRE PATINS DE DESLIZAMENTO DE 5110mm E ALTURA DE 2050 mm, COM AS RESPECTIVAS PEÇAS FIXAS DE 2ª CONCRETAGEM PARA GUIAMENTO, DESLIZAMENTO, APOIO E VEDAÇÃO, DISPOSITIVOS DE CALAGEM, CAVALETE DE ESTOCAGEM PARA APOIO DOS PAINEIS DE COMPORTA E COM TODOS OS PINOS, PARAFUSOS, PORCAS E ARRUELAS, NECESSARIOS À MONTAGEM DOS EQUIPAMENTOS NA OBRA.","Material",null,"UN",1,null,408833.87,408833.87]
[{"$nulls":4},"MO sem LS =>",0,"LS =>",0,"MO com LS =>",0]
[{"$nulls":4},"Valor do BDI =>",57318.5,null,"Valor com BDI =>",null,466152.37]
[{"$nulls":6},"Quant. =>",2,"Preço Total =>",932304.74]
[]
[" 5.5.1.1.3 ","Código","Banco","Descrição","Tipo",null,"Und","Quant.","Porcent.","Valor Unit","Total"]
["Insumo"," COT.NETS-04 ","Próprio","MEDIDOR DE NÍVEL ULTRASSÔNICO MICRO PROCESSADO (COMPOSTO DE SENSOR E TRANSMISSOR DE NÍVEL COM SAÍDA DE 4 A 20 MA), TENSÃO DE ALIMENTAÇÃO 24Vcc, COM RANGE MÍNIMO DE LEITURA DE 10M, COM COMPRIMENTO DO CABO DE SINAL ENTRE O SENSOR E CONTROLADOR DE 15M.","Material",null,"UN",1,null,9603.2800000000007,9603.2800000000007]
[{"$nulls":4},"MO sem LS =>",0,"LS =>",0,"MO com LS =>",0]
[{"$nulls":4},"Valor do BDI =>",1346.37,null,"Valor com BDI =>",null,10949.65]
[{"$nulls":6},"Quant. =>",2,"Preço Total =>",21899.3]
[]
[" 5.5.1.1.4 ","Código","Banco","Descrição","Tipo",null,"Und","Quant.","Porcent.","Valor Unit","Total"]
["Composição"," 99837 ","SINAPI","GUARDA-CORPO DE AÇO GALVANIZADO DE 1,10M, MONTANTES TUBULARES DE 1.1/4\" ESPAÇADOS DE 1,20M, TRAVESSA SUPERIOR DE 1.1/2\", GRADIL FORMADO POR TUBOS HORIZONTAIS DE 1\" E VERTICAIS DE 3/4\", FIXADO COM CHUMBADOR MECÂNICO. AF_04/2019_PS","ESQV - ESQUADRIAS/FERRAGENS/VIDROS",null,"M",1,null,647.17999999999995,647.17999999999995]
["Composição Auxiliar"," 88251 ","SINAPI","AUXILIAR DE SERRALHEIRO COM ENCARGOS COMPLEMENTARES","SEDI - SERVIÇOS DIVERSOS",null,"H",4.5259999999999998,null,23.95,108.39]
["Composição Auxiliar"," 88315 ","SINAPI","SERRALHEIRO COM ENCARGOS COMPLEMENTARES","SEDI - SERVIÇOS DIVERSOS",null,"H",5.51,null,32.020000000000003,176.43]
["Insumo"," 00001332 ","SINAPI","CHAPA DE ACO GROSSA, ASTM A36, E = 3/8 \" (9,53 MM) 74,69 KG/M2","Material",null,"KG",0.89600000000000002,null,8.99,8.0500000000000007]
["Insumo"," 00011002 ","SINAPI","ELETRODO REVESTIDO AWS - E6013, DIAMETRO IGUAL A 2,50 MM","Material",null,"KG",6.5000000000000002E-2,null,34.04,2.21]
["Insumo"," 00011964 ","SINAPI","PARAFUSO DE ACO ZINCADO, TIPO CHUMBADOR PARABOLT, DIAMETRO 3/8\", COMPRIMENTO 75 MM","Material",null,"UN",3.3330000000000002,null,2.76,9.19]
["Insumo"," 00021009 ","SINAPI","TUBO ACO GALVANIZADO COM COSTURA, CLASSE LEVE, DN 20 MM ( 3/4\"),  E = 2,25 MM,  *1,3* KG/M (NBR 5580)","Material",null,"M",6.25,null,26.37,164.81]
["Insumo"," 00021010 ","SINAPI","TUBO ACO GALVANIZADO COM COSTURA, CLASSE LEVE, DN 25 MM ( 1\"),  E = 2,65 MM,  *2,11* KG/M (NBR 5580)","Material",null,"M",2.0230000000000001,null,35.409999999999997,71.63]
["Insumo"," 00021011 ","SINAPI","TUBO ACO GALVANIZADO COM COSTURA, CLASSE LEVE, DN 32 MM ( 1 1/4\"),  E = 2,65 MM,  *2,71* KG/M (NBR 5580)","Material",null,"M",0.92600000000000005,null,51.61,47.79]
["Insumo"," 00021012 ","SINAPI","TUBO ACO GALVANIZADO COM COSTURA, CLASSE LEVE, DN 40 MM ( 1 1/2\"),  E = 3,00 MM,  *3,48* KG/M (NBR 5580)","Material",null,"M",1.0289999999999999,null,57.03,58.68]
[{"$nulls":4},"MO sem LS =>",196.5,"LS =>",0,"MO com LS =>",196.5]
[{"$nulls":4},"Valor do BDI =>",146,null,"Valor com BDI =>",null,793.18]
[{"$nulls":6},"Quant. =>",60,"Preço Total =>",47590.8]
[]
[" 5.5.1.1.5 ","Código","Banco","Descrição","Tipo",null,"Und","Quant.","Porcent.","Valor Unit","Total"]
["Insumo"," COT.NETS-05 ","Próprio","VIGA PESCADORA COMPLETA, EM AÇO CARBONO ASTM A36, COM DISTÂNCIA ENTRE RODAS DE 5110mm, COM CAVALETE DE ESTOCAGEM PARA APOIO.","Material",null,"UN",1,null,46266,46266]
[{"$nulls":4},"MO sem LS =>",0,"LS =>",0,"MO com LS =>",0]
[{"$nulls":4},"Valor do BDI =>",6486.49,null,"Valor com BDI =>",null,52752.49]
[{"$nulls":6},"Quant. =>",1,"Preço Total =>",52752.49]
[]
[" 5.5.1.1.6 ","Código","Banco","Descrição","Tipo",null,"Und","Quant.","Porcent.","Valor Unit","Total"]
["Insumo"," COT.NETS-06 ","Próprio","MEDIDOR DE VAZÃO DOPPLER PARA CANAL ABERTO IP68, CATEGORIA DE MEDIÇÃO: VELOCIDADE, VAZÃO, PROFUNDIDADE E TEMPERATURA, FAIXA DE MEDIÇÃO 0,04 A 5,00m/s COM RANGE DE VAZÃO 10L/s A 50m³/s TENSÃO DE ALIMENTAÇÃO 24Vcc, SAÍDA DE SINAL 4 - 20mA, COMPRIMENTO DO CABO ATÉ O TRANSMISSOR 20m, INCLUSOS: SENSOR, TRANSMISSOR E FONTE DE ALIMENTAÇÃO.","Material",null,"UN",1,null,77634.27,77634.27]
[{"$nulls":4},"MO sem LS =>",0,"LS =>",0,"MO com LS =>",0]
[{"$nulls":4},"Valor do BDI =>",10884.32,null,"Valor com BDI =>",null,88518.59]
[{"$nulls":6},"Quant. =>",1,"Preço Total =>",88518.59]
[]
[" 5.5.1.2 ",null,null,"MONTAGEM DE MATERIAIS E EQUIPAMENTOS",{"$nulls":6},118575.45]
[" 5.5.1.2.1 ","Código","Banco","Descrição","Tipo",null,"Und","Quant.","Porcent.","Valor Unit","Total"]
["Composição"," COMP-0042 ","Próprio","MONTAGEM E INSTALAÇÃO DE COMPORTAS E GUIAS EM AÇO ASTM A36 DE 25,00M² (4760 x 5250mm)","INES - INSTALAÇÕES ESPECIAIS",null,"UN",1,null,18497.23,18497.23]
["Composição Auxiliar"," 50.10.19 ","EMBASA","(REVISADA) - ARGAMASSA (CIMENTO/AREIA GROSSA) TR. 1:3",5010,null,"m³",2.5299999999999998,null,625.5,1582.51]
["Composição Auxiliar"," 88242 ","SINAPI","AJUDANTE DE PEDREIRO COM ENCARGOS COMPLEMENTARES","SEDI - SERVIÇOS DIVERSOS",null,"H",97.36,null,24.01,2337.61]
["Composição Auxiliar"," 88309 ","SINAPI","PEDREIRO COM ENCARGOS COMPLEMENTARES","SEDI - SERVIÇOS DIVERSOS",null,"H",74.89,null,32.270000000000003,2416.6999999999998]
["Composição Auxiliar"," 88316 ","SINAPI","SERVENTE COM ENCARGOS COMPLEMENTARES","SEDI - SERVIÇOS DIVERSOS",null,"H",74.89,null,23.23,1739.69]
["Composição Auxiliar"," 88279 ","SINAPI","MONTADOR ELETROMECÃNICO COM ENCARGOS COMPLEMENTARES","SEDI - SERVIÇOS DIVERSOS",null,"H",97.36,null,53.29,5188.3100000000004]
["Insumo"," D070000016 ","EMBASA","CHUMBADOR TIPO ANDORINHA 5/8","Material",null,"UN",207,null,9.07,1877.49]
["Insumo"," D070000103 ","EMBASA","PORCA ACO INOX 5/8","Material",null,"UN",207,null,4.25,879.75]
["Insumo"," D070000107 ","EMBASA","ARRUELA ACO INOX 5/8","Material",null,"UN",207,null,0.51,105.57]
["Insumo"," H020000301 ","EMBASA","CAMINHAO MUNCK DE 5 T, INCLUSIVE OPERADOR E COMBUSTIVEL","Material",null,"H",36.950000000000003,null,64.13,2369.6]
[{"$nulls":4},"MO sem LS =>",8934.2000000000007,"LS =>",0,"MO com LS =>",8934.2000000000007]
[{"$nulls":4},"Valor do BDI =>",4172.97,null,"Valor com BDI =>",null,22670.2]
[{"$nulls":6},"Quant. =>",2,"Preço Total =>",45340.4]
[]
[" 5.5.1.2.2 ","Código","Banco","Descrição","Tipo",null,"Und","Quant.","Porcent.","Valor Unit","Total"]
["Composição"," COMP-0041 ","Próprio","MONTAGEM E INSTALAÇÃO DE COMPORTAS E GUIAS EM AÇO ASTM A36 DE 10,47M² (2050 x 5110mm)","INES - INSTALAÇÕES ESPECIAIS",null,"UN",1,null,7892.01,7892.01]
["Composição Auxiliar"," 50.10.19 ","EMBASA","(REVISADA) - ARGAMASSA (CIMENTO/AREIA GROSSA) TR. 1:3",5010,null,"m³",1.04,null,625.5,650.52]
["Composição Auxiliar"," 88242 ","SINAPI","AJUDANTE DE PEDREIRO COM ENCARGOS COMPLEMENTARES","SEDI - SERVIÇOS DIVERSOS",null,"H",42.24,null,24.01,1014.18]
["Composição Auxiliar"," 88309 ","SINAPI","PEDREIRO COM ENCARGOS COMPLEMENTARES","SEDI - SERVIÇOS DIVERSOS",null,"H",31.72,null,32.270000000000003,1023.6]
["Composição Auxiliar"," 88316 ","SINAPI","SERVENTE COM ENCARGOS COMPLEMENTARES","SEDI - SERVIÇOS DIVERSOS",null,"H",31.72,null,23.23,736.85]
["Composição Auxiliar"," 88279 ","SINAPI","MONTADOR ELETROMECÃNICO COM ENCARGOS COMPLEMENTARES","SEDI - SERVIÇOS DIVERSOS",null,"H",42.24,null,53.29,2250.96]
["Insumo"," D070000016 ","EMBASA","CHUMBADOR TIPO ANDORINHA 5/8","Material",null,"UN",89,null,9.07,807.23]
["Insumo"," D070000103 ","EMBASA","PORCA ACO INOX 5/8","Material",null,"UN",89,null,4.25,378.25]
["Insumo"," D070000107 ","EMBASA","ARRUELA ACO INOX 5/8","Material",null,"UN",89,null,0.51,45.39]
["Insumo"," H020000301 ","EMBASA","CAMINHAO MUNCK DE 5 T, INCLUSIVE OPERADOR E COMBUSTIVEL","Material",null,"H",15.36,null,64.13,985.03]
[{"$nulls":4},"MO sem LS =>",3840.57,"LS =>",0,"MO com LS =>",3840.57]
[{"$nulls":4},"Valor do BDI =>",1780.43,null,"Valor com BDI =>",null,9672.44]
[{"$nulls":6},"Quant. =>",4,"Preço Total =>",38689.760000000002]
[]
[" 5.5.1.2.3 ","Código","Banco","Descrição","Tipo",null,"Und","Quant.","Porcent.","Valor Unit","Total"]
["Composição"," COMP-0027 ","Próprio","MONTAGEM E INSTALAÇÃO DE VIGA PESCADORA EM AÇO ASTM A36","URBA - URBANIZAÇÃO",null,"kg",1,null,6.58,6.58]
["A","Código","Banco","Equipamentos","Quantidade","Utilização",null,"Custo Operacional",null,"Custo Horário"]
[{"$nulls":5},"Operativa","Improdutiva","Operativa","Improdutiva"]
["Insumo","E9686","SICRO3","Caminhão carroceria com guindauto com capacidade de 20 t.m - 136 kW",7.5300000000000006E-2,1,0,314.11959999999999,127.6863,23.653199999999998]
[{"$nulls":5},"Custo Horário de Equipamentos =>",null,null,null,23.653199999999998]
[{"$nulls":5},"Custo Horário de Execução =>",null,null,null,23.653199999999998]
[{"$nulls":5},"Fator de Influencia da Chuva - FIC =>",null,null,null,0]
[{"$nulls":5},"Custo do FIC =>",null,null,null,0]
[{"$nulls":5},"Produção de Equipe =>",null,null,null,15]
[{"$nulls":5},"Custo Unitário de Execução =>",null,null,null,1.5769]
["D","Banco","Código","Atividades Auxiliares","Quantidade","Unidade","Preço Unitário",null,null,"Custo Horário"]
["Atividade Auxiliar","SICRO3",1408173,"Corte de perfis metálicos com maçarico oxiacetileno",1,"cm²",0.06,null,null,0.06]
["Atividade Auxiliar","SICRO3",2408058,"Solda elétrica de perfis metálicos e chapas de aço com eletrodo E70XX",1.4999999999999999E-2,"kg",64.400000000000006,null,null,0.96599999999999997]
["Atividade Auxiliar","SINAPI",88238,"AJUDANTE DE ARMADOR COM ENCARGOS COMPLEMENTARES",6.6666699999999995E-2,"H",23.95,null,null,1.5967]
["Atividade Auxiliar","SINAPI",88278,"MONTADOR DE ESTRUTURA METÁLICA COM ENCARGOS COMPLEMENTARES",6.6666699999999995E-2,"H",35.130000000000003,null,null,2.3420000000000001]
[{"$nulls":5},"Custo Total das Atividades =>",null,null,null,4.9646999999999997]
["E","Banco","Insumo","Tempos Fixos","Código","Quantidade","Unidade","Preço Unitário",null,"Custo Horário"]
["Tempo Fixo","SICRO3","M0682","Carga, manobra e descarga de materiais diversos em caminhão carroceria de 15 t - carga e descarga manuais",5914655,1.0300000000000001E-3,"t",33.15,null,3.4099999999999998E-2]
[{"$nulls":5},"Custo Total dos Tempos Fixos =>",null,null,null,3.4099999999999998E-2]
["F","Banco","Insumo","Momento de Transporte","Quantidade","Unidade","Distância Média de Transporte (DMT)",null,null,"Custo Horário"]
[{"$nulls":6},"LN","RP","P"]
["Momento de Transporte","SICRO3","M0682","Aço em perfis ASTM A36 - Caminhão carroceria com capacidade de 15 t - 188 kW",1.0300000000000001E-3,"tkm","5914449\n0,000\nR$ 1,08","5914464\n0,000\nR$ 0,86","5914479\n0,000\nR$ 0,71",0]
[{"$nulls":5},"Custo total dos Momentos de Transportes =>",null,null,null,0]
[{"$nulls":4},"MO sem LS =>",3.1837791000000002,"LS =>",0,"MO com LS =>",3.1837791485070777]
[{"$nulls":4},"Valor do BDI =>",1.48,null,"Valor com BDI =>",null,8.06]
[{"$nulls":6},"Quant. =>",594.79999999999995,"Preço Total =>",4794.08]
[]
[" 5.5.1.2.4 ","Código","Banco","Descrição","Tipo",null,"Und","Quant.","Porcent.","Valor Unit","Total"]
["Composição"," 2408149 ","SICRO3","Estrutura em perfil de aço ASTM A36 corte, solda e montagem - fornecimento e instalação","",null,"kg",1,null,15.62,15.62]
["A","Código","Banco","Equipamentos","Quantidade","Utilização",null,"Custo Operacional",null,"Custo Horário"]
[{"$nulls":5},"Operativa","Improdutiva","Operativa","Improdutiva"]
["Insumo","E9686","SICRO3","Caminhão carroceria com guindauto com capacidade de 20 t.m - 136 kW",7.5300000000000006E-2,1,0,314.11959999999999,127.6863,23.653199999999998]
[{"$nulls":5},"Custo Horário de Equipamentos =>",null,null,null,23.653199999999998]
["B","Código","Banco","Mão de Obra","Quantidade","Salário Hora",null,null,null,"Custo Horário"]
["Insumo","P9801","SICRO3","Ajudante",1,null,null,null,22.478899999999999,22.478899999999999]
["Insumo","P9830","SICRO3","Montador",1,null,null,null,31.211500000000001,31.211500000000001]
[{"$nulls":5},"Custo Horário da Mão de Obra =>",null,null,null,53.690399999999997]
[{"$nulls":5},"Adc.M.O. - Ferramentas (0,0%) =>",null,null,null,0]
[{"$nulls":5},"Custo Horário de Execução =>",null,null,null,77.343599999999995]
[{"$nulls":5},"Fator de Influencia da Chuva - FIC =>",null,null,null,0]
[{"$nulls":5},"Custo do FIC =>",null,null,null,0]
[{"$nulls":5},"Produção de Equipe =>",null,null,null,15]
[{"$nulls":5},"Custo Unitário de Execução =>",null,null,null,5.1562000000000001]
["C","Banco","Código","Material","Quantidade","Unidade","Preço Unitário",null,null,"Custo Horário"]
["Insumo","SICRO3","M0682","Aço em perfis ASTM A36",1.03,"kg",9.1251999999999995,null,null,9.3989999999999991]
[{"$nulls":5},"Custo Total do Material =>",null,null,null,9.3989999999999991]
["D","Banco","Código","Atividades Auxiliares","Quantidade","Unidade","Preço Unitário",null,null,"Custo Horário"]
["Atividade Auxiliar","SICRO3",1408173,"Corte de perfis metálicos com maçarico oxiacetileno",1,"cm²",0.06,null,null,0.06]
["Atividade Auxiliar","SICRO3",2408058,"Solda elétrica de perfis metálicos e chapas de aço com eletrodo E70XX",1.4999999999999999E-2,"kg",64.400000000000006,null,null,0.96599999999999997]
[{"$nulls":5},"Custo Total das Atividades =>",null,null,null,1.026]
["E","Banco","Insumo","Tempos Fixos","Código","Quantidade","Unidade","Preço Unitário",null,"Custo Horário"]
["Tempo Fixo","SICRO3","M0682","Carga, manobra e descarga de materiais diversos em caminhão carroceria de 15 t - carga e descarga manuais",5914655,1.0300000000000001E-3,"t",33.15,null,3.4099999999999998E-2]
[{"$nulls":5},"Custo Total dos Tempos Fixos =>",null,null,null,3.4099999999999998E-2]
["F","Banco","Insumo","Momento de Transporte","Quantidade","Unidade","Distância Média de Transporte (DMT)",null,null,"Custo Horário"]
[{"$nulls":6},"LN","RP","P"]
["Momento de Transporte","SICRO3","M0682","Aço em perfis ASTM A36 - Caminhão carroceria com capacidade de 15 t - 188 kW",1.0300000000000001E-3,"tkm","5914449\n0,000\nR$ 1,08","5914464\n0,000\nR$ 0,86","5914479\n0,000\nR$ 0,71",0]
[{"$nulls":5},"Custo total dos Momentos de Transportes =>",null,null,null,0]
[{"$nulls":4},"MO sem LS =>",3.9184709999999998,"LS =>",0,"MO com LS =>",3.9184710595070777]
[{"$nulls":4},"Valor do BDI =>",3.52,null,"Valor com BDI =>",null,19.14]
[{"$nulls":6},"Quant. =>",1554.4,"Preço Total =>",29751.21]
[]
[" 5.5.2 ",null,null,"ELÉTRICO",{"$nulls":6},237381.32]
[" 5.5.2.1 ",null,null,"SUBESTAÇÃO AÉREA 45KVA - RC-500",{"$nulls":6},38050.839999999997]
[" 5.5.2.1.1 ",null,null,"TRANSFORMADOR",{"$nulls":6},15749.02]
[" 5.5.2.1.1.1 ","Código","Banco","Descrição","Tipo",null,"Und","Quant.","Porcent.","Valor Unit","Total"]
["Composição"," 102103 ","SINAPI","TRANSFORMADOR DE DISTRIBUIÇÃO, 45 KVA, TRIFÁSICO, 60 HZ, CLASSE 15 KV, IMERSO EM ÓLEO MINERAL, INSTALAÇÃO EM POSTE (NÃO INCLUSO SUPORTE) - FORNECIMENTO E INSTALAÇÃO. AF_12/2020","INEL - INSTALAÇÃO ELÉTRICA/ELETRIFICAÇÃO E ILUMINAÇÃO EXTERNA",null,"UN",1,null,12850.05,12850.05]
["Composição Auxiliar"," 5928 ","SINAPI","GUINDAUTO HIDRÁULICO, CAPACIDADE MÁXIMA DE CARGA 6200 KG, MOMENTO MÁXIMO DE CARGA 11,7 TM, ALCANCE MÁXIMO HORIZONTAL 9,70 M, INCLUSIVE CAMINHÃO TOCO PBT 16.000 KG, POTÊNCIA DE 189 CV - CHP DIURNO. AF_06/2014","CHOR - CUSTOS HORÁRIOS DE MÁQUINAS E EQUIPAMENTOS",null,"CHP",0.17604,null,279.51,49.2]
["Composição Auxiliar"," 88247 ","SINAPI","AUXILIAR DE ELETRICISTA COM ENCARGOS COMPLEMENTARES","SEDI - SERVIÇOS DIVERSOS",null,"H",8.8597999999999999,null,24.39,216.09]
["Composição Auxiliar"," 88264 ","SINAPI","ELETRICISTA COM ENCARGOS COMPLEMENTARES","SEDI - SERVIÇOS DIVERSOS",null,"H",8.8597999999999999,null,32.69,289.62]
["Insumo"," 00007617 ","SINAPI","TRANSFORMADOR TRIFASICO DE DISTRIBUICAO, POTENCIA DE 45 KVA, TENSAO NOMINAL DE 15 KV, TENSAO SECUNDARIA DE 220/127V, EM OLEO ISOLANTE TIPO MINERAL","Material",null,"UN",1,null,12295.14,12295.14]
[{"$nulls":4},"MO sem LS =>",355.02,"LS =>",0,"MO com LS =>",355.02]
[{"$nulls":4},"Valor do BDI =>",2898.97,null,"Valor com BDI =>",null,15749.02]
[{"$nulls":6},"Quant. =>",1,"Preço Total =>",15749.02]
[]
[" 5.5.2.1.2 ",null,null,"ESTRUTURA DE APOIO",{"$nulls":6},6612.12]
[" 5.5.2.1.2.1 ","Código","Banco","Descrição","Tipo",null,"Und","Quant.","Porcent.","Valor Unit","Total"]
["Insumo"," 00041204 ","SINAPI","POSTE DE CONCRETO ARMADO DE SECAO DUPLO T, EXTENSAO DE 11,00 M, RESISTENCIA DE 600 DAN, TIPO B","Material",null,"UN",1,null,2062.8200000000002,2062.8200000000002]
[{"$nulls":4},"MO sem LS =>",0,"LS =>",0,"MO com LS =>",0]
[{"$nulls":4},"Valor do BDI =>",289.2,null,"Valor com BDI =>",null,2352.02]
[{"$nulls":6},"Quant. =>",1,"Preço Total =>",2352.02]
[]
[" 5.5.2.1.2.2 ","Código","Banco","Descrição","Tipo",null,"Und","Quant.","Porcent.","Valor Unit","Total"]
["Composição"," 100612 ","SINAPI","ASSENTAMENTO DE POSTE DE CONCRETO COM COMPRIMENTO NOMINAL DE 11 M, CARGA NOMINAL DE 600 DAN, ENGASTAMENTO BASE CONCRETADA COM 1 M DE CONCRETO E 0,7 M DE SOLO (NÃO INCLUI FORNECIMENTO). AF_11/2019","INEL - INSTALAÇÃO ELÉTRICA/ELETRIFICAÇÃO E ILUMINAÇÃO EXTERNA",null,"UN",1,null,1133,1133]
["Composição Auxiliar"," 5928 ","SINAPI","GUINDAUTO HIDRÁULICO, CAPACIDADE MÁXIMA DE CARGA 6200 KG, MOMENTO MÁXIMO DE CARGA 11,7 TM, ALCANCE MÁXIMO HORIZONTAL 9,70 M, INCLUSIVE CAMINHÃO TOCO PBT 16.000 KG, POTÊNCIA DE 189 CV - CHP DIURNO. AF_06/2014","CHOR - CUSTOS HORÁRIOS DE MÁQUINAS E EQUIPAMENTOS",null,"CHP",7.9000000000000001E-2,null,279.51,22.08]
["Composição Auxiliar"," 88247 ","SINAPI","AUXILIAR DE ELETRICISTA COM ENCARGOS COMPLEMENTARES","SEDI - SERVIÇOS DIVERSOS",null,"H",2.8149999999999999,null,24.39,68.650000000000006]
["Composição Auxiliar"," 88264 ","SINAPI","ELETRICISTA COM ENCARGOS COMPLEMENTARES","SEDI - SERVIÇOS DIVERSOS",null,"H",9.1479999999999997,null,32.69,299.04000000000002]
["Composição Auxiliar"," 94962 ","SINAPI","CONCRETO MAGRO PARA LASTRO, TRAÇO 1:4,5:4,5 (EM MASSA SECA DE CIMENTO/ AREIA MÉDIA/ BRITA 1) - PREPARO MECÂNICO COM BETONEIRA 400 L. AF_05/2021","FUES - FUNDAÇÕES E ESTRUTURAS",null,"m³",0.80300000000000005,null,439.14,352.62]
["Insumo"," 00000863 ","SINAPI","CABO DE COBRE NU 35 MM2 MEIO-DURO","Material",null,"M",11,null,35.51,390.61]
[{"$nulls":4},"MO sem LS =>",331.27,"LS =>",0,"MO com LS =>",331.27]
[{"$nulls":4},"Valor do BDI =>",255.6,null,"Valor com BDI =>",null,1388.6]
[{"$nulls":6},"Quant. =>",1,"Preço Total =>",1388.6]
[]
[" 5.5.2.1.2.3 ","Código","Banco","Descrição","Tipo",null,"Und","Quant.","Porcent.","Valor Unit","Total"]
["Composição"," 101009 ","SINAPI","CARGA, MANOBRA E DESCARGA DE POSTE DE CONCRETO EM CAMINHÃO CARROCERIA COM GUINDAUTO (MUNCK) 11,7 TM. AF_07/2020","TRAN - TRANSPORTES, CARGAS E DESCARGAS",null,"T",1,null,43.92,43.92]
["Composição Auxiliar"," 5928 ","SINAPI","GUINDAUTO HIDRÁULICO, CAPACIDADE MÁXIMA DE CARGA 6200 KG, MOMENTO MÁXIMO DE CARGA 11,7 TM, ALCANCE MÁXIMO HORIZONTAL 9,70 M, INCLUSIVE CAMINHÃO TOCO PBT 16.000 KG, POTÊNCIA DE 189 CV - CHP DIURNO. AF_06/2014","CHOR - CUSTOS HORÁRIOS DE MÁQUINAS E EQUIPAMENTOS",null,"CHP",0.14069999999999999,null,279.51,39.32]
["Composição Auxiliar"," 5930 ","SINAPI","GUINDAUTO HIDRÁULICO, CAPACIDADE MÁXIMA DE CARGA 6200 KG, MOMENTO MÁXIMO DE CARGA 11,7 TM, ALCANCE MÁXIMO HORIZONTAL 9,70 M, INCLUSIVE CAMINHÃO TOCO PBT 16.000 KG, POTÊNCIA DE 189 CV - CHI DIURNO. AF_06/2014","CHOR - CUSTOS HORÁRIOS DE MÁQUINAS E EQUIPAMENTOS",null,"CHI",6.0299999999999999E-2,null,76.39,4.5999999999999996]
[{"$nulls":4},"MO sem LS =>",5.78,"LS =>",0,"MO com LS =>",5.78]
[{"$nulls":4},"Valor do BDI =>",9.9,null,"Valor com BDI =>",null,53.82]
[{"$nulls":6},"Quant. =>",1.05,"Preço Total =>",56.51]
[]
[" 5.5.2.1.2.4 ","Código","Banco","Descrição","Tipo",null,"Und","Quant.","Porcent.","Valor Unit","Total"]
["Composição"," 2864 ","ORSE","Fornecimento de cruzeta de concreto tipo \"t\"  1900mm","Fornecimento de Materiais para Redes de Energia Elétrica e Iluminação",null,"un",1,null,284,284]
["Insumo"," 714 ","ORSE","Cruzeta em concreto armado, tipo \"t\", 1900mm","Material",null,"un",1,null,284,284]
[{"$nulls":4},"MO sem LS =>",0,"LS =>",0,"MO com LS =>",0]
[{"$nulls":4},"Valor do BDI =>",64.069999999999993,null,"Valor com BDI =>",null,348.07]
[{"$nulls":6},"Quant. =>",4,"Preço Total =>",1392.28]
[]
[" 5.5.2.1.2.5 ","Código","Banco","Descrição","Tipo",null,"Und","Quant.","Porcent.","Valor Unit","Total"]
["Composição"," 2917 ","ORSE","Fornecimento de parafuso cabeça quadrada 16 x 400mm","Fornecimento de Materiais para Redes de Energia Elétrica e Iluminação",null,"un",1,null,19.7,19.7]
["Insumo"," 1683 ","ORSE","Parafuso cabeça quadrada 16 x 400mm","Material",null,"un",1,null,19.7,19.7]
[{"$nulls":4},"MO sem LS =>",0,"LS =>",0,"MO com LS =>",0]
[{"$nulls":4},"Valor do BDI =>",4.4400000000000004,null,"Valor com BDI =>",null,24.14]
[{"$nulls":6},"Quant. =>",8,"Preço Total =>",193.12]
[]
[" 5.5.2.1.2.6 ","Código","Banco","Descrição","Tipo",null,"Und","Quant.","Porcent.","Valor Unit","Total"]
["Composição"," 070250 ","AGETOP CIVIL","ARRUELA QUADRADA EM ACO GALVANIZADO 3X38X38MM FURO 18MM",702,null,"Un",1,null,1.21,1.21]
["Insumo"," 3709 ","AGETOP CIVIL","ARRUELA QUADRADA DE AÇO GALVANIZADO 3X38X38 MM FURO 18","Material",null,"un",1,null,1.21,1.21]
[{"$nulls":4},"MO sem LS =>",0,"LS =>",0,"MO com LS =>",0]
[{"$nulls":4},"Valor do BDI =>",0.27,null,"Valor com BDI =>",null,1.48]
[{"$nulls":6},"Quant. =>",8,"Preço Total =>",11.84]
[]
[" 5.5.2.1.2.7 ","Código","Banco","Descrição","Tipo",null,"Und","Quant.","Porcent.","Valor Unit","Total"]
["Composição"," 071980 ","AGETOP CIVIL","PORCA QUADRADA DE ACO GALVANIZADO 16 X 2",719,null,"Un",1,null,1.6,1.6]
["Insumo"," 3708 ","AGETOP CIVIL","PORCA QUADRADA DE ACO GALVANIZADO 16 X 2","Material",null,"un",1,null,1.36,1.36]
["Insumo"," 0012 ","AGETOP CIVIL","ELETRICISTA","Mão de Obra",null,"H",6.6E-3,null,22.23,0.14000000000000001]
["Insumo"," 0008 ","AGETOP CIVIL","AJUDANTE","Mão de Obra",null,"H",6.6E-3,null,15.73,0.1]
[{"$nulls":4},"MO sem LS =>",0.24,"LS =>",0,"MO com LS =>",0.24]
[{"$nulls":4},"Valor do BDI =>",0.36,null,"Valor com BDI =>",null,1.96]
[{"$nulls":6},"Quant. =>",8,"Preço Total =>",15.68]
[]
[" 5.5.2.1.2.8 ","Código","Banco","Descrição","Tipo",null,"Und","Quant.","Porcent.","Valor Unit","Total"]
["Composição"," 1201008134 ","AGESUL","GANCHO OLHAL EM ACO GALVANIZADO, ESPESSURA 16MM, ABERTURA 21MM","INSTALACOES ELETRICAS",null,"UN",1,null,21.99,21.99]
["Insumo"," 3396 ","AGESUL","GANCHO OLHAL EM ACO GALVANIZADO, ESPESSURA 16MM, ABERTURA 21MM - SINAPI - 00000402","Material",null,"UN",1,null,21.47,21.47]
["Insumo"," 4004 ","AGESUL","ELETRICISTA COM ENCARGOS COMPLEMENTARES - SINAPI - 88264","Material",null," H",0.02,null,26.38,0.52]
[{"$nulls":4},"MO sem LS =>",0,"LS =>",0,"MO com LS =>",0]
[{"$nulls":4},"Valor do BDI =>",4.96,null,"Valor com BDI =>",null,26.95]
[{"$nulls":6},"Quant. =>",3,"Preço Total =>",80.849999999999994]
[]
[" 5.5.2.1.2.9 ","Código","Banco","Descrição","Tipo",null,"Und","Quant.","Porcent.","Valor Unit","Total"]
["Composição"," 4135 ","ORSE","Gancho suspensão com olhal, fornecimento","Entrada em Baixa Tensão",null,"un",1,null,11.93,11.93]
["Insumo"," 00000402/SINAPI ","ORSE","Gancho olhal em aco galvanizado, espessura 16mm, abertura 21mm","Material",null,"un",1,null,11.93,11.93]
[{"$nulls":4},"MO sem LS =>",0,"LS =>",0,"MO com LS =>",0]
[{"$nulls":4},"Valor do BDI =>",2.69,null,"Valor com BDI =>",null,14.62]
[{"$nulls":6},"Quant. =>",3,"Preço Total =>",43.86]
[]
[" 5.5.2.1.2.10 ","Código","Banco","Descrição","Tipo",null,"Und","Quant.","Porcent.","Valor Unit","Total"]
["Composição"," 071750 ","AGETOP CIVIL","MANILHA-SAPATILHA EM AÇO GALVANIZADO",717,null,"un",1,null,34.92,34.92]
["Insumo"," 3958 ","AGETOP CIVIL","MANILHA SAPATILHA EM AÇO GALVANIZADO","Material",null,"un",1,null,19.739999999999998,19.739999999999998]
["Insumo"," 0008 ","AGETOP CIVIL","AJUDANTE","Mão de Obra",null,"H",0.4,null,15.73,6.29]
["Insumo"," 0012 ","AGETOP CIVIL","ELETRICISTA","Mão de Obra",null,"H",0.4,null,22.23,8.89]
[{"$nulls":4},"MO sem LS =>",15.18,"LS =>",0,"MO com LS =>",15.180000000000001]
[{"$nulls":4},"Valor do BDI =>",7.87,null,"Valor com BDI =>",null,42.79]
[{"$nulls":6},"Quant. =>",3,"Preço Total =>",128.37]
[]
[" 5.5.2.1.2.11 ","Código","Banco","Descrição","Tipo",null,"Und","Quant.","Porcent.","Valor Unit","Total"]
["Composição"," 170497 ","CAEMA","EXECUÇÃO MURETA EM ALVENARIA DE BLOCO DE CONCRETO, PARA A INSTALAÇÃO DE QUADRO DE MEDIÇÃO TRIFÁSICO PADRÃO NEOENERGIA COELBA, NAS DIMENSÕES 1,60 X 2,30 X 0,65 M MONTAGEM E INSTALAÇÃO",1704,null,"UN",1,null,774.31,774.31]
["Composição Auxiliar"," 060143 ","CAEMA","ESPALHAMENTO MANUAL DE SOLO OU ENTULHO EM BOTA-FORA",601,null,"m³",0.35,null,34.840000000000003,12.19]
["Composição Auxiliar"," 050301 ","CAEMA","ESCAVAÇÃO MANUAL DE POÇOS E CAVAS DE FUNDAÇÃO EM SOLO DE 1A CAT. EXECUTADA COM PROFUNDIDADE ATÉ 1,50M",503,null,"m³",0.4,null,46.46,18.579999999999998]
["Composição Auxiliar"," 050401 ","CAEMA","EXECUÇÃO DE ATERRO EM VALAS/ POÇOS/ CAVAS DE FUNDAÇÃO COM SOLO PROVENIENTE DAS ESCAVAÇÕES, INCLUINDO LANÇAMENTO, ESPALHAMENTO,",504,null,"m³",0.05,null,41.94,2.09]
["Composição Auxiliar"," 090113 ","CAEMA","CONCRETO FCK = 15 MPA, INCLUINDO FORNECIMENTO DOS MATERIAIS, PRODUÇÃO, LANÇAMENTO, ADENSAMENTO E CURA",901,null,"m³",0.28000000000000003,null,661.26,185.15]
["Composição Auxiliar"," 090101 ","CAEMA","CONCRETO COM CONSUMO MÍNIMO DE CIMENTO DE 150 KG/M3, INCLUINDO FORNECIMENTO DE MATERIAL PRODUÇÃO, LANÇAMENTO, ADENSAMENTO E CURA",901,null,"m³",7.0000000000000007E-2,null,553.75,38.76]
["Composição Auxiliar"," 150107 ","CAEMA","ALVENARIA DE VEDAÇÃO COM TIJOLO CERÂMICO 6 FUROS COM E = 20 CM",1501,null,"m²",4.3,null,120.36,517.54]
[{"$nulls":4},"MO sem LS =>",370.25,"LS =>",0,"MO com LS =>",370.25]
[{"$nulls":4},"Valor do BDI =>",174.68,null,"Valor com BDI =>",null,948.99]
[{"$nulls":6},"Quant. =>",1,"Preço Total =>",948.99]
[]
[" 5.5.2.1.3 ",null,null,"CABOS",{"$nulls":6},3498.63]
[" 5.5.2.1.3.1 ","Código","Banco","Descrição","Tipo",null,"Und","Quant.","Porcent.","Valor Unit","Total"]
["Composição"," 070543 ","AGETOP CIVIL","CABO DE COBRE NU 35 MM2",705,null,"M",1,null,38.74,38.74]
["Insumo"," 3775 ","AGETOP CIVIL","CABO DE COBRE NU 35 MM2","Material",null,"m",1.02,null,32.04,32.68]
["Insumo"," 0008 ","AGETOP CIVIL","AJUDANTE","Mão de Obra",null,"H",0.16,null,15.73,2.5099999999999998]
["Insumo"," 0012 ","AGETOP CIVIL","ELETRICISTA","Mão de Obra",null,"H",0.16,null,22.23,3.55]
[{"$nulls":4},"MO sem LS =>",6.06,"LS =>",0,"MO com LS =>",6.06]
[{"$nulls":4},"Valor do BDI =>",8.73,null,"Valor com BDI =>",null,47.47]
[{"$nulls":6},"Quant. =>",12,"Preço Total =>",569.64]
[]
[" 5.5.2.1.3.2 ","Código","Banco","Descrição","Tipo",null,"Und","Quant.","Porcent.","Valor Unit","Total"]
["Composição"," 92984 ","SINAPI","CABO DE COBRE FLEXÍVEL ISOLADO, 25 MM², ANTI-CHAMA 0,6/1,0 KV, PARA REDE ENTERRADA DE DISTRIBUIÇÃO DE ENERGIA ELÉTRICA - FORNECIMENTO E INSTALAÇÃO. AF_12/2021","INEL - INSTALAÇÃO ELÉTRICA/ELETRIFICAÇÃO E ILUMINAÇÃO EXTERNA",null,"M",1,null,26.86,26.86]
["Composição Auxiliar"," 88247 ","SINAPI","AUXILIAR DE ELETRICISTA COM ENCARGOS COMPLEMENTARES","SEDI - SERVIÇOS DIVERSOS",null,"H",6.08E-2,null,24.39,1.48]
["Composição Auxiliar"," 88264 ","SINAPI","ELETRICISTA COM ENCARGOS COMPLEMENTARES","SEDI - SERVIÇOS DIVERSOS",null,"H",6.08E-2,null,32.69,1.98]
["Insumo"," 00000996 ","SINAPI","CABO DE COBRE, FLEXIVEL, CLASSE 4 OU 5, ISOLACAO EM PVC/A, ANTICHAMA BWF-B, COBERTURA PVC-ST1, ANTICHAMA BWF-B, 1 CONDUTOR, 0,6/1 KV, SECAO NOMINAL 25 MM2","Material",null,"M",1.0149999999999999,null,23.03,23.37]
["Insumo"," 00021127 ","SINAPI","FITA ISOLANTE ADESIVA ANTICHAMA, USO ATE 750 V, EM ROLO DE 19 MM X 5 M","Material",null,"UN",8.9999999999999993E-3,null,3.7,0.03]
[{"$nulls":4},"MO sem LS =>",2.3899999999999997,"LS =>",0,"MO com LS =>",2.3899999999999997]
[{"$nulls":4},"Valor do BDI =>",6.05,null,"Valor com BDI =>",null,32.909999999999997]
[{"$nulls":6},"Quant. =>",89,"Preço Total =>",2928.99]
[]
[" 5.5.2.1.4 ",null,null,"ELETRODUTOS E CONEXÕES",{"$nulls":6},904.94]
[" 5.5.2.1.4.1 ","Código","Banco","Descrição","Tipo",null,"Und","Quant.","Porcent.","Valor Unit","Total"]
["Insumo"," 00021128 ","SINAPI","ELETRODUTO EM ACO GALVANIZADO ELETROLITICO, LEVE, DIAMETRO 3/4\", PAREDE DE 0,90 MM","Material",null,"M",1,null,7.92,7.92]
[{"$nulls":4},"MO sem LS =>",0,"LS =>",0,"MO com LS =>",0]
[{"$nulls":4},"Valor do BDI =>",1.1100000000000001,null,"Valor com BDI =>",null,9.0299999999999994]
[{"$nulls":6},"Quant. =>",18,"Preço Total =>",162.54]
[]
[" 5.5.2.1.4.2 ","Código","Banco","Descrição","Tipo",null,"Und","Quant.","Porcent.","Valor Unit","Total"]
["Insumo"," 00021135 ","SINAPI","ELETRODUTO EM ACO GALVANIZADO ELETROLITICO, SEMI-PESADO, DIAMETRO 1 1/4\", PAREDE DE 1,20 MM","Material",null,"M",1,null,19.690000000000001,19.690000000000001]
[{"$nulls":4},"MO sem LS =>",0,"LS =>",0,"MO com LS =>",0]
[{"$nulls":4},"Valor do BDI =>",2.76,null,"Valor com BDI =>",null,22.45]
[{"$nulls":6},"Quant. =>",13,"Preço Total =>",291.85000000000002]
[]
[" 5.5.2.1.4.3 ","Código","Banco","Descrição","Tipo",null,"Und","Quant.","Porcent.","Valor Unit","Total"]
["Insumo"," 00039247 ","SINAPI","ELETRODUTO/DUTO PEAD FLEXIVEL PAREDE SIMPLES, CORRUGACAO HELICOIDAL, COR PRETA, SEM ROSCA, DE 1 1/4\", CRC 680 N, PARA CABEAMENTO SUBTERRANEO (NBR 15715)","Material",null,"M",1,null,4.47,4.47]
[{"$nulls":4},"MO sem LS =>",0,"LS =>",0,"MO com LS =>",0]
[{"$nulls":4},"Valor do BDI =>",0.62,null,"Valor com BDI =>",null,5.09]
[{"$nulls":6},"Quant. =>",5,"Preço Total =>",25.45]
[]
[" 5.5.2.1.4.4 ","Código","Banco","Descrição","Tipo",null,"Und","Quant.","Porcent.","Valor Unit","Total"]
["Composição"," 7893 ","ORSE","Cabeçote de alumínio de 1 1/4\"","Tubos e Conexões de Ferro Galvanizado",null,"un",1,null,13.79,13.79]
["Composição Auxiliar"," 10552 ","ORSE","Encargos Complementares - Eletricista","Provisórios",null,"h",0.27,null,3.65,0.98]
["Insumo"," 3499 ","ORSE","Cabeçote de alumínio de 1 1/4\"","Material",null,"Un",1,null,7.65,7.65]
["Insumo"," 00002436/SINAPI ","ORSE","Eletricista (horista)","Mão de Obra",null,"h",0.27,null,19.13,5.16]
[{"$nulls":4},"MO sem LS =>",5.16,"LS =>",0,"MO com LS =>",5.16]
[{"$nulls":4},"Valor do BDI =>",3.11,null,"Valor com BDI =>",null,16.899999999999999]
[{"$nulls":6},"Quant. =>",1,"Preço Total =>",16.899999999999999]
[]
[" 5.5.2.1.4.5 ","Código","Banco","Descrição","Tipo",null,"Und","Quant.","Porcent.","Valor Unit","Total"]
["Composição"," 071153 ","AGETOP CIVIL","CURVA DE 90 GRAUS AÇO GALVANIZADO DIAM.1.1/4\"",711,null,"Un",1,null,32.130000000000003,32.130000000000003]
["Insumo"," 3257 ","AGETOP CIVIL","CURVA DE 90 GRAUS AÇO GALVANIZADO DIAM. 1.1/4\"","Material",null,"un",1,null,20.76,20.76]
["Insumo"," 0008 ","AGETOP CIVIL","AJUDANTE","Mão de Obra",null,"H",0.3,null,15.73,4.71]
["Insumo"," 0012 ","AGETOP CIVIL","ELETRICISTA","Mão de Obra",null,"H",0.3,null,22.23,6.66]
[{"$nulls":4},"MO sem LS =>",11.37,"LS =>",0,"MO com LS =>",11.37]
[{"$nulls":4},"Valor do BDI =>",7.24,null,"Valor com BDI =>",null,39.369999999999997]
[{"$nulls":6},"Quant. =>",4,"Preço Total =>",157.47999999999999]
[]
[" 5.5.2.1.4.6 ","Código","Banco","Descrição","Tipo",null,"Und","Quant.","Porcent.","Valor Unit","Total"]
["Composição"," 071151 ","AGETOP CIVIL","CURVA DE 90 GRAUS AÇO GALVANIZADO DIAM.3/4\"",711,null,"Un",1,null,12.26,12.26]
["Insumo"," 3254 ","AGETOP CIVIL","CURVA DE 90 GRAUS AÇO GALVANIZADO DIAM. 3/4\"","Material",null,"un",1,null,7.34,7.34]
["Insumo"," 0012 ","AGETOP CIVIL","ELETRICISTA","Mão de Obra",null,"H",0.13,null,22.23,2.88]
["Insumo"," 0008 ","AGETOP CIVIL","AJUDANTE","Mão de Obra",null,"H",0.13,null,15.73,2.04]
[{"$nulls":4},"MO sem LS =>",4.92,"LS =>",0,"MO com LS =>",4.92]
[{"$nulls":4},"Valor do BDI =>",2.76,null,"Valor com BDI =>",null,15.02]
[{"$nulls":6},"Quant. =>",3,"Preço Total =>",45.06]
[]
[" 5.5.2.1.4.7 ","Código","Banco","Descrição","Tipo",null,"Und","Quant.","Porcent.","Valor Unit","Total"]
["Composição"," 071703 ","AGETOP CIVIL","LUVA EM AÇO GALVANIZADO DIÂMETRO 1.1/4\"",717,null,"Un",1,null,8.44,8.44]
["Insumo"," 3362 ","AGETOP CIVIL","LUVA EM AÇO GALVANIZADO A FOGO DIAMETRO 1.1/4\"","Material",null,"un",1,null,5.42,5.42]
["Insumo"," 0008 ","AGETOP CIVIL","AJUDANTE","Mão de Obra",null,"H",0.08,null,15.73,1.25]
["Insumo"," 0012 ","AGETOP CIVIL","ELETRICISTA","Mão de Obra",null,"H",0.08,null,22.23,1.77]
[{"$nulls":4},"MO sem LS =>",3.02,"LS =>",0,"MO com LS =>",3.02]
[{"$nulls":4},"Valor do BDI =>",1.9,null,"Valor com BDI =>",null,10.34]
[{"$nulls":6},"Quant. =>",14,"Preço Total =>",144.76]
[]
[" 5.5.2.1.4.8 ","Código","Banco","Descrição","Tipo",null,"Und","Quant.","Porcent.","Valor Unit","Total"]
["Composição"," 071701 ","AGETOP CIVIL","LUVA EM AÇO GALVANIZADO DIÂMETRO 3/4\"",717,null,"Un",1,null,4.97,4.97]
["Insumo"," 3367 ","AGETOP CIVIL","LUVA EM AÇO GALVANIZADO A FOGO DIAMETRO 3/4\"","Material",null,"un",1,null,3.47,3.47]
["Insumo"," 0012 ","AGETOP CIVIL","ELETRICISTA","Mão de Obra",null,"H",0.04,null,22.23,0.88]
["Insumo"," 0008 ","AGETOP CIVIL","AJUDANTE","Mão de Obra",null,"H",0.04,null,15.73,0.62]
[{"$nulls":4},"MO sem LS =>",1.5,"LS =>",0,"MO com LS =>",1.5]
[{"$nulls":4},"Valor do BDI =>",1.1200000000000001,null,"Valor com BDI =>",null,6.09]
[{"$nulls":6},"Quant. =>",10,"Preço Total =>",60.9]
[]
[" 5.5.2.1.5 ",null,null,"EQUIPAMENTOS E ACESSÓRIOS",{"$nulls":6},4034.46]
[" 5.5.2.1.5.1 ","Código","Banco","Descrição","Tipo",null,"Und","Quant.","Porcent.","Valor Unit","Total"]
["Composição"," 071833 ","AGETOP CIVIL","PARA RAIOS DISTRIBUIDOR POLIMÉRICO ÓXIDO DE ZINCO S/CENTELHADOR C/ DESLIGAMENTO AUTOMÁTICO 15KV,10KA",718,null,"Un",1,null,260.70999999999998,260.70999999999998]
["Insumo"," 3916 ","AGETOP CIVIL","PARA RAIOS DISTRIBUIDOR POLIMÉRICO ÓXIDO DE ZINCO S/CENTELHADOR C/ DESLIGAMENTO AUTOMÁTICO 15KV 10KA","Material",null,"un",1,null,203.78,203.78]
["Insumo"," 0008 ","AGETOP CIVIL","AJUDANTE","Mão de Obra",null,"H",1.5,null,15.73,23.59]
["Insumo"," 0012 ","AGETOP CIVIL","ELETRICISTA","Mão de Obra",null,"H",1.5,null,22.23,33.340000000000003]
[{"$nulls":4},"MO sem LS =>",56.93,"LS =>",0,"MO com LS =>",56.93]
[{"$nulls":4},"Valor do BDI =>",58.81,null,"Valor com BDI =>",null,319.52]
[{"$nulls":6},"Quant. =>",3,"Preço Total =>",958.56]
[]
[" 5.5.2.1.5.2 ","Código","Banco","Descrição","Tipo",null,"Und","Quant.","Porcent.","Valor Unit","Total"]
["Composição"," 1201008133 ","AGESUL","ISOLADOR SUSPENSAO POLIMERICO, CLASSE 15 KV","INSTALACOES ELETRICAS",null,"UN",1,null,91.23,91.23]
["Insumo"," 7016 ","AGESUL","ISOLADOR SUSPENSAO POLIMERICO, CLASSE 15 KV","Material",null,"UN",1,null,76.75,76.75]
["Insumo"," 4004 ","AGESUL","ELETRICISTA COM ENCARGOS COMPLEMENTARES - SINAPI - 88264","Material",null," H",0.3,null,26.38,7.91]
["Insumo"," 4051 ","AGESUL","AUXILIAR DE ELETRICISTA COM ENCARGOS COMPLEMENTARES - SINAPI - 88247","Material",null," H",0.3,null,21.9,6.57]
[{"$nulls":4},"MO sem LS =>",0,"LS =>",0,"MO com LS =>",0]
[{"$nulls":4},"Valor do BDI =>",20.58,null,"Valor com BDI =>",null,111.81]
[{"$nulls":6},"Quant. =>",3,"Preço Total =>",335.43]
[]
[" 5.5.2.1.5.3 ","Código","Banco","Descrição","Tipo",null,"Und","Quant.","Porcent.","Valor Unit","Total"]
["Composição"," 101546 ","SINAPI","ISOLADOR, TIPO PINO, PARA TENSÃO 15 KV - FORNECIMENTO E INSTALAÇÃO. AF_07/2020","INEL - INSTALAÇÃO ELÉTRICA/ELETRIFICAÇÃO E ILUMINAÇÃO EXTERNA",null,"UN",1,null,26.34,26.34]
["Composição Auxiliar"," 88247 ","SINAPI","AUXILIAR DE ELETRICISTA COM ENCARGOS COMPLEMENTARES","SEDI - SERVIÇOS DIVERSOS",null,"H",6.8770999999999997E-3,null,24.39,0.16]
["Composição Auxiliar"," 88264 ","SINAPI","ELETRICISTA COM ENCARGOS COMPLEMENTARES","SEDI - SERVIÇOS DIVERSOS",null,"H",6.1899999999999997E-2,null,32.69,2.02]
["Insumo"," 00003406 ","SINAPI","ISOLADOR DE PORCELANA, TIPO PINO MONOCORPO, PARA TENSAO DE *15* KV","Material",null,"UN",1,null,24.16,24.16]
[{"$nulls":4},"MO sem LS =>",1.57,"LS =>",0,"MO com LS =>",1.57]
[{"$nulls":4},"Valor do BDI =>",5.94,null,"Valor com BDI =>",null,32.28]
[{"$nulls":6},"Quant. =>",3,"Preço Total =>",96.84]
[]
[" 5.5.2.1.5.4 ","Código","Banco","Descrição","Tipo",null,"Und","Quant.","Porcent.","Valor Unit","Total"]
["Insumo"," 00011927 ","SINAPI","ABRACADEIRA, GALVANIZADA/ZINCADA, ROSCA SEM FIM, PARAFUSO INOX, LARGURA FITA *12,6 A *14 MM, D = 2\" A 2 1/2\"","Material",null,"UN",1,null,8.9499999999999993,8.9499999999999993]
[{"$nulls":4},"MO sem LS =>",0,"LS =>",0,"MO com LS =>",0]
[{"$nulls":4},"Valor do BDI =>",1.25,null,"Valor com BDI =>",null,10.199999999999999]
[{"$nulls":6},"Quant. =>",3,"Preço Total =>",30.6]
[]
[" 5.5.2.1.5.5 ","Código","Banco","Descrição","Tipo",null,"Und","Quant.","Porcent.","Valor Unit","Total"]
["Composição"," 078037 ","SBC","CONECTOR PARALELO BRONZE 50mm PARA ATERRAMENTO","ATERRAMENTO",null,"UN",1,null,36.28,36.28]
["Insumo"," 078436 ","SBC","CONECTOR PARALELO BRONZE TEL 731 COM PARAFUSO 50mm PARA ATERRAMENTO","Material",null,"UN",1,null,24.9,24.9]
["Insumo"," 099250 ","SBC","ELETRICISTA","Mão de Obra",null,"H",0.32,null,21.79,6.97]
["Insumo"," 099806 ","SBC","AJUDANTE DE ELETRICISTA","Mão de Obra",null,"H",0.32,null,13.79,4.41]
[{"$nulls":4},"MO sem LS =>",11.38,"LS =>",0,"MO com LS =>",11.38]
[{"$nulls":4},"Valor do BDI =>",8.18,null,"Valor com BDI =>",null,44.46]
[{"$nulls":6},"Quant. =>",3,"Preço Total =>",133.38]
[]
[" 5.5.2.1.5.6 ","Código","Banco","Descrição","Tipo",null,"Und","Quant.","Porcent.","Valor Unit","Total"]
["Composição"," 1201008444 ","AGESUL","GRAMPO DE ANCORAGEM DIELETRICO 16-50MM","INSTALACOES ELETRICAS",null,"UN",1,null,63.38,63.38]
["Insumo"," 6612 ","AGESUL","GRAMPO DE ANCORAGEM DIELETRICO 16-50MM","Material",null,"UN",1,null,48.9,48.9]
["Insumo"," 4004 ","AGESUL","ELETRICISTA COM ENCARGOS COMPLEMENTARES - SINAPI - 88264","Material",null," H",0.3,null,26.38,7.91]
["Insumo"," 4051 ","AGESUL","AUXILIAR DE ELETRICISTA COM ENCARGOS COMPLEMENTARES - SINAPI - 88247","Material",null," H",0.3,null,21.9,6.57]
[{"$nulls":4},"MO sem LS =>",0,"LS =>",0,"MO com LS =>",0]
[{"$nulls":4},"Valor do BDI =>",14.29,null,"Valor com BDI =>",null,77.67]
[{"$nulls":6},"Quant. =>",3,"Preço Total =>",233.01]
[]
[" 5.5.2.1.5.7 ","Código","Banco","Descrição","Tipo",null,"Und","Quant.","Porcent.","Valor Unit","Total"]
["Insumo"," M109600108 ","EMBASA","CONECTOR TIPO CUNHA COBRE 35mm=CA-2","Material",null,"PC",1,null,15.68,15.68]
[{"$nulls":4},"MO sem LS =>",0,"LS =>",0,"MO com LS =>",0]
[{"$nulls":4},"Valor do BDI =>",2.19,null,"Valor com BDI =>",null,17.87]
[{"$nulls":6},"Quant. =>",3,"Preço Total =>",53.61]
[]
[" 5.5.2.1.5.8 ","Código","Banco","Descrição","Tipo",null,"Und","Quant.","Porcent.","Valor Unit","Total"]
["Composição"," 09.80.029 ","FDE","CHAVE FUSIVEL INDIC 'MATHEUS' P/100 A/15 KV RUPTURA 1200A POSTE/ESTAL","Conservacao - alta tensao",null,"UN",1,null,410.93,410.93]
["Composição Auxiliar"," 88264 ","SINAPI","ELETRICISTA COM ENCARGOS COMPLEMENTARES","SEDI - SERVIÇOS DIVERSOS",null,"H",1,null,32.69,32.69]
["Composição Auxiliar"," 88247 ","SINAPI","AUXILIAR DE ELETRICISTA COM ENCARGOS COMPLEMENTARES","SEDI - SERVIÇOS DIVERSOS",null,"H",2,null,24.39,48.78]
["Composição Auxiliar"," 88264 ","SINAPI","ELETRICISTA COM ENCARGOS COMPLEMENTARES","SEDI - SERVIÇOS DIVERSOS",null,"H",0.3,null,32.69,9.8000000000000007]
["Insumo"," 4.37.13 ","FDE","CHAVE FUSÍVEL DISTRIBUIÇÃO \"DHC\" 15KV CAP NOMINAL DA BASE 300 A CLASSE 2 TIPO C  NBR 7282 E NBI: 95/110 kV","Material",null,"UN",1,null,319.66000000000003,319.66000000000003]
[{"$nulls":4},"MO sem LS =>",62.27,"LS =>",0,"MO com LS =>",62.27]
[{"$nulls":4},"Valor do BDI =>",92.7,null,"Valor com BDI =>",null,503.63]
[{"$nulls":6},"Quant. =>",3,"Preço Total =>",1510.89]
[]
[" 5.5.2.1.5.9 ","Código","Banco","Descrição","Tipo",null,"Und","Quant.","Porcent.","Valor Unit","Total"]
["Composição"," 102110 ","SINAPI","SUPORTE PARA TRANSFORMADOR EM POSTE DE CONCRETO DUPLO T - FORNECIMENTO E INSTALAÇÃO. AF_12/2020","INEL - INSTALAÇÃO ELÉTRICA/ELETRIFICAÇÃO E ILUMINAÇÃO EXTERNA",null,"UN",1,null,278.29000000000002,278.29000000000002]
["Composição Auxiliar"," 88247 ","SINAPI","AUXILIAR DE ELETRICISTA COM ENCARGOS COMPLEMENTARES","SEDI - SERVIÇOS DIVERSOS",null,"H",0.44359999999999999,null,24.39,10.81]
["Composição Auxiliar"," 88264 ","SINAPI","ELETRICISTA COM ENCARGOS COMPLEMENTARES","SEDI - SERVIÇOS DIVERSOS",null,"H",0.44359999999999999,null,32.69,14.5]
["Insumo"," 00007576 ","SINAPI","SUPORTE EM ACO GALVANIZADO PARA TRANSFORMADOR PARA POSTE DUPLO T 185 X 95 MM, CHAPA DE 5/16\"","Material",null,"UN",1,null,252.98,252.98]
[{"$nulls":4},"MO sem LS =>",17.52,"LS =>",0,"MO com LS =>",17.52]
[{"$nulls":4},"Valor do BDI =>",62.78,null,"Valor com BDI =>",null,341.07]
[{"$nulls":6},"Quant. =>",2,"Preço Total =>",682.14]
[]
[" 5.5.2.1.6 ",null,null,"ATERRAMENTO DA SUBESTAÇÃO",{"$nulls":6},3617.49]
[" 5.5.2.1.6.1 ","Código","Banco","Descrição","Tipo",null,"Und","Quant.","Porcent.","Valor Unit","Total"]
["Composição"," 070544 ","AGETOP CIVIL","CABO DE COBRE NU 50 MM2",705,null,"M",1,null,45.24,45.24]
["Insumo"," 3778 ","AGETOP CIVIL","CABO DE COBRE NU 50 MM2","Material",null,"m",1.02,null,38.04,38.799999999999997]
["Insumo"," 0008 ","AGETOP CIVIL","AJUDANTE","Mão de Obra",null,"H",0.17,null,15.73,2.67]
["Insumo"," 0012 ","AGETOP CIVIL","ELETRICISTA","Mão de Obra",null,"H",0.17,null,22.23,3.77]
[{"$nulls":4},"MO sem LS =>",6.44,"LS =>",0,"MO com LS =>",6.44]
[{"$nulls":4},"Valor do BDI =>",10.199999999999999,null,"Valor com BDI =>",null,55.44]
[{"$nulls":6},"Quant. =>",40,"Preço Total =>",2217.6]
[]
[" 5.5.2.1.6.2 ","Código","Banco","Descrição","Tipo",null,"Und","Quant.","Porcent.","Valor Unit","Total"]
["Composição"," 98111 ","SINAPI","CAIXA DE INSPEÇÃO PARA ATERRAMENTO, CIRCULAR, EM POLIETILENO, DIÂMETRO INTERNO = 0,3 M. AF_12/2020","INHI - INSTALAÇÕES HIDROS SANITÁRIAS",null,"UN",1,null,43.34,43.34]
["Composição Auxiliar"," 101618 ","SINAPI","PREPARO DE FUNDO DE VALA COM LARGURA MENOR QUE 1,5 M, COM CAMADA DE AREIA, LANÇAMENTO MANUAL. AF_08/2020","MOVT - MOVIMENTO DE TERRA",null,"m³",1.41E-2,null,262.94,3.7]
["Composição Auxiliar"," 88309 ","SINAPI","PEDREIRO COM ENCARGOS COMPLEMENTARES","SEDI - SERVIÇOS DIVERSOS",null,"H",0.1384,null,32.270000000000003,4.46]
["Composição Auxiliar"," 88316 ","SINAPI","SERVENTE COM ENCARGOS COMPLEMENTARES","SEDI - SERVIÇOS DIVERSOS",null,"H",0.10879999999999999,null,23.23,2.52]
["Insumo"," 00034643 ","SINAPI","CAIXA DE INSPECAO PARA ATERRAMENTO E PARA RAIOS, EM POLIPROPILENO,  DIAMETRO = 300 MM X ALTURA = 400 MM","Material",null,"UN",1,null,32.659999999999997,32.659999999999997]
[{"$nulls":4},"MO sem LS =>",6.17,"LS =>",0,"MO com LS =>",6.17]
[{"$nulls":4},"Valor do BDI =>",9.77,null,"Valor com BDI =>",null,53.11]
[{"$nulls":6},"Quant. =>",4,"Preço Total =>",212.44]
[]
[" 5.5.2.1.6.3 ","Código","Banco","Descrição","Tipo",null,"Und","Quant.","Porcent.","Valor Unit","Total"]
["Composição"," 059230 ","SBC","HASTE ATERRAMENTO COBREADA 5/8\"\" x 2,40m 6715 670106 - MAGNET","INSTALACOES DE TELEFONE-LOGICA-CFTV-CATV",null,"UN",1,null,126.45,126.45]
["Insumo"," 045201 ","SBC","HASTE ATERRAMENTO COBREADA 5/8\" x 2,40m MAGNET","Material",null,"UN",1,null,59.64,59.64]
["Insumo"," 099250 ","SBC","ELETRICISTA","Mão de Obra",null,"H",1.696,null,21.79,36.950000000000003]
["Insumo"," 099806 ","SBC","AJUDANTE DE ELETRICISTA","Mão de Obra",null,"H",2.1659999999999999,null,13.79,29.86]
[{"$nulls":4},"MO sem LS =>",66.81,"LS =>",0,"MO com LS =>",66.81]
[{"$nulls":4},"Valor do BDI =>",28.52,null,"Valor com BDI =>",null,154.97]
[{"$nulls":6},"Quant. =>",4,"Preço Total =>",619.88]
[]
[" 5.5.2.1.6.4 ","Código","Banco","Descrição","Tipo",null,"Und","Quant.","Porcent.","Valor Unit","Total"]
["Composição"," 11.92.04 ","SUDECAP","MOLDE P/ SOLDA EXOTERMICA HCL 5/8\".50-5","PROTECAO EXTERNA - CONTRA DESCARGA ATMOSFERICA",null,"UN",1,null,205.61,205.61]
["Insumo"," 55.10.10 ","SUDECAP","AUXILIAR BOMBEIRO/ELETRICISTA","Mão de Obra",null,"H",0.5,null,17.73,8.86]
["Insumo"," 55.10.55 ","SUDECAP","ELETRICISTA","Mão de Obra",null,"H",0.5,null,23.5,11.75]
["Insumo"," 74.51.04 ","SUDECAP","MOLDE P/SOLDA EXOTERMICA HCL 5/8\".50-5 CLASSE 5 OU EQUIVALENTE","Material",null,"UN",1,null,185,185]
[{"$nulls":4},"MO sem LS =>",20.61,"LS =>",0,"MO com LS =>",20.61]
[{"$nulls":4},"Valor do BDI =>",46.38,null,"Valor com BDI =>",null,251.99]
[{"$nulls":6},"Quant. =>",1,"Preço Total =>",251.99]
[]
[" 5.5.2.1.6.5 ","Código","Banco","Descrição","Tipo",null,"Und","Quant.","Porcent.","Valor Unit","Total"]
["Composição"," 091727 ","SIURB","CARTUCHO PARA CONEXÃO EXOTERMICA CABO/ HASTE","Edificações",null,"UN",1,null,165.5,165.5]
["Composição Auxiliar"," 88264 ","SINAPI","ELETRICISTA COM ENCARGOS COMPLEMENTARES","SEDI - SERVIÇOS DIVERSOS",null,"H",1,null,32.69,32.69]
["Insumo"," 61070 ","SIURB","CARTUCHO PARA CONEXÃO EXOTÉRMICA CABO/HASTE","Material",null,"Un",1,null,129.9,129.9]
["Insumo"," 61073 ","SIURB","MOLDE CLASSE C PARA CONEXÃO EXOTÉRMICA","Material",null,"Un",0.02,null,134,2.68]
["Insumo"," 61075 ","SIURB","ALICATE PARA MOLDE CLASSE C (CONEXÃO EXOTÉRMICA)","Material",null,"Un",2E-3,null,115.36,0.23]
[{"$nulls":4},"MO sem LS =>",23.9,"LS =>",0,"MO com LS =>",23.9]
[{"$nulls":4},"Valor do BDI =>",37.33,null,"Valor com BDI =>",null,202.83]
[{"$nulls":6},"Quant. =>",1,"Preço Total =>",202.83]
[]
[" 5.5.2.1.6.6 ","Código","Banco","Descrição","Tipo",null,"Und","Quant.","Porcent.","Valor Unit","Total"]
["Composição"," 11.92.45 ","SUDECAP","FORNECIMENTO DE ALICATE PEQUENO Z-200 PARA UTILIZAÇÃO EM MOLDE DE SOLDA EXOTÉRMICA","PROTECAO EXTERNA - CONTRA DESCARGA ATMOSFERICA",null,"UN",1,null,92,92]
["Insumo"," 74.51.54 ","SUDECAP","ALICATE PARA MANUSEIO DE MOLDES DE SOLDA EXOTÉRMICA Nº 2","Material",null,"UN",1,null,92,92]
[{"$nulls":4},"MO sem LS =>",0,"LS =>",0,"MO com LS =>",0]
[{"$nulls":4},"Valor do BDI =>",20.75,null,"Valor com BDI =>",null,112.75]
[{"$nulls":6},"Quant. =>",1,"Preço Total =>",112.75]
[]
[" 5.5.2.1.7 ",null,null,"CAIXA DE PASSAGEM",{"$nulls":6},769.9]
[" 5.5.2.1.7.1 ","Código","Banco","Descrição","Tipo",null,"Und","Quant.","Porcent.","Valor Unit","Total"]
["Composição"," 97888 ","SINAPI","CAIXA ENTERRADA ELÉTRICA RETANGULAR, EM ALVENARIA COM TIJOLOS CERÂMICOS MACIÇOS, FUNDO COM BRITA, DIMENSÕES INTERNAS: 0,6X0,6X0,6 M. AF_12/2020","INEL - INSTALAÇÃO ELÉTRICA/ELETRIFICAÇÃO E ILUMINAÇÃO EXTERNA",null,"UN",1,null,547.28,547.28]
["Composição Auxiliar"," 100475 ","SINAPI","ARGAMASSA TRAÇO 1:3 (EM VOLUME DE CIMENTO E AREIA MÉDIA ÚMIDA) COM ADIÇÃO DE IMPERMEABILIZANTE, PREPARO MECÂNICO COM BETONEIRA 400 L. AF_08/2019","SEDI - SERVIÇOS DIVERSOS",null,"m³",0.1012,null,793.4,80.290000000000006]
["Composição Auxiliar"," 101619 ","SINAPI","PREPARO DE FUNDO DE VALA COM LARGURA MENOR QUE 1,5 M, COM CAMADA DE BRITA, LANÇAMENTO MANUAL. AF_08/2020","MOVT - MOVIMENTO DE TERRA",null,"m³",8.1000000000000003E-2,null,315.12,25.52]
["Composição Auxiliar"," 5678 ","SINAPI","RETROESCAVADEIRA SOBRE RODAS COM CARREGADEIRA, TRAÇÃO 4X4, POTÊNCIA LÍQ. 88 HP, CAÇAMBA CARREG. CAP. MÍN. 1 M3, CAÇAMBA RETRO CAP. 0,26 M3, PESO OPERACIONAL MÍN. 6.674 KG, PROFUNDIDADE ESCAVAÇÃO MÁX. 4,37 M - CHP DIURNO. AF_06/2014","CHOR - CUSTOS HORÁRIOS DE MÁQUINAS E EQUIPAMENTOS",null,"CHP",8.6999999999999994E-3,null,163.21,1.41]
["Composição Auxiliar"," 5679 ","SINAPI","RETROESCAVADEIRA SOBRE RODAS COM CARREGADEIRA, TRAÇÃO 4X4, POTÊNCIA LÍQ. 88 HP, CAÇAMBA CARREG. CAP. MÍN. 1 M3, CAÇAMBA RETRO CAP. 0,26 M3, PESO OPERACIONAL MÍN. 6.674 KG, PROFUNDIDADE ESCAVAÇÃO MÁX. 4,37 M - CHI DIURNO. AF_06/2014","CHOR - CUSTOS HORÁRIOS DE MÁQUINAS E EQUIPAMENTOS",null,"CHI",1.78E-2,null,77.930000000000007,1.38]
["Composição Auxiliar"," 87316 ","SINAPI","ARGAMASSA TRAÇO 1:4 (EM VOLUME DE CIMENTO E AREIA GROSSA ÚMIDA) PARA CHAPISCO CONVENCIONAL, PREPARO MECÂNICO COM BETONEIRA 400 L. AF_08/2019","SEDI - SERVIÇOS DIVERSOS",null,"m³",1.3599999999999999E-2,null,576.54,7.84]
["Composição Auxiliar"," 88309 ","SINAPI","PEDREIRO COM ENCARGOS COMPLEMENTARES","SEDI - SERVIÇOS DIVERSOS",null,"H",4.5403000000000002,null,32.270000000000003,146.51]
["Composição Auxiliar"," 88316 ","SINAPI","SERVENTE COM ENCARGOS COMPLEMENTARES","SEDI - SERVIÇOS DIVERSOS",null,"H",3.5674000000000001,null,23.23,82.87]
["Composição Auxiliar"," 97735 ","SINAPI","PEÇA RETANGULAR PRÉ-MOLDADA, VOLUME DE CONCRETO DE 30 A 100 LITROS, TAXA DE AÇO APROXIMADA DE 30KG/M³. AF_01/2018","FUES - FUNDAÇÕES E ESTRUTURAS",null,"m³",4.48E-2,null,2632.1,117.91]
["Insumo"," 00007258 ","SINAPI","TIJOLO CERAMICO MACICO COMUM *5 X 10 X 20* CM (L X A X C)","Material",null,"UN",134.76400000000001,null,0.62,83.55]
[{"$nulls":4},"MO sem LS =>",237.32,"LS =>",0,"MO com LS =>",237.32]
[{"$nulls":4},"Valor do BDI =>",123.46,null,"Valor com BDI =>",null,670.74]
[{"$nulls":6},"Quant. =>",1,"Preço Total =>",670.74]
[]
[" 5.5.2.1.7.2 ","Código","Banco","Descrição","Tipo",null,"Und","Quant.","Porcent.","Valor Unit","Total"]
["Composição"," 10431 ","ORSE","Tampa de concreto para caixas de passagem 0,70x0,70mx0,07m","Conversão InfoWOrca",null,"un",1,null,80.91,80.91]
["Composição Auxiliar"," 6456 ","ORSE","Concreto Armado fck=21,0MPa, usinado, bombeado, adensado e lançado, para Uso Geral, com formas planas em compensado resinado 12mm (05 usos)","Conversão InfoWOrca",null,"m³",3.4299999999999997E-2,null,2358.96,80.91]
[{"$nulls":4},"MO sem LS =>",21.21,"LS =>",0,"MO com LS =>",21.21]
[{"$nulls":4},"Valor do BDI =>",18.25,null,"Valor com BDI =>",null,99.16]
[{"$nulls":6},"Quant. =>",1,"Preço Total =>",99.16]
[]
[" 5.5.2.1.8 ",null,null,"QUADROS E DISJUNTORES",{"$nulls":6},2864.28]
[" 5.5.2.1.8.1 ","Código","Banco","Descrição","Tipo",null,"Und","Quant.","Porcent.","Valor Unit","Total"]
["Insumo"," COT.NETS-07 ","Próprio","QUADRO DE MEDIÇÃO DIRETA SEM TC, COM VISOR, PADRÃO COELBA, TIPO F3, DIM. APROX. 850X550X250mm.","Material",null,"UN",1,null,1643.1,1643.1]
[{"$nulls":4},"MO sem LS =>",0,"LS =>",0,"MO com LS =>",0]
[{"$nulls":4},"Valor do BDI =>",230.36,null,"Valor com BDI =>",null,1873.46]
[{"$nulls":6},"Quant. =>",1,"Preço Total =>",1873.46]
[]
[" 5.5.2.1.8.2 ","Código","Banco","Descrição","Tipo",null,"Und","Quant.","Porcent.","Valor Unit","Total"]
["Composição"," 101895 ","SINAPI","DISJUNTOR TERMOMAGNÉTICO TRIPOLAR , CORRENTE NOMINAL DE 125A - FORNECIMENTO E INSTALAÇÃO. AF_10/2020","INEL - INSTALAÇÃO ELÉTRICA/ELETRIFICAÇÃO E ILUMINAÇÃO EXTERNA",null,"UN",1,null,404.22,404.22]
["Composição Auxiliar"," 88247 ","SINAPI","AUXILIAR DE ELETRICISTA COM ENCARGOS COMPLEMENTARES","SEDI - SERVIÇOS DIVERSOS",null,"H",1.3231999999999999,null,24.39,32.270000000000003]
["Composição Auxiliar"," 88264 ","SINAPI","ELETRICISTA COM ENCARGOS COMPLEMENTARES","SEDI - SERVIÇOS DIVERSOS",null,"H",1.3231999999999999,null,32.69,43.25]
["Insumo"," 00001578 ","SINAPI","TERMINAL A COMPRESSAO EM COBRE ESTANHADO PARA CABO 50 MM2, 1 FURO E 1 COMPRESSAO, PARA PARAFUSO DE FIXACAO M8","Material",null,"UN",3,null,5.0599999999999996,15.18]
["Insumo"," 00002391 ","SINAPI","DISJUNTOR TERMOMAGNETICO TRIPOLAR 125 A / 425 V / ICC - 25 KA","Material",null,"UN",1,null,313.52,313.52]
[{"$nulls":4},"MO sem LS =>",52.26,"LS =>",0,"MO com LS =>",52.26]
[{"$nulls":4},"Valor do BDI =>",91.19,null,"Valor com BDI =>",null,495.41]
[{"$nulls":6},"Quant. =>",2,"Preço Total =>",990.82]
[]
[" 5.5.2.2 ",null,null,"VIA DE CABOS",{"$nulls":6},68741.570000000007]
[" 5.5.2.2.1 ",null,null,"CABOS",{"$nulls":6},24130.32]
[" 5.5.2.2.1.1 ","Código","Banco","Descrição","Tipo",null,"Und","Quant.","Porcent.","Valor Unit","Total"]
["Composição"," 91931 ","SINAPI","CABO DE COBRE FLEXÍVEL ISOLADO, 6 MM², ANTI-CHAMA 0,6/1,0 KV, PARA CIRCUITOS TERMINAIS - FORNECIMENTO E INSTALAÇÃO. AF_03/2023","INEL - INSTALAÇÃO ELÉTRICA/ELETRIFICAÇÃO E ILUMINAÇÃO EXTERNA",null,"M",1,null,10,10]
["Composição Auxiliar"," 88247 ","SINAPI","AUXILIAR DE ELETRICISTA COM ENCARGOS COMPLEMENTARES","SEDI - SERVIÇOS DIVERSOS",null,"H",5.0999999999999997E-2,null,24.39,1.24]
["Composição Auxiliar"," 88264 ","SINAPI","ELETRICISTA COM ENCARGOS COMPLEMENTARES","SEDI - SERVIÇOS DIVERSOS",null,"H",5.0999999999999997E-2,null,32.69,1.66]
["Insumo"," 00000994 ","SINAPI","CABO DE COBRE, FLEXIVEL, CLASSE 4 OU 5, ISOLACAO EM PVC/A, ANTICHAMA BWF-B, COBERTURA PVC-ST1, ANTICHAMA BWF-B, 1 CONDUTOR, 0,6/1 KV, SECAO NOMINAL 6 MM2","Material",null,"M",1.2434000000000001,null,5.69,7.07]
["Insumo"," 00021127 ","SINAPI","FITA ISOLANTE ADESIVA ANTICHAMA, USO ATE 750 V, EM ROLO DE 19 MM X 5 M","Material",null,"UN",9.4000000000000004E-3,null,3.7,0.03]
[{"$nulls":4},"MO sem LS =>",2,"LS =>",0,"MO com LS =>",2]
[{"$nulls":4},"Valor do BDI =>",2.25,null,"Valor com BDI =>",null,12.25]
[{"$nulls":6},"Quant. =>",110,"Preço Total =>",1347.5]
[]
[" 5.5.2.2.1.2 ","Código","Banco","Descrição","Tipo",null,"Und","Quant.","Porcent.","Valor Unit","Total"]
["Composição"," 92984 ","SINAPI","CABO DE COBRE FLEXÍVEL ISOLADO, 25 MM², ANTI-CHAMA 0,6/1,0 KV, PARA REDE ENTERRADA DE DISTRIBUIÇÃO DE ENERGIA ELÉTRICA - FORNECIMENTO E INSTALAÇÃO. AF_12/2021","INEL - INSTALAÇÃO ELÉTRICA/ELETRIFICAÇÃO E ILUMINAÇÃO EXTERNA",null,"M",1,null,26.86,26.86]
["Composição Auxiliar"," 88247 ","SINAPI","AUXILIAR DE ELETRICISTA COM ENCARGOS COMPLEMENTARES","SEDI - SERVIÇOS DIVERSOS",null,"H",6.08E-2,null,24.39,1.48]
["Composição Auxiliar"," 88264 ","SINAPI","ELETRICISTA COM ENCARGOS COMPLEMENTARES","SEDI - SERVIÇOS DIVERSOS",null,"H",6.08E-2,null,32.69,1.98]
["Insumo"," 00000996 ","SINAPI","CABO DE COBRE, FLEXIVEL, CLASSE 4 OU 5, ISOLACAO EM PVC/A, ANTICHAMA BWF-B, COBERTURA PVC-ST1, ANTICHAMA BWF-B, 1 CONDUTOR, 0,6/1 KV, SECAO NOMINAL 25 MM2","Material",null,"M",1.0149999999999999,null,23.03,23.37]
["Insumo"," 00021127 ","SINAPI","FITA ISOLANTE ADESIVA ANTICHAMA, USO ATE 750 V, EM ROLO DE 19 MM X 5 M","Material",null,"UN",8.9999999999999993E-3,null,3.7,0.03]
[{"$nulls":4},"MO sem LS =>",2.3899999999999997,"LS =>",0,"MO com LS =>",2.3899999999999997]
[{"$nulls":4},"Valor do BDI =>",6.05,null,"Valor com BDI =>",null,32.909999999999997]
[{"$nulls":6},"Quant. =>",660,"Preço Total =>",21720.6]
[]
[" 5.5.2.2.1.3 ","Código","Banco","Descrição","Tipo",null,"Und","Quant.","Porcent.","Valor Unit","Total"]
["Composição"," 91929 ","SINAPI","CABO DE COBRE FLEXÍVEL ISOLADO, 4 MM², ANTI-CHAMA 0,6/1,0 KV, PARA CIRCUITOS TERMINAIS - FORNECIMENTO E INSTALAÇÃO. AF_03/2023","INEL - INSTALAÇÃO ELÉTRICA/ELETRIFICAÇÃO E ILUMINAÇÃO EXTERNA",null,"M",1,null,7.11,7.11]
["Composição Auxiliar"," 88247 ","SINAPI","AUXILIAR DE ELETRICISTA COM ENCARGOS COMPLEMENTARES","SEDI - SERVIÇOS DIVERSOS",null,"H",3.9E-2,null,24.39,0.95]
["Composição Auxiliar"," 88264 ","SINAPI","ELETRICISTA COM ENCARGOS COMPLEMENTARES","SEDI - SERVIÇOS DIVERSOS",null,"H",3.9E-2,null,32.69,1.27]
["Insumo"," 00001021 ","SINAPI","CABO DE COBRE, FLEXIVEL, CLASSE 4 OU 5, ISOLACAO EM PVC/A, ANTICHAMA BWF-B, COBERTURA PVC-ST1, ANTICHAMA BWF-B, 1 CONDUTOR, 0,6/1 KV, SECAO NOMINAL 4 MM2","Material",null,"M",1.2434000000000001,null,3.91,4.8600000000000003]
["Insumo"," 00021127 ","SINAPI","FITA ISOLANTE ADESIVA ANTICHAMA, USO ATE 750 V, EM ROLO DE 19 MM X 5 M","Material",null,"UN",9.4000000000000004E-3,null,3.7,0.03]
[{"$nulls":4},"MO sem LS =>",1.53,"LS =>",0,"MO com LS =>",1.53]
[{"$nulls":4},"Valor do BDI =>",1.6,null,"Valor com BDI =>",null,8.7100000000000009]
[{"$nulls":6},"Quant. =>",28,"Preço Total =>",243.88]
[]
[" 5.5.2.2.1.4 ","Código","Banco","Descrição","Tipo",null,"Und","Quant.","Porcent.","Valor Unit","Total"]
["Composição"," 91927 ","SINAPI","CABO DE COBRE FLEXÍVEL ISOLADO, 2,5 MM², ANTI-CHAMA 0,6/1,0 KV, PARA CIRCUITOS TERMINAIS - FORNECIMENTO E INSTALAÇÃO. AF_03/2023","INEL - INSTALAÇÃO ELÉTRICA/ELETRIFICAÇÃO E ILUMINAÇÃO EXTERNA",null,"M",1,null,4.84,4.84]
["Composição Auxiliar"," 88247 ","SINAPI","AUXILIAR DE ELETRICISTA COM ENCARGOS COMPLEMENTARES","SEDI - SERVIÇOS DIVERSOS",null,"H",2.9000000000000001E-2,null,24.39,0.7]
["Composição Auxiliar"," 88264 ","SINAPI","ELETRICISTA COM ENCARGOS COMPLEMENTARES","SEDI - SERVIÇOS DIVERSOS",null,"H",2.9000000000000001E-2,null,32.69,0.94]
["Insumo"," 00001022 ","SINAPI","CABO DE COBRE, FLEXIVEL, CLASSE 4 OU 5, ISOLACAO EM PVC/A, ANTICHAMA BWF-B, COBERTURA PVC-ST1, ANTICHAMA BWF-B, 1 CONDUTOR, 0,6/1 KV, SECAO NOMINAL 2,5 MM2","Material",null,"M",1.2434000000000001,null,2.5499999999999998,3.17]
["Insumo"," 00021127 ","SINAPI","FITA ISOLANTE ADESIVA ANTICHAMA, USO ATE 750 V, EM ROLO DE 19 MM X 5 M","Material",null,"UN",9.4000000000000004E-3,null,3.7,0.03]
[{"$nulls":4},"MO sem LS =>",1.1399999999999999,"LS =>",0,"MO com LS =>",1.1399999999999999]
[{"$nulls":4},"Valor do BDI =>",1.0900000000000001,null,"Valor com BDI =>",null,5.93]
[{"$nulls":6},"Quant. =>",138,"Preço Total =>",818.34]
[]
[" 5.5.2.2.2 ",null,null,"ELETRODUTOS E CONEXÕES",{"$nulls":6},18363.66]
[" 5.5.2.2.2.1 ","Código","Banco","Descrição","Tipo",null,"Und","Quant.","Porcent.","Valor Unit","Total"]
["Composição"," 071213 ","AGETOP CIVIL","ELETRODUTO EM AÇO GALVANIZADO A FOGO DIÂMETRO 1 1/4\" - PESADO",712,null,"M",1,null,75.75,75.75]
["Insumo"," 3272 ","AGETOP CIVIL","ELETRODUTO EM AÇO GALVANIZADO A FOGO DIÂMETRO 1 1/4\" - PESADO","Material",null,"m",1,null,51.09,51.09]
["Insumo"," 0008 ","AGETOP CIVIL","AJUDANTE","Mão de Obra",null,"H",0.65,null,15.73,10.220000000000001]
["Insumo"," 0012 ","AGETOP CIVIL","ELETRICISTA","Mão de Obra",null,"H",0.65,null,22.23,14.44]
[{"$nulls":4},"MO sem LS =>",24.66,"LS =>",0,"MO com LS =>",24.66]
[{"$nulls":4},"Valor do BDI =>",17.079999999999998,null,"Valor com BDI =>",null,92.83]
[{"$nulls":6},"Quant. =>",13,"Preço Total =>",1206.79]
[]
[" 5.5.2.2.2.2 ","Código","Banco","Descrição","Tipo",null,"Und","Quant.","Porcent.","Valor Unit","Total"]
["Composição"," 067005 ","SBC","ELETRODUTO GALVANIZADO 1\"\"","INSTALACOES ELETRICAS - SINALIZACAO",null,"M",1,null,28.01,28.01]
["Insumo"," 001567 ","SBC","ELETRODUTO GALVANIZADO (PESADO) NBR 5598 25mm 1\"","Material",null,"M",1.05,null,13.68,14.36]
["Insumo"," 099250 ","SBC","ELETRICISTA","Mão de Obra",null,"H",0.38400000000000001,null,21.79,8.36]
["Insumo"," 099806 ","SBC","AJUDANTE DE ELETRICISTA","Mão de Obra",null,"H",0.38400000000000001,null,13.79,5.29]
[{"$nulls":4},"MO sem LS =>",13.649999999999999,"LS =>",0,"MO com LS =>",13.649999999999999]
[{"$nulls":4},"Valor do BDI =>",6.31,null,"Valor com BDI =>",null,34.32]
[{"$nulls":6},"Quant. =>",15,"Preço Total =>",514.79999999999995]
[]
[" 5.5.2.2.2.3 ","Código","Banco","Descrição","Tipo",null,"Und","Quant.","Porcent.","Valor Unit","Total"]
["Composição"," 061385 ","SBC","LUVA ELETRODUTO GALVANIZADO 1.1/4\"\"","INSTALACOES ELETRICAS - ELETRODUTOS",null,"UN",1,null,8.2799999999999994,8.2799999999999994]
["Insumo"," 007853 ","SBC","LUVA ELETRODUTO GALVANIZADO ELETROLITICO 1.1/4\"","Material",null,"UN",1,null,4.05,4.05]
["Insumo"," 099250 ","SBC","ELETRICISTA","Mão de Obra",null,"H",0.11899999999999999,null,21.79,2.59]
["Insumo"," 099806 ","SBC","AJUDANTE DE ELETRICISTA","Mão de Obra",null,"H",0.11899999999999999,null,13.79,1.64]
[{"$nulls":4},"MO sem LS =>",4.2300000000000004,"LS =>",0,"MO com LS =>",4.2300000000000004]
[{"$nulls":4},"Valor do BDI =>",1.86,null,"Valor com BDI =>",null,10.14]
[{"$nulls":6},"Quant. =>",13,"Preço Total =>",131.82]
[]
[" 5.5.2.2.2.4 ","Código","Banco","Descrição","Tipo",null,"Und","Quant.","Porcent.","Valor Unit","Total"]
["Composição"," 13364 ","ORSE","Luva de emenda para eletroduto, aço galvanizado, dn 25 mm (1\"), aparente, instalada em teto - fornecimento e instalaçâo","Interligações até Quadro Geral - Eletrodutos e Conexões",null,"un",1,null,20.39,20.39]
["Composição Auxiliar"," 10549 ","ORSE","Encargos Complementares - Servente","Provisórios",null,"h",0.13539999999999999,null,3.79,0.51]
["Composição Auxiliar"," 10552 ","ORSE","Encargos Complementares - Eletricista","Provisórios",null,"h",0.13539999999999999,null,3.65,0.49]
["Insumo"," 1420 ","ORSE","Luva ferro galvanizado d=1 \"","Material",null,"un",1,null,14.96,14.96]
["Insumo"," 00002436/SINAPI ","ORSE","Eletricista (horista)","Mão de Obra",null,"h",0.13539999999999999,null,19.13,2.59]
["Insumo"," 00006111/SINAPI ","ORSE","Servente de obras (horista)","Mão de Obra",null,"h",0.13539999999999999,null,13.65,1.84]
[{"$nulls":4},"MO sem LS =>",4.43,"LS =>",0,"MO com LS =>",4.43]
[{"$nulls":4},"Valor do BDI =>",4.59,null,"Valor com BDI =>",null,24.98]
[{"$nulls":6},"Quant. =>",13,"Preço Total =>",324.74]
[]
[" 5.5.2.2.2.5 ","Código","Banco","Descrição","Tipo",null,"Und","Quant.","Porcent.","Valor Unit","Total"]
["Composição"," 071153 ","AGETOP CIVIL","CURVA DE 90º PARA ELETRODUTO Ø 1.1/4\", EM AÇO GALVANIZADO À FOGO, TIPO PESADO, ROSCA BSP",711,null,"Un",1,null,32.130000000000003,32.130000000000003]
["Insumo"," 3257 ","AGETOP CIVIL","CURVA DE 90 GRAUS AÇO GALVANIZADO DIAM. 1.1/4\"","Material",null,"un",1,null,20.76,20.76]
["Insumo"," 0008 ","AGETOP CIVIL","AJUDANTE","Mão de Obra",null,"H",0.3,null,15.73,4.71]
["Insumo"," 0012 ","AGETOP CIVIL","ELETRICISTA","Mão de Obra",null,"H",0.3,null,22.23,6.66]
[{"$nulls":4},"MO sem LS =>",11.37,"LS =>",0,"MO com LS =>",11.37]
[{"$nulls":4},"Valor do BDI =>",7.24,null,"Valor com BDI =>",null,39.369999999999997]
[{"$nulls":6},"Quant. =>",4,"Preço Total =>",157.47999999999999]
[]
[" 5.5.2.2.2.6 ","Código","Banco","Descrição","Tipo",null,"Und","Quant.","Porcent.","Valor Unit","Total"]
["Composição"," 071152 ","AGETOP CIVIL","CURVA DE 90 GRAUS AÇO GALVANIZADO DIAM.1\"",711,null,"Un",1,null,14.64,14.64]
["Insumo"," 3250 ","AGETOP CIVIL","CURVA DE 90 GRAUS AÇO GALVANIZADO DIAM. 1\"","Material",null,"un",1,null,9.33,9.33]
["Insumo"," 0008 ","AGETOP CIVIL","AJUDANTE","Mão de Obra",null,"H",0.14000000000000001,null,15.73,2.2000000000000002]
["Insumo"," 0012 ","AGETOP CIVIL","ELETRICISTA","Mão de Obra",null,"H",0.14000000000000001,null,22.23,3.11]
[{"$nulls":4},"MO sem LS =>",5.31,"LS =>",0,"MO com LS =>",5.31]
[{"$nulls":4},"Valor do BDI =>",3.3,null,"Valor com BDI =>",null,17.940000000000001]
[{"$nulls":6},"Quant. =>",4,"Preço Total =>",71.760000000000005]
[]
[" 5.5.2.2.2.7 ","Código","Banco","Descrição","Tipo",null,"Und","Quant.","Porcent.","Valor Unit","Total"]
["Composição"," 059263 ","SBC","ELETRODUTO PVC 1\"\"","INSTALACOES DE TELEFONE-LOGICA-CFTV-CATV",null,"M",1,null,18.71,18.71]
["Insumo"," 003347 ","SBC","ELETRODUTO PVC RIGIDO ROSCAVEL 1\"","Material",null,"M",1.05,null,7.94,8.33]
["Insumo"," 099250 ","SBC","ELETRICISTA","Mão de Obra",null,"H",0.29199999999999998,null,21.79,6.36]
["Insumo"," 099806 ","SBC","AJUDANTE DE ELETRICISTA","Mão de Obra",null,"H",0.29199999999999998,null,13.79,4.0199999999999996]
[{"$nulls":4},"MO sem LS =>",10.38,"LS =>",0,"MO com LS =>",10.38]
[{"$nulls":4},"Valor do BDI =>",4.22,null,"Valor com BDI =>",null,22.93]
[{"$nulls":6},"Quant. =>",7,"Preço Total =>",160.51]
[]
[" 5.5.2.2.2.8 ","Código","Banco","Descrição","Tipo",null,"Und","Quant.","Porcent.","Valor Unit","Total"]
["Composição"," 059262 ","SBC","ELETRODUTO PVC 1.1/2\"\"","INSTALACOES DE TELEFONE-LOGICA-CFTV-CATV",null,"M",1,null,23.83,23.83]
["Insumo"," 007507 ","SBC","ELETRODUTO PVC RIGIDO ROSCAVEL 1.1/2\"","Material",null,"M",1.1000000000000001,null,11.62,12.78]
["Insumo"," 099250 ","SBC","ELETRICISTA","Mão de Obra",null,"H",0.311,null,21.79,6.77]
["Insumo"," 099806 ","SBC","AJUDANTE DE ELETRICISTA","Mão de Obra",null,"H",0.311,null,13.79,4.28]
[{"$nulls":4},"MO sem LS =>",11.05,"LS =>",0,"MO com LS =>",11.05]
[{"$nulls":4},"Valor do BDI =>",5.37,null,"Valor com BDI =>",null,29.2]
[{"$nulls":6},"Quant. =>",4,"Preço Total =>",116.8]
[]
[" 5.5.2.2.2.9 ","Código","Banco","Descrição","Tipo",null,"Und","Quant.","Porcent.","Valor Unit","Total"]
["Composição"," 151138 ","IOPES","Eletroduto PEAD parede simples, corrugado, cor preta, diâmetro 1.1/4\", referencia Kanaflex, Plastibras ou equivalente","ELETRODUTOS E CONEXÕES",null,"m",1,null,22.68,22.68]
["Insumo"," 010101 ","IOPES","AJUDANTE (AJUDANTE PRATICO - SINDUSCON)","Mão de Obra",null,"H",0.45,null,19.190000000000001,8.6300000000000008]
["Insumo"," 010115 ","IOPES","ELETRICISTA (OFICIAL - SINDUSCON)","Mão de Obra",null,"H",0.45,null,23.87,10.74]
["Insumo"," 042717 ","IOPES","DUTO CORRUGADO DE PEAD COR PRETA 1.1/4\"","Material",null,"M",1.02,null,3.25,3.31]
[{"$nulls":4},"MO sem LS =>",19.37,"LS =>",0,"MO com LS =>",19.37]
[{"$nulls":4},"Valor do BDI =>",5.1100000000000003,null,"Valor com BDI =>",null,27.79]
[{"$nulls":6},"Quant. =>",264,"Preço Total =>",7336.56]
[]
[" 5.5.2.2.2.10 ","Código","Banco","Descrição","Tipo",null,"Und","Quant.","Porcent.","Valor Unit","Total"]
["Composição"," 151137 ","IOPES","Eletroduto PEAD parede simples, corrugado, cor preta, diâmetro 1.1/2\", referencia Kanaflex, Plastibras ou equivalente","ELETRODUTOS E CONEXÕES",null,"m",1,null,25.79,25.79]
["Insumo"," 010115 ","IOPES","ELETRICISTA (OFICIAL - SINDUSCON)","Mão de Obra",null,"H",0.5,null,23.87,11.93]
["Insumo"," 010101 ","IOPES","AJUDANTE (AJUDANTE PRATICO - SINDUSCON)","Mão de Obra",null,"H",0.5,null,19.190000000000001,9.59]
["Insumo"," 042673 ","IOPES","DUTO CORRUGADO DE PEAD COR PRETA 1.1/2\"","Material",null,"M",1.02,null,4.1900000000000004,4.2699999999999996]
[{"$nulls":4},"MO sem LS =>",21.52,"LS =>",0,"MO com LS =>",21.52]
[{"$nulls":4},"Valor do BDI =>",5.81,null,"Valor com BDI =>",null,31.6]
[{"$nulls":6},"Quant. =>",264,"Preço Total =>",8342.4]
[]
[" 5.5.2.2.3 ",null,null,"ELETROCALHA, PERFILADO E CONEXÕES",{"$nulls":6},19080.689999999999]
[" 5.5.2.2.3.1 ","Código","Banco","Descrição","Tipo",null,"Und","Quant.","Porcent.","Valor Unit","Total"]
["Composição"," 060107 ","SBC","ELETROCALHA PERFURADA TIPO \"\"U\"\" 100X50 CHAPA 20 SEM TAMPA","INSTALACOES ELETRICAS - LUMINARIAS",null,"M",1,null,55.33,55.33]
["Insumo"," 000216 ","SBC","ELETROCALHA PERFURADA TIPO \"U\" 100x50mm CHAPA 20 NBR6323","Material",null,"M",1.1000000000000001,null,35.99,39.58]
["Insumo"," 099250 ","SBC","ELETRICISTA","Mão de Obra",null,"H",0.443,null,21.79,9.65]
["Insumo"," 099806 ","SBC","AJUDANTE DE ELETRICISTA","Mão de Obra",null,"H",0.443,null,13.79,6.1]
[{"$nulls":4},"MO sem LS =>",15.75,"LS =>",0,"MO com LS =>",15.75]
[{"$nulls":4},"Valor do BDI =>",12.48,null,"Valor com BDI =>",null,67.81]
[{"$nulls":6},"Quant. =>",40,"Preço Total =>",2712.4]
[]
[" 5.5.2.2.3.2 ","Código","Banco","Descrição","Tipo",null,"Und","Quant.","Porcent.","Valor Unit","Total"]
["Composição"," 1716010 ","SEDOP","Curva horizontal 100 x 50mm para eletrocalha metálica, com ângulo 90o","",null,"un",1,null,67.09,67.09]
["Composição Auxiliar"," 280014 ","SEDOP","ELETRICISTA COM ENCARGOS COMPLEMENTARES","",null,"h",0.2,null,41.87,8.3699999999999992]
["Composição Auxiliar"," 280007 ","SEDOP","AUXILIAR DE ELETRICISTA COM ENCARGOS COMPLEMENTARES","",null,"h",0.2,null,33.24,6.64]
["Insumo"," D00547 ","SEDOP","Porca sextavada diametro 1/4\"","Material",null,"UN",16,null,0.24,3.84]
["Insumo"," D00546 ","SEDOP","Arruela de 1/4\"","Material",null,"UN",16,null,0.27,4.32]
["Insumo"," D00544 ","SEDOP","Tala  para  emenda  de eletrocalha galvanizada lisa ou perfurada","Material",null,"UN",4,null,3.2,12.8]
["Insumo"," E00862 ","SEDOP","Curva horizontal 100 x 50mm para eletrocalha metálica, com ângulo 90º","Material",null,"UN",1,null,22.16,22.16]
["Insumo"," D00545 ","SEDOP","Parafuso diametro 1/4\"","Material",null,"UN",16,null,0.56000000000000005,8.9600000000000009]
[{"$nulls":4},"MO sem LS =>",8.1999999999999993,"LS =>",0,"MO com LS =>",8.1999999999999993]
[{"$nulls":4},"Valor do BDI =>",15.13,null,"Valor com BDI =>",null,82.22]
[{"$nulls":6},"Quant. =>",3,"Preço Total =>",246.66]
[]
[" 5.5.2.2.3.3 ","Código","Banco","Descrição","Tipo",null,"Und","Quant.","Porcent.","Valor Unit","Total"]
["Composição"," 8113 ","ORSE","Tê horizontal 100 x 50 mm com base lisa perfurada para eletrocalha metálica (ref. Mopa ou similar)","Pontos de Suprimento de Energia para Computador",null,"un",1,null,26.33,26.33]
["Composição Auxiliar"," 10549 ","ORSE","Encargos Complementares - Servente","Provisórios",null,"h",0.2,null,3.79,0.75]
["Composição Auxiliar"," 10552 ","ORSE","Encargos Complementares - Eletricista","Provisórios",null,"h",0.2,null,3.65,0.73]
["Insumo"," 4095 ","ORSE","Tê horizontal 100 x 50 mm para eletrocalha metálica (ref. Mopa ou similar)","Material",null,"un",1,null,18.3,18.3]
["Insumo"," 00002436/SINAPI ","ORSE","Eletricista (horista)","Mão de Obra",null,"h",0.2,null,19.13,3.82]
["Insumo"," 00006111/SINAPI ","ORSE","Servente de obras (horista)","Mão de Obra",null,"h",0.2,null,13.65,2.73]
[{"$nulls":4},"MO sem LS =>",6.55,"LS =>",0,"MO com LS =>",6.55]
[{"$nulls":4},"Valor do BDI =>",5.94,null,"Valor com BDI =>",null,32.270000000000003]
[{"$nulls":6},"Quant. =>",2,"Preço Total =>",64.540000000000006]
[]
[" 5.5.2.2.3.4 ","Código","Banco","Descrição","Tipo",null,"Und","Quant.","Porcent.","Valor Unit","Total"]
["Insumo"," 2003 ","ORSE","Saída horizontal para eletroduto 3/4\" (ref. vl 33 valemam ou similar)","Material",null,"un",1,null,4.5,4.5]
[{"$nulls":4},"MO sem LS =>",0,"LS =>",0,"MO com LS =>",0]
[{"$nulls":4},"Valor do BDI =>",0.63,null,"Valor com BDI =>",null,5.13]
[{"$nulls":6},"Quant. =>",6,"Preço Total =>",30.78]
[]
[" 5.5.2.2.3.5 ","Código","Banco","Descrição","Tipo",null,"Und","Quant.","Porcent.","Valor Unit","Total"]
["Composição"," 078028 ","SBC","PERFILADO PERFURADO 38x38x6000mm CHAPA 22","ATERRAMENTO",null,"M",1,null,17.14,17.14]
["Insumo"," 001279 ","SBC","PERFILADO PERFURADO 38x38x6000mm CHAPA 22","Material",null,"M",1.05,null,8.81,9.25]
["Insumo"," 099250 ","SBC","ELETRICISTA","Mão de Obra",null,"H",0.222,null,21.79,4.83]
["Insumo"," 099806 ","SBC","AJUDANTE DE ELETRICISTA","Mão de Obra",null,"H",0.222,null,13.79,3.06]
[{"$nulls":4},"MO sem LS =>",7.89,"LS =>",0,"MO com LS =>",7.89]
[{"$nulls":4},"Valor do BDI =>",3.86,null,"Valor com BDI =>",null,21]
[{"$nulls":6},"Quant. =>",45,"Preço Total =>",945]
[]
[" 5.5.2.2.3.6 ","Código","Banco","Descrição","Tipo",null,"Und","Quant.","Porcent.","Valor Unit","Total"]
["Composição"," 060525 ","SBC","EMENDA INTERNA \"\"T\"\" PARA PERFILADO 38x38mm","INSTALACOES ELETRICAS - LUMINARIAS",null,"UN",1,null,11.02,11.02]
["Insumo"," 040539 ","SBC","PERFILADO - EMENDA PERFIL 38mm TIPO T INTERNA CHAPA 16","Material",null,"UN",1,null,7.79,7.79]
["Insumo"," 099250 ","SBC","ELETRICISTA","Mão de Obra",null,"H",9.0999999999999998E-2,null,21.79,1.98]
["Insumo"," 099806 ","SBC","AJUDANTE DE ELETRICISTA","Mão de Obra",null,"H",9.0999999999999998E-2,null,13.79,1.25]
[{"$nulls":4},"MO sem LS =>",3.23,"LS =>",0,"MO com LS =>",3.23]
[{"$nulls":4},"Valor do BDI =>",2.48,null,"Valor com BDI =>",null,13.5]
[{"$nulls":6},"Quant. =>",2,"Preço Total =>",27]
[]
[" 5.5.2.2.3.7 ","Código","Banco","Descrição","Tipo",null,"Und","Quant.","Porcent.","Valor Unit","Total"]
["Composição"," 060523 ","SBC","EMENDA INTERNA \"\"L\"\" PARA PERFILADO 38x38mm","INSTALACOES ELETRICAS - LUMINARIAS",null,"UN",1,null,8.5,8.5]
["Insumo"," 040538 ","SBC","PERFILADO - EMENDA PERFIL 38mm TIPO L CHAPA 16","Material",null,"UN",1,null,5.27,5.27]
["Insumo"," 099250 ","SBC","ELETRICISTA","Mão de Obra",null,"H",9.0999999999999998E-2,null,21.79,1.98]
["Insumo"," 099806 ","SBC","AJUDANTE DE ELETRICISTA","Mão de Obra",null,"H",9.0999999999999998E-2,null,13.79,1.25]
[{"$nulls":4},"MO sem LS =>",3.23,"LS =>",0,"MO com LS =>",3.23]
[{"$nulls":4},"Valor do BDI =>",1.91,null,"Valor com BDI =>",null,10.41]
[{"$nulls":6},"Quant. =>",3,"Preço Total =>",31.23]
[]
[" 5.5.2.2.3.8 ","Código","Banco","Descrição","Tipo",null,"Und","Quant.","Porcent.","Valor Unit","Total"]
["Insumo"," 12352 ","ORSE","Junção interna tipo \"I\" para perfilado, ref. Mopa ou similar","Material",null,"un",1,null,2.2599999999999998,2.2599999999999998]
[{"$nulls":4},"MO sem LS =>",0,"LS =>",0,"MO com LS =>",0]
[{"$nulls":4},"Valor do BDI =>",0.31,null,"Valor com BDI =>",null,2.57]
[{"$nulls":6},"Quant. =>",4,"Preço Total =>",10.28]
[]
[" 5.5.2.2.3.9 ","Código","Banco","Descrição","Tipo",null,"Und","Quant.","Porcent.","Valor Unit","Total"]
["Composição"," 60.15.20 ","EMBASA","PARAFUSO CABEÇA LENTILHA, 1/4\" X 1/2\"",6015,null,"UN",1,null,4.59,4.59]
["Insumo"," B010000016 ","EMBASA","AJUDANTE DE ELETRICISTA","Mão de Obra",null,"H",0.1,null,18.850000000000001,1.88]
["Insumo"," B010000058 ","EMBASA","ELETRICISTA","Mão de Obra",null,"H",0.1,null,27.15,2.71]
[{"$nulls":4},"MO sem LS =>",4.59,"LS =>",0,"MO com LS =>",4.59]
[{"$nulls":4},"Valor do BDI =>",1.03,null,"Valor com BDI =>",null,5.62]
[{"$nulls":6},"Quant. =>",90,"Preço Total =>",505.8]
[]
[" 5.5.2.2.3.10 ","Código","Banco","Descrição","Tipo",null,"Und","Quant.","Porcent.","Valor Unit","Total"]
["Composição"," 071981 ","AGETOP CIVIL","PORCA SEXTAVADA DIAMETRO 1/4\"",719,null,"Un",1,null,0.38,0.38]
["Insumo"," 3816 ","AGETOP CIVIL","PORCA SEXTAVADA D = 1/4\"","Material",null,"un",1,null,0.14000000000000001,0.14000000000000001]
["Insumo"," 0008 ","AGETOP CIVIL","AJUDANTE","Mão de Obra",null,"H",6.6E-3,null,15.73,0.1]
["Insumo"," 0012 ","AGETOP CIVIL","ELETRICISTA","Mão de Obra",null,"H",6.6E-3,null,22.23,0.14000000000000001]
[{"$nulls":4},"MO sem LS =>",0.24,"LS =>",0,"MO com LS =>",0.24]
[{"$nulls":4},"Valor do BDI =>",0.08,null,"Valor com BDI =>",null,0.46]
[{"$nulls":6},"Quant. =>",90,"Preço Total =>",41.4]
[]
[" 5.5.2.2.3.11 ","Código","Banco","Descrição","Tipo",null,"Und","Quant.","Porcent.","Valor Unit","Total"]
["Composição"," 070251 ","AGETOP CIVIL","ARRUELA LISA D=1/4\"",702,null,"Un",1,null,0.1,0.1]
["Insumo"," 3813 ","AGETOP CIVIL","ARRUELA LISA D=1/4\"","Material",null,"un",1,null,0.1,0.1]
[{"$nulls":4},"MO sem LS =>",0,"LS =>",0,"MO com LS =>",0]
[{"$nulls":4},"Valor do BDI =>",0.02,null,"Valor com BDI =>",null,0.12]
[{"$nulls":6},"Quant. =>",90,"Preço Total =>",10.8]
[]
[" 5.5.2.2.3.12 ","Código","Banco","Descrição","Tipo",null,"Und","Quant.","Porcent.","Valor Unit","Total"]
["Insumo"," 00011033 ","SINAPI","SUPORTE PARA CALHA DE 150 MM EM FERRO GALVANIZADO","Material",null,"UN",1,null,7.59,7.59]
[{"$nulls":4},"MO sem LS =>",0,"LS =>",0,"MO com LS =>",0]
[{"$nulls":4},"Valor do BDI =>",1.06,null,"Valor com BDI =>",null,8.65]
[{"$nulls":6},"Quant. =>",270,"Preço Total =>",2335.5]
[]
[" 5.5.2.2.3.13 ","Código","Banco","Descrição","Tipo",null,"Und","Quant.","Porcent.","Valor Unit","Total"]
["Composição"," 078390 ","SBC","CHUMBADOR CB 3/8\"\"x2.1/2\"\"+ PARAFUSO","ATERRAMENTO",null,"UN",1,null,9.15,9.15]
["Insumo"," 002375 ","SBC","CHUMBADOR CB 3/8\"x2.1/2\"+ PARAFUSO","Material",null,"UN",1,null,2.58,2.58]
["Insumo"," 021909 ","SBC","ALUGUEL MENSAL FURADEIRA 5/8\" BOSCH 1174","Material",null,"MES",0.1,null,15,1.5]
["Insumo"," 099250 ","SBC","ELETRICISTA","Mão de Obra",null,"H",0.17699999999999999,null,21.79,3.85]
["Insumo"," 099806 ","SBC","AJUDANTE DE ELETRICISTA","Mão de Obra",null,"H",8.8999999999999996E-2,null,13.79,1.22]
[{"$nulls":4},"MO sem LS =>",5.07,"LS =>",0,"MO com LS =>",5.07]
[{"$nulls":4},"Valor do BDI =>",2.06,null,"Valor com BDI =>",null,11.21]
[{"$nulls":6},"Quant. =>",1080,"Preço Total =>",12106.8]
[]
[" 5.5.2.2.3.14 ","Código","Banco","Descrição","Tipo",null,"Und","Quant.","Porcent.","Valor Unit","Total"]
["Insumo"," 54965 ","SIURB","SAÍDA LATERAL P/ ELETRODUTO EM PERFILADO - 3/4\"","Material",null,"Un",1,null,2.2000000000000002,2.2000000000000002]
[{"$nulls":4},"MO sem LS =>",0,"LS =>",0,"MO com LS =>",0]
[{"$nulls":4},"Valor do BDI =>",0.3,null,"Valor com BDI =>",null,2.5]
[{"$nulls":6},"Quant. =>",5,"Preço Total =>",12.5]
[]
[" 5.5.2.2.4 ",null,null,"CAIXA DE PASSAGEM",{"$nulls":6},7166.9]
[" 5.5.2.2.4.1 ","Código","Banco","Descrição","Tipo",null,"Und","Quant.","Porcent.","Valor Unit","Total"]
["Composição"," 97886 ","SINAPI","CAIXA ENTERRADA ELÉTRICA RETANGULAR, EM ALVENARIA COM TIJOLOS CERÂMICOS MACIÇOS, FUNDO COM BRITA, DIMENSÕES INTERNAS: 0,3X0,3X0,3 M. AF_12/2020","INEL - INSTALAÇÃO ELÉTRICA/ELETRIFICAÇÃO E ILUMINAÇÃO EXTERNA",null,"UN",1,null,180.07,180.07]
["Composição Auxiliar"," 100475 ","SINAPI","ARGAMASSA TRAÇO 1:3 (EM VOLUME DE CIMENTO E AREIA MÉDIA ÚMIDA) COM ADIÇÃO DE IMPERMEABILIZANTE, PREPARO MECÂNICO COM BETONEIRA 400 L. AF_08/2019","SEDI - SERVIÇOS DIVERSOS",null,"m³",2.7799999999999998E-2,null,793.4,22.05]
["Composição Auxiliar"," 101619 ","SINAPI","PREPARO DE FUNDO DE VALA COM LARGURA MENOR QUE 1,5 M, COM CAMADA DE BRITA, LANÇAMENTO MANUAL. AF_08/2020","MOVT - MOVIMENTO DE TERRA",null,"m³",3.5999999999999997E-2,null,315.12,11.34]
["Composição Auxiliar"," 87316 ","SINAPI","ARGAMASSA TRAÇO 1:4 (EM VOLUME DE CIMENTO E AREIA GROSSA ÚMIDA) PARA CHAPISCO CONVENCIONAL, PREPARO MECÂNICO COM BETONEIRA 400 L. AF_08/2019","SEDI - SERVIÇOS DIVERSOS",null,"m³",3.8999999999999998E-3,null,576.54,2.2400000000000002]
["Composição Auxiliar"," 88309 ","SINAPI","PEDREIRO COM ENCARGOS COMPLEMENTARES","SEDI - SERVIÇOS DIVERSOS",null,"H",1.2685999999999999,null,32.270000000000003,40.93]
["Composição Auxiliar"," 88316 ","SINAPI","SERVENTE COM ENCARGOS COMPLEMENTARES","SEDI - SERVIÇOS DIVERSOS",null,"H",0.99670000000000003,null,23.23,23.15]
["Composição Auxiliar"," 97734 ","SINAPI","PEÇA RETANGULAR PRÉ-MOLDADA, VOLUME DE CONCRETO DE 10 A 30 LITROS, TAXA DE AÇO APROXIMADA DE 30KG/M³. AF_01/2018","FUES - FUNDAÇÕES E ESTRUTURAS",null,"m³",1.7500000000000002E-2,null,3221.8,56.38]
["Insumo"," 00007258 ","SINAPI","TIJOLO CERAMICO MACICO COMUM *5 X 10 X 20* CM (L X A X C)","Material",null,"UN",38.691000000000003,null,0.62,23.98]
[{"$nulls":4},"MO sem LS =>",80.62,"LS =>",0,"MO com LS =>",80.62]
[{"$nulls":4},"Valor do BDI =>",40.619999999999997,null,"Valor com BDI =>",null,220.69]
[{"$nulls":6},"Quant. =>",20,"Preço Total =>",4413.8]
[]
[" 5.5.2.2.4.2 ","Código","Banco","Descrição","Tipo",null,"Und","Quant.","Porcent.","Valor Unit","Total"]
["Composição"," 10431 ","ORSE","TAMPA EM CONCRETO ARMADO COM DIMENSÕES DE 700x700mm (CXL) COM ESPESSURA DE 70mm e ALÇA DE IÇAMENTO EM VARÃO DE AÇO","Conversão InfoWOrca",null,"un",1,null,80.91,80.91]
["Composição Auxiliar"," 6456 ","ORSE","Concreto Armado fck=21,0MPa, usinado, bombeado, adensado e lançado, para Uso Geral, com formas planas em compensado resinado 12mm (05 usos)","Conversão InfoWOrca",null,"m³",3.4299999999999997E-2,null,2358.96,80.91]
[{"$nulls":4},"MO sem LS =>",21.21,"LS =>",0,"MO com LS =>",21.21]
[{"$nulls":4},"Valor do BDI =>",18.25,null,"Valor com BDI =>",null,99.16]
[{"$nulls":6},"Quant. =>",20,"Preço Total =>",1983.2]
[]
[" 5.5.2.2.4.3 ","Código","Banco","Descrição","Tipo",null,"Und","Quant.","Porcent.","Valor Unit","Total"]
["Composição"," 97888 ","SINAPI","CAIXA ENTERRADA ELÉTRICA RETANGULAR, EM ALVENARIA COM TIJOLOS CERÂMICOS MACIÇOS, FUNDO COM BRITA, DIMENSÕES INTERNAS: 0,6X0,6X0,6 M. AF_12/2020","INEL - INSTALAÇÃO ELÉTRICA/ELETRIFICAÇÃO E ILUMINAÇÃO EXTERNA",null,"UN",1,null,547.28,547.28]
["Composição Auxiliar"," 100475 ","SINAPI","ARGAMASSA TRAÇO 1:3 (EM VOLUME DE CIMENTO E AREIA MÉDIA ÚMIDA) COM ADIÇÃO DE IMPERMEABILIZANTE, PREPARO MECÂNICO COM BETONEIRA 400 L. AF_08/2019","SEDI - SERVIÇOS DIVERSOS",null,"m³",0.1012,null,793.4,80.290000000000006]
["Composição Auxiliar"," 101619 ","SINAPI","PREPARO DE FUNDO DE VALA COM LARGURA MENOR QUE 1,5 M, COM CAMADA DE BRITA, LANÇAMENTO MANUAL. AF_08/2020","MOVT - MOVIMENTO DE TERRA",null,"m³",8.1000000000000003E-2,null,315.12,25.52]
["Composição Auxiliar"," 5678 ","SINAPI","RETROESCAVADEIRA SOBRE RODAS COM CARREGADEIRA, TRAÇÃO 4X4, POTÊNCIA LÍQ. 88 HP, CAÇAMBA CARREG. CAP. MÍN. 1 M3, CAÇAMBA RETRO CAP. 0,26 M3, PESO OPERACIONAL MÍN. 6.674 KG, PROFUNDIDADE ESCAVAÇÃO MÁX. 4,37 M - CHP DIURNO. AF_06/2014","CHOR - CUSTOS HORÁRIOS DE MÁQUINAS E EQUIPAMENTOS",null,"CHP",8.6999999999999994E-3,null,163.21,1.41]
["Composição Auxiliar"," 5679 ","SINAPI","RETROESCAVADEIRA SOBRE RODAS COM CARREGADEIRA, TRAÇÃO 4X4, POTÊNCIA LÍQ. 88 HP, CAÇAMBA CARREG. CAP. MÍN. 1 M3, CAÇAMBA RETRO CAP. 0,26 M3, PESO OPERACIONAL MÍN. 6.674 KG, PROFUNDIDADE ESCAVAÇÃO MÁX. 4,37 M - CHI DIURNO. AF_06/2014","CHOR - CUSTOS HORÁRIOS DE MÁQUINAS E EQUIPAMENTOS",null,"CHI",1.78E-2,null,77.930000000000007,1.38]
["Composição Auxiliar"," 87316 ","SINAPI","ARGAMASSA TRAÇO 1:4 (EM VOLUME DE CIMENTO E AREIA GROSSA ÚMIDA) PARA CHAPISCO CONVENCIONAL, PREPARO MECÂNICO COM BETONEIRA 400 L. AF_08/2019","SEDI - SERVIÇOS DIVERSOS",null,"m³",1.3599999999999999E-2,null,576.54,7.84]
["Composição Auxiliar"," 88309 ","SINAPI","PEDREIRO COM ENCARGOS COMPLEMENTARES","SEDI - SERVIÇOS DIVERSOS",null,"H",4.5403000000000002,null,32.270000000000003,146.51]
["Composição Auxiliar"," 88316 ","SINAPI","SERVENTE COM ENCARGOS COMPLEMENTARES","SEDI - SERVIÇOS DIVERSOS",null,"H",3.5674000000000001,null,23.23,82.87]
["Composição Auxiliar"," 97735 ","SINAPI","PEÇA RETANGULAR PRÉ-MOLDADA, VOLUME DE CONCRETO DE 30 A 100 LITROS, TAXA DE AÇO APROXIMADA DE 30KG/M³. AF_01/2018","FUES - FUNDAÇÕES E ESTRUTURAS",null,"m³",4.48E-2,null,2632.1,117.91]
["Insumo"," 00007258 ","SINAPI","TIJOLO CERAMICO MACICO COMUM *5 X 10 X 20* CM (L X A X C)","Material",null,"UN",134.76400000000001,null,0.62,83.55]
[{"$nulls":4},"MO sem LS =>",237.32,"LS =>",0,"MO com LS =>",237.32]
[{"$nulls":4},"Valor do BDI =>",123.46,null,"Valor com BDI =>",null,670.74]
[{"$nulls":6},"Quant. =>",1,"Preço Total =>",670.74]
[]
[" 5.5.2.2.4.4 ","Código","Banco","Descrição","Tipo",null,"Und","Quant.","Porcent.","Valor Unit","Total"]
["Composição"," 10431 ","ORSE","TAMPA EM CONCRETO ARMADO COM DIMENSÕES DE 700x700mm (CXL) COM ESPESSURA DE 70mm e ALÇA DE IÇAMENTO EM VARÃO DE AÇO","Conversão InfoWOrca",null,"un",1,null,80.91,80.91]
["Composição Auxiliar"," 6456 ","ORSE","Concreto Armado fck=21,0MPa, usinado, bombeado, adensado e lançado, para Uso Geral, com formas planas em compensado resinado 12mm (05 usos)","Conversão InfoWOrca",null,"m³",3.4299999999999997E-2,null,2358.96,80.91]
[{"$nulls":4},"MO sem LS =>",21.21,"LS =>",0,"MO com LS =>",21.21]
[{"$nulls":4},"Valor do BDI =>",18.25,null,"Valor com BDI =>",null,99.16]
[{"$nulls":6},"Quant. =>",1,"Preço Total =>",99.16]
[]
[" 5.5.2.3 ",null,null,"ILUMINAÇÃO EXTERNA",{"$nulls":6},81489.83]
[" 5.5.2.3.1 ",null,null,"LUMINÁRIAS E ACESSÓRIOS",{"$nulls":6},54137.71]
[" 5.5.2.3.1.1 ","Código","Banco","Descrição","Tipo",null,"Und","Quant.","Porcent.","Valor Unit","Total"]
["Composição"," 101655 ","SINAPI","LUMINÁRIA DE LED PARA ILUMINAÇÃO PÚBLICA, DE 51 W ATÉ 67 W - FORNECIMENTO E INSTALAÇÃO. AF_08/2020","INEL - INSTALAÇÃO ELÉTRICA/ELETRIFICAÇÃO E ILUMINAÇÃO EXTERNA",null,"UN",1,null,339.53,339.53]
["Composição Auxiliar"," 5928 ","SINAPI","GUINDAUTO HIDRÁULICO, CAPACIDADE MÁXIMA DE CARGA 6200 KG, MOMENTO MÁXIMO DE CARGA 11,7 TM, ALCANCE MÁXIMO HORIZONTAL 9,70 M, INCLUSIVE CAMINHÃO TOCO PBT 16.000 KG, POTÊNCIA DE 189 CV - CHP DIURNO. AF_06/2014","CHOR - CUSTOS HORÁRIOS DE MÁQUINAS E EQUIPAMENTOS",null,"CHP",0.23880000000000001,null,279.51,66.739999999999995]
["Composição Auxiliar"," 88247 ","SINAPI","AUXILIAR DE ELETRICISTA COM ENCARGOS COMPLEMENTARES","SEDI - SERVIÇOS DIVERSOS",null,"H",0.23810000000000001,null,24.39,5.8]
["Composição Auxiliar"," 88264 ","SINAPI","ELETRICISTA COM ENCARGOS COMPLEMENTARES","SEDI - SERVIÇOS DIVERSOS",null,"H",0.23810000000000001,null,32.69,7.78]
["Insumo"," 00021127 ","SINAPI","FITA ISOLANTE ADESIVA ANTICHAMA, USO ATE 750 V, EM ROLO DE 19 MM X 5 M","Material",null,"UN",1.4E-2,null,3.7,0.05]
["Insumo"," 00042245 ","SINAPI","LUMINARIA DE LED PARA ILUMINACAO PUBLICA, DE 51 W ATE 67 W, INVOLUCRO EM ALUMINIO OU ACO INOX","Material",null,"UN",1,null,259.16000000000003,259.16000000000003]
[{"$nulls":4},"MO sem LS =>",16.28,"LS =>",0,"MO com LS =>",16.28]
[{"$nulls":4},"Valor do BDI =>",76.59,null,"Valor com BDI =>",null,416.12]
[{"$nulls":6},"Quant. =>",26,"Preço Total =>",10819.12]
[]
[" 5.5.2.3.1.2 ","Código","Banco","Descrição","Tipo",null,"Und","Quant.","Porcent.","Valor Unit","Total"]
["Composição"," 101632 ","SINAPI","RELÉ FOTOELÉTRICO PARA COMANDO DE ILUMINAÇÃO EXTERNA 1000 W - FORNECIMENTO E INSTALAÇÃO. AF_08/2020","INEL - INSTALAÇÃO ELÉTRICA/ELETRIFICAÇÃO E ILUMINAÇÃO EXTERNA",null,"UN",1,null,38.049999999999997,38.049999999999997]
["Composição Auxiliar"," 88247 ","SINAPI","AUXILIAR DE ELETRICISTA COM ENCARGOS COMPLEMENTARES","SEDI - SERVIÇOS DIVERSOS",null,"H",1.6799999999999999E-2,null,24.39,0.4]
["Composição Auxiliar"," 88264 ","SINAPI","ELETRICISTA COM ENCARGOS COMPLEMENTARES","SEDI - SERVIÇOS DIVERSOS",null,"H",1.6799999999999999E-2,null,32.69,0.54]
["Insumo"," 00002510 ","SINAPI","RELE FOTOELETRICO INTERNO E EXTERNO BIVOLT 1000 W, DE CONECTOR, SEM BASE","Material",null,"UN",1,null,37.04,37.04]
["Insumo"," 00021127 ","SINAPI","FITA ISOLANTE ADESIVA ANTICHAMA, USO ATE 750 V, EM ROLO DE 19 MM X 5 M","Material",null,"UN",2.1000000000000001E-2,null,3.7,7.0000000000000007E-2]
[{"$nulls":4},"MO sem LS =>",0.66,"LS =>",0,"MO com LS =>",0.66]
[{"$nulls":4},"Valor do BDI =>",8.58,null,"Valor com BDI =>",null,46.63]
[{"$nulls":6},"Quant. =>",19,"Preço Total =>",885.97]
[]
[" 5.5.2.3.1.3 ","Código","Banco","Descrição","Tipo",null,"Und","Quant.","Porcent.","Valor Unit","Total"]
["Composição"," 10794 ","ORSE","Poste circular de concreto  7/150 - fornecimento e assentamento","Entrada em Baixa Tensão",null,"un",1,null,759.09,759.09]
["Composição Auxiliar"," 95 ","ORSE","Concreto simples fabricado na obra, fck=13,5 mpa, lançado e adensado","Alvenarias de Pedra e Concretos para Fundações",null,"m³",0.2,null,566.41999999999996,113.28]
["Composição Auxiliar"," 128 ","ORSE","Lançamento de concreto usinado, bombeado, em peças armadas da superestrutura,inclusive colocação, adensamento e acabamento","Concreto Simples",null,"m³",0.2,null,48.7,9.74]
["Composição Auxiliar"," 10549 ","ORSE","Encargos Complementares - Servente","Provisórios",null,"h",6,null,3.79,22.74]
["Insumo"," 2455 ","ORSE","Aluguel de caminhão guindauto 3,0 t ( m. benz - 1215 c/48- 143,0 hp","Equipamento",null,"h",1,null,102.86,102.86]
["Insumo"," 11655 ","ORSE","Poste concreto duplo T (DT)  7/150","Material",null,"un",1,null,428.57,428.57]
["Insumo"," 00006111/SINAPI ","ORSE","Servente de obras (horista)","Mão de Obra",null,"h",6,null,13.65,81.900000000000006]
[{"$nulls":4},"MO sem LS =>",113.98,"LS =>",0,"MO com LS =>",113.98]
[{"$nulls":4},"Valor do BDI =>",171.25,null,"Valor com BDI =>",null,930.34]
[{"$nulls":6},"Quant. =>",19,"Preço Total =>",17676.46]
[]
[" 5.5.2.3.1.4 ","Código","Banco","Descrição","Tipo",null,"Und","Quant.","Porcent.","Valor Unit","Total"]
["Composição"," 3243 ","ORSE","Assentamento de poste circular de concreto","Conversão InfoWOrca",null,"un",1,null,627.46,627.46]
["Composição Auxiliar"," 126 ","ORSE","Concreto simples fabricado na obra, fck=15 mpa, lançado e adensado","Concreto Simples",null,"m³",0.75,null,592.72,444.54]
["Composição Auxiliar"," 10549 ","ORSE","Encargos Complementares - Servente","Provisórios",null,"h",4,null,3.79,15.16]
["Insumo"," 2456 ","ORSE","Caminhão guindauto 6,5 t ( m. benz - L1620/51 - 143,0 hp)","Equipamento",null,"h",1,null,113.16,113.16]
["Insumo"," 00006111/SINAPI ","ORSE","Servente de obras (horista)","Mão de Obra",null,"h",4,null,13.65,54.6]
[{"$nulls":4},"MO sem LS =>",145.49,"LS =>",0,"MO com LS =>",145.49]
[{"$nulls":4},"Valor do BDI =>",141.55000000000001,null,"Valor com BDI =>",null,769.01]
[{"$nulls":6},"Quant. =>",19,"Preço Total =>",14611.19]
[]
[" 5.5.2.3.1.5 ","Código","Banco","Descrição","Tipo",null,"Und","Quant.","Porcent.","Valor Unit","Total"]
["Composição"," 101009 ","SINAPI","CARGA, MANOBRA E DESCARGA DE POSTE DE CONCRETO EM CAMINHÃO CARROCERIA COM GUINDAUTO (MUNCK) 11,7 TM.","TRAN - TRANSPORTES, CARGAS E DESCARGAS",null,"T",1,null,43.92,43.92]
["Composição Auxiliar"," 5928 ","SINAPI","GUINDAUTO HIDRÁULICO, CAPACIDADE MÁXIMA DE CARGA 6200 KG, MOMENTO MÁXIMO DE CARGA 11,7 TM, ALCANCE MÁXIMO HORIZONTAL 9,70 M, INCLUSIVE CAMINHÃO TOCO PBT 16.000 KG, POTÊNCIA DE 189 CV - CHP DIURNO. AF_06/2014","CHOR - CUSTOS HORÁRIOS DE MÁQUINAS E EQUIPAMENTOS",null,"CHP",0.14069999999999999,null,279.51,39.32]
["Composição Auxiliar"," 5930 ","SINAPI","GUINDAUTO HIDRÁULICO, CAPACIDADE MÁXIMA DE CARGA 6200 KG, MOMENTO MÁXIMO DE CARGA 11,7 TM, ALCANCE MÁXIMO HORIZONTAL 9,70 M, INCLUSIVE CAMINHÃO TOCO PBT 16.000 KG, POTÊNCIA DE 189 CV - CHI DIURNO. AF_06/2014","CHOR - CUSTOS HORÁRIOS DE MÁQUINAS E EQUIPAMENTOS",null,"CHI",6.0299999999999999E-2,null,76.39,4.5999999999999996]
[{"$nulls":4},"MO sem LS =>",5.78,"LS =>",0,"MO com LS =>",5.78]
[{"$nulls":4},"Valor do BDI =>",9.9,null,"Valor com BDI =>",null,53.82]
[{"$nulls":6},"Quant. =>",5.13,"Preço Total =>",276.08999999999997]
[]
[" 5.5.2.3.1.6 ","Código","Banco","Descrição","Tipo",null,"Und","Quant.","Porcent.","Valor Unit","Total"]
["Composição"," 101636 ","SINAPI","BRAÇO PARA ILUMINAÇÃO PÚBLICA, EM TUBO DE AÇO GALVANIZADO, COMPRIMENTO DE 1,50 M, PARA FIXAÇÃO EM POSTE DE CONCRETO - FORNECIMENTO E INSTALAÇÃO. AF_08/2020","INEL - INSTALAÇÃO ELÉTRICA/ELETRIFICAÇÃO E ILUMINAÇÃO EXTERNA",null,"UN",1,null,158.63,158.63]
["Composição Auxiliar"," 5928 ","SINAPI","GUINDAUTO HIDRÁULICO, CAPACIDADE MÁXIMA DE CARGA 6200 KG, MOMENTO MÁXIMO DE CARGA 11,7 TM, ALCANCE MÁXIMO HORIZONTAL 9,70 M, INCLUSIVE CAMINHÃO TOCO PBT 16.000 KG, POTÊNCIA DE 189 CV - CHP DIURNO. AF_06/2014","CHOR - CUSTOS HORÁRIOS DE MÁQUINAS E EQUIPAMENTOS",null,"CHP",0.23880000000000001,null,279.51,66.739999999999995]
["Composição Auxiliar"," 88247 ","SINAPI","AUXILIAR DE ELETRICISTA COM ENCARGOS COMPLEMENTARES","SEDI - SERVIÇOS DIVERSOS",null,"H",0.67300000000000004,null,24.39,16.41]
["Composição Auxiliar"," 88264 ","SINAPI","ELETRICISTA COM ENCARGOS COMPLEMENTARES","SEDI - SERVIÇOS DIVERSOS",null,"H",0.67300000000000004,null,32.69,22]
["Insumo"," 00001022 ","SINAPI","CABO DE COBRE, FLEXIVEL, CLASSE 4 OU 5, ISOLACAO EM PVC/A, ANTICHAMA BWF-B, COBERTURA PVC-ST1, ANTICHAMA BWF-B, 1 CONDUTOR, 0,6/1 KV, SECAO NOMINAL 2,5 MM2","Material",null,"M",5,null,2.5499999999999998,12.75]
["Insumo"," 00002512 ","SINAPI","BRACO P/ LUMINARIA PUBLICA 1 X 1,50M ROMAGNOLE OU EQUIV","Material",null,"UN",1,null,40.729999999999997,40.729999999999997]
[{"$nulls":4},"MO sem LS =>",33.450000000000003,"LS =>",0,"MO com LS =>",33.450000000000003]
[{"$nulls":4},"Valor do BDI =>",35.78,null,"Valor com BDI =>",null,194.41]
[{"$nulls":6},"Quant. =>",26,"Preço Total =>",5054.66]
[]
[" 5.5.2.3.1.7 ","Código","Banco","Descrição","Tipo",null,"Und","Quant.","Porcent.","Valor Unit","Total"]
["Insumo"," 00000406 ","SINAPI","CINTA PARA POSTE CIRCULAR","Material",null,"UN",1,null,74.08,74.08]
[{"$nulls":4},"MO sem LS =>",0,"LS =>",0,"MO com LS =>",0]
[{"$nulls":4},"Valor do BDI =>",10.38,null,"Valor com BDI =>",null,84.46]
[{"$nulls":6},"Quant. =>",57,"Preço Total =>",4814.22]
[]
[" 5.5.2.3.2 ",null,null,"CABOS",{"$nulls":6},12315.54]
[" 5.5.2.3.2.1 ","Código","Banco","Descrição","Tipo",null,"Und","Quant.","Porcent.","Valor Unit","Total"]
["Composição"," 91929 ","SINAPI","CABO DE COBRE UNIPOLAR #4MM², CABO NA COR AZUL CLARO (NEUTRO), ENCORDOAMENTO CLASSE 5, TENSÕES NOMINAIS ATÉ 0,6/1 KV, TEMPERATURA DE 70° EM SERVIÇO CONTINUO, COBERTURA EM COMPOSTO TERMOPLÁSTICO PVC FLEX, ANTICHAMA","INEL - INSTALAÇÃO ELÉTRICA/ELETRIFICAÇÃO E ILUMINAÇÃO EXTERNA",null,"M",1,null,7.11,7.11]
["Composição Auxiliar"," 88247 ","SINAPI","AUXILIAR DE ELETRICISTA COM ENCARGOS COMPLEMENTARES","SEDI - SERVIÇOS DIVERSOS",null,"H",3.9E-2,null,24.39,0.95]
["Composição Auxiliar"," 88264 ","SINAPI","ELETRICISTA COM ENCARGOS COMPLEMENTARES","SEDI - SERVIÇOS DIVERSOS",null,"H",3.9E-2,null,32.69,1.27]
["Insumo"," 00001021 ","SINAPI","CABO DE COBRE, FLEXIVEL, CLASSE 4 OU 5, ISOLACAO EM PVC/A, ANTICHAMA BWF-B, COBERTURA PVC-ST1, ANTICHAMA BWF-B, 1 CONDUTOR, 0,6/1 KV, SECAO NOMINAL 4 MM2","Material",null,"M",1.2434000000000001,null,3.91,4.8600000000000003]
["Insumo"," 00021127 ","SINAPI","FITA ISOLANTE ADESIVA ANTICHAMA, USO ATE 750 V, EM ROLO DE 19 MM X 5 M","Material",null,"UN",9.4000000000000004E-3,null,3.7,0.03]
[{"$nulls":4},"MO sem LS =>",1.53,"LS =>",0,"MO com LS =>",1.53]
[{"$nulls":4},"Valor do BDI =>",1.6,null,"Valor com BDI =>",null,8.7100000000000009]
[{"$nulls":6},"Quant. =>",1320,"Preço Total =>",11497.2]
[]
[" 5.5.2.3.2.2 ","Código","Banco","Descrição","Tipo",null,"Und","Quant.","Porcent.","Valor Unit","Total"]
["Composição"," 91927 ","SINAPI","CABO DE COBRE UNIPOLAR #2,5MM², CABO NA COR COR VERMELHA (FASE), ENCORDOAMENTO CLASSE 5, TENSÕES NOMINAIS ATÉ 0,6/1 KV, TEMPERATURA DE 70° EM SERVIÇO CONTINUO, COBERTURA EM COMPOSTO TERMOPLÁSTICO PVC FLEX, ANTICHAMA","INEL - INSTALAÇÃO ELÉTRICA/ELETRIFICAÇÃO E ILUMINAÇÃO EXTERNA",null,"M",1,null,4.84,4.84]
["Composição Auxiliar"," 88247 ","SINAPI","AUXILIAR DE ELETRICISTA COM ENCARGOS COMPLEMENTARES","SEDI - SERVIÇOS DIVERSOS",null,"H",2.9000000000000001E-2,null,24.39,0.7]
["Composição Auxiliar"," 88264 ","SINAPI","ELETRICISTA COM ENCARGOS COMPLEMENTARES","SEDI - SERVIÇOS DIVERSOS",null,"H",2.9000000000000001E-2,null,32.69,0.94]
["Insumo"," 00001022 ","SINAPI","CABO DE COBRE, FLEXIVEL, CLASSE 4 OU 5, ISOLACAO EM PVC/A, ANTICHAMA BWF-B, COBERTURA PVC-ST1, ANTICHAMA BWF-B, 1 CONDUTOR, 0,6/1 KV, SECAO NOMINAL 2,5 MM2","Material",null,"M",1.2434000000000001,null,2.5499999999999998,3.17]
["Insumo"," 00021127 ","SINAPI","FITA ISOLANTE ADESIVA ANTICHAMA, USO ATE 750 V, EM ROLO DE 19 MM X 5 M","Material",null,"UN",9.4000000000000004E-3,null,3.7,0.03]
[{"$nulls":4},"MO sem LS =>",1.1399999999999999,"LS =>",0,"MO com LS =>",1.1399999999999999]
[{"$nulls":4},"Valor do BDI =>",1.0900000000000001,null,"Valor com BDI =>",null,5.93]
[{"$nulls":6},"Quant. =>",138,"Preço Total =>",818.34]
[]
[" 5.5.2.3.3 ",null,null,"ELETRODUTOS E CONEXÕES",{"$nulls":6},14814]
[" 5.5.2.3.3.1 ","Código","Banco","Descrição","Tipo",null,"Und","Quant.","Porcent.","Valor Unit","Total"]
["Composição"," 151138 ","IOPES","ELETRODUTO EM PEAD Ø 1.1/4\", TIPO KANAFLEX","ELETRODUTOS E CONEXÕES",null,"m",1,null,22.68,22.68]
["Insumo"," 010101 ","IOPES","AJUDANTE (AJUDANTE PRATICO - SINDUSCON)","Mão de Obra",null,"H",0.45,null,19.190000000000001,8.6300000000000008]
["Insumo"," 010115 ","IOPES","ELETRICISTA (OFICIAL - SINDUSCON)","Mão de Obra",null,"H",0.45,null,23.87,10.74]
["Insumo"," 042717 ","IOPES","DUTO CORRUGADO DE PEAD COR PRETA 1.1/4\"","Material",null,"M",1.02,null,3.25,3.31]
[{"$nulls":4},"MO sem LS =>",19.37,"LS =>",0,"MO com LS =>",19.37]
[{"$nulls":4},"Valor do BDI =>",5.1100000000000003,null,"Valor com BDI =>",null,27.79]
[{"$nulls":6},"Quant. =>",286,"Preço Total =>",7947.94]
[]
[" 5.5.2.3.3.2 ","Código","Banco","Descrição","Tipo",null,"Und","Quant.","Porcent.","Valor Unit","Total"]
["Composição"," 151137 ","IOPES","ELETRODUTO EM PEAD Ø 1.1/2\", TIPO KANAFLEX","ELETRODUTOS E CONEXÕES",null,"m",1,null,25.79,25.79]
["Insumo"," 010115 ","IOPES","ELETRICISTA (OFICIAL - SINDUSCON)","Mão de Obra",null,"H",0.5,null,23.87,11.93]
["Insumo"," 010101 ","IOPES","AJUDANTE (AJUDANTE PRATICO - SINDUSCON)","Mão de Obra",null,"H",0.5,null,19.190000000000001,9.59]
["Insumo"," 042673 ","IOPES","DUTO CORRUGADO DE PEAD COR PRETA 1.1/2\"","Material",null,"M",1.02,null,4.1900000000000004,4.2699999999999996]
[{"$nulls":4},"MO sem LS =>",21.52,"LS =>",0,"MO com LS =>",21.52]
[{"$nulls":4},"Valor do BDI =>",5.81,null,"Valor com BDI =>",null,31.6]
[{"$nulls":6},"Quant. =>",39,"Preço Total =>",1232.4000000000001]
[]
[" 5.5.2.3.3.3 ","Código","Banco","Descrição","Tipo",null,"Und","Quant.","Porcent.","Valor Unit","Total"]
["Composição"," 067005 ","SBC","ELETRODUTO RÍGIDO Ø 1\" EM AÇO GALVANIZADO À FOGO, TIPO PESADO, ROSCA BSP","INSTALACOES ELETRICAS - SINALIZACAO",null,"M",1,null,28.01,28.01]
["Insumo"," 001567 ","SBC","ELETRODUTO GALVANIZADO (PESADO) NBR 5598 25mm 1\"","Material",null,"M",1.05,null,13.68,14.36]
["Insumo"," 099250 ","SBC","ELETRICISTA","Mão de Obra",null,"H",0.38400000000000001,null,21.79,8.36]
["Insumo"," 099806 ","SBC","AJUDANTE DE ELETRICISTA","Mão de Obra",null,"H",0.38400000000000001,null,13.79,5.29]
[{"$nulls":4},"MO sem LS =>",13.649999999999999,"LS =>",0,"MO com LS =>",13.649999999999999]
[{"$nulls":4},"Valor do BDI =>",6.31,null,"Valor com BDI =>",null,34.32]
[{"$nulls":6},"Quant. =>",128,"Preço Total =>",4392.96]
[]
[" 5.5.2.3.3.4 ","Código","Banco","Descrição","Tipo",null,"Und","Quant.","Porcent.","Valor Unit","Total"]
["Composição"," 97562 ","SINAPI","CURVA 135 GRAUS PARA ELETRODUTO, PVC, ROSCÁVEL, DN 25 MM (3/4\"), PARA CIRCUITOS TERMINAIS, INSTALADA EM LAJE - FORNECIMENTO E INSTALAÇÃO. AF_03/2023","INEL - INSTALAÇÃO ELÉTRICA/ELETRIFICAÇÃO E ILUMINAÇÃO EXTERNA",null,"UN",1,null,11.48,11.48]
["Composição Auxiliar"," 88247 ","SINAPI","AUXILIAR DE ELETRICISTA COM ENCARGOS COMPLEMENTARES","SEDI - SERVIÇOS DIVERSOS",null,"H",0.16200000000000001,null,24.39,3.95]
["Composição Auxiliar"," 88264 ","SINAPI","ELETRICISTA COM ENCARGOS COMPLEMENTARES","SEDI - SERVIÇOS DIVERSOS",null,"H",0.16200000000000001,null,32.69,5.29]
["Insumo"," 00039274 ","SINAPI","CURVA 135 GRAUS, DE PVC RIGIDO ROSCAVEL, DE 3/4\", PARA ELETRODUTO","Material",null,"UN",1,null,2.2400000000000002,2.2400000000000002]
[{"$nulls":4},"MO sem LS =>",6.39,"LS =>",0,"MO com LS =>",6.39]
[{"$nulls":4},"Valor do BDI =>",2.58,null,"Valor com BDI =>",null,14.06]
[{"$nulls":6},"Quant. =>",19,"Preço Total =>",267.14]
[]
[" 5.5.2.3.3.5 ","Código","Banco","Descrição","Tipo",null,"Und","Quant.","Porcent.","Valor Unit","Total"]
["Composição"," 69.20.070 ","CPOS/CDHU","Fita em aço inoxidável para poste de 0,50 m x 19 mm, com fecho em aço inoxidável","69.20.",null,"UN",1,null,13.94,13.94]
["Composição Auxiliar"," 88264 ","SINAPI","ELETRICISTA COM ENCARGOS COMPLEMENTARES","SEDI - SERVIÇOS DIVERSOS",null,"H",0.2,null,32.69,6.53]
["Composição Auxiliar"," 88247 ","SINAPI","AUXILIAR DE ELETRICISTA COM ENCARGOS COMPLEMENTARES","SEDI - SERVIÇOS DIVERSOS",null,"H",0.2,null,24.39,4.87]
["Insumo"," P.25.000.091392 ","CPOS/CDHU","Fita em aço inoxidável para poste tubular; comprimento de 0,50 m, largura de 19 mm","Material",null,"M",0.5,null,3.34,1.67]
["Insumo"," P.25.000.091393 ","CPOS/CDHU","Fecho em aço inoxidável para fita de 19 mm","Material",null,"UN",1,null,0.87,0.87]
[{"$nulls":4},"MO sem LS =>",7.9,"LS =>",0,"MO com LS =>",7.9]
[{"$nulls":4},"Valor do BDI =>",3.14,null,"Valor com BDI =>",null,17.079999999999998]
[{"$nulls":6},"Quant. =>",57,"Preço Total =>",973.56]
[]
[" 5.5.2.3.4 ",null,null,"TOMADA TRIFÁSICA",{"$nulls":6},222.58]
[" 5.5.2.3.4.1 ","Código","Banco","Descrição","Tipo",null,"Und","Quant.","Porcent.","Valor Unit","Total"]
["Composição"," C2489 ","SEINFRA","TOMADA TRIFÁSICA, CONECTORES DE SOBREPOR, 32 A, ENCAPSULAMENTO PLÁSTICO, IP44 (RESISTENTE A RESPINGOS D'ÁGUA)","TOMADAS / INTERRUPTORES / ESPELHOS",null,"UN",1,null,90.81,90.81]
["Composição Auxiliar"," 88247 ","SINAPI","AUXILIAR DE ELETRICISTA COM ENCARGOS COMPLEMENTARES","SEDI - SERVIÇOS DIVERSOS",null,"H",0.8,null,24.39,19.510000000000002]
["Composição Auxiliar"," 88264 ","SINAPI","ELETRICISTA COM ENCARGOS COMPLEMENTARES","SEDI - SERVIÇOS DIVERSOS",null,"H",0.8,null,32.69,26.15]
["Insumo"," I2115 ","SEINFRA","TOMADA TRIPOLAR ( 3P+T ) - 32A / 380V","Material",null,"UN",1,null,45.15,45.15]
[{"$nulls":4},"MO sem LS =>",31.6,"LS =>",0,"MO com LS =>",31.6]
[{"$nulls":4},"Valor do BDI =>",20.48,null,"Valor com BDI =>",null,111.29]
[{"$nulls":6},"Quant. =>",2,"Preço Total =>",222.58]
[]
[" 5.5.2.4 ",null,null,"ILUMINAÇÃO INTERNA",{"$nulls":6},6382.05]
[" 5.5.2.4.1 ",null,null,"LUMINÁRIAS E ACESSÓRIOS",{"$nulls":6},784.95]
[" 5.5.2.4.1.1 ","Código","Banco","Descrição","Tipo",null,"Und","Quant.","Porcent.","Valor Unit","Total"]
["Composição"," 060988 ","SBC","LUMINARIA FLAT STH7940/40 LED 36W 4000K BIVOLT 120CM STELLA","INSTALACOES ELETRICAS - LUMINARIAS",null,"UN",1,null,162,162]
["Insumo"," 043825 ","SBC","FITA ISOLANTE ANTICHAMA 19mm x 20,0m VONDER","Material",null,"UN",0.03,null,19.68,0.59]
["Insumo"," 068420 ","SBC","LUMINARIA FLAT STH7940/40 LED 36W 4000K BIVOLT 120cm STELLA","Material",null,"UN",1,null,129.9,129.9]
["Insumo"," 099250 ","SBC","ELETRICISTA","Mão de Obra",null,"H",0.88600000000000001,null,21.79,19.3]
["Insumo"," 099806 ","SBC","AJUDANTE DE ELETRICISTA","Mão de Obra",null,"H",0.88600000000000001,null,13.79,12.21]
[{"$nulls":4},"MO sem LS =>",31.51,"LS =>",0,"MO com LS =>",31.51]
[{"$nulls":4},"Valor do BDI =>",36.54,null,"Valor com BDI =>",null,198.54]
[{"$nulls":6},"Quant. =>",2,"Preço Total =>",397.08]
[]
[" 5.5.2.4.1.2 ","Código","Banco","Descrição","Tipo",null,"Und","Quant.","Porcent.","Valor Unit","Total"]
["Composição"," 060871 ","SBC","BLOCO AUTONOMO P/ SINALIZACAO DE SÄ́A DE EMERGʎCIA DE TETO","INSTALACOES ELETRICAS - LUMINARIAS",null,"UN",1,null,316.48,316.48]
["Insumo"," 099250 ","SBC","ELETRICISTA","Mão de Obra",null,"H",1.0629999999999999,null,21.79,23.16]
["Insumo"," 099806 ","SBC","AJUDANTE DE ELETRICISTA","Mão de Obra",null,"H",0.88600000000000001,null,13.79,12.21]
["Insumo"," 203034 ","SBC","BLOCO AUTONOMO DE ILUMINACAO DE EMERGENCIA DOIS FAROIS LED 2200 LUMENS BATERIA SELADA AUTONOMIA 2 HORAS INTELBRAS","Material",null,"UN",1,null,281.11,281.11]
[{"$nulls":4},"MO sem LS =>",35.369999999999997,"LS =>",0,"MO com LS =>",35.369999999999997]
[{"$nulls":4},"Valor do BDI =>",71.39,null,"Valor com BDI =>",null,387.87]
[{"$nulls":6},"Quant. =>",1,"Preço Total =>",387.87]
[]
[" 5.5.2.4.2 ",null,null,"CABOS",{"$nulls":6},1295.1500000000001]
[" 5.5.2.4.2.1 ","Código","Banco","Descrição","Tipo",null,"Und","Quant.","Porcent.","Valor Unit","Total"]
["Composição"," 91924 ","SINAPI","CABO DE COBRE FLEXÍVEL ISOLADO, 1,5 MM², ANTI-CHAMA 450/750 V, PARA CIRCUITOS TERMINAIS - FORNECIMENTO E INSTALAÇÃO. AF_03/2023","INEL - INSTALAÇÃO ELÉTRICA/ELETRIFICAÇÃO E ILUMINAÇÃO EXTERNA",null,"M",1,null,3.01,3.01]
["Composição Auxiliar"," 88247 ","SINAPI","AUXILIAR DE ELETRICISTA COM ENCARGOS COMPLEMENTARES","SEDI - SERVIÇOS DIVERSOS",null,"H",2.3E-2,null,24.39,0.56000000000000005]
["Composição Auxiliar"," 88264 ","SINAPI","ELETRICISTA COM ENCARGOS COMPLEMENTARES","SEDI - SERVIÇOS DIVERSOS",null,"H",2.3E-2,null,32.69,0.75]
["Insumo"," 00001013 ","SINAPI","CABO DE COBRE, FLEXIVEL, CLASSE 4 OU 5, ISOLACAO EM PVC/A, ANTICHAMA BWF-B, 1 CONDUTOR, 450/750 V, SECAO NOMINAL 1,5 MM2","Material",null,"M",1.2434000000000001,null,1.35,1.67]
["Insumo"," 00021127 ","SINAPI","FITA ISOLANTE ADESIVA ANTICHAMA, USO ATE 750 V, EM ROLO DE 19 MM X 5 M","Material",null,"UN",9.4000000000000004E-3,null,3.7,0.03]
[{"$nulls":4},"MO sem LS =>",0.89,"LS =>",0,"MO com LS =>",0.89]
[{"$nulls":4},"Valor do BDI =>",0.67,null,"Valor com BDI =>",null,3.68]
[{"$nulls":6},"Quant. =>",85,"Preço Total =>",312.8]
[]
[" 5.5.2.4.2.2 ","Código","Banco","Descrição","Tipo",null,"Und","Quant.","Porcent.","Valor Unit","Total"]
["Composição"," 91926 ","SINAPI","CABO DE COBRE FLEXÍVEL ISOLADO, 2,5 MM², ANTI-CHAMA 450/750 V, PARA CIRCUITOS TERMINAIS - FORNECIMENTO E INSTALAÇÃO. AF_03/2023","INEL - INSTALAÇÃO ELÉTRICA/ELETRIFICAÇÃO E ILUMINAÇÃO EXTERNA",null,"M",1,null,4.34,4.34]
["Composição Auxiliar"," 88247 ","SINAPI","AUXILIAR DE ELETRICISTA COM ENCARGOS COMPLEMENTARES","SEDI - SERVIÇOS DIVERSOS",null,"H",2.9000000000000001E-2,null,24.39,0.7]
["Composição Auxiliar"," 88264 ","SINAPI","ELETRICISTA COM ENCARGOS COMPLEMENTARES","SEDI - SERVIÇOS DIVERSOS",null,"H",2.9000000000000001E-2,null,32.69,0.94]
["Insumo"," 00001014 ","SINAPI","CABO DE COBRE, FLEXIVEL, CLASSE 4 OU 5, ISOLACAO EM PVC/A, ANTICHAMA BWF-B, 1 CONDUTOR, 450/750 V, SECAO NOMINAL 2,5 MM2","Material",null,"M",1.2434000000000001,null,2.15,2.67]
["Insumo"," 00021127 ","SINAPI","FITA ISOLANTE ADESIVA ANTICHAMA, USO ATE 750 V, EM ROLO DE 19 MM X 5 M","Material",null,"UN",9.4000000000000004E-3,null,3.7,0.03]
[{"$nulls":4},"MO sem LS =>",1.1399999999999999,"LS =>",0,"MO com LS =>",1.1399999999999999]
[{"$nulls":4},"Valor do BDI =>",0.97,null,"Valor com BDI =>",null,5.31]
[{"$nulls":6},"Quant. =>",185,"Preço Total =>",982.35]
[]
[" 5.5.2.4.3 ",null,null,"ELETRODUTOS E CONEXÕES",{"$nulls":6},2137.5500000000002]
[" 5.5.2.4.3.1 ","Código","Banco","Descrição","Tipo",null,"Und","Quant.","Porcent.","Valor Unit","Total"]
["Composição"," 071211 ","AGETOP CIVIL","ELETRODUTO EM AÇO GALVANIZADO A FOGO DIÂMETRO 3/4\" - PESADO",712,null,"M",1,null,45.76,45.76]
["Insumo"," 3277 ","AGETOP CIVIL","ELETRODUTO EM AÇO GALVANIZADO A FOGO DIÂMETRO 3/4\" - PESADO","Material",null,"m",1,null,34.39,34.39]
["Insumo"," 0012 ","AGETOP CIVIL","ELETRICISTA","Mão de Obra",null,"H",0.3,null,22.23,6.66]
["Insumo"," 0008 ","AGETOP CIVIL","AJUDANTE","Mão de Obra",null,"H",0.3,null,15.73,4.71]
[{"$nulls":4},"MO sem LS =>",11.37,"LS =>",0,"MO com LS =>",11.37]
[{"$nulls":4},"Valor do BDI =>",10.32,null,"Valor com BDI =>",null,56.08]
[{"$nulls":6},"Quant. =>",27,"Preço Total =>",1514.16]
[]
[" 5.5.2.4.3.2 ","Código","Banco","Descrição","Tipo",null,"Und","Quant.","Porcent.","Valor Unit","Total"]
["Composição"," 067005 ","SBC","ELETRODUTO RÍGIDO Ø 1\" EM AÇO GALVANIZADO À FOGO, TIPO PESADO, ROSCA BSP","INSTALACOES ELETRICAS - SINALIZACAO",null,"M",1,null,28.01,28.01]
["Insumo"," 001567 ","SBC","ELETRODUTO GALVANIZADO (PESADO) NBR 5598 25mm 1\"","Material",null,"M",1.05,null,13.68,14.36]
["Insumo"," 099250 ","SBC","ELETRICISTA","Mão de Obra",null,"H",0.38400000000000001,null,21.79,8.36]
["Insumo"," 099806 ","SBC","AJUDANTE DE ELETRICISTA","Mão de Obra",null,"H",0.38400000000000001,null,13.79,5.29]
[{"$nulls":4},"MO sem LS =>",13.649999999999999,"LS =>",0,"MO com LS =>",13.649999999999999]
[{"$nulls":4},"Valor do BDI =>",6.31,null,"Valor com BDI =>",null,34.32]
[{"$nulls":6},"Quant. =>",6,"Preço Total =>",205.92]
[]
[" 5.5.2.4.3.3 ","Código","Banco","Descrição","Tipo",null,"Und","Quant.","Porcent.","Valor Unit","Total"]
["Composição"," 071701 ","AGETOP CIVIL","LUVA PARA ELETRODUTO Ø 3/4\" EM AÇO GALVANIZADO À FOGO, TIPO PESADO, ROSCA BSP",717,null,"Un",1,null,4.97,4.97]
["Insumo"," 3367 ","AGETOP CIVIL","LUVA EM AÇO GALVANIZADO A FOGO DIAMETRO 3/4\"","Material",null,"un",1,null,3.47,3.47]
["Insumo"," 0012 ","AGETOP CIVIL","ELETRICISTA","Mão de Obra",null,"H",0.04,null,22.23,0.88]
["Insumo"," 0008 ","AGETOP CIVIL","AJUDANTE","Mão de Obra",null,"H",0.04,null,15.73,0.62]
[{"$nulls":4},"MO sem LS =>",1.5,"LS =>",0,"MO com LS =>",1.5]
[{"$nulls":4},"Valor do BDI =>",1.1200000000000001,null,"Valor com BDI =>",null,6.09]
[{"$nulls":6},"Quant. =>",27,"Preço Total =>",164.43]
[]
[" 5.5.2.4.3.4 ","Código","Banco","Descrição","Tipo",null,"Und","Quant.","Porcent.","Valor Unit","Total"]
["Composição"," 13364 ","ORSE","LUVA PARA ELETRODUTO Ø 1\" EM AÇO GALVANIZADO À FOGO, TIPO PESADO, ROSCA BSP","Interligações até Quadro Geral - Eletrodutos e Conexões",null,"un",1,null,20.39,20.39]
["Composição Auxiliar"," 10549 ","ORSE","Encargos Complementares - Servente","Provisórios",null,"h",0.13539999999999999,null,3.79,0.51]
["Composição Auxiliar"," 10552 ","ORSE","Encargos Complementares - Eletricista","Provisórios",null,"h",0.13539999999999999,null,3.65,0.49]
["Insumo"," 1420 ","ORSE","Luva ferro galvanizado d=1 \"","Material",null,"un",1,null,14.96,14.96]
["Insumo"," 00002436/SINAPI ","ORSE","Eletricista (horista)","Mão de Obra",null,"h",0.13539999999999999,null,19.13,2.59]
["Insumo"," 00006111/SINAPI ","ORSE","Servente de obras (horista)","Mão de Obra",null,"h",0.13539999999999999,null,13.65,1.84]
[{"$nulls":4},"MO sem LS =>",4.43,"LS =>",0,"MO com LS =>",4.43]
[{"$nulls":4},"Valor do BDI =>",4.59,null,"Valor com BDI =>",null,24.98]
[{"$nulls":6},"Quant. =>",4,"Preço Total =>",99.92]
[]
[" 5.5.2.4.3.5 ","Código","Banco","Descrição","Tipo",null,"Und","Quant.","Porcent.","Valor Unit","Total"]
["Composição"," 071151 ","AGETOP CIVIL","CURVA DE 90º PARA ELETRODUTO Ø 3/4\", EM AÇO GALVANIZADO À FOGO, TIPO PESADO, ROSCA BSP",711,null,"Un",1,null,12.26,12.26]
["Insumo"," 3254 ","AGETOP CIVIL","CURVA DE 90 GRAUS AÇO GALVANIZADO DIAM. 3/4\"","Material",null,"un",1,null,7.34,7.34]
["Insumo"," 0012 ","AGETOP CIVIL","ELETRICISTA","Mão de Obra",null,"H",0.13,null,22.23,2.88]
["Insumo"," 0008 ","AGETOP CIVIL","AJUDANTE","Mão de Obra",null,"H",0.13,null,15.73,2.04]
[{"$nulls":4},"MO sem LS =>",4.92,"LS =>",0,"MO com LS =>",4.92]
[{"$nulls":4},"Valor do BDI =>",2.76,null,"Valor com BDI =>",null,15.02]
[{"$nulls":6},"Quant. =>",9,"Preço Total =>",135.18]
[]
[" 5.5.2.4.3.6 ","Código","Banco","Descrição","Tipo",null,"Und","Quant.","Porcent.","Valor Unit","Total"]
["Composição"," 071152 ","AGETOP CIVIL","CURVA DE 90º PARA ELETRODUTO Ø 1\", EM AÇO GALVANIZADO À FOGO, TIPO PESADO, ROSCA BSP",711,null,"Un",1,null,14.64,14.64]
["Insumo"," 3250 ","AGETOP CIVIL","CURVA DE 90 GRAUS AÇO GALVANIZADO DIAM. 1\"","Material",null,"un",1,null,9.33,9.33]
["Insumo"," 0008 ","AGETOP CIVIL","AJUDANTE","Mão de Obra",null,"H",0.14000000000000001,null,15.73,2.2000000000000002]
["Insumo"," 0012 ","AGETOP CIVIL","ELETRICISTA","Mão de Obra",null,"H",0.14000000000000001,null,22.23,3.11]
[{"$nulls":4},"MO sem LS =>",5.31,"LS =>",0,"MO com LS =>",5.31]
[{"$nulls":4},"Valor do BDI =>",3.3,null,"Valor com BDI =>",null,17.940000000000001]
[{"$nulls":6},"Quant. =>",1,"Preço Total =>",17.940000000000001]
[]
[" 5.5.2.4.4 ",null,null,"CONDULETES E ACESSÓRIOS",{"$nulls":6},703.08]
[" 5.5.2.4.4.1 ","Código","Banco","Descrição","Tipo",null,"Und","Quant.","Porcent.","Valor Unit","Total"]
["Composição"," 061542 ","SBC","CONDULETE TIPO \"\"E\"\" - 3/4\"\"","INSTALACOES ELETRICAS - ELETRODUTOS",null,"UN",1,null,25.74,25.74]
["Insumo"," 047600 ","SBC","CONDULETE ALUMINIO \"E\" 3/4\" COM TAMPA WETZEL","Material",null,"UN",1,null,12.34,12.34]
["Insumo"," 099250 ","SBC","ELETRICISTA","Mão de Obra",null,"H",0.377,null,21.79,8.2100000000000009]
["Insumo"," 099806 ","SBC","AJUDANTE DE ELETRICISTA","Mão de Obra",null,"H",0.377,null,13.79,5.19]
[{"$nulls":4},"MO sem LS =>",13.4,"LS =>",0,"MO com LS =>",13.4]
[{"$nulls":4},"Valor do BDI =>",5.8,null,"Valor com BDI =>",null,31.54]
[{"$nulls":6},"Quant. =>",4,"Preço Total =>",126.16]
[]
[" 5.5.2.4.4.2 ","Código","Banco","Descrição","Tipo",null,"Und","Quant.","Porcent.","Valor Unit","Total"]
["Composição"," 061543 ","SBC","CONDULETE ALUMINIO \"\"LR\"\" - 3/4\"\"","INSTALACOES ELETRICAS - ELETRODUTOS",null,"UN",1,null,27.64,27.64]
["Insumo"," 047601 ","SBC","CONDULETE ALUMINIO \"LR\" 3/4\" COM TAMPA WETZEL","Material",null,"UN",1,null,14.24,14.24]
["Insumo"," 099250 ","SBC","ELETRICISTA","Mão de Obra",null,"H",0.377,null,21.79,8.2100000000000009]
["Insumo"," 099806 ","SBC","AJUDANTE DE ELETRICISTA","Mão de Obra",null,"H",0.377,null,13.79,5.19]
[{"$nulls":4},"MO sem LS =>",13.4,"LS =>",0,"MO com LS =>",13.4]
[{"$nulls":4},"Valor do BDI =>",6.23,null,"Valor com BDI =>",null,33.869999999999997]
[{"$nulls":6},"Quant. =>",3,"Preço Total =>",101.61]
[]
[" 5.5.2.4.4.3 ","Código","Banco","Descrição","Tipo",null,"Und","Quant.","Porcent.","Valor Unit","Total"]
["Composição"," 170902 ","SEDOP","Condulete de aluminio tipo LL 3/4\"","",null,"un",1,null,48.74,48.74]
["Composição Auxiliar"," 280007 ","SEDOP","AUXILIAR DE ELETRICISTA COM ENCARGOS COMPLEMENTARES","",null,"h",0.5,null,33.24,16.62]
["Composição Auxiliar"," 280014 ","SEDOP","ELETRICISTA COM ENCARGOS COMPLEMENTARES","",null,"h",0.5,null,41.87,20.93]
["Insumo"," E00479 ","SEDOP","Condulete de aluminio tipo LL 3/4\"","Material",null,"UN",1,null,11.19,11.19]
[{"$nulls":4},"MO sem LS =>",20.51,"LS =>",0,"MO com LS =>",20.51]
[{"$nulls":4},"Valor do BDI =>",10.99,null,"Valor com BDI =>",null,59.73]
[{"$nulls":6},"Quant. =>",3,"Preço Total =>",179.19]
[]
[" 5.5.2.4.4.4 ","Código","Banco","Descrição","Tipo",null,"Und","Quant.","Porcent.","Valor Unit","Total"]
["Composição"," 170909 ","SEDOP","Condulete de aluminio tipo T 3/4\"","",null,"un",1,null,60.41,60.41]
["Composição Auxiliar"," 280014 ","SEDOP","ELETRICISTA COM ENCARGOS COMPLEMENTARES","",null,"h",0.6,null,41.87,25.12]
["Composição Auxiliar"," 280007 ","SEDOP","AUXILIAR DE ELETRICISTA COM ENCARGOS COMPLEMENTARES","",null,"h",0.6,null,33.24,19.940000000000001]
["Insumo"," E00486 ","SEDOP","Condulete de aluminio tipo T 3/4\"","Material",null,"UN",1,null,15.35,15.35]
[{"$nulls":4},"MO sem LS =>",24.61,"LS =>",0,"MO com LS =>",24.61]
[{"$nulls":4},"Valor do BDI =>",13.62,null,"Valor com BDI =>",null,74.03]
[{"$nulls":6},"Quant. =>",4,"Preço Total =>",296.12]
[]
[" 5.5.2.4.5 ",null,null,"TOMADAS, PEÇAS E ACESSÓRIOS PARA ELETRODUTOS",{"$nulls":6},572.62]
[" 5.5.2.4.5.1 ","Código","Banco","Descrição","Tipo",null,"Und","Quant.","Porcent.","Valor Unit","Total"]
["Composição"," 062871 ","SBC","INTERRUPTOR SIMPLES 10A EM CONDULETE DE ALUMINIO","INSTALACOES ELETRICAS - DUTOS E TOMADAS",null,"UN",1,null,58.42,58.42]
["Insumo"," 003420 ","SBC","FITA ISOLANTE HIGHLAND ADESIVA 19m x 20mm","Material",null,"M",0.15,null,0.98,0.14000000000000001]
["Insumo"," 003423 ","SBC","BUCHA DE ALUMINIO PARA ELETRODUTO 3/4\"","Material",null,"UN",2,null,2.52,5.04]
["Insumo"," 004500 ","SBC","INTERRUPTOR SIMPLES EMBUTIR 10A-250V COM PLACA PIAL","Material",null,"UN",1,null,22.79,22.79]
["Insumo"," 008507 ","SBC","ARRUELA ALUMINIO PARA ELETRODUTO 3/4\"","Material",null,"UN",2,null,0.86,1.72]
["Insumo"," 031150 ","SBC","CONDULETE ALUMINIO \"TB\" 3/4\" COM TAMPA WETZEL","Material",null,"UN",1,null,16.14,16.14]
["Insumo"," 099250 ","SBC","ELETRICISTA","Mão de Obra",null,"H",0.35399999999999998,null,21.79,7.71]
["Insumo"," 099806 ","SBC","AJUDANTE DE ELETRICISTA","Mão de Obra",null,"H",0.35399999999999998,null,13.79,4.88]
[{"$nulls":4},"MO sem LS =>",12.59,"LS =>",0,"MO com LS =>",12.59]
[{"$nulls":4},"Valor do BDI =>",13.17,null,"Valor com BDI =>",null,71.59]
[{"$nulls":6},"Quant. =>",1,"Preço Total =>",71.59]
[]
[" 5.5.2.4.5.2 ","Código","Banco","Descrição","Tipo",null,"Und","Quant.","Porcent.","Valor Unit","Total"]
["Composição"," COMP-0028 ","Próprio","INTERRUPTOR SIMPLES E UMA TOMADA 2P+T COM TAMPA PARA CONDULETE, 20A - 250V, COM PARAFUSOS","ELE",null,"CJ",1,null,21.19,21.19]
["Composição Auxiliar"," MAO-AJD-015 ","SETOP","AJUDANTE DE ELETRICISTA COM ENCARGOS COMPLEMENTARES","",null,"hora",0.4,null,0,0]
["Composição Auxiliar"," MAO-OFC-035 ","SETOP","ELETRICISTA COM ENCARGOS COMPLEMENTARES","",null,"hora",0.4,null,0,0]
["Insumo"," MATED- 12246 ","SETOP","CONJUNTO DE TAMPA COM 1 INTERRUPTOR SIMPLES + 1 TOMADA PARA CONDULETE 3/4\"","Material",null,"cj",1,null,21.19,21.19]
[{"$nulls":4},"MO sem LS =>",0,"LS =>",0,"MO com LS =>",0]
[{"$nulls":4},"Valor do BDI =>",4.78,null,"Valor com BDI =>",null,25.97]
[{"$nulls":6},"Quant. =>",1,"Preço Total =>",25.97]
[]
[" 5.5.2.4.5.3 ","Código","Banco","Descrição","Tipo",null,"Und","Quant.","Porcent.","Valor Unit","Total"]
["Composição"," 063452 ","SBC","CAIXA COM TOMADA 10A PARA PERFILADO 38x38mm","INSTALACOES ELETRICAS - LEITOS E CABOS",null,"UN",1,null,15.58,15.58]
["Insumo"," 040490 ","SBC","PERFILADO - CAIXA DE PVC COM TOMADA 10A PARA PERFILADO 38x38mm","Material",null,"UN",1,null,6.13,6.13]
["Insumo"," 099250 ","SBC","ELETRICISTA","Mão de Obra",null,"H",0.26600000000000001,null,21.79,5.79]
["Insumo"," 099806 ","SBC","AJUDANTE DE ELETRICISTA","Mão de Obra",null,"H",0.26600000000000001,null,13.79,3.66]
[{"$nulls":4},"MO sem LS =>",9.4499999999999993,"LS =>",0,"MO com LS =>",9.4499999999999993]
[{"$nulls":4},"Valor do BDI =>",3.51,null,"Valor com BDI =>",null,19.09]
[{"$nulls":6},"Quant. =>",2,"Preço Total =>",38.18]
[]
[" 5.5.2.4.5.4 ","Código","Banco","Descrição","Tipo",null,"Und","Quant.","Porcent.","Valor Unit","Total"]
["Composição"," 1201002035 ","AGESUL","TOMADA SIMPLES (1 MODULO) 2P+T 10 A, INCLUSO CONDULETE 3/4\", COM PLACA E SUPORTE - FORNECIMENTO E INSTALACAO","INSTALACOES ELETRICAS",null,"UN",1,null,69.87,69.87]
["Insumo"," 1223 ","AGESUL","BUCHA DE NYLON SEM ABA S6, COM PARAFUSO DE 4,20 X 40 MM EM ACO ZINCADO COM ROSCA SOBERBA, CABECA CHATA E FENDA PHILLIPS - SINAPI - 00011950","Material",null,"UN",2,null,0.14000000000000001,0.28000000000000003]
["Insumo"," 1808 ","AGESUL","TOMADA BAIXA DE EMBUTIR (1 MODULO), 2P+T 10 A, INCLUINDO SUPORTE E PLACA - FORNECIMENTO E INSTALACAO. AF_03/2023 - SINAPI - 92000","Material",null,"UN",1,null,28.47,28.47]
["Insumo"," 3460 ","AGESUL","CONDULETE DE ALUMINIO TIPO X, PARA ELETRODUTO ROSCAVEL DE 3/4\", COM TAMPA CEGA - SINAPI - 00002580","Material",null,"UN",1,null,14.83,14.83]
["Insumo"," 4004 ","AGESUL","ELETRICISTA COM ENCARGOS COMPLEMENTARES - SINAPI - 88264","Material",null," H",0.5847,null,26.38,15.42]
["Insumo"," 4051 ","AGESUL","AUXILIAR DE ELETRICISTA COM ENCARGOS COMPLEMENTARES - SINAPI - 88247","Material",null," H",0.49669999999999997,null,21.9,10.87]
[{"$nulls":4},"MO sem LS =>",0,"LS =>",0,"MO com LS =>",0]
[{"$nulls":4},"Valor do BDI =>",15.76,null,"Valor com BDI =>",null,85.63]
[{"$nulls":6},"Quant. =>",3,"Preço Total =>",256.89]
[]
[" 5.5.2.4.5.5 ","Código","Banco","Descrição","Tipo",null,"Und","Quant.","Porcent.","Valor Unit","Total"]
["Composição"," 098294 ","SIURB","PLUG PARA TOMADA UNIVERSAL + TERRA SUPORTE PARA PERFILADO","Edificações",null,"UN",1,null,28.03,28.03]
["Composição Auxiliar"," 88264 ","SINAPI","ELETRICISTA COM ENCARGOS COMPLEMENTARES","SEDI - SERVIÇOS DIVERSOS",null,"H",0.3,null,32.69,9.8000000000000007]
["Composição Auxiliar"," 88247 ","SINAPI","AUXILIAR DE ELETRICISTA COM ENCARGOS COMPLEMENTARES","SEDI - SERVIÇOS DIVERSOS",null,"H",0.3,null,24.39,7.31]
["Insumo"," 55274 ","SIURB","PLUG PARA TOMADA 2P+T - 20A - 250V","Material",null,"Un",1,null,10.92,10.92]
[{"$nulls":4},"MO sem LS =>",11.85,"LS =>",0,"MO com LS =>",11.85]
[{"$nulls":4},"Valor do BDI =>",6.32,null,"Valor com BDI =>",null,34.35]
[{"$nulls":6},"Quant. =>",2,"Preço Total =>",68.7]
[]
[" 5.5.2.4.5.6 ","Código","Banco","Descrição","Tipo",null,"Und","Quant.","Porcent.","Valor Unit","Total"]
["Composição"," C2489 ","SEINFRA","TOMADA TRIFÁSICA, CONECTORES DE SOBREPOR, 32 A, ENCAPSULAMENTO PLÁSTICO, IP44 (RESISTENTE A RESPINGOS D'ÁGUA)","TOMADAS / INTERRUPTORES / ESPELHOS",null,"UN",1,null,90.81,90.81]
["Composição Auxiliar"," 88247 ","SINAPI","AUXILIAR DE ELETRICISTA COM ENCARGOS COMPLEMENTARES","SEDI - SERVIÇOS DIVERSOS",null,"H",0.8,null,24.39,19.510000000000002]
["Composição Auxiliar"," 88264 ","SINAPI","ELETRICISTA COM ENCARGOS COMPLEMENTARES","SEDI - SERVIÇOS DIVERSOS",null,"H",0.8,null,32.69,26.15]
["Insumo"," I2115 ","SEINFRA","TOMADA TRIPOLAR ( 3P+T ) - 32A / 380V","Material",null,"UN",1,null,45.15,45.15]
[{"$nulls":4},"MO sem LS =>",31.6,"LS =>",0,"MO com LS =>",31.6]
[{"$nulls":4},"Valor do BDI =>",20.48,null,"Valor com BDI =>",null,111.29]
[{"$nulls":6},"Quant. =>",1,"Preço Total =>",111.29]
[]
[" 5.5.2.4.6 ",null,null,"PERFILADO E DERIVAÇÕES",{"$nulls":6},198.54]
[" 5.5.2.4.6.1 ","Código","Banco","Descrição","Tipo",null,"Und","Quant.","Porcent.","Valor Unit","Total"]
["Composição"," 078028 ","SBC","PERFILADO 38X38","ATERRAMENTO",null,"M",1,null,17.14,17.14]
["Insumo"," 001279 ","SBC","PERFILADO PERFURADO 38x38x6000mm CHAPA 22","Material",null,"M",1.05,null,8.81,9.25]
["Insumo"," 099250 ","SBC","ELETRICISTA","Mão de Obra",null,"H",0.222,null,21.79,4.83]
["Insumo"," 099806 ","SBC","AJUDANTE DE ELETRICISTA","Mão de Obra",null,"H",0.222,null,13.79,3.06]
[{"$nulls":4},"MO sem LS =>",7.89,"LS =>",0,"MO com LS =>",7.89]
[{"$nulls":4},"Valor do BDI =>",3.86,null,"Valor com BDI =>",null,21]
[{"$nulls":6},"Quant. =>",6,"Preço Total =>",126]
[]
[" 5.5.2.4.6.2 ","Código","Banco","Descrição","Tipo",null,"Und","Quant.","Porcent.","Valor Unit","Total"]
["Composição"," 062572 ","SBC","SAIDA LATERAL SIMPLES PARA ELETRODUTO 3/4\"\"","INSTALACOES ELETRICAS - DUTOS E TOMADAS",null,"UN",1,null,10.38,10.38]
["Insumo"," 034534 ","SBC","ELETROCALHA - SAIDA LATERAL SIMPLES PRE GALVANIZADA PARA ELETRODUTO 3/4\"","Material",null,"UN",1,null,2.25,2.25]
["Insumo"," 099250 ","SBC","ELETRICISTA","Mão de Obra",null,"H",0.22900000000000001,null,21.79,4.9800000000000004]
["Insumo"," 099806 ","SBC","AJUDANTE DE ELETRICISTA","Mão de Obra",null,"H",0.22900000000000001,null,13.79,3.15]
[{"$nulls":4},"MO sem LS =>",8.1300000000000008,"LS =>",0,"MO com LS =>",8.1300000000000008]
[{"$nulls":4},"Valor do BDI =>",2.34,null,"Valor com BDI =>",null,12.72]
[{"$nulls":6},"Quant. =>",3,"Preço Total =>",38.159999999999997]
[]
[" 5.5.2.4.6.3 ","Código","Banco","Descrição","Tipo",null,"Und","Quant.","Porcent.","Valor Unit","Total"]
["Composição"," 12578 ","ORSE","Saída para perfilado 38x38mm (mopa ou similar)","Pontos de Suprimento de Energia para Computador",null,"un",1,null,14.03,14.03]
["Composição Auxiliar"," 10549 ","ORSE","Encargos Complementares - Servente","Provisórios",null,"h",0.2,null,3.79,0.75]
["Composição Auxiliar"," 10552 ","ORSE","Encargos Complementares - Eletricista","Provisórios",null,"h",0.2,null,3.65,0.73]
["Insumo"," 13378 ","ORSE","Saída para perfilado 38x38mm (ref. mopa ou similar)","Material",null,"un",1,null,6,6]
["Insumo"," 00002436/SINAPI ","ORSE","Eletricista (horista)","Mão de Obra",null,"h",0.2,null,19.13,3.82]
["Insumo"," 00006111/SINAPI ","ORSE","Servente de obras (horista)","Mão de Obra",null,"h",0.2,null,13.65,2.73]
[{"$nulls":4},"MO sem LS =>",6.55,"LS =>",0,"MO com LS =>",6.55]
[{"$nulls":4},"Valor do BDI =>",3.16,null,"Valor com BDI =>",null,17.190000000000001]
[{"$nulls":6},"Quant. =>",2,"Preço Total =>",34.380000000000003]
[]
[" 5.5.2.4.7 ",null,null,"ACESSÓRIOS DE FIXAÇÃO",{"$nulls":6},690.16]
[" 5.5.2.4.7.1 ","Código","Banco","Descrição","Tipo",null,"Und","Quant.","Porcent.","Valor Unit","Total"]
["Composição"," 8441 ","ORSE","Abraçadeira metálica tipo \"D\" de 3/4\"","Tubos e Conexões de PVC Rígido Soldável",null,"un",1,null,5.49,5.49]
["Composição Auxiliar"," 10549 ","ORSE","Encargos Complementares - Servente","Provisórios",null,"h",0.1,null,3.79,0.37]
["Composição Auxiliar"," 10554 ","ORSE","Encargos Complementares - Encanador","Provisórios",null,"h",0.1,null,3.72,0.37]
["Insumo"," 00000400/SINAPI ","ORSE","Abracadeira em aco para amarracao de eletrodutos, tipo d, com 3/4\" e parafusode fixacao","Material",null,"un",1,null,1.48,1.48]
["Insumo"," 00002696/SINAPI ","ORSE","Encanador ou bombeiro hidraulico (horista)","Mão de Obra",null,"h",0.1,null,19.11,1.91]
["Insumo"," 00006111/SINAPI ","ORSE","Servente de obras (horista)","Mão de Obra",null,"h",0.1,null,13.65,1.36]
[{"$nulls":4},"MO sem LS =>",3.27,"LS =>",0,"MO com LS =>",3.27]
[{"$nulls":4},"Valor do BDI =>",1.23,null,"Valor com BDI =>",null,6.72]
[{"$nulls":6},"Quant. =>",18,"Preço Total =>",120.96]
[]
[" 5.5.2.4.7.2 ","Código","Banco","Descrição","Tipo",null,"Und","Quant.","Porcent.","Valor Unit","Total"]
["Composição"," 12140 ","ORSE","Abraçadeira metálica tipo \"D\" de 1\"","Tubos e Conexões de PVC Rígido Soldável",null,"un",1,null,5.71,5.71]
["Composição Auxiliar"," 10549 ","ORSE","Encargos Complementares - Servente","Provisórios",null,"h",0.1,null,3.79,0.37]
["Composição Auxiliar"," 10554 ","ORSE","Encargos Complementares - Encanador","Provisórios",null,"h",0.1,null,3.72,0.37]
["Insumo"," 7143 ","ORSE","Abraçadeira metálica tipo \"d\" de 1\"","Material",null,"un",1,null,1.7,1.7]
["Insumo"," 00002696/SINAPI ","ORSE","Encanador ou bombeiro hidraulico (horista)","Mão de Obra",null,"h",0.1,null,19.11,1.91]
["Insumo"," 00006111/SINAPI ","ORSE","Servente de obras (horista)","Mão de Obra",null,"h",0.1,null,13.65,1.36]
[{"$nulls":4},"MO sem LS =>",3.27,"LS =>",0,"MO com LS =>",3.27]
[{"$nulls":4},"Valor do BDI =>",1.28,null,"Valor com BDI =>",null,6.99]
[{"$nulls":6},"Quant. =>",4,"Preço Total =>",27.96]
[]
[" 5.5.2.4.7.3 ","Código","Banco","Descrição","Tipo",null,"Und","Quant.","Porcent.","Valor Unit","Total"]
["Composição"," 9526 ","ORSE","Gancho curto para perfilado, ( ref.: Mopa ou similar)","Pontos de Suprimento de Energia para Computador",null,"un",1,null,10.34,10.34]
["Composição Auxiliar"," 10549 ","ORSE","Encargos Complementares - Servente","Provisórios",null,"h",0.2,null,3.79,0.75]
["Composição Auxiliar"," 10552 ","ORSE","Encargos Complementares - Eletricista","Provisórios",null,"h",0.2,null,3.65,0.73]
["Insumo"," 3625 ","ORSE","Gancho curto para perfilado, ref. Mopa ou similar","Material",null,"un",1,null,2.31,2.31]
["Insumo"," 00002436/SINAPI ","ORSE","Eletricista (horista)","Mão de Obra",null,"h",0.2,null,19.13,3.82]
["Insumo"," 00006111/SINAPI ","ORSE","Servente de obras (horista)","Mão de Obra",null,"h",0.2,null,13.65,2.73]
[{"$nulls":4},"MO sem LS =>",6.55,"LS =>",0,"MO com LS =>",6.55]
[{"$nulls":4},"Valor do BDI =>",2.33,null,"Valor com BDI =>",null,12.67]
[{"$nulls":6},"Quant. =>",4,"Preço Total =>",50.68]
[]
[" 5.5.2.4.7.4 ","Código","Banco","Descrição","Tipo",null,"Und","Quant.","Porcent.","Valor Unit","Total"]
["Composição"," 078390 ","SBC","CHUMBADOR TIPO \"CB\" EM AÇO GALV. COM ARRUELA E PARAFUSO, ROSCA INTERNA Ø3/8\"","ATERRAMENTO",null,"UN",1,null,9.15,9.15]
["Insumo"," 002375 ","SBC","CHUMBADOR CB 3/8\"x2.1/2\"+ PARAFUSO","Material",null,"UN",1,null,2.58,2.58]
["Insumo"," 021909 ","SBC","ALUGUEL MENSAL FURADEIRA 5/8\" BOSCH 1174","Material",null,"MES",0.1,null,15,1.5]
["Insumo"," 099250 ","SBC","ELETRICISTA","Mão de Obra",null,"H",0.17699999999999999,null,21.79,3.85]
["Insumo"," 099806 ","SBC","AJUDANTE DE ELETRICISTA","Mão de Obra",null,"H",8.8999999999999996E-2,null,13.79,1.22]
[{"$nulls":4},"MO sem LS =>",5.07,"LS =>",0,"MO com LS =>",5.07]
[{"$nulls":4},"Valor do BDI =>",2.06,null,"Valor com BDI =>",null,11.21]
[{"$nulls":6},"Quant. =>",24,"Preço Total =>",269.04000000000002]
[]
[" 5.5.2.4.7.5 ","Código","Banco","Descrição","Tipo",null,"Und","Quant.","Porcent.","Valor Unit","Total"]
["Composição"," 071981 ","AGETOP CIVIL","PORCA SEXTAVADA 1/4\"",719,null,"Un",1,null,0.38,0.38]
["Insumo"," 3816 ","AGETOP CIVIL","PORCA SEXTAVADA D = 1/4\"","Material",null,"un",1,null,0.14000000000000001,0.14000000000000001]
["Insumo"," 0008 ","AGETOP CIVIL","AJUDANTE","Mão de Obra",null,"H",6.6E-3,null,15.73,0.1]
["Insumo"," 0012 ","AGETOP CIVIL","ELETRICISTA","Mão de Obra",null,"H",6.6E-3,null,22.23,0.14000000000000001]
[{"$nulls":4},"MO sem LS =>",0.24,"LS =>",0,"MO com LS =>",0.24]
[{"$nulls":4},"Valor do BDI =>",0.08,null,"Valor com BDI =>",null,0.46]
[{"$nulls":6},"Quant. =>",176,"Preço Total =>",80.959999999999994]
[]
[" 5.5.2.4.7.6 ","Código","Banco","Descrição","Tipo",null,"Und","Quant.","Porcent.","Valor Unit","Total"]
["Composição"," 070251 ","AGETOP CIVIL","ARRUELA LISA DE AÇO GALVANIZADA DE Ø 1/4\"",702,null,"Un",1,null,0.1,0.1]
["Insumo"," 3813 ","AGETOP CIVIL","ARRUELA LISA D=1/4\"","Material",null,"un",1,null,0.1,0.1]
[{"$nulls":4},"MO sem LS =>",0,"LS =>",0,"MO com LS =>",0]
[{"$nulls":4},"Valor do BDI =>",0.02,null,"Valor com BDI =>",null,0.12]
[{"$nulls":6},"Quant. =>",88,"Preço Total =>",10.56]
[]
[" 5.5.2.4.7.7 ","Código","Banco","Descrição","Tipo",null,"Und","Quant.","Porcent.","Valor Unit","Total"]
["Insumo"," 13603 ","EMOP","REBITE POP, DE (1/8\"X3/8\"), REF.440, REF AL OU SIMILAR","Material",null,"UN",1,null,0.06,0.06]
[{"$nulls":4},"MO sem LS =>",0,"LS =>",0,"MO com LS =>",0]
[{"$nulls":4},"Valor do BDI =>",0,null,"Valor com BDI =>",null,0.05]
[{"$nulls":6},"Quant. =>",8,"Preço Total =>",0.4]
[]
[" 5.5.2.4.7.8 ","Código","Banco","Descrição","Tipo",null,"Und","Quant.","Porcent.","Valor Unit","Total"]
["Insumo"," 5014 ","ORSE","Parafuso c/ porca e arruela 3/8\"","Material",null,"un",1,null,2.85,2.85]
[{"$nulls":4},"MO sem LS =>",0,"LS =>",0,"MO com LS =>",0]
[{"$nulls":4},"Valor do BDI =>",0.39,null,"Valor com BDI =>",null,3.24]
[{"$nulls":6},"Quant. =>",40,"Preço Total =>",129.6]
[]
[" 5.5.2.5 ",null,null,"SPDA E ATERRAMENTO",{"$nulls":6},19243.66]
[" 5.5.2.5.1 ",null,null,"CABOS",{"$nulls":6},11640.65]
[" 5.5.2.5.1.1 ","Código","Banco","Descrição","Tipo",null,"Und","Quant.","Porcent.","Valor Unit","Total"]
["Composição"," 070544 ","AGETOP CIVIL","CABO DE COBRE NÚ 50mm² MEIO-DURO COM 7 FIOS, ENCORDOAMENTO 2A, MASSA ≅ 449Kg/Km - FORNECIMENTO E INSTALAÇÃO",705,null,"M",1,null,45.24,45.24]
["Insumo"," 3778 ","AGETOP CIVIL","CABO DE COBRE NU 50 MM2","Material",null,"m",1.02,null,38.04,38.799999999999997]
["Insumo"," 0008 ","AGETOP CIVIL","AJUDANTE","Mão de Obra",null,"H",0.17,null,15.73,2.67]
["Insumo"," 0012 ","AGETOP CIVIL","ELETRICISTA","Mão de Obra",null,"H",0.17,null,22.23,3.77]
[{"$nulls":4},"MO sem LS =>",6.44,"LS =>",0,"MO com LS =>",6.44]
[{"$nulls":4},"Valor do BDI =>",10.199999999999999,null,"Valor com BDI =>",null,55.44]
[{"$nulls":6},"Quant. =>",180,"Preço Total =>",9979.2000000000007]
[]
[" 5.5.2.5.1.2 ","Código","Banco","Descrição","Tipo",null,"Und","Quant.","Porcent.","Valor Unit","Total"]
["Composição"," 070543 ","AGETOP CIVIL","CABO DE COBRE NÚ 35mm² MEIO-DURO COM 7 FIOS, ENCORDOAMENTO 2A, MASSA ≅ 312Kg/Km - FORNECIMENTO E INSTALAÇÃO",705,null,"M",1,null,38.74,38.74]
["Insumo"," 3775 ","AGETOP CIVIL","CABO DE COBRE NU 35 MM2","Material",null,"m",1.02,null,32.04,32.68]
["Insumo"," 0008 ","AGETOP CIVIL","AJUDANTE","Mão de Obra",null,"H",0.16,null,15.73,2.5099999999999998]
["Insumo"," 0012 ","AGETOP CIVIL","ELETRICISTA","Mão de Obra",null,"H",0.16,null,22.23,3.55]
[{"$nulls":4},"MO sem LS =>",6.06,"LS =>",0,"MO com LS =>",6.06]
[{"$nulls":4},"Valor do BDI =>",8.73,null,"Valor com BDI =>",null,47.47]
[{"$nulls":6},"Quant. =>",35,"Preço Total =>",1661.45]
[]
[" 5.5.2.5.2 ",null,null,"CONEXÕES DOS CABOS",{"$nulls":6},249.95]
[" 5.5.2.5.2.1 ","Código","Banco","Descrição","Tipo",null,"Und","Quant.","Porcent.","Valor Unit","Total"]
["Composição"," 42.20.160 ","CPOS/CDHU","Solda exotérmica conexão cabo-cabo horizontal em T, bitola do cabo de 50-50mm² a 95-50mm²","42.20.",null,"UN",1,null,46.53,46.53]
["Composição Auxiliar"," 88264 ","SINAPI","ELETRICISTA COM ENCARGOS COMPLEMENTARES","SEDI - SERVIÇOS DIVERSOS",null,"H",0.5,null,32.69,16.34]
["Composição Auxiliar"," 88247 ","SINAPI","AUXILIAR DE ELETRICISTA COM ENCARGOS COMPLEMENTARES","SEDI - SERVIÇOS DIVERSOS",null,"H",0.5,null,24.39,12.19]
["Insumo"," P.19.000.048088 ","CPOS/CDHU","Molde para solda exotérmica conexão cabo-cabo horizontal em T, bitola do cabo de 50-50mm² a 95-50mm²; referência UTA da Unisolda ou equivalente","Material",null,"UN",1.2500000000000001E-2,null,109.8,1.37]
["Insumo"," P.19.000.048072 ","CPOS/CDHU","Kit solda com cartucho para solda exotérmica nº 65 a 115","Material",null,"UN",1,null,15.96,15.96]
["Insumo"," P.19.000.048075 ","CPOS/CDHU","Alicate para solda exotérmica; referência U-S84 da Unisolda ou equivalente","Material",null,"UN",0.01,null,67.709999999999994,0.67]
[{"$nulls":4},"MO sem LS =>",19.75,"LS =>",0,"MO com LS =>",19.75]
[{"$nulls":4},"Valor do BDI =>",10.49,null,"Valor com BDI =>",null,57.02]
[{"$nulls":6},"Quant. =>",2,"Preço Total =>",114.04]
[]
[" 5.5.2.5.2.2 ","Código","Banco","Descrição","Tipo",null,"Und","Quant.","Porcent.","Valor Unit","Total"]
["Composição"," 42.20.120 ","CPOS/CDHU","Solda exotérmica conexão cabo-cabo horizontal em X sobreposto, bitola do cabo de 35-35mm² a 50-35mm²","42.20.",null,"UN",1,null,46.86,46.86]
["Composição Auxiliar"," 88264 ","SINAPI","ELETRICISTA COM ENCARGOS COMPLEMENTARES","SEDI - SERVIÇOS DIVERSOS",null,"H",0.5,null,32.69,16.34]
["Composição Auxiliar"," 88247 ","SINAPI","AUXILIAR DE ELETRICISTA COM ENCARGOS COMPLEMENTARES","SEDI - SERVIÇOS DIVERSOS",null,"H",0.5,null,24.39,12.19]
["Insumo"," P.19.000.048084 ","CPOS/CDHU","Molde para solda exotérmica conexão cabo-cabo horizontal em X sobreposto, bitola do cabo de 35-35mm² a 50-35mm²; referência UXB da Unisolda ou equivalente","Material",null,"UN",1.2500000000000001E-2,null,136.44999999999999,1.7]
["Insumo"," P.19.000.048072 ","CPOS/CDHU","Kit solda com cartucho para solda exotérmica nº 65 a 115","Material",null,"UN",1,null,15.96,15.96]
["Insumo"," P.19.000.048075 ","CPOS/CDHU","Alicate para solda exotérmica; referência U-S84 da Unisolda ou equivalente","Material",null,"UN",0.01,null,67.709999999999994,0.67]
[{"$nulls":4},"MO sem LS =>",19.75,"LS =>",0,"MO com LS =>",19.75]
[{"$nulls":4},"Valor do BDI =>",10.57,null,"Valor com BDI =>",null,57.43]
[{"$nulls":6},"Quant. =>",1,"Preço Total =>",57.43]
[]
[" 5.5.2.5.2.3 ","Código","Banco","Descrição","Tipo",null,"Und","Quant.","Porcent.","Valor Unit","Total"]
["Composição"," 42.20.220 ","CPOS/CDHU","Solda exotérmica conexão cabo-haste em T, bitola do cabo de 50mm² a 95mm² para haste de 5/8\" e 3/4\"","42.20.",null,"UN",1,null,64.040000000000006,64.040000000000006]
["Composição Auxiliar"," 88264 ","SINAPI","ELETRICISTA COM ENCARGOS COMPLEMENTARES","SEDI - SERVIÇOS DIVERSOS",null,"H",0.5,null,32.69,16.34]
["Composição Auxiliar"," 88247 ","SINAPI","AUXILIAR DE ELETRICISTA COM ENCARGOS COMPLEMENTARES","SEDI - SERVIÇOS DIVERSOS",null,"H",0.5,null,24.39,12.19]
["Insumo"," P.19.000.048094 ","CPOS/CDHU","Molde para solda exotérmica conexão cabo-haste em T, bitola do cabo de 50mm² a 95mm² para haste de 5/8 e 3/4; referência UGTA da Unisolda ou equivalente","Material",null,"UN",1.2500000000000001E-2,null,168.41,2.1]
["Insumo"," P.19.000.048073 ","CPOS/CDHU","Kit solda com cartucho para solda exotérmica nº 150 a 250","Material",null,"UN",1,null,32.74,32.74]
["Insumo"," P.19.000.048075 ","CPOS/CDHU","Alicate para solda exotérmica; referência U-S84 da Unisolda ou equivalente","Material",null,"UN",0.01,null,67.709999999999994,0.67]
[{"$nulls":4},"MO sem LS =>",19.75,"LS =>",0,"MO com LS =>",19.75]
[{"$nulls":4},"Valor do BDI =>",14.44,null,"Valor com BDI =>",null,78.48]
[{"$nulls":6},"Quant. =>",1,"Preço Total =>",78.48]
[]
[" 5.5.2.5.3 ",null,null,"POÇO DE INSPEÇÃO E HASTE DE ATERRAMENTO",{"$nulls":6},1248.48]
[" 5.5.2.5.3.1 ","Código","Banco","Descrição","Tipo",null,"Und","Quant.","Porcent.","Valor Unit","Total"]
["Composição"," 98111 ","SINAPI","CAIXA INSPEÇÃO ATERRAMENTO EM PVC DN300 L=300mm COM TAMPA EM FERRO FUNDIDO","INHI - INSTALAÇÕES HIDROS SANITÁRIAS",null,"UN",1,null,43.34,43.34]
["Composição Auxiliar"," 101618 ","SINAPI","PREPARO DE FUNDO DE VALA COM LARGURA MENOR QUE 1,5 M, COM CAMADA DE AREIA, LANÇAMENTO MANUAL. AF_08/2020","MOVT - MOVIMENTO DE TERRA",null,"m³",1.41E-2,null,262.94,3.7]
["Composição Auxiliar"," 88309 ","SINAPI","PEDREIRO COM ENCARGOS COMPLEMENTARES","SEDI - SERVIÇOS DIVERSOS",null,"H",0.1384,null,32.270000000000003,4.46]
["Composição Auxiliar"," 88316 ","SINAPI","SERVENTE COM ENCARGOS COMPLEMENTARES","SEDI - SERVIÇOS DIVERSOS",null,"H",0.10879999999999999,null,23.23,2.52]
["Insumo"," 00034643 ","SINAPI","CAIXA DE INSPECAO PARA ATERRAMENTO E PARA RAIOS, EM POLIPROPILENO,  DIAMETRO = 300 MM X ALTURA = 400 MM","Material",null,"UN",1,null,32.659999999999997,32.659999999999997]
[{"$nulls":4},"MO sem LS =>",6.17,"LS =>",0,"MO com LS =>",6.17]
[{"$nulls":4},"Valor do BDI =>",9.77,null,"Valor com BDI =>",null,53.11]
[{"$nulls":6},"Quant. =>",6,"Preço Total =>",318.66000000000003]
[]
[" 5.5.2.5.3.2 ","Código","Banco","Descrição","Tipo",null,"Und","Quant.","Porcent.","Valor Unit","Total"]
["Composição"," 059230 ","SBC","HASTE DE ATERRAMENTO TIPO COPPERWELD, ALTA CAMADA, 5/8\"X2,40M","INSTALACOES DE TELEFONE-LOGICA-CFTV-CATV",null,"UN",1,null,126.45,126.45]
["Insumo"," 045201 ","SBC","HASTE ATERRAMENTO COBREADA 5/8\" x 2,40m MAGNET","Material",null,"UN",1,null,59.64,59.64]
["Insumo"," 099250 ","SBC","ELETRICISTA","Mão de Obra",null,"H",1.696,null,21.79,36.950000000000003]
["Insumo"," 099806 ","SBC","AJUDANTE DE ELETRICISTA","Mão de Obra",null,"H",2.1659999999999999,null,13.79,29.86]
[{"$nulls":4},"MO sem LS =>",66.81,"LS =>",0,"MO com LS =>",66.81]
[{"$nulls":4},"Valor do BDI =>",28.52,null,"Valor com BDI =>",null,154.97]
[{"$nulls":6},"Quant. =>",6,"Preço Total =>",929.82]
[]
[" 5.5.2.5.4 ",null,null,"CAPTORES E ACESSÓRIOS DE FIXAÇÃO",{"$nulls":6},6104.58]
[" 5.5.2.5.4.1 ","Código","Banco","Descrição","Tipo",null,"Und","Quant.","Porcent.","Valor Unit","Total"]
["Composição"," 104752 ","SINAPI","CONECTOR SPLIT-BOLT, PARA SPDA, PARA CABOS ATÉ 35 MM2 - FORNECIMENTO E INSTALAÇÃO. AF_08/2023","INEL - INSTALAÇÃO ELÉTRICA/ELETRIFICAÇÃO E ILUMINAÇÃO EXTERNA",null,"UN",1,null,20.190000000000001,20.190000000000001]
["Composição Auxiliar"," 88247 ","SINAPI","AUXILIAR DE ELETRICISTA COM ENCARGOS COMPLEMENTARES","SEDI - SERVIÇOS DIVERSOS",null,"H",0.18629999999999999,null,24.39,4.54]
["Composição Auxiliar"," 88264 ","SINAPI","ELETRICISTA COM ENCARGOS COMPLEMENTARES","SEDI - SERVIÇOS DIVERSOS",null,"H",0.18629999999999999,null,32.69,6.09]
["Insumo"," 00011854 ","SINAPI","CONECTOR METALICO TIPO PARAFUSO FENDIDO (SPLIT BOLT), PARA CABOS ATE 35 MM2","Material",null,"UN",1,null,9.56,9.56]
[{"$nulls":4},"MO sem LS =>",7.35,"LS =>",0,"MO com LS =>",7.35]
[{"$nulls":4},"Valor do BDI =>",4.55,null,"Valor com BDI =>",null,24.74]
[{"$nulls":6},"Quant. =>",8,"Preço Total =>",197.92]
[]
[" 5.5.2.5.4.2 ","Código","Banco","Descrição","Tipo",null,"Und","Quant.","Porcent.","Valor Unit","Total"]
["Composição"," 104753 ","SINAPI","CONECTOR SPLIT-BOLT, PARA SPDA, PARA CABOS ATÉ 50 MM2 - FORNECIMENTO E INSTALAÇÃO. AF_08/2023","INEL - INSTALAÇÃO ELÉTRICA/ELETRIFICAÇÃO E ILUMINAÇÃO EXTERNA",null,"UN",1,null,24.04,24.04]
["Composição Auxiliar"," 88247 ","SINAPI","AUXILIAR DE ELETRICISTA COM ENCARGOS COMPLEMENTARES","SEDI - SERVIÇOS DIVERSOS",null,"H",0.18629999999999999,null,24.39,4.54]
["Composição Auxiliar"," 88264 ","SINAPI","ELETRICISTA COM ENCARGOS COMPLEMENTARES","SEDI - SERVIÇOS DIVERSOS",null,"H",0.18629999999999999,null,32.69,6.09]
["Insumo"," 00011862 ","SINAPI","CONECTOR METALICO TIPO PARAFUSO FENDIDO (SPLIT BOLT), PARA CABOS ATE 50 MM2","Material",null,"UN",1,null,13.41,13.41]
[{"$nulls":4},"MO sem LS =>",7.35,"LS =>",0,"MO com LS =>",7.35]
[{"$nulls":4},"Valor do BDI =>",5.42,null,"Valor com BDI =>",null,29.46]
[{"$nulls":6},"Quant. =>",8,"Preço Total =>",235.68]
[]
[" 5.5.2.5.4.3 ","Código","Banco","Descrição","Tipo",null,"Und","Quant.","Porcent.","Valor Unit","Total"]
["Composição"," 061302 ","SBC","TERMINAL DE COMPRESSAO PARA CABO 50mm2","INSTALACOES ELETRICAS - ELETRODUTOS",null,"UN",1,null,25.35,25.35]
["Insumo"," 001931 ","SBC","TERMINAL COMPRESSAO PARA CABO 50mm2","Material",null,"UN",1,null,5.86,5.86]
["Insumo"," 099250 ","SBC","ELETRICISTA","Mão de Obra",null,"H",0.54800000000000004,null,21.79,11.94]
["Insumo"," 099806 ","SBC","AJUDANTE DE ELETRICISTA","Mão de Obra",null,"H",0.54800000000000004,null,13.79,7.55]
[{"$nulls":4},"MO sem LS =>",19.489999999999998,"LS =>",0,"MO com LS =>",19.489999999999998]
[{"$nulls":4},"Valor do BDI =>",5.71,null,"Valor com BDI =>",null,31.06]
[{"$nulls":6},"Quant. =>",7,"Preço Total =>",217.42]
[]
[" 5.5.2.5.4.4 ","Código","Banco","Descrição","Tipo",null,"Und","Quant.","Porcent.","Valor Unit","Total"]
["Composição"," 11.92.19 ","SUDECAP","TERMINAL DE 1 COMPRESSAO 1 FURO 35 MM2","PROTECAO EXTERNA - CONTRA DESCARGA ATMOSFERICA",null,"UN",1,null,6.66,6.66]
["Insumo"," 55.10.10 ","SUDECAP","AUXILIAR BOMBEIRO/ELETRICISTA","Mão de Obra",null,"H",0.08,null,17.73,1.41]
["Insumo"," 55.10.55 ","SUDECAP","ELETRICISTA","Mão de Obra",null,"H",0.08,null,23.5,1.88]
["Insumo"," 74.51.18 ","SUDECAP","TERMINAL DE COMPRESSAO 1 FURO 35mm² REF 1577","Material",null,"UN",1,null,3.37,3.37]
[{"$nulls":4},"MO sem LS =>",3.29,"LS =>",0,"MO com LS =>",3.29]
[{"$nulls":4},"Valor do BDI =>",1.5,null,"Valor com BDI =>",null,8.16]
[{"$nulls":6},"Quant. =>",25,"Preço Total =>",204]
[]
[" 5.5.2.5.4.5 ","Código","Banco","Descrição","Tipo",null,"Und","Quant.","Porcent.","Valor Unit","Total"]
["Insumo"," 5014 ","ORSE","Parafuso c/ porca e arruela 3/8\"","Material",null,"un",1,null,2.85,2.85]
[{"$nulls":4},"MO sem LS =>",0,"LS =>",0,"MO com LS =>",0]
[{"$nulls":4},"Valor do BDI =>",0.39,null,"Valor com BDI =>",null,3.24]
[{"$nulls":6},"Quant. =>",10,"Preço Total =>",32.4]
[]
[" 5.5.2.5.4.6 ","Código","Banco","Descrição","Tipo",null,"Und","Quant.","Porcent.","Valor Unit","Total"]
["Composição"," 12506 ","ORSE","Arruela de lisa 3/8\"","Interligações até Quadro Geral - Fios e Cabos",null,"un",1,null,0.5,0.5]
["Composição Auxiliar"," 10549 ","ORSE","Encargos Complementares - Servente","Provisórios",null,"h",0.01,null,3.79,0.03]
["Composição Auxiliar"," 10552 ","ORSE","Encargos Complementares - Eletricista","Provisórios",null,"h",0.01,null,3.65,0.03]
["Insumo"," 11072 ","ORSE","Arruela lisa de 3/8\"","Material",null,"un",1,null,0.12,0.12]
["Insumo"," 00002436/SINAPI ","ORSE","Eletricista (horista)","Mão de Obra",null,"h",0.01,null,19.13,0.19]
["Insumo"," 00006111/SINAPI ","ORSE","Servente de obras (horista)","Mão de Obra",null,"h",0.01,null,13.65,0.13]
[{"$nulls":4},"MO sem LS =>",0.32,"LS =>",0,"MO com LS =>",0.32]
[{"$nulls":4},"Valor do BDI =>",0.11,null,"Valor com BDI =>",null,0.61]
[{"$nulls":6},"Quant. =>",10,"Preço Total =>",6.1]
[]
[" 5.5.2.5.4.7 ","Código","Banco","Descrição","Tipo",null,"Und","Quant.","Porcent.","Valor Unit","Total"]
["Composição"," 428 ","ORSE","Arruela de pressão 3/8\" - Rev 02","Interligações até Quadro Geral - Fios e Cabos",null,"un",1,null,0.66,0.66]
["Composição Auxiliar"," 10549 ","ORSE","Encargos Complementares - Servente","Provisórios",null,"h",0.01,null,3.79,0.03]
["Composição Auxiliar"," 10552 ","ORSE","Encargos Complementares - Eletricista","Provisórios",null,"h",0.01,null,3.65,0.03]
["Insumo"," 212 ","ORSE","Arruela de pressão 3/8\"","Material",null,"un",1,null,0.28000000000000003,0.28000000000000003]
["Insumo"," 00002436/SINAPI ","ORSE","Eletricista (horista)","Mão de Obra",null,"h",0.01,null,19.13,0.19]
["Insumo"," 00006111/SINAPI ","ORSE","Servente de obras (horista)","Mão de Obra",null,"h",0.01,null,13.65,0.13]
[{"$nulls":4},"MO sem LS =>",0.32,"LS =>",0,"MO com LS =>",0.32]
[{"$nulls":4},"Valor do BDI =>",0.14000000000000001,null,"Valor com BDI =>",null,0.8]
[{"$nulls":6},"Quant. =>",10,"Preço Total =>",8]
[]
[" 5.5.2.5.4.8 ","Código","Banco","Descrição","Tipo",null,"Und","Quant.","Porcent.","Valor Unit","Total"]
["Insumo"," 063002 ","SBC","PORCA SEXTAVADA 3/8\"","Material",null,"UN",1,null,392.5,392.5]
[{"$nulls":4},"MO sem LS =>",0,"LS =>",0,"MO com LS =>",0]
[{"$nulls":4},"Valor do BDI =>",55.02,null,"Valor com BDI =>",null,447.52]
[{"$nulls":6},"Quant. =>",10,"Preço Total =>",4475.2]
[]
[" 5.5.2.5.4.9 ","Código","Banco","Descrição","Tipo",null,"Und","Quant.","Porcent.","Valor Unit","Total"]
["Insumo"," D00545 ","SEDOP","PARAFUSO DIAMETRO 1/4\"","Material",null,"UN",1,null,0.56000000000000005,0.56000000000000005]
[{"$nulls":4},"MO sem LS =>",0,"LS =>",0,"MO com LS =>",0]
[{"$nulls":4},"Valor do BDI =>",7.0000000000000007E-2,null,"Valor com BDI =>",null,0.63]
[{"$nulls":6},"Quant. =>",30,"Preço Total =>",18.899999999999999]
[]
[" 5.5.2.5.4.10 ","Código","Banco","Descrição","Tipo",null,"Und","Quant.","Porcent.","Valor Unit","Total"]
["Insumo"," 5005 ","ORSE","Arruela lisa de aço galvanizada de Ø 1/4\"","Material",null,"un",1,null,0.05,0.05]
[{"$nulls":4},"MO sem LS =>",0,"LS =>",0,"MO com LS =>",0]
[{"$nulls":4},"Valor do BDI =>",0,null,"Valor com BDI =>",null,0.05]
[{"$nulls":6},"Quant. =>",30,"Preço Total =>",1.5]
[]
[" 5.5.2.5.4.11 ","Código","Banco","Descrição","Tipo",null,"Und","Quant.","Porcent.","Valor Unit","Total"]
["Insumo"," 6555 ","ORSE","Porca sextavada 1/4\"","Material",null,"un",1,null,0.32,0.32]
[{"$nulls":4},"MO sem LS =>",0,"LS =>",0,"MO com LS =>",0]
[{"$nulls":4},"Valor do BDI =>",0.04,null,"Valor com BDI =>",null,0.36]
[{"$nulls":6},"Quant. =>",30,"Preço Total =>",10.8]
[]
[" 5.5.2.5.4.12 ","Código","Banco","Descrição","Tipo",null,"Und","Quant.","Porcent.","Valor Unit","Total"]
["Composição"," 078039 ","SBC","PRESILHA EM LATAO FURO 7MM 35/50MM2","ATERRAMENTO",null,"UN",1,null,1.42,1.42]
["Insumo"," 007318 ","SBC","PRESILHA EM LATAO FURO 7mm 35/50mm2","Material",null,"UN",1,null,1.04,1.04]
["Insumo"," 099250 ","SBC","ELETRICISTA","Mão de Obra",null,"H",1.0999999999999999E-2,null,21.79,0.23]
["Insumo"," 099806 ","SBC","AJUDANTE DE ELETRICISTA","Mão de Obra",null,"H",1.0999999999999999E-2,null,13.79,0.15]
[{"$nulls":4},"MO sem LS =>",0.38,"LS =>",0,"MO com LS =>",0.38]
[{"$nulls":4},"Valor do BDI =>",0.32,null,"Valor com BDI =>",null,1.74]
[{"$nulls":6},"Quant. =>",26,"Preço Total =>",45.24]
[]
[" 5.5.2.5.4.13 ","Código","Banco","Descrição","Tipo",null,"Und","Quant.","Porcent.","Valor Unit","Total"]
["Insumo"," 049205 ","SBC","ABRAÇADEIRA TIPO UNHA PARA CABO 35MM², COM BUCHA DE NYLON , TIPO S-12, FIXAÇÃO COM PARAFUSO CABEÇA REDONDA ∅3/8\"X2\"","Material",null,"UN",1,null,2.52,2.52]
[{"$nulls":4},"MO sem LS =>",0,"LS =>",0,"MO com LS =>",0]
[{"$nulls":4},"Valor do BDI =>",0.35,null,"Valor com BDI =>",null,2.87]
[{"$nulls":6},"Quant. =>",10,"Preço Total =>",28.7]
[]
[" 5.5.2.5.4.14 ","Código","Banco","Descrição","Tipo",null,"Und","Quant.","Porcent.","Valor Unit","Total"]
["Composição"," 104746 ","SINAPI","MINI CAPTOR PARA SPDA - FORNECIMENTO E INSTALAÇÃO. AF_08/2023","INEL - INSTALAÇÃO ELÉTRICA/ELETRIFICAÇÃO E ILUMINAÇÃO EXTERNA",null,"UN",1,null,27.38,27.38]
["Composição Auxiliar"," 88247 ","SINAPI","AUXILIAR DE ELETRICISTA COM ENCARGOS COMPLEMENTARES","SEDI - SERVIÇOS DIVERSOS",null,"H",0.1905,null,24.39,4.6399999999999997]
["Composição Auxiliar"," 88264 ","SINAPI","ELETRICISTA COM ENCARGOS COMPLEMENTARES","SEDI - SERVIÇOS DIVERSOS",null,"H",0.1905,null,32.69,6.22]
["Insumo"," 00007583 ","SINAPI","BUCHA DE NYLON SEM ABA S8, COM PARAFUSO DE 4,80 X 50 MM EM ACO ZINCADO COM ROSCA SOBERBA, CABECA CHATA E FENDA PHILLIPS","Material",null,"UN",2,null,0.41,0.82]
["Insumo"," 00011267 ","SINAPI","ARRUELA LISA, REDONDA, DE LATAO POLIDO, DIAMETRO NOMINAL 5/8\", DIAMETRO EXTERNO = 34 MM, DIAMETRO DO FURO = 17 MM, ESPESSURA = *2,5* MM","Material",null,"UN",2,null,1.38,2.76]
["Insumo"," 00041426 ","SINAPI","MINICAPTOR, EM ACO GALVANIZADO A FOGO, FIXACAO HORIZONTAL DE 2 FUROS, SEM BANDEIRA, H=600 MM X DN=10 MM","Material",null,"UN",1,null,12.94,12.94]
[{"$nulls":4},"MO sem LS =>",7.52,"LS =>",0,"MO com LS =>",7.52]
[{"$nulls":4},"Valor do BDI =>",6.17,null,"Valor com BDI =>",null,33.549999999999997]
[{"$nulls":6},"Quant. =>",4,"Preço Total =>",134.19999999999999]
[]
[" 5.5.2.5.4.15 ","Código","Banco","Descrição","Tipo",null,"Und","Quant.","Porcent.","Valor Unit","Total"]
["Composição"," 061086 ","SBC","ELETRODUTO PVC RIGIDO 1\"\"","INSTALACOES ELETRICAS - ELETRODUTOS",null,"M",1,null,18.82,18.82]
["Insumo"," 003347 ","SBC","ELETRODUTO PVC RIGIDO ROSCAVEL 1\"","Material",null,"M",1.1000000000000001,null,7.94,8.73]
["Insumo"," 099250 ","SBC","ELETRICISTA","Mão de Obra",null,"H",0.28399999999999997,null,21.79,6.18]
["Insumo"," 099806 ","SBC","AJUDANTE DE ELETRICISTA","Mão de Obra",null,"H",0.28399999999999997,null,13.79,3.91]
[{"$nulls":4},"MO sem LS =>",10.09,"LS =>",0,"MO com LS =>",10.09]
[{"$nulls":4},"Valor do BDI =>",4.24,null,"Valor com BDI =>",null,23.06]
[{"$nulls":6},"Quant. =>",16,"Preço Total =>",368.96]
[]
[" 5.5.2.5.4.16 ","Código","Banco","Descrição","Tipo",null,"Und","Quant.","Porcent.","Valor Unit","Total"]
["Composição"," 69.20.070 ","CPOS/CDHU","FITA DE AÇO INOX PERFURADA PARA FIXAÇÃO DE ELETRODUTO, DIMENSÃO 19MMX5M.","69.20.",null,"UN",1,null,13.94,13.94]
["Composição Auxiliar"," 88264 ","SINAPI","ELETRICISTA COM ENCARGOS COMPLEMENTARES","SEDI - SERVIÇOS DIVERSOS",null,"H",0.2,null,32.69,6.53]
["Composição Auxiliar"," 88247 ","SINAPI","AUXILIAR DE ELETRICISTA COM ENCARGOS COMPLEMENTARES","SEDI - SERVIÇOS DIVERSOS",null,"H",0.2,null,24.39,4.87]
["Insumo"," P.25.000.091392 ","CPOS/CDHU","Fita em aço inoxidável para poste tubular; comprimento de 0,50 m, largura de 19 mm","Material",null,"M",0.5,null,3.34,1.67]
["Insumo"," P.25.000.091393 ","CPOS/CDHU","Fecho em aço inoxidável para fita de 19 mm","Material",null,"UN",1,null,0.87,0.87]
[{"$nulls":4},"MO sem LS =>",7.9,"LS =>",0,"MO com LS =>",7.9]
[{"$nulls":4},"Valor do BDI =>",3.14,null,"Valor com BDI =>",null,17.079999999999998]
[{"$nulls":6},"Quant. =>",7,"Preço Total =>",119.56]
[]
[" 5.5.2.6 ",null,null,"QUADROS DE DISTRIBUIÇÃO",{"$nulls":6},23473.37]
[" 5.5.2.6.1 ",null,null,"QUADROS",{"$nulls":6},23473.37]
[" 5.5.2.6.1.1 ","Código","Banco","Descrição","Tipo",null,"Und","Quant.","Porcent.","Valor Unit","Total"]
["Insumo"," COT.NETS-08 ","Próprio","(QDL-RC500) QUADRO PARA ILUMINAÇÃO E TOMADAS EM CHAPA DE AÇO ZINCADO, PINTADO A PÓ ELETROSTÁTICAMENTE, PLACA INTERNA NA COR LARANJA, IP65, PORTA REMOVÍVEL, DIM. APROX. 500X500X250MM (HxLxC). CONFORME DESENHO E ESPECIFICAÇÕES DE REFERÊNCIA.","Material",null,"CJ",1,null,2567.4899999999998,2567.4899999999998]
[{"$nulls":4},"MO sem LS =>",0,"LS =>",0,"MO com LS =>",0]
[{"$nulls":4},"Valor do BDI =>",359.96,null,"Valor com BDI =>",null,2927.45]
[{"$nulls":6},"Quant. =>",1,"Preço Total =>",2927.45]
[]
[" 5.5.2.6.1.2 ","Código","Banco","Descrição","Tipo",null,"Und","Quant.","Porcent.","Valor Unit","Total"]
["Insumo"," COT.NETS-09 ","Próprio","(PGBT-RC500) PAINEL DE CONTROLE DAS INSTALAÇÕES DE FORÇA COM ARMÁRIOS, AUTOPORTANTE, EM AÇO GALVANIZADO, IP41, COMBINÁVEL COM OUTROS MÓDULOS, COM PORTA. DIM. APROX. 2000X800X600mm (HxLxC). CONFORME DESENHO E ESPECIFICAÇÕES DE REFERÊNCIA.","Material",null,"CJ",1,null,18019.580000000002,18019.580000000002]
[{"$nulls":4},"MO sem LS =>",0,"LS =>",0,"MO com LS =>",0]
[{"$nulls":4},"Valor do BDI =>",2526.34,null,"Valor com BDI =>",null,20545.919999999998]
[{"$nulls":6},"Quant. =>",1,"Preço Total =>",20545.919999999998]
[]
[" 5.6 ",null,null,"DRENAGEM SUPERCIAL",{"$nulls":6},52829.38]
[" 5.6.1 ","Código","Banco","Descrição","Tipo",null,"Und","Quant.","Porcent.","Valor Unit","Total"]
["Composição"," 2003258 ","SICRO3","Sarjeta triangular de concreto - STC 100-20 - escavação mecânica - areia extraída e brita produzida","",null,"m",1,null,53.85,53.85]
[{"$nulls":5},"Custo Horário de Execução =>",null,null,null,0]
[{"$nulls":5},"Fator de Influencia da Chuva - FIC =>",null,null,null,0]
[{"$nulls":5},"Custo do FIC =>",null,null,null,0]
[{"$nulls":5},"Produção de Equipe =>",null,null,null,1]
[{"$nulls":5},"Custo Unitário de Execução =>",null,null,null,0]
["D","Banco","Código","Atividades Auxiliares","Quantidade","Unidade","Preço Unitário",null,null,"Custo Horário"]
["Atividade Auxiliar","SICRO3",1107891,"Concreto fck = 20 MPa - confecção em betoneira e lançamento manual - areia extraída e brita produzida",9.4600000000000004E-2,"m³",328.92,null,null,31.1158]
["Atividade Auxiliar","SICRO3",2003842,"Enchimento de junta de concreto com argamassa asfáltica de densidade 1.700 kg/m³ - espessura de 1 cm",0.13400000000000001,"kg",68.47,null,null,9.1750000000000007]
["Atividade Auxiliar","SICRO3",2004520,"Escavação mecânica de vala trapezoidal ou triangular em material de 1ª categoria para drenagem superficial com retroescavadeira - 0,15 m² ≤ seção < 0,20 m²",0.1946,"m³",21.66,null,null,4.2149999999999999]
["Atividade Auxiliar","SICRO3",3108022,"Guia de madeira de 2,5 x 8,0 cm - confecção e instalação",0.62909999999999999,"m",5.2,null,null,3.2713000000000001]
["Atividade Auxiliar","SICRO3",4805756,"Apiloamento manual de superfície com espessura de 15 cm",1.2581,"m²",4.83,null,null,6.0766]
[{"$nulls":5},"Custo Total das Atividades =>",null,null,null,53.853700000000003]
[{"$nulls":4},"MO sem LS =>",18.7766521,"LS =>",0,"MO com LS =>",18.776652142316031]
[{"$nulls":4},"Valor do BDI =>",12.14,null,"Valor com BDI =>",null,65.989999999999995]
[{"$nulls":6},"Quant. =>",154.75,"Preço Total =>",10211.950000000001]
[]
[" 5.6.2 ","Código","Banco","Descrição","Tipo",null,"Und","Quant.","Porcent.","Valor Unit","Total"]
["Composição"," 2003813 ","SICRO3","Canaleta de concreto - CAU 03 - seção de 30 x 30 cm - espessura de 10 cm - apoiada em toda a extensão","",null,"m",1,null,203.55,203.55]
[{"$nulls":5},"Custo Horário de Execução =>",null,null,null,0]
[{"$nulls":5},"Fator de Influencia da Chuva - FIC =>",null,null,null,0]
[{"$nulls":5},"Custo do FIC =>",null,null,null,0]
[{"$nulls":5},"Produção de Equipe =>",null,null,null,1]
[{"$nulls":5},"Custo Unitário de Execução =>",null,null,null,0]
["D","Banco","Código","Atividades Auxiliares","Quantidade","Unidade","Preço Unitário",null,null,"Custo Horário"]
["Atividade Auxiliar","SICRO3",407820,"Armação em aço CA-60 - fornecimento, preparo e colocação",3.85,"kg",13.14,null,null,50.588999999999999]
["Atividade Auxiliar","SICRO3",1107895,"Concreto fck = 25 MPa - confecção em betoneira e lançamento manual - areia extraída e brita produzida",0.11,"m³",353.29,null,null,38.861899999999999]
["Atividade Auxiliar","SICRO3",3103302,"Fôrmas de tábuas de pinho para dispositivos de drenagem - utilização de 3 vezes - confecção, instalação e retirada",1.4,"m²",81.5,null,null,114.1]
[{"$nulls":5},"Custo Total das Atividades =>",null,null,null,203.55090000000001]
[{"$nulls":4},"MO sem LS =>",90.229722640557398,"LS =>",0,"MO com LS =>",90.229722640557398]
[{"$nulls":4},"Valor do BDI =>",45.92,null,"Valor com BDI =>",null,249.47]
[{"$nulls":6},"Quant. =>",118.15,"Preço Total =>",29474.880000000001]
[]
[" 5.6.3 ","Código","Banco","Descrição","Tipo",null,"Und","Quant.","Porcent.","Valor Unit","Total"]
["Composição"," 2003408 ","SICRO3","Descida d'água de aterros em degraus - DAD 03 - areia extraída e brita produzida","",null,"m",1,null,384.76,384.76]
[{"$nulls":5},"Custo Horário de Execução =>",null,null,null,0]
[{"$nulls":5},"Fator de Influencia da Chuva - FIC =>",null,null,null,0]
[{"$nulls":5},"Custo do FIC =>",null,null,null,0]
[{"$nulls":5},"Produção de Equipe =>",null,null,null,1]
[{"$nulls":5},"Custo Unitário de Execução =>",null,null,null,0]
["D","Banco","Código","Atividades Auxiliares","Quantidade","Unidade","Preço Unitário",null,null,"Custo Horário"]
["Atividade Auxiliar","SICRO3",1107891,"Concreto fck = 20 MPa - confecção em betoneira e lançamento manual - areia extraída e brita produzida",0.59,"m³",328.92,null,null,194.06280000000001]
["Atividade Auxiliar","SICRO3",2003842,"Enchimento de junta de concreto com argamassa asfáltica de densidade 1.700 kg/m³ - espessura de 1 cm",1.8705099999999999,"kg",68.47,null,null,128.07380000000001]
["Atividade Auxiliar","SICRO3",3103302,"Fôrmas de tábuas de pinho para dispositivos de drenagem - utilização de 3 vezes - confecção, instalação e retirada",0.53,"m²",81.5,null,null,43.195]
["Atividade Auxiliar","SICRO3",4805750,"Escavação manual em material de 1ª categoria na profundidade de até 1 m",0.37,"m³",42.93,null,null,15.8841]
["Atividade Auxiliar","SICRO3",4805755,"Apiloamento manual",0.11,"m³",32.200000000000003,null,null,3.5419999999999998]
[{"$nulls":5},"Custo Total das Atividades =>",null,null,null,384.7577]
[{"$nulls":4},"MO sem LS =>",162.91172936553966,"LS =>",0,"MO com LS =>",162.91172936553966]
[{"$nulls":4},"Valor do BDI =>",86.8,null,"Valor com BDI =>",null,471.56]
[{"$nulls":6},"Quant. =>",5.4,"Preço Total =>",2546.42]
[]
[" 5.6.4 ","Código","Banco","Descrição","Tipo",null,"Und","Quant.","Porcent.","Valor Unit","Total"]
["Composição"," 2003410 ","SICRO3","Descida d'água de aterros em degraus - DAD 04 - areia extraída e brita produzida","",null,"m",1,null,541.91,541.91]
[{"$nulls":5},"Custo Horário de Execução =>",null,null,null,0]
[{"$nulls":5},"Fator de Influencia da Chuva - FIC =>",null,null,null,0]
[{"$nulls":5},"Custo do FIC =>",null,null,null,0]
[{"$nulls":5},"Produção de Equipe =>",null,null,null,1]
[{"$nulls":5},"Custo Unitário de Execução =>",null,null,null,0]
["D","Banco","Código","Atividades Auxiliares","Quantidade","Unidade","Preço Unitário",null,null,"Custo Horário"]
["Atividade Auxiliar","SICRO3",407820,"Armação em aço CA-60 - fornecimento, preparo e colocação",11.96,"kg",13.14,null,null,157.15440000000001]
["Atividade Auxiliar","SICRO3",1107891,"Concreto fck = 20 MPa - confecção em betoneira e lançamento manual - areia extraída e brita produzida",0.59,"m³",328.92,null,null,194.06280000000001]
["Atividade Auxiliar","SICRO3",2003842,"Enchimento de junta de concreto com argamassa asfáltica de densidade 1.700 kg/m³ - espessura de 1 cm",1.8705099999999999,"kg",68.47,null,null,128.07380000000001]
["Atividade Auxiliar","SICRO3",3103302,"Fôrmas de tábuas de pinho para dispositivos de drenagem - utilização de 3 vezes - confecção, instalação e retirada",0.53,"m²",81.5,null,null,43.195]
["Atividade Auxiliar","SICRO3",4805750,"Escavação manual em material de 1ª categoria na profundidade de até 1 m",0.37,"m³",42.93,null,null,15.8841]
["Atividade Auxiliar","SICRO3",4805755,"Apiloamento manual",0.11,"m³",32.200000000000003,null,null,3.5419999999999998]
[{"$nulls":5},"Custo Total das Atividades =>",null,null,null,541.91210000000001]
[{"$nulls":4},"MO sem LS =>",213.58901493775588,"LS =>",0,"MO com LS =>",213.58901493775588]
[{"$nulls":4},"Valor do BDI =>",122.25,null,"Valor com BDI =>",null,664.16]
[{"$nulls":6},"Quant. =>",4.68,"Preço Total =>",3108.26]
[]
[" 5.6.5 ","Código","Banco","Descrição","Tipo",null,"Und","Quant.","Porcent.","Valor Unit","Total"]
["Composição"," 2003412 ","SICRO3","Descida d'água de aterros em degraus - DAD 05 - areia extraída e brita produzida","",null,"m",1,null,539.51,539.51]
[{"$nulls":5},"Custo Horário de Execução =>",null,null,null,0]
[{"$nulls":5},"Fator de Influencia da Chuva - FIC =>",null,null,null,0]
[{"$nulls":5},"Custo do FIC =>",null,null,null,0]
[{"$nulls":5},"Produção de Equipe =>",null,null,null,1]
[{"$nulls":5},"Custo Unitário de Execução =>",null,null,null,0]
["D","Banco","Código","Atividades Auxiliares","Quantidade","Unidade","Preço Unitário",null,null,"Custo Horário"]
["Atividade Auxiliar","SICRO3",1107891,"Concreto fck = 20 MPa - confecção em betoneira e lançamento manual - areia extraída e brita produzida",0.82,"m³",328.92,null,null,269.71440000000001]
["Atividade Auxiliar","SICRO3",2003842,"Enchimento de junta de concreto com argamassa asfáltica de densidade 1.700 kg/m³ - espessura de 1 cm",2.3266200000000001,"kg",68.47,null,null,159.30369999999999]
["Atividade Auxiliar","SICRO3",3103302,"Fôrmas de tábuas de pinho para dispositivos de drenagem - utilização de 3 vezes - confecção, instalação e retirada",0.8,"m²",81.5,null,null,65.2]
["Atividade Auxiliar","SICRO3",4805750,"Escavação manual em material de 1ª categoria na profundidade de até 1 m",0.86,"m³",42.93,null,null,36.919800000000002]
["Atividade Auxiliar","SICRO3",4805755,"Apiloamento manual",0.26,"m³",32.200000000000003,null,null,8.3719999999999999]
[{"$nulls":5},"Custo Total das Atividades =>",null,null,null,539.50990000000002]
[{"$nulls":4},"MO sem LS =>",236.0091295,"LS =>",0,"MO com LS =>",236.00912953667338]
[{"$nulls":4},"Valor do BDI =>",121.71,null,"Valor com BDI =>",null,661.22]
[{"$nulls":6},"Quant. =>",3.5,"Preço Total =>",2314.27]
[]
[" 5.6.6 ","Código","Banco","Descrição","Tipo",null,"Und","Quant.","Porcent.","Valor Unit","Total"]
["Composição"," 2003414 ","SICRO3","Descida d'água de aterros em degraus - DAD 06 - areia extraída e brita produzida","",null,"m",1,null,727.81,727.81]
[{"$nulls":5},"Custo Horário de Execução =>",null,null,null,0]
[{"$nulls":5},"Fator de Influencia da Chuva - FIC =>",null,null,null,0]
[{"$nulls":5},"Custo do FIC =>",null,null,null,0]
[{"$nulls":5},"Produção de Equipe =>",null,null,null,1]
[{"$nulls":5},"Custo Unitário de Execução =>",null,null,null,0]
["D","Banco","Código","Atividades Auxiliares","Quantidade","Unidade","Preço Unitário",null,null,"Custo Horário"]
["Atividade Auxiliar","SICRO3",407820,"Armação em aço CA-60 - fornecimento, preparo e colocação",14.33,"kg",13.14,null,null,188.2962]
["Atividade Auxiliar","SICRO3",1107891,"Concreto fck = 20 MPa - confecção em betoneira e lançamento manual - areia extraída e brita produzida",0.82,"m³",328.92,null,null,269.71440000000001]
["Atividade Auxiliar","SICRO3",2003842,"Enchimento de junta de concreto com argamassa asfáltica de densidade 1.700 kg/m³ - espessura de 1 cm",2.3266200000000001,"kg",68.47,null,null,159.30369999999999]
["Atividade Auxiliar","SICRO3",3103302,"Fôrmas de tábuas de pinho para dispositivos de drenagem - utilização de 3 vezes - confecção, instalação e retirada",0.8,"m²",81.5,null,null,65.2]
["Atividade Auxiliar","SICRO3",4805750,"Escavação manual em material de 1ª categoria na profundidade de até 1 m",0.86,"m³",42.93,null,null,36.919800000000002]
["Atividade Auxiliar","SICRO3",4805755,"Apiloamento manual",0.26,"m³",32.200000000000003,null,null,8.3719999999999999]
[{"$nulls":5},"Custo Total das Atividades =>",null,null,null,727.80610000000001]
[{"$nulls":4},"MO sem LS =>",296.72865309999997,"LS =>",0,"MO com LS =>",296.72865313615989]
[{"$nulls":4},"Valor do BDI =>",164.19,null,"Valor com BDI =>",null,892]
[{"$nulls":6},"Quant. =>",5.8,"Preço Total =>",5173.6000000000004]
[]
[" 5.7 ",null,null,"ARQUITETURA E URBANISMO",{"$nulls":6},171878.48]
[" 5.7.1 ","Código","Banco","Descrição","Tipo",null,"Und","Quant.","Porcent.","Valor Unit","Total"]
["Composição"," 2009618 ","SICRO3","Alvenaria de blocos de concreto 19 x 19 x 39 cm com espessura de 20 cm - areia extraída","",null,"m²",1,null,119.41,119.41]
["B","Código","Banco","Mão de Obra","Quantidade","Salário Hora",null,null,null,"Custo Horário"]
["Insumo","P9821","SICRO3","Pedreiro",1,null,null,null,30.302800000000001,30.302800000000001]
["Insumo","P9824","SICRO3","Servente",1,null,null,null,21.465699999999998,21.465699999999998]
[{"$nulls":5},"Custo Horário da Mão de Obra =>",null,null,null,51.768500000000003]
[{"$nulls":5},"Adc.M.O. - Ferramentas (0,0%) =>",null,null,null,0]
[{"$nulls":5},"Custo Horário de Execução =>",null,null,null,51.768500000000003]
[{"$nulls":5},"Fator de Influencia da Chuva - FIC =>",null,null,null,0]
[{"$nulls":5},"Custo do FIC =>",null,null,null,0]
[{"$nulls":5},"Produção de Equipe =>",null,null,null,1]
[{"$nulls":5},"Custo Unitário de Execução =>",null,null,null,51.768500000000003]
["C","Banco","Código","Material","Quantidade","Unidade","Preço Unitário",null,null,"Custo Horário"]
["Insumo","SICRO3","M0156","Bloco de concreto - L = 19 cm, A = 19 cm e C = 39 cm",13,"un",4.4000000000000004,null,null,57.2]
[{"$nulls":5},"Custo Total do Material =>",null,null,null,57.2]
["D","Banco","Código","Atividades Auxiliares","Quantidade","Unidade","Preço Unitário",null,null,"Custo Horário"]
["Atividade Auxiliar","SICRO3",1109698,"Argamassa de cimento, cal hidratada e areia 1:0,5:8 - confecção em betoneira e lançamento manual - areia extraída",1.4999999999999999E-2,"m³",230.95,null,null,3.4643000000000002]
[{"$nulls":5},"Custo Total das Atividades =>",null,null,null,3.4643000000000002]
["E","Banco","Insumo","Tempos Fixos","Código","Quantidade","Unidade","Preço Unitário",null,"Custo Horário"]
["Tempo Fixo","SICRO3","M0156","Carga, manobra e descarga de materiais diversos em caminhão carroceria de 15 t - carga e descarga manuais",5914655,0.21060000000000001,"t",33.15,null,6.9813999999999998]
[{"$nulls":5},"Custo Total dos Tempos Fixos =>",null,null,null,6.9813999999999998]
["F","Banco","Insumo","Momento de Transporte","Quantidade","Unidade","Distância Média de Transporte (DMT)",null,null,"Custo Horário"]
[{"$nulls":6},"LN","RP","P"]
["Momento de Transporte","SICRO3","M0156","Bloco de concreto - L = 19 cm, A = 19 cm e C = 39 cm - Caminhão carroceria com capacidade de 15 t - 188 kW",0.21060000000000001,"tkm","5914449\n0,000\nR$ 1,08","5914464\n0,000\nR$ 0,86","5914479\n0,000\nR$ 0,71",0]
[{"$nulls":5},"Custo total dos Momentos de Transportes =>",null,null,null,0]
[{"$nulls":4},"MO sem LS =>",54.878625900000003,"LS =>",0,"MO com LS =>",54.878625946524537]
[{"$nulls":4},"Valor do BDI =>",26.93,null,"Valor com BDI =>",null,146.34]
[{"$nulls":6},"Quant. =>",45.438000000000002,"Preço Total =>",6649.39]
[]
[" 5.7.2 ","Código","Banco","Descrição","Tipo",null,"Und","Quant.","Porcent.","Valor Unit","Total"]
["Composição"," 0903788 ","SICRO3","Chapisco com argamassa de cimento e areia 1:3 - aplicação manual","",null,"m²",1,null,4.5999999999999996,4.5999999999999996]
["B","Código","Banco","Mão de Obra","Quantidade","Salário Hora",null,null,null,"Custo Horário"]
["Insumo","P9821","SICRO3","Pedreiro",6.8099999999999994E-2,null,null,null,30.302800000000001,2.0636000000000001]
["Insumo","P9824","SICRO3","Servente",2.5499999999999998E-2,null,null,null,21.465699999999998,0.5474]
[{"$nulls":5},"Custo Horário da Mão de Obra =>",null,null,null,2.6110000000000002]
[{"$nulls":5},"Adc.M.O. - Ferramentas (0,0%) =>",null,null,null,0]
[{"$nulls":5},"Custo Horário de Execução =>",null,null,null,2.6110000000000002]
[{"$nulls":5},"Fator de Influencia da Chuva - FIC =>",null,null,null,0]
[{"$nulls":5},"Custo do FIC =>",null,null,null,0]
[{"$nulls":5},"Produção de Equipe =>",null,null,null,1]
[{"$nulls":5},"Custo Unitário de Execução =>",null,null,null,2.6110000000000002]
["D","Banco","Código","Atividades Auxiliares","Quantidade","Unidade","Preço Unitário",null,null,"Custo Horário"]
["Atividade Auxiliar","SICRO3",1109669,"Argamassa de cimento e areia 1:3 - confecção em betoneira e lançamento manual - areia comercial",3.7000000000000002E-3,"m³",538.11,null,null,1.9910000000000001]
[{"$nulls":5},"Custo Total das Atividades =>",null,null,null,1.9910000000000001]
[{"$nulls":4},"MO sem LS =>",2.80654973,"LS =>",0,"MO com LS =>",2.8065497372678063]
[{"$nulls":4},"Valor do BDI =>",1.03,null,"Valor com BDI =>",null,5.63]
[{"$nulls":6},"Quant. =>",90.876000000000005,"Preço Total =>",511.63]
[]
[" 5.7.3 ","Código","Banco","Descrição","Tipo",null,"Und","Quant.","Porcent.","Valor Unit","Total"]
["Composição"," 0903789 ","SICRO3","Emboço com argamassa de cimento, cal hidratada e areia 1:2:8 com espessura de 2 cm - aplicação manual","",null,"m²",1,null,34.19,34.19]
["B","Código","Banco","Mão de Obra","Quantidade","Salário Hora",null,null,null,"Custo Horário"]
["Insumo","P9821","SICRO3","Pedreiro",0.47,null,null,null,30.302800000000001,14.2423]
["Insumo","P9824","SICRO3","Servente",0.17100000000000001,null,null,null,21.465699999999998,3.6705999999999999]
[{"$nulls":5},"Custo Horário da Mão de Obra =>",null,null,null,17.9129]
[{"$nulls":5},"Adc.M.O. - Ferramentas (0,0%) =>",null,null,null,0]
[{"$nulls":5},"Custo Horário de Execução =>",null,null,null,17.9129]
[{"$nulls":5},"Fator de Influencia da Chuva - FIC =>",null,null,null,0]
[{"$nulls":5},"Custo do FIC =>",null,null,null,0]
[{"$nulls":5},"Produção de Equipe =>",null,null,null,1]
[{"$nulls":5},"Custo Unitário de Execução =>",null,null,null,17.9129]
["D","Banco","Código","Atividades Auxiliares","Quantidade","Unidade","Preço Unitário",null,null,"Custo Horário"]
["Atividade Auxiliar","SICRO3",1109675,"Argamassa de cimento, cal hidratada e areia 1:2:8 - confecção em betoneira e lançamento manual - areia comercial",3.7600000000000001E-2,"m³",432.96,null,null,16.279299999999999]
[{"$nulls":5},"Custo Total das Atividades =>",null,null,null,16.279299999999999]
[{"$nulls":4},"MO sem LS =>",19.988407267584734,"LS =>",0,"MO com LS =>",19.988407267584734]
[{"$nulls":4},"Valor do BDI =>",7.71,null,"Valor com BDI =>",null,41.9]
[{"$nulls":6},"Quant. =>",90.876000000000005,"Preço Total =>",3807.7]
[]
[" 5.7.4 ","Código","Banco","Descrição","Tipo",null,"Und","Quant.","Porcent.","Valor Unit","Total"]
["Composição"," 88495 ","SINAPI","EMASSAMENTO COM MASSA LÁTEX, APLICAÇÃO EM PAREDE, UMA DEMÃO, LIXAMENTO MANUAL. AF_04/2023","PINT - PINTURAS",null,"m²",1,null,12.26,12.26]
["Composição Auxiliar"," 88310 ","SINAPI","PINTOR COM ENCARGOS COMPLEMENTARES","SEDI - SERVIÇOS DIVERSOS",null,"H",0.24590000000000001,null,33.74,8.2899999999999991]
["Composição Auxiliar"," 88316 ","SINAPI","SERVENTE COM ENCARGOS COMPLEMENTARES","SEDI - SERVIÇOS DIVERSOS",null,"H",8.2000000000000003E-2,null,23.23,1.9]
["Insumo"," 00003767 ","SINAPI","LIXA EM FOLHA PARA PAREDE OU MADEIRA, NUMERO 120, COR VERMELHA","Material",null,"UN",4.0099999999999997E-2,null,0.94,0.03]
["Insumo"," 00043626 ","SINAPI","MASSA CORRIDA PARA SUPERFICIES DE AMBIENTES INTERNOS","Material",null,"KG",0.7288,null,2.8,2.04]
[{"$nulls":4},"MO sem LS =>",6.91,"LS =>",0,"MO com LS =>",6.91]
[{"$nulls":4},"Valor do BDI =>",2.76,null,"Valor com BDI =>",null,15.02]
[{"$nulls":6},"Quant. =>",90.876000000000005,"Preço Total =>",1364.95]
[]
[" 5.7.5 ","Código","Banco","Descrição","Tipo",null,"Und","Quant.","Porcent.","Valor Unit","Total"]
["Composição"," 104641 ","SINAPI","PINTURA LÁTEX ACRÍLICA ECONÔMICA, APLICAÇÃO MANUAL EM PAREDES, DUAS DEMÃOS. AF_04/2023","PINT - PINTURAS",null,"m²",1,null,10.130000000000001,10.130000000000001]
["Composição Auxiliar"," 88310 ","SINAPI","PINTOR COM ENCARGOS COMPLEMENTARES","SEDI - SERVIÇOS DIVERSOS",null,"H",0.16309999999999999,null,33.74,5.5]
["Composição Auxiliar"," 88316 ","SINAPI","SERVENTE COM ENCARGOS COMPLEMENTARES","SEDI - SERVIÇOS DIVERSOS",null,"H",5.4399999999999997E-2,null,23.23,1.26]
["Insumo"," 00035693 ","SINAPI","TINTA LATEX ACRILICA ECONOMICA, COR BRANCA","Material",null,"L",0.26779999999999998,null,12.61,3.37]
[{"$nulls":4},"MO sem LS =>",4.59,"LS =>",0,"MO com LS =>",4.59]
[{"$nulls":4},"Valor do BDI =>",2.2799999999999998,null,"Valor com BDI =>",null,12.41]
[{"$nulls":6},"Quant. =>",90.876000000000005,"Preço Total =>",1127.77]
[]
[" 5.7.6 ","Código","Banco","Descrição","Tipo",null,"Und","Quant.","Porcent.","Valor Unit","Total"]
["Composição"," 92544 ","SINAPI","TRAMA DE MADEIRA COMPOSTA POR TERÇAS PARA TELHADOS DE ATÉ 2 ÁGUAS PARA TELHA ESTRUTURAL DE FIBROCIMENTO, INCLUSO TRANSPORTE VERTICAL. AF_07/2019","COBE - COBERTURA",null,"m²",1,null,19.510000000000002,19.510000000000002]
["Composição Auxiliar"," 88239 ","SINAPI","AJUDANTE DE CARPINTEIRO COM ENCARGOS COMPLEMENTARES","SEDI - SERVIÇOS DIVERSOS",null,"H",4.8000000000000001E-2,null,23.87,1.1399999999999999]
["Composição Auxiliar"," 88262 ","SINAPI","CARPINTEIRO DE FORMAS COM ENCARGOS COMPLEMENTARES","SEDI - SERVIÇOS DIVERSOS",null,"H",9.9000000000000005E-2,null,31.88,3.15]
["Composição Auxiliar"," 93281 ","SINAPI","GUINCHO ELÉTRICO DE COLUNA, CAPACIDADE 400 KG, COM MOTO FREIO, MOTOR TRIFÁSICO DE 1,25 CV - CHP DIURNO. AF_03/2016","CHOR - CUSTOS HORÁRIOS DE MÁQUINAS E EQUIPAMENTOS",null,"CHP",3.0000000000000001E-3,null,38.71,0.11]
["Composição Auxiliar"," 93282 ","SINAPI","GUINCHO ELÉTRICO DE COLUNA, CAPACIDADE 400 KG, COM MOTO FREIO, MOTOR TRIFÁSICO DE 1,25 CV - CHI DIURNO. AF_03/2016","CHOR - CUSTOS HORÁRIOS DE MÁQUINAS E EQUIPAMENTOS",null,"CHI",4.1000000000000003E-3,null,37.520000000000003,0.15]
["Insumo"," 00004472 ","SINAPI","VIGA NAO APARELHADA *6 X 16* CM, EM MACARANDUBA/MASSARANDUBA, ANGELIM OU EQUIVALENTE DA REGIAO - BRUTA","Material",null,"M",0.40600000000000003,null,35.99,14.61]
["Insumo"," 00040568 ","SINAPI","PREGO DE ACO POLIDO COM CABECA 22 X 48 (4 1/4 X 5)","Material",null,"KG",0.02,null,17.89,0.35]
[{"$nulls":4},"MO sem LS =>",3.22,"LS =>",0,"MO com LS =>",3.22]
[{"$nulls":4},"Valor do BDI =>",4.4000000000000004,null,"Valor com BDI =>",null,23.91]
[{"$nulls":6},"Quant. =>",33.274000000000001,"Preço Total =>",795.58]
[]
[" 5.7.7 ","Código","Banco","Descrição","Tipo",null,"Und","Quant.","Porcent.","Valor Unit","Total"]
["Composição"," 94210 ","SINAPI","TELHAMENTO COM TELHA ONDULADA DE FIBROCIMENTO E = 6 MM, COM RECOBRIMENTO LATERAL DE 1 1/4 DE ONDA PARA TELHADO COM INCLINAÇÃO MÁXIMA DE 10°, COM ATÉ 2 ÁGUAS, INCLUSO IÇAMENTO. AF_07/2019","COBE - COBERTURA",null,"m²",1,null,53.08,53.08]
["Composição Auxiliar"," 88316 ","SINAPI","SERVENTE COM ENCARGOS COMPLEMENTARES","SEDI - SERVIÇOS DIVERSOS",null,"H",0.16600000000000001,null,23.23,3.85]
["Composição Auxiliar"," 88323 ","SINAPI","TELHADISTA COM ENCARGOS COMPLEMENTARES","SEDI - SERVIÇOS DIVERSOS",null,"H",0.128,null,31.59,4.04]
["Composição Auxiliar"," 93281 ","SINAPI","GUINCHO ELÉTRICO DE COLUNA, CAPACIDADE 400 KG, COM MOTO FREIO, MOTOR TRIFÁSICO DE 1,25 CV - CHP DIURNO. AF_03/2016","CHOR - CUSTOS HORÁRIOS DE MÁQUINAS E EQUIPAMENTOS",null,"CHP",5.3E-3,null,38.71,0.2]
["Composição Auxiliar"," 93282 ","SINAPI","GUINCHO ELÉTRICO DE COLUNA, CAPACIDADE 400 KG, COM MOTO FREIO, MOTOR TRIFÁSICO DE 1,25 CV - CHI DIURNO. AF_03/2016","CHOR - CUSTOS HORÁRIOS DE MÁQUINAS E EQUIPAMENTOS",null,"CHI",7.3000000000000001E-3,null,37.520000000000003,0.27]
["Insumo"," 00001607 ","SINAPI","CONJUNTO ARRUELAS DE VEDACAO 5/16\" PARA TELHA FIBROCIMENTO (UMA ARRUELA METALICA E UMA ARRUELA PVC - CONICAS)","Material",null,"CJ",1.26,null,0.27,0.34]
["Insumo"," 00004302 ","SINAPI","PARAFUSO ZINCADO ROSCA SOBERBA, CABECA SEXTAVADA, 5/16 \" X 250 MM, PARA FIXACAO DE TELHA EM MADEIRA","Material",null,"UN",1.26,null,4.1399999999999997,5.21]
["Insumo"," 00007194 ","SINAPI","TELHA DE FIBROCIMENTO ONDULADA E = 6 MM, DE 2,44 X 1,10 M (SEM AMIANTO)","Material",null,"m²",1.357,null,28.87,39.17]
[{"$nulls":4},"MO sem LS =>",5.7,"LS =>",0,"MO com LS =>",5.7]
[{"$nulls":4},"Valor do BDI =>",11.97,null,"Valor com BDI =>",null,65.05]
[{"$nulls":6},"Quant. =>",33.274000000000001,"Preço Total =>",2164.4699999999998]
[]
[" 5.7.8 ","Código","Banco","Descrição","Tipo",null,"Und","Quant.","Porcent.","Valor Unit","Total"]
["Composição"," 92400 ","SINAPI","EXECUÇÃO DE PAVIMENTO EM PISO INTERTRAVADO, COM BLOCO RETANGULAR DE 20 X 10 CM, ESPESSURA 10 CM. AF_10/2022","PAVI - PAVIMENTAÇÃO",null,"m²",1,null,95.44,95.44]
["Composição Auxiliar"," 88260 ","SINAPI","CALCETEIRO COM ENCARGOS COMPLEMENTARES","SEDI - SERVIÇOS DIVERSOS",null,"H",0.32490000000000002,null,32.06,10.41]
["Composição Auxiliar"," 88316 ","SINAPI","SERVENTE COM ENCARGOS COMPLEMENTARES","SEDI - SERVIÇOS DIVERSOS",null,"H",0.32490000000000002,null,23.23,7.54]
["Composição Auxiliar"," 91277 ","SINAPI","PLACA VIBRATÓRIA REVERSÍVEL COM MOTOR 4 TEMPOS A GASOLINA, FORÇA CENTRÍFUGA DE 25 KN (2500 KGF), POTÊNCIA 5,5 CV - CHP DIURNO. AF_08/2015","CHOR - CUSTOS HORÁRIOS DE MÁQUINAS E EQUIPAMENTOS",null,"CHP",6.8999999999999999E-3,null,10.220000000000001,7.0000000000000007E-2]
["Composição Auxiliar"," 91278 ","SINAPI","PLACA VIBRATÓRIA REVERSÍVEL COM MOTOR 4 TEMPOS A GASOLINA, FORÇA CENTRÍFUGA DE 25 KN (2500 KGF), POTÊNCIA 5,5 CV - CHI DIURNO. AF_08/2015","CHOR - CUSTOS HORÁRIOS DE MÁQUINAS E EQUIPAMENTOS",null,"CHI",0.15559999999999999,null,0.71,0.11]
["Composição Auxiliar"," 91283 ","SINAPI","CORTADORA DE PISO COM MOTOR 4 TEMPOS A GASOLINA, POTÊNCIA DE 13 HP, COM DISCO DE CORTE DIAMANTADO SEGMENTADO PARA CONCRETO, DIÂMETRO DE 350 MM, FURO DE 1\" (14 X 1\") - CHP DIURNO. AF_08/2015","CHOR - CUSTOS HORÁRIOS DE MÁQUINAS E EQUIPAMENTOS",null,"CHP",3.8E-3,null,11.04,0.04]
["Composição Auxiliar"," 91285 ","SINAPI","CORTADORA DE PISO COM MOTOR 4 TEMPOS A GASOLINA, POTÊNCIA DE 13 HP, COM DISCO DE CORTE DIAMANTADO SEGMENTADO PARA CONCRETO, DIÂMETRO DE 350 MM, FURO DE 1\" (14 X 1\") - CHI DIURNO. AF_08/2015","CHOR - CUSTOS HORÁRIOS DE MÁQUINAS E EQUIPAMENTOS",null,"CHI",0.15870000000000001,null,1.07,0.16]
["Insumo"," 00000370 ","SINAPI","AREIA MEDIA - POSTO JAZIDA/FORNECEDOR (RETIRADO NA JAZIDA, SEM TRANSPORTE)","Material",null,"m³",5.6800000000000003E-2,null,110.01,6.24]
["Insumo"," 00004741 ","SINAPI","PO DE PEDRA (POSTO PEDREIRA/FORNECEDOR, SEM FRETE)","Material",null,"m³",9.7999999999999997E-3,null,105.27,1.03]
["Insumo"," 00040524 ","SINAPI","BLOQUETE/PISO INTERTRAVADO DE CONCRETO - MODELO ONDA/16 FACES/RETANGULAR/TIJOLINHO/PAVER/HOLANDES/PARALELEPIPEDO, 20 CM X 10 CM, E = 10 CM, RESISTENCIA DE 35 MPA (NBR 9781), COR NATURAL","Material",null,"m²",1.0041,null,69.56,69.84]
[{"$nulls":4},"MO sem LS =>",12.27,"LS =>",0,"MO com LS =>",12.27]
[{"$nulls":4},"Valor do BDI =>",21.53,null,"Valor com BDI =>",null,116.97]
[{"$nulls":6},"Quant. =>",1255.095,"Preço Total =>",146808.46]
[]
[" 5.7.9 ","Código","Banco","Descrição","Tipo",null,"Und","Quant.","Porcent.","Valor Unit","Total"]
["Composição"," 10891 ","ORSE","Portão de abrir, 2 folhas, com quadro em tubo galvanizado 2\",  com barra quadrada de 3/4\" na vertical e esticador redondo de 3/4\", inclusive fechadura e dobradiças","Esquadrias de Alumínio",null,"m²",1,null,522.29,522.29]
["Composição Auxiliar"," 1903 ","ORSE","Argamassa cimento e areia traço t-1 (1:3) - 1 saco cimento 50kg / 3 padiolas areia dim. 0.35 x 0.45 x 0.23 m - Confecção mecânica e transporte","Argamassas",null,"m³",0.03,null,541.27,16.23]
["Composição Auxiliar"," 10549 ","ORSE","Encargos Complementares - Servente","Provisórios",null,"h",4,null,3.79,15.16]
["Composição Auxiliar"," 10550 ","ORSE","Encargos Complementares - Pedreiro","Provisórios",null,"h",4,null,3.66,14.64]
["Insumo"," 11841 ","ORSE","Portão em barras de ferro vert. quadr. 3/4\", com quadro de tubo galv. 2\", montantes em tubo galvanizado de 4\" e esticador redondo e=1/2\", inclusive fechadura e dobradiças","Material",null,"m²",1,null,345.22,345.22]
["Insumo"," 00004750/SINAPI ","ORSE","Pedreiro (horista)","Mão de Obra",null,"h",4,null,19.11,76.44]
["Insumo"," 00006111/SINAPI ","ORSE","Servente de obras (horista)","Mão de Obra",null,"h",4,null,13.65,54.6]
[{"$nulls":4},"MO sem LS =>",132.66999999999999,"LS =>",0,"MO com LS =>",132.66999999999999]
[{"$nulls":4},"Valor do BDI =>",117.82,null,"Valor com BDI =>",null,640.11]
[{"$nulls":6},"Quant. =>",3.78,"Preço Total =>",2419.61]
[]
[" 5.7.10 ","Código","Banco","Descrição","Tipo",null,"Und","Quant.","Porcent.","Valor Unit","Total"]
["Composição"," 94559 ","SINAPI","JANELA DE AÇO TIPO BASCULANTE PARA VIDROS, COM BATENTE, FERRAGENS E PINTURA ANTICORROSIVA. EXCLUSIVE VIDROS, ACABAMENTO, ALIZAR E CONTRAMARCO. FORNECIMENTO E INSTALAÇÃO. AF_12/2019","ESQV - ESQUADRIAS/FERRAGENS/VIDROS",null,"m²",1,null,701.64,701.64]
["Composição Auxiliar"," 88309 ","SINAPI","PEDREIRO COM ENCARGOS COMPLEMENTARES","SEDI - SERVIÇOS DIVERSOS",null,"H",4.5810000000000004,null,32.270000000000003,147.82]
["Composição Auxiliar"," 88316 ","SINAPI","SERVENTE COM ENCARGOS COMPLEMENTARES","SEDI - SERVIÇOS DIVERSOS",null,"H",2.2909999999999999,null,23.23,53.21]
["Composição Auxiliar"," 88629 ","SINAPI","ARGAMASSA TRAÇO 1:3 (EM VOLUME DE CIMENTO E AREIA MÉDIA ÚMIDA), PREPARO MANUAL. AF_08/2019","SEDI - SERVIÇOS DIVERSOS",null,"m³",2.1000000000000001E-2,null,698.32,14.66]
["Insumo"," 00011190 ","SINAPI","JANELA BASCULANTE, ACO, COM BATENTE/REQUADRO, 60 X 60 CM (SEM VIDROS)","Material",null,"UN",2.778,null,174.93,485.95]
[{"$nulls":4},"MO sem LS =>",143.44999999999999,"LS =>",0,"MO com LS =>",143.44999999999999]
[{"$nulls":4},"Valor do BDI =>",158.28,null,"Valor com BDI =>",null,859.92]
[{"$nulls":6},"Quant. =>",4.2,"Preço Total =>",3611.66]
[]
[" 5.7.11 ","Código","Banco","Descrição","Tipo",null,"Und","Quant.","Porcent.","Valor Unit","Total"]
["Insumo"," 00001337 ","SINAPI","CHAPA DE ACO XADREZ PARA PISOS, E = 1/4 \" (6,30 MM) 54,53 KG/M2","Material",null,"KG",1,null,10.1,10.1]
[{"$nulls":4},"MO sem LS =>",0,"LS =>",0,"MO com LS =>",0]
[{"$nulls":4},"Valor do BDI =>",1.41,null,"Valor com BDI =>",null,11.51]
[{"$nulls":6},"Quant. =>",227.39009999999999,"Preço Total =>",2617.2600000000002]
[]
[" 6 ",null,null,"CANAL PRINCIPAL PIS - CP500-2",{"$nulls":6},68042334.689999998]
[" 6.1 ",null,null,"SEGMENTO DE CANAL - SUBTRECHO 1.1 (E0+11,44 ATÉ E75)",{"$nulls":6},5348796.2]
[" 6.1.1 ",null,null,"SEVIÇOS PRELIMINARES",{"$nulls":6},1125107.19]
[" 6.1.1.1 ","Código","Banco","Descrição","Tipo",null,"Und","Quant.","Porcent.","Valor Unit","Total"]
["Composição"," 5501700 ","SICRO3","DESMATAMENTO, DESTOCAMENTO, LIMPEZA DE ÁREA E ESTOCAGEM DO MATERIAL DE LIMPEZA COM ÁRVORES DE DIÂMETRO ATÉ 0,15 M.","",null,"m²",1,null,0.53,0.53]
["A","Código","Banco","Equipamentos","Quantidade","Utilização",null,"Custo Operacional",null,"Custo Horário"]
[{"$nulls":5},"Operativa","Improdutiva","Operativa","Improdutiva"]
["Insumo","E9541","SICRO3","Trator sobre esteiras com lâmina - 259 kW",1,1,0,760.50620000000004,307.02120000000002,760.50620000000004]
[{"$nulls":5},"Custo Horário de Equipamentos =>",null,null,null,760.50620000000004]
["B","Código","Banco","Mão de Obra","Quantidade","Salário Hora",null,null,null,"Custo Horário"]
["Insumo","P9824","SICRO3","Servente",2,null,null,null,21.465699999999998,42.931399999999996]
[{"$nulls":5},"Custo Horário da Mão de Obra =>",null,null,null,42.931399999999996]
[{"$nulls":5},"Adc.M.O. - Ferramentas (0,0%) =>",null,null,null,0]
[{"$nulls":5},"Custo Horário de Execução =>",null,null,null,803.43759999999997]
[{"$nulls":5},"Fator de Influencia da Chuva - FIC =>",null,null,null,2.3999999999999998E-3]
[{"$nulls":5},"Custo do FIC =>",null,null,null,1.1999999999999999E-3]
[{"$nulls":5},"Produção de Equipe =>",null,null,null,1532.91]
[{"$nulls":5},"Custo Unitário de Execução =>",null,null,null,0.52410000000000001]
[{"$nulls":4},"MO sem LS =>",2.8006471351873233E-2,"LS =>",0,"MO com LS =>",2.8006471351873233E-2]
[{"$nulls":4},"Valor do BDI =>",0.11,null,"Valor com BDI =>",null,0.64]
[{"$nulls":6},"Quant. =>",153844.74900000001,"Preço Total =>",98460.63]
[]
[" 6.1.1.2 ","Código","Banco","Descrição","Tipo",null,"Und","Quant.","Porcent.","Valor Unit","Total"]
["Composição"," 5501701 ","SICRO3","Destocamento de árvores com diâmetro de 0,15 a 0,30 m","",null,"un",1,null,38.81,38.81]
["A","Código","Banco","Equipamentos","Quantidade","Utilização",null,"Custo Operacional",null,"Custo Horário"]
[{"$nulls":5},"Operativa","Improdutiva","Operativa","Improdutiva"]
["Insumo","E9541","SICRO3","Trator sobre esteiras com lâmina - 259 kW",1,1,0,760.50620000000004,307.02120000000002,760.50620000000004]
[{"$nulls":5},"Custo Horário de Equipamentos =>",null,null,null,760.50620000000004]
["B","Código","Banco","Mão de Obra","Quantidade","Salário Hora",null,null,null,"Custo Horário"]
["Insumo","P9824","SICRO3","Servente",2,null,null,null,21.465699999999998,42.931399999999996]
[{"$nulls":5},"Custo Horário da Mão de Obra =>",null,null,null,42.931399999999996]
[{"$nulls":5},"Adc.M.O. - Ferramentas (0,0%) =>",null,null,null,0]
[{"$nulls":5},"Custo Horário de Execução =>",null,null,null,803.43759999999997]
[{"$nulls":5},"Fator de Influencia da Chuva - FIC =>",null,null,null,2.3999999999999998E-3]
[{"$nulls":5},"Custo do FIC =>",null,null,null,9.1800000000000007E-2]
[{"$nulls":5},"Produção de Equipe =>",null,null,null,20.75]
[{"$nulls":5},"Custo Unitário de Execução =>",null,null,null,38.719900000000003]
[{"$nulls":4},"MO sem LS =>",2.0689831325301205,"LS =>",0,"MO com LS =>",2.0689831325301205]
[{"$nulls":4},"Valor do BDI =>",8.75,null,"Valor com BDI =>",null,47.56]
[{"$nulls":6},"Quant. =>",924,"Preço Total =>",43945.440000000002]
[]
[" 6.1.1.3 ","Código","Banco","Descrição","Tipo",null,"Und","Quant.","Porcent.","Valor Unit","Total"]
["Composição"," 5501702 ","SICRO3","Destocamento de árvores com diâmetro maior que 0,30 m","",null,"un",1,null,97.03,97.03]
["A","Código","Banco","Equipamentos","Quantidade","Utilização",null,"Custo Operacional",null,"Custo Horário"]
[{"$nulls":5},"Operativa","Improdutiva","Operativa","Improdutiva"]
["Insumo","E9541","SICRO3","Trator sobre esteiras com lâmina - 259 kW",1,1,0,760.50620000000004,307.02120000000002,760.50620000000004]
[{"$nulls":5},"Custo Horário de Equipamentos =>",null,null,null,760.50620000000004]
["B","Código","Banco","Mão de Obra","Quantidade","Salário Hora",null,null,null,"Custo Horário"]
["Insumo","P9824","SICRO3","Servente",2,null,null,null,21.465699999999998,42.931399999999996]
[{"$nulls":5},"Custo Horário da Mão de Obra =>",null,null,null,42.931399999999996]
[{"$nulls":5},"Adc.M.O. - Ferramentas (0,0%) =>",null,null,null,0]
[{"$nulls":5},"Custo Horário de Execução =>",null,null,null,803.43759999999997]
[{"$nulls":5},"Fator de Influencia da Chuva - FIC =>",null,null,null,2.3999999999999998E-3]
[{"$nulls":5},"Custo do FIC =>",null,null,null,0.22939999999999999]
[{"$nulls":5},"Produção de Equipe =>",null,null,null,8.3000000000000007]
[{"$nulls":5},"Custo Unitário de Execução =>",null,null,null,96.799700000000001]
[{"$nulls":4},"MO sem LS =>",5.1724578313253016,"LS =>",0,"MO com LS =>",5.1724578313253016]
[{"$nulls":4},"Valor do BDI =>",21.88,null,"Valor com BDI =>",null,118.91]
[{"$nulls":6},"Quant. =>",385,"Preço Total =>",45780.35]
[]
[" 6.1.1.4 ","Código","Banco","Descrição","Tipo",null,"Und","Quant.","Porcent.","Valor Unit","Total"]
["Composição"," 5502109 ","SICRO3","Escavação, carga e transporte de material de 1ª categoria - DMT de 50 a 200 m - caminho de serviço em leito natural - com escavadeira e caminhão basculante de 14 m³","",null,"m³",1,null,5.73,5.73]
["A","Código","Banco","Equipamentos","Quantidade","Utilização",null,"Custo Operacional",null,"Custo Horário"]
[{"$nulls":5},"Operativa","Improdutiva","Operativa","Improdutiva"]
["Insumo","E9667","SICRO3","Caminhão basculante com capacidade de 14 m³ - 188 kW",4,0.76,0.24,297.32,90.567700000000002,990.79780000000005]
["Insumo","E9515","SICRO3","Escavadeira hidráulica sobre esteiras com caçamba com capacidade de 1,56 m³ - 118 kW",1,1,0,287.9393,133.5633,287.9393]
[{"$nulls":5},"Custo Horário de Equipamentos =>",null,null,null,1278.7371000000001]
["B","Código","Banco","Mão de Obra","Quantidade","Salário Hora",null,null,null,"Custo Horário"]
["Insumo","P9824","SICRO3","Servente",1,null,null,null,21.465699999999998,21.465699999999998]
[{"$nulls":5},"Custo Horário da Mão de Obra =>",null,null,null,21.465699999999998]
[{"$nulls":5},"Adc.M.O. - Ferramentas (0,0%) =>",null,null,null,0]
[{"$nulls":5},"Custo Horário de Execução =>",null,null,null,1300.2028]
[{"$nulls":5},"Fator de Influencia da Chuva - FIC =>",null,null,null,1.43E-2]
[{"$nulls":5},"Custo do FIC =>",null,null,null,8.0500000000000002E-2]
[{"$nulls":5},"Produção de Equipe =>",null,null,null,230.19]
[{"$nulls":5},"Custo Unitário de Execução =>",null,null,null,5.6483999999999996]
[{"$nulls":4},"MO sem LS =>",9.3252096094530598E-2,"LS =>",0,"MO com LS =>",9.3252096094530598E-2]
[{"$nulls":4},"Valor do BDI =>",1.29,null,"Valor com BDI =>",null,7.02]
[{"$nulls":6},"Quant. =>",8522,"Preço Total =>",59824.44]
[]
[" 6.1.1.5 ","Código","Banco","Descrição","Tipo",null,"Und","Quant.","Porcent.","Valor Unit","Total"]
["Composição"," 100983 ","SINAPI","CARGA, MANOBRA E DESCARGA DE ENTULHO EM CAMINHÃO BASCULANTE 14 M³ - CARGA COM ESCAVADEIRA HIDRÁULICA  (CAÇAMBA DE 0,80 M³ / 111 HP) E DESCARGA LIVRE (UNIDADE: M3). AF_07/2020.","TRAN - TRANSPORTES, CARGAS E DESCARGAS",null,"m³",1,null,9.1199999999999992,9.1199999999999992]
["Composição Auxiliar"," 5631 ","SINAPI","ESCAVADEIRA HIDRÁULICA SOBRE ESTEIRAS, CAÇAMBA 0,80 M3, PESO OPERACIONAL 17 T, POTENCIA BRUTA 111 HP - CHP DIURNO. AF_06/2014","CHOR - CUSTOS HORÁRIOS DE MÁQUINAS E EQUIPAMENTOS",null,"CHP",8.3000000000000001E-3,null,224.35,1.86]
["Composição Auxiliar"," 5632 ","SINAPI","ESCAVADEIRA HIDRÁULICA SOBRE ESTEIRAS, CAÇAMBA 0,80 M3, PESO OPERACIONAL 17 T, POTENCIA BRUTA 111 HP - CHI DIURNO. AF_06/2014","CHOR - CUSTOS HORÁRIOS DE MÁQUINAS E EQUIPAMENTOS",null,"CHI",8.5000000000000006E-3,null,101.91,0.86]
["Composição Auxiliar"," 89876 ","SINAPI","CAMINHÃO BASCULANTE 14 M3, COM CAVALO MECÂNICO DE CAPACIDADE MÁXIMA DE TRAÇÃO COMBINADO DE 36000 KG, POTÊNCIA 286 CV, INCLUSIVE SEMIREBOQUE COM CAÇAMBA METÁLICA - CHP DIURNO. AF_12/2014","CHOR - CUSTOS HORÁRIOS DE MÁQUINAS E EQUIPAMENTOS",null,"CHP",1.6899999999999998E-2,null,323.52,5.46]
["Composição Auxiliar"," 89877 ","SINAPI","CAMINHÃO BASCULANTE 14 M3, COM CAVALO MECÂNICO DE CAPACIDADE MÁXIMA DE TRAÇÃO COMBINADO DE 36000 KG, POTÊNCIA 286 CV, INCLUSIVE SEMIREBOQUE COM CAÇAMBA METÁLICA - CHI DIURNO. AF_12/2014","CHOR - CUSTOS HORÁRIOS DE MÁQUINAS E EQUIPAMENTOS",null,"CHI",1.0999999999999999E-2,null,86.24,0.94]
[{"$nulls":4},"MO sem LS =>",1.31,"LS =>",0,"MO com LS =>",1.31]
[{"$nulls":4},"Valor do BDI =>",2.0499999999999998,null,"Valor com BDI =>",null,11.17]
[{"$nulls":6},"Quant. =>",61537.899599999997,"Preço Total =>",687378.33]
[]
[" 6.1.1.6 ","Código","Banco","Descrição","Tipo",null,"Und","Quant.","Porcent.","Valor Unit","Total"]
["Composição"," 5901639 ","SICRO3","TRANSPORTE COM CAMINHÃO BASCULANTE COM CAÇAMBA ESTANQUE COM CAPACIDADE DE 14 M³ - RODOVIA EM LEITO NATURAL.","",null,"tkm",1,null,0.87,0.87]
["A","Código","Banco","Equipamentos","Quantidade","Utilização",null,"Custo Operacional",null,"Custo Horário"]
[{"$nulls":5},"Operativa","Improdutiva","Operativa","Improdutiva"]
["Insumo","E9575","SICRO3","Caminhão basculante com caçamba estanque com capacidade de 14 m³ - 188 kW",1,1,0,297.71420000000001,90.774600000000007,297.71420000000001]
[{"$nulls":5},"Custo Horário de Equipamentos =>",null,null,null,297.71420000000001]
[{"$nulls":5},"Custo Horário de Execução =>",null,null,null,297.71420000000001]
[{"$nulls":5},"Fator de Influencia da Chuva - FIC =>",null,null,null,1.43E-2]
[{"$nulls":5},"Custo do FIC =>",null,null,null,1.2200000000000001E-2]
[{"$nulls":5},"Produção de Equipe =>",null,null,null,348.6]
[{"$nulls":5},"Custo Unitário de Execução =>",null,null,null,0.85399999999999998]
[{"$nulls":4},"MO sem LS =>",0,"LS =>",0,"MO com LS =>",0]
[{"$nulls":4},"Valor do BDI =>",0.19,null,"Valor com BDI =>",null,1.06]
[{"$nulls":6},"Quant. =>",19692.127872000001,"Preço Total =>",20873.650000000001]
[]
[" 6.1.1.7 ","Código","Banco","Descrição","Tipo",null,"Und","Quant.","Porcent.","Valor Unit","Total"]
["Composição"," 4413942 ","SICRO3","ESPALHAMENTO DE MATERIAL EM BOTA-FORA","",null,"m³",1,null,1.97,1.97]
["A","Código","Banco","Equipamentos","Quantidade","Utilização",null,"Custo Operacional",null,"Custo Horário"]
[{"$nulls":5},"Operativa","Improdutiva","Operativa","Improdutiva"]
["Insumo","E9540","SICRO3","Trator sobre esteiras com lâmina - 127 kW",1,1,0,322.01350000000002,134.76900000000001,322.01350000000002]
[{"$nulls":5},"Custo Horário de Equipamentos =>",null,null,null,322.01350000000002]
["B","Código","Banco","Mão de Obra","Quantidade","Salário Hora",null,null,null,"Custo Horário"]
["Insumo","P9824","SICRO3","Servente",1,null,null,null,21.465699999999998,21.465699999999998]
[{"$nulls":5},"Custo Horário da Mão de Obra =>",null,null,null,21.465699999999998]
[{"$nulls":5},"Adc.M.O. - Ferramentas (0,0%) =>",null,null,null,0]
[{"$nulls":5},"Custo Horário de Execução =>",null,null,null,343.47919999999999]
[{"$nulls":5},"Fator de Influencia da Chuva - FIC =>",null,null,null,1.43E-2]
[{"$nulls":5},"Custo do FIC =>",null,null,null,2.7699999999999999E-2]
[{"$nulls":5},"Produção de Equipe =>",null,null,null,176.81]
[{"$nulls":5},"Custo Unitário de Execução =>",null,null,null,1.9426000000000001]
[{"$nulls":4},"MO sem LS =>",0.12140546349188394,"LS =>",0,"MO com LS =>",0.12140546349188394]
[{"$nulls":4},"Valor do BDI =>",0.44,null,"Valor com BDI =>",null,2.41]
[{"$nulls":6},"Quant. =>",70059.899600000004,"Preço Total =>",168844.35]
[]
[" 6.1.2 ",null,null,"MOVIMENTO DE TERRA",{"$nulls":6},629016.54]
[" 6.1.2.1 ",null,null,"CORTE",{"$nulls":6},351430.46]
[" 6.1.2.1.1 ","Código","Banco","Descrição","Tipo",null,"Und","Quant.","Porcent.","Valor Unit","Total"]
["Composição"," 5502109 ","SICRO3","ESCAVAÇÃO, CARGA E TRANSPORTE DE MATERIAL DE 1ª CATEGORIA - DMT DE 50 A 200 M - CAMINHO DE SERVIÇO EM LEITO NATURAL - COMESCAVADEIRA E CAMINHÃO BASCULANTE DE 14 M³","",null,"m³",1,null,5.73,5.73]
["A","Código","Banco","Equipamentos","Quantidade","Utilização",null,"Custo Operacional",null,"Custo Horário"]
[{"$nulls":5},"Operativa","Improdutiva","Operativa","Improdutiva"]
["Insumo","E9667","SICRO3","Caminhão basculante com capacidade de 14 m³ - 188 kW",4,0.76,0.24,297.32,90.567700000000002,990.79780000000005]
["Insumo","E9515","SICRO3","Escavadeira hidráulica sobre esteiras com caçamba com capacidade de 1,56 m³ - 118 kW",1,1,0,287.9393,133.5633,287.9393]
[{"$nulls":5},"Custo Horário de Equipamentos =>",null,null,null,1278.7371000000001]
["B","Código","Banco","Mão de Obra","Quantidade","Salário Hora",null,null,null,"Custo Horário"]
["Insumo","P9824","SICRO3","Servente",1,null,null,null,21.465699999999998,21.465699999999998]
[{"$nulls":5},"Custo Horário da Mão de Obra =>",null,null,null,21.465699999999998]
[{"$nulls":5},"Adc.M.O. - Ferramentas (0,0%) =>",null,null,null,0]
[{"$nulls":5},"Custo Horário de Execução =>",null,null,null,1300.2028]
[{"$nulls":5},"Fator de Influencia da Chuva - FIC =>",null,null,null,1.43E-2]
[{"$nulls":5},"Custo do FIC =>",null,null,null,8.0500000000000002E-2]
[{"$nulls":5},"Produção de Equipe =>",null,null,null,230.19]
[{"$nulls":5},"Custo Unitário de Execução =>",null,null,null,5.6483999999999996]
[{"$nulls":4},"MO sem LS =>",9.3252096094530598E-2,"LS =>",0,"MO com LS =>",9.3252096094530598E-2]
[{"$nulls":4},"Valor do BDI =>",1.29,null,"Valor com BDI =>",null,7.02]
[{"$nulls":6},"Quant. =>",17947.21,"Preço Total =>",125989.41]
[]
[" 6.1.2.1.2 ","Código","Banco","Descrição","Tipo",null,"Und","Quant.","Porcent.","Valor Unit","Total"]
["Composição"," 5502110 ","SICRO3","Escavação, carga e transporte de material de 1ª categoria - DMT de 200 a 400 m - caminho de serviço em leito natural - com escavadeira e caminhão basculante de 14 m³","",null,"m³",1,null,6.13,6.13]
["A","Código","Banco","Equipamentos","Quantidade","Utilização",null,"Custo Operacional",null,"Custo Horário"]
[{"$nulls":5},"Operativa","Improdutiva","Operativa","Improdutiva"]
["Insumo","E9667","SICRO3","Caminhão basculante com capacidade de 14 m³ - 188 kW",4,0.87,0.13,297.32,90.567700000000002,1081.7688000000001]
["Insumo","E9515","SICRO3","Escavadeira hidráulica sobre esteiras com caçamba com capacidade de 1,56 m³ - 118 kW",1,1,0,287.9393,133.5633,287.9393]
[{"$nulls":5},"Custo Horário de Equipamentos =>",null,null,null,1369.7081000000001]
["B","Código","Banco","Mão de Obra","Quantidade","Salário Hora",null,null,null,"Custo Horário"]
["Insumo","P9824","SICRO3","Servente",1,null,null,null,21.465699999999998,21.465699999999998]
[{"$nulls":5},"Custo Horário da Mão de Obra =>",null,null,null,21.465699999999998]
[{"$nulls":5},"Adc.M.O. - Ferramentas (0,0%) =>",null,null,null,0]
[{"$nulls":5},"Custo Horário de Execução =>",null,null,null,1391.1738]
[{"$nulls":5},"Fator de Influencia da Chuva - FIC =>",null,null,null,1.43E-2]
[{"$nulls":5},"Custo do FIC =>",null,null,null,8.6099999999999996E-2]
[{"$nulls":5},"Produção de Equipe =>",null,null,null,230.19]
[{"$nulls":5},"Custo Unitário de Execução =>",null,null,null,6.0435999999999996]
[{"$nulls":4},"MO sem LS =>",9.3252096094530598E-2,"LS =>",0,"MO com LS =>",9.3252096094530598E-2]
[{"$nulls":4},"Valor do BDI =>",1.38,null,"Valor com BDI =>",null,7.51]
[{"$nulls":6},"Quant. =>",227.5,"Preço Total =>",1708.52]
[]
[" 6.1.2.1.3 ","Código","Banco","Descrição","Tipo",null,"Und","Quant.","Porcent.","Valor Unit","Total"]
["Composição"," 5502187 ","SICRO3","Escavação, carga e transporte de material de 2ª categoria - DMT de 50 m","",null,"m³",1,null,7.16,7.16]
["A","Código","Banco","Equipamentos","Quantidade","Utilização",null,"Custo Operacional",null,"Custo Horário"]
[{"$nulls":5},"Operativa","Improdutiva","Operativa","Improdutiva"]
["Insumo","E9541","SICRO3","Trator sobre esteiras com lâmina - 259 kW",1,1,0,760.50620000000004,307.02120000000002,760.50620000000004]
["Insumo","E9565","SICRO3","Trator sobre esteiras com lâmina e escarificador - 259 kW",1,0.88,0.12,767.6318,310.59910000000002,712.78790000000004]
[{"$nulls":5},"Custo Horário de Equipamentos =>",null,null,null,1473.2941000000001]
["B","Código","Banco","Mão de Obra","Quantidade","Salário Hora",null,null,null,"Custo Horário"]
["Insumo","P9824","SICRO3","Servente",1,null,null,null,21.465699999999998,21.465699999999998]
[{"$nulls":5},"Custo Horário da Mão de Obra =>",null,null,null,21.465699999999998]
[{"$nulls":5},"Adc.M.O. - Ferramentas (0,0%) =>",null,null,null,0]
[{"$nulls":5},"Custo Horário de Execução =>",null,null,null,1494.7598]
[{"$nulls":5},"Fator de Influencia da Chuva - FIC =>",null,null,null,4.7999999999999996E-3]
[{"$nulls":5},"Custo do FIC =>",null,null,null,3.39E-2]
[{"$nulls":5},"Produção de Equipe =>",null,null,null,209.71]
[{"$nulls":5},"Custo Unitário de Execução =>",null,null,null,7.1276999999999999]
[{"$nulls":4},"MO sem LS =>",0.10235897191359497,"LS =>",0,"MO com LS =>",0.10235897191359497]
[{"$nulls":4},"Valor do BDI =>",1.61,null,"Valor com BDI =>",null,8.77]
[{"$nulls":6},"Quant. =>",1622.47,"Preço Total =>",14229.06]
[]
[" 6.1.2.1.4 ","Código","Banco","Descrição","Tipo",null,"Und","Quant.","Porcent.","Valor Unit","Total"]
["Composição"," 5502742 ","SICRO3","Escavação, carga e transporte de material de 3ª categoria - DMT de 50 a 200 m - caminho de serviço em leito natural com caminhão basculante de 12 m³","",null,"m³",1,null,40.99,40.99]
["A","Código","Banco","Equipamentos","Quantidade","Utilização",null,"Custo Operacional",null,"Custo Horário"]
[{"$nulls":5},"Operativa","Improdutiva","Operativa","Improdutiva"]
["Insumo","E9672","SICRO3","Caminhão basculante para rocha com capacidade de 12 m³ - 188 kW",2,0.89,0.11,309.83929999999998,108.2497,575.32889999999998]
["Insumo","E9117","SICRO3","Carregadeira de pneus para rocha com capacidade de 2,50 m³ - 105 kW",1,0.78,0.22,359.73469999999998,157.4614,315.2346]
["Insumo","E9646","SICRO3","Compressor de ar portátil de 58,52 l/s (124 PCM) - 27 kW",1,1,0,43.116199999999999,10.8597,43.116199999999999]
["Insumo","E9527","SICRO3","Martelete perfurador/rompedor a ar comprimido de 25 kg para rocha com capacidade de",1,1,0,35.0152,32.827100000000002,35.0152]
["Insumo","E9574","SICRO3","Perfuratriz sobre esteiras - 145 kW",1,1,0,406.70780000000002,181.6712,406.70780000000002]
["Insumo","E9540","SICRO3","Trator sobre esteiras com lâmina - 127 kW",1,0.38,0.62,322.01350000000002,134.76900000000001,205.92189999999999]
[{"$nulls":5},"Custo Horário de Equipamentos =>",null,null,null,1581.3245999999999]
["B","Código","Banco","Mão de Obra","Quantidade","Salário Hora",null,null,null,"Custo Horário"]
["Insumo","P9892","SICRO3","Auxiliar de blaster",2,null,null,null,34.436,68.872]
["Insumo","P9852","SICRO3","Blaster",1,null,null,null,38.045200000000001,38.045200000000001]
[{"$nulls":5},"Custo Horário da Mão de Obra =>",null,null,null,106.91719999999999]
[{"$nulls":5},"Adc.M.O. - Ferramentas (0,0%) =>",null,null,null,0]
[{"$nulls":5},"Custo Horário de Execução =>",null,null,null,1688.2418]
[{"$nulls":5},"Fator de Influencia da Chuva - FIC =>",null,null,null,2.3999999999999998E-3]
[{"$nulls":5},"Custo do FIC =>",null,null,null,6.1699999999999998E-2]
[{"$nulls":5},"Produção de Equipe =>",null,null,null,64.84]
[{"$nulls":5},"Custo Unitário de Execução =>",null,null,null,26.036999999999999]
["C","Banco","Código","Material","Quantidade","Unidade","Preço Unitário",null,null,"Custo Horário"]
["Insumo","SICRO3","M2062","Coroa de botões esféricos linha T38 - D = 64 mm (2 1/2”)",3.4000000000000002E-4,"un",721.71960000000001,null,null,0.24540000000000001]
["Insumo","SICRO3","M2042","Emulsão explosiva encartuchada",0.56232000000000004,"kg",13.049300000000001,null,null,7.3379000000000003]
["Insumo","SICRO3","M2065","Haste linha T38 para perfuratriz sobre esteiras - D = 38,0 mm (1 1/2”) e C = 3,05 m",1.6000000000000001E-4,"un",2083.3042,null,null,0.33329999999999999]
["Insumo","SICRO3","M2066","Luva em aço linha T38 para perfuratriz sobre esteiras - D = 38,0 mm (1 1/2”)",2.5000000000000001E-4,"un",354.3057,null,null,8.8599999999999998E-2]
["Insumo","SICRO3","M2144","Nonel de coluna - C = 6,0 m",0.04,"un",14.9855,null,null,0.59940000000000004]
["Insumo","SICRO3","M2141","Nonel de iniciação para fogacho - C = 6,0 m",0.15714,"un",14.9138,null,null,2.3435999999999999]
["Insumo","SICRO3","M2143","Nonel de ligação - C = 6,0 m",1.5709999999999998E-2,"un",17.517800000000001,null,null,0.2752]
["Insumo","SICRO3","M2146","Nonel iniciador - C = 150,0 m",1.4300000000000001E-3,"un",207.2826,null,null,0.2964]
["Insumo","SICRO3","M2067","Punho linha T38 para perfuratriz sobre esteiras - D = 38 mm (1 1/2”)",1.2999999999999999E-4,"un",1000.3667,null,null,0.13]
["Insumo","SICRO3","M2145","Série de brocas integrais S12",3.3300000000000001E-3,"un",973.28599999999994,null,null,3.2410000000000001]
[{"$nulls":5},"Custo Total do Material =>",null,null,null,14.8908]
[{"$nulls":4},"MO sem LS =>",1.6489389265885257,"LS =>",0,"MO com LS =>",1.6489389265885257]
[{"$nulls":4},"Valor do BDI =>",9.24,null,"Valor com BDI =>",null,50.23]
[{"$nulls":6},"Quant. =>",1130.74,"Preço Total =>",56797.07]
[]
[" 6.1.2.1.5 ","Código","Banco","Descrição","Tipo",null,"Und","Quant.","Porcent.","Valor Unit","Total"]
["Composição"," 5505768 ","SICRO3","Pré-fissuramento de material de 3ª categoria","",null,"m²",1,null,80.91,80.91]
["A","Código","Banco","Equipamentos","Quantidade","Utilização",null,"Custo Operacional",null,"Custo Horário"]
[{"$nulls":5},"Operativa","Improdutiva","Operativa","Improdutiva"]
["Insumo","E9574","SICRO3","Perfuratriz sobre esteiras - 145 kW",1,1,0,406.70780000000002,181.6712,406.70780000000002]
[{"$nulls":5},"Custo Horário de Equipamentos =>",null,null,null,406.70780000000002]
["B","Código","Banco","Mão de Obra","Quantidade","Salário Hora",null,null,null,"Custo Horário"]
["Insumo","P9892","SICRO3","Auxiliar de blaster",2,null,null,null,34.436,68.872]
["Insumo","P9852","SICRO3","Blaster",1,null,null,null,38.045200000000001,38.045200000000001]
[{"$nulls":5},"Custo Horário da Mão de Obra =>",null,null,null,106.91719999999999]
[{"$nulls":5},"Adc.M.O. - Ferramentas (0,0%) =>",null,null,null,0]
[{"$nulls":5},"Custo Horário de Execução =>",null,null,null,513.625]
[{"$nulls":5},"Fator de Influencia da Chuva - FIC =>",null,null,null,2.3999999999999998E-3]
[{"$nulls":5},"Custo do FIC =>",null,null,null,0.1467]
[{"$nulls":5},"Produção de Equipe =>",null,null,null,8.3000000000000007]
[{"$nulls":5},"Custo Unitário de Execução =>",null,null,null,61.8825]
["C","Banco","Código","Material","Quantidade","Unidade","Preço Unitário",null,null,"Custo Horário"]
["Insumo","SICRO3","M2062","Coroa de botões esféricos linha T38 - D = 64 mm (2 1/2”)",2.5600000000000002E-3,"un",721.71960000000001,null,null,1.8475999999999999]
["Insumo","SICRO3","M2042","Emulsão explosiva encartuchada",0.3,"kg",13.049300000000001,null,null,3.9148000000000001]
["Insumo","SICRO3","M2065","Haste linha T38 para perfuratriz sobre esteiras - D = 38,0 mm (1 1/2”) e C = 3,05 m",1.1900000000000001E-3,"un",2083.3042,null,null,2.4790999999999999]
["Insumo","SICRO3","M2066","Luva em aço linha T38 para perfuratriz sobre esteiras - D = 38,0 mm (1 1/2”)",1.8500000000000001E-3,"un",354.3057,null,null,0.65549999999999997]
["Insumo","SICRO3","M2144","Nonel de coluna - C = 6,0 m",0.33333000000000002,"un",14.9855,null,null,4.9950999999999999]
["Insumo","SICRO3","M2143","Nonel de ligação - C = 6,0 m",3.3329999999999999E-2,"un",17.517800000000001,null,null,0.58389999999999997]
["Insumo","SICRO3","M2146","Nonel iniciador - C = 150,0 m",1.6670000000000001E-2,"un",207.2826,null,null,3.4554]
["Insumo","SICRO3","M2067","Punho linha T38 para perfuratriz sobre esteiras - D = 38 mm (1 1/2”)",9.5E-4,"un",1000.3667,null,null,0.95030000000000003]
[{"$nulls":5},"Custo Total do Material =>",null,null,null,18.881699999999999]
[{"$nulls":4},"MO sem LS =>",12.881590361445783,"LS =>",0,"MO com LS =>",12.881590361445783]
[{"$nulls":4},"Valor do BDI =>",18.25,null,"Valor com BDI =>",null,99.16]
[{"$nulls":6},"Quant. =>",1540,"Preço Total =>",152706.4]
[]
[" 6.1.2.2 ",null,null,"EXPLORAÇÃO DE JAZIDAS",{"$nulls":6},65353.599999999999]
[" 6.1.2.2.1 ","Código","Banco","Descrição","Tipo",null,"Und","Quant.","Porcent.","Valor Unit","Total"]
["Composição"," 4016096 ","SICRO3","ESCAVAÇÃO E CARGA DE MATERIAL DE JAZIDA COM ESCAVADEIRA HIDRÁULICA DE 1,56 M³","",null,"m³",1,null,1.36,1.36]
["A","Código","Banco","Equipamentos","Quantidade","Utilização",null,"Custo Operacional",null,"Custo Horário"]
[{"$nulls":5},"Operativa","Improdutiva","Operativa","Improdutiva"]
["Insumo","E9515","SICRO3","Escavadeira hidráulica sobre esteiras com caçamba com capacidade de 1,56 m³ - 118 kW",1,1,0,287.9393,133.5633,287.9393]
[{"$nulls":5},"Custo Horário de Equipamentos =>",null,null,null,287.9393]
["B","Código","Banco","Mão de Obra","Quantidade","Salário Hora",null,null,null,"Custo Horário"]
["Insumo","P9824","SICRO3","Servente",1,null,null,null,21.465699999999998,21.465699999999998]
[{"$nulls":5},"Custo Horário da Mão de Obra =>",null,null,null,21.465699999999998]
[{"$nulls":5},"Adc.M.O. - Ferramentas (0,0%) =>",null,null,null,0]
[{"$nulls":5},"Custo Horário de Execução =>",null,null,null,309.40499999999997]
[{"$nulls":5},"Fator de Influencia da Chuva - FIC =>",null,null,null,1.43E-2]
[{"$nulls":5},"Custo do FIC =>",null,null,null,1.9199999999999998E-2]
[{"$nulls":5},"Produção de Equipe =>",null,null,null,230.19]
[{"$nulls":5},"Custo Unitário de Execução =>",null,null,null,1.3441000000000001]
[{"$nulls":4},"MO sem LS =>",9.3252096094530598E-2,"LS =>",0,"MO com LS =>",9.3252096094530598E-2]
[{"$nulls":4},"Valor do BDI =>",0.3,null,"Valor com BDI =>",null,1.66]
[{"$nulls":6},"Quant. =>",14995.03,"Preço Total =>",24891.74]
[]
[" 6.1.2.2.2 ","Código","Banco","Descrição","Tipo",null,"Und","Quant.","Porcent.","Valor Unit","Total"]
["Composição"," 5901639 ","SICRO3","TRANSPORTE COM CAMINHÃO BASCULANTE COM CAÇAMBA ESTANQUE COM CAPACIDADE DE 14 M³ - RODOVIA EM LEITO NATURAL.","",null,"tkm",1,null,0.87,0.87]
["A","Código","Banco","Equipamentos","Quantidade","Utilização",null,"Custo Operacional",null,"Custo Horário"]
[{"$nulls":5},"Operativa","Improdutiva","Operativa","Improdutiva"]
["Insumo","E9575","SICRO3","Caminhão basculante com caçamba estanque com capacidade de 14 m³ - 188 kW",1,1,0,297.71420000000001,90.774600000000007,297.71420000000001]
[{"$nulls":5},"Custo Horário de Equipamentos =>",null,null,null,297.71420000000001]
[{"$nulls":5},"Custo Horário de Execução =>",null,null,null,297.71420000000001]
[{"$nulls":5},"Fator de Influencia da Chuva - FIC =>",null,null,null,1.43E-2]
[{"$nulls":5},"Custo do FIC =>",null,null,null,1.2200000000000001E-2]
[{"$nulls":5},"Produção de Equipe =>",null,null,null,348.6]
[{"$nulls":5},"Custo Unitário de Execução =>",null,null,null,0.85399999999999998]
[{"$nulls":4},"MO sem LS =>",0,"LS =>",0,"MO com LS =>",0]
[{"$nulls":4},"Valor do BDI =>",0.19,null,"Valor com BDI =>",null,1.06]
[{"$nulls":6},"Quant. =>",38171.571812299997,"Preço Total =>",40461.86]
[]
[" 6.1.2.3 ",null,null,"ATERRO",{"$nulls":6},212232.48]
[" 6.1.2.3.1 ","Código","Banco","Descrição","Tipo",null,"Und","Quant.","Porcent.","Valor Unit","Total"]
["Composição"," 5502978 ","SICRO3","COMPACTAÇÃO DE ATERROS A 100% DO PROCTOR NORMAL","",null,"m³",1,null,4.9800000000000004,4.9800000000000004]
["A","Código","Banco","Equipamentos","Quantidade","Utilização",null,"Custo Operacional",null,"Custo Horário"]
[{"$nulls":5},"Operativa","Improdutiva","Operativa","Improdutiva"]
["Insumo","E9571","SICRO3","Caminhão tanque com capacidade de 10.000 l - 188 kW",1,0.9,0.1,321.9742,87.045699999999997,298.48140000000001]
["Insumo","E9518","SICRO3","Grade de 24 discos rebocável de D = 60 cm (24”)",1,0.52,0.48,4.8493000000000004,3.3769999999999998,4.1425999999999998]
["Insumo","E9524","SICRO3","Motoniveladora - 93 kW",1,0.28999999999999998,0.71,289.17180000000002,130.09540000000001,176.2276]
["Insumo","E9685","SICRO3","Rolo compactador pé de carneiro vibratório autopropelido por pneus de 11,6 t - 82 kW",1,1,0,221.4451,102.9592,221.4451]
["Insumo","E9577","SICRO3","Trator agrícola sobre pneus - 77 kW",1,0.52,0.48,148.2132,57.663899999999998,104.7495]
[{"$nulls":5},"Custo Horário de Equipamentos =>",null,null,null,805.0462]
["B","Código","Banco","Mão de Obra","Quantidade","Salário Hora",null,null,null,"Custo Horário"]
["Insumo","P9824","SICRO3","Servente",1,null,null,null,21.465699999999998,21.465699999999998]
[{"$nulls":5},"Custo Horário da Mão de Obra =>",null,null,null,21.465699999999998]
[{"$nulls":5},"Adc.M.O. - Ferramentas (0,0%) =>",null,null,null,0]
[{"$nulls":5},"Custo Horário de Execução =>",null,null,null,826.51189999999997]
[{"$nulls":5},"Fator de Influencia da Chuva - FIC =>",null,null,null,1.43E-2]
[{"$nulls":5},"Custo do FIC =>",null,null,null,7.0000000000000007E-2]
[{"$nulls":5},"Produção de Equipe =>",null,null,null,168.2]
[{"$nulls":5},"Custo Unitário de Execução =>",null,null,null,4.9138999999999999]
[{"$nulls":4},"MO sem LS =>",0.12762009512485137,"LS =>",0,"MO com LS =>",0.12762009512485137]
[{"$nulls":4},"Valor do BDI =>",1.1200000000000001,null,"Valor com BDI =>",null,6.1]
[{"$nulls":6},"Quant. =>",34792.21,"Preço Total =>",212232.48]
[]
[" 6.1.3 ",null,null,"ENROCAMENTO DE PROTEÇÃO DO TALUDE EXTERNO DO DIQUE",{"$nulls":6},257433.55]
[" 6.1.3.1 ","Código","Banco","Descrição","Tipo",null,"Und","Quant.","Porcent.","Valor Unit","Total"]
["Composição"," 5914657 ","SICRO3","CARGA, MANOBRA E DESCARGA DE BLOCOS DE ROCHA EM CAMINHÃO BASCULANTE DE 8 M³ - CARGA COM RETROESCAVADEIRA DE 0,29 M³ E DESCARGA LIVRE.","",null,"t",1,null,17.600000000000001,17.600000000000001]
["A","Código","Banco","Equipamentos","Quantidade","Utilização",null,"Custo Operacional",null,"Custo Horário"]
[{"$nulls":5},"Operativa","Improdutiva","Operativa","Improdutiva"]
["Insumo","E9604","SICRO3","Caminhão basculante para rocha com capacidade de 8 m³ - 210 kW",2,0.56999999999999995,0.43,297.14830000000001,90.430499999999995,416.51929999999999]
["Insumo","E9526","SICRO3","Retroescavadeira de pneus - capacidade da caçamba da pá-carregadeira de 0,76 m³ e da",1,1,0,151.10929999999999,79.652699999999996,151.10929999999999]
[{"$nulls":5},"Custo Horário de Equipamentos =>",null,null,null,567.62860000000001]
[{"$nulls":5},"Custo Horário de Execução =>",null,null,null,567.62860000000001]
[{"$nulls":5},"Fator de Influencia da Chuva - FIC =>",null,null,null,0]
[{"$nulls":5},"Custo do FIC =>",null,null,null,0]
[{"$nulls":5},"Produção de Equipe =>",null,null,null,32.26]
[{"$nulls":5},"Custo Unitário de Execução =>",null,null,null,17.595400000000001]
[{"$nulls":4},"MO sem LS =>",0,"LS =>",0,"MO com LS =>",0]
[{"$nulls":4},"Valor do BDI =>",3.97,null,"Valor com BDI =>",null,21.57]
[{"$nulls":6},"Quant. =>",985.223657,"Preço Total =>",21251.27]
[]
[" 6.1.3.2 ","Código","Banco","Descrição","Tipo",null,"Und","Quant.","Porcent.","Valor Unit","Total"]
["Composição"," 5914346 ","SICRO3","TRANSPORTE DE MATERIAL DE 3ª CATEGORIA COM CAMINHÃO BASCULANTE DE 8 M³ PARA ROCHA - RODOVIA EM LEITO NATURAL","",null,"tkm",1,null,1.68,1.68]
["A","Código","Banco","Equipamentos","Quantidade","Utilização",null,"Custo Operacional",null,"Custo Horário"]
[{"$nulls":5},"Operativa","Improdutiva","Operativa","Improdutiva"]
["Insumo","E9604","SICRO3","Caminhão basculante para rocha com capacidade de 8 m³ - 210 kW",1,1,0,297.14830000000001,90.430499999999995,297.14830000000001]
[{"$nulls":5},"Custo Horário de Equipamentos =>",null,null,null,297.14830000000001]
[{"$nulls":5},"Custo Horário de Execução =>",null,null,null,297.14830000000001]
[{"$nulls":5},"Fator de Influencia da Chuva - FIC =>",null,null,null,1.43E-2]
[{"$nulls":5},"Custo do FIC =>",null,null,null,2.3599999999999999E-2]
[{"$nulls":5},"Produção de Equipe =>",null,null,null,179.28]
[{"$nulls":5},"Custo Unitário de Execução =>",null,null,null,1.6575]
[{"$nulls":4},"MO sem LS =>",0,"LS =>",0,"MO com LS =>",0]
[{"$nulls":4},"Valor do BDI =>",0.37,null,"Valor com BDI =>",null,2.0499999999999998]
[{"$nulls":6},"Quant. =>",13034.5089823,"Preço Total =>",26720.74]
[]
[" 6.1.3.3 ","Código","Banco","Descrição","Tipo",null,"Und","Quant.","Porcent.","Valor Unit","Total"]
["Composição"," COMP-0022 ","Próprio","RACHÃO OU PEDRA DE MÃO PRODUZIDA.","URBA - URBANIZAÇÃO",null,"m³",1,null,20.05,20.05]
["A","Código","Banco","Equipamentos","Quantidade","Utilização",null,"Custo Operacional",null,"Custo Horário"]
[{"$nulls":5},"Operativa","Improdutiva","Operativa","Improdutiva"]
["Insumo","E9117","SICRO3","Carregadeira de pneus para rocha com capacidade de 2,50 m³ - 105 kW",1,0.46,0.54,359.73469999999998,157.4614,250.50710000000001]
["Insumo","E9607","SICRO3","Conjunto de britagem para rachão com capacidade de 80 m³/h - 224 kW",1,1,0,309.53269999999998,212.47219999999999,309.53269999999998]
["Insumo","E9021","SICRO3","Grupo gerador - 456 kVA",1,1,0,393.66199999999998,23.234100000000002,393.66199999999998]
[{"$nulls":5},"Custo Horário de Equipamentos =>",null,null,null,953.70180000000005]
[{"$nulls":5},"Custo Horário de Execução =>",null,null,null,953.70180000000005]
[{"$nulls":5},"Fator de Influencia da Chuva - FIC =>",null,null,null,0]
[{"$nulls":5},"Custo do FIC =>",null,null,null,0]
[{"$nulls":5},"Produção de Equipe =>",null,null,null,66.400000000000006]
[{"$nulls":5},"Custo Unitário de Execução =>",null,null,null,14.363]
["C","Banco","Código","Material","Quantidade","Unidade","Preço Unitário",null,null,"Custo Horário"]
["Insumo","SICRO3","M2111","Mandíbula fixa para britador - abertura de alimentação com L = 930 mm",6.0000000000000002E-5,"un",32034.5798,null,null,1.9220999999999999]
["Insumo","SICRO3","M2110","Mandíbula móvel para britador - abertura de alimentação com L = 930 mm",4.0000000000000003E-5,"un",24230.054,null,null,0.96919999999999995]
[{"$nulls":5},"Custo Total do Material =>",null,null,null,2.8913000000000002]
["D","Banco","Código","Atividades Auxiliares","Quantidade","Unidade","Preço Unitário",null,null,"Custo Horário"]
["Atividade Auxiliar","SINAPI",88316,"SERVENTE COM ENCARGOS COMPLEMENTARES",0.1204819,"H",23.23,null,null,2.7988]
[{"$nulls":5},"Custo Total das Atividades =>",null,null,null,2.7988]
[{"$nulls":4},"MO sem LS =>",1.7530116,"LS =>",0,"MO com LS =>",1.753011645]
[{"$nulls":4},"Valor do BDI =>",4.5199999999999996,null,"Valor com BDI =>",null,24.57]
[{"$nulls":6},"Quant. =>",2301,"Preço Total =>",56535.57]
[]
[" 6.1.3.4 ","Código","Banco","Descrição","Tipo",null,"Und","Quant.","Porcent.","Valor Unit","Total"]
["Composição"," 4816012 ","SICRO3","BRITA PRODUZIDA EM CENTRAL DE BRITAGEM DE 80 M³/H","",null,"m³",1,null,53.94,53.94]
["A","Código","Banco","Equipamentos","Quantidade","Utilização",null,"Custo Operacional",null,"Custo Horário"]
[{"$nulls":5},"Operativa","Improdutiva","Operativa","Improdutiva"]
["Insumo","E9117","SICRO3","Carregadeira de pneus para rocha com capacidade de 2,50 m³ - 105 kW",1,0.46,0.54,359.73469999999998,157.4614,250.50710000000001]
["Insumo","E9611","SICRO3","Conjunto de britagem com capacidade de 80 m³/h - 313 kW",1,1,0,995.71289999999999,648.64750000000004,995.71289999999999]
["Insumo","E9765","SICRO3","Grupo gerador - 569 kVA",1,1,0,490.92020000000002,29.088000000000001,490.92020000000002]
[{"$nulls":5},"Custo Horário de Equipamentos =>",null,null,null,1737.1402]
["B","Código","Banco","Mão de Obra","Quantidade","Salário Hora",null,null,null,"Custo Horário"]
["Insumo","P9824","SICRO3","Servente",8,null,null,null,21.465699999999998,171.72559999999999]
[{"$nulls":5},"Custo Horário da Mão de Obra =>",null,null,null,171.72559999999999]
[{"$nulls":5},"Adc.M.O. - Ferramentas (0,0%) =>",null,null,null,0]
[{"$nulls":5},"Custo Horário de Execução =>",null,null,null,1908.8658]
[{"$nulls":5},"Fator de Influencia da Chuva - FIC =>",null,null,null,2.3999999999999998E-3]
[{"$nulls":5},"Custo do FIC =>",null,null,null,6.8099999999999994E-2]
[{"$nulls":5},"Produção de Equipe =>",null,null,null,66.400000000000006]
[{"$nulls":5},"Custo Unitário de Execução =>",null,null,null,28.748000000000001]
["C","Banco","Código","Material","Quantidade","Unidade","Preço Unitário",null,null,"Custo Horário"]
["Insumo","SICRO3","M2115","Cunha lateral inferior para britador",2.0000000000000002E-5,"un",1906.0084999999999,null,null,3.8100000000000002E-2]
["Insumo","SICRO3","M2114","Cunha lateral superior para britador",1.0000000000000001E-5,"un",2444.7143000000001,null,null,2.4400000000000002E-2]
["Insumo","SICRO3","M2111","Mandíbula fixa para britador - abertura de alimentação com L = 930 mm",6.0000000000000002E-5,"un",32034.5798,null,null,1.9220999999999999]
["Insumo","SICRO3","M2110","Mandíbula móvel para britador - abertura de alimentação com L = 930 mm",4.0000000000000003E-5,"un",24230.054,null,null,0.96919999999999995]
["Insumo","SICRO3","M2112","Manta do britador cônico HP200 ou similar",3.0000000000000001E-5,"un",21230.413400000001,null,null,0.63690000000000002]
["Insumo","SICRO3","M2113","Revestimento do bojo interno do britador cônico HP200 ou similar",4.0000000000000003E-5,"un",24245.382099999999,null,null,0.9698]
[{"$nulls":5},"Custo Total do Material =>",null,null,null,4.5605000000000002]
["D","Banco","Código","Atividades Auxiliares","Quantidade","Unidade","Preço Unitário",null,null,"Custo Horário"]
["Atividade Auxiliar","SICRO3",4816010,"Rocha para britagem com perfuratriz sobre esteira",0.56999999999999995,"m³",36.08,null,null,20.5656]
[{"$nulls":5},"Custo Total das Atividades =>",null,null,null,20.5656]
[{"$nulls":4},"MO sem LS =>",3.3253775156626504,"LS =>",0,"MO com LS =>",3.3253775390707769]
[{"$nulls":4},"Valor do BDI =>",12.16,null,"Valor com BDI =>",null,66.099999999999994]
[{"$nulls":6},"Quant. =>",1153,"Preço Total =>",76213.3]
[]
[" 6.1.3.5 ","Código","Banco","Descrição","Tipo",null,"Und","Quant.","Porcent.","Valor Unit","Total"]
["Composição"," 5914351 ","SICRO3","CARGA, MANOBRA E DESCARGA DE AGREGADOS OU SOLOS EM CAMINHÃO BASCULANTE DE 14 M³ - CARGA COM CARREGADEIRA DE 3,40 M³ E DESCARGA LIVRE.","",null,"t",1,null,2.61,2.61]
["A","Código","Banco","Equipamentos","Quantidade","Utilização",null,"Custo Operacional",null,"Custo Horário"]
[{"$nulls":5},"Operativa","Improdutiva","Operativa","Improdutiva"]
["Insumo","E9667","SICRO3","Caminhão basculante com capacidade de 14 m³ - 188 kW",3,0.77,0.23,297.32,90.567700000000002,749.30089999999996]
["Insumo","E9511","SICRO3","Carregadeira de pneus com capacidade de 3,40 m³ - 195 kW",1,1,0,442.03,218.85579999999999,442.03]
[{"$nulls":5},"Custo Horário de Equipamentos =>",null,null,null,1191.3308999999999]
[{"$nulls":5},"Custo Horário de Execução =>",null,null,null,1191.3308999999999]
[{"$nulls":5},"Fator de Influencia da Chuva - FIC =>",null,null,null,0]
[{"$nulls":5},"Custo do FIC =>",null,null,null,0]
[{"$nulls":5},"Produção de Equipe =>",null,null,null,457.16]
[{"$nulls":5},"Custo Unitário de Execução =>",null,null,null,2.6059000000000001]
[{"$nulls":4},"MO sem LS =>",0,"LS =>",0,"MO com LS =>",0]
[{"$nulls":4},"Valor do BDI =>",0.57999999999999996,null,"Valor com BDI =>",null,3.19]
[{"$nulls":6},"Quant. =>",1729.5083778000001,"Preço Total =>",5517.13]
[]
[" 6.1.3.6 ","Código","Banco","Descrição","Tipo",null,"Und","Quant.","Porcent.","Valor Unit","Total"]
["Composição"," 5901639 ","SICRO3","TRANSPORTE COM CAMINHÃO BASCULANTE COM CAÇAMBA ESTANQUE COM CAPACIDADE DE 14 M³ - RODOVIA EM LEITO NATURAL.","",null,"tkm",1,null,0.87,0.87]
["A","Código","Banco","Equipamentos","Quantidade","Utilização",null,"Custo Operacional",null,"Custo Horário"]
[{"$nulls":5},"Operativa","Improdutiva","Operativa","Improdutiva"]
["Insumo","E9575","SICRO3","Caminhão basculante com caçamba estanque com capacidade de 14 m³ - 188 kW",1,1,0,297.71420000000001,90.774600000000007,297.71420000000001]
[{"$nulls":5},"Custo Horário de Equipamentos =>",null,null,null,297.71420000000001]
[{"$nulls":5},"Custo Horário de Execução =>",null,null,null,297.71420000000001]
[{"$nulls":5},"Fator de Influencia da Chuva - FIC =>",null,null,null,1.43E-2]
[{"$nulls":5},"Custo do FIC =>",null,null,null,1.2200000000000001E-2]
[{"$nulls":5},"Produção de Equipe =>",null,null,null,348.6]
[{"$nulls":5},"Custo Unitário de Execução =>",null,null,null,0.85399999999999998]
[{"$nulls":4},"MO sem LS =>",0,"LS =>",0,"MO com LS =>",0]
[{"$nulls":4},"Valor do BDI =>",0.19,null,"Valor com BDI =>",null,1.06]
[{"$nulls":6},"Quant. =>",864.75418890000003,"Preço Total =>",916.63]
[]
[" 6.1.3.7 ","Código","Banco","Descrição","Tipo",null,"Und","Quant.","Porcent.","Valor Unit","Total"]
["Composição"," COMP-0021 ","Próprio","ENROCAMENTO DE PEDRA ESPALHADA E COMPACTADA MECANICAMENTE - PEDRA DE MÃO PRODUZIDA - SEM FORNECIMENTO E COM ASSENTAMENTO","URBA - URBANIZAÇÃO",null,"m³",1,null,22,22]
["A","Código","Banco","Equipamentos","Quantidade","Utilização",null,"Custo Operacional",null,"Custo Horário"]
[{"$nulls":5},"Operativa","Improdutiva","Operativa","Improdutiva"]
["Insumo","E9530","SICRO3","Rolo compactador liso vibratório autopropelido por pneus de 11 t - 97 kW",1,0.35,0.65,250.4547,112.25449999999999,160.62459999999999]
["Insumo","E9541","SICRO3","Trator sobre esteiras com lâmina - 259 kW",1,1,0,760.50620000000004,307.02120000000002,760.50620000000004]
[{"$nulls":5},"Custo Horário de Equipamentos =>",null,null,null,921.13080000000002]
[{"$nulls":5},"Custo Horário de Execução =>",null,null,null,921.13080000000002]
[{"$nulls":5},"Fator de Influencia da Chuva - FIC =>",null,null,null,0]
[{"$nulls":5},"Custo do FIC =>",null,null,null,0]
[{"$nulls":5},"Produção de Equipe =>",null,null,null,50.11]
[{"$nulls":5},"Custo Unitário de Execução =>",null,null,null,18.382200000000001]
["D","Banco","Código","Atividades Auxiliares","Quantidade","Unidade","Preço Unitário",null,null,"Custo Horário"]
["Atividade Auxiliar","SICRO3",5914647,"Carga, manobra e descarga de agregados ou solos em caminhão basculante de 10 m³ - carga com carregadeira de 3,40 m³(exclusa) e descarga livre",1.8,"t",1.75,null,null,3.15]
["Atividade Auxiliar","SINAPI",88316,"SERVENTE COM ENCARGOS COMPLEMENTARES",1.9956100000000001E-2,"H",23.23,null,null,0.46360000000000001]
[{"$nulls":5},"Custo Total das Atividades =>",null,null,null,3.6135999999999999]
[{"$nulls":4},"MO sem LS =>",0.29036125499999998,"LS =>",0,"MO com LS =>",0.29036125499999998]
[{"$nulls":4},"Valor do BDI =>",4.96,null,"Valor com BDI =>",null,26.96]
[{"$nulls":6},"Quant. =>",2301,"Preço Total =>",62034.96]
[]
[" 6.1.3.8 ","Código","Banco","Descrição","Tipo",null,"Und","Quant.","Porcent.","Valor Unit","Total"]
["Composição"," COMP-0040 ","Próprio","TRANSIÇÃO COMPACTADA EM BRITA, INCLUINDO OS SERVIÇOS DE DESCARGA OU LANÇAMENTO, ESPALHAMENTO E COMPACTAÇÃO SEM  FORNECIMENTO DE MATERIAL (ENSECADEIRA, BARRAGEM, ETC)",172,null,"M³",1,null,5.84,5.84]
["Composição Auxiliar"," 88309 ","SINAPI","PEDREIRO COM ENCARGOS COMPLEMENTARES","SEDI - SERVIÇOS DIVERSOS",null,"H",0.02,null,32.270000000000003,0.64]
["Composição Auxiliar"," 88316 ","SINAPI","SERVENTE COM ENCARGOS COMPLEMENTARES","SEDI - SERVIÇOS DIVERSOS",null,"H",0.14000000000000001,null,23.23,3.25]
["Insumo"," 2458 ","ORSE","Caminhao tanque (pipa)10000 l (m. benz - 2423 K - 184,0 hp ou equivalente)","Equipamento",null,"h",4.0000000000000001E-3,null,77.84,0.31]
["Insumo"," 2461 ","ORSE","Aluguel de compactador placa 415 kg  (dynapac - cm 20 diesel  - 6,0 hp)","Equipamento",null,"h",0.04,null,2.78,0.11]
["Insumo"," 2482 ","ORSE","Retroescavadeira pneus (Massey Ferguson MF - 86 HF ou equivalente)","Equipamento",null,"h",0.02,null,76.569999999999993,1.53]
[{"$nulls":4},"MO sem LS =>",2.4900000000000002,"LS =>",0,"MO com LS =>",2.4900000000000002]
[{"$nulls":4},"Valor do BDI =>",1.31,null,"Valor com BDI =>",null,7.15]
[{"$nulls":6},"Quant. =>",1153,"Preço Total =>",8243.9500000000007]
[]
[" 6.1.4 ",null,null,"REGULARIZAÇÃO DOS TALUDES",{"$nulls":6},699738.43]
[" 6.1.4.1 ","Código","Banco","Descrição","Tipo",null,"Und","Quant.","Porcent.","Valor Unit","Total"]
["Composição"," 4015612 ","SICRO3","Execução de revestimento primário com material de jazida","",null,"m³",1,null,12.06,12.06]
["A","Código","Banco","Equipamentos","Quantidade","Utilização",null,"Custo Operacional",null,"Custo Horário"]
[{"$nulls":5},"Operativa","Improdutiva","Operativa","Improdutiva"]
["Insumo","E9571","SICRO3","Caminhão tanque com capacidade de 10.000 l - 188 kW",1,0.93,7.0000000000000007E-2,321.9742,87.045699999999997,305.5292]
["Insumo","E9518","SICRO3","Grade de 24 discos rebocável de D = 60 cm (24”)",1,0.52,0.48,4.8493000000000004,3.3769999999999998,4.1425999999999998]
["Insumo","E9524","SICRO3","Motoniveladora - 93 kW",1,0.74,0.26,289.17180000000002,130.09540000000001,247.81190000000001]
["Insumo","E9762","SICRO3","Rolo compactador de pneus autopropelido de 27 t - 85 kW",1,0.72,0.28000000000000003,257.33420000000001,129.01859999999999,221.4058]
["Insumo","E9685","SICRO3","Rolo compactador pé de carneiro vibratório autopropelido por pneus de 11,6 t - 82 kW",1,1,0,221.4451,102.9592,221.4451]
["Insumo","E9577","SICRO3","Trator agrícola sobre pneus - 77 kW",1,0.52,0.48,148.2132,57.663899999999998,104.7495]
[{"$nulls":5},"Custo Horário de Equipamentos =>",null,null,null,1105.0841]
["B","Código","Banco","Mão de Obra","Quantidade","Salário Hora",null,null,null,"Custo Horário"]
["Insumo","P9824","SICRO3","Servente",1,null,null,null,21.465699999999998,21.465699999999998]
[{"$nulls":5},"Custo Horário da Mão de Obra =>",null,null,null,21.465699999999998]
[{"$nulls":5},"Adc.M.O. - Ferramentas (0,0%) =>",null,null,null,0]
[{"$nulls":5},"Custo Horário de Execução =>",null,null,null,1126.5498]
[{"$nulls":5},"Fator de Influencia da Chuva - FIC =>",null,null,null,1.43E-2]
[{"$nulls":5},"Custo do FIC =>",null,null,null,9.5399999999999999E-2]
[{"$nulls":5},"Produção de Equipe =>",null,null,null,168.2]
[{"$nulls":5},"Custo Unitário de Execução =>",null,null,null,6.6977000000000002]
["D","Banco","Código","Atividades Auxiliares","Quantidade","Unidade","Preço Unitário",null,null,"Custo Horário"]
["Atividade Auxiliar","SICRO3",4016096,"Escavação e carga de material de jazida com escavadeira hidráulica de 1,56 m³",1.1002700000000001,"m³",1.36,null,null,1.4964]
[{"$nulls":5},"Custo Total das Atividades =>",null,null,null,1.4964]
["E","Banco","Insumo","Tempos Fixos","Código","Quantidade","Unidade","Preço Unitário",null,"Custo Horário"]
["Tempo Fixo","SICRO3",4016096,"Carga, manobra e descarga de agregados ou solos em caminhão basculante de 10 m³ - carga com escavadeira de 1,56 m³(exclusa) e descarga livre",5914354,2.0630099999999998,"t",1.83,null,3.7753000000000001]
[{"$nulls":5},"Custo Total dos Tempos Fixos =>",null,null,null,3.7753000000000001]
["F","Banco","Insumo","Momento de Transporte","Quantidade","Unidade","Distância Média de Transporte (DMT)",null,null,"Custo Horário"]
[{"$nulls":6},"LN","RP","P"]
["Momento de Transporte","SICRO3",4016096,"Escavação e carga de material de jazida com escavadeira hidráulica de 1,56 m³ - Caminhão basculante com capacidade de 10 m³ - 188 kW",2.0630099999999998,"tkm","5914359\n0,000\nR$ 1,19","5914374\n0,000\nR$ 0,95","5914389\n0,000\nR$ 0,79",0]
[{"$nulls":5},"Custo total dos Momentos de Transportes =>",null,null,null,0]
[{"$nulls":4},"MO sem LS =>",0.23022257889478057,"LS =>",0,"MO com LS =>",0.23022257889478057]
[{"$nulls":4},"Valor do BDI =>",2.72,null,"Valor com BDI =>",null,14.78]
[{"$nulls":6},"Quant. =>",2471.076,"Preço Total =>",36522.5]
[]
[" 6.1.4.2 ","Código","Banco","Descrição","Tipo",null,"Und","Quant.","Porcent.","Valor Unit","Total"]
["Composição"," 5914359 ","SICRO3","Transporte com caminhão basculante de 10 m³ - rodovia em leito natural","",null,"tkm",1,null,1.21,1.21]
["A","Código","Banco","Equipamentos","Quantidade","Utilização",null,"Custo Operacional",null,"Custo Horário"]
[{"$nulls":5},"Operativa","Improdutiva","Operativa","Improdutiva"]
["Insumo","E9579","SICRO3","Caminhão basculante com capacidade de 10 m³ - 188 kW",1,1,0,296.24459999999999,90.003200000000007,296.24459999999999]
[{"$nulls":5},"Custo Horário de Equipamentos =>",null,null,null,296.24459999999999]
[{"$nulls":5},"Custo Horário de Execução =>",null,null,null,296.24459999999999]
[{"$nulls":5},"Fator de Influencia da Chuva - FIC =>",null,null,null,1.43E-2]
[{"$nulls":5},"Custo do FIC =>",null,null,null,1.7000000000000001E-2]
[{"$nulls":5},"Produção de Equipe =>",null,null,null,249]
[{"$nulls":5},"Custo Unitário de Execução =>",null,null,null,1.1897]
[{"$nulls":4},"MO sem LS =>",0,"LS =>",0,"MO com LS =>",0]
[{"$nulls":4},"Valor do BDI =>",0.27,null,"Valor com BDI =>",null,1.48]
[{"$nulls":6},"Quant. =>",4633.2759220999997,"Preço Total =>",6857.24]
[]
[" 6.1.4.3 ","Código","Banco","Descrição","Tipo",null,"Und","Quant.","Porcent.","Valor Unit","Total"]
["Composição"," 1103852 ","SICRO3","Concreto poroso para tubos de drenagem fck = 25 MPa - confecção em betoneira e lançamento manual - areia extraída e brita produzida","",null,"m³",1,null,367.78,367.78]
["A","Código","Banco","Equipamentos","Quantidade","Utilização",null,"Custo Operacional",null,"Custo Horário"]
[{"$nulls":5},"Operativa","Improdutiva","Operativa","Improdutiva"]
["Insumo","E9010","SICRO3","Balança plataforma digital à bateria, com mesa de 75 x 75 cm e capacidade de 500 kg",1,1,0,1.2283999999999999,0.82520000000000004,1.2283999999999999]
["Insumo","E9519","SICRO3","Betoneira com motor a gasolina com capacidade de 600 l - 10 kW",1,1,0,53.475700000000003,33.671500000000002,53.475700000000003]
["Insumo","E9071","SICRO3","Transportador manual carrinho de mão com capacidade de 80 l",3,0.78,0.22,0.71679999999999999,0.48730000000000001,1.9988999999999999]
["Insumo","E9064","SICRO3","Transportador manual gerica com capacidade de 180 l",3,0.31,0.69,1.5258,1.0373000000000001,3.5661999999999998]
[{"$nulls":5},"Custo Horário de Equipamentos =>",null,null,null,60.269199999999998]
["B","Código","Banco","Mão de Obra","Quantidade","Salário Hora",null,null,null,"Custo Horário"]
["Insumo","P9821","SICRO3","Pedreiro",1,null,null,null,30.302800000000001,30.302800000000001]
["Insumo","P9824","SICRO3","Servente",8,null,null,null,21.465699999999998,171.72559999999999]
[{"$nulls":5},"Custo Horário da Mão de Obra =>",null,null,null,202.0284]
[{"$nulls":5},"Adc.M.O. - Ferramentas (0,0%) =>",null,null,null,0]
[{"$nulls":5},"Custo Horário de Execução =>",null,null,null,262.29759999999999]
[{"$nulls":5},"Fator de Influencia da Chuva - FIC =>",null,null,null,0]
[{"$nulls":5},"Custo do FIC =>",null,null,null,0]
[{"$nulls":5},"Produção de Equipe =>",null,null,null,4.0080999999999998]
[{"$nulls":5},"Custo Unitário de Execução =>",null,null,null,65.442700000000002]
["C","Banco","Código","Material","Quantidade","Unidade","Preço Unitário",null,null,"Custo Horário"]
["Insumo","SICRO3","M0010","Aditivo superplastificante para concreto e argamassa",1.6511800000000001,"kg",16.698399999999999,null,null,27.572099999999999]
["Insumo","SICRO3","M0424","Cimento Portland CP II - 32 - saco",330.23678999999998,"kg",0.66949999999999998,null,null,221.09350000000001]
[{"$nulls":5},"Custo Total do Material =>",null,null,null,248.66560000000001]
["D","Banco","Código","Atividades Auxiliares","Quantidade","Unidade","Preço Unitário",null,null,"Custo Horário"]
["Atividade Auxiliar","SICRO3",4816012,"Brita produzida em central de britagem de 80 m³/h",0.68813000000000002,"m³",53.84,null,null,37.048900000000003]
["Atividade Auxiliar","SICRO3",4816020,"Areia extraída com draga de sucção tipo bomba",0.17802999999999999,"m³",11.74,null,null,2.0901000000000001]
[{"$nulls":5},"Custo Total das Atividades =>",null,null,null,39.139000000000003]
["E","Banco","Insumo","Tempos Fixos","Código","Quantidade","Unidade","Preço Unitário",null,"Custo Horário"]
["Tempo Fixo","SICRO3",4816020,"Carga, manobra e descarga de agregados ou solos em caminhão basculante de 10 m³ - carga com carregadeira de 3,40 m³ edescarga livre",5915407,0.26705000000000001,"t",2.72,null,0.72640000000000005]
["Tempo Fixo","SICRO3",4816012,"Carga, manobra e descarga de agregados ou solos em caminhão basculante de 10 m³ - carga com carregadeira de 3,40 m³ edescarga livre",5915407,1.0322,"t",2.72,null,2.8075999999999999]
["Tempo Fixo","SICRO3","M0010","Carga, manobra e descarga de materiais diversos em caminhão carroceria de 15 t - carga e descarga manuais",5914655,1.65E-3,"t",33.15,null,5.4699999999999999E-2]
["Tempo Fixo","SICRO3","M0424","Carga, manobra e descarga de materiais diversos em caminhão carroceria de 15 t - carga e descarga manuais",5914655,0.33023999999999998,"t",33.15,null,10.9475]
[{"$nulls":5},"Custo Total dos Tempos Fixos =>",null,null,null,14.536199999999999]
["F","Banco","Insumo","Momento de Transporte","Quantidade","Unidade","Distância Média de Transporte (DMT)",null,null,"Custo Horário"]
[{"$nulls":6},"LN","RP","P"]
["Momento de Transporte","SICRO3",4816020,"Areia extraída com draga de sucção tipo bomba - Caminhão basculante com capacidade de 10 m³ - 188 kW",0.26705000000000001,"tkm","5914359\n0,000\nR$ 1,19","5914374\n0,000\nR$ 0,95","5914389\n0,000\nR$ 0,79",0]
["Momento de Transporte","SICRO3",4816012,"Brita produzida em central de britagem de 80 m³/h - Caminhão basculante com capacidade de 10 m³ - 188 kW",1.0322,"tkm","5914359\n0,000\nR$ 1,19","5914374\n0,000\nR$ 0,95","5914389\n0,000\nR$ 0,79",0]
["Momento de Transporte","SICRO3","M0010","Aditivo superplastificante para concreto e argamassa - Caminhão carroceria com capacidade de 15 t - 188 kW",1.65E-3,"tkm","5914449\n0,000\nR$ 1,08","5914464\n0,000\nR$ 0,86","5914479\n0,000\nR$ 0,71",0]
["Momento de Transporte","SICRO3","M0424","Cimento Portland CP II - 32 - saco - Caminhão carroceria com capacidade de 15 t - 188 kW",0.33023999999999998,"tkm","5914449\n0,000\nR$ 1,08","5914464\n0,000\nR$ 0,86","5914479\n0,000\nR$ 0,71",0]
[{"$nulls":5},"Custo total dos Momentos de Transportes =>",null,null,null,0]
[{"$nulls":4},"MO sem LS =>",56.813751512043261,"LS =>",0,"MO com LS =>",56.813751552887368]
[{"$nulls":4},"Valor do BDI =>",82.97,null,"Valor com BDI =>",null,450.75]
[{"$nulls":6},"Quant. =>",77,"Preço Total =>",34707.75]
[]
[" 6.1.4.4 ","Código","Banco","Descrição","Tipo",null,"Und","Quant.","Porcent.","Valor Unit","Total"]
["Composição"," 09.90.01 ","EMBASA","EXECUCAO DE SOLO-CIMENTO PARA REPAVIMENTACAO, C/ FORNEC. DO MAT.",990,null,"m³",1,null,543.33000000000004,543.33000000000004]
["Insumo"," B010000097 ","EMBASA","SERVENTE","Mão de Obra",null,"H",8.07,null,18.02,145.41999999999999]
["Insumo"," D010000008 ","EMBASA","CIMENTO PORTLAND COMPOSTO CP II-32","Material",null,"KG",164,null,0.75,123]
["Insumo"," D020000006 ","EMBASA","ARENOSO, EXCLUSIVE FRETE","Material",null,"m³",1.51,null,79.84,120.55]
["Insumo"," F030000307 ","EMBASA","GASOLINA","Material",null,"L",0.28220000000000001,null,5.77,1.62]
["Insumo"," H020000524 ","EMBASA","COMPACTADOR A PERCUSSÃO (TIPO SAPO), A COMBUSTÍVEL","Material",null,"H",0.52800000000000002,null,3.3,1.74]
["Insumo"," K010000004 ","EMBASA","FRETE PARA AGREGADOS MIUDOS","Material",null,"m³",1.51,null,100,151]
[{"$nulls":4},"MO sem LS =>",145.41999999999999,"LS =>",0,"MO com LS =>",145.41999999999999]
[{"$nulls":4},"Valor do BDI =>",122.57,null,"Valor com BDI =>",null,665.9]
[{"$nulls":6},"Quant. =>",933.55,"Preço Total =>",621650.93999999994]
[]
[" 6.1.5 ",null,null,"REVESTIMENTO DO CANAL",{"$nulls":6},2183470.33]
[" 6.1.5.1 ","Código","Banco","Descrição","Tipo",null,"Und","Quant.","Porcent.","Valor Unit","Total"]
["Composição"," 11.11.01 ","EMBASA","IMPERMEABILIZAÇÃO COM MANTA PEAD, GEOMEMBRANA LISA, E=1,00 MM",1111,null,"m²",1,null,33.44,33.44]
["Insumo"," B010000070 ","EMBASA","IMPERMEABILIZADOR","Mão de Obra",null,"H",0.2,null,28.08,5.61]
["Insumo"," B010000097 ","EMBASA","SERVENTE","Mão de Obra",null,"H",0.2,null,18.02,3.6]
["Insumo"," D229500003 ","EMBASA","MANTA PEAD, GEOMEMBRANA LISA, E=1,00 MM","Material",null,"m²",1.05,null,18,18.899999999999999]
["Insumo"," H020000912 ","EMBASA","MÁQUINA DE SOLDA POR TERMOFUSÃO PARA MANTA PEAD","Material",null,"UN",5.0000000000000002E-5,null,106625.48,5.33]
[{"$nulls":4},"MO sem LS =>",9.2100000000000009,"LS =>",0,"MO com LS =>",9.2100000000000009]
[{"$nulls":4},"Valor do BDI =>",7.54,null,"Valor com BDI =>",null,40.98]
[{"$nulls":6},"Quant. =>",29772,"Preço Total =>",1220056.56]
[]
[" 6.1.5.2 ","Código","Banco","Descrição","Tipo",null,"Und","Quant.","Porcent.","Valor Unit","Total"]
["Composição"," 1107929 ","SICRO3","Concreto fck = 20 MPa - confecção em central dosadora de 30 m³/h - areia extraída e brita produzida","",null,"m³",1,null,265.60000000000002,265.60000000000002]
["A","Código","Banco","Equipamentos","Quantidade","Utilização",null,"Custo Operacional",null,"Custo Horário"]
[{"$nulls":5},"Operativa","Improdutiva","Operativa","Improdutiva"]
["Insumo","E9584","SICRO3","Carregadeira de pneus com capacidade de 1,72 m³ - 113 kW",1,0.34,0.66,203.21250000000001,104.4208,138.01]
["Insumo","E9599","SICRO3","Central de concreto com capacidade de 30 m³/h - dosadora RS",1,1,0,79.077200000000005,64.673599999999993,79.077200000000005]
["Insumo","E9779","SICRO3","Grupo gerador - 113 kVA",1,1,0,101.1589,8.4064999999999994,101.1589]
[{"$nulls":5},"Custo Horário de Equipamentos =>",null,null,null,318.24610000000001]
["B","Código","Banco","Mão de Obra","Quantidade","Salário Hora",null,null,null,"Custo Horário"]
["Insumo","P9824","SICRO3","Servente",2,null,null,null,21.465699999999998,42.931399999999996]
[{"$nulls":5},"Custo Horário da Mão de Obra =>",null,null,null,42.931399999999996]
[{"$nulls":5},"Adc.M.O. - Ferramentas (0,0%) =>",null,null,null,0]
[{"$nulls":5},"Custo Horário de Execução =>",null,null,null,361.17750000000001]
[{"$nulls":5},"Fator de Influencia da Chuva - FIC =>",null,null,null,0]
[{"$nulls":5},"Custo do FIC =>",null,null,null,0]
[{"$nulls":5},"Produção de Equipe =>",null,null,null,24.9]
[{"$nulls":5},"Custo Unitário de Execução =>",null,null,null,14.505100000000001]
["C","Banco","Código","Material","Quantidade","Unidade","Preço Unitário",null,null,"Custo Horário"]
["Insumo","SICRO3","M0030","Aditivo plastificante e retardador de pega para concreto e argamassa",0.82391000000000003,"kg",6.5956999999999999,null,null,5.4343000000000004]
["Insumo","SICRO3","M0424","Cimento Portland CP II - 32 - saco",274.63729999999998,"kg",0.66949999999999998,null,null,183.86969999999999]
[{"$nulls":5},"Custo Total do Material =>",null,null,null,189.304]
["D","Banco","Código","Atividades Auxiliares","Quantidade","Unidade","Preço Unitário",null,null,"Custo Horário"]
["Atividade Auxiliar","SICRO3",4816012,"Brita produzida em central de britagem de 80 m³/h",0.73507999999999996,"m³",53.84,null,null,39.576700000000002]
["Atividade Auxiliar","SICRO3",4816020,"Areia extraída com draga de sucção tipo bomba",0.63758999999999999,"m³",11.74,null,null,7.4852999999999996]
[{"$nulls":5},"Custo Total das Atividades =>",null,null,null,47.061999999999998]
["E","Banco","Insumo","Tempos Fixos","Código","Quantidade","Unidade","Preço Unitário",null,"Custo Horário"]
["Tempo Fixo","SICRO3",4816020,"Carga, manobra e descarga de agregados ou solos em caminhão basculante de 10 m³ - carga com carregadeira de 3,40 m³ edescarga livre",5915407,0.95638999999999996,"t",2.72,null,2.6013999999999999]
["Tempo Fixo","SICRO3",4816012,"Carga, manobra e descarga de agregados ou solos em caminhão basculante de 10 m³ - carga com carregadeira de 3,40 m³ edescarga livre",5915407,1.1026199999999999,"t",2.72,null,2.9990999999999999]
["Tempo Fixo","SICRO3","M0030","Carga, manobra e descarga de materiais diversos em caminhão carroceria de 15 t - carga e descarga manuais",5914655,8.1999999999999998E-4,"t",33.15,null,2.7199999999999998E-2]
["Tempo Fixo","SICRO3","M0424","Carga, manobra e descarga de materiais diversos em caminhão carroceria de 15 t - carga e descarga manuais",5914655,0.27464,"t",33.15,null,9.1043000000000003]
[{"$nulls":5},"Custo Total dos Tempos Fixos =>",null,null,null,14.731999999999999]
["F","Banco","Insumo","Momento de Transporte","Quantidade","Unidade","Distância Média de Transporte (DMT)",null,null,"Custo Horário"]
[{"$nulls":6},"LN","RP","P"]
["Momento de Transporte","SICRO3",4816020,"Areia extraída com draga de sucção tipo bomba - Caminhão basculante com capacidade de 10 m³ - 188 kW",0.95638999999999996,"tkm","5914359\n0,000\nR$ 1,19","5914374\n0,000\nR$ 0,95","5914389\n0,000\nR$ 0,79",0]
["Momento de Transporte","SICRO3",4816012,"Brita produzida em central de britagem de 80 m³/h - Caminhão basculante com capacidade de 10 m³ - 188 kW",1.1026199999999999,"tkm","5914359\n0,000\nR$ 1,19","5914374\n0,000\nR$ 0,95","5914389\n0,000\nR$ 0,79",0]
["Momento de Transporte","SICRO3","M0030","Aditivo plastificante e retardador de pega para concreto e argamassa - Caminhão carroceria com capacidade de 15 t - 188 kW",8.1999999999999998E-4,"tkm","5914449\n0,000\nR$ 1,08","5914464\n0,000\nR$ 0,86","5914479\n0,000\nR$ 0,71",0]
["Momento de Transporte","SICRO3","M0424","Cimento Portland CP II - 32 - saco - Caminhão carroceria com capacidade de 15 t - 188 kW",0.27464,"tkm","5914449\n0,000\nR$ 1,08","5914464\n0,000\nR$ 0,86","5914479\n0,000\nR$ 0,71",0]
[{"$nulls":5},"Custo total dos Momentos de Transportes =>",null,null,null,0]
[{"$nulls":4},"MO sem LS =>",8.9898363901943465,"LS =>",0,"MO com LS =>",8.9898363901943465]
[{"$nulls":4},"Valor do BDI =>",59.91,null,"Valor com BDI =>",null,325.51]
[{"$nulls":6},"Quant. =>",1367,"Preço Total =>",444972.17]
[]
[" 6.1.5.3 ","Código","Banco","Descrição","Tipo",null,"Und","Quant.","Porcent.","Valor Unit","Total"]
["Composição"," 5914657 ","SICRO3","CARGA, MANOBRA E DESCARGA DE BLOCOS DE ROCHA EM CAMINHÃO BASCULANTE DE 8 M³ - CARGA COM RETROESCAVADEIRA DE 0,29 M³ E DESCARGA LIVRE.","",null,"t",1,null,17.600000000000001,17.600000000000001]
["A","Código","Banco","Equipamentos","Quantidade","Utilização",null,"Custo Operacional",null,"Custo Horário"]
[{"$nulls":5},"Operativa","Improdutiva","Operativa","Improdutiva"]
["Insumo","E9604","SICRO3","Caminhão basculante para rocha com capacidade de 8 m³ - 210 kW",2,0.56999999999999995,0.43,297.14830000000001,90.430499999999995,416.51929999999999]
["Insumo","E9526","SICRO3","Retroescavadeira de pneus - capacidade da caçamba da pá-carregadeira de 0,76 m³ e da",1,1,0,151.10929999999999,79.652699999999996,151.10929999999999]
[{"$nulls":5},"Custo Horário de Equipamentos =>",null,null,null,567.62860000000001]
[{"$nulls":5},"Custo Horário de Execução =>",null,null,null,567.62860000000001]
[{"$nulls":5},"Fator de Influencia da Chuva - FIC =>",null,null,null,0]
[{"$nulls":5},"Custo do FIC =>",null,null,null,0]
[{"$nulls":5},"Produção de Equipe =>",null,null,null,32.26]
[{"$nulls":5},"Custo Unitário de Execução =>",null,null,null,17.595400000000001]
[{"$nulls":4},"MO sem LS =>",0,"LS =>",0,"MO com LS =>",0]
[{"$nulls":4},"Valor do BDI =>",3.97,null,"Valor com BDI =>",null,21.57]
[{"$nulls":6},"Quant. =>",858.64,"Preço Total =>",18520.86]
[]
[" 6.1.5.4 ","Código","Banco","Descrição","Tipo",null,"Und","Quant.","Porcent.","Valor Unit","Total"]
["Composição"," 5914346 ","SICRO3","TRANSPORTE DE MATERIAL DE 3ª CATEGORIA COM CAMINHÃO BASCULANTE DE 8 M³ PARA ROCHA - RODOVIA EM LEITO NATURAL","",null,"tkm",1,null,1.68,1.68]
["A","Código","Banco","Equipamentos","Quantidade","Utilização",null,"Custo Operacional",null,"Custo Horário"]
[{"$nulls":5},"Operativa","Improdutiva","Operativa","Improdutiva"]
["Insumo","E9604","SICRO3","Caminhão basculante para rocha com capacidade de 8 m³ - 210 kW",1,1,0,297.14830000000001,90.430499999999995,297.14830000000001]
[{"$nulls":5},"Custo Horário de Equipamentos =>",null,null,null,297.14830000000001]
[{"$nulls":5},"Custo Horário de Execução =>",null,null,null,297.14830000000001]
[{"$nulls":5},"Fator de Influencia da Chuva - FIC =>",null,null,null,1.43E-2]
[{"$nulls":5},"Custo do FIC =>",null,null,null,2.3599999999999999E-2]
[{"$nulls":5},"Produção de Equipe =>",null,null,null,179.28]
[{"$nulls":5},"Custo Unitário de Execução =>",null,null,null,1.6575]
[{"$nulls":4},"MO sem LS =>",0,"LS =>",0,"MO com LS =>",0]
[{"$nulls":4},"Valor do BDI =>",0.37,null,"Valor com BDI =>",null,2.0499999999999998]
[{"$nulls":6},"Quant. =>",11359.74,"Preço Total =>",23287.46]
[]
[" 6.1.5.5 ","Código","Banco","Descrição","Tipo",null,"Und","Quant.","Porcent.","Valor Unit","Total"]
["Composição"," 5914351 ","SICRO3","CARGA, MANOBRA E DESCARGA DE AGREGADOS OU SOLOS EM CAMINHÃO BASCULANTE DE 14 M³ - CARGA COM CARREGADEIRA DE 3,40 M³ E DESCARGA LIVRE.","",null,"t",1,null,2.61,2.61]
["A","Código","Banco","Equipamentos","Quantidade","Utilização",null,"Custo Operacional",null,"Custo Horário"]
[{"$nulls":5},"Operativa","Improdutiva","Operativa","Improdutiva"]
["Insumo","E9667","SICRO3","Caminhão basculante com capacidade de 14 m³ - 188 kW",3,0.77,0.23,297.32,90.567700000000002,749.30089999999996]
["Insumo","E9511","SICRO3","Carregadeira de pneus com capacidade de 3,40 m³ - 195 kW",1,1,0,442.03,218.85579999999999,442.03]
[{"$nulls":5},"Custo Horário de Equipamentos =>",null,null,null,1191.3308999999999]
[{"$nulls":5},"Custo Horário de Execução =>",null,null,null,1191.3308999999999]
[{"$nulls":5},"Fator de Influencia da Chuva - FIC =>",null,null,null,0]
[{"$nulls":5},"Custo do FIC =>",null,null,null,0]
[{"$nulls":5},"Produção de Equipe =>",null,null,null,457.16]
[{"$nulls":5},"Custo Unitário de Execução =>",null,null,null,2.6059000000000001]
[{"$nulls":4},"MO sem LS =>",0,"LS =>",0,"MO com LS =>",0]
[{"$nulls":4},"Valor do BDI =>",0.57999999999999996,null,"Valor com BDI =>",null,3.19]
[{"$nulls":6},"Quant. =>",2814.67,"Preço Total =>",8978.7900000000009]
[]
[" 6.1.5.6 ","Código","Banco","Descrição","Tipo",null,"Und","Quant.","Porcent.","Valor Unit","Total"]
["Composição"," 5901639 ","SICRO3","TRANSPORTE COM CAMINHÃO BASCULANTE COM CAÇAMBA ESTANQUE COM CAPACIDADE DE 14 M³ - RODOVIA EM LEITO NATURAL.","",null,"tkm",1,null,0.87,0.87]
["A","Código","Banco","Equipamentos","Quantidade","Utilização",null,"Custo Operacional",null,"Custo Horário"]
[{"$nulls":5},"Operativa","Improdutiva","Operativa","Improdutiva"]
["Insumo","E9575","SICRO3","Caminhão basculante com caçamba estanque com capacidade de 14 m³ - 188 kW",1,1,0,297.71420000000001,90.774600000000007,297.71420000000001]
[{"$nulls":5},"Custo Horário de Equipamentos =>",null,null,null,297.71420000000001]
[{"$nulls":5},"Custo Horário de Execução =>",null,null,null,297.71420000000001]
[{"$nulls":5},"Fator de Influencia da Chuva - FIC =>",null,null,null,1.43E-2]
[{"$nulls":5},"Custo do FIC =>",null,null,null,1.2200000000000001E-2]
[{"$nulls":5},"Produção de Equipe =>",null,null,null,348.6]
[{"$nulls":5},"Custo Unitário de Execução =>",null,null,null,0.85399999999999998]
[{"$nulls":4},"MO sem LS =>",0,"LS =>",0,"MO com LS =>",0]
[{"$nulls":4},"Valor do BDI =>",0.19,null,"Valor com BDI =>",null,1.06]
[{"$nulls":6},"Quant. =>",17297.38,"Preço Total =>",18335.22]
[]
[" 6.1.5.7 ","Código","Banco","Descrição","Tipo",null,"Und","Quant.","Porcent.","Valor Unit","Total"]
["Composição"," 5914539 ","SICRO3","TRANSPORTE COM CAMINHÃO BETONEIRA - RODOVIA EM LEITO NATURAL.","",null,"tkm",1,null,0.98,0.98]
["A","Código","Banco","Equipamentos","Quantidade","Utilização",null,"Custo Operacional",null,"Custo Horário"]
[{"$nulls":5},"Operativa","Improdutiva","Operativa","Improdutiva"]
["Insumo","E9600","SICRO3","Caminhão betoneira com capacidade de 8 m³ - 188 kW",1,1,0,307.62630000000001,107.0881,307.62630000000001]
[{"$nulls":5},"Custo Horário de Equipamentos =>",null,null,null,307.62630000000001]
[{"$nulls":5},"Custo Horário de Execução =>",null,null,null,307.62630000000001]
[{"$nulls":5},"Fator de Influencia da Chuva - FIC =>",null,null,null,1.43E-2]
[{"$nulls":5},"Custo do FIC =>",null,null,null,1.38E-2]
[{"$nulls":5},"Produção de Equipe =>",null,null,null,318.72000000000003]
[{"$nulls":5},"Custo Unitário de Execução =>",null,null,null,0.96519999999999995]
[{"$nulls":4},"MO sem LS =>",0,"LS =>",0,"MO com LS =>",0]
[{"$nulls":4},"Valor do BDI =>",0.22,null,"Valor com BDI =>",null,1.2]
[{"$nulls":6},"Quant. =>",3280.8,"Preço Total =>",3936.96]
[]
[" 6.1.5.8 ","Código","Banco","Descrição","Tipo",null,"Und","Quant.","Porcent.","Valor Unit","Total"]
["Composição"," 1106088 ","SICRO3","LANÇAMENTO MECÂNICO DE CONCRETO COM BOMBA REBOCÁVEL COM CAPACIDADE DE 30 M³/H - CONFECÇÃO EM CENTRAL DOSADORA DE 30 M³/H.","",null,"m³",1,null,57.76,57.76]
["A","Código","Banco","Equipamentos","Quantidade","Utilização",null,"Custo Operacional",null,"Custo Horário"]
[{"$nulls":5},"Operativa","Improdutiva","Operativa","Improdutiva"]
["Insumo","E9073","SICRO3","Bomba de concreto rebocável com capacidade de 30 m³/h - 74 kW",1,1,0,187.27770000000001,76.781400000000005,187.27770000000001]
[{"$nulls":5},"Custo Horário de Equipamentos =>",null,null,null,187.27770000000001]
["B","Código","Banco","Mão de Obra","Quantidade","Salário Hora",null,null,null,"Custo Horário"]
["Insumo","P9821","SICRO3","Pedreiro",1,null,null,null,30.302800000000001,30.302800000000001]
["Insumo","P9824","SICRO3","Servente",7,null,null,null,21.465699999999998,150.25989999999999]
[{"$nulls":5},"Custo Horário da Mão de Obra =>",null,null,null,180.56270000000001]
[{"$nulls":5},"Adc.M.O. - Ferramentas (0,0%) =>",null,null,null,0]
[{"$nulls":5},"Custo Horário de Execução =>",null,null,null,367.84039999999999]
[{"$nulls":5},"Fator de Influencia da Chuva - FIC =>",null,null,null,0]
[{"$nulls":5},"Custo do FIC =>",null,null,null,0]
[{"$nulls":5},"Produção de Equipe =>",null,null,null,24.9]
[{"$nulls":5},"Custo Unitário de Execução =>",null,null,null,14.7727]
["D","Banco","Código","Atividades Auxiliares","Quantidade","Unidade","Preço Unitário",null,null,"Custo Horário"]
["Atividade Auxiliar","SICRO3",1110000,"Concreto",1,"m³",0,null,null,0]
[{"$nulls":5},"Custo Total das Atividades =>",null,null,null,0]
["E","Banco","Insumo","Tempos Fixos","Código","Quantidade","Unidade","Preço Unitário",null,"Custo Horário"]
["Tempo Fixo","SICRO3",1110000,"Carga, manobra e descarga de concreto com caminhão betoneira - carga em central de concreto de 30 m³/h e descarga livre",5909007,2.4,"t",17.91,null,42.984000000000002]
[{"$nulls":5},"Custo Total dos Tempos Fixos =>",null,null,null,42.984000000000002]
["F","Banco","Insumo","Momento de Transporte","Quantidade","Unidade","Distância Média de Transporte (DMT)",null,null,"Custo Horário"]
[{"$nulls":6},"LN","RP","P"]
["Momento de Transporte","SICRO3",1110000,"Concreto - Caminhão betoneira com capacidade de 8 m³ - 188 kW",2.4,"tkm","5914539\n0,000\nR$ 0,97","5914554\n0,000\nR$ 0,78","5914569\n0,000\nR$ 0,64",0]
[{"$nulls":5},"Custo total dos Momentos de Transportes =>",null,null,null,0]
[{"$nulls":4},"MO sem LS =>",7.2515140562248996,"LS =>",0,"MO com LS =>",7.2515140562248996]
[{"$nulls":4},"Valor do BDI =>",13.03,null,"Valor com BDI =>",null,70.790000000000006]
[{"$nulls":6},"Quant. =>",1367,"Preço Total =>",96769.93]
[]
[" 6.1.5.9 ","Código","Banco","Descrição","Tipo",null,"Und","Quant.","Porcent.","Valor Unit","Total"]
["Composição"," 1100657 ","SICRO3","ADENSAMENTO DE CONCRETO POR VIBRADOR DE IMERSÃO.","",null,"m³",1,null,3.32,3.32]
["A","Código","Banco","Equipamentos","Quantidade","Utilização",null,"Custo Operacional",null,"Custo Horário"]
[{"$nulls":5},"Operativa","Improdutiva","Operativa","Improdutiva"]
["Insumo","E9069","SICRO3","Vibrador de imersão para concreto - 4,10 kW",1,1,0,8.3879000000000001,0.7641,8.3879000000000001]
[{"$nulls":5},"Custo Horário de Equipamentos =>",null,null,null,8.3879000000000001]
["B","Código","Banco","Mão de Obra","Quantidade","Salário Hora",null,null,null,"Custo Horário"]
["Insumo","P9824","SICRO3","Servente",1,null,null,null,21.465699999999998,21.465699999999998]
[{"$nulls":5},"Custo Horário da Mão de Obra =>",null,null,null,21.465699999999998]
[{"$nulls":5},"Adc.M.O. - Ferramentas (0,0%) =>",null,null,null,0]
[{"$nulls":5},"Custo Horário de Execução =>",null,null,null,29.8536]
[{"$nulls":5},"Fator de Influencia da Chuva - FIC =>",null,null,null,0]
[{"$nulls":5},"Custo do FIC =>",null,null,null,0]
[{"$nulls":5},"Produção de Equipe =>",null,null,null,9]
[{"$nulls":5},"Custo Unitário de Execução =>",null,null,null,3.3170999999999999]
[{"$nulls":4},"MO sem LS =>",2.3850777777777776,"LS =>",0,"MO com LS =>",2.3850777777777776]
[{"$nulls":4},"Valor do BDI =>",0.74,null,"Valor com BDI =>",null,4.0599999999999996]
[{"$nulls":6},"Quant. =>",1367,"Preço Total =>",5550.02]
[]
[" 6.1.5.10 ","Código","Banco","Descrição","Tipo",null,"Und","Quant.","Porcent.","Valor Unit","Total"]
["Insumo"," M0006 ","SICRO3","FIBRA DE POLIAMIDA PARA CONCRETO","Material",null,"kg",1,null,27.662600000000001,27.662600000000001]
[{"$nulls":4},"MO sem LS =>",0,"LS =>",0,"MO com LS =>",0]
[{"$nulls":4},"Valor do BDI =>",3.87,null,"Valor com BDI =>",null,31.53]
[{"$nulls":6},"Quant. =>",820.2,"Preço Total =>",25860.9]
[]
[" 6.1.5.11 ","Código","Banco","Descrição","Tipo",null,"Und","Quant.","Porcent.","Valor Unit","Total"]
["Composição"," 09.90.01 ","EMBASA","EXECUÇÃO DE SOLO-CIMENTO",990,null,"m³",1,null,543.33000000000004,543.33000000000004]
["Insumo"," B010000097 ","EMBASA","SERVENTE","Mão de Obra",null,"H",8.07,null,18.02,145.41999999999999]
["Insumo"," D010000008 ","EMBASA","CIMENTO PORTLAND COMPOSTO CP II-32","Material",null,"KG",164,null,0.75,123]
["Insumo"," D020000006 ","EMBASA","ARENOSO, EXCLUSIVE FRETE","Material",null,"m³",1.51,null,79.84,120.55]
["Insumo"," F030000307 ","EMBASA","GASOLINA","Material",null,"L",0.28220000000000001,null,5.77,1.62]
["Insumo"," H020000524 ","EMBASA","COMPACTADOR A PERCUSSÃO (TIPO SAPO), A COMBUSTÍVEL","Material",null,"H",0.52800000000000002,null,3.3,1.74]
["Insumo"," K010000004 ","EMBASA","FRETE PARA AGREGADOS MIUDOS","Material",null,"m³",1.51,null,100,151]
[{"$nulls":4},"MO sem LS =>",145.41999999999999,"LS =>",0,"MO com LS =>",145.41999999999999]
[{"$nulls":4},"Valor do BDI =>",122.57,null,"Valor com BDI =>",null,665.9]
[{"$nulls":6},"Quant. =>",476.35,"Preço Total =>",317201.46000000002]
[]
[" 6.1.6.2 ",null,null,"DRENAGEM SUB-SUPERFICAL",{"$nulls":6},454030.16]
[" 6.1.6.2.1 ",null,null,"DRENO FINGER",{"$nulls":6},7929.14]
[" 6.1.6.2.1.1 ","Código","Banco","Descrição","Tipo",null,"Und","Quant.","Porcent.","Valor Unit","Total"]
["Composição"," 4816018 ","SICRO3","Areia extraída com trator e carregadeira","",null,"m³",1,null,4.99,4.99]
["A","Código","Banco","Equipamentos","Quantidade","Utilização",null,"Custo Operacional",null,"Custo Horário"]
[{"$nulls":5},"Operativa","Improdutiva","Operativa","Improdutiva"]
["Insumo","E9584","SICRO3","Carregadeira de pneus com capacidade de 1,72 m³ - 113 kW",1,0.68,0.32,203.21250000000001,104.4208,171.5992]
["Insumo","E9042","SICRO3","Trator sobre esteiras com lâmina - 97 kW",1,1,0,256.45519999999999,112.74250000000001,256.45519999999999]
[{"$nulls":5},"Custo Horário de Equipamentos =>",null,null,null,428.05439999999999]
["B","Código","Banco","Mão de Obra","Quantidade","Salário Hora",null,null,null,"Custo Horário"]
["Insumo","P9824","SICRO3","Servente",4,null,null,null,21.465699999999998,85.862799999999993]
[{"$nulls":5},"Custo Horário da Mão de Obra =>",null,null,null,85.862799999999993]
[{"$nulls":5},"Adc.M.O. - Ferramentas (0,0%) =>",null,null,null,0]
[{"$nulls":5},"Custo Horário de Execução =>",null,null,null,513.91719999999998]
[{"$nulls":5},"Fator de Influencia da Chuva - FIC =>",null,null,null,1.43E-2]
[{"$nulls":5},"Custo do FIC =>",null,null,null,7.0199999999999999E-2]
[{"$nulls":5},"Produção de Equipe =>",null,null,null,104.37]
[{"$nulls":5},"Custo Unitário de Execução =>",null,null,null,4.9240000000000004]
[{"$nulls":4},"MO sem LS =>",0.82267701446775898,"LS =>",0,"MO com LS =>",0.82267701446775898]
[{"$nulls":4},"Valor do BDI =>",1.1200000000000001,null,"Valor com BDI =>",null,6.11]
[{"$nulls":6},"Quant. =>",251.2,"Preço Total =>",1534.83]
[]
[" 6.1.6.2.1.2 ","Código","Banco","Descrição","Tipo",null,"Und","Quant.","Porcent.","Valor Unit","Total"]
["Composição"," 5914351 ","SICRO3","CARGA, MANOBRA E DESCARGA DE AGREGADOS OU SOLOS EM CAMINHÃO BASCULANTE DE 14 M³ - CARGA COM CARREGADEIRA DE 3,40 M³ EDESCARGA LIVRE","",null,"t",1,null,2.61,2.61]
["A","Código","Banco","Equipamentos","Quantidade","Utilização",null,"Custo Operacional",null,"Custo Horário"]
[{"$nulls":5},"Operativa","Improdutiva","Operativa","Improdutiva"]
["Insumo","E9667","SICRO3","Caminhão basculante com capacidade de 14 m³ - 188 kW",3,0.77,0.23,297.32,90.567700000000002,749.30089999999996]
["Insumo","E9511","SICRO3","Carregadeira de pneus com capacidade de 3,40 m³ - 195 kW",1,1,0,442.03,218.85579999999999,442.03]
[{"$nulls":5},"Custo Horário de Equipamentos =>",null,null,null,1191.3308999999999]
[{"$nulls":5},"Custo Horário de Execução =>",null,null,null,1191.3308999999999]
[{"$nulls":5},"Fator de Influencia da Chuva - FIC =>",null,null,null,0]
[{"$nulls":5},"Custo do FIC =>",null,null,null,0]
[{"$nulls":5},"Produção de Equipe =>",null,null,null,457.16]
[{"$nulls":5},"Custo Unitário de Execução =>",null,null,null,2.6059000000000001]
[{"$nulls":4},"MO sem LS =>",0,"LS =>",0,"MO com LS =>",0]
[{"$nulls":4},"Valor do BDI =>",0.57999999999999996,null,"Valor com BDI =>",null,3.19]
[{"$nulls":6},"Quant. =>",376.8,"Preço Total =>",1201.99]
[]
[" 6.1.6.2.1.3 ","Código","Banco","Descrição","Tipo",null,"Und","Quant.","Porcent.","Valor Unit","Total"]
["Composição"," 5901639 ","SICRO3","TRANSPORTE COM CAMINHÃO BASCULANTE COM CAÇAMBA ESTANQUE COM CAPACIDADE DE 14 M³ - RODOVIA EM LEITO NATURAL.","",null,"tkm",1,null,0.87,0.87]
["A","Código","Banco","Equipamentos","Quantidade","Utilização",null,"Custo Operacional",null,"Custo Horário"]
[{"$nulls":5},"Operativa","Improdutiva","Operativa","Improdutiva"]
["Insumo","E9575","SICRO3","Caminhão basculante com caçamba estanque com capacidade de 14 m³ - 188 kW",1,1,0,297.71420000000001,90.774600000000007,297.71420000000001]
[{"$nulls":5},"Custo Horário de Equipamentos =>",null,null,null,297.71420000000001]
[{"$nulls":5},"Custo Horário de Execução =>",null,null,null,297.71420000000001]
[{"$nulls":5},"Fator de Influencia da Chuva - FIC =>",null,null,null,1.43E-2]
[{"$nulls":5},"Custo do FIC =>",null,null,null,1.2200000000000001E-2]
[{"$nulls":5},"Produção de Equipe =>",null,null,null,348.6]
[{"$nulls":5},"Custo Unitário de Execução =>",null,null,null,0.85399999999999998]
[{"$nulls":4},"MO sem LS =>",0,"LS =>",0,"MO com LS =>",0]
[{"$nulls":4},"Valor do BDI =>",0.19,null,"Valor com BDI =>",null,1.06]
[{"$nulls":6},"Quant. =>",4898.42,"Preço Total =>",5192.32]
[]
[" 6.1.6.2.2 ",null,null,"DRENO DE FUNDO",{"$nulls":6},446101.02]
[" 6.1.6.2.2.1 ","Código","Banco","Descrição","Tipo",null,"Und","Quant.","Porcent.","Valor Unit","Total"]
["Composição"," 5502585 ","SICRO3","Escavação, carga e transporte de material de 2ª categoria - DMT de 50 a 200 m - caminho de serviço em leito natural - com escavadeira e caminhão basculante de 14 m³","",null,"m³",1,null,8.0399999999999991,8.0399999999999991]
["A","Código","Banco","Equipamentos","Quantidade","Utilização",null,"Custo Operacional",null,"Custo Horário"]
[{"$nulls":5},"Operativa","Improdutiva","Operativa","Improdutiva"]
["Insumo","E9667","SICRO3","Caminhão basculante com capacidade de 14 m³ - 188 kW",3,0.76,0.24,297.32,90.567700000000002,743.09829999999999]
["Insumo","E9515","SICRO3","Escavadeira hidráulica sobre esteiras com caçamba com capacidade de 1,56 m³ - 118 kW",1,1,0,287.9393,133.5633,287.9393]
[{"$nulls":5},"Custo Horário de Equipamentos =>",null,null,null,1031.0376000000001]
["B","Código","Banco","Mão de Obra","Quantidade","Salário Hora",null,null,null,"Custo Horário"]
["Insumo","P9824","SICRO3","Servente",1,null,null,null,21.465699999999998,21.465699999999998]
[{"$nulls":5},"Custo Horário da Mão de Obra =>",null,null,null,21.465699999999998]
[{"$nulls":5},"Adc.M.O. - Ferramentas (0,0%) =>",null,null,null,0]
[{"$nulls":5},"Custo Horário de Execução =>",null,null,null,1052.5033000000001]
[{"$nulls":5},"Fator de Influencia da Chuva - FIC =>",null,null,null,4.7999999999999996E-3]
[{"$nulls":5},"Custo do FIC =>",null,null,null,3.7999999999999999E-2]
[{"$nulls":5},"Produção de Equipe =>",null,null,null,131.61000000000001]
[{"$nulls":5},"Custo Unitário de Execução =>",null,null,null,7.9970999999999997]
[{"$nulls":4},"MO sem LS =>",0.16310082820454372,"LS =>",0,"MO com LS =>",0.16310082820454372]
[{"$nulls":4},"Valor do BDI =>",1.81,null,"Valor com BDI =>",null,9.85]
[{"$nulls":6},"Quant. =>",272,"Preço Total =>",2679.2]
[]
[" 6.1.6.2.2.2 ","Código","Banco","Descrição","Tipo",null,"Und","Quant.","Porcent.","Valor Unit","Total"]
["Composição"," 5502742 ","SICRO3","ESCAVAÇÃO, CARGA E TRANSPORTE DE MATERIAL DE 3ª CATEGORIA - DMT DE 50 A 200 M - CAMINHO DE SERVIÇO EM LEITO NATURAL COMCAMINHÃO BASCULANTE DE 12 M³","",null,"m³",1,null,40.99,40.99]
["A","Código","Banco","Equipamentos","Quantidade","Utilização",null,"Custo Operacional",null,"Custo Horário"]
[{"$nulls":5},"Operativa","Improdutiva","Operativa","Improdutiva"]
["Insumo","E9672","SICRO3","Caminhão basculante para rocha com capacidade de 12 m³ - 188 kW",2,0.89,0.11,309.83929999999998,108.2497,575.32889999999998]
["Insumo","E9117","SICRO3","Carregadeira de pneus para rocha com capacidade de 2,50 m³ - 105 kW",1,0.78,0.22,359.73469999999998,157.4614,315.2346]
["Insumo","E9646","SICRO3","Compressor de ar portátil de 58,52 l/s (124 PCM) - 27 kW",1,1,0,43.116199999999999,10.8597,43.116199999999999]
["Insumo","E9527","SICRO3","Martelete perfurador/rompedor a ar comprimido de 25 kg para rocha com capacidade de",1,1,0,35.0152,32.827100000000002,35.0152]
["Insumo","E9574","SICRO3","Perfuratriz sobre esteiras - 145 kW",1,1,0,406.70780000000002,181.6712,406.70780000000002]
["Insumo","E9540","SICRO3","Trator sobre esteiras com lâmina - 127 kW",1,0.38,0.62,322.01350000000002,134.76900000000001,205.92189999999999]
[{"$nulls":5},"Custo Horário de Equipamentos =>",null,null,null,1581.3245999999999]
["B","Código","Banco","Mão de Obra","Quantidade","Salário Hora",null,null,null,"Custo Horário"]
["Insumo","P9892","SICRO3","Auxiliar de blaster",2,null,null,null,34.436,68.872]
["Insumo","P9852","SICRO3","Blaster",1,null,null,null,38.045200000000001,38.045200000000001]
[{"$nulls":5},"Custo Horário da Mão de Obra =>",null,null,null,106.91719999999999]
[{"$nulls":5},"Adc.M.O. - Ferramentas (0,0%) =>",null,null,null,0]
[{"$nulls":5},"Custo Horário de Execução =>",null,null,null,1688.2418]
[{"$nulls":5},"Fator de Influencia da Chuva - FIC =>",null,null,null,2.3999999999999998E-3]
[{"$nulls":5},"Custo do FIC =>",null,null,null,6.1699999999999998E-2]
[{"$nulls":5},"Produção de Equipe =>",null,null,null,64.84]
[{"$nulls":5},"Custo Unitário de Execução =>",null,null,null,26.036999999999999]
["C","Banco","Código","Material","Quantidade","Unidade","Preço Unitário",null,null,"Custo Horário"]
["Insumo","SICRO3","M2062","Coroa de botões esféricos linha T38 - D = 64 mm (2 1/2”)",3.4000000000000002E-4,"un",721.71960000000001,null,null,0.24540000000000001]
["Insumo","SICRO3","M2042","Emulsão explosiva encartuchada",0.56232000000000004,"kg",13.049300000000001,null,null,7.3379000000000003]
["Insumo","SICRO3","M2065","Haste linha T38 para perfuratriz sobre esteiras - D = 38,0 mm (1 1/2”) e C = 3,05 m",1.6000000000000001E-4,"un",2083.3042,null,null,0.33329999999999999]
["Insumo","SICRO3","M2066","Luva em aço linha T38 para perfuratriz sobre esteiras - D = 38,0 mm (1 1/2”)",2.5000000000000001E-4,"un",354.3057,null,null,8.8599999999999998E-2]
["Insumo","SICRO3","M2144","Nonel de coluna - C = 6,0 m",0.04,"un",14.9855,null,null,0.59940000000000004]
["Insumo","SICRO3","M2141","Nonel de iniciação para fogacho - C = 6,0 m",0.15714,"un",14.9138,null,null,2.3435999999999999]
["Insumo","SICRO3","M2143","Nonel de ligação - C = 6,0 m",1.5709999999999998E-2,"un",17.517800000000001,null,null,0.2752]
["Insumo","SICRO3","M2146","Nonel iniciador - C = 150,0 m",1.4300000000000001E-3,"un",207.2826,null,null,0.2964]
["Insumo","SICRO3","M2067","Punho linha T38 para perfuratriz sobre esteiras - D = 38 mm (1 1/2”)",1.2999999999999999E-4,"un",1000.3667,null,null,0.13]
["Insumo","SICRO3","M2145","Série de brocas integrais S12",3.3300000000000001E-3,"un",973.28599999999994,null,null,3.2410000000000001]
[{"$nulls":5},"Custo Total do Material =>",null,null,null,14.8908]
[{"$nulls":4},"MO sem LS =>",1.6489389265885257,"LS =>",0,"MO com LS =>",1.6489389265885257]
[{"$nulls":4},"Valor do BDI =>",9.24,null,"Valor com BDI =>",null,50.23]
[{"$nulls":6},"Quant. =>",332,"Preço Total =>",16676.36]
[]
[" 6.1.6.2.2.3 ","Código","Banco","Descrição","Tipo",null,"Und","Quant.","Porcent.","Valor Unit","Total"]
["Composição"," 4816018 ","SICRO3","AREIA EXTRAÍDA COM TRATOR E CARREGADEIRA","",null,"m³",1,null,4.99,4.99]
["A","Código","Banco","Equipamentos","Quantidade","Utilização",null,"Custo Operacional",null,"Custo Horário"]
[{"$nulls":5},"Operativa","Improdutiva","Operativa","Improdutiva"]
["Insumo","E9584","SICRO3","Carregadeira de pneus com capacidade de 1,72 m³ - 113 kW",1,0.68,0.32,203.21250000000001,104.4208,171.5992]
["Insumo","E9042","SICRO3","Trator sobre esteiras com lâmina - 97 kW",1,1,0,256.45519999999999,112.74250000000001,256.45519999999999]
[{"$nulls":5},"Custo Horário de Equipamentos =>",null,null,null,428.05439999999999]
["B","Código","Banco","Mão de Obra","Quantidade","Salário Hora",null,null,null,"Custo Horário"]
["Insumo","P9824","SICRO3","Servente",4,null,null,null,21.465699999999998,85.862799999999993]
[{"$nulls":5},"Custo Horário da Mão de Obra =>",null,null,null,85.862799999999993]
[{"$nulls":5},"Adc.M.O. - Ferramentas (0,0%) =>",null,null,null,0]
[{"$nulls":5},"Custo Horário de Execução =>",null,null,null,513.91719999999998]
[{"$nulls":5},"Fator de Influencia da Chuva - FIC =>",null,null,null,1.43E-2]
[{"$nulls":5},"Custo do FIC =>",null,null,null,7.0199999999999999E-2]
[{"$nulls":5},"Produção de Equipe =>",null,null,null,104.37]
[{"$nulls":5},"Custo Unitário de Execução =>",null,null,null,4.9240000000000004]
[{"$nulls":4},"MO sem LS =>",0.82267701446775898,"LS =>",0,"MO com LS =>",0.82267701446775898]
[{"$nulls":4},"Valor do BDI =>",1.1200000000000001,null,"Valor com BDI =>",null,6.11]
[{"$nulls":6},"Quant. =>",494.22,"Preço Total =>",3019.68]
[]
[" 6.1.6.2.2.4 ","Código","Banco","Descrição","Tipo",null,"Und","Quant.","Porcent.","Valor Unit","Total"]
["Composição"," 5914657 ","SICRO3","Carga, manobra e descarga de blocos de rocha em caminhão basculante de 8 m³ - carga com retroescavadeira de 0,29 m³ edescarga livre","",null,"t",1,null,17.600000000000001,17.600000000000001]
["A","Código","Banco","Equipamentos","Quantidade","Utilização",null,"Custo Operacional",null,"Custo Horário"]
[{"$nulls":5},"Operativa","Improdutiva","Operativa","Improdutiva"]
["Insumo","E9604","SICRO3","Caminhão basculante para rocha com capacidade de 8 m³ - 210 kW",2,0.56999999999999995,0.43,297.14830000000001,90.430499999999995,416.51929999999999]
["Insumo","E9526","SICRO3","Retroescavadeira de pneus - capacidade da caçamba da pá-carregadeira de 0,76 m³ e da",1,1,0,151.10929999999999,79.652699999999996,151.10929999999999]
[{"$nulls":5},"Custo Horário de Equipamentos =>",null,null,null,567.62860000000001]
[{"$nulls":5},"Custo Horário de Execução =>",null,null,null,567.62860000000001]
[{"$nulls":5},"Fator de Influencia da Chuva - FIC =>",null,null,null,0]
[{"$nulls":5},"Custo do FIC =>",null,null,null,0]
[{"$nulls":5},"Produção de Equipe =>",null,null,null,32.26]
[{"$nulls":5},"Custo Unitário de Execução =>",null,null,null,17.595400000000001]
[{"$nulls":4},"MO sem LS =>",0,"LS =>",0,"MO com LS =>",0]
[{"$nulls":4},"Valor do BDI =>",3.97,null,"Valor com BDI =>",null,21.57]
[{"$nulls":6},"Quant. =>",139.05000000000001,"Preço Total =>",2999.3]
[]
[" 6.1.6.2.2.5 ","Código","Banco","Descrição","Tipo",null,"Und","Quant.","Porcent.","Valor Unit","Total"]
["Composição"," 5914346 ","SICRO3","Transporte de material de 3ª categoria com caminhão basculante de 8 m³ para rocha - rodovia em leito natural","",null,"tkm",1,null,1.68,1.68]
["A","Código","Banco","Equipamentos","Quantidade","Utilização",null,"Custo Operacional",null,"Custo Horário"]
[{"$nulls":5},"Operativa","Improdutiva","Operativa","Improdutiva"]
["Insumo","E9604","SICRO3","Caminhão basculante para rocha com capacidade de 8 m³ - 210 kW",1,1,0,297.14830000000001,90.430499999999995,297.14830000000001]
[{"$nulls":5},"Custo Horário de Equipamentos =>",null,null,null,297.14830000000001]
[{"$nulls":5},"Custo Horário de Execução =>",null,null,null,297.14830000000001]
[{"$nulls":5},"Fator de Influencia da Chuva - FIC =>",null,null,null,1.43E-2]
[{"$nulls":5},"Custo do FIC =>",null,null,null,2.3599999999999999E-2]
[{"$nulls":5},"Produção de Equipe =>",null,null,null,179.28]
[{"$nulls":5},"Custo Unitário de Execução =>",null,null,null,1.6575]
[{"$nulls":4},"MO sem LS =>",0,"LS =>",0,"MO com LS =>",0]
[{"$nulls":4},"Valor do BDI =>",0.37,null,"Valor com BDI =>",null,2.0499999999999998]
[{"$nulls":6},"Quant. =>",1839.64,"Preço Total =>",3771.26]
[]
[" 6.1.6.2.2.6 ","Código","Banco","Descrição","Tipo",null,"Und","Quant.","Porcent.","Valor Unit","Total"]
["Composição"," 4816012 ","SICRO3","Brita produzida em central de britagem de 80 m³/h","",null,"m³",1,null,53.94,53.94]
["A","Código","Banco","Equipamentos","Quantidade","Utilização",null,"Custo Operacional",null,"Custo Horário"]
[{"$nulls":5},"Operativa","Improdutiva","Operativa","Improdutiva"]
["Insumo","E9117","SICRO3","Carregadeira de pneus para rocha com capacidade de 2,50 m³ - 105 kW",1,0.46,0.54,359.73469999999998,157.4614,250.50710000000001]
["Insumo","E9611","SICRO3","Conjunto de britagem com capacidade de 80 m³/h - 313 kW",1,1,0,995.71289999999999,648.64750000000004,995.71289999999999]
["Insumo","E9765","SICRO3","Grupo gerador - 569 kVA",1,1,0,490.92020000000002,29.088000000000001,490.92020000000002]
[{"$nulls":5},"Custo Horário de Equipamentos =>",null,null,null,1737.1402]
["B","Código","Banco","Mão de Obra","Quantidade","Salário Hora",null,null,null,"Custo Horário"]
["Insumo","P9824","SICRO3","Servente",8,null,null,null,21.465699999999998,171.72559999999999]
[{"$nulls":5},"Custo Horário da Mão de Obra =>",null,null,null,171.72559999999999]
[{"$nulls":5},"Adc.M.O. - Ferramentas (0,0%) =>",null,null,null,0]
[{"$nulls":5},"Custo Horário de Execução =>",null,null,null,1908.8658]
[{"$nulls":5},"Fator de Influencia da Chuva - FIC =>",null,null,null,2.3999999999999998E-3]
[{"$nulls":5},"Custo do FIC =>",null,null,null,6.8099999999999994E-2]
[{"$nulls":5},"Produção de Equipe =>",null,null,null,66.400000000000006]
[{"$nulls":5},"Custo Unitário de Execução =>",null,null,null,28.748000000000001]
["C","Banco","Código","Material","Quantidade","Unidade","Preço Unitário",null,null,"Custo Horário"]
["Insumo","SICRO3","M2115","Cunha lateral inferior para britador",2.0000000000000002E-5,"un",1906.0084999999999,null,null,3.8100000000000002E-2]
["Insumo","SICRO3","M2114","Cunha lateral superior para britador",1.0000000000000001E-5,"un",2444.7143000000001,null,null,2.4400000000000002E-2]
["Insumo","SICRO3","M2111","Mandíbula fixa para britador - abertura de alimentação com L = 930 mm",6.0000000000000002E-5,"un",32034.5798,null,null,1.9220999999999999]
["Insumo","SICRO3","M2110","Mandíbula móvel para britador - abertura de alimentação com L = 930 mm",4.0000000000000003E-5,"un",24230.054,null,null,0.96919999999999995]
["Insumo","SICRO3","M2112","Manta do britador cônico HP200 ou similar",3.0000000000000001E-5,"un",21230.413400000001,null,null,0.63690000000000002]
["Insumo","SICRO3","M2113","Revestimento do bojo interno do britador cônico HP200 ou similar",4.0000000000000003E-5,"un",24245.382099999999,null,null,0.9698]
[{"$nulls":5},"Custo Total do Material =>",null,null,null,4.5605000000000002]
["D","Banco","Código","Atividades Auxiliares","Quantidade","Unidade","Preço Unitário",null,null,"Custo Horário"]
["Atividade Auxiliar","SICRO3",4816010,"Rocha para britagem com perfuratriz sobre esteira",0.56999999999999995,"m³",36.08,null,null,20.5656]
[{"$nulls":5},"Custo Total das Atividades =>",null,null,null,20.5656]
[{"$nulls":4},"MO sem LS =>",3.3253775156626504,"LS =>",0,"MO com LS =>",3.3253775390707769]
[{"$nulls":4},"Valor do BDI =>",12.16,null,"Valor com BDI =>",null,66.099999999999994]
[{"$nulls":6},"Quant. =>",162.72999999999999,"Preço Total =>",10756.45]
[]
[" 6.1.6.2.2.7 ","Código","Banco","Descrição","Tipo",null,"Und","Quant.","Porcent.","Valor Unit","Total"]
["Composição"," 5914351 ","SICRO3","CARGA, MANOBRA E DESCARGA DE AGREGADOS OU SOLOS EM CAMINHÃO BASCULANTE DE 14 M³ - CARGA COM CARREGADEIRA DE 3,40 M³ EDESCARGA LIVRE","",null,"t",1,null,2.61,2.61]
["A","Código","Banco","Equipamentos","Quantidade","Utilização",null,"Custo Operacional",null,"Custo Horário"]
[{"$nulls":5},"Operativa","Improdutiva","Operativa","Improdutiva"]
["Insumo","E9667","SICRO3","Caminhão basculante com capacidade de 14 m³ - 188 kW",3,0.77,0.23,297.32,90.567700000000002,749.30089999999996]
["Insumo","E9511","SICRO3","Carregadeira de pneus com capacidade de 3,40 m³ - 195 kW",1,1,0,442.03,218.85579999999999,442.03]
[{"$nulls":5},"Custo Horário de Equipamentos =>",null,null,null,1191.3308999999999]
[{"$nulls":5},"Custo Horário de Execução =>",null,null,null,1191.3308999999999]
[{"$nulls":5},"Fator de Influencia da Chuva - FIC =>",null,null,null,0]
[{"$nulls":5},"Custo do FIC =>",null,null,null,0]
[{"$nulls":5},"Produção de Equipe =>",null,null,null,457.16]
[{"$nulls":5},"Custo Unitário de Execução =>",null,null,null,2.6059000000000001]
[{"$nulls":4},"MO sem LS =>",0,"LS =>",0,"MO com LS =>",0]
[{"$nulls":4},"Valor do BDI =>",0.57999999999999996,null,"Valor com BDI =>",null,3.19]
[{"$nulls":6},"Quant. =>",985.42,"Preço Total =>",3143.48]
[]
[" 6.1.6.2.2.8 ","Código","Banco","Descrição","Tipo",null,"Und","Quant.","Porcent.","Valor Unit","Total"]
["Composição"," 5901639 ","SICRO3","TRANSPORTE COM CAMINHÃO BASCULANTE COM CAÇAMBA ESTANQUE COM CAPACIDADE DE 14 M³ - RODOVIA EM LEITO NATURAL.","",null,"tkm",1,null,0.87,0.87]
["A","Código","Banco","Equipamentos","Quantidade","Utilização",null,"Custo Operacional",null,"Custo Horário"]
[{"$nulls":5},"Operativa","Improdutiva","Operativa","Improdutiva"]
["Insumo","E9575","SICRO3","Caminhão basculante com caçamba estanque com capacidade de 14 m³ - 188 kW",1,1,0,297.71420000000001,90.774600000000007,297.71420000000001]
[{"$nulls":5},"Custo Horário de Equipamentos =>",null,null,null,297.71420000000001]
[{"$nulls":5},"Custo Horário de Execução =>",null,null,null,297.71420000000001]
[{"$nulls":5},"Fator de Influencia da Chuva - FIC =>",null,null,null,1.43E-2]
[{"$nulls":5},"Custo do FIC =>",null,null,null,1.2200000000000001E-2]
[{"$nulls":5},"Produção de Equipe =>",null,null,null,348.6]
[{"$nulls":5},"Custo Unitário de Execução =>",null,null,null,0.85399999999999998]
[{"$nulls":4},"MO sem LS =>",0,"LS =>",0,"MO com LS =>",0]
[{"$nulls":4},"Valor do BDI =>",0.19,null,"Valor com BDI =>",null,1.06]
[{"$nulls":6},"Quant. =>",9881.3799999999992,"Preço Total =>",10474.26]
[]
[" 6.1.6.2.2.9 ","Código","Banco","Descrição","Tipo",null,"Und","Quant.","Porcent.","Valor Unit","Total"]
["Composição"," 11.10.01 ","EMBASA","FORNEC. E COLOCACAO DE MANTA GEOTEXTIL NAO TECIDA C/ GRAMATURA DE 200 g/m² A 220 g/m²",1110,null,"m²",1,null,7.13,7.13]
["Insumo"," B010000097 ","EMBASA","SERVENTE","Mão de Obra",null,"H",0.05,null,18.02,0.9]
["Insumo"," D220000103 ","EMBASA","MANTA GEOTEXTIL NÃO TECIDO RT-10, RESISTENCIA A TRAÇÃO=10 kN/M (ANTIGO BIDIM\n\nOP-20 OU SIMILAR)","Material",null,"m²",1.05,null,5.94,6.23]
[{"$nulls":4},"MO sem LS =>",0.9,"LS =>",0,"MO com LS =>",0.9]
[{"$nulls":4},"Valor do BDI =>",1.6,null,"Valor com BDI =>",null,8.73]
[{"$nulls":6},"Quant. =>",3721.5,"Preço Total =>",32488.69]
[]
[" 6.1.6.2.2.10 ","Código","Banco","Descrição","Tipo",null,"Und","Quant.","Porcent.","Valor Unit","Total"]
["Insumo"," 00041780 ","SINAPI","TUBO CORRUGADO PEAD, PAREDE DUPLA, INTERNA LISA, JEI, DN/DI 300 MM, PARA SANEAMENTO (DRENAGEM/ESGOTO)","Material",null,"M",1,null,212.16,212.16]
[{"$nulls":4},"MO sem LS =>",0,"LS =>",0,"MO com LS =>",0]
[{"$nulls":4},"Valor do BDI =>",29.74,null,"Valor com BDI =>",null,241.9]
[{"$nulls":6},"Quant. =>",1488.6,"Preço Total =>",360092.34]
[]
[" 6.2 ",null,null,"SEGMENTO DE CANAL - SUBTRECHO 1.2 (E75 A E235)",{"$nulls":6},17246846.890000001]
[" 6.2.1 ",null,null,"SEVIÇOS PRELIMINARES",{"$nulls":6},2399367.9500000002]
[" 6.2.1.1 ","Código","Banco","Descrição","Tipo",null,"Und","Quant.","Porcent.","Valor Unit","Total"]
["Composição"," 5501700 ","SICRO3","DESMATAMENTO, DESTOCAMENTO, LIMPEZA DE ÁREA E ESTOCAGEM DO MATERIAL DE LIMPEZA COM ÁRVORES DE DIÂMETRO ATÉ 0,15 M.","",null,"m²",1,null,0.53,0.53]
["A","Código","Banco","Equipamentos","Quantidade","Utilização",null,"Custo Operacional",null,"Custo Horário"]
[{"$nulls":5},"Operativa","Improdutiva","Operativa","Improdutiva"]
["Insumo","E9541","SICRO3","Trator sobre esteiras com lâmina - 259 kW",1,1,0,760.50620000000004,307.02120000000002,760.50620000000004]
[{"$nulls":5},"Custo Horário de Equipamentos =>",null,null,null,760.50620000000004]
["B","Código","Banco","Mão de Obra","Quantidade","Salário Hora",null,null,null,"Custo Horário"]
["Insumo","P9824","SICRO3","Servente",2,null,null,null,21.465699999999998,42.931399999999996]
[{"$nulls":5},"Custo Horário da Mão de Obra =>",null,null,null,42.931399999999996]
[{"$nulls":5},"Adc.M.O. - Ferramentas (0,0%) =>",null,null,null,0]
[{"$nulls":5},"Custo Horário de Execução =>",null,null,null,803.43759999999997]
[{"$nulls":5},"Fator de Influencia da Chuva - FIC =>",null,null,null,2.3999999999999998E-3]
[{"$nulls":5},"Custo do FIC =>",null,null,null,1.1999999999999999E-3]
[{"$nulls":5},"Produção de Equipe =>",null,null,null,1532.91]
[{"$nulls":5},"Custo Unitário de Execução =>",null,null,null,0.52410000000000001]
[{"$nulls":4},"MO sem LS =>",2.8006471351873233E-2,"LS =>",0,"MO com LS =>",2.8006471351873233E-2]
[{"$nulls":4},"Valor do BDI =>",0.11,null,"Valor com BDI =>",null,0.64]
[{"$nulls":6},"Quant. =>",320023.58100000001,"Preço Total =>",204815.09]
[]
[" 6.2.1.2 ","Código","Banco","Descrição","Tipo",null,"Und","Quant.","Porcent.","Valor Unit","Total"]
["Composição"," 5501701 ","SICRO3","DESTOCAMENTO DE ÁRVORES COM DIÂMETRO DE 0,15 A 0,30 M","",null,"un",1,null,38.81,38.81]
["A","Código","Banco","Equipamentos","Quantidade","Utilização",null,"Custo Operacional",null,"Custo Horário"]
[{"$nulls":5},"Operativa","Improdutiva","Operativa","Improdutiva"]
["Insumo","E9541","SICRO3","Trator sobre esteiras com lâmina - 259 kW",1,1,0,760.50620000000004,307.02120000000002,760.50620000000004]
[{"$nulls":5},"Custo Horário de Equipamentos =>",null,null,null,760.50620000000004]
["B","Código","Banco","Mão de Obra","Quantidade","Salário Hora",null,null,null,"Custo Horário"]
["Insumo","P9824","SICRO3","Servente",2,null,null,null,21.465699999999998,42.931399999999996]
[{"$nulls":5},"Custo Horário da Mão de Obra =>",null,null,null,42.931399999999996]
[{"$nulls":5},"Adc.M.O. - Ferramentas (0,0%) =>",null,null,null,0]
[{"$nulls":5},"Custo Horário de Execução =>",null,null,null,803.43759999999997]
[{"$nulls":5},"Fator de Influencia da Chuva - FIC =>",null,null,null,2.3999999999999998E-3]
[{"$nulls":5},"Custo do FIC =>",null,null,null,9.1800000000000007E-2]
[{"$nulls":5},"Produção de Equipe =>",null,null,null,20.75]
[{"$nulls":5},"Custo Unitário de Execução =>",null,null,null,38.719900000000003]
[{"$nulls":4},"MO sem LS =>",2.0689831325301205,"LS =>",0,"MO com LS =>",2.0689831325301205]
[{"$nulls":4},"Valor do BDI =>",8.75,null,"Valor com BDI =>",null,47.56]
[{"$nulls":6},"Quant. =>",2401,"Preço Total =>",114191.56]
[]
[" 6.2.1.3 ","Código","Banco","Descrição","Tipo",null,"Und","Quant.","Porcent.","Valor Unit","Total"]
["Composição"," 5501702 ","SICRO3","DESTOCAMENTO DE ÁRVORES COM DIÂMETRO MAIOR QUE 0,30 M","",null,"un",1,null,97.03,97.03]
["A","Código","Banco","Equipamentos","Quantidade","Utilização",null,"Custo Operacional",null,"Custo Horário"]
[{"$nulls":5},"Operativa","Improdutiva","Operativa","Improdutiva"]
["Insumo","E9541","SICRO3","Trator sobre esteiras com lâmina - 259 kW",1,1,0,760.50620000000004,307.02120000000002,760.50620000000004]
[{"$nulls":5},"Custo Horário de Equipamentos =>",null,null,null,760.50620000000004]
["B","Código","Banco","Mão de Obra","Quantidade","Salário Hora",null,null,null,"Custo Horário"]
["Insumo","P9824","SICRO3","Servente",2,null,null,null,21.465699999999998,42.931399999999996]
[{"$nulls":5},"Custo Horário da Mão de Obra =>",null,null,null,42.931399999999996]
[{"$nulls":5},"Adc.M.O. - Ferramentas (0,0%) =>",null,null,null,0]
[{"$nulls":5},"Custo Horário de Execução =>",null,null,null,803.43759999999997]
[{"$nulls":5},"Fator de Influencia da Chuva - FIC =>",null,null,null,2.3999999999999998E-3]
[{"$nulls":5},"Custo do FIC =>",null,null,null,0.22939999999999999]
[{"$nulls":5},"Produção de Equipe =>",null,null,null,8.3000000000000007]
[{"$nulls":5},"Custo Unitário de Execução =>",null,null,null,96.799700000000001]
[{"$nulls":4},"MO sem LS =>",5.1724578313253016,"LS =>",0,"MO com LS =>",5.1724578313253016]
[{"$nulls":4},"Valor do BDI =>",21.88,null,"Valor com BDI =>",null,118.91]
[{"$nulls":6},"Quant. =>",961,"Preço Total =>",114272.51]
[]
[" 6.2.1.4 ","Código","Banco","Descrição","Tipo",null,"Und","Quant.","Porcent.","Valor Unit","Total"]
["Composição"," 5502109 ","SICRO3","ESCAVAÇÃO, CARGA E TRANSPORTE DE MATERIAL DE 1ª CATEGORIA - DMT DE 50 A 200 M - CAMINHO DE SERVIÇO EM LEITO NATURAL - COMESCAVADEIRA E CAMINHÃO BASCULANTE DE 14 M³","",null,"m³",1,null,5.73,5.73]
["A","Código","Banco","Equipamentos","Quantidade","Utilização",null,"Custo Operacional",null,"Custo Horário"]
[{"$nulls":5},"Operativa","Improdutiva","Operativa","Improdutiva"]
["Insumo","E9667","SICRO3","Caminhão basculante com capacidade de 14 m³ - 188 kW",4,0.76,0.24,297.32,90.567700000000002,990.79780000000005]
["Insumo","E9515","SICRO3","Escavadeira hidráulica sobre esteiras com caçamba com capacidade de 1,56 m³ - 118 kW",1,1,0,287.9393,133.5633,287.9393]
[{"$nulls":5},"Custo Horário de Equipamentos =>",null,null,null,1278.7371000000001]
["B","Código","Banco","Mão de Obra","Quantidade","Salário Hora",null,null,null,"Custo Horário"]
["Insumo","P9824","SICRO3","Servente",1,null,null,null,21.465699999999998,21.465699999999998]
[{"$nulls":5},"Custo Horário da Mão de Obra =>",null,null,null,21.465699999999998]
[{"$nulls":5},"Adc.M.O. - Ferramentas (0,0%) =>",null,null,null,0]
[{"$nulls":5},"Custo Horário de Execução =>",null,null,null,1300.2028]
[{"$nulls":5},"Fator de Influencia da Chuva - FIC =>",null,null,null,1.43E-2]
[{"$nulls":5},"Custo do FIC =>",null,null,null,8.0500000000000002E-2]
[{"$nulls":5},"Produção de Equipe =>",null,null,null,230.19]
[{"$nulls":5},"Custo Unitário de Execução =>",null,null,null,5.6483999999999996]
[{"$nulls":4},"MO sem LS =>",9.3252096094530598E-2,"LS =>",0,"MO com LS =>",9.3252096094530598E-2]
[{"$nulls":4},"Valor do BDI =>",1.29,null,"Valor com BDI =>",null,7.02]
[{"$nulls":6},"Quant. =>",19544,"Preço Total =>",137198.88]
[]
[" 6.2.1.5 ","Código","Banco","Descrição","Tipo",null,"Und","Quant.","Porcent.","Valor Unit","Total"]
["Composição"," 100983 ","SINAPI","CARGA, MANOBRA E DESCARGA DE ENTULHO EM CAMINHÃO BASCULANTE 14 M³ - CARGA COM ESCAVADEIRA HIDRÁULICA  (CAÇAMBA DE 0,80 M³ / 111 HP) E DESCARGA LIVRE (UNIDADE: M3). AF_07/2020.","TRAN - TRANSPORTES, CARGAS E DESCARGAS",null,"m³",1,null,9.1199999999999992,9.1199999999999992]
["Composição Auxiliar"," 5631 ","SINAPI","ESCAVADEIRA HIDRÁULICA SOBRE ESTEIRAS, CAÇAMBA 0,80 M3, PESO OPERACIONAL 17 T, POTENCIA BRUTA 111 HP - CHP DIURNO. AF_06/2014","CHOR - CUSTOS HORÁRIOS DE MÁQUINAS E EQUIPAMENTOS",null,"CHP",8.3000000000000001E-3,null,224.35,1.86]
["Composição Auxiliar"," 5632 ","SINAPI","ESCAVADEIRA HIDRÁULICA SOBRE ESTEIRAS, CAÇAMBA 0,80 M3, PESO OPERACIONAL 17 T, POTENCIA BRUTA 111 HP - CHI DIURNO. AF_06/2014","CHOR - CUSTOS HORÁRIOS DE MÁQUINAS E EQUIPAMENTOS",null,"CHI",8.5000000000000006E-3,null,101.91,0.86]
["Composição Auxiliar"," 89876 ","SINAPI","CAMINHÃO BASCULANTE 14 M3, COM CAVALO MECÂNICO DE CAPACIDADE MÁXIMA DE TRAÇÃO COMBINADO DE 36000 KG, POTÊNCIA 286 CV, INCLUSIVE SEMIREBOQUE COM CAÇAMBA METÁLICA - CHP DIURNO. AF_12/2014","CHOR - CUSTOS HORÁRIOS DE MÁQUINAS E EQUIPAMENTOS",null,"CHP",1.6899999999999998E-2,null,323.52,5.46]
["Composição Auxiliar"," 89877 ","SINAPI","CAMINHÃO BASCULANTE 14 M3, COM CAVALO MECÂNICO DE CAPACIDADE MÁXIMA DE TRAÇÃO COMBINADO DE 36000 KG, POTÊNCIA 286 CV, INCLUSIVE SEMIREBOQUE COM CAÇAMBA METÁLICA - CHI DIURNO. AF_12/2014","CHOR - CUSTOS HORÁRIOS DE MÁQUINAS E EQUIPAMENTOS",null,"CHI",1.0999999999999999E-2,null,86.24,0.94]
[{"$nulls":4},"MO sem LS =>",1.31,"LS =>",0,"MO com LS =>",1.31]
[{"$nulls":4},"Valor do BDI =>",2.0499999999999998,null,"Valor com BDI =>",null,11.17]
[{"$nulls":6},"Quant. =>",128009.43240000001,"Preço Total =>",1429865.35]
[]
[" 6.2.1.6 ","Código","Banco","Descrição","Tipo",null,"Und","Quant.","Porcent.","Valor Unit","Total"]
["Composição"," 5901639 ","SICRO3","TRANSPORTE COM CAMINHÃO BASCULANTE COM CAÇAMBA ESTANQUE COM CAPACIDADE DE 14 M³ - RODOVIA EM LEITO NATURAL.","",null,"tkm",1,null,0.87,0.87]
["A","Código","Banco","Equipamentos","Quantidade","Utilização",null,"Custo Operacional",null,"Custo Horário"]
[{"$nulls":5},"Operativa","Improdutiva","Operativa","Improdutiva"]
["Insumo","E9575","SICRO3","Caminhão basculante com caçamba estanque com capacidade de 14 m³ - 188 kW",1,1,0,297.71420000000001,90.774600000000007,297.71420000000001]
[{"$nulls":5},"Custo Horário de Equipamentos =>",null,null,null,297.71420000000001]
[{"$nulls":5},"Custo Horário de Execução =>",null,null,null,297.71420000000001]
[{"$nulls":5},"Fator de Influencia da Chuva - FIC =>",null,null,null,1.43E-2]
[{"$nulls":5},"Custo do FIC =>",null,null,null,1.2200000000000001E-2]
[{"$nulls":5},"Produção de Equipe =>",null,null,null,348.6]
[{"$nulls":5},"Custo Unitário de Execução =>",null,null,null,0.85399999999999998]
[{"$nulls":4},"MO sem LS =>",0,"LS =>",0,"MO com LS =>",0]
[{"$nulls":4},"Valor do BDI =>",0.19,null,"Valor com BDI =>",null,1.06]
[{"$nulls":6},"Quant. =>",40963.018367999997,"Preço Total =>",43420.79]
[]
[" 6.2.1.7 ","Código","Banco","Descrição","Tipo",null,"Und","Quant.","Porcent.","Valor Unit","Total"]
["Composição"," 4413942 ","SICRO3","ESPALHAMENTO DE MATERIAL EM BOTA-FORA","",null,"m³",1,null,1.97,1.97]
["A","Código","Banco","Equipamentos","Quantidade","Utilização",null,"Custo Operacional",null,"Custo Horário"]
[{"$nulls":5},"Operativa","Improdutiva","Operativa","Improdutiva"]
["Insumo","E9540","SICRO3","Trator sobre esteiras com lâmina - 127 kW",1,1,0,322.01350000000002,134.76900000000001,322.01350000000002]
[{"$nulls":5},"Custo Horário de Equipamentos =>",null,null,null,322.01350000000002]
["B","Código","Banco","Mão de Obra","Quantidade","Salário Hora",null,null,null,"Custo Horário"]
["Insumo","P9824","SICRO3","Servente",1,null,null,null,21.465699999999998,21.465699999999998]
[{"$nulls":5},"Custo Horário da Mão de Obra =>",null,null,null,21.465699999999998]
[{"$nulls":5},"Adc.M.O. - Ferramentas (0,0%) =>",null,null,null,0]
[{"$nulls":5},"Custo Horário de Execução =>",null,null,null,343.47919999999999]
[{"$nulls":5},"Fator de Influencia da Chuva - FIC =>",null,null,null,1.43E-2]
[{"$nulls":5},"Custo do FIC =>",null,null,null,2.7699999999999999E-2]
[{"$nulls":5},"Produção de Equipe =>",null,null,null,176.81]
[{"$nulls":5},"Custo Unitário de Execução =>",null,null,null,1.9426000000000001]
[{"$nulls":4},"MO sem LS =>",0.12140546349188394,"LS =>",0,"MO com LS =>",0.12140546349188394]
[{"$nulls":4},"Valor do BDI =>",0.44,null,"Valor com BDI =>",null,2.41]
[{"$nulls":6},"Quant. =>",147553.43239999999,"Preço Total =>",355603.77]
[]
[" 6.2.2 ",null,null,"MOVIMENTO DE TERRA",{"$nulls":6},6891578.6500000004]
[" 6.2.2.1 ",null,null,"CORTE",{"$nulls":6},5622862.6500000004]
[" 6.2.2.1.1 ","Código","Banco","Descrição","Tipo",null,"Und","Quant.","Porcent.","Valor Unit","Total"]
["Composição"," 5502109 ","SICRO3","ESCAVAÇÃO, CARGA E TRANSPORTE DE MATERIAL DE 1ª CATEGORIA - DMT DE 50 A 200 M - CAMINHO DE SERVIÇO EM LEITO NATURAL - COMESCAVADEIRA E CAMINHÃO BASCULANTE DE 14 M³","",null,"m³",1,null,5.73,5.73]
["A","Código","Banco","Equipamentos","Quantidade","Utilização",null,"Custo Operacional",null,"Custo Horário"]
[{"$nulls":5},"Operativa","Improdutiva","Operativa","Improdutiva"]
["Insumo","E9667","SICRO3","Caminhão basculante com capacidade de 14 m³ - 188 kW",4,0.76,0.24,297.32,90.567700000000002,990.79780000000005]
["Insumo","E9515","SICRO3","Escavadeira hidráulica sobre esteiras com caçamba com capacidade de 1,56 m³ - 118 kW",1,1,0,287.9393,133.5633,287.9393]
[{"$nulls":5},"Custo Horário de Equipamentos =>",null,null,null,1278.7371000000001]
["B","Código","Banco","Mão de Obra","Quantidade","Salário Hora",null,null,null,"Custo Horário"]
["Insumo","P9824","SICRO3","Servente",1,null,null,null,21.465699999999998,21.465699999999998]
[{"$nulls":5},"Custo Horário da Mão de Obra =>",null,null,null,21.465699999999998]
[{"$nulls":5},"Adc.M.O. - Ferramentas (0,0%) =>",null,null,null,0]
[{"$nulls":5},"Custo Horário de Execução =>",null,null,null,1300.2028]
[{"$nulls":5},"Fator de Influencia da Chuva - FIC =>",null,null,null,1.43E-2]
[{"$nulls":5},"Custo do FIC =>",null,null,null,8.0500000000000002E-2]
[{"$nulls":5},"Produção de Equipe =>",null,null,null,230.19]
[{"$nulls":5},"Custo Unitário de Execução =>",null,null,null,5.6483999999999996]
[{"$nulls":4},"MO sem LS =>",9.3252096094530598E-2,"LS =>",0,"MO com LS =>",9.3252096094530598E-2]
[{"$nulls":4},"Valor do BDI =>",1.29,null,"Valor com BDI =>",null,7.02]
[{"$nulls":6},"Quant. =>",79889.288,"Preço Total =>",560822.80000000005]
[]
[" 6.2.2.1.2 ","Código","Banco","Descrição","Tipo",null,"Und","Quant.","Porcent.","Valor Unit","Total"]
["Composição"," 5502120 ","SICRO3","Escavação, carga e transporte de material de 1ª categoria - DMT de 2.500 a 3.000 m - caminho de serviço em leito natural - com escavadeira e caminhão basculante de 14 m³","",null,"m³",1,null,11.11,11.11]
["A","Código","Banco","Equipamentos","Quantidade","Utilização",null,"Custo Operacional",null,"Custo Horário"]
[{"$nulls":5},"Operativa","Improdutiva","Operativa","Improdutiva"]
["Insumo","E9667","SICRO3","Caminhão basculante com capacidade de 14 m³ - 188 kW",8,0.9,0.1,297.32,90.567700000000002,2213.1581999999999]
["Insumo","E9515","SICRO3","Escavadeira hidráulica sobre esteiras com caçamba com capacidade de 1,56 m³ - 118 kW",1,1,0,287.9393,133.5633,287.9393]
[{"$nulls":5},"Custo Horário de Equipamentos =>",null,null,null,2501.0974999999999]
["B","Código","Banco","Mão de Obra","Quantidade","Salário Hora",null,null,null,"Custo Horário"]
["Insumo","P9824","SICRO3","Servente",1,null,null,null,21.465699999999998,21.465699999999998]
[{"$nulls":5},"Custo Horário da Mão de Obra =>",null,null,null,21.465699999999998]
[{"$nulls":5},"Adc.M.O. - Ferramentas (0,0%) =>",null,null,null,0]
[{"$nulls":5},"Custo Horário de Execução =>",null,null,null,2522.5632000000001]
[{"$nulls":5},"Fator de Influencia da Chuva - FIC =>",null,null,null,1.43E-2]
[{"$nulls":5},"Custo do FIC =>",null,null,null,0.15620000000000001]
[{"$nulls":5},"Produção de Equipe =>",null,null,null,230.19]
[{"$nulls":5},"Custo Unitário de Execução =>",null,null,null,10.958600000000001]
[{"$nulls":4},"MO sem LS =>",9.3252096094530598E-2,"LS =>",0,"MO com LS =>",9.3252096094530598E-2]
[{"$nulls":4},"Valor do BDI =>",2.5,null,"Valor com BDI =>",null,13.61]
[{"$nulls":6},"Quant. =>",4657.92,"Preço Total =>",63394.29]
[]
[" 6.2.2.1.3 ","Código","Banco","Descrição","Tipo",null,"Und","Quant.","Porcent.","Valor Unit","Total"]
["Composição"," 5502585 ","SICRO3","ESCAVAÇÃO, CARGA E TRANSPORTE DE MATERIAL DE 2ª CATEGORIA - DMT DE 50 A 200 M - CAMINHO DE SERVIÇO EM LEITO NATURAL - COMESCAVADEIRA E CAMINHÃO BASCULANTE DE 14 M³","",null,"m³",1,null,8.0399999999999991,8.0399999999999991]
["A","Código","Banco","Equipamentos","Quantidade","Utilização",null,"Custo Operacional",null,"Custo Horário"]
[{"$nulls":5},"Operativa","Improdutiva","Operativa","Improdutiva"]
["Insumo","E9667","SICRO3","Caminhão basculante com capacidade de 14 m³ - 188 kW",3,0.76,0.24,297.32,90.567700000000002,743.09829999999999]
["Insumo","E9515","SICRO3","Escavadeira hidráulica sobre esteiras com caçamba com capacidade de 1,56 m³ - 118 kW",1,1,0,287.9393,133.5633,287.9393]
[{"$nulls":5},"Custo Horário de Equipamentos =>",null,null,null,1031.0376000000001]
["B","Código","Banco","Mão de Obra","Quantidade","Salário Hora",null,null,null,"Custo Horário"]
["Insumo","P9824","SICRO3","Servente",1,null,null,null,21.465699999999998,21.465699999999998]
[{"$nulls":5},"Custo Horário da Mão de Obra =>",null,null,null,21.465699999999998]
[{"$nulls":5},"Adc.M.O. - Ferramentas (0,0%) =>",null,null,null,0]
[{"$nulls":5},"Custo Horário de Execução =>",null,null,null,1052.5033000000001]
[{"$nulls":5},"Fator de Influencia da Chuva - FIC =>",null,null,null,4.7999999999999996E-3]
[{"$nulls":5},"Custo do FIC =>",null,null,null,3.7999999999999999E-2]
[{"$nulls":5},"Produção de Equipe =>",null,null,null,131.61000000000001]
[{"$nulls":5},"Custo Unitário de Execução =>",null,null,null,7.9970999999999997]
[{"$nulls":4},"MO sem LS =>",0.16310082820454372,"LS =>",0,"MO com LS =>",0.16310082820454372]
[{"$nulls":4},"Valor do BDI =>",1.81,null,"Valor com BDI =>",null,9.85]
[{"$nulls":6},"Quant. =>",21136.802,"Preço Total =>",208197.49]
[]
[" 6.2.2.1.4 ","Código","Banco","Descrição","Tipo",null,"Und","Quant.","Porcent.","Valor Unit","Total"]
["Composição"," 5502742 ","SICRO3","ESCAVAÇÃO, CARGA E TRANSPORTE DE MATERIAL DE 3ª CATEGORIA - DMT DE 50 A 200 M - CAMINHO DE SERVIÇO EM LEITO NATURAL COMCAMINHÃO BASCULANTE DE 12 M³","",null,"m³",1,null,40.99,40.99]
["A","Código","Banco","Equipamentos","Quantidade","Utilização",null,"Custo Operacional",null,"Custo Horário"]
[{"$nulls":5},"Operativa","Improdutiva","Operativa","Improdutiva"]
["Insumo","E9672","SICRO3","Caminhão basculante para rocha com capacidade de 12 m³ - 188 kW",2,0.89,0.11,309.83929999999998,108.2497,575.32889999999998]
["Insumo","E9117","SICRO3","Carregadeira de pneus para rocha com capacidade de 2,50 m³ - 105 kW",1,0.78,0.22,359.73469999999998,157.4614,315.2346]
["Insumo","E9646","SICRO3","Compressor de ar portátil de 58,52 l/s (124 PCM) - 27 kW",1,1,0,43.116199999999999,10.8597,43.116199999999999]
["Insumo","E9527","SICRO3","Martelete perfurador/rompedor a ar comprimido de 25 kg para rocha com capacidade de",1,1,0,35.0152,32.827100000000002,35.0152]
["Insumo","E9574","SICRO3","Perfuratriz sobre esteiras - 145 kW",1,1,0,406.70780000000002,181.6712,406.70780000000002]
["Insumo","E9540","SICRO3","Trator sobre esteiras com lâmina - 127 kW",1,0.38,0.62,322.01350000000002,134.76900000000001,205.92189999999999]
[{"$nulls":5},"Custo Horário de Equipamentos =>",null,null,null,1581.3245999999999]
["B","Código","Banco","Mão de Obra","Quantidade","Salário Hora",null,null,null,"Custo Horário"]
["Insumo","P9892","SICRO3","Auxiliar de blaster",2,null,null,null,34.436,68.872]
["Insumo","P9852","SICRO3","Blaster",1,null,null,null,38.045200000000001,38.045200000000001]
[{"$nulls":5},"Custo Horário da Mão de Obra =>",null,null,null,106.91719999999999]
[{"$nulls":5},"Adc.M.O. - Ferramentas (0,0%) =>",null,null,null,0]
[{"$nulls":5},"Custo Horário de Execução =>",null,null,null,1688.2418]
[{"$nulls":5},"Fator de Influencia da Chuva - FIC =>",null,null,null,2.3999999999999998E-3]
[{"$nulls":5},"Custo do FIC =>",null,null,null,6.1699999999999998E-2]
[{"$nulls":5},"Produção de Equipe =>",null,null,null,64.84]
[{"$nulls":5},"Custo Unitário de Execução =>",null,null,null,26.036999999999999]
["C","Banco","Código","Material","Quantidade","Unidade","Preço Unitário",null,null,"Custo Horário"]
["Insumo","SICRO3","M2062","Coroa de botões esféricos linha T38 - D = 64 mm (2 1/2”)",3.4000000000000002E-4,"un",721.71960000000001,null,null,0.24540000000000001]
["Insumo","SICRO3","M2042","Emulsão explosiva encartuchada",0.56232000000000004,"kg",13.049300000000001,null,null,7.3379000000000003]
["Insumo","SICRO3","M2065","Haste linha T38 para perfuratriz sobre esteiras - D = 38,0 mm (1 1/2”) e C = 3,05 m",1.6000000000000001E-4,"un",2083.3042,null,null,0.33329999999999999]
["Insumo","SICRO3","M2066","Luva em aço linha T38 para perfuratriz sobre esteiras - D = 38,0 mm (1 1/2”)",2.5000000000000001E-4,"un",354.3057,null,null,8.8599999999999998E-2]
["Insumo","SICRO3","M2144","Nonel de coluna - C = 6,0 m",0.04,"un",14.9855,null,null,0.59940000000000004]
["Insumo","SICRO3","M2141","Nonel de iniciação para fogacho - C = 6,0 m",0.15714,"un",14.9138,null,null,2.3435999999999999]
["Insumo","SICRO3","M2143","Nonel de ligação - C = 6,0 m",1.5709999999999998E-2,"un",17.517800000000001,null,null,0.2752]
["Insumo","SICRO3","M2146","Nonel iniciador - C = 150,0 m",1.4300000000000001E-3,"un",207.2826,null,null,0.2964]
["Insumo","SICRO3","M2067","Punho linha T38 para perfuratriz sobre esteiras - D = 38 mm (1 1/2”)",1.2999999999999999E-4,"un",1000.3667,null,null,0.13]
["Insumo","SICRO3","M2145","Série de brocas integrais S12",3.3300000000000001E-3,"un",973.28599999999994,null,null,3.2410000000000001]
[{"$nulls":5},"Custo Total do Material =>",null,null,null,14.8908]
[{"$nulls":4},"MO sem LS =>",1.6489389265885257,"LS =>",0,"MO com LS =>",1.6489389265885257]
[{"$nulls":4},"Valor do BDI =>",9.24,null,"Valor com BDI =>",null,50.23]
[{"$nulls":6},"Quant. =>",31603.67,"Preço Total =>",1587452.34]
[]
[" 6.2.2.1.5 ","Código","Banco","Descrição","Tipo",null,"Und","Quant.","Porcent.","Valor Unit","Total"]
["Composição"," 5502752 ","SICRO3","Escavação, carga e transporte de material de 3ª categoria - DMT de 2.000 a 2.500 m - caminho de serviço em leito natural com caminhão basculante de 12 m³","",null,"m³",1,null,49.76,49.76]
["A","Código","Banco","Equipamentos","Quantidade","Utilização",null,"Custo Operacional",null,"Custo Horário"]
[{"$nulls":5},"Operativa","Improdutiva","Operativa","Improdutiva"]
["Insumo","E9672","SICRO3","Caminhão basculante para rocha com capacidade de 12 m³ - 188 kW",4,0.88,0.12,309.83929999999998,108.2497,1142.5942]
["Insumo","E9117","SICRO3","Carregadeira de pneus para rocha com capacidade de 2,50 m³ - 105 kW",1,0.78,0.22,359.73469999999998,157.4614,315.2346]
["Insumo","E9646","SICRO3","Compressor de ar portátil de 58,52 l/s (124 PCM) - 27 kW",1,1,0,43.116199999999999,10.8597,43.116199999999999]
["Insumo","E9527","SICRO3","Martelete perfurador/rompedor a ar comprimido de 25 kg para rocha com capacidade de",1,1,0,35.0152,32.827100000000002,35.0152]
["Insumo","E9574","SICRO3","Perfuratriz sobre esteiras - 145 kW",1,1,0,406.70780000000002,181.6712,406.70780000000002]
["Insumo","E9540","SICRO3","Trator sobre esteiras com lâmina - 127 kW",1,0.38,0.62,322.01350000000002,134.76900000000001,205.92189999999999]
[{"$nulls":5},"Custo Horário de Equipamentos =>",null,null,null,2148.5898999999999]
["B","Código","Banco","Mão de Obra","Quantidade","Salário Hora",null,null,null,"Custo Horário"]
["Insumo","P9892","SICRO3","Auxiliar de blaster",2,null,null,null,34.436,68.872]
["Insumo","P9852","SICRO3","Blaster",1,null,null,null,38.045200000000001,38.045200000000001]
[{"$nulls":5},"Custo Horário da Mão de Obra =>",null,null,null,106.91719999999999]
[{"$nulls":5},"Adc.M.O. - Ferramentas (0,0%) =>",null,null,null,0]
[{"$nulls":5},"Custo Horário de Execução =>",null,null,null,2255.5070999999998]
[{"$nulls":5},"Fator de Influencia da Chuva - FIC =>",null,null,null,2.3999999999999998E-3]
[{"$nulls":5},"Custo do FIC =>",null,null,null,8.2400000000000001E-2]
[{"$nulls":5},"Produção de Equipe =>",null,null,null,64.84]
[{"$nulls":5},"Custo Unitário de Execução =>",null,null,null,34.785699999999999]
["C","Banco","Código","Material","Quantidade","Unidade","Preço Unitário",null,null,"Custo Horário"]
["Insumo","SICRO3","M2062","Coroa de botões esféricos linha T38 - D = 64 mm (2 1/2”)",3.4000000000000002E-4,"un",721.71960000000001,null,null,0.24540000000000001]
["Insumo","SICRO3","M2042","Emulsão explosiva encartuchada",0.56232000000000004,"kg",13.049300000000001,null,null,7.3379000000000003]
["Insumo","SICRO3","M2065","Haste linha T38 para perfuratriz sobre esteiras - D = 38,0 mm (1 1/2”) e C = 3,05 m",1.6000000000000001E-4,"un",2083.3042,null,null,0.33329999999999999]
["Insumo","SICRO3","M2066","Luva em aço linha T38 para perfuratriz sobre esteiras - D = 38,0 mm (1 1/2”)",2.5000000000000001E-4,"un",354.3057,null,null,8.8599999999999998E-2]
["Insumo","SICRO3","M2144","Nonel de coluna - C = 6,0 m",0.04,"un",14.9855,null,null,0.59940000000000004]
["Insumo","SICRO3","M2141","Nonel de iniciação para fogacho - C = 6,0 m",0.15714,"un",14.9138,null,null,2.3435999999999999]
["Insumo","SICRO3","M2143","Nonel de ligação - C = 6,0 m",1.5709999999999998E-2,"un",17.517800000000001,null,null,0.2752]
["Insumo","SICRO3","M2146","Nonel iniciador - C = 150,0 m",1.4300000000000001E-3,"un",207.2826,null,null,0.2964]
["Insumo","SICRO3","M2067","Punho linha T38 para perfuratriz sobre esteiras - D = 38 mm (1 1/2”)",1.2999999999999999E-4,"un",1000.3667,null,null,0.13]
["Insumo","SICRO3","M2145","Série de brocas integrais S12",3.3300000000000001E-3,"un",973.28599999999994,null,null,3.2410000000000001]
[{"$nulls":5},"Custo Total do Material =>",null,null,null,14.8908]
[{"$nulls":4},"MO sem LS =>",1.6489389265885257,"LS =>",0,"MO com LS =>",1.6489389265885257]
[{"$nulls":4},"Valor do BDI =>",11.22,null,"Valor com BDI =>",null,60.98]
[{"$nulls":6},"Quant. =>",2323.2600000000002,"Preço Total =>",141672.39000000001]
[]
[" 6.2.2.1.6 ","Código","Banco","Descrição","Tipo",null,"Und","Quant.","Porcent.","Valor Unit","Total"]
["Composição"," 5502753 ","SICRO3","Escavação, carga e transporte de material de 3ª categoria - DMT de 2.500 a 3.000 m - caminho de serviço em leito natural com caminhão basculante de 12 m³","",null,"m³",1,null,51.01,51.01]
["A","Código","Banco","Equipamentos","Quantidade","Utilização",null,"Custo Operacional",null,"Custo Horário"]
[{"$nulls":5},"Operativa","Improdutiva","Operativa","Improdutiva"]
["Insumo","E9672","SICRO3","Caminhão basculante para rocha com capacidade de 12 m³ - 188 kW",4,0.98,0.02,309.83929999999998,108.2497,1223.23]
["Insumo","E9117","SICRO3","Carregadeira de pneus para rocha com capacidade de 2,50 m³ - 105 kW",1,0.78,0.22,359.73469999999998,157.4614,315.2346]
["Insumo","E9646","SICRO3","Compressor de ar portátil de 58,52 l/s (124 PCM) - 27 kW",1,1,0,43.116199999999999,10.8597,43.116199999999999]
["Insumo","E9527","SICRO3","Martelete perfurador/rompedor a ar comprimido de 25 kg para rocha com capacidade de",1,1,0,35.0152,32.827100000000002,35.0152]
["Insumo","E9574","SICRO3","Perfuratriz sobre esteiras - 145 kW",1,1,0,406.70780000000002,181.6712,406.70780000000002]
["Insumo","E9540","SICRO3","Trator sobre esteiras com lâmina - 127 kW",1,0.38,0.62,322.01350000000002,134.76900000000001,205.92189999999999]
[{"$nulls":5},"Custo Horário de Equipamentos =>",null,null,null,2229.2257]
["B","Código","Banco","Mão de Obra","Quantidade","Salário Hora",null,null,null,"Custo Horário"]
["Insumo","P9892","SICRO3","Auxiliar de blaster",2,null,null,null,34.436,68.872]
["Insumo","P9852","SICRO3","Blaster",1,null,null,null,38.045200000000001,38.045200000000001]
[{"$nulls":5},"Custo Horário da Mão de Obra =>",null,null,null,106.91719999999999]
[{"$nulls":5},"Adc.M.O. - Ferramentas (0,0%) =>",null,null,null,0]
[{"$nulls":5},"Custo Horário de Execução =>",null,null,null,2336.1428999999998]
[{"$nulls":5},"Fator de Influencia da Chuva - FIC =>",null,null,null,2.3999999999999998E-3]
[{"$nulls":5},"Custo do FIC =>",null,null,null,8.5400000000000004E-2]
[{"$nulls":5},"Produção de Equipe =>",null,null,null,64.84]
[{"$nulls":5},"Custo Unitário de Execução =>",null,null,null,36.029299999999999]
["C","Banco","Código","Material","Quantidade","Unidade","Preço Unitário",null,null,"Custo Horário"]
["Insumo","SICRO3","M2062","Coroa de botões esféricos linha T38 - D = 64 mm (2 1/2”)",3.4000000000000002E-4,"un",721.71960000000001,null,null,0.24540000000000001]
["Insumo","SICRO3","M2042","Emulsão explosiva encartuchada",0.56232000000000004,"kg",13.049300000000001,null,null,7.3379000000000003]
["Insumo","SICRO3","M2065","Haste linha T38 para perfuratriz sobre esteiras - D = 38,0 mm (1 1/2”) e C = 3,05 m",1.6000000000000001E-4,"un",2083.3042,null,null,0.33329999999999999]
["Insumo","SICRO3","M2066","Luva em aço linha T38 para perfuratriz sobre esteiras - D = 38,0 mm (1 1/2”)",2.5000000000000001E-4,"un",354.3057,null,null,8.8599999999999998E-2]
["Insumo","SICRO3","M2144","Nonel de coluna - C = 6,0 m",0.04,"un",14.9855,null,null,0.59940000000000004]
["Insumo","SICRO3","M2141","Nonel de iniciação para fogacho - C = 6,0 m",0.15714,"un",14.9138,null,null,2.3435999999999999]
["Insumo","SICRO3","M2143","Nonel de ligação - C = 6,0 m",1.5709999999999998E-2,"un",17.517800000000001,null,null,0.2752]
["Insumo","SICRO3","M2146","Nonel iniciador - C = 150,0 m",1.4300000000000001E-3,"un",207.2826,null,null,0.2964]
["Insumo","SICRO3","M2067","Punho linha T38 para perfuratriz sobre esteiras - D = 38 mm (1 1/2”)",1.2999999999999999E-4,"un",1000.3667,null,null,0.13]
["Insumo","SICRO3","M2145","Série de brocas integrais S12",3.3300000000000001E-3,"un",973.28599999999994,null,null,3.2410000000000001]
[{"$nulls":5},"Custo Total do Material =>",null,null,null,14.8908]
[{"$nulls":4},"MO sem LS =>",1.6489389265885257,"LS =>",0,"MO com LS =>",1.6489389265885257]
[{"$nulls":4},"Valor do BDI =>",11.5,null,"Valor com BDI =>",null,62.51]
[{"$nulls":6},"Quant. =>",13014.22,"Preço Total =>",813518.89]
[]
[" 6.2.2.1.7 ","Código","Banco","Descrição","Tipo",null,"Und","Quant.","Porcent.","Valor Unit","Total"]
["Composição"," 5505768 ","SICRO3","Pré-fissuramento de material de 3ª categoria","",null,"m²",1,null,80.91,80.91]
["A","Código","Banco","Equipamentos","Quantidade","Utilização",null,"Custo Operacional",null,"Custo Horário"]
[{"$nulls":5},"Operativa","Improdutiva","Operativa","Improdutiva"]
["Insumo","E9574","SICRO3","Perfuratriz sobre esteiras - 145 kW",1,1,0,406.70780000000002,181.6712,406.70780000000002]
[{"$nulls":5},"Custo Horário de Equipamentos =>",null,null,null,406.70780000000002]
["B","Código","Banco","Mão de Obra","Quantidade","Salário Hora",null,null,null,"Custo Horário"]
["Insumo","P9892","SICRO3","Auxiliar de blaster",2,null,null,null,34.436,68.872]
["Insumo","P9852","SICRO3","Blaster",1,null,null,null,38.045200000000001,38.045200000000001]
[{"$nulls":5},"Custo Horário da Mão de Obra =>",null,null,null,106.91719999999999]
[{"$nulls":5},"Adc.M.O. - Ferramentas (0,0%) =>",null,null,null,0]
[{"$nulls":5},"Custo Horário de Execução =>",null,null,null,513.625]
[{"$nulls":5},"Fator de Influencia da Chuva - FIC =>",null,null,null,2.3999999999999998E-3]
[{"$nulls":5},"Custo do FIC =>",null,null,null,0.1467]
[{"$nulls":5},"Produção de Equipe =>",null,null,null,8.3000000000000007]
[{"$nulls":5},"Custo Unitário de Execução =>",null,null,null,61.8825]
["C","Banco","Código","Material","Quantidade","Unidade","Preço Unitário",null,null,"Custo Horário"]
["Insumo","SICRO3","M2062","Coroa de botões esféricos linha T38 - D = 64 mm (2 1/2”)",2.5600000000000002E-3,"un",721.71960000000001,null,null,1.8475999999999999]
["Insumo","SICRO3","M2042","Emulsão explosiva encartuchada",0.3,"kg",13.049300000000001,null,null,3.9148000000000001]
["Insumo","SICRO3","M2065","Haste linha T38 para perfuratriz sobre esteiras - D = 38,0 mm (1 1/2”) e C = 3,05 m",1.1900000000000001E-3,"un",2083.3042,null,null,2.4790999999999999]
["Insumo","SICRO3","M2066","Luva em aço linha T38 para perfuratriz sobre esteiras - D = 38,0 mm (1 1/2”)",1.8500000000000001E-3,"un",354.3057,null,null,0.65549999999999997]
["Insumo","SICRO3","M2144","Nonel de coluna - C = 6,0 m",0.33333000000000002,"un",14.9855,null,null,4.9950999999999999]
["Insumo","SICRO3","M2143","Nonel de ligação - C = 6,0 m",3.3329999999999999E-2,"un",17.517800000000001,null,null,0.58389999999999997]
["Insumo","SICRO3","M2146","Nonel iniciador - C = 150,0 m",1.6670000000000001E-2,"un",207.2826,null,null,3.4554]
["Insumo","SICRO3","M2067","Punho linha T38 para perfuratriz sobre esteiras - D = 38 mm (1 1/2”)",9.5E-4,"un",1000.3667,null,null,0.95030000000000003]
[{"$nulls":5},"Custo Total do Material =>",null,null,null,18.881699999999999]
[{"$nulls":4},"MO sem LS =>",12.881590361445783,"LS =>",0,"MO com LS =>",12.881590361445783]
[{"$nulls":4},"Valor do BDI =>",18.25,null,"Valor com BDI =>",null,99.16]
[{"$nulls":6},"Quant. =>",19598,"Preço Total =>",1943337.68]
[]
[" 6.2.2.1.8 ","Código","Banco","Descrição","Tipo",null,"Und","Quant.","Porcent.","Valor Unit","Total"]
["Composição"," 4413942 ","SICRO3","ESPALHAMENTO DE MATERIAL EM BOTA-FORA","",null,"m³",1,null,1.97,1.97]
["A","Código","Banco","Equipamentos","Quantidade","Utilização",null,"Custo Operacional",null,"Custo Horário"]
[{"$nulls":5},"Operativa","Improdutiva","Operativa","Improdutiva"]
["Insumo","E9540","SICRO3","Trator sobre esteiras com lâmina - 127 kW",1,1,0,322.01350000000002,134.76900000000001,322.01350000000002]
[{"$nulls":5},"Custo Horário de Equipamentos =>",null,null,null,322.01350000000002]
["B","Código","Banco","Mão de Obra","Quantidade","Salário Hora",null,null,null,"Custo Horário"]
["Insumo","P9824","SICRO3","Servente",1,null,null,null,21.465699999999998,21.465699999999998]
[{"$nulls":5},"Custo Horário da Mão de Obra =>",null,null,null,21.465699999999998]
[{"$nulls":5},"Adc.M.O. - Ferramentas (0,0%) =>",null,null,null,0]
[{"$nulls":5},"Custo Horário de Execução =>",null,null,null,343.47919999999999]
[{"$nulls":5},"Fator de Influencia da Chuva - FIC =>",null,null,null,1.43E-2]
[{"$nulls":5},"Custo do FIC =>",null,null,null,2.7699999999999999E-2]
[{"$nulls":5},"Produção de Equipe =>",null,null,null,176.81]
[{"$nulls":5},"Custo Unitário de Execução =>",null,null,null,1.9426000000000001]
[{"$nulls":4},"MO sem LS =>",0.12140546349188394,"LS =>",0,"MO com LS =>",0.12140546349188394]
[{"$nulls":4},"Valor do BDI =>",0.44,null,"Valor com BDI =>",null,2.41]
[{"$nulls":6},"Quant. =>",126334.76,"Preço Total =>",304466.77]
[]
[" 6.2.2.2 ",null,null,"EXPLORAÇÃO DE JAZIDAS",{"$nulls":6},695077.49]
[" 6.2.2.2.1 ","Código","Banco","Descrição","Tipo",null,"Und","Quant.","Porcent.","Valor Unit","Total"]
["Composição"," 4016096 ","SICRO3","ESCAVAÇÃO E CARGA DE MATERIAL DE JAZIDA COM ESCAVADEIRA HIDRÁULICA DE 1,56 M³","",null,"m³",1,null,1.36,1.36]
["A","Código","Banco","Equipamentos","Quantidade","Utilização",null,"Custo Operacional",null,"Custo Horário"]
[{"$nulls":5},"Operativa","Improdutiva","Operativa","Improdutiva"]
["Insumo","E9515","SICRO3","Escavadeira hidráulica sobre esteiras com caçamba com capacidade de 1,56 m³ - 118 kW",1,1,0,287.9393,133.5633,287.9393]
[{"$nulls":5},"Custo Horário de Equipamentos =>",null,null,null,287.9393]
["B","Código","Banco","Mão de Obra","Quantidade","Salário Hora",null,null,null,"Custo Horário"]
["Insumo","P9824","SICRO3","Servente",1,null,null,null,21.465699999999998,21.465699999999998]
[{"$nulls":5},"Custo Horário da Mão de Obra =>",null,null,null,21.465699999999998]
[{"$nulls":5},"Adc.M.O. - Ferramentas (0,0%) =>",null,null,null,0]
[{"$nulls":5},"Custo Horário de Execução =>",null,null,null,309.40499999999997]
[{"$nulls":5},"Fator de Influencia da Chuva - FIC =>",null,null,null,1.43E-2]
[{"$nulls":5},"Custo do FIC =>",null,null,null,1.9199999999999998E-2]
[{"$nulls":5},"Produção de Equipe =>",null,null,null,230.19]
[{"$nulls":5},"Custo Unitário de Execução =>",null,null,null,1.3441000000000001]
[{"$nulls":4},"MO sem LS =>",9.3252096094530598E-2,"LS =>",0,"MO com LS =>",9.3252096094530598E-2]
[{"$nulls":4},"Valor do BDI =>",0.3,null,"Valor com BDI =>",null,1.66]
[{"$nulls":6},"Quant. =>",94039.1,"Preço Total =>",156104.9]
[]
[" 6.2.2.2.2 ","Código","Banco","Descrição","Tipo",null,"Und","Quant.","Porcent.","Valor Unit","Total"]
["Composição"," 5901639 ","SICRO3","TRANSPORTE COM CAMINHÃO BASCULANTE COM CAÇAMBA ESTANQUE COM CAPACIDADE DE 14 M³ - RODOVIA EM LEITO NATURAL.","",null,"tkm",1,null,0.87,0.87]
["A","Código","Banco","Equipamentos","Quantidade","Utilização",null,"Custo Operacional",null,"Custo Horário"]
[{"$nulls":5},"Operativa","Improdutiva","Operativa","Improdutiva"]
["Insumo","E9575","SICRO3","Caminhão basculante com caçamba estanque com capacidade de 14 m³ - 188 kW",1,1,0,297.71420000000001,90.774600000000007,297.71420000000001]
[{"$nulls":5},"Custo Horário de Equipamentos =>",null,null,null,297.71420000000001]
[{"$nulls":5},"Custo Horário de Execução =>",null,null,null,297.71420000000001]
[{"$nulls":5},"Fator de Influencia da Chuva - FIC =>",null,null,null,1.43E-2]
[{"$nulls":5},"Custo do FIC =>",null,null,null,1.2200000000000001E-2]
[{"$nulls":5},"Produção de Equipe =>",null,null,null,348.6]
[{"$nulls":5},"Custo Unitário de Execução =>",null,null,null,0.85399999999999998]
[{"$nulls":4},"MO sem LS =>",0,"LS =>",0,"MO com LS =>",0]
[{"$nulls":4},"Valor do BDI =>",0.19,null,"Valor com BDI =>",null,1.06]
[{"$nulls":6},"Quant. =>",508464.7141561,"Preço Total =>",538972.59]
[]
[" 6.2.2.3 ",null,null,"ATERRO",{"$nulls":6},573638.51]
[" 6.2.2.3.1 ","Código","Banco","Descrição","Tipo",null,"Und","Quant.","Porcent.","Valor Unit","Total"]
["Composição"," 5502978 ","SICRO3","COMPACTAÇÃO DE ATERROS A 100% DO PROCTOR NORMAL","",null,"m³",1,null,4.9800000000000004,4.9800000000000004]
["A","Código","Banco","Equipamentos","Quantidade","Utilização",null,"Custo Operacional",null,"Custo Horário"]
[{"$nulls":5},"Operativa","Improdutiva","Operativa","Improdutiva"]
["Insumo","E9571","SICRO3","Caminhão tanque com capacidade de 10.000 l - 188 kW",1,0.9,0.1,321.9742,87.045699999999997,298.48140000000001]
["Insumo","E9518","SICRO3","Grade de 24 discos rebocável de D = 60 cm (24”)",1,0.52,0.48,4.8493000000000004,3.3769999999999998,4.1425999999999998]
["Insumo","E9524","SICRO3","Motoniveladora - 93 kW",1,0.28999999999999998,0.71,289.17180000000002,130.09540000000001,176.2276]
["Insumo","E9685","SICRO3","Rolo compactador pé de carneiro vibratório autopropelido por pneus de 11,6 t - 82 kW",1,1,0,221.4451,102.9592,221.4451]
["Insumo","E9577","SICRO3","Trator agrícola sobre pneus - 77 kW",1,0.52,0.48,148.2132,57.663899999999998,104.7495]
[{"$nulls":5},"Custo Horário de Equipamentos =>",null,null,null,805.0462]
["B","Código","Banco","Mão de Obra","Quantidade","Salário Hora",null,null,null,"Custo Horário"]
["Insumo","P9824","SICRO3","Servente",1,null,null,null,21.465699999999998,21.465699999999998]
[{"$nulls":5},"Custo Horário da Mão de Obra =>",null,null,null,21.465699999999998]
[{"$nulls":5},"Adc.M.O. - Ferramentas (0,0%) =>",null,null,null,0]
[{"$nulls":5},"Custo Horário de Execução =>",null,null,null,826.51189999999997]
[{"$nulls":5},"Fator de Influencia da Chuva - FIC =>",null,null,null,1.43E-2]
[{"$nulls":5},"Custo do FIC =>",null,null,null,7.0000000000000007E-2]
[{"$nulls":5},"Produção de Equipe =>",null,null,null,168.2]
[{"$nulls":5},"Custo Unitário de Execução =>",null,null,null,4.9138999999999999]
[{"$nulls":4},"MO sem LS =>",0.12762009512485137,"LS =>",0,"MO com LS =>",0.12762009512485137]
[{"$nulls":4},"Valor do BDI =>",1.1200000000000001,null,"Valor com BDI =>",null,6.1]
[{"$nulls":6},"Quant. =>",94039.1,"Preço Total =>",573638.51]
[]
[" 6.2.3 ",null,null,"ENROCAMENTO DE PROTEÇÃO DO TALUDE EXTERNO DO DIQUE",{"$nulls":6},476994.78]
[" 6.2.3.1 ","Código","Banco","Descrição","Tipo",null,"Und","Quant.","Porcent.","Valor Unit","Total"]
["Composição"," 5914657 ","SICRO3","CARGA, MANOBRA E DESCARGA DE BLOCOS DE ROCHA EM CAMINHÃO BASCULANTE DE 8 M³ - CARGA COM RETROESCAVADEIRA DE 0,29 M³ E DESCARGA LIVRE.","",null,"t",1,null,17.600000000000001,17.600000000000001]
["A","Código","Banco","Equipamentos","Quantidade","Utilização",null,"Custo Operacional",null,"Custo Horário"]
[{"$nulls":5},"Operativa","Improdutiva","Operativa","Improdutiva"]
["Insumo","E9604","SICRO3","Caminhão basculante para rocha com capacidade de 8 m³ - 210 kW",2,0.56999999999999995,0.43,297.14830000000001,90.430499999999995,416.51929999999999]
["Insumo","E9526","SICRO3","Retroescavadeira de pneus - capacidade da caçamba da pá-carregadeira de 0,76 m³ e da",1,1,0,151.10929999999999,79.652699999999996,151.10929999999999]
[{"$nulls":5},"Custo Horário de Equipamentos =>",null,null,null,567.62860000000001]
[{"$nulls":5},"Custo Horário de Execução =>",null,null,null,567.62860000000001]
[{"$nulls":5},"Fator de Influencia da Chuva - FIC =>",null,null,null,0]
[{"$nulls":5},"Custo do FIC =>",null,null,null,0]
[{"$nulls":5},"Produção de Equipe =>",null,null,null,32.26]
[{"$nulls":5},"Custo Unitário de Execução =>",null,null,null,17.595400000000001]
[{"$nulls":4},"MO sem LS =>",0,"LS =>",0,"MO com LS =>",0]
[{"$nulls":4},"Valor do BDI =>",3.97,null,"Valor com BDI =>",null,21.57]
[{"$nulls":6},"Quant. =>",1789.2960432,"Preço Total =>",38595.11]
[]
[" 6.2.3.2 ","Código","Banco","Descrição","Tipo",null,"Und","Quant.","Porcent.","Valor Unit","Total"]
["Composição"," 5914346 ","SICRO3","TRANSPORTE DE MATERIAL DE 3ª CATEGORIA COM CAMINHÃO BASCULANTE DE 8 M³ PARA ROCHA - RODOVIA EM LEITO NATURAL","",null,"tkm",1,null,1.68,1.68]
["A","Código","Banco","Equipamentos","Quantidade","Utilização",null,"Custo Operacional",null,"Custo Horário"]
[{"$nulls":5},"Operativa","Improdutiva","Operativa","Improdutiva"]
["Insumo","E9604","SICRO3","Caminhão basculante para rocha com capacidade de 8 m³ - 210 kW",1,1,0,297.14830000000001,90.430499999999995,297.14830000000001]
[{"$nulls":5},"Custo Horário de Equipamentos =>",null,null,null,297.14830000000001]
[{"$nulls":5},"Custo Horário de Execução =>",null,null,null,297.14830000000001]
[{"$nulls":5},"Fator de Influencia da Chuva - FIC =>",null,null,null,1.43E-2]
[{"$nulls":5},"Custo do FIC =>",null,null,null,2.3599999999999999E-2]
[{"$nulls":5},"Produção de Equipe =>",null,null,null,179.28]
[{"$nulls":5},"Custo Unitário de Execução =>",null,null,null,1.6575]
[{"$nulls":4},"MO sem LS =>",0,"LS =>",0,"MO com LS =>",0]
[{"$nulls":4},"Valor do BDI =>",0.37,null,"Valor com BDI =>",null,2.0499999999999998]
[{"$nulls":6},"Quant. =>",23672.386651199999,"Preço Total =>",48528.39]
[]
[" 6.2.3.3 ","Código","Banco","Descrição","Tipo",null,"Und","Quant.","Porcent.","Valor Unit","Total"]
["Composição"," COMP-0022 ","Próprio","RACHÃO OU PEDRA DE MÃO PRODUZIDA.","URBA - URBANIZAÇÃO",null,"m³",1,null,20.05,20.05]
["A","Código","Banco","Equipamentos","Quantidade","Utilização",null,"Custo Operacional",null,"Custo Horário"]
[{"$nulls":5},"Operativa","Improdutiva","Operativa","Improdutiva"]
["Insumo","E9117","SICRO3","Carregadeira de pneus para rocha com capacidade de 2,50 m³ - 105 kW",1,0.46,0.54,359.73469999999998,157.4614,250.50710000000001]
["Insumo","E9607","SICRO3","Conjunto de britagem para rachão com capacidade de 80 m³/h - 224 kW",1,1,0,309.53269999999998,212.47219999999999,309.53269999999998]
["Insumo","E9021","SICRO3","Grupo gerador - 456 kVA",1,1,0,393.66199999999998,23.234100000000002,393.66199999999998]
[{"$nulls":5},"Custo Horário de Equipamentos =>",null,null,null,953.70180000000005]
[{"$nulls":5},"Custo Horário de Execução =>",null,null,null,953.70180000000005]
[{"$nulls":5},"Fator de Influencia da Chuva - FIC =>",null,null,null,0]
[{"$nulls":5},"Custo do FIC =>",null,null,null,0]
[{"$nulls":5},"Produção de Equipe =>",null,null,null,66.400000000000006]
[{"$nulls":5},"Custo Unitário de Execução =>",null,null,null,14.363]
["C","Banco","Código","Material","Quantidade","Unidade","Preço Unitário",null,null,"Custo Horário"]
["Insumo","SICRO3","M2111","Mandíbula fixa para britador - abertura de alimentação com L = 930 mm",6.0000000000000002E-5,"un",32034.5798,null,null,1.9220999999999999]
["Insumo","SICRO3","M2110","Mandíbula móvel para britador - abertura de alimentação com L = 930 mm",4.0000000000000003E-5,"un",24230.054,null,null,0.96919999999999995]
[{"$nulls":5},"Custo Total do Material =>",null,null,null,2.8913000000000002]
["D","Banco","Código","Atividades Auxiliares","Quantidade","Unidade","Preço Unitário",null,null,"Custo Horário"]
["Atividade Auxiliar","SINAPI",88316,"SERVENTE COM ENCARGOS COMPLEMENTARES",0.1204819,"H",23.23,null,null,2.7988]
[{"$nulls":5},"Custo Total das Atividades =>",null,null,null,2.7988]
[{"$nulls":4},"MO sem LS =>",1.7530116,"LS =>",0,"MO com LS =>",1.753011645]
[{"$nulls":4},"Valor do BDI =>",4.5199999999999996,null,"Valor com BDI =>",null,24.57]
[{"$nulls":6},"Quant. =>",4201,"Preço Total =>",103218.57]
[]
[" 6.2.3.4 ","Código","Banco","Descrição","Tipo",null,"Und","Quant.","Porcent.","Valor Unit","Total"]
["Composição"," 4816012 ","SICRO3","BRITA PRODUZIDA EM CENTRAL DE BRITAGEM DE 80 M³/H","",null,"m³",1,null,53.94,53.94]
["A","Código","Banco","Equipamentos","Quantidade","Utilização",null,"Custo Operacional",null,"Custo Horário"]
[{"$nulls":5},"Operativa","Improdutiva","Operativa","Improdutiva"]
["Insumo","E9117","SICRO3","Carregadeira de pneus para rocha com capacidade de 2,50 m³ - 105 kW",1,0.46,0.54,359.73469999999998,157.4614,250.50710000000001]
["Insumo","E9611","SICRO3","Conjunto de britagem com capacidade de 80 m³/h - 313 kW",1,1,0,995.71289999999999,648.64750000000004,995.71289999999999]
["Insumo","E9765","SICRO3","Grupo gerador - 569 kVA",1,1,0,490.92020000000002,29.088000000000001,490.92020000000002]
[{"$nulls":5},"Custo Horário de Equipamentos =>",null,null,null,1737.1402]
["B","Código","Banco","Mão de Obra","Quantidade","Salário Hora",null,null,null,"Custo Horário"]
["Insumo","P9824","SICRO3","Servente",8,null,null,null,21.465699999999998,171.72559999999999]
[{"$nulls":5},"Custo Horário da Mão de Obra =>",null,null,null,171.72559999999999]
[{"$nulls":5},"Adc.M.O. - Ferramentas (0,0%) =>",null,null,null,0]
[{"$nulls":5},"Custo Horário de Execução =>",null,null,null,1908.8658]
[{"$nulls":5},"Fator de Influencia da Chuva - FIC =>",null,null,null,2.3999999999999998E-3]
[{"$nulls":5},"Custo do FIC =>",null,null,null,6.8099999999999994E-2]
[{"$nulls":5},"Produção de Equipe =>",null,null,null,66.400000000000006]
[{"$nulls":5},"Custo Unitário de Execução =>",null,null,null,28.748000000000001]
["C","Banco","Código","Material","Quantidade","Unidade","Preço Unitário",null,null,"Custo Horário"]
["Insumo","SICRO3","M2115","Cunha lateral inferior para britador",2.0000000000000002E-5,"un",1906.0084999999999,null,null,3.8100000000000002E-2]
["Insumo","SICRO3","M2114","Cunha lateral superior para britador",1.0000000000000001E-5,"un",2444.7143000000001,null,null,2.4400000000000002E-2]
["Insumo","SICRO3","M2111","Mandíbula fixa para britador - abertura de alimentação com L = 930 mm",6.0000000000000002E-5,"un",32034.5798,null,null,1.9220999999999999]
["Insumo","SICRO3","M2110","Mandíbula móvel para britador - abertura de alimentação com L = 930 mm",4.0000000000000003E-5,"un",24230.054,null,null,0.96919999999999995]
["Insumo","SICRO3","M2112","Manta do britador cônico HP200 ou similar",3.0000000000000001E-5,"un",21230.413400000001,null,null,0.63690000000000002]
["Insumo","SICRO3","M2113","Revestimento do bojo interno do britador cônico HP200 ou similar",4.0000000000000003E-5,"un",24245.382099999999,null,null,0.9698]
[{"$nulls":5},"Custo Total do Material =>",null,null,null,4.5605000000000002]
["D","Banco","Código","Atividades Auxiliares","Quantidade","Unidade","Preço Unitário",null,null,"Custo Horário"]
["Atividade Auxiliar","SICRO3",4816010,"Rocha para britagem com perfuratriz sobre esteira",0.56999999999999995,"m³",36.08,null,null,20.5656]
[{"$nulls":5},"Custo Total das Atividades =>",null,null,null,20.5656]
[{"$nulls":4},"MO sem LS =>",3.3253775156626504,"LS =>",0,"MO com LS =>",3.3253775390707769]
[{"$nulls":4},"Valor do BDI =>",12.16,null,"Valor com BDI =>",null,66.099999999999994]
[{"$nulls":6},"Quant. =>",2094,"Preço Total =>",138413.4]
[]
[" 6.2.3.5 ","Código","Banco","Descrição","Tipo",null,"Und","Quant.","Porcent.","Valor Unit","Total"]
["Composição"," 5914351 ","SICRO3","CARGA, MANOBRA E DESCARGA DE AGREGADOS OU SOLOS EM CAMINHÃO BASCULANTE DE 14 M³ - CARGA COM CARREGADEIRA DE 3,40 M³ E DESCARGA LIVRE.","",null,"t",1,null,2.61,2.61]
["A","Código","Banco","Equipamentos","Quantidade","Utilização",null,"Custo Operacional",null,"Custo Horário"]
[{"$nulls":5},"Operativa","Improdutiva","Operativa","Improdutiva"]
["Insumo","E9667","SICRO3","Caminhão basculante com capacidade de 14 m³ - 188 kW",3,0.77,0.23,297.32,90.567700000000002,749.30089999999996]
["Insumo","E9511","SICRO3","Carregadeira de pneus com capacidade de 3,40 m³ - 195 kW",1,1,0,442.03,218.85579999999999,442.03]
[{"$nulls":5},"Custo Horário de Equipamentos =>",null,null,null,1191.3308999999999]
[{"$nulls":5},"Custo Horário de Execução =>",null,null,null,1191.3308999999999]
[{"$nulls":5},"Fator de Influencia da Chuva - FIC =>",null,null,null,0]
[{"$nulls":5},"Custo do FIC =>",null,null,null,0]
[{"$nulls":5},"Produção de Equipe =>",null,null,null,457.16]
[{"$nulls":5},"Custo Unitário de Execução =>",null,null,null,2.6059000000000001]
[{"$nulls":4},"MO sem LS =>",0,"LS =>",0,"MO com LS =>",0]
[{"$nulls":4},"Valor do BDI =>",0.57999999999999996,null,"Valor com BDI =>",null,3.19]
[{"$nulls":6},"Quant. =>",3141.0152151000002,"Preço Total =>",10019.83]
[]
[" 6.2.3.6 ","Código","Banco","Descrição","Tipo",null,"Und","Quant.","Porcent.","Valor Unit","Total"]
["Composição"," 5901639 ","SICRO3","TRANSPORTE COM CAMINHÃO BASCULANTE COM CAÇAMBA ESTANQUE COM CAPACIDADE DE 14 M³ - RODOVIA EM LEITO NATURAL.","",null,"tkm",1,null,0.87,0.87]
["A","Código","Banco","Equipamentos","Quantidade","Utilização",null,"Custo Operacional",null,"Custo Horário"]
[{"$nulls":5},"Operativa","Improdutiva","Operativa","Improdutiva"]
["Insumo","E9575","SICRO3","Caminhão basculante com caçamba estanque com capacidade de 14 m³ - 188 kW",1,1,0,297.71420000000001,90.774600000000007,297.71420000000001]
[{"$nulls":5},"Custo Horário de Equipamentos =>",null,null,null,297.71420000000001]
[{"$nulls":5},"Custo Horário de Execução =>",null,null,null,297.71420000000001]
[{"$nulls":5},"Fator de Influencia da Chuva - FIC =>",null,null,null,1.43E-2]
[{"$nulls":5},"Custo do FIC =>",null,null,null,1.2200000000000001E-2]
[{"$nulls":5},"Produção de Equipe =>",null,null,null,348.6]
[{"$nulls":5},"Custo Unitário de Execução =>",null,null,null,0.85399999999999998]
[{"$nulls":4},"MO sem LS =>",0,"LS =>",0,"MO com LS =>",0]
[{"$nulls":4},"Valor do BDI =>",0.19,null,"Valor com BDI =>",null,1.06]
[{"$nulls":6},"Quant. =>",9423.0456453999996,"Preço Total =>",9988.42]
[]
[" 6.2.3.7 ","Código","Banco","Descrição","Tipo",null,"Und","Quant.","Porcent.","Valor Unit","Total"]
["Composição"," COMP-0021 ","Próprio","ENROCAMENTO DE PEDRA ESPALHADA E COMPACTADA MECANICAMENTE - PEDRA DE MÃO PRODUZIDA - SEM FORNECIMENTO E COM ASSENTAMENTO","URBA - URBANIZAÇÃO",null,"m³",1,null,22,22]
["A","Código","Banco","Equipamentos","Quantidade","Utilização",null,"Custo Operacional",null,"Custo Horário"]
[{"$nulls":5},"Operativa","Improdutiva","Operativa","Improdutiva"]
["Insumo","E9530","SICRO3","Rolo compactador liso vibratório autopropelido por pneus de 11 t - 97 kW",1,0.35,0.65,250.4547,112.25449999999999,160.62459999999999]
["Insumo","E9541","SICRO3","Trator sobre esteiras com lâmina - 259 kW",1,1,0,760.50620000000004,307.02120000000002,760.50620000000004]
[{"$nulls":5},"Custo Horário de Equipamentos =>",null,null,null,921.13080000000002]
[{"$nulls":5},"Custo Horário de Execução =>",null,null,null,921.13080000000002]
[{"$nulls":5},"Fator de Influencia da Chuva - FIC =>",null,null,null,0]
[{"$nulls":5},"Custo do FIC =>",null,null,null,0]
[{"$nulls":5},"Produção de Equipe =>",null,null,null,50.11]
[{"$nulls":5},"Custo Unitário de Execução =>",null,null,null,18.382200000000001]
["D","Banco","Código","Atividades Auxiliares","Quantidade","Unidade","Preço Unitário",null,null,"Custo Horário"]
["Atividade Auxiliar","SICRO3",5914647,"Carga, manobra e descarga de agregados ou solos em caminhão basculante de 10 m³ - carga com carregadeira de 3,40 m³(exclusa) e descarga livre",1.8,"t",1.75,null,null,3.15]
["Atividade Auxiliar","SINAPI",88316,"SERVENTE COM ENCARGOS COMPLEMENTARES",1.9956100000000001E-2,"H",23.23,null,null,0.46360000000000001]
[{"$nulls":5},"Custo Total das Atividades =>",null,null,null,3.6135999999999999]
[{"$nulls":4},"MO sem LS =>",0.29036125499999998,"LS =>",0,"MO com LS =>",0.29036125499999998]
[{"$nulls":4},"Valor do BDI =>",4.96,null,"Valor com BDI =>",null,26.96]
[{"$nulls":6},"Quant. =>",4201,"Preço Total =>",113258.96]
[]
[" 6.2.3.8 ","Código","Banco","Descrição","Tipo",null,"Und","Quant.","Porcent.","Valor Unit","Total"]
["Composição"," COMP-0040 ","Próprio","TRANSIÇÃO COMPACTADA EM BRITA, INCLUINDO OS SERVIÇOS DE DESCARGA OU LANÇAMENTO, ESPALHAMENTO E COMPACTAÇÃO SEM  FORNECIMENTO DE MATERIAL (ENSECADEIRA, BARRAGEM, ETC)",172,null,"M³",1,null,5.84,5.84]
["Composição Auxiliar"," 88309 ","SINAPI","PEDREIRO COM ENCARGOS COMPLEMENTARES","SEDI - SERVIÇOS DIVERSOS",null,"H",0.02,null,32.270000000000003,0.64]
["Composição Auxiliar"," 88316 ","SINAPI","SERVENTE COM ENCARGOS COMPLEMENTARES","SEDI - SERVIÇOS DIVERSOS",null,"H",0.14000000000000001,null,23.23,3.25]
["Insumo"," 2458 ","ORSE","Caminhao tanque (pipa)10000 l (m. benz - 2423 K - 184,0 hp ou equivalente)","Equipamento",null,"h",4.0000000000000001E-3,null,77.84,0.31]
["Insumo"," 2461 ","ORSE","Aluguel de compactador placa 415 kg  (dynapac - cm 20 diesel  - 6,0 hp)","Equipamento",null,"h",0.04,null,2.78,0.11]
["Insumo"," 2482 ","ORSE","Retroescavadeira pneus (Massey Ferguson MF - 86 HF ou equivalente)","Equipamento",null,"h",0.02,null,76.569999999999993,1.53]
[{"$nulls":4},"MO sem LS =>",2.4900000000000002,"LS =>",0,"MO com LS =>",2.4900000000000002]
[{"$nulls":4},"Valor do BDI =>",1.31,null,"Valor com BDI =>",null,7.15]
[{"$nulls":6},"Quant. =>",2094,"Preço Total =>",14972.1]
[]
[" 6.2.4 ",null,null,"REGULARIZAÇÃO DOS TALUDES",{"$nulls":6},1580167.97]
[" 6.2.4.1 ","Código","Banco","Descrição","Tipo",null,"Und","Quant.","Porcent.","Valor Unit","Total"]
["Composição"," 4015612 ","SICRO3","EXECUÇÃO DE REVESTIMENTO PRIMÁRIO COM MATERIAL DE JAZIDA","",null,"m³",1,null,12.06,12.06]
["A","Código","Banco","Equipamentos","Quantidade","Utilização",null,"Custo Operacional",null,"Custo Horário"]
[{"$nulls":5},"Operativa","Improdutiva","Operativa","Improdutiva"]
["Insumo","E9571","SICRO3","Caminhão tanque com capacidade de 10.000 l - 188 kW",1,0.93,7.0000000000000007E-2,321.9742,87.045699999999997,305.5292]
["Insumo","E9518","SICRO3","Grade de 24 discos rebocável de D = 60 cm (24”)",1,0.52,0.48,4.8493000000000004,3.3769999999999998,4.1425999999999998]
["Insumo","E9524","SICRO3","Motoniveladora - 93 kW",1,0.74,0.26,289.17180000000002,130.09540000000001,247.81190000000001]
["Insumo","E9762","SICRO3","Rolo compactador de pneus autopropelido de 27 t - 85 kW",1,0.72,0.28000000000000003,257.33420000000001,129.01859999999999,221.4058]
["Insumo","E9685","SICRO3","Rolo compactador pé de carneiro vibratório autopropelido por pneus de 11,6 t - 82 kW",1,1,0,221.4451,102.9592,221.4451]
["Insumo","E9577","SICRO3","Trator agrícola sobre pneus - 77 kW",1,0.52,0.48,148.2132,57.663899999999998,104.7495]
[{"$nulls":5},"Custo Horário de Equipamentos =>",null,null,null,1105.0841]
["B","Código","Banco","Mão de Obra","Quantidade","Salário Hora",null,null,null,"Custo Horário"]
["Insumo","P9824","SICRO3","Servente",1,null,null,null,21.465699999999998,21.465699999999998]
[{"$nulls":5},"Custo Horário da Mão de Obra =>",null,null,null,21.465699999999998]
[{"$nulls":5},"Adc.M.O. - Ferramentas (0,0%) =>",null,null,null,0]
[{"$nulls":5},"Custo Horário de Execução =>",null,null,null,1126.5498]
[{"$nulls":5},"Fator de Influencia da Chuva - FIC =>",null,null,null,1.43E-2]
[{"$nulls":5},"Custo do FIC =>",null,null,null,9.5399999999999999E-2]
[{"$nulls":5},"Produção de Equipe =>",null,null,null,168.2]
[{"$nulls":5},"Custo Unitário de Execução =>",null,null,null,6.6977000000000002]
["D","Banco","Código","Atividades Auxiliares","Quantidade","Unidade","Preço Unitário",null,null,"Custo Horário"]
["Atividade Auxiliar","SICRO3",4016096,"Escavação e carga de material de jazida com escavadeira hidráulica de 1,56 m³",1.1002700000000001,"m³",1.36,null,null,1.4964]
[{"$nulls":5},"Custo Total das Atividades =>",null,null,null,1.4964]
["E","Banco","Insumo","Tempos Fixos","Código","Quantidade","Unidade","Preço Unitário",null,"Custo Horário"]
["Tempo Fixo","SICRO3",4016096,"Carga, manobra e descarga de agregados ou solos em caminhão basculante de 10 m³ - carga com escavadeira de 1,56 m³(exclusa) e descarga livre",5914354,2.0630099999999998,"t",1.83,null,3.7753000000000001]
[{"$nulls":5},"Custo Total dos Tempos Fixos =>",null,null,null,3.7753000000000001]
["F","Banco","Insumo","Momento de Transporte","Quantidade","Unidade","Distância Média de Transporte (DMT)",null,null,"Custo Horário"]
[{"$nulls":6},"LN","RP","P"]
["Momento de Transporte","SICRO3",4016096,"Escavação e carga de material de jazida com escavadeira hidráulica de 1,56 m³ - Caminhão basculante com capacidade de 10 m³ - 188 kW",2.0630099999999998,"tkm","5914359\n0,000\nR$ 1,19","5914374\n0,000\nR$ 0,95","5914389\n0,000\nR$ 0,79",0]
[{"$nulls":5},"Custo total dos Momentos de Transportes =>",null,null,null,0]
[{"$nulls":4},"MO sem LS =>",0.23022257889478057,"LS =>",0,"MO com LS =>",0.23022257889478057]
[{"$nulls":4},"Valor do BDI =>",2.72,null,"Valor com BDI =>",null,14.78]
[{"$nulls":6},"Quant. =>",5312,"Preço Total =>",78511.360000000001]
[]
[" 6.2.4.2 ","Código","Banco","Descrição","Tipo",null,"Und","Quant.","Porcent.","Valor Unit","Total"]
["Composição"," 5914359 ","SICRO3","TRANSPORTE COM CAMINHÃO BASCULANTE DE 10 M³ - RODOVIA EM LEITO NATURAL","",null,"tkm",1,null,1.21,1.21]
["A","Código","Banco","Equipamentos","Quantidade","Utilização",null,"Custo Operacional",null,"Custo Horário"]
[{"$nulls":5},"Operativa","Improdutiva","Operativa","Improdutiva"]
["Insumo","E9579","SICRO3","Caminhão basculante com capacidade de 10 m³ - 188 kW",1,1,0,296.24459999999999,90.003200000000007,296.24459999999999]
[{"$nulls":5},"Custo Horário de Equipamentos =>",null,null,null,296.24459999999999]
[{"$nulls":5},"Custo Horário de Execução =>",null,null,null,296.24459999999999]
[{"$nulls":5},"Fator de Influencia da Chuva - FIC =>",null,null,null,1.43E-2]
[{"$nulls":5},"Custo do FIC =>",null,null,null,1.7000000000000001E-2]
[{"$nulls":5},"Produção de Equipe =>",null,null,null,249]
[{"$nulls":5},"Custo Unitário de Execução =>",null,null,null,1.1897]
[{"$nulls":4},"MO sem LS =>",0,"LS =>",0,"MO com LS =>",0]
[{"$nulls":4},"Valor do BDI =>",0.27,null,"Valor com BDI =>",null,1.48]
[{"$nulls":6},"Quant. =>",31374.06,"Preço Total =>",46433.599999999999]
[]
[" 6.2.4.3 ","Código","Banco","Descrição","Tipo",null,"Und","Quant.","Porcent.","Valor Unit","Total"]
["Composição"," 1103852 ","SICRO3","CONCRETO POROSO - AREIA EXTRAÍDA E BRITA PRODUZIDA","",null,"m³",1,null,367.78,367.78]
["A","Código","Banco","Equipamentos","Quantidade","Utilização",null,"Custo Operacional",null,"Custo Horário"]
[{"$nulls":5},"Operativa","Improdutiva","Operativa","Improdutiva"]
["Insumo","E9010","SICRO3","Balança plataforma digital à bateria, com mesa de 75 x 75 cm e capacidade de 500 kg",1,1,0,1.2283999999999999,0.82520000000000004,1.2283999999999999]
["Insumo","E9519","SICRO3","Betoneira com motor a gasolina com capacidade de 600 l - 10 kW",1,1,0,53.475700000000003,33.671500000000002,53.475700000000003]
["Insumo","E9071","SICRO3","Transportador manual carrinho de mão com capacidade de 80 l",3,0.78,0.22,0.71679999999999999,0.48730000000000001,1.9988999999999999]
["Insumo","E9064","SICRO3","Transportador manual gerica com capacidade de 180 l",3,0.31,0.69,1.5258,1.0373000000000001,3.5661999999999998]
[{"$nulls":5},"Custo Horário de Equipamentos =>",null,null,null,60.269199999999998]
["B","Código","Banco","Mão de Obra","Quantidade","Salário Hora",null,null,null,"Custo Horário"]
["Insumo","P9821","SICRO3","Pedreiro",1,null,null,null,30.302800000000001,30.302800000000001]
["Insumo","P9824","SICRO3","Servente",8,null,null,null,21.465699999999998,171.72559999999999]
[{"$nulls":5},"Custo Horário da Mão de Obra =>",null,null,null,202.0284]
[{"$nulls":5},"Adc.M.O. - Ferramentas (0,0%) =>",null,null,null,0]
[{"$nulls":5},"Custo Horário de Execução =>",null,null,null,262.29759999999999]
[{"$nulls":5},"Fator de Influencia da Chuva - FIC =>",null,null,null,0]
[{"$nulls":5},"Custo do FIC =>",null,null,null,0]
[{"$nulls":5},"Produção de Equipe =>",null,null,null,4.0080999999999998]
[{"$nulls":5},"Custo Unitário de Execução =>",null,null,null,65.442700000000002]
["C","Banco","Código","Material","Quantidade","Unidade","Preço Unitário",null,null,"Custo Horário"]
["Insumo","SICRO3","M0010","Aditivo superplastificante para concreto e argamassa",1.6511800000000001,"kg",16.698399999999999,null,null,27.572099999999999]
["Insumo","SICRO3","M0424","Cimento Portland CP II - 32 - saco",330.23678999999998,"kg",0.66949999999999998,null,null,221.09350000000001]
[{"$nulls":5},"Custo Total do Material =>",null,null,null,248.66560000000001]
["D","Banco","Código","Atividades Auxiliares","Quantidade","Unidade","Preço Unitário",null,null,"Custo Horário"]
["Atividade Auxiliar","SICRO3",4816012,"Brita produzida em central de britagem de 80 m³/h",0.68813000000000002,"m³",53.84,null,null,37.048900000000003]
["Atividade Auxiliar","SICRO3",4816020,"Areia extraída com draga de sucção tipo bomba",0.17802999999999999,"m³",11.74,null,null,2.0901000000000001]
[{"$nulls":5},"Custo Total das Atividades =>",null,null,null,39.139000000000003]
["E","Banco","Insumo","Tempos Fixos","Código","Quantidade","Unidade","Preço Unitário",null,"Custo Horário"]
["Tempo Fixo","SICRO3",4816020,"Carga, manobra e descarga de agregados ou solos em caminhão basculante de 10 m³ - carga com carregadeira de 3,40 m³ edescarga livre",5915407,0.26705000000000001,"t",2.72,null,0.72640000000000005]
["Tempo Fixo","SICRO3",4816012,"Carga, manobra e descarga de agregados ou solos em caminhão basculante de 10 m³ - carga com carregadeira de 3,40 m³ edescarga livre",5915407,1.0322,"t",2.72,null,2.8075999999999999]
["Tempo Fixo","SICRO3","M0010","Carga, manobra e descarga de materiais diversos em caminhão carroceria de 15 t - carga e descarga manuais",5914655,1.65E-3,"t",33.15,null,5.4699999999999999E-2]
["Tempo Fixo","SICRO3","M0424","Carga, manobra e descarga de materiais diversos em caminhão carroceria de 15 t - carga e descarga manuais",5914655,0.33023999999999998,"t",33.15,null,10.9475]
[{"$nulls":5},"Custo Total dos Tempos Fixos =>",null,null,null,14.536199999999999]
["F","Banco","Insumo","Momento de Transporte","Quantidade","Unidade","Distância Média de Transporte (DMT)",null,null,"Custo Horário"]
[{"$nulls":6},"LN","RP","P"]
["Momento de Transporte","SICRO3",4816020,"Areia extraída com draga de sucção tipo bomba - Caminhão basculante com capacidade de 10 m³ - 188 kW",0.26705000000000001,"tkm","5914359\n0,000\nR$ 1,19","5914374\n0,000\nR$ 0,95","5914389\n0,000\nR$ 0,79",0]
["Momento de Transporte","SICRO3",4816012,"Brita produzida em central de britagem de 80 m³/h - Caminhão basculante com capacidade de 10 m³ - 188 kW",1.0322,"tkm","5914359\n0,000\nR$ 1,19","5914374\n0,000\nR$ 0,95","5914389\n0,000\nR$ 0,79",0]
["Momento de Transporte","SICRO3","M0010","Aditivo superplastificante para concreto e argamassa - Caminhão carroceria com capacidade de 15 t - 188 kW",1.65E-3,"tkm","5914449\n0,000\nR$ 1,08","5914464\n0,000\nR$ 0,86","5914479\n0,000\nR$ 0,71",0]
["Momento de Transporte","SICRO3","M0424","Cimento Portland CP II - 32 - saco - Caminhão carroceria com capacidade de 15 t - 188 kW",0.33023999999999998,"tkm","5914449\n0,000\nR$ 1,08","5914464\n0,000\nR$ 0,86","5914479\n0,000\nR$ 0,71",0]
[{"$nulls":5},"Custo total dos Momentos de Transportes =>",null,null,null,0]
[{"$nulls":4},"MO sem LS =>",56.813751512043261,"LS =>",0,"MO com LS =>",56.813751552887368]
[{"$nulls":4},"Valor do BDI =>",82.97,null,"Valor com BDI =>",null,450.75]
[{"$nulls":6},"Quant. =>",979.9,"Preço Total =>",441689.92]
[]
[" 6.2.4.4 ","Código","Banco","Descrição","Tipo",null,"Und","Quant.","Porcent.","Valor Unit","Total"]
["Composição"," 09.90.01 ","EMBASA","EXECUÇÃO DE SOLO-CIMENTO",990,null,"m³",1,null,543.33000000000004,543.33000000000004]
["Insumo"," B010000097 ","EMBASA","SERVENTE","Mão de Obra",null,"H",8.07,null,18.02,145.41999999999999]
["Insumo"," D010000008 ","EMBASA","CIMENTO PORTLAND COMPOSTO CP II-32","Material",null,"KG",164,null,0.75,123]
["Insumo"," D020000006 ","EMBASA","ARENOSO, EXCLUSIVE FRETE","Material",null,"m³",1.51,null,79.84,120.55]
["Insumo"," F030000307 ","EMBASA","GASOLINA","Material",null,"L",0.28220000000000001,null,5.77,1.62]
["Insumo"," H020000524 ","EMBASA","COMPACTADOR A PERCUSSÃO (TIPO SAPO), A COMBUSTÍVEL","Material",null,"H",0.52800000000000002,null,3.3,1.74]
["Insumo"," K010000004 ","EMBASA","FRETE PARA AGREGADOS MIUDOS","Material",null,"m³",1.51,null,100,151]
[{"$nulls":4},"MO sem LS =>",145.41999999999999,"LS =>",0,"MO com LS =>",145.41999999999999]
[{"$nulls":4},"Valor do BDI =>",122.57,null,"Valor com BDI =>",null,665.9]
[{"$nulls":6},"Quant. =>",1522.05,"Preço Total =>",1013533.09]
[]
[" 6.2.5 ",null,null,"REVESTIMENTO DO CANAL",{"$nulls":6},4868283.66]
[" 6.2.5.1 ","Código","Banco","Descrição","Tipo",null,"Und","Quant.","Porcent.","Valor Unit","Total"]
["Composição"," 11.11.01 ","EMBASA","IMPERMEABILIZAÇÃO COM MANTA PEAD, GEOMEMBRANA LISA, E=1,00 MM",1111,null,"m²",1,null,33.44,33.44]
["Insumo"," B010000070 ","EMBASA","IMPERMEABILIZADOR","Mão de Obra",null,"H",0.2,null,28.08,5.61]
["Insumo"," B010000097 ","EMBASA","SERVENTE","Mão de Obra",null,"H",0.2,null,18.02,3.6]
["Insumo"," D229500003 ","EMBASA","MANTA PEAD, GEOMEMBRANA LISA, E=1,00 MM","Material",null,"m²",1.05,null,18,18.899999999999999]
["Insumo"," H020000912 ","EMBASA","MÁQUINA DE SOLDA POR TERMOFUSÃO PARA MANTA PEAD","Material",null,"UN",5.0000000000000002E-5,null,106625.48,5.33]
[{"$nulls":4},"MO sem LS =>",9.2100000000000009,"LS =>",0,"MO com LS =>",9.2100000000000009]
[{"$nulls":4},"Valor do BDI =>",7.54,null,"Valor com BDI =>",null,40.98]
[{"$nulls":6},"Quant. =>",64000,"Preço Total =>",2622720]
[]
[" 6.2.5.2 ","Código","Banco","Descrição","Tipo",null,"Und","Quant.","Porcent.","Valor Unit","Total"]
["Composição"," 1107929 ","SICRO3","CONCRETO FCK = 20 MPA - CONFECÇÃO EM CENTRAL DOSADORA DE 30 M³/H - AREIA EXTRAÍDA E BRITA PRODUZIDA.","",null,"m³",1,null,265.60000000000002,265.60000000000002]
["A","Código","Banco","Equipamentos","Quantidade","Utilização",null,"Custo Operacional",null,"Custo Horário"]
[{"$nulls":5},"Operativa","Improdutiva","Operativa","Improdutiva"]
["Insumo","E9584","SICRO3","Carregadeira de pneus com capacidade de 1,72 m³ - 113 kW",1,0.34,0.66,203.21250000000001,104.4208,138.01]
["Insumo","E9599","SICRO3","Central de concreto com capacidade de 30 m³/h - dosadora RS",1,1,0,79.077200000000005,64.673599999999993,79.077200000000005]
["Insumo","E9779","SICRO3","Grupo gerador - 113 kVA",1,1,0,101.1589,8.4064999999999994,101.1589]
[{"$nulls":5},"Custo Horário de Equipamentos =>",null,null,null,318.24610000000001]
["B","Código","Banco","Mão de Obra","Quantidade","Salário Hora",null,null,null,"Custo Horário"]
["Insumo","P9824","SICRO3","Servente",2,null,null,null,21.465699999999998,42.931399999999996]
[{"$nulls":5},"Custo Horário da Mão de Obra =>",null,null,null,42.931399999999996]
[{"$nulls":5},"Adc.M.O. - Ferramentas (0,0%) =>",null,null,null,0]
[{"$nulls":5},"Custo Horário de Execução =>",null,null,null,361.17750000000001]
[{"$nulls":5},"Fator de Influencia da Chuva - FIC =>",null,null,null,0]
[{"$nulls":5},"Custo do FIC =>",null,null,null,0]
[{"$nulls":5},"Produção de Equipe =>",null,null,null,24.9]
[{"$nulls":5},"Custo Unitário de Execução =>",null,null,null,14.505100000000001]
["C","Banco","Código","Material","Quantidade","Unidade","Preço Unitário",null,null,"Custo Horário"]
["Insumo","SICRO3","M0030","Aditivo plastificante e retardador de pega para concreto e argamassa",0.82391000000000003,"kg",6.5956999999999999,null,null,5.4343000000000004]
["Insumo","SICRO3","M0424","Cimento Portland CP II - 32 - saco",274.63729999999998,"kg",0.66949999999999998,null,null,183.86969999999999]
[{"$nulls":5},"Custo Total do Material =>",null,null,null,189.304]
["D","Banco","Código","Atividades Auxiliares","Quantidade","Unidade","Preço Unitário",null,null,"Custo Horário"]
["Atividade Auxiliar","SICRO3",4816012,"Brita produzida em central de britagem de 80 m³/h",0.73507999999999996,"m³",53.84,null,null,39.576700000000002]
["Atividade Auxiliar","SICRO3",4816020,"Areia extraída com draga de sucção tipo bomba",0.63758999999999999,"m³",11.74,null,null,7.4852999999999996]
[{"$nulls":5},"Custo Total das Atividades =>",null,null,null,47.061999999999998]
["E","Banco","Insumo","Tempos Fixos","Código","Quantidade","Unidade","Preço Unitário",null,"Custo Horário"]
["Tempo Fixo","SICRO3",4816020,"Carga, manobra e descarga de agregados ou solos em caminhão basculante de 10 m³ - carga com carregadeira de 3,40 m³ edescarga livre",5915407,0.95638999999999996,"t",2.72,null,2.6013999999999999]
["Tempo Fixo","SICRO3",4816012,"Carga, manobra e descarga de agregados ou solos em caminhão basculante de 10 m³ - carga com carregadeira de 3,40 m³ edescarga livre",5915407,1.1026199999999999,"t",2.72,null,2.9990999999999999]
["Tempo Fixo","SICRO3","M0030","Carga, manobra e descarga de materiais diversos em caminhão carroceria de 15 t - carga e descarga manuais",5914655,8.1999999999999998E-4,"t",33.15,null,2.7199999999999998E-2]
["Tempo Fixo","SICRO3","M0424","Carga, manobra e descarga de materiais diversos em caminhão carroceria de 15 t - carga e descarga manuais",5914655,0.27464,"t",33.15,null,9.1043000000000003]
[{"$nulls":5},"Custo Total dos Tempos Fixos =>",null,null,null,14.731999999999999]
["F","Banco","Insumo","Momento de Transporte","Quantidade","Unidade","Distância Média de Transporte (DMT)",null,null,"Custo Horário"]
[{"$nulls":6},"LN","RP","P"]
["Momento de Transporte","SICRO3",4816020,"Areia extraída com draga de sucção tipo bomba - Caminhão basculante com capacidade de 10 m³ - 188 kW",0.95638999999999996,"tkm","5914359\n0,000\nR$ 1,19","5914374\n0,000\nR$ 0,95","5914389\n0,000\nR$ 0,79",0]
["Momento de Transporte","SICRO3",4816012,"Brita produzida em central de britagem de 80 m³/h - Caminhão basculante com capacidade de 10 m³ - 188 kW",1.1026199999999999,"tkm","5914359\n0,000\nR$ 1,19","5914374\n0,000\nR$ 0,95","5914389\n0,000\nR$ 0,79",0]
["Momento de Transporte","SICRO3","M0030","Aditivo plastificante e retardador de pega para concreto e argamassa - Caminhão carroceria com capacidade de 15 t - 188 kW",8.1999999999999998E-4,"tkm","5914449\n0,000\nR$ 1,08","5914464\n0,000\nR$ 0,86","5914479\n0,000\nR$ 0,71",0]
["Momento de Transporte","SICRO3","M0424","Cimento Portland CP II - 32 - saco - Caminhão carroceria com capacidade de 15 t - 188 kW",0.27464,"tkm","5914449\n0,000\nR$ 1,08","5914464\n0,000\nR$ 0,86","5914479\n0,000\nR$ 0,71",0]
[{"$nulls":5},"Custo total dos Momentos de Transportes =>",null,null,null,0]
[{"$nulls":4},"MO sem LS =>",8.9898363901943465,"LS =>",0,"MO com LS =>",8.9898363901943465]
[{"$nulls":4},"Valor do BDI =>",59.91,null,"Valor com BDI =>",null,325.51]
[{"$nulls":6},"Quant. =>",3268,"Preço Total =>",1063766.68]
[]
[" 6.2.5.3 ","Código","Banco","Descrição","Tipo",null,"Und","Quant.","Porcent.","Valor Unit","Total"]
["Composição"," 5914657 ","SICRO3","CARGA, MANOBRA E DESCARGA DE BLOCOS DE ROCHA EM CAMINHÃO BASCULANTE DE 8 M³ - CARGA COM RETROESCAVADEIRA DE 0,29 M³ E DESCARGA LIVRE.","",null,"t",1,null,17.600000000000001,17.600000000000001]
["A","Código","Banco","Equipamentos","Quantidade","Utilização",null,"Custo Operacional",null,"Custo Horário"]
[{"$nulls":5},"Operativa","Improdutiva","Operativa","Improdutiva"]
["Insumo","E9604","SICRO3","Caminhão basculante para rocha com capacidade de 8 m³ - 210 kW",2,0.56999999999999995,0.43,297.14830000000001,90.430499999999995,416.51929999999999]
["Insumo","E9526","SICRO3","Retroescavadeira de pneus - capacidade da caçamba da pá-carregadeira de 0,76 m³ e da",1,1,0,151.10929999999999,79.652699999999996,151.10929999999999]
[{"$nulls":5},"Custo Horário de Equipamentos =>",null,null,null,567.62860000000001]
[{"$nulls":5},"Custo Horário de Execução =>",null,null,null,567.62860000000001]
[{"$nulls":5},"Fator de Influencia da Chuva - FIC =>",null,null,null,0]
[{"$nulls":5},"Custo do FIC =>",null,null,null,0]
[{"$nulls":5},"Produção de Equipe =>",null,null,null,32.26]
[{"$nulls":5},"Custo Unitário de Execução =>",null,null,null,17.595400000000001]
[{"$nulls":4},"MO sem LS =>",0,"LS =>",0,"MO com LS =>",0]
[{"$nulls":4},"Valor do BDI =>",3.97,null,"Valor com BDI =>",null,21.57]
[{"$nulls":6},"Quant. =>",2052.6799999999998,"Preço Total =>",44276.3]
[]
[" 6.2.5.4 ","Código","Banco","Descrição","Tipo",null,"Und","Quant.","Porcent.","Valor Unit","Total"]
["Composição"," 5914346 ","SICRO3","TRANSPORTE DE MATERIAL DE 3ª CATEGORIA COM CAMINHÃO BASCULANTE DE 8 M³ PARA ROCHA - RODOVIA EM LEITO NATURAL","",null,"tkm",1,null,1.68,1.68]
["A","Código","Banco","Equipamentos","Quantidade","Utilização",null,"Custo Operacional",null,"Custo Horário"]
[{"$nulls":5},"Operativa","Improdutiva","Operativa","Improdutiva"]
["Insumo","E9604","SICRO3","Caminhão basculante para rocha com capacidade de 8 m³ - 210 kW",1,1,0,297.14830000000001,90.430499999999995,297.14830000000001]
[{"$nulls":5},"Custo Horário de Equipamentos =>",null,null,null,297.14830000000001]
[{"$nulls":5},"Custo Horário de Execução =>",null,null,null,297.14830000000001]
[{"$nulls":5},"Fator de Influencia da Chuva - FIC =>",null,null,null,1.43E-2]
[{"$nulls":5},"Custo do FIC =>",null,null,null,2.3599999999999999E-2]
[{"$nulls":5},"Produção de Equipe =>",null,null,null,179.28]
[{"$nulls":5},"Custo Unitário de Execução =>",null,null,null,1.6575]
[{"$nulls":4},"MO sem LS =>",0,"LS =>",0,"MO com LS =>",0]
[{"$nulls":4},"Valor do BDI =>",0.37,null,"Valor com BDI =>",null,2.0499999999999998]
[{"$nulls":6},"Quant. =>",27157.01,"Preço Total =>",55671.87]
[]
[" 6.2.5.5 ","Código","Banco","Descrição","Tipo",null,"Und","Quant.","Porcent.","Valor Unit","Total"]
["Composição"," 5914351 ","SICRO3","CARGA, MANOBRA E DESCARGA DE AGREGADOS OU SOLOS EM CAMINHÃO BASCULANTE DE 14 M³ - CARGA COM CARREGADEIRA DE 3,40 M³ E DESCARGA LIVRE.","",null,"t",1,null,2.61,2.61]
["A","Código","Banco","Equipamentos","Quantidade","Utilização",null,"Custo Operacional",null,"Custo Horário"]
[{"$nulls":5},"Operativa","Improdutiva","Operativa","Improdutiva"]
["Insumo","E9667","SICRO3","Caminhão basculante com capacidade de 14 m³ - 188 kW",3,0.77,0.23,297.32,90.567700000000002,749.30089999999996]
["Insumo","E9511","SICRO3","Carregadeira de pneus com capacidade de 3,40 m³ - 195 kW",1,1,0,442.03,218.85579999999999,442.03]
[{"$nulls":5},"Custo Horário de Equipamentos =>",null,null,null,1191.3308999999999]
[{"$nulls":5},"Custo Horário de Execução =>",null,null,null,1191.3308999999999]
[{"$nulls":5},"Fator de Influencia da Chuva - FIC =>",null,null,null,0]
[{"$nulls":5},"Custo do FIC =>",null,null,null,0]
[{"$nulls":5},"Produção de Equipe =>",null,null,null,457.16]
[{"$nulls":5},"Custo Unitário de Execução =>",null,null,null,2.6059000000000001]
[{"$nulls":4},"MO sem LS =>",0,"LS =>",0,"MO com LS =>",0]
[{"$nulls":4},"Valor do BDI =>",0.57999999999999996,null,"Valor com BDI =>",null,3.19]
[{"$nulls":6},"Quant. =>",6728.85,"Preço Total =>",21465.03]
[]
[" 6.2.5.6 ","Código","Banco","Descrição","Tipo",null,"Und","Quant.","Porcent.","Valor Unit","Total"]
["Composição"," 5901639 ","SICRO3","TRANSPORTE COM CAMINHÃO BASCULANTE COM CAÇAMBA ESTANQUE COM CAPACIDADE DE 14 M³ - RODOVIA EM LEITO NATURAL.","",null,"tkm",1,null,0.87,0.87]
["A","Código","Banco","Equipamentos","Quantidade","Utilização",null,"Custo Operacional",null,"Custo Horário"]
[{"$nulls":5},"Operativa","Improdutiva","Operativa","Improdutiva"]
["Insumo","E9575","SICRO3","Caminhão basculante com caçamba estanque com capacidade de 14 m³ - 188 kW",1,1,0,297.71420000000001,90.774600000000007,297.71420000000001]
[{"$nulls":5},"Custo Horário de Equipamentos =>",null,null,null,297.71420000000001]
[{"$nulls":5},"Custo Horário de Execução =>",null,null,null,297.71420000000001]
[{"$nulls":5},"Fator de Influencia da Chuva - FIC =>",null,null,null,1.43E-2]
[{"$nulls":5},"Custo do FIC =>",null,null,null,1.2200000000000001E-2]
[{"$nulls":5},"Produção de Equipe =>",null,null,null,348.6]
[{"$nulls":5},"Custo Unitário de Execução =>",null,null,null,0.85399999999999998]
[{"$nulls":4},"MO sem LS =>",0,"LS =>",0,"MO com LS =>",0]
[{"$nulls":4},"Valor do BDI =>",0.19,null,"Valor com BDI =>",null,1.06]
[{"$nulls":6},"Quant. =>",41351.74,"Preço Total =>",43832.84]
[]
[" 6.2.5.7 ","Código","Banco","Descrição","Tipo",null,"Und","Quant.","Porcent.","Valor Unit","Total"]
["Composição"," 5914539 ","SICRO3","TRANSPORTE COM CAMINHÃO BETONEIRA - RODOVIA EM LEITO NATURAL.","",null,"tkm",1,null,0.98,0.98]
["A","Código","Banco","Equipamentos","Quantidade","Utilização",null,"Custo Operacional",null,"Custo Horário"]
[{"$nulls":5},"Operativa","Improdutiva","Operativa","Improdutiva"]
["Insumo","E9600","SICRO3","Caminhão betoneira com capacidade de 8 m³ - 188 kW",1,1,0,307.62630000000001,107.0881,307.62630000000001]
[{"$nulls":5},"Custo Horário de Equipamentos =>",null,null,null,307.62630000000001]
[{"$nulls":5},"Custo Horário de Execução =>",null,null,null,307.62630000000001]
[{"$nulls":5},"Fator de Influencia da Chuva - FIC =>",null,null,null,1.43E-2]
[{"$nulls":5},"Custo do FIC =>",null,null,null,1.38E-2]
[{"$nulls":5},"Produção de Equipe =>",null,null,null,318.72000000000003]
[{"$nulls":5},"Custo Unitário de Execução =>",null,null,null,0.96519999999999995]
[{"$nulls":4},"MO sem LS =>",0,"LS =>",0,"MO com LS =>",0]
[{"$nulls":4},"Valor do BDI =>",0.22,null,"Valor com BDI =>",null,1.2]
[{"$nulls":6},"Quant. =>",23529.599999999999,"Preço Total =>",28235.52]
[]
[" 6.2.5.8 ","Código","Banco","Descrição","Tipo",null,"Und","Quant.","Porcent.","Valor Unit","Total"]
["Composição"," 1106088 ","SICRO3","LANÇAMENTO MECÂNICO DE CONCRETO COM BOMBA REBOCÁVEL COM CAPACIDADE DE 30 M³/H - CONFECÇÃO EM CENTRAL DOSADORA DE 30 M³/H.","",null,"m³",1,null,57.76,57.76]
["A","Código","Banco","Equipamentos","Quantidade","Utilização",null,"Custo Operacional",null,"Custo Horário"]
[{"$nulls":5},"Operativa","Improdutiva","Operativa","Improdutiva"]
["Insumo","E9073","SICRO3","Bomba de concreto rebocável com capacidade de 30 m³/h - 74 kW",1,1,0,187.27770000000001,76.781400000000005,187.27770000000001]
[{"$nulls":5},"Custo Horário de Equipamentos =>",null,null,null,187.27770000000001]
["B","Código","Banco","Mão de Obra","Quantidade","Salário Hora",null,null,null,"Custo Horário"]
["Insumo","P9821","SICRO3","Pedreiro",1,null,null,null,30.302800000000001,30.302800000000001]
["Insumo","P9824","SICRO3","Servente",7,null,null,null,21.465699999999998,150.25989999999999]
[{"$nulls":5},"Custo Horário da Mão de Obra =>",null,null,null,180.56270000000001]
[{"$nulls":5},"Adc.M.O. - Ferramentas (0,0%) =>",null,null,null,0]
[{"$nulls":5},"Custo Horário de Execução =>",null,null,null,367.84039999999999]
[{"$nulls":5},"Fator de Influencia da Chuva - FIC =>",null,null,null,0]
[{"$nulls":5},"Custo do FIC =>",null,null,null,0]
[{"$nulls":5},"Produção de Equipe =>",null,null,null,24.9]
[{"$nulls":5},"Custo Unitário de Execução =>",null,null,null,14.7727]
["D","Banco","Código","Atividades Auxiliares","Quantidade","Unidade","Preço Unitário",null,null,"Custo Horário"]
["Atividade Auxiliar","SICRO3",1110000,"Concreto",1,"m³",0,null,null,0]
[{"$nulls":5},"Custo Total das Atividades =>",null,null,null,0]
["E","Banco","Insumo","Tempos Fixos","Código","Quantidade","Unidade","Preço Unitário",null,"Custo Horário"]
["Tempo Fixo","SICRO3",1110000,"Carga, manobra e descarga de concreto com caminhão betoneira - carga em central de concreto de 30 m³/h e descarga livre",5909007,2.4,"t",17.91,null,42.984000000000002]
[{"$nulls":5},"Custo Total dos Tempos Fixos =>",null,null,null,42.984000000000002]
["F","Banco","Insumo","Momento de Transporte","Quantidade","Unidade","Distância Média de Transporte (DMT)",null,null,"Custo Horário"]
[{"$nulls":6},"LN","RP","P"]
["Momento de Transporte","SICRO3",1110000,"Concreto - Caminhão betoneira com capacidade de 8 m³ - 188 kW",2.4,"tkm","5914539\n0,000\nR$ 0,97","5914554\n0,000\nR$ 0,78","5914569\n0,000\nR$ 0,64",0]
[{"$nulls":5},"Custo total dos Momentos de Transportes =>",null,null,null,0]
[{"$nulls":4},"MO sem LS =>",7.2515140562248996,"LS =>",0,"MO com LS =>",7.2515140562248996]
[{"$nulls":4},"Valor do BDI =>",13.03,null,"Valor com BDI =>",null,70.790000000000006]
[{"$nulls":6},"Quant. =>",3268,"Preço Total =>",231341.72]
[]
[" 6.2.5.9 ","Código","Banco","Descrição","Tipo",null,"Und","Quant.","Porcent.","Valor Unit","Total"]
["Composição"," 1100657 ","SICRO3","ADENSAMENTO DE CONCRETO POR VIBRADOR DE IMERSÃO.","",null,"m³",1,null,3.32,3.32]
["A","Código","Banco","Equipamentos","Quantidade","Utilização",null,"Custo Operacional",null,"Custo Horário"]
[{"$nulls":5},"Operativa","Improdutiva","Operativa","Improdutiva"]
["Insumo","E9069","SICRO3","Vibrador de imersão para concreto - 4,10 kW",1,1,0,8.3879000000000001,0.7641,8.3879000000000001]
[{"$nulls":5},"Custo Horário de Equipamentos =>",null,null,null,8.3879000000000001]
["B","Código","Banco","Mão de Obra","Quantidade","Salário Hora",null,null,null,"Custo Horário"]
["Insumo","P9824","SICRO3","Servente",1,null,null,null,21.465699999999998,21.465699999999998]
[{"$nulls":5},"Custo Horário da Mão de Obra =>",null,null,null,21.465699999999998]
[{"$nulls":5},"Adc.M.O. - Ferramentas (0,0%) =>",null,null,null,0]
[{"$nulls":5},"Custo Horário de Execução =>",null,null,null,29.8536]
[{"$nulls":5},"Fator de Influencia da Chuva - FIC =>",null,null,null,0]
[{"$nulls":5},"Custo do FIC =>",null,null,null,0]
[{"$nulls":5},"Produção de Equipe =>",null,null,null,9]
[{"$nulls":5},"Custo Unitário de Execução =>",null,null,null,3.3170999999999999]
[{"$nulls":4},"MO sem LS =>",2.3850777777777776,"LS =>",0,"MO com LS =>",2.3850777777777776]
[{"$nulls":4},"Valor do BDI =>",0.74,null,"Valor com BDI =>",null,4.0599999999999996]
[{"$nulls":6},"Quant. =>",3268,"Preço Total =>",13268.08]
[]
[" 6.2.5.10 ","Código","Banco","Descrição","Tipo",null,"Und","Quant.","Porcent.","Valor Unit","Total"]
["Insumo"," M0006 ","SICRO3","FIBRA DE POLIAMIDA PARA CONCRETO","Material",null,"kg",1,null,27.662600000000001,27.662600000000001]
[{"$nulls":4},"MO sem LS =>",0,"LS =>",0,"MO com LS =>",0]
[{"$nulls":4},"Valor do BDI =>",3.87,null,"Valor com BDI =>",null,31.53]
[{"$nulls":6},"Quant. =>",1960.8,"Preço Total =>",61824.02]
[]
[" 6.2.5.11 ","Código","Banco","Descrição","Tipo",null,"Und","Quant.","Porcent.","Valor Unit","Total"]
["Composição"," 09.90.01 ","EMBASA","EXECUÇÃO DE SOLO-CIMENTO",990,null,"m³",1,null,543.33000000000004,543.33000000000004]
["Insumo"," B010000097 ","EMBASA","SERVENTE","Mão de Obra",null,"H",8.07,null,18.02,145.41999999999999]
["Insumo"," D010000008 ","EMBASA","CIMENTO PORTLAND COMPOSTO CP II-32","Material",null,"KG",164,null,0.75,123]
["Insumo"," D020000006 ","EMBASA","ARENOSO, EXCLUSIVE FRETE","Material",null,"m³",1.51,null,79.84,120.55]
["Insumo"," F030000307 ","EMBASA","GASOLINA","Material",null,"L",0.28220000000000001,null,5.77,1.62]
["Insumo"," H020000524 ","EMBASA","COMPACTADOR A PERCUSSÃO (TIPO SAPO), A COMBUSTÍVEL","Material",null,"H",0.52800000000000002,null,3.3,1.74]
["Insumo"," K010000004 ","EMBASA","FRETE PARA AGREGADOS MIUDOS","Material",null,"m³",1.51,null,100,151]
[{"$nulls":4},"MO sem LS =>",145.41999999999999,"LS =>",0,"MO com LS =>",145.41999999999999]
[{"$nulls":4},"Valor do BDI =>",122.57,null,"Valor com BDI =>",null,665.9]
[{"$nulls":6},"Quant. =>",1024,"Preço Total =>",681881.59999999998]
[]
[" 6.2.6 ",null,null,"DRENAGEM SUPERFICIAL E SUB-SUPERFICAL (FUNDO, SEÇÃO HIDRAULICA E PROTEÇÃO DE TALUDES)",{"$nulls":6},1030453.88]
[" 6.2.6.1 ",null,null,"DRENAGEM SUB-SUPERFICAL",{"$nulls":6},1030453.88]
[" 6.2.6.1.1 ",null,null,"DRENO FINGER",{"$nulls":6},18891.09]
[" 6.2.6.1.1.1 ","Código","Banco","Descrição","Tipo",null,"Und","Quant.","Porcent.","Valor Unit","Total"]
["Composição"," 4816018 ","SICRO3","AREIA EXTRAÍDA COM TRATOR E CARREGADEIRA","",null,"m³",1,null,4.99,4.99]
["A","Código","Banco","Equipamentos","Quantidade","Utilização",null,"Custo Operacional",null,"Custo Horário"]
[{"$nulls":5},"Operativa","Improdutiva","Operativa","Improdutiva"]
["Insumo","E9584","SICRO3","Carregadeira de pneus com capacidade de 1,72 m³ - 113 kW",1,0.68,0.32,203.21250000000001,104.4208,171.5992]
["Insumo","E9042","SICRO3","Trator sobre esteiras com lâmina - 97 kW",1,1,0,256.45519999999999,112.74250000000001,256.45519999999999]
[{"$nulls":5},"Custo Horário de Equipamentos =>",null,null,null,428.05439999999999]
["B","Código","Banco","Mão de Obra","Quantidade","Salário Hora",null,null,null,"Custo Horário"]
["Insumo","P9824","SICRO3","Servente",4,null,null,null,21.465699999999998,85.862799999999993]
[{"$nulls":5},"Custo Horário da Mão de Obra =>",null,null,null,85.862799999999993]
[{"$nulls":5},"Adc.M.O. - Ferramentas (0,0%) =>",null,null,null,0]
[{"$nulls":5},"Custo Horário de Execução =>",null,null,null,513.91719999999998]
[{"$nulls":5},"Fator de Influencia da Chuva - FIC =>",null,null,null,1.43E-2]
[{"$nulls":5},"Custo do FIC =>",null,null,null,7.0199999999999999E-2]
[{"$nulls":5},"Produção de Equipe =>",null,null,null,104.37]
[{"$nulls":5},"Custo Unitário de Execução =>",null,null,null,4.9240000000000004]
[{"$nulls":4},"MO sem LS =>",0.82267701446775898,"LS =>",0,"MO com LS =>",0.82267701446775898]
[{"$nulls":4},"Valor do BDI =>",1.1200000000000001,null,"Valor com BDI =>",null,6.11]
[{"$nulls":6},"Quant. =>",540,"Preço Total =>",3299.4]
[]
[" 6.2.6.1.1.2 ","Código","Banco","Descrição","Tipo",null,"Und","Quant.","Porcent.","Valor Unit","Total"]
["Composição"," 5914351 ","SICRO3","CARGA, MANOBRA E DESCARGA DE AGREGADOS OU SOLOS EM CAMINHÃO BASCULANTE DE 14 M³ - CARGA COM CARREGADEIRA DE 3,40 M³ EDESCARGA LIVRE","",null,"t",1,null,2.61,2.61]
["A","Código","Banco","Equipamentos","Quantidade","Utilização",null,"Custo Operacional",null,"Custo Horário"]
[{"$nulls":5},"Operativa","Improdutiva","Operativa","Improdutiva"]
["Insumo","E9667","SICRO3","Caminhão basculante com capacidade de 14 m³ - 188 kW",3,0.77,0.23,297.32,90.567700000000002,749.30089999999996]
["Insumo","E9511","SICRO3","Carregadeira de pneus com capacidade de 3,40 m³ - 195 kW",1,1,0,442.03,218.85579999999999,442.03]
[{"$nulls":5},"Custo Horário de Equipamentos =>",null,null,null,1191.3308999999999]
[{"$nulls":5},"Custo Horário de Execução =>",null,null,null,1191.3308999999999]
[{"$nulls":5},"Fator de Influencia da Chuva - FIC =>",null,null,null,0]
[{"$nulls":5},"Custo do FIC =>",null,null,null,0]
[{"$nulls":5},"Produção de Equipe =>",null,null,null,457.16]
[{"$nulls":5},"Custo Unitário de Execução =>",null,null,null,2.6059000000000001]
[{"$nulls":4},"MO sem LS =>",0,"LS =>",0,"MO com LS =>",0]
[{"$nulls":4},"Valor do BDI =>",0.57999999999999996,null,"Valor com BDI =>",null,3.19]
[{"$nulls":6},"Quant. =>",810,"Preço Total =>",2583.9]
[]
[" 6.2.6.1.1.3 ","Código","Banco","Descrição","Tipo",null,"Und","Quant.","Porcent.","Valor Unit","Total"]
["Composição"," 5901639 ","SICRO3","TRANSPORTE COM CAMINHÃO BASCULANTE COM CAÇAMBA ESTANQUE COM CAPACIDADE DE 14 M³ - RODOVIA EM LEITO NATURAL.","",null,"tkm",1,null,0.87,0.87]
["A","Código","Banco","Equipamentos","Quantidade","Utilização",null,"Custo Operacional",null,"Custo Horário"]
[{"$nulls":5},"Operativa","Improdutiva","Operativa","Improdutiva"]
["Insumo","E9575","SICRO3","Caminhão basculante com caçamba estanque com capacidade de 14 m³ - 188 kW",1,1,0,297.71420000000001,90.774600000000007,297.71420000000001]
[{"$nulls":5},"Custo Horário de Equipamentos =>",null,null,null,297.71420000000001]
[{"$nulls":5},"Custo Horário de Execução =>",null,null,null,297.71420000000001]
[{"$nulls":5},"Fator de Influencia da Chuva - FIC =>",null,null,null,1.43E-2]
[{"$nulls":5},"Custo do FIC =>",null,null,null,1.2200000000000001E-2]
[{"$nulls":5},"Produção de Equipe =>",null,null,null,348.6]
[{"$nulls":5},"Custo Unitário de Execução =>",null,null,null,0.85399999999999998]
[{"$nulls":4},"MO sem LS =>",0,"LS =>",0,"MO com LS =>",0]
[{"$nulls":4},"Valor do BDI =>",0.19,null,"Valor com BDI =>",null,1.06]
[{"$nulls":6},"Quant. =>",12271.5,"Preço Total =>",13007.79]
[]
[" 6.2.6.1.2 ",null,null,"DRENO DE FUNDO",{"$nulls":6},983146.21]
[" 6.2.6.1.2.1 ","Código","Banco","Descrição","Tipo",null,"Und","Quant.","Porcent.","Valor Unit","Total"]
["Composição"," 5502742 ","SICRO3","ESCAVAÇÃO, CARGA E TRANSPORTE DE MATERIAL DE 3ª CATEGORIA - DMT DE 50 A 200 M - CAMINHO DE SERVIÇO EM LEITO NATURAL COMCAMINHÃO BASCULANTE DE 12 M³","",null,"m³",1,null,40.99,40.99]
["A","Código","Banco","Equipamentos","Quantidade","Utilização",null,"Custo Operacional",null,"Custo Horário"]
[{"$nulls":5},"Operativa","Improdutiva","Operativa","Improdutiva"]
["Insumo","E9672","SICRO3","Caminhão basculante para rocha com capacidade de 12 m³ - 188 kW",2,0.89,0.11,309.83929999999998,108.2497,575.32889999999998]
["Insumo","E9117","SICRO3","Carregadeira de pneus para rocha com capacidade de 2,50 m³ - 105 kW",1,0.78,0.22,359.73469999999998,157.4614,315.2346]
["Insumo","E9646","SICRO3","Compressor de ar portátil de 58,52 l/s (124 PCM) - 27 kW",1,1,0,43.116199999999999,10.8597,43.116199999999999]
["Insumo","E9527","SICRO3","Martelete perfurador/rompedor a ar comprimido de 25 kg para rocha com capacidade de",1,1,0,35.0152,32.827100000000002,35.0152]
["Insumo","E9574","SICRO3","Perfuratriz sobre esteiras - 145 kW",1,1,0,406.70780000000002,181.6712,406.70780000000002]
["Insumo","E9540","SICRO3","Trator sobre esteiras com lâmina - 127 kW",1,0.38,0.62,322.01350000000002,134.76900000000001,205.92189999999999]
[{"$nulls":5},"Custo Horário de Equipamentos =>",null,null,null,1581.3245999999999]
["B","Código","Banco","Mão de Obra","Quantidade","Salário Hora",null,null,null,"Custo Horário"]
["Insumo","P9892","SICRO3","Auxiliar de blaster",2,null,null,null,34.436,68.872]
["Insumo","P9852","SICRO3","Blaster",1,null,null,null,38.045200000000001,38.045200000000001]
[{"$nulls":5},"Custo Horário da Mão de Obra =>",null,null,null,106.91719999999999]
[{"$nulls":5},"Adc.M.O. - Ferramentas (0,0%) =>",null,null,null,0]
[{"$nulls":5},"Custo Horário de Execução =>",null,null,null,1688.2418]
[{"$nulls":5},"Fator de Influencia da Chuva - FIC =>",null,null,null,2.3999999999999998E-3]
[{"$nulls":5},"Custo do FIC =>",null,null,null,6.1699999999999998E-2]
[{"$nulls":5},"Produção de Equipe =>",null,null,null,64.84]
[{"$nulls":5},"Custo Unitário de Execução =>",null,null,null,26.036999999999999]
["C","Banco","Código","Material","Quantidade","Unidade","Preço Unitário",null,null,"Custo Horário"]
["Insumo","SICRO3","M2062","Coroa de botões esféricos linha T38 - D = 64 mm (2 1/2”)",3.4000000000000002E-4,"un",721.71960000000001,null,null,0.24540000000000001]
["Insumo","SICRO3","M2042","Emulsão explosiva encartuchada",0.56232000000000004,"kg",13.049300000000001,null,null,7.3379000000000003]
["Insumo","SICRO3","M2065","Haste linha T38 para perfuratriz sobre esteiras - D = 38,0 mm (1 1/2”) e C = 3,05 m",1.6000000000000001E-4,"un",2083.3042,null,null,0.33329999999999999]
["Insumo","SICRO3","M2066","Luva em aço linha T38 para perfuratriz sobre esteiras - D = 38,0 mm (1 1/2”)",2.5000000000000001E-4,"un",354.3057,null,null,8.8599999999999998E-2]
["Insumo","SICRO3","M2144","Nonel de coluna - C = 6,0 m",0.04,"un",14.9855,null,null,0.59940000000000004]
["Insumo","SICRO3","M2141","Nonel de iniciação para fogacho - C = 6,0 m",0.15714,"un",14.9138,null,null,2.3435999999999999]
["Insumo","SICRO3","M2143","Nonel de ligação - C = 6,0 m",1.5709999999999998E-2,"un",17.517800000000001,null,null,0.2752]
["Insumo","SICRO3","M2146","Nonel iniciador - C = 150,0 m",1.4300000000000001E-3,"un",207.2826,null,null,0.2964]
["Insumo","SICRO3","M2067","Punho linha T38 para perfuratriz sobre esteiras - D = 38 mm (1 1/2”)",1.2999999999999999E-4,"un",1000.3667,null,null,0.13]
["Insumo","SICRO3","M2145","Série de brocas integrais S12",3.3300000000000001E-3,"un",973.28599999999994,null,null,3.2410000000000001]
[{"$nulls":5},"Custo Total do Material =>",null,null,null,14.8908]
[{"$nulls":4},"MO sem LS =>",1.6489389265885257,"LS =>",0,"MO com LS =>",1.6489389265885257]
[{"$nulls":4},"Valor do BDI =>",9.24,null,"Valor com BDI =>",null,50.23]
[{"$nulls":6},"Quant. =>",1158,"Preço Total =>",58166.34]
[]
[" 6.2.6.1.2.2 ","Código","Banco","Descrição","Tipo",null,"Und","Quant.","Porcent.","Valor Unit","Total"]
["Composição"," 4413942 ","SICRO3","ESPALHAMENTO DE MATERIAL EM BOTA-FORA","",null,"m³",1,null,1.97,1.97]
["A","Código","Banco","Equipamentos","Quantidade","Utilização",null,"Custo Operacional",null,"Custo Horário"]
[{"$nulls":5},"Operativa","Improdutiva","Operativa","Improdutiva"]
["Insumo","E9540","SICRO3","Trator sobre esteiras com lâmina - 127 kW",1,1,0,322.01350000000002,134.76900000000001,322.01350000000002]
[{"$nulls":5},"Custo Horário de Equipamentos =>",null,null,null,322.01350000000002]
["B","Código","Banco","Mão de Obra","Quantidade","Salário Hora",null,null,null,"Custo Horário"]
["Insumo","P9824","SICRO3","Servente",1,null,null,null,21.465699999999998,21.465699999999998]
[{"$nulls":5},"Custo Horário da Mão de Obra =>",null,null,null,21.465699999999998]
[{"$nulls":5},"Adc.M.O. - Ferramentas (0,0%) =>",null,null,null,0]
[{"$nulls":5},"Custo Horário de Execução =>",null,null,null,343.47919999999999]
[{"$nulls":5},"Fator de Influencia da Chuva - FIC =>",null,null,null,1.43E-2]
[{"$nulls":5},"Custo do FIC =>",null,null,null,2.7699999999999999E-2]
[{"$nulls":5},"Produção de Equipe =>",null,null,null,176.81]
[{"$nulls":5},"Custo Unitário de Execução =>",null,null,null,1.9426000000000001]
[{"$nulls":4},"MO sem LS =>",0.12140546349188394,"LS =>",0,"MO com LS =>",0.12140546349188394]
[{"$nulls":4},"Valor do BDI =>",0.44,null,"Valor com BDI =>",null,2.41]
[{"$nulls":6},"Quant. =>",1158,"Preço Total =>",2790.78]
[]
[" 6.2.6.1.2.3 ","Código","Banco","Descrição","Tipo",null,"Und","Quant.","Porcent.","Valor Unit","Total"]
["Composição"," 4816018 ","SICRO3","AREIA EXTRAÍDA COM TRATOR E CARREGADEIRA","",null,"m³",1,null,4.99,4.99]
["A","Código","Banco","Equipamentos","Quantidade","Utilização",null,"Custo Operacional",null,"Custo Horário"]
[{"$nulls":5},"Operativa","Improdutiva","Operativa","Improdutiva"]
["Insumo","E9584","SICRO3","Carregadeira de pneus com capacidade de 1,72 m³ - 113 kW",1,0.68,0.32,203.21250000000001,104.4208,171.5992]
["Insumo","E9042","SICRO3","Trator sobre esteiras com lâmina - 97 kW",1,1,0,256.45519999999999,112.74250000000001,256.45519999999999]
[{"$nulls":5},"Custo Horário de Equipamentos =>",null,null,null,428.05439999999999]
["B","Código","Banco","Mão de Obra","Quantidade","Salário Hora",null,null,null,"Custo Horário"]
["Insumo","P9824","SICRO3","Servente",4,null,null,null,21.465699999999998,85.862799999999993]
[{"$nulls":5},"Custo Horário da Mão de Obra =>",null,null,null,85.862799999999993]
[{"$nulls":5},"Adc.M.O. - Ferramentas (0,0%) =>",null,null,null,0]
[{"$nulls":5},"Custo Horário de Execução =>",null,null,null,513.91719999999998]
[{"$nulls":5},"Fator de Influencia da Chuva - FIC =>",null,null,null,1.43E-2]
[{"$nulls":5},"Custo do FIC =>",null,null,null,7.0199999999999999E-2]
[{"$nulls":5},"Produção de Equipe =>",null,null,null,104.37]
[{"$nulls":5},"Custo Unitário de Execução =>",null,null,null,4.9240000000000004]
[{"$nulls":4},"MO sem LS =>",0.82267701446775898,"LS =>",0,"MO com LS =>",0.82267701446775898]
[{"$nulls":4},"Valor do BDI =>",1.1200000000000001,null,"Valor com BDI =>",null,6.11]
[{"$nulls":6},"Quant. =>",1062.4000000000001,"Preço Total =>",6491.26]
[]
[" 6.2.6.1.2.4 ","Código","Banco","Descrição","Tipo",null,"Und","Quant.","Porcent.","Valor Unit","Total"]
["Composição"," 5914657 ","SICRO3","Carga, manobra e descarga de blocos de rocha em caminhão basculante de 8 m³ - carga com retroescavadeira de 0,29 m³ edescarga livre","",null,"t",1,null,17.600000000000001,17.600000000000001]
["A","Código","Banco","Equipamentos","Quantidade","Utilização",null,"Custo Operacional",null,"Custo Horário"]
[{"$nulls":5},"Operativa","Improdutiva","Operativa","Improdutiva"]
["Insumo","E9604","SICRO3","Caminhão basculante para rocha com capacidade de 8 m³ - 210 kW",2,0.56999999999999995,0.43,297.14830000000001,90.430499999999995,416.51929999999999]
["Insumo","E9526","SICRO3","Retroescavadeira de pneus - capacidade da caçamba da pá-carregadeira de 0,76 m³ e da",1,1,0,151.10929999999999,79.652699999999996,151.10929999999999]
[{"$nulls":5},"Custo Horário de Equipamentos =>",null,null,null,567.62860000000001]
[{"$nulls":5},"Custo Horário de Execução =>",null,null,null,567.62860000000001]
[{"$nulls":5},"Fator de Influencia da Chuva - FIC =>",null,null,null,0]
[{"$nulls":5},"Custo do FIC =>",null,null,null,0]
[{"$nulls":5},"Produção de Equipe =>",null,null,null,32.26]
[{"$nulls":5},"Custo Unitário de Execução =>",null,null,null,17.595400000000001]
[{"$nulls":4},"MO sem LS =>",0,"LS =>",0,"MO com LS =>",0]
[{"$nulls":4},"Valor do BDI =>",3.97,null,"Valor com BDI =>",null,21.57]
[{"$nulls":6},"Quant. =>",298.91000000000003,"Preço Total =>",6447.48]
[]
[" 6.2.6.1.2.5 ","Código","Banco","Descrição","Tipo",null,"Und","Quant.","Porcent.","Valor Unit","Total"]
["Composição"," 5914346 ","SICRO3","Transporte de material de 3ª categoria com caminhão basculante de 8 m³ para rocha - rodovia em leito natural","",null,"tkm",1,null,1.68,1.68]
["A","Código","Banco","Equipamentos","Quantidade","Utilização",null,"Custo Operacional",null,"Custo Horário"]
[{"$nulls":5},"Operativa","Improdutiva","Operativa","Improdutiva"]
["Insumo","E9604","SICRO3","Caminhão basculante para rocha com capacidade de 8 m³ - 210 kW",1,1,0,297.14830000000001,90.430499999999995,297.14830000000001]
[{"$nulls":5},"Custo Horário de Equipamentos =>",null,null,null,297.14830000000001]
[{"$nulls":5},"Custo Horário de Execução =>",null,null,null,297.14830000000001]
[{"$nulls":5},"Fator de Influencia da Chuva - FIC =>",null,null,null,1.43E-2]
[{"$nulls":5},"Custo do FIC =>",null,null,null,2.3599999999999999E-2]
[{"$nulls":5},"Produção de Equipe =>",null,null,null,179.28]
[{"$nulls":5},"Custo Unitário de Execução =>",null,null,null,1.6575]
[{"$nulls":4},"MO sem LS =>",0,"LS =>",0,"MO com LS =>",0]
[{"$nulls":4},"Valor do BDI =>",0.37,null,"Valor com BDI =>",null,2.0499999999999998]
[{"$nulls":6},"Quant. =>",3954.55,"Preço Total =>",8106.82]
[]
[" 6.2.6.1.2.6 ","Código","Banco","Descrição","Tipo",null,"Und","Quant.","Porcent.","Valor Unit","Total"]
["Composição"," 4816012 ","SICRO3","Brita produzida em central de britagem de 80 m³/h","",null,"m³",1,null,53.94,53.94]
["A","Código","Banco","Equipamentos","Quantidade","Utilização",null,"Custo Operacional",null,"Custo Horário"]
[{"$nulls":5},"Operativa","Improdutiva","Operativa","Improdutiva"]
["Insumo","E9117","SICRO3","Carregadeira de pneus para rocha com capacidade de 2,50 m³ - 105 kW",1,0.46,0.54,359.73469999999998,157.4614,250.50710000000001]
["Insumo","E9611","SICRO3","Conjunto de britagem com capacidade de 80 m³/h - 313 kW",1,1,0,995.71289999999999,648.64750000000004,995.71289999999999]
["Insumo","E9765","SICRO3","Grupo gerador - 569 kVA",1,1,0,490.92020000000002,29.088000000000001,490.92020000000002]
[{"$nulls":5},"Custo Horário de Equipamentos =>",null,null,null,1737.1402]
["B","Código","Banco","Mão de Obra","Quantidade","Salário Hora",null,null,null,"Custo Horário"]
["Insumo","P9824","SICRO3","Servente",8,null,null,null,21.465699999999998,171.72559999999999]
[{"$nulls":5},"Custo Horário da Mão de Obra =>",null,null,null,171.72559999999999]
[{"$nulls":5},"Adc.M.O. - Ferramentas (0,0%) =>",null,null,null,0]
[{"$nulls":5},"Custo Horário de Execução =>",null,null,null,1908.8658]
[{"$nulls":5},"Fator de Influencia da Chuva - FIC =>",null,null,null,2.3999999999999998E-3]
[{"$nulls":5},"Custo do FIC =>",null,null,null,6.8099999999999994E-2]
[{"$nulls":5},"Produção de Equipe =>",null,null,null,66.400000000000006]
[{"$nulls":5},"Custo Unitário de Execução =>",null,null,null,28.748000000000001]
["C","Banco","Código","Material","Quantidade","Unidade","Preço Unitário",null,null,"Custo Horário"]
["Insumo","SICRO3","M2115","Cunha lateral inferior para britador",2.0000000000000002E-5,"un",1906.0084999999999,null,null,3.8100000000000002E-2]
["Insumo","SICRO3","M2114","Cunha lateral superior para britador",1.0000000000000001E-5,"un",2444.7143000000001,null,null,2.4400000000000002E-2]
["Insumo","SICRO3","M2111","Mandíbula fixa para britador - abertura de alimentação com L = 930 mm",6.0000000000000002E-5,"un",32034.5798,null,null,1.9220999999999999]
["Insumo","SICRO3","M2110","Mandíbula móvel para britador - abertura de alimentação com L = 930 mm",4.0000000000000003E-5,"un",24230.054,null,null,0.96919999999999995]
["Insumo","SICRO3","M2112","Manta do britador cônico HP200 ou similar",3.0000000000000001E-5,"un",21230.413400000001,null,null,0.63690000000000002]
["Insumo","SICRO3","M2113","Revestimento do bojo interno do britador cônico HP200 ou similar",4.0000000000000003E-5,"un",24245.382099999999,null,null,0.9698]
[{"$nulls":5},"Custo Total do Material =>",null,null,null,4.5605000000000002]
["D","Banco","Código","Atividades Auxiliares","Quantidade","Unidade","Preço Unitário",null,null,"Custo Horário"]
["Atividade Auxiliar","SICRO3",4816010,"Rocha para britagem com perfuratriz sobre esteira",0.56999999999999995,"m³",36.08,null,null,20.5656]
[{"$nulls":5},"Custo Total das Atividades =>",null,null,null,20.5656]
[{"$nulls":4},"MO sem LS =>",3.3253775156626504,"LS =>",0,"MO com LS =>",3.3253775390707769]
[{"$nulls":4},"Valor do BDI =>",12.16,null,"Valor com BDI =>",null,66.099999999999994]
[{"$nulls":6},"Quant. =>",349.81,"Preço Total =>",23122.44]
[]
[" 6.2.6.1.2.7 ","Código","Banco","Descrição","Tipo",null,"Und","Quant.","Porcent.","Valor Unit","Total"]
["Composição"," 5914351 ","SICRO3","CARGA, MANOBRA E DESCARGA DE AGREGADOS OU SOLOS EM CAMINHÃO BASCULANTE DE 14 M³ - CARGA COM CARREGADEIRA DE 3,40 M³ EDESCARGA LIVRE","",null,"t",1,null,2.61,2.61]
["A","Código","Banco","Equipamentos","Quantidade","Utilização",null,"Custo Operacional",null,"Custo Horário"]
[{"$nulls":5},"Operativa","Improdutiva","Operativa","Improdutiva"]
["Insumo","E9667","SICRO3","Caminhão basculante com capacidade de 14 m³ - 188 kW",3,0.77,0.23,297.32,90.567700000000002,749.30089999999996]
["Insumo","E9511","SICRO3","Carregadeira de pneus com capacidade de 3,40 m³ - 195 kW",1,1,0,442.03,218.85579999999999,442.03]
[{"$nulls":5},"Custo Horário de Equipamentos =>",null,null,null,1191.3308999999999]
[{"$nulls":5},"Custo Horário de Execução =>",null,null,null,1191.3308999999999]
[{"$nulls":5},"Fator de Influencia da Chuva - FIC =>",null,null,null,0]
[{"$nulls":5},"Custo do FIC =>",null,null,null,0]
[{"$nulls":5},"Produção de Equipe =>",null,null,null,457.16]
[{"$nulls":5},"Custo Unitário de Execução =>",null,null,null,2.6059000000000001]
[{"$nulls":4},"MO sem LS =>",0,"LS =>",0,"MO com LS =>",0]
[{"$nulls":4},"Valor do BDI =>",0.57999999999999996,null,"Valor com BDI =>",null,3.19]
[{"$nulls":6},"Quant. =>",2118.3200000000002,"Preço Total =>",6757.44]
[]
[" 6.2.6.1.2.8 ","Código","Banco","Descrição","Tipo",null,"Und","Quant.","Porcent.","Valor Unit","Total"]
["Composição"," 5901639 ","SICRO3","TRANSPORTE COM CAMINHÃO BASCULANTE COM CAÇAMBA ESTANQUE COM CAPACIDADE DE 14 M³ - RODOVIA EM LEITO NATURAL.","",null,"tkm",1,null,0.87,0.87]
["A","Código","Banco","Equipamentos","Quantidade","Utilização",null,"Custo Operacional",null,"Custo Horário"]
[{"$nulls":5},"Operativa","Improdutiva","Operativa","Improdutiva"]
["Insumo","E9575","SICRO3","Caminhão basculante com caçamba estanque com capacidade de 14 m³ - 188 kW",1,1,0,297.71420000000001,90.774600000000007,297.71420000000001]
[{"$nulls":5},"Custo Horário de Equipamentos =>",null,null,null,297.71420000000001]
[{"$nulls":5},"Custo Horário de Execução =>",null,null,null,297.71420000000001]
[{"$nulls":5},"Fator de Influencia da Chuva - FIC =>",null,null,null,1.43E-2]
[{"$nulls":5},"Custo do FIC =>",null,null,null,1.2200000000000001E-2]
[{"$nulls":5},"Produção de Equipe =>",null,null,null,348.6]
[{"$nulls":5},"Custo Unitário de Execução =>",null,null,null,0.85399999999999998]
[{"$nulls":4},"MO sem LS =>",0,"LS =>",0,"MO com LS =>",0]
[{"$nulls":4},"Valor do BDI =>",0.19,null,"Valor com BDI =>",null,1.06]
[{"$nulls":6},"Quant. =>",25795.9,"Preço Total =>",27343.65]
[]
[" 6.2.6.1.2.9 ","Código","Banco","Descrição","Tipo",null,"Und","Quant.","Porcent.","Valor Unit","Total"]
["Composição"," 11.10.01 ","EMBASA","FORNEC. E COLOCACAO DE MANTA GEOTEXTIL NAO TECIDA C/ GRAMATURA DE 200 g/m² A 220 g/m²",1110,null,"m²",1,null,7.13,7.13]
["Insumo"," B010000097 ","EMBASA","SERVENTE","Mão de Obra",null,"H",0.05,null,18.02,0.9]
["Insumo"," D220000103 ","EMBASA","MANTA GEOTEXTIL NÃO TECIDO RT-10, RESISTENCIA A TRAÇÃO=10 kN/M (ANTIGO BIDIM\n\nOP-20 OU SIMILAR)","Material",null,"m²",1.05,null,5.94,6.23]
[{"$nulls":4},"MO sem LS =>",0.9,"LS =>",0,"MO com LS =>",0.9]
[{"$nulls":4},"Valor do BDI =>",1.6,null,"Valor com BDI =>",null,8.73]
[{"$nulls":6},"Quant. =>",8000,"Preço Total =>",69840]
[]
[" 6.2.6.1.2.10 ","Código","Banco","Descrição","Tipo",null,"Und","Quant.","Porcent.","Valor Unit","Total"]
["Insumo"," 00041780 ","SINAPI","TUBO CORRUGADO PEAD, PAREDE DUPLA, INTERNA LISA, JEI, DN/DI 300 MM, PARA SANEAMENTO (DRENAGEM/ESGOTO)","Material",null,"M",1,null,212.16,212.16]
[{"$nulls":4},"MO sem LS =>",0,"LS =>",0,"MO com LS =>",0]
[{"$nulls":4},"Valor do BDI =>",29.74,null,"Valor com BDI =>",null,241.9]
[{"$nulls":6},"Quant. =>",3200,"Preço Total =>",774080]
[]
[" 6.2.6.1.3 ",null,null,"CAIXA DE MEDIÇÃO DE VAZÃO / DESAGUE DRENO DE FUNDO",{"$nulls":6},23191.58]
[" 6.2.6.1.3.1 ","Código","Banco","Descrição","Tipo",null,"Und","Quant.","Porcent.","Valor Unit","Total"]
["Composição"," 1106135 ","SICRO3","CONCRETO FCK = 25 MPA - CONFECÇÃO EM CENTRAL DOSADORA DE 30 M³/H - AREIA EXTRAÍDA E BRITA PRODUZIDA","",null,"m³",1,null,281.93,281.93]
["A","Código","Banco","Equipamentos","Quantidade","Utilização",null,"Custo Operacional",null,"Custo Horário"]
[{"$nulls":5},"Operativa","Improdutiva","Operativa","Improdutiva"]
["Insumo","E9584","SICRO3","Carregadeira de pneus com capacidade de 1,72 m³ - 113 kW",1,0.34,0.66,203.21250000000001,104.4208,138.01]
["Insumo","E9599","SICRO3","Central de concreto com capacidade de 30 m³/h - dosadora RS",1,1,0,79.077200000000005,64.673599999999993,79.077200000000005]
["Insumo","E9779","SICRO3","Grupo gerador - 113 kVA",1,1,0,101.1589,8.4064999999999994,101.1589]
[{"$nulls":5},"Custo Horário de Equipamentos =>",null,null,null,318.24610000000001]
["B","Código","Banco","Mão de Obra","Quantidade","Salário Hora",null,null,null,"Custo Horário"]
["Insumo","P9824","SICRO3","Servente",2,null,null,null,21.465699999999998,42.931399999999996]
[{"$nulls":5},"Custo Horário da Mão de Obra =>",null,null,null,42.931399999999996]
[{"$nulls":5},"Adc.M.O. - Ferramentas (0,0%) =>",null,null,null,0]
[{"$nulls":5},"Custo Horário de Execução =>",null,null,null,361.17750000000001]
[{"$nulls":5},"Fator de Influencia da Chuva - FIC =>",null,null,null,0]
[{"$nulls":5},"Custo do FIC =>",null,null,null,0]
[{"$nulls":5},"Produção de Equipe =>",null,null,null,24.9]
[{"$nulls":5},"Custo Unitário de Execução =>",null,null,null,14.505100000000001]
["C","Banco","Código","Material","Quantidade","Unidade","Preço Unitário",null,null,"Custo Horário"]
["Insumo","SICRO3","M0030","Aditivo plastificante e retardador de pega para concreto e argamassa",0.89256999999999997,"kg",6.5956999999999999,null,null,5.8871000000000002]
["Insumo","SICRO3","M0424","Cimento Portland CP II - 32 - saco",297.52373999999998,"kg",0.66949999999999998,null,null,199.19210000000001]
[{"$nulls":5},"Custo Total do Material =>",null,null,null,205.07919999999999]
["D","Banco","Código","Atividades Auxiliares","Quantidade","Unidade","Preço Unitário",null,null,"Custo Horário"]
["Atividade Auxiliar","SICRO3",4816012,"Brita produzida em central de britagem de 80 m³/h",0.73507999999999996,"m³",53.84,null,null,39.576700000000002]
["Atividade Auxiliar","SICRO3",4816020,"Areia extraída com draga de sucção tipo bomba",0.62465000000000004,"m³",11.74,null,null,7.3334000000000001]
[{"$nulls":5},"Custo Total das Atividades =>",null,null,null,46.9101]
["E","Banco","Insumo","Tempos Fixos","Código","Quantidade","Unidade","Preço Unitário",null,"Custo Horário"]
["Tempo Fixo","SICRO3",4816020,"Carga, manobra e descarga de agregados ou solos em caminhão basculante de 10 m³ - carga com carregadeira de 3,40 m³ edescarga livre",5915407,0.93698000000000004,"t",2.72,null,2.5486]
["Tempo Fixo","SICRO3",4816012,"Carga, manobra e descarga de agregados ou solos em caminhão basculante de 10 m³ - carga com carregadeira de 3,40 m³ edescarga livre",5915407,1.1026199999999999,"t",2.72,null,2.9990999999999999]
["Tempo Fixo","SICRO3","M0030","Carga, manobra e descarga de materiais diversos em caminhão carroceria de 15 t - carga e descarga manuais",5914655,8.8999999999999995E-4,"t",33.15,null,2.9499999999999998E-2]
["Tempo Fixo","SICRO3","M0424","Carga, manobra e descarga de materiais diversos em caminhão carroceria de 15 t - carga e descarga manuais",5914655,0.29752000000000001,"t",33.15,null,9.8628]
[{"$nulls":5},"Custo Total dos Tempos Fixos =>",null,null,null,15.44]
["F","Banco","Insumo","Momento de Transporte","Quantidade","Unidade","Distância Média de Transporte (DMT)",null,null,"Custo Horário"]
[{"$nulls":6},"LN","RP","P"]
["Momento de Transporte","SICRO3",4816020,"Areia extraída com draga de sucção tipo bomba - Caminhão basculante com capacidade de 10 m³ - 188 kW",0.93698000000000004,"tkm","5914359\n0,000\nR$ 1,19","5914374\n0,000\nR$ 0,95","5914389\n0,000\nR$ 0,79",0]
["Momento de Transporte","SICRO3",4816012,"Brita produzida em central de britagem de 80 m³/h - Caminhão basculante com capacidade de 10 m³ - 188 kW",1.1026199999999999,"tkm","5914359\n0,000\nR$ 1,19","5914374\n0,000\nR$ 0,95","5914389\n0,000\nR$ 0,79",0]
["Momento de Transporte","SICRO3","M0030","Aditivo plastificante e retardador de pega para concreto e argamassa - Caminhão carroceria com capacidade de 15 t - 188 kW",8.8999999999999995E-4,"tkm","5914449\n0,000\nR$ 1,08","5914464\n0,000\nR$ 0,86","5914479\n0,000\nR$ 0,71",0]
["Momento de Transporte","SICRO3","M0424","Cimento Portland CP II - 32 - saco - Caminhão carroceria com capacidade de 15 t - 188 kW",0.29752000000000001,"tkm","5914449\n0,000\nR$ 1,08","5914464\n0,000\nR$ 0,86","5914479\n0,000\nR$ 0,71",0]
[{"$nulls":5},"Custo total dos Momentos de Transportes =>",null,null,null,0]
[{"$nulls":4},"MO sem LS =>",9.2024484104417663,"LS =>",0,"MO com LS =>",9.2024484438461478]
[{"$nulls":4},"Valor do BDI =>",63.6,null,"Valor com BDI =>",null,345.53]
[{"$nulls":6},"Quant. =>",11.07,"Preço Total =>",3825.01]
[]
[" 6.2.6.1.3.2 ","Código","Banco","Descrição","Tipo",null,"Und","Quant.","Porcent.","Valor Unit","Total"]
["Composição"," 5914539 ","SICRO3","TRANSPORTE COM CAMINHÃO BETONEIRA - RODOVIA EM LEITO NATURAL.","",null,"tkm",1,null,0.98,0.98]
["A","Código","Banco","Equipamentos","Quantidade","Utilização",null,"Custo Operacional",null,"Custo Horário"]
[{"$nulls":5},"Operativa","Improdutiva","Operativa","Improdutiva"]
["Insumo","E9600","SICRO3","Caminhão betoneira com capacidade de 8 m³ - 188 kW",1,1,0,307.62630000000001,107.0881,307.62630000000001]
[{"$nulls":5},"Custo Horário de Equipamentos =>",null,null,null,307.62630000000001]
[{"$nulls":5},"Custo Horário de Execução =>",null,null,null,307.62630000000001]
[{"$nulls":5},"Fator de Influencia da Chuva - FIC =>",null,null,null,1.43E-2]
[{"$nulls":5},"Custo do FIC =>",null,null,null,1.38E-2]
[{"$nulls":5},"Produção de Equipe =>",null,null,null,318.72000000000003]
[{"$nulls":5},"Custo Unitário de Execução =>",null,null,null,0.96519999999999995]
[{"$nulls":4},"MO sem LS =>",0,"LS =>",0,"MO com LS =>",0]
[{"$nulls":4},"Valor do BDI =>",0.22,null,"Valor com BDI =>",null,1.2]
[{"$nulls":6},"Quant. =>",79.703999999999994,"Preço Total =>",95.64]
[]
[" 6.2.6.1.3.3 ","Código","Banco","Descrição","Tipo",null,"Und","Quant.","Porcent.","Valor Unit","Total"]
["Composição"," 1100657 ","SICRO3","ADENSAMENTO DE CONCRETO POR VIBRADOR DE IMERSÃO.","",null,"m³",1,null,3.32,3.32]
["A","Código","Banco","Equipamentos","Quantidade","Utilização",null,"Custo Operacional",null,"Custo Horário"]
[{"$nulls":5},"Operativa","Improdutiva","Operativa","Improdutiva"]
["Insumo","E9069","SICRO3","Vibrador de imersão para concreto - 4,10 kW",1,1,0,8.3879000000000001,0.7641,8.3879000000000001]
[{"$nulls":5},"Custo Horário de Equipamentos =>",null,null,null,8.3879000000000001]
["B","Código","Banco","Mão de Obra","Quantidade","Salário Hora",null,null,null,"Custo Horário"]
["Insumo","P9824","SICRO3","Servente",1,null,null,null,21.465699999999998,21.465699999999998]
[{"$nulls":5},"Custo Horário da Mão de Obra =>",null,null,null,21.465699999999998]
[{"$nulls":5},"Adc.M.O. - Ferramentas (0,0%) =>",null,null,null,0]
[{"$nulls":5},"Custo Horário de Execução =>",null,null,null,29.8536]
[{"$nulls":5},"Fator de Influencia da Chuva - FIC =>",null,null,null,0]
[{"$nulls":5},"Custo do FIC =>",null,null,null,0]
[{"$nulls":5},"Produção de Equipe =>",null,null,null,9]
[{"$nulls":5},"Custo Unitário de Execução =>",null,null,null,3.3170999999999999]
[{"$nulls":4},"MO sem LS =>",2.3850777777777776,"LS =>",0,"MO com LS =>",2.3850777777777776]
[{"$nulls":4},"Valor do BDI =>",0.74,null,"Valor com BDI =>",null,4.0599999999999996]
[{"$nulls":6},"Quant. =>",11.07,"Preço Total =>",44.94]
[]
[" 6.2.6.1.3.4 ","Código","Banco","Descrição","Tipo",null,"Und","Quant.","Porcent.","Valor Unit","Total"]
["Composição"," 0407819 ","SICRO3","ARMAÇÃO EM AÇO CA-50 - FORNECIMENTO, PREPARO E COLOCAÇÃO.","",null,"kg",1,null,11.88,11.88]
["B","Código","Banco","Mão de Obra","Quantidade","Salário Hora",null,null,null,"Custo Horário"]
["Insumo","P9801","SICRO3","Ajudante",0.09,null,null,null,22.478899999999999,2.0230999999999999]
["Insumo","P9805","SICRO3","Armador",0.09,null,null,null,30.334199999999999,2.7301000000000002]
[{"$nulls":5},"Custo Horário da Mão de Obra =>",null,null,null,4.7531999999999996]
[{"$nulls":5},"Adc.M.O. - Ferramentas (0,0%) =>",null,null,null,0]
[{"$nulls":5},"Custo Horário de Execução =>",null,null,null,4.7531999999999996]
[{"$nulls":5},"Fator de Influencia da Chuva - FIC =>",null,null,null,0]
[{"$nulls":5},"Custo do FIC =>",null,null,null,0]
[{"$nulls":5},"Produção de Equipe =>",null,null,null,1]
[{"$nulls":5},"Custo Unitário de Execução =>",null,null,null,4.7531999999999996]
["C","Banco","Código","Material","Quantidade","Unidade","Preço Unitário",null,null,"Custo Horário"]
["Insumo","SICRO3","M0004","Aço CA 50",1.1000000000000001,"kg",6.2881,null,null,6.9169]
["Insumo","SICRO3","M0075","Arame liso recozido em aço-carbono - D = 1,24 mm (18 BWG)",1.4999999999999999E-2,"kg",11.658799999999999,null,null,0.1749]
[{"$nulls":5},"Custo Total do Material =>",null,null,null,7.0918000000000001]
["E","Banco","Insumo","Tempos Fixos","Código","Quantidade","Unidade","Preço Unitário",null,"Custo Horário"]
["Tempo Fixo","SICRO3","M0004","Carga, manobra e descarga de materiais diversos em caminhão carroceria de 15 t - carga e descarga manuais",5914655,1.1000000000000001E-3,"t",33.15,null,3.6499999999999998E-2]
["Tempo Fixo","SICRO3","M0075","Carga, manobra e descarga de materiais diversos em caminhão carroceria de 15 t - carga e descarga manuais",5914655,2.0000000000000002E-5,"t",33.15,null,6.9999999999999999E-4]
[{"$nulls":5},"Custo Total dos Tempos Fixos =>",null,null,null,3.7199999999999997E-2]
["F","Banco","Insumo","Momento de Transporte","Quantidade","Unidade","Distância Média de Transporte (DMT)",null,null,"Custo Horário"]
[{"$nulls":6},"LN","RP","P"]
["Momento de Transporte","SICRO3","M0004","Aço CA 50 - Caminhão carroceria com capacidade de 15 t - 188 kW",1.1000000000000001E-3,"tkm","5914449\n0,000\nR$ 1,08","5914464\n0,000\nR$ 0,86","5914479\n0,000\nR$ 0,71",0]
["Momento de Transporte","SICRO3","M0075","Arame liso recozido em aço-carbono - D = 1,24 mm (18 BWG) - Caminhão carroceria com capacidade de 15 t - 188 kW",2.0000000000000002E-5,"tkm","5914449\n0,000\nR$ 1,08","5914464\n0,000\nR$ 0,86","5914479\n0,000\nR$ 0,71",0]
[{"$nulls":5},"Custo total dos Momentos de Transportes =>",null,null,null,0]
[{"$nulls":4},"MO sem LS =>",4.765362235135135,"LS =>",0,"MO com LS =>",4.765362235135135]
[{"$nulls":4},"Valor do BDI =>",2.68,null,"Valor com BDI =>",null,14.56]
[{"$nulls":6},"Quant. =>",719.55,"Preço Total =>",10476.64]
[]
[" 6.2.6.1.3.5 ","Código","Banco","Descrição","Tipo",null,"Und","Quant.","Porcent.","Valor Unit","Total"]
["Composição"," 3107997 ","SICRO3","FÔRMAS DE COMPENSADO RESINADO 10 MM - USO GERAL - UTILIZAÇÃO DE 3 VEZES - CONFECÇÃO, INSTALAÇÃO E RETIRADA","",null,"m²",1,null,81.96,81.96]
["A","Código","Banco","Equipamentos","Quantidade","Utilização",null,"Custo Operacional",null,"Custo Horário"]
[{"$nulls":5},"Operativa","Improdutiva","Operativa","Improdutiva"]
["Insumo","E9066","SICRO3","Grupo gerador - 14 kVA",4.0160000000000001E-2,1,0,17.8385,4.6101000000000001,0.71640000000000004]
["Insumo","E9535","SICRO3","Serra circular com bancada - D = 30 cm - 4 kW",4.0160000000000001E-2,1,0,31.252500000000001,30.8993,1.2551000000000001]
[{"$nulls":5},"Custo Horário de Equipamentos =>",null,null,null,1.9715]
["B","Código","Banco","Mão de Obra","Quantidade","Salário Hora",null,null,null,"Custo Horário"]
["Insumo","P9801","SICRO3","Ajudante",0.7,null,null,null,22.478899999999999,15.735200000000001]
["Insumo","P9808","SICRO3","Carpinteiro",0.7,null,null,null,30.3432,21.240200000000002]
[{"$nulls":5},"Custo Horário da Mão de Obra =>",null,null,null,36.9754]
[{"$nulls":5},"Adc.M.O. - Ferramentas (0,0%) =>",null,null,null,0]
[{"$nulls":5},"Custo Horário de Execução =>",null,null,null,38.946899999999999]
[{"$nulls":5},"Fator de Influencia da Chuva - FIC =>",null,null,null,0]
[{"$nulls":5},"Custo do FIC =>",null,null,null,0]
[{"$nulls":5},"Produção de Equipe =>",null,null,null,1]
[{"$nulls":5},"Custo Unitário de Execução =>",null,null,null,38.946899999999999]
["C","Banco","Código","Material","Quantidade","Unidade","Preço Unitário",null,null,"Custo Horário"]
["Insumo","SICRO3","M0284","Caibro de pinho - L = 7,5 cm e E = 7,5 cm",0.44922000000000001,"m",16.706299999999999,null,null,7.5048000000000004]
["Insumo","SICRO3","M0446","Compensado resinado - E = 10 mm",0.40429999999999999,"m²",33.758899999999997,null,null,13.6487]
["Insumo","SICRO3","M0560","Desmoldante para fôrmas de madeira",1.8519999999999998E-2,"l",12.788600000000001,null,null,0.23680000000000001]
["Insumo","SICRO3","M0310","Peça de madeira - L = 7,5 cm e E = 2,5 cm",0.19908000000000001,"m",5.2,null,null,1.0351999999999999]
["Insumo","SICRO3","M1205","Prego de ferro",0.20394999999999999,"kg",15.58,null,null,3.1775000000000002]
["Insumo","SICRO3","M0290","Tábua - E = 2,5 cm e L = 10 cm",2.0900300000000001,"m",5.0838000000000001,null,null,10.625299999999999]
["Insumo","SICRO3","M0286","Tábua - E = 2,5 cm e L = 30 cm",0.35937999999999998,"m",17.498100000000001,null,null,6.2885]
[{"$nulls":5},"Custo Total do Material =>",null,null,null,42.516800000000003]
["E","Banco","Insumo","Tempos Fixos","Código","Quantidade","Unidade","Preço Unitário",null,"Custo Horário"]
["Tempo Fixo","SICRO3","M0284","Carga, manobra e descarga de materiais diversos em caminhão carroceria de 15 t - carga e descarga manuais",5914655,2.5300000000000001E-3,"t",33.15,null,8.3900000000000002E-2]
["Tempo Fixo","SICRO3","M0446","Carga, manobra e descarga de materiais diversos em caminhão carroceria de 15 t - carga e descarga manuais",5914655,4.0400000000000002E-3,"t",33.15,null,0.13389999999999999]
["Tempo Fixo","SICRO3","M0560","Carga, manobra e descarga de materiais diversos em caminhão carroceria de 15 t - carga e descarga manuais",5914655,2.0000000000000002E-5,"t",33.15,null,6.9999999999999999E-4]
["Tempo Fixo","SICRO3","M0310","Carga, manobra e descarga de materiais diversos em caminhão carroceria de 15 t - carga e descarga manuais",5914655,3.6999999999999999E-4,"t",33.15,null,1.23E-2]
["Tempo Fixo","SICRO3","M1205","Carga, manobra e descarga de materiais diversos em caminhão carroceria de 15 t - carga e descarga manuais",5914655,2.0000000000000001E-4,"t",33.15,null,6.6E-3]
["Tempo Fixo","SICRO3","M0290","Carga, manobra e descarga de materiais diversos em caminhão carroceria de 15 t - carga e descarga manuais",5914655,5.2300000000000003E-3,"t",33.15,null,0.1734]
["Tempo Fixo","SICRO3","M0286","Carga, manobra e descarga de materiais diversos em caminhão carroceria de 15 t - carga e descarga manuais",5914655,2.7000000000000001E-3,"t",33.15,null,8.9499999999999996E-2]
[{"$nulls":5},"Custo Total dos Tempos Fixos =>",null,null,null,0.50029999999999997]
["F","Banco","Insumo","Momento de Transporte","Quantidade","Unidade","Distância Média de Transporte (DMT)",null,null,"Custo Horário"]
[{"$nulls":6},"LN","RP","P"]
["Momento de Transporte","SICRO3","M0284","Caibro de pinho - L = 7,5 cm e E = 7,5 cm - Caminhão carroceria com capacidade de 15 t - 188 kW",2.5300000000000001E-3,"tkm","5914449\n0,000\nR$ 1,08","5914464\n0,000\nR$ 0,86","5914479\n0,000\nR$ 0,71",0]
["Momento de Transporte","SICRO3","M0446","Compensado resinado - E = 10 mm - Caminhão carroceria com capacidade de 15 t - 188 kW",4.0400000000000002E-3,"tkm","5914449\n0,000\nR$ 1,08","5914464\n0,000\nR$ 0,86","5914479\n0,000\nR$ 0,71",0]
["Momento de Transporte","SICRO3","M0560","Desmoldante para fôrmas de madeira - Caminhão carroceria com capacidade de 15 t - 188 kW",2.0000000000000002E-5,"tkm","5914449\n0,000\nR$ 1,08","5914464\n0,000\nR$ 0,86","5914479\n0,000\nR$ 0,71",0]
["Momento de Transporte","SICRO3","M0310","Peça de madeira - L = 7,5 cm e E = 2,5 cm - Caminhão carroceria com capacidade de 15 t - 188 kW",3.6999999999999999E-4,"tkm","5914449\n0,000\nR$ 1,08","5914464\n0,000\nR$ 0,86","5914479\n0,000\nR$ 0,71",0]
["Momento de Transporte","SICRO3","M1205","Prego de ferro - Caminhão carroceria com capacidade de 15 t - 188 kW",2.0000000000000001E-4,"tkm","5914449\n0,000\nR$ 1,08","5914464\n0,000\nR$ 0,86","5914479\n0,000\nR$ 0,71",0]
["Momento de Transporte","SICRO3","M0290","Tábua - E = 2,5 cm e L = 10 cm - Caminhão carroceria com capacidade de 15 t - 188 kW",5.2300000000000003E-3,"tkm","5914449\n0,000\nR$ 1,08","5914464\n0,000\nR$ 0,86","5914479\n0,000\nR$ 0,71",0]
["Momento de Transporte","SICRO3","M0286","Tábua - E = 2,5 cm e L = 30 cm - Caminhão carroceria com capacidade de 15 t - 188 kW",2.7000000000000001E-3,"tkm","5914449\n0,000\nR$ 1,08","5914464\n0,000\nR$ 0,86","5914479\n0,000\nR$ 0,71",0]
[{"$nulls":5},"Custo total dos Momentos de Transportes =>",null,null,null,0]
[{"$nulls":4},"MO sem LS =>",37.139617337668916,"LS =>",0,"MO com LS =>",37.139617337668916]
[{"$nulls":4},"Valor do BDI =>",18.489999999999998,null,"Valor com BDI =>",null,100.45]
[{"$nulls":6},"Quant. =>",84.06,"Preço Total =>",8443.82]
[]
[" 6.2.6.1.3.6 ","Código","Banco","Descrição","Tipo",null,"Und","Quant.","Porcent.","Valor Unit","Total"]
["Composição"," 040338 ","SBC","CIMBRAMENTO METALICO","ESTRUTURA",null,"M3/M",1,null,22.52,22.52]
["Insumo"," 000862 ","SBC","TUBO METALICO EQUIPADO PARA CIMBRAMENTO (DIAMETRO DA SECAO 1 1/2 \")","Material",null,"M/MES",0.65200000000000002,null,25.73,16.77]
["Insumo"," 000872 ","SBC","GASTALHO PARA VIGAS DE ANCORAGEM (CIMBRAMENTO)","Material",null,"MES",0.48,null,3.35,1.6]
["Insumo"," 099450 ","SBC","AJUDANTE ESPECIALIZADO","Mão de Obra",null,"H",0.30099999999999999,null,13.79,4.1500000000000004]
[{"$nulls":4},"MO sem LS =>",4.1500000000000004,"LS =>",0,"MO com LS =>",4.1500000000000004]
[{"$nulls":4},"Valor do BDI =>",5.08,null,"Valor com BDI =>",null,27.6]
[{"$nulls":6},"Quant. =>",11.07,"Preço Total =>",305.52999999999997]
[]
[" 6.2.6.1.4 ",null,null,"CAIXA DE PASSAGEM",{"$nulls":6},5225]
[" 6.2.6.1.4.1 ","Código","Banco","Descrição","Tipo",null,"Und","Quant.","Porcent.","Valor Unit","Total"]
["Composição"," 1106135 ","SICRO3","Concreto fck = 25 MPa - confecção em central dosadora de 30 m³/h - areia extraída e brita produzida","",null,"m³",1,null,281.93,281.93]
["A","Código","Banco","Equipamentos","Quantidade","Utilização",null,"Custo Operacional",null,"Custo Horário"]
[{"$nulls":5},"Operativa","Improdutiva","Operativa","Improdutiva"]
["Insumo","E9584","SICRO3","Carregadeira de pneus com capacidade de 1,72 m³ - 113 kW",1,0.34,0.66,203.21250000000001,104.4208,138.01]
["Insumo","E9599","SICRO3","Central de concreto com capacidade de 30 m³/h - dosadora RS",1,1,0,79.077200000000005,64.673599999999993,79.077200000000005]
["Insumo","E9779","SICRO3","Grupo gerador - 113 kVA",1,1,0,101.1589,8.4064999999999994,101.1589]
[{"$nulls":5},"Custo Horário de Equipamentos =>",null,null,null,318.24610000000001]
["B","Código","Banco","Mão de Obra","Quantidade","Salário Hora",null,null,null,"Custo Horário"]
["Insumo","P9824","SICRO3","Servente",2,null,null,null,21.465699999999998,42.931399999999996]
[{"$nulls":5},"Custo Horário da Mão de Obra =>",null,null,null,42.931399999999996]
[{"$nulls":5},"Adc.M.O. - Ferramentas (0,0%) =>",null,null,null,0]
[{"$nulls":5},"Custo Horário de Execução =>",null,null,null,361.17750000000001]
[{"$nulls":5},"Fator de Influencia da Chuva - FIC =>",null,null,null,0]
[{"$nulls":5},"Custo do FIC =>",null,null,null,0]
[{"$nulls":5},"Produção de Equipe =>",null,null,null,24.9]
[{"$nulls":5},"Custo Unitário de Execução =>",null,null,null,14.505100000000001]
["C","Banco","Código","Material","Quantidade","Unidade","Preço Unitário",null,null,"Custo Horário"]
["Insumo","SICRO3","M0030","Aditivo plastificante e retardador de pega para concreto e argamassa",0.89256999999999997,"kg",6.5956999999999999,null,null,5.8871000000000002]
["Insumo","SICRO3","M0424","Cimento Portland CP II - 32 - saco",297.52373999999998,"kg",0.66949999999999998,null,null,199.19210000000001]
[{"$nulls":5},"Custo Total do Material =>",null,null,null,205.07919999999999]
["D","Banco","Código","Atividades Auxiliares","Quantidade","Unidade","Preço Unitário",null,null,"Custo Horário"]
["Atividade Auxiliar","SICRO3",4816012,"Brita produzida em central de britagem de 80 m³/h",0.73507999999999996,"m³",53.84,null,null,39.576700000000002]
["Atividade Auxiliar","SICRO3",4816020,"Areia extraída com draga de sucção tipo bomba",0.62465000000000004,"m³",11.74,null,null,7.3334000000000001]
[{"$nulls":5},"Custo Total das Atividades =>",null,null,null,46.9101]
["E","Banco","Insumo","Tempos Fixos","Código","Quantidade","Unidade","Preço Unitário",null,"Custo Horário"]
["Tempo Fixo","SICRO3",4816020,"Carga, manobra e descarga de agregados ou solos em caminhão basculante de 10 m³ - carga com carregadeira de 3,40 m³ edescarga livre",5915407,0.93698000000000004,"t",2.72,null,2.5486]
["Tempo Fixo","SICRO3",4816012,"Carga, manobra e descarga de agregados ou solos em caminhão basculante de 10 m³ - carga com carregadeira de 3,40 m³ edescarga livre",5915407,1.1026199999999999,"t",2.72,null,2.9990999999999999]
["Tempo Fixo","SICRO3","M0030","Carga, manobra e descarga de materiais diversos em caminhão carroceria de 15 t - carga e descarga manuais",5914655,8.8999999999999995E-4,"t",33.15,null,2.9499999999999998E-2]
["Tempo Fixo","SICRO3","M0424","Carga, manobra e descarga de materiais diversos em caminhão carroceria de 15 t - carga e descarga manuais",5914655,0.29752000000000001,"t",33.15,null,9.8628]
[{"$nulls":5},"Custo Total dos Tempos Fixos =>",null,null,null,15.44]
["F","Banco","Insumo","Momento de Transporte","Quantidade","Unidade","Distância Média de Transporte (DMT)",null,null,"Custo Horário"]
[{"$nulls":6},"LN","RP","P"]
["Momento de Transporte","SICRO3",4816020,"Areia extraída com draga de sucção tipo bomba - Caminhão basculante com capacidade de 10 m³ - 188 kW",0.93698000000000004,"tkm","5914359\n0,000\nR$ 1,19","5914374\n0,000\nR$ 0,95","5914389\n0,000\nR$ 0,79",0]
["Momento de Transporte","SICRO3",4816012,"Brita produzida em central de britagem de 80 m³/h - Caminhão basculante com capacidade de 10 m³ - 188 kW",1.1026199999999999,"tkm","5914359\n0,000\nR$ 1,19","5914374\n0,000\nR$ 0,95","5914389\n0,000\nR$ 0,79",0]
["Momento de Transporte","SICRO3","M0030","Aditivo plastificante e retardador de pega para concreto e argamassa - Caminhão carroceria com capacidade de 15 t - 188 kW",8.8999999999999995E-4,"tkm","5914449\n0,000\nR$ 1,08","5914464\n0,000\nR$ 0,86","5914479\n0,000\nR$ 0,71",0]
["Momento de Transporte","SICRO3","M0424","Cimento Portland CP II - 32 - saco - Caminhão carroceria com capacidade de 15 t - 188 kW",0.29752000000000001,"tkm","5914449\n0,000\nR$ 1,08","5914464\n0,000\nR$ 0,86","5914479\n0,000\nR$ 0,71",0]
[{"$nulls":5},"Custo total dos Momentos de Transportes =>",null,null,null,0]
[{"$nulls":4},"MO sem LS =>",9.2024484104417663,"LS =>",0,"MO com LS =>",9.2024484438461478]
[{"$nulls":4},"Valor do BDI =>",63.6,null,"Valor com BDI =>",null,345.53]
[{"$nulls":6},"Quant. =>",4.05,"Preço Total =>",1399.39]
[]
[" 6.2.6.1.4.2 ","Código","Banco","Descrição","Tipo",null,"Und","Quant.","Porcent.","Valor Unit","Total"]
["Composição"," 5914539 ","SICRO3","Transporte com caminhão betoneira - rodovia em leito natural","",null,"tkm",1,null,0.98,0.98]
["A","Código","Banco","Equipamentos","Quantidade","Utilização",null,"Custo Operacional",null,"Custo Horário"]
[{"$nulls":5},"Operativa","Improdutiva","Operativa","Improdutiva"]
["Insumo","E9600","SICRO3","Caminhão betoneira com capacidade de 8 m³ - 188 kW",1,1,0,307.62630000000001,107.0881,307.62630000000001]
[{"$nulls":5},"Custo Horário de Equipamentos =>",null,null,null,307.62630000000001]
[{"$nulls":5},"Custo Horário de Execução =>",null,null,null,307.62630000000001]
[{"$nulls":5},"Fator de Influencia da Chuva - FIC =>",null,null,null,1.43E-2]
[{"$nulls":5},"Custo do FIC =>",null,null,null,1.38E-2]
[{"$nulls":5},"Produção de Equipe =>",null,null,null,318.72000000000003]
[{"$nulls":5},"Custo Unitário de Execução =>",null,null,null,0.96519999999999995]
[{"$nulls":4},"MO sem LS =>",0,"LS =>",0,"MO com LS =>",0]
[{"$nulls":4},"Valor do BDI =>",0.22,null,"Valor com BDI =>",null,1.2]
[{"$nulls":6},"Quant. =>",29.16,"Preço Total =>",34.99]
[]
[" 6.2.6.1.4.3 ","Código","Banco","Descrição","Tipo",null,"Und","Quant.","Porcent.","Valor Unit","Total"]
["Composição"," 1100657 ","SICRO3","Adensamento de concreto por vibrador de imersão","",null,"m³",1,null,3.32,3.32]
["A","Código","Banco","Equipamentos","Quantidade","Utilização",null,"Custo Operacional",null,"Custo Horário"]
[{"$nulls":5},"Operativa","Improdutiva","Operativa","Improdutiva"]
["Insumo","E9069","SICRO3","Vibrador de imersão para concreto - 4,10 kW",1,1,0,8.3879000000000001,0.7641,8.3879000000000001]
[{"$nulls":5},"Custo Horário de Equipamentos =>",null,null,null,8.3879000000000001]
["B","Código","Banco","Mão de Obra","Quantidade","Salário Hora",null,null,null,"Custo Horário"]
["Insumo","P9824","SICRO3","Servente",1,null,null,null,21.465699999999998,21.465699999999998]
[{"$nulls":5},"Custo Horário da Mão de Obra =>",null,null,null,21.465699999999998]
[{"$nulls":5},"Adc.M.O. - Ferramentas (0,0%) =>",null,null,null,0]
[{"$nulls":5},"Custo Horário de Execução =>",null,null,null,29.8536]
[{"$nulls":5},"Fator de Influencia da Chuva - FIC =>",null,null,null,0]
[{"$nulls":5},"Custo do FIC =>",null,null,null,0]
[{"$nulls":5},"Produção de Equipe =>",null,null,null,9]
[{"$nulls":5},"Custo Unitário de Execução =>",null,null,null,3.3170999999999999]
[{"$nulls":4},"MO sem LS =>",2.3850777777777776,"LS =>",0,"MO com LS =>",2.3850777777777776]
[{"$nulls":4},"Valor do BDI =>",0.74,null,"Valor com BDI =>",null,4.0599999999999996]
[{"$nulls":6},"Quant. =>",4.05,"Preço Total =>",16.440000000000001]
[]
[" 6.2.6.1.4.4 ","Código","Banco","Descrição","Tipo",null,"Und","Quant.","Porcent.","Valor Unit","Total"]
["Composição"," 0407819 ","SICRO3","Armação em aço CA-50 - fornecimento, preparo e colocação","",null,"kg",1,null,11.88,11.88]
["B","Código","Banco","Mão de Obra","Quantidade","Salário Hora",null,null,null,"Custo Horário"]
["Insumo","P9801","SICRO3","Ajudante",0.09,null,null,null,22.478899999999999,2.0230999999999999]
["Insumo","P9805","SICRO3","Armador",0.09,null,null,null,30.334199999999999,2.7301000000000002]
[{"$nulls":5},"Custo Horário da Mão de Obra =>",null,null,null,4.7531999999999996]
[{"$nulls":5},"Adc.M.O. - Ferramentas (0,0%) =>",null,null,null,0]
[{"$nulls":5},"Custo Horário de Execução =>",null,null,null,4.7531999999999996]
[{"$nulls":5},"Fator de Influencia da Chuva - FIC =>",null,null,null,0]
[{"$nulls":5},"Custo do FIC =>",null,null,null,0]
[{"$nulls":5},"Produção de Equipe =>",null,null,null,1]
[{"$nulls":5},"Custo Unitário de Execução =>",null,null,null,4.7531999999999996]
["C","Banco","Código","Material","Quantidade","Unidade","Preço Unitário",null,null,"Custo Horário"]
["Insumo","SICRO3","M0004","Aço CA 50",1.1000000000000001,"kg",6.2881,null,null,6.9169]
["Insumo","SICRO3","M0075","Arame liso recozido em aço-carbono - D = 1,24 mm (18 BWG)",1.4999999999999999E-2,"kg",11.658799999999999,null,null,0.1749]
[{"$nulls":5},"Custo Total do Material =>",null,null,null,7.0918000000000001]
["E","Banco","Insumo","Tempos Fixos","Código","Quantidade","Unidade","Preço Unitário",null,"Custo Horário"]
["Tempo Fixo","SICRO3","M0004","Carga, manobra e descarga de materiais diversos em caminhão carroceria de 15 t - carga e descarga manuais",5914655,1.1000000000000001E-3,"t",33.15,null,3.6499999999999998E-2]
["Tempo Fixo","SICRO3","M0075","Carga, manobra e descarga de materiais diversos em caminhão carroceria de 15 t - carga e descarga manuais",5914655,2.0000000000000002E-5,"t",33.15,null,6.9999999999999999E-4]
[{"$nulls":5},"Custo Total dos Tempos Fixos =>",null,null,null,3.7199999999999997E-2]
["F","Banco","Insumo","Momento de Transporte","Quantidade","Unidade","Distância Média de Transporte (DMT)",null,null,"Custo Horário"]
[{"$nulls":6},"LN","RP","P"]
["Momento de Transporte","SICRO3","M0004","Aço CA 50 - Caminhão carroceria com capacidade de 15 t - 188 kW",1.1000000000000001E-3,"tkm","5914449\n0,000\nR$ 1,08","5914464\n0,000\nR$ 0,86","5914479\n0,000\nR$ 0,71",0]
["Momento de Transporte","SICRO3","M0075","Arame liso recozido em aço-carbono - D = 1,24 mm (18 BWG) - Caminhão carroceria com capacidade de 15 t - 188 kW",2.0000000000000002E-5,"tkm","5914449\n0,000\nR$ 1,08","5914464\n0,000\nR$ 0,86","5914479\n0,000\nR$ 0,71",0]
[{"$nulls":5},"Custo total dos Momentos de Transportes =>",null,null,null,0]
[{"$nulls":4},"MO sem LS =>",4.765362235135135,"LS =>",0,"MO com LS =>",4.765362235135135]
[{"$nulls":4},"Valor do BDI =>",2.68,null,"Valor com BDI =>",null,14.56]
[{"$nulls":6},"Quant. =>",12.3,"Preço Total =>",179.08]
[]
[" 6.2.6.1.4.5 ","Código","Banco","Descrição","Tipo",null,"Und","Quant.","Porcent.","Valor Unit","Total"]
["Composição"," 3107997 ","SICRO3","Fôrmas de compensado resinado 10 mm - uso geral - utilização de 3 vezes - confecção, instalação e retirada","",null,"m²",1,null,81.96,81.96]
["A","Código","Banco","Equipamentos","Quantidade","Utilização",null,"Custo Operacional",null,"Custo Horário"]
[{"$nulls":5},"Operativa","Improdutiva","Operativa","Improdutiva"]
["Insumo","E9066","SICRO3","Grupo gerador - 14 kVA",4.0160000000000001E-2,1,0,17.8385,4.6101000000000001,0.71640000000000004]
["Insumo","E9535","SICRO3","Serra circular com bancada - D = 30 cm - 4 kW",4.0160000000000001E-2,1,0,31.252500000000001,30.8993,1.2551000000000001]
[{"$nulls":5},"Custo Horário de Equipamentos =>",null,null,null,1.9715]
["B","Código","Banco","Mão de Obra","Quantidade","Salário Hora",null,null,null,"Custo Horário"]
["Insumo","P9801","SICRO3","Ajudante",0.7,null,null,null,22.478899999999999,15.735200000000001]
["Insumo","P9808","SICRO3","Carpinteiro",0.7,null,null,null,30.3432,21.240200000000002]
[{"$nulls":5},"Custo Horário da Mão de Obra =>",null,null,null,36.9754]
[{"$nulls":5},"Adc.M.O. - Ferramentas (0,0%) =>",null,null,null,0]
[{"$nulls":5},"Custo Horário de Execução =>",null,null,null,38.946899999999999]
[{"$nulls":5},"Fator de Influencia da Chuva - FIC =>",null,null,null,0]
[{"$nulls":5},"Custo do FIC =>",null,null,null,0]
[{"$nulls":5},"Produção de Equipe =>",null,null,null,1]
[{"$nulls":5},"Custo Unitário de Execução =>",null,null,null,38.946899999999999]
["C","Banco","Código","Material","Quantidade","Unidade","Preço Unitário",null,null,"Custo Horário"]
["Insumo","SICRO3","M0284","Caibro de pinho - L = 7,5 cm e E = 7,5 cm",0.44922000000000001,"m",16.706299999999999,null,null,7.5048000000000004]
["Insumo","SICRO3","M0446","Compensado resinado - E = 10 mm",0.40429999999999999,"m²",33.758899999999997,null,null,13.6487]
["Insumo","SICRO3","M0560","Desmoldante para fôrmas de madeira",1.8519999999999998E-2,"l",12.788600000000001,null,null,0.23680000000000001]
["Insumo","SICRO3","M0310","Peça de madeira - L = 7,5 cm e E = 2,5 cm",0.19908000000000001,"m",5.2,null,null,1.0351999999999999]
["Insumo","SICRO3","M1205","Prego de ferro",0.20394999999999999,"kg",15.58,null,null,3.1775000000000002]
["Insumo","SICRO3","M0290","Tábua - E = 2,5 cm e L = 10 cm",2.0900300000000001,"m",5.0838000000000001,null,null,10.625299999999999]
["Insumo","SICRO3","M0286","Tábua - E = 2,5 cm e L = 30 cm",0.35937999999999998,"m",17.498100000000001,null,null,6.2885]
[{"$nulls":5},"Custo Total do Material =>",null,null,null,42.516800000000003]
["E","Banco","Insumo","Tempos Fixos","Código","Quantidade","Unidade","Preço Unitário",null,"Custo Horário"]
["Tempo Fixo","SICRO3","M0284","Carga, manobra e descarga de materiais diversos em caminhão carroceria de 15 t - carga e descarga manuais",5914655,2.5300000000000001E-3,"t",33.15,null,8.3900000000000002E-2]
["Tempo Fixo","SICRO3","M0446","Carga, manobra e descarga de materiais diversos em caminhão carroceria de 15 t - carga e descarga manuais",5914655,4.0400000000000002E-3,"t",33.15,null,0.13389999999999999]
["Tempo Fixo","SICRO3","M0560","Carga, manobra e descarga de materiais diversos em caminhão carroceria de 15 t - carga e descarga manuais",5914655,2.0000000000000002E-5,"t",33.15,null,6.9999999999999999E-4]
["Tempo Fixo","SICRO3","M0310","Carga, manobra e descarga de materiais diversos em caminhão carroceria de 15 t - carga e descarga manuais",5914655,3.6999999999999999E-4,"t",33.15,null,1.23E-2]
["Tempo Fixo","SICRO3","M1205","Carga, manobra e descarga de materiais diversos em caminhão carroceria de 15 t - carga e descarga manuais",5914655,2.0000000000000001E-4,"t",33.15,null,6.6E-3]
["Tempo Fixo","SICRO3","M0290","Carga, manobra e descarga de materiais diversos em caminhão carroceria de 15 t - carga e descarga manuais",5914655,5.2300000000000003E-3,"t",33.15,null,0.1734]
["Tempo Fixo","SICRO3","M0286","Carga, manobra e descarga de materiais diversos em caminhão carroceria de 15 t - carga e descarga manuais",5914655,2.7000000000000001E-3,"t",33.15,null,8.9499999999999996E-2]
[{"$nulls":5},"Custo Total dos Tempos Fixos =>",null,null,null,0.50029999999999997]
["F","Banco","Insumo","Momento de Transporte","Quantidade","Unidade","Distância Média de Transporte (DMT)",null,null,"Custo Horário"]
[{"$nulls":6},"LN","RP","P"]
["Momento de Transporte","SICRO3","M0284","Caibro de pinho - L = 7,5 cm e E = 7,5 cm - Caminhão carroceria com capacidade de 15 t - 188 kW",2.5300000000000001E-3,"tkm","5914449\n0,000\nR$ 1,08","5914464\n0,000\nR$ 0,86","5914479\n0,000\nR$ 0,71",0]
["Momento de Transporte","SICRO3","M0446","Compensado resinado - E = 10 mm - Caminhão carroceria com capacidade de 15 t - 188 kW",4.0400000000000002E-3,"tkm","5914449\n0,000\nR$ 1,08","5914464\n0,000\nR$ 0,86","5914479\n0,000\nR$ 0,71",0]
["Momento de Transporte","SICRO3","M0560","Desmoldante para fôrmas de madeira - Caminhão carroceria com capacidade de 15 t - 188 kW",2.0000000000000002E-5,"tkm","5914449\n0,000\nR$ 1,08","5914464\n0,000\nR$ 0,86","5914479\n0,000\nR$ 0,71",0]
["Momento de Transporte","SICRO3","M0310","Peça de madeira - L = 7,5 cm e E = 2,5 cm - Caminhão carroceria com capacidade de 15 t - 188 kW",3.6999999999999999E-4,"tkm","5914449\n0,000\nR$ 1,08","5914464\n0,000\nR$ 0,86","5914479\n0,000\nR$ 0,71",0]
["Momento de Transporte","SICRO3","M1205","Prego de ferro - Caminhão carroceria com capacidade de 15 t - 188 kW",2.0000000000000001E-4,"tkm","5914449\n0,000\nR$ 1,08","5914464\n0,000\nR$ 0,86","5914479\n0,000\nR$ 0,71",0]
["Momento de Transporte","SICRO3","M0290","Tábua - E = 2,5 cm e L = 10 cm - Caminhão carroceria com capacidade de 15 t - 188 kW",5.2300000000000003E-3,"tkm","5914449\n0,000\nR$ 1,08","5914464\n0,000\nR$ 0,86","5914479\n0,000\nR$ 0,71",0]
["Momento de Transporte","SICRO3","M0286","Tábua - E = 2,5 cm e L = 30 cm - Caminhão carroceria com capacidade de 15 t - 188 kW",2.7000000000000001E-3,"tkm","5914449\n0,000\nR$ 1,08","5914464\n0,000\nR$ 0,86","5914479\n0,000\nR$ 0,71",0]
[{"$nulls":5},"Custo total dos Momentos de Transportes =>",null,null,null,0]
[{"$nulls":4},"MO sem LS =>",37.139617337668916,"LS =>",0,"MO com LS =>",37.139617337668916]
[{"$nulls":4},"Valor do BDI =>",18.489999999999998,null,"Valor com BDI =>",null,100.45]
[{"$nulls":6},"Quant. =>",35.79,"Preço Total =>",3595.1]
[]
[" 6.3 ",null,null,"SEGMENTO DE CANAL - SUBTRECHO 1.3 (E235 A E440)",{"$nulls":6},25086932.48]
[" 6.3.1 ",null,null,"SEVIÇOS PRELIMINARES",{"$nulls":6},3080962.7]
[" 6.3.1.1 ","Código","Banco","Descrição","Tipo",null,"Und","Quant.","Porcent.","Valor Unit","Total"]
["Composição"," 5501700 ","SICRO3","DESMATAMENTO, DESTOCAMENTO, LIMPEZA DE ÁREA E ESTOCAGEM DO MATERIAL DE LIMPEZA COM ÁRVORES DE DIÂMETRO ATÉ 0,15 M.","",null,"m²",1,null,0.53,0.53]
["A","Código","Banco","Equipamentos","Quantidade","Utilização",null,"Custo Operacional",null,"Custo Horário"]
[{"$nulls":5},"Operativa","Improdutiva","Operativa","Improdutiva"]
["Insumo","E9541","SICRO3","Trator sobre esteiras com lâmina - 259 kW",1,1,0,760.50620000000004,307.02120000000002,760.50620000000004]
[{"$nulls":5},"Custo Horário de Equipamentos =>",null,null,null,760.50620000000004]
["B","Código","Banco","Mão de Obra","Quantidade","Salário Hora",null,null,null,"Custo Horário"]
["Insumo","P9824","SICRO3","Servente",2,null,null,null,21.465699999999998,42.931399999999996]
[{"$nulls":5},"Custo Horário da Mão de Obra =>",null,null,null,42.931399999999996]
[{"$nulls":5},"Adc.M.O. - Ferramentas (0,0%) =>",null,null,null,0]
[{"$nulls":5},"Custo Horário de Execução =>",null,null,null,803.43759999999997]
[{"$nulls":5},"Fator de Influencia da Chuva - FIC =>",null,null,null,2.3999999999999998E-3]
[{"$nulls":5},"Custo do FIC =>",null,null,null,1.1999999999999999E-3]
[{"$nulls":5},"Produção de Equipe =>",null,null,null,1532.91]
[{"$nulls":5},"Custo Unitário de Execução =>",null,null,null,0.52410000000000001]
[{"$nulls":4},"MO sem LS =>",2.8006471351873233E-2,"LS =>",0,"MO com LS =>",2.8006471351873233E-2]
[{"$nulls":4},"Valor do BDI =>",0.11,null,"Valor com BDI =>",null,0.64]
[{"$nulls":6},"Quant. =>",410007.41,"Preço Total =>",262404.74]
[]
[" 6.3.1.2 ","Código","Banco","Descrição","Tipo",null,"Und","Quant.","Porcent.","Valor Unit","Total"]
["Composição"," 5501701 ","SICRO3","DESTOCAMENTO DE ÁRVORES COM DIÂMETRO DE 0,15 A 0,30 M","",null,"un",1,null,38.81,38.81]
["A","Código","Banco","Equipamentos","Quantidade","Utilização",null,"Custo Operacional",null,"Custo Horário"]
[{"$nulls":5},"Operativa","Improdutiva","Operativa","Improdutiva"]
["Insumo","E9541","SICRO3","Trator sobre esteiras com lâmina - 259 kW",1,1,0,760.50620000000004,307.02120000000002,760.50620000000004]
[{"$nulls":5},"Custo Horário de Equipamentos =>",null,null,null,760.50620000000004]
["B","Código","Banco","Mão de Obra","Quantidade","Salário Hora",null,null,null,"Custo Horário"]
["Insumo","P9824","SICRO3","Servente",2,null,null,null,21.465699999999998,42.931399999999996]
[{"$nulls":5},"Custo Horário da Mão de Obra =>",null,null,null,42.931399999999996]
[{"$nulls":5},"Adc.M.O. - Ferramentas (0,0%) =>",null,null,null,0]
[{"$nulls":5},"Custo Horário de Execução =>",null,null,null,803.43759999999997]
[{"$nulls":5},"Fator de Influencia da Chuva - FIC =>",null,null,null,2.3999999999999998E-3]
[{"$nulls":5},"Custo do FIC =>",null,null,null,9.1800000000000007E-2]
[{"$nulls":5},"Produção de Equipe =>",null,null,null,20.75]
[{"$nulls":5},"Custo Unitário de Execução =>",null,null,null,38.719900000000003]
[{"$nulls":4},"MO sem LS =>",2.0689831325301205,"LS =>",0,"MO com LS =>",2.0689831325301205]
[{"$nulls":4},"Valor do BDI =>",8.75,null,"Valor com BDI =>",null,47.56]
[{"$nulls":6},"Quant. =>",3281,"Preço Total =>",156044.35999999999]
[]
[" 6.3.1.3 ","Código","Banco","Descrição","Tipo",null,"Und","Quant.","Porcent.","Valor Unit","Total"]
["Composição"," 5501702 ","SICRO3","DESTOCAMENTO DE ÁRVORES COM DIÂMETRO MAIOR QUE 0,30 M","",null,"un",1,null,97.03,97.03]
["A","Código","Banco","Equipamentos","Quantidade","Utilização",null,"Custo Operacional",null,"Custo Horário"]
[{"$nulls":5},"Operativa","Improdutiva","Operativa","Improdutiva"]
["Insumo","E9541","SICRO3","Trator sobre esteiras com lâmina - 259 kW",1,1,0,760.50620000000004,307.02120000000002,760.50620000000004]
[{"$nulls":5},"Custo Horário de Equipamentos =>",null,null,null,760.50620000000004]
["B","Código","Banco","Mão de Obra","Quantidade","Salário Hora",null,null,null,"Custo Horário"]
["Insumo","P9824","SICRO3","Servente",2,null,null,null,21.465699999999998,42.931399999999996]
[{"$nulls":5},"Custo Horário da Mão de Obra =>",null,null,null,42.931399999999996]
[{"$nulls":5},"Adc.M.O. - Ferramentas (0,0%) =>",null,null,null,0]
[{"$nulls":5},"Custo Horário de Execução =>",null,null,null,803.43759999999997]
[{"$nulls":5},"Fator de Influencia da Chuva - FIC =>",null,null,null,2.3999999999999998E-3]
[{"$nulls":5},"Custo do FIC =>",null,null,null,0.22939999999999999]
[{"$nulls":5},"Produção de Equipe =>",null,null,null,8.3000000000000007]
[{"$nulls":5},"Custo Unitário de Execução =>",null,null,null,96.799700000000001]
[{"$nulls":4},"MO sem LS =>",5.1724578313253016,"LS =>",0,"MO com LS =>",5.1724578313253016]
[{"$nulls":4},"Valor do BDI =>",21.88,null,"Valor com BDI =>",null,118.91]
[{"$nulls":6},"Quant. =>",821,"Preço Total =>",97625.11]
[]
[" 6.3.1.4 ","Código","Banco","Descrição","Tipo",null,"Und","Quant.","Porcent.","Valor Unit","Total"]
["Composição"," 5502109 ","SICRO3","ESCAVAÇÃO, CARGA E TRANSPORTE DE MATERIAL DE 1ª CATEGORIA - DMT DE 50 A 200 M - CAMINHO DE SERVIÇO EM LEITO NATURAL - COMESCAVADEIRA E CAMINHÃO BASCULANTE DE 14 M³","",null,"m³",1,null,5.73,5.73]
["A","Código","Banco","Equipamentos","Quantidade","Utilização",null,"Custo Operacional",null,"Custo Horário"]
[{"$nulls":5},"Operativa","Improdutiva","Operativa","Improdutiva"]
["Insumo","E9667","SICRO3","Caminhão basculante com capacidade de 14 m³ - 188 kW",4,0.76,0.24,297.32,90.567700000000002,990.79780000000005]
["Insumo","E9515","SICRO3","Escavadeira hidráulica sobre esteiras com caçamba com capacidade de 1,56 m³ - 118 kW",1,1,0,287.9393,133.5633,287.9393]
[{"$nulls":5},"Custo Horário de Equipamentos =>",null,null,null,1278.7371000000001]
["B","Código","Banco","Mão de Obra","Quantidade","Salário Hora",null,null,null,"Custo Horário"]
["Insumo","P9824","SICRO3","Servente",1,null,null,null,21.465699999999998,21.465699999999998]
[{"$nulls":5},"Custo Horário da Mão de Obra =>",null,null,null,21.465699999999998]
[{"$nulls":5},"Adc.M.O. - Ferramentas (0,0%) =>",null,null,null,0]
[{"$nulls":5},"Custo Horário de Execução =>",null,null,null,1300.2028]
[{"$nulls":5},"Fator de Influencia da Chuva - FIC =>",null,null,null,1.43E-2]
[{"$nulls":5},"Custo do FIC =>",null,null,null,8.0500000000000002E-2]
[{"$nulls":5},"Produção de Equipe =>",null,null,null,230.19]
[{"$nulls":5},"Custo Unitário de Execução =>",null,null,null,5.6483999999999996]
[{"$nulls":4},"MO sem LS =>",9.3252096094530598E-2,"LS =>",0,"MO com LS =>",9.3252096094530598E-2]
[{"$nulls":4},"Valor do BDI =>",1.29,null,"Valor com BDI =>",null,7.02]
[{"$nulls":6},"Quant. =>",29915,"Preço Total =>",210003.3]
[]
[" 6.3.1.5 ","Código","Banco","Descrição","Tipo",null,"Und","Quant.","Porcent.","Valor Unit","Total"]
["Composição"," 100983 ","SINAPI","CARGA, MANOBRA E DESCARGA DE ENTULHO EM CAMINHÃO BASCULANTE 14 M³ - CARGA COM ESCAVADEIRA HIDRÁULICA  (CAÇAMBA DE 0,80 M³ / 111 HP) E DESCARGA LIVRE (UNIDADE: M3). AF_07/2020.","TRAN - TRANSPORTES, CARGAS E DESCARGAS",null,"m³",1,null,9.1199999999999992,9.1199999999999992]
["Composição Auxiliar"," 5631 ","SINAPI","ESCAVADEIRA HIDRÁULICA SOBRE ESTEIRAS, CAÇAMBA 0,80 M3, PESO OPERACIONAL 17 T, POTENCIA BRUTA 111 HP - CHP DIURNO. AF_06/2014","CHOR - CUSTOS HORÁRIOS DE MÁQUINAS E EQUIPAMENTOS",null,"CHP",8.3000000000000001E-3,null,224.35,1.86]
["Composição Auxiliar"," 5632 ","SINAPI","ESCAVADEIRA HIDRÁULICA SOBRE ESTEIRAS, CAÇAMBA 0,80 M3, PESO OPERACIONAL 17 T, POTENCIA BRUTA 111 HP - CHI DIURNO. AF_06/2014","CHOR - CUSTOS HORÁRIOS DE MÁQUINAS E EQUIPAMENTOS",null,"CHI",8.5000000000000006E-3,null,101.91,0.86]
["Composição Auxiliar"," 89876 ","SINAPI","CAMINHÃO BASCULANTE 14 M3, COM CAVALO MECÂNICO DE CAPACIDADE MÁXIMA DE TRAÇÃO COMBINADO DE 36000 KG, POTÊNCIA 286 CV, INCLUSIVE SEMIREBOQUE COM CAÇAMBA METÁLICA - CHP DIURNO. AF_12/2014","CHOR - CUSTOS HORÁRIOS DE MÁQUINAS E EQUIPAMENTOS",null,"CHP",1.6899999999999998E-2,null,323.52,5.46]
["Composição Auxiliar"," 89877 ","SINAPI","CAMINHÃO BASCULANTE 14 M3, COM CAVALO MECÂNICO DE CAPACIDADE MÁXIMA DE TRAÇÃO COMBINADO DE 36000 KG, POTÊNCIA 286 CV, INCLUSIVE SEMIREBOQUE COM CAÇAMBA METÁLICA - CHI DIURNO. AF_12/2014","CHOR - CUSTOS HORÁRIOS DE MÁQUINAS E EQUIPAMENTOS",null,"CHI",1.0999999999999999E-2,null,86.24,0.94]
[{"$nulls":4},"MO sem LS =>",1.31,"LS =>",0,"MO com LS =>",1.31]
[{"$nulls":4},"Valor do BDI =>",2.0499999999999998,null,"Valor com BDI =>",null,11.17]
[{"$nulls":6},"Quant. =>",164002.96400000001,"Preço Total =>",1831913.1]
[]
[" 6.3.1.6 ","Código","Banco","Descrição","Tipo",null,"Und","Quant.","Porcent.","Valor Unit","Total"]
["Composição"," 5901639 ","SICRO3","TRANSPORTE COM CAMINHÃO BASCULANTE COM CAÇAMBA ESTANQUE COM CAPACIDADE DE 14 M³ - RODOVIA EM LEITO NATURAL.","",null,"tkm",1,null,0.87,0.87]
["A","Código","Banco","Equipamentos","Quantidade","Utilização",null,"Custo Operacional",null,"Custo Horário"]
[{"$nulls":5},"Operativa","Improdutiva","Operativa","Improdutiva"]
["Insumo","E9575","SICRO3","Caminhão basculante com caçamba estanque com capacidade de 14 m³ - 188 kW",1,1,0,297.71420000000001,90.774600000000007,297.71420000000001]
[{"$nulls":5},"Custo Horário de Equipamentos =>",null,null,null,297.71420000000001]
[{"$nulls":5},"Custo Horário de Execução =>",null,null,null,297.71420000000001]
[{"$nulls":5},"Fator de Influencia da Chuva - FIC =>",null,null,null,1.43E-2]
[{"$nulls":5},"Custo do FIC =>",null,null,null,1.2200000000000001E-2]
[{"$nulls":5},"Produção de Equipe =>",null,null,null,348.6]
[{"$nulls":5},"Custo Unitário de Execução =>",null,null,null,0.85399999999999998]
[{"$nulls":4},"MO sem LS =>",0,"LS =>",0,"MO com LS =>",0]
[{"$nulls":4},"Valor do BDI =>",0.19,null,"Valor com BDI =>",null,1.06]
[{"$nulls":6},"Quant. =>",52480.948479999999,"Preço Total =>",55629.8]
[]
[" 6.3.1.7 ","Código","Banco","Descrição","Tipo",null,"Und","Quant.","Porcent.","Valor Unit","Total"]
["Composição"," 4413942 ","SICRO3","ESPALHAMENTO DE MATERIAL EM BOTA-FORA","",null,"m³",1,null,1.97,1.97]
["A","Código","Banco","Equipamentos","Quantidade","Utilização",null,"Custo Operacional",null,"Custo Horário"]
[{"$nulls":5},"Operativa","Improdutiva","Operativa","Improdutiva"]
["Insumo","E9540","SICRO3","Trator sobre esteiras com lâmina - 127 kW",1,1,0,322.01350000000002,134.76900000000001,322.01350000000002]
[{"$nulls":5},"Custo Horário de Equipamentos =>",null,null,null,322.01350000000002]
["B","Código","Banco","Mão de Obra","Quantidade","Salário Hora",null,null,null,"Custo Horário"]
["Insumo","P9824","SICRO3","Servente",1,null,null,null,21.465699999999998,21.465699999999998]
[{"$nulls":5},"Custo Horário da Mão de Obra =>",null,null,null,21.465699999999998]
[{"$nulls":5},"Adc.M.O. - Ferramentas (0,0%) =>",null,null,null,0]
[{"$nulls":5},"Custo Horário de Execução =>",null,null,null,343.47919999999999]
[{"$nulls":5},"Fator de Influencia da Chuva - FIC =>",null,null,null,1.43E-2]
[{"$nulls":5},"Custo do FIC =>",null,null,null,2.7699999999999999E-2]
[{"$nulls":5},"Produção de Equipe =>",null,null,null,176.81]
[{"$nulls":5},"Custo Unitário de Execução =>",null,null,null,1.9426000000000001]
[{"$nulls":4},"MO sem LS =>",0.12140546349188394,"LS =>",0,"MO com LS =>",0.12140546349188394]
[{"$nulls":4},"Valor do BDI =>",0.44,null,"Valor com BDI =>",null,2.41]
[{"$nulls":6},"Quant. =>",193917.96400000001,"Preço Total =>",467342.29]
[]
[" 6.3.2 ",null,null,"MOVIMENTO DE TERRA",{"$nulls":6},10307443.9]
[" 6.3.2.1 ",null,null,"CORTE",{"$nulls":6},5595352.5599999996]
[" 6.3.2.1.1 ","Código","Banco","Descrição","Tipo",null,"Und","Quant.","Porcent.","Valor Unit","Total"]
["Composição"," 5502109 ","SICRO3","ESCAVAÇÃO, CARGA E TRANSPORTE DE MATERIAL DE 1ª CATEGORIA - DMT DE 50 A 200 M - CAMINHO DE SERVIÇO EM LEITO NATURAL - COMESCAVADEIRA E CAMINHÃO BASCULANTE DE 14 M³","",null,"m³",1,null,5.73,5.73]
["A","Código","Banco","Equipamentos","Quantidade","Utilização",null,"Custo Operacional",null,"Custo Horário"]
[{"$nulls":5},"Operativa","Improdutiva","Operativa","Improdutiva"]
["Insumo","E9667","SICRO3","Caminhão basculante com capacidade de 14 m³ - 188 kW",4,0.76,0.24,297.32,90.567700000000002,990.79780000000005]
["Insumo","E9515","SICRO3","Escavadeira hidráulica sobre esteiras com caçamba com capacidade de 1,56 m³ - 118 kW",1,1,0,287.9393,133.5633,287.9393]
[{"$nulls":5},"Custo Horário de Equipamentos =>",null,null,null,1278.7371000000001]
["B","Código","Banco","Mão de Obra","Quantidade","Salário Hora",null,null,null,"Custo Horário"]
["Insumo","P9824","SICRO3","Servente",1,null,null,null,21.465699999999998,21.465699999999998]
[{"$nulls":5},"Custo Horário da Mão de Obra =>",null,null,null,21.465699999999998]
[{"$nulls":5},"Adc.M.O. - Ferramentas (0,0%) =>",null,null,null,0]
[{"$nulls":5},"Custo Horário de Execução =>",null,null,null,1300.2028]
[{"$nulls":5},"Fator de Influencia da Chuva - FIC =>",null,null,null,1.43E-2]
[{"$nulls":5},"Custo do FIC =>",null,null,null,8.0500000000000002E-2]
[{"$nulls":5},"Produção de Equipe =>",null,null,null,230.19]
[{"$nulls":5},"Custo Unitário de Execução =>",null,null,null,5.6483999999999996]
[{"$nulls":4},"MO sem LS =>",9.3252096094530598E-2,"LS =>",0,"MO com LS =>",9.3252096094530598E-2]
[{"$nulls":4},"Valor do BDI =>",1.29,null,"Valor com BDI =>",null,7.02]
[{"$nulls":6},"Quant. =>",16110.35,"Preço Total =>",113094.65]
[]
[" 6.3.2.1.2 ","Código","Banco","Descrição","Tipo",null,"Und","Quant.","Porcent.","Valor Unit","Total"]
["Composição"," 5502742 ","SICRO3","ESCAVAÇÃO, CARGA E TRANSPORTE DE MATERIAL DE 3ª CATEGORIA - DMT DE 50 A 200 M - CAMINHO DE SERVIÇO EM LEITO NATURAL COMCAMINHÃO BASCULANTE DE 12 M³","",null,"m³",1,null,40.99,40.99]
["A","Código","Banco","Equipamentos","Quantidade","Utilização",null,"Custo Operacional",null,"Custo Horário"]
[{"$nulls":5},"Operativa","Improdutiva","Operativa","Improdutiva"]
["Insumo","E9672","SICRO3","Caminhão basculante para rocha com capacidade de 12 m³ - 188 kW",2,0.89,0.11,309.83929999999998,108.2497,575.32889999999998]
["Insumo","E9117","SICRO3","Carregadeira de pneus para rocha com capacidade de 2,50 m³ - 105 kW",1,0.78,0.22,359.73469999999998,157.4614,315.2346]
["Insumo","E9646","SICRO3","Compressor de ar portátil de 58,52 l/s (124 PCM) - 27 kW",1,1,0,43.116199999999999,10.8597,43.116199999999999]
["Insumo","E9527","SICRO3","Martelete perfurador/rompedor a ar comprimido de 25 kg para rocha com capacidade de",1,1,0,35.0152,32.827100000000002,35.0152]
["Insumo","E9574","SICRO3","Perfuratriz sobre esteiras - 145 kW",1,1,0,406.70780000000002,181.6712,406.70780000000002]
["Insumo","E9540","SICRO3","Trator sobre esteiras com lâmina - 127 kW",1,0.38,0.62,322.01350000000002,134.76900000000001,205.92189999999999]
[{"$nulls":5},"Custo Horário de Equipamentos =>",null,null,null,1581.3245999999999]
["B","Código","Banco","Mão de Obra","Quantidade","Salário Hora",null,null,null,"Custo Horário"]
["Insumo","P9892","SICRO3","Auxiliar de blaster",2,null,null,null,34.436,68.872]
["Insumo","P9852","SICRO3","Blaster",1,null,null,null,38.045200000000001,38.045200000000001]
[{"$nulls":5},"Custo Horário da Mão de Obra =>",null,null,null,106.91719999999999]
[{"$nulls":5},"Adc.M.O. - Ferramentas (0,0%) =>",null,null,null,0]
[{"$nulls":5},"Custo Horário de Execução =>",null,null,null,1688.2418]
[{"$nulls":5},"Fator de Influencia da Chuva - FIC =>",null,null,null,2.3999999999999998E-3]
[{"$nulls":5},"Custo do FIC =>",null,null,null,6.1699999999999998E-2]
[{"$nulls":5},"Produção de Equipe =>",null,null,null,64.84]
[{"$nulls":5},"Custo Unitário de Execução =>",null,null,null,26.036999999999999]
["C","Banco","Código","Material","Quantidade","Unidade","Preço Unitário",null,null,"Custo Horário"]
["Insumo","SICRO3","M2062","Coroa de botões esféricos linha T38 - D = 64 mm (2 1/2”)",3.4000000000000002E-4,"un",721.71960000000001,null,null,0.24540000000000001]
["Insumo","SICRO3","M2042","Emulsão explosiva encartuchada",0.56232000000000004,"kg",13.049300000000001,null,null,7.3379000000000003]
["Insumo","SICRO3","M2065","Haste linha T38 para perfuratriz sobre esteiras - D = 38,0 mm (1 1/2”) e C = 3,05 m",1.6000000000000001E-4,"un",2083.3042,null,null,0.33329999999999999]
["Insumo","SICRO3","M2066","Luva em aço linha T38 para perfuratriz sobre esteiras - D = 38,0 mm (1 1/2”)",2.5000000000000001E-4,"un",354.3057,null,null,8.8599999999999998E-2]
["Insumo","SICRO3","M2144","Nonel de coluna - C = 6,0 m",0.04,"un",14.9855,null,null,0.59940000000000004]
["Insumo","SICRO3","M2141","Nonel de iniciação para fogacho - C = 6,0 m",0.15714,"un",14.9138,null,null,2.3435999999999999]
["Insumo","SICRO3","M2143","Nonel de ligação - C = 6,0 m",1.5709999999999998E-2,"un",17.517800000000001,null,null,0.2752]
["Insumo","SICRO3","M2146","Nonel iniciador - C = 150,0 m",1.4300000000000001E-3,"un",207.2826,null,null,0.2964]
["Insumo","SICRO3","M2067","Punho linha T38 para perfuratriz sobre esteiras - D = 38 mm (1 1/2”)",1.2999999999999999E-4,"un",1000.3667,null,null,0.13]
["Insumo","SICRO3","M2145","Série de brocas integrais S12",3.3300000000000001E-3,"un",973.28599999999994,null,null,3.2410000000000001]
[{"$nulls":5},"Custo Total do Material =>",null,null,null,14.8908]
[{"$nulls":4},"MO sem LS =>",1.6489389265885257,"LS =>",0,"MO com LS =>",1.6489389265885257]
[{"$nulls":4},"Valor do BDI =>",9.24,null,"Valor com BDI =>",null,50.23]
[{"$nulls":6},"Quant. =>",52171.87,"Preço Total =>",2620593.0299999998]
[]
[" 6.3.2.1.3 ","Código","Banco","Descrição","Tipo",null,"Und","Quant.","Porcent.","Valor Unit","Total"]
["Composição"," 5502753 ","SICRO3","ESCAVAÇÃO, CARGA E TRANSPORTE DE MATERIAL DE 3ª CATEGORIA - DMT DE 2.500 A 3.000 M - CAMINHO DE SERVIÇO EM LEITO NATURAL COMCAMINHÃO BASCULANTE DE 12 M³","",null,"m³",1,null,51.01,51.01]
["A","Código","Banco","Equipamentos","Quantidade","Utilização",null,"Custo Operacional",null,"Custo Horário"]
[{"$nulls":5},"Operativa","Improdutiva","Operativa","Improdutiva"]
["Insumo","E9672","SICRO3","Caminhão basculante para rocha com capacidade de 12 m³ - 188 kW",4,0.98,0.02,309.83929999999998,108.2497,1223.23]
["Insumo","E9117","SICRO3","Carregadeira de pneus para rocha com capacidade de 2,50 m³ - 105 kW",1,0.78,0.22,359.73469999999998,157.4614,315.2346]
["Insumo","E9646","SICRO3","Compressor de ar portátil de 58,52 l/s (124 PCM) - 27 kW",1,1,0,43.116199999999999,10.8597,43.116199999999999]
["Insumo","E9527","SICRO3","Martelete perfurador/rompedor a ar comprimido de 25 kg para rocha com capacidade de",1,1,0,35.0152,32.827100000000002,35.0152]
["Insumo","E9574","SICRO3","Perfuratriz sobre esteiras - 145 kW",1,1,0,406.70780000000002,181.6712,406.70780000000002]
["Insumo","E9540","SICRO3","Trator sobre esteiras com lâmina - 127 kW",1,0.38,0.62,322.01350000000002,134.76900000000001,205.92189999999999]
[{"$nulls":5},"Custo Horário de Equipamentos =>",null,null,null,2229.2257]
["B","Código","Banco","Mão de Obra","Quantidade","Salário Hora",null,null,null,"Custo Horário"]
["Insumo","P9892","SICRO3","Auxiliar de blaster",2,null,null,null,34.436,68.872]
["Insumo","P9852","SICRO3","Blaster",1,null,null,null,38.045200000000001,38.045200000000001]
[{"$nulls":5},"Custo Horário da Mão de Obra =>",null,null,null,106.91719999999999]
[{"$nulls":5},"Adc.M.O. - Ferramentas (0,0%) =>",null,null,null,0]
[{"$nulls":5},"Custo Horário de Execução =>",null,null,null,2336.1428999999998]
[{"$nulls":5},"Fator de Influencia da Chuva - FIC =>",null,null,null,2.3999999999999998E-3]
[{"$nulls":5},"Custo do FIC =>",null,null,null,8.5400000000000004E-2]
[{"$nulls":5},"Produção de Equipe =>",null,null,null,64.84]
[{"$nulls":5},"Custo Unitário de Execução =>",null,null,null,36.029299999999999]
["C","Banco","Código","Material","Quantidade","Unidade","Preço Unitário",null,null,"Custo Horário"]
["Insumo","SICRO3","M2062","Coroa de botões esféricos linha T38 - D = 64 mm (2 1/2”)",3.4000000000000002E-4,"un",721.71960000000001,null,null,0.24540000000000001]
["Insumo","SICRO3","M2042","Emulsão explosiva encartuchada",0.56232000000000004,"kg",13.049300000000001,null,null,7.3379000000000003]
["Insumo","SICRO3","M2065","Haste linha T38 para perfuratriz sobre esteiras - D = 38,0 mm (1 1/2”) e C = 3,05 m",1.6000000000000001E-4,"un",2083.3042,null,null,0.33329999999999999]
["Insumo","SICRO3","M2066","Luva em aço linha T38 para perfuratriz sobre esteiras - D = 38,0 mm (1 1/2”)",2.5000000000000001E-4,"un",354.3057,null,null,8.8599999999999998E-2]
["Insumo","SICRO3","M2144","Nonel de coluna - C = 6,0 m",0.04,"un",14.9855,null,null,0.59940000000000004]
["Insumo","SICRO3","M2141","Nonel de iniciação para fogacho - C = 6,0 m",0.15714,"un",14.9138,null,null,2.3435999999999999]
["Insumo","SICRO3","M2143","Nonel de ligação - C = 6,0 m",1.5709999999999998E-2,"un",17.517800000000001,null,null,0.2752]
["Insumo","SICRO3","M2146","Nonel iniciador - C = 150,0 m",1.4300000000000001E-3,"un",207.2826,null,null,0.2964]
["Insumo","SICRO3","M2067","Punho linha T38 para perfuratriz sobre esteiras - D = 38 mm (1 1/2”)",1.2999999999999999E-4,"un",1000.3667,null,null,0.13]
["Insumo","SICRO3","M2145","Série de brocas integrais S12",3.3300000000000001E-3,"un",973.28599999999994,null,null,3.2410000000000001]
[{"$nulls":5},"Custo Total do Material =>",null,null,null,14.8908]
[{"$nulls":4},"MO sem LS =>",1.6489389265885257,"LS =>",0,"MO com LS =>",1.6489389265885257]
[{"$nulls":4},"Valor do BDI =>",11.5,null,"Valor com BDI =>",null,62.51]
[{"$nulls":6},"Quant. =>",4651.32,"Preço Total =>",290754.01]
[]
[" 6.3.2.1.4 ","Código","Banco","Descrição","Tipo",null,"Und","Quant.","Porcent.","Valor Unit","Total"]
["Composição"," 5505768 ","SICRO3","Pré-fissuramento de material de 3ª categoria","",null,"m²",1,null,80.91,80.91]
["A","Código","Banco","Equipamentos","Quantidade","Utilização",null,"Custo Operacional",null,"Custo Horário"]
[{"$nulls":5},"Operativa","Improdutiva","Operativa","Improdutiva"]
["Insumo","E9574","SICRO3","Perfuratriz sobre esteiras - 145 kW",1,1,0,406.70780000000002,181.6712,406.70780000000002]
[{"$nulls":5},"Custo Horário de Equipamentos =>",null,null,null,406.70780000000002]
["B","Código","Banco","Mão de Obra","Quantidade","Salário Hora",null,null,null,"Custo Horário"]
["Insumo","P9892","SICRO3","Auxiliar de blaster",2,null,null,null,34.436,68.872]
["Insumo","P9852","SICRO3","Blaster",1,null,null,null,38.045200000000001,38.045200000000001]
[{"$nulls":5},"Custo Horário da Mão de Obra =>",null,null,null,106.91719999999999]
[{"$nulls":5},"Adc.M.O. - Ferramentas (0,0%) =>",null,null,null,0]
[{"$nulls":5},"Custo Horário de Execução =>",null,null,null,513.625]
[{"$nulls":5},"Fator de Influencia da Chuva - FIC =>",null,null,null,2.3999999999999998E-3]
[{"$nulls":5},"Custo do FIC =>",null,null,null,0.1467]
[{"$nulls":5},"Produção de Equipe =>",null,null,null,8.3000000000000007]
[{"$nulls":5},"Custo Unitário de Execução =>",null,null,null,61.8825]
["C","Banco","Código","Material","Quantidade","Unidade","Preço Unitário",null,null,"Custo Horário"]
["Insumo","SICRO3","M2062","Coroa de botões esféricos linha T38 - D = 64 mm (2 1/2”)",2.5600000000000002E-3,"un",721.71960000000001,null,null,1.8475999999999999]
["Insumo","SICRO3","M2042","Emulsão explosiva encartuchada",0.3,"kg",13.049300000000001,null,null,3.9148000000000001]
["Insumo","SICRO3","M2065","Haste linha T38 para perfuratriz sobre esteiras - D = 38,0 mm (1 1/2”) e C = 3,05 m",1.1900000000000001E-3,"un",2083.3042,null,null,2.4790999999999999]
["Insumo","SICRO3","M2066","Luva em aço linha T38 para perfuratriz sobre esteiras - D = 38,0 mm (1 1/2”)",1.8500000000000001E-3,"un",354.3057,null,null,0.65549999999999997]
["Insumo","SICRO3","M2144","Nonel de coluna - C = 6,0 m",0.33333000000000002,"un",14.9855,null,null,4.9950999999999999]
["Insumo","SICRO3","M2143","Nonel de ligação - C = 6,0 m",3.3329999999999999E-2,"un",17.517800000000001,null,null,0.58389999999999997]
["Insumo","SICRO3","M2146","Nonel iniciador - C = 150,0 m",1.6670000000000001E-2,"un",207.2826,null,null,3.4554]
["Insumo","SICRO3","M2067","Punho linha T38 para perfuratriz sobre esteiras - D = 38 mm (1 1/2”)",9.5E-4,"un",1000.3667,null,null,0.95030000000000003]
[{"$nulls":5},"Custo Total do Material =>",null,null,null,18.881699999999999]
[{"$nulls":4},"MO sem LS =>",12.881590361445783,"LS =>",0,"MO com LS =>",12.881590361445783]
[{"$nulls":4},"Valor do BDI =>",18.25,null,"Valor com BDI =>",null,99.16]
[{"$nulls":6},"Quant. =>",25058,"Preço Total =>",2484751.2799999998]
[]
[" 6.3.2.1.5 ","Código","Banco","Descrição","Tipo",null,"Und","Quant.","Porcent.","Valor Unit","Total"]
["Composição"," 4413942 ","SICRO3","ESPALHAMENTO DE MATERIAL EM BOTA-FORA","",null,"m³",1,null,1.97,1.97]
["A","Código","Banco","Equipamentos","Quantidade","Utilização",null,"Custo Operacional",null,"Custo Horário"]
[{"$nulls":5},"Operativa","Improdutiva","Operativa","Improdutiva"]
["Insumo","E9540","SICRO3","Trator sobre esteiras com lâmina - 127 kW",1,1,0,322.01350000000002,134.76900000000001,322.01350000000002]
[{"$nulls":5},"Custo Horário de Equipamentos =>",null,null,null,322.01350000000002]
["B","Código","Banco","Mão de Obra","Quantidade","Salário Hora",null,null,null,"Custo Horário"]
["Insumo","P9824","SICRO3","Servente",1,null,null,null,21.465699999999998,21.465699999999998]
[{"$nulls":5},"Custo Horário da Mão de Obra =>",null,null,null,21.465699999999998]
[{"$nulls":5},"Adc.M.O. - Ferramentas (0,0%) =>",null,null,null,0]
[{"$nulls":5},"Custo Horário de Execução =>",null,null,null,343.47919999999999]
[{"$nulls":5},"Fator de Influencia da Chuva - FIC =>",null,null,null,1.43E-2]
[{"$nulls":5},"Custo do FIC =>",null,null,null,2.7699999999999999E-2]
[{"$nulls":5},"Produção de Equipe =>",null,null,null,176.81]
[{"$nulls":5},"Custo Unitário de Execução =>",null,null,null,1.9426000000000001]
[{"$nulls":4},"MO sem LS =>",0.12140546349188394,"LS =>",0,"MO com LS =>",0.12140546349188394]
[{"$nulls":4},"Valor do BDI =>",0.44,null,"Valor com BDI =>",null,2.41]
[{"$nulls":6},"Quant. =>",35750.870000000003,"Preço Total =>",86159.59]
[]
[" 6.3.2.2 ",null,null,"EXPLORAÇÃO DE JAZIDAS",{"$nulls":6},3394600.17]
[" 6.3.2.2.1 ","Código","Banco","Descrição","Tipo",null,"Und","Quant.","Porcent.","Valor Unit","Total"]
["Composição"," 4016096 ","SICRO3","ESCAVAÇÃO E CARGA DE MATERIAL DE JAZIDA COM ESCAVADEIRA HIDRÁULICA DE 1,56 M³","",null,"m³",1,null,1.36,1.36]
["A","Código","Banco","Equipamentos","Quantidade","Utilização",null,"Custo Operacional",null,"Custo Horário"]
[{"$nulls":5},"Operativa","Improdutiva","Operativa","Improdutiva"]
["Insumo","E9515","SICRO3","Escavadeira hidráulica sobre esteiras com caçamba com capacidade de 1,56 m³ - 118 kW",1,1,0,287.9393,133.5633,287.9393]
[{"$nulls":5},"Custo Horário de Equipamentos =>",null,null,null,287.9393]
["B","Código","Banco","Mão de Obra","Quantidade","Salário Hora",null,null,null,"Custo Horário"]
["Insumo","P9824","SICRO3","Servente",1,null,null,null,21.465699999999998,21.465699999999998]
[{"$nulls":5},"Custo Horário da Mão de Obra =>",null,null,null,21.465699999999998]
[{"$nulls":5},"Adc.M.O. - Ferramentas (0,0%) =>",null,null,null,0]
[{"$nulls":5},"Custo Horário de Execução =>",null,null,null,309.40499999999997]
[{"$nulls":5},"Fator de Influencia da Chuva - FIC =>",null,null,null,1.43E-2]
[{"$nulls":5},"Custo do FIC =>",null,null,null,1.9199999999999998E-2]
[{"$nulls":5},"Produção de Equipe =>",null,null,null,230.19]
[{"$nulls":5},"Custo Unitário de Execução =>",null,null,null,1.3441000000000001]
[{"$nulls":4},"MO sem LS =>",9.3252096094530598E-2,"LS =>",0,"MO com LS =>",9.3252096094530598E-2]
[{"$nulls":4},"Valor do BDI =>",0.3,null,"Valor com BDI =>",null,1.66]
[{"$nulls":6},"Quant. =>",199871.81,"Preço Total =>",331787.2]
[]
[" 6.3.2.2.2 ","Código","Banco","Descrição","Tipo",null,"Und","Quant.","Porcent.","Valor Unit","Total"]
["Composição"," 5901639 ","SICRO3","TRANSPORTE COM CAMINHÃO BASCULANTE COM CAÇAMBA ESTANQUE COM CAPACIDADE DE 14 M³ - RODOVIA EM LEITO NATURAL.","",null,"tkm",1,null,0.87,0.87]
["A","Código","Banco","Equipamentos","Quantidade","Utilização",null,"Custo Operacional",null,"Custo Horário"]
[{"$nulls":5},"Operativa","Improdutiva","Operativa","Improdutiva"]
["Insumo","E9575","SICRO3","Caminhão basculante com caçamba estanque com capacidade de 14 m³ - 188 kW",1,1,0,297.71420000000001,90.774600000000007,297.71420000000001]
[{"$nulls":5},"Custo Horário de Equipamentos =>",null,null,null,297.71420000000001]
[{"$nulls":5},"Custo Horário de Execução =>",null,null,null,297.71420000000001]
[{"$nulls":5},"Fator de Influencia da Chuva - FIC =>",null,null,null,1.43E-2]
[{"$nulls":5},"Custo do FIC =>",null,null,null,1.2200000000000001E-2]
[{"$nulls":5},"Produção de Equipe =>",null,null,null,348.6]
[{"$nulls":5},"Custo Unitário de Execução =>",null,null,null,0.85399999999999998]
[{"$nulls":4},"MO sem LS =>",0,"LS =>",0,"MO com LS =>",0]
[{"$nulls":4},"Valor do BDI =>",0.19,null,"Valor com BDI =>",null,1.06]
[{"$nulls":6},"Quant. =>",2889446.2,"Preço Total =>",3062812.97]
[]
[" 6.3.2.3 ",null,null,"ATERRO",{"$nulls":6},1317491.17]
[" 6.3.2.3.1 ","Código","Banco","Descrição","Tipo",null,"Und","Quant.","Porcent.","Valor Unit","Total"]
["Composição"," 5502978 ","SICRO3","COMPACTAÇÃO DE ATERROS A 100% DO PROCTOR NORMAL","",null,"m³",1,null,4.9800000000000004,4.9800000000000004]
["A","Código","Banco","Equipamentos","Quantidade","Utilização",null,"Custo Operacional",null,"Custo Horário"]
[{"$nulls":5},"Operativa","Improdutiva","Operativa","Improdutiva"]
["Insumo","E9571","SICRO3","Caminhão tanque com capacidade de 10.000 l - 188 kW",1,0.9,0.1,321.9742,87.045699999999997,298.48140000000001]
["Insumo","E9518","SICRO3","Grade de 24 discos rebocável de D = 60 cm (24”)",1,0.52,0.48,4.8493000000000004,3.3769999999999998,4.1425999999999998]
["Insumo","E9524","SICRO3","Motoniveladora - 93 kW",1,0.28999999999999998,0.71,289.17180000000002,130.09540000000001,176.2276]
["Insumo","E9685","SICRO3","Rolo compactador pé de carneiro vibratório autopropelido por pneus de 11,6 t - 82 kW",1,1,0,221.4451,102.9592,221.4451]
["Insumo","E9577","SICRO3","Trator agrícola sobre pneus - 77 kW",1,0.52,0.48,148.2132,57.663899999999998,104.7495]
[{"$nulls":5},"Custo Horário de Equipamentos =>",null,null,null,805.0462]
["B","Código","Banco","Mão de Obra","Quantidade","Salário Hora",null,null,null,"Custo Horário"]
["Insumo","P9824","SICRO3","Servente",1,null,null,null,21.465699999999998,21.465699999999998]
[{"$nulls":5},"Custo Horário da Mão de Obra =>",null,null,null,21.465699999999998]
[{"$nulls":5},"Adc.M.O. - Ferramentas (0,0%) =>",null,null,null,0]
[{"$nulls":5},"Custo Horário de Execução =>",null,null,null,826.51189999999997]
[{"$nulls":5},"Fator de Influencia da Chuva - FIC =>",null,null,null,1.43E-2]
[{"$nulls":5},"Custo do FIC =>",null,null,null,7.0000000000000007E-2]
[{"$nulls":5},"Produção de Equipe =>",null,null,null,168.2]
[{"$nulls":5},"Custo Unitário de Execução =>",null,null,null,4.9138999999999999]
[{"$nulls":4},"MO sem LS =>",0.12762009512485137,"LS =>",0,"MO com LS =>",0.12762009512485137]
[{"$nulls":4},"Valor do BDI =>",1.1200000000000001,null,"Valor com BDI =>",null,6.1]
[{"$nulls":6},"Quant. =>",215982.16,"Preço Total =>",1317491.17]
[]
[" 6.3.3 ",null,null,"ENROCAMENTO DE PROTEÇÃO DO TALUDE EXTERNO DO DIQUE",{"$nulls":6},1278785.56]
[" 6.3.3.1 ","Código","Banco","Descrição","Tipo",null,"Und","Quant.","Porcent.","Valor Unit","Total"]
["Composição"," 5914657 ","SICRO3","CARGA, MANOBRA E DESCARGA DE BLOCOS DE ROCHA EM CAMINHÃO BASCULANTE DE 8 M³ - CARGA COM RETROESCAVADEIRA DE 0,29 M³ E DESCARGA LIVRE.","",null,"t",1,null,17.600000000000001,17.600000000000001]
["A","Código","Banco","Equipamentos","Quantidade","Utilização",null,"Custo Operacional",null,"Custo Horário"]
[{"$nulls":5},"Operativa","Improdutiva","Operativa","Improdutiva"]
["Insumo","E9604","SICRO3","Caminhão basculante para rocha com capacidade de 8 m³ - 210 kW",2,0.56999999999999995,0.43,297.14830000000001,90.430499999999995,416.51929999999999]
["Insumo","E9526","SICRO3","Retroescavadeira de pneus - capacidade da caçamba da pá-carregadeira de 0,76 m³ e da",1,1,0,151.10929999999999,79.652699999999996,151.10929999999999]
[{"$nulls":5},"Custo Horário de Equipamentos =>",null,null,null,567.62860000000001]
[{"$nulls":5},"Custo Horário de Execução =>",null,null,null,567.62860000000001]
[{"$nulls":5},"Fator de Influencia da Chuva - FIC =>",null,null,null,0]
[{"$nulls":5},"Custo do FIC =>",null,null,null,0]
[{"$nulls":5},"Produção de Equipe =>",null,null,null,32.26]
[{"$nulls":5},"Custo Unitário de Execução =>",null,null,null,17.595400000000001]
[{"$nulls":4},"MO sem LS =>",0,"LS =>",0,"MO com LS =>",0]
[{"$nulls":4},"Valor do BDI =>",3.97,null,"Valor com BDI =>",null,21.57]
[{"$nulls":6},"Quant. =>",4680.0259925999999,"Preço Total =>",100948.16]
[]
[" 6.3.3.2 ","Código","Banco","Descrição","Tipo",null,"Und","Quant.","Porcent.","Valor Unit","Total"]
["Composição"," 5914346 ","SICRO3","TRANSPORTE DE MATERIAL DE 3ª CATEGORIA COM CAMINHÃO BASCULANTE DE 8 M³ PARA ROCHA - RODOVIA EM LEITO NATURAL","",null,"tkm",1,null,1.68,1.68]
["A","Código","Banco","Equipamentos","Quantidade","Utilização",null,"Custo Operacional",null,"Custo Horário"]
[{"$nulls":5},"Operativa","Improdutiva","Operativa","Improdutiva"]
["Insumo","E9604","SICRO3","Caminhão basculante para rocha com capacidade de 8 m³ - 210 kW",1,1,0,297.14830000000001,90.430499999999995,297.14830000000001]
[{"$nulls":5},"Custo Horário de Equipamentos =>",null,null,null,297.14830000000001]
[{"$nulls":5},"Custo Horário de Execução =>",null,null,null,297.14830000000001]
[{"$nulls":5},"Fator de Influencia da Chuva - FIC =>",null,null,null,1.43E-2]
[{"$nulls":5},"Custo do FIC =>",null,null,null,2.3599999999999999E-2]
[{"$nulls":5},"Produção de Equipe =>",null,null,null,179.28]
[{"$nulls":5},"Custo Unitário de Execução =>",null,null,null,1.6575]
[{"$nulls":4},"MO sem LS =>",0,"LS =>",0,"MO com LS =>",0]
[{"$nulls":4},"Valor do BDI =>",0.37,null,"Valor com BDI =>",null,2.0499999999999998]
[{"$nulls":6},"Quant. =>",61916.743881900002,"Preço Total =>",126929.32]
[]
[" 6.3.3.3 ","Código","Banco","Descrição","Tipo",null,"Und","Quant.","Porcent.","Valor Unit","Total"]
["Composição"," COMP-0022 ","Próprio","RACHÃO OU PEDRA DE MÃO PRODUZIDA.","URBA - URBANIZAÇÃO",null,"m³",1,null,20.05,20.05]
["A","Código","Banco","Equipamentos","Quantidade","Utilização",null,"Custo Operacional",null,"Custo Horário"]
[{"$nulls":5},"Operativa","Improdutiva","Operativa","Improdutiva"]
["Insumo","E9117","SICRO3","Carregadeira de pneus para rocha com capacidade de 2,50 m³ - 105 kW",1,0.46,0.54,359.73469999999998,157.4614,250.50710000000001]
["Insumo","E9607","SICRO3","Conjunto de britagem para rachão com capacidade de 80 m³/h - 224 kW",1,1,0,309.53269999999998,212.47219999999999,309.53269999999998]
["Insumo","E9021","SICRO3","Grupo gerador - 456 kVA",1,1,0,393.66199999999998,23.234100000000002,393.66199999999998]
[{"$nulls":5},"Custo Horário de Equipamentos =>",null,null,null,953.70180000000005]
[{"$nulls":5},"Custo Horário de Execução =>",null,null,null,953.70180000000005]
[{"$nulls":5},"Fator de Influencia da Chuva - FIC =>",null,null,null,0]
[{"$nulls":5},"Custo do FIC =>",null,null,null,0]
[{"$nulls":5},"Produção de Equipe =>",null,null,null,66.400000000000006]
[{"$nulls":5},"Custo Unitário de Execução =>",null,null,null,14.363]
["C","Banco","Código","Material","Quantidade","Unidade","Preço Unitário",null,null,"Custo Horário"]
["Insumo","SICRO3","M2111","Mandíbula fixa para britador - abertura de alimentação com L = 930 mm",6.0000000000000002E-5,"un",32034.5798,null,null,1.9220999999999999]
["Insumo","SICRO3","M2110","Mandíbula móvel para britador - abertura de alimentação com L = 930 mm",4.0000000000000003E-5,"un",24230.054,null,null,0.96919999999999995]
[{"$nulls":5},"Custo Total do Material =>",null,null,null,2.8913000000000002]
["D","Banco","Código","Atividades Auxiliares","Quantidade","Unidade","Preço Unitário",null,null,"Custo Horário"]
["Atividade Auxiliar","SINAPI",88316,"SERVENTE COM ENCARGOS COMPLEMENTARES",0.1204819,"H",23.23,null,null,2.7988]
[{"$nulls":5},"Custo Total das Atividades =>",null,null,null,2.7988]
[{"$nulls":4},"MO sem LS =>",1.7530116,"LS =>",0,"MO com LS =>",1.753011645]
[{"$nulls":4},"Valor do BDI =>",4.5199999999999996,null,"Valor com BDI =>",null,24.57]
[{"$nulls":6},"Quant. =>",10944,"Preço Total =>",268894.08000000002]
[]
[" 6.3.3.4 ","Código","Banco","Descrição","Tipo",null,"Und","Quant.","Porcent.","Valor Unit","Total"]
["Composição"," 4816012 ","SICRO3","BRITA PRODUZIDA EM CENTRAL DE BRITAGEM DE 80 M³/H","",null,"m³",1,null,53.94,53.94]
["A","Código","Banco","Equipamentos","Quantidade","Utilização",null,"Custo Operacional",null,"Custo Horário"]
[{"$nulls":5},"Operativa","Improdutiva","Operativa","Improdutiva"]
["Insumo","E9117","SICRO3","Carregadeira de pneus para rocha com capacidade de 2,50 m³ - 105 kW",1,0.46,0.54,359.73469999999998,157.4614,250.50710000000001]
["Insumo","E9611","SICRO3","Conjunto de britagem com capacidade de 80 m³/h - 313 kW",1,1,0,995.71289999999999,648.64750000000004,995.71289999999999]
["Insumo","E9765","SICRO3","Grupo gerador - 569 kVA",1,1,0,490.92020000000002,29.088000000000001,490.92020000000002]
[{"$nulls":5},"Custo Horário de Equipamentos =>",null,null,null,1737.1402]
["B","Código","Banco","Mão de Obra","Quantidade","Salário Hora",null,null,null,"Custo Horário"]
["Insumo","P9824","SICRO3","Servente",8,null,null,null,21.465699999999998,171.72559999999999]
[{"$nulls":5},"Custo Horário da Mão de Obra =>",null,null,null,171.72559999999999]
[{"$nulls":5},"Adc.M.O. - Ferramentas (0,0%) =>",null,null,null,0]
[{"$nulls":5},"Custo Horário de Execução =>",null,null,null,1908.8658]
[{"$nulls":5},"Fator de Influencia da Chuva - FIC =>",null,null,null,2.3999999999999998E-3]
[{"$nulls":5},"Custo do FIC =>",null,null,null,6.8099999999999994E-2]
[{"$nulls":5},"Produção de Equipe =>",null,null,null,66.400000000000006]
[{"$nulls":5},"Custo Unitário de Execução =>",null,null,null,28.748000000000001]
["C","Banco","Código","Material","Quantidade","Unidade","Preço Unitário",null,null,"Custo Horário"]
["Insumo","SICRO3","M2115","Cunha lateral inferior para britador",2.0000000000000002E-5,"un",1906.0084999999999,null,null,3.8100000000000002E-2]
["Insumo","SICRO3","M2114","Cunha lateral superior para britador",1.0000000000000001E-5,"un",2444.7143000000001,null,null,2.4400000000000002E-2]
["Insumo","SICRO3","M2111","Mandíbula fixa para britador - abertura de alimentação com L = 930 mm",6.0000000000000002E-5,"un",32034.5798,null,null,1.9220999999999999]
["Insumo","SICRO3","M2110","Mandíbula móvel para britador - abertura de alimentação com L = 930 mm",4.0000000000000003E-5,"un",24230.054,null,null,0.96919999999999995]
["Insumo","SICRO3","M2112","Manta do britador cônico HP200 ou similar",3.0000000000000001E-5,"un",21230.413400000001,null,null,0.63690000000000002]
["Insumo","SICRO3","M2113","Revestimento do bojo interno do britador cônico HP200 ou similar",4.0000000000000003E-5,"un",24245.382099999999,null,null,0.9698]
[{"$nulls":5},"Custo Total do Material =>",null,null,null,4.5605000000000002]
["D","Banco","Código","Atividades Auxiliares","Quantidade","Unidade","Preço Unitário",null,null,"Custo Horário"]
["Atividade Auxiliar","SICRO3",4816010,"Rocha para britagem com perfuratriz sobre esteira",0.56999999999999995,"m³",36.08,null,null,20.5656]
[{"$nulls":5},"Custo Total das Atividades =>",null,null,null,20.5656]
[{"$nulls":4},"MO sem LS =>",3.3253775156626504,"LS =>",0,"MO com LS =>",3.3253775390707769]
[{"$nulls":4},"Valor do BDI =>",12.16,null,"Valor com BDI =>",null,66.099999999999994]
[{"$nulls":6},"Quant. =>",5477,"Preço Total =>",362029.7]
[]
[" 6.3.3.5 ","Código","Banco","Descrição","Tipo",null,"Und","Quant.","Porcent.","Valor Unit","Total"]
["Composição"," 5914351 ","SICRO3","CARGA, MANOBRA E DESCARGA DE AGREGADOS OU SOLOS EM CAMINHÃO BASCULANTE DE 14 M³ - CARGA COM CARREGADEIRA DE 3,40 M³ E DESCARGA LIVRE.","",null,"t",1,null,2.61,2.61]
["A","Código","Banco","Equipamentos","Quantidade","Utilização",null,"Custo Operacional",null,"Custo Horário"]
[{"$nulls":5},"Operativa","Improdutiva","Operativa","Improdutiva"]
["Insumo","E9667","SICRO3","Caminhão basculante com capacidade de 14 m³ - 188 kW",3,0.77,0.23,297.32,90.567700000000002,749.30089999999996]
["Insumo","E9511","SICRO3","Carregadeira de pneus com capacidade de 3,40 m³ - 195 kW",1,1,0,442.03,218.85579999999999,442.03]
[{"$nulls":5},"Custo Horário de Equipamentos =>",null,null,null,1191.3308999999999]
[{"$nulls":5},"Custo Horário de Execução =>",null,null,null,1191.3308999999999]
[{"$nulls":5},"Fator de Influencia da Chuva - FIC =>",null,null,null,0]
[{"$nulls":5},"Custo do FIC =>",null,null,null,0]
[{"$nulls":5},"Produção de Equipe =>",null,null,null,457.16]
[{"$nulls":5},"Custo Unitário de Execução =>",null,null,null,2.6059000000000001]
[{"$nulls":4},"MO sem LS =>",0,"LS =>",0,"MO com LS =>",0]
[{"$nulls":4},"Valor do BDI =>",0.57999999999999996,null,"Valor com BDI =>",null,3.19]
[{"$nulls":6},"Quant. =>",8215.5397962999996,"Preço Total =>",26207.57]
[]
[" 6.3.3.6 ","Código","Banco","Descrição","Tipo",null,"Und","Quant.","Porcent.","Valor Unit","Total"]
["Composição"," 5901639 ","SICRO3","TRANSPORTE COM CAMINHÃO BASCULANTE COM CAÇAMBA ESTANQUE COM CAPACIDADE DE 14 M³ - RODOVIA EM LEITO NATURAL.","",null,"tkm",1,null,0.87,0.87]
["A","Código","Banco","Equipamentos","Quantidade","Utilização",null,"Custo Operacional",null,"Custo Horário"]
[{"$nulls":5},"Operativa","Improdutiva","Operativa","Improdutiva"]
["Insumo","E9575","SICRO3","Caminhão basculante com caçamba estanque com capacidade de 14 m³ - 188 kW",1,1,0,297.71420000000001,90.774600000000007,297.71420000000001]
[{"$nulls":5},"Custo Horário de Equipamentos =>",null,null,null,297.71420000000001]
[{"$nulls":5},"Custo Horário de Execução =>",null,null,null,297.71420000000001]
[{"$nulls":5},"Fator de Influencia da Chuva - FIC =>",null,null,null,1.43E-2]
[{"$nulls":5},"Custo do FIC =>",null,null,null,1.2200000000000001E-2]
[{"$nulls":5},"Produção de Equipe =>",null,null,null,348.6]
[{"$nulls":5},"Custo Unitário de Execução =>",null,null,null,0.85399999999999998]
[{"$nulls":4},"MO sem LS =>",0,"LS =>",0,"MO com LS =>",0]
[{"$nulls":4},"Valor do BDI =>",0.19,null,"Valor com BDI =>",null,1.06]
[{"$nulls":6},"Quant. =>",56194.292206400001,"Preço Total =>",59565.94]
[]
[" 6.3.3.7 ","Código","Banco","Descrição","Tipo",null,"Und","Quant.","Porcent.","Valor Unit","Total"]
["Composição"," COMP-0021 ","Próprio","ENROCAMENTO DE PEDRA ESPALHADA E COMPACTADA MECANICAMENTE - PEDRA DE MÃO PRODUZIDA - SEM FORNECIMENTO E COM ASSENTAMENTO","URBA - URBANIZAÇÃO",null,"m³",1,null,22,22]
["A","Código","Banco","Equipamentos","Quantidade","Utilização",null,"Custo Operacional",null,"Custo Horário"]
[{"$nulls":5},"Operativa","Improdutiva","Operativa","Improdutiva"]
["Insumo","E9530","SICRO3","Rolo compactador liso vibratório autopropelido por pneus de 11 t - 97 kW",1,0.35,0.65,250.4547,112.25449999999999,160.62459999999999]
["Insumo","E9541","SICRO3","Trator sobre esteiras com lâmina - 259 kW",1,1,0,760.50620000000004,307.02120000000002,760.50620000000004]
[{"$nulls":5},"Custo Horário de Equipamentos =>",null,null,null,921.13080000000002]
[{"$nulls":5},"Custo Horário de Execução =>",null,null,null,921.13080000000002]
[{"$nulls":5},"Fator de Influencia da Chuva - FIC =>",null,null,null,0]
[{"$nulls":5},"Custo do FIC =>",null,null,null,0]
[{"$nulls":5},"Produção de Equipe =>",null,null,null,50.11]
[{"$nulls":5},"Custo Unitário de Execução =>",null,null,null,18.382200000000001]
["D","Banco","Código","Atividades Auxiliares","Quantidade","Unidade","Preço Unitário",null,null,"Custo Horário"]
["Atividade Auxiliar","SICRO3",5914647,"Carga, manobra e descarga de agregados ou solos em caminhão basculante de 10 m³ - carga com carregadeira de 3,40 m³(exclusa) e descarga livre",1.8,"t",1.75,null,null,3.15]
["Atividade Auxiliar","SINAPI",88316,"SERVENTE COM ENCARGOS COMPLEMENTARES",1.9956100000000001E-2,"H",23.23,null,null,0.46360000000000001]
[{"$nulls":5},"Custo Total das Atividades =>",null,null,null,3.6135999999999999]
[{"$nulls":4},"MO sem LS =>",0.29036125499999998,"LS =>",0,"MO com LS =>",0.29036125499999998]
[{"$nulls":4},"Valor do BDI =>",4.96,null,"Valor com BDI =>",null,26.96]
[{"$nulls":6},"Quant. =>",10944,"Preço Total =>",295050.23999999999]
[]
[" 6.3.3.8 ","Código","Banco","Descrição","Tipo",null,"Und","Quant.","Porcent.","Valor Unit","Total"]
["Composição"," COMP-0040 ","Próprio","TRANSIÇÃO COMPACTADA EM BRITA, INCLUINDO OS SERVIÇOS DE DESCARGA OU LANÇAMENTO, ESPALHAMENTO E COMPACTAÇÃO SEM  FORNECIMENTO DE MATERIAL (ENSECADEIRA, BARRAGEM, ETC)",172,null,"M³",1,null,5.84,5.84]
["Composição Auxiliar"," 88309 ","SINAPI","PEDREIRO COM ENCARGOS COMPLEMENTARES","SEDI - SERVIÇOS DIVERSOS",null,"H",0.02,null,32.270000000000003,0.64]
["Composição Auxiliar"," 88316 ","SINAPI","SERVENTE COM ENCARGOS COMPLEMENTARES","SEDI - SERVIÇOS DIVERSOS",null,"H",0.14000000000000001,null,23.23,3.25]
["Insumo"," 2458 ","ORSE","Caminhao tanque (pipa)10000 l (m. benz - 2423 K - 184,0 hp ou equivalente)","Equipamento",null,"h",4.0000000000000001E-3,null,77.84,0.31]
["Insumo"," 2461 ","ORSE","Aluguel de compactador placa 415 kg  (dynapac - cm 20 diesel  - 6,0 hp)","Equipamento",null,"h",0.04,null,2.78,0.11]
["Insumo"," 2482 ","ORSE","Retroescavadeira pneus (Massey Ferguson MF - 86 HF ou equivalente)","Equipamento",null,"h",0.02,null,76.569999999999993,1.53]
[{"$nulls":4},"MO sem LS =>",2.4900000000000002,"LS =>",0,"MO com LS =>",2.4900000000000002]
[{"$nulls":4},"Valor do BDI =>",1.31,null,"Valor com BDI =>",null,7.15]
[{"$nulls":6},"Quant. =>",5477,"Preço Total =>",39160.550000000003]
[]
[" 6.3.4 ",null,null,"REGULARIZAÇÃO DOS TALUDES",{"$nulls":6},2532254.91]
[" 6.3.4.1 ","Código","Banco","Descrição","Tipo",null,"Und","Quant.","Porcent.","Valor Unit","Total"]
["Composição"," 4015612 ","SICRO3","EXECUÇÃO DE REVESTIMENTO PRIMÁRIO COM MATERIAL DE JAZIDA","",null,"m³",1,null,12.06,12.06]
["A","Código","Banco","Equipamentos","Quantidade","Utilização",null,"Custo Operacional",null,"Custo Horário"]
[{"$nulls":5},"Operativa","Improdutiva","Operativa","Improdutiva"]
["Insumo","E9571","SICRO3","Caminhão tanque com capacidade de 10.000 l - 188 kW",1,0.93,7.0000000000000007E-2,321.9742,87.045699999999997,305.5292]
["Insumo","E9518","SICRO3","Grade de 24 discos rebocável de D = 60 cm (24”)",1,0.52,0.48,4.8493000000000004,3.3769999999999998,4.1425999999999998]
["Insumo","E9524","SICRO3","Motoniveladora - 93 kW",1,0.74,0.26,289.17180000000002,130.09540000000001,247.81190000000001]
["Insumo","E9762","SICRO3","Rolo compactador de pneus autopropelido de 27 t - 85 kW",1,0.72,0.28000000000000003,257.33420000000001,129.01859999999999,221.4058]
["Insumo","E9685","SICRO3","Rolo compactador pé de carneiro vibratório autopropelido por pneus de 11,6 t - 82 kW",1,1,0,221.4451,102.9592,221.4451]
["Insumo","E9577","SICRO3","Trator agrícola sobre pneus - 77 kW",1,0.52,0.48,148.2132,57.663899999999998,104.7495]
[{"$nulls":5},"Custo Horário de Equipamentos =>",null,null,null,1105.0841]
["B","Código","Banco","Mão de Obra","Quantidade","Salário Hora",null,null,null,"Custo Horário"]
["Insumo","P9824","SICRO3","Servente",1,null,null,null,21.465699999999998,21.465699999999998]
[{"$nulls":5},"Custo Horário da Mão de Obra =>",null,null,null,21.465699999999998]
[{"$nulls":5},"Adc.M.O. - Ferramentas (0,0%) =>",null,null,null,0]
[{"$nulls":5},"Custo Horário de Execução =>",null,null,null,1126.5498]
[{"$nulls":5},"Fator de Influencia da Chuva - FIC =>",null,null,null,1.43E-2]
[{"$nulls":5},"Custo do FIC =>",null,null,null,9.5399999999999999E-2]
[{"$nulls":5},"Produção de Equipe =>",null,null,null,168.2]
[{"$nulls":5},"Custo Unitário de Execução =>",null,null,null,6.6977000000000002]
["D","Banco","Código","Atividades Auxiliares","Quantidade","Unidade","Preço Unitário",null,null,"Custo Horário"]
["Atividade Auxiliar","SICRO3",4016096,"Escavação e carga de material de jazida com escavadeira hidráulica de 1,56 m³",1.1002700000000001,"m³",1.36,null,null,1.4964]
[{"$nulls":5},"Custo Total das Atividades =>",null,null,null,1.4964]
["E","Banco","Insumo","Tempos Fixos","Código","Quantidade","Unidade","Preço Unitário",null,"Custo Horário"]
["Tempo Fixo","SICRO3",4016096,"Carga, manobra e descarga de agregados ou solos em caminhão basculante de 10 m³ - carga com escavadeira de 1,56 m³(exclusa) e descarga livre",5914354,2.0630099999999998,"t",1.83,null,3.7753000000000001]
[{"$nulls":5},"Custo Total dos Tempos Fixos =>",null,null,null,3.7753000000000001]
["F","Banco","Insumo","Momento de Transporte","Quantidade","Unidade","Distância Média de Transporte (DMT)",null,null,"Custo Horário"]
[{"$nulls":6},"LN","RP","P"]
["Momento de Transporte","SICRO3",4016096,"Escavação e carga de material de jazida com escavadeira hidráulica de 1,56 m³ - Caminhão basculante com capacidade de 10 m³ - 188 kW",2.0630099999999998,"tkm","5914359\n0,000\nR$ 1,19","5914374\n0,000\nR$ 0,95","5914389\n0,000\nR$ 0,79",0]
[{"$nulls":5},"Custo total dos Momentos de Transportes =>",null,null,null,0]
[{"$nulls":4},"MO sem LS =>",0.23022257889478057,"LS =>",0,"MO com LS =>",0.23022257889478057]
[{"$nulls":4},"Valor do BDI =>",2.72,null,"Valor com BDI =>",null,14.78]
[{"$nulls":6},"Quant. =>",6806,"Preço Total =>",100592.68]
[]
[" 6.3.4.2 ","Código","Banco","Descrição","Tipo",null,"Und","Quant.","Porcent.","Valor Unit","Total"]
["Composição"," 5914359 ","SICRO3","TRANSPORTE COM CAMINHÃO BASCULANTE DE 10 M³ - RODOVIA EM LEITO NATURAL","",null,"tkm",1,null,1.21,1.21]
["A","Código","Banco","Equipamentos","Quantidade","Utilização",null,"Custo Operacional",null,"Custo Horário"]
[{"$nulls":5},"Operativa","Improdutiva","Operativa","Improdutiva"]
["Insumo","E9579","SICRO3","Caminhão basculante com capacidade de 10 m³ - 188 kW",1,1,0,296.24459999999999,90.003200000000007,296.24459999999999]
[{"$nulls":5},"Custo Horário de Equipamentos =>",null,null,null,296.24459999999999]
[{"$nulls":5},"Custo Horário de Execução =>",null,null,null,296.24459999999999]
[{"$nulls":5},"Fator de Influencia da Chuva - FIC =>",null,null,null,1.43E-2]
[{"$nulls":5},"Custo do FIC =>",null,null,null,1.7000000000000001E-2]
[{"$nulls":5},"Produção de Equipe =>",null,null,null,249]
[{"$nulls":5},"Custo Unitário de Execução =>",null,null,null,1.1897]
[{"$nulls":4},"MO sem LS =>",0,"LS =>",0,"MO com LS =>",0]
[{"$nulls":4},"Valor do BDI =>",0.27,null,"Valor com BDI =>",null,1.48]
[{"$nulls":6},"Quant. =>",87287.108664600004,"Preço Total =>",129184.92]
[]
[" 6.3.4.3 ","Código","Banco","Descrição","Tipo",null,"Und","Quant.","Porcent.","Valor Unit","Total"]
["Composição"," 1103852 ","SICRO3","CONCRETO POROSO - AREIA EXTRAÍDA E BRITA PRODUZIDA","",null,"m³",1,null,367.78,367.78]
["A","Código","Banco","Equipamentos","Quantidade","Utilização",null,"Custo Operacional",null,"Custo Horário"]
[{"$nulls":5},"Operativa","Improdutiva","Operativa","Improdutiva"]
["Insumo","E9010","SICRO3","Balança plataforma digital à bateria, com mesa de 75 x 75 cm e capacidade de 500 kg",1,1,0,1.2283999999999999,0.82520000000000004,1.2283999999999999]
["Insumo","E9519","SICRO3","Betoneira com motor a gasolina com capacidade de 600 l - 10 kW",1,1,0,53.475700000000003,33.671500000000002,53.475700000000003]
["Insumo","E9071","SICRO3","Transportador manual carrinho de mão com capacidade de 80 l",3,0.78,0.22,0.71679999999999999,0.48730000000000001,1.9988999999999999]
["Insumo","E9064","SICRO3","Transportador manual gerica com capacidade de 180 l",3,0.31,0.69,1.5258,1.0373000000000001,3.5661999999999998]
[{"$nulls":5},"Custo Horário de Equipamentos =>",null,null,null,60.269199999999998]
["B","Código","Banco","Mão de Obra","Quantidade","Salário Hora",null,null,null,"Custo Horário"]
["Insumo","P9821","SICRO3","Pedreiro",1,null,null,null,30.302800000000001,30.302800000000001]
["Insumo","P9824","SICRO3","Servente",8,null,null,null,21.465699999999998,171.72559999999999]
[{"$nulls":5},"Custo Horário da Mão de Obra =>",null,null,null,202.0284]
[{"$nulls":5},"Adc.M.O. - Ferramentas (0,0%) =>",null,null,null,0]
[{"$nulls":5},"Custo Horário de Execução =>",null,null,null,262.29759999999999]
[{"$nulls":5},"Fator de Influencia da Chuva - FIC =>",null,null,null,0]
[{"$nulls":5},"Custo do FIC =>",null,null,null,0]
[{"$nulls":5},"Produção de Equipe =>",null,null,null,4.0080999999999998]
[{"$nulls":5},"Custo Unitário de Execução =>",null,null,null,65.442700000000002]
["C","Banco","Código","Material","Quantidade","Unidade","Preço Unitário",null,null,"Custo Horário"]
["Insumo","SICRO3","M0010","Aditivo superplastificante para concreto e argamassa",1.6511800000000001,"kg",16.698399999999999,null,null,27.572099999999999]
["Insumo","SICRO3","M0424","Cimento Portland CP II - 32 - saco",330.23678999999998,"kg",0.66949999999999998,null,null,221.09350000000001]
[{"$nulls":5},"Custo Total do Material =>",null,null,null,248.66560000000001]
["D","Banco","Código","Atividades Auxiliares","Quantidade","Unidade","Preço Unitário",null,null,"Custo Horário"]
["Atividade Auxiliar","SICRO3",4816012,"Brita produzida em central de britagem de 80 m³/h",0.68813000000000002,"m³",53.84,null,null,37.048900000000003]
["Atividade Auxiliar","SICRO3",4816020,"Areia extraída com draga de sucção tipo bomba",0.17802999999999999,"m³",11.74,null,null,2.0901000000000001]
[{"$nulls":5},"Custo Total das Atividades =>",null,null,null,39.139000000000003]
["E","Banco","Insumo","Tempos Fixos","Código","Quantidade","Unidade","Preço Unitário",null,"Custo Horário"]
["Tempo Fixo","SICRO3",4816020,"Carga, manobra e descarga de agregados ou solos em caminhão basculante de 10 m³ - carga com carregadeira de 3,40 m³ edescarga livre",5915407,0.26705000000000001,"t",2.72,null,0.72640000000000005]
["Tempo Fixo","SICRO3",4816012,"Carga, manobra e descarga de agregados ou solos em caminhão basculante de 10 m³ - carga com carregadeira de 3,40 m³ edescarga livre",5915407,1.0322,"t",2.72,null,2.8075999999999999]
["Tempo Fixo","SICRO3","M0010","Carga, manobra e descarga de materiais diversos em caminhão carroceria de 15 t - carga e descarga manuais",5914655,1.65E-3,"t",33.15,null,5.4699999999999999E-2]
["Tempo Fixo","SICRO3","M0424","Carga, manobra e descarga de materiais diversos em caminhão carroceria de 15 t - carga e descarga manuais",5914655,0.33023999999999998,"t",33.15,null,10.9475]
[{"$nulls":5},"Custo Total dos Tempos Fixos =>",null,null,null,14.536199999999999]
["F","Banco","Insumo","Momento de Transporte","Quantidade","Unidade","Distância Média de Transporte (DMT)",null,null,"Custo Horário"]
[{"$nulls":6},"LN","RP","P"]
["Momento de Transporte","SICRO3",4816020,"Areia extraída com draga de sucção tipo bomba - Caminhão basculante com capacidade de 10 m³ - 188 kW",0.26705000000000001,"tkm","5914359\n0,000\nR$ 1,19","5914374\n0,000\nR$ 0,95","5914389\n0,000\nR$ 0,79",0]
["Momento de Transporte","SICRO3",4816012,"Brita produzida em central de britagem de 80 m³/h - Caminhão basculante com capacidade de 10 m³ - 188 kW",1.0322,"tkm","5914359\n0,000\nR$ 1,19","5914374\n0,000\nR$ 0,95","5914389\n0,000\nR$ 0,79",0]
["Momento de Transporte","SICRO3","M0010","Aditivo superplastificante para concreto e argamassa - Caminhão carroceria com capacidade de 15 t - 188 kW",1.65E-3,"tkm","5914449\n0,000\nR$ 1,08","5914464\n0,000\nR$ 0,86","5914479\n0,000\nR$ 0,71",0]
["Momento de Transporte","SICRO3","M0424","Cimento Portland CP II - 32 - saco - Caminhão carroceria com capacidade de 15 t - 188 kW",0.33023999999999998,"tkm","5914449\n0,000\nR$ 1,08","5914464\n0,000\nR$ 0,86","5914479\n0,000\nR$ 0,71",0]
[{"$nulls":5},"Custo total dos Momentos de Transportes =>",null,null,null,0]
[{"$nulls":4},"MO sem LS =>",56.813751512043261,"LS =>",0,"MO com LS =>",56.813751552887368]
[{"$nulls":4},"Valor do BDI =>",82.97,null,"Valor com BDI =>",null,450.75]
[{"$nulls":6},"Quant. =>",1252.9000000000001,"Preço Total =>",564744.67000000004]
[]
[" 6.3.4.4 ","Código","Banco","Descrição","Tipo",null,"Und","Quant.","Porcent.","Valor Unit","Total"]
["Composição"," 09.90.01 ","EMBASA","EXECUÇÃO DE SOLO-CIMENTO",990,null,"m³",1,null,543.33000000000004,543.33000000000004]
["Insumo"," B010000097 ","EMBASA","SERVENTE","Mão de Obra",null,"H",8.07,null,18.02,145.41999999999999]
["Insumo"," D010000008 ","EMBASA","CIMENTO PORTLAND COMPOSTO CP II-32","Material",null,"KG",164,null,0.75,123]
["Insumo"," D020000006 ","EMBASA","ARENOSO, EXCLUSIVE FRETE","Material",null,"m³",1.51,null,79.84,120.55]
["Insumo"," F030000307 ","EMBASA","GASOLINA","Material",null,"L",0.28220000000000001,null,5.77,1.62]
["Insumo"," H020000524 ","EMBASA","COMPACTADOR A PERCUSSÃO (TIPO SAPO), A COMBUSTÍVEL","Material",null,"H",0.52800000000000002,null,3.3,1.74]
["Insumo"," K010000004 ","EMBASA","FRETE PARA AGREGADOS MIUDOS","Material",null,"m³",1.51,null,100,151]
[{"$nulls":4},"MO sem LS =>",145.41999999999999,"LS =>",0,"MO com LS =>",145.41999999999999]
[{"$nulls":4},"Valor do BDI =>",122.57,null,"Valor com BDI =>",null,665.9]
[{"$nulls":6},"Quant. =>",2609.6,"Preço Total =>",1737732.64]
[]
[" 6.3.5 ",null,null,"REVESTIMENTO DO CANAL",{"$nulls":6},6603404.5300000003]
[" 6.3.5.1 ","Código","Banco","Descrição","Tipo",null,"Und","Quant.","Porcent.","Valor Unit","Total"]
["Composição"," 11.11.01 ","EMBASA","IMPERMEABILIZAÇÃO COM MANTA PEAD, GEOMEMBRANA LISA, E=1,00 MM",1111,null,"m²",1,null,33.44,33.44]
["Insumo"," B010000070 ","EMBASA","IMPERMEABILIZADOR","Mão de Obra",null,"H",0.2,null,28.08,5.61]
["Insumo"," B010000097 ","EMBASA","SERVENTE","Mão de Obra",null,"H",0.2,null,18.02,3.6]
["Insumo"," D229500003 ","EMBASA","MANTA PEAD, GEOMEMBRANA LISA, E=1,00 MM","Material",null,"m²",1.05,null,18,18.899999999999999]
["Insumo"," H020000912 ","EMBASA","MÁQUINA DE SOLDA POR TERMOFUSÃO PARA MANTA PEAD","Material",null,"UN",5.0000000000000002E-5,null,106625.48,5.33]
[{"$nulls":4},"MO sem LS =>",9.2100000000000009,"LS =>",0,"MO com LS =>",9.2100000000000009]
[{"$nulls":4},"Valor do BDI =>",7.54,null,"Valor com BDI =>",null,40.98]
[{"$nulls":6},"Quant. =>",82000,"Preço Total =>",3360360]
[]
[" 6.3.5.2 ","Código","Banco","Descrição","Tipo",null,"Und","Quant.","Porcent.","Valor Unit","Total"]
["Composição"," 1107929 ","SICRO3","CONCRETO FCK = 20 MPA - CONFECÇÃO EM CENTRAL DOSADORA DE 30 M³/H - AREIA EXTRAÍDA E BRITA PRODUZIDA.","",null,"m³",1,null,265.60000000000002,265.60000000000002]
["A","Código","Banco","Equipamentos","Quantidade","Utilização",null,"Custo Operacional",null,"Custo Horário"]
[{"$nulls":5},"Operativa","Improdutiva","Operativa","Improdutiva"]
["Insumo","E9584","SICRO3","Carregadeira de pneus com capacidade de 1,72 m³ - 113 kW",1,0.34,0.66,203.21250000000001,104.4208,138.01]
["Insumo","E9599","SICRO3","Central de concreto com capacidade de 30 m³/h - dosadora RS",1,1,0,79.077200000000005,64.673599999999993,79.077200000000005]
["Insumo","E9779","SICRO3","Grupo gerador - 113 kVA",1,1,0,101.1589,8.4064999999999994,101.1589]
[{"$nulls":5},"Custo Horário de Equipamentos =>",null,null,null,318.24610000000001]
["B","Código","Banco","Mão de Obra","Quantidade","Salário Hora",null,null,null,"Custo Horário"]
["Insumo","P9824","SICRO3","Servente",2,null,null,null,21.465699999999998,42.931399999999996]
[{"$nulls":5},"Custo Horário da Mão de Obra =>",null,null,null,42.931399999999996]
[{"$nulls":5},"Adc.M.O. - Ferramentas (0,0%) =>",null,null,null,0]
[{"$nulls":5},"Custo Horário de Execução =>",null,null,null,361.17750000000001]
[{"$nulls":5},"Fator de Influencia da Chuva - FIC =>",null,null,null,0]
[{"$nulls":5},"Custo do FIC =>",null,null,null,0]
[{"$nulls":5},"Produção de Equipe =>",null,null,null,24.9]
[{"$nulls":5},"Custo Unitário de Execução =>",null,null,null,14.505100000000001]
["C","Banco","Código","Material","Quantidade","Unidade","Preço Unitário",null,null,"Custo Horário"]
["Insumo","SICRO3","M0030","Aditivo plastificante e retardador de pega para concreto e argamassa",0.82391000000000003,"kg",6.5956999999999999,null,null,5.4343000000000004]
["Insumo","SICRO3","M0424","Cimento Portland CP II - 32 - saco",274.63729999999998,"kg",0.66949999999999998,null,null,183.86969999999999]
[{"$nulls":5},"Custo Total do Material =>",null,null,null,189.304]
["D","Banco","Código","Atividades Auxiliares","Quantidade","Unidade","Preço Unitário",null,null,"Custo Horário"]
["Atividade Auxiliar","SICRO3",4816012,"Brita produzida em central de britagem de 80 m³/h",0.73507999999999996,"m³",53.84,null,null,39.576700000000002]
["Atividade Auxiliar","SICRO3",4816020,"Areia extraída com draga de sucção tipo bomba",0.63758999999999999,"m³",11.74,null,null,7.4852999999999996]
[{"$nulls":5},"Custo Total das Atividades =>",null,null,null,47.061999999999998]
["E","Banco","Insumo","Tempos Fixos","Código","Quantidade","Unidade","Preço Unitário",null,"Custo Horário"]
["Tempo Fixo","SICRO3",4816020,"Carga, manobra e descarga de agregados ou solos em caminhão basculante de 10 m³ - carga com carregadeira de 3,40 m³ edescarga livre",5915407,0.95638999999999996,"t",2.72,null,2.6013999999999999]
["Tempo Fixo","SICRO3",4816012,"Carga, manobra e descarga de agregados ou solos em caminhão basculante de 10 m³ - carga com carregadeira de 3,40 m³ edescarga livre",5915407,1.1026199999999999,"t",2.72,null,2.9990999999999999]
["Tempo Fixo","SICRO3","M0030","Carga, manobra e descarga de materiais diversos em caminhão carroceria de 15 t - carga e descarga manuais",5914655,8.1999999999999998E-4,"t",33.15,null,2.7199999999999998E-2]
["Tempo Fixo","SICRO3","M0424","Carga, manobra e descarga de materiais diversos em caminhão carroceria de 15 t - carga e descarga manuais",5914655,0.27464,"t",33.15,null,9.1043000000000003]
[{"$nulls":5},"Custo Total dos Tempos Fixos =>",null,null,null,14.731999999999999]
["F","Banco","Insumo","Momento de Transporte","Quantidade","Unidade","Distância Média de Transporte (DMT)",null,null,"Custo Horário"]
[{"$nulls":6},"LN","RP","P"]
["Momento de Transporte","SICRO3",4816020,"Areia extraída com draga de sucção tipo bomba - Caminhão basculante com capacidade de 10 m³ - 188 kW",0.95638999999999996,"tkm","5914359\n0,000\nR$ 1,19","5914374\n0,000\nR$ 0,95","5914389\n0,000\nR$ 0,79",0]
["Momento de Transporte","SICRO3",4816012,"Brita produzida em central de britagem de 80 m³/h - Caminhão basculante com capacidade de 10 m³ - 188 kW",1.1026199999999999,"tkm","5914359\n0,000\nR$ 1,19","5914374\n0,000\nR$ 0,95","5914389\n0,000\nR$ 0,79",0]
["Momento de Transporte","SICRO3","M0030","Aditivo plastificante e retardador de pega para concreto e argamassa - Caminhão carroceria com capacidade de 15 t - 188 kW",8.1999999999999998E-4,"tkm","5914449\n0,000\nR$ 1,08","5914464\n0,000\nR$ 0,86","5914479\n0,000\nR$ 0,71",0]
["Momento de Transporte","SICRO3","M0424","Cimento Portland CP II - 32 - saco - Caminhão carroceria com capacidade de 15 t - 188 kW",0.27464,"tkm","5914449\n0,000\nR$ 1,08","5914464\n0,000\nR$ 0,86","5914479\n0,000\nR$ 0,71",0]
[{"$nulls":5},"Custo total dos Momentos de Transportes =>",null,null,null,0]
[{"$nulls":4},"MO sem LS =>",8.9898363901943465,"LS =>",0,"MO com LS =>",8.9898363901943465]
[{"$nulls":4},"Valor do BDI =>",59.91,null,"Valor com BDI =>",null,325.51]
[{"$nulls":6},"Quant. =>",4840,"Preço Total =>",1575468.4]
[]
[" 6.3.5.3 ","Código","Banco","Descrição","Tipo",null,"Und","Quant.","Porcent.","Valor Unit","Total"]
["Composição"," 5914657 ","SICRO3","CARGA, MANOBRA E DESCARGA DE BLOCOS DE ROCHA EM CAMINHÃO BASCULANTE DE 8 M³ - CARGA COM RETROESCAVADEIRA DE 0,29 M³ E DESCARGA LIVRE.","",null,"t",1,null,17.600000000000001,17.600000000000001]
["A","Código","Banco","Equipamentos","Quantidade","Utilização",null,"Custo Operacional",null,"Custo Horário"]
[{"$nulls":5},"Operativa","Improdutiva","Operativa","Improdutiva"]
["Insumo","E9604","SICRO3","Caminhão basculante para rocha com capacidade de 8 m³ - 210 kW",2,0.56999999999999995,0.43,297.14830000000001,90.430499999999995,416.51929999999999]
["Insumo","E9526","SICRO3","Retroescavadeira de pneus - capacidade da caçamba da pá-carregadeira de 0,76 m³ e da",1,1,0,151.10929999999999,79.652699999999996,151.10929999999999]
[{"$nulls":5},"Custo Horário de Equipamentos =>",null,null,null,567.62860000000001]
[{"$nulls":5},"Custo Horário de Execução =>",null,null,null,567.62860000000001]
[{"$nulls":5},"Fator de Influencia da Chuva - FIC =>",null,null,null,0]
[{"$nulls":5},"Custo do FIC =>",null,null,null,0]
[{"$nulls":5},"Produção de Equipe =>",null,null,null,32.26]
[{"$nulls":5},"Custo Unitário de Execução =>",null,null,null,17.595400000000001]
[{"$nulls":4},"MO sem LS =>",0,"LS =>",0,"MO com LS =>",0]
[{"$nulls":4},"Valor do BDI =>",3.97,null,"Valor com BDI =>",null,21.57]
[{"$nulls":6},"Quant. =>",3040.08,"Preço Total =>",65574.52]
[]
[" 6.3.5.4 ","Código","Banco","Descrição","Tipo",null,"Und","Quant.","Porcent.","Valor Unit","Total"]
["Composição"," 5914346 ","SICRO3","TRANSPORTE DE MATERIAL DE 3ª CATEGORIA COM CAMINHÃO BASCULANTE DE 8 M³ PARA ROCHA - RODOVIA EM LEITO NATURAL","",null,"tkm",1,null,1.68,1.68]
["A","Código","Banco","Equipamentos","Quantidade","Utilização",null,"Custo Operacional",null,"Custo Horário"]
[{"$nulls":5},"Operativa","Improdutiva","Operativa","Improdutiva"]
["Insumo","E9604","SICRO3","Caminhão basculante para rocha com capacidade de 8 m³ - 210 kW",1,1,0,297.14830000000001,90.430499999999995,297.14830000000001]
[{"$nulls":5},"Custo Horário de Equipamentos =>",null,null,null,297.14830000000001]
[{"$nulls":5},"Custo Horário de Execução =>",null,null,null,297.14830000000001]
[{"$nulls":5},"Fator de Influencia da Chuva - FIC =>",null,null,null,1.43E-2]
[{"$nulls":5},"Custo do FIC =>",null,null,null,2.3599999999999999E-2]
[{"$nulls":5},"Produção de Equipe =>",null,null,null,179.28]
[{"$nulls":5},"Custo Unitário de Execução =>",null,null,null,1.6575]
[{"$nulls":4},"MO sem LS =>",0,"LS =>",0,"MO com LS =>",0]
[{"$nulls":4},"Valor do BDI =>",0.37,null,"Valor com BDI =>",null,2.0499999999999998]
[{"$nulls":6},"Quant. =>",40220.300000000003,"Preço Total =>",82451.61]
[]
[" 6.3.5.5 ","Código","Banco","Descrição","Tipo",null,"Und","Quant.","Porcent.","Valor Unit","Total"]
["Composição"," 5914351 ","SICRO3","CARGA, MANOBRA E DESCARGA DE AGREGADOS OU SOLOS EM CAMINHÃO BASCULANTE DE 14 M³ - CARGA COM CARREGADEIRA DE 3,40 M³ E DESCARGA LIVRE.","",null,"t",1,null,2.61,2.61]
["A","Código","Banco","Equipamentos","Quantidade","Utilização",null,"Custo Operacional",null,"Custo Horário"]
[{"$nulls":5},"Operativa","Improdutiva","Operativa","Improdutiva"]
["Insumo","E9667","SICRO3","Caminhão basculante com capacidade de 14 m³ - 188 kW",3,0.77,0.23,297.32,90.567700000000002,749.30089999999996]
["Insumo","E9511","SICRO3","Carregadeira de pneus com capacidade de 3,40 m³ - 195 kW",1,1,0,442.03,218.85579999999999,442.03]
[{"$nulls":5},"Custo Horário de Equipamentos =>",null,null,null,1191.3308999999999]
[{"$nulls":5},"Custo Horário de Execução =>",null,null,null,1191.3308999999999]
[{"$nulls":5},"Fator de Influencia da Chuva - FIC =>",null,null,null,0]
[{"$nulls":5},"Custo do FIC =>",null,null,null,0]
[{"$nulls":5},"Produção de Equipe =>",null,null,null,457.16]
[{"$nulls":5},"Custo Unitário de Execução =>",null,null,null,2.6059000000000001]
[{"$nulls":4},"MO sem LS =>",0,"LS =>",0,"MO com LS =>",0]
[{"$nulls":4},"Valor do BDI =>",0.57999999999999996,null,"Valor com BDI =>",null,3.19]
[{"$nulls":6},"Quant. =>",9965.61,"Preço Total =>",31790.29]
[]
[" 6.3.5.6 ","Código","Banco","Descrição","Tipo",null,"Und","Quant.","Porcent.","Valor Unit","Total"]
["Composição"," 5901639 ","SICRO3","TRANSPORTE COM CAMINHÃO BASCULANTE COM CAÇAMBA ESTANQUE COM CAPACIDADE DE 14 M³ - RODOVIA EM LEITO NATURAL.","",null,"tkm",1,null,0.87,0.87]
["A","Código","Banco","Equipamentos","Quantidade","Utilização",null,"Custo Operacional",null,"Custo Horário"]
[{"$nulls":5},"Operativa","Improdutiva","Operativa","Improdutiva"]
["Insumo","E9575","SICRO3","Caminhão basculante com caçamba estanque com capacidade de 14 m³ - 188 kW",1,1,0,297.71420000000001,90.774600000000007,297.71420000000001]
[{"$nulls":5},"Custo Horário de Equipamentos =>",null,null,null,297.71420000000001]
[{"$nulls":5},"Custo Horário de Execução =>",null,null,null,297.71420000000001]
[{"$nulls":5},"Fator de Influencia da Chuva - FIC =>",null,null,null,1.43E-2]
[{"$nulls":5},"Custo do FIC =>",null,null,null,1.2200000000000001E-2]
[{"$nulls":5},"Produção de Equipe =>",null,null,null,348.6]
[{"$nulls":5},"Custo Unitário de Execução =>",null,null,null,0.85399999999999998]
[{"$nulls":4},"MO sem LS =>",0,"LS =>",0,"MO com LS =>",0]
[{"$nulls":4},"Valor do BDI =>",0.19,null,"Valor com BDI =>",null,1.06]
[{"$nulls":6},"Quant. =>",61243.09,"Preço Total =>",64917.67]
[]
[" 6.3.5.7 ","Código","Banco","Descrição","Tipo",null,"Und","Quant.","Porcent.","Valor Unit","Total"]
["Composição"," 5914539 ","SICRO3","TRANSPORTE COM CAMINHÃO BETONEIRA - RODOVIA EM LEITO NATURAL.","",null,"tkm",1,null,0.98,0.98]
["A","Código","Banco","Equipamentos","Quantidade","Utilização",null,"Custo Operacional",null,"Custo Horário"]
[{"$nulls":5},"Operativa","Improdutiva","Operativa","Improdutiva"]
["Insumo","E9600","SICRO3","Caminhão betoneira com capacidade de 8 m³ - 188 kW",1,1,0,307.62630000000001,107.0881,307.62630000000001]
[{"$nulls":5},"Custo Horário de Equipamentos =>",null,null,null,307.62630000000001]
[{"$nulls":5},"Custo Horário de Execução =>",null,null,null,307.62630000000001]
[{"$nulls":5},"Fator de Influencia da Chuva - FIC =>",null,null,null,1.43E-2]
[{"$nulls":5},"Custo do FIC =>",null,null,null,1.38E-2]
[{"$nulls":5},"Produção de Equipe =>",null,null,null,318.72000000000003]
[{"$nulls":5},"Custo Unitário de Execução =>",null,null,null,0.96519999999999995]
[{"$nulls":4},"MO sem LS =>",0,"LS =>",0,"MO com LS =>",0]
[{"$nulls":4},"Valor do BDI =>",0.22,null,"Valor com BDI =>",null,1.2]
[{"$nulls":6},"Quant. =>",79453.440000000002,"Preço Total =>",95344.12]
[]
[" 6.3.5.8 ","Código","Banco","Descrição","Tipo",null,"Und","Quant.","Porcent.","Valor Unit","Total"]
["Composição"," 1106088 ","SICRO3","LANÇAMENTO MECÂNICO DE CONCRETO COM BOMBA REBOCÁVEL COM CAPACIDADE DE 30 M³/H - CONFECÇÃO EM CENTRAL DOSADORA DE 30 M³/H.","",null,"m³",1,null,57.76,57.76]
["A","Código","Banco","Equipamentos","Quantidade","Utilização",null,"Custo Operacional",null,"Custo Horário"]
[{"$nulls":5},"Operativa","Improdutiva","Operativa","Improdutiva"]
["Insumo","E9073","SICRO3","Bomba de concreto rebocável com capacidade de 30 m³/h - 74 kW",1,1,0,187.27770000000001,76.781400000000005,187.27770000000001]
[{"$nulls":5},"Custo Horário de Equipamentos =>",null,null,null,187.27770000000001]
["B","Código","Banco","Mão de Obra","Quantidade","Salário Hora",null,null,null,"Custo Horário"]
["Insumo","P9821","SICRO3","Pedreiro",1,null,null,null,30.302800000000001,30.302800000000001]
["Insumo","P9824","SICRO3","Servente",7,null,null,null,21.465699999999998,150.25989999999999]
[{"$nulls":5},"Custo Horário da Mão de Obra =>",null,null,null,180.56270000000001]
[{"$nulls":5},"Adc.M.O. - Ferramentas (0,0%) =>",null,null,null,0]
[{"$nulls":5},"Custo Horário de Execução =>",null,null,null,367.84039999999999]
[{"$nulls":5},"Fator de Influencia da Chuva - FIC =>",null,null,null,0]
[{"$nulls":5},"Custo do FIC =>",null,null,null,0]
[{"$nulls":5},"Produção de Equipe =>",null,null,null,24.9]
[{"$nulls":5},"Custo Unitário de Execução =>",null,null,null,14.7727]
["D","Banco","Código","Atividades Auxiliares","Quantidade","Unidade","Preço Unitário",null,null,"Custo Horário"]
["Atividade Auxiliar","SICRO3",1110000,"Concreto",1,"m³",0,null,null,0]
[{"$nulls":5},"Custo Total das Atividades =>",null,null,null,0]
["E","Banco","Insumo","Tempos Fixos","Código","Quantidade","Unidade","Preço Unitário",null,"Custo Horário"]
["Tempo Fixo","SICRO3",1110000,"Carga, manobra e descarga de concreto com caminhão betoneira - carga em central de concreto de 30 m³/h e descarga livre",5909007,2.4,"t",17.91,null,42.984000000000002]
[{"$nulls":5},"Custo Total dos Tempos Fixos =>",null,null,null,42.984000000000002]
["F","Banco","Insumo","Momento de Transporte","Quantidade","Unidade","Distância Média de Transporte (DMT)",null,null,"Custo Horário"]
[{"$nulls":6},"LN","RP","P"]
["Momento de Transporte","SICRO3",1110000,"Concreto - Caminhão betoneira com capacidade de 8 m³ - 188 kW",2.4,"tkm","5914539\n0,000\nR$ 0,97","5914554\n0,000\nR$ 0,78","5914569\n0,000\nR$ 0,64",0]
[{"$nulls":5},"Custo total dos Momentos de Transportes =>",null,null,null,0]
[{"$nulls":4},"MO sem LS =>",7.2515140562248996,"LS =>",0,"MO com LS =>",7.2515140562248996]
[{"$nulls":4},"Valor do BDI =>",13.03,null,"Valor com BDI =>",null,70.790000000000006]
[{"$nulls":6},"Quant. =>",4840,"Preço Total =>",342623.6]
[]
[" 6.3.5.9 ","Código","Banco","Descrição","Tipo",null,"Und","Quant.","Porcent.","Valor Unit","Total"]
["Composição"," 1100657 ","SICRO3","ADENSAMENTO DE CONCRETO POR VIBRADOR DE IMERSÃO.","",null,"m³",1,null,3.32,3.32]
["A","Código","Banco","Equipamentos","Quantidade","Utilização",null,"Custo Operacional",null,"Custo Horário"]
[{"$nulls":5},"Operativa","Improdutiva","Operativa","Improdutiva"]
["Insumo","E9069","SICRO3","Vibrador de imersão para concreto - 4,10 kW",1,1,0,8.3879000000000001,0.7641,8.3879000000000001]
[{"$nulls":5},"Custo Horário de Equipamentos =>",null,null,null,8.3879000000000001]
["B","Código","Banco","Mão de Obra","Quantidade","Salário Hora",null,null,null,"Custo Horário"]
["Insumo","P9824","SICRO3","Servente",1,null,null,null,21.465699999999998,21.465699999999998]
[{"$nulls":5},"Custo Horário da Mão de Obra =>",null,null,null,21.465699999999998]
[{"$nulls":5},"Adc.M.O. - Ferramentas (0,0%) =>",null,null,null,0]
[{"$nulls":5},"Custo Horário de Execução =>",null,null,null,29.8536]
[{"$nulls":5},"Fator de Influencia da Chuva - FIC =>",null,null,null,0]
[{"$nulls":5},"Custo do FIC =>",null,null,null,0]
[{"$nulls":5},"Produção de Equipe =>",null,null,null,9]
[{"$nulls":5},"Custo Unitário de Execução =>",null,null,null,3.3170999999999999]
[{"$nulls":4},"MO sem LS =>",2.3850777777777776,"LS =>",0,"MO com LS =>",2.3850777777777776]
[{"$nulls":4},"Valor do BDI =>",0.74,null,"Valor com BDI =>",null,4.0599999999999996]
[{"$nulls":6},"Quant. =>",4840,"Preço Total =>",19650.400000000001]
[]
[" 6.3.5.10 ","Código","Banco","Descrição","Tipo",null,"Und","Quant.","Porcent.","Valor Unit","Total"]
["Insumo"," M0006 ","SICRO3","FIBRA DE POLIAMIDA PARA CONCRETO","Material",null,"kg",1,null,27.662600000000001,27.662600000000001]
[{"$nulls":4},"MO sem LS =>",0,"LS =>",0,"MO com LS =>",0]
[{"$nulls":4},"Valor do BDI =>",3.87,null,"Valor com BDI =>",null,31.53]
[{"$nulls":6},"Quant. =>",2904,"Preço Total =>",91563.12]
[]
[" 6.3.5.11 ","Código","Banco","Descrição","Tipo",null,"Und","Quant.","Porcent.","Valor Unit","Total"]
["Composição"," 09.90.01 ","EMBASA","EXECUÇÃO DE SOLO-CIMENTO",990,null,"m³",1,null,543.33000000000004,543.33000000000004]
["Insumo"," B010000097 ","EMBASA","SERVENTE","Mão de Obra",null,"H",8.07,null,18.02,145.41999999999999]
["Insumo"," D010000008 ","EMBASA","CIMENTO PORTLAND COMPOSTO CP II-32","Material",null,"KG",164,null,0.75,123]
["Insumo"," D020000006 ","EMBASA","ARENOSO, EXCLUSIVE FRETE","Material",null,"m³",1.51,null,79.84,120.55]
["Insumo"," F030000307 ","EMBASA","GASOLINA","Material",null,"L",0.28220000000000001,null,5.77,1.62]
["Insumo"," H020000524 ","EMBASA","COMPACTADOR A PERCUSSÃO (TIPO SAPO), A COMBUSTÍVEL","Material",null,"H",0.52800000000000002,null,3.3,1.74]
["Insumo"," K010000004 ","EMBASA","FRETE PARA AGREGADOS MIUDOS","Material",null,"m³",1.51,null,100,151]
[{"$nulls":4},"MO sem LS =>",145.41999999999999,"LS =>",0,"MO com LS =>",145.41999999999999]
[{"$nulls":4},"Valor do BDI =>",122.57,null,"Valor com BDI =>",null,665.9]
[{"$nulls":6},"Quant. =>",1312,"Preço Total =>",873660.8]
[]
[" 6.3.6 ",null,null,"DRENAGEM SUPERFICIAL E SUB-SUPERFICAL (FUNDO, SEÇÃO HIDRAULICA E PROTEÇÃO DE TALUDES)",{"$nulls":6},1284080.8799999999]
[" 6.3.6.1 ",null,null,"DRENAGEM SUB-SUPERFICAL",{"$nulls":6},1284080.8799999999]
[" 6.3.6.1.1 ",null,null,"DRENO FINGER",{"$nulls":6},23511.14]
[" 6.3.6.1.1.1 ","Código","Banco","Descrição","Tipo",null,"Und","Quant.","Porcent.","Valor Unit","Total"]
["Composição"," 4816018 ","SICRO3","AREIA EXTRAÍDA COM TRATOR E CARREGADEIRA","",null,"m³",1,null,4.99,4.99]
["A","Código","Banco","Equipamentos","Quantidade","Utilização",null,"Custo Operacional",null,"Custo Horário"]
[{"$nulls":5},"Operativa","Improdutiva","Operativa","Improdutiva"]
["Insumo","E9584","SICRO3","Carregadeira de pneus com capacidade de 1,72 m³ - 113 kW",1,0.68,0.32,203.21250000000001,104.4208,171.5992]
["Insumo","E9042","SICRO3","Trator sobre esteiras com lâmina - 97 kW",1,1,0,256.45519999999999,112.74250000000001,256.45519999999999]
[{"$nulls":5},"Custo Horário de Equipamentos =>",null,null,null,428.05439999999999]
["B","Código","Banco","Mão de Obra","Quantidade","Salário Hora",null,null,null,"Custo Horário"]
["Insumo","P9824","SICRO3","Servente",4,null,null,null,21.465699999999998,85.862799999999993]
[{"$nulls":5},"Custo Horário da Mão de Obra =>",null,null,null,85.862799999999993]
[{"$nulls":5},"Adc.M.O. - Ferramentas (0,0%) =>",null,null,null,0]
[{"$nulls":5},"Custo Horário de Execução =>",null,null,null,513.91719999999998]
[{"$nulls":5},"Fator de Influencia da Chuva - FIC =>",null,null,null,1.43E-2]
[{"$nulls":5},"Custo do FIC =>",null,null,null,7.0199999999999999E-2]
[{"$nulls":5},"Produção de Equipe =>",null,null,null,104.37]
[{"$nulls":5},"Custo Unitário de Execução =>",null,null,null,4.9240000000000004]
[{"$nulls":4},"MO sem LS =>",0.82267701446775898,"LS =>",0,"MO com LS =>",0.82267701446775898]
[{"$nulls":4},"Valor do BDI =>",1.1200000000000001,null,"Valor com BDI =>",null,6.11]
[{"$nulls":6},"Quant. =>",691.875,"Preço Total =>",4227.3500000000004]
[]
[" 6.3.6.1.1.2 ","Código","Banco","Descrição","Tipo",null,"Und","Quant.","Porcent.","Valor Unit","Total"]
["Composição"," 5914351 ","SICRO3","CARGA, MANOBRA E DESCARGA DE AGREGADOS OU SOLOS EM CAMINHÃO BASCULANTE DE 14 M³ - CARGA COM CARREGADEIRA DE 3,40 M³ EDESCARGA LIVRE","",null,"t",1,null,2.61,2.61]
["A","Código","Banco","Equipamentos","Quantidade","Utilização",null,"Custo Operacional",null,"Custo Horário"]
[{"$nulls":5},"Operativa","Improdutiva","Operativa","Improdutiva"]
["Insumo","E9667","SICRO3","Caminhão basculante com capacidade de 14 m³ - 188 kW",3,0.77,0.23,297.32,90.567700000000002,749.30089999999996]
["Insumo","E9511","SICRO3","Carregadeira de pneus com capacidade de 3,40 m³ - 195 kW",1,1,0,442.03,218.85579999999999,442.03]
[{"$nulls":5},"Custo Horário de Equipamentos =>",null,null,null,1191.3308999999999]
[{"$nulls":5},"Custo Horário de Execução =>",null,null,null,1191.3308999999999]
[{"$nulls":5},"Fator de Influencia da Chuva - FIC =>",null,null,null,0]
[{"$nulls":5},"Custo do FIC =>",null,null,null,0]
[{"$nulls":5},"Produção de Equipe =>",null,null,null,457.16]
[{"$nulls":5},"Custo Unitário de Execução =>",null,null,null,2.6059000000000001]
[{"$nulls":4},"MO sem LS =>",0,"LS =>",0,"MO com LS =>",0]
[{"$nulls":4},"Valor do BDI =>",0.57999999999999996,null,"Valor com BDI =>",null,3.19]
[{"$nulls":6},"Quant. =>",1037.8125,"Preço Total =>",3310.62]
[]
[" 6.3.6.1.1.3 ","Código","Banco","Descrição","Tipo",null,"Und","Quant.","Porcent.","Valor Unit","Total"]
["Composição"," 5901639 ","SICRO3","TRANSPORTE COM CAMINHÃO BASCULANTE COM CAÇAMBA ESTANQUE COM CAPACIDADE DE 14 M³ - RODOVIA EM LEITO NATURAL.","",null,"tkm",1,null,0.87,0.87]
["A","Código","Banco","Equipamentos","Quantidade","Utilização",null,"Custo Operacional",null,"Custo Horário"]
[{"$nulls":5},"Operativa","Improdutiva","Operativa","Improdutiva"]
["Insumo","E9575","SICRO3","Caminhão basculante com caçamba estanque com capacidade de 14 m³ - 188 kW",1,1,0,297.71420000000001,90.774600000000007,297.71420000000001]
[{"$nulls":5},"Custo Horário de Equipamentos =>",null,null,null,297.71420000000001]
[{"$nulls":5},"Custo Horário de Execução =>",null,null,null,297.71420000000001]
[{"$nulls":5},"Fator de Influencia da Chuva - FIC =>",null,null,null,1.43E-2]
[{"$nulls":5},"Custo do FIC =>",null,null,null,1.2200000000000001E-2]
[{"$nulls":5},"Produção de Equipe =>",null,null,null,348.6]
[{"$nulls":5},"Custo Unitário de Execução =>",null,null,null,0.85399999999999998]
[{"$nulls":4},"MO sem LS =>",0,"LS =>",0,"MO com LS =>",0]
[{"$nulls":4},"Valor do BDI =>",0.19,null,"Valor com BDI =>",null,1.06]
[{"$nulls":6},"Quant. =>",15069.0375,"Preço Total =>",15973.17]
[]
[" 6.3.6.1.2 ",null,null,"DRENO DE FUNDO",{"$nulls":6},1241513.8799999999]
[" 6.3.6.1.2.1 ","Código","Banco","Descrição","Tipo",null,"Und","Quant.","Porcent.","Valor Unit","Total"]
["Composição"," 5502742 ","SICRO3","ESCAVAÇÃO, CARGA E TRANSPORTE DE MATERIAL DE 3ª CATEGORIA - DMT DE 50 A 200 M - CAMINHO DE SERVIÇO EM LEITO NATURAL COMCAMINHÃO BASCULANTE DE 12 M³","",null,"m³",1,null,40.99,40.99]
["A","Código","Banco","Equipamentos","Quantidade","Utilização",null,"Custo Operacional",null,"Custo Horário"]
[{"$nulls":5},"Operativa","Improdutiva","Operativa","Improdutiva"]
["Insumo","E9672","SICRO3","Caminhão basculante para rocha com capacidade de 12 m³ - 188 kW",2,0.89,0.11,309.83929999999998,108.2497,575.32889999999998]
["Insumo","E9117","SICRO3","Carregadeira de pneus para rocha com capacidade de 2,50 m³ - 105 kW",1,0.78,0.22,359.73469999999998,157.4614,315.2346]
["Insumo","E9646","SICRO3","Compressor de ar portátil de 58,52 l/s (124 PCM) - 27 kW",1,1,0,43.116199999999999,10.8597,43.116199999999999]
["Insumo","E9527","SICRO3","Martelete perfurador/rompedor a ar comprimido de 25 kg para rocha com capacidade de",1,1,0,35.0152,32.827100000000002,35.0152]
["Insumo","E9574","SICRO3","Perfuratriz sobre esteiras - 145 kW",1,1,0,406.70780000000002,181.6712,406.70780000000002]
["Insumo","E9540","SICRO3","Trator sobre esteiras com lâmina - 127 kW",1,0.38,0.62,322.01350000000002,134.76900000000001,205.92189999999999]
[{"$nulls":5},"Custo Horário de Equipamentos =>",null,null,null,1581.3245999999999]
["B","Código","Banco","Mão de Obra","Quantidade","Salário Hora",null,null,null,"Custo Horário"]
["Insumo","P9892","SICRO3","Auxiliar de blaster",2,null,null,null,34.436,68.872]
["Insumo","P9852","SICRO3","Blaster",1,null,null,null,38.045200000000001,38.045200000000001]
[{"$nulls":5},"Custo Horário da Mão de Obra =>",null,null,null,106.91719999999999]
[{"$nulls":5},"Adc.M.O. - Ferramentas (0,0%) =>",null,null,null,0]
[{"$nulls":5},"Custo Horário de Execução =>",null,null,null,1688.2418]
[{"$nulls":5},"Fator de Influencia da Chuva - FIC =>",null,null,null,2.3999999999999998E-3]
[{"$nulls":5},"Custo do FIC =>",null,null,null,6.1699999999999998E-2]
[{"$nulls":5},"Produção de Equipe =>",null,null,null,64.84]
[{"$nulls":5},"Custo Unitário de Execução =>",null,null,null,26.036999999999999]
["C","Banco","Código","Material","Quantidade","Unidade","Preço Unitário",null,null,"Custo Horário"]
["Insumo","SICRO3","M2062","Coroa de botões esféricos linha T38 - D = 64 mm (2 1/2”)",3.4000000000000002E-4,"un",721.71960000000001,null,null,0.24540000000000001]
["Insumo","SICRO3","M2042","Emulsão explosiva encartuchada",0.56232000000000004,"kg",13.049300000000001,null,null,7.3379000000000003]
["Insumo","SICRO3","M2065","Haste linha T38 para perfuratriz sobre esteiras - D = 38,0 mm (1 1/2”) e C = 3,05 m",1.6000000000000001E-4,"un",2083.3042,null,null,0.33329999999999999]
["Insumo","SICRO3","M2066","Luva em aço linha T38 para perfuratriz sobre esteiras - D = 38,0 mm (1 1/2”)",2.5000000000000001E-4,"un",354.3057,null,null,8.8599999999999998E-2]
["Insumo","SICRO3","M2144","Nonel de coluna - C = 6,0 m",0.04,"un",14.9855,null,null,0.59940000000000004]
["Insumo","SICRO3","M2141","Nonel de iniciação para fogacho - C = 6,0 m",0.15714,"un",14.9138,null,null,2.3435999999999999]
["Insumo","SICRO3","M2143","Nonel de ligação - C = 6,0 m",1.5709999999999998E-2,"un",17.517800000000001,null,null,0.2752]
["Insumo","SICRO3","M2146","Nonel iniciador - C = 150,0 m",1.4300000000000001E-3,"un",207.2826,null,null,0.2964]
["Insumo","SICRO3","M2067","Punho linha T38 para perfuratriz sobre esteiras - D = 38 mm (1 1/2”)",1.2999999999999999E-4,"un",1000.3667,null,null,0.13]
["Insumo","SICRO3","M2145","Série de brocas integrais S12",3.3300000000000001E-3,"un",973.28599999999994,null,null,3.2410000000000001]
[{"$nulls":5},"Custo Total do Material =>",null,null,null,14.8908]
[{"$nulls":4},"MO sem LS =>",1.6489389265885257,"LS =>",0,"MO com LS =>",1.6489389265885257]
[{"$nulls":4},"Valor do BDI =>",9.24,null,"Valor com BDI =>",null,50.23]
[{"$nulls":6},"Quant. =>",1115,"Preço Total =>",56006.45]
[]
[" 6.3.6.1.2.2 ","Código","Banco","Descrição","Tipo",null,"Und","Quant.","Porcent.","Valor Unit","Total"]
["Composição"," 4413942 ","SICRO3","ESPALHAMENTO DE MATERIAL EM BOTA-FORA","",null,"m³",1,null,1.97,1.97]
["A","Código","Banco","Equipamentos","Quantidade","Utilização",null,"Custo Operacional",null,"Custo Horário"]
[{"$nulls":5},"Operativa","Improdutiva","Operativa","Improdutiva"]
["Insumo","E9540","SICRO3","Trator sobre esteiras com lâmina - 127 kW",1,1,0,322.01350000000002,134.76900000000001,322.01350000000002]
[{"$nulls":5},"Custo Horário de Equipamentos =>",null,null,null,322.01350000000002]
["B","Código","Banco","Mão de Obra","Quantidade","Salário Hora",null,null,null,"Custo Horário"]
["Insumo","P9824","SICRO3","Servente",1,null,null,null,21.465699999999998,21.465699999999998]
[{"$nulls":5},"Custo Horário da Mão de Obra =>",null,null,null,21.465699999999998]
[{"$nulls":5},"Adc.M.O. - Ferramentas (0,0%) =>",null,null,null,0]
[{"$nulls":5},"Custo Horário de Execução =>",null,null,null,343.47919999999999]
[{"$nulls":5},"Fator de Influencia da Chuva - FIC =>",null,null,null,1.43E-2]
[{"$nulls":5},"Custo do FIC =>",null,null,null,2.7699999999999999E-2]
[{"$nulls":5},"Produção de Equipe =>",null,null,null,176.81]
[{"$nulls":5},"Custo Unitário de Execução =>",null,null,null,1.9426000000000001]
[{"$nulls":4},"MO sem LS =>",0.12140546349188394,"LS =>",0,"MO com LS =>",0.12140546349188394]
[{"$nulls":4},"Valor do BDI =>",0.44,null,"Valor com BDI =>",null,2.41]
[{"$nulls":6},"Quant. =>",1115,"Preço Total =>",2687.15]
[]
[" 6.3.6.1.2.3 ","Código","Banco","Descrição","Tipo",null,"Und","Quant.","Porcent.","Valor Unit","Total"]
["Composição"," 4816018 ","SICRO3","AREIA EXTRAÍDA COM TRATOR E CARREGADEIRA","",null,"m³",1,null,4.99,4.99]
["A","Código","Banco","Equipamentos","Quantidade","Utilização",null,"Custo Operacional",null,"Custo Horário"]
[{"$nulls":5},"Operativa","Improdutiva","Operativa","Improdutiva"]
["Insumo","E9584","SICRO3","Carregadeira de pneus com capacidade de 1,72 m³ - 113 kW",1,0.68,0.32,203.21250000000001,104.4208,171.5992]
["Insumo","E9042","SICRO3","Trator sobre esteiras com lâmina - 97 kW",1,1,0,256.45519999999999,112.74250000000001,256.45519999999999]
[{"$nulls":5},"Custo Horário de Equipamentos =>",null,null,null,428.05439999999999]
["B","Código","Banco","Mão de Obra","Quantidade","Salário Hora",null,null,null,"Custo Horário"]
["Insumo","P9824","SICRO3","Servente",4,null,null,null,21.465699999999998,85.862799999999993]
[{"$nulls":5},"Custo Horário da Mão de Obra =>",null,null,null,85.862799999999993]
[{"$nulls":5},"Adc.M.O. - Ferramentas (0,0%) =>",null,null,null,0]
[{"$nulls":5},"Custo Horário de Execução =>",null,null,null,513.91719999999998]
[{"$nulls":5},"Fator de Influencia da Chuva - FIC =>",null,null,null,1.43E-2]
[{"$nulls":5},"Custo do FIC =>",null,null,null,7.0199999999999999E-2]
[{"$nulls":5},"Produção de Equipe =>",null,null,null,104.37]
[{"$nulls":5},"Custo Unitário de Execução =>",null,null,null,4.9240000000000004]
[{"$nulls":4},"MO sem LS =>",0.82267701446775898,"LS =>",0,"MO com LS =>",0.82267701446775898]
[{"$nulls":4},"Valor do BDI =>",1.1200000000000001,null,"Valor com BDI =>",null,6.11]
[{"$nulls":6},"Quant. =>",1361.2,"Preço Total =>",8316.93]
[]
[" 6.3.6.1.2.4 ","Código","Banco","Descrição","Tipo",null,"Und","Quant.","Porcent.","Valor Unit","Total"]
["Composição"," 5914657 ","SICRO3","Carga, manobra e descarga de blocos de rocha em caminhão basculante de 8 m³ - carga com retroescavadeira de 0,29 m³ edescarga livre","",null,"t",1,null,17.600000000000001,17.600000000000001]
["A","Código","Banco","Equipamentos","Quantidade","Utilização",null,"Custo Operacional",null,"Custo Horário"]
[{"$nulls":5},"Operativa","Improdutiva","Operativa","Improdutiva"]
["Insumo","E9604","SICRO3","Caminhão basculante para rocha com capacidade de 8 m³ - 210 kW",2,0.56999999999999995,0.43,297.14830000000001,90.430499999999995,416.51929999999999]
["Insumo","E9526","SICRO3","Retroescavadeira de pneus - capacidade da caçamba da pá-carregadeira de 0,76 m³ e da",1,1,0,151.10929999999999,79.652699999999996,151.10929999999999]
[{"$nulls":5},"Custo Horário de Equipamentos =>",null,null,null,567.62860000000001]
[{"$nulls":5},"Custo Horário de Execução =>",null,null,null,567.62860000000001]
[{"$nulls":5},"Fator de Influencia da Chuva - FIC =>",null,null,null,0]
[{"$nulls":5},"Custo do FIC =>",null,null,null,0]
[{"$nulls":5},"Produção de Equipe =>",null,null,null,32.26]
[{"$nulls":5},"Custo Unitário de Execução =>",null,null,null,17.595400000000001]
[{"$nulls":4},"MO sem LS =>",0,"LS =>",0,"MO com LS =>",0]
[{"$nulls":4},"Valor do BDI =>",3.97,null,"Valor com BDI =>",null,21.57]
[{"$nulls":6},"Quant. =>",382.97,"Preço Total =>",8260.66]
[]
[" 6.3.6.1.2.5 ","Código","Banco","Descrição","Tipo",null,"Und","Quant.","Porcent.","Valor Unit","Total"]
["Composição"," 5914346 ","SICRO3","Transporte de material de 3ª categoria com caminhão basculante de 8 m³ para rocha - rodovia em leito natural","",null,"tkm",1,null,1.68,1.68]
["A","Código","Banco","Equipamentos","Quantidade","Utilização",null,"Custo Operacional",null,"Custo Horário"]
[{"$nulls":5},"Operativa","Improdutiva","Operativa","Improdutiva"]
["Insumo","E9604","SICRO3","Caminhão basculante para rocha com capacidade de 8 m³ - 210 kW",1,1,0,297.14830000000001,90.430499999999995,297.14830000000001]
[{"$nulls":5},"Custo Horário de Equipamentos =>",null,null,null,297.14830000000001]
[{"$nulls":5},"Custo Horário de Execução =>",null,null,null,297.14830000000001]
[{"$nulls":5},"Fator de Influencia da Chuva - FIC =>",null,null,null,1.43E-2]
[{"$nulls":5},"Custo do FIC =>",null,null,null,2.3599999999999999E-2]
[{"$nulls":5},"Produção de Equipe =>",null,null,null,179.28]
[{"$nulls":5},"Custo Unitário de Execução =>",null,null,null,1.6575]
[{"$nulls":4},"MO sem LS =>",0,"LS =>",0,"MO com LS =>",0]
[{"$nulls":4},"Valor do BDI =>",0.37,null,"Valor com BDI =>",null,2.0499999999999998]
[{"$nulls":6},"Quant. =>",5066.7299999999996,"Preço Total =>",10386.790000000001]
[]
[" 6.3.6.1.2.6 ","Código","Banco","Descrição","Tipo",null,"Und","Quant.","Porcent.","Valor Unit","Total"]
["Composição"," 4816012 ","SICRO3","Brita produzida em central de britagem de 80 m³/h","",null,"m³",1,null,53.94,53.94]
["A","Código","Banco","Equipamentos","Quantidade","Utilização",null,"Custo Operacional",null,"Custo Horário"]
[{"$nulls":5},"Operativa","Improdutiva","Operativa","Improdutiva"]
["Insumo","E9117","SICRO3","Carregadeira de pneus para rocha com capacidade de 2,50 m³ - 105 kW",1,0.46,0.54,359.73469999999998,157.4614,250.50710000000001]
["Insumo","E9611","SICRO3","Conjunto de britagem com capacidade de 80 m³/h - 313 kW",1,1,0,995.71289999999999,648.64750000000004,995.71289999999999]
["Insumo","E9765","SICRO3","Grupo gerador - 569 kVA",1,1,0,490.92020000000002,29.088000000000001,490.92020000000002]
[{"$nulls":5},"Custo Horário de Equipamentos =>",null,null,null,1737.1402]
["B","Código","Banco","Mão de Obra","Quantidade","Salário Hora",null,null,null,"Custo Horário"]
["Insumo","P9824","SICRO3","Servente",8,null,null,null,21.465699999999998,171.72559999999999]
[{"$nulls":5},"Custo Horário da Mão de Obra =>",null,null,null,171.72559999999999]
[{"$nulls":5},"Adc.M.O. - Ferramentas (0,0%) =>",null,null,null,0]
[{"$nulls":5},"Custo Horário de Execução =>",null,null,null,1908.8658]
[{"$nulls":5},"Fator de Influencia da Chuva - FIC =>",null,null,null,2.3999999999999998E-3]
[{"$nulls":5},"Custo do FIC =>",null,null,null,6.8099999999999994E-2]
[{"$nulls":5},"Produção de Equipe =>",null,null,null,66.400000000000006]
[{"$nulls":5},"Custo Unitário de Execução =>",null,null,null,28.748000000000001]
["C","Banco","Código","Material","Quantidade","Unidade","Preço Unitário",null,null,"Custo Horário"]
["Insumo","SICRO3","M2115","Cunha lateral inferior para britador",2.0000000000000002E-5,"un",1906.0084999999999,null,null,3.8100000000000002E-2]
["Insumo","SICRO3","M2114","Cunha lateral superior para britador",1.0000000000000001E-5,"un",2444.7143000000001,null,null,2.4400000000000002E-2]
["Insumo","SICRO3","M2111","Mandíbula fixa para britador - abertura de alimentação com L = 930 mm",6.0000000000000002E-5,"un",32034.5798,null,null,1.9220999999999999]
["Insumo","SICRO3","M2110","Mandíbula móvel para britador - abertura de alimentação com L = 930 mm",4.0000000000000003E-5,"un",24230.054,null,null,0.96919999999999995]
["Insumo","SICRO3","M2112","Manta do britador cônico HP200 ou similar",3.0000000000000001E-5,"un",21230.413400000001,null,null,0.63690000000000002]
["Insumo","SICRO3","M2113","Revestimento do bojo interno do britador cônico HP200 ou similar",4.0000000000000003E-5,"un",24245.382099999999,null,null,0.9698]
[{"$nulls":5},"Custo Total do Material =>",null,null,null,4.5605000000000002]
["D","Banco","Código","Atividades Auxiliares","Quantidade","Unidade","Preço Unitário",null,null,"Custo Horário"]
["Atividade Auxiliar","SICRO3",4816010,"Rocha para britagem com perfuratriz sobre esteira",0.56999999999999995,"m³",36.08,null,null,20.5656]
[{"$nulls":5},"Custo Total das Atividades =>",null,null,null,20.5656]
[{"$nulls":4},"MO sem LS =>",3.3253775156626504,"LS =>",0,"MO com LS =>",3.3253775390707769]
[{"$nulls":4},"Valor do BDI =>",12.16,null,"Valor com BDI =>",null,66.099999999999994]
[{"$nulls":6},"Quant. =>",448.19,"Preço Total =>",29625.35]
[]
[" 6.3.6.1.2.7 ","Código","Banco","Descrição","Tipo",null,"Und","Quant.","Porcent.","Valor Unit","Total"]
["Composição"," 5914351 ","SICRO3","CARGA, MANOBRA E DESCARGA DE AGREGADOS OU SOLOS EM CAMINHÃO BASCULANTE DE 14 M³ - CARGA COM CARREGADEIRA DE 3,40 M³ EDESCARGA LIVRE","",null,"t",1,null,2.61,2.61]
["A","Código","Banco","Equipamentos","Quantidade","Utilização",null,"Custo Operacional",null,"Custo Horário"]
[{"$nulls":5},"Operativa","Improdutiva","Operativa","Improdutiva"]
["Insumo","E9667","SICRO3","Caminhão basculante com capacidade de 14 m³ - 188 kW",3,0.77,0.23,297.32,90.567700000000002,749.30089999999996]
["Insumo","E9511","SICRO3","Carregadeira de pneus com capacidade de 3,40 m³ - 195 kW",1,1,0,442.03,218.85579999999999,442.03]
[{"$nulls":5},"Custo Horário de Equipamentos =>",null,null,null,1191.3308999999999]
[{"$nulls":5},"Custo Horário de Execução =>",null,null,null,1191.3308999999999]
[{"$nulls":5},"Fator de Influencia da Chuva - FIC =>",null,null,null,0]
[{"$nulls":5},"Custo do FIC =>",null,null,null,0]
[{"$nulls":5},"Produção de Equipe =>",null,null,null,457.16]
[{"$nulls":5},"Custo Unitário de Execução =>",null,null,null,2.6059000000000001]
[{"$nulls":4},"MO sem LS =>",0,"LS =>",0,"MO com LS =>",0]
[{"$nulls":4},"Valor do BDI =>",0.57999999999999996,null,"Valor com BDI =>",null,3.19]
[{"$nulls":6},"Quant. =>",2714.09,"Preço Total =>",8657.94]
[]
[" 6.3.6.1.2.8 ","Código","Banco","Descrição","Tipo",null,"Und","Quant.","Porcent.","Valor Unit","Total"]
["Composição"," 5901639 ","SICRO3","TRANSPORTE COM CAMINHÃO BASCULANTE COM CAÇAMBA ESTANQUE COM CAPACIDADE DE 14 M³ - RODOVIA EM LEITO NATURAL.","",null,"tkm",1,null,0.87,0.87]
["A","Código","Banco","Equipamentos","Quantidade","Utilização",null,"Custo Operacional",null,"Custo Horário"]
[{"$nulls":5},"Operativa","Improdutiva","Operativa","Improdutiva"]
["Insumo","E9575","SICRO3","Caminhão basculante com caçamba estanque com capacidade de 14 m³ - 188 kW",1,1,0,297.71420000000001,90.774600000000007,297.71420000000001]
[{"$nulls":5},"Custo Horário de Equipamentos =>",null,null,null,297.71420000000001]
[{"$nulls":5},"Custo Horário de Execução =>",null,null,null,297.71420000000001]
[{"$nulls":5},"Fator de Influencia da Chuva - FIC =>",null,null,null,1.43E-2]
[{"$nulls":5},"Custo do FIC =>",null,null,null,1.2200000000000001E-2]
[{"$nulls":5},"Produção de Equipe =>",null,null,null,348.6]
[{"$nulls":5},"Custo Unitário de Execução =>",null,null,null,0.85399999999999998]
[{"$nulls":4},"MO sem LS =>",0,"LS =>",0,"MO com LS =>",0]
[{"$nulls":4},"Valor do BDI =>",0.19,null,"Valor com BDI =>",null,1.06]
[{"$nulls":6},"Quant. =>",34245.39,"Preço Total =>",36300.11]
[]
[" 6.3.6.1.2.9 ","Código","Banco","Descrição","Tipo",null,"Und","Quant.","Porcent.","Valor Unit","Total"]
["Composição"," 11.10.01 ","EMBASA","FORNEC. E COLOCACAO DE MANTA GEOTEXTIL NAO TECIDA C/ GRAMATURA DE 200 g/m² A 220 g/m²",1110,null,"m²",1,null,7.13,7.13]
["Insumo"," B010000097 ","EMBASA","SERVENTE","Mão de Obra",null,"H",0.05,null,18.02,0.9]
["Insumo"," D220000103 ","EMBASA","MANTA GEOTEXTIL NÃO TECIDO RT-10, RESISTENCIA A TRAÇÃO=10 kN/M (ANTIGO BIDIM\n\nOP-20 OU SIMILAR)","Material",null,"m²",1.05,null,5.94,6.23]
[{"$nulls":4},"MO sem LS =>",0.9,"LS =>",0,"MO com LS =>",0.9]
[{"$nulls":4},"Valor do BDI =>",1.6,null,"Valor com BDI =>",null,8.73]
[{"$nulls":6},"Quant. =>",10250,"Preço Total =>",89482.5]
[]
[" 6.3.6.1.2.10 ","Código","Banco","Descrição","Tipo",null,"Und","Quant.","Porcent.","Valor Unit","Total"]
["Insumo"," 00041780 ","SINAPI","TUBO CORRUGADO PEAD, PAREDE DUPLA, INTERNA LISA, JEI, DN/DI 300 MM, PARA SANEAMENTO (DRENAGEM/ESGOTO)","Material",null,"M",1,null,212.16,212.16]
[{"$nulls":4},"MO sem LS =>",0,"LS =>",0,"MO com LS =>",0]
[{"$nulls":4},"Valor do BDI =>",29.74,null,"Valor com BDI =>",null,241.9]
[{"$nulls":6},"Quant. =>",4100,"Preço Total =>",991790]
[]
[" 6.3.6.1.3 ",null,null,"CAIXA DE MEDIÇÃO DE VAZÃO / DESAGUE DRENO DE FUNDO",{"$nulls":6},15542.67]
[" 6.3.6.1.3.1 ","Código","Banco","Descrição","Tipo",null,"Und","Quant.","Porcent.","Valor Unit","Total"]
["Composição"," 1106135 ","SICRO3","CONCRETO FCK = 25 MPA - CONFECÇÃO EM CENTRAL DOSADORA DE 30 M³/H - AREIA EXTRAÍDA E BRITA PRODUZIDA","",null,"m³",1,null,281.93,281.93]
["A","Código","Banco","Equipamentos","Quantidade","Utilização",null,"Custo Operacional",null,"Custo Horário"]
[{"$nulls":5},"Operativa","Improdutiva","Operativa","Improdutiva"]
["Insumo","E9584","SICRO3","Carregadeira de pneus com capacidade de 1,72 m³ - 113 kW",1,0.34,0.66,203.21250000000001,104.4208,138.01]
["Insumo","E9599","SICRO3","Central de concreto com capacidade de 30 m³/h - dosadora RS",1,1,0,79.077200000000005,64.673599999999993,79.077200000000005]
["Insumo","E9779","SICRO3","Grupo gerador - 113 kVA",1,1,0,101.1589,8.4064999999999994,101.1589]
[{"$nulls":5},"Custo Horário de Equipamentos =>",null,null,null,318.24610000000001]
["B","Código","Banco","Mão de Obra","Quantidade","Salário Hora",null,null,null,"Custo Horário"]
["Insumo","P9824","SICRO3","Servente",2,null,null,null,21.465699999999998,42.931399999999996]
[{"$nulls":5},"Custo Horário da Mão de Obra =>",null,null,null,42.931399999999996]
[{"$nulls":5},"Adc.M.O. - Ferramentas (0,0%) =>",null,null,null,0]
[{"$nulls":5},"Custo Horário de Execução =>",null,null,null,361.17750000000001]
[{"$nulls":5},"Fator de Influencia da Chuva - FIC =>",null,null,null,0]
[{"$nulls":5},"Custo do FIC =>",null,null,null,0]
[{"$nulls":5},"Produção de Equipe =>",null,null,null,24.9]
[{"$nulls":5},"Custo Unitário de Execução =>",null,null,null,14.505100000000001]
["C","Banco","Código","Material","Quantidade","Unidade","Preço Unitário",null,null,"Custo Horário"]
["Insumo","SICRO3","M0030","Aditivo plastificante e retardador de pega para concreto e argamassa",0.89256999999999997,"kg",6.5956999999999999,null,null,5.8871000000000002]
["Insumo","SICRO3","M0424","Cimento Portland CP II - 32 - saco",297.52373999999998,"kg",0.66949999999999998,null,null,199.19210000000001]
[{"$nulls":5},"Custo Total do Material =>",null,null,null,205.07919999999999]
["D","Banco","Código","Atividades Auxiliares","Quantidade","Unidade","Preço Unitário",null,null,"Custo Horário"]
["Atividade Auxiliar","SICRO3",4816012,"Brita produzida em central de britagem de 80 m³/h",0.73507999999999996,"m³",53.84,null,null,39.576700000000002]
["Atividade Auxiliar","SICRO3",4816020,"Areia extraída com draga de sucção tipo bomba",0.62465000000000004,"m³",11.74,null,null,7.3334000000000001]
[{"$nulls":5},"Custo Total das Atividades =>",null,null,null,46.9101]
["E","Banco","Insumo","Tempos Fixos","Código","Quantidade","Unidade","Preço Unitário",null,"Custo Horário"]
["Tempo Fixo","SICRO3",4816020,"Carga, manobra e descarga de agregados ou solos em caminhão basculante de 10 m³ - carga com carregadeira de 3,40 m³ edescarga livre",5915407,0.93698000000000004,"t",2.72,null,2.5486]
["Tempo Fixo","SICRO3",4816012,"Carga, manobra e descarga de agregados ou solos em caminhão basculante de 10 m³ - carga com carregadeira de 3,40 m³ edescarga livre",5915407,1.1026199999999999,"t",2.72,null,2.9990999999999999]
["Tempo Fixo","SICRO3","M0030","Carga, manobra e descarga de materiais diversos em caminhão carroceria de 15 t - carga e descarga manuais",5914655,8.8999999999999995E-4,"t",33.15,null,2.9499999999999998E-2]
["Tempo Fixo","SICRO3","M0424","Carga, manobra e descarga de materiais diversos em caminhão carroceria de 15 t - carga e descarga manuais",5914655,0.29752000000000001,"t",33.15,null,9.8628]
[{"$nulls":5},"Custo Total dos Tempos Fixos =>",null,null,null,15.44]
["F","Banco","Insumo","Momento de Transporte","Quantidade","Unidade","Distância Média de Transporte (DMT)",null,null,"Custo Horário"]
[{"$nulls":6},"LN","RP","P"]
["Momento de Transporte","SICRO3",4816020,"Areia extraída com draga de sucção tipo bomba - Caminhão basculante com capacidade de 10 m³ - 188 kW",0.93698000000000004,"tkm","5914359\n0,000\nR$ 1,19","5914374\n0,000\nR$ 0,95","5914389\n0,000\nR$ 0,79",0]
["Momento de Transporte","SICRO3",4816012,"Brita produzida em central de britagem de 80 m³/h - Caminhão basculante com capacidade de 10 m³ - 188 kW",1.1026199999999999,"tkm","5914359\n0,000\nR$ 1,19","5914374\n0,000\nR$ 0,95","5914389\n0,000\nR$ 0,79",0]
["Momento de Transporte","SICRO3","M0030","Aditivo plastificante e retardador de pega para concreto e argamassa - Caminhão carroceria com capacidade de 15 t - 188 kW",8.8999999999999995E-4,"tkm","5914449\n0,000\nR$ 1,08","5914464\n0,000\nR$ 0,86","5914479\n0,000\nR$ 0,71",0]
["Momento de Transporte","SICRO3","M0424","Cimento Portland CP II - 32 - saco - Caminhão carroceria com capacidade de 15 t - 188 kW",0.29752000000000001,"tkm","5914449\n0,000\nR$ 1,08","5914464\n0,000\nR$ 0,86","5914479\n0,000\nR$ 0,71",0]
[{"$nulls":5},"Custo total dos Momentos de Transportes =>",null,null,null,0]
[{"$nulls":4},"MO sem LS =>",9.2024484104417663,"LS =>",0,"MO com LS =>",9.2024484438461478]
[{"$nulls":4},"Valor do BDI =>",63.6,null,"Valor com BDI =>",null,345.53]
[{"$nulls":6},"Quant. =>",7.38,"Preço Total =>",2550.0100000000002]
[]
[" 6.3.6.1.3.2 ","Código","Banco","Descrição","Tipo",null,"Und","Quant.","Porcent.","Valor Unit","Total"]
["Composição"," 5914539 ","SICRO3","TRANSPORTE COM CAMINHÃO BETONEIRA - RODOVIA EM LEITO NATURAL.","",null,"tkm",1,null,0.98,0.98]
["A","Código","Banco","Equipamentos","Quantidade","Utilização",null,"Custo Operacional",null,"Custo Horário"]
[{"$nulls":5},"Operativa","Improdutiva","Operativa","Improdutiva"]
["Insumo","E9600","SICRO3","Caminhão betoneira com capacidade de 8 m³ - 188 kW",1,1,0,307.62630000000001,107.0881,307.62630000000001]
[{"$nulls":5},"Custo Horário de Equipamentos =>",null,null,null,307.62630000000001]
[{"$nulls":5},"Custo Horário de Execução =>",null,null,null,307.62630000000001]
[{"$nulls":5},"Fator de Influencia da Chuva - FIC =>",null,null,null,1.43E-2]
[{"$nulls":5},"Custo do FIC =>",null,null,null,1.38E-2]
[{"$nulls":5},"Produção de Equipe =>",null,null,null,318.72000000000003]
[{"$nulls":5},"Custo Unitário de Execução =>",null,null,null,0.96519999999999995]
[{"$nulls":4},"MO sem LS =>",0,"LS =>",0,"MO com LS =>",0]
[{"$nulls":4},"Valor do BDI =>",0.22,null,"Valor com BDI =>",null,1.2]
[{"$nulls":6},"Quant. =>",121.15,"Preço Total =>",145.38]
[]
[" 6.3.6.1.3.3 ","Código","Banco","Descrição","Tipo",null,"Und","Quant.","Porcent.","Valor Unit","Total"]
["Composição"," 1100657 ","SICRO3","ADENSAMENTO DE CONCRETO POR VIBRADOR DE IMERSÃO.","",null,"m³",1,null,3.32,3.32]
["A","Código","Banco","Equipamentos","Quantidade","Utilização",null,"Custo Operacional",null,"Custo Horário"]
[{"$nulls":5},"Operativa","Improdutiva","Operativa","Improdutiva"]
["Insumo","E9069","SICRO3","Vibrador de imersão para concreto - 4,10 kW",1,1,0,8.3879000000000001,0.7641,8.3879000000000001]
[{"$nulls":5},"Custo Horário de Equipamentos =>",null,null,null,8.3879000000000001]
["B","Código","Banco","Mão de Obra","Quantidade","Salário Hora",null,null,null,"Custo Horário"]
["Insumo","P9824","SICRO3","Servente",1,null,null,null,21.465699999999998,21.465699999999998]
[{"$nulls":5},"Custo Horário da Mão de Obra =>",null,null,null,21.465699999999998]
[{"$nulls":5},"Adc.M.O. - Ferramentas (0,0%) =>",null,null,null,0]
[{"$nulls":5},"Custo Horário de Execução =>",null,null,null,29.8536]
[{"$nulls":5},"Fator de Influencia da Chuva - FIC =>",null,null,null,0]
[{"$nulls":5},"Custo do FIC =>",null,null,null,0]
[{"$nulls":5},"Produção de Equipe =>",null,null,null,9]
[{"$nulls":5},"Custo Unitário de Execução =>",null,null,null,3.3170999999999999]
[{"$nulls":4},"MO sem LS =>",2.3850777777777776,"LS =>",0,"MO com LS =>",2.3850777777777776]
[{"$nulls":4},"Valor do BDI =>",0.74,null,"Valor com BDI =>",null,4.0599999999999996]
[{"$nulls":6},"Quant. =>",7.38,"Preço Total =>",29.96]
[]
[" 6.3.6.1.3.4 ","Código","Banco","Descrição","Tipo",null,"Und","Quant.","Porcent.","Valor Unit","Total"]
["Composição"," 0407819 ","SICRO3","ARMAÇÃO EM AÇO CA-50 - FORNECIMENTO, PREPARO E COLOCAÇÃO.","",null,"kg",1,null,11.88,11.88]
["B","Código","Banco","Mão de Obra","Quantidade","Salário Hora",null,null,null,"Custo Horário"]
["Insumo","P9801","SICRO3","Ajudante",0.09,null,null,null,22.478899999999999,2.0230999999999999]
["Insumo","P9805","SICRO3","Armador",0.09,null,null,null,30.334199999999999,2.7301000000000002]
[{"$nulls":5},"Custo Horário da Mão de Obra =>",null,null,null,4.7531999999999996]
[{"$nulls":5},"Adc.M.O. - Ferramentas (0,0%) =>",null,null,null,0]
[{"$nulls":5},"Custo Horário de Execução =>",null,null,null,4.7531999999999996]
[{"$nulls":5},"Fator de Influencia da Chuva - FIC =>",null,null,null,0]
[{"$nulls":5},"Custo do FIC =>",null,null,null,0]
[{"$nulls":5},"Produção de Equipe =>",null,null,null,1]
[{"$nulls":5},"Custo Unitário de Execução =>",null,null,null,4.7531999999999996]
["C","Banco","Código","Material","Quantidade","Unidade","Preço Unitário",null,null,"Custo Horário"]
["Insumo","SICRO3","M0004","Aço CA 50",1.1000000000000001,"kg",6.2881,null,null,6.9169]
["Insumo","SICRO3","M0075","Arame liso recozido em aço-carbono - D = 1,24 mm (18 BWG)",1.4999999999999999E-2,"kg",11.658799999999999,null,null,0.1749]
[{"$nulls":5},"Custo Total do Material =>",null,null,null,7.0918000000000001]
["E","Banco","Insumo","Tempos Fixos","Código","Quantidade","Unidade","Preço Unitário",null,"Custo Horário"]
["Tempo Fixo","SICRO3","M0004","Carga, manobra e descarga de materiais diversos em caminhão carroceria de 15 t - carga e descarga manuais",5914655,1.1000000000000001E-3,"t",33.15,null,3.6499999999999998E-2]
["Tempo Fixo","SICRO3","M0075","Carga, manobra e descarga de materiais diversos em caminhão carroceria de 15 t - carga e descarga manuais",5914655,2.0000000000000002E-5,"t",33.15,null,6.9999999999999999E-4]
[{"$nulls":5},"Custo Total dos Tempos Fixos =>",null,null,null,3.7199999999999997E-2]
["F","Banco","Insumo","Momento de Transporte","Quantidade","Unidade","Distância Média de Transporte (DMT)",null,null,"Custo Horário"]
[{"$nulls":6},"LN","RP","P"]
["Momento de Transporte","SICRO3","M0004","Aço CA 50 - Caminhão carroceria com capacidade de 15 t - 188 kW",1.1000000000000001E-3,"tkm","5914449\n0,000\nR$ 1,08","5914464\n0,000\nR$ 0,86","5914479\n0,000\nR$ 0,71",0]
["Momento de Transporte","SICRO3","M0075","Arame liso recozido em aço-carbono - D = 1,24 mm (18 BWG) - Caminhão carroceria com capacidade de 15 t - 188 kW",2.0000000000000002E-5,"tkm","5914449\n0,000\nR$ 1,08","5914464\n0,000\nR$ 0,86","5914479\n0,000\nR$ 0,71",0]
[{"$nulls":5},"Custo total dos Momentos de Transportes =>",null,null,null,0]
[{"$nulls":4},"MO sem LS =>",4.765362235135135,"LS =>",0,"MO com LS =>",4.765362235135135]
[{"$nulls":4},"Valor do BDI =>",2.68,null,"Valor com BDI =>",null,14.56]
[{"$nulls":6},"Quant. =>",479.7,"Preço Total =>",6984.43]
[]
[" 6.3.6.1.3.5 ","Código","Banco","Descrição","Tipo",null,"Und","Quant.","Porcent.","Valor Unit","Total"]
["Composição"," 3107997 ","SICRO3","FÔRMAS DE COMPENSADO RESINADO 10 MM - USO GERAL - UTILIZAÇÃO DE 3 VEZES - CONFECÇÃO, INSTALAÇÃO E RETIRADA","",null,"m²",1,null,81.96,81.96]
["A","Código","Banco","Equipamentos","Quantidade","Utilização",null,"Custo Operacional",null,"Custo Horário"]
[{"$nulls":5},"Operativa","Improdutiva","Operativa","Improdutiva"]
["Insumo","E9066","SICRO3","Grupo gerador - 14 kVA",4.0160000000000001E-2,1,0,17.8385,4.6101000000000001,0.71640000000000004]
["Insumo","E9535","SICRO3","Serra circular com bancada - D = 30 cm - 4 kW",4.0160000000000001E-2,1,0,31.252500000000001,30.8993,1.2551000000000001]
[{"$nulls":5},"Custo Horário de Equipamentos =>",null,null,null,1.9715]
["B","Código","Banco","Mão de Obra","Quantidade","Salário Hora",null,null,null,"Custo Horário"]
["Insumo","P9801","SICRO3","Ajudante",0.7,null,null,null,22.478899999999999,15.735200000000001]
["Insumo","P9808","SICRO3","Carpinteiro",0.7,null,null,null,30.3432,21.240200000000002]
[{"$nulls":5},"Custo Horário da Mão de Obra =>",null,null,null,36.9754]
[{"$nulls":5},"Adc.M.O. - Ferramentas (0,0%) =>",null,null,null,0]
[{"$nulls":5},"Custo Horário de Execução =>",null,null,null,38.946899999999999]
[{"$nulls":5},"Fator de Influencia da Chuva - FIC =>",null,null,null,0]
[{"$nulls":5},"Custo do FIC =>",null,null,null,0]
[{"$nulls":5},"Produção de Equipe =>",null,null,null,1]
[{"$nulls":5},"Custo Unitário de Execução =>",null,null,null,38.946899999999999]
["C","Banco","Código","Material","Quantidade","Unidade","Preço Unitário",null,null,"Custo Horário"]
["Insumo","SICRO3","M0284","Caibro de pinho - L = 7,5 cm e E = 7,5 cm",0.44922000000000001,"m",16.706299999999999,null,null,7.5048000000000004]
["Insumo","SICRO3","M0446","Compensado resinado - E = 10 mm",0.40429999999999999,"m²",33.758899999999997,null,null,13.6487]
["Insumo","SICRO3","M0560","Desmoldante para fôrmas de madeira",1.8519999999999998E-2,"l",12.788600000000001,null,null,0.23680000000000001]
["Insumo","SICRO3","M0310","Peça de madeira - L = 7,5 cm e E = 2,5 cm",0.19908000000000001,"m",5.2,null,null,1.0351999999999999]
["Insumo","SICRO3","M1205","Prego de ferro",0.20394999999999999,"kg",15.58,null,null,3.1775000000000002]
["Insumo","SICRO3","M0290","Tábua - E = 2,5 cm e L = 10 cm",2.0900300000000001,"m",5.0838000000000001,null,null,10.625299999999999]
["Insumo","SICRO3","M0286","Tábua - E = 2,5 cm e L = 30 cm",0.35937999999999998,"m",17.498100000000001,null,null,6.2885]
[{"$nulls":5},"Custo Total do Material =>",null,null,null,42.516800000000003]
["E","Banco","Insumo","Tempos Fixos","Código","Quantidade","Unidade","Preço Unitário",null,"Custo Horário"]
["Tempo Fixo","SICRO3","M0284","Carga, manobra e descarga de materiais diversos em caminhão carroceria de 15 t - carga e descarga manuais",5914655,2.5300000000000001E-3,"t",33.15,null,8.3900000000000002E-2]
["Tempo Fixo","SICRO3","M0446","Carga, manobra e descarga de materiais diversos em caminhão carroceria de 15 t - carga e descarga manuais",5914655,4.0400000000000002E-3,"t",33.15,null,0.13389999999999999]
["Tempo Fixo","SICRO3","M0560","Carga, manobra e descarga de materiais diversos em caminhão carroceria de 15 t - carga e descarga manuais",5914655,2.0000000000000002E-5,"t",33.15,null,6.9999999999999999E-4]
["Tempo Fixo","SICRO3","M0310","Carga, manobra e descarga de materiais diversos em caminhão carroceria de 15 t - carga e descarga manuais",5914655,3.6999999999999999E-4,"t",33.15,null,1.23E-2]
["Tempo Fixo","SICRO3","M1205","Carga, manobra e descarga de materiais diversos em caminhão carroceria de 15 t - carga e descarga manuais",5914655,2.0000000000000001E-4,"t",33.15,null,6.6E-3]
["Tempo Fixo","SICRO3","M0290","Carga, manobra e descarga de materiais diversos em caminhão carroceria de 15 t - carga e descarga manuais",5914655,5.2300000000000003E-3,"t",33.15,null,0.1734]
["Tempo Fixo","SICRO3","M0286","Carga, manobra e descarga de materiais diversos em caminhão carroceria de 15 t - carga e descarga manuais",5914655,2.7000000000000001E-3,"t",33.15,null,8.9499999999999996E-2]
[{"$nulls":5},"Custo Total dos Tempos Fixos =>",null,null,null,0.50029999999999997]
["F","Banco","Insumo","Momento de Transporte","Quantidade","Unidade","Distância Média de Transporte (DMT)",null,null,"Custo Horário"]
[{"$nulls":6},"LN","RP","P"]
["Momento de Transporte","SICRO3","M0284","Caibro de pinho - L = 7,5 cm e E = 7,5 cm - Caminhão carroceria com capacidade de 15 t - 188 kW",2.5300000000000001E-3,"tkm","5914449\n0,000\nR$ 1,08","5914464\n0,000\nR$ 0,86","5914479\n0,000\nR$ 0,71",0]
["Momento de Transporte","SICRO3","M0446","Compensado resinado - E = 10 mm - Caminhão carroceria com capacidade de 15 t - 188 kW",4.0400000000000002E-3,"tkm","5914449\n0,000\nR$ 1,08","5914464\n0,000\nR$ 0,86","5914479\n0,000\nR$ 0,71",0]
["Momento de Transporte","SICRO3","M0560","Desmoldante para fôrmas de madeira - Caminhão carroceria com capacidade de 15 t - 188 kW",2.0000000000000002E-5,"tkm","5914449\n0,000\nR$ 1,08","5914464\n0,000\nR$ 0,86","5914479\n0,000\nR$ 0,71",0]
["Momento de Transporte","SICRO3","M0310","Peça de madeira - L = 7,5 cm e E = 2,5 cm - Caminhão carroceria com capacidade de 15 t - 188 kW",3.6999999999999999E-4,"tkm","5914449\n0,000\nR$ 1,08","5914464\n0,000\nR$ 0,86","5914479\n0,000\nR$ 0,71",0]
["Momento de Transporte","SICRO3","M1205","Prego de ferro - Caminhão carroceria com capacidade de 15 t - 188 kW",2.0000000000000001E-4,"tkm","5914449\n0,000\nR$ 1,08","5914464\n0,000\nR$ 0,86","5914479\n0,000\nR$ 0,71",0]
["Momento de Transporte","SICRO3","M0290","Tábua - E = 2,5 cm e L = 10 cm - Caminhão carroceria com capacidade de 15 t - 188 kW",5.2300000000000003E-3,"tkm","5914449\n0,000\nR$ 1,08","5914464\n0,000\nR$ 0,86","5914479\n0,000\nR$ 0,71",0]
["Momento de Transporte","SICRO3","M0286","Tábua - E = 2,5 cm e L = 30 cm - Caminhão carroceria com capacidade de 15 t - 188 kW",2.7000000000000001E-3,"tkm","5914449\n0,000\nR$ 1,08","5914464\n0,000\nR$ 0,86","5914479\n0,000\nR$ 0,71",0]
[{"$nulls":5},"Custo total dos Momentos de Transportes =>",null,null,null,0]
[{"$nulls":4},"MO sem LS =>",37.139617337668916,"LS =>",0,"MO com LS =>",37.139617337668916]
[{"$nulls":4},"Valor do BDI =>",18.489999999999998,null,"Valor com BDI =>",null,100.45]
[{"$nulls":6},"Quant. =>",56.04,"Preço Total =>",5629.21]
[]
[" 6.3.6.1.3.6 ","Código","Banco","Descrição","Tipo",null,"Und","Quant.","Porcent.","Valor Unit","Total"]
["Composição"," 040338 ","SBC","CIMBRAMENTO METALICO","ESTRUTURA",null,"M3/M",1,null,22.52,22.52]
["Insumo"," 000862 ","SBC","TUBO METALICO EQUIPADO PARA CIMBRAMENTO (DIAMETRO DA SECAO 1 1/2 \")","Material",null,"M/MES",0.65200000000000002,null,25.73,16.77]
["Insumo"," 000872 ","SBC","GASTALHO PARA VIGAS DE ANCORAGEM (CIMBRAMENTO)","Material",null,"MES",0.48,null,3.35,1.6]
["Insumo"," 099450 ","SBC","AJUDANTE ESPECIALIZADO","Mão de Obra",null,"H",0.30099999999999999,null,13.79,4.1500000000000004]
[{"$nulls":4},"MO sem LS =>",4.1500000000000004,"LS =>",0,"MO com LS =>",4.1500000000000004]
[{"$nulls":4},"Valor do BDI =>",5.08,null,"Valor com BDI =>",null,27.6]
[{"$nulls":6},"Quant. =>",7.38,"Preço Total =>",203.68]
[]
[" 6.3.6.1.4 ",null,null,"CAIXA DE PASSAGEM",{"$nulls":6},3513.19]
[" 6.3.6.1.4.1 ","Código","Banco","Descrição","Tipo",null,"Und","Quant.","Porcent.","Valor Unit","Total"]
["Composição"," 1106135 ","SICRO3","Concreto fck = 25 MPa - confecção em central dosadora de 30 m³/h - areia extraída e brita produzida","",null,"m³",1,null,281.93,281.93]
["A","Código","Banco","Equipamentos","Quantidade","Utilização",null,"Custo Operacional",null,"Custo Horário"]
[{"$nulls":5},"Operativa","Improdutiva","Operativa","Improdutiva"]
["Insumo","E9584","SICRO3","Carregadeira de pneus com capacidade de 1,72 m³ - 113 kW",1,0.34,0.66,203.21250000000001,104.4208,138.01]
["Insumo","E9599","SICRO3","Central de concreto com capacidade de 30 m³/h - dosadora RS",1,1,0,79.077200000000005,64.673599999999993,79.077200000000005]
["Insumo","E9779","SICRO3","Grupo gerador - 113 kVA",1,1,0,101.1589,8.4064999999999994,101.1589]
[{"$nulls":5},"Custo Horário de Equipamentos =>",null,null,null,318.24610000000001]
["B","Código","Banco","Mão de Obra","Quantidade","Salário Hora",null,null,null,"Custo Horário"]
["Insumo","P9824","SICRO3","Servente",2,null,null,null,21.465699999999998,42.931399999999996]
[{"$nulls":5},"Custo Horário da Mão de Obra =>",null,null,null,42.931399999999996]
[{"$nulls":5},"Adc.M.O. - Ferramentas (0,0%) =>",null,null,null,0]
[{"$nulls":5},"Custo Horário de Execução =>",null,null,null,361.17750000000001]
[{"$nulls":5},"Fator de Influencia da Chuva - FIC =>",null,null,null,0]
[{"$nulls":5},"Custo do FIC =>",null,null,null,0]
[{"$nulls":5},"Produção de Equipe =>",null,null,null,24.9]
[{"$nulls":5},"Custo Unitário de Execução =>",null,null,null,14.505100000000001]
["C","Banco","Código","Material","Quantidade","Unidade","Preço Unitário",null,null,"Custo Horário"]
["Insumo","SICRO3","M0030","Aditivo plastificante e retardador de pega para concreto e argamassa",0.89256999999999997,"kg",6.5956999999999999,null,null,5.8871000000000002]
["Insumo","SICRO3","M0424","Cimento Portland CP II - 32 - saco",297.52373999999998,"kg",0.66949999999999998,null,null,199.19210000000001]
[{"$nulls":5},"Custo Total do Material =>",null,null,null,205.07919999999999]
["D","Banco","Código","Atividades Auxiliares","Quantidade","Unidade","Preço Unitário",null,null,"Custo Horário"]
["Atividade Auxiliar","SICRO3",4816012,"Brita produzida em central de britagem de 80 m³/h",0.73507999999999996,"m³",53.84,null,null,39.576700000000002]
["Atividade Auxiliar","SICRO3",4816020,"Areia extraída com draga de sucção tipo bomba",0.62465000000000004,"m³",11.74,null,null,7.3334000000000001]
[{"$nulls":5},"Custo Total das Atividades =>",null,null,null,46.9101]
["E","Banco","Insumo","Tempos Fixos","Código","Quantidade","Unidade","Preço Unitário",null,"Custo Horário"]
["Tempo Fixo","SICRO3",4816020,"Carga, manobra e descarga de agregados ou solos em caminhão basculante de 10 m³ - carga com carregadeira de 3,40 m³ edescarga livre",5915407,0.93698000000000004,"t",2.72,null,2.5486]
["Tempo Fixo","SICRO3",4816012,"Carga, manobra e descarga de agregados ou solos em caminhão basculante de 10 m³ - carga com carregadeira de 3,40 m³ edescarga livre",5915407,1.1026199999999999,"t",2.72,null,2.9990999999999999]
["Tempo Fixo","SICRO3","M0030","Carga, manobra e descarga de materiais diversos em caminhão carroceria de 15 t - carga e descarga manuais",5914655,8.8999999999999995E-4,"t",33.15,null,2.9499999999999998E-2]
["Tempo Fixo","SICRO3","M0424","Carga, manobra e descarga de materiais diversos em caminhão carroceria de 15 t - carga e descarga manuais",5914655,0.29752000000000001,"t",33.15,null,9.8628]
[{"$nulls":5},"Custo Total dos Tempos Fixos =>",null,null,null,15.44]
["F","Banco","Insumo","Momento de Transporte","Quantidade","Unidade","Distância Média de Transporte (DMT)",null,null,"Custo Horário"]
[{"$nulls":6},"LN","RP","P"]
["Momento de Transporte","SICRO3",4816020,"Areia extraída com draga de sucção tipo bomba - Caminhão basculante com capacidade de 10 m³ - 188 kW",0.93698000000000004,"tkm","5914359\n0,000\nR$ 1,19","5914374\n0,000\nR$ 0,95","5914389\n0,000\nR$ 0,79",0]
["Momento de Transporte","SICRO3",4816012,"Brita produzida em central de britagem de 80 m³/h - Caminhão basculante com capacidade de 10 m³ - 188 kW",1.1026199999999999,"tkm","5914359\n0,000\nR$ 1,19","5914374\n0,000\nR$ 0,95","5914389\n0,000\nR$ 0,79",0]
["Momento de Transporte","SICRO3","M0030","Aditivo plastificante e retardador de pega para concreto e argamassa - Caminhão carroceria com capacidade de 15 t - 188 kW",8.8999999999999995E-4,"tkm","5914449\n0,000\nR$ 1,08","5914464\n0,000\nR$ 0,86","5914479\n0,000\nR$ 0,71",0]
["Momento de Transporte","SICRO3","M0424","Cimento Portland CP II - 32 - saco - Caminhão carroceria com capacidade de 15 t - 188 kW",0.29752000000000001,"tkm","5914449\n0,000\nR$ 1,08","5914464\n0,000\nR$ 0,86","5914479\n0,000\nR$ 0,71",0]
[{"$nulls":5},"Custo total dos Momentos de Transportes =>",null,null,null,0]
[{"$nulls":4},"MO sem LS =>",9.2024484104417663,"LS =>",0,"MO com LS =>",9.2024484438461478]
[{"$nulls":4},"Valor do BDI =>",63.6,null,"Valor com BDI =>",null,345.53]
[{"$nulls":6},"Quant. =>",2.7,"Preço Total =>",932.93]
[]
[" 6.3.6.1.4.2 ","Código","Banco","Descrição","Tipo",null,"Und","Quant.","Porcent.","Valor Unit","Total"]
["Composição"," 5914539 ","SICRO3","Transporte com caminhão betoneira - rodovia em leito natural","",null,"tkm",1,null,0.98,0.98]
["A","Código","Banco","Equipamentos","Quantidade","Utilização",null,"Custo Operacional",null,"Custo Horário"]
[{"$nulls":5},"Operativa","Improdutiva","Operativa","Improdutiva"]
["Insumo","E9600","SICRO3","Caminhão betoneira com capacidade de 8 m³ - 188 kW",1,1,0,307.62630000000001,107.0881,307.62630000000001]
[{"$nulls":5},"Custo Horário de Equipamentos =>",null,null,null,307.62630000000001]
[{"$nulls":5},"Custo Horário de Execução =>",null,null,null,307.62630000000001]
[{"$nulls":5},"Fator de Influencia da Chuva - FIC =>",null,null,null,1.43E-2]
[{"$nulls":5},"Custo do FIC =>",null,null,null,1.38E-2]
[{"$nulls":5},"Produção de Equipe =>",null,null,null,318.72000000000003]
[{"$nulls":5},"Custo Unitário de Execução =>",null,null,null,0.96519999999999995]
[{"$nulls":4},"MO sem LS =>",0,"LS =>",0,"MO com LS =>",0]
[{"$nulls":4},"Valor do BDI =>",0.22,null,"Valor com BDI =>",null,1.2]
[{"$nulls":6},"Quant. =>",44.32,"Preço Total =>",53.18]
[]
[" 6.3.6.1.4.3 ","Código","Banco","Descrição","Tipo",null,"Und","Quant.","Porcent.","Valor Unit","Total"]
["Composição"," 1100657 ","SICRO3","Adensamento de concreto por vibrador de imersão","",null,"m³",1,null,3.32,3.32]
["A","Código","Banco","Equipamentos","Quantidade","Utilização",null,"Custo Operacional",null,"Custo Horário"]
[{"$nulls":5},"Operativa","Improdutiva","Operativa","Improdutiva"]
["Insumo","E9069","SICRO3","Vibrador de imersão para concreto - 4,10 kW",1,1,0,8.3879000000000001,0.7641,8.3879000000000001]
[{"$nulls":5},"Custo Horário de Equipamentos =>",null,null,null,8.3879000000000001]
["B","Código","Banco","Mão de Obra","Quantidade","Salário Hora",null,null,null,"Custo Horário"]
["Insumo","P9824","SICRO3","Servente",1,null,null,null,21.465699999999998,21.465699999999998]
[{"$nulls":5},"Custo Horário da Mão de Obra =>",null,null,null,21.465699999999998]
[{"$nulls":5},"Adc.M.O. - Ferramentas (0,0%) =>",null,null,null,0]
[{"$nulls":5},"Custo Horário de Execução =>",null,null,null,29.8536]
[{"$nulls":5},"Fator de Influencia da Chuva - FIC =>",null,null,null,0]
[{"$nulls":5},"Custo do FIC =>",null,null,null,0]
[{"$nulls":5},"Produção de Equipe =>",null,null,null,9]
[{"$nulls":5},"Custo Unitário de Execução =>",null,null,null,3.3170999999999999]
[{"$nulls":4},"MO sem LS =>",2.3850777777777776,"LS =>",0,"MO com LS =>",2.3850777777777776]
[{"$nulls":4},"Valor do BDI =>",0.74,null,"Valor com BDI =>",null,4.0599999999999996]
[{"$nulls":6},"Quant. =>",2.7,"Preço Total =>",10.96]
[]
[" 6.3.6.1.4.4 ","Código","Banco","Descrição","Tipo",null,"Und","Quant.","Porcent.","Valor Unit","Total"]
["Composição"," 0407819 ","SICRO3","Armação em aço CA-50 - fornecimento, preparo e colocação","",null,"kg",1,null,11.88,11.88]
["B","Código","Banco","Mão de Obra","Quantidade","Salário Hora",null,null,null,"Custo Horário"]
["Insumo","P9801","SICRO3","Ajudante",0.09,null,null,null,22.478899999999999,2.0230999999999999]
["Insumo","P9805","SICRO3","Armador",0.09,null,null,null,30.334199999999999,2.7301000000000002]
[{"$nulls":5},"Custo Horário da Mão de Obra =>",null,null,null,4.7531999999999996]
[{"$nulls":5},"Adc.M.O. - Ferramentas (0,0%) =>",null,null,null,0]
[{"$nulls":5},"Custo Horário de Execução =>",null,null,null,4.7531999999999996]
[{"$nulls":5},"Fator de Influencia da Chuva - FIC =>",null,null,null,0]
[{"$nulls":5},"Custo do FIC =>",null,null,null,0]
[{"$nulls":5},"Produção de Equipe =>",null,null,null,1]
[{"$nulls":5},"Custo Unitário de Execução =>",null,null,null,4.7531999999999996]
["C","Banco","Código","Material","Quantidade","Unidade","Preço Unitário",null,null,"Custo Horário"]
["Insumo","SICRO3","M0004","Aço CA 50",1.1000000000000001,"kg",6.2881,null,null,6.9169]
["Insumo","SICRO3","M0075","Arame liso recozido em aço-carbono - D = 1,24 mm (18 BWG)",1.4999999999999999E-2,"kg",11.658799999999999,null,null,0.1749]
[{"$nulls":5},"Custo Total do Material =>",null,null,null,7.0918000000000001]
["E","Banco","Insumo","Tempos Fixos","Código","Quantidade","Unidade","Preço Unitário",null,"Custo Horário"]
["Tempo Fixo","SICRO3","M0004","Carga, manobra e descarga de materiais diversos em caminhão carroceria de 15 t - carga e descarga manuais",5914655,1.1000000000000001E-3,"t",33.15,null,3.6499999999999998E-2]
["Tempo Fixo","SICRO3","M0075","Carga, manobra e descarga de materiais diversos em caminhão carroceria de 15 t - carga e descarga manuais",5914655,2.0000000000000002E-5,"t",33.15,null,6.9999999999999999E-4]
[{"$nulls":5},"Custo Total dos Tempos Fixos =>",null,null,null,3.7199999999999997E-2]
["F","Banco","Insumo","Momento de Transporte","Quantidade","Unidade","Distância Média de Transporte (DMT)",null,null,"Custo Horário"]
[{"$nulls":6},"LN","RP","P"]
["Momento de Transporte","SICRO3","M0004","Aço CA 50 - Caminhão carroceria com capacidade de 15 t - 188 kW",1.1000000000000001E-3,"tkm","5914449\n0,000\nR$ 1,08","5914464\n0,000\nR$ 0,86","5914479\n0,000\nR$ 0,71",0]
["Momento de Transporte","SICRO3","M0075","Arame liso recozido em aço-carbono - D = 1,24 mm (18 BWG) - Caminhão carroceria com capacidade de 15 t - 188 kW",2.0000000000000002E-5,"tkm","5914449\n0,000\nR$ 1,08","5914464\n0,000\nR$ 0,86","5914479\n0,000\nR$ 0,71",0]
[{"$nulls":5},"Custo total dos Momentos de Transportes =>",null,null,null,0]
[{"$nulls":4},"MO sem LS =>",4.765362235135135,"LS =>",0,"MO com LS =>",4.765362235135135]
[{"$nulls":4},"Valor do BDI =>",2.68,null,"Valor com BDI =>",null,14.56]
[{"$nulls":6},"Quant. =>",8.1999999999999993,"Preço Total =>",119.39]
[]
[" 6.3.6.1.4.5 ","Código","Banco","Descrição","Tipo",null,"Und","Quant.","Porcent.","Valor Unit","Total"]
["Composição"," 3107997 ","SICRO3","Fôrmas de compensado resinado 10 mm - uso geral - utilização de 3 vezes - confecção, instalação e retirada","",null,"m²",1,null,81.96,81.96]
["A","Código","Banco","Equipamentos","Quantidade","Utilização",null,"Custo Operacional",null,"Custo Horário"]
[{"$nulls":5},"Operativa","Improdutiva","Operativa","Improdutiva"]
["Insumo","E9066","SICRO3","Grupo gerador - 14 kVA",4.0160000000000001E-2,1,0,17.8385,4.6101000000000001,0.71640000000000004]
["Insumo","E9535","SICRO3","Serra circular com bancada - D = 30 cm - 4 kW",4.0160000000000001E-2,1,0,31.252500000000001,30.8993,1.2551000000000001]
[{"$nulls":5},"Custo Horário de Equipamentos =>",null,null,null,1.9715]
["B","Código","Banco","Mão de Obra","Quantidade","Salário Hora",null,null,null,"Custo Horário"]
["Insumo","P9801","SICRO3","Ajudante",0.7,null,null,null,22.478899999999999,15.735200000000001]
["Insumo","P9808","SICRO3","Carpinteiro",0.7,null,null,null,30.3432,21.240200000000002]
[{"$nulls":5},"Custo Horário da Mão de Obra =>",null,null,null,36.9754]
[{"$nulls":5},"Adc.M.O. - Ferramentas (0,0%) =>",null,null,null,0]
[{"$nulls":5},"Custo Horário de Execução =>",null,null,null,38.946899999999999]
[{"$nulls":5},"Fator de Influencia da Chuva - FIC =>",null,null,null,0]
[{"$nulls":5},"Custo do FIC =>",null,null,null,0]
[{"$nulls":5},"Produção de Equipe =>",null,null,null,1]
[{"$nulls":5},"Custo Unitário de Execução =>",null,null,null,38.946899999999999]
["C","Banco","Código","Material","Quantidade","Unidade","Preço Unitário",null,null,"Custo Horário"]
["Insumo","SICRO3","M0284","Caibro de pinho - L = 7,5 cm e E = 7,5 cm",0.44922000000000001,"m",16.706299999999999,null,null,7.5048000000000004]
["Insumo","SICRO3","M0446","Compensado resinado - E = 10 mm",0.40429999999999999,"m²",33.758899999999997,null,null,13.6487]
["Insumo","SICRO3","M0560","Desmoldante para fôrmas de madeira",1.8519999999999998E-2,"l",12.788600000000001,null,null,0.23680000000000001]
["Insumo","SICRO3","M0310","Peça de madeira - L = 7,5 cm e E = 2,5 cm",0.19908000000000001,"m",5.2,null,null,1.0351999999999999]
["Insumo","SICRO3","M1205","Prego de ferro",0.20394999999999999,"kg",15.58,null,null,3.1775000000000002]
["Insumo","SICRO3","M0290","Tábua - E = 2,5 cm e L = 10 cm",2.0900300000000001,"m",5.0838000000000001,null,null,10.625299999999999]
["Insumo","SICRO3","M0286","Tábua - E = 2,5 cm e L = 30 cm",0.35937999999999998,"m",17.498100000000001,null,null,6.2885]
[{"$nulls":5},"Custo Total do Material =>",null,null,null,42.516800000000003]
["E","Banco","Insumo","Tempos Fixos","Código","Quantidade","Unidade","Preço Unitário",null,"Custo Horário"]
["Tempo Fixo","SICRO3","M0284","Carga, manobra e descarga de materiais diversos em caminhão carroceria de 15 t - carga e descarga manuais",5914655,2.5300000000000001E-3,"t",33.15,null,8.3900000000000002E-2]
["Tempo Fixo","SICRO3","M0446","Carga, manobra e descarga de materiais diversos em caminhão carroceria de 15 t - carga e descarga manuais",5914655,4.0400000000000002E-3,"t",33.15,null,0.13389999999999999]
["Tempo Fixo","SICRO3","M0560","Carga, manobra e descarga de materiais diversos em caminhão carroceria de 15 t - carga e descarga manuais",5914655,2.0000000000000002E-5,"t",33.15,null,6.9999999999999999E-4]
["Tempo Fixo","SICRO3","M0310","Carga, manobra e descarga de materiais diversos em caminhão carroceria de 15 t - carga e descarga manuais",5914655,3.6999999999999999E-4,"t",33.15,null,1.23E-2]
["Tempo Fixo","SICRO3","M1205","Carga, manobra e descarga de materiais diversos em caminhão carroceria de 15 t - carga e descarga manuais",5914655,2.0000000000000001E-4,"t",33.15,null,6.6E-3]
["Tempo Fixo","SICRO3","M0290","Carga, manobra e descarga de materiais diversos em caminhão carroceria de 15 t - carga e descarga manuais",5914655,5.2300000000000003E-3,"t",33.15,null,0.1734]
["Tempo Fixo","SICRO3","M0286","Carga, manobra e descarga de materiais diversos em caminhão carroceria de 15 t - carga e descarga manuais",5914655,2.7000000000000001E-3,"t",33.15,null,8.9499999999999996E-2]
[{"$nulls":5},"Custo Total dos Tempos Fixos =>",null,null,null,0.50029999999999997]
["F","Banco","Insumo","Momento de Transporte","Quantidade","Unidade","Distância Média de Transporte (DMT)",null,null,"Custo Horário"]
[{"$nulls":6},"LN","RP","P"]
["Momento de Transporte","SICRO3","M0284","Caibro de pinho - L = 7,5 cm e E = 7,5 cm - Caminhão carroceria com capacidade de 15 t - 188 kW",2.5300000000000001E-3,"tkm","5914449\n0,000\nR$ 1,08","5914464\n0,000\nR$ 0,86","5914479\n0,000\nR$ 0,71",0]
["Momento de Transporte","SICRO3","M0446","Compensado resinado - E = 10 mm - Caminhão carroceria com capacidade de 15 t - 188 kW",4.0400000000000002E-3,"tkm","5914449\n0,000\nR$ 1,08","5914464\n0,000\nR$ 0,86","5914479\n0,000\nR$ 0,71",0]
["Momento de Transporte","SICRO3","M0560","Desmoldante para fôrmas de madeira - Caminhão carroceria com capacidade de 15 t - 188 kW",2.0000000000000002E-5,"tkm","5914449\n0,000\nR$ 1,08","5914464\n0,000\nR$ 0,86","5914479\n0,000\nR$ 0,71",0]
["Momento de Transporte","SICRO3","M0310","Peça de madeira - L = 7,5 cm e E = 2,5 cm - Caminhão carroceria com capacidade de 15 t - 188 kW",3.6999999999999999E-4,"tkm","5914449\n0,000\nR$ 1,08","5914464\n0,000\nR$ 0,86","5914479\n0,000\nR$ 0,71",0]
["Momento de Transporte","SICRO3","M1205","Prego de ferro - Caminhão carroceria com capacidade de 15 t - 188 kW",2.0000000000000001E-4,"tkm","5914449\n0,000\nR$ 1,08","5914464\n0,000\nR$ 0,86","5914479\n0,000\nR$ 0,71",0]
["Momento de Transporte","SICRO3","M0290","Tábua - E = 2,5 cm e L = 10 cm - Caminhão carroceria com capacidade de 15 t - 188 kW",5.2300000000000003E-3,"tkm","5914449\n0,000\nR$ 1,08","5914464\n0,000\nR$ 0,86","5914479\n0,000\nR$ 0,71",0]
["Momento de Transporte","SICRO3","M0286","Tábua - E = 2,5 cm e L = 30 cm - Caminhão carroceria com capacidade de 15 t - 188 kW",2.7000000000000001E-3,"tkm","5914449\n0,000\nR$ 1,08","5914464\n0,000\nR$ 0,86","5914479\n0,000\nR$ 0,71",0]
[{"$nulls":5},"Custo total dos Momentos de Transportes =>",null,null,null,0]
[{"$nulls":4},"MO sem LS =>",37.139617337668916,"LS =>",0,"MO com LS =>",37.139617337668916]
[{"$nulls":4},"Valor do BDI =>",18.489999999999998,null,"Valor com BDI =>",null,100.45]
[{"$nulls":6},"Quant. =>",23.86,"Preço Total =>",2396.73]
[]
[" 6.4 ",null,null,"SEGMENTO DE CANAL - SUBTRECHO 1.4 (E440 A E533)",{"$nulls":6},20359759.120000001]
[" 6.4.1 ",null,null,"SEVIÇOS PRELIMINARES",{"$nulls":6},1558339.66]
[" 6.4.1.1 ","Código","Banco","Descrição","Tipo",null,"Und","Quant.","Porcent.","Valor Unit","Total"]
["Composição"," 5501700 ","SICRO3","DESMATAMENTO, DESTOCAMENTO, LIMPEZA DE ÁREA E ESTOCAGEM DO MATERIAL DE LIMPEZA COM ÁRVORES DE DIÂMETRO ATÉ 0,15 M.","",null,"m²",1,null,0.53,0.53]
["A","Código","Banco","Equipamentos","Quantidade","Utilização",null,"Custo Operacional",null,"Custo Horário"]
[{"$nulls":5},"Operativa","Improdutiva","Operativa","Improdutiva"]
["Insumo","E9541","SICRO3","Trator sobre esteiras com lâmina - 259 kW",1,1,0,760.50620000000004,307.02120000000002,760.50620000000004]
[{"$nulls":5},"Custo Horário de Equipamentos =>",null,null,null,760.50620000000004]
["B","Código","Banco","Mão de Obra","Quantidade","Salário Hora",null,null,null,"Custo Horário"]
["Insumo","P9824","SICRO3","Servente",2,null,null,null,21.465699999999998,42.931399999999996]
[{"$nulls":5},"Custo Horário da Mão de Obra =>",null,null,null,42.931399999999996]
[{"$nulls":5},"Adc.M.O. - Ferramentas (0,0%) =>",null,null,null,0]
[{"$nulls":5},"Custo Horário de Execução =>",null,null,null,803.43759999999997]
[{"$nulls":5},"Fator de Influencia da Chuva - FIC =>",null,null,null,2.3999999999999998E-3]
[{"$nulls":5},"Custo do FIC =>",null,null,null,1.1999999999999999E-3]
[{"$nulls":5},"Produção de Equipe =>",null,null,null,1532.91]
[{"$nulls":5},"Custo Unitário de Execução =>",null,null,null,0.52410000000000001]
[{"$nulls":4},"MO sem LS =>",2.8006471351873233E-2,"LS =>",0,"MO com LS =>",2.8006471351873233E-2]
[{"$nulls":4},"Valor do BDI =>",0.11,null,"Valor com BDI =>",null,0.64]
[{"$nulls":6},"Quant. =>",185955.7,"Preço Total =>",119011.64]
[]
[" 6.4.1.2 ","Código","Banco","Descrição","Tipo",null,"Und","Quant.","Porcent.","Valor Unit","Total"]
["Composição"," 5501701 ","SICRO3","DESTOCAMENTO DE ÁRVORES COM DIÂMETRO DE 0,15 A 0,30 M","",null,"un",1,null,38.81,38.81]
["A","Código","Banco","Equipamentos","Quantidade","Utilização",null,"Custo Operacional",null,"Custo Horário"]
[{"$nulls":5},"Operativa","Improdutiva","Operativa","Improdutiva"]
["Insumo","E9541","SICRO3","Trator sobre esteiras com lâmina - 259 kW",1,1,0,760.50620000000004,307.02120000000002,760.50620000000004]
[{"$nulls":5},"Custo Horário de Equipamentos =>",null,null,null,760.50620000000004]
["B","Código","Banco","Mão de Obra","Quantidade","Salário Hora",null,null,null,"Custo Horário"]
["Insumo","P9824","SICRO3","Servente",2,null,null,null,21.465699999999998,42.931399999999996]
[{"$nulls":5},"Custo Horário da Mão de Obra =>",null,null,null,42.931399999999996]
[{"$nulls":5},"Adc.M.O. - Ferramentas (0,0%) =>",null,null,null,0]
[{"$nulls":5},"Custo Horário de Execução =>",null,null,null,803.43759999999997]
[{"$nulls":5},"Fator de Influencia da Chuva - FIC =>",null,null,null,2.3999999999999998E-3]
[{"$nulls":5},"Custo do FIC =>",null,null,null,9.1800000000000007E-2]
[{"$nulls":5},"Produção de Equipe =>",null,null,null,20.75]
[{"$nulls":5},"Custo Unitário de Execução =>",null,null,null,38.719900000000003]
[{"$nulls":4},"MO sem LS =>",2.0689831325301205,"LS =>",0,"MO com LS =>",2.0689831325301205]
[{"$nulls":4},"Valor do BDI =>",8.75,null,"Valor com BDI =>",null,47.56]
[{"$nulls":6},"Quant. =>",2232,"Preço Total =>",106153.92]
[]
[" 6.4.1.3 ","Código","Banco","Descrição","Tipo",null,"Und","Quant.","Porcent.","Valor Unit","Total"]
["Composição"," 5501702 ","SICRO3","DESTOCAMENTO DE ÁRVORES COM DIÂMETRO MAIOR QUE 0,30 M","",null,"un",1,null,97.03,97.03]
["A","Código","Banco","Equipamentos","Quantidade","Utilização",null,"Custo Operacional",null,"Custo Horário"]
[{"$nulls":5},"Operativa","Improdutiva","Operativa","Improdutiva"]
["Insumo","E9541","SICRO3","Trator sobre esteiras com lâmina - 259 kW",1,1,0,760.50620000000004,307.02120000000002,760.50620000000004]
[{"$nulls":5},"Custo Horário de Equipamentos =>",null,null,null,760.50620000000004]
["B","Código","Banco","Mão de Obra","Quantidade","Salário Hora",null,null,null,"Custo Horário"]
["Insumo","P9824","SICRO3","Servente",2,null,null,null,21.465699999999998,42.931399999999996]
[{"$nulls":5},"Custo Horário da Mão de Obra =>",null,null,null,42.931399999999996]
[{"$nulls":5},"Adc.M.O. - Ferramentas (0,0%) =>",null,null,null,0]
[{"$nulls":5},"Custo Horário de Execução =>",null,null,null,803.43759999999997]
[{"$nulls":5},"Fator de Influencia da Chuva - FIC =>",null,null,null,2.3999999999999998E-3]
[{"$nulls":5},"Custo do FIC =>",null,null,null,0.22939999999999999]
[{"$nulls":5},"Produção de Equipe =>",null,null,null,8.3000000000000007]
[{"$nulls":5},"Custo Unitário de Execução =>",null,null,null,96.799700000000001]
[{"$nulls":4},"MO sem LS =>",5.1724578313253016,"LS =>",0,"MO com LS =>",5.1724578313253016]
[{"$nulls":4},"Valor do BDI =>",21.88,null,"Valor com BDI =>",null,118.91]
[{"$nulls":6},"Quant. =>",1116,"Preço Total =>",132703.56]
[]
[" 6.4.1.4 ","Código","Banco","Descrição","Tipo",null,"Und","Quant.","Porcent.","Valor Unit","Total"]
["Composição"," 5502109 ","SICRO3","ESCAVAÇÃO, CARGA E TRANSPORTE DE MATERIAL DE 1ª CATEGORIA - DMT DE 50 A 200 M - CAMINHO DE SERVIÇO EM LEITO NATURAL - COMESCAVADEIRA E CAMINHÃO BASCULANTE DE 14 M³","",null,"m³",1,null,5.73,5.73]
["A","Código","Banco","Equipamentos","Quantidade","Utilização",null,"Custo Operacional",null,"Custo Horário"]
[{"$nulls":5},"Operativa","Improdutiva","Operativa","Improdutiva"]
["Insumo","E9667","SICRO3","Caminhão basculante com capacidade de 14 m³ - 188 kW",4,0.76,0.24,297.32,90.567700000000002,990.79780000000005]
["Insumo","E9515","SICRO3","Escavadeira hidráulica sobre esteiras com caçamba com capacidade de 1,56 m³ - 118 kW",1,1,0,287.9393,133.5633,287.9393]
[{"$nulls":5},"Custo Horário de Equipamentos =>",null,null,null,1278.7371000000001]
["B","Código","Banco","Mão de Obra","Quantidade","Salário Hora",null,null,null,"Custo Horário"]
["Insumo","P9824","SICRO3","Servente",1,null,null,null,21.465699999999998,21.465699999999998]
[{"$nulls":5},"Custo Horário da Mão de Obra =>",null,null,null,21.465699999999998]
[{"$nulls":5},"Adc.M.O. - Ferramentas (0,0%) =>",null,null,null,0]
[{"$nulls":5},"Custo Horário de Execução =>",null,null,null,1300.2028]
[{"$nulls":5},"Fator de Influencia da Chuva - FIC =>",null,null,null,1.43E-2]
[{"$nulls":5},"Custo do FIC =>",null,null,null,8.0500000000000002E-2]
[{"$nulls":5},"Produção de Equipe =>",null,null,null,230.19]
[{"$nulls":5},"Custo Unitário de Execução =>",null,null,null,5.6483999999999996]
[{"$nulls":4},"MO sem LS =>",9.3252096094530598E-2,"LS =>",0,"MO com LS =>",9.3252096094530598E-2]
[{"$nulls":4},"Valor do BDI =>",1.29,null,"Valor com BDI =>",null,7.02]
[{"$nulls":6},"Quant. =>",17511,"Preço Total =>",122927.22]
[]
[" 6.4.1.5 ","Código","Banco","Descrição","Tipo",null,"Und","Quant.","Porcent.","Valor Unit","Total"]
["Composição"," 100983 ","SINAPI","CARGA, MANOBRA E DESCARGA DE ENTULHO EM CAMINHÃO BASCULANTE 14 M³ - CARGA COM ESCAVADEIRA HIDRÁULICA  (CAÇAMBA DE 0,80 M³ / 111 HP) E DESCARGA LIVRE (UNIDADE: M3). AF_07/2020.","TRAN - TRANSPORTES, CARGAS E DESCARGAS",null,"m³",1,null,9.1199999999999992,9.1199999999999992]
["Composição Auxiliar"," 5631 ","SINAPI","ESCAVADEIRA HIDRÁULICA SOBRE ESTEIRAS, CAÇAMBA 0,80 M3, PESO OPERACIONAL 17 T, POTENCIA BRUTA 111 HP - CHP DIURNO. AF_06/2014","CHOR - CUSTOS HORÁRIOS DE MÁQUINAS E EQUIPAMENTOS",null,"CHP",8.3000000000000001E-3,null,224.35,1.86]
["Composição Auxiliar"," 5632 ","SINAPI","ESCAVADEIRA HIDRÁULICA SOBRE ESTEIRAS, CAÇAMBA 0,80 M3, PESO OPERACIONAL 17 T, POTENCIA BRUTA 111 HP - CHI DIURNO. AF_06/2014","CHOR - CUSTOS HORÁRIOS DE MÁQUINAS E EQUIPAMENTOS",null,"CHI",8.5000000000000006E-3,null,101.91,0.86]
["Composição Auxiliar"," 89876 ","SINAPI","CAMINHÃO BASCULANTE 14 M3, COM CAVALO MECÂNICO DE CAPACIDADE MÁXIMA DE TRAÇÃO COMBINADO DE 36000 KG, POTÊNCIA 286 CV, INCLUSIVE SEMIREBOQUE COM CAÇAMBA METÁLICA - CHP DIURNO. AF_12/2014","CHOR - CUSTOS HORÁRIOS DE MÁQUINAS E EQUIPAMENTOS",null,"CHP",1.6899999999999998E-2,null,323.52,5.46]
["Composição Auxiliar"," 89877 ","SINAPI","CAMINHÃO BASCULANTE 14 M3, COM CAVALO MECÂNICO DE CAPACIDADE MÁXIMA DE TRAÇÃO COMBINADO DE 36000 KG, POTÊNCIA 286 CV, INCLUSIVE SEMIREBOQUE COM CAÇAMBA METÁLICA - CHI DIURNO. AF_12/2014","CHOR - CUSTOS HORÁRIOS DE MÁQUINAS E EQUIPAMENTOS",null,"CHI",1.0999999999999999E-2,null,86.24,0.94]
[{"$nulls":4},"MO sem LS =>",1.31,"LS =>",0,"MO com LS =>",1.31]
[{"$nulls":4},"Valor do BDI =>",2.0499999999999998,null,"Valor com BDI =>",null,11.17]
[{"$nulls":6},"Quant. =>",74382.28,"Preço Total =>",830850.06]
[]
[" 6.4.1.6 ","Código","Banco","Descrição","Tipo",null,"Und","Quant.","Porcent.","Valor Unit","Total"]
["Composição"," 5901639 ","SICRO3","TRANSPORTE COM CAMINHÃO BASCULANTE COM CAÇAMBA ESTANQUE COM CAPACIDADE DE 14 M³ - RODOVIA EM LEITO NATURAL.","",null,"tkm",1,null,0.87,0.87]
["A","Código","Banco","Equipamentos","Quantidade","Utilização",null,"Custo Operacional",null,"Custo Horário"]
[{"$nulls":5},"Operativa","Improdutiva","Operativa","Improdutiva"]
["Insumo","E9575","SICRO3","Caminhão basculante com caçamba estanque com capacidade de 14 m³ - 188 kW",1,1,0,297.71420000000001,90.774600000000007,297.71420000000001]
[{"$nulls":5},"Custo Horário de Equipamentos =>",null,null,null,297.71420000000001]
[{"$nulls":5},"Custo Horário de Execução =>",null,null,null,297.71420000000001]
[{"$nulls":5},"Fator de Influencia da Chuva - FIC =>",null,null,null,1.43E-2]
[{"$nulls":5},"Custo do FIC =>",null,null,null,1.2200000000000001E-2]
[{"$nulls":5},"Produção de Equipe =>",null,null,null,348.6]
[{"$nulls":5},"Custo Unitário de Execução =>",null,null,null,0.85399999999999998]
[{"$nulls":4},"MO sem LS =>",0,"LS =>",0,"MO com LS =>",0]
[{"$nulls":4},"Valor do BDI =>",0.19,null,"Valor com BDI =>",null,1.06]
[{"$nulls":6},"Quant. =>",23802.329600000001,"Preço Total =>",25230.46]
[]
[" 6.4.1.7 ","Código","Banco","Descrição","Tipo",null,"Und","Quant.","Porcent.","Valor Unit","Total"]
["Composição"," 4413942 ","SICRO3","ESPALHAMENTO DE MATERIAL EM BOTA-FORA","",null,"m³",1,null,1.97,1.97]
["A","Código","Banco","Equipamentos","Quantidade","Utilização",null,"Custo Operacional",null,"Custo Horário"]
[{"$nulls":5},"Operativa","Improdutiva","Operativa","Improdutiva"]
["Insumo","E9540","SICRO3","Trator sobre esteiras com lâmina - 127 kW",1,1,0,322.01350000000002,134.76900000000001,322.01350000000002]
[{"$nulls":5},"Custo Horário de Equipamentos =>",null,null,null,322.01350000000002]
["B","Código","Banco","Mão de Obra","Quantidade","Salário Hora",null,null,null,"Custo Horário"]
["Insumo","P9824","SICRO3","Servente",1,null,null,null,21.465699999999998,21.465699999999998]
[{"$nulls":5},"Custo Horário da Mão de Obra =>",null,null,null,21.465699999999998]
[{"$nulls":5},"Adc.M.O. - Ferramentas (0,0%) =>",null,null,null,0]
[{"$nulls":5},"Custo Horário de Execução =>",null,null,null,343.47919999999999]
[{"$nulls":5},"Fator de Influencia da Chuva - FIC =>",null,null,null,1.43E-2]
[{"$nulls":5},"Custo do FIC =>",null,null,null,2.7699999999999999E-2]
[{"$nulls":5},"Produção de Equipe =>",null,null,null,176.81]
[{"$nulls":5},"Custo Unitário de Execução =>",null,null,null,1.9426000000000001]
[{"$nulls":4},"MO sem LS =>",0.12140546349188394,"LS =>",0,"MO com LS =>",0.12140546349188394]
[{"$nulls":4},"Valor do BDI =>",0.44,null,"Valor com BDI =>",null,2.41]
[{"$nulls":6},"Quant. =>",91893.28,"Preço Total =>",221462.8]
[]
[" 6.4.2 ",null,null,"MOVIMENTO DE TERRA",{"$nulls":6},12516070.74]
[" 6.4.2.1 ",null,null,"CORTE",{"$nulls":6},1408956.67]
[" 6.4.2.1.1 ","Código","Banco","Descrição","Tipo",null,"Und","Quant.","Porcent.","Valor Unit","Total"]
["Composição"," 5502109 ","SICRO3","ESCAVAÇÃO, CARGA E TRANSPORTE DE MATERIAL DE 1ª CATEGORIA - DMT DE 50 A 200 M - CAMINHO DE SERVIÇO EM LEITO NATURAL - COMESCAVADEIRA E CAMINHÃO BASCULANTE DE 14 M³","",null,"m³",1,null,5.73,5.73]
["A","Código","Banco","Equipamentos","Quantidade","Utilização",null,"Custo Operacional",null,"Custo Horário"]
[{"$nulls":5},"Operativa","Improdutiva","Operativa","Improdutiva"]
["Insumo","E9667","SICRO3","Caminhão basculante com capacidade de 14 m³ - 188 kW",4,0.76,0.24,297.32,90.567700000000002,990.79780000000005]
["Insumo","E9515","SICRO3","Escavadeira hidráulica sobre esteiras com caçamba com capacidade de 1,56 m³ - 118 kW",1,1,0,287.9393,133.5633,287.9393]
[{"$nulls":5},"Custo Horário de Equipamentos =>",null,null,null,1278.7371000000001]
["B","Código","Banco","Mão de Obra","Quantidade","Salário Hora",null,null,null,"Custo Horário"]
["Insumo","P9824","SICRO3","Servente",1,null,null,null,21.465699999999998,21.465699999999998]
[{"$nulls":5},"Custo Horário da Mão de Obra =>",null,null,null,21.465699999999998]
[{"$nulls":5},"Adc.M.O. - Ferramentas (0,0%) =>",null,null,null,0]
[{"$nulls":5},"Custo Horário de Execução =>",null,null,null,1300.2028]
[{"$nulls":5},"Fator de Influencia da Chuva - FIC =>",null,null,null,1.43E-2]
[{"$nulls":5},"Custo do FIC =>",null,null,null,8.0500000000000002E-2]
[{"$nulls":5},"Produção de Equipe =>",null,null,null,230.19]
[{"$nulls":5},"Custo Unitário de Execução =>",null,null,null,5.6483999999999996]
[{"$nulls":4},"MO sem LS =>",9.3252096094530598E-2,"LS =>",0,"MO com LS =>",9.3252096094530598E-2]
[{"$nulls":4},"Valor do BDI =>",1.29,null,"Valor com BDI =>",null,7.02]
[{"$nulls":6},"Quant. =>",83005.119999999995,"Preço Total =>",582695.93999999994]
[]
[" 6.4.2.1.2 ","Código","Banco","Descrição","Tipo",null,"Und","Quant.","Porcent.","Valor Unit","Total"]
["Composição"," 5502742 ","SICRO3","ESCAVAÇÃO, CARGA E TRANSPORTE DE MATERIAL DE 3ª CATEGORIA - DMT DE 50 A 200 M - CAMINHO DE SERVIÇO EM LEITO NATURAL COMCAMINHÃO BASCULANTE DE 12 M³","",null,"m³",1,null,40.99,40.99]
["A","Código","Banco","Equipamentos","Quantidade","Utilização",null,"Custo Operacional",null,"Custo Horário"]
[{"$nulls":5},"Operativa","Improdutiva","Operativa","Improdutiva"]
["Insumo","E9672","SICRO3","Caminhão basculante para rocha com capacidade de 12 m³ - 188 kW",2,0.89,0.11,309.83929999999998,108.2497,575.32889999999998]
["Insumo","E9117","SICRO3","Carregadeira de pneus para rocha com capacidade de 2,50 m³ - 105 kW",1,0.78,0.22,359.73469999999998,157.4614,315.2346]
["Insumo","E9646","SICRO3","Compressor de ar portátil de 58,52 l/s (124 PCM) - 27 kW",1,1,0,43.116199999999999,10.8597,43.116199999999999]
["Insumo","E9527","SICRO3","Martelete perfurador/rompedor a ar comprimido de 25 kg para rocha com capacidade de",1,1,0,35.0152,32.827100000000002,35.0152]
["Insumo","E9574","SICRO3","Perfuratriz sobre esteiras - 145 kW",1,1,0,406.70780000000002,181.6712,406.70780000000002]
["Insumo","E9540","SICRO3","Trator sobre esteiras com lâmina - 127 kW",1,0.38,0.62,322.01350000000002,134.76900000000001,205.92189999999999]
[{"$nulls":5},"Custo Horário de Equipamentos =>",null,null,null,1581.3245999999999]
["B","Código","Banco","Mão de Obra","Quantidade","Salário Hora",null,null,null,"Custo Horário"]
["Insumo","P9892","SICRO3","Auxiliar de blaster",2,null,null,null,34.436,68.872]
["Insumo","P9852","SICRO3","Blaster",1,null,null,null,38.045200000000001,38.045200000000001]
[{"$nulls":5},"Custo Horário da Mão de Obra =>",null,null,null,106.91719999999999]
[{"$nulls":5},"Adc.M.O. - Ferramentas (0,0%) =>",null,null,null,0]
[{"$nulls":5},"Custo Horário de Execução =>",null,null,null,1688.2418]
[{"$nulls":5},"Fator de Influencia da Chuva - FIC =>",null,null,null,2.3999999999999998E-3]
[{"$nulls":5},"Custo do FIC =>",null,null,null,6.1699999999999998E-2]
[{"$nulls":5},"Produção de Equipe =>",null,null,null,64.84]
[{"$nulls":5},"Custo Unitário de Execução =>",null,null,null,26.036999999999999]
["C","Banco","Código","Material","Quantidade","Unidade","Preço Unitário",null,null,"Custo Horário"]
["Insumo","SICRO3","M2062","Coroa de botões esféricos linha T38 - D = 64 mm (2 1/2”)",3.4000000000000002E-4,"un",721.71960000000001,null,null,0.24540000000000001]
["Insumo","SICRO3","M2042","Emulsão explosiva encartuchada",0.56232000000000004,"kg",13.049300000000001,null,null,7.3379000000000003]
["Insumo","SICRO3","M2065","Haste linha T38 para perfuratriz sobre esteiras - D = 38,0 mm (1 1/2”) e C = 3,05 m",1.6000000000000001E-4,"un",2083.3042,null,null,0.33329999999999999]
["Insumo","SICRO3","M2066","Luva em aço linha T38 para perfuratriz sobre esteiras - D = 38,0 mm (1 1/2”)",2.5000000000000001E-4,"un",354.3057,null,null,8.8599999999999998E-2]
["Insumo","SICRO3","M2144","Nonel de coluna - C = 6,0 m",0.04,"un",14.9855,null,null,0.59940000000000004]
["Insumo","SICRO3","M2141","Nonel de iniciação para fogacho - C = 6,0 m",0.15714,"un",14.9138,null,null,2.3435999999999999]
["Insumo","SICRO3","M2143","Nonel de ligação - C = 6,0 m",1.5709999999999998E-2,"un",17.517800000000001,null,null,0.2752]
["Insumo","SICRO3","M2146","Nonel iniciador - C = 150,0 m",1.4300000000000001E-3,"un",207.2826,null,null,0.2964]
["Insumo","SICRO3","M2067","Punho linha T38 para perfuratriz sobre esteiras - D = 38 mm (1 1/2”)",1.2999999999999999E-4,"un",1000.3667,null,null,0.13]
["Insumo","SICRO3","M2145","Série de brocas integrais S12",3.3300000000000001E-3,"un",973.28599999999994,null,null,3.2410000000000001]
[{"$nulls":5},"Custo Total do Material =>",null,null,null,14.8908]
[{"$nulls":4},"MO sem LS =>",1.6489389265885257,"LS =>",0,"MO com LS =>",1.6489389265885257]
[{"$nulls":4},"Valor do BDI =>",9.24,null,"Valor com BDI =>",null,50.23]
[{"$nulls":6},"Quant. =>",8711,"Preço Total =>",437553.53]
[]
[" 6.4.2.1.3 ","Código","Banco","Descrição","Tipo",null,"Und","Quant.","Porcent.","Valor Unit","Total"]
["Composição"," 5505768 ","SICRO3","Pré-fissuramento de material de 3ª categoria","",null,"m²",1,null,80.91,80.91]
["A","Código","Banco","Equipamentos","Quantidade","Utilização",null,"Custo Operacional",null,"Custo Horário"]
[{"$nulls":5},"Operativa","Improdutiva","Operativa","Improdutiva"]
["Insumo","E9574","SICRO3","Perfuratriz sobre esteiras - 145 kW",1,1,0,406.70780000000002,181.6712,406.70780000000002]
[{"$nulls":5},"Custo Horário de Equipamentos =>",null,null,null,406.70780000000002]
["B","Código","Banco","Mão de Obra","Quantidade","Salário Hora",null,null,null,"Custo Horário"]
["Insumo","P9892","SICRO3","Auxiliar de blaster",2,null,null,null,34.436,68.872]
["Insumo","P9852","SICRO3","Blaster",1,null,null,null,38.045200000000001,38.045200000000001]
[{"$nulls":5},"Custo Horário da Mão de Obra =>",null,null,null,106.91719999999999]
[{"$nulls":5},"Adc.M.O. - Ferramentas (0,0%) =>",null,null,null,0]
[{"$nulls":5},"Custo Horário de Execução =>",null,null,null,513.625]
[{"$nulls":5},"Fator de Influencia da Chuva - FIC =>",null,null,null,2.3999999999999998E-3]
[{"$nulls":5},"Custo do FIC =>",null,null,null,0.1467]
[{"$nulls":5},"Produção de Equipe =>",null,null,null,8.3000000000000007]
[{"$nulls":5},"Custo Unitário de Execução =>",null,null,null,61.8825]
["C","Banco","Código","Material","Quantidade","Unidade","Preço Unitário",null,null,"Custo Horário"]
["Insumo","SICRO3","M2062","Coroa de botões esféricos linha T38 - D = 64 mm (2 1/2”)",2.5600000000000002E-3,"un",721.71960000000001,null,null,1.8475999999999999]
["Insumo","SICRO3","M2042","Emulsão explosiva encartuchada",0.3,"kg",13.049300000000001,null,null,3.9148000000000001]
["Insumo","SICRO3","M2065","Haste linha T38 para perfuratriz sobre esteiras - D = 38,0 mm (1 1/2”) e C = 3,05 m",1.1900000000000001E-3,"un",2083.3042,null,null,2.4790999999999999]
["Insumo","SICRO3","M2066","Luva em aço linha T38 para perfuratriz sobre esteiras - D = 38,0 mm (1 1/2”)",1.8500000000000001E-3,"un",354.3057,null,null,0.65549999999999997]
["Insumo","SICRO3","M2144","Nonel de coluna - C = 6,0 m",0.33333000000000002,"un",14.9855,null,null,4.9950999999999999]
["Insumo","SICRO3","M2143","Nonel de ligação - C = 6,0 m",3.3329999999999999E-2,"un",17.517800000000001,null,null,0.58389999999999997]
["Insumo","SICRO3","M2146","Nonel iniciador - C = 150,0 m",1.6670000000000001E-2,"un",207.2826,null,null,3.4554]
["Insumo","SICRO3","M2067","Punho linha T38 para perfuratriz sobre esteiras - D = 38 mm (1 1/2”)",9.5E-4,"un",1000.3667,null,null,0.95030000000000003]
[{"$nulls":5},"Custo Total do Material =>",null,null,null,18.881699999999999]
[{"$nulls":4},"MO sem LS =>",12.881590361445783,"LS =>",0,"MO com LS =>",12.881590361445783]
[{"$nulls":4},"Valor do BDI =>",18.25,null,"Valor com BDI =>",null,99.16]
[{"$nulls":6},"Quant. =>",3920,"Preço Total =>",388707.2]
[]
[" 6.4.2.2 ",null,null,"EXPLORAÇÃO DE JAZIDAS",{"$nulls":6},3864442.54]
[" 6.4.2.2.1 ","Código","Banco","Descrição","Tipo",null,"Und","Quant.","Porcent.","Valor Unit","Total"]
["Composição"," 4016096 ","SICRO3","ESCAVAÇÃO E CARGA DE MATERIAL DE JAZIDA COM ESCAVADEIRA HIDRÁULICA DE 1,56 M³","",null,"m³",1,null,1.36,1.36]
["A","Código","Banco","Equipamentos","Quantidade","Utilização",null,"Custo Operacional",null,"Custo Horário"]
[{"$nulls":5},"Operativa","Improdutiva","Operativa","Improdutiva"]
["Insumo","E9515","SICRO3","Escavadeira hidráulica sobre esteiras com caçamba com capacidade de 1,56 m³ - 118 kW",1,1,0,287.9393,133.5633,287.9393]
[{"$nulls":5},"Custo Horário de Equipamentos =>",null,null,null,287.9393]
["B","Código","Banco","Mão de Obra","Quantidade","Salário Hora",null,null,null,"Custo Horário"]
["Insumo","P9824","SICRO3","Servente",1,null,null,null,21.465699999999998,21.465699999999998]
[{"$nulls":5},"Custo Horário da Mão de Obra =>",null,null,null,21.465699999999998]
[{"$nulls":5},"Adc.M.O. - Ferramentas (0,0%) =>",null,null,null,0]
[{"$nulls":5},"Custo Horário de Execução =>",null,null,null,309.40499999999997]
[{"$nulls":5},"Fator de Influencia da Chuva - FIC =>",null,null,null,1.43E-2]
[{"$nulls":5},"Custo do FIC =>",null,null,null,1.9199999999999998E-2]
[{"$nulls":5},"Produção de Equipe =>",null,null,null,230.19]
[{"$nulls":5},"Custo Unitário de Execução =>",null,null,null,1.3441000000000001]
[{"$nulls":4},"MO sem LS =>",9.3252096094530598E-2,"LS =>",0,"MO com LS =>",9.3252096094530598E-2]
[{"$nulls":4},"Valor do BDI =>",0.3,null,"Valor com BDI =>",null,1.66]
[{"$nulls":6},"Quant. =>",244330.61,"Preço Total =>",405588.81]
[]
[" 6.4.2.2.2 ","Código","Banco","Descrição","Tipo",null,"Und","Quant.","Porcent.","Valor Unit","Total"]
["Composição"," 5901639 ","SICRO3","TRANSPORTE COM CAMINHÃO BASCULANTE COM CAÇAMBA ESTANQUE COM CAPACIDADE DE 14 M³ - RODOVIA EM LEITO NATURAL.","",null,"tkm",1,null,0.87,0.87]
["A","Código","Banco","Equipamentos","Quantidade","Utilização",null,"Custo Operacional",null,"Custo Horário"]
[{"$nulls":5},"Operativa","Improdutiva","Operativa","Improdutiva"]
["Insumo","E9575","SICRO3","Caminhão basculante com caçamba estanque com capacidade de 14 m³ - 188 kW",1,1,0,297.71420000000001,90.774600000000007,297.71420000000001]
[{"$nulls":5},"Custo Horário de Equipamentos =>",null,null,null,297.71420000000001]
[{"$nulls":5},"Custo Horário de Execução =>",null,null,null,297.71420000000001]
[{"$nulls":5},"Fator de Influencia da Chuva - FIC =>",null,null,null,1.43E-2]
[{"$nulls":5},"Custo do FIC =>",null,null,null,1.2200000000000001E-2]
[{"$nulls":5},"Produção de Equipe =>",null,null,null,348.6]
[{"$nulls":5},"Custo Unitário de Execução =>",null,null,null,0.85399999999999998]
[{"$nulls":4},"MO sem LS =>",0,"LS =>",0,"MO com LS =>",0]
[{"$nulls":4},"Valor do BDI =>",0.19,null,"Valor com BDI =>",null,1.06]
[{"$nulls":6},"Quant. =>",3263069.5638039,"Preço Total =>",3458853.73]
[]
[" 6.4.2.3 ",null,null,"TRATAMENTO QUÍMICO DO SOLO DISPERSIVO",{"$nulls":6},5752254.8099999996]
[" 6.4.2.3.1 ","Código","Banco","Descrição","Tipo",null,"Und","Quant.","Porcent.","Valor Unit","Total"]
["Composição"," COMP-0044 ","Próprio","ATERRO DE SOLO-CAL COM 4% DE CAL E MISTURA NA PISTA COM MATERIAL DE ESCAVAÇÃO","URBA - URBANIZAÇÃO",null,"m³",1,null,56.55,56.55]
["A","Código","Banco","Equipamentos","Quantidade","Utilização",null,"Custo Operacional",null,"Custo Horário"]
[{"$nulls":5},"Operativa","Improdutiva","Operativa","Improdutiva"]
["Insumo","E9027","SICRO3","Caminhão distribuidor de cimento e cal com capacidade de 17 m³ - 210 kW",1,0.55000000000000004,0.45,434.28309999999999,133.93049999999999,299.12439999999998]
["Insumo","E9571","SICRO3","Caminhão tanque com capacidade de 10.000 l - 188 kW",1,0.83,0.17,321.9742,87.045699999999997,282.03640000000001]
["Insumo","E9518","SICRO3","Grade de 24 discos rebocável de D = 60 cm (24”)",1,0.62,0.38,4.8493000000000004,3.3769999999999998,4.2897999999999996]
["Insumo","E9524","SICRO3","Motoniveladora - 93 kW",1,1,0,289.17180000000002,130.09540000000001,289.17180000000002]
["Insumo","E9762","SICRO3","Rolo compactador de pneus autopropelido de 27 t - 85 kW",1,0.65,0.35,257.33420000000001,129.01859999999999,212.4237]
["Insumo","E9685","SICRO3","Rolo compactador pé de carneiro vibratório autopropelido por pneus de 11,6 t - 82 kW",1,0.67,0.33,221.4451,102.9592,182.34479999999999]
["Insumo","E9577","SICRO3","Trator agrícola sobre pneus - 77 kW",1,0.62,0.38,148.2132,57.663899999999998,113.8045]
[{"$nulls":5},"Custo Horário de Equipamentos =>",null,null,null,1383.1954000000001]
[{"$nulls":5},"Custo Horário de Execução =>",null,null,null,1383.1954000000001]
[{"$nulls":5},"Fator de Influencia da Chuva - FIC =>",null,null,null,0]
[{"$nulls":5},"Custo do FIC =>",null,null,null,0]
[{"$nulls":5},"Produção de Equipe =>",null,null,null,150.88]
[{"$nulls":5},"Custo Unitário de Execução =>",null,null,null,9.1675000000000004]
["C","Banco","Código","Material","Quantidade","Unidade","Preço Unitário",null,null,"Custo Horário"]
["Insumo","SICRO3","M0344","Cal hidratada - a granel",82.52,"kg",0.5111,null,null,42.176000000000002]
[{"$nulls":5},"Custo Total do Material =>",null,null,null,42.176000000000002]
["D","Banco","Código","Atividades Auxiliares","Quantidade","Unidade","Preço Unitário",null,null,"Custo Horário"]
["Atividade Auxiliar","SINAPI",88316,"SERVENTE COM ENCARGOS COMPLEMENTARES",6.6277999999999997E-3,"H",23.23,null,null,0.154]
[{"$nulls":5},"Custo Total das Atividades =>",null,null,null,0.154]
["E","Banco","Insumo","Tempos Fixos","Código","Quantidade","Unidade","Preço Unitário",null,"Custo Horário"]
["Tempo Fixo","SICRO3",4016096,"Carga, manobra e descarga de agregados ou solos em caminhão basculante de 10 m³ - carga com escavadeira de 1,56 m³(exclusa) e descarga livre",5914354,1.9804900000000001,"t",1.83,null,3.6242999999999999]
["Tempo Fixo","SICRO3","M0344","Carga, manobra e descarga de cimento ou cal hidratada a granel em caminhão silo de 30 m³",5914363,8.2519999999999996E-2,"t",17.25,null,1.4235]
[{"$nulls":5},"Custo Total dos Tempos Fixos =>",null,null,null,5.0477999999999996]
["F","Banco","Insumo","Momento de Transporte","Quantidade","Unidade","Distância Média de Transporte (DMT)",null,null,"Custo Horário"]
[{"$nulls":6},"LN","RP","P"]
["Momento de Transporte","SICRO3",4016096,"Escavação e carga de material de jazida com escavadeira hidráulica de 1,56 m³ - Caminhão basculante com capacidade de 10 m³ - 188 kW",1.9804900000000001,"tkm","5914359\n0,000\nR$ 1,21","5914374\n0,000\nR$ 0,97","5914389\n0,000\nR$ 0,79",0]
["Momento de Transporte","SICRO3","M0344","Cal hidratada - a granel - Caminhão silo com capacidade de 30 m³ - 265 kW",8.2519999999999996E-2,"tkm","5914364\n0,000\nR$ 0,88","5914365\n0,000\nR$ 0,70","5914366\n0,000\nR$ 0,58",0]
[{"$nulls":5},"Custo total dos Momentos de Transportes =>",null,null,null,0]
[{"$nulls":4},"MO sem LS =>",9.6434489999999998E-2,"LS =>",0,"MO com LS =>",9.6434489999999998E-2]
[{"$nulls":4},"Valor do BDI =>",12.75,null,"Valor com BDI =>",null,69.3]
[{"$nulls":6},"Quant. =>",83005.119999999995,"Preço Total =>",5752254.8099999996]
[]
[" 6.4.2.4 ",null,null,"ATERRO",{"$nulls":6},1490416.72]
[" 6.4.2.4.1 ","Código","Banco","Descrição","Tipo",null,"Und","Quant.","Porcent.","Valor Unit","Total"]
["Composição"," 5502978 ","SICRO3","COMPACTAÇÃO DE ATERROS A 100% DO PROCTOR NORMAL","",null,"m³",1,null,4.9800000000000004,4.9800000000000004]
["A","Código","Banco","Equipamentos","Quantidade","Utilização",null,"Custo Operacional",null,"Custo Horário"]
[{"$nulls":5},"Operativa","Improdutiva","Operativa","Improdutiva"]
["Insumo","E9571","SICRO3","Caminhão tanque com capacidade de 10.000 l - 188 kW",1,0.9,0.1,321.9742,87.045699999999997,298.48140000000001]
["Insumo","E9518","SICRO3","Grade de 24 discos rebocável de D = 60 cm (24”)",1,0.52,0.48,4.8493000000000004,3.3769999999999998,4.1425999999999998]
["Insumo","E9524","SICRO3","Motoniveladora - 93 kW",1,0.28999999999999998,0.71,289.17180000000002,130.09540000000001,176.2276]
["Insumo","E9685","SICRO3","Rolo compactador pé de carneiro vibratório autopropelido por pneus de 11,6 t - 82 kW",1,1,0,221.4451,102.9592,221.4451]
["Insumo","E9577","SICRO3","Trator agrícola sobre pneus - 77 kW",1,0.52,0.48,148.2132,57.663899999999998,104.7495]
[{"$nulls":5},"Custo Horário de Equipamentos =>",null,null,null,805.0462]
["B","Código","Banco","Mão de Obra","Quantidade","Salário Hora",null,null,null,"Custo Horário"]
["Insumo","P9824","SICRO3","Servente",1,null,null,null,21.465699999999998,21.465699999999998]
[{"$nulls":5},"Custo Horário da Mão de Obra =>",null,null,null,21.465699999999998]
[{"$nulls":5},"Adc.M.O. - Ferramentas (0,0%) =>",null,null,null,0]
[{"$nulls":5},"Custo Horário de Execução =>",null,null,null,826.51189999999997]
[{"$nulls":5},"Fator de Influencia da Chuva - FIC =>",null,null,null,1.43E-2]
[{"$nulls":5},"Custo do FIC =>",null,null,null,7.0000000000000007E-2]
[{"$nulls":5},"Produção de Equipe =>",null,null,null,168.2]
[{"$nulls":5},"Custo Unitário de Execução =>",null,null,null,4.9138999999999999]
[{"$nulls":4},"MO sem LS =>",0.12762009512485137,"LS =>",0,"MO com LS =>",0.12762009512485137]
[{"$nulls":4},"Valor do BDI =>",1.1200000000000001,null,"Valor com BDI =>",null,6.1]
[{"$nulls":6},"Quant. =>",244330.61,"Preço Total =>",1490416.72]
[]
[" 6.4.3 ",null,null,"ENROCAMENTO DE PROTEÇÃO DO TALUDE EXTERNO DO DIQUE",{"$nulls":6},1248834.18]
[" 6.4.3.1 ","Código","Banco","Descrição","Tipo",null,"Und","Quant.","Porcent.","Valor Unit","Total"]
["Composição"," 5914657 ","SICRO3","CARGA, MANOBRA E DESCARGA DE BLOCOS DE ROCHA EM CAMINHÃO BASCULANTE DE 8 M³ - CARGA COM RETROESCAVADEIRA DE 0,29 M³ E DESCARGA LIVRE.","",null,"t",1,null,17.600000000000001,17.600000000000001]
["A","Código","Banco","Equipamentos","Quantidade","Utilização",null,"Custo Operacional",null,"Custo Horário"]
[{"$nulls":5},"Operativa","Improdutiva","Operativa","Improdutiva"]
["Insumo","E9604","SICRO3","Caminhão basculante para rocha com capacidade de 8 m³ - 210 kW",2,0.56999999999999995,0.43,297.14830000000001,90.430499999999995,416.51929999999999]
["Insumo","E9526","SICRO3","Retroescavadeira de pneus - capacidade da caçamba da pá-carregadeira de 0,76 m³ e da",1,1,0,151.10929999999999,79.652699999999996,151.10929999999999]
[{"$nulls":5},"Custo Horário de Equipamentos =>",null,null,null,567.62860000000001]
[{"$nulls":5},"Custo Horário de Execução =>",null,null,null,567.62860000000001]
[{"$nulls":5},"Fator de Influencia da Chuva - FIC =>",null,null,null,0]
[{"$nulls":5},"Custo do FIC =>",null,null,null,0]
[{"$nulls":5},"Produção de Equipe =>",null,null,null,32.26]
[{"$nulls":5},"Custo Unitário de Execução =>",null,null,null,17.595400000000001]
[{"$nulls":4},"MO sem LS =>",0,"LS =>",0,"MO com LS =>",0]
[{"$nulls":4},"Valor do BDI =>",3.97,null,"Valor com BDI =>",null,21.57]
[{"$nulls":6},"Quant. =>",3806.7401491999999,"Preço Total =>",82111.38]
[]
[" 6.4.3.2 ","Código","Banco","Descrição","Tipo",null,"Und","Quant.","Porcent.","Valor Unit","Total"]
["Composição"," 5914346 ","SICRO3","TRANSPORTE DE MATERIAL DE 3ª CATEGORIA COM CAMINHÃO BASCULANTE DE 8 M³ PARA ROCHA - RODOVIA EM LEITO NATURAL","",null,"tkm",1,null,1.68,1.68]
["A","Código","Banco","Equipamentos","Quantidade","Utilização",null,"Custo Operacional",null,"Custo Horário"]
[{"$nulls":5},"Operativa","Improdutiva","Operativa","Improdutiva"]
["Insumo","E9604","SICRO3","Caminhão basculante para rocha com capacidade de 8 m³ - 210 kW",1,1,0,297.14830000000001,90.430499999999995,297.14830000000001]
[{"$nulls":5},"Custo Horário de Equipamentos =>",null,null,null,297.14830000000001]
[{"$nulls":5},"Custo Horário de Execução =>",null,null,null,297.14830000000001]
[{"$nulls":5},"Fator de Influencia da Chuva - FIC =>",null,null,null,1.43E-2]
[{"$nulls":5},"Custo do FIC =>",null,null,null,2.3599999999999999E-2]
[{"$nulls":5},"Produção de Equipe =>",null,null,null,179.28]
[{"$nulls":5},"Custo Unitário de Execução =>",null,null,null,1.6575]
[{"$nulls":4},"MO sem LS =>",0,"LS =>",0,"MO com LS =>",0]
[{"$nulls":4},"Valor do BDI =>",0.37,null,"Valor com BDI =>",null,2.0499999999999998]
[{"$nulls":6},"Quant. =>",50363.172173400002,"Preço Total =>",103244.5]
[]
[" 6.4.3.3 ","Código","Banco","Descrição","Tipo",null,"Und","Quant.","Porcent.","Valor Unit","Total"]
["Composição"," COMP-0022 ","Próprio","RACHÃO OU PEDRA DE MÃO PRODUZIDA.","URBA - URBANIZAÇÃO",null,"m³",1,null,20.05,20.05]
["A","Código","Banco","Equipamentos","Quantidade","Utilização",null,"Custo Operacional",null,"Custo Horário"]
[{"$nulls":5},"Operativa","Improdutiva","Operativa","Improdutiva"]
["Insumo","E9117","SICRO3","Carregadeira de pneus para rocha com capacidade de 2,50 m³ - 105 kW",1,0.46,0.54,359.73469999999998,157.4614,250.50710000000001]
["Insumo","E9607","SICRO3","Conjunto de britagem para rachão com capacidade de 80 m³/h - 224 kW",1,1,0,309.53269999999998,212.47219999999999,309.53269999999998]
["Insumo","E9021","SICRO3","Grupo gerador - 456 kVA",1,1,0,393.66199999999998,23.234100000000002,393.66199999999998]
[{"$nulls":5},"Custo Horário de Equipamentos =>",null,null,null,953.70180000000005]
[{"$nulls":5},"Custo Horário de Execução =>",null,null,null,953.70180000000005]
[{"$nulls":5},"Fator de Influencia da Chuva - FIC =>",null,null,null,0]
[{"$nulls":5},"Custo do FIC =>",null,null,null,0]
[{"$nulls":5},"Produção de Equipe =>",null,null,null,66.400000000000006]
[{"$nulls":5},"Custo Unitário de Execução =>",null,null,null,14.363]
["C","Banco","Código","Material","Quantidade","Unidade","Preço Unitário",null,null,"Custo Horário"]
["Insumo","SICRO3","M2111","Mandíbula fixa para britador - abertura de alimentação com L = 930 mm",6.0000000000000002E-5,"un",32034.5798,null,null,1.9220999999999999]
["Insumo","SICRO3","M2110","Mandíbula móvel para britador - abertura de alimentação com L = 930 mm",4.0000000000000003E-5,"un",24230.054,null,null,0.96919999999999995]
[{"$nulls":5},"Custo Total do Material =>",null,null,null,2.8913000000000002]
["D","Banco","Código","Atividades Auxiliares","Quantidade","Unidade","Preço Unitário",null,null,"Custo Horário"]
["Atividade Auxiliar","SINAPI",88316,"SERVENTE COM ENCARGOS COMPLEMENTARES",0.1204819,"H",23.23,null,null,2.7988]
[{"$nulls":5},"Custo Total das Atividades =>",null,null,null,2.7988]
[{"$nulls":4},"MO sem LS =>",1.7530116,"LS =>",0,"MO com LS =>",1.753011645]
[{"$nulls":4},"Valor do BDI =>",4.5199999999999996,null,"Valor com BDI =>",null,24.57]
[{"$nulls":6},"Quant. =>",8908,"Preço Total =>",218869.56]
[]
[" 6.4.3.4 ","Código","Banco","Descrição","Tipo",null,"Und","Quant.","Porcent.","Valor Unit","Total"]
["Composição"," 4816012 ","SICRO3","BRITA PRODUZIDA EM CENTRAL DE BRITAGEM DE 80 M³/H","",null,"m³",1,null,53.94,53.94]
["A","Código","Banco","Equipamentos","Quantidade","Utilização",null,"Custo Operacional",null,"Custo Horário"]
[{"$nulls":5},"Operativa","Improdutiva","Operativa","Improdutiva"]
["Insumo","E9117","SICRO3","Carregadeira de pneus para rocha com capacidade de 2,50 m³ - 105 kW",1,0.46,0.54,359.73469999999998,157.4614,250.50710000000001]
["Insumo","E9611","SICRO3","Conjunto de britagem com capacidade de 80 m³/h - 313 kW",1,1,0,995.71289999999999,648.64750000000004,995.71289999999999]
["Insumo","E9765","SICRO3","Grupo gerador - 569 kVA",1,1,0,490.92020000000002,29.088000000000001,490.92020000000002]
[{"$nulls":5},"Custo Horário de Equipamentos =>",null,null,null,1737.1402]
["B","Código","Banco","Mão de Obra","Quantidade","Salário Hora",null,null,null,"Custo Horário"]
["Insumo","P9824","SICRO3","Servente",8,null,null,null,21.465699999999998,171.72559999999999]
[{"$nulls":5},"Custo Horário da Mão de Obra =>",null,null,null,171.72559999999999]
[{"$nulls":5},"Adc.M.O. - Ferramentas (0,0%) =>",null,null,null,0]
[{"$nulls":5},"Custo Horário de Execução =>",null,null,null,1908.8658]
[{"$nulls":5},"Fator de Influencia da Chuva - FIC =>",null,null,null,2.3999999999999998E-3]
[{"$nulls":5},"Custo do FIC =>",null,null,null,6.8099999999999994E-2]
[{"$nulls":5},"Produção de Equipe =>",null,null,null,66.400000000000006]
[{"$nulls":5},"Custo Unitário de Execução =>",null,null,null,28.748000000000001]
["C","Banco","Código","Material","Quantidade","Unidade","Preço Unitário",null,null,"Custo Horário"]
["Insumo","SICRO3","M2115","Cunha lateral inferior para britador",2.0000000000000002E-5,"un",1906.0084999999999,null,null,3.8100000000000002E-2]
["Insumo","SICRO3","M2114","Cunha lateral superior para britador",1.0000000000000001E-5,"un",2444.7143000000001,null,null,2.4400000000000002E-2]
["Insumo","SICRO3","M2111","Mandíbula fixa para britador - abertura de alimentação com L = 930 mm",6.0000000000000002E-5,"un",32034.5798,null,null,1.9220999999999999]
["Insumo","SICRO3","M2110","Mandíbula móvel para britador - abertura de alimentação com L = 930 mm",4.0000000000000003E-5,"un",24230.054,null,null,0.96919999999999995]
["Insumo","SICRO3","M2112","Manta do britador cônico HP200 ou similar",3.0000000000000001E-5,"un",21230.413400000001,null,null,0.63690000000000002]
["Insumo","SICRO3","M2113","Revestimento do bojo interno do britador cônico HP200 ou similar",4.0000000000000003E-5,"un",24245.382099999999,null,null,0.9698]
[{"$nulls":5},"Custo Total do Material =>",null,null,null,4.5605000000000002]
["D","Banco","Código","Atividades Auxiliares","Quantidade","Unidade","Preço Unitário",null,null,"Custo Horário"]
["Atividade Auxiliar","SICRO3",4816010,"Rocha para britagem com perfuratriz sobre esteira",0.56999999999999995,"m³",36.08,null,null,20.5656]
[{"$nulls":5},"Custo Total das Atividades =>",null,null,null,20.5656]
[{"$nulls":4},"MO sem LS =>",3.3253775156626504,"LS =>",0,"MO com LS =>",3.3253775390707769]
[{"$nulls":4},"Valor do BDI =>",12.16,null,"Valor com BDI =>",null,66.099999999999994]
[{"$nulls":6},"Quant. =>",4455,"Preço Total =>",294475.5]
[]
[" 6.4.3.5 ","Código","Banco","Descrição","Tipo",null,"Und","Quant.","Porcent.","Valor Unit","Total"]
["Composição"," 5914657 ","SICRO3","CARGA, MANOBRA E DESCARGA DE BLOCOS DE ROCHA EM CAMINHÃO BASCULANTE DE 8 M³ - CARGA COM RETROESCAVADEIRA DE 0,29 M³ E DESCARGA LIVRE.","",null,"t",1,null,17.600000000000001,17.600000000000001]
["A","Código","Banco","Equipamentos","Quantidade","Utilização",null,"Custo Operacional",null,"Custo Horário"]
[{"$nulls":5},"Operativa","Improdutiva","Operativa","Improdutiva"]
["Insumo","E9604","SICRO3","Caminhão basculante para rocha com capacidade de 8 m³ - 210 kW",2,0.56999999999999995,0.43,297.14830000000001,90.430499999999995,416.51929999999999]
["Insumo","E9526","SICRO3","Retroescavadeira de pneus - capacidade da caçamba da pá-carregadeira de 0,76 m³ e da",1,1,0,151.10929999999999,79.652699999999996,151.10929999999999]
[{"$nulls":5},"Custo Horário de Equipamentos =>",null,null,null,567.62860000000001]
[{"$nulls":5},"Custo Horário de Execução =>",null,null,null,567.62860000000001]
[{"$nulls":5},"Fator de Influencia da Chuva - FIC =>",null,null,null,0]
[{"$nulls":5},"Custo do FIC =>",null,null,null,0]
[{"$nulls":5},"Produção de Equipe =>",null,null,null,32.26]
[{"$nulls":5},"Custo Unitário de Execução =>",null,null,null,17.595400000000001]
[{"$nulls":4},"MO sem LS =>",0,"LS =>",0,"MO com LS =>",0]
[{"$nulls":4},"Valor do BDI =>",3.97,null,"Valor com BDI =>",null,21.57]
[{"$nulls":6},"Quant. =>",6682.5323703000004,"Preço Total =>",144142.22]
[]
[" 6.4.3.6 ","Código","Banco","Descrição","Tipo",null,"Und","Quant.","Porcent.","Valor Unit","Total"]
["Composição"," 5914346 ","SICRO3","TRANSPORTE DE MATERIAL DE 3ª CATEGORIA COM CAMINHÃO BASCULANTE DE 8 M³ PARA ROCHA - RODOVIA EM LEITO NATURAL","",null,"tkm",1,null,1.68,1.68]
["A","Código","Banco","Equipamentos","Quantidade","Utilização",null,"Custo Operacional",null,"Custo Horário"]
[{"$nulls":5},"Operativa","Improdutiva","Operativa","Improdutiva"]
["Insumo","E9604","SICRO3","Caminhão basculante para rocha com capacidade de 8 m³ - 210 kW",1,1,0,297.14830000000001,90.430499999999995,297.14830000000001]
[{"$nulls":5},"Custo Horário de Equipamentos =>",null,null,null,297.14830000000001]
[{"$nulls":5},"Custo Horário de Execução =>",null,null,null,297.14830000000001]
[{"$nulls":5},"Fator de Influencia da Chuva - FIC =>",null,null,null,1.43E-2]
[{"$nulls":5},"Custo do FIC =>",null,null,null,2.3599999999999999E-2]
[{"$nulls":5},"Produção de Equipe =>",null,null,null,179.28]
[{"$nulls":5},"Custo Unitário de Execução =>",null,null,null,1.6575]
[{"$nulls":4},"MO sem LS =>",0,"LS =>",0,"MO com LS =>",0]
[{"$nulls":4},"Valor do BDI =>",0.37,null,"Valor com BDI =>",null,2.0499999999999998]
[{"$nulls":6},"Quant. =>",65355.166581899997,"Preço Total =>",133978.09]
[]
[" 6.4.3.7 ","Código","Banco","Descrição","Tipo",null,"Und","Quant.","Porcent.","Valor Unit","Total"]
["Composição"," COMP-0021 ","Próprio","ENROCAMENTO DE PEDRA ESPALHADA E COMPACTADA MECANICAMENTE - PEDRA DE MÃO PRODUZIDA - SEM FORNECIMENTO E COM ASSENTAMENTO","URBA - URBANIZAÇÃO",null,"m³",1,null,22,22]
["A","Código","Banco","Equipamentos","Quantidade","Utilização",null,"Custo Operacional",null,"Custo Horário"]
[{"$nulls":5},"Operativa","Improdutiva","Operativa","Improdutiva"]
["Insumo","E9530","SICRO3","Rolo compactador liso vibratório autopropelido por pneus de 11 t - 97 kW",1,0.35,0.65,250.4547,112.25449999999999,160.62459999999999]
["Insumo","E9541","SICRO3","Trator sobre esteiras com lâmina - 259 kW",1,1,0,760.50620000000004,307.02120000000002,760.50620000000004]
[{"$nulls":5},"Custo Horário de Equipamentos =>",null,null,null,921.13080000000002]
[{"$nulls":5},"Custo Horário de Execução =>",null,null,null,921.13080000000002]
[{"$nulls":5},"Fator de Influencia da Chuva - FIC =>",null,null,null,0]
[{"$nulls":5},"Custo do FIC =>",null,null,null,0]
[{"$nulls":5},"Produção de Equipe =>",null,null,null,50.11]
[{"$nulls":5},"Custo Unitário de Execução =>",null,null,null,18.382200000000001]
["D","Banco","Código","Atividades Auxiliares","Quantidade","Unidade","Preço Unitário",null,null,"Custo Horário"]
["Atividade Auxiliar","SICRO3",5914647,"Carga, manobra e descarga de agregados ou solos em caminhão basculante de 10 m³ - carga com carregadeira de 3,40 m³(exclusa) e descarga livre",1.8,"t",1.75,null,null,3.15]
["Atividade Auxiliar","SINAPI",88316,"SERVENTE COM ENCARGOS COMPLEMENTARES",1.9956100000000001E-2,"H",23.23,null,null,0.46360000000000001]
[{"$nulls":5},"Custo Total das Atividades =>",null,null,null,3.6135999999999999]
[{"$nulls":4},"MO sem LS =>",0.29036125499999998,"LS =>",0,"MO com LS =>",0.29036125499999998]
[{"$nulls":4},"Valor do BDI =>",4.96,null,"Valor com BDI =>",null,26.96]
[{"$nulls":6},"Quant. =>",8908,"Preço Total =>",240159.68]
[]
[" 6.4.3.8 ","Código","Banco","Descrição","Tipo",null,"Und","Quant.","Porcent.","Valor Unit","Total"]
["Composição"," COMP-0040 ","Próprio","TRANSIÇÃO COMPACTADA EM BRITA, INCLUINDO OS SERVIÇOS DE DESCARGA OU LANÇAMENTO, ESPALHAMENTO E COMPACTAÇÃO SEM  FORNECIMENTO DE MATERIAL (ENSECADEIRA, BARRAGEM, ETC)",172,null,"M³",1,null,5.84,5.84]
["Composição Auxiliar"," 88309 ","SINAPI","PEDREIRO COM ENCARGOS COMPLEMENTARES","SEDI - SERVIÇOS DIVERSOS",null,"H",0.02,null,32.270000000000003,0.64]
["Composição Auxiliar"," 88316 ","SINAPI","SERVENTE COM ENCARGOS COMPLEMENTARES","SEDI - SERVIÇOS DIVERSOS",null,"H",0.14000000000000001,null,23.23,3.25]
["Insumo"," 2458 ","ORSE","Caminhao tanque (pipa)10000 l (m. benz - 2423 K - 184,0 hp ou equivalente)","Equipamento",null,"h",4.0000000000000001E-3,null,77.84,0.31]
["Insumo"," 2461 ","ORSE","Aluguel de compactador placa 415 kg  (dynapac - cm 20 diesel  - 6,0 hp)","Equipamento",null,"h",0.04,null,2.78,0.11]
["Insumo"," 2482 ","ORSE","Retroescavadeira pneus (Massey Ferguson MF - 86 HF ou equivalente)","Equipamento",null,"h",0.02,null,76.569999999999993,1.53]
[{"$nulls":4},"MO sem LS =>",2.4900000000000002,"LS =>",0,"MO com LS =>",2.4900000000000002]
[{"$nulls":4},"Valor do BDI =>",1.31,null,"Valor com BDI =>",null,7.15]
[{"$nulls":6},"Quant. =>",4455,"Preço Total =>",31853.25]
[]
[" 6.4.4 ",null,null,"REGULARIZAÇÃO DOS TALUDES",{"$nulls":6},1370758.65]
[" 6.4.4.1 ","Código","Banco","Descrição","Tipo",null,"Und","Quant.","Porcent.","Valor Unit","Total"]
["Composição"," 4015612 ","SICRO3","EXECUÇÃO DE REVESTIMENTO PRIMÁRIO COM MATERIAL DE JAZIDA","",null,"m³",1,null,12.06,12.06]
["A","Código","Banco","Equipamentos","Quantidade","Utilização",null,"Custo Operacional",null,"Custo Horário"]
[{"$nulls":5},"Operativa","Improdutiva","Operativa","Improdutiva"]
["Insumo","E9571","SICRO3","Caminhão tanque com capacidade de 10.000 l - 188 kW",1,0.93,7.0000000000000007E-2,321.9742,87.045699999999997,305.5292]
["Insumo","E9518","SICRO3","Grade de 24 discos rebocável de D = 60 cm (24”)",1,0.52,0.48,4.8493000000000004,3.3769999999999998,4.1425999999999998]
["Insumo","E9524","SICRO3","Motoniveladora - 93 kW",1,0.74,0.26,289.17180000000002,130.09540000000001,247.81190000000001]
["Insumo","E9762","SICRO3","Rolo compactador de pneus autopropelido de 27 t - 85 kW",1,0.72,0.28000000000000003,257.33420000000001,129.01859999999999,221.4058]
["Insumo","E9685","SICRO3","Rolo compactador pé de carneiro vibratório autopropelido por pneus de 11,6 t - 82 kW",1,1,0,221.4451,102.9592,221.4451]
["Insumo","E9577","SICRO3","Trator agrícola sobre pneus - 77 kW",1,0.52,0.48,148.2132,57.663899999999998,104.7495]
[{"$nulls":5},"Custo Horário de Equipamentos =>",null,null,null,1105.0841]
["B","Código","Banco","Mão de Obra","Quantidade","Salário Hora",null,null,null,"Custo Horário"]
["Insumo","P9824","SICRO3","Servente",1,null,null,null,21.465699999999998,21.465699999999998]
[{"$nulls":5},"Custo Horário da Mão de Obra =>",null,null,null,21.465699999999998]
[{"$nulls":5},"Adc.M.O. - Ferramentas (0,0%) =>",null,null,null,0]
[{"$nulls":5},"Custo Horário de Execução =>",null,null,null,1126.5498]
[{"$nulls":5},"Fator de Influencia da Chuva - FIC =>",null,null,null,1.43E-2]
[{"$nulls":5},"Custo do FIC =>",null,null,null,9.5399999999999999E-2]
[{"$nulls":5},"Produção de Equipe =>",null,null,null,168.2]
[{"$nulls":5},"Custo Unitário de Execução =>",null,null,null,6.6977000000000002]
["D","Banco","Código","Atividades Auxiliares","Quantidade","Unidade","Preço Unitário",null,null,"Custo Horário"]
["Atividade Auxiliar","SICRO3",4016096,"Escavação e carga de material de jazida com escavadeira hidráulica de 1,56 m³",1.1002700000000001,"m³",1.36,null,null,1.4964]
[{"$nulls":5},"Custo Total das Atividades =>",null,null,null,1.4964]
["E","Banco","Insumo","Tempos Fixos","Código","Quantidade","Unidade","Preço Unitário",null,"Custo Horário"]
["Tempo Fixo","SICRO3",4016096,"Carga, manobra e descarga de agregados ou solos em caminhão basculante de 10 m³ - carga com escavadeira de 1,56 m³(exclusa) e descarga livre",5914354,2.0630099999999998,"t",1.83,null,3.7753000000000001]
[{"$nulls":5},"Custo Total dos Tempos Fixos =>",null,null,null,3.7753000000000001]
["F","Banco","Insumo","Momento de Transporte","Quantidade","Unidade","Distância Média de Transporte (DMT)",null,null,"Custo Horário"]
[{"$nulls":6},"LN","RP","P"]
["Momento de Transporte","SICRO3",4016096,"Escavação e carga de material de jazida com escavadeira hidráulica de 1,56 m³ - Caminhão basculante com capacidade de 10 m³ - 188 kW",2.0630099999999998,"tkm","5914359\n0,000\nR$ 1,19","5914374\n0,000\nR$ 0,95","5914389\n0,000\nR$ 0,79",0]
[{"$nulls":5},"Custo total dos Momentos de Transportes =>",null,null,null,0]
[{"$nulls":4},"MO sem LS =>",0.23022257889478057,"LS =>",0,"MO com LS =>",0.23022257889478057]
[{"$nulls":4},"Valor do BDI =>",2.72,null,"Valor com BDI =>",null,14.78]
[{"$nulls":6},"Quant. =>",3087.6,"Preço Total =>",45634.720000000001]
[]
[" 6.4.4.2 ","Código","Banco","Descrição","Tipo",null,"Und","Quant.","Porcent.","Valor Unit","Total"]
["Composição"," 5914359 ","SICRO3","TRANSPORTE COM CAMINHÃO BASCULANTE DE 10 M³ - RODOVIA EM LEITO NATURAL","",null,"tkm",1,null,1.21,1.21]
["A","Código","Banco","Equipamentos","Quantidade","Utilização",null,"Custo Operacional",null,"Custo Horário"]
[{"$nulls":5},"Operativa","Improdutiva","Operativa","Improdutiva"]
["Insumo","E9579","SICRO3","Caminhão basculante com capacidade de 10 m³ - 188 kW",1,1,0,296.24459999999999,90.003200000000007,296.24459999999999]
[{"$nulls":5},"Custo Horário de Equipamentos =>",null,null,null,296.24459999999999]
[{"$nulls":5},"Custo Horário de Execução =>",null,null,null,296.24459999999999]
[{"$nulls":5},"Fator de Influencia da Chuva - FIC =>",null,null,null,1.43E-2]
[{"$nulls":5},"Custo do FIC =>",null,null,null,1.7000000000000001E-2]
[{"$nulls":5},"Produção de Equipe =>",null,null,null,249]
[{"$nulls":5},"Custo Unitário de Execução =>",null,null,null,1.1897]
[{"$nulls":4},"MO sem LS =>",0,"LS =>",0,"MO com LS =>",0]
[{"$nulls":4},"Valor do BDI =>",0.27,null,"Valor com BDI =>",null,1.48]
[{"$nulls":6},"Quant. =>",26051.672354999999,"Preço Total =>",38556.47]
[]
[" 6.4.4.3 ","Código","Banco","Descrição","Tipo",null,"Und","Quant.","Porcent.","Valor Unit","Total"]
["Composição"," 1103852 ","SICRO3","CONCRETO POROSO - AREIA EXTRAÍDA E BRITA PRODUZIDA","",null,"m³",1,null,367.78,367.78]
["A","Código","Banco","Equipamentos","Quantidade","Utilização",null,"Custo Operacional",null,"Custo Horário"]
[{"$nulls":5},"Operativa","Improdutiva","Operativa","Improdutiva"]
["Insumo","E9010","SICRO3","Balança plataforma digital à bateria, com mesa de 75 x 75 cm e capacidade de 500 kg",1,1,0,1.2283999999999999,0.82520000000000004,1.2283999999999999]
["Insumo","E9519","SICRO3","Betoneira com motor a gasolina com capacidade de 600 l - 10 kW",1,1,0,53.475700000000003,33.671500000000002,53.475700000000003]
["Insumo","E9071","SICRO3","Transportador manual carrinho de mão com capacidade de 80 l",3,0.78,0.22,0.71679999999999999,0.48730000000000001,1.9988999999999999]
["Insumo","E9064","SICRO3","Transportador manual gerica com capacidade de 180 l",3,0.31,0.69,1.5258,1.0373000000000001,3.5661999999999998]
[{"$nulls":5},"Custo Horário de Equipamentos =>",null,null,null,60.269199999999998]
["B","Código","Banco","Mão de Obra","Quantidade","Salário Hora",null,null,null,"Custo Horário"]
["Insumo","P9821","SICRO3","Pedreiro",1,null,null,null,30.302800000000001,30.302800000000001]
["Insumo","P9824","SICRO3","Servente",8,null,null,null,21.465699999999998,171.72559999999999]
[{"$nulls":5},"Custo Horário da Mão de Obra =>",null,null,null,202.0284]
[{"$nulls":5},"Adc.M.O. - Ferramentas (0,0%) =>",null,null,null,0]
[{"$nulls":5},"Custo Horário de Execução =>",null,null,null,262.29759999999999]
[{"$nulls":5},"Fator de Influencia da Chuva - FIC =>",null,null,null,0]
[{"$nulls":5},"Custo do FIC =>",null,null,null,0]
[{"$nulls":5},"Produção de Equipe =>",null,null,null,4.0080999999999998]
[{"$nulls":5},"Custo Unitário de Execução =>",null,null,null,65.442700000000002]
["C","Banco","Código","Material","Quantidade","Unidade","Preço Unitário",null,null,"Custo Horário"]
["Insumo","SICRO3","M0010","Aditivo superplastificante para concreto e argamassa",1.6511800000000001,"kg",16.698399999999999,null,null,27.572099999999999]
["Insumo","SICRO3","M0424","Cimento Portland CP II - 32 - saco",330.23678999999998,"kg",0.66949999999999998,null,null,221.09350000000001]
[{"$nulls":5},"Custo Total do Material =>",null,null,null,248.66560000000001]
["D","Banco","Código","Atividades Auxiliares","Quantidade","Unidade","Preço Unitário",null,null,"Custo Horário"]
["Atividade Auxiliar","SICRO3",4816012,"Brita produzida em central de britagem de 80 m³/h",0.68813000000000002,"m³",53.84,null,null,37.048900000000003]
["Atividade Auxiliar","SICRO3",4816020,"Areia extraída com draga de sucção tipo bomba",0.17802999999999999,"m³",11.74,null,null,2.0901000000000001]
[{"$nulls":5},"Custo Total das Atividades =>",null,null,null,39.139000000000003]
["E","Banco","Insumo","Tempos Fixos","Código","Quantidade","Unidade","Preço Unitário",null,"Custo Horário"]
["Tempo Fixo","SICRO3",4816020,"Carga, manobra e descarga de agregados ou solos em caminhão basculante de 10 m³ - carga com carregadeira de 3,40 m³ edescarga livre",5915407,0.26705000000000001,"t",2.72,null,0.72640000000000005]
["Tempo Fixo","SICRO3",4816012,"Carga, manobra e descarga de agregados ou solos em caminhão basculante de 10 m³ - carga com carregadeira de 3,40 m³ edescarga livre",5915407,1.0322,"t",2.72,null,2.8075999999999999]
["Tempo Fixo","SICRO3","M0010","Carga, manobra e descarga de materiais diversos em caminhão carroceria de 15 t - carga e descarga manuais",5914655,1.65E-3,"t",33.15,null,5.4699999999999999E-2]
["Tempo Fixo","SICRO3","M0424","Carga, manobra e descarga de materiais diversos em caminhão carroceria de 15 t - carga e descarga manuais",5914655,0.33023999999999998,"t",33.15,null,10.9475]
[{"$nulls":5},"Custo Total dos Tempos Fixos =>",null,null,null,14.536199999999999]
["F","Banco","Insumo","Momento de Transporte","Quantidade","Unidade","Distância Média de Transporte (DMT)",null,null,"Custo Horário"]
[{"$nulls":6},"LN","RP","P"]
["Momento de Transporte","SICRO3",4816020,"Areia extraída com draga de sucção tipo bomba - Caminhão basculante com capacidade de 10 m³ - 188 kW",0.26705000000000001,"tkm","5914359\n0,000\nR$ 1,19","5914374\n0,000\nR$ 0,95","5914389\n0,000\nR$ 0,79",0]
["Momento de Transporte","SICRO3",4816012,"Brita produzida em central de britagem de 80 m³/h - Caminhão basculante com capacidade de 10 m³ - 188 kW",1.0322,"tkm","5914359\n0,000\nR$ 1,19","5914374\n0,000\nR$ 0,95","5914389\n0,000\nR$ 0,79",0]
["Momento de Transporte","SICRO3","M0010","Aditivo superplastificante para concreto e argamassa - Caminhão carroceria com capacidade de 15 t - 188 kW",1.65E-3,"tkm","5914449\n0,000\nR$ 1,08","5914464\n0,000\nR$ 0,86","5914479\n0,000\nR$ 0,71",0]
["Momento de Transporte","SICRO3","M0424","Cimento Portland CP II - 32 - saco - Caminhão carroceria com capacidade de 15 t - 188 kW",0.33023999999999998,"tkm","5914449\n0,000\nR$ 1,08","5914464\n0,000\nR$ 0,86","5914479\n0,000\nR$ 0,71",0]
[{"$nulls":5},"Custo total dos Momentos de Transportes =>",null,null,null,0]
[{"$nulls":4},"MO sem LS =>",56.813751512043261,"LS =>",0,"MO com LS =>",56.813751552887368]
[{"$nulls":4},"Valor do BDI =>",82.97,null,"Valor com BDI =>",null,450.75]
[{"$nulls":6},"Quant. =>",196,"Preço Total =>",88347]
[]
[" 6.4.4.4 ","Código","Banco","Descrição","Tipo",null,"Und","Quant.","Porcent.","Valor Unit","Total"]
["Composição"," 09.90.01 ","EMBASA","EXECUÇÃO DE SOLO-CIMENTO",990,null,"m³",1,null,543.33000000000004,543.33000000000004]
["Insumo"," B010000097 ","EMBASA","SERVENTE","Mão de Obra",null,"H",8.07,null,18.02,145.41999999999999]
["Insumo"," D010000008 ","EMBASA","CIMENTO PORTLAND COMPOSTO CP II-32","Material",null,"KG",164,null,0.75,123]
["Insumo"," D020000006 ","EMBASA","ARENOSO, EXCLUSIVE FRETE","Material",null,"m³",1.51,null,79.84,120.55]
["Insumo"," F030000307 ","EMBASA","GASOLINA","Material",null,"L",0.28220000000000001,null,5.77,1.62]
["Insumo"," H020000524 ","EMBASA","COMPACTADOR A PERCUSSÃO (TIPO SAPO), A COMBUSTÍVEL","Material",null,"H",0.52800000000000002,null,3.3,1.74]
["Insumo"," K010000004 ","EMBASA","FRETE PARA AGREGADOS MIUDOS","Material",null,"m³",1.51,null,100,151]
[{"$nulls":4},"MO sem LS =>",145.41999999999999,"LS =>",0,"MO com LS =>",145.41999999999999]
[{"$nulls":4},"Valor do BDI =>",122.57,null,"Valor com BDI =>",null,665.9]
[{"$nulls":6},"Quant. =>",1799.4,"Preço Total =>",1198220.46]
[]
[" 6.4.5 ",null,null,"REVESTIMENTO DO CANAL",{"$nulls":6},3082655.47]
[" 6.4.5.1 ","Código","Banco","Descrição","Tipo",null,"Und","Quant.","Porcent.","Valor Unit","Total"]
["Composição"," 11.11.01 ","EMBASA","IMPERMEABILIZAÇÃO COM MANTA PEAD, GEOMEMBRANA LISA, E=1,00 MM",1111,null,"m²",1,null,33.44,33.44]
["Insumo"," B010000070 ","EMBASA","IMPERMEABILIZADOR","Mão de Obra",null,"H",0.2,null,28.08,5.61]
["Insumo"," B010000097 ","EMBASA","SERVENTE","Mão de Obra",null,"H",0.2,null,18.02,3.6]
["Insumo"," D229500003 ","EMBASA","MANTA PEAD, GEOMEMBRANA LISA, E=1,00 MM","Material",null,"m²",1.05,null,18,18.899999999999999]
["Insumo"," H020000912 ","EMBASA","MÁQUINA DE SOLDA POR TERMOFUSÃO PARA MANTA PEAD","Material",null,"UN",5.0000000000000002E-5,null,106625.48,5.33]
[{"$nulls":4},"MO sem LS =>",9.2100000000000009,"LS =>",0,"MO com LS =>",9.2100000000000009]
[{"$nulls":4},"Valor do BDI =>",7.54,null,"Valor com BDI =>",null,40.98]
[{"$nulls":6},"Quant. =>",37200,"Preço Total =>",1524456]
[]
[" 6.4.5.2 ","Código","Banco","Descrição","Tipo",null,"Und","Quant.","Porcent.","Valor Unit","Total"]
["Composição"," 1107929 ","SICRO3","CONCRETO FCK = 20 MPA - CONFECÇÃO EM CENTRAL DOSADORA DE 30 M³/H - AREIA EXTRAÍDA E BRITA PRODUZIDA.","",null,"m³",1,null,265.60000000000002,265.60000000000002]
["A","Código","Banco","Equipamentos","Quantidade","Utilização",null,"Custo Operacional",null,"Custo Horário"]
[{"$nulls":5},"Operativa","Improdutiva","Operativa","Improdutiva"]
["Insumo","E9584","SICRO3","Carregadeira de pneus com capacidade de 1,72 m³ - 113 kW",1,0.34,0.66,203.21250000000001,104.4208,138.01]
["Insumo","E9599","SICRO3","Central de concreto com capacidade de 30 m³/h - dosadora RS",1,1,0,79.077200000000005,64.673599999999993,79.077200000000005]
["Insumo","E9779","SICRO3","Grupo gerador - 113 kVA",1,1,0,101.1589,8.4064999999999994,101.1589]
[{"$nulls":5},"Custo Horário de Equipamentos =>",null,null,null,318.24610000000001]
["B","Código","Banco","Mão de Obra","Quantidade","Salário Hora",null,null,null,"Custo Horário"]
["Insumo","P9824","SICRO3","Servente",2,null,null,null,21.465699999999998,42.931399999999996]
[{"$nulls":5},"Custo Horário da Mão de Obra =>",null,null,null,42.931399999999996]
[{"$nulls":5},"Adc.M.O. - Ferramentas (0,0%) =>",null,null,null,0]
[{"$nulls":5},"Custo Horário de Execução =>",null,null,null,361.17750000000001]
[{"$nulls":5},"Fator de Influencia da Chuva - FIC =>",null,null,null,0]
[{"$nulls":5},"Custo do FIC =>",null,null,null,0]
[{"$nulls":5},"Produção de Equipe =>",null,null,null,24.9]
[{"$nulls":5},"Custo Unitário de Execução =>",null,null,null,14.505100000000001]
["C","Banco","Código","Material","Quantidade","Unidade","Preço Unitário",null,null,"Custo Horário"]
["Insumo","SICRO3","M0030","Aditivo plastificante e retardador de pega para concreto e argamassa",0.82391000000000003,"kg",6.5956999999999999,null,null,5.4343000000000004]
["Insumo","SICRO3","M0424","Cimento Portland CP II - 32 - saco",274.63729999999998,"kg",0.66949999999999998,null,null,183.86969999999999]
[{"$nulls":5},"Custo Total do Material =>",null,null,null,189.304]
["D","Banco","Código","Atividades Auxiliares","Quantidade","Unidade","Preço Unitário",null,null,"Custo Horário"]
["Atividade Auxiliar","SICRO3",4816012,"Brita produzida em central de britagem de 80 m³/h",0.73507999999999996,"m³",53.84,null,null,39.576700000000002]
["Atividade Auxiliar","SICRO3",4816020,"Areia extraída com draga de sucção tipo bomba",0.63758999999999999,"m³",11.74,null,null,7.4852999999999996]
[{"$nulls":5},"Custo Total das Atividades =>",null,null,null,47.061999999999998]
["E","Banco","Insumo","Tempos Fixos","Código","Quantidade","Unidade","Preço Unitário",null,"Custo Horário"]
["Tempo Fixo","SICRO3",4816020,"Carga, manobra e descarga de agregados ou solos em caminhão basculante de 10 m³ - carga com carregadeira de 3,40 m³ edescarga livre",5915407,0.95638999999999996,"t",2.72,null,2.6013999999999999]
["Tempo Fixo","SICRO3",4816012,"Carga, manobra e descarga de agregados ou solos em caminhão basculante de 10 m³ - carga com carregadeira de 3,40 m³ edescarga livre",5915407,1.1026199999999999,"t",2.72,null,2.9990999999999999]
["Tempo Fixo","SICRO3","M0030","Carga, manobra e descarga de materiais diversos em caminhão carroceria de 15 t - carga e descarga manuais",5914655,8.1999999999999998E-4,"t",33.15,null,2.7199999999999998E-2]
["Tempo Fixo","SICRO3","M0424","Carga, manobra e descarga de materiais diversos em caminhão carroceria de 15 t - carga e descarga manuais",5914655,0.27464,"t",33.15,null,9.1043000000000003]
[{"$nulls":5},"Custo Total dos Tempos Fixos =>",null,null,null,14.731999999999999]
["F","Banco","Insumo","Momento de Transporte","Quantidade","Unidade","Distância Média de Transporte (DMT)",null,null,"Custo Horário"]
[{"$nulls":6},"LN","RP","P"]
["Momento de Transporte","SICRO3",4816020,"Areia extraída com draga de sucção tipo bomba - Caminhão basculante com capacidade de 10 m³ - 188 kW",0.95638999999999996,"tkm","5914359\n0,000\nR$ 1,19","5914374\n0,000\nR$ 0,95","5914389\n0,000\nR$ 0,79",0]
["Momento de Transporte","SICRO3",4816012,"Brita produzida em central de britagem de 80 m³/h - Caminhão basculante com capacidade de 10 m³ - 188 kW",1.1026199999999999,"tkm","5914359\n0,000\nR$ 1,19","5914374\n0,000\nR$ 0,95","5914389\n0,000\nR$ 0,79",0]
["Momento de Transporte","SICRO3","M0030","Aditivo plastificante e retardador de pega para concreto e argamassa - Caminhão carroceria com capacidade de 15 t - 188 kW",8.1999999999999998E-4,"tkm","5914449\n0,000\nR$ 1,08","5914464\n0,000\nR$ 0,86","5914479\n0,000\nR$ 0,71",0]
["Momento de Transporte","SICRO3","M0424","Cimento Portland CP II - 32 - saco - Caminhão carroceria com capacidade de 15 t - 188 kW",0.27464,"tkm","5914449\n0,000\nR$ 1,08","5914464\n0,000\nR$ 0,86","5914479\n0,000\nR$ 0,71",0]
[{"$nulls":5},"Custo total dos Momentos de Transportes =>",null,null,null,0]
[{"$nulls":4},"MO sem LS =>",8.9898363901943465,"LS =>",0,"MO com LS =>",8.9898363901943465]
[{"$nulls":4},"Valor do BDI =>",59.91,null,"Valor com BDI =>",null,325.51]
[{"$nulls":6},"Quant. =>",2333,"Preço Total =>",759414.83]
[]
[" 6.4.5.3 ","Código","Banco","Descrição","Tipo",null,"Und","Quant.","Porcent.","Valor Unit","Total"]
["Composição"," 5914657 ","SICRO3","Carga, manobra e descarga de blocos de rocha em caminhão basculante de 8 m³ - carga com retroescavadeira de 0,29 m³ edescarga livre","",null,"t",1,null,17.600000000000001,17.600000000000001]
["A","Código","Banco","Equipamentos","Quantidade","Utilização",null,"Custo Operacional",null,"Custo Horário"]
[{"$nulls":5},"Operativa","Improdutiva","Operativa","Improdutiva"]
["Insumo","E9604","SICRO3","Caminhão basculante para rocha com capacidade de 8 m³ - 210 kW",2,0.56999999999999995,0.43,297.14830000000001,90.430499999999995,416.51929999999999]
["Insumo","E9526","SICRO3","Retroescavadeira de pneus - capacidade da caçamba da pá-carregadeira de 0,76 m³ e da",1,1,0,151.10929999999999,79.652699999999996,151.10929999999999]
[{"$nulls":5},"Custo Horário de Equipamentos =>",null,null,null,567.62860000000001]
[{"$nulls":5},"Custo Horário de Execução =>",null,null,null,567.62860000000001]
[{"$nulls":5},"Fator de Influencia da Chuva - FIC =>",null,null,null,0]
[{"$nulls":5},"Custo do FIC =>",null,null,null,0]
[{"$nulls":5},"Produção de Equipe =>",null,null,null,32.26]
[{"$nulls":5},"Custo Unitário de Execução =>",null,null,null,17.595400000000001]
[{"$nulls":4},"MO sem LS =>",0,"LS =>",0,"MO com LS =>",0]
[{"$nulls":4},"Valor do BDI =>",3.97,null,"Valor com BDI =>",null,21.57]
[{"$nulls":6},"Quant. =>",1465.4,"Preço Total =>",31608.67]
[]
[" 6.4.5.4 ","Código","Banco","Descrição","Tipo",null,"Und","Quant.","Porcent.","Valor Unit","Total"]
["Composição"," 5914346 ","SICRO3","Transporte de material de 3ª categoria com caminhão basculante de 8 m³ para rocha - rodovia em leito natural","",null,"tkm",1,null,1.68,1.68]
["A","Código","Banco","Equipamentos","Quantidade","Utilização",null,"Custo Operacional",null,"Custo Horário"]
[{"$nulls":5},"Operativa","Improdutiva","Operativa","Improdutiva"]
["Insumo","E9604","SICRO3","Caminhão basculante para rocha com capacidade de 8 m³ - 210 kW",1,1,0,297.14830000000001,90.430499999999995,297.14830000000001]
[{"$nulls":5},"Custo Horário de Equipamentos =>",null,null,null,297.14830000000001]
[{"$nulls":5},"Custo Horário de Execução =>",null,null,null,297.14830000000001]
[{"$nulls":5},"Fator de Influencia da Chuva - FIC =>",null,null,null,1.43E-2]
[{"$nulls":5},"Custo do FIC =>",null,null,null,2.3599999999999999E-2]
[{"$nulls":5},"Produção de Equipe =>",null,null,null,179.28]
[{"$nulls":5},"Custo Unitário de Execução =>",null,null,null,1.6575]
[{"$nulls":4},"MO sem LS =>",0,"LS =>",0,"MO com LS =>",0]
[{"$nulls":4},"Valor do BDI =>",0.37,null,"Valor com BDI =>",null,2.0499999999999998]
[{"$nulls":6},"Quant. =>",19387.18,"Preço Total =>",39743.71]
[]
[" 6.4.5.5 ","Código","Banco","Descrição","Tipo",null,"Und","Quant.","Porcent.","Valor Unit","Total"]
["Composição"," 5914351 ","SICRO3","Carga, manobra e descarga de agregados ou solos em caminhão basculante de 14 m³ - carga com carregadeira de 3,40 m³ edescarga livre","",null,"t",1,null,2.61,2.61]
["A","Código","Banco","Equipamentos","Quantidade","Utilização",null,"Custo Operacional",null,"Custo Horário"]
[{"$nulls":5},"Operativa","Improdutiva","Operativa","Improdutiva"]
["Insumo","E9667","SICRO3","Caminhão basculante com capacidade de 14 m³ - 188 kW",3,0.77,0.23,297.32,90.567700000000002,749.30089999999996]
["Insumo","E9511","SICRO3","Carregadeira de pneus com capacidade de 3,40 m³ - 195 kW",1,1,0,442.03,218.85579999999999,442.03]
[{"$nulls":5},"Custo Horário de Equipamentos =>",null,null,null,1191.3308999999999]
[{"$nulls":5},"Custo Horário de Execução =>",null,null,null,1191.3308999999999]
[{"$nulls":5},"Fator de Influencia da Chuva - FIC =>",null,null,null,0]
[{"$nulls":5},"Custo do FIC =>",null,null,null,0]
[{"$nulls":5},"Produção de Equipe =>",null,null,null,457.16]
[{"$nulls":5},"Custo Unitário de Execução =>",null,null,null,2.6059000000000001]
[{"$nulls":4},"MO sem LS =>",0,"LS =>",0,"MO com LS =>",0]
[{"$nulls":4},"Valor do BDI =>",0.57999999999999996,null,"Valor com BDI =>",null,3.19]
[{"$nulls":6},"Quant. =>",4803.67,"Preço Total =>",15323.7]
[]
[" 6.4.5.6 ","Código","Banco","Descrição","Tipo",null,"Und","Quant.","Porcent.","Valor Unit","Total"]
["Composição"," 5901639 ","SICRO3","Transporte com caminhão basculante com caçamba estanque com capacidade de 14 m³ - rodovia em leito natural","",null,"tkm",1,null,0.87,0.87]
["A","Código","Banco","Equipamentos","Quantidade","Utilização",null,"Custo Operacional",null,"Custo Horário"]
[{"$nulls":5},"Operativa","Improdutiva","Operativa","Improdutiva"]
["Insumo","E9575","SICRO3","Caminhão basculante com caçamba estanque com capacidade de 14 m³ - 188 kW",1,1,0,297.71420000000001,90.774600000000007,297.71420000000001]
[{"$nulls":5},"Custo Horário de Equipamentos =>",null,null,null,297.71420000000001]
[{"$nulls":5},"Custo Horário de Execução =>",null,null,null,297.71420000000001]
[{"$nulls":5},"Fator de Influencia da Chuva - FIC =>",null,null,null,1.43E-2]
[{"$nulls":5},"Custo do FIC =>",null,null,null,1.2200000000000001E-2]
[{"$nulls":5},"Produção de Equipe =>",null,null,null,348.6]
[{"$nulls":5},"Custo Unitário de Execução =>",null,null,null,0.85399999999999998]
[{"$nulls":4},"MO sem LS =>",0,"LS =>",0,"MO com LS =>",0]
[{"$nulls":4},"Valor do BDI =>",0.19,null,"Valor com BDI =>",null,1.06]
[{"$nulls":6},"Quant. =>",29520.69,"Preço Total =>",31291.93]
[]
[" 6.4.5.7 ","Código","Banco","Descrição","Tipo",null,"Und","Quant.","Porcent.","Valor Unit","Total"]
["Composição"," 5914539 ","SICRO3","Transporte com caminhão betoneira - rodovia em leito natural","",null,"tkm",1,null,0.98,0.98]
["A","Código","Banco","Equipamentos","Quantidade","Utilização",null,"Custo Operacional",null,"Custo Horário"]
[{"$nulls":5},"Operativa","Improdutiva","Operativa","Improdutiva"]
["Insumo","E9600","SICRO3","Caminhão betoneira com capacidade de 8 m³ - 188 kW",1,1,0,307.62630000000001,107.0881,307.62630000000001]
[{"$nulls":5},"Custo Horário de Equipamentos =>",null,null,null,307.62630000000001]
[{"$nulls":5},"Custo Horário de Execução =>",null,null,null,307.62630000000001]
[{"$nulls":5},"Fator de Influencia da Chuva - FIC =>",null,null,null,1.43E-2]
[{"$nulls":5},"Custo do FIC =>",null,null,null,1.38E-2]
[{"$nulls":5},"Produção de Equipe =>",null,null,null,318.72000000000003]
[{"$nulls":5},"Custo Unitário de Execução =>",null,null,null,0.96519999999999995]
[{"$nulls":4},"MO sem LS =>",0,"LS =>",0,"MO com LS =>",0]
[{"$nulls":4},"Valor do BDI =>",0.22,null,"Valor com BDI =>",null,1.2]
[{"$nulls":6},"Quant. =>",54760.18,"Preço Total =>",65712.210000000006]
[]
[" 6.4.5.8 ","Código","Banco","Descrição","Tipo",null,"Und","Quant.","Porcent.","Valor Unit","Total"]
["Composição"," 1106088 ","SICRO3","Lançamento mecânico de concreto com bomba rebocável com capacidade de 30 m³/h - confecção em central dosadora de 30m³/h","",null,"m³",1,null,57.76,57.76]
["A","Código","Banco","Equipamentos","Quantidade","Utilização",null,"Custo Operacional",null,"Custo Horário"]
[{"$nulls":5},"Operativa","Improdutiva","Operativa","Improdutiva"]
["Insumo","E9073","SICRO3","Bomba de concreto rebocável com capacidade de 30 m³/h - 74 kW",1,1,0,187.27770000000001,76.781400000000005,187.27770000000001]
[{"$nulls":5},"Custo Horário de Equipamentos =>",null,null,null,187.27770000000001]
["B","Código","Banco","Mão de Obra","Quantidade","Salário Hora",null,null,null,"Custo Horário"]
["Insumo","P9821","SICRO3","Pedreiro",1,null,null,null,30.302800000000001,30.302800000000001]
["Insumo","P9824","SICRO3","Servente",7,null,null,null,21.465699999999998,150.25989999999999]
[{"$nulls":5},"Custo Horário da Mão de Obra =>",null,null,null,180.56270000000001]
[{"$nulls":5},"Adc.M.O. - Ferramentas (0,0%) =>",null,null,null,0]
[{"$nulls":5},"Custo Horário de Execução =>",null,null,null,367.84039999999999]
[{"$nulls":5},"Fator de Influencia da Chuva - FIC =>",null,null,null,0]
[{"$nulls":5},"Custo do FIC =>",null,null,null,0]
[{"$nulls":5},"Produção de Equipe =>",null,null,null,24.9]
[{"$nulls":5},"Custo Unitário de Execução =>",null,null,null,14.7727]
["D","Banco","Código","Atividades Auxiliares","Quantidade","Unidade","Preço Unitário",null,null,"Custo Horário"]
["Atividade Auxiliar","SICRO3",1110000,"Concreto",1,"m³",0,null,null,0]
[{"$nulls":5},"Custo Total das Atividades =>",null,null,null,0]
["E","Banco","Insumo","Tempos Fixos","Código","Quantidade","Unidade","Preço Unitário",null,"Custo Horário"]
["Tempo Fixo","SICRO3",1110000,"Carga, manobra e descarga de concreto com caminhão betoneira - carga em central de concreto de 30 m³/h e descarga livre",5909007,2.4,"t",17.91,null,42.984000000000002]
[{"$nulls":5},"Custo Total dos Tempos Fixos =>",null,null,null,42.984000000000002]
["F","Banco","Insumo","Momento de Transporte","Quantidade","Unidade","Distância Média de Transporte (DMT)",null,null,"Custo Horário"]
[{"$nulls":6},"LN","RP","P"]
["Momento de Transporte","SICRO3",1110000,"Concreto - Caminhão betoneira com capacidade de 8 m³ - 188 kW",2.4,"tkm","5914539\n0,000\nR$ 0,97","5914554\n0,000\nR$ 0,78","5914569\n0,000\nR$ 0,64",0]
[{"$nulls":5},"Custo total dos Momentos de Transportes =>",null,null,null,0]
[{"$nulls":4},"MO sem LS =>",7.2515140562248996,"LS =>",0,"MO com LS =>",7.2515140562248996]
[{"$nulls":4},"Valor do BDI =>",13.03,null,"Valor com BDI =>",null,70.790000000000006]
[{"$nulls":6},"Quant. =>",2333,"Preço Total =>",165153.07]
[]
[" 6.4.5.9 ","Código","Banco","Descrição","Tipo",null,"Und","Quant.","Porcent.","Valor Unit","Total"]
["Composição"," 1100657 ","SICRO3","Adensamento de concreto por vibrador de imersão","",null,"m³",1,null,3.32,3.32]
["A","Código","Banco","Equipamentos","Quantidade","Utilização",null,"Custo Operacional",null,"Custo Horário"]
[{"$nulls":5},"Operativa","Improdutiva","Operativa","Improdutiva"]
["Insumo","E9069","SICRO3","Vibrador de imersão para concreto - 4,10 kW",1,1,0,8.3879000000000001,0.7641,8.3879000000000001]
[{"$nulls":5},"Custo Horário de Equipamentos =>",null,null,null,8.3879000000000001]
["B","Código","Banco","Mão de Obra","Quantidade","Salário Hora",null,null,null,"Custo Horário"]
["Insumo","P9824","SICRO3","Servente",1,null,null,null,21.465699999999998,21.465699999999998]
[{"$nulls":5},"Custo Horário da Mão de Obra =>",null,null,null,21.465699999999998]
[{"$nulls":5},"Adc.M.O. - Ferramentas (0,0%) =>",null,null,null,0]
[{"$nulls":5},"Custo Horário de Execução =>",null,null,null,29.8536]
[{"$nulls":5},"Fator de Influencia da Chuva - FIC =>",null,null,null,0]
[{"$nulls":5},"Custo do FIC =>",null,null,null,0]
[{"$nulls":5},"Produção de Equipe =>",null,null,null,9]
[{"$nulls":5},"Custo Unitário de Execução =>",null,null,null,3.3170999999999999]
[{"$nulls":4},"MO sem LS =>",2.3850777777777776,"LS =>",0,"MO com LS =>",2.3850777777777776]
[{"$nulls":4},"Valor do BDI =>",0.74,null,"Valor com BDI =>",null,4.0599999999999996]
[{"$nulls":6},"Quant. =>",2333,"Preço Total =>",9471.98]
[]
[" 6.4.5.10 ","Código","Banco","Descrição","Tipo",null,"Und","Quant.","Porcent.","Valor Unit","Total"]
["Insumo"," M0006 ","SICRO3","FIBRA DE POLIAMIDA PARA CONCRETO","Material",null,"kg",1,null,27.662600000000001,27.662600000000001]
[{"$nulls":4},"MO sem LS =>",0,"LS =>",0,"MO com LS =>",0]
[{"$nulls":4},"Valor do BDI =>",3.87,null,"Valor com BDI =>",null,31.53]
[{"$nulls":6},"Quant. =>",1399.8,"Preço Total =>",44135.69]
[]
[" 6.4.5.11 ","Código","Banco","Descrição","Tipo",null,"Und","Quant.","Porcent.","Valor Unit","Total"]
["Composição"," 09.90.01 ","EMBASA","EXECUÇÃO DE SOLO-CIMENTO",990,null,"m³",1,null,543.33000000000004,543.33000000000004]
["Insumo"," B010000097 ","EMBASA","SERVENTE","Mão de Obra",null,"H",8.07,null,18.02,145.41999999999999]
["Insumo"," D010000008 ","EMBASA","CIMENTO PORTLAND COMPOSTO CP II-32","Material",null,"KG",164,null,0.75,123]
["Insumo"," D020000006 ","EMBASA","ARENOSO, EXCLUSIVE FRETE","Material",null,"m³",1.51,null,79.84,120.55]
["Insumo"," F030000307 ","EMBASA","GASOLINA","Material",null,"L",0.28220000000000001,null,5.77,1.62]
["Insumo"," H020000524 ","EMBASA","COMPACTADOR A PERCUSSÃO (TIPO SAPO), A COMBUSTÍVEL","Material",null,"H",0.52800000000000002,null,3.3,1.74]
["Insumo"," K010000004 ","EMBASA","FRETE PARA AGREGADOS MIUDOS","Material",null,"m³",1.51,null,100,151]
[{"$nulls":4},"MO sem LS =>",145.41999999999999,"LS =>",0,"MO com LS =>",145.41999999999999]
[{"$nulls":4},"Valor do BDI =>",122.57,null,"Valor com BDI =>",null,665.9]
[{"$nulls":6},"Quant. =>",595.20000000000005,"Preço Total =>",396343.68]
[]
[" 6.4.6 ",null,null,"DRENAGEM SUPERFICIAL E SUB-SUPERFICAL (FUNDO, SEÇÃO HIDRAULICA E PROTEÇÃO DE TALUDES)",{"$nulls":6},583100.42000000004]
[" 6.4.6.1 ",null,null,"DRENAGEM SUB-SUPERFICAL",{"$nulls":6},583100.42000000004]
[" 6.4.6.1.1 ",null,null,"DRENO FINGER",{"$nulls":6},10651.05]
[" 6.4.6.1.1.1 ","Código","Banco","Descrição","Tipo",null,"Und","Quant.","Porcent.","Valor Unit","Total"]
["Composição"," 4816018 ","SICRO3","AREIA EXTRAÍDA COM TRATOR E CARREGADEIRA","",null,"m³",1,null,4.99,4.99]
["A","Código","Banco","Equipamentos","Quantidade","Utilização",null,"Custo Operacional",null,"Custo Horário"]
[{"$nulls":5},"Operativa","Improdutiva","Operativa","Improdutiva"]
["Insumo","E9584","SICRO3","Carregadeira de pneus com capacidade de 1,72 m³ - 113 kW",1,0.68,0.32,203.21250000000001,104.4208,171.5992]
["Insumo","E9042","SICRO3","Trator sobre esteiras com lâmina - 97 kW",1,1,0,256.45519999999999,112.74250000000001,256.45519999999999]
[{"$nulls":5},"Custo Horário de Equipamentos =>",null,null,null,428.05439999999999]
["B","Código","Banco","Mão de Obra","Quantidade","Salário Hora",null,null,null,"Custo Horário"]
["Insumo","P9824","SICRO3","Servente",4,null,null,null,21.465699999999998,85.862799999999993]
[{"$nulls":5},"Custo Horário da Mão de Obra =>",null,null,null,85.862799999999993]
[{"$nulls":5},"Adc.M.O. - Ferramentas (0,0%) =>",null,null,null,0]
[{"$nulls":5},"Custo Horário de Execução =>",null,null,null,513.91719999999998]
[{"$nulls":5},"Fator de Influencia da Chuva - FIC =>",null,null,null,1.43E-2]
[{"$nulls":5},"Custo do FIC =>",null,null,null,7.0199999999999999E-2]
[{"$nulls":5},"Produção de Equipe =>",null,null,null,104.37]
[{"$nulls":5},"Custo Unitário de Execução =>",null,null,null,4.9240000000000004]
[{"$nulls":4},"MO sem LS =>",0.82267701446775898,"LS =>",0,"MO com LS =>",0.82267701446775898]
[{"$nulls":4},"Valor do BDI =>",1.1200000000000001,null,"Valor com BDI =>",null,6.11]
[{"$nulls":6},"Quant. =>",313.875,"Preço Total =>",1917.77]
[]
[" 6.4.6.1.1.2 ","Código","Banco","Descrição","Tipo",null,"Und","Quant.","Porcent.","Valor Unit","Total"]
["Composição"," 5914351 ","SICRO3","CARGA, MANOBRA E DESCARGA DE AGREGADOS OU SOLOS EM CAMINHÃO BASCULANTE DE 14 M³ - CARGA COM CARREGADEIRA DE 3,40 M³ EDESCARGA LIVRE","",null,"t",1,null,2.61,2.61]
["A","Código","Banco","Equipamentos","Quantidade","Utilização",null,"Custo Operacional",null,"Custo Horário"]
[{"$nulls":5},"Operativa","Improdutiva","Operativa","Improdutiva"]
["Insumo","E9667","SICRO3","Caminhão basculante com capacidade de 14 m³ - 188 kW",3,0.77,0.23,297.32,90.567700000000002,749.30089999999996]
["Insumo","E9511","SICRO3","Carregadeira de pneus com capacidade de 3,40 m³ - 195 kW",1,1,0,442.03,218.85579999999999,442.03]
[{"$nulls":5},"Custo Horário de Equipamentos =>",null,null,null,1191.3308999999999]
[{"$nulls":5},"Custo Horário de Execução =>",null,null,null,1191.3308999999999]
[{"$nulls":5},"Fator de Influencia da Chuva - FIC =>",null,null,null,0]
[{"$nulls":5},"Custo do FIC =>",null,null,null,0]
[{"$nulls":5},"Produção de Equipe =>",null,null,null,457.16]
[{"$nulls":5},"Custo Unitário de Execução =>",null,null,null,2.6059000000000001]
[{"$nulls":4},"MO sem LS =>",0,"LS =>",0,"MO com LS =>",0]
[{"$nulls":4},"Valor do BDI =>",0.57999999999999996,null,"Valor com BDI =>",null,3.19]
[{"$nulls":6},"Quant. =>",470.8125,"Preço Total =>",1501.89]
[]
[" 6.4.6.1.1.3 ","Código","Banco","Descrição","Tipo",null,"Und","Quant.","Porcent.","Valor Unit","Total"]
["Composição"," 5901639 ","SICRO3","TRANSPORTE COM CAMINHÃO BASCULANTE COM CAÇAMBA ESTANQUE COM CAPACIDADE DE 14 M³ - RODOVIA EM LEITO NATURAL.","",null,"tkm",1,null,0.87,0.87]
["A","Código","Banco","Equipamentos","Quantidade","Utilização",null,"Custo Operacional",null,"Custo Horário"]
[{"$nulls":5},"Operativa","Improdutiva","Operativa","Improdutiva"]
["Insumo","E9575","SICRO3","Caminhão basculante com caçamba estanque com capacidade de 14 m³ - 188 kW",1,1,0,297.71420000000001,90.774600000000007,297.71420000000001]
[{"$nulls":5},"Custo Horário de Equipamentos =>",null,null,null,297.71420000000001]
[{"$nulls":5},"Custo Horário de Execução =>",null,null,null,297.71420000000001]
[{"$nulls":5},"Fator de Influencia da Chuva - FIC =>",null,null,null,1.43E-2]
[{"$nulls":5},"Custo do FIC =>",null,null,null,1.2200000000000001E-2]
[{"$nulls":5},"Produção de Equipe =>",null,null,null,348.6]
[{"$nulls":5},"Custo Unitário de Execução =>",null,null,null,0.85399999999999998]
[{"$nulls":4},"MO sem LS =>",0,"LS =>",0,"MO com LS =>",0]
[{"$nulls":4},"Valor do BDI =>",0.19,null,"Valor com BDI =>",null,1.06]
[{"$nulls":6},"Quant. =>",6822.0731249999999,"Preço Total =>",7231.39]
[]
[" 6.4.6.1.2 ",null,null,"DRENO DE FUNDO",{"$nulls":6},553308.17000000004]
[" 6.4.6.1.2.1 ","Código","Banco","Descrição","Tipo",null,"Und","Quant.","Porcent.","Valor Unit","Total"]
["Composição"," 5502585 ","SICRO3","ESCAVAÇÃO, CARGA E TRANSPORTE DE MATERIAL DE 2ª CATEGORIA - DMT DE 50 A 200 M - CAMINHO DE SERVIÇO EM LEITO NATURAL - COMESCAVADEIRA E CAMINHÃO BASCULANTE DE 14 M³","",null,"m³",1,null,8.0399999999999991,8.0399999999999991]
["A","Código","Banco","Equipamentos","Quantidade","Utilização",null,"Custo Operacional",null,"Custo Horário"]
[{"$nulls":5},"Operativa","Improdutiva","Operativa","Improdutiva"]
["Insumo","E9667","SICRO3","Caminhão basculante com capacidade de 14 m³ - 188 kW",3,0.76,0.24,297.32,90.567700000000002,743.09829999999999]
["Insumo","E9515","SICRO3","Escavadeira hidráulica sobre esteiras com caçamba com capacidade de 1,56 m³ - 118 kW",1,1,0,287.9393,133.5633,287.9393]
[{"$nulls":5},"Custo Horário de Equipamentos =>",null,null,null,1031.0376000000001]
["B","Código","Banco","Mão de Obra","Quantidade","Salário Hora",null,null,null,"Custo Horário"]
["Insumo","P9824","SICRO3","Servente",1,null,null,null,21.465699999999998,21.465699999999998]
[{"$nulls":5},"Custo Horário da Mão de Obra =>",null,null,null,21.465699999999998]
[{"$nulls":5},"Adc.M.O. - Ferramentas (0,0%) =>",null,null,null,0]
[{"$nulls":5},"Custo Horário de Execução =>",null,null,null,1052.5033000000001]
[{"$nulls":5},"Fator de Influencia da Chuva - FIC =>",null,null,null,4.7999999999999996E-3]
[{"$nulls":5},"Custo do FIC =>",null,null,null,3.7999999999999999E-2]
[{"$nulls":5},"Produção de Equipe =>",null,null,null,131.61000000000001]
[{"$nulls":5},"Custo Unitário de Execução =>",null,null,null,7.9970999999999997]
[{"$nulls":4},"MO sem LS =>",0.16310082820454372,"LS =>",0,"MO com LS =>",0.16310082820454372]
[{"$nulls":4},"Valor do BDI =>",1.81,null,"Valor com BDI =>",null,9.85]
[{"$nulls":6},"Quant. =>",466,"Preço Total =>",4590.1000000000004]
[]
[" 6.4.6.1.2.2 ","Código","Banco","Descrição","Tipo",null,"Und","Quant.","Porcent.","Valor Unit","Total"]
["Composição"," 5502742 ","SICRO3","ESCAVAÇÃO, CARGA E TRANSPORTE DE MATERIAL DE 3ª CATEGORIA - DMT DE 50 A 200 M - CAMINHO DE SERVIÇO EM LEITO NATURAL COMCAMINHÃO BASCULANTE DE 12 M³","",null,"m³",1,null,40.99,40.99]
["A","Código","Banco","Equipamentos","Quantidade","Utilização",null,"Custo Operacional",null,"Custo Horário"]
[{"$nulls":5},"Operativa","Improdutiva","Operativa","Improdutiva"]
["Insumo","E9672","SICRO3","Caminhão basculante para rocha com capacidade de 12 m³ - 188 kW",2,0.89,0.11,309.83929999999998,108.2497,575.32889999999998]
["Insumo","E9117","SICRO3","Carregadeira de pneus para rocha com capacidade de 2,50 m³ - 105 kW",1,0.78,0.22,359.73469999999998,157.4614,315.2346]
["Insumo","E9646","SICRO3","Compressor de ar portátil de 58,52 l/s (124 PCM) - 27 kW",1,1,0,43.116199999999999,10.8597,43.116199999999999]
["Insumo","E9527","SICRO3","Martelete perfurador/rompedor a ar comprimido de 25 kg para rocha com capacidade de",1,1,0,35.0152,32.827100000000002,35.0152]
["Insumo","E9574","SICRO3","Perfuratriz sobre esteiras - 145 kW",1,1,0,406.70780000000002,181.6712,406.70780000000002]
["Insumo","E9540","SICRO3","Trator sobre esteiras com lâmina - 127 kW",1,0.38,0.62,322.01350000000002,134.76900000000001,205.92189999999999]
[{"$nulls":5},"Custo Horário de Equipamentos =>",null,null,null,1581.3245999999999]
["B","Código","Banco","Mão de Obra","Quantidade","Salário Hora",null,null,null,"Custo Horário"]
["Insumo","P9892","SICRO3","Auxiliar de blaster",2,null,null,null,34.436,68.872]
["Insumo","P9852","SICRO3","Blaster",1,null,null,null,38.045200000000001,38.045200000000001]
[{"$nulls":5},"Custo Horário da Mão de Obra =>",null,null,null,106.91719999999999]
[{"$nulls":5},"Adc.M.O. - Ferramentas (0,0%) =>",null,null,null,0]
[{"$nulls":5},"Custo Horário de Execução =>",null,null,null,1688.2418]
[{"$nulls":5},"Fator de Influencia da Chuva - FIC =>",null,null,null,2.3999999999999998E-3]
[{"$nulls":5},"Custo do FIC =>",null,null,null,6.1699999999999998E-2]
[{"$nulls":5},"Produção de Equipe =>",null,null,null,64.84]
[{"$nulls":5},"Custo Unitário de Execução =>",null,null,null,26.036999999999999]
["C","Banco","Código","Material","Quantidade","Unidade","Preço Unitário",null,null,"Custo Horário"]
["Insumo","SICRO3","M2062","Coroa de botões esféricos linha T38 - D = 64 mm (2 1/2”)",3.4000000000000002E-4,"un",721.71960000000001,null,null,0.24540000000000001]
["Insumo","SICRO3","M2042","Emulsão explosiva encartuchada",0.56232000000000004,"kg",13.049300000000001,null,null,7.3379000000000003]
["Insumo","SICRO3","M2065","Haste linha T38 para perfuratriz sobre esteiras - D = 38,0 mm (1 1/2”) e C = 3,05 m",1.6000000000000001E-4,"un",2083.3042,null,null,0.33329999999999999]
["Insumo","SICRO3","M2066","Luva em aço linha T38 para perfuratriz sobre esteiras - D = 38,0 mm (1 1/2”)",2.5000000000000001E-4,"un",354.3057,null,null,8.8599999999999998E-2]
["Insumo","SICRO3","M2144","Nonel de coluna - C = 6,0 m",0.04,"un",14.9855,null,null,0.59940000000000004]
["Insumo","SICRO3","M2141","Nonel de iniciação para fogacho - C = 6,0 m",0.15714,"un",14.9138,null,null,2.3435999999999999]
["Insumo","SICRO3","M2143","Nonel de ligação - C = 6,0 m",1.5709999999999998E-2,"un",17.517800000000001,null,null,0.2752]
["Insumo","SICRO3","M2146","Nonel iniciador - C = 150,0 m",1.4300000000000001E-3,"un",207.2826,null,null,0.2964]
["Insumo","SICRO3","M2067","Punho linha T38 para perfuratriz sobre esteiras - D = 38 mm (1 1/2”)",1.2999999999999999E-4,"un",1000.3667,null,null,0.13]
["Insumo","SICRO3","M2145","Série de brocas integrais S12",3.3300000000000001E-3,"un",973.28599999999994,null,null,3.2410000000000001]
[{"$nulls":5},"Custo Total do Material =>",null,null,null,14.8908]
[{"$nulls":4},"MO sem LS =>",1.6489389265885257,"LS =>",0,"MO com LS =>",1.6489389265885257]
[{"$nulls":4},"Valor do BDI =>",9.24,null,"Valor com BDI =>",null,50.23]
[{"$nulls":6},"Quant. =>",223,"Preço Total =>",11201.29]
[]
[" 6.4.6.1.2.3 ","Código","Banco","Descrição","Tipo",null,"Und","Quant.","Porcent.","Valor Unit","Total"]
["Composição"," 4816018 ","SICRO3","AREIA EXTRAÍDA COM TRATOR E CARREGADEIRA","",null,"m³",1,null,4.99,4.99]
["A","Código","Banco","Equipamentos","Quantidade","Utilização",null,"Custo Operacional",null,"Custo Horário"]
[{"$nulls":5},"Operativa","Improdutiva","Operativa","Improdutiva"]
["Insumo","E9584","SICRO3","Carregadeira de pneus com capacidade de 1,72 m³ - 113 kW",1,0.68,0.32,203.21250000000001,104.4208,171.5992]
["Insumo","E9042","SICRO3","Trator sobre esteiras com lâmina - 97 kW",1,1,0,256.45519999999999,112.74250000000001,256.45519999999999]
[{"$nulls":5},"Custo Horário de Equipamentos =>",null,null,null,428.05439999999999]
["B","Código","Banco","Mão de Obra","Quantidade","Salário Hora",null,null,null,"Custo Horário"]
["Insumo","P9824","SICRO3","Servente",4,null,null,null,21.465699999999998,85.862799999999993]
[{"$nulls":5},"Custo Horário da Mão de Obra =>",null,null,null,85.862799999999993]
[{"$nulls":5},"Adc.M.O. - Ferramentas (0,0%) =>",null,null,null,0]
[{"$nulls":5},"Custo Horário de Execução =>",null,null,null,513.91719999999998]
[{"$nulls":5},"Fator de Influencia da Chuva - FIC =>",null,null,null,1.43E-2]
[{"$nulls":5},"Custo do FIC =>",null,null,null,7.0199999999999999E-2]
[{"$nulls":5},"Produção de Equipe =>",null,null,null,104.37]
[{"$nulls":5},"Custo Unitário de Execução =>",null,null,null,4.9240000000000004]
[{"$nulls":4},"MO sem LS =>",0.82267701446775898,"LS =>",0,"MO com LS =>",0.82267701446775898]
[{"$nulls":4},"Valor do BDI =>",1.1200000000000001,null,"Valor com BDI =>",null,6.11]
[{"$nulls":6},"Quant. =>",617.52,"Preço Total =>",3773.04]
[]
[" 6.4.6.1.2.4 ","Código","Banco","Descrição","Tipo",null,"Und","Quant.","Porcent.","Valor Unit","Total"]
["Composição"," 5914657 ","SICRO3","Carga, manobra e descarga de blocos de rocha em caminhão basculante de 8 m³ - carga com retroescavadeira de 0,29 m³ edescarga livre","",null,"t",1,null,17.600000000000001,17.600000000000001]
["A","Código","Banco","Equipamentos","Quantidade","Utilização",null,"Custo Operacional",null,"Custo Horário"]
[{"$nulls":5},"Operativa","Improdutiva","Operativa","Improdutiva"]
["Insumo","E9604","SICRO3","Caminhão basculante para rocha com capacidade de 8 m³ - 210 kW",2,0.56999999999999995,0.43,297.14830000000001,90.430499999999995,416.51929999999999]
["Insumo","E9526","SICRO3","Retroescavadeira de pneus - capacidade da caçamba da pá-carregadeira de 0,76 m³ e da",1,1,0,151.10929999999999,79.652699999999996,151.10929999999999]
[{"$nulls":5},"Custo Horário de Equipamentos =>",null,null,null,567.62860000000001]
[{"$nulls":5},"Custo Horário de Execução =>",null,null,null,567.62860000000001]
[{"$nulls":5},"Fator de Influencia da Chuva - FIC =>",null,null,null,0]
[{"$nulls":5},"Custo do FIC =>",null,null,null,0]
[{"$nulls":5},"Produção de Equipe =>",null,null,null,32.26]
[{"$nulls":5},"Custo Unitário de Execução =>",null,null,null,17.595400000000001]
[{"$nulls":4},"MO sem LS =>",0,"LS =>",0,"MO com LS =>",0]
[{"$nulls":4},"Valor do BDI =>",3.97,null,"Valor com BDI =>",null,21.57]
[{"$nulls":6},"Quant. =>",173.73,"Preço Total =>",3747.35]
[]
[" 6.4.6.1.2.5 ","Código","Banco","Descrição","Tipo",null,"Und","Quant.","Porcent.","Valor Unit","Total"]
["Composição"," 5914346 ","SICRO3","Transporte de material de 3ª categoria com caminhão basculante de 8 m³ para rocha - rodovia em leito natural","",null,"tkm",1,null,1.68,1.68]
["A","Código","Banco","Equipamentos","Quantidade","Utilização",null,"Custo Operacional",null,"Custo Horário"]
[{"$nulls":5},"Operativa","Improdutiva","Operativa","Improdutiva"]
["Insumo","E9604","SICRO3","Caminhão basculante para rocha com capacidade de 8 m³ - 210 kW",1,1,0,297.14830000000001,90.430499999999995,297.14830000000001]
[{"$nulls":5},"Custo Horário de Equipamentos =>",null,null,null,297.14830000000001]
[{"$nulls":5},"Custo Horário de Execução =>",null,null,null,297.14830000000001]
[{"$nulls":5},"Fator de Influencia da Chuva - FIC =>",null,null,null,1.43E-2]
[{"$nulls":5},"Custo do FIC =>",null,null,null,2.3599999999999999E-2]
[{"$nulls":5},"Produção de Equipe =>",null,null,null,179.28]
[{"$nulls":5},"Custo Unitário de Execução =>",null,null,null,1.6575]
[{"$nulls":4},"MO sem LS =>",0,"LS =>",0,"MO com LS =>",0]
[{"$nulls":4},"Valor do BDI =>",0.37,null,"Valor com BDI =>",null,2.0499999999999998]
[{"$nulls":6},"Quant. =>",2298.5100000000002,"Preço Total =>",4711.9399999999996]
[]
[" 6.4.6.1.2.6 ","Código","Banco","Descrição","Tipo",null,"Und","Quant.","Porcent.","Valor Unit","Total"]
["Composição"," 4816012 ","SICRO3","Brita produzida em central de britagem de 80 m³/h","",null,"m³",1,null,53.94,53.94]
["A","Código","Banco","Equipamentos","Quantidade","Utilização",null,"Custo Operacional",null,"Custo Horário"]
[{"$nulls":5},"Operativa","Improdutiva","Operativa","Improdutiva"]
["Insumo","E9117","SICRO3","Carregadeira de pneus para rocha com capacidade de 2,50 m³ - 105 kW",1,0.46,0.54,359.73469999999998,157.4614,250.50710000000001]
["Insumo","E9611","SICRO3","Conjunto de britagem com capacidade de 80 m³/h - 313 kW",1,1,0,995.71289999999999,648.64750000000004,995.71289999999999]
["Insumo","E9765","SICRO3","Grupo gerador - 569 kVA",1,1,0,490.92020000000002,29.088000000000001,490.92020000000002]
[{"$nulls":5},"Custo Horário de Equipamentos =>",null,null,null,1737.1402]
["B","Código","Banco","Mão de Obra","Quantidade","Salário Hora",null,null,null,"Custo Horário"]
["Insumo","P9824","SICRO3","Servente",8,null,null,null,21.465699999999998,171.72559999999999]
[{"$nulls":5},"Custo Horário da Mão de Obra =>",null,null,null,171.72559999999999]
[{"$nulls":5},"Adc.M.O. - Ferramentas (0,0%) =>",null,null,null,0]
[{"$nulls":5},"Custo Horário de Execução =>",null,null,null,1908.8658]
[{"$nulls":5},"Fator de Influencia da Chuva - FIC =>",null,null,null,2.3999999999999998E-3]
[{"$nulls":5},"Custo do FIC =>",null,null,null,6.8099999999999994E-2]
[{"$nulls":5},"Produção de Equipe =>",null,null,null,66.400000000000006]
[{"$nulls":5},"Custo Unitário de Execução =>",null,null,null,28.748000000000001]
["C","Banco","Código","Material","Quantidade","Unidade","Preço Unitário",null,null,"Custo Horário"]
["Insumo","SICRO3","M2115","Cunha lateral inferior para britador",2.0000000000000002E-5,"un",1906.0084999999999,null,null,3.8100000000000002E-2]
["Insumo","SICRO3","M2114","Cunha lateral superior para britador",1.0000000000000001E-5,"un",2444.7143000000001,null,null,2.4400000000000002E-2]
["Insumo","SICRO3","M2111","Mandíbula fixa para britador - abertura de alimentação com L = 930 mm",6.0000000000000002E-5,"un",32034.5798,null,null,1.9220999999999999]
["Insumo","SICRO3","M2110","Mandíbula móvel para britador - abertura de alimentação com L = 930 mm",4.0000000000000003E-5,"un",24230.054,null,null,0.96919999999999995]
["Insumo","SICRO3","M2112","Manta do britador cônico HP200 ou similar",3.0000000000000001E-5,"un",21230.413400000001,null,null,0.63690000000000002]
["Insumo","SICRO3","M2113","Revestimento do bojo interno do britador cônico HP200 ou similar",4.0000000000000003E-5,"un",24245.382099999999,null,null,0.9698]
[{"$nulls":5},"Custo Total do Material =>",null,null,null,4.5605000000000002]
["D","Banco","Código","Atividades Auxiliares","Quantidade","Unidade","Preço Unitário",null,null,"Custo Horário"]
["Atividade Auxiliar","SICRO3",4816010,"Rocha para britagem com perfuratriz sobre esteira",0.56999999999999995,"m³",36.08,null,null,20.5656]
[{"$nulls":5},"Custo Total das Atividades =>",null,null,null,20.5656]
[{"$nulls":4},"MO sem LS =>",3.3253775156626504,"LS =>",0,"MO com LS =>",3.3253775390707769]
[{"$nulls":4},"Valor do BDI =>",12.16,null,"Valor com BDI =>",null,66.099999999999994]
[{"$nulls":6},"Quant. =>",203.32,"Preço Total =>",13439.45]
[]
[" 6.4.6.1.2.7 ","Código","Banco","Descrição","Tipo",null,"Und","Quant.","Porcent.","Valor Unit","Total"]
["Composição"," 5914351 ","SICRO3","CARGA, MANOBRA E DESCARGA DE AGREGADOS OU SOLOS EM CAMINHÃO BASCULANTE DE 14 M³ - CARGA COM CARREGADEIRA DE 3,40 M³ EDESCARGA LIVRE","",null,"t",1,null,2.61,2.61]
["A","Código","Banco","Equipamentos","Quantidade","Utilização",null,"Custo Operacional",null,"Custo Horário"]
[{"$nulls":5},"Operativa","Improdutiva","Operativa","Improdutiva"]
["Insumo","E9667","SICRO3","Caminhão basculante com capacidade de 14 m³ - 188 kW",3,0.77,0.23,297.32,90.567700000000002,749.30089999999996]
["Insumo","E9511","SICRO3","Carregadeira de pneus com capacidade de 3,40 m³ - 195 kW",1,1,0,442.03,218.85579999999999,442.03]
[{"$nulls":5},"Custo Horário de Equipamentos =>",null,null,null,1191.3308999999999]
[{"$nulls":5},"Custo Horário de Execução =>",null,null,null,1191.3308999999999]
[{"$nulls":5},"Fator de Influencia da Chuva - FIC =>",null,null,null,0]
[{"$nulls":5},"Custo do FIC =>",null,null,null,0]
[{"$nulls":5},"Produção de Equipe =>",null,null,null,457.16]
[{"$nulls":5},"Custo Unitário de Execução =>",null,null,null,2.6059000000000001]
[{"$nulls":4},"MO sem LS =>",0,"LS =>",0,"MO com LS =>",0]
[{"$nulls":4},"Valor do BDI =>",0.57999999999999996,null,"Valor com BDI =>",null,3.19]
[{"$nulls":6},"Quant. =>",1231.26,"Preço Total =>",3927.71]
[]
[" 6.4.6.1.2.8 ","Código","Banco","Descrição","Tipo",null,"Und","Quant.","Porcent.","Valor Unit","Total"]
["Composição"," 5901639 ","SICRO3","TRANSPORTE COM CAMINHÃO BASCULANTE COM CAÇAMBA ESTANQUE COM CAPACIDADE DE 14 M³ - RODOVIA EM LEITO NATURAL.","",null,"tkm",1,null,0.87,0.87]
["A","Código","Banco","Equipamentos","Quantidade","Utilização",null,"Custo Operacional",null,"Custo Horário"]
[{"$nulls":5},"Operativa","Improdutiva","Operativa","Improdutiva"]
["Insumo","E9575","SICRO3","Caminhão basculante com caçamba estanque com capacidade de 14 m³ - 188 kW",1,1,0,297.71420000000001,90.774600000000007,297.71420000000001]
[{"$nulls":5},"Custo Horário de Equipamentos =>",null,null,null,297.71420000000001]
[{"$nulls":5},"Custo Horário de Execução =>",null,null,null,297.71420000000001]
[{"$nulls":5},"Fator de Influencia da Chuva - FIC =>",null,null,null,1.43E-2]
[{"$nulls":5},"Custo do FIC =>",null,null,null,1.2200000000000001E-2]
[{"$nulls":5},"Produção de Equipe =>",null,null,null,348.6]
[{"$nulls":5},"Custo Unitário de Execução =>",null,null,null,0.85399999999999998]
[{"$nulls":4},"MO sem LS =>",0,"LS =>",0,"MO com LS =>",0]
[{"$nulls":4},"Valor do BDI =>",0.19,null,"Valor com BDI =>",null,1.06]
[{"$nulls":6},"Quant. =>",16404.52,"Preço Total =>",17388.79]
[]
[" 6.4.6.1.2.9 ","Código","Banco","Descrição","Tipo",null,"Und","Quant.","Porcent.","Valor Unit","Total"]
["Composição"," 11.10.01 ","EMBASA","FORNEC. E COLOCACAO DE MANTA GEOTEXTIL NAO TECIDA C/ GRAMATURA DE 200 g/m² A 220 g/m²",1110,null,"m²",1,null,7.13,7.13]
["Insumo"," B010000097 ","EMBASA","SERVENTE","Mão de Obra",null,"H",0.05,null,18.02,0.9]
["Insumo"," D220000103 ","EMBASA","MANTA GEOTEXTIL NÃO TECIDO RT-10, RESISTENCIA A TRAÇÃO=10 kN/M (ANTIGO BIDIM\n\nOP-20 OU SIMILAR)","Material",null,"m²",1.05,null,5.94,6.23]
[{"$nulls":4},"MO sem LS =>",0.9,"LS =>",0,"MO com LS =>",0.9]
[{"$nulls":4},"Valor do BDI =>",1.6,null,"Valor com BDI =>",null,8.73]
[{"$nulls":6},"Quant. =>",4650,"Preço Total =>",40594.5]
[]
[" 6.4.6.1.2.10 ","Código","Banco","Descrição","Tipo",null,"Und","Quant.","Porcent.","Valor Unit","Total"]
["Insumo"," 00041780 ","SINAPI","TUBO CORRUGADO PEAD, PAREDE DUPLA, INTERNA LISA, JEI, DN/DI 300 MM, PARA SANEAMENTO (DRENAGEM/ESGOTO)","Material",null,"M",1,null,212.16,212.16]
[{"$nulls":4},"MO sem LS =>",0,"LS =>",0,"MO com LS =>",0]
[{"$nulls":4},"Valor do BDI =>",29.74,null,"Valor com BDI =>",null,241.9]
[{"$nulls":6},"Quant. =>",1860,"Preço Total =>",449934]
[]
[" 6.4.6.1.3 ",null,null,"CAIXA DE MEDIÇÃO DE VAZÃO / DESAGUE DRENO DE FUNDO",{"$nulls":6},15605.15]
[" 6.4.6.1.3.1 ","Código","Banco","Descrição","Tipo",null,"Und","Quant.","Porcent.","Valor Unit","Total"]
["Composição"," 1106135 ","SICRO3","CONCRETO FCK = 25 MPA - CONFECÇÃO EM CENTRAL DOSADORA DE 30 M³/H - AREIA EXTRAÍDA E BRITA PRODUZIDA","",null,"m³",1,null,281.93,281.93]
["A","Código","Banco","Equipamentos","Quantidade","Utilização",null,"Custo Operacional",null,"Custo Horário"]
[{"$nulls":5},"Operativa","Improdutiva","Operativa","Improdutiva"]
["Insumo","E9584","SICRO3","Carregadeira de pneus com capacidade de 1,72 m³ - 113 kW",1,0.34,0.66,203.21250000000001,104.4208,138.01]
["Insumo","E9599","SICRO3","Central de concreto com capacidade de 30 m³/h - dosadora RS",1,1,0,79.077200000000005,64.673599999999993,79.077200000000005]
["Insumo","E9779","SICRO3","Grupo gerador - 113 kVA",1,1,0,101.1589,8.4064999999999994,101.1589]
[{"$nulls":5},"Custo Horário de Equipamentos =>",null,null,null,318.24610000000001]
["B","Código","Banco","Mão de Obra","Quantidade","Salário Hora",null,null,null,"Custo Horário"]
["Insumo","P9824","SICRO3","Servente",2,null,null,null,21.465699999999998,42.931399999999996]
[{"$nulls":5},"Custo Horário da Mão de Obra =>",null,null,null,42.931399999999996]
[{"$nulls":5},"Adc.M.O. - Ferramentas (0,0%) =>",null,null,null,0]
[{"$nulls":5},"Custo Horário de Execução =>",null,null,null,361.17750000000001]
[{"$nulls":5},"Fator de Influencia da Chuva - FIC =>",null,null,null,0]
[{"$nulls":5},"Custo do FIC =>",null,null,null,0]
[{"$nulls":5},"Produção de Equipe =>",null,null,null,24.9]
[{"$nulls":5},"Custo Unitário de Execução =>",null,null,null,14.505100000000001]
["C","Banco","Código","Material","Quantidade","Unidade","Preço Unitário",null,null,"Custo Horário"]
["Insumo","SICRO3","M0030","Aditivo plastificante e retardador de pega para concreto e argamassa",0.89256999999999997,"kg",6.5956999999999999,null,null,5.8871000000000002]
["Insumo","SICRO3","M0424","Cimento Portland CP II - 32 - saco",297.52373999999998,"kg",0.66949999999999998,null,null,199.19210000000001]
[{"$nulls":5},"Custo Total do Material =>",null,null,null,205.07919999999999]
["D","Banco","Código","Atividades Auxiliares","Quantidade","Unidade","Preço Unitário",null,null,"Custo Horário"]
["Atividade Auxiliar","SICRO3",4816012,"Brita produzida em central de britagem de 80 m³/h",0.73507999999999996,"m³",53.84,null,null,39.576700000000002]
["Atividade Auxiliar","SICRO3",4816020,"Areia extraída com draga de sucção tipo bomba",0.62465000000000004,"m³",11.74,null,null,7.3334000000000001]
[{"$nulls":5},"Custo Total das Atividades =>",null,null,null,46.9101]
["E","Banco","Insumo","Tempos Fixos","Código","Quantidade","Unidade","Preço Unitário",null,"Custo Horário"]
["Tempo Fixo","SICRO3",4816020,"Carga, manobra e descarga de agregados ou solos em caminhão basculante de 10 m³ - carga com carregadeira de 3,40 m³ edescarga livre",5915407,0.93698000000000004,"t",2.72,null,2.5486]
["Tempo Fixo","SICRO3",4816012,"Carga, manobra e descarga de agregados ou solos em caminhão basculante de 10 m³ - carga com carregadeira de 3,40 m³ edescarga livre",5915407,1.1026199999999999,"t",2.72,null,2.9990999999999999]
["Tempo Fixo","SICRO3","M0030","Carga, manobra e descarga de materiais diversos em caminhão carroceria de 15 t - carga e descarga manuais",5914655,8.8999999999999995E-4,"t",33.15,null,2.9499999999999998E-2]
["Tempo Fixo","SICRO3","M0424","Carga, manobra e descarga de materiais diversos em caminhão carroceria de 15 t - carga e descarga manuais",5914655,0.29752000000000001,"t",33.15,null,9.8628]
[{"$nulls":5},"Custo Total dos Tempos Fixos =>",null,null,null,15.44]
["F","Banco","Insumo","Momento de Transporte","Quantidade","Unidade","Distância Média de Transporte (DMT)",null,null,"Custo Horário"]
[{"$nulls":6},"LN","RP","P"]
["Momento de Transporte","SICRO3",4816020,"Areia extraída com draga de sucção tipo bomba - Caminhão basculante com capacidade de 10 m³ - 188 kW",0.93698000000000004,"tkm","5914359\n0,000\nR$ 1,19","5914374\n0,000\nR$ 0,95","5914389\n0,000\nR$ 0,79",0]
["Momento de Transporte","SICRO3",4816012,"Brita produzida em central de britagem de 80 m³/h - Caminhão basculante com capacidade de 10 m³ - 188 kW",1.1026199999999999,"tkm","5914359\n0,000\nR$ 1,19","5914374\n0,000\nR$ 0,95","5914389\n0,000\nR$ 0,79",0]
["Momento de Transporte","SICRO3","M0030","Aditivo plastificante e retardador de pega para concreto e argamassa - Caminhão carroceria com capacidade de 15 t - 188 kW",8.8999999999999995E-4,"tkm","5914449\n0,000\nR$ 1,08","5914464\n0,000\nR$ 0,86","5914479\n0,000\nR$ 0,71",0]
["Momento de Transporte","SICRO3","M0424","Cimento Portland CP II - 32 - saco - Caminhão carroceria com capacidade de 15 t - 188 kW",0.29752000000000001,"tkm","5914449\n0,000\nR$ 1,08","5914464\n0,000\nR$ 0,86","5914479\n0,000\nR$ 0,71",0]
[{"$nulls":5},"Custo total dos Momentos de Transportes =>",null,null,null,0]
[{"$nulls":4},"MO sem LS =>",9.2024484104417663,"LS =>",0,"MO com LS =>",9.2024484438461478]
[{"$nulls":4},"Valor do BDI =>",63.6,null,"Valor com BDI =>",null,345.53]
[{"$nulls":6},"Quant. =>",7.38,"Preço Total =>",2550.0100000000002]
[]
[" 6.4.6.1.3.2 ","Código","Banco","Descrição","Tipo",null,"Und","Quant.","Porcent.","Valor Unit","Total"]
["Composição"," 5914539 ","SICRO3","TRANSPORTE COM CAMINHÃO BETONEIRA - RODOVIA EM LEITO NATURAL.","",null,"tkm",1,null,0.98,0.98]
["A","Código","Banco","Equipamentos","Quantidade","Utilização",null,"Custo Operacional",null,"Custo Horário"]
[{"$nulls":5},"Operativa","Improdutiva","Operativa","Improdutiva"]
["Insumo","E9600","SICRO3","Caminhão betoneira com capacidade de 8 m³ - 188 kW",1,1,0,307.62630000000001,107.0881,307.62630000000001]
[{"$nulls":5},"Custo Horário de Equipamentos =>",null,null,null,307.62630000000001]
[{"$nulls":5},"Custo Horário de Execução =>",null,null,null,307.62630000000001]
[{"$nulls":5},"Fator de Influencia da Chuva - FIC =>",null,null,null,1.43E-2]
[{"$nulls":5},"Custo do FIC =>",null,null,null,1.38E-2]
[{"$nulls":5},"Produção de Equipe =>",null,null,null,318.72000000000003]
[{"$nulls":5},"Custo Unitário de Execução =>",null,null,null,0.96519999999999995]
[{"$nulls":4},"MO sem LS =>",0,"LS =>",0,"MO com LS =>",0]
[{"$nulls":4},"Valor do BDI =>",0.22,null,"Valor com BDI =>",null,1.2]
[{"$nulls":6},"Quant. =>",173.22,"Preço Total =>",207.86]
[]
[" 6.4.6.1.3.3 ","Código","Banco","Descrição","Tipo",null,"Und","Quant.","Porcent.","Valor Unit","Total"]
["Composição"," 1100657 ","SICRO3","ADENSAMENTO DE CONCRETO POR VIBRADOR DE IMERSÃO.","",null,"m³",1,null,3.32,3.32]
["A","Código","Banco","Equipamentos","Quantidade","Utilização",null,"Custo Operacional",null,"Custo Horário"]
[{"$nulls":5},"Operativa","Improdutiva","Operativa","Improdutiva"]
["Insumo","E9069","SICRO3","Vibrador de imersão para concreto - 4,10 kW",1,1,0,8.3879000000000001,0.7641,8.3879000000000001]
[{"$nulls":5},"Custo Horário de Equipamentos =>",null,null,null,8.3879000000000001]
["B","Código","Banco","Mão de Obra","Quantidade","Salário Hora",null,null,null,"Custo Horário"]
["Insumo","P9824","SICRO3","Servente",1,null,null,null,21.465699999999998,21.465699999999998]
[{"$nulls":5},"Custo Horário da Mão de Obra =>",null,null,null,21.465699999999998]
[{"$nulls":5},"Adc.M.O. - Ferramentas (0,0%) =>",null,null,null,0]
[{"$nulls":5},"Custo Horário de Execução =>",null,null,null,29.8536]
[{"$nulls":5},"Fator de Influencia da Chuva - FIC =>",null,null,null,0]
[{"$nulls":5},"Custo do FIC =>",null,null,null,0]
[{"$nulls":5},"Produção de Equipe =>",null,null,null,9]
[{"$nulls":5},"Custo Unitário de Execução =>",null,null,null,3.3170999999999999]
[{"$nulls":4},"MO sem LS =>",2.3850777777777776,"LS =>",0,"MO com LS =>",2.3850777777777776]
[{"$nulls":4},"Valor do BDI =>",0.74,null,"Valor com BDI =>",null,4.0599999999999996]
[{"$nulls":6},"Quant. =>",7.38,"Preço Total =>",29.96]
[]
[" 6.4.6.1.3.4 ","Código","Banco","Descrição","Tipo",null,"Und","Quant.","Porcent.","Valor Unit","Total"]
["Composição"," 0407819 ","SICRO3","ARMAÇÃO EM AÇO CA-50 - FORNECIMENTO, PREPARO E COLOCAÇÃO.","",null,"kg",1,null,11.88,11.88]
["B","Código","Banco","Mão de Obra","Quantidade","Salário Hora",null,null,null,"Custo Horário"]
["Insumo","P9801","SICRO3","Ajudante",0.09,null,null,null,22.478899999999999,2.0230999999999999]
["Insumo","P9805","SICRO3","Armador",0.09,null,null,null,30.334199999999999,2.7301000000000002]
[{"$nulls":5},"Custo Horário da Mão de Obra =>",null,null,null,4.7531999999999996]
[{"$nulls":5},"Adc.M.O. - Ferramentas (0,0%) =>",null,null,null,0]
[{"$nulls":5},"Custo Horário de Execução =>",null,null,null,4.7531999999999996]
[{"$nulls":5},"Fator de Influencia da Chuva - FIC =>",null,null,null,0]
[{"$nulls":5},"Custo do FIC =>",null,null,null,0]
[{"$nulls":5},"Produção de Equipe =>",null,null,null,1]
[{"$nulls":5},"Custo Unitário de Execução =>",null,null,null,4.7531999999999996]
["C","Banco","Código","Material","Quantidade","Unidade","Preço Unitário",null,null,"Custo Horário"]
["Insumo","SICRO3","M0004","Aço CA 50",1.1000000000000001,"kg",6.2881,null,null,6.9169]
["Insumo","SICRO3","M0075","Arame liso recozido em aço-carbono - D = 1,24 mm (18 BWG)",1.4999999999999999E-2,"kg",11.658799999999999,null,null,0.1749]
[{"$nulls":5},"Custo Total do Material =>",null,null,null,7.0918000000000001]
["E","Banco","Insumo","Tempos Fixos","Código","Quantidade","Unidade","Preço Unitário",null,"Custo Horário"]
["Tempo Fixo","SICRO3","M0004","Carga, manobra e descarga de materiais diversos em caminhão carroceria de 15 t - carga e descarga manuais",5914655,1.1000000000000001E-3,"t",33.15,null,3.6499999999999998E-2]
["Tempo Fixo","SICRO3","M0075","Carga, manobra e descarga de materiais diversos em caminhão carroceria de 15 t - carga e descarga manuais",5914655,2.0000000000000002E-5,"t",33.15,null,6.9999999999999999E-4]
[{"$nulls":5},"Custo Total dos Tempos Fixos =>",null,null,null,3.7199999999999997E-2]
["F","Banco","Insumo","Momento de Transporte","Quantidade","Unidade","Distância Média de Transporte (DMT)",null,null,"Custo Horário"]
[{"$nulls":6},"LN","RP","P"]
["Momento de Transporte","SICRO3","M0004","Aço CA 50 - Caminhão carroceria com capacidade de 15 t - 188 kW",1.1000000000000001E-3,"tkm","5914449\n0,000\nR$ 1,08","5914464\n0,000\nR$ 0,86","5914479\n0,000\nR$ 0,71",0]
["Momento de Transporte","SICRO3","M0075","Arame liso recozido em aço-carbono - D = 1,24 mm (18 BWG) - Caminhão carroceria com capacidade de 15 t - 188 kW",2.0000000000000002E-5,"tkm","5914449\n0,000\nR$ 1,08","5914464\n0,000\nR$ 0,86","5914479\n0,000\nR$ 0,71",0]
[{"$nulls":5},"Custo total dos Momentos de Transportes =>",null,null,null,0]
[{"$nulls":4},"MO sem LS =>",4.765362235135135,"LS =>",0,"MO com LS =>",4.765362235135135]
[{"$nulls":4},"Valor do BDI =>",2.68,null,"Valor com BDI =>",null,14.56]
[{"$nulls":6},"Quant. =>",479.7,"Preço Total =>",6984.43]
[]
[" 6.4.6.1.3.5 ","Código","Banco","Descrição","Tipo",null,"Und","Quant.","Porcent.","Valor Unit","Total"]
["Composição"," 3107997 ","SICRO3","FÔRMAS DE COMPENSADO RESINADO 10 MM - USO GERAL - UTILIZAÇÃO DE 3 VEZES - CONFECÇÃO, INSTALAÇÃO E RETIRADA","",null,"m²",1,null,81.96,81.96]
["A","Código","Banco","Equipamentos","Quantidade","Utilização",null,"Custo Operacional",null,"Custo Horário"]
[{"$nulls":5},"Operativa","Improdutiva","Operativa","Improdutiva"]
["Insumo","E9066","SICRO3","Grupo gerador - 14 kVA",4.0160000000000001E-2,1,0,17.8385,4.6101000000000001,0.71640000000000004]
["Insumo","E9535","SICRO3","Serra circular com bancada - D = 30 cm - 4 kW",4.0160000000000001E-2,1,0,31.252500000000001,30.8993,1.2551000000000001]
[{"$nulls":5},"Custo Horário de Equipamentos =>",null,null,null,1.9715]
["B","Código","Banco","Mão de Obra","Quantidade","Salário Hora",null,null,null,"Custo Horário"]
["Insumo","P9801","SICRO3","Ajudante",0.7,null,null,null,22.478899999999999,15.735200000000001]
["Insumo","P9808","SICRO3","Carpinteiro",0.7,null,null,null,30.3432,21.240200000000002]
[{"$nulls":5},"Custo Horário da Mão de Obra =>",null,null,null,36.9754]
[{"$nulls":5},"Adc.M.O. - Ferramentas (0,0%) =>",null,null,null,0]
[{"$nulls":5},"Custo Horário de Execução =>",null,null,null,38.946899999999999]
[{"$nulls":5},"Fator de Influencia da Chuva - FIC =>",null,null,null,0]
[{"$nulls":5},"Custo do FIC =>",null,null,null,0]
[{"$nulls":5},"Produção de Equipe =>",null,null,null,1]
[{"$nulls":5},"Custo Unitário de Execução =>",null,null,null,38.946899999999999]
["C","Banco","Código","Material","Quantidade","Unidade","Preço Unitário",null,null,"Custo Horário"]
["Insumo","SICRO3","M0284","Caibro de pinho - L = 7,5 cm e E = 7,5 cm",0.44922000000000001,"m",16.706299999999999,null,null,7.5048000000000004]
["Insumo","SICRO3","M0446","Compensado resinado - E = 10 mm",0.40429999999999999,"m²",33.758899999999997,null,null,13.6487]
["Insumo","SICRO3","M0560","Desmoldante para fôrmas de madeira",1.8519999999999998E-2,"l",12.788600000000001,null,null,0.23680000000000001]
["Insumo","SICRO3","M0310","Peça de madeira - L = 7,5 cm e E = 2,5 cm",0.19908000000000001,"m",5.2,null,null,1.0351999999999999]
["Insumo","SICRO3","M1205","Prego de ferro",0.20394999999999999,"kg",15.58,null,null,3.1775000000000002]
["Insumo","SICRO3","M0290","Tábua - E = 2,5 cm e L = 10 cm",2.0900300000000001,"m",5.0838000000000001,null,null,10.625299999999999]
["Insumo","SICRO3","M0286","Tábua - E = 2,5 cm e L = 30 cm",0.35937999999999998,"m",17.498100000000001,null,null,6.2885]
[{"$nulls":5},"Custo Total do Material =>",null,null,null,42.516800000000003]
["E","Banco","Insumo","Tempos Fixos","Código","Quantidade","Unidade","Preço Unitário",null,"Custo Horário"]
["Tempo Fixo","SICRO3","M0284","Carga, manobra e descarga de materiais diversos em caminhão carroceria de 15 t - carga e descarga manuais",5914655,2.5300000000000001E-3,"t",33.15,null,8.3900000000000002E-2]
["Tempo Fixo","SICRO3","M0446","Carga, manobra e descarga de materiais diversos em caminhão carroceria de 15 t - carga e descarga manuais",5914655,4.0400000000000002E-3,"t",33.15,null,0.13389999999999999]
["Tempo Fixo","SICRO3","M0560","Carga, manobra e descarga de materiais diversos em caminhão carroceria de 15 t - carga e descarga manuais",5914655,2.0000000000000002E-5,"t",33.15,null,6.9999999999999999E-4]
["Tempo Fixo","SICRO3","M0310","Carga, manobra e descarga de materiais diversos em caminhão carroceria de 15 t - carga e descarga manuais",5914655,3.6999999999999999E-4,"t",33.15,null,1.23E-2]
["Tempo Fixo","SICRO3","M1205","Carga, manobra e descarga de materiais diversos em caminhão carroceria de 15 t - carga e descarga manuais",5914655,2.0000000000000001E-4,"t",33.15,null,6.6E-3]
["Tempo Fixo","SICRO3","M0290","Carga, manobra e descarga de materiais diversos em caminhão carroceria de 15 t - carga e descarga manuais",5914655,5.2300000000000003E-3,"t",33.15,null,0.1734]
["Tempo Fixo","SICRO3","M0286","Carga, manobra e descarga de materiais diversos em caminhão carroceria de 15 t - carga e descarga manuais",5914655,2.7000000000000001E-3,"t",33.15,null,8.9499999999999996E-2]
[{"$nulls":5},"Custo Total dos Tempos Fixos =>",null,null,null,0.50029999999999997]
["F","Banco","Insumo","Momento de Transporte","Quantidade","Unidade","Distância Média de Transporte (DMT)",null,null,"Custo Horário"]
[{"$nulls":6},"LN","RP","P"]
["Momento de Transporte","SICRO3","M0284","Caibro de pinho - L = 7,5 cm e E = 7,5 cm - Caminhão carroceria com capacidade de 15 t - 188 kW",2.5300000000000001E-3,"tkm","5914449\n0,000\nR$ 1,08","5914464\n0,000\nR$ 0,86","5914479\n0,000\nR$ 0,71",0]
["Momento de Transporte","SICRO3","M0446","Compensado resinado - E = 10 mm - Caminhão carroceria com capacidade de 15 t - 188 kW",4.0400000000000002E-3,"tkm","5914449\n0,000\nR$ 1,08","5914464\n0,000\nR$ 0,86","5914479\n0,000\nR$ 0,71",0]
["Momento de Transporte","SICRO3","M0560","Desmoldante para fôrmas de madeira - Caminhão carroceria com capacidade de 15 t - 188 kW",2.0000000000000002E-5,"tkm","5914449\n0,000\nR$ 1,08","5914464\n0,000\nR$ 0,86","5914479\n0,000\nR$ 0,71",0]
["Momento de Transporte","SICRO3","M0310","Peça de madeira - L = 7,5 cm e E = 2,5 cm - Caminhão carroceria com capacidade de 15 t - 188 kW",3.6999999999999999E-4,"tkm","5914449\n0,000\nR$ 1,08","5914464\n0,000\nR$ 0,86","5914479\n0,000\nR$ 0,71",0]
["Momento de Transporte","SICRO3","M1205","Prego de ferro - Caminhão carroceria com capacidade de 15 t - 188 kW",2.0000000000000001E-4,"tkm","5914449\n0,000\nR$ 1,08","5914464\n0,000\nR$ 0,86","5914479\n0,000\nR$ 0,71",0]
["Momento de Transporte","SICRO3","M0290","Tábua - E = 2,5 cm e L = 10 cm - Caminhão carroceria com capacidade de 15 t - 188 kW",5.2300000000000003E-3,"tkm","5914449\n0,000\nR$ 1,08","5914464\n0,000\nR$ 0,86","5914479\n0,000\nR$ 0,71",0]
["Momento de Transporte","SICRO3","M0286","Tábua - E = 2,5 cm e L = 30 cm - Caminhão carroceria com capacidade de 15 t - 188 kW",2.7000000000000001E-3,"tkm","5914449\n0,000\nR$ 1,08","5914464\n0,000\nR$ 0,86","5914479\n0,000\nR$ 0,71",0]
[{"$nulls":5},"Custo total dos Momentos de Transportes =>",null,null,null,0]
[{"$nulls":4},"MO sem LS =>",37.139617337668916,"LS =>",0,"MO com LS =>",37.139617337668916]
[{"$nulls":4},"Valor do BDI =>",18.489999999999998,null,"Valor com BDI =>",null,100.45]
[{"$nulls":6},"Quant. =>",56.04,"Preço Total =>",5629.21]
[]
[" 6.4.6.1.3.6 ","Código","Banco","Descrição","Tipo",null,"Und","Quant.","Porcent.","Valor Unit","Total"]
["Composição"," 040338 ","SBC","CIMBRAMENTO METALICO","ESTRUTURA",null,"M3/M",1,null,22.52,22.52]
["Insumo"," 000862 ","SBC","TUBO METALICO EQUIPADO PARA CIMBRAMENTO (DIAMETRO DA SECAO 1 1/2 \")","Material",null,"M/MES",0.65200000000000002,null,25.73,16.77]
["Insumo"," 000872 ","SBC","GASTALHO PARA VIGAS DE ANCORAGEM (CIMBRAMENTO)","Material",null,"MES",0.48,null,3.35,1.6]
["Insumo"," 099450 ","SBC","AJUDANTE ESPECIALIZADO","Mão de Obra",null,"H",0.30099999999999999,null,13.79,4.1500000000000004]
[{"$nulls":4},"MO sem LS =>",4.1500000000000004,"LS =>",0,"MO com LS =>",4.1500000000000004]
[{"$nulls":4},"Valor do BDI =>",5.08,null,"Valor com BDI =>",null,27.6]
[{"$nulls":6},"Quant. =>",7.38,"Preço Total =>",203.68]
[]
[" 6.4.6.1.4 ",null,null,"CAIXA DE PASSAGEM",{"$nulls":6},3536.05]
[" 6.4.6.1.4.1 ","Código","Banco","Descrição","Tipo",null,"Und","Quant.","Porcent.","Valor Unit","Total"]
["Composição"," 1106135 ","SICRO3","Concreto fck = 25 MPa - confecção em central dosadora de 30 m³/h - areia extraída e brita produzida","",null,"m³",1,null,281.93,281.93]
["A","Código","Banco","Equipamentos","Quantidade","Utilização",null,"Custo Operacional",null,"Custo Horário"]
[{"$nulls":5},"Operativa","Improdutiva","Operativa","Improdutiva"]
["Insumo","E9584","SICRO3","Carregadeira de pneus com capacidade de 1,72 m³ - 113 kW",1,0.34,0.66,203.21250000000001,104.4208,138.01]
["Insumo","E9599","SICRO3","Central de concreto com capacidade de 30 m³/h - dosadora RS",1,1,0,79.077200000000005,64.673599999999993,79.077200000000005]
["Insumo","E9779","SICRO3","Grupo gerador - 113 kVA",1,1,0,101.1589,8.4064999999999994,101.1589]
[{"$nulls":5},"Custo Horário de Equipamentos =>",null,null,null,318.24610000000001]
["B","Código","Banco","Mão de Obra","Quantidade","Salário Hora",null,null,null,"Custo Horário"]
["Insumo","P9824","SICRO3","Servente",2,null,null,null,21.465699999999998,42.931399999999996]
[{"$nulls":5},"Custo Horário da Mão de Obra =>",null,null,null,42.931399999999996]
[{"$nulls":5},"Adc.M.O. - Ferramentas (0,0%) =>",null,null,null,0]
[{"$nulls":5},"Custo Horário de Execução =>",null,null,null,361.17750000000001]
[{"$nulls":5},"Fator de Influencia da Chuva - FIC =>",null,null,null,0]
[{"$nulls":5},"Custo do FIC =>",null,null,null,0]
[{"$nulls":5},"Produção de Equipe =>",null,null,null,24.9]
[{"$nulls":5},"Custo Unitário de Execução =>",null,null,null,14.505100000000001]
["C","Banco","Código","Material","Quantidade","Unidade","Preço Unitário",null,null,"Custo Horário"]
["Insumo","SICRO3","M0030","Aditivo plastificante e retardador de pega para concreto e argamassa",0.89256999999999997,"kg",6.5956999999999999,null,null,5.8871000000000002]
["Insumo","SICRO3","M0424","Cimento Portland CP II - 32 - saco",297.52373999999998,"kg",0.66949999999999998,null,null,199.19210000000001]
[{"$nulls":5},"Custo Total do Material =>",null,null,null,205.07919999999999]
["D","Banco","Código","Atividades Auxiliares","Quantidade","Unidade","Preço Unitário",null,null,"Custo Horário"]
["Atividade Auxiliar","SICRO3",4816012,"Brita produzida em central de britagem de 80 m³/h",0.73507999999999996,"m³",53.84,null,null,39.576700000000002]
["Atividade Auxiliar","SICRO3",4816020,"Areia extraída com draga de sucção tipo bomba",0.62465000000000004,"m³",11.74,null,null,7.3334000000000001]
[{"$nulls":5},"Custo Total das Atividades =>",null,null,null,46.9101]
["E","Banco","Insumo","Tempos Fixos","Código","Quantidade","Unidade","Preço Unitário",null,"Custo Horário"]
["Tempo Fixo","SICRO3",4816020,"Carga, manobra e descarga de agregados ou solos em caminhão basculante de 10 m³ - carga com carregadeira de 3,40 m³ edescarga livre",5915407,0.93698000000000004,"t",2.72,null,2.5486]
["Tempo Fixo","SICRO3",4816012,"Carga, manobra e descarga de agregados ou solos em caminhão basculante de 10 m³ - carga com carregadeira de 3,40 m³ edescarga livre",5915407,1.1026199999999999,"t",2.72,null,2.9990999999999999]
["Tempo Fixo","SICRO3","M0030","Carga, manobra e descarga de materiais diversos em caminhão carroceria de 15 t - carga e descarga manuais",5914655,8.8999999999999995E-4,"t",33.15,null,2.9499999999999998E-2]
["Tempo Fixo","SICRO3","M0424","Carga, manobra e descarga de materiais diversos em caminhão carroceria de 15 t - carga e descarga manuais",5914655,0.29752000000000001,"t",33.15,null,9.8628]
[{"$nulls":5},"Custo Total dos Tempos Fixos =>",null,null,null,15.44]
["F","Banco","Insumo","Momento de Transporte","Quantidade","Unidade","Distância Média de Transporte (DMT)",null,null,"Custo Horário"]
[{"$nulls":6},"LN","RP","P"]
["Momento de Transporte","SICRO3",4816020,"Areia extraída com draga de sucção tipo bomba - Caminhão basculante com capacidade de 10 m³ - 188 kW",0.93698000000000004,"tkm","5914359\n0,000\nR$ 1,19","5914374\n0,000\nR$ 0,95","5914389\n0,000\nR$ 0,79",0]
["Momento de Transporte","SICRO3",4816012,"Brita produzida em central de britagem de 80 m³/h - Caminhão basculante com capacidade de 10 m³ - 188 kW",1.1026199999999999,"tkm","5914359\n0,000\nR$ 1,19","5914374\n0,000\nR$ 0,95","5914389\n0,000\nR$ 0,79",0]
["Momento de Transporte","SICRO3","M0030","Aditivo plastificante e retardador de pega para concreto e argamassa - Caminhão carroceria com capacidade de 15 t - 188 kW",8.8999999999999995E-4,"tkm","5914449\n0,000\nR$ 1,08","5914464\n0,000\nR$ 0,86","5914479\n0,000\nR$ 0,71",0]
["Momento de Transporte","SICRO3","M0424","Cimento Portland CP II - 32 - saco - Caminhão carroceria com capacidade de 15 t - 188 kW",0.29752000000000001,"tkm","5914449\n0,000\nR$ 1,08","5914464\n0,000\nR$ 0,86","5914479\n0,000\nR$ 0,71",0]
[{"$nulls":5},"Custo total dos Momentos de Transportes =>",null,null,null,0]
[{"$nulls":4},"MO sem LS =>",9.2024484104417663,"LS =>",0,"MO com LS =>",9.2024484438461478]
[{"$nulls":4},"Valor do BDI =>",63.6,null,"Valor com BDI =>",null,345.53]
[{"$nulls":6},"Quant. =>",2.7,"Preço Total =>",932.93]
[]
[" 6.4.6.1.4.2 ","Código","Banco","Descrição","Tipo",null,"Und","Quant.","Porcent.","Valor Unit","Total"]
["Composição"," 5914539 ","SICRO3","Transporte com caminhão betoneira - rodovia em leito natural","",null,"tkm",1,null,0.98,0.98]
["A","Código","Banco","Equipamentos","Quantidade","Utilização",null,"Custo Operacional",null,"Custo Horário"]
[{"$nulls":5},"Operativa","Improdutiva","Operativa","Improdutiva"]
["Insumo","E9600","SICRO3","Caminhão betoneira com capacidade de 8 m³ - 188 kW",1,1,0,307.62630000000001,107.0881,307.62630000000001]
[{"$nulls":5},"Custo Horário de Equipamentos =>",null,null,null,307.62630000000001]
[{"$nulls":5},"Custo Horário de Execução =>",null,null,null,307.62630000000001]
[{"$nulls":5},"Fator de Influencia da Chuva - FIC =>",null,null,null,1.43E-2]
[{"$nulls":5},"Custo do FIC =>",null,null,null,1.38E-2]
[{"$nulls":5},"Produção de Equipe =>",null,null,null,318.72000000000003]
[{"$nulls":5},"Custo Unitário de Execução =>",null,null,null,0.96519999999999995]
[{"$nulls":4},"MO sem LS =>",0,"LS =>",0,"MO com LS =>",0]
[{"$nulls":4},"Valor do BDI =>",0.22,null,"Valor com BDI =>",null,1.2]
[{"$nulls":6},"Quant. =>",63.37,"Preço Total =>",76.040000000000006]
[]
[" 6.4.6.1.4.3 ","Código","Banco","Descrição","Tipo",null,"Und","Quant.","Porcent.","Valor Unit","Total"]
["Composição"," 1100657 ","SICRO3","Adensamento de concreto por vibrador de imersão","",null,"m³",1,null,3.32,3.32]
["A","Código","Banco","Equipamentos","Quantidade","Utilização",null,"Custo Operacional",null,"Custo Horário"]
[{"$nulls":5},"Operativa","Improdutiva","Operativa","Improdutiva"]
["Insumo","E9069","SICRO3","Vibrador de imersão para concreto - 4,10 kW",1,1,0,8.3879000000000001,0.7641,8.3879000000000001]
[{"$nulls":5},"Custo Horário de Equipamentos =>",null,null,null,8.3879000000000001]
["B","Código","Banco","Mão de Obra","Quantidade","Salário Hora",null,null,null,"Custo Horário"]
["Insumo","P9824","SICRO3","Servente",1,null,null,null,21.465699999999998,21.465699999999998]
[{"$nulls":5},"Custo Horário da Mão de Obra =>",null,null,null,21.465699999999998]
[{"$nulls":5},"Adc.M.O. - Ferramentas (0,0%) =>",null,null,null,0]
[{"$nulls":5},"Custo Horário de Execução =>",null,null,null,29.8536]
[{"$nulls":5},"Fator de Influencia da Chuva - FIC =>",null,null,null,0]
[{"$nulls":5},"Custo do FIC =>",null,null,null,0]
[{"$nulls":5},"Produção de Equipe =>",null,null,null,9]
[{"$nulls":5},"Custo Unitário de Execução =>",null,null,null,3.3170999999999999]
[{"$nulls":4},"MO sem LS =>",2.3850777777777776,"LS =>",0,"MO com LS =>",2.3850777777777776]
[{"$nulls":4},"Valor do BDI =>",0.74,null,"Valor com BDI =>",null,4.0599999999999996]
[{"$nulls":6},"Quant. =>",2.7,"Preço Total =>",10.96]
[]
[" 6.4.6.1.4.4 ","Código","Banco","Descrição","Tipo",null,"Und","Quant.","Porcent.","Valor Unit","Total"]
["Composição"," 0407819 ","SICRO3","Armação em aço CA-50 - fornecimento, preparo e colocação","",null,"kg",1,null,11.88,11.88]
["B","Código","Banco","Mão de Obra","Quantidade","Salário Hora",null,null,null,"Custo Horário"]
["Insumo","P9801","SICRO3","Ajudante",0.09,null,null,null,22.478899999999999,2.0230999999999999]
["Insumo","P9805","SICRO3","Armador",0.09,null,null,null,30.334199999999999,2.7301000000000002]
[{"$nulls":5},"Custo Horário da Mão de Obra =>",null,null,null,4.7531999999999996]
[{"$nulls":5},"Adc.M.O. - Ferramentas (0,0%) =>",null,null,null,0]
[{"$nulls":5},"Custo Horário de Execução =>",null,null,null,4.7531999999999996]
[{"$nulls":5},"Fator de Influencia da Chuva - FIC =>",null,null,null,0]
[{"$nulls":5},"Custo do FIC =>",null,null,null,0]
[{"$nulls":5},"Produção de Equipe =>",null,null,null,1]
[{"$nulls":5},"Custo Unitário de Execução =>",null,null,null,4.7531999999999996]
["C","Banco","Código","Material","Quantidade","Unidade","Preço Unitário",null,null,"Custo Horário"]
["Insumo","SICRO3","M0004","Aço CA 50",1.1000000000000001,"kg",6.2881,null,null,6.9169]
["Insumo","SICRO3","M0075","Arame liso recozido em aço-carbono - D = 1,24 mm (18 BWG)",1.4999999999999999E-2,"kg",11.658799999999999,null,null,0.1749]
[{"$nulls":5},"Custo Total do Material =>",null,null,null,7.0918000000000001]
["E","Banco","Insumo","Tempos Fixos","Código","Quantidade","Unidade","Preço Unitário",null,"Custo Horário"]
["Tempo Fixo","SICRO3","M0004","Carga, manobra e descarga de materiais diversos em caminhão carroceria de 15 t - carga e descarga manuais",5914655,1.1000000000000001E-3,"t",33.15,null,3.6499999999999998E-2]
["Tempo Fixo","SICRO3","M0075","Carga, manobra e descarga de materiais diversos em caminhão carroceria de 15 t - carga e descarga manuais",5914655,2.0000000000000002E-5,"t",33.15,null,6.9999999999999999E-4]
[{"$nulls":5},"Custo Total dos Tempos Fixos =>",null,null,null,3.7199999999999997E-2]
["F","Banco","Insumo","Momento de Transporte","Quantidade","Unidade","Distância Média de Transporte (DMT)",null,null,"Custo Horário"]
[{"$nulls":6},"LN","RP","P"]
["Momento de Transporte","SICRO3","M0004","Aço CA 50 - Caminhão carroceria com capacidade de 15 t - 188 kW",1.1000000000000001E-3,"tkm","5914449\n0,000\nR$ 1,08","5914464\n0,000\nR$ 0,86","5914479\n0,000\nR$ 0,71",0]
["Momento de Transporte","SICRO3","M0075","Arame liso recozido em aço-carbono - D = 1,24 mm (18 BWG) - Caminhão carroceria com capacidade de 15 t - 188 kW",2.0000000000000002E-5,"tkm","5914449\n0,000\nR$ 1,08","5914464\n0,000\nR$ 0,86","5914479\n0,000\nR$ 0,71",0]
[{"$nulls":5},"Custo total dos Momentos de Transportes =>",null,null,null,0]
[{"$nulls":4},"MO sem LS =>",4.765362235135135,"LS =>",0,"MO com LS =>",4.765362235135135]
[{"$nulls":4},"Valor do BDI =>",2.68,null,"Valor com BDI =>",null,14.56]
[{"$nulls":6},"Quant. =>",8.1999999999999993,"Preço Total =>",119.39]
[]
[" 6.4.6.1.4.5 ","Código","Banco","Descrição","Tipo",null,"Und","Quant.","Porcent.","Valor Unit","Total"]
["Composição"," 3107997 ","SICRO3","Fôrmas de compensado resinado 10 mm - uso geral - utilização de 3 vezes - confecção, instalação e retirada","",null,"m²",1,null,81.96,81.96]
["A","Código","Banco","Equipamentos","Quantidade","Utilização",null,"Custo Operacional",null,"Custo Horário"]
[{"$nulls":5},"Operativa","Improdutiva","Operativa","Improdutiva"]
["Insumo","E9066","SICRO3","Grupo gerador - 14 kVA",4.0160000000000001E-2,1,0,17.8385,4.6101000000000001,0.71640000000000004]
["Insumo","E9535","SICRO3","Serra circular com bancada - D = 30 cm - 4 kW",4.0160000000000001E-2,1,0,31.252500000000001,30.8993,1.2551000000000001]
[{"$nulls":5},"Custo Horário de Equipamentos =>",null,null,null,1.9715]
["B","Código","Banco","Mão de Obra","Quantidade","Salário Hora",null,null,null,"Custo Horário"]
["Insumo","P9801","SICRO3","Ajudante",0.7,null,null,null,22.478899999999999,15.735200000000001]
["Insumo","P9808","SICRO3","Carpinteiro",0.7,null,null,null,30.3432,21.240200000000002]
[{"$nulls":5},"Custo Horário da Mão de Obra =>",null,null,null,36.9754]
[{"$nulls":5},"Adc.M.O. - Ferramentas (0,0%) =>",null,null,null,0]
[{"$nulls":5},"Custo Horário de Execução =>",null,null,null,38.946899999999999]
[{"$nulls":5},"Fator de Influencia da Chuva - FIC =>",null,null,null,0]
[{"$nulls":5},"Custo do FIC =>",null,null,null,0]
[{"$nulls":5},"Produção de Equipe =>",null,null,null,1]
[{"$nulls":5},"Custo Unitário de Execução =>",null,null,null,38.946899999999999]
["C","Banco","Código","Material","Quantidade","Unidade","Preço Unitário",null,null,"Custo Horário"]
["Insumo","SICRO3","M0284","Caibro de pinho - L = 7,5 cm e E = 7,5 cm",0.44922000000000001,"m",16.706299999999999,null,null,7.5048000000000004]
["Insumo","SICRO3","M0446","Compensado resinado - E = 10 mm",0.40429999999999999,"m²",33.758899999999997,null,null,13.6487]
["Insumo","SICRO3","M0560","Desmoldante para fôrmas de madeira",1.8519999999999998E-2,"l",12.788600000000001,null,null,0.23680000000000001]
["Insumo","SICRO3","M0310","Peça de madeira - L = 7,5 cm e E = 2,5 cm",0.19908000000000001,"m",5.2,null,null,1.0351999999999999]
["Insumo","SICRO3","M1205","Prego de ferro",0.20394999999999999,"kg",15.58,null,null,3.1775000000000002]
["Insumo","SICRO3","M0290","Tábua - E = 2,5 cm e L = 10 cm",2.0900300000000001,"m",5.0838000000000001,null,null,10.625299999999999]
["Insumo","SICRO3","M0286","Tábua - E = 2,5 cm e L = 30 cm",0.35937999999999998,"m",17.498100000000001,null,null,6.2885]
[{"$nulls":5},"Custo Total do Material =>",null,null,null,42.516800000000003]
["E","Banco","Insumo","Tempos Fixos","Código","Quantidade","Unidade","Preço Unitário",null,"Custo Horário"]
["Tempo Fixo","SICRO3","M0284","Carga, manobra e descarga de materiais diversos em caminhão carroceria de 15 t - carga e descarga manuais",5914655,2.5300000000000001E-3,"t",33.15,null,8.3900000000000002E-2]
["Tempo Fixo","SICRO3","M0446","Carga, manobra e descarga de materiais diversos em caminhão carroceria de 15 t - carga e descarga manuais",5914655,4.0400000000000002E-3,"t",33.15,null,0.13389999999999999]
["Tempo Fixo","SICRO3","M0560","Carga, manobra e descarga de materiais diversos em caminhão carroceria de 15 t - carga e descarga manuais",5914655,2.0000000000000002E-5,"t",33.15,null,6.9999999999999999E-4]
["Tempo Fixo","SICRO3","M0310","Carga, manobra e descarga de materiais diversos em caminhão carroceria de 15 t - carga e descarga manuais",5914655,3.6999999999999999E-4,"t",33.15,null,1.23E-2]
["Tempo Fixo","SICRO3","M1205","Carga, manobra e descarga de materiais diversos em caminhão carroceria de 15 t - carga e descarga manuais",5914655,2.0000000000000001E-4,"t",33.15,null,6.6E-3]
["Tempo Fixo","SICRO3","M0290","Carga, manobra e descarga de materiais diversos em caminhão carroceria de 15 t - carga e descarga manuais",5914655,5.2300000000000003E-3,"t",33.15,null,0.1734]
["Tempo Fixo","SICRO3","M0286","Carga, manobra e descarga de materiais diversos em caminhão carroceria de 15 t - carga e descarga manuais",5914655,2.7000000000000001E-3,"t",33.15,null,8.9499999999999996E-2]
[{"$nulls":5},"Custo Total dos Tempos Fixos =>",null,null,null,0.50029999999999997]
["F","Banco","Insumo","Momento de Transporte","Quantidade","Unidade","Distância Média de Transporte (DMT)",null,null,"Custo Horário"]
[{"$nulls":6},"LN","RP","P"]
["Momento de Transporte","SICRO3","M0284","Caibro de pinho - L = 7,5 cm e E = 7,5 cm - Caminhão carroceria com capacidade de 15 t - 188 kW",2.5300000000000001E-3,"tkm","5914449\n0,000\nR$ 1,08","5914464\n0,000\nR$ 0,86","5914479\n0,000\nR$ 0,71",0]
["Momento de Transporte","SICRO3","M0446","Compensado resinado - E = 10 mm - Caminhão carroceria com capacidade de 15 t - 188 kW",4.0400000000000002E-3,"tkm","5914449\n0,000\nR$ 1,08","5914464\n0,000\nR$ 0,86","5914479\n0,000\nR$ 0,71",0]
["Momento de Transporte","SICRO3","M0560","Desmoldante para fôrmas de madeira - Caminhão carroceria com capacidade de 15 t - 188 kW",2.0000000000000002E-5,"tkm","5914449\n0,000\nR$ 1,08","5914464\n0,000\nR$ 0,86","5914479\n0,000\nR$ 0,71",0]
["Momento de Transporte","SICRO3","M0310","Peça de madeira - L = 7,5 cm e E = 2,5 cm - Caminhão carroceria com capacidade de 15 t - 188 kW",3.6999999999999999E-4,"tkm","5914449\n0,000\nR$ 1,08","5914464\n0,000\nR$ 0,86","5914479\n0,000\nR$ 0,71",0]
["Momento de Transporte","SICRO3","M1205","Prego de ferro - Caminhão carroceria com capacidade de 15 t - 188 kW",2.0000000000000001E-4,"tkm","5914449\n0,000\nR$ 1,08","5914464\n0,000\nR$ 0,86","5914479\n0,000\nR$ 0,71",0]
["Momento de Transporte","SICRO3","M0290","Tábua - E = 2,5 cm e L = 10 cm - Caminhão carroceria com capacidade de 15 t - 188 kW",5.2300000000000003E-3,"tkm","5914449\n0,000\nR$ 1,08","5914464\n0,000\nR$ 0,86","5914479\n0,000\nR$ 0,71",0]
["Momento de Transporte","SICRO3","M0286","Tábua - E = 2,5 cm e L = 30 cm - Caminhão carroceria com capacidade de 15 t - 188 kW",2.7000000000000001E-3,"tkm","5914449\n0,000\nR$ 1,08","5914464\n0,000\nR$ 0,86","5914479\n0,000\nR$ 0,71",0]
[{"$nulls":5},"Custo total dos Momentos de Transportes =>",null,null,null,0]
[{"$nulls":4},"MO sem LS =>",37.139617337668916,"LS =>",0,"MO com LS =>",37.139617337668916]
[{"$nulls":4},"Valor do BDI =>",18.489999999999998,null,"Valor com BDI =>",null,100.45]
[{"$nulls":6},"Quant. =>",23.86,"Preço Total =>",2396.73]
[]
[" 7 ",null,null,"SISTEMA DE DRENAGEM DO SISTEMA ADUTOR",{"$nulls":6},24573414.710000001]
[" 7.1 ",null,null,"DRENAGEM LONGITUDINAL",{"$nulls":6},7549355.8700000001]
[" 7.1.1 ",null,null,"DRENOS SEM PROTEÇÃO",{"$nulls":6},7549355.8700000001]
[" 7.1.1.1 ","Código","Banco","Descrição","Tipo",null,"Und","Quant.","Porcent.","Valor Unit","Total"]
["Composição"," 5502109 ","SICRO3","ESCAVAÇÃO, CARGA E TRANSPORTE DE MATERIAL DE 1ª CATEGORIA - DMT DE 50 A 200 M - CAMINHO DE SERVIÇO EM LEITO NATURAL - COMESCAVADEIRA E CAMINHÃO BASCULANTE DE 14 M³","",null,"m³",1,null,5.73,5.73]
["A","Código","Banco","Equipamentos","Quantidade","Utilização",null,"Custo Operacional",null,"Custo Horário"]
[{"$nulls":5},"Operativa","Improdutiva","Operativa","Improdutiva"]
["Insumo","E9667","SICRO3","Caminhão basculante com capacidade de 14 m³ - 188 kW",4,0.76,0.24,297.32,90.567700000000002,990.79780000000005]
["Insumo","E9515","SICRO3","Escavadeira hidráulica sobre esteiras com caçamba com capacidade de 1,56 m³ - 118 kW",1,1,0,287.9393,133.5633,287.9393]
[{"$nulls":5},"Custo Horário de Equipamentos =>",null,null,null,1278.7371000000001]
["B","Código","Banco","Mão de Obra","Quantidade","Salário Hora",null,null,null,"Custo Horário"]
["Insumo","P9824","SICRO3","Servente",1,null,null,null,21.465699999999998,21.465699999999998]
[{"$nulls":5},"Custo Horário da Mão de Obra =>",null,null,null,21.465699999999998]
[{"$nulls":5},"Adc.M.O. - Ferramentas (0,0%) =>",null,null,null,0]
[{"$nulls":5},"Custo Horário de Execução =>",null,null,null,1300.2028]
[{"$nulls":5},"Fator de Influencia da Chuva - FIC =>",null,null,null,1.43E-2]
[{"$nulls":5},"Custo do FIC =>",null,null,null,8.0500000000000002E-2]
[{"$nulls":5},"Produção de Equipe =>",null,null,null,230.19]
[{"$nulls":5},"Custo Unitário de Execução =>",null,null,null,5.6483999999999996]
[{"$nulls":4},"MO sem LS =>",9.3252096094530598E-2,"LS =>",0,"MO com LS =>",9.3252096094530598E-2]
[{"$nulls":4},"Valor do BDI =>",1.29,null,"Valor com BDI =>",null,7.02]
[{"$nulls":6},"Quant. =>",262341.37,"Preço Total =>",1841636.41]
[]
[" 7.1.1.2 ","Código","Banco","Descrição","Tipo",null,"Und","Quant.","Porcent.","Valor Unit","Total"]
["Composição"," 5502585 ","SICRO3","ESCAVAÇÃO, CARGA E TRANSPORTE DE MATERIAL DE 2ª CATEGORIA - DMT DE 50 A 200 M - CAMINHO DE SERVIÇO EM LEITO NATURAL - COMESCAVADEIRA E CAMINHÃO BASCULANTE DE 14 M³","",null,"m³",1,null,8.0399999999999991,8.0399999999999991]
["A","Código","Banco","Equipamentos","Quantidade","Utilização",null,"Custo Operacional",null,"Custo Horário"]
[{"$nulls":5},"Operativa","Improdutiva","Operativa","Improdutiva"]
["Insumo","E9667","SICRO3","Caminhão basculante com capacidade de 14 m³ - 188 kW",3,0.76,0.24,297.32,90.567700000000002,743.09829999999999]
["Insumo","E9515","SICRO3","Escavadeira hidráulica sobre esteiras com caçamba com capacidade de 1,56 m³ - 118 kW",1,1,0,287.9393,133.5633,287.9393]
[{"$nulls":5},"Custo Horário de Equipamentos =>",null,null,null,1031.0376000000001]
["B","Código","Banco","Mão de Obra","Quantidade","Salário Hora",null,null,null,"Custo Horário"]
["Insumo","P9824","SICRO3","Servente",1,null,null,null,21.465699999999998,21.465699999999998]
[{"$nulls":5},"Custo Horário da Mão de Obra =>",null,null,null,21.465699999999998]
[{"$nulls":5},"Adc.M.O. - Ferramentas (0,0%) =>",null,null,null,0]
[{"$nulls":5},"Custo Horário de Execução =>",null,null,null,1052.5033000000001]
[{"$nulls":5},"Fator de Influencia da Chuva - FIC =>",null,null,null,4.7999999999999996E-3]
[{"$nulls":5},"Custo do FIC =>",null,null,null,3.7999999999999999E-2]
[{"$nulls":5},"Produção de Equipe =>",null,null,null,131.61000000000001]
[{"$nulls":5},"Custo Unitário de Execução =>",null,null,null,7.9970999999999997]
[{"$nulls":4},"MO sem LS =>",0.16310082820454372,"LS =>",0,"MO com LS =>",0.16310082820454372]
[{"$nulls":4},"Valor do BDI =>",1.81,null,"Valor com BDI =>",null,9.85]
[{"$nulls":6},"Quant. =>",13630.4,"Preço Total =>",134259.44]
[]
[" 7.1.1.3 ","Código","Banco","Descrição","Tipo",null,"Und","Quant.","Porcent.","Valor Unit","Total"]
["Composição"," 5502742 ","SICRO3","ESCAVAÇÃO, CARGA E TRANSPORTE DE MATERIAL DE 3ª CATEGORIA - DMT DE 50 A 200 M - CAMINHO DE SERVIÇO EM LEITO NATURAL COMCAMINHÃO BASCULANTE DE 12 M³","",null,"m³",1,null,40.99,40.99]
["A","Código","Banco","Equipamentos","Quantidade","Utilização",null,"Custo Operacional",null,"Custo Horário"]
[{"$nulls":5},"Operativa","Improdutiva","Operativa","Improdutiva"]
["Insumo","E9672","SICRO3","Caminhão basculante para rocha com capacidade de 12 m³ - 188 kW",2,0.89,0.11,309.83929999999998,108.2497,575.32889999999998]
["Insumo","E9117","SICRO3","Carregadeira de pneus para rocha com capacidade de 2,50 m³ - 105 kW",1,0.78,0.22,359.73469999999998,157.4614,315.2346]
["Insumo","E9646","SICRO3","Compressor de ar portátil de 58,52 l/s (124 PCM) - 27 kW",1,1,0,43.116199999999999,10.8597,43.116199999999999]
["Insumo","E9527","SICRO3","Martelete perfurador/rompedor a ar comprimido de 25 kg para rocha com capacidade de",1,1,0,35.0152,32.827100000000002,35.0152]
["Insumo","E9574","SICRO3","Perfuratriz sobre esteiras - 145 kW",1,1,0,406.70780000000002,181.6712,406.70780000000002]
["Insumo","E9540","SICRO3","Trator sobre esteiras com lâmina - 127 kW",1,0.38,0.62,322.01350000000002,134.76900000000001,205.92189999999999]
[{"$nulls":5},"Custo Horário de Equipamentos =>",null,null,null,1581.3245999999999]
["B","Código","Banco","Mão de Obra","Quantidade","Salário Hora",null,null,null,"Custo Horário"]
["Insumo","P9892","SICRO3","Auxiliar de blaster",2,null,null,null,34.436,68.872]
["Insumo","P9852","SICRO3","Blaster",1,null,null,null,38.045200000000001,38.045200000000001]
[{"$nulls":5},"Custo Horário da Mão de Obra =>",null,null,null,106.91719999999999]
[{"$nulls":5},"Adc.M.O. - Ferramentas (0,0%) =>",null,null,null,0]
[{"$nulls":5},"Custo Horário de Execução =>",null,null,null,1688.2418]
[{"$nulls":5},"Fator de Influencia da Chuva - FIC =>",null,null,null,2.3999999999999998E-3]
[{"$nulls":5},"Custo do FIC =>",null,null,null,6.1699999999999998E-2]
[{"$nulls":5},"Produção de Equipe =>",null,null,null,64.84]
[{"$nulls":5},"Custo Unitário de Execução =>",null,null,null,26.036999999999999]
["C","Banco","Código","Material","Quantidade","Unidade","Preço Unitário",null,null,"Custo Horário"]
["Insumo","SICRO3","M2062","Coroa de botões esféricos linha T38 - D = 64 mm (2 1/2”)",3.4000000000000002E-4,"un",721.71960000000001,null,null,0.24540000000000001]
["Insumo","SICRO3","M2042","Emulsão explosiva encartuchada",0.56232000000000004,"kg",13.049300000000001,null,null,7.3379000000000003]
["Insumo","SICRO3","M2065","Haste linha T38 para perfuratriz sobre esteiras - D = 38,0 mm (1 1/2”) e C = 3,05 m",1.6000000000000001E-4,"un",2083.3042,null,null,0.33329999999999999]
["Insumo","SICRO3","M2066","Luva em aço linha T38 para perfuratriz sobre esteiras - D = 38,0 mm (1 1/2”)",2.5000000000000001E-4,"un",354.3057,null,null,8.8599999999999998E-2]
["Insumo","SICRO3","M2144","Nonel de coluna - C = 6,0 m",0.04,"un",14.9855,null,null,0.59940000000000004]
["Insumo","SICRO3","M2141","Nonel de iniciação para fogacho - C = 6,0 m",0.15714,"un",14.9138,null,null,2.3435999999999999]
["Insumo","SICRO3","M2143","Nonel de ligação - C = 6,0 m",1.5709999999999998E-2,"un",17.517800000000001,null,null,0.2752]
["Insumo","SICRO3","M2146","Nonel iniciador - C = 150,0 m",1.4300000000000001E-3,"un",207.2826,null,null,0.2964]
["Insumo","SICRO3","M2067","Punho linha T38 para perfuratriz sobre esteiras - D = 38 mm (1 1/2”)",1.2999999999999999E-4,"un",1000.3667,null,null,0.13]
["Insumo","SICRO3","M2145","Série de brocas integrais S12",3.3300000000000001E-3,"un",973.28599999999994,null,null,3.2410000000000001]
[{"$nulls":5},"Custo Total do Material =>",null,null,null,14.8908]
[{"$nulls":4},"MO sem LS =>",1.6489389265885257,"LS =>",0,"MO com LS =>",1.6489389265885257]
[{"$nulls":4},"Valor do BDI =>",9.24,null,"Valor com BDI =>",null,50.23]
[{"$nulls":6},"Quant. =>",110958.79,"Preço Total =>",5573460.0199999996]
[]
[" 7.2 ",null,null,"DRENAGEM TRANSVERSAL",{"$nulls":6},14873520.869999999]
[" 7.2.1 ","Código","Banco","Descrição","Tipo",null,"Und","Quant.","Porcent.","Valor Unit","Total"]
["Composição"," 5502116 ","SICRO3","Escavação, carga e transporte de material de 1ª categoria - DMT de 1.400 a 1.600 m - caminho de serviço em leito natural - com escavadeira e caminhão basculante de 14 m³","",null,"m³",1,null,8.6199999999999992,8.6199999999999992]
["A","Código","Banco","Equipamentos","Quantidade","Utilização",null,"Custo Operacional",null,"Custo Horário"]
[{"$nulls":5},"Operativa","Improdutiva","Operativa","Improdutiva"]
["Insumo","E9667","SICRO3","Caminhão basculante com capacidade de 14 m³ - 188 kW",6,0.89,0.11,297.32,90.567700000000002,1647.4635000000001]
["Insumo","E9515","SICRO3","Escavadeira hidráulica sobre esteiras com caçamba com capacidade de 1,56 m³ - 118 kW",1,1,0,287.9393,133.5633,287.9393]
[{"$nulls":5},"Custo Horário de Equipamentos =>",null,null,null,1935.4028000000001]
["B","Código","Banco","Mão de Obra","Quantidade","Salário Hora",null,null,null,"Custo Horário"]
["Insumo","P9824","SICRO3","Servente",1,null,null,null,21.465699999999998,21.465699999999998]
[{"$nulls":5},"Custo Horário da Mão de Obra =>",null,null,null,21.465699999999998]
[{"$nulls":5},"Adc.M.O. - Ferramentas (0,0%) =>",null,null,null,0]
[{"$nulls":5},"Custo Horário de Execução =>",null,null,null,1956.8685]
[{"$nulls":5},"Fator de Influencia da Chuva - FIC =>",null,null,null,1.43E-2]
[{"$nulls":5},"Custo do FIC =>",null,null,null,0.1211]
[{"$nulls":5},"Produção de Equipe =>",null,null,null,230.19]
[{"$nulls":5},"Custo Unitário de Execução =>",null,null,null,8.5010999999999992]
[{"$nulls":4},"MO sem LS =>",9.3252096094530598E-2,"LS =>",0,"MO com LS =>",9.3252096094530598E-2]
[{"$nulls":4},"Valor do BDI =>",1.94,null,"Valor com BDI =>",null,10.56]
[{"$nulls":6},"Quant. =>",142967,"Preço Total =>",1509731.52]
[]
[" 7.2.2 ","Código","Banco","Descrição","Tipo",null,"Und","Quant.","Porcent.","Valor Unit","Total"]
["Composição"," 5502744 ","SICRO3","Escavação, carga e transporte de material de 3ª categoria - DMT de 400 a 600 m - caminho de serviço em leito natural com caminhão basculante de 12 m³","",null,"m³",1,null,44.03,44.03]
["A","Código","Banco","Equipamentos","Quantidade","Utilização",null,"Custo Operacional",null,"Custo Horário"]
[{"$nulls":5},"Operativa","Improdutiva","Operativa","Improdutiva"]
["Insumo","E9672","SICRO3","Caminhão basculante para rocha com capacidade de 12 m³ - 188 kW",3,0.74,0.26,309.83929999999998,108.2497,772.27800000000002]
["Insumo","E9117","SICRO3","Carregadeira de pneus para rocha com capacidade de 2,50 m³ - 105 kW",1,0.78,0.22,359.73469999999998,157.4614,315.2346]
["Insumo","E9646","SICRO3","Compressor de ar portátil de 58,52 l/s (124 PCM) - 27 kW",1,1,0,43.116199999999999,10.8597,43.116199999999999]
["Insumo","E9527","SICRO3","Martelete perfurador/rompedor a ar comprimido de 25 kg para rocha com capacidade de",1,1,0,35.0152,32.827100000000002,35.0152]
["Insumo","E9574","SICRO3","Perfuratriz sobre esteiras - 145 kW",1,1,0,406.70780000000002,181.6712,406.70780000000002]
["Insumo","E9540","SICRO3","Trator sobre esteiras com lâmina - 127 kW",1,0.38,0.62,322.01350000000002,134.76900000000001,205.92189999999999]
[{"$nulls":5},"Custo Horário de Equipamentos =>",null,null,null,1778.2737]
["B","Código","Banco","Mão de Obra","Quantidade","Salário Hora",null,null,null,"Custo Horário"]
["Insumo","P9892","SICRO3","Auxiliar de blaster",2,null,null,null,34.436,68.872]
["Insumo","P9852","SICRO3","Blaster",1,null,null,null,38.045200000000001,38.045200000000001]
[{"$nulls":5},"Custo Horário da Mão de Obra =>",null,null,null,106.91719999999999]
[{"$nulls":5},"Adc.M.O. - Ferramentas (0,0%) =>",null,null,null,0]
[{"$nulls":5},"Custo Horário de Execução =>",null,null,null,1885.1909000000001]
[{"$nulls":5},"Fator de Influencia da Chuva - FIC =>",null,null,null,2.3999999999999998E-3]
[{"$nulls":5},"Custo do FIC =>",null,null,null,6.8900000000000003E-2]
[{"$nulls":5},"Produção de Equipe =>",null,null,null,64.84]
[{"$nulls":5},"Custo Unitário de Execução =>",null,null,null,29.0745]
["C","Banco","Código","Material","Quantidade","Unidade","Preço Unitário",null,null,"Custo Horário"]
["Insumo","SICRO3","M2062","Coroa de botões esféricos linha T38 - D = 64 mm (2 1/2”)",3.4000000000000002E-4,"un",721.71960000000001,null,null,0.24540000000000001]
["Insumo","SICRO3","M2042","Emulsão explosiva encartuchada",0.56232000000000004,"kg",13.049300000000001,null,null,7.3379000000000003]
["Insumo","SICRO3","M2065","Haste linha T38 para perfuratriz sobre esteiras - D = 38,0 mm (1 1/2”) e C = 3,05 m",1.6000000000000001E-4,"un",2083.3042,null,null,0.33329999999999999]
["Insumo","SICRO3","M2066","Luva em aço linha T38 para perfuratriz sobre esteiras - D = 38,0 mm (1 1/2”)",2.5000000000000001E-4,"un",354.3057,null,null,8.8599999999999998E-2]
["Insumo","SICRO3","M2144","Nonel de coluna - C = 6,0 m",0.04,"un",14.9855,null,null,0.59940000000000004]
["Insumo","SICRO3","M2141","Nonel de iniciação para fogacho - C = 6,0 m",0.15714,"un",14.9138,null,null,2.3435999999999999]
["Insumo","SICRO3","M2143","Nonel de ligação - C = 6,0 m",1.5709999999999998E-2,"un",17.517800000000001,null,null,0.2752]
["Insumo","SICRO3","M2146","Nonel iniciador - C = 150,0 m",1.4300000000000001E-3,"un",207.2826,null,null,0.2964]
["Insumo","SICRO3","M2067","Punho linha T38 para perfuratriz sobre esteiras - D = 38 mm (1 1/2”)",1.2999999999999999E-4,"un",1000.3667,null,null,0.13]
["Insumo","SICRO3","M2145","Série de brocas integrais S12",3.3300000000000001E-3,"un",973.28599999999994,null,null,3.2410000000000001]
[{"$nulls":5},"Custo Total do Material =>",null,null,null,14.8908]
[{"$nulls":4},"MO sem LS =>",1.6489389265885257,"LS =>",0,"MO com LS =>",1.6489389265885257]
[{"$nulls":4},"Valor do BDI =>",9.93,null,"Valor com BDI =>",null,53.96]
[{"$nulls":6},"Quant. =>",184628,"Preço Total =>",9962526.8800000008]
[]
[" 7.2.5 ","Código","Banco","Descrição","Tipo",null,"Und","Quant.","Porcent.","Valor Unit","Total"]
["Composição"," 5914657 ","SICRO3","CARGA, MANOBRA E DESCARGA DE BLOCOS DE ROCHA EM CAMINHÃO BASCULANTE DE 8 M³ - CARGA COM RETROESCAVADEIRA DE 0,29 M³ E DESCARGA LIVRE.","",null,"t",1,null,17.600000000000001,17.600000000000001]
["A","Código","Banco","Equipamentos","Quantidade","Utilização",null,"Custo Operacional",null,"Custo Horário"]
[{"$nulls":5},"Operativa","Improdutiva","Operativa","Improdutiva"]
["Insumo","E9604","SICRO3","Caminhão basculante para rocha com capacidade de 8 m³ - 210 kW",2,0.56999999999999995,0.43,297.14830000000001,90.430499999999995,416.51929999999999]
["Insumo","E9526","SICRO3","Retroescavadeira de pneus - capacidade da caçamba da pá-carregadeira de 0,76 m³ e da",1,1,0,151.10929999999999,79.652699999999996,151.10929999999999]
[{"$nulls":5},"Custo Horário de Equipamentos =>",null,null,null,567.62860000000001]
[{"$nulls":5},"Custo Horário de Execução =>",null,null,null,567.62860000000001]
[{"$nulls":5},"Fator de Influencia da Chuva - FIC =>",null,null,null,0]
[{"$nulls":5},"Custo do FIC =>",null,null,null,0]
[{"$nulls":5},"Produção de Equipe =>",null,null,null,32.26]
[{"$nulls":5},"Custo Unitário de Execução =>",null,null,null,17.595400000000001]
[{"$nulls":4},"MO sem LS =>",0,"LS =>",0,"MO com LS =>",0]
[{"$nulls":4},"Valor do BDI =>",3.97,null,"Valor com BDI =>",null,21.57]
[{"$nulls":6},"Quant. =>",6985.2845688999996,"Preço Total =>",150672.57999999999]
[]
[" 7.2.6 ","Código","Banco","Descrição","Tipo",null,"Und","Quant.","Porcent.","Valor Unit","Total"]
["Composição"," 5914346 ","SICRO3","TRANSPORTE DE MATERIAL DE 3ª CATEGORIA COM CAMINHÃO BASCULANTE DE 8 M³ PARA ROCHA - RODOVIA EM LEITO NATURAL","",null,"tkm",1,null,1.68,1.68]
["A","Código","Banco","Equipamentos","Quantidade","Utilização",null,"Custo Operacional",null,"Custo Horário"]
[{"$nulls":5},"Operativa","Improdutiva","Operativa","Improdutiva"]
["Insumo","E9604","SICRO3","Caminhão basculante para rocha com capacidade de 8 m³ - 210 kW",1,1,0,297.14830000000001,90.430499999999995,297.14830000000001]
[{"$nulls":5},"Custo Horário de Equipamentos =>",null,null,null,297.14830000000001]
[{"$nulls":5},"Custo Horário de Execução =>",null,null,null,297.14830000000001]
[{"$nulls":5},"Fator de Influencia da Chuva - FIC =>",null,null,null,1.43E-2]
[{"$nulls":5},"Custo do FIC =>",null,null,null,2.3599999999999999E-2]
[{"$nulls":5},"Produção de Equipe =>",null,null,null,179.28]
[{"$nulls":5},"Custo Unitário de Execução =>",null,null,null,1.6575]
[{"$nulls":4},"MO sem LS =>",0,"LS =>",0,"MO com LS =>",0]
[{"$nulls":4},"Valor do BDI =>",0.37,null,"Valor com BDI =>",null,2.0499999999999998]
[{"$nulls":6},"Quant. =>",6985.2845688999996,"Preço Total =>",14319.83]
[]
[" 7.2.7 ","Código","Banco","Descrição","Tipo",null,"Und","Quant.","Porcent.","Valor Unit","Total"]
["Composição"," COMP-0022 ","Próprio","RACHÃO OU PEDRA DE MÃO PRODUZIDA.","URBA - URBANIZAÇÃO",null,"m³",1,null,20.05,20.05]
["A","Código","Banco","Equipamentos","Quantidade","Utilização",null,"Custo Operacional",null,"Custo Horário"]
[{"$nulls":5},"Operativa","Improdutiva","Operativa","Improdutiva"]
["Insumo","E9117","SICRO3","Carregadeira de pneus para rocha com capacidade de 2,50 m³ - 105 kW",1,0.46,0.54,359.73469999999998,157.4614,250.50710000000001]
["Insumo","E9607","SICRO3","Conjunto de britagem para rachão com capacidade de 80 m³/h - 224 kW",1,1,0,309.53269999999998,212.47219999999999,309.53269999999998]
["Insumo","E9021","SICRO3","Grupo gerador - 456 kVA",1,1,0,393.66199999999998,23.234100000000002,393.66199999999998]
[{"$nulls":5},"Custo Horário de Equipamentos =>",null,null,null,953.70180000000005]
[{"$nulls":5},"Custo Horário de Execução =>",null,null,null,953.70180000000005]
[{"$nulls":5},"Fator de Influencia da Chuva - FIC =>",null,null,null,0]
[{"$nulls":5},"Custo do FIC =>",null,null,null,0]
[{"$nulls":5},"Produção de Equipe =>",null,null,null,66.400000000000006]
[{"$nulls":5},"Custo Unitário de Execução =>",null,null,null,14.363]
["C","Banco","Código","Material","Quantidade","Unidade","Preço Unitário",null,null,"Custo Horário"]
["Insumo","SICRO3","M2111","Mandíbula fixa para britador - abertura de alimentação com L = 930 mm",6.0000000000000002E-5,"un",32034.5798,null,null,1.9220999999999999]
["Insumo","SICRO3","M2110","Mandíbula móvel para britador - abertura de alimentação com L = 930 mm",4.0000000000000003E-5,"un",24230.054,null,null,0.96919999999999995]
[{"$nulls":5},"Custo Total do Material =>",null,null,null,2.8913000000000002]
["D","Banco","Código","Atividades Auxiliares","Quantidade","Unidade","Preço Unitário",null,null,"Custo Horário"]
["Atividade Auxiliar","SINAPI",88316,"SERVENTE COM ENCARGOS COMPLEMENTARES",0.1204819,"H",23.23,null,null,2.7988]
[{"$nulls":5},"Custo Total das Atividades =>",null,null,null,2.7988]
[{"$nulls":4},"MO sem LS =>",1.7530116,"LS =>",0,"MO com LS =>",1.753011645]
[{"$nulls":4},"Valor do BDI =>",4.5199999999999996,null,"Valor com BDI =>",null,24.57]
[{"$nulls":6},"Quant. =>",4659.6514800000004,"Preço Total =>",114487.63]
[]
[" 7.2.8 ","Código","Banco","Descrição","Tipo",null,"Und","Quant.","Porcent.","Valor Unit","Total"]
["Composição"," 5914657 ","SICRO3","CARGA, MANOBRA E DESCARGA DE BLOCOS DE ROCHA EM CAMINHÃO BASCULANTE DE 8 M³ - CARGA COM RETROESCAVADEIRA DE 0,29 M³ E DESCARGA LIVRE.","",null,"t",1,null,17.600000000000001,17.600000000000001]
["A","Código","Banco","Equipamentos","Quantidade","Utilização",null,"Custo Operacional",null,"Custo Horário"]
[{"$nulls":5},"Operativa","Improdutiva","Operativa","Improdutiva"]
["Insumo","E9604","SICRO3","Caminhão basculante para rocha com capacidade de 8 m³ - 210 kW",2,0.56999999999999995,0.43,297.14830000000001,90.430499999999995,416.51929999999999]
["Insumo","E9526","SICRO3","Retroescavadeira de pneus - capacidade da caçamba da pá-carregadeira de 0,76 m³ e da",1,1,0,151.10929999999999,79.652699999999996,151.10929999999999]
[{"$nulls":5},"Custo Horário de Equipamentos =>",null,null,null,567.62860000000001]
[{"$nulls":5},"Custo Horário de Execução =>",null,null,null,567.62860000000001]
[{"$nulls":5},"Fator de Influencia da Chuva - FIC =>",null,null,null,0]
[{"$nulls":5},"Custo do FIC =>",null,null,null,0]
[{"$nulls":5},"Produção de Equipe =>",null,null,null,32.26]
[{"$nulls":5},"Custo Unitário de Execução =>",null,null,null,17.595400000000001]
[{"$nulls":4},"MO sem LS =>",0,"LS =>",0,"MO com LS =>",0]
[{"$nulls":4},"Valor do BDI =>",3.97,null,"Valor com BDI =>",null,21.57]
[{"$nulls":6},"Quant. =>",12254.885208600001,"Preço Total =>",264337.87]
[]
[" 7.2.9 ","Código","Banco","Descrição","Tipo",null,"Und","Quant.","Porcent.","Valor Unit","Total"]
["Composição"," 5914346 ","SICRO3","TRANSPORTE DE MATERIAL DE 3ª CATEGORIA COM CAMINHÃO BASCULANTE DE 8 M³ PARA ROCHA - RODOVIA EM LEITO NATURAL","",null,"tkm",1,null,1.68,1.68]
["A","Código","Banco","Equipamentos","Quantidade","Utilização",null,"Custo Operacional",null,"Custo Horário"]
[{"$nulls":5},"Operativa","Improdutiva","Operativa","Improdutiva"]
["Insumo","E9604","SICRO3","Caminhão basculante para rocha com capacidade de 8 m³ - 210 kW",1,1,0,297.14830000000001,90.430499999999995,297.14830000000001]
[{"$nulls":5},"Custo Horário de Equipamentos =>",null,null,null,297.14830000000001]
[{"$nulls":5},"Custo Horário de Execução =>",null,null,null,297.14830000000001]
[{"$nulls":5},"Fator de Influencia da Chuva - FIC =>",null,null,null,1.43E-2]
[{"$nulls":5},"Custo do FIC =>",null,null,null,2.3599999999999999E-2]
[{"$nulls":5},"Produção de Equipe =>",null,null,null,179.28]
[{"$nulls":5},"Custo Unitário de Execução =>",null,null,null,1.6575]
[{"$nulls":4},"MO sem LS =>",0,"LS =>",0,"MO com LS =>",0]
[{"$nulls":4},"Valor do BDI =>",0.37,null,"Valor com BDI =>",null,2.0499999999999998]
[{"$nulls":6},"Quant. =>",12254.885208600001,"Preço Total =>",25122.51]
[]
[" 7.2.10 ","Código","Banco","Descrição","Tipo",null,"Und","Quant.","Porcent.","Valor Unit","Total"]
["Composição"," COMP-0021 ","Próprio","ENROCAMENTO DE PEDRA ESPALHADA E COMPACTADA MECANICAMENTE - PEDRA DE MÃO PRODUZIDA - SEM FORNECIMENTO E COM ASSENTAMENTO","URBA - URBANIZAÇÃO",null,"m³",1,null,22,22]
["A","Código","Banco","Equipamentos","Quantidade","Utilização",null,"Custo Operacional",null,"Custo Horário"]
[{"$nulls":5},"Operativa","Improdutiva","Operativa","Improdutiva"]
["Insumo","E9530","SICRO3","Rolo compactador liso vibratório autopropelido por pneus de 11 t - 97 kW",1,0.35,0.65,250.4547,112.25449999999999,160.62459999999999]
["Insumo","E9541","SICRO3","Trator sobre esteiras com lâmina - 259 kW",1,1,0,760.50620000000004,307.02120000000002,760.50620000000004]
[{"$nulls":5},"Custo Horário de Equipamentos =>",null,null,null,921.13080000000002]
[{"$nulls":5},"Custo Horário de Execução =>",null,null,null,921.13080000000002]
[{"$nulls":5},"Fator de Influencia da Chuva - FIC =>",null,null,null,0]
[{"$nulls":5},"Custo do FIC =>",null,null,null,0]
[{"$nulls":5},"Produção de Equipe =>",null,null,null,50.11]
[{"$nulls":5},"Custo Unitário de Execução =>",null,null,null,18.382200000000001]
["D","Banco","Código","Atividades Auxiliares","Quantidade","Unidade","Preço Unitário",null,null,"Custo Horário"]
["Atividade Auxiliar","SICRO3",5914647,"Carga, manobra e descarga de agregados ou solos em caminhão basculante de 10 m³ - carga com carregadeira de 3,40 m³(exclusa) e descarga livre",1.8,"t",1.75,null,null,3.15]
["Atividade Auxiliar","SINAPI",88316,"SERVENTE COM ENCARGOS COMPLEMENTARES",1.9956100000000001E-2,"H",23.23,null,null,0.46360000000000001]
[{"$nulls":5},"Custo Total das Atividades =>",null,null,null,3.6135999999999999]
[{"$nulls":4},"MO sem LS =>",0.29036125499999998,"LS =>",0,"MO com LS =>",0.29036125499999998]
[{"$nulls":4},"Valor do BDI =>",4.96,null,"Valor com BDI =>",null,26.96]
[{"$nulls":6},"Quant. =>",3883.04,"Preço Total =>",104686.75]
[]
[" 7.2.11 ","Código","Banco","Descrição","Tipo",null,"Und","Quant.","Porcent.","Valor Unit","Total"]
["Composição"," 1106058 ","SICRO3","CONCRETO MAGRO - CONFECÇÃO EM BETONEIRA E LANÇAMENTO MANUAL - AREIA EXTRAÍDA E BRITA PRODUZIDA","",null,"m³",1,null,321.32,321.32]
["A","Código","Banco","Equipamentos","Quantidade","Utilização",null,"Custo Operacional",null,"Custo Horário"]
[{"$nulls":5},"Operativa","Improdutiva","Operativa","Improdutiva"]
["Insumo","E9519","SICRO3","Betoneira com motor a gasolina com capacidade de 600 l - 10 kW",1,1,0,53.475700000000003,33.671500000000002,53.475700000000003]
["Insumo","E9071","SICRO3","Transportador manual carrinho de mão com capacidade de 80 l",4,0.88,0.12,0.71679999999999999,0.48730000000000001,2.7570000000000001]
["Insumo","E9064","SICRO3","Transportador manual gerica com capacidade de 180 l",3,0.41,0.59,1.5258,1.0373000000000001,3.7128000000000001]
[{"$nulls":5},"Custo Horário de Equipamentos =>",null,null,null,59.945500000000003]
["B","Código","Banco","Mão de Obra","Quantidade","Salário Hora",null,null,null,"Custo Horário"]
["Insumo","P9821","SICRO3","Pedreiro",1,null,null,null,30.302800000000001,30.302800000000001]
["Insumo","P9824","SICRO3","Servente",9,null,null,null,21.465699999999998,193.19130000000001]
[{"$nulls":5},"Custo Horário da Mão de Obra =>",null,null,null,223.4941]
[{"$nulls":5},"Adc.M.O. - Ferramentas (0,0%) =>",null,null,null,0]
[{"$nulls":5},"Custo Horário de Execução =>",null,null,null,283.43959999999998]
[{"$nulls":5},"Fator de Influencia da Chuva - FIC =>",null,null,null,0]
[{"$nulls":5},"Custo do FIC =>",null,null,null,0]
[{"$nulls":5},"Produção de Equipe =>",null,null,null,3.9289999999999998]
[{"$nulls":5},"Custo Unitário de Execução =>",null,null,null,72.140600000000006]
["C","Banco","Código","Material","Quantidade","Unidade","Preço Unitário",null,null,"Custo Horário"]
["Insumo","SICRO3","M0424","Cimento Portland CP II - 32 - saco",280.53417999999999,"kg",0.66949999999999998,null,null,187.8176]
[{"$nulls":5},"Custo Total do Material =>",null,null,null,187.8176]
["D","Banco","Código","Atividades Auxiliares","Quantidade","Unidade","Preço Unitário",null,null,"Custo Horário"]
["Atividade Auxiliar","SICRO3",4816012,"Brita produzida em central de britagem de 80 m³/h",0.73507999999999996,"m³",53.84,null,null,39.576700000000002]
["Atividade Auxiliar","SICRO3",4816020,"Areia extraída com draga de sucção tipo bomba",0.59948000000000001,"m³",11.74,null,null,7.0378999999999996]
[{"$nulls":5},"Custo Total das Atividades =>",null,null,null,46.614600000000003]
["E","Banco","Insumo","Tempos Fixos","Código","Quantidade","Unidade","Preço Unitário",null,"Custo Horário"]
["Tempo Fixo","SICRO3",4816020,"Carga, manobra e descarga de agregados ou solos em caminhão basculante de 10 m³ - carga com carregadeira de 3,40 m³ edescarga livre",5915407,0.89922000000000002,"t",2.72,null,2.4459]
["Tempo Fixo","SICRO3",4816012,"Carga, manobra e descarga de agregados ou solos em caminhão basculante de 10 m³ - carga com carregadeira de 3,40 m³ edescarga livre",5915407,1.1026199999999999,"t",2.72,null,2.9990999999999999]
["Tempo Fixo","SICRO3","M0424","Carga, manobra e descarga de materiais diversos em caminhão carroceria de 15 t - carga e descarga manuais",5914655,0.28053,"t",33.15,null,9.2995999999999999]
[{"$nulls":5},"Custo Total dos Tempos Fixos =>",null,null,null,14.7446]
["F","Banco","Insumo","Momento de Transporte","Quantidade","Unidade","Distância Média de Transporte (DMT)",null,null,"Custo Horário"]
[{"$nulls":6},"LN","RP","P"]
["Momento de Transporte","SICRO3",4816020,"Areia extraída com draga de sucção tipo bomba - Caminhão basculante com capacidade de 10 m³ - 188 kW",0.89922000000000002,"tkm","5914359\n0,000\nR$ 1,19","5914374\n0,000\nR$ 0,95","5914389\n0,000\nR$ 0,79",0]
["Momento de Transporte","SICRO3",4816012,"Brita produzida em central de britagem de 80 m³/h - Caminhão basculante com capacidade de 10 m³ - 188 kW",1.1026199999999999,"tkm","5914359\n0,000\nR$ 1,19","5914374\n0,000\nR$ 0,95","5914389\n0,000\nR$ 0,79",0]
["Momento de Transporte","SICRO3","M0424","Cimento Portland CP II - 32 - saco - Caminhão carroceria com capacidade de 15 t - 188 kW",0.28053,"tkm","5914449\n0,000\nR$ 1,08","5914464\n0,000\nR$ 0,86","5914479\n0,000\nR$ 0,71",0]
[{"$nulls":5},"Custo total dos Momentos de Transportes =>",null,null,null,0]
[{"$nulls":4},"MO sem LS =>",64.095106908289324,"LS =>",0,"MO com LS =>",64.095106908289324]
[{"$nulls":4},"Valor do BDI =>",72.48,null,"Valor com BDI =>",null,393.8]
[{"$nulls":6},"Quant. =>",135.66,"Preço Total =>",53422.9]
[]
[" 7.2.12 ","Código","Banco","Descrição","Tipo",null,"Und","Quant.","Porcent.","Valor Unit","Total"]
["Composição"," 040035 ","SBC","APLICACAO DE ADESIVO ESTRUTURAL SIKADUR 31","ESTRUTURA",null,"m²",1,null,254.23,254.23]
["Insumo"," 028304 ","SBC","ADESIVO ESTRUTURAL EPOXI (A+B) SIKADUR 31","Material",null,"KG",1.7,null,122.3,207.91]
["Insumo"," 099050 ","SBC","PEDREIRO","Mão de Obra",null,"H",1.28,null,21.79,27.89]
["Insumo"," 099900 ","SBC","SERVENTE","Mão de Obra",null,"H",1.337,null,13.79,18.43]
[{"$nulls":4},"MO sem LS =>",46.32,"LS =>",0,"MO com LS =>",46.32]
[{"$nulls":4},"Valor do BDI =>",57.35,null,"Valor com BDI =>",null,311.58]
[{"$nulls":6},"Quant. =>",430.36,"Preço Total =>",134091.56]
[]
[" 7.2.13 ","Código","Banco","Descrição","Tipo",null,"Und","Quant.","Porcent.","Valor Unit","Total"]
["Composição"," 1107929 ","SICRO3","CONCRETO FCK = 20 MPA - CONFECÇÃO EM CENTRAL DOSADORA DE 30 M³/H - AREIA EXTRAÍDA E BRITA PRODUZIDA.","",null,"m³",1,null,265.60000000000002,265.60000000000002]
["A","Código","Banco","Equipamentos","Quantidade","Utilização",null,"Custo Operacional",null,"Custo Horário"]
[{"$nulls":5},"Operativa","Improdutiva","Operativa","Improdutiva"]
["Insumo","E9584","SICRO3","Carregadeira de pneus com capacidade de 1,72 m³ - 113 kW",1,0.34,0.66,203.21250000000001,104.4208,138.01]
["Insumo","E9599","SICRO3","Central de concreto com capacidade de 30 m³/h - dosadora RS",1,1,0,79.077200000000005,64.673599999999993,79.077200000000005]
["Insumo","E9779","SICRO3","Grupo gerador - 113 kVA",1,1,0,101.1589,8.4064999999999994,101.1589]
[{"$nulls":5},"Custo Horário de Equipamentos =>",null,null,null,318.24610000000001]
["B","Código","Banco","Mão de Obra","Quantidade","Salário Hora",null,null,null,"Custo Horário"]
["Insumo","P9824","SICRO3","Servente",2,null,null,null,21.465699999999998,42.931399999999996]
[{"$nulls":5},"Custo Horário da Mão de Obra =>",null,null,null,42.931399999999996]
[{"$nulls":5},"Adc.M.O. - Ferramentas (0,0%) =>",null,null,null,0]
[{"$nulls":5},"Custo Horário de Execução =>",null,null,null,361.17750000000001]
[{"$nulls":5},"Fator de Influencia da Chuva - FIC =>",null,null,null,0]
[{"$nulls":5},"Custo do FIC =>",null,null,null,0]
[{"$nulls":5},"Produção de Equipe =>",null,null,null,24.9]
[{"$nulls":5},"Custo Unitário de Execução =>",null,null,null,14.505100000000001]
["C","Banco","Código","Material","Quantidade","Unidade","Preço Unitário",null,null,"Custo Horário"]
["Insumo","SICRO3","M0030","Aditivo plastificante e retardador de pega para concreto e argamassa",0.82391000000000003,"kg",6.5956999999999999,null,null,5.4343000000000004]
["Insumo","SICRO3","M0424","Cimento Portland CP II - 32 - saco",274.63729999999998,"kg",0.66949999999999998,null,null,183.86969999999999]
[{"$nulls":5},"Custo Total do Material =>",null,null,null,189.304]
["D","Banco","Código","Atividades Auxiliares","Quantidade","Unidade","Preço Unitário",null,null,"Custo Horário"]
["Atividade Auxiliar","SICRO3",4816012,"Brita produzida em central de britagem de 80 m³/h",0.73507999999999996,"m³",53.84,null,null,39.576700000000002]
["Atividade Auxiliar","SICRO3",4816020,"Areia extraída com draga de sucção tipo bomba",0.63758999999999999,"m³",11.74,null,null,7.4852999999999996]
[{"$nulls":5},"Custo Total das Atividades =>",null,null,null,47.061999999999998]
["E","Banco","Insumo","Tempos Fixos","Código","Quantidade","Unidade","Preço Unitário",null,"Custo Horário"]
["Tempo Fixo","SICRO3",4816020,"Carga, manobra e descarga de agregados ou solos em caminhão basculante de 10 m³ - carga com carregadeira de 3,40 m³ edescarga livre",5915407,0.95638999999999996,"t",2.72,null,2.6013999999999999]
["Tempo Fixo","SICRO3",4816012,"Carga, manobra e descarga de agregados ou solos em caminhão basculante de 10 m³ - carga com carregadeira de 3,40 m³ edescarga livre",5915407,1.1026199999999999,"t",2.72,null,2.9990999999999999]
["Tempo Fixo","SICRO3","M0030","Carga, manobra e descarga de materiais diversos em caminhão carroceria de 15 t - carga e descarga manuais",5914655,8.1999999999999998E-4,"t",33.15,null,2.7199999999999998E-2]
["Tempo Fixo","SICRO3","M0424","Carga, manobra e descarga de materiais diversos em caminhão carroceria de 15 t - carga e descarga manuais",5914655,0.27464,"t",33.15,null,9.1043000000000003]
[{"$nulls":5},"Custo Total dos Tempos Fixos =>",null,null,null,14.731999999999999]
["F","Banco","Insumo","Momento de Transporte","Quantidade","Unidade","Distância Média de Transporte (DMT)",null,null,"Custo Horário"]
[{"$nulls":6},"LN","RP","P"]
["Momento de Transporte","SICRO3",4816020,"Areia extraída com draga de sucção tipo bomba - Caminhão basculante com capacidade de 10 m³ - 188 kW",0.95638999999999996,"tkm","5914359\n0,000\nR$ 1,19","5914374\n0,000\nR$ 0,95","5914389\n0,000\nR$ 0,79",0]
["Momento de Transporte","SICRO3",4816012,"Brita produzida em central de britagem de 80 m³/h - Caminhão basculante com capacidade de 10 m³ - 188 kW",1.1026199999999999,"tkm","5914359\n0,000\nR$ 1,19","5914374\n0,000\nR$ 0,95","5914389\n0,000\nR$ 0,79",0]
["Momento de Transporte","SICRO3","M0030","Aditivo plastificante e retardador de pega para concreto e argamassa - Caminhão carroceria com capacidade de 15 t - 188 kW",8.1999999999999998E-4,"tkm","5914449\n0,000\nR$ 1,08","5914464\n0,000\nR$ 0,86","5914479\n0,000\nR$ 0,71",0]
["Momento de Transporte","SICRO3","M0424","Cimento Portland CP II - 32 - saco - Caminhão carroceria com capacidade de 15 t - 188 kW",0.27464,"tkm","5914449\n0,000\nR$ 1,08","5914464\n0,000\nR$ 0,86","5914479\n0,000\nR$ 0,71",0]
[{"$nulls":5},"Custo total dos Momentos de Transportes =>",null,null,null,0]
[{"$nulls":4},"MO sem LS =>",8.9898363901943465,"LS =>",0,"MO com LS =>",8.9898363901943465]
[{"$nulls":4},"Valor do BDI =>",59.91,null,"Valor com BDI =>",null,325.51]
[{"$nulls":6},"Quant. =>",165.7,"Preço Total =>",53937]
[]
[" 7.2.14 ","Código","Banco","Descrição","Tipo",null,"Und","Quant.","Porcent.","Valor Unit","Total"]
["Composição"," 104741 ","SINAPI","REATERRO MECANIZADO DE VALA COM MINICARREGADEIRA, COM PLACA VIBRATÓRIA. AF_08/2023","MOVT - MOVIMENTO DE TERRA",null,"m³",1,null,25.22,25.22]
["Composição Auxiliar"," 5901 ","SINAPI","CAMINHÃO PIPA 10.000 L TRUCADO, PESO BRUTO TOTAL 23.000 KG, CARGA ÚTIL MÁXIMA 15.935 KG, DISTÂNCIA ENTRE EIXOS 4,8 M, POTÊNCIA 230 CV, INCLUSIVE TANQUE DE AÇO PARA TRANSPORTE DE ÁGUA - CHP DIURNO. AF_06/2014","CHOR - CUSTOS HORÁRIOS DE MÁQUINAS E EQUIPAMENTOS",null,"CHP",5.4000000000000003E-3,null,318.5,1.71]
["Composição Auxiliar"," 5903 ","SINAPI","CAMINHÃO PIPA 10.000 L TRUCADO, PESO BRUTO TOTAL 23.000 KG, CARGA ÚTIL MÁXIMA 15.935 KG, DISTÂNCIA ENTRE EIXOS 4,8 M, POTÊNCIA 230 CV, INCLUSIVE TANQUE DE AÇO PARA TRANSPORTE DE ÁGUA - CHI DIURNO. AF_06/2014","CHOR - CUSTOS HORÁRIOS DE MÁQUINAS E EQUIPAMENTOS",null,"CHI",5.9999999999999995E-4,null,76.069999999999993,0.04]
["Composição Auxiliar"," 88316 ","SINAPI","SERVENTE COM ENCARGOS COMPLEMENTARES","SEDI - SERVIÇOS DIVERSOS",null,"H",0.19550000000000001,null,23.23,4.54]
["Composição Auxiliar"," 90692 ","SINAPI","MINICARREGADEIRA SOBRE RODAS, POTÊNCIA LÍQUIDA DE 47 HP, CAPACIDADE NOMINAL DE OPERAÇÃO DE 646 KG - CHP DIURNO. AF_06/2015","CHOR - CUSTOS HORÁRIOS DE MÁQUINAS E EQUIPAMENTOS",null,"CHP",7.4200000000000002E-2,null,140.72999999999999,10.44]
["Composição Auxiliar"," 90693 ","SINAPI","MINICARREGADEIRA SOBRE RODAS, POTÊNCIA LÍQUIDA DE 47 HP, CAPACIDADE NOMINAL DE OPERAÇÃO DE 646 KG - CHI DIURNO. AF_06/2015","CHOR - CUSTOS HORÁRIOS DE MÁQUINAS E EQUIPAMENTOS",null,"CHI",0.1072,null,70.27,7.53]
["Composição Auxiliar"," 91277 ","SINAPI","PLACA VIBRATÓRIA REVERSÍVEL COM MOTOR 4 TEMPOS A GASOLINA, FORÇA CENTRÍFUGA DE 25 KN (2500 KGF), POTÊNCIA 5,5 CV - CHP DIURNO. AF_08/2015","CHOR - CUSTOS HORÁRIOS DE MÁQUINAS E EQUIPAMENTOS",null,"CHP",9.4200000000000006E-2,null,10.220000000000001,0.96]
[{"$nulls":4},"MO sem LS =>",9.0399999999999991,"LS =>",0,"MO com LS =>",9.0399999999999991]
[{"$nulls":4},"Valor do BDI =>",5.68,null,"Valor com BDI =>",null,30.9]
[{"$nulls":6},"Quant. =>",21057.57,"Preço Total =>",650678.91]
[]
[" 7.2.15 ","Código","Banco","Descrição","Tipo",null,"Und","Quant.","Porcent.","Valor Unit","Total"]
["Composição"," 0705312 ","SICRO3","Boca de BDCC 1,50 x 1,50 m - esconsidade 0° - areia extraída e brita produzida","",null,"un",1,null,12363.51,12363.51]
[{"$nulls":5},"Custo Horário de Execução =>",null,null,null,0]
[{"$nulls":5},"Fator de Influencia da Chuva - FIC =>",null,null,null,0]
[{"$nulls":5},"Custo do FIC =>",null,null,null,0]
[{"$nulls":5},"Produção de Equipe =>",null,null,null,1]
[{"$nulls":5},"Custo Unitário de Execução =>",null,null,null,0]
["D","Banco","Código","Atividades Auxiliares","Quantidade","Unidade","Preço Unitário",null,null,"Custo Horário"]
["Atividade Auxiliar","SICRO3",407819,"Armação em aço CA-50 - fornecimento, preparo e colocação",486,"kg",11.88,null,null,5773.68]
["Atividade Auxiliar","SICRO3",1100657,"Adensamento de concreto por vibrador de imersão",6.1749999999999998,"m³",3.32,null,null,20.501000000000001]
["Atividade Auxiliar","SICRO3",1106058,"Concreto magro - confecção em betoneira e lançamento manual - areia extraída e brita produzida",1.9650000000000001,"m³",321.32,null,null,631.39380000000006]
["Atividade Auxiliar","SICRO3",1107891,"Concreto fck = 20 MPa - confecção em betoneira e lançamento manual - areia extraída e brita produzida",6.1749999999999998,"m³",328.92,null,null,2031.0809999999999]
["Atividade Auxiliar","SICRO3",1109668,"Argamassa de cimento e areia 1:3 - confecção em betoneira e lançamento manual - areia extraída",0.39500000000000002,"m³",399.62,null,null,157.84989999999999]
["Atividade Auxiliar","SICRO3",3103302,"Fôrmas de tábuas de pinho para dispositivos de drenagem - utilização de 3 vezes - confecção, instalação e retirada",46,"m²",81.5,null,null,3749]
[{"$nulls":5},"Custo Total das Atividades =>",null,null,null,12363.5057]
[{"$nulls":4},"MO sem LS =>",5068.6395203000002,"LS =>",0,"MO com LS =>",5068.639520572553]
[{"$nulls":4},"Valor do BDI =>",2789.2,null,"Valor com BDI =>",null,15152.71]
[{"$nulls":6},"Quant. =>",2,"Preço Total =>",30305.42]
[]
[" 7.2.16 ","Código","Banco","Descrição","Tipo",null,"Und","Quant.","Porcent.","Valor Unit","Total"]
["Composição"," 0705256 ","SICRO3","Corpo de BDCC 1,50 x 1,50 m - moldado no local - altura do aterro 0,00 a 1,00 m - areia extraída e brita produzida","",null,"m",1,null,3752.27,3752.27]
[{"$nulls":5},"Custo Horário de Execução =>",null,null,null,0]
[{"$nulls":5},"Fator de Influencia da Chuva - FIC =>",null,null,null,0]
[{"$nulls":5},"Custo do FIC =>",null,null,null,0]
[{"$nulls":5},"Produção de Equipe =>",null,null,null,1]
[{"$nulls":5},"Custo Unitário de Execução =>",null,null,null,0]
["C","Banco","Código","Material","Quantidade","Unidade","Preço Unitário",null,null,"Custo Horário"]
["Insumo","SICRO3","M0446","Compensado resinado - E = 10 mm",7.2359999999999994E-2,"m²",33.758899999999997,null,null,2.4428000000000001]
["Insumo","SICRO3","M0786","Placa de poliestireno expandido (EPS)",7.2000000000000005E-4,"m³",356,null,null,0.25629999999999997]
[{"$nulls":5},"Custo Total do Material =>",null,null,null,2.6991000000000001]
["D","Banco","Código","Atividades Auxiliares","Quantidade","Unidade","Preço Unitário",null,null,"Custo Horário"]
["Atividade Auxiliar","SICRO3",407819,"Armação em aço CA-50 - fornecimento, preparo e colocação",134.935,"kg",11.88,null,null,1603.0278000000001]
["Atividade Auxiliar","SICRO3",1100657,"Adensamento de concreto por vibrador de imersão",1.79,"m³",3.32,null,null,5.9428000000000001]
["Atividade Auxiliar","SICRO3",1106058,"Concreto magro - confecção em betoneira e lançamento manual - areia extraída e brita produzida",0.38,"m³",321.32,null,null,122.1016]
["Atividade Auxiliar","SICRO3",1107891,"Concreto fck = 20 MPa - confecção em betoneira e lançamento manual - areia extraída e brita produzida",1.79,"m³",328.92,null,null,588.76679999999999]
["Atividade Auxiliar","SICRO3",1109668,"Argamassa de cimento e areia 1:3 - confecção em betoneira e lançamento manual - areia extraída",0.15,"m³",399.62,null,null,59.942999999999998]
["Atividade Auxiliar","SICRO3",2105605,"Escoramento para corpo de bueiros celulares - utilização de 3 vezes - confecção, instalação e retirada",4.5,"m³",64.73,null,null,291.28500000000003]
["Atividade Auxiliar","SICRO3",3108005,"Fôrmas de compensado resinado 14 mm - uso geral - utilização de 3 vezes - confecção, instalação e retirada",12.2,"m²",88.4,null,null,1078.48]
[{"$nulls":5},"Custo Total das Atividades =>",null,null,null,3749.547]
["E","Banco","Insumo","Tempos Fixos","Código","Quantidade","Unidade","Preço Unitário",null,"Custo Horário"]
["Tempo Fixo","SICRO3","M0446","Carga, manobra e descarga de materiais diversos em caminhão carroceria de 15 t - carga e descarga manuais",5914655,7.2000000000000005E-4,"t",33.15,null,2.3900000000000001E-2]
["Tempo Fixo","SICRO3","M0786","Carga, manobra e descarga de materiais diversos em caminhão carroceria de 15 t - carga e descarga manuais",5914655,1.0000000000000001E-5,"t",33.15,null,2.9999999999999997E-4]
[{"$nulls":5},"Custo Total dos Tempos Fixos =>",null,null,null,2.4199999999999999E-2]
["F","Banco","Insumo","Momento de Transporte","Quantidade","Unidade","Distância Média de Transporte (DMT)",null,null,"Custo Horário"]
[{"$nulls":6},"LN","RP","P"]
["Momento de Transporte","SICRO3","M0446","Compensado resinado - E = 10 mm - Caminhão carroceria com capacidade de 15 t - 188 kW",7.2000000000000005E-4,"tkm","5914449\n0,000\nR$ 1,08","5914464\n0,000\nR$ 0,86","5914479\n0,000\nR$ 0,71",0]
["Momento de Transporte","SICRO3","M0786","Placa de poliestireno expandido (EPS) - Caminhão carroceria com capacidade de 15 t - 188 kW",1.0000000000000001E-5,"tkm","5914449\n0,000\nR$ 1,08","5914464\n0,000\nR$ 0,86","5914479\n0,000\nR$ 0,71",0]
[{"$nulls":5},"Custo total dos Momentos de Transportes =>",null,null,null,0]
[{"$nulls":4},"MO sem LS =>",1367.8322771000001,"LS =>",0,"MO com LS =>",1367.8322772449737]
[{"$nulls":4},"Valor do BDI =>",846.51,null,"Valor com BDI =>",null,4598.78]
[{"$nulls":6},"Quant. =>",81.44,"Preço Total =>",374524.64]
[]
[" 7.2.17 ","Código","Banco","Descrição","Tipo",null,"Und","Quant.","Porcent.","Valor Unit","Total"]
["Composição"," 0705321 ","SICRO3","Boca de BDCC 2,00 x 2,00 m - esconsidade 0° - areia extraída e brita produzida","",null,"un",1,null,18930.62,18930.62]
[{"$nulls":5},"Custo Horário de Execução =>",null,null,null,0]
[{"$nulls":5},"Fator de Influencia da Chuva - FIC =>",null,null,null,0]
[{"$nulls":5},"Custo do FIC =>",null,null,null,0]
[{"$nulls":5},"Produção de Equipe =>",null,null,null,1]
[{"$nulls":5},"Custo Unitário de Execução =>",null,null,null,0]
["D","Banco","Código","Atividades Auxiliares","Quantidade","Unidade","Preço Unitário",null,null,"Custo Horário"]
["Atividade Auxiliar","SICRO3",407819,"Armação em aço CA-50 - fornecimento, preparo e colocação",777,"kg",11.88,null,null,9230.76]
["Atividade Auxiliar","SICRO3",1100657,"Adensamento de concreto por vibrador de imersão",10.43,"m³",3.32,null,null,34.627600000000001]
["Atividade Auxiliar","SICRO3",1106058,"Concreto magro - confecção em betoneira e lançamento manual - areia extraída e brita produzida",3.2250000000000001,"m³",321.32,null,null,1036.2570000000001]
["Atividade Auxiliar","SICRO3",1107891,"Concreto fck = 20 MPa - confecção em betoneira e lançamento manual - areia extraída e brita produzida",10.43,"m³",328.92,null,null,3430.6356000000001]
["Atividade Auxiliar","SICRO3",1109668,"Argamassa de cimento e areia 1:3 - confecção em betoneira e lançamento manual - areia extraída",0.69,"m³",399.62,null,null,275.73779999999999]
["Atividade Auxiliar","SICRO3",3103302,"Fôrmas de tábuas de pinho para dispositivos de drenagem - utilização de 3 vezes - confecção, instalação e retirada",60.4,"m²",81.5,null,null,4922.6000000000004]
[{"$nulls":5},"Custo Total das Atividades =>",null,null,null,18930.617999999999]
[{"$nulls":4},"MO sem LS =>",7522.5995831,"LS =>",0,"MO com LS =>",7522.5995837860801]
[{"$nulls":4},"Valor do BDI =>",4270.74,null,"Valor com BDI =>",null,23201.360000000001]
[{"$nulls":6},"Quant. =>",2,"Preço Total =>",46402.720000000001]
[]
[" 7.2.18 ","Código","Banco","Descrição","Tipo",null,"Und","Quant.","Porcent.","Valor Unit","Total"]
["Composição"," 0705270 ","SICRO3","Corpo de BDCC 2,00 x 2,00 m - moldado no local - altura do aterro 0,00 a 1,00 m - areia extraída e brita produzida","",null,"m",1,null,5422.01,5422.01]
[{"$nulls":5},"Custo Horário de Execução =>",null,null,null,0]
[{"$nulls":5},"Fator de Influencia da Chuva - FIC =>",null,null,null,0]
[{"$nulls":5},"Custo do FIC =>",null,null,null,0]
[{"$nulls":5},"Produção de Equipe =>",null,null,null,1]
[{"$nulls":5},"Custo Unitário de Execução =>",null,null,null,0]
["C","Banco","Código","Material","Quantidade","Unidade","Preço Unitário",null,null,"Custo Horário"]
["Insumo","SICRO3","M0446","Compensado resinado - E = 10 mm",9.3789999999999998E-2,"m²",33.758899999999997,null,null,3.1661999999999999]
["Insumo","SICRO3","M0786","Placa de poliestireno expandido (EPS)",9.3999999999999997E-4,"m³",356,null,null,0.33460000000000001]
[{"$nulls":5},"Custo Total do Material =>",null,null,null,3.5007999999999999]
["D","Banco","Código","Atividades Auxiliares","Quantidade","Unidade","Preço Unitário",null,null,"Custo Horário"]
["Atividade Auxiliar","SICRO3",407819,"Armação em aço CA-50 - fornecimento, preparo e colocação",204.398,"kg",11.88,null,null,2428.2482]
["Atividade Auxiliar","SICRO3",1100657,"Adensamento de concreto por vibrador de imersão",2.3199999999999998,"m³",3.32,null,null,7.7023999999999999]
["Atividade Auxiliar","SICRO3",1106058,"Concreto magro - confecção em betoneira e lançamento manual - areia extraída e brita produzida",0.48,"m³",321.32,null,null,154.2336]
["Atividade Auxiliar","SICRO3",1107891,"Concreto fck = 20 MPa - confecção em betoneira e lançamento manual - areia extraída e brita produzida",2.3199999999999998,"m³",328.92,null,null,763.09439999999995]
["Atividade Auxiliar","SICRO3",1109668,"Argamassa de cimento e areia 1:3 - confecção em betoneira e lançamento manual - areia extraída",0.2,"m³",399.62,null,null,79.924000000000007]
["Atividade Auxiliar","SICRO3",2105605,"Escoramento para corpo de bueiros celulares - utilização de 3 vezes - confecção, instalação e retirada",8,"m³",64.73,null,null,517.84]
["Atividade Auxiliar","SICRO3",3108005,"Fôrmas de compensado resinado 14 mm - uso geral - utilização de 3 vezes - confecção, instalação e retirada",16.600000000000001,"m²",88.4,null,null,1467.44]
[{"$nulls":5},"Custo Total das Atividades =>",null,null,null,5418.4826000000003]
["E","Banco","Insumo","Tempos Fixos","Código","Quantidade","Unidade","Preço Unitário",null,"Custo Horário"]
["Tempo Fixo","SICRO3","M0446","Carga, manobra e descarga de materiais diversos em caminhão carroceria de 15 t - carga e descarga manuais",5914655,9.3999999999999997E-4,"t",33.15,null,3.1199999999999999E-2]
["Tempo Fixo","SICRO3","M0786","Carga, manobra e descarga de materiais diversos em caminhão carroceria de 15 t - carga e descarga manuais",5914655,1.0000000000000001E-5,"t",33.15,null,2.9999999999999997E-4]
[{"$nulls":5},"Custo Total dos Tempos Fixos =>",null,null,null,3.15E-2]
["F","Banco","Insumo","Momento de Transporte","Quantidade","Unidade","Distância Média de Transporte (DMT)",null,null,"Custo Horário"]
[{"$nulls":6},"LN","RP","P"]
["Momento de Transporte","SICRO3","M0446","Compensado resinado - E = 10 mm - Caminhão carroceria com capacidade de 15 t - 188 kW",9.3999999999999997E-4,"tkm","5914449\n0,000\nR$ 1,08","5914464\n0,000\nR$ 0,86","5914479\n0,000\nR$ 0,71",0]
["Momento de Transporte","SICRO3","M0786","Placa de poliestireno expandido (EPS) - Caminhão carroceria com capacidade de 15 t - 188 kW",2.0000000000000002E-5,"tkm","5914449\n0,000\nR$ 1,08","5914464\n0,000\nR$ 0,86","5914479\n0,000\nR$ 0,71",0]
[{"$nulls":5},"Custo total dos Momentos de Transportes =>",null,null,null,0]
[{"$nulls":4},"MO sem LS =>",1999.8265191,"LS =>",0,"MO com LS =>",1999.8265194385699]
[{"$nulls":4},"Valor do BDI =>",1223.2,null,"Valor com BDI =>",null,6645.21]
[{"$nulls":6},"Quant. =>",74,"Preço Total =>",491745.54]
[]
[" 7.2.19 ","Código","Banco","Descrição","Tipo",null,"Und","Quant.","Porcent.","Valor Unit","Total"]
["Composição"," 0705402 ","SICRO3","Boca de BTCC 1,50 x 1,50 m - esconsidade 0° - areia extraída e brita produzida","",null,"un",1,null,15343.99,15343.99]
[{"$nulls":5},"Custo Horário de Execução =>",null,null,null,0]
[{"$nulls":5},"Fator de Influencia da Chuva - FIC =>",null,null,null,0]
[{"$nulls":5},"Custo do FIC =>",null,null,null,0]
[{"$nulls":5},"Produção de Equipe =>",null,null,null,1]
[{"$nulls":5},"Custo Unitário de Execução =>",null,null,null,0]
["D","Banco","Código","Atividades Auxiliares","Quantidade","Unidade","Preço Unitário",null,null,"Custo Horário"]
["Atividade Auxiliar","SICRO3",407819,"Armação em aço CA-50 - fornecimento, preparo e colocação",614.5,"kg",11.88,null,null,7300.26]
["Atividade Auxiliar","SICRO3",1100657,"Adensamento de concreto por vibrador de imersão",8.1999999999999993,"m³",3.32,null,null,27.224]
["Atividade Auxiliar","SICRO3",1106058,"Concreto magro - confecção em betoneira e lançamento manual - areia extraída e brita produzida",2.7,"m³",321.32,null,null,867.56399999999996]
["Atividade Auxiliar","SICRO3",1107891,"Concreto fck = 20 MPa - confecção em betoneira e lançamento manual - areia extraída e brita produzida",8.1999999999999993,"m³",328.92,null,null,2697.1439999999998]
["Atividade Auxiliar","SICRO3",1109668,"Argamassa de cimento e areia 1:3 - confecção em betoneira e lançamento manual - areia extraída",0.53500000000000003,"m³",399.62,null,null,213.79669999999999]
["Atividade Auxiliar","SICRO3",3103302,"Fôrmas de tábuas de pinho para dispositivos de drenagem - utilização de 3 vezes - confecção, instalação e retirada",52,"m²",81.5,null,null,4238]
[{"$nulls":5},"Custo Total das Atividades =>",null,null,null,15343.9887]
[{"$nulls":4},"MO sem LS =>",6156.8734787000003,"LS =>",0,"MO com LS =>",6156.8734791983616]
[{"$nulls":4},"Valor do BDI =>",3461.6,null,"Valor com BDI =>",null,18805.59]
[{"$nulls":6},"Quant. =>",4,"Preço Total =>",75222.36]
[]
[" 7.2.20 ","Código","Banco","Descrição","Tipo",null,"Und","Quant.","Porcent.","Valor Unit","Total"]
["Composição"," 0705345 ","SICRO3","Corpo de BTCC 1,50 x 1,50 m - moldado no local - altura do aterro 0,00 a 1,00 m - areia extraída e brita produzida","",null,"m",1,null,5145.53,5145.53]
[{"$nulls":5},"Custo Horário de Execução =>",null,null,null,0]
[{"$nulls":5},"Fator de Influencia da Chuva - FIC =>",null,null,null,0]
[{"$nulls":5},"Custo do FIC =>",null,null,null,0]
[{"$nulls":5},"Produção de Equipe =>",null,null,null,1]
[{"$nulls":5},"Custo Unitário de Execução =>",null,null,null,0]
["C","Banco","Código","Material","Quantidade","Unidade","Preço Unitário",null,null,"Custo Horário"]
["Insumo","SICRO3","M0446","Compensado resinado - E = 10 mm",0.10389,"m²",33.758899999999997,null,null,3.5072000000000001]
["Insumo","SICRO3","M0786","Placa de poliestireno expandido (EPS)",1.0399999999999999E-3,"m³",356,null,null,0.37019999999999997]
[{"$nulls":5},"Custo Total do Material =>",null,null,null,3.8774000000000002]
["D","Banco","Código","Atividades Auxiliares","Quantidade","Unidade","Preço Unitário",null,null,"Custo Horário"]
["Atividade Auxiliar","SICRO3",407819,"Armação em aço CA-50 - fornecimento, preparo e colocação",179.024,"kg",11.88,null,null,2126.8051]
["Atividade Auxiliar","SICRO3",1100657,"Adensamento de concreto por vibrador de imersão",2.57,"m³",3.32,null,null,8.5324000000000009]
["Atividade Auxiliar","SICRO3",1106058,"Concreto magro - confecção em betoneira e lançamento manual - areia extraída e brita produzida",0.54,"m³",321.32,null,null,173.5128]
["Atividade Auxiliar","SICRO3",1107891,"Concreto fck = 20 MPa - confecção em betoneira e lançamento manual - areia extraída e brita produzida",2.57,"m³",328.92,null,null,845.32439999999997]
["Atividade Auxiliar","SICRO3",1109668,"Argamassa de cimento e areia 1:3 - confecção em betoneira e lançamento manual - areia extraída",0.23,"m³",399.62,null,null,91.912599999999998]
["Atividade Auxiliar","SICRO3",2105605,"Escoramento para corpo de bueiros celulares - utilização de 3 vezes - confecção, instalação e retirada",6.75,"m³",64.73,null,null,436.92750000000001]
["Atividade Auxiliar","SICRO3",3108005,"Fôrmas de compensado resinado 14 mm - uso geral - utilização de 3 vezes - confecção, instalação e retirada",16.5,"m²",88.4,null,null,1458.6]
[{"$nulls":5},"Custo Total das Atividades =>",null,null,null,5141.6148000000003]
["E","Banco","Insumo","Tempos Fixos","Código","Quantidade","Unidade","Preço Unitário",null,"Custo Horário"]
["Tempo Fixo","SICRO3","M0446","Carga, manobra e descarga de materiais diversos em caminhão carroceria de 15 t - carga e descarga manuais",5914655,1.0399999999999999E-3,"t",33.15,null,3.4500000000000003E-2]
["Tempo Fixo","SICRO3","M0786","Carga, manobra e descarga de materiais diversos em caminhão carroceria de 15 t - carga e descarga manuais",5914655,1.0000000000000001E-5,"t",33.15,null,2.9999999999999997E-4]
[{"$nulls":5},"Custo Total dos Tempos Fixos =>",null,null,null,3.4799999999999998E-2]
["F","Banco","Insumo","Momento de Transporte","Quantidade","Unidade","Distância Média de Transporte (DMT)",null,null,"Custo Horário"]
[{"$nulls":6},"LN","RP","P"]
["Momento de Transporte","SICRO3","M0446","Compensado resinado - E = 10 mm - Caminhão carroceria com capacidade de 15 t - 188 kW",1.0399999999999999E-3,"tkm","5914449\n0,000\nR$ 1,08","5914464\n0,000\nR$ 0,86","5914479\n0,000\nR$ 0,71",0]
["Momento de Transporte","SICRO3","M0786","Placa de poliestireno expandido (EPS) - Caminhão carroceria com capacidade de 15 t - 188 kW",2.0000000000000002E-5,"tkm","5914449\n0,000\nR$ 1,08","5914464\n0,000\nR$ 0,86","5914479\n0,000\nR$ 0,71",0]
[{"$nulls":5},"Custo total dos Momentos de Transportes =>",null,null,null,0]
[{"$nulls":4},"MO sem LS =>",1864.1541995,"LS =>",0,"MO com LS =>",1864.1541996858268]
[{"$nulls":4},"Valor do BDI =>",1160.83,null,"Valor com BDI =>",null,6306.36]
[{"$nulls":6},"Quant. =>",129.6,"Preço Total =>",817304.25]
[]
[" 7.3 ",null,null,"DRENAGEM DAS INTERSECÇÕES COM TRAVESSIAS",{"$nulls":6},196972.84]
[" 7.3.1 ","Código","Banco","Descrição","Tipo",null,"Und","Quant.","Porcent.","Valor Unit","Total"]
["Composição"," COMP-0022 ","Próprio","RACHÃO OU PEDRA DE MÃO PRODUZIDA.","URBA - URBANIZAÇÃO",null,"m³",1,null,20.05,20.05]
["A","Código","Banco","Equipamentos","Quantidade","Utilização",null,"Custo Operacional",null,"Custo Horário"]
[{"$nulls":5},"Operativa","Improdutiva","Operativa","Improdutiva"]
["Insumo","E9117","SICRO3","Carregadeira de pneus para rocha com capacidade de 2,50 m³ - 105 kW",1,0.46,0.54,359.73469999999998,157.4614,250.50710000000001]
["Insumo","E9607","SICRO3","Conjunto de britagem para rachão com capacidade de 80 m³/h - 224 kW",1,1,0,309.53269999999998,212.47219999999999,309.53269999999998]
["Insumo","E9021","SICRO3","Grupo gerador - 456 kVA",1,1,0,393.66199999999998,23.234100000000002,393.66199999999998]
[{"$nulls":5},"Custo Horário de Equipamentos =>",null,null,null,953.70180000000005]
[{"$nulls":5},"Custo Horário de Execução =>",null,null,null,953.70180000000005]
[{"$nulls":5},"Fator de Influencia da Chuva - FIC =>",null,null,null,0]
[{"$nulls":5},"Custo do FIC =>",null,null,null,0]
[{"$nulls":5},"Produção de Equipe =>",null,null,null,66.400000000000006]
[{"$nulls":5},"Custo Unitário de Execução =>",null,null,null,14.363]
["C","Banco","Código","Material","Quantidade","Unidade","Preço Unitário",null,null,"Custo Horário"]
["Insumo","SICRO3","M2111","Mandíbula fixa para britador - abertura de alimentação com L = 930 mm",6.0000000000000002E-5,"un",32034.5798,null,null,1.9220999999999999]
["Insumo","SICRO3","M2110","Mandíbula móvel para britador - abertura de alimentação com L = 930 mm",4.0000000000000003E-5,"un",24230.054,null,null,0.96919999999999995]
[{"$nulls":5},"Custo Total do Material =>",null,null,null,2.8913000000000002]
["D","Banco","Código","Atividades Auxiliares","Quantidade","Unidade","Preço Unitário",null,null,"Custo Horário"]
["Atividade Auxiliar","SINAPI",88316,"SERVENTE COM ENCARGOS COMPLEMENTARES",0.1204819,"H",23.23,null,null,2.7988]
[{"$nulls":5},"Custo Total das Atividades =>",null,null,null,2.7988]
[{"$nulls":4},"MO sem LS =>",1.7530116,"LS =>",0,"MO com LS =>",1.753011645]
[{"$nulls":4},"Valor do BDI =>",4.5199999999999996,null,"Valor com BDI =>",null,24.57]
[{"$nulls":6},"Quant. =>",96,"Preço Total =>",2358.7199999999998]
[]
[" 7.3.2 ","Código","Banco","Descrição","Tipo",null,"Und","Quant.","Porcent.","Valor Unit","Total"]
["Composição"," 5914657 ","SICRO3","CARGA, MANOBRA E DESCARGA DE BLOCOS DE ROCHA EM CAMINHÃO BASCULANTE DE 8 M³ - CARGA COM RETROESCAVADEIRA DE 0,29 M³ E DESCARGA LIVRE.","",null,"t",1,null,17.600000000000001,17.600000000000001]
["A","Código","Banco","Equipamentos","Quantidade","Utilização",null,"Custo Operacional",null,"Custo Horário"]
[{"$nulls":5},"Operativa","Improdutiva","Operativa","Improdutiva"]
["Insumo","E9604","SICRO3","Caminhão basculante para rocha com capacidade de 8 m³ - 210 kW",2,0.56999999999999995,0.43,297.14830000000001,90.430499999999995,416.51929999999999]
["Insumo","E9526","SICRO3","Retroescavadeira de pneus - capacidade da caçamba da pá-carregadeira de 0,76 m³ e da",1,1,0,151.10929999999999,79.652699999999996,151.10929999999999]
[{"$nulls":5},"Custo Horário de Equipamentos =>",null,null,null,567.62860000000001]
[{"$nulls":5},"Custo Horário de Execução =>",null,null,null,567.62860000000001]
[{"$nulls":5},"Fator de Influencia da Chuva - FIC =>",null,null,null,0]
[{"$nulls":5},"Custo do FIC =>",null,null,null,0]
[{"$nulls":5},"Produção de Equipe =>",null,null,null,32.26]
[{"$nulls":5},"Custo Unitário de Execução =>",null,null,null,17.595400000000001]
[{"$nulls":4},"MO sem LS =>",0,"LS =>",0,"MO com LS =>",0]
[{"$nulls":4},"Valor do BDI =>",3.97,null,"Valor com BDI =>",null,21.57]
[{"$nulls":6},"Quant. =>",252.48,"Preço Total =>",5445.99]
[]
[" 7.3.3 ","Código","Banco","Descrição","Tipo",null,"Und","Quant.","Porcent.","Valor Unit","Total"]
["Composição"," 5914346 ","SICRO3","TRANSPORTE DE MATERIAL DE 3ª CATEGORIA COM CAMINHÃO BASCULANTE DE 8 M³ PARA ROCHA - RODOVIA EM LEITO NATURAL","",null,"tkm",1,null,1.68,1.68]
["A","Código","Banco","Equipamentos","Quantidade","Utilização",null,"Custo Operacional",null,"Custo Horário"]
[{"$nulls":5},"Operativa","Improdutiva","Operativa","Improdutiva"]
["Insumo","E9604","SICRO3","Caminhão basculante para rocha com capacidade de 8 m³ - 210 kW",1,1,0,297.14830000000001,90.430499999999995,297.14830000000001]
[{"$nulls":5},"Custo Horário de Equipamentos =>",null,null,null,297.14830000000001]
[{"$nulls":5},"Custo Horário de Execução =>",null,null,null,297.14830000000001]
[{"$nulls":5},"Fator de Influencia da Chuva - FIC =>",null,null,null,1.43E-2]
[{"$nulls":5},"Custo do FIC =>",null,null,null,2.3599999999999999E-2]
[{"$nulls":5},"Produção de Equipe =>",null,null,null,179.28]
[{"$nulls":5},"Custo Unitário de Execução =>",null,null,null,1.6575]
[{"$nulls":4},"MO sem LS =>",0,"LS =>",0,"MO com LS =>",0]
[{"$nulls":4},"Valor do BDI =>",0.37,null,"Valor com BDI =>",null,2.0499999999999998]
[{"$nulls":6},"Quant. =>",252.48,"Preço Total =>",517.58000000000004]
[]
[" 7.3.4 ","Código","Banco","Descrição","Tipo",null,"Und","Quant.","Porcent.","Valor Unit","Total"]
["Composição"," COMP-0021 ","Próprio","ENROCAMENTO DE PEDRA ESPALHADA E COMPACTADA MECANICAMENTE - PEDRA DE MÃO PRODUZIDA - SEM FORNECIMENTO E COM ASSENTAMENTO","URBA - URBANIZAÇÃO",null,"m³",1,null,22,22]
["A","Código","Banco","Equipamentos","Quantidade","Utilização",null,"Custo Operacional",null,"Custo Horário"]
[{"$nulls":5},"Operativa","Improdutiva","Operativa","Improdutiva"]
["Insumo","E9530","SICRO3","Rolo compactador liso vibratório autopropelido por pneus de 11 t - 97 kW",1,0.35,0.65,250.4547,112.25449999999999,160.62459999999999]
["Insumo","E9541","SICRO3","Trator sobre esteiras com lâmina - 259 kW",1,1,0,760.50620000000004,307.02120000000002,760.50620000000004]
[{"$nulls":5},"Custo Horário de Equipamentos =>",null,null,null,921.13080000000002]
[{"$nulls":5},"Custo Horário de Execução =>",null,null,null,921.13080000000002]
[{"$nulls":5},"Fator de Influencia da Chuva - FIC =>",null,null,null,0]
[{"$nulls":5},"Custo do FIC =>",null,null,null,0]
[{"$nulls":5},"Produção de Equipe =>",null,null,null,50.11]
[{"$nulls":5},"Custo Unitário de Execução =>",null,null,null,18.382200000000001]
["D","Banco","Código","Atividades Auxiliares","Quantidade","Unidade","Preço Unitário",null,null,"Custo Horário"]
["Atividade Auxiliar","SICRO3",5914647,"Carga, manobra e descarga de agregados ou solos em caminhão basculante de 10 m³ - carga com carregadeira de 3,40 m³(exclusa) e descarga livre",1.8,"t",1.75,null,null,3.15]
["Atividade Auxiliar","SINAPI",88316,"SERVENTE COM ENCARGOS COMPLEMENTARES",1.9956100000000001E-2,"H",23.23,null,null,0.46360000000000001]
[{"$nulls":5},"Custo Total das Atividades =>",null,null,null,3.6135999999999999]
[{"$nulls":4},"MO sem LS =>",0.29036125499999998,"LS =>",0,"MO com LS =>",0.29036125499999998]
[{"$nulls":4},"Valor do BDI =>",4.96,null,"Valor com BDI =>",null,26.96]
[{"$nulls":6},"Quant. =>",80,"Preço Total =>",2156.8000000000002]
[]
[" 7.3.5 ","Código","Banco","Descrição","Tipo",null,"Und","Quant.","Porcent.","Valor Unit","Total"]
["Composição"," 1106058 ","SICRO3","CONCRETO MAGRO - CONFECÇÃO EM BETONEIRA E LANÇAMENTO MANUAL - AREIA EXTRAÍDA E BRITA PRODUZIDA","",null,"m³",1,null,321.32,321.32]
["A","Código","Banco","Equipamentos","Quantidade","Utilização",null,"Custo Operacional",null,"Custo Horário"]
[{"$nulls":5},"Operativa","Improdutiva","Operativa","Improdutiva"]
["Insumo","E9519","SICRO3","Betoneira com motor a gasolina com capacidade de 600 l - 10 kW",1,1,0,53.475700000000003,33.671500000000002,53.475700000000003]
["Insumo","E9071","SICRO3","Transportador manual carrinho de mão com capacidade de 80 l",4,0.88,0.12,0.71679999999999999,0.48730000000000001,2.7570000000000001]
["Insumo","E9064","SICRO3","Transportador manual gerica com capacidade de 180 l",3,0.41,0.59,1.5258,1.0373000000000001,3.7128000000000001]
[{"$nulls":5},"Custo Horário de Equipamentos =>",null,null,null,59.945500000000003]
["B","Código","Banco","Mão de Obra","Quantidade","Salário Hora",null,null,null,"Custo Horário"]
["Insumo","P9821","SICRO3","Pedreiro",1,null,null,null,30.302800000000001,30.302800000000001]
["Insumo","P9824","SICRO3","Servente",9,null,null,null,21.465699999999998,193.19130000000001]
[{"$nulls":5},"Custo Horário da Mão de Obra =>",null,null,null,223.4941]
[{"$nulls":5},"Adc.M.O. - Ferramentas (0,0%) =>",null,null,null,0]
[{"$nulls":5},"Custo Horário de Execução =>",null,null,null,283.43959999999998]
[{"$nulls":5},"Fator de Influencia da Chuva - FIC =>",null,null,null,0]
[{"$nulls":5},"Custo do FIC =>",null,null,null,0]
[{"$nulls":5},"Produção de Equipe =>",null,null,null,3.9289999999999998]
[{"$nulls":5},"Custo Unitário de Execução =>",null,null,null,72.140600000000006]
["C","Banco","Código","Material","Quantidade","Unidade","Preço Unitário",null,null,"Custo Horário"]
["Insumo","SICRO3","M0424","Cimento Portland CP II - 32 - saco",280.53417999999999,"kg",0.66949999999999998,null,null,187.8176]
[{"$nulls":5},"Custo Total do Material =>",null,null,null,187.8176]
["D","Banco","Código","Atividades Auxiliares","Quantidade","Unidade","Preço Unitário",null,null,"Custo Horário"]
["Atividade Auxiliar","SICRO3",4816012,"Brita produzida em central de britagem de 80 m³/h",0.73507999999999996,"m³",53.84,null,null,39.576700000000002]
["Atividade Auxiliar","SICRO3",4816020,"Areia extraída com draga de sucção tipo bomba",0.59948000000000001,"m³",11.74,null,null,7.0378999999999996]
[{"$nulls":5},"Custo Total das Atividades =>",null,null,null,46.614600000000003]
["E","Banco","Insumo","Tempos Fixos","Código","Quantidade","Unidade","Preço Unitário",null,"Custo Horário"]
["Tempo Fixo","SICRO3",4816020,"Carga, manobra e descarga de agregados ou solos em caminhão basculante de 10 m³ - carga com carregadeira de 3,40 m³ edescarga livre",5915407,0.89922000000000002,"t",2.72,null,2.4459]
["Tempo Fixo","SICRO3",4816012,"Carga, manobra e descarga de agregados ou solos em caminhão basculante de 10 m³ - carga com carregadeira de 3,40 m³ edescarga livre",5915407,1.1026199999999999,"t",2.72,null,2.9990999999999999]
["Tempo Fixo","SICRO3","M0424","Carga, manobra e descarga de materiais diversos em caminhão carroceria de 15 t - carga e descarga manuais",5914655,0.28053,"t",33.15,null,9.2995999999999999]
[{"$nulls":5},"Custo Total dos Tempos Fixos =>",null,null,null,14.7446]
["F","Banco","Insumo","Momento de Transporte","Quantidade","Unidade","Distância Média de Transporte (DMT)",null,null,"Custo Horário"]
[{"$nulls":6},"LN","RP","P"]
["Momento de Transporte","SICRO3",4816020,"Areia extraída com draga de sucção tipo bomba - Caminhão basculante com capacidade de 10 m³ - 188 kW",0.89922000000000002,"tkm","5914359\n0,000\nR$ 1,19","5914374\n0,000\nR$ 0,95","5914389\n0,000\nR$ 0,79",0]
["Momento de Transporte","SICRO3",4816012,"Brita produzida em central de britagem de 80 m³/h - Caminhão basculante com capacidade de 10 m³ - 188 kW",1.1026199999999999,"tkm","5914359\n0,000\nR$ 1,19","5914374\n0,000\nR$ 0,95","5914389\n0,000\nR$ 0,79",0]
["Momento de Transporte","SICRO3","M0424","Cimento Portland CP II - 32 - saco - Caminhão carroceria com capacidade de 15 t - 188 kW",0.28053,"tkm","5914449\n0,000\nR$ 1,08","5914464\n0,000\nR$ 0,86","5914479\n0,000\nR$ 0,71",0]
[{"$nulls":5},"Custo total dos Momentos de Tran